{"text_format":"1","workbook":"xlsx","n_sheets":127,"sheets":["MAPA DE PROCESOS","CONTROL DE CAMBIOS","A. CLASIFICACION DE PELIGROS","B. EFECTOS POSIBLES","C. NIVEL DE DEFICIENCIA","D. NIVEL DE EXPOSICIÓN","E. NIVEL DE PROBABILIDAD","F. INTERPRETACION DEL NP","G. NIVEL DE CONSECUENCIA","H. NIVEL DE RIESGO NR","I. INTERPRETACION DEL NR","J. ACEPTABILIDAD DEL RIESGO","SISTEMA DE CALIDAD ISO 9001","4.GESTIÓN EDUCATIVA","7. GESTIÓN OBRAS PÚBLICAS","8. GESTIÓN DEL TRANSITO","9. GESTIÓN DE LA GOBERNABILIDAD","13. GESTIÓN AMBIENTAL","ESTACIÓN BOMBEROS 60","ESTACIÓN BOMBEROS CENTRO","ESTACIÓN BOMBEROS JARDÍN","ESTACIÓN BOMBEROS KENNEDY","Comisaria No. 1","1.PLANEACIÓN ESTRATEGICA","METODOLOGÍA PESV","RIESGO VIAL","3.GESTIÓN DE SALUD","CAVAS","2.SISTEMA INTEGRADO DE GESTIÓN","5. GESTIÓN SOCIAL","6. GESTIÓN ARTISTICA","11. GESTIÓN DE LAS TICs","VIVE DIGITAL LAB","VIVE DIGITAL SAN PEDRO","VIVE DIGITAL LAS FERIAS","VIVE DIGITAL JORDAN","VIVE DIGITAL PANÓCTICO","BIBLIOTECA ALVARO MUTIS","BIBLIOTECA PUBLICA ESTELLA ROA","BIBLIOTECA INES ROJAS LUNA","BIBLIOTECA OVIEDO","BIBLIOTECA COMBEIMA","BIBLIOTECA COMBEYMA JUNTAS","BIBLIOTECA SAN JUAN CHINA","BIBLIOTECA TOCHE","BIBLIOTECA SAN BERNARDO","BIBLIOTECA TITA HUERTAS","BIBLIOTECA GERMAN URIBE","BIBLIOTECA COMUNA 12 RICAUTE","BIBLIOTECA GUAMBITOS","BIBLIOTECA JORGE ELIECER","BIBLIOTECA SOLEDAD RENGIFO","BIBLIOTECA SANTOFIMIO BOTERO","BIBLIOTECA EL SALADO","BIBLIOTECA ISMAEL SANTOFINIO","BIBLIOTECA NICANOR VELASQUEZ","BIBLIOTECA CLARITA BOTERO","CASA DE LA MUJER","CENTRO DIA BARRIO INDUSTRIAL","CENTRO DIA BARRIO POPULAR","DIRECCIÓN INFANCIA Y ADOLE","ADULTO MAYOR","SISBEN","DIANU","CORREGIDURIA NO. 4 GAMBOA","CORREGIDURIA No. 6 TOCHE","CORREGIDURIA No. 9 CAY","CORREGIDURIA No. 13 SALADO","CORREGIDURIA No. 15  BULIRA"," INSPECCIÓN No. 1"," INSPECCIÓN No. 2"," INSPECCIÓN No. 3"," INSPECCIÓN No. 4"," INSPECCIÓN No. 5"," INSPECCIÓN No. 6"," INSPECCIÓN No. 7"," INSPECCIÓN No. 8"," INSPECCIÓN No. 9"," INSPECCIÓN No. 10"," INSPECCIÓN No. 11"," INSPECCIÓN No. 12"," INSPECCIÓN No. 13"," INSPECCIÓN No. 14"," INSPECCIÓN No. 15","CORREGIDURIA No. 14 BUENS AIRES","CORREGIDURIA No. 5 TAPIAS","CORREGIDURIA No. 11  CHINA","CORREGIDURIA No. 10 CALAMBEO","CORREGIDURIA 12 SAN BERNARDO","CORREGIDURIA No. 1 DANTAS","CORREGIDURIA No. 17 LA FLORIDA","CORREGIDURIA No. 2 LAURELES","CORREGIDURIA No. 16 TOTUMO","CORREGIDURIA No. 7 JUNTAS","CORRIGIDURIA  8 VILLA RESTREPO","CORREGIDURIA No. 3 COELLO","Comisaria No. 2","COMISARIA No. 3","COMISARIA PERMANENTE","CAM SUR","CAM SALADO","CAM CIMA","DIRECCIÓN DE JUSTICIA","Hoja3","VISITANTES","CASA DE JUSTICIA","CASA DEL CONSUMIDOR","ESPACIO PÚBLICO","Hoja1","Hoja2","CAPA","10. GESTIÓN DEL DESARROLLO","12.GESTIÓN DEL SERVI. CIUDADANO","SISTEMA GESTIÓN AMBIENTAL","14. GESTIÓN JURIDICA","15.GESTIÓN RECURSOS FÍSICOS","SISTEMA GESTIÓN SST","16. GESTIÓN CONTRACTUAL","17. GESTIÓN DOCUMENTAL","18. GESTIÓN DE INFRAES. Y TECN","19. GESTIÓN DE HACIENDA PÚBLICA","20. GES. CONTROL  DISCIPLINARIO","21. GESTIÓN DE LA INFORMACIÓN","22. GESTIÓN TALENTO HUMANO","25. GESTIÓN CATASTRAL","23. GESTIÓN DE EVALUACIÓN ","24. GESTIÓN PARTI CIUDADANA"],"not_rendered":{"charts":16,"images":21,"macros":1,"external_links":2,"defined_names":426,"comments":2,"pivot_tables":0},"unopened":[],"bounds":{"document_bytes":16777216,"sheet_cells":100000,"rows_first":2000,"rows_last":500,"rows_between":2000,"halvings":0,"cell_chars":16384,"cell_head_chars":4096},"cells_cut":0,"cells_raw":0,"read":"whole","date_system":"1900"}

{"sheet":"MAPA DE PROCESOS","index":0,"n_rows":28,"n_cols":18,"rows_kept":28,"cut":false,"hidden":false,"merged":[[27,2,27,7],[2,1,2,4],[3,1,3,4],[3,6,3,9],[14,1,14,4],[11,1,11,4],[11,6,11,9],[2,6,2,9],[25,2,25,7],[21,1,21,4],[23,1,23,4],[21,6,21,9],[23,6,23,9],[22,1,22,4],[22,6,22,9],[2,17,2,21],[6,12,6,15],[6,17,6,21],[10,6,10,9],[10,12,10,15],[10,17,10,21],[9,17,9,21],[1,1,1,4],[17,12,17,15],[1,6,1,9],[5,1,5,4],[5,6,5,9],[5,12,5,15],[1,12,1,15],[9,1,9,4],[9,6,9,9],[6,1,6,4],[6,6,6,9],[10,1,10,4],[15,1,15,4],[15,6,15,9],[2,12,2,15],[1,17,1,21],[5,17,5,21],[17,6,17,9],[13,1,13,4],[13,6,13,9],[14,6,14,9],[17,1,17,4],[11,12,11,15],[11,17,11,21],[3,12,3,15],[3,17,3,21],[7,1,7,4],[7,6,7,9],[7,12,7,15],[7,17,7,21],[9,12,9,15],[17,17,17,21],[18,17,18,21],[19,17,19,21],[13,12,13,15],[14,12,14,15],[15,12,15,15],[13,17,13,21],[14,17,14,21],[15,17,15,21],[26,13,26,18],[18,1,18,4],[18,6,18,9],[18,12,18,15],[19,1,19,4],[19,6,19,9],[19,12,19,15],[21,17,21,21],[22,17,22,21],[23,17,23,21],[21,12,21,15],[22,12,22,15],[23,12,23,15],[26,2,26,7]]}
[]
[null,"1.PLANEACIÓN ESTRATEGICA",null,null,null,null,"2.SISTEMA INTEGRADO DE GESTIÓN",null,null,null,null,null,"14. GESTIÓN JURIDICA",null,null,null,null,"15.GESTIÓN RECURSOS FÍSICOS"]
[null,"VISITANTES",null,null,null,null,"VISITANTES",null,null,null,null,null,"VISITANTES",null,null,null,null,"VISITANTES"]
[null,"RIESGO VIAL",null,null,null,null,"RIESGO VIAL",null,null,null,null,null,"RIESGO VIAL",null,null,null,null,"RIESGO VIAL"]
[]
[null,"3.GESTIÓN DE SALUD",null,null,null,null,"4.GESTIÓN EDUCATIVA",null,null,null,null,null,"16. GESTIÓN CONTRACTUAL",null,null,null,null,"17. GESTIÓN DOCUMENTAL"]
[null,"VISITANTES",null,null,null,null,"VISITANTES",null,null,null,null,null,"VISITANTES",null,null,null,null,"VISITANTES"]
[null,"RIESGO VIAL",null,null,null,null,"RIESGO VIAL",null,null,null,null,null,"RIESGO VIAL",null,null,null,null,"RIESGO VIAL"]
[]
[null,"5. GESTIÓN SOCIAL",null,null,null,null,"6. GESTIÓN ARTISTICA",null,null,null,null,null,"18. GESTIÓN DE INFRAES. Y TECN",null,null,null,null,"19. GESTIÓN DE HACIENDA PÚBLICA"]
[null,"VISITANTES",null,null,null,null,"VISITANTES",null,null,null,null,null,"VISITANTES",null,null,null,null,"VISITANTES"]
[null,"RIESGO VIAL",null,null,null,null,"RIESGO VIAL",null,null,null,null,null,"RIESGO VIAL",null,null,null,null,"RIESGO VIAL"]
[]
[null,"7. GESTIÓN OBRAS PÚBLICAS",null,null,null,null,"8. GESTIÓN DEL TRANSITO",null,null,null,null,null,"20. GES. CONTROL  DISCIPLINARIO",null,null,null,null,"21. GESTIÓN DE LA INFORMACIÓN"]
[null,"VISITANTES",null,null,null,null,"VISITANTES",null,null,null,null,null,"VISITANTES",null,null,null,null,"VISITANTES"]
[null,"RIESGO VIAL",null,null,null,null,"RIESGO VIAL",null,null,null,null,null,"RIESGO VIAL",null,null,null,null,"RIESGO VIAL"]
[]
[null,"9. GESTIÓN DE LA GOBERNABILIDAD",null,null,null,null,"10. GESTIÓN DEL DESARROLLO",null,null,null,null,null,"22. GESTIÓN TALENTO HUMANO",null,null,null,null,"23. GESTIÓN DE EVALUACIÓN "]
[null,"VISITANTES",null,null,null,null,"VISITANTES",null,null,null,null,null,"VISITANTES",null,null,null,null,"VISITANTES"]
[null,"RIESGO VIAL",null,null,null,null,"RIESGO VIAL",null,null,null,null,null,"RIESGO VIAL",null,null,null,null,"RIESGO VIAL"]
[]
[null,"11. GESTIÓN DE LAS TICs",null,null,null,null,"12.GESTIÓN DEL SERVI. CIUDADANO",null,null,null,null,null,"24. GESTIÓN PARTI CIUDADANA",null,null,null,null,"25. GESTIÓN CATASTRAL"]
[null,"VISITANTES",null,null,null,null,"VISITANTES",null,null,null,null,null,"VISITANTES",null,null,null,null,"VISITANTES"]
[null,"RIESGO VIAL",null,null,null,null,"RIESGO VIAL",null,null,null,null,null,"RIESGO VIAL",null,null,null,null,"RIESGO VIAL"]
[]
[null,null,"13. GESTIÓN AMBIENTAL"]
[null,null,"VISITANTES",null,null,null,null,null,null,null,null,null,null,"CONTROL DE CAMBIOS"]
[null,null,"RIESGO VIAL"]

{"sheet":"CONTROL DE CAMBIOS","index":1,"n_rows":26,"n_cols":18,"rows_kept":26,"cut":false,"hidden":true,"merged":[[17,13,17,16],[18,13,18,16],[21,17,21,24],[18,17,18,24],[14,13,14,16],[14,17,14,24],[15,13,15,16],[15,17,15,24],[16,13,16,16],[16,17,16,24],[17,17,17,24],[11,13,11,16],[11,17,11,24],[12,13,12,16],[12,17,12,24],[13,13,13,16],[13,17,13,24],[25,13,25,16],[25,17,25,24],[19,17,19,24],[20,13,20,16],[20,17,20,24],[22,17,22,24],[19,13,19,16],[23,17,23,24],[24,13,24,16],[24,17,24,24],[21,13,21,16],[22,13,22,16],[23,13,23,16],[10,17,10,24],[5,13,5,16],[5,17,5,24],[6,13,6,16],[6,17,6,24],[7,13,7,16],[7,17,7,24],[8,13,8,16],[8,17,8,24],[9,13,9,16],[9,17,9,24],[19,3,19,12],[5,3,5,12],[6,3,6,12],[12,3,12,12],[13,3,13,12],[25,3,25,12],[20,3,20,12],[21,3,21,12],[22,3,22,12],[23,3,23,12],[24,3,24,12],[2,22,4,24],[2,2,4,2],[17,3,17,12],[18,3,18,12],[9,3,9,12],[10,3,10,12],[11,3,11,12],[2,3,2,21],[14,3,14,12],[15,3,15,12],[16,3,16,12],[7,3,7,12],[8,3,8,12],[3,3,4,21],[5,2,11,2],[10,13,10,16]]}
[]
[]
[null,null,null,"PROCESO: SISTEMA INTEGRADO DE GESTION"]
[null,null,null,"CONTROL DE CAMBIOS"]
[]
[null,null,"2019-02-22","Teniendo en cuenta los hallazgos identificados en la auditoría de ICONTEC, se llevaron a cabo las siguientes adecuaciones: ",null,null,null,null,null,null,null,null,null,"2. ACTIVIDADES",null,null,null,"Son todas aquellas tareas o labores que cada funcionario ejerce en su jornada laboral"]
[null,null,null,"Se realizo actualizaciones en las evaluaciones cualitativas de los riesgos de acuerdo  a la actualización de la IPEVR ",null,null,null,null,null,null,null,null,null,"3. TAREA RUTINARIA (SI O NO)",null,null,null,"Actividades que forman parte de un proceso de la organización, se ha planificado y es estandarizable. Y si es rutinaria o no"]
[null,null,null,"Revisión de los riesgos generales, vigilancia y visitantes que se tenían identificados; los cuales se dejaron en las mismas condiciones. ",null,null,null,null,null,null,null,null,null,"4. DESCRIPCIÓN DEL PELIGRO",null,null,null,"En esta columna se describe en detalle el peligro identificado."]
[null,null,null,"Se realiza actualización  de algunas direcciones y cargos respectivos  que cambiaron por estructura organizativa de acuerdo al Decreto de Roles y responsabilidades.",null,null,null,null,null,null,null,null,null,"A. CLASIFICACION DE PELIGROS",null,null,null,"Corresponde a la clasificación de los peligros enunciados en el anexo A de la GTC 45 V. 2012."]
[null,null,null,"En la IPEVR se incluye peligros por manifestaciones públicas",null,null,null,null,null,null,null,null,null,"B. EFECTOS POSIBLES",null,null,null,"Ver numeral 3.2.3.2 Efectos posibles tabla 1. descripción de los niveles de daño."]
[null,null,null,"En la IPEVR se incluye en el cargo de ALCALDE los peligros de accidentes aéreos debido a los viajes que realiza. ",null,null,null,null,null,null,null,null,null,"7. CONTROL EN LA FUENTE",null,null,null,"Se refiere a los controles que atenúan (previenen),  los peligros en  la  fuente, los cuales pueden  causar daño en la salud de los trabajadores"]
[null,null,null,"En la IPEVR se incluye la identificación de los peligros generados por la vecindad ",null,null,null,null,null,null,null,null,null,"8.CONTROL EN EL  MEDIO",null,null,null,"Se refiere a los controles que atenúan (previenen),  los peligros en el medio, los cuales pueden  causar daño en la salud de los trabajadores"]
[null,null,"2019-03-09","Se realizo la modificación de la estructura del formato (Sede y Proceso), así mismo se realiza adecuación de información en la columna de dirección según modificaciones en el Decreto 1000-004. \nSe realizó inspección de seguridad con el fin de verificar las condiciones de trabajo, se adiciona peligro Locativo por Infraestructura, peligros de instalaciones locativas. ",null,null,null,null,null,null,null,null,null,"9. CONTROL EN EL INDIVIDUO",null,null,null,"Se refiere a los controles que atenúan (previenen),  los peligros en el individuo."]
[null,null,"2019-09-02","Se realizo la actualización de IPEVR de la Dirección de Participación Ciudadana y Comunitaria, teniendo en cuenta que personal de la Secretaria de Desarrollo Social y Comunitario fue trasladado al CAM CENTRO.",null,null,null,null,null,null,null,null,null,"C. NIVEL DE DEFICIENCIA",null,null,null,"Magnitud de la relación esperable entre (1) el conjunto de peligros detectados y su relación causal directa con posibles incidentes y (2) con la eficacia de las medidas preventivas existentes en el lugar de trabajo."]
[null,null,"2019-09-11","Actualización de IPEVR de las áreas Almacén, Atención al ciudadano, Secretaria General y Despacho Alcalde, por nuevos nombramientos en la Planta de Personal.",null,null,null,null,null,null,null,null,null,"D. NIVEL DE EXPOSICIÓN",null,null,null,"Situación de exposición a un peligro que se presenta en un tiempo determinado durante la jornada laboral."]
[null,null,"2019-09-24","Actualización de IPEVR de las áreas Dirección de Contabilidad del piso 1 pasa al piso 2, Oficina de Control Interno del piso 2 pasa al piso 1, Dirección de Talento Humano por cambio de oficina  y Grupo de SST pasa del piso 2 al piso 1. ok",null,null,null,null,null,null,null,null,null,"E. NIVEL DE PROBABILIDAD",null,null,null,"Producto del nivel de deficiencia por el nivel de exposición."]
[null,null,"2019-10-30","Actualización de IPEVR en las áreas de secretaría de gobierno, oficina de comunicaciones, correspondencia, estación eléctrica, dirección de participación comunitaria y ciudadanía; Para estas áreas se adicionan los cargos nuevos teniendo en cuenta la planta de personal, se realiza revisión general de las áreas para identificar los peligros presentes en el área y verificar la valoración de los mismos.\nSe elimina postura forzada a auxiliar administrativo de la secretaria de gobierno ya que se realizaron adecuaciones al área",null,null,null,null,null,null,null,null,null,"F. INTERPRETACION DEL NP",null,null,null,"En esta tabla se le asigna un valor (Rango), al Nivel de Probabilidad y su significado"]
[null,null,"2020-07-22","Actualización de IPEVR en todas las áreas por Sars-Cov-2 por peligro biológico y psicosocial",null,null,null,null,null,null,null,null,null,"G. NIVEL DE CONSECUENCIA",null,null,null,"Medida de la severidad de las consecuencias"]
[null,null,"2021-04-09","Actualización de IPEVR, se modifica identificación de peligros por cargo y sede a identificación de peligros por procesos según mapa de procesos de la entidad.",null,null,null,null,null,null,null,null,null,"H. NIVEL DE RIESGO NR",null,null,null,"Magnitud de un riesgo resultante del producto del nivel de probabilidad por el nivel de consecuencia"]
[null,null,"2022-05-27","Se realizaron cambios en Nivel de Consecuencia para peligros cuya peor consecuencia sea la muerte, se actualizo controles administrativos Y el cambio de código según procedimiento control de documentos y su instructivo",null,null,null,null,null,null,null,null,null,"I. INTERPRETACION DEL NR",null,null,null,"Al nivel del riesgo se le asignan rangos y su significado"]
[null,null,"2023-07-07","Se incorpora el link de visitantes debajo de cada proceso, así mismo se crea link en cada matriz respecto a riesgo vial en el que se incluyen riesgos nuevos, en la matriz de visitantes se incluyen los 25 procesos ajustados de acuerdo a la infraestructura de la sede, se elimina como riesgo biológico Virus por COVID en todos los proceso, y se incluyen 2 procesos nuevos.",null,null,null,null,null,null,null,null,null,"J. ACEPTABILIDAD DEL RIESGO",null,null,null,"Al aceptar un riesgo específico, se debería tener en cuenta el número de expuestos y las\nexposiciones a otros peligros,"]
[null,null,"2023-11-24","Se actualiza matriz IPEVR, proceso SALUD, PARTICIPACIÓN CIUDADANA, GONERNABILIDAD (Corregiduria Totumo), toda vez que se presentaron  accidentes de trabajo GRAVES de los funcionarios adcritos a estos procesos.",null,null,null,null,null,null,null,null,null,"18 ELIMINACIÓN",null,null,null,"Modificar un diseño para eliminar el peligro, por ejemplo, introducir dispositivos mecánicos de alzamiento para eliminar el peligro de manipulación manual"]
[null,null,"2024-06-26","Se actualizaron todas las matrices IPEVR, se incluye los conceptos de la enmienda del cambio climático ISO 9001, en los peligros de riesgo psicosocial, biológico, físico y químico, se eliminan los gráficos de cada matrices, se actualiza la matriz de riesgo vial con la metodología aplicable al PESV, se inicia proceso para que todas las matrices se estandaricen con respecto a los controles en las medidas de intervención. las actualizaciones se realizaron teniendo  en cuenta la participación de los funcionarios de cada proceso los cuales identificaron actividades rutinarias y no rutinarias.",null,null,null,null,null,null,null,null,null,"19. SUSTITUCIÓN",null,null,null,"Reemplazar  por un material menos peligroso o reducir la energía del sistema  (por  ejemplo, reducir la fuerza,  el amperaje, la presión, la temperatura, etc.)."]
[null,null,null,null,null,null,null,null,null,null,null,null,null,"20. CONTROLES DE INGENIERIA",null,null,null," Instalar sistemas de ventilación, protección para las máquinas, enclavamiento, cerramientos  acústicos, etc."]
[null,null,null,null,null,null,null,null,null,null,null,null,null,"21. CONTROLES ADMINISTRATIVOS, SEÑALIZACIÓN, ADVERTENCIA",null,null,null,"Instalación de alarmas, procedimientos de\nseguridad, inspecciones de los equipos, controles de acceso, capacitación del personal.\n"]
[null,null,null,null,null,null,null,null,null,null,null,null,null,"22. ELEMENTOS DE PROTECCIÓN PERSONAL",null,null,null,"Gafas de seguridad, protección auditiva, máscaras faciales, sistemas de detención de caídas, respiradores y guantes"]

{"sheet":"A. CLASIFICACION DE PELIGROS","index":2,"n_rows":3,"n_cols":3,"rows_kept":3,"cut":false,"hidden":true,"merged":[[1,5,3,5],[1,2,1,4],[2,2,3,4],[1,0,3,1]]}
[]
[null,null,"PROCESO: SISTEMA INTEGRADO DE GESTION"]
[null,null," EJEMPLOS DE  PELIGROS SUGERIDOS EN LA GTC - 45"]

{"sheet":"B. EFECTOS POSIBLES","index":3,"n_rows":3,"n_cols":3,"rows_kept":3,"cut":false,"hidden":true,"merged":[[1,2,1,4],[1,5,3,5],[2,2,3,4],[1,0,3,1]]}
[]
[null,null,"PROCESO: SISTEMA INTEGRADO DE GESTION"]
[null,null," TABLA No. 1  DESCRIPCIÓN DE LOS NIVELES DE DAÑO"]

{"sheet":"C. NIVEL DE DEFICIENCIA","index":4,"n_rows":16,"n_cols":4,"rows_kept":16,"cut":false,"hidden":true,"merged":[[1,1,3,1],[1,4,3,4],[14,2,16,2],[5,2,6,2],[5,3,6,3],[5,1,6,1],[7,3,9,3],[14,1,16,1],[1,2,1,3],[2,2,3,3],[12,1,13,1],[7,2,9,2],[10,2,11,2],[12,2,13,2],[7,1,9,1],[10,1,11,1]]}
[]
[null,null,"PROCESO: SISTEMA INTEGRADO DE GESTION"]
[null,null,"TABLA No. 2  NIVEL DEFICIENCIA"]
[]
[]
[null,"Nivel de deficiencia","Valor de ND","Significado"]
[]
[null,"Muy Alto (MA)",10,"Se ha(n) detectado peligro(s) que determina(n) como posible la generación de incidentes o consecuencias muy significativas, o la eficacia del conjunto de medidas preventivas existentes respecto al riesgo es nula o no existe o ambos."]
[]
[]
[null,"Alto (A)",6,"Se ha(n) detectado peligro(s) que pueden dar lugar a consecuencias"]
[null,null,null,"significativa(s) o la eficacia del conjunto de medidas preventivas existentes es baja o ambos."]
[null,"Medio (M)",2,"Se han detectado peligros que pueden dar lugar a consecuencias poco significativas(s) o de menor importancia o la eficacia del conjunto de medidas"]
[null,null,null,"preventivas existentes es moderada o ambos."]
[null,"Bajo (B)","No se asigna valor","No se ha detectado consecuencia alguna, o la eficacia del conjunto de medidas preventivas existentes es alta, o ambos. El riesgo está controlado."]
[null,null,null,"Estos peligros se clasifican directamente en el nivel de riesgo y de intervención cuatro (IV) Véase tabla 8"]

{"sheet":"D. NIVEL DE EXPOSICIÓN","index":5,"n_rows":14,"n_cols":5,"rows_kept":14,"cut":false,"hidden":true,"merged":[[1,5,3,5],[2,2,3,4],[7,3,8,3],[9,3,10,3],[1,0,3,1],[5,2,6,2],[7,2,8,2],[1,2,1,4],[9,2,10,2],[11,2,12,2],[5,4,6,4],[5,3,6,3],[13,2,14,2],[13,3,14,3],[11,4,12,4],[13,4,14,4],[7,4,8,4],[9,4,10,4],[11,3,12,3]]}
[]
[null,null,"PROCESO: SISTEMA INTEGRADO DE GESTION"]
[null,null,"TABLA No. 3 NIVEL DE EXPOSICIÓN"]
[]
[]
[null,null,"Nivel de Exposición","Valor de ND","Significado"]
[]
[null,null,"Continua (EC)",4,"La situación de exposición se presenta sin interrupción o varias veces con tiempo prolongado durante la jornada laboral."]
[]
[null,null,"Frecuente (EF)",3,"La situación de exposición se presenta varias veces durante la jornada laboral por tiempos cortos."]
[]
[null,null,"Ocasional (EO)",2,"La situación de exposición se presenta alguna vez durante la jornada laboral y por un periodo de tiempo corto."]
[]
[null,null,"Esporádica (EE)",1,"La situación de exposición se presenta de manera eventual"]

{"sheet":"E. NIVEL DE PROBABILIDAD","index":6,"n_rows":14,"n_cols":7,"rows_kept":14,"cut":false,"hidden":true,"merged":[[1,6,3,6],[10,1,12,1],[7,1,9,2],[7,3,8,6],[1,0,3,1],[2,2,3,5],[1,2,1,5]]}
[]
[null,null,"PROCESO: SISTEMA INTEGRADO DE GESTION"]
[null,null,"Tabla 4. Determinación de Nivel de Probabilidad"]
[]
[]
["Para determinar el NP se combinan los resultados de las tablas 2 y 3 en la tabla 4"]
["El resultado de la tabla 4 se interpreta de acuerdo con el significado que aparece en la tabla 5."]
[null,"Niveles de probabilidad",null,"Niveles de Exposición (NE)"]
[]
[null,null,null,4,3,2,1]
[null,"Nivel de deficiencia (ND)",10,"MA-40","MA-30","A-20","A-10"]
[null,null,6,"MA-24","A-18","A-12","M-6"]
[null,null,2,"M-8","M-6","B-4","B-2"]
[null,null,null,null,null,"Tomada de la GTC 45"]

{"sheet":"F. INTERPRETACION DEL NP","index":7,"n_rows":14,"n_cols":5,"rows_kept":14,"cut":false,"hidden":true,"merged":[[13,2,15,2],[7,2,9,2],[7,4,9,4],[10,4,12,4],[13,3,15,3],[13,4,15,4],[1,5,3,5],[2,2,3,4],[10,3,12,3],[10,2,12,2],[1,1,3,1],[1,2,1,4],[7,3,9,3]]}
[]
[null,null,"PROCESO: SISTEMA INTEGRADO DE GESTION"]
[null,null,"Tabla 5. Significado de los diferentes niveles de probabilidad"]
[]
[]
[null,null,"Nivel de Probabilidad","Valor de NP","Significado"]
[null,null,"Muy Alto (MA)","Entre 40 y 24","Situación deficiente con exposición continua, o muy deficiente con exposición frecuente. Normalmente la materialización del riesgo ocurre con frecuencia."]
[null,null,"Alto (A)","Entre 20 y 10","Situación deficiente con exposición frecuente u ocasional, o bien situación muy deficiente con exposición ocasional o esporádica. La materialización del Riesgo es posible que suceda varias veces en la vida laboral."]
[]
[]
[null,null,"Medio (M)","Entre 8 y 6","Situación deficiente con exposición esporádica, o bien situación mejorable con exposición continuada o frecuente. Es posible que suceda el daño alguna vez."]
[]
[]
[null,null,"Bajo (B)","Entre 4 y 2","Situación mejorable con exposición ocasional o esporádica, o situación sin anomalía destacable con cualquier nivel de exposición. No es esperable que se materialice el riesgo, aunque puede ser concebible."]

{"sheet":"G. NIVEL DE CONSECUENCIA","index":8,"n_rows":13,"n_cols":5,"rows_kept":13,"cut":false,"hidden":true,"merged":[[6,2,8,2],[1,2,1,4],[1,5,3,5],[2,2,3,4],[1,0,3,1],[6,3,8,3]]}
[]
[null,null,"PROCESO: SISTEMA INTEGRADO DE GESTION"]
[null,null,"Tabla 6. Determinación del nivel de consecuencias"]
[]
[]
[null,null,"Continuando con la evaluación se determina el nivel de consecuencias según los parámetros definidos aquí"]
[null,null,"Nivel de Consecuencias","NC","Significado"]
[]
[null,null,null,null,"Daños Personales"]
[null,null,"Mortal o Catastrófico (M)",100,"Muerte (s)"]
[null,null,"Muy grave (MG)",60,"Lesiones o enfermedades graves irreparables (Incapacidad permanente parcial o invalidez)"]
[null,null,"Grave (G)",25,"Lesiones o enfermedades con incapacidad laboral temporal (ILT)"]
[null,null,"Leve (L)",10,"Lesiones o enfermedades que no requieren incapacidad"]

{"sheet":"H. NIVEL DE RIESGO NR","index":9,"n_rows":5,"n_cols":3,"rows_kept":5,"cut":false,"hidden":true,"merged":[[1,1,3,1],[1,2,1,4],[1,5,3,5],[2,2,3,4]]}
[]
[null,null,"PROCESO: SISTEMA INTEGRADO DE GESTION"]
[null,null,"Tabla 7. Determinación del nivel de riesgo"]
[]
["Los resultados de las tablas 5 y 6 se combinan en esta tabla para obtener el nivel de riesgo, el cual se interpreta de acuerdo con estos  criterios."]

{"sheet":"I. INTERPRETACION DEL NR","index":10,"n_rows":3,"n_cols":3,"rows_kept":3,"cut":false,"hidden":true,"merged":[[1,1,3,1],[1,2,1,4],[1,5,3,5],[2,2,3,4]]}
[]
[null,null,"PROCESO: SISTEMA INTEGRADO DE GESTION"]
[null,null,"Tabla 8. Significado del nivel de riesgo"]

{"sheet":"J. ACEPTABILIDAD DEL RIESGO","index":11,"n_rows":3,"n_cols":3,"rows_kept":3,"cut":false,"hidden":true,"merged":[[1,1,3,1],[1,2,1,4],[1,5,3,5],[2,2,3,4]]}
[]
[null,null,"PROCESO: SISTEMA INTEGRADO DE GESTION"]
[null,null,"Tabla No. 9 Ejemplo de Aceptabilidad del Riesgo"]

{"sheet":"SISTEMA DE CALIDAD ISO 9001","index":12,"n_rows":155,"n_cols":22,"rows_kept":155,"cut":false,"hidden":true,"merged":[[152,1,152,3],[152,5,152,8],[153,1,153,3],[153,5,153,8],[154,1,154,3],[154,5,154,8],[147,1,147,3],[147,5,147,8],[148,1,148,3],[148,5,148,8],[149,1,149,3],[149,5,149,8],[150,1,150,3],[150,5,150,8],[151,1,151,3],[151,5,151,8],[142,1,142,3],[142,5,142,8],[143,1,143,3],[143,5,143,8],[144,1,144,3],[144,5,144,8],[145,1,145,3],[145,5,145,8],[146,1,146,3],[146,5,146,8],[137,1,137,3],[137,5,137,8],[138,1,138,3],[138,5,138,8],[139,1,139,3],[139,5,139,8],[140,1,140,3],[140,5,140,8],[141,1,141,3],[141,5,141,8],[135,1,135,8],[136,1,136,3],[136,5,136,8],[132,1,132,3],[132,5,132,8],[130,1,130,3],[130,5,130,8],[131,1,131,3],[131,5,131,8],[123,1,123,3],[123,5,123,8],[124,1,124,3],[124,5,124,8],[125,1,125,3],[125,5,125,8],[128,1,128,3],[128,5,128,8],[129,1,129,3],[129,5,129,8],[126,1,126,3],[126,5,126,8],[127,1,127,3],[127,5,127,8],[118,1,118,3],[118,5,118,8],[121,1,121,3],[121,5,121,8],[122,1,122,3],[122,5,122,8],[119,1,119,3],[119,5,119,8],[120,1,120,3],[120,5,120,8],[115,1,115,3],[115,5,115,8],[112,1,112,8],[113,1,113,3],[113,5,113,8],[116,1,116,3],[116,5,116,8],[117,1,117,3],[117,5,117,8],[106,1,106,3],[106,5,106,8],[103,1,103,3],[103,5,103,8],[104,1,104,3],[104,5,104,8],[105,1,105,3],[105,5,105,8],[114,1,114,3],[114,5,114,8],[96,1,96,3],[96,5,96,8],[99,1,99,8],[100,1,100,3],[100,5,100,8],[101,1,101,3],[101,5,101,8],[102,1,102,3],[102,5,102,8],[91,1,91,3],[91,5,91,8],[92,1,92,3],[92,5,92,8],[93,1,93,3],[93,5,93,8],[94,1,94,3],[94,5,94,8],[95,1,95,3],[95,5,95,8],[90,1,90,3],[81,1,81,3],[81,5,81,8],[82,1,82,3],[82,5,82,8],[84,1,84,8],[85,1,85,3],[85,5,85,8],[86,1,86,3],[86,5,86,8],[87,1,87,3],[87,5,87,8],[88,1,88,3],[88,5,88,8],[90,5,90,8],[77,1,77,3],[77,5,77,8],[78,1,78,3],[78,5,78,8],[79,1,79,3],[79,5,79,8],[80,1,80,3],[80,5,80,8],[89,1,89,3],[89,5,89,8],[53,0,70,1],[72,1,72,8],[73,1,73,3],[73,5,73,8],[74,1,74,3],[74,5,74,8],[75,1,75,3],[75,5,75,8],[76,1,76,3],[76,5,76,8],[17,1,27,1],[17,2,27,2],[28,0,33,0],[28,1,33,1],[28,2,33,2],[34,0,52,1],[8,0,27,0],[8,1,16,1],[8,2,16,2],[4,18,4,19],[4,20,4,21],[5,0,5,1],[5,2,5,21],[0,0,3,0],[0,1,1,19],[0,21,3,21],[2,1,3,19],[6,9,6,15],[6,17,6,21],[6,0,7,0],[6,1,7,1],[6,2,7,2],[6,3,6,4],[6,5,7,5],[6,6,6,8]]}
[null,"PROCESO: SISTEMA INTEGRADO DE GESTIÓN",null,null,null,null,null,null,null,null,null,null,null,null,null,null,null,null,null,null,"Código: FOR-221-PRO-SIG-02"]
[null,null,null,null,null,null,null,null,null,null,null,null,null,null,null,null,null,null,null,null,"Versión: 03"]
[null,"FORMATO: \nIDENTIFICACIÓN DE PELIGROS, EVALUACIÓN Y VALORACIÓN DE LOS RIESGOS \nALCALDÍA MUNICIPAL DE IBAGUÉ",null,null,null,null,null,null,null,null,null,null,null,null,null,null,null,null,null,null,"Fecha:09/04/2021"]
[null,null,null,null,null,null,null,null,null,null,null,null,null,null,null,null,null,null,null,null,"Página: 1"]
["FECHAS DE ACTUALIZACIÓN: ","2019-02-22","2019-03-09","2019-09-02","2019-09-11","2019-09-24","2019-10-30","2020-07-22","2021-04-09","2021-07-08","2022-05-27"]
["PROCESO:",null,"1. SISTEMA INTEGRADO DE GESTIÓN CALIDAD (ISO -9001)."]
["1. PROCESO ADMINISTRATIVO / OPERATIVO","2. ACTIVIDADES","3. TAREA RUTINARIO (SI O NO)","PELIGRO",null,"6. EFECTOS POSIBLES\n(Salud - Seguridad)","CONTROLES EXISTENTES",null,null,"EVALUACIÓN DEL RIESGO",null,null,null,null,null,null,"VALORACIÓN DEL RIESGO","MEDIDAS DE INTERVENCIÓN"]
[null,null,null,"4. DESCRIPCIÓN","5. CLASIFICACIÓN",null,"7. FUENTE","8. MEDIO","9. INDIVIDUO","10. NIVEL DE DEFICIENCIA","11. NIVEL DE EXPOSICIÓN","12. NIVEL DE PROBABILIDAD ND X NE","13. INTERPRETACIÓN DEL NIVEL DE PROBABILIDAD","14. NIVEL DE CONSECUENCIA","15. NIVEL DE RIESGO NR E INTERVENCIÓN","16. INTERPRETACIÓN DEL NR","17. ACEPTABILIDAD DEL RIESGO","18 ELIMINACIÓN","19. SUSTITUCIÓN","20. CONTROLES DE INGENIERIA","21. CONTROLES ADMINISTRATIVOS, SEÑALIZACIÓN, ADVERTENCIA","22. ELEMENTOS DE PROTECCIÓN PERSONAL"]
["ADMINISTRATIVO","ACTIVIDAD PLANEACIÓN, ELABORACIÓN Y EJECUCIÓN DE DOCUMENTOS. USO DE HERRAMIENTAS TECNOLÓGICAS Y VIDEO TERMINALES. INTERACCIONES LABORALES Y ADMINISTRATIVAS (ATENCIÓN AL CIUDADANO).","SI","Postura Prolongada (Postura sedente más del 75% de la jornada laboral en trabajo con video terminales)","BIOMECÁNICO","*Dolor lumbar inespecífico\n*Espasmos musculares","No aplica","Diseño del sistema (puesto) de trabajo adecuado.","Pausas Activas",6,3,{"$f":"+J9*K9","v":18},{"$f":"IF(L9>=24,\"MUY ALTO\",IF(L9>=10,\"ALTO\",IF(L9>=6,\"MEDIO\",\"BAJO\")))","v":"ALTO"},10,{"$f":"+L9*N9","v":180},{"$f":"IF(O9>=600,\"I\",IF(O9>=150,\"II\",IF(O9>=40,\"III\",IF(O9>=20,\"IV\"))))","v":"II"},{"$f":"IF(O9>=600,\"NO ACEPTABLE\",IF(O9>=150,\"ACEPTABLE CON CONTROL ESPECIFICO\",IF(O9>=40,\"MEJORABLE\",IF(O9>=20,\"ACEPTABLE\"))))","v":"ACEPTABLE CON CONTROL ESPECIFICO"},"NO APLICA","NO SE REQUIERE","NO SE REQUIERE","*Realizar re inducción en higiene postural de oficina. \n*Realizar pausas activas en el área.                                                                 \n*Continuar con las actividades del programa de vigilancia epidemiológico  para prevención de desordenes musculo esqueléticas asociadas al peligro biomecánico .                                                                                  ","NO APLICA"]
[null,null,null,"Movimientos repetitivos  \n(Digitación)","BIOMECÁNICO","Síndrome de Túnel del Carpo ( STC).\nSíndrome de Quervain","Ninguno","Diseño del sistema (puesto) de trabajo adecuado.","Pausas Activas",6,3,{"$f":"+J10*K10","v":18},{"$f":"IF(L10>=24,\"MUY ALTO\",IF(L10>=10,\"ALTO\",IF(L10>=6,\"MEDIO\",\"BAJO\")))","v":"ALTO"},10,{"$f":"+L10*N10","v":180},{"$f":"IF(O10>=600,\"I\",IF(O10>=150,\"II\",IF(O10>=40,\"III\",IF(O10>=20,\"IV\"))))","v":"II"},{"$f":"IF(O10>=600,\"NO ACEPTABLE\",IF(O10>=150,\"ACEPTABLE CON CONTROL ESPECIFICO\",IF(O10>=40,\"MEJORABLE\",IF(O10>=20,\"ACEPTABLE\"))))","v":"ACEPTABLE CON CONTROL ESPECIFICO"},"NO SE REQUIERE","NO SE REQUIERE","NO SE REQUIERE","*Se recomienda la implementación permanente de pausas activas durante la jornada laboral.                                                                                                                                                  ","NO APLICA"]
[null,null,null,"Locativo\nSuperficies de trabajo  irregulares y  desniveladas                                 (Desplazamiento en los diferentes áreas)","CONDICIONES DE SEGURIDAD","*Golpes \n*Caídas","Ninguno","Señalización, bandas antideslizantes.","Capacitación en prevención contra caídas, inducción y reinducción.",6,2,12,"ALTO",10,120,"III","MEJORABLE","NO APLICA","NO APLICA","NO APLICA","*Se recomienda uso de calzado adecuado según el área a visitar, con el fin de evitar caídas. ","Continuar con el uso de  EPP requeridos según el área a auditar: \n*Calzado de seguridad (Botas).\n*Casco\n*Protección respiratoria "]
[null,null,null,"Radiaciones No ionizantes                                   (Exposición permanente  a pantallas del computador)","FÍSICO ","*Fatiga visual\n*Daños a la visión (Sequedad en los ojos - ojo enrojecido)\n*Tensión ocular ","Uso de pantalla antirreflejo","Ninguno","Inducción y reinducción.",6,2,12,"ALTO",10,120,"III","MEJORABLE","NO APLICA","NO SE REQUIERE","NO SE REQUIERE","*Se recomienda la implementación permanente de pausas activas durante la jornada laboral.                                                                                                                                                  ","NO APLICA"]
[null,null,null,"Picaduras    y mordeduras                     (Exposición con animales )","BIOLÓGICO","*Picaduras \n*Infecciones\n","No aplica","No aplica","Inducción y reinducción.",2,2,4,"BAJO",10,40,"III","MEJORABLE","NO APLICA","NO APLICA","NO APLICA","*Se realiza capacitaciones en prevención de accidentes de trabajo por mordeduras de animales. \n","NO APLICA"]
[null,null,null,"Eléctrico                                                   Baja tensión.                           ","CONDICIONES DE SEGURIDAD","*En caso de cortos, puede generarse electrocución \n*Se potencializa el riesgo de incendio. ","Mantenimiento redes eléctricas","Ninguno","Inducción y reinducción.",2,2,4,"BAJO",10,40,"III","MEJORABLE","NO APLICA","NO APLICA","Mantenimiento redes eléctricas.","Control del programa de mantenimiento de infraestructura, orden y aseo.","NO APLICA"]
[null,null,null,"Mecánico                                         (Manejo de Equipos y elementos de Oficina)","CONDICIONES DE SEGURIDAD","*Traumas de tejidos blandos (Laceración, contusión, heridas superficiales, etc.)       ","Elementos de trabajo en buen estado","Ninguno","Inducción y reinducción.",2,2,4,"BAJO",10,40,"III","MEJORABLE","NO SE REQUIERE","NO SE REQUIERE","NO SE REQUIERE","*Continuar con el uso adecuado de los elementos de trabajo, realizar cambio de los elementos que se observen en mal estado. ","NO APLICA"]
[null,null,null,"Locativo                                                                              (Cableado eléctrico desordenado debajo de los puestos de trabajo)","CONDICIONES DE SEGURIDAD","*Se potencializa el riesgo de accidentes por caídas. ","Ninguno","Ninguno","Inducción y reinducción.",6,2,12,"ALTO",10,120,"III","MEJORABLE","NO APLICA","NO SE REQUIERE","Se recomienda agrupar el cableado eléctrico faltante, utilizando espiral porta cable u otro mecanismo de canalización. ","Realizar inspecciones de seguridad para verificar estado de cableado del  área. ","NO APLICA"]
[null,null,null,"Locativo\nSuperficies de trabajo  irregulares y  desniveladas                                 (Desplazamiento en los diferentes áreas)","CONDICIONES DE SEGURIDAD","*Golpes \n*Caídas","Ninguno","Ninguno","Inducción y reinducción.",2,2,4,"BAJO",25,100,"III","MEJORABLE","NO APLICA","NO APLICA","NO APLICA","*Se recomienda uso de calzado adecuado según el área a visitar, con el fin de evitar caídas. ","Continuar con el uso de  EPP requeridos según el área a auditar: \n*Calzado de seguridad (Botas).\n*Casco\n*Protección respiratoria "]
[null,"TRANSFERENCIAS DOCUMENTALES. MANEJO DE CORRESPONDENCIA. ACTIVIDAD MANEJO DE ARCHIVO. ","SI","Postura Mantenida: Postura sedente  durante la jornada de trabajo","BIOMECÁNICO","*Enfermedad  lumbar inespecífica\n*Espasmos musculares       *Problemas circulatorios en miembros inferiores","No aplica","Ninguno","Implementación y direccionamiento  de pausas activas al personal, exámenes médicos ocupacionales, capacitación con relación al riesgos",6,2,12,"ALTO",25,300,"II","ACEPTABLE CON CONTROL ESPECIFICO","NO APLICA","NO SE REQUIERE","NO SE REQUIERE","*Implementar programa de mantenimiento de las sillas.                                                           * Realizar campaña donde se le brinde al personal información como: partes de una silla, descansa pies y su  modo de uso. *Sensibilizar sobre la importancia de las pausas activas.","NO APLICA"]
[null,null,null,"Virus                               (Exposición con ácaros al archivar documentos)","BIOLÓGICO","*Dermatosis\n*Reacciones alérgicas\n*Enfermedades infecciosas\n*Infecciones respiratorias","No aplica","Limpieza y aspiración  periódica en los archivos ","Recomendación en inducción y reinducción - Capacitación en manejo seguro de archivo - Uso de mascarilla, guantes y gafas de seguridad ",6,2,12,"ALTO",25,300,"II","ACEPTABLE CON CONTROL ESPECIFICO","NO APLICA","NO APLICA","NO APLICA","*Capacitar a los trabajadores en auto cuidado y la importancia del uso de los EPP.\n*Realizar capacitación en lavado de manos.","*Uso de EPP (Guantes - Tapa bocas)"]
[null,null,null,"Material Particulado Acumulación de material particulado (polvo) en la documentación del área de archivo. ","QUÍMICO","Irritaciones, alergias a nivel respiratorio","Ninguno","Limpieza y aspiración  periódica en los archivos ","Recomendación en inducción y reinducción - Capacitación en manejo seguro de archivo - Uso de mascarilla, guantes y gafas de seguridad ",6,2,12,"ALTO",10,120,"III","MEJORABLE","NINGUNO ","NINGUNO ","*Se recomienda realizar mantenimiento correctivo a los extractores que hay en el área. ","*Exámenes periódicos anualmente al personal  expuesto con espirometrias ","Uso de tapabocas obligatorio"]
[null,null,null,"Esfuerzos: Carga dinámica , movilización de varios segmentos corporales para el desarrollo de la tarea","BIOMECÁNICO","*Enfermedad, lumbar inespecífica           *Bursitis de hombro         *Dolores a nivel de miembros superiores e inferiores","No aplica","Ninguno","Implementación y direccionamiento  de pausas activas al personal, exámenes médicos ocupacionales, capacitación con relación al riesgos",6,3,18,"ALTO",10,180,"II","ACEPTABLE CON CONTROL ESPECIFICO","NO SE REQUIERE","NO SE REQUIERE","NO SE REQUIERE","*Continuar con las medidas actuales               *Sensibilizar sobre la importancia de las pausas activas.                                          *Implementar el SVE para DME","NO APLICA"]
[null,null,null,"Movimientos repetitivos: Ingreso de datos a video terminales","BIOMECÁNICO","*Síndrome del túnel carpiano                      *Síndrome de Quervain","No aplica","Ninguno","Implementación y direccionamiento  de pausas activas al personal, exámenes médicos ocupacionales, capacitación con relación al riesgos",6,3,18,"ALTO",10,180,"II","ACEPTABLE CON CONTROL ESPECIFICO","NO SE REQUIERE","NO SE REQUIERE","NO SE REQUIERE","*Continuar con las medidas actuales               *Sensibilizar sobre la importancia de las pausas activas.                                          *Implementar el SVE para DME","NO APLICA"]
[null,null,null,"Manipulación de cargas (elevar):  Disposición de archivo en estantería","BIOMECÁNICO","*Enfermedad discal        *Enfermedad lumbar inespecífica","No aplica","Ninguno","Implementación y direccionamiento  de pausas activas al personal, exámenes médicos ocupacionales, capacitación con relación al riesgos",6,3,18,"ALTO",10,180,"II","ACEPTABLE CON CONTROL ESPECIFICO","NO SE REQUIERE","NO SE REQUIERE","NO SE REQUIERE","*Continuar con las medidas actuales               *Sensibilizar sobre la importancia de las pausas activas.                                                       * Capacitar en manipulación adecuada de cargas                                                                *Implementar el SVE para DME","NO APLICA"]
[null,null,null,"Manipulación de cargas (bajar desde alturas):Ubicación y manipulación de archivo  ubicado en cartelera","BIOMECÁNICO","*Enfermedad discal        *Enfermedad lumbar inespecífica","No aplica","Ninguno","Implementación y direccionamiento  de pausas activas al personal, exámenes médicos ocupacionales, capacitación con relación al riesgos",6,3,18,"ALTO",10,180,"II","ACEPTABLE CON CONTROL ESPECIFICO","NO SE REQUIERE","NO SE REQUIERE","NO SE REQUIERE","*Continuar con las medidas actuales               *Sensibilizar sobre la importancia de las pausas activas.                                                       * Capacitar en manipulación adecuada de cargas                                                                *Implementar el SVE para DME","NO APLICA"]
[null,null,null,"Radiaciones No ionizantes                                   (Exposición a pantallas del computador)","FÍSICO ","*Fatiga visual","Uso de pantalla antirreflejo","Diseño del sistema (puesto) de trabajo adecuado.","Inducción y reinducción.",6,2,12,"ALTO",10,120,"III","MEJORABLE","NO APLICA","NO SE REQUIERE","NO SE REQUIERE","*Se recomienda la implementación permanente de pausas activas durante la jornada laboral.                                                                                                                                                  ","NO APLICA"]
[null,null,null,"Locativo: Inexistencia de baños para el área (Actualmente el área de baños fue utilizado para almacenamiento","CONDICIONES DE SEGURIDAD","*Infecciones urinarias     ","No aplica","No aplica","Inducción y reinducción.",6,2,12,"ALTO",10,120,"III","MEJORABLE","*Estudiar posibilidad de acondicionar baño en el área destinada para esto","*Gestionar dentro del edificio el sanitario para uso de los funcionarios","NO SE REQUIERE","NO SE REQUIERE","NO SE REQUIERE"]
[null,null,null,"Locativo: Sistemas y medios de almacenamiento sin anclar","CONDICIONES DE SEGURIDAD","*Golpes con objetos        *Atrapamientos","Archivador rodante","Instalación de rieles en la parte superior de estantes","Ninguno",6,2,12,"ALTO",10,120,"III","MEJORABLE","NO APLICA","NO APLICA","*Instalar en la totalidad de los estantes rieles superiores y/o anclar entre si","NO APLICA","NO APLICA"]
[null,null,null,"Mecánico: Manipulación de archivo antiguo con gancho metálico","CONDICIONES DE SEGURIDAD","*Cortes, laceraciones                               *Pinchazos","Implementación de gancho metálico","No aplica","Ninguno",6,2,12,"ALTO",25,300,"II","ACEPTABLE CON CONTROL ESPECIFICO","NO SE REQUIERE","NO SE REQUIERE","NO SE REQUIERE","NO SE REQUIERE","*Verificar el uso de los EPP por parte de los trabajadores"]
["OPERATIVO","ACTIVIDAD DESPLAZAMIENTO A EVENTOS Y REUNIONES INSTITUCIONALES,  INSPECCIONES EN SST, VISITAS TÉCNICAS (DE CAMPO), ACTIVIDADES DE BIENESTAR  Y CULTURALES FUERA DE LA SEDE.","SI","Accidentes de tránsito                      \n     \n(En los desplazamientos en las vías)\nVER MATRIZ DE RIESGO VIAL ","CONDICIONES DE SEGURIDAD","*Muerte \n*Lesiones graves en el cuerpo entero\n*Atrapamiento vehicular","PESV","Vehículos de la empresa con mantenimiento preventivo y correctivo. ","Capacitación PESV",2,2,4,"BAJO",100,400,"II","ACEPTABLE CON CONTROL ESPECIFICO","NO APLICA","NO APLICA","*Se debe empezar a realizar la inspección pre operacional de vehículos de la empresa, para identificar condiciones del mismo \"Por parte de los conductores\". ","*Dar cumplimiento al plan de capacitación del PESV según el rol (Pasajero - Conductor - Peatón)\n*Realizar sensibilización en seguridad vial ","NO APLICA"]
[null,null,null,"Locativo\nSuperficies de trabajo  irregulares y  desniveladas                                 (Desplazamiento en los diferentes áreas)","CONDICIONES DE SEGURIDAD","*Golpes \n*Caídas\n*Fracturas","Ninguno","Ninguno","Inducción y reinducción.",6,2,12,"ALTO",10,120,"III","MEJORABLE","NO APLICA","NO APLICA","NO APLICA","*Se recomienda uso de calzado adecuado y de tacón bajo según el área a visitar, con el fin de evitar caídas. ","Uso de calzado bajo "]
[null,null,null,"Picaduras            y Mordeduras          (Exposición con animales en las vías públicas)","BIOLÓGICO","Infecciones","No aplica","No aplica","No aplica",6,2,12,"ALTO",10,120,"III","MEJORABLE","NO APLICA","NO APLICA","NO APLICA","*Se recomienda capacitar en prevención por mordeduras o picaduras en vías públicas\n","NO APLICA"]
[null,null,null,"Radiaciones no ionizantes                                                 Exposición a luz solar en actividades externas ","FÍSICO","quemaduras, golpe de calor, deshidratación Insolación ","Ninguno","Ninguno","Inducción y reinducción.",6,2,12,"ALTO",10,120,"III","MEJORABLE","NINGUNO ","NINGUNO ","NINGUNO ","*Continuar el uso de camisa manga larga y cachucha en el desarrollo de la actividad","Ropa manga larga \nCachucha"]
[null,null,null,"Público\n(Robos - Atracos - Asaltos)","CONDICIONES DE SEGURIDAD","*Golpes\n*Agresiones verbales y físicas \n*Atentados violentos\n*Heridas\n*Muerte","Ninguno","Ninguno","Inducción y reinducción.",2,2,4,"BAJO",100,400,"II","ACEPTABLE CON CONTROL ESPECIFICO","NO APLICA","NO APLICA","NO APLICA","*Socializar los planes contingencia para diferentes situaciones  de emergencia específicamente riesgo público. ","NO APLICA"]
[null,null,null,"Locativo\nSuperficies de trabajo  irregulares en las vías, terrenos inestables y escarpados","CONDICIONES DE SEGURIDAD","*Golpes \n*Caídas\n*Fracturas","Ninguno","Ninguno","Ninguno",2,2,4,"BAJO",25,100,"III","MEJORABLE","NO APLICA","NO APLICA","NO APLICA","*Se recomienda uso de calzado adecuado y de tacón bajo según el área a visitar, con el fin de evitar caídas. ","Uso de calzado bajo "]
["PELIGROS QUE APLICAN A TODAS LAS ACTIVIDADES",null,"SI","Infraestructura - Locativo     \nInstalaciones  (superficies irregulares).","CONDICIONES DE SEGURIDAD","Ninguno","Ninguno","Señalización, bandas antideslizantes.","Inducción y reinducción, Capacitación.",6,2,12,"ALTO",10,120,"III","MEJORABLE","NO APLICA","NO APLICA","NO APLICA","Inspecciones para verificar condiciones (Infraestructura y señalización). Capacitación prevención contra caídas.Verificar y estudiar el estándar de seguridad actividades fuera de la sede.","NO APLICA"]
[null,null,"SI","Público\n(Robos - Atracos - Asaltos)","CONDICIONES DE SEGURIDAD","*Golpes\n*Agresiones verbales y físicas \n*Atentados violentos\n*Heridas\n*Muerte","Ninguno","Cámaras de seguridad y vigilancia permanente","Inducción y reinducción, Capacitación.",6,3,18,"ALTO",10,180,"II","ACEPTABLE CON CONTROL ESPECIFICO","NO APLICA","NO APLICA","Mantenimiento cámaras de vigilancia en la sede. ","*Socializar los planes contingencia para diferentes situaciones  de emergencia específicamente riesgo público. Verificar y estudiar el estándar de seguridad actividades fuera de la sede.","NO APLICA"]
[null,null,"SI","Público\n(Agresiones verbales - Actos Violentos)","CONDICIONES DE SEGURIDAD","*Golpes\n*Agresiones verbales y físicas \n*Atentados violentos\n*Heridas\n*Muerte","Ninguno","Cámaras de seguridad y vigilancia permanente","Inducción y reinducción, Capacitación.",2,2,4,"BAJO",100,400,"II","ACEPTABLE CON CONTROL ESPECIFICO","NO APLICA","NO APLICA","Instalar cámaras de vigilancia en la sede. ","*Socializar los planes contingencia para diferentes situaciones  de emergencia específicamente riesgo público. Verificar y estudiar el estándar de seguridad actividades fuera de la sede.","NO APLICA"]
[null,null,"SI","Público\n(Manifestaciones públicas)","CONDICIONES DE SEGURIDAD","*Golpes\n*Agresiones verbales y físicas \n*Heridas\n*Muerte","Ninguno","Hay vigilancia permanente en la puerta de acceso del edificio. ","Ninguno",2,2,4,"BAJO",100,400,"II","ACEPTABLE CON CONTROL ESPECIFICO","NO APLICA","NO APLICA","NO APLICA","*Actualizar el plan de emergencias, incluyendo los planes operativos normalizados en caso de situaciones de emergencia en riesgo público especifico para cada sede y socializarlo a todo el personal.     \n*Capacitar al personal en actuación ante emergencias en riesgo público. Verificar estandard de seguridad actividades fuera de la sede.","NO APLICA"]
[null,null,"SI","Público\n(Inseguridad por actos delictivos en los alrededores de la sede)","CONDICIONES DE SEGURIDAD","*Golpes\n*Agresiones verbales y físicas \n*Atentados violentos\n*Heridas\n*Muerte","Ninguno","Hay vigilancia permanente en la puerta de acceso del sede.","Ninguno",2,2,4,"BAJO",100,400,"II","ACEPTABLE CON CONTROL ESPECIFICO","NO APLICA","NO APLICA","Instalación y mantenimiento de las  cámaras de vigilancia en todos los pisos de la sede. ","*Socializar los planes contingencia para diferentes situaciones  de emergencia específicamente riesgo público. ","NO APLICA"]
[null,null,"NO","Sismo - Temblores                  ","FENÓMENOS NATURALES","*Daños materiales (Pérdida total)\n*Heridas y lesiones graves\n*Accidentes de trabajo \n*Muerte","No hay","hay elementos para atención de emergencias en caso de requerirse","Capacitación  en actuación ante emergencias ",6,2,12,"ALTO",10,120,"III","MEJORABLE","NO SE REQUIERE","NO SE REQUIERE","NO SE REQUIERE","*Se recomienda realizar estudio de vulnerabilidad, simulacros\n*Capacitar al personal en actuación ante emergencias. "]
[null,null,"NO","Erupción volcán machín           ","FENÓMENOS NATURALES","*Daños materiales (Pérdida total)\n*Heridas y lesiones graves\n*Accidentes de trabajo \n*Muerte","No hay","Ninguno","Capacitación  en actuación ante emergencias ",2,2,4,"BAJO",100,400,"II","ACEPTABLE CON CONTROL ESPECIFICO","NO SE REQUIERE","NO SE REQUIERE","NO SE REQUIERE","*Seguir las instrucciones que el departamento suministra para  casos de emergencia por posible erupción del Volcán.                                                                                              \n*Solicitar capacitación al ente respectivo sobre actuación en caso de erupción del volcán machín. \n*Capacitar en actuación ante emergencias en caso de erupción del volcán machín a todo el personal.  \n*Actualizar plan de emergencias incluyendo el PON por posible erupción del volcán machín y socializar a los trabajadores. "]
[null,null,"SI","Tecnológico\n(Incendios - Explosiones)\nGenerado dentro de las instalaciones del edificio","CONDICIONES DE SEGURIDAD","Incendios \nQuemaduras de grado 2 y 3\nMuerte","Ninguno","Uso de equipos contra incendio","Personal capacitado en manejo de equipos contra incendios",2,2,4,"BAJO",100,400,"II","ACEPTABLE CON CONTROL ESPECIFICO","NO APLICA","NO APLICA","*Realizar mantenimiento preventivo y correctivo de los equipos eléctricos e instalaciones eléctricas en la sede","*Capacitación en prevención de accidentes de trabajo por riesgo eléctrico.                                                          \n\n*Continuar con las inspecciones de seguridad enfocado a riesgo eléctrico. ","NO APLICA"]
[null,null,"SI","Tecnológico\n\"Riesgo de la vecindad\"\n(Incendios - Explosiones)\n\n","CONDICIONES DE SEGURIDAD","Incendios \nQuemaduras de grado 2 y 3\nMuerte","Ninguno","Uso de equipos contra incendio","Personal capacitado en manejo de equipos contra incendios",2,2,4,"BAJO",100,400,"II","ACEPTABLE CON CONTROL ESPECIFICO","NO APLICA","NO APLICA","Implementación planes de ayuda mutua.","*Diseñar y socializar PON en caso de explosiones externas a la entidad","NO APLICA"]
[null,null,"SI","Fugas de gas \n\"Riesgos de la vecindad\"\n(Generado por la presencia de restaurante en Mercacentro y por tuberías externas a la entidad) ","QUÍMICOS","Incendios \nQuemaduras de grado 2 y 3\nMuerte","Ninguno","Uso de equipos contra incendio","Ninguno",2,2,4,"BAJO",100,400,"II","ACEPTABLE CON CONTROL ESPECIFICO","NO APLICA","NO APLICA","*Solicitar a Mercacentro que se de cumplimiento a las recomendaciones generales para prevención de accidentes de trabajo por fugas de gas en el restaurante. ","*Diseñar y socializar PON en caso de fuga de gas","NO APLICA"]
[null,null,"SI","Locativo\nSistema de almacenamiento\n(Atrapamiento por mal funcionamiento de los ascensores)\n \n","CONDICIONES DE SEGURIDAD","Atrapamiento ","Se realiza mantenimiento periódico a los ascensores","Señalización de advertencia dentro de la cabina","Ninguno",6,2,12,"ALTO",10,120,"III","MEJORABLE","NO APLICA","NO APLICA","*Continuar con el mantenimiento preventivo y correctivo de los ascensores","*Diseñar y socializar PON en caso de atrapamiento por mal funcionamiento del ascensor","No aplica"]
[null,null,"SI","Virus \n(exposición al agente biológico Virus Sars – Cov – 2,  por contacto directo con personas u objetos contaminados).  ","BIOLÓGICO","Enfermedad Covid–19 que puede producir: Malestar, fiebre, dolor de garganta, perdida del olfato y del gusto, dificultad respiratoria, neumonía, náuseas, vómitos o diarrea, órganos como el corazón, los riñones o el hígado pueden inflamarse y provocar que dejen de funcionar correctamente lo que conlleva el empeoramiento del paciente o incluso su muerte. ","Ninguno","Limpieza y desinfección de áreas de trabajo   y en casa,  Control de aforo, señalización de advertencia.","Distanciamiento    físico, uso de mascarilla, lavado de manos constante.",2,2,4,"BAJO",100,400,"II","ACEPTABLE CON CONTROL ESPECIFICO","N.A","N.A","Trabajo en casa , diseño puestos de trabajo cumpliendo con el distanciamiento social, lavamanos y puntos de desinfección.","*Diseño e implementación del Protocolo de Bioseguridad para prevención de Covid-19.  *Implementar y promover en la planta de personal buenas prácticas de higiene y control de Covid-19 a través de actividades limpieza/desinfección de estaciones de trabajo, baños, vehículos, en casa, en desplazamiento, entre otros.   *Promover frecuentemente el lavado de manos en personal de planta, contratistas y visitantes. En caso de no contar con agua y jabón, se debe proveer con desinfectantes para manos (gel antibacterial a base de alcohol).  *Disminución de la densidad laboral en áreas de trabajo o de ocupación de la entidad promoviendo el teletrabajo. *Mantener un stop de EPP  (mascarillas ) para dotación y recambio. *Establecer canales de comunicación individualizados y/o de grupo: correo electrónico, redes sociales, videoconferencia, teléfono para reuniones evitando la presencialidad. *Revisión y análisis de los perfiles epidemiológicos por cargo, estrategias motivación para que los funcionarios se  vacunen.","Uso permanente de mascarilla respiratoria. Uso periódico de productos para limpieza (agua y jabón) y  alcohol al 70%, mono gafas o careta."]
[null,null,"SI"," Demandas Emocionales: Condiciones de la tarea                             \nLa novedad del entorno de trabajo, situación familiar:  hijos o personas mayores a cargo en el hogar en situación de riesgo, miedo al contagio, aislamiento social y confinamiento, miedos e incertidumbres laborales y socioeconómicos, espacios y recursos compartidos por varias personas ante las mismas circunstancias en sus domicilios, convertir espacios de su hogar en despachos improvisados para poder seguir desempeñando su tarea diaria, valoración subjetiva y objetiva por parte del experto mientras se aplica la batería de riesgo psicosocial.","PSICOSOCIAL","Alteraciones mentales, Ansiedad, depresión, estrés postraumático.","S.V.E. Psicosocial","S.V.E Psicosocial","Intervenciones individuales y grupales, capacitaciones, medidas de afrontamiento, manejo de habilidades sociales.",6,3,18,"ALTO",25,450,"II","ACEPTABLE CON CONTROL ESPECIFICO","N.A","N.A","Organización de los puestos de trabajo, lavamanos, dispensadores, cumpliendo con el distanciamiento."," “Mantener una comunicación actualizada, precisa, oportuna y de buena calidad para todo el personal sobre la información, recomendaciones y las herramientas comunicacionales, normas legales, emitidas por el Ministerio de Salud y Protección Social – MSPS-, como fuente oficial para el país, en relación con el comportamiento del brote de COVID-19, sus características, mitos y realidades, potenciales mecanismos de transmisión, identificación de personas con mayor riesgo, prácticas para la prevención del contagio a través del autocuidado individual y familiar, entre otras \"capacitaciones del protocolo de bioseguridad, inspecciones, suministro de Elementos de bioseguridad..","Uso de los elementos de bioseguridad, establecer el compromiso de autocuidado y trabajo seguro."]
[null,null,"SI","Características de la organización del trabajo\n(Valoración promedio mientras se realiza el proceso de aplicación de baterías de riesgo psicosocial)","PSICOSOCIAL","Alteraciones mentales, Ansiedad, depresión.","SVE. Riesgo Psicosocial","SVE. Riesgo Psicosocial","Intervenciones individuales y grupales, capacitaciones, medidas de afrontamiento, manejo de habilidades sociales.",2,3,6,"MEDIO",25,150,"II","ACEPTABLE CON CONTROL ESPECIFICO","NO SE REQUIERE","NO SE REQUIERE","NO APLICA","*Aplicación de las baterías de riesgo  psicosocial, para verificar la exposición al peligro. \nCapacitación en trabajo en equipo y competencias individuales y profesionales.\n\nAnálisis de carga laboral.                                                                                                                                     ","NO SE REQUIERE"]
[null,null,"SI","Características del grupo social y del trabajo.\n(Está en proceso la evaluación de los factores de riesgo psicosocial)","PSICOSOCIAL","Stress laboral\nAfecciones de salud                                                                                                                                                                                                                                                                                                                                                                                                            Ambientes de trabajo Hostil                                                                                                                                                                                                                                                                                                                                                                                                         Baja Productividad","Cumplimiento de la normatividad ley 1010, resolución 652 y 356, 2646.","Comité de Convivencia Laboral","Capacitaciones en habilidades sociales básicas, resolución de conflictos, liderazgo efectivo.",2,4,8,"MEDIO",10,80,"III","MEJORABLE","NO SE REQUIERE","NO SE REQUIERE","NO SE REQUIERE","*Capacitación en habilidades sociales básicas y relaciones interpersonales y comunicación asertiva y efectiva. \n\n*Capacitación en liderazgo efectivo y generación de hábitos del líder. ","NO SE REQUIERE"]
[null,null,"SI","Gestión Organizacional\n(Está en proceso la evaluación de los factores de riesgo psicosocial aplicación batería de riesgo psicosocial)","PSICOSOCIAL","Stress laboral\nAfecciones de salud                                                                                                                                                                                                                                                                                                                                                                                                                     Productividad- Ausentismo","Plan de Intervención del SVE ","N/A","Intervenciones individuales y grupales, capacitaciones en liderazgo, fortalecimiento de las escuelas de liderazgo.",6,2,{"$f":"+J50*K50","v":12},{"$f":"IF(L50>=24,\"MUY ALTO\",IF(L50>=10,\"ALTO\",IF(L50>=6,\"MEDIO\",\"BAJO\")))","v":"ALTO"},10,{"$f":"+L50*N50","v":120},{"$f":"IF(O50>=600,\"I\",IF(O50>=150,\"II\",IF(O50>=40,\"III\",IF(O50>=20,\"IV\"))))","v":"III"},{"$f":"IF(O50>=600,\"NO ACEPTABLE\",IF(O50>=150,\"ACEPTABLE CON CONTROL ESPECIFICO\",IF(O50>=40,\"MEJORABLE\",IF(O50>=20,\"ACEPTABLE\"))))","v":"MEJORABLE"},"NO SE REQUIERE","NO SE REQUIERE","NO SE REQUIERE","Fortalecimiento de las escuelas de liderazgo.","NO SE REQUIERE"]
[null,null,"SI","Contenido de la Tarea (Carga de Trabajo)\n(Está en proceso la evaluación de los factores de riesgo psicosocial aplicación batería de riesgo psicosocial)","PSICOSOCIAL","Stress laboral\nAfecciones de salud","S.V.E. Psicosocial","Distribución de la tarea por trabajo en equipo, gestión del tiempo.","Intervenciones individuales y grupales, capacitaciones, medidas de afrontamiento, manejo de habilidades sociales.",6,3,{"$f":"+J51*K51","v":18},{"$f":"IF(L51>=24,\"MUY ALTO\",IF(L51>=10,\"ALTO\",IF(L51>=6,\"MEDIO\",\"BAJO\")))","v":"ALTO"},25,{"$f":"+L51*N51","v":450},{"$f":"IF(O51>=600,\"I\",IF(O51>=150,\"II\",IF(O51>=40,\"III\",IF(O51>=20,\"IV\"))))","v":"II"},{"$f":"IF(O51>=600,\"NO ACEPTABLE\",IF(O51>=150,\"ACEPTABLE CON CONTROL ESPECIFICO\",IF(O51>=40,\"MEJORABLE\",IF(O51>=20,\"ACEPTABLE\"))))","v":"ACEPTABLE CON CONTROL ESPECIFICO"},"NO SE REQUIERE","NO SE REQUIERE","NO SE REQUIERE","Capacitaciones, manejo del tiempo como recurso, trabajo colaborativo y ayuda percibida.  ","NO SE REQUIERE"]
[null,null,"SI","Público\n(Robos - Atracos - Asaltos - Agresiones verbales - Actos Violentos)","CONDICIONES DE SEGURIDAD","*Golpes\n*Agresiones verbales y físicas \n*Atentados violentos\n*Heridas\n*Muerte","Ninguno","Cámaras de seguridad ","Ninguno",2,2,4,"BAJO",100,400,"II","ACEPTABLE CON CONTROL ESPECIFICO","NO APLICA","NO APLICA","Instalación y mantenimiento de cámaras de vigilancia en todos los pisos de la sede. ","*Socializar los planes contingencia para diferentes situaciones  de emergencia específicamente riesgo público. ","NO APLICA"]
[null,null,"SI","Accidentes aéreos                           (En los desplazamientos en avión a otras ciudades)\n","CONDICIONES DE SEGURIDAD","*Muerte \n*Lesiones graves en el cuerpo entero\n*Caída de avión","Ninguno","Ninguno","Ninguno",2,2,4,"BAJO",100,400,"II","ACEPTABLE CON CONTROL ESPECIFICO","NO APLICA","NO APLICA","NO APLICA","*Dar cumplimiento a las normas de seguridad para viajes aéreos","NO APLICA"]
["PELIGROS QUE APLICAN A TRABAJO EN CASA",null,"SI","Postura Prolongada \n(Postura sedente más del 75% de la jornada laboral en trabajo con video terminales)","BIOMECÁNICO","*Dolor lumbar inespecífico\n*Espasmos musculares","Ninguno","Ninguno","Sensibilización con los riesgos de trabajo en casa, psicólogo",6,3,18,"ALTO",10,180,"II","ACEPTABLE CON CONTROL ESPECIFICO","NO APLICA","NO SE REQUIERE","NO SE REQUIERE","*Realizar visitas virtuales por parte del Grupo de SST para capacitar en higiene postural en casa.\n\n*Realizar pausas activas en el área.                                                                 \n\n*Continuar con las actividades del programa de vigilancia epidemiológico  para prevención de desordenes musculo esqueléticas asociadas al peligro biomecánico, para trabajo en casa.                                                                               ","NO APLICA"]
[null,null,"SI","Movimientos repetitivos  \n(Digitación - Escanear)","BIOMECÁNICO","Lesiones por trauma acumulativo en miembro superiores ( STC).\nSíndrome de Quervain","Ninguno","Ninguno","Sensibilización con los riesgos de trabajo en casa, psicólogo",6,3,18,"ALTO",10,180,"II","ACEPTABLE CON CONTROL ESPECIFICO","NO SE REQUIERE","NO SE REQUIERE","NO SE REQUIERE","*Se recomienda la implementación permanente de pausas activas durante la jornada laboral.                                                                                                                                                  ","NO APLICA"]
[null,null,"SI","Radiaciones No ionizantes                                   (Exposición permanente a pantallas del computador)","FÍSICO ","*Fatiga visual","Ninguno","Ninguno","Sensibilización con los riesgos de trabajo en casa, psicólogo",6,2,12,"ALTO",10,120,"III","MEJORABLE","NO APLICA","NO SE REQUIERE","NO SE REQUIERE","*Se recomienda la implementación permanente de pausas activas durante la jornada laboral.                                                                                                                                                  ","NO APLICA"]
[null,null,"NO","Locativo                                                                              (Cableado eléctrico desordenado en la zona adecuada para puesto de trabajo)","CONDICIONES DE SEGURIDAD","*Se potencializa el riesgo de accidentes por caídas. ","Ninguno","Ninguno","Sensibilización con los riesgos de trabajo en casa, psicólogo",6,2,12,"ALTO",10,120,"III","MEJORABLE","NO APLICA","NO SE REQUIERE","Se recomienda agrupar el cableado eléctrico faltante, utilizando espiral porta cable u otro mecanismo de canalización. ","Realizar inspecciones de seguridad para verificar estado de cableado del  área. ","NO APLICA"]
[null,null,"NO","Picaduras - Mordeduras                             (Presencia de vectores e insectos dentro de la vivienda o zona destinada para laborar).","BIOLÓGICO","Infecciones","Ninguno","Ninguno","Sensibilización con los riesgos de trabajo en casa, psicólogo",6,2,12,"ALTO",10,120,"III","MEJORABLE","NO APLICA","NO APLICA","NO APLICA","* realizar una correcta inspección del área de trabajo para garantizar la NO presencia de vectores o insectos ponzoñoso. Evitar las zona con acumulación de aguas estancadas","NO APLICA"]
[null,null,"SI","Virus y Bacterias\n (Exposición a virus y bacterias debido al uso de superficies húmedas como baños, lavamanos y lavaplatos alberca)","BIOLÓGICO","*Dermatosis\n*Reacciones alérgicas\n*Enfermedades infecciosas\n*Infecciones respiratorias","Ninguno","Ninguno","Sensibilización con los riesgos de trabajo en casa, psicólogo",6,2,12,"ALTO",10,120,"III","MEJORABLE","NO APLICA","NO APLICA","NO APLICA","*Capacitar a los trabajadores en auto cuidado y la importancia del uso de los EPP.","*Uso de EPP (Guantes - Tapa bocas)"]
[null,null,"NO","Material particulado \n(Polvo en los documentos)","QUÍMICOS","*Enfermedades respiratorias\n*Infecciones virales \n*Alergias ","Ninguno","Ninguno","Sensibilización con los riesgos de trabajo en casa, psicólogo",6,2,12,"ALTO",10,120,"III","MEJORABLE","NO APLICA","NO APLICA","NO APLICA","*Realizar seguimiento del uso de los elementos de protección personal (Tapa bocas), cuando manipule archivo con polvo.                                                            ","Suministrar tapa bocas para el desarrollo de la labor. "]
[null,null,"NO","Uso de elementos de desinfección\n(alcohol, gel antibacterial)","QUÍMICOS","\n*Alergias en piel o vías respiratorias.\n* Quemaduras ","Ninguno","Ninguno","Sensibilización con los riesgos de trabajo en casa, psicólogo",6,2,12,"ALTO",10,120,"III","MEJORABLE","NO APLICA","NO APLICA","NO APLICA","*Realizar seguimiento del uso de los elementos de protección personal (Tapa bocas), cuando manipule archivo con polvo.                                                            ","Suministrar tapa bocas para el desarrollo de la labor. "]
[null,null,"SI","Mecánico                                         (Manejo de Equipos y elementos de Oficina)","CONDICIONES DE SEGURIDAD","*Traumas de tejidos blandos (Laceración, contusión, heridas superficiales, etc.)       ","Ninguno","Ninguno","Sensibilización con los riesgos de trabajo en casa, psicólogo",6,2,12,"ALTO",10,120,"III","MEJORABLE","NO SE REQUIERE","NO SE REQUIERE","NO SE REQUIERE","*Continuar con el uso adecuado de los elementos de trabajo, realizar cambio de los elementos que se observen en mal estado. ","NO APLICA"]
[null,null,"SI","Deficiente ventilación (Las ventanas y persianas deben permanecer cerradas para evitar el ingreso de rayos solares)","FÍSICO                              ","*Disconfort por calor ambiental permanente","Ninguno","Ninguno","Sensibilización con los riesgos de trabajo en casa, psicólogo",6,2,12,"ALTO",10,120,"III","MEJORABLE","NO APLICA","NO SE REQUIERE","NO SE REQUIERE","Se recomienda contar con un área de ventilación natural o con ventilación artificial como ventiladores ","NO APLICA"]
[null,null,"SI","Manipulación y desplazamiento de cargas\n(Documentos y cajas)","BIOMECÁNICO","Lesiones en columna\nEnfermedad discal\nEnfermedad lumbar ","Ninguno","Ninguno","Sensibilización con los riesgos de trabajo en casa, psicólogo",6,3,18,"ALTO",10,180,"II","ACEPTABLE CON CONTROL ESPECIFICO","NO SE REQUIERE","NO SE REQUIERE","NO SE REQUIERE","* Practicar higiene postural para el manejo de cargas. Evitar levantar mas de 10 Kg mujeres y 20 Kg Hombres.","NO APLICA"]
[null,null,"SI","Iluminación\n(Deficiente de iluminación natural o artificial en el sitio adecuado para laboral dentro de la vivienda)                                             ","FÍSICO ","*Fatiga visual","Ninguno","Ninguno","Sensibilización con los riesgos de trabajo en casa, psicólogo",6,2,12,"ALTO",10,120,"III","MEJORABLE","NO APLICA","Se recomienda adecuar zona de trabajo en lugar con iluminación adecuada (que no sea excesiva o deficiente). ","NO SE REQUIERE","Se recomienda adecuar el sitio de trabajo con iluminación adecuada.","NO APLICA"]
[null,null,"NO","Locativo\nSuperficies de trabajo  irregulares y  desniveladas, escaleras                                 (Desplazamiento en la vivienda)","CONDICIONES DE SEGURIDAD","*Golpes \n*Caídas\n*Fracturas","Ninguno","Ninguno","Sensibilización con los riesgos de trabajo en casa, psicólogo",6,2,12,"ALTO",10,120,"III","MEJORABLE","NO APLICA","NO APLICA","NO APLICA","*Se recomienda uso de calzado adecuado y de tacón bajo según el área a visitar, con el fin de evitar caídas. ","Uso de calzado bajo "]
[null,null,"SI","Virus (exposición al agente biológico Virus Sars – Cov – 2,  por contacto directo con personas u objetos contaminados).  ","BIOLÓGICO","Enfermedad Covid–19 que puede producir: Malestar, fiebre, dolor de garganta, perdida del olfato y del gusto, dificultad respiratoria, neumonía, náuseas, vómitos o diarrea, órganos como el corazón, los riñones o el hígado pueden inflamarse y provocar que dejen de funcionar correctamente lo que conlleva el empeoramiento del paciente o incluso su muerte. ","Ninguno","Ninguno","Sensibilización con los riesgos de trabajo en casa, psicólogo",2,2,{"$f":"+J67*K67","v":4},{"$f":"IF(L67>=24,\"MUY ALTO\",IF(L67>=10,\"ALTO\",IF(L67>=6,\"MEDIO\",\"BAJO\")))","v":"BAJO"},100,{"$f":"+L67*N67","v":400},{"$f":"IF(O67>=600,\"I\",IF(O67>=150,\"II\",IF(O67>=40,\"III\",IF(O67>=20,\"IV\"))))","v":"II"},{"$f":"IF(O67>=600,\"NO ACEPTABLE\",IF(O67>=150,\"ACEPTABLE CON CONTROL ESPECIFICO\",IF(O67>=40,\"MEJORABLE\",IF(O67>=20,\"ACEPTABLE\"))))","v":"ACEPTABLE CON CONTROL ESPECIFICO"},"N.A","N.A","Trabajo en Casa","*Garantizar el autocuidado en Casa.\n*Participar en las reuniones de bioseguridad realizadas por el grupo de SST.\n*Evitar las reuniones sociales y evitar visitar sitios concurridos o de alto riesgo\n*  Realizar constante desinfección y limpieza de los sitios de trabajo\n* Evitar tocar cara, boca y ojos con las manos.\n* Lavar las manos cada 3 horas.","Uso permanente de respirador buconasal, uso de guantes en látex C-35  ó neopreno manguilla larga en limpieza de superficies. Uso periódico de productos para limpieza (agua y jabón) y para  sanitizado de manos (geles a base de alcohol al 70%), mono gafas o careta"]
[null,null,"SI","Trabajo en Casa por Aislamiento por COVID 19\nSobrecarga laboral por la realización de trabajo en casa, atender requerimientos familiares, combinado con actividades caseras\nMiedo al contagio, aislamiento social y confinamiento, miedos e incertidumbres laborales y socioeconómicos, espacios y recursos compartidos por varias personas ante las mismas circunstancias en sus domicilios, convertir espacios de su hogar en despachos improvisados para poder seguir desempeñando su tarea diaria","PSICOSOCIAL","Alteraciones mentales","Ninguno","Ninguno","Sensibilización con los riesgos de trabajo en casa, psicólogo",6,2,{"$f":"+J68*K68","v":12},{"$f":"IF(L68>=24,\"MUY ALTO\",IF(L68>=10,\"ALTO\",IF(L68>=6,\"MEDIO\",\"BAJO\")))","v":"ALTO"},10,{"$f":"+L68*N68","v":120},{"$f":"IF(O68>=600,\"I\",IF(O68>=150,\"II\",IF(O68>=40,\"III\",IF(O68>=20,\"IV\"))))","v":"III"},{"$f":"IF(O68>=600,\"NO ACEPTABLE\",IF(O68>=150,\"ACEPTABLE CON CONTROL ESPECIFICO\",IF(O68>=40,\"MEJORABLE\",IF(O68>=20,\"ACEPTABLE\"))))","v":"MEJORABLE"},"N.A","N.A","Trabajo en Casa","Dar cumplimiento a los Lineamientos para abordar problemas y trastornos mentales en trabajadores de la salud en el marco del afrontamiento del coronavirus (Covid – 19), mediante Guía GPSG03  Marzo 2020 del Ministerio de Salud y Protección Social Inciso 4 y siguientes “Mantener una comunicación actualizada, precisa, oportuna y de buena calidad para todo el personal sobre la información, recomendaciones y las herramientas comunicacionales emitidas por el Ministerio de Salud y Protección Social – MSPS-, como fuente oficial para el país, en relación con el comportamiento del brote de COVID-19, sus características, mitos y realidades, potenciales mecanismos de transmisión, identificación de personas con mayor riesgo, prácticas para la prevención del contagio a través del autocuidado individual y familiar, entre otras”.","Planificar el trabajo. Mantener una actitud positiva. Mantenerse activo y ocupado.  Reconocer las emociones que se viven y afrontar las principales preocupaciones con información. Mantener el contacto social a través de las nuevas tecnologías. Hacer ejercicio o actividad física."]
[null,null,"SI","Público\n(Robos - Atracos - Asaltos - Agresiones verbales - Actos Violentos)","CONDICIONES DE SEGURIDAD","*Golpes\n*Agresiones verbales y físicas \n*Atentados violentos\n*Heridas\n*Muerte","Ninguno","Ninguno","Sensibilización con los riesgos de trabajo en casa, psicólogo",2,2,{"$f":"+J69*K69","v":4},{"$f":"IF(L69>=24,\"MUY ALTO\",IF(L69>=10,\"ALTO\",IF(L69>=6,\"MEDIO\",\"BAJO\")))","v":"BAJO"},100,{"$f":"+L69*N69","v":400},{"$f":"IF(O69>=600,\"I\",IF(O69>=150,\"II\",IF(O69>=40,\"III\",IF(O69>=20,\"IV\"))))","v":"II"},{"$f":"IF(O69>=600,\"NO ACEPTABLE\",IF(O69>=150,\"ACEPTABLE CON CONTROL ESPECIFICO\",IF(O69>=40,\"MEJORABLE\",IF(O69>=20,\"ACEPTABLE\"))))","v":"ACEPTABLE CON CONTROL ESPECIFICO"},"NO APLICA","NO APLICA","NO APLICA","*Socializar los planes contingencia para diferentes situaciones  de emergencia específicamente riesgo público. ","NO APLICA"]
[null,null,"NO","Erupción volcán Machín","FENÓMENOS NATURALES","Erupción del Volcán Machín","Ninguno","Ninguno","Sensibilización con los riesgos de trabajo en casa, psicólogo",6,2,{"$f":"+J70*K70","v":12},{"$f":"IF(L70>=24,\"MUY ALTO\",IF(L70>=10,\"ALTO\",IF(L70>=6,\"MEDIO\",\"BAJO\")))","v":"ALTO"},10,{"$f":"+L70*N70","v":120},{"$f":"IF(O70>=600,\"I\",IF(O70>=150,\"II\",IF(O70>=40,\"III\",IF(O70>=20,\"IV\"))))","v":"III"},{"$f":"IF(O70>=600,\"NO ACEPTABLE\",IF(O70>=150,\"ACEPTABLE CON CONTROL ESPECIFICO\",IF(O70>=40,\"MEJORABLE\",IF(O70>=20,\"ACEPTABLE\"))))","v":"MEJORABLE"},"NO APLICA","NO APLICA","NO APLICA","Tener en cuenta las recomendaciones dadas en los medios de comunicación de la alcaldía y recomendaciones en el video del ejercicio de la simulación  el día nacional del simulacro  ","NO APLICA"]
[null,null,"NO","Sismo - Terremoto","FENÓMENOS NATURALES","Erupción del Volcán Machín","Ninguno","Ninguno","Sensibilización con los riesgos de trabajo en casa, psicólogo",6,2,{"$f":"+J71*K71","v":12},{"$f":"IF(L71>=24,\"MUY ALTO\",IF(L71>=10,\"ALTO\",IF(L71>=6,\"MEDIO\",\"BAJO\")))","v":"ALTO"},10,{"$f":"+L71*N71","v":120},{"$f":"IF(O71>=600,\"I\",IF(O71>=150,\"II\",IF(O71>=40,\"III\",IF(O71>=20,\"IV\"))))","v":"III"},{"$f":"IF(O71>=600,\"NO ACEPTABLE\",IF(O71>=150,\"ACEPTABLE CON CONTROL ESPECIFICO\",IF(O71>=40,\"MEJORABLE\",IF(O71>=20,\"ACEPTABLE\"))))","v":"MEJORABLE"},"NO APLICA","NO APLICA","NO APLICA","Tener en cuenta las recomendaciones dadas en los medios de comunicación de la alcaldía y recomendaciones en el video del ejercicio de la simulación  el día nacional del simulacro  ","NO APLICA"]
[]
[null,{"$f":"+B9","v":"ACTIVIDAD PLANEACIÓN, ELABORACIÓN Y EJECUCIÓN DE DOCUMENTOS. USO DE HERRAMIENTAS TECNOLÓGICAS Y VIDEO TERMINALES. INTERACCIONES LABORALES Y ADMINISTRATIVAS (ATENCIÓN AL CIUDADANO)."}]
[null,"DESCRIPCIÓN DEL PELIGRO",null,null,"Nivel de riesgo","Aceptabilidad de riesgo "]
[null,{"$f":"+D9","v":"Postura Prolongada (Postura sedente más del 75% de la jornada laboral en trabajo con video terminales)"},null,null,{"$f":"+O9","v":180},{"$f":"+Q9","v":"ACEPTABLE CON CONTROL ESPECIFICO"}]
[null,"Movimientos repetitivos  \n(Digitación)",null,null,180,"ACEPTABLE CON CONTROL ESPECIFICO"]
[null,"Locativo\nSuperficies de trabajo  irregulares y  desniveladas                                 (Desplazamiento en los diferentes áreas)",null,null,120,"MEJORABLE"]
[null,"Radiaciones No ionizantes                                   (Exposición permanente  a pantallas del computador)",null,null,120,"MEJORABLE"]
[null,"Picaduras    y mordeduras                     (Exposición con animales )",null,null,40,"MEJORABLE"]
[null,"Eléctrico                                                   Baja tensión.                           ",null,null,40,"MEJORABLE"]
[null,"Mecánico                                         (Manejo de Equipos y elementos de Oficina)",null,null,40,"MEJORABLE"]
[null,"Locativo                                                                              (Cableado eléctrico desordenado debajo de los puestos de trabajo)",null,null,120,"MEJORABLE"]
[null,"Locativo\nSuperficies de trabajo  irregulares y  desniveladas                                 (Desplazamiento en los diferentes áreas)",null,null,100,"MEJORABLE"]
[]
[null,{"$f":"+B18","v":"TRANSFERENCIAS DOCUMENTALES. MANEJO DE CORRESPONDENCIA. ACTIVIDAD MANEJO DE ARCHIVO. "}]
[null,"DESCRIPCIÓN DEL PELIGRO",null,null,"VALOR DEL RIESGO","ACEPTABILIDAD DEL RIESGO"]
[null,{"$f":"+D18","v":"Postura Mantenida: Postura sedente  durante la jornada de trabajo"},null,null,{"$f":"+O18","v":300},{"$f":"+Q18","v":"ACEPTABLE CON CONTROL ESPECIFICO"}]
[null,{"$f":"+D19","v":"Virus                               (Exposición con ácaros al archivar documentos)"},null,null,300,"ACEPTABLE CON CONTROL ESPECIFICO"]
[null,{"$f":"+D20","v":"Material Particulado Acumulación de material particulado (polvo) en la documentación del área de archivo. "},null,null,120,"MEJORABLE"]
[null,"Esfuerzos: Carga dinámica , movilización de varios segmentos corporales para el desarrollo de la tarea",null,null,180,"ACEPTABLE CON CONTROL ESPECIFICO"]
[null,"Movimientos repetitivos: Ingreso de datos a video terminales",null,null,180,"ACEPTABLE CON CONTROL ESPECIFICO"]
[null,"Manipulación de cargas (elevar):  Disposición de archivo en estantería",null,null,180,"ACEPTABLE CON CONTROL ESPECIFICO"]
[null,"Manipulación de cargas (bajar desde alturas):Ubicación y manipulación de archivo  ubicado en cartelera",null,null,180,"ACEPTABLE CON CONTROL ESPECIFICO"]
[null,"Radiaciones No ionizantes                                   (Exposición a pantallas del computador)",null,null,120,"MEJORABLE"]
[null,"Locativo: Inexistencia de baños para el área (Actualmente el área de baños fue utilizado para almacenamiento",null,null,120,"MEJORABLE"]
[null,"Locativo: Sistemas y medios de almacenamiento sin anclar",null,null,120,"MEJORABLE"]
[null,"Mecánico: Manipulación de archivo antiguo con gancho metálico",null,null,300,"ACEPTABLE CON CONTROL ESPECIFICO"]
[]
[]
[null,{"$f":"+B29","v":"ACTIVIDAD DESPLAZAMIENTO A EVENTOS Y REUNIONES INSTITUCIONALES,  INSPECCIONES EN SST, VISITAS TÉCNICAS (DE CAMPO), ACTIVIDADES DE BIENESTAR  Y CULTURALES FUERA DE LA SEDE."}]
[null,"DESCRIPCIÓN DEL PELIGRO",null,null,"VALOR DEL RIESGO","ACEPTABILIDAD DEL RIESGO"]
[null,{"$f":"+D29","v":"Accidentes de tránsito                      \n     \n(En los desplazamientos en las vías)\nVER MATRIZ DE RIESGO VIAL "},null,null,{"$f":"+O29","v":400},{"$f":"+Q29","v":"ACEPTABLE CON CONTROL ESPECIFICO"}]
[null,"Locativo\nSuperficies de trabajo  irregulares y  desniveladas                                 (Desplazamiento en los diferentes áreas)",null,null,120,"MEJORABLE"]
[null,"Picaduras            y Mordeduras          (Exposición con animales en las vías públicas)",null,null,120,"MEJORABLE"]
[null,"Radiaciones no ionizantes                                                 Exposición a luz solar en actividades externas ",null,null,120,"MEJORABLE"]
[null,"Público\n(Robos - Atracos - Asaltos)",null,null,400,"ACEPTABLE CON CONTROL ESPECIFICO"]
[null,"Locativo\nSuperficies de trabajo  irregulares en las vías, terrenos inestables y escarpados",null,null,100,"MEJORABLE"]
[]
[]
[]
[]
[]
[null,{"$f":"+A35","v":"PELIGROS QUE APLICAN A TODAS LAS ACTIVIDADES"}]
[null,"DESCRIPCIÓN DEL PELIGRO",null,null,"VALOR DEL RIESGO","ACEPTABILIDAD DEL RIESGO"]
[null,{"$f":"+D35","v":"Infraestructura - Locativo     \nInstalaciones  (superficies irregulares)."},null,null,{"$f":"+O35","v":120},{"$f":"+Q35","v":"MEJORABLE"}]
[null,"Público\n(Robos - Atracos - Asaltos)",null,null,180,"ACEPTABLE CON CONTROL ESPECIFICO"]
[null,"Público\n(Agresiones verbales - Actos Violentos)",null,null,400,"ACEPTABLE CON CONTROL ESPECIFICO"]
[null,"Público\n(Manifestaciones públicas)",null,null,400,"ACEPTABLE CON CONTROL ESPECIFICO"]
[null,"Público\n(Inseguridad por actos delictivos en los alrededores de la sede)",null,null,400,"ACEPTABLE CON CONTROL ESPECIFICO"]
[null,"Sismo - Temblores                  ",null,null,120,"MEJORABLE"]
[null,"Erupción volcán machín           ",null,null,400,"ACEPTABLE CON CONTROL ESPECIFICO"]
[null,"Tecnológico\n(Incendios - Explosiones)\nGenerado dentro de las instalaciones del edificio",null,null,400,"ACEPTABLE CON CONTROL ESPECIFICO"]
[null,"Tecnológico\n\"Riesgo de la vecindad\"\n(Incendios - Explosiones)\n\n",null,null,400,"ACEPTABLE CON CONTROL ESPECIFICO"]
[null,"Fugas de gas \n\"Riesgos de la vecindad\"\n(Generado por la presencia de restaurante en Mercacentro y por tuberías externas a la entidad) ",null,null,400,"ACEPTABLE CON CONTROL ESPECIFICO"]
[null,"Locativo\nSistema de almacenamiento\n(Atrapamiento por mal funcionamiento de los ascensores)\n \n",null,null,120,"MEJORABLE"]
[null,"Virus \n(exposición al agente biológico Virus Sars – Cov – 2,  por contacto directo con personas u objetos contaminados).  ",null,null,400,"ACEPTABLE CON CONTROL ESPECIFICO"]
[null," Demandas Emocionales: Condiciones de la tarea                             \nLa novedad del entorno de trabajo, situación familiar:  hijos o personas mayores a cargo en el hogar en situación de riesgo, miedo al contagio, aislamiento social y confinamiento, miedos e incertidumbres laborales y socioeconómicos, espacios y recursos compartidos por varias personas ante las mismas circunstancias en sus domicilios, convertir espacios de su hogar en despachos improvisados para poder seguir desempeñando su tarea diaria, valoración subjetiva y objetiva por parte del experto mientras se aplica la batería de riesgo psicosocial.",null,null,450,"ACEPTABLE CON CONTROL ESPECIFICO"]
[null,"Características de la organización del trabajo\n(Valoración promedio mientras se realiza el proceso de aplicación de baterías de riesgo psicosocial)",null,null,150,"ACEPTABLE CON CONTROL ESPECIFICO"]
[null,"Características del grupo social y del trabajo.\n(Está en proceso la evaluación de los factores de riesgo psicosocial)",null,null,80,"MEJORABLE"]
[null,"Gestión Organizacional\n(Está en proceso la evaluación de los factores de riesgo psicosocial aplicación batería de riesgo psicosocial)",null,null,120,"MEJORABLE"]
[null,"Contenido de la Tarea (Carga de Trabajo)\n(Está en proceso la evaluación de los factores de riesgo psicosocial aplicación batería de riesgo psicosocial)",null,null,450,"ACEPTABLE CON CONTROL ESPECIFICO"]
[null,"Público\n(Robos - Atracos - Asaltos - Agresiones verbales - Actos Violentos)",null,null,400,"ACEPTABLE CON CONTROL ESPECIFICO"]
[null,"Accidentes aéreos                           (En los desplazamientos en avión a otras ciudades)\n",null,null,400,"ACEPTABLE CON CONTROL ESPECIFICO"]
[]
[]
[null,{"$f":"+A54","v":"PELIGROS QUE APLICAN A TRABAJO EN CASA"}]
[null,"DESCRIPCIÓN DEL PELIGRO",null,null,"VALOR DEL RIESGO","ACEPTABILIDAD DEL RIESGO"]
[null,{"$f":"+D54","v":"Postura Prolongada \n(Postura sedente más del 75% de la jornada laboral en trabajo con video terminales)"},null,null,{"$f":"+O54","v":180},{"$f":"+Q54","v":"ACEPTABLE CON CONTROL ESPECIFICO"}]
[null,{"$f":"+D55","v":"Movimientos repetitivos  \n(Digitación - Escanear)"},null,null,{"$f":"+O55","v":180},{"$f":"+Q55","v":"ACEPTABLE CON CONTROL ESPECIFICO"}]
[null,"Radiaciones No ionizantes                                   (Exposición permanente a pantallas del computador)",null,null,120,"MEJORABLE"]
[null,"Locativo                                                                              (Cableado eléctrico desordenado en la zona adecuada para puesto de trabajo)",null,null,120,"MEJORABLE"]
[null,"Picaduras - Mordeduras                             (Presencia de vectores e insectos dentro de la vivienda o zona destinada para laborar).",null,null,120,"MEJORABLE"]
[null,"Virus y Bacterias\n (Exposición a virus y bacterias debido al uso de superficies húmedas como baños, lavamanos y lavaplatos alberca)",null,null,120,"MEJORABLE"]
[null,"Material particulado \n(Polvo en los documentos)",null,null,120,"MEJORABLE"]
[null,"Uso de elementos de desinfección\n(alcohol, gel antibacterial)",null,null,120,"MEJORABLE"]
[null,"Mecánico                                         (Manejo de Equipos y elementos de Oficina)",null,null,120,"MEJORABLE"]
[null,"Deficiente ventilación (Las ventanas y persianas deben permanecer cerradas para evitar el ingreso de rayos solares)",null,null,120,"MEJORABLE"]
[null,"Manipulación y desplazamiento de cargas\n(Documentos y cajas)",null,null,180,"ACEPTABLE CON CONTROL ESPECIFICO"]
[null,"Iluminación\n(Deficiente de iluminación natural o artificial en el sitio adecuado para laboral dentro de la vivienda)                                             ",null,null,120,"MEJORABLE"]
[null,"Locativo\nSuperficies de trabajo  irregulares y  desniveladas, escaleras                                 (Desplazamiento en la vivienda)",null,null,120,"MEJORABLE"]
[null,"Virus (exposición al agente biológico Virus Sars – Cov – 2,  por contacto directo con personas u objetos contaminados).  ",null,null,400,"ACEPTABLE CON CONTROL ESPECIFICO"]
[null,"Trabajo en Casa por Aislamiento por COVID 19\nSobrecarga laboral por la realización de trabajo en casa, atender requerimientos familiares, combinado con actividades caseras\nMiedo al contagio, aislamiento social y confinamiento, miedos e incertidumbres laborales y socioeconómicos, espacios y recursos compartidos por varias personas ante las mismas circunstancias en sus domicilios, convertir espacios de su hogar en despachos improvisados para poder seguir desempeñando su tarea diaria",null,null,120,"MEJORABLE"]
[null,"Público\n(Robos - Atracos - Asaltos - Agresiones verbales - Actos Violentos)",null,null,400,"ACEPTABLE CON CONTROL ESPECIFICO"]
[null,"Erupción volcán Machín",null,null,120,"MEJORABLE"]
[null,"Sismo - Terremoto",null,null,120,"MEJORABLE"]

{"sheet":"4.GESTIÓN EDUCATIVA","index":13,"n_rows":85,"n_cols":24,"rows_kept":85,"cut":false,"hidden":true,"merged":[[16,3,22,3],[17,4,22,4],[2,2,5,2],[2,3,3,21],[2,23,5,23],[4,3,5,21],[6,20,6,21],[6,22,6,23],[23,2,29,2],[23,3,29,3],[23,4,29,4],[7,2,7,3],[7,4,7,23],[8,2,9,2],[8,3,9,3],[8,4,9,4],[8,5,8,6],[8,7,9,7],[8,8,8,10],[8,11,8,17],[8,19,8,23],[10,2,22,2],[10,3,15,3],[10,4,15,4],[68,2,84,3],[30,2,45,2],[30,3,40,3],[30,4,40,4],[41,3,45,3],[41,4,45,4],[46,2,67,3]]}
[]
[]
[null,null,null,"PROCESO: SISTEMA INTEGRADO DE GESTIÓN",null,null,null,null,null,null,null,null,null,null,null,null,null,null,null,null,null,null,"Código: FOR-221-PRO-SIG"]
[null,null,null,null,null,null,null,null,null,null,null,null,null,null,null,null,null,null,null,null,null,null,"Versión: 04"]
[null,null,null,"FORMATO: \nIDENTIFICACIÓN DE PELIGROS, EVALUACIÓN Y VALORACIÓN DE LOS RIESGOS \nALCALDÍA MUNICIPAL DE IBAGUÉ",null,null,null,null,null,null,null,null,null,null,null,null,null,null,null,null,null,null,"Fecha:27/05/2022"]
[null,null,null,null,null,null,null,null,null,null,null,null,null,null,null,null,null,null,null,null,null,null,"Página: 1"]
[null,null,"FECHAS DE ACTUALIZACIÓN: ","2019-02-22","2019-03-09","2019-09-02","2019-09-11","2019-09-24","2019-10-30","2020-07-22","2021-04-09","2022-05-27","2023-07-07","2024-06-23"]
[null,null,"PROCESO:",null,"4.GESTIÓN EDUCATIVA"]
[null,null,"1. PROCESO ADMINISTRATIVO / OPERATIVO","2. ACTIVIDADES","3. TAREA RUTINARIO (SI O NO)","PELIGRO",null,"6. EFECTOS POSIBLES\n(Salud - Seguridad)","CONTROLES EXISTENTES",null,null,"EVALUACIÓN DEL RIESGO",null,null,null,null,null,null,"VALORACIÓN DEL RIESGO","MEDIDAS DE INTERVENCIÓN"]
[null,null,null,null,null,"4. DESCRIPCIÓN","5. CLASIFICACIÓN",null,"7. FUENTE","8. MEDIO","9. INDIVIDUO","10. NIVEL DE DEFICIENCIA","11. NIVEL DE EXPOSICIÓN","12. NIVEL DE PROBABILIDAD ND X NE","13. INTERPRETACIÓN DEL NIVEL DE PROBABILIDAD","14. NIVEL DE CONSECUENCIA","15. NIVEL DE RIESGO NR E INTERVENCIÓN","16. INTERPRETACIÓN DEL NR","17. ACEPTABILIDAD DEL RIESGO","18 ELIMINACIÓN","19. SUSTITUCIÓN","20. CONTROLES DE INGENIERIA","21. CONTROLES ADMINISTRATIVOS, SEÑALIZACIÓN, ADVERTENCIA","22. ELEMENTOS DE PROTECCIÓN PERSONAL"]
[null,null,"ADMINISTRATIVO","ACTIVIDAD PLANEACIÓN, ELABORACIÓN Y EJECUCIÓN DE DOCUMENTOS. USO DE HERRAMIENTAS TECNOLÓGICAS Y VIDEO TERMINALES. INTERACCIONES LABORALES Y ADMINISTRATIVAS (ATENCIÓN AL CIUDADANO) ; FUNCIONARIOS DE PLANTA Y/O CONTRATO.","SI","Radiaciones no ionizantes                       (Exposición a luz solar que entra por el ventanal)","FÍSICO                              ","*Cáncer de piel\n*Quemadura solar\n*Foto envejecimiento cutáneo \n*Alteraciones oculares","En la oficina de talento humano, se coloco un blakc-out","Hay persianas en el área","No aplica",6,2,{"$f":"+L11*M11","v":12},{"$f":"IF(N11>=24,\"MUY ALTO\",IF(N11>=10,\"ALTO\",IF(N11>=6,\"MEDIO\",\"BAJO\")))","v":"ALTO"},25,{"$f":"+N11*P11","v":300},{"$f":"IF(Q11>=600,\"I\",IF(Q11>=150,\"II\",IF(Q11>=40,\"III\",IF(Q11>=20,\"IV\"))))","v":"II"},{"$f":"IF(Q11>=600,\"NO ACEPTABLE\",IF(Q11>=150,\"ACEPTABLE CON CONTROL ESPECIFICO\",IF(Q11>=40,\"MEJORABLE\",IF(Q11>=20,\"ACEPTABLE\"))))","v":"ACEPTABLE CON CONTROL ESPECIFICO"},"NO APLICA","NO APLICA","NO APLICA","                                                                                                                                                                                                                                                              *Capacitarción a los trabajadores en medidas de autocuidado y en el peligro.                                                                                                                                                                                  *Mantenimiento correctivo a persianas de las oficinas, Ver estándar de seguridad actividades fuera de la sede. *Se recomienda instalar película de seguridad a la lámina de vidrio de las ventanales que hay en el área","Uso elementos de EPP (Ropa manga larga, protector solar)."]
[null,null,null,null,null,"Mecánico                                         (Manejo de Equipos y elementos de Oficina)","CONDICIONES DE SEGURIDAD","*Traumas de tejidos blandos (Laceración, contusión, heridas superficiales, etc.)       ","Elementos de trabajo en buen estado","Ninguno","Ninguno",2,2,{"$f":"+L12*M12","v":4},{"$f":"IF(N12>=24,\"MUY ALTO\",IF(N12>=10,\"ALTO\",IF(N12>=6,\"MEDIO\",\"BAJO\")))","v":"BAJO"},25,{"$f":"+N12*P12","v":100},{"$f":"IF(Q12>=600,\"I\",IF(Q12>=150,\"II\",IF(Q12>=40,\"III\",IF(Q12>=20,\"IV\"))))","v":"III"},{"$f":"IF(Q12>=600,\"NO ACEPTABLE\",IF(Q12>=150,\"ACEPTABLE CON CONTROL ESPECIFICO\",IF(Q12>=40,\"MEJORABLE\",IF(Q12>=20,\"ACEPTABLE\"))))","v":"MEJORABLE"},"NO APLICA","NO APLICA","NO APLICA","*Capacitar a los funcionarios  en medidas de auto cuidado, uso adecuado de los elementos de trabajo, realizar cambio de los elementos que se observen en mal estado. ","NO APLICA"]
[null,null,null,null,null,"Postura Prolongada (Postura habitual sedente por más del 75% de la jornada laboral en trabajo con video terminales)","BIOMECÁNICO","*Dolor lumbar inespecífico\n*Espasmos musculares                                                                                                                                                                                                                                                                     *Lumbagos                                                                                                                                                                                                                                                                                       *Estrés y fatiga","No aplica","Diseño del sistema (puesto) de trabajo adecuado. \n\nSilla en buen estado ","Pausas Activas",2,2,4,"BAJO",25,100,"III","MEJORABLE","NO APLICA","*Cambiar el tipo de la silla.","NO APLICA","*Realizar re inducción en higiene postural de oficina. \n(INS-SIG.-202 INSTRUCTIVO DE PAUSAS ACTIVAS)                                                                 \n(PGR-SIG-205 VIGILANCIA EPIDEMIOLOGICA PARA LA PREVENCION DE DESORDENES MUSCULO EQUELETICOS)                                                                                   ","NO APLICA"]
[null,null,null,null,null,"Movimientos repetitivos  \n(Movimientos repetitivos de extremidades superiores durante la jornada laboral, Digitación)","BIOMECÁNICO","Síndrome de Túnel del Carpo (STC).\nSíndrome de Quervain","Ninguno","Diseño del sistema (puesto) de trabajo adecuado.","Alternar labores",2,2,4,"BAJO",60,240,"II","ACEPTABLE CON CONTROL ESPECIFICO","NO APLICA","NO APLICA","NO APLICA","(INS-SIG.-202 INSTRUCTIVO DE PAUSAS ACTIVAS) ","NO APLICA"]
[null,null,null,null,null,"Radiaciones Ionizantes                             (Exposición permanente a pantallas del computador)","FÍSICO ","*Fatiga visual","Uso de pantalla antirreflejo","Diseño del sistema (puesto) de trabajo adecuado.","Ninguno",2,2,4,"BAJO",25,100,"III","MEJORABLE","NO APLICA","NO APLICA","*Cambiar los equipos de computo  ","(INS-SIG.-202 INSTRUCTIVO DE PAUSAS ACTIVAS)                                                                                                                                           *Cambiar los equipos de computo                                                                                                                                         ","NO APLICA"]
[null,null,null,null,null,"Postura anti gravitacional para miembros inferiores\n(Ausencia de reposapiés durante la jornada laboral)","BIOMECÁNICO","*Fatiga en miembros inferiores                                                                                                                                                                                                                                                      *Aparición de vena varice\n*Edema en los pies ","Ninguno","Ninguno","Ninguno",2,2,4,"BAJO",60,240,"II","ACEPTABLE CON CONTROL ESPECIFICO","NO APLICA","NO APLICA","NO APLICA","*Rediseño del puesto de trabajo                                                                                                                                                                                                                                                  *Se sugiere suministrar reposapiés(INS-SIG.-202 INSTRUCTIVO DE PAUSAS ACTIVAS) ","NO APLICA"]
[null,null,null,"TRANSFERENCIAS DOCUMENTALES. MANEJO DE CORRESPONDENCIA. ACTIVIDAD MANEJO DE ARCHIVO ; FUNCIONARIOS DE PLANTA Y/O CONTRATO. ","SI","Postura Mantenida: Postura sedente  durante la jornada de trabajo","BIOMECÁNICO","*Enfermedad  lumbar inespecífica\n*Espasmos musculares       *Problemas circulatorios en miembros inferiores","No aplica","Ninguno","Implementación y direccionamiento  de pausas activas al personal, exámenes médicos ocupacionales, capacitación con relación al riesgos",2,2,4,"BAJO",60,240,"II","ACEPTABLE CON CONTROL ESPECIFICO","NO APLICA","*Cambiar el tipo de la silla.","NO APLICA","Mejorar las condiciones del plano de trabajo por medio del análisis y rediseño del mismo.*Implementar programa de mantenimiento de las sillas.                                                           * Realizar campaña donde se le brinde al personal información como: partes de una silla, descansa pies y su  modo de uso. (INS-SIG.-202 INSTRUCTIVO DE PAUSAS ACTIVAS) ","NO APLICA"]
[null,null,null,null,"SI","Esfuerzos: Carga dinámica, movilización de varios segmentos corporales para el desarrollo de la tarea","BIOMECÁNICO","*Enfermedad, lumbar inespecífica           *Bursitis de hombro         *Dolores a nivel de miembros superiores e inferiores","Ayudas mecánicas (Carretillas Transporte cajas)","Ninguno","Implementación y direccionamiento  de pausas activas al personal, exámenes médicos ocupacionales, capacitación con relación al riesgos",2,2,4,"BAJO",60,240,"II","ACEPTABLE CON CONTROL ESPECIFICO","NO APLICA","NO APLICA","NO APLICA","*Continuar con las medidas actuales               *Sensibilizar sobre la importancia de las pausas activas.                                         (PGR-SIG-205 VIGILANCIA EPIDEMIOLOGICA PARA LA PREVENCION DE DESORDENES MUSCULO EQUELETICOS)        ","NO APLICA"]
[null,null,null,null,null,"Movimientos repetitivos: Ingreso de datos a video terminales","BIOMECÁNICO","*Síndrome del túnel carpiano                      *Síndrome de Quervain","No aplica","Ninguno","Implementación y direccionamiento  de pausas activas al personal, exámenes médicos ocupacionales, capacitación con relación al riesgos",2,2,4,"BAJO",60,240,"II","ACEPTABLE CON CONTROL ESPECIFICO","NO APLICA","NO APLICA","NO APLICA","*Continuar con las medidas actuales                                          *Implementar el SVE para DME                                (INS-SIG.-202 INSTRUCTIVO DE PAUSAS ACTIVAS) ","NO APLICA"]
[null,null,null,null,null,"Manipulación de cargas (elevar):  Disposición de archivo en estantería","BIOMECÁNICO","*Enfermedad discal        *Enfermedad lumbar inespecífica","No aplica","Ninguno","Implementación y direccionamiento  de pausas activas al personal, exámenes médicos ocupacionales, capacitación con relación al riesgos",2,2,4,"BAJO",60,240,"II","ACEPTABLE CON CONTROL ESPECIFICO","NO APLICA","NO APLICA","NO APLICA","*Continuar con las medidas actuales               *Sensibilizar sobre la importancia de las pausas activas.                                                       * Capacitar en manipulación adecuada de cargas                                                                *(PGR-SIG-205 VIGILANCIA EPIDEMIOLOGICA PARA LA PREVENCION DE DESORDENES MUSCULO EQUELETICOS)        ","NO APLICA"]
[null,null,null,null,null,"Manipulación de cargas (bajar desde alturas):Ubicación y manipulación de archivo  ubicado en cartelera","BIOMECÁNICO","*Enfermedad discal        *Enfermedad lumbar inespecífica","No aplica","Ninguno","Implementación y direccionamiento  de pausas activas al personal, exámenes médicos ocupacionales, capacitación con relación al riesgos",2,2,4,"BAJO",60,240,"II","ACEPTABLE CON CONTROL ESPECIFICO","NO APLICA","NO APLICA","NO APLICA","*Continuar con las medidas actuales              (INS-SIG.-202 INSTRUCTIVO DE PAUSAS ACTIVAS)                                   * Capacitar en manipulación adecuada de cargas                                                                *(PGR-SIG-205 VIGILANCIA EPIDEMIOLOGICA PARA LA PREVENCION DE DESORDENES MUSCULO EQUELETICOS)        ","NO APLICA"]
[null,null,null,null,null,"Radiaciones Ionizantes                                   (Exposición a pantallas del computador)","FÍSICO ","*Fatiga visual","Uso de pantalla antirreflejo","Diseño del sistema (puesto) de trabajo adecuado.","Ninguno",2,2,4,"BAJO",25,100,"III","MEJORABLE","NO APLICA","NO APLICA","Diseño del sistema (puesto) de trabajo adecuado.","(INS-SIG.-202 INSTRUCTIVO DE PAUSAS ACTIVAS)                                                                                                                                         *Cambiar los equipos de computo                                                                                                                                         ","NO APLICA"]
[null,null,null,null,null,"Mecánico: Manipulación de archivo antiguo con gancho metálico","CONDICIONES DE SEGURIDAD","*Cortes, laceraciones                               *Pinchazos","Implementación de gancho metálico","No aplica","Ninguno",2,2,4,"BAJO",25,100,"III","MEJORABLE","NO APLICA","NO APLICA","NO APLICA","Capacitación en autocuidado","*Uso de los EPP por parte de los trabajadores"]
[null,null,"OPERATIVO","ACTIVIDAD DESPLAZAMIENTO A EVENTOS Y REUNIONES INSTITUCIONALES,  INSPECCIONES, VISITAS TÉCNICAS (DE CAMPO), ACTIVIDADES DE BIENESTAR Y CULTURALES FUERA DE LA SEDE ; FUNCIONARIOS DE PLANTA Y/O CONTRATO","SI","RIESGO VIAL","CONDICIONES DE SEGURIDAD","*Muerte \n*Lesiones graves en el cuerpo entero\n*Atrapamiento vehicular","PESV","Vehículos de la empresa con mantenimiento preventivo y correctivo. ","PESV",2,2,4,"BAJO",100,400,"II","ACEPTABLE CON CONTROL ESPECIFICO","NO APLICA","NO APLICA","*Se sugiere realizar la inspección pre operacional de vehículos de la entidad, para identificar condiciones del mismo \"Por parte de los conductores\". ","*Dar cumplimiento al plan de capacitación del PESV según el rol (Pasajero - Conductor - Peatón)\n*Realizar sensibilización en seguridad vial ","NO APLICA"]
[null,null,null,null,null,"Locativo\nSuperficies de trabajo  irregulares y  desniveladas                                 (Desplazamiento en los diferentes áreas)","CONDICIONES DE SEGURIDAD","*Golpes \n*Caídas\n*Fracturas","Ninguno","Ninguno","Ninguno",2,2,4,"BAJO",25,100,"III","MEJORABLE","NO APLICA","NO APLICA","NO APLICA","*Se recomienda uso de calzado adecuado y de tacón bajo según el área a visitar, con el fin de evitar caídas. (PGR-SIG-203 PROGRAMA PROTECCION CONTRA CAIDAS)","*Uso de los EPP (Calzado bajo)"]
[null,null,null,null,null,"Picaduras - Mordeduras                     (Exposición con animales en las vías públicas)","BIOLÓGICO","Infecciones - afecciones respiratorias, alergias, dermatitis, picaduras y mordeduras","No aplica","No aplica","No aplica",2,2,4,"BAJO",25,100,"III","MEJORABLE","NO APLICA","NO APLICA","NO APLICA","*Se recomienda capacitar en prevención por mordeduras o picaduras en vías públicas- Sensibilizar Estanadr de Seguridad, para las actividades fuera de las sedes    (PLAN-SIG-206  Retorno Seguro al trabajo)  y  (EST-SIG-201 Estándar de seguridad para actividades fuera de la sede)","NO APLICA"]
[null,null,null,null,null,"Radiaciones no ionizantes                                                 Exposición a luz solar en actividades externas ","FÍSICO","Disconfort térmico - Insolación ","Ninguno","Ninguno","Ninguno",2,2,4,"BAJO",25,100,"III","MEJORABLE","NO APLICA","NO APLICA","NO APLICA","*Continuar con el uso de ropa manga larga cuando se realicen desplazamientos fuera de la empresa.                                                                                                                              *Uso de bloqueador solar                                                                                                                                                                                                                                                              *Hidratación constante","Ropa de trabajo y equipos de\nprotección adecuados(camisa,\nmanga larga, pantalón largo,\ngorra o sombrero de ala ancha).\nSaber que la ropa protectora o el\nequipo de protección personal\npuede aumentar el riesgo del\nestrés por calor."]
[null,null,null,null,null,"Público\n(Robos - Atracos - Asaltos - Agresiones - Actos Violentos)","CONDICIONES DE SEGURIDAD","*Golpes\n*Agresiones verbales y físicas \n*Atentados violentos\n*Heridas\n*Muerte","Ninguno","Ninguno","Ninguno",2,2,{"$f":"+L28*M28","v":4},"BAJO",100,{"$f":"+N28*P28","v":400},{"$f":"IF(Q28>=600,\"I\",IF(Q28>=150,\"II\",IF(Q28>=40,\"III\",IF(Q28>=20,\"IV\"))))","v":"II"},{"$f":"IF(Q28>=600,\"NO ACEPTABLE\",IF(Q28>=150,\"ACEPTABLE CON CONTROL ESPECIFICO\",IF(Q28>=40,\"MEJORABLE\",IF(Q28>=20,\"ACEPTABLE\"))))","v":"ACEPTABLE CON CONTROL ESPECIFICO"},"NO APLICA","NO APLICA","NO APLICA","*Socializar los planes contingencia para diferentes situaciones  de emergencia específicamente riesgo público, Estándar de Seguridad para actividades fuera de la sede.","NO APLICA"]
[null,null,null,null,null,"Accidentes causados por semovientes ","CONDICIONES DE SEGURIDAD","*Golpes \n*Caídas\n*Fracturas","Ninguno","Ninguno","Ninguno",2,2,4,"BAJO",25,100,"III","MEJORABLE","NO APLICA","NO APLICA","NO APLICA","Sensibilizaciones y recomendaciones al personal en maniobras de equinos y tipos de prevención de accidentes con semovientes","NO APLICA"]
[null,null,null,null,null,"ELÉCTRICO Baja tensión (cercas eléctricas) ","CONDICIONES DE SEGURIDAD",null,"Ninguno","Ninguno","Inducción y reinducción al personal ",2,2,4,"BAJO",25,100,"III","MEJORABLE","NO APLICA","NO APLICA","NO APLICA","Continuar con las socialización en inducción y reinducción de SST a funcionarios y contratistas ","NO APLICA"]
[null,null," FUNCIONARIOS ADMINISTRATIVOS DE LAS INSTITUCIONES EDUCATIVAS (AUXILIAR DE SERVICIOS GENERALES - CELADORES)","ACTIVIDADES DE ASEO EN OFICINAS DE DIRECTIVOS  Y PERSONAL ADMINISTRATIVO, SALONES DE CLASE, BIBLIOTECA, LABORATORIOS, Y BAÑOS. ; FUNCIONARIOS DE PLANTA Y/O CONTRATO","SI","Posturas Prolongadas (Bípeda durante la jornada laboral)","BIOMECÁNICO",null,"No aplica","Actividades del PVE DME\nCapacitación en el riesgo.\nPausas Activas\nSeguimiento a personas sintomáticas de acuerdo con el PVE- DME\n\n","No aplica",2,2,4,"BAJO",60,240,"II","ACEPTABLE CON CONTROL ESPECIFICO","NO APLICA","NO APLICA","NO APLICA","*Realizar pausas activas en el área.                                                                 \n*Continuar con las actividades del programa de vigilancia epidemiológico  para prevención de desordenes musculo esqueléticas asociadas al peligro biomecánico.","NO APLICA"]
[null,null,null,null,null,"Manipulación manual de cargas (Levantamiento, transporte y descargue de objetos propios del proceso)","BIOMECÁNICO",null,"Ninguno","Actividades del PVE DME\nCapacitación en el riesgo.\nPausas Activas\nSeguimiento a personas sintomáticas de acuerdo con el PVE- DME\n\n","Ninguno",2,2,4,"BAJO",60,240,"II","ACEPTABLE CON CONTROL ESPECIFICO","NO APLICA","NO APLICA","NO APLICA","*Realizar pausas activas en el área.                                                                 \n*Continuar con las actividades del programa de vigilancia epidemiológico  para prevención de desordenes musculo esqueléticas asociadas al peligro biomecánico.","NO APLICA"]
[null,null,null,null,null,"Ruido (Ruido ambiental, generado por equipos en general)","FÍSICO                              ",null,"Ninguno","Ninguno","Ninguno",2,2,4,"BAJO",25,100,"III","MEJORABLE","NO APLICA","NO APLICA","NO APLICA","Aislamiento. Para reducir la transmisión de sonido de fuentes de ruido a pisos, paredes y equipos conectados,","NO APLICA"]
[null,null,null,null,null,"Radiaciones No Ionizantes (Exposición al sol)","FÍSICO                              ",null,"Ninguno","Hidratación\nPausas activas\nMatriz de elementos de protección personal\n\nRecomendaciones para prevenir accidentes y enfermedades laborales.","Uso de Ropa Manga Larga\n",2,2,4,"BAJO",25,100,"III","MEJORABLE","NO APLICA","NO APLICA","NO APLICA","*Continuar con el uso de ropa manga larga cuando se realicen desplazamientos fuera de la empresa.                                                                                                                              *Uso de bloqueador solar                                                                                                                                                                                                                                                              *Hidratación constante","Usar ropa manga\"Ropa de trabajo y equipos de\nprotección adecuados(camisa,\nmanga larga, pantalón largo,\ngorra o sombrero de ala ancha).\nSaber que la ropa protectora o el\nequipo de protección personal\npuede aumentar el riesgo del\nestrés por calor.\" larga"]
[null,null,null,null,null,"Manipulación de Elementos de Aseo (Escoba, Trapero, Valde etc)","CONDICIONES DE SEGURIDAD",null,"Ninguno","Recomendaciones para prevenir accidentes y enfermedades laborales.","Guantes de Neopreno",2,2,4,"BAJO",25,100,"III","MEJORABLE","NO APLICA","NO APLICA","NO APLICA","Capacitación sobre el riesgo","*Uso de los EPP Guantes de Neopreno"]
[null,null,null,null,null,"Eléctrico  (Equipos Energizados : Computadores, Impresoras, Luminaria, conexiones eléctricas, sobre carga de multitas)","CONDICIONES DE SEGURIDAD",null,"Ninguno","Recomendaciones para prevenir accidentes y enfermedades laborales.","Ninguno",2,2,4,"BAJO",25,100,"III","MEJORABLE","NO APLICA","NO APLICA","NO APLICA","Capacitación sobre el riesgo","NO APLICA"]
[null,null,null,null,null,"Locativo (Caídas a nivel y a distinto nivel)","CONDICIONES DE SEGURIDAD",null,"Ninguno","Recomendaciones para prevenir accidentes y enfermedades laborales.","Ninguno",2,2,4,"BAJO",25,100,"III","MEJORABLE","NO APLICA","NO APLICA","NO APLICA","*Señalización y demarcación desniveles.\n*Ubicar Cinta antideslizante en los escalones faltantes.\n*Implementación del programa de orden y aseo\n*Capacitación sobre el riesgo","NO APLICA"]
[null,null,null,null,null,"Actividades de orden y aseo de oficinas y áreas","CONDICIONES DE SEGURIDAD",null,"Ninguno","Recomendaciones para prevenir accidentes y enfermedades laborales.","Ninguno",2,2,4,"BAJO",25,100,"III","MEJORABLE","NO APLICA","NO APLICA","NO APLICA","Implementación Programa de Orden y Aseo","NO APLICA"]
[null,null,null,null,null,"Presencia de caninos y felinos, vectores, roedores y animales ponzoñosos","BIOLÓGICO","*Picaduras\n*Mordeduras\n*Cuadros virales infecciosos","Ninguno","Recomendaciones para prevenir accidentes y enfermedades laborales.","Ninguno",2,2,4,"BAJO",25,100,"III","MEJORABLE","NO APLICA","NO APLICA","NO APLICA","Campañas de fumigación y de vacunación","NO APLICA"]
[null,null,null,null,null,"Material particulado ","QUÍMICOS","*Enfermedades Respiratorias\n*Irritación de piel y ojos                     *Irritación en piel  ","No aplica","Recomendaciones para prevenir accidentes y enfermedades laborales.","Ninguno",2,2,4,"BAJO",25,100,"III","MEJORABLE","NO APLICA","NO APLICA","NO APLICA","*Capacitación del riesgo.                                                        *Implementación de recomendaciones para prevenir accidentes y enfermedades laborales.","*Uso de los EPP (Tapabocas)"]
[null,null,null,null,null,"Manipulación de sustancias químicas (Hipoclorito, Detergentes, Alcohol, Varsol)","QUÍMICOS","*Intoxicación por manipulación de sustancias químicas\n*Irritación de piel y ojos\n*Broncoespasmo","No aplica","Recomendaciones para prevenir accidentes y enfermedades laborales.","*Gafas                                    *Protector respiratorio          *Guantes de Neopreno",2,2,4,"BAJO",25,100,"III","MEJORABLE","NO APLICA","NO APLICA","NO APLICA","*Capacitación en riesgo químico\n*Hojas de Seguridad en puntos de uso\n*Implementación de recomendaciones para prevenir accidentes y enfermedades laborales según el Sistema Globalmente Armonizado.","Uso de los EPP (Tapabocas, Gafas,                                               Guantes de Neopreno)"]
[null,null,null,"EJERCER LA VIGILANCIA ASIGNADA EN CADA INSTITUCIÓN EDUCATIVA, ENTRADA Y SALIDA DE PERSONAS OBEJETOS. ; FUNCIONARIOS DE PLANTA Y/O CONTRATO","SI","Manipulación manual de cargas (levantamiento, transporte y descargue de objetos)","BIOMECÁNICO","*Dolor lumbar inespecífico                   *Espasmos musculares                          *Enfermedad a nivel lumbar","Ninguno","Actividades del PVE DME\nCapacitación en el riesgo.\nPausas Activas\nSeguimiento a personas sintomáticas de acuerdo con el PVE- DME\n\n","Ninguno",2,2,4,"BAJO",60,240,"II","ACEPTABLE CON CONTROL ESPECIFICO","NO APLICA","NO APLICA","NO APLICA","*Realizar pausas activas en el área.                                                                 \n\n*Continuar con las actividades del programa de vigilancia epidemiológico  para prevención de desordenes musculo esqueléticas asociadas al peligro biomecánico, Capacitación manejo de cargas","NO APLICA"]
[null,null,null,null,null,"Posturas Prolongadas (Bípeda durante la jornada laboral)","BIOMECÁNICO","*Dolor lumbar inespecífico\n*Espasmos musculares                     *Dolor en miembros inferiores","No aplica","Actividades del PVE DME\nCapacitación en el riesgo.\nPausas Activas\nSeguimiento a personas sintomáticas de acuerdo con el PVE- DME\n\n","No aplica",2,2,4,"BAJO",60,240,"II","ACEPTABLE CON CONTROL ESPECIFICO","NO APLICA","NO APLICA","NO APLICA","*Realizar pausas activas en el área.                                                                 \n\n*Continuar con las actividades del programa de vigilancia epidemiológico  para prevención de desordenes musculo esqueléticas asociadas al peligro biomecánico.","NO APLICA"]
[null,null,null,null,null,"Locativo (Caídas a nivel y a distinto nivel)","CONDICIONES DE SEGURIDAD","*Lesiones esqueléticas y de tejidos blandos\n*Accidente Grave\n*Fracturas","Ninguno","Recomendaciones para prevenir accidentes y enfermedades laborales.","Ninguno",2,2,4,"BAJO",60,240,"II","ACEPTABLE CON CONTROL ESPECIFICO","NO APLICA","NO APLICA","NO APLICA","*Señalización y demarcación desniveles.\n*Ubicar Cinta antideslizante en los escalones faltantes.\n*Implementación del programa de orden y aseo\n*Capacitación sobre el riesgo programa prevención contra caídas.","NO APLICA"]
[null,null,null,null,null,"Manipulación de elementos de Herramienta Manual ","CONDICIONES DE SEGURIDAD","*Cortaduras \n*Golpes\n*Machucones","Ninguno","Recomendaciones para prevenir accidentes y enfermedades laborales.","Ninguno",2,2,4,"BAJO",25,100,"III","MEJORABLE","NO APLICA","NO APLICA","NO APLICA","Programa de orden y aseo","*Uso de los EPP (Guantes, Botas Con punta de acero.)"]
[null,null,null,null,null,"Eléctrico  \n(Baja, media y Alta Tensión)","CONDICIONES DE SEGURIDAD","*Electrocución\n *Paro cardiorrespiratorio\n*Quemaduras","Ninguno","Recomendaciones para prevenir accidentes y enfermedades laborales.","Ninguno",2,2,4,"BAJO",25,100,"III","MEJORABLE","NO APLICA","NO SE REQUIERE","NO SE REQUIERE","Capacitación sobre el riesgo","NO APLICA"]
[null,null,"PELIGROS QUE APLICAN A TODAS LAS ACTIVIDADES ; FUNCIONARIOS DE PLANTA Y/O CONTRATO",null,"SI","Virus (cambio climatico)\n ","BIOLÓGICO","Malestar general","Ninguno","Limpieza y desinfección de áreas de trabajo   y en casa,  Control de aforo, señalización de advertencia.","Distanciamiento    físico, uso de mascarilla, lavado de manos constante.",2,2,4,"BAJO",25,100,"III","MEJORABLE","NO APLICA","NO APLICA","NO APLICA","  *Promover frecuentemente el lavado de manos en personal de planta, contratistas y visitantes. En caso de no contar con agua y jabón, se debe proveer con desinfectantes para manos (gel antibacterial a base de alcohol).  *Disminución de la densidad laboral en áreas de trabajo o de ocupación de la entidad promoviendo el teletrabajo. *Mantener un stop de EPP  (mascarillas ) para dotación y recambio. *Establecer canales de comunicación individualizados y/o de grupo: correo electrónico, redes sociales, videoconferencia, teléfono para reuniones evitando la presencialidad. *Revisión y análisis de los perfiles epidemiológicos por cargo, estrategias motivación para que los funcionarios se  vacunen.   (PRO-SIG-202 Procedimiento administrativo de elementos EPP)","Uso permanente de mascarilla respiratoria. Uso periódico de productos para limpieza (agua y jabón) y  alcohol al 70%, mono gafas o careta."]
[null,null,null,null,"NO","Largas Jornadas Laborales y ausencia de descanso con altas temperaturas y radiciones altas por factor del CAMBIO CLIMATICO.","PSICOSOCIAL","Estrés, agotamiento por trabajo continuo, cansacio, fatiga, angustia, ansiedad, poca concentración y atención, somnolencia.","Ninguno","Ninguno","PVE- Riesgo psicosocial",2,2,4,"BAJO",25,100,"III","MEJORABLE","NO APLICA","NO APLICA","NO APLICA","Introducir una rutina de tiempos detrabajo y de descanso para aquellos\ntrabajadores/as que estén expuestos a ambientes calurosos, Formación en primeros auxilios, para que puedan\nreconocer y tratar los primeros síntomas de desórdenes de salud ocasionados por una\nexposición a temperaturas extremadamente cálidas., Seguir a diario los boletines\nmeteorológicos y cambiar el horario de trabajo de gran exposición al calor\na horas más frescas del día., En trabajos a campo abierto, crear zonas descanso con carpas, Disponer de agua potable fría en lugares estratégicos y visibles, cercanos al área de trabajo.","NO SE REQUIERE"]
[null,null,null,null,"NO"," Temperaturas\nextremas (calor) porfactor de CAMBIO CLIMATICO","FISICO","Stress termico Agotamiento Mareos  Deshidratación Golpes de calor, lesiones en la piel, insolación, ","No aplica","Ninguno","Ninguno",2,2,4,"BAJO",25,100,"III","MEJORABLE","NO APLICA","NO APLICA","NO APLICA","Todos los funcionarios que realicen desplazamientos fuera de la sede deben apalicar el Estándar de Seguridad \"EST-204\"., se recomienda hidratación continua, alimentación adecuada, Organización de los puestos de trabajo, limplementación de un programa de climatización.Sistemas de ventilación","Ropa de trabajo y equipos de\nprotección adecuados(camisa,\nmanga larga, pantalón largo,\ngorra o sombrero de ala ancha).\nSaber que la ropa protectora o el\nequipo de protección personal\npuede aumentar el riesgo del\nestrés por calor."]
[null,null,null,null,"NO"," Temperaturas\nextremas (calor Radiaciones No ionizantes) porfactor de CAMBIO CLIMATICO","FISICO","Stress termico Agotamiento Mareos  Deshidratación Golpes de calor, lesiones en la piel, dolor de cabeza.","No aplica","Ninguno","Protector Solar",2,2,4,"BAJO",25,100,"III","MEJORABLE","NO APLICA","NO APLICA","NO APLICA","Todos los funcionarios que realicen desplazamientos fuera de la sede deben apalicar el Estándar de Seguridad \"EST-204\"., se recomienda hidratación continua, alimentación adecuada, Organización de los puestos de trabajo, limplementación de un programa de climatización.Sistemas de ventilación","Ropa de trabajo y equipos de\nprotección adecuados(camisa,\nmanga larga, pantalón largo,\ngorra o sombrero de ala ancha).\nSaber que la ropa protectora o el\nequipo de protección personal\npuede aumentar el riesgo del\nestrés por calor."]
[null,null,null,null,"NO","Inalación de Humos y Vapores\n (Incendios Forestales )por factor CAMBIO CLIMATICO","QUÍMICO","Asfixia, Dificultad para respirar, Ardor en los ojos, conjuntivitis, Alergias, Tos, irritación de la garganta, dolor de cabeza.","No aplica","Ninguno","Ninguno",2,2,4,"BAJO",25,100,"III","MEJORABLE","NO APLICA","NO APLICA","NO APLICA","Aplicación PON para el manejo de incendios forestales, ver PLAN DE MERGENCIA PLA-SIG 204.","NO SE REQUIERE"]
[null,null,null,null,"SI","Manipulación de elementos de Herramienta Manual ","CONDICIONES DE SEGURIDAD","*Cortaduras \n*Golpes\n*Machucones","Ninguno","Recomendaciones para prevenir accidentes y enfermedades laborales.","Ninguno",2,2,{"$f":"+L52*M52","v":4},"BAJO",25,{"$f":"+N52*P52","v":100},{"$f":"IF(Q52>=600,\"I\",IF(Q52>=150,\"II\",IF(Q52>=40,\"III\",IF(Q52>=20,\"IV\"))))","v":"III"},{"$f":"IF(Q52>=600,\"NO ACEPTABLE\",IF(Q52>=150,\"ACEPTABLE CON CONTROL ESPECIFICO\",IF(Q52>=40,\"MEJORABLE\",IF(Q52>=20,\"ACEPTABLE\"))))","v":"MEJORABLE"},"NO APLICA","NO APLICA","NO APLICA","*Capacitar a los trabajadores en medidas de auto cuidado, uso adecuado de los elementos de trabajo, realizar cambio de los elementos que se observen en mal estado. ","NO APLICA"]
[null,null,null,null,"SI","Infraestructura - Locativo     \nInstalaciones  (Desgaste de cintas antideslizantes en las escaleras)","CONDICIONES DE SEGURIDAD","Caídas al mismo y distinto nivel, esguinces, golpes, contusiones ","Ninguno","Ninguno","Ninguno",2,2,4,"BAJO",25,100,"III","MEJORABLE","NO APLICA","NO APLICA","Instalar bandas antideslizantes en las escaleras del edificio. ","*Instalar señalización dando cumplimiento a la resolución 2400/1979. \n","NO APLICA"]
[null,null,null,null,"SI","Público\n(Robos - Atracos - Asaltos - Agresiones - Actos Violentos)","CONDICIONES DE SEGURIDAD","*Golpes\n*Agresiones verbales y físicas \n*Atentados violentos\n*Heridas\n*Muerte","Ninguno","Ninguno","Ninguno",2,2,4,"BAJO",100,400,"II","ACEPTABLE CON CONTROL ESPECIFICO","NO APLICA","NO APLICA","Instalar cámaras de vigilancia en la sede. ","*Socializar los planes contingencia para diferentes situaciones  de emergencia específicamente riesgo público. ","NO APLICA"]
[null,null,null,null,"SI","Público\n(Manifestaciones públicas - Actos delictivos)","CONDICIONES DE SEGURIDAD","*Golpes\n*Agresiones verbales y físicas \n*Heridas\n*Muerte","Ninguno","Hay vigilancia permanente en la puerta de acceso del edificio.                                                                                                                                                                                                   *Hay cámara de vigilancia en el primer y segundo piso. ","Ninguno",2,2,4,"BAJO",100,400,"II","ACEPTABLE CON CONTROL ESPECIFICO","NO APLICA","NO APLICA","NO APLICA","*Actualizar el plan de emergencias, incluyendo los planes operativos normalizados en caso de situaciones de emergencia en riesgo público especifico para cada sede y socializarlo a todo el personal.     \n*Capacitar al personal en actuación ante emergencias en riesgo público. ","NO APLICA"]
[null,null,null,null,"SI","Radiaciones no ionizantes                       (Exposición a luz solar que ingresa por ventanales en algunos de los puestos de trabajo)","FÍSICO ","*Cáncer de piel\n*Quemadura solar\n*Insolación \n*Foto envejecimiento cutáneo \n *Foto carcinogénesis\n*Alteraciones oculares","No aplica","No hay","Uso de Ropa Manga Larga\n",2,2,4,"BAJO",25,100,"III","MEJORABLE","NO APLICA","NO APLICA","*Se recomienda instalar película de seguridad en los ventanales ","Mantenimiento a las persianas ubicadas en las oficinas","Ropa de trabajo y equipos de\nprotección adecuados(camisa,\nmanga larga, pantalón largo,\ngorra o sombrero de ala ancha).\nSaber que la ropa protectora o el\nequipo de protección personal\npuede aumentar el riesgo del\nestrés por calor."]
[null,null,null,null,"NO","Sismo - Temblores                  ","FENÓMENOS NATURALES","*Daños materiales (Pérdida total)\n*Heridas y lesiones graves\n*Accidentes de trabajo \n*Muerte","No hay","hay elementos para atención de emergencias en caso de requerirse","Capacitación  en actuación ante emergencias ",2,2,4,"BAJO",100,400,"II","ACEPTABLE CON CONTROL ESPECIFICO","NO APLICA","NO APLICA","NO APLICA","*Se recomienda aplicar el plan de emergencias\n*Capacitar al personal en actuación ante emergencias. ","NO APLICA"]
[null,null,null,null,"SI","Tecnológico\n(Incendios - Explosiones)\nGenerado dentro de las instalaciones del edificio o/y instituciones educativas.","CONDICIONES DE SEGURIDAD","Incendios \nQuemaduras de grado 2 y 3\nMuerte","Ninguno","Uso de equipos contra incendio","Personal capacitado en manejo de equipos contra incendios",2,2,{"$f":"+L58*M58","v":4},"BAJO",100,{"$f":"+N58*P58","v":400},{"$f":"IF(Q58>=600,\"I\",IF(Q58>=150,\"II\",IF(Q58>=40,\"III\",IF(Q58>=20,\"IV\"))))","v":"II"},{"$f":"IF(Q58>=600,\"NO ACEPTABLE\",IF(Q58>=150,\"ACEPTABLE CON CONTROL ESPECIFICO\",IF(Q58>=40,\"MEJORABLE\",IF(Q58>=20,\"ACEPTABLE\"))))","v":"ACEPTABLE CON CONTROL ESPECIFICO"},"NO APLICA","NO APLICA","*Realizar mantenimiento preventivo y correctivo de los equipos eléctricos e instalaciones eléctricas en la sede","*Capacitación en prevención de accidentes de trabajo por riesgo eléctrico.                                                          \n\n*Continuar con las inspecciones de seguridad enfocado a riesgo eléctrico. ","NO APLICA"]
[null,null,null,null,"SI","Tecnológico\n\"Riesgo de la vecindad\"\n(Incendios - Explosiones)\nGenerados en el restaurante de Mercacentro\n","CONDICIONES DE SEGURIDAD","Incendios \nQuemaduras de grado 2 y 3\nMuerte","Ninguno","Uso de equipos contra incendio","Ninguno",2,2,4,"BAJO",100,400,"II","ACEPTABLE CON CONTROL ESPECIFICO","NO APLICA","NO APLICA","*Realizar mantenimiento preventivo y correctivo de los equipos eléctricos e instalaciones eléctricas en las diferentes sedes. ","*Diseñar y socializar PON en caso de explosiones externas a la empresa","Uso de EPP (Calzado de tacón bajo)"]
[null,null,null,null,"SI","Virus \n","BIOLÓGICO","Malestar general","Ninguno","Limpieza y desinfección de áreas de trabajo   y en casa,  Control de aforo, señalización de advertencia.","Distanciamiento    físico, uso de mascarilla, lavado de manos constante.",2,2,4,"BAJO",25,100,"III","MEJORABLE","NO APLICA","NO APLICA","Trabajo en casa , diseño puestos de trabajo cumpliendo con el distanciamiento social, lavamanos y puntos de desinfección."," *Promover frecuentemente el lavado de manos en personal de planta, contratistas y visitantes. En caso de no contar con agua y jabón, se debe proveer con desinfectantes para manos (gel antibacterial a base de alcohol).  *Disminución de la densidad laboral en áreas de trabajo o de ocupación de la entidad promoviendo el teletrabajo. *Mantener un stop de EPP  (mascarillas ) para dotación y recambio. *Establecer canales de comunicación individualizados y/o de grupo: correo electrónico, redes sociales, videoconferencia, teléfono para reuniones evitando la presencialidad. *Revisión y análisis de los perfiles epidemiológicos por cargo, estrategias motivación para que los funcionarios se  vacunen.","Uso permanente de mascarilla respiratoria. Uso periódico de productos para limpieza (agua y jabón) y  alcohol al 70%, mono gafas o careta."]
[null,null,null,null,"SI"," Demandas Emocionales: Condiciones de la tarea                             \nLa novedad del entorno de trabajo, situación familiar:  hijos o personas mayores a cargo en el hogar en situación de riesgo, miedo al contagio, aislamiento social y confinamiento, miedos e incertidumbres laborales y socioeconómicos, espacios y recursos compartidos por varias personas ante las mismas circunstancias en sus domicilios, convertir espacios de su hogar en despachos improvisados para poder seguir desempeñando su tarea diaria, valoración subjetiva y objetiva por parte del experto mientras se aplica la batería de riesgo psicosocial.","PSICOSOCIAL","Alteraciones mentales, Ansiedad, depresión, estrés postraumático.","S.V.E. Psicosocial","S.V.E Psicosocial","Intervenciones individuales y grupales, capacitaciones, medidas de afrontamiento, manejo de habilidades sociales.",2,2,4,"BAJO",25,100,"III","MEJORABLE","NO APLICA","NO APLICA","Organización de los puestos de trabajo, lavamanos, dispensadores, cumpliendo con el distanciamiento."," sus características, mitos y realidades, potenciales mecanismos de transmisión, identificación de personas con mayor riesgo, prácticas para la prevención del contagio a través del autocuidado individual y familiar, entre otras \"capacitaciones del protocolo de bioseguridad, inspecciones, suministro de Elementos de bioseguridad..","Uso de los elementos de bioseguridad, establecer el compromiso de autocuidado y trabajo seguro."]
[null,null,null,null,"SI","Características de la organización del trabajo\n(Valoración promedio mientras se realiza el proceso de aplicación de baterías de riesgo psicosocial)","PSICOSOCIAL","Alteraciones mentales, Ansiedad, depresión.","SVE. Riesgo Psicosocial","SVE. Riesgo Psicosocial","Intervenciones individuales y grupales, capacitaciones, medidas de afrontamiento, manejo de habilidades sociales.",2,2,{"$f":"+L62*M62","v":4},"BAJO",25,{"$f":"+N62*P62","v":100},{"$f":"IF(Q62>=600,\"I\",IF(Q62>=150,\"II\",IF(Q62>=40,\"III\",IF(Q62>=20,\"IV\"))))","v":"III"},{"$f":"IF(Q62>=600,\"NO ACEPTABLE\",IF(Q62>=150,\"ACEPTABLE CON CONTROL ESPECIFICO\",IF(Q62>=40,\"MEJORABLE\",IF(Q62>=20,\"ACEPTABLE\"))))","v":"MEJORABLE"},"NO APLICA","NO APLICA","NO APLICA","*Aplicación de las baterías de riesgo  psicosocial, para verificar la exposición al peligro. \nCapacitación en trabajo en equipo y competencias individuales y profesionales.\n\nAnálisis de carga laboral.                                                                                                                                     ","NO SE REQUIERE"]
[null,null,null,null,"SI","Características del grupo social y del trabajo.\n(Está en proceso la evaluación de los factores de riesgo psicosocial)","PSICOSOCIAL","Stress laboral\nAfecciones de salud                                                                                                                                                                                                                                                                                                                                                                                                            Ambientes de trabajo Hostil                                                                                                                                                                                                                                                                                                                                                                                                         Baja Productividad","Cumplimiento de la normatividad ley 1010, resolución 652 y 356, 2646.","Comité de Convivencia Laboral","Capacitaciones en habilidades sociales básicas, resolución de conflictos, liderazgo efectivo.",2,2,{"$f":"+L63*M63","v":4},"BAJO",25,{"$f":"+N63*P63","v":100},{"$f":"IF(Q63>=600,\"I\",IF(Q63>=150,\"II\",IF(Q63>=40,\"III\",IF(Q63>=20,\"IV\"))))","v":"III"},{"$f":"IF(Q63>=600,\"NO ACEPTABLE\",IF(Q63>=150,\"ACEPTABLE CON CONTROL ESPECIFICO\",IF(Q63>=40,\"MEJORABLE\",IF(Q63>=20,\"ACEPTABLE\"))))","v":"MEJORABLE"},"NO APLICA","NO APLICA","NO APLICA","*Capacitación en habilidades sociales básicas y relaciones interpersonales y comunicación asertiva y efectiva. \n\n*Capacitación en liderazgo efectivo y generación de hábitos del líder. ","NO SE REQUIERE"]
[null,null,null,null,"SI","Gestión Organizacional\n(Está en proceso la evaluación de los factores de riesgo psicosocial aplicación batería de riesgo psicosocial)","PSICOSOCIAL","Stress laboral\nAfecciones de salud                                                                                                                                                                                                                                                                                                                                                                                                                     Productividad- Ausentismo","Plan de Intervención del SVE ","N/A","Intervenciones individuales y grupales, capacitaciones en liderazgo, fortalecimiento de las escuelas de liderazgo.",2,2,{"$f":"+L64*M64","v":4},"BAJO",25,{"$f":"+N64*P64","v":100},{"$f":"IF(Q64>=600,\"I\",IF(Q64>=150,\"II\",IF(Q64>=40,\"III\",IF(Q64>=20,\"IV\"))))","v":"III"},{"$f":"IF(Q64>=600,\"NO ACEPTABLE\",IF(Q64>=150,\"ACEPTABLE CON CONTROL ESPECIFICO\",IF(Q64>=40,\"MEJORABLE\",IF(Q64>=20,\"ACEPTABLE\"))))","v":"MEJORABLE"},"NO APLICA","NO APLICA","NO APLICA","Fortalecimiento de las escuelas de liderazgo.","NO SE REQUIERE"]
[null,null,null,null,"SI","Contenido de la Tarea (Carga de Trabajo)\n(Está en proceso la evaluación de los factores de riesgo psicosocial aplicación batería de riesgo psicosocial)","PSICOSOCIAL","Stress laboral\nAfecciones de salud","S.V.E. Psicosocial","Distribución de la tarea por trabajo en equipo, gestión del tiempo.","Intervenciones individuales y grupales, capacitaciones, medidas de afrontamiento, manejo de habilidades sociales.",2,2,{"$f":"+L65*M65","v":4},"BAJO",25,{"$f":"+N65*P65","v":100},{"$f":"IF(Q65>=600,\"I\",IF(Q65>=150,\"II\",IF(Q65>=40,\"III\",IF(Q65>=20,\"IV\"))))","v":"III"},{"$f":"IF(Q65>=600,\"NO ACEPTABLE\",IF(Q65>=150,\"ACEPTABLE CON CONTROL ESPECIFICO\",IF(Q65>=40,\"MEJORABLE\",IF(Q65>=20,\"ACEPTABLE\"))))","v":"MEJORABLE"},"NO APLICA","NO APLICA","NO APLICA","Capacitaciones, manejo del tiempo como recurso, trabajo colaborativo y ayuda percibida.  ","NO SE REQUIERE"]
[null,null,null,null,"SI","Fugas de gas \n\"Riesgos de la vecindad\"\n(Generado por la presencia de restaurante en Mercacentro y por tuberías externas a la entidad) ","QUÍMICOS","Incendios \nQuemaduras de grado 2 y 3\nMuerte","Ninguno","Uso de equipos contra incendio","Ninguno",2,2,4,"BAJO",100,400,"II","ACEPTABLE CON CONTROL ESPECIFICO","NO APLICA","NO APLICA","*Solicitar a Mercacentro que se de cumplimiento a las recomendaciones generales para prevención de accidentes de trabajo por fugas de gas en el restaurante. ","*Diseñar y socializar PON en caso de fuga de gas","NO APLICA"]
[null,null,null,null,"SI","Postura mantenida                          (Bípeda)","BIOMECÁNICO","*Cansancio\n*Fatiga en miembros inferiores y en las articulaciones\n*Aparición de vena varice\n*Edema en los pies \n*Dolor lumbar ","No aplica","No aplica","Realiza varias tareas, lo que permite cambios de posición\n\nExámenes ocupacionales periódicos",2,2,4,"BAJO",60,240,"II","ACEPTABLE CON CONTROL ESPECIFICO","NO APLICA","NO APLICA","NO APLICA","*Solicitar capacitación en higiene postural, gimnasia laboral y pausas activas.                                                                 \n*Continuar con las actividades del sistema de vigilancia epidemiológico  para prevención de desordenes musculo esqueléticas asociadas al peligro biomecánico .                                                                                  ","NO APLICA"]
[null,null,null,null,"SI","Accidentes aéreos                           (En los desplazamientos en avión a otras ciudades)\n","CONDICIONES DE SEGURIDAD","*Muerte \n*Lesiones graves en el cuerpo entero\n*Caída de avión","Ninguno","Ninguno","Ninguno",2,2,4,"BAJO",100,400,"II","ACEPTABLE CON CONTROL ESPECIFICO","NO APLICA","NO APLICA","NO APLICA","Reportar al grupo SST y ARL, Seguir las intrucciones de emergergencia aérea.\n","NO APLICA"]
[null,null,"PELIGROS QUE APLICAN A TRABAJO CON RESTRICCIONES DE SALUD O TELE TRABAJO",null,"SI","Postura Prolongada \n(Postura sedente más del 75% de la jornada laboral en trabajo con video terminales)","BIOMECÁNICO","*Dolor lumbar inespecífico\n*Espasmos musculares","Ninguno","Ninguno","Pausas Activas",2,2,4,"BAJO",60,240,"II","ACEPTABLE CON CONTROL ESPECIFICO","NO APLICA","NO APLICA","Asesoría de rediseño del puesto de trabajo en casa.","*Realizar capacitaciones virtuales por parte del Grupo de SST para capacitar en higiene postural en casa.\n*Realizar pausas activas en el área.                                                                 \n*Continuar con las actividades del programa de vigilancia epidemiológico  para prevención de desordenes musculo esqueléticas asociadas al peligro biomecánico, para trabajo en casa.                                                                               ","NO APLICA"]
[null,null,null,null,"SI","Movimientos repetitivos  \n(Movimientos repetitivos de extremidades superiores durante la jornada laboral, Digitación - Escáner)","BIOMECÁNICO","Lesiones por trauma acumulativo en miembro superiores (STC).\nSíndrome de Quervain","Ninguno","Ninguno","Ninguno",2,2,4,"BAJO",60,240,"II","ACEPTABLE CON CONTROL ESPECIFICO","NO APLICA","NO APLICA","Asesoría de rediseño del puesto de trabajo en casa.","*Se recomienda la implementación permanente de pausas activas durante la jornada laboral.                                                                                                                                                  ","NO APLICA"]
[null,null,null,null,"SI","Radiaciones Ionizantes                                   (Exposición permanente a pantallas del computador)","FÍSICO ","*Fatiga visual","Ninguno","Ninguno","Ninguno",2,2,4,"BAJO",25,100,"III","MEJORABLE","NO APLICA","NO APLICA","NO APLICA","*Se recomienda la implementación permanente de pausas activas durante la jornada laboral.                                                                                                                                                  ","NO APLICA"]
[null,null,null,null,"NO","Locativo                                                                              (Cableado eléctrico desordenado en la zona adecuada para puesto de trabajo)","CONDICIONES DE SEGURIDAD","*Se potencializa el riesgo de accidentes por caídas. ","Ninguno","Ninguno","Ninguno",2,2,4,"BAJO",25,100,"III","MEJORABLE","NO APLICA","NO APLICA","NO APLICA","Realizar inspecciones de seguridad para verificar estado de cableado del  área. Se recomienda agrupar el cableado eléctrico faltante, utilizando espiral porta cable u otro mecanismo de canalización. ","NO APLICA"]
[null,null,null,null,"NO","Picaduras - Mordeduras                             (Presencia de vectores e insectos dentro de la vivienda o zona destinada para laborar).","BIOLÓGICO","Infecciones","Ninguno","Ninguno","Ninguno",2,2,4,"BAJO",25,100,"III","MEJORABLE","NO APLICA","NO APLICA","NO APLICA","* realizar una correcta inspección del área de trabajo para garantizar la NO presencia de vectores o insectos ponzoñoso. Evitar las zona con acumulación de aguas estancadas","NO APLICA"]
[null,null,null,null,"SI","Virus y Bacterias\n (Exposición a virus y bacterias debido al uso de superficies húmedas como baños, lavamanos y lavaplatos alberca)","BIOLÓGICO","*Dermatosis\n*Reacciones alérgicas\n*Enfermedades infecciosas\n*Infecciones respiratorias","Ninguno","Ninguno","Ninguno",2,2,4,"BAJO",25,100,"III","MEJORABLE","NO APLICA","NO APLICA","NO APLICA","*Capacitar a los trabajadores en auto cuidado y la importancia del uso de los EPP.","*Uso de EPP (Guantes - Tapa bocas)"]
[null,null,null,null,"NO","Material particulado \n(Polvo en los documentos)","QUÍMICOS","*Enfermedades respiratorias\n*Infecciones virales \n*Alergias ","Ninguno","Ninguno","Ninguno",2,2,4,"BAJO",25,100,"III","MEJORABLE","NO APLICA","NO APLICA","NO APLICA","*Capacitar a los trabajadores en medidas de auto cuidado, lavado e higiene de las manos y la importancia del uso adecuado de los EPP (Tapa bocas), cuando manipule archivo con polvo.                                                            ","*Uso de EPP (Tapa bocas)"]
[null,null,null,null,"NO","Uso de elementos de desinfección\n(alcohol, gel antibacterial)","QUÍMICOS","\n*Alergias en piel o vías respiratorias.\n* Quemaduras ","Ninguno","Ninguno","Ninguno",2,2,4,{"$f":"IF(N76>=24,\"MUY ALTO\",IF(N76>=10,\"ALTO\",IF(N76>=6,\"MEDIO\",\"BAJO\")))","v":"BAJO"},25,100,"III","MEJORABLE","NO APLICA","NO APLICA","NO APLICA","*Capacitar a los trabajadores en medidas de auto cuidado, lavado e higiene de las manos y la importancia del uso adecuado de las sustancias químicas (Alcohol, gel Antibacterial).                                                            ","NO APLICA"]
[null,null,null,null,"SI","Mecánico                                         (Manejo de Equipos y elementos de Oficina)","CONDICIONES DE SEGURIDAD","*Traumas de tejidos blandos (Laceración, contusión, heridas superficiales, etc.)       ","Ninguno","Ninguno","Ninguno",2,2,4,"BAJO",25,100,"III","MEJORABLE","NO APLICA","NO APLICA","NO APLICA","*Continuar con el uso adecuado de los elementos de trabajo, realizar cambio de los elementos que se observen en mal estado. ","NO APLICA"]
[null,null,null,null,"SI","Deficiente ventilación (Las ventanas y persianas deben permanecer cerradas para evitar el ingreso de rayos solares)","FÍSICO                              ","*Disconfort por calor ambiental permanente","Ninguno","Ninguno","Ninguno",2,2,4,"BAJO",25,100,"III","MEJORABLE","NO APLICA","NO APLICA","NO APLICA","Siempre que sea posible mantener puertas y ventanas abiertas para lograr intercambio de aire natural. Se recomienda contar con un área de ventilación natural o con ventilación artificial como ventiladores ","NO APLICA"]
[null,null,null,null,"SI","Manipulación y desplazamiento de cargas\n(Documentos y cajas)","BIOMECÁNICO","Lesiones en columna\nEnfermedad discal\nEnfermedad lumbar ","Ninguno","Ninguno","Ninguno",2,2,4,"BAJO",60,240,"II","ACEPTABLE CON CONTROL ESPECIFICO","NO APLICA","NO APLICA","NO APLICA","* Practicar higiene postural para el manejo de cargas. Evitar levantar mas de 10 Kg mujeres y 20 Kg Hombres.","NO APLICA"]
[null,null,null,null,"SI","Iluminación\n(Deficiente de iluminación natural o artificial en el sitio adecuado para laboral dentro de la vivienda)                                             ","FÍSICO ","*Fatiga visual","Ninguno","Ninguno","Ninguno",2,2,4,"BAJO",25,100,"III","MEJORABLE","NO APLICA","NO APLICA","Rediseño del puesto de trabajo en casa con iluminación adecuada (Luz visible por exceso o deficiencia)","Se recomienda revisar y si es necesario cambiar las luminarias dañadas o deficientes para mejorar la iluminación del sitio de trabajo.","NO APLICA"]
[null,null,null,null,"NO","Locativo\nSuperficies de trabajo  irregulares y  desniveladas, escaleras                                 (Desplazamiento en la vivienda)","CONDICIONES DE SEGURIDAD","*Golpes \n*Caídas\n*Fracturas","Ninguno","Ninguno","Ninguno",2,2,4,"BAJO",25,100,"III","MEJORABLE","NO APLICA","NO APLICA","NO APLICA","*Se recomienda uso de calzado cerrado y sin tacón, con el fin de evitar caídas en casa. ","Uso de EPP (calzado sin tacón)"]
[null,null,null,null,"SI","Virus","BIOLÓGICO","Malestar general","Ninguno","Ninguno","Ninguno",2,2,4,"BAJO",25,100,"III","MEJORABLE","NO APLICA","NO APLICA","NO APLICA","*Garantizar el autocuidado en Casa.\n*Participar en las capacitaciones de bioseguridad realizadas por el grupo de SST.\n*Evitar las reuniones sociales, familiares y evitar visitar sitios concurridos o de alto riesgo\n*Realizar limpieza y desinfección de manera frecuente de las áreas y del sitio de trabajo.\n* Evitar tocar cara, boca y ojos con las manos.\n* Lavar las manos cada 3 horas y cada vez que sea necesario.                                                                                                                                                                                                   *Ventilación adecuada en el hogar y el sitio de trabajo.                                                                                                                                                                                                                *Uso periódico de productos para limpieza (agua y jabón) y para higiene de las manos (geles a base de alcohol al 70%)                                                                                                                                                                                                         ","Uso  de EPP (tapaboca, guantes en látex C-35  ó neopreno, mono gafas o careta para limpieza y desinfección del hogar, superficies y sitio de trabajo)"]
[null,null,null,null,"SI","Público\n(Robos - Atracos - Asaltos - Agresiones verbales - Actos Violentos)","CONDICIONES DE SEGURIDAD","*Golpes\n*Agresiones verbales y físicas \n*Atentados violentos\n*Heridas\n*Muerte","Ninguno","Ninguno","Ninguno",2,2,4,"BAJO",100,400,"II","ACEPTABLE CON CONTROL ESPECIFICO","NO APLICA","NO APLICA","NO APLICA","*Socializar los planes contingencia para diferentes situaciones  de emergencia específicamente riesgo público. ","NO APLICA"]
[null,null,null,null,"NO","Erupción volcán Machín","FENÓMENOS NATURALES","Erupción del Volcán Machín","Ninguno","Ninguno","Ninguno",2,2,4,"BAJO",25,100,"III","MEJORABLE","NO APLICA","NO APLICA","NO APLICA","*Tener en cuenta las recomendaciones dadas en los medios de comunicación de la alcaldía.                                                                                                                                              *Seguir las instrucciones que el departamento suministra para  casos de emergencia por posible erupción del Volcán.                                                                                              \n*Solicitar capacitación al ente respectivo sobre actuación en caso de erupción del volcán machín. \n*Capacitar en actuación ante emergencias en caso de erupción del volcán machín a todo el personal.  \n","NO APLICA"]
[null,null,null,null,"NO","Sismo - Temblores                  ","FENÓMENOS NATURALES","Erupción del Volcán Machín","Ninguno","Ninguno","Ninguno",2,2,4,"BAJO",25,100,"III","MEJORABLE","NO APLICA","NO APLICA","NO APLICA"," \n*Capacitar al personal en actuación ante emergencias. ","NO APLICA"]

{"sheet":"7. GESTIÓN OBRAS PÚBLICAS","index":14,"n_rows":84,"n_cols":24,"rows_kept":84,"cut":false,"hidden":true,"merged":[[5,2,5,3],[5,4,5,23],[6,2,7,2],[0,2,3,2],[0,3,1,21],[0,23,3,23],[2,3,3,21],[4,20,4,21],[4,22,4,23],[6,5,6,6],[6,7,7,7],[6,8,6,10],[6,11,6,17],[6,19,6,23],[67,2,83,3],[67,4,83,4],[43,2,66,3],[6,3,7,3],[6,4,7,4],[8,2,29,2],[8,3,20,3],[21,3,29,3],[22,4,29,4],[30,2,42,2],[30,3,42,3],[30,4,42,4],[8,4,20,4]]}
[null,null,null,"PROCESO: SISTEMA INTEGRADO DE GESTIÓN",null,null,null,null,null,null,null,null,null,null,null,null,null,null,null,null,null,null,"Código: FOR-221-PRO-SIG"]
[null,null,null,null,null,null,null,null,null,null,null,null,null,null,null,null,null,null,null,null,null,null,"Versión: 04"]
[null,null,null,"FORMATO: \nIDENTIFICACIÓN DE PELIGROS, EVALUACIÓN Y VALORACIÓN DE LOS RIESGOS \nALCALDÍA MUNICIPAL DE IBAGUÉ",null,null,null,null,null,null,null,null,null,null,null,null,null,null,null,null,null,null,"Fecha 27/05/2022"]
[null,null,null,null,null,null,null,null,null,null,null,null,null,null,null,null,null,null,null,null,null,null,"Página: 1"]
[null,null,"FECHAS DE ACTUALIZACIÓN: ","2019-02-22","2019-03-09","2019-09-02","2019-09-11","2019-09-24","2019-10-30","2020-07-22","2021-04-09","2022-05-27","2023-07-07","2024-06-26"]
[null,null,"PROCESO:",null,"7. GESTIÓN  DE INFRAESTRUCTURA Y OBRAS PÚBLICAS"]
[null,null,"1. PROCESO ADMINISTRATIVO / OPERATIVO","2. ACTIVIDADES","3. TAREA RUTINARIO (SI O NO)","PELIGRO",null,"6. EFECTOS POSIBLES\n(Salud - Seguridad)","CONTROLES EXISTENTES",null,null,"EVALUACIÓN DEL RIESGO",null,null,null,null,null,null,"VALORACIÓN DEL RIESGO","MEDIDAS DE INTERVENCIÓN"]
[null,null,null,null,null,"4. DESCRIPCIÓN","5. CLASIFICACIÓN",null,"7. FUENTE","8. MEDIO","9. INDIVIDUO","10. NIVEL DE DEFICIENCIA","11. NIVEL DE EXPOSICIÓN","12. NIVEL DE PROBABILIDAD ND X NE","13. INTERPRETACIÓN DEL NIVEL DE PROBABILIDAD","14. NIVEL DE CONSECUENCIA","15. NIVEL DE RIESGO NR E INTERVENCIÓN","16. INTERPRETACIÓN DEL NR","17. ACEPTABILIDAD DEL RIESGO","18 ELIMINACIÓN","19. SUSTITUCIÓN","20. CONTROLES DE INGENIERIA","21. CONTROLES ADMINISTRATIVOS, SEÑALIZACIÓN, ADVERTENCIA","22. ELEMENTOS DE PROTECCIÓN PERSONAL"]
[null,null,"ADMINISTRATIVO","ACTIVIDAD PLANEACIÓN, ELABORACIÓN Y EJECUCION DE DOCUMENTOS. USO DE HERRAMIENTAS TECNOLOGICAS Y VIDEO TERMINALES. INTERACCIONES LABORALES Y ADMINISTRATIVAS (ATENCIÓN AL CIDADANO); FUNCIONARIOS DE PLANTA Y/O CONTRATO","SI","Postura Prolongada (Postura sedente la mayor parte de la jornada laboral)","BIOMECÁNICO","Dolor lumbar inespecífico \n\nEspasmos musculares","Ninguno","Ninguno","Tiene descansa pies ",6,2,{"$f":"+L9*M9","v":12},{"$f":"IF(N9>=24,\"MUY ALTO\",IF(N9>=10,\"ALTO\",IF(N9>=6,\"MEDIO\",\"BAJO\")))","v":"ALTO"},25,{"$f":"+N9*P9","v":300},{"$f":"IF(Q9>=600,\"I\",IF(Q9>=150,\"II\",IF(Q9>=40,\"III\",IF(Q9>=20,\"IV\"))))","v":"II"},{"$f":"IF(Q9>=600,\"NO ACEPTABLE\",IF(Q9>=150,\"ACEPTABLE CON CONTROL ESPECIFICO\",IF(Q9>=40,\"MEJORABLE\",IF(Q9>=20,\"ACEPTABLE\"))))","v":"ACEPTABLE CON CONTROL ESPECIFICO"},"NINGUNO ","NO APLICA","NINGUNO ","*Acondicionar los puestos de trabajo dando cumplimiento a las recomendaciones ergonómicas  \"Biomecánicas\", para lo cual, se deben cumplir los requisitos ergonómicos para trabajos con video terminales.                                                                                                 *Capacitación en  higiene postural, ergonomía en oficina, gimnasia laboral y pausas activas.                                                                 *Instalar y activar  pausas activas en la entidad    - Programa de vigilancia DME.                                                                                ","NO APLICA"]
[null,null,null,null,null,"Movimientos Repetitivos\n(Sólo las manos, digitación en teclado y uso de mouse)","BIOMECÁNICO","Síndromes túnel del carpo\n\nSíndrome de Quervain","Ninguno","Se esta implementando el programa de vigilancia epidemiológica biomecánico. ","Ninguno",6,2,{"$f":"+L10*M10","v":12},{"$f":"IF(N10>=24,\"MUY ALTO\",IF(N10>=10,\"ALTO\",IF(N10>=6,\"MEDIO\",\"BAJO\")))","v":"ALTO"},25,{"$f":"+N10*P10","v":300},{"$f":"IF(Q10>=600,\"I\",IF(Q10>=150,\"II\",IF(Q10>=40,\"III\",IF(Q10>=20,\"IV\"))))","v":"II"},{"$f":"IF(Q10>=600,\"NO ACEPTABLE\",IF(Q10>=150,\"ACEPTABLE CON CONTROL ESPECIFICO\",IF(Q10>=40,\"MEJORABLE\",IF(Q10>=20,\"ACEPTABLE\"))))","v":"ACEPTABLE CON CONTROL ESPECIFICO"},"NINGUNO ","NINGUNO ","NINGUNO ","*Implementar el programa de pausas activas                                               *Continuar con la implementación del Sistema de vigilancia epidemiológico osteomuscular. ","NO APLICA"]
[null,null,null,null,null,"Radiaciones No ionizantes                                   (Exposición permanente  a pantallas del computador)","FÍSICO ","*Fatiga visual\n*Daños a la visión (Sequedad en los ojos - ojo enrojecido)\n*Tensión ocular ","Uso de pantalla antirreflejo","Ninguno","Recomendaciones en inducción y reinducción",2,2,4,"BAJO",25,100,"III","MEJORABLE","NINGUNO ","NINGUNO ","NINGUNO ","*Se recomienda la implementación permanente de pausas activas durante la jornada laboral.    Realizar reinducción SST                                                                                                                                              ","NO APLICA"]
[null,null,null,null,null,"Locativo                           (Cableado de computadores expuestos por el área)","CONDICIONES DE SEGURIDAD","Accidentes por caídas","Ninguno","Inspecciones de higiene y seguridad ","Capacitación en prevención de caídas ",2,2,4,"BAJO",25,100,"III","MEJORABLE","NINGUNO ","NINGUNO ","NINGUNO ","*Agrupar el cableado eléctrico, utilizando espiral porta cable  y/o canaleta. Realizar jornadas de orden y aseo. Continuar con inspecciones. Realizar reinducción SST ","NO APLICA"]
[null,null,null,null,null,"Locativo\nSistema de almacenamiento  (La ubicación de los archivadores no es la apropiada )","CONDICIONES DE SEGURIDAD","*Golpes\n*Contusión \n*Traumas superficiales\n*Heridas","Ninguno","Ninguno","Recomendaciones de seguridad en los archivos ",2,2,4,"BAJO",25,100,"III","MEJORABLE","NINGUNO ","NINGUNO ","NINGUNO ","*Se recomienda instalar protectores de seguridad en el soporte de agarre de los archivadores, con el fin de evitar heridas graves y disminuir los golpes. \n*Sensibilización a los funcionarios en autocuidado. Reinducción SST","NO APLICA"]
[null,null,null,null,null,"Virus, bacterias                       Olores ofensivos (baño)","BIOLÓGICO ","Alergias, infecciones, dolor de cabeza ","Ninguno ","Ninguno ","Ninguno ",2,2,4,"BAJO",25,100,"III","MEJORABLE","NINGUNO ","NINGUNO ","Revisión de tuberías sanitarias ","* Se recomienda mantenimiento (tuberías) de las baterías sanitarias para eliminar los malos olores ","NO APLICA "]
[null,null,null,null,null,"Mecánico                                         (Manejo de Equipos de Oficina, Cosedoras)","CONDICIONES DE SEGURIDAD","Traumas de tejidos blandos (laceración, contusión, etc.)       ","Ninguno","Elementos de trabajo en buen estado","Recomendaciones en inducción y reinducción",2,2,4,"BAJO",25,100,"III","MEJORABLE","NINGUNO ","NINGUNO ","NINGUNO ","*Continuar con el uso  adecuado de elementos manuales para oficina. Realizar reinducción SST ","NO APLICA"]
[null,null,null,null,null,"Públicos                                                               Robos - Orden público - Agresiones verbales por parte de usuarios ","CONDICIONES DE SEGURIDAD","Golpes, fracturas, Muerte","Ninguno","Ninguno","Recomendaciones en inducción y reinducción",2,2,4,"BAJO",100,400,"II","ACEPTABLE CON CONTROL ESPECIFICO","NINGUNO ","NINGUNO ","NINGUNO ","*Socializar PON y planes contingencia para diferentes situaciones  de emergencia, que hacen referencia a riesgo público.                 ","NO APLICA"]
[null,null,null,null,null,"Locativo - Infraestructura \nSuperficies de trabajo  irregulares y  desniveladas                                 (Desplazamiento en los diferentes áreas)","CONDICIONES DE SEGURIDAD","*Golpes \n*Caídas","Ninguno","Ninguno","Capacitación en prevención de caídas ",2,2,4,"BAJO",25,100,"III","MEJORABLE","NO APLICA","NO APLICA","NO APLICA","*Se recomienda uso de calzado adecuado según el área a visitar, con el fin de evitar caídas. Realizar reinducción SST","NO APLICA"]
[null,null,null,null,null,"Postura Anti gravitacional                            Miembros superiores en la gravedad por el porta teclado ","BIOMECÁNICO"," Tendinitis Espasmo de manos","Ninguno","Ninguno","Jornadas de pausas activas ",2,4,8,"MEDIO",25,200,"II","ACEPTABLE CON CONTROL ESPECIFICO","NINGUNO ","NINGUNO ","NINGUNO ","* Pausas activas a lo largo de la jornada laboral y sensibilizar sobre su importancia , * Realizar seguimiento para el S.V.E  para lesiones osteo musculares.  \n","NO APLICA"]
[null,null,null,null,null,"Postura Anti gravitacional                            Miembros  inferiores  en la gravedad  ","BIOMECÁNICO","  Lesiones vasculares ","Ninguno","Ninguno","Jornadas de pausas activas ",6,2,12,"ALTO",25,300,"II","ACEPTABLE CON CONTROL ESPECIFICO","NINGUNO ","NINGUNO ","NINGUNO ","* Pausas activas a lo largo de la jornada laboral y sensibilizar sobre su importancia , * Realizar seguimiento para el S.V.E  para lesiones osteo musculares. ","NO APLICA "]
[null,null,null,null,null,"Postura Forzada                    Posturas inadecuadas por el espacio insuficiente de los miembros inferiores  debido a las cajas debajo de los puestos de trabajo y sillas estáticas","BIOMECÁNICO","Espasmos, lesiones vasculares ","Ninguno","Ninguno","Pausas Activas Implementación del SVE DMO ",6,2,12,"ALTO",25,300,"II","ACEPTABLE CON CONTROL ESPECIFICO","NINGUNO ","NINGUNO ","NINGUNO ","*Implementación del Sistema de vigilancia epidemiológico Desordes Musculo esqueléticos  DMO                                                        \n*Capacitaciones a los trabajadores en la intervención de riesgo biomecánico.                                                                                                          * Pausas activas durante la jornada de trabajo. *Inspecciones a los puestos de trabajo.                                                                                    *Se recomienda jornadas de orden y aseo para revisar las cosas innecesarias en el puesto de trabajo.\n* Se recomienda reubicar  las cajas de archivo debajo de los puestos de trabajo para mejorar las posturas de los trabajadores. \n*Se recomienda cambio de la silla fija por una silla ergonómica que permita ajuste espaldar y profundidad del asiento","NO APLICA"]
[null,null,null,null,null,"Eléctrico                                  Tomas eléctricas dañadas ","CONDICIONES DE SEGURIDAD ","*Conato de incendios \n* Chispas, corto circuitos \n*Incendios ","Ninguno","Ninguno","Recomendaciones en inducción y reinducción",2,2,4,"BAJO",25,100,"III","MEJORABLE","NO APLICA","NO APLICA","Mantenimiento instalaciones eléctricas, que cumplan con el RETIE ","* Se recomienda   mantenimiento de las  tomas eléctricas de las áreas administrativas  de la Secretaria de Infraestructura.","NO APLICA"]
[null,null,null,"TRANSFERENCIAS DOCUMENTALES. MANEJO DE CORRESPONDENCIA. ACTIVIDAD MANEJO DE ARCHIVO; FUNCIONARIOS DE PLANTA Y/O CONTRATO ","SI","Movimientos Repetitivos\nArchivar documentos,  relación en el sistema ","BIOMECÁNICO","Síndromes túnel del carpo\n\nSíndrome de Quervain","Ninguno","SVE  Biomecánico ","Ninguno",6,2,12,"ALTO",25,300,"II","ACEPTABLE CON CONTROL ESPECIFICO","NINGUNO ","NINGUNO ","NINGUNO ","*Implementar el programa de pausas activas, específicamente                                                                                      *Continuar con la implementación del Sistema de vigilancia epidemiológico osteomuscular.    ","NO APLICA"]
[null,null,null,null,"SI","Material Particulado  Exposición a material\nparticulado ( Visitas en obra)","QUÍMICO      ","Alergias respiratorias,\nneumonitis, en algunos casos cáncer.","Ninguno ","Ninguno ","Mascarilla N95- Recomendaciones en inducción y reinducción",2,2,4,"BAJO",25,100,"III","MEJORABLE","NINGUNO ","NINGUNO ","NINGUNO ","Realizar reinducción. Realizar entrega de elementos de protección. Realizar control y seguimiento a contratistas de obra ","EPP (Gafas de seguridad, mascarilla N95) "]
[null,null,null,null,null,"Hongos  Presencia en el archivo ","BIOLÓGICO ","Afecciones respiratorias ","Ninguno","Ninguno","Uso de EPP (Guantes y tapa bocas) ",2,2,4,"BAJO",25,100,"III","MEJORABLE","NINGUNO ","NINGUNO ","NINGUNO ","* Se recomienda continuar con el proceso de intervención (limpieza) del archivo","Uso de guantes de nitrilo y tapabocas "]
[null,null,null,null,null,"Bacterias       Presencia en el archivo ","BIOLÓGICO ","Afecciones respiratorias ","Ninguno","Ninguno","Uso de EPP (Guantes y tapa bocas) ",2,2,4,"BAJO",25,100,"III","MEJORABLE","NINGUNO ","NINGUNO ","NINGUNO ","* Se recomienda continuar con el proceso de intervención (limpieza) del archivo","Uso de guantes de nitrilo y tapabocas "]
[null,null,null,null,null,"Manipulación manual de cargas                                              Elevar y bajar de altura las cajas de archivo ","BIOMECÁNICO","Hernias Discales - Bursitis de hombro - Bursitis de rodilla ","Ninguno","Ninguno","Capacitación manejo adecuado de cargas ",6,2,12,"ALTO",25,300,"II","ACEPTABLE CON CONTROL ESPECIFICO","NINGUNO ","NINGUNO ","NINGUNO ","*Continuar con la implementación del sistema de vigilancia epidemiológico osteomuscular.                                                                             *Continuar con la capacitación y  permanente  en  higiene postural, ergonomía en oficina, gimnasia laboral y pausas activas.      ","NO APLICA"]
[null,null,null,null,null,"Virus","BIOLÓGICO","Malestar general","No aplica",", limpieza y desinfección de áreas de trabajo   y en casa,  con productos desinfectantes (hipoclorito de sodio, alcohol al 70%, amonio cuaternario), disminución de la densidad laboral en áreas de trabajo. ","Toma de temperatura al ingreso del personal a la sede de trabajo,   adecuado manejo de los  residuos,  distanciamiento    físico   de 2 metros, uso de respirador buco nasal de manera permanente, uso de productos sanitizantes de manos (alcohol al 70%, alcohol glicerinado al 70%), diligenciamiento del coronApp",2,2,4,"BAJO",25,100,"III","MEJORABLE","N.A","N.A","Instalación de puntos seguros para limpieza de pies (tapetes pediluvios), toma de temperatura, estaciones para sanitizado de manos, instalación de dispensadores con jabones líquidos y dispensadores de papel desechable para secado de manos. Redistribución de puestos de trabajo garantizando distanciamiento de 2 metros."," *Promover frecuentemente el lavado de manos en personal de planta, contratistas y visitantes. En caso de no contar con agua y jabón, se debe proveer con desinfectantes para manos (gel antibacterial a base de alcohol).  *Disminución de la densidad laboral en áreas de trabajo o de ocupación de la entidad promoviendo el teletrabajo. *Mantener un stop de EPP  (mascarillas o respiradores buconasales) para dotación y recambio. *Establecer canales de comunicación individualizados y/o de grupo: correo electrónico, redes sociales, videoconferencia, teléfono para reuniones evitando la presencialidad. *Revisión y análisis de los perfiles epidemiológicos por cargo.","Uso permanente de respirador buco nasal, uso de guantes en látex C-35  ó neopreno manguilla larga en limpieza de superficies. Uso periódico de productos para limpieza (agua y jabón) y para  sanitizado de manos (geles a base de alcohol al 70%), mono gafas o careta"]
[null,null,null,null,null,"Postura Anti gravitacional                            Miembros superiores en la gravedad por el espacio por la ubicación de la pantalla visual ","BIOMECÁNICO"," Tendinitis Espamos de manos ","Ninguno","Ninguno","Jornadas de pausas activas ",6,2,12,"ALTO",25,300,"II","ACEPTABLE CON CONTROL ESPECIFICO","NINGUNO ","NINGUNO ","NINGUNO ","* Pausas activas a lo largo de la jornada laboral y sensibilizar sobre su importancia , * Realizar seguimiento para el S.V.E  para lesiones osteo musculares.* Se recomienda reubicar la pantalla visual aprovechando el escritorio en \"L\"  garantizando  que la manos, brazo y muñeca permanezcan en línea recta en el momento de digitar. \n","NO APLICA"]
[null,null,null,null,null,"Postura Forzada                    Posturas inadecuadas por el espacio insuficiente de los miembros inferiores  debido a las cajas debajo de los puestos de trabajo y sillas estáticas","BIOMECÁNICO","Espasmos, lesiones vasculares ","Ninguno","Ninguno","Pausas Activas Implementación del SVE DMO ",6,2,12,"ALTO",25,300,"II","ACEPTABLE CON CONTROL ESPECIFICO","NINGUNO ","NINGUNO ","NINGUNO ","*Implementación del Sistema de vigilancia epidemiológico Desordes Musculo esqueléticos  DMO                                                        \n*Capacitaciones a los trabajadores en la intervención de riesgo biomecánico.                                                                                                          * Pausas activas durante la jornada de trabajo. *Inspecciones a los puestos de trabajo.                                                                                    *Se recomienda jornadas de orden y aseo para revisar las cosas innecesarias en el puesto de trabajo.\n* Se recomienda reubicar  las cajas de archivo debajo de los puestos de trabajo para mejorar las posturas de los trabajadores. \n*Se recomienda cambio de la silla fija por una silla ergonómica que permita ajuste espaldar y profundidad del asiento","NO APLICA"]
[null,null,null,null,null,"Locativo                                                 Falta de orden y aseo en los puestos de trabajo (cajas de archivo y AZ) ","CONDICIONES DE SEGURIDAD","Accidentes de trabajo, posturas inadecuadas,  golpes, caída de objetos ","Ninguno","Ninguno","Ninguno",2,2,4,"BAJO",25,100,"III","MEJORABLE","NINGUNO ","NINGUNO ","NINGUNO ","*Diseño e implementación del programa de orden y aseo de la empresa, para lo cual, se sugiere realizar jornada de orden y aseo. \n* Se recomienda  revisar la posibilidad  de dotar un espacio para el archivo del grupo operativo.                                                                                                                                        ","NO APLICA"]
[null,null,"OPERATIVO","ACTIVIDAD DESPLAZAMIENTO A EVENTOS Y REUNIONES INSTITUCIONALES,  INSPECCIONES, VISITAS TÉCNICAS (DE CAMPO), ACTIVIDADES DE BIENESTAR  Y CULTURALES FUERA DE LA SEDE; FUNCIONARIOS DE PLANTA Y/O CONTRATO","SI","Material Particulado  Exposición a material\nparticulado en los desplazamientos terrestres ","QUÍMICO      ","Neumoconiosis, alergias respiratorias,\nneumonitis, en algunos casos cáncer.","Ninguno ","Ninguno ","Ninguno ",2,2,4,"BAJO",25,100,"III","MEJORABLE","NINGUNO ","NINGUNO ","NINGUNO ","Pausas activas o descansos durante los desplazamientos terrestres.","EPP (Gafas de seguridad) "]
[null,null,null,null,null,"RIESGO VIAL","CONDICIONES DE SEGURIDAD","*Muerte \n*Lesiones graves en el cuerpo entero\n*Atrapamiento por accidentes vehiculares","Ninguno","Vehículos de la empresa con mantenimiento preventivo y correctivo. ","Sensibilización en seguridad vial \n\nCapacitación en prevención de accidentes de trabajo en la vía",2,2,4,"BAJO",100,400,"II","ACEPTABLE CON CONTROL ESPECIFICO","NINGUNO ","NINGUNO ","NINGUNO ","*Dar cumplimiento al plan de capacitación del PESV \n\n*Realizar seguimiento al  uso adecuado del vehículo. \n\n*Ver matriz de riesgo vial de la empresa, donde se detalla cada uno de los peligros en la parte vial.  \n\n*Se recomienda realizar inspección pre operacional de vehículos de la empresa, para identificar condiciones del mismo. ","NO APLICA"]
[null,null,null,null,null,"Público\n(Robos - Atracos - Asaltos - Agresiones verbales - Actos Violentos)","CONDICIONES DE SEGURIDAD","*Golpes\n*Agresiones verbales y físicas \n*Atentados violentos\n*Heridas\n*Muerte","Ninguno","Ninguno","Recomendaciones en inducción y reinducción",2,2,4,"BAJO",100,400,"II","ACEPTABLE CON CONTROL ESPECIFICO","NO APLICA","NO APLICA","NO APLICA","*Socializar los planes contingencia para diferentes situaciones  de emergencia                ","NO APLICA"]
[null,null,null,null,null,"Trabajos en alturas              Revisión y asesoría técnica en trabajos en alturas   por encima de 1.50 metros.","CONDICIONES DE SEGURIDAD ","Caídas a distinto nivel, golpes, contusiones. ","Ninguno ","Ninguno ","Recomendaciones en inducción y reinducción",2,2,4,"BAJO",25,100,"III","MEJORABLE","NINGUNO ","NINGUNO ","Puntos de anclaje y líneas de vida en diferentes puntos. ","* Se recomienda que en las asesorías técnicas que implican trabajos en alturas  se cuente con los elementos colectivos y personal adecuados para la labor.\n*Se recomienda  que las personas realicen trabajos en alturas  cuenten con la competencia y curso apto para trabajos en alturas.\n*Señalización y delimitación de áreas donde se realizan tareas de altura.\n* Procedimientos para los trabajos en alturas ","Arnés, Equipos de protección de caídas y guantes, gafas y botas de seguridad "]
[null,null,null,null,null,"Temperaturas altas                        Exposición a temperaturas altas de asfalto ","FÍSICO                              ","Quemaduras 2° grado, lesiones en la piel Quemaduras, deshidratación, fatiga","Ninguno ","Ninguno ","Botas de seguridad ",2,2,4,"BAJO",25,100,"III","MEJORABLE","NINGUNO ","NINGUNO ","NINGUNO ","* Se recomienda revisar las especificaciones de las botas de seguridad que se entregan al personal expuesto.\n*Todos los trabajadores que pueden estar expuestos agases de asfalto deben ser capacitados sobre los peligros y procedimientos de trabajo seguro."," Botas por lo menos 150 mm (6 pulgadas) de alto,\namarradas sin aberturas.\n• Pantalones sin dobladillo que se extienden sobre la parte\nde arriba de las botas."]
[null,null,null,null,null,"Picaduras - Mordeduras                           Toda clase de animales por la exposición en vías","BIOLÓGICO","Picaduras - Mordeduras","Ninguno","Ninguno","Recomendaciones en inducción y reinducción. Camisa manga larga y botas de seguridad ",2,2,4,"BAJO",25,100,"III","MEJORABLE","NINGUNO ","NINGUNO ","NINGUNO ","*Diseñar e implementar plan  de contingencia para las diferentes situaciones de emergencia que se puedan generar.                                                                                      *Identificación de tipología de animales venenosos.                                     "," *Suministrar botas de caucho para uso durante los recorridos a las zonas rurales. \n*Uso de dotación (camisa larga) . "]
[null,null,null,null,null,"Ruido                                                 Ruido Ambiental en vías,  por equipo y maquinaria para compactación de tierra","FÍSICO                              ","Fatiga auditiva , molestias para el desarrollo de la labor, cefaleas,  alteraciones asociadas a estrés, déficit auditivo, hipoacusia neurosensorial","Ninguno ","Ninguno ","Recomendaciones en inducción y reinducción",2,2,4,"BAJO",25,100,"III","MEJORABLE","NINGUNO ","NINGUNO ","NINGUNO ","Pausas activas o descansos durante la jornada de trabajo \nInspeccionar maquinaria, implementar señalización de ruido, capacitar al personal. Realización reinducción \n","NO APLICA"]
[null,null,null,null,null,"Accidentes de tránsito                                       En el desarrollo de visitas ","CONDICIONES DE SEGURIDAD","Muerte","Ninguno","Ninguno","Recomendaciones en inducción y reinducción. Capacitación en seguridad vial ",2,2,4,"BAJO",100,400,"II","ACEPTABLE CON CONTROL ESPECIFICO","NO APLICA","NO APLICA","NO APLICA","*Realizar capacitaciones de prevención de accidentes viales y capacitación de seguridad vial.                                                                *Sensibilizar al personal en practicas seguras de conducción y en practicas seguras de actuación como peatones.                                           *Se sugiere solicitar a los funcionarios que salen a visitas de campo, en sus vehículos propios, los registros del mantenimiento preventivo y correctivo de los vehículos propios y entregar copia de los documentos obligatorios para conducción (SOAT, Certificado de revisión técnico mecánica, Tarjeta de propiedad del vehículo).       ","NO APLICA"]
[null,null,null,null,null,"Públicos                                                               Robos - Orden público - Agresiones verbales por parte de usuarios (Dentro de las instalaciones y en las visitas)","CONDICIONES DE SEGURIDAD","Golpes, fracturas, Muerte","Ninguno","Ninguno","Recomendaciones en inducción y reinducción. ",2,2,4,"BAJO",100,400,"II","ACEPTABLE CON CONTROL ESPECIFICO","NO APLICA","NO APLICA","NO APLICA","*Capacitar a los funcionarios en como actuar ante diferentes situaciones de emergencias, por riesgo público.                                                                                  *Diseñar e implementar  planes contingencia para diferentes situaciones  de emergencia                ","NO APLICA"]
[null,null,null,null,null,"Mecánico                                                      Manejo de herramientas como odómetro, cámaras fotográficas, GPS, estación.","CONDICIONES DE SEGURIDAD\n","Golpes, heridas, magulladuras de diferentes en los miembros superiores ","Ninguno","Ninguno ","Recomendaciones en inducción y reinducción SST",2,2,4,"BAJO",25,100,"III","MEJORABLE","NINGUNO ","NINGUNO ","NINGUNO ","*Capacitación sobre manejo seguro de herramientas.\n*Capacitación en prevención en lesiones de mano.\n*Inspeccionar las diferentes herramientas utilizados  para labores  operativas, en caso de requerir reposición solicitarla área pertinente. ","NO APLICA"]
[null,null,null,null,null,"Locativo                                          Superficies de trabajo irregulares en las vías ","CONDICIONES DE SEGURIDAD","Capacitación en prevención de caídas. Inducción y reinducción SST ","Ninguno","Ninguno","Recomendaciones en inducción y reinducción SST",2,2,4,"BAJO",25,100,"III","MEJORABLE","NINGUNO ","NINGUNO ","NINGUNO ","*Se recomienda capacitaciones en prevención de caídas al mismo nivel. \n* Se recomienda  capacitaciones en autocuidado y percepción del riesgo. ","NO APLICA"]
[null,null,null,null,null,"Radiaciones no ionizantes                                                 Exposición a luz solar en actividades de campo","FÍSICO","Incomodidad - Insolación ","Ninguno","Recomendaciones en inducción y reinducción","Ninguno",2,2,4,"BAJO",25,100,"III","MEJORABLE","NINGUNO ","NINGUNO ","NINGUNO ","*Suministro de camisa manga larga y cachucha","Ropa manga larga \nCachucha"]
[null,null,null,null,null,"Eléctrico                                  Redes eléctricas en mal estado","CONDICIONES DE SEGURIDAD ","Fibrilación ventricular, quemaduras, tetanización, schok","Ninguno ","Señalización en tableros eléctricos Inspecciones de seguridad / Rutinas de mantenimiento preventivo de instalaciones eléctricas","Ninguno ",2,2,4,"BAJO",25,100,"III","MEJORABLE","NINGUNO ","NINGUNO ","NINGUNO ","* Se recomienda Inspecciones de seguridad / Rutinas de mantenimiento preventivo de instalaciones eléctricas.\n*Capacitación a personal sobre los procedimientos seguros para la realización de este tipo de trabajo eléctrico.","NO APLICA"]
[null,null,"PELIGROS QUE APLICAN A TODAS LAS ACTIVIDADES FUNCIONARIOS DE PLANTA Y/O CONTRATO",null,"SI","Público\n(Robos - Atracos - Asaltos)","CONDICIONES DE SEGURIDAD","*Golpes\n*Agresiones verbales y físicas \n*Atentados violentos\n*Heridas\n*Muerte","Ninguno","Ninguno","Capacitación en emergencias a brigadas ",2,2,4,"BAJO",100,400,"II","ACEPTABLE CON CONTROL ESPECIFICO","NO APLICA","NO APLICA","Instalar cámaras de vigilancia en la sede. ","*Socializar los planes contingencia para diferentes situaciones  de emergencia específicamente riesgo público. ","NO APLICA"]
[null,null,null,null,"SI","Virus \n","BIOLÓGICO","Malestar general","Ninguno","Limpieza y desinfección de áreas de trabajo   y en casa,  Control de aforo, señalización de advertencia.","Distanciamiento    físico, uso de mascarilla, lavado de manos constante.",2,2,4,"BAJO",25,100,"III","MEJORABLE","N.A","N.A","Trabajo en casa , diseño puestos de trabajo cumpliendo con el distanciamiento social, lavamanos y puntos de desinfección."," *Promover frecuentemente el lavado de manos en personal de planta, contratistas y visitantes. En caso de no contar con agua y jabón, se debe proveer con desinfectantes para manos (gel antibacterial a base de alcohol).  *Disminución de la densidad laboral en áreas de trabajo o de ocupación de la entidad promoviendo el teletrabajo. *Mantener un stop de EPP  (mascarillas ) para dotación y recambio. *Establecer canales de comunicación individualizados y/o de grupo: correo electrónico, redes sociales, videoconferencia, teléfono para reuniones evitando la presencialidad. *Revisión y análisis de los perfiles epidemiológicos por cargo, estrategias motivación para que los funcionarios se  vacunen.","Uso permanente de mascarilla respiratoria. Uso periódico de productos para limpieza (agua y jabón) y  alcohol al 70%, mono gafas o careta."]
[null,null,null,null,"SI"," Demandas Emocionales: Condiciones de la tarea                             \nLa novedad del entorno de trabajo, situación familiar:  hijos o personas mayores a cargo en el hogar en situación de riesgo, miedo al contagio, aislamiento social y confinamiento, miedos e incertidumbres laborales y socioeconómicos, espacios y recursos compartidos por varias personas ante las mismas circunstancias en sus domicilios, convertir espacios de su hogar en despachos improvisados para poder seguir desempeñando su tarea diaria, valoración subjetiva y objetiva por parte del experto mientras se aplica la batería de riesgo psicosocial.","PSICOSOCIAL","Alteraciones mentales, Ansiedad, depresión, estrés postraumático.","S.V.E. Psicosocial","S.V.E Psicosocial","Intervenciones individuales y grupales, capacitaciones, medidas de afrontamiento, manejo de habilidades sociales.",2,2,4,"BAJO",25,100,"III","MEJORABLE","N.A","N.A","Organización de los puestos de trabajo, lavamanos, dispensadores, cumpliendo con el distanciamiento."," identificación de personas con mayor riesgo, prácticas para la prevención del contagio a través del autocuidado individual y familiar, entre otras \"capacitaciones del protocolo de bioseguridad, inspecciones, suministro de Elementos de bioseguridad..","Uso de los elementos de bioseguridad, establecer el compromiso de autocuidado y trabajo seguro."]
[null,null,null,null,"SI","Características de la organización del trabajo\n(Valoración promedio mientras se realiza el proceso de aplicación de baterías de riesgo psicosocial)","PSICOSOCIAL","Alteraciones mentales, Ansiedad, depresión.","SVE. Riesgo Psicosocial","SVE. Riesgo Psicosocial","Intervenciones individuales y grupales, capacitaciones, medidas de afrontamiento, manejo de habilidades sociales.",2,2,4,"BAJO",25,100,"III","MEJORABLE","NO SE REQUIERE","NO SE REQUIERE","NO APLICA","*Aplicación de las baterías de riesgo  psicosocial, para verificar la exposición al peligro. \nCapacitación en trabajo en equipo y competencias individuales y profesionales.\n\nAnálisis de carga laboral.                                                                                                                                     ","NO SE REQUIERE"]
[null,null,null,null,"SI","Características del grupo social y del trabajo.\n(Está en proceso la evaluación de los factores de riesgo psicosocial)","PSICOSOCIAL","Stress laboral\nAfecciones de salud                                                                                                                                                                                                                                                                                                                                                                                                            Ambientes de trabajo Hostil                                                                                                                                                                                                                                                                                                                                                                                                         Baja Productividad","Cumplimiento de la normatividad ley 1010, resolución 652 y 356, 2646.","Comité de Convivencia Laboral","Capacitaciones en habilidades sociales básicas, resolución de conflictos, liderazgo efectivo.",2,2,4,"BAJO",25,100,"III","MEJORABLE","NO SE REQUIERE","NO SE REQUIERE","NO SE REQUIERE","*Capacitación en habilidades sociales básicas y relaciones interpersonales y comunicación asertiva y efectiva. \n\n*Capacitación en liderazgo efectivo y generación de hábitos del líder. ","NO SE REQUIERE"]
[null,null,null,null,"SI","Gestión Organizacional\n(Está en proceso la evaluación de los factores de riesgo psicosocial aplicación batería de riesgo psicosocial)","PSICOSOCIAL","Stress laboral\nAfecciones de salud                                                                                                                                                                                                                                                                                                                                                                                                                     Productividad- Ausentismo","Plan de Intervención del SVE ","N/A","Intervenciones individuales y grupales, capacitaciones en liderazgo, fortalecimiento de las escuelas de liderazgo.",2,2,4,"BAJO",25,100,"III","MEJORABLE","NO SE REQUIERE","NO SE REQUIERE","NO SE REQUIERE","Fortalecimiento de las escuelas de liderazgo.","NO SE REQUIERE"]
[null,null,null,null,"SI","Contenido de la Tarea (Carga de Trabajo)\n(Está en proceso la evaluación de los factores de riesgo psicosocial aplicación batería de riesgo psicosocial)","PSICOSOCIAL","Stress laboral\nAfecciones de salud","S.V.E. Psicosocial","Distribución de la tarea por trabajo en equipo, gestión del tiempo.","Intervenciones individuales y grupales, capacitaciones, medidas de afrontamiento, manejo de habilidades sociales.",2,2,4,"BAJO",25,100,"III","MEJORABLE","NO SE REQUIERE","NO SE REQUIERE","NO SE REQUIERE","Capacitaciones, manejo del tiempo como recurso, trabajo colaborativo y ayuda percibida.  ","NO SE REQUIERE"]
[null,null,null,null,"SI","Público\n(Agresiones verbales - Actos Violentos)","CONDICIONES DE SEGURIDAD","*Golpes\n*Agresiones verbales y físicas \n*Atentados violentos\n*Heridas\n*Muerte","Ninguno","Cámaras de seguridad ","Capacitación en emergencias a brigadas. Recomendación en inducción y reinducción",2,2,4,"BAJO",100,400,"II","ACEPTABLE CON CONTROL ESPECIFICO","NO APLICA","NO APLICA","Mantenimiento a cámaras de seguridad ","*Socializar los planes contingencia para diferentes situaciones  de emergencia específicamente riesgo público. ","NO APLICA"]
[null,null,null,null,"SI","Público\n(Manifestaciones públicas)","CONDICIONES DE SEGURIDAD","*Golpes\n*Agresiones verbales y físicas \n*Heridas\n*Muerte","Ninguno","Hay vigilancia permanente en la puerta de acceso del edificio. ","Capacitación en emergencias a brigadas. Recomendación en inducción y reinducción",2,2,4,"BAJO",100,400,"II","ACEPTABLE CON CONTROL ESPECIFICO","NO APLICA","NO APLICA","NO APLICA","*Socializar el plan de emergencias, incluyendo los planes operativos normalizados en caso de situaciones de emergencia en riesgo público especifico para cada sede y socializarlo a todo el personal.     \n*Capacitar al personal en actuación ante emergencias en riesgo público. ","NO APLICA"]
[null,null,null,null,"SI","Público\n(Inseguridad por actos delictivos en los alrededores de la sede)","CONDICIONES DE SEGURIDAD","*Golpes\n*Agresiones verbales y físicas \n*Atentados violentos\n*Heridas\n*Muerte","Ninguno","Hay vigilancia permanente en la puerta de acceso del edificio. \n\nHay cámara de vigilancia en el primer y segundo piso. ","Ninguno",2,2,4,"BAJO",100,400,"II","ACEPTABLE CON CONTROL ESPECIFICO","NO APLICA","NO APLICA","Instalar cámaras de vigilancia en todos los pisos de la sede. ","*Socializar los planes contingencia para diferentes situaciones  de emergencia específicamente riesgo público. ","NO APLICA"]
[null,null,null,null,"SI","Radiaciones no ionizantes                       (Exposición a luz solar que ingresa por ventanales a la mayoría de los puestos de trabajo)","FÍSICO ","*Cáncer de piel\n*Quemadura solar\n*Insolación \n*Foto envejecimiento cutáneo \n *Foto carcinogénesis\n*Alteraciones oculares","No aplica","No hay","ninguno",2,2,4,"BAJO",25,100,"III","MEJORABLE","N.A","N.A","*Se recomienda instalar película de seguridad en los ventanales ","Inspecciones de higiene y seguridad periódicamente ","NO APLICA"]
[null,null,null,null,"NO","Sismo - Temblores                  ","FENÓMENOS NATURALES","*Daños materiales (Pérdida total)\n*Heridas y lesiones graves\n*Accidentes de trabajo \n*Muerte","No hay","Señalización de evacuación y punto de encuentro ","Capacitación  en actuación ante emergencias ",2,2,4,"BAJO",100,400,"II","ACEPTABLE CON CONTROL ESPECIFICO","NO SE REQUIERE","NO SE REQUIERE","NO SE REQUIERE","*Socializar el plan de emergencia.                                 Se recomienda realizar estudio de vulnerabilidad y sismo resistencia de las instalaciones. \n*Capacitar al personal en actuación ante emergencias. Realizar simulacro ","NO APLICA"]
[null,null,null,null,"NO","Erupción volcán machín           ","FENÓMENOS NATURALES","*Daños materiales (Pérdida total)\n*Heridas y lesiones graves\n*Accidentes de trabajo \n*Muerte","No hay","Señalización de evacuación y punto de encuentro ","Capacitación  en actuación ante emergencias ",2,2,4,"BAJO",100,400,"II","ACEPTABLE CON CONTROL ESPECIFICO","NO SE REQUIERE","NO SE REQUIERE","NO SE REQUIERE","*Seguir las instrucciones que el departamento suministra para  casos de emergencia por posible erupción del Volcán.                                                                                              \n*Solicitar capacitación al ente respectivo sobre actuación en caso de erupción del volcán machín. Socializar los PON \n*Capacitar en actuación ante emergencias en caso de erupción del volcán machín a todo el personal.  \n*Actualizar plan de emergencias incluyendo el PON por posible erupción del volcán machín y socializar a los trabajadores. ","NO APLICA"]
[null,null,null,null,"SI","Tecnológico\n(Incendios - Explosiones)\nGenerado dentro de las instalaciones del edificio","CONDICIONES DE SEGURIDAD","Incendios \nQuemaduras de grado 2 y 3\nMuerte","Ninguno","Equipos para el control de incendios ","Personal capacitado en manejo de equipos contra incendios",2,2,4,"BAJO",100,400,"II","ACEPTABLE CON CONTROL ESPECIFICO","NO APLICA","NO APLICA","*Realizar mantenimiento preventivo y correctivo de los equipos eléctricos e instalaciones eléctricas en la sede","*Capacitación en prevención de accidentes de trabajo por riesgo eléctrico.                                                          \n\n*Continuar con las inspecciones de seguridad enfocado a riesgo eléctrico. Socialización del PON para atención de incendios ","NO APLICA"]
[null,null,null,null,"SI","Tecnológico\n\"Riesgo de la vecindad\"\n(Incendios - Explosiones)\nGenerados en el restaurante de Mercacentro\n","CONDICIONES DE SEGURIDAD","Incendios \nQuemaduras de grado 2 y 3\nMuerte","Ninguno","Equipos para el control de incendios ","Personal capacitado en manejo de equipos contra incendios",2,2,4,"BAJO",100,400,"II","ACEPTABLE CON CONTROL ESPECIFICO","NO APLICA","NO APLICA","*Realizar mantenimiento preventivo y correctivo de los equipos eléctricos e instalaciones eléctricas en la sede","*Capacitación en prevención de accidentes de trabajo por riesgo eléctrico.                                                          \n\n*Continuar con las inspecciones de seguridad enfocado a riesgo eléctrico. Socialización del PON para atención de incendios ","NO APLICA"]
[null,null,null,null,"SI","Fugas de gas \n\"Riesgos de la vecindad\"\n(Generado por la presencia de restaurante en Mercacentro y por tuberías externas a la entidad) ","QUÍMICOS","Incendios \nQuemaduras de grado 2 y 3\nMuerte","Ninguno","Uso de equipos contra incendio","Ninguno",2,2,4,"BAJO",100,400,"II","ACEPTABLE CON CONTROL ESPECIFICO","NO APLICA","NO APLICA","*Solicitar a Mercacentro que se de cumplimiento a las recomendaciones generales para prevención de accidentes de trabajo por fugas de gas en el restaurante. ","*Diseñar y socializar PON en caso de fuga de gas","NO APLICA"]
[null,null,null,null,"SI","Postura mantenida                          (Bípeda)","BIOMECÁNICO","*Cansancio\n*Fatiga en miembros inferiores y en las articulaciones\n*Aparición de vena varice\n*Edema en los pies \n*Dolor lumbar ","No aplica","No aplica","Realiza varias tareas, lo que permite cambios de posición\n\nExámenes ocupacionales periódicos",2,2,4,"BAJO",25,100,"III","MEJORABLE","NO APLICA","NO APLICA","NO APLICA","*Solicitar a la empresa contratista realizar re inducción en higiene postural, gimnasia laboral y pausas activas.                                                                 \n*Continuar con las actividades del sistema de vigilancia epidemiológico  para prevención de desordenes musculo esqueléticas asociadas al peligro biomecánico .                                                                                  ","No aplica"]
[null,null,null,null,"SI","Público\n(Robos - Atracos - Asaltos - Agresiones verbales - Actos Violentos)","CONDICIONES DE SEGURIDAD","*Golpes\n*Agresiones verbales y físicas \n*Atentados violentos\n*Heridas\n*Muerte","Ninguno","Cámaras de seguridad ","Ninguno",2,2,4,"BAJO",100,400,"II","ACEPTABLE CON CONTROL ESPECIFICO","NO APLICA","NO APLICA","Instalar Mantenimiento periódico de las cámaras de seguridad ","*Socializar los planes contingencia para diferentes situaciones  de emergencia específicamente riesgo público. ","NO APLICA"]
[null,null,null,null,"SI","Accidentes aéreos                           (En los desplazamientos en avión a otras ciudades)\n","CONDICIONES DE SEGURIDAD","*Muerte \n*Lesiones graves en el cuerpo entero\n*Caída de avión","Ninguno","Ninguno","Ninguno",2,2,4,"BAJO",100,400,"II","ACEPTABLE CON CONTROL ESPECIFICO","NO APLICA","NO APLICA","NO APLICA","*Dar cumplimiento a las normas de seguridad para viajes aéreos","NO APLICA"]
[null,null,null,null,"SI","Virus (cambio climatico)\n ","BIOLÓGICO","Malestar general","Ninguno","Limpieza y desinfección de áreas de trabajo   y en casa,  Control de aforo, señalización de advertencia.","Distanciamiento    físico, uso de mascarilla, lavado de manos constante.",2,2,4,"BAJO",25,100,"III","MEJORABLE","NO APLICA","NO APLICA","NO APLICA","  *Promover frecuentemente el lavado de manos en personal de planta, contratistas y visitantes. En caso de no contar con agua y jabón, se debe proveer con desinfectantes para manos (gel antibacterial a base de alcohol).  *Disminución de la densidad laboral en áreas de trabajo o de ocupación de la entidad promoviendo el teletrabajo. *Mantener un stop de EPP  (mascarillas ) para dotación y recambio. *Establecer canales de comunicación individualizados y/o de grupo: correo electrónico, redes sociales, videoconferencia, teléfono para reuniones evitando la presencialidad. *Revisión y análisis de los perfiles epidemiológicos por cargo, estrategias motivación para que los funcionarios se  vacunen.   (PRO-SIG-202 Procedimiento administrativo de elementos EPP)","Uso permanente de mascarilla respiratoria. Uso periódico de productos para limpieza (agua y jabón) y  alcohol al 70%, mono gafas o careta."]
[null,null,null,null,"NO","Largas Jornadas Laborales y ausencia de descanso con altas temperaturas y radiciones altas por factor del CAMBIO CLIMATICO.","PSICOSOCIAL","Estrés, agotamiento por trabajo continuo, cansacio, fatiga, angustia, ansiedad, poca concentración y atención, somnolencia.","Ninguno","Ninguno","PVE- Riesgo psicosocial",2,2,4,"BAJO",25,100,"III","MEJORABLE","NO APLICA","NO APLICA","NO APLICA","Introducir una rutina de tiempos detrabajo y de descanso para aquellos\ntrabajadores/as que estén expuestos a ambientes calurosos, Formación en primeros auxilios, para que puedan\nreconocer y tratar los primeros síntomas de desórdenes de salud ocasionados por una\nexposición a temperaturas extremadamente cálidas., Seguir a diario los boletines\nmeteorológicos y cambiar el horario de trabajo de gran exposición al calor\na horas más frescas del día., En trabajos a campo abierto, crear zonas descanso con carpas, Disponer de agua potable fría en lugares estratégicos y visibles, cercanos al área de trabajo.","NO SE REQUIERE"]
[null,null,null,null,"NO"," Temperaturas\nextremas (calor) porfactor de CAMBIO CLIMATICO","FISICO","Stress termico Agotamiento Mareos  Deshidratación Golpes de calor, lesiones en la piel, insolación, ","No aplica","Ninguno","Ninguno",2,2,4,"BAJO",25,100,"III","MEJORABLE","NO APLICA","NO APLICA","NO APLICA","Todos los funcionarios que realicen desplazamientos fuera de la sede deben apalicar el Estándar de Seguridad \"EST-204\"., se recomienda hidratación continua, alimentación adecuada, Organización de los puestos de trabajo, limplementación de un programa de climatización.Sistemas de ventilación","Ropa de trabajo y equipos de\nprotección adecuados(camisa,\nmanga larga, pantalón largo,\ngorra o sombrero de ala ancha).\nSaber que la ropa protectora o el\nequipo de protección personal\npuede aumentar el riesgo del\nestrés por calor."]
[null,null,null,null,"NO"," Temperaturas\nextremas (calor Radiaciones No ionizantes) porfactor de CAMBIO CLIMATICO","FISICO","Stress termico Agotamiento Mareos  Deshidratación Golpes de calor, lesiones en la piel, dolor de cabeza.","No aplica","Ninguno","Protector Solar",2,2,4,"BAJO",25,100,"III","MEJORABLE","NO APLICA","NO APLICA","NO APLICA","Todos los funcionarios que realicen desplazamientos fuera de la sede deben apalicar el Estándar de Seguridad \"EST-204\"., se recomienda hidratación continua, alimentación adecuada, Organización de los puestos de trabajo, limplementación de un programa de climatización.Sistemas de ventilación","Ropa de trabajo y equipos de\nprotección adecuados(camisa,\nmanga larga, pantalón largo,\ngorra o sombrero de ala ancha).\nSaber que la ropa protectora o el\nequipo de protección personal\npuede aumentar el riesgo del\nestrés por calor."]
[null,null,null,null,"NO","Inalación de Humos y Vapores\n (Incendios Forestales )por factor CAMBIO CLIMATICO","QUÍMICO","Asfixia, Dificultad para respirar, Ardor en los ojos, conjuntivitis, Alergias, Tos, irritación de la garganta, dolor de cabeza.","No aplica","Ninguno","Ninguno",2,2,4,"BAJO",25,100,"III","MEJORABLE","NO APLICA","NO APLICA","NO APLICA","Aplicación PON para el manejo de incendios forestales, ver PLAN DE MERGENCIA PLA-SIG 204.","NO SE REQUIERE"]
[null,null,"PELIGROS QUE APLICAN A TRABAJO EN CON RESTRICCIONES DE SALUD Y/O TELE TRABAJO",null,"SI","Postura Prolongada \n(Postura sedente más del 75% de la jornada laboral en trabajo con video terminales)","BIOMECÁNICO","*Dolor lumbar inespecífico\n*Espasmos musculares","Ninguno","Ninguno","Emisión de recomendaciones a funcionarios a través de video llamadas por parte de grupo interdisciplinario de la oficina  SST ( psicólogo, fisioterapeuta, profesional SST)",2,2,4,"BAJO",25,100,"III","MEJORABLE","NO APLICA","NO SE REQUIERE","NO SE REQUIERE","*Realizar visitas virtuales por parte del Grupo de SST para capacitar en higiene postural en casa.\n\n*Realizar pausas activas en el área.                                                                 \n\n*Continuar con las actividades del programa de vigilancia epidemiológico  para prevención de desordenes musculo esqueléticas asociadas al peligro biomecánico, para trabajo en casa.                                                                               ","NO APLICA"]
[null,null,null,null,null,"Movimientos repetitivos  \n(Digitación - Escanear)","BIOMECÁNICO","Lesiones por trauma acumulativo en miembro superiores ( STC).\nSíndrome de Quervain","Ninguno","Ninguno","Emisión de recomendaciones a funcionarios a través de video llamadas por parte de grupo interdisciplinario de la oficina  SST ( psicólogo, fisioterapeuta, profesional SST)",2,2,4,"BAJO",25,100,"III","MEJORABLE","NO SE REQUIERE","NO SE REQUIERE","NO SE REQUIERE","*Se recomienda la implementación permanente de pausas activas durante la jornada laboral.                                                                                                                                                  ","NO APLICA"]
[null,null,null,null,null,"Radiaciones No ionizantes                                   (Exposición permanente a pantallas del computador)","FÍSICO ","*Fatiga visual","Ninguno","Ninguno","Emisión de recomendaciones a funcionarios a través de video llamadas por parte de grupo interdisciplinario de la oficina  SST ( psicólogo, fisioterapeuta, profesional SST)",2,2,4,"BAJO",25,100,"III","MEJORABLE","NO APLICA","NO SE REQUIERE","NO SE REQUIERE","*Se recomienda la implementación permanente de pausas activas durante la jornada laboral.                                                                                                                                                  ","NO APLICA"]
[null,null,null,null,null,"Locativo                                                                              (Cableado eléctrico desordenado en la zona adecuada para puesto de trabajo)","CONDICIONES DE SEGURIDAD","*Se potencializa el riesgo de accidentes por caídas. ","Ninguno","Ninguno","Emisión de recomendaciones a funcionarios a través de video llamadas por parte de grupo interdisciplinario de la oficina  SST ( psicólogo, fisioterapeuta, profesional SST)",2,2,4,"BAJO",25,100,"III","MEJORABLE","NO APLICA","NO SE REQUIERE","Se recomienda agrupar el cableado eléctrico faltante, utilizando espiral porta cable u otro mecanismo de canalización. ","Realizar inspecciones de seguridad para verificar estado de cableado del  área. ","NO APLICA"]
[null,null,null,null,null,"Picaduras - Mordeduras                             (Presencia de vectores e insectos dentro de la vivienda o zona destinada para laborar).","BIOLÓGICO","Infecciones","Ninguno","Ninguno","Emisión de recomendaciones a funcionarios a través de video llamadas por parte de grupo interdisciplinario de la oficina  SST ( psicólogo, fisioterapeuta, profesional SST)",2,2,4,"BAJO",25,100,"III","MEJORABLE","NO APLICA","NO APLICA","NO APLICA","* realizar una correcta inspección del área de trabajo para garantizar la NO presencia de vectores o insectos ponzoñoso. Evitar las zona con acumulación de aguas estancadas","NO APLICA"]
[null,null,null,null,null,"Virus y Bacterias\n (Exposición a virus y bacterias debido al uso de superficies húmedas como baños, lavamanos y lavaplatos alberca)","BIOLÓGICO","*Dermatosis\n*Reacciones alérgicas\n*Enfermedades infecciosas\n*Infecciones respiratorias","Ninguno","Ninguno","Emisión de recomendaciones a funcionarios a través de video llamadas por parte de grupo interdisciplinario de la oficina  SST ( psicólogo, fisioterapeuta, profesional SST)",2,2,4,"BAJO",25,100,"III","MEJORABLE","NO APLICA","NO APLICA","NO APLICA","*Capacitar a los trabajadores en auto cuidado y la importancia del uso de los EPP. Continuar con las recomendaciones a funcionarios a través de video llamadas por parte de grupo interdisciplinario de la oficina  SST ( psicólogo, fisioterapeuta, profesional SST)","*Uso de EPP (Guantes - Tapa bocas)"]
[null,null,null,null,null,"Material particulado \n(Polvo en los documentos)","QUÍMICOS","*Enfermedades respiratorias\n*Infecciones virales \n*Alergias ","Ninguno","Ninguno","Emisión de recomendaciones a funcionarios a través de video llamadas por parte de grupo interdisciplinario de la oficina  SST ( psicólogo, fisioterapeuta, profesional SST)",2,2,{"$f":"+L74*M74","v":4},{"$f":"IF(N74>=24,\"MUY ALTO\",IF(N74>=10,\"ALTO\",IF(N74>=6,\"MEDIO\",\"BAJO\")))","v":"BAJO"},25,{"$f":"+N74*P74","v":100},{"$f":"IF(Q74>=600,\"I\",IF(Q74>=150,\"II\",IF(Q74>=40,\"III\",IF(Q74>=20,\"IV\"))))","v":"III"},{"$f":"IF(Q74>=600,\"NO ACEPTABLE\",IF(Q74>=150,\"ACEPTABLE CON CONTROL ESPECIFICO\",IF(Q74>=40,\"MEJORABLE\",IF(Q74>=20,\"ACEPTABLE\"))))","v":"MEJORABLE"},"NO APLICA","NO APLICA","NO APLICA","*Realizar seguimiento del uso de los elementos de protección personal (Tapa bocas), cuando manipule archivo con polvo. Continuar con las recomendaciones a funcionarios a través de video llamadas por parte de grupo interdisciplinario de la oficina  SST ( psicólogo, fisioterapeuta, profesional SST)                                                           ","Suministrar tapa bocas para el desarrollo de la labor. "]
[null,null,null,null,null,"Uso de elementos de desinfección\n(alcohol, gel antibactarial)","QUÍMICOS","\n*Alergias en piel o vías respiratorias.\n* Quemaduras ","Ninguno","Ninguno","Emisión de recomendaciones a funcionarios a través de video llamadas por parte de grupo interdisciplinario de la oficina  SST ( psicólogo, fisioterapeuta, profesional SST)",2,2,4,"BAJO",25,100,"III","MEJORABLE","NO APLICA","NO APLICA","NO APLICA","*Realizar seguimiento del uso de los elementos de protección personal (Tapa bocas), cuando manipule archivo con polvo. Continuar con las recomendaciones a funcionarios a través de video llamadas por parte de grupo interdisciplinario de la oficina  SST ( psicólogo, fisioterapeuta, profesional SST)                                                           ","Suministrar tapa bocas para el desarrollo de la labor. "]
[null,null,null,null,null,"Mecánico                                         (Manejo de Equipos y elementos de Oficina)","CONDICIONES DE SEGURIDAD","*Traumas de tejidos blandos (Laceración, contusión, heridas superficiales, etc.)       ","Ninguno","Ninguno","Emisión de recomendaciones a funcionarios a través de video llamadas por parte de grupo interdisciplinario de la oficina  SST ( psicólogo, fisioterapeuta, profesional SST)",2,2,4,"BAJO",25,100,"III","MEJORABLE","NO SE REQUIERE","NO SE REQUIERE","NO SE REQUIERE","*Continuar con el uso adecuado de los elementos de trabajo, realizar cambio de los elementos que se observen en mal estado. Continuar con las recomendaciones a funcionarios a través de video llamadas por parte de grupo interdisciplinario de la oficina  SST ( psicólogo, fisioterapeuta, profesional SST)","NO APLICA"]
[null,null,null,null,null,"Deficiente ventilación (Las ventanas y persianas deben permanecer cerradas para evitar el ingreso de rayos solares)","FÍSICO                              ","*Disconfort por calor ambiental permanente","Ninguno","Ninguno","Emisión de recomendaciones a funcionarios a través de video llamadas por parte de grupo interdisciplinario de la oficina  SST ( psicólogo, fisioterapeuta, profesional SST)",2,2,4,"BAJO",25,100,"III","MEJORABLE","NO APLICA","NO SE REQUIERE","NO SE REQUIERE","Se recomienda contar con un área de ventilación natural o con ventilación artificial como ventiladores. Continuar con las recomendaciones a funcionarios a través de video llamadas por parte de grupo interdisciplinario de la oficina  SST ( psicólogo, fisioterapeuta, profesional SST)","NO APLICA"]
[null,null,null,null,null,"Manipulación y desplazamiento de cargas\n(Documentos y cajas)","BIOMECÁNICO","Lesiones en columna\nEnfermedad discal\nEnfermedad lumbar ","Ninguno","Ninguno","Emisión de recomendaciones a funcionarios a través de video llamadas por parte de grupo interdisciplinario de la oficina  SST ( psicólogo, fisioterapeuta, profesional SST)",2,2,4,"BAJO",25,100,"III","MEJORABLE","NO SE REQUIERE","NO SE REQUIERE","NO SE REQUIERE","* Practicar higiene postural para el manejo de cargas. Evitar levantar mas de 10 Kg mujeres y 20 Kg Hombres. Continuar con las recomendaciones a funcionarios a través de video llamadas por parte de grupo interdisciplinario de la oficina  SST ( psicólogo, fisioterapeuta, profesional SST)","NO APLICA"]
[null,null,null,null,null,"Iluminación\n(Deficiente de iluminación natural o artificial en el sitio adecuado para laboral dentro de la vivienda)                                             ","FÍSICO ","*Fatiga visual","Ninguno","Ninguno","Emisión de recomendaciones a funcionarios a través de video llamadas por parte de grupo interdisciplinario de la oficina  SST ( psicólogo, fisioterapeuta, profesional SST)",2,2,4,"BAJO",25,100,"III","MEJORABLE","NO APLICA","Se recomienda adecuar zona de trabajo en lugar con iluminación adecuada (que no sea excesiva o deficiente). ","NO SE REQUIERE","Se recomienda adecuar el sitio de trabajo con iluminación adecuada. Continuar con las recomendaciones a funcionarios a través de video llamadas por parte de grupo interdisciplinario de la oficina  SST ( psicólogo, fisioterapeuta, profesional SST)","NO APLICA"]
[null,null,null,null,null,"Locativo\nSuperficies de trabajo  irregulares y  desniveladas, escaleras                                 (Desplazamiento en la vivienda)","CONDICIONES DE SEGURIDAD","*Golpes \n*Caídas\n*Fracturas","Ninguno","Ninguno","Emisión de recomendaciones a funcionarios a través de video llamadas por parte de grupo interdisciplinario de la oficina  SST ( psicólogo, fisioterapeuta, profesional SST)",2,2,4,"BAJO",25,100,"III","MEJORABLE","NO APLICA","NO APLICA","NO APLICA","*Se recomienda uso de calzado adecuado y de tacón bajo según el área a visitar, con el fin de evitar caídas. Continuar con las recomendaciones a funcionarios a través de video llamadas por parte de grupo interdisciplinario de la oficina  SST ( psicólogo, fisioterapeuta, profesional SST)","Uso de calzado bajo "]
[null,null,null,null,null,"Virus ","BIOLÓGICO","Malestar general","Ninguno","Ninguno","Emisión de recomendaciones a funcionarios a través de video llamadas por parte de grupo interdisciplinario de la oficina  SST ( psicólogo, fisioterapeuta, profesional SST)",2,2,4,"BAJO",25,100,"III","MEJORABLE","N.A","N.A","Trabajo en Casa","*Garantizar el autocuidado en Casa.\n*Participar en las reuniones de bioseguridad realizadas por el grupo de SST.\n*Evitar las reuniones sociales y evitar visitar sitios concurridos o de alto riesgo\n*  Realizar constante desinfección y limpieza de los sitios de trabajo\n* Evitar tocar cara, boca y ojos con las manos.\n* Lavar las manos cada 3 horas. Continuar con las recomendaciones a funcionarios a través de video llamadas por parte de grupo interdisciplinario de la oficina  SST ( psicólogo, fisioterapeuta, profesional SST).","Uso permanente de respirador buco nasal, uso de guantes en látex C-35  ó neopreno manguilla larga en limpieza de superficies. Uso periódico de productos para limpieza (agua y jabón) y para  sanitizado de manos (geles a base de alcohol al 70%), mono gafas o careta"]
[null,null,null,null,null,"Público\n(Robos - Atracos - Asaltos - Agresiones verbales - Actos Violentos)","CONDICIONES DE SEGURIDAD","*Golpes\n*Agresiones verbales y físicas \n*Atentados violentos\n*Heridas\n*Muerte","Ninguno","Ninguno","Emisión de recomendaciones a funcionarios a través de video llamadas por parte de grupo interdisciplinario de la oficina  SST ( psicólogo, fisioterapeuta, profesional SST)",2,2,4,"BAJO",100,400,"II","ACEPTABLE CON CONTROL ESPECIFICO","NO APLICA","NO APLICA","NO APLICA","*Socializar los planes contingencia para diferentes situaciones  de emergencia específicamente riesgo público. Continuar con las recomendaciones a funcionarios a través de video llamadas por parte de grupo interdisciplinario de la oficina  SST ( psicólogo, fisioterapeuta, profesional SST).","NO APLICA"]
[null,null,null,null,null,"Erupción volcán Machín","FENÓMENOS NATURALES","Erupción del Volcán Machín","Ninguno","Ninguno","Emisión de recomendaciones a funcionarios a través de video llamadas por parte de grupo interdisciplinario de la oficina  SST ( psicólogo, fisioterapeuta, profesional SST)",2,2,4,"BAJO",25,100,"III","MEJORABLE","NO APLICA","NO APLICA","NO APLICA","Tener en cuenta las recomendaciones dadas en los medios de comunicación de la alcaldía y recomendaciones en el video del ejercicio de la simulación  el día nacional del simulacro . Continuar con las recomendaciones a funcionarios a través de video llamadas por parte de grupo interdisciplinario de la oficina  SST ( psicólogo, fisioterapeuta, profesional SST)","NO APLICA"]
[null,null,null,null,null,"Sismo - Terremoto","FENÓMENOS NATURALES","Erupción del Volcán Machín","Ninguno","Ninguno","Emisión de recomendaciones a funcionarios a través de video llamadas por parte de grupo interdisciplinario de la oficina  SST ( psicólogo, fisioterapeuta, profesional SST)",2,2,4,"BAJO",25,100,"III","MEJORABLE","NO APLICA","NO APLICA","NO APLICA","Tener en cuenta las recomendaciones dadas en los medios de comunicación de la alcaldía y recomendaciones en el video del ejercicio de la simulación  el día nacional del simulacro. Continuar con las recomendaciones a funcionarios a través de video llamadas por parte de grupo interdisciplinario de la oficina  SST ( psicólogo, fisioterapeuta, profesional SST)  ","NO APLICA"]

{"sheet":"8. GESTIÓN DEL TRANSITO","index":15,"n_rows":116,"n_cols":24,"rows_kept":116,"cut":false,"hidden":true,"merged":[[99,2,115,3],[0,23,3,23],[2,3,3,21],[4,20,4,21],[4,22,4,23],[5,2,5,3],[5,4,5,23],[39,2,75,2],[39,3,42,3],[39,4,42,4],[43,3,75,3],[0,2,3,2],[0,3,1,21],[6,2,7,2],[6,3,7,3],[76,2,98,3],[6,19,6,23],[8,2,38,2],[8,3,28,3],[8,4,28,4],[29,3,38,3],[30,4,38,4],[6,4,7,4],[6,5,6,6],[6,7,7,7],[6,8,6,10],[6,11,6,17]]}
[null,null,null,"PROCESO: SISTEMA INTEGRADO DE GESTIÓN",null,null,null,null,null,null,null,null,null,null,null,null,null,null,null,null,null,null,"Código: FOR-221-PRO-SIG"]
[null,null,null,null,null,null,null,null,null,null,null,null,null,null,null,null,null,null,null,null,null,null,"Versión: 04"]
[null,null,null,"FORMATO: \nIDENTIFICACIÓN DE PELIGROS, EVALUACIÓN Y VALORACIÓN DE LOS RIESGOS \nALCALDÍA MUNICIPAL DE IBAGUÉ",null,null,null,null,null,null,null,null,null,null,null,null,null,null,null,null,null,null,"Fecha: 27/05/2022"]
[null,null,null,null,null,null,null,null,null,null,null,null,null,null,null,null,null,null,null,null,null,null,"Página: 1"]
[null,null,"FECHAS DE ACTUALIZACIÓN: ","2019-02-22","2019-03-09","2019-09-02","2019-09-11","2019-09-24","2019-10-30","2020-07-22","2021-04-09","2022-05-27","2023-07-07","2024-06-27"]
[null,null,"PROCESO:",null,"8. GESTIÓN DEL TRANSITO"]
[null,null,"1. PROCESO ADMINISTRATIVO / OPERATIVO","2. ACTIVIDADES","3. TAREA RUTINARIO (SI O NO)","PELIGRO",null,"6. EFECTOS POSIBLES\n(Salud - Seguridad)","CONTROLES EXISTENTES",null,null,"EVALUACIÓN DEL RIESGO",null,null,null,null,null,null,"VALORACIÓN DEL RIESGO","MEDIDAS DE INTERVENCIÓN"]
[null,null,null,null,null,"4. DESCRIPCIÓN","5. CLASIFICACIÓN",null,"7. FUENTE","8. MEDIO","9. INDIVIDUO","10. NIVEL DE DEFICIENCIA","11. NIVEL DE EXPOSICIÓN","12. NIVEL DE PROBABILIDAD ND X NE","13. INTERPRETACIÓN DEL NIVEL DE PROBABILIDAD","14. NIVEL DE CONSECUENCIA","15. NIVEL DE RIESGO NR E INTERVENCIÓN","16. INTERPRETACIÓN DEL NR","17. ACEPTABILIDAD DEL RIESGO","18 ELIMINACIÓN","19. SUSTITUCIÓN","20. CONTROLES DE INGENIERIA","21. CONTROLES ADMINISTRATIVOS, SEÑALIZACIÓN, ADVERTENCIA","22. ELEMENTOS DE PROTECCIÓN PERSONAL"]
[null,null,"ADMINISTRATIVO","ACTIVIDAD PLANEACIÓN, ELABORACIÓN Y EJECUCION DE DOCUMENTOS. USO DE HERRAMIENTAS TECNOLOGICAS Y VIDEO TERMINALES. INTERACCIONES LABORALES Y ADMINISTRATIVAS (ATENCIÓN AL CIUDADANO); FUNCIONARIOS DE PLANTA Y/O CONTRATO","SI","Públicos                                                               Robos - Orden público - Agresiones verbales por parte de usuarios   ","CONDICIONES DE SEGURIDAD","Golpes, agresiones, incidentes de trabajo ","Cámaras de seguridad","Ninguno","Recomendaciones en inducción y reinducción",6,4,{"$f":"+L9*M9","v":24},{"$f":"IF(N9>=24,\"MUY ALTO\",IF(N9>=10,\"ALTO\",IF(N9>=6,\"MEDIO\",\"BAJO\")))","v":"MUY ALTO"},10,{"$f":"+N9*P9","v":240},{"$f":"IF(Q9>=600,\"I\",IF(Q9>=150,\"II\",IF(Q9>=40,\"III\",IF(Q9>=20,\"IV\"))))","v":"II"},{"$f":"IF(Q9>=600,\"NO ACEPTABLE\",IF(Q9>=150,\"ACEPTABLE CON CONTROL ESPECIFICO\",IF(Q9>=40,\"MEJORABLE\",IF(Q9>=20,\"ACEPTABLE\"))))","v":"ACEPTABLE CON CONTROL ESPECIFICO"},"NINGUNO ","NINGUNO ","Mantenimiento periódico a cámaras de seguridad","*Socializar los planes contingencia para diferentes situaciones  de emergencia    PLA-SIG-204 PLAN DE PREVENCIÓN, PREPARACIÓN Y RESPUESTA ANTE EMERGENCIAS            ","NO APLICA"]
[null,null,null,null,null,"Movimientos Repetitivos\n(Sólo las manos, digitación en teclado y uso de mouse)","BIOMECÁNICO","Síndromes túnel del carpo\n\nSíndrome de Quervain","Ninguno","SVE  Biomecánico ","Ninguno",6,4,{"$f":"+L10*M10","v":24},{"$f":"IF(N10>=24,\"MUY ALTO\",IF(N10>=10,\"ALTO\",IF(N10>=6,\"MEDIO\",\"BAJO\")))","v":"MUY ALTO"},10,{"$f":"+N10*P10","v":240},{"$f":"IF(Q10>=600,\"I\",IF(Q10>=150,\"II\",IF(Q10>=40,\"III\",IF(Q10>=20,\"IV\"))))","v":"II"},{"$f":"IF(Q10>=600,\"NO ACEPTABLE\",IF(Q10>=150,\"ACEPTABLE CON CONTROL ESPECIFICO\",IF(Q10>=40,\"MEJORABLE\",IF(Q10>=20,\"ACEPTABLE\"))))","v":"ACEPTABLE CON CONTROL ESPECIFICO"},"NINGUNO ","NINGUNO ","NINGUNO ","*Implementar el programa de pausas activas INS-SIG-202 INSTRUCTIVO DE PAUSAS ACTIVAS SALUDABLES                                              \n*Continuar con la implementación del Sistema de vigilancia epidemiológico osteomuscular PGR-SIG-205 VIGILANCIA EPIDEMIOLÓGICA PARA LA PREVENCION DE DESÓRDENES MUSCULO-ESQUELÉTICOS","NO APLICA"]
[null,null,null,null,null,"Locativo                                          Superficies de trabajo  irregulares-  Subir y bajar escaleras, escaleras sin bandas antideslizantes, rampa sin pasamanos","CONDICIONES DE SEGURIDAD","Caídas al mismo y distinto nivel, golpes, contusiones","Ninguno","Señalización de advertencia ","Capacitación en prevención de caídas ",6,4,24,"MUY ALTO",10,240,"II",{"$f":"IF(Q11>=600,\"NO ACEPTABLE\",IF(Q11>=150,\"ACEPTABLE CON CONTROL ESPECIFICO\",IF(Q11>=40,\"MEJORABLE\",IF(Q11>=20,\"ACEPTABLE\"))))","v":"ACEPTABLE CON CONTROL ESPECIFICO"},"NINGUNO ","NINGUNO ","Se recomienda la instalación de bandas antideslizantes a superficies de escaleras fijas internas y externas. Instalar pasamanos a rampa de acceso.","*Se recomienda capacitaciones en prevención de caídas al mismo nivel PGR-SIG-203-PROGRAMA PROTECCIÓN CONTRA CAÍDAS\n* Se recomienda  capacitaciones en autocuidado y percepción del riesgo ","NO APLICA"]
[null,null,null,null,null,"Postura Anti gravitacional                            Miembros  inferiores  en la gravedad  ","BIOMECÁNICO","  Lesiones vasculares ","Ninguno","Ninguno","Jornadas de pausas activas ",6,4,24,"MUY ALTO",10,240,"II","ACEPTABLE CON CONTROL ESPECIFICO","NINGUNO ","NINGUNO ","NINGUNO ","* Pausas activas a lo largo de la jornada laboral y sensibilizar sobre su importancia INS-SIG-202 INSTRUCTIVO DE PAUSAS ACTIVAS SALUDABLES    \n* Realizar seguimiento para el S.V.E  para lesiones osteo musculares PGR-SIG-205 VIGILANCIA EPIDEMIOLÓGICA PARA LA PREVENCION DE DESÓRDENES MUSCULO-ESQUELÉTICOS\n* Se recomienda  dotar al puesto de trabajo de una apoyapiés  para mejorar  la postura del trabajador","Apoyapiés "]
[null,null,null,null,null,"Iluminación                                    Deficiente iluminación artificial y natural","FÍSICO ","Cansancio visual,  Fatiga ","Ninguno","Ninguno","Ninguno",2,4,8,"MEDIO",10,80,"III","MEJORABLE","NINGUNO ","NINGUNO ","Realizar estudio de iluminación ","* Se recomienda jornadas de pausas activas visuales INS-SIG-202 INSTRUCTIVO DE PAUSAS ACTIVAS SALUDABLES\n*Se recomienda  estudios ambientales de iluminación en el área\n*Se recomienda laborar con iluminación artificial toda la jornada","NO APLICA"]
[null,null,null,null,null,"Posturas Prolongadas                    (Posición sedente la mayor parte de la jornada laboral)","BIOMECÁNICO","Lumbalgias, Cervicalgias, Mialgias, lesiones y síndromes dolorosos","Ninguno","Ninguno","Ninguno",6,4,24,"MUY ALTO",10,240,"II","ACEPTABLE CON CONTROL ESPECIFICO","NINGUNO ","NINGUNO ","NINGUNO ","*Acondicionar los puestos de trabajo dando cumplimiento a las recomendaciones ergonómicas  \"Biomecánicas\", para lo cual, se deben cumplir los requisitos ergonómicos para trabajos con video terminales, por lo tanto, se debe adecuar la altura y ubicación de las pantallas. \n*Capacitación en  higiene postural, ergonomía en oficina, gimnasia laboral y pausas activas.  \nPGR-SIG-205 VIGILANCIA EPIDEMIOLÓGICA PARA LA PREVENCION DE DESÓRDENES MUSCULO-ESQUELÉTICOS   \nPGR-SIG-201 ESTILOS DE VIDA Y TRABAJO SALUDABLES    \n                                                         "]
[null,null,null,null,null,"Locativo                                   (Cableado del computador expuesto debajo del escritorio)","CONDICIONES DE SEGURIDAD","Se potencializa el riesgo de incendio y accidentes por caídas, chispas, conatos de incendios ","Ninguno","Inspecciones de higiene y seguridad ","Recomendaciones al personal en las inspecciones ergonómicas ",2,4,8,"MEDIO",10,80,"III","MEJORABLE","NINGUNO ","NINGUNO ","NINGUNO ","*Agrupar el cableado eléctrico, utilizando espiral porta cable  y/o canaleta PGR-SIG-204 ORDEN Y ASEO\n*Jornadas de orden y aseo.  \n*Capacitaciones en caídas al mismo nivel PGR-SIG-203-PROGRAMA PROTECCIÓN CONTRA CAÍDAS\n*Continuar con inspecciones de seguridad ","NO APLICA"]
[null,null,null,null,null,"Postura Forzada \nFuera de los ángulos de confort la postura     ","BIOMECÁNICO"," Tendinitis Estamos de manos, espasmos en la parte lumbar ","Ninguno","Ninguno","Jornadas de pausas activas ",6,4,24,"MUY ALTO",10,240,"II","ACEPTABLE CON CONTROL ESPECIFICO","NINGUNO ","NINGUNO ","NINGUNO ","* Pausas activas a lo largo de la jornada laboral y sensibilizar sobre su importancia INS-SIG-202 INSTRUCTIVO DE PAUSAS ACTIVAS SALUDABLES\n* Realizar seguimiento para el S.V.E  para lesiones osteo musculares PGR-SIG-205 VIGILANCIA EPIDEMIOLÓGICA PARA LA PREVENCION DE DESÓRDENES MUSCULO-ESQUELÉTICOS \n* Se recomienda  reubicar la pantalla visual aprovechando el plano de trabajo (L)  para mejorar la postura del trabajador y garantizando que la mano, brazo y muñeca permanezcan en línea recta en el momento de digitar. ","NO APLICA"]
[null,null,null,null,null,"Ruido continuo\nExposición a ruido proveniente del servidor","FÍSICO","* Dolor  de cabeza,\n* poca concentración, \n*Zumbidos  en los oídos   ","Ninguno","Ninguno","Exámenes Médicos ocupacionales\n ",2,4,8,"MEDIO",10,80,"III","MEJORABLE","NINGUNO ","NINGUNO ","*Mantenimiento y/o cambio de las partes del servidor ","*Continuar con la realización de evaluaciones  medicas ocupacionales (ingreso, periódicos y egreso ) PRO-SIG-201 PROCEDIMIENTO EXÁMENES OCUPACIONALES\n* Realizar pausa activa durante la jornada laboral una vez en la mañana y una vez en la tarde,\n* Continuar con el unos de elementos de protección auditiva PRO-SIG-202 PROCEDIMIENTO ADMINISTRACIÓN DE ELEMENTOS DE EPP\n","NO APLICA"]
[null,null,null,null,null,"Mecánico                                                     Manejo de herramientas manuales \n(Grapadora, saca ganchos, perforadora, ganchos legadores)","CONDICIONES DE SEGURIDAD\n","Golpes, heridas, pinchazos, magulladuras de diferentes en los miembros superiores ","Ninguno","Ninguno ","Recomendaciones en inducción y reinducción de SST",2,4,8,"MEDIO",10,80,"III","MEJORABLE","NINGUNO ","NINGUNO ","NINGUNO ","*Capacitación sobre manejo seguro de herramientas.\n*Capacitación en prevención en lesiones de mano.\n*Inspeccionar las diferentes herramientas utilizados en la oficina para labores administrativas, en caso de requerir reposición solicitarla área pertinente. ","NO APLICA"]
[null,null,null,null,null,"Virus, bacterias\nAtención y contacto de usuarios  ","BIOLÓGICO ","Infecciones, enfermedades contagiosas ","Ninguno","Ninguno","Recomendaciones de autocuidado",2,4,8,"MEDIO",10,80,"III","MEJORABLE","NO APLICA","NO APLICA","NO APLICA","* Se recomienda  protocolo lavado de manos  periódico cuando se expone y se tiene contacto  a usuarios enfermos PLA-SIG-206 RETORNO SEGURO AL TRABAJO","Uso de  EPP ( tapabocas) en caso de usuarios enfermos "]
[null,null,null,null,null,"Disconfort Térmico - Exposición a temperaturas altas  extremas  por la inadecuada ventilación, por carga solar sobre la estructura  y concentración  de usuarios. ","FÍSICO","Disconfort térmico,   Alergias, afecciones respiratorias, cefaleas tensionales . ","Ninguno","Ventiladores","Ninguno ",2,4,8,"MEDIO",10,80,"III","MEJORABLE","NINGUNO ","NINGUNO ","*Se recomienda  revisar la posibilidad de instalar en el área de atención de usuarios  aire acondicionado. ","* Se recomienda   dotar de puntos de hidratación (Botellones de agua)  para los funcionarios \n* Se recomienda  ventiladores personales o sistema de aire acondicionado previo estudio de factibilidad ","NO APLICA "]
[null,null,null,null,null,"Radiaciones no Ionizantes, refracción del sol en los video terminales  ","FÍSICO ","Deslumbramientos,  cansancio visual ","Ninguno","Ninguno","Ninguno",2,4,8,"MEDIO",10,80,"III","MEJORABLE","NINGUNO ","NINGUNO ","NINGUNO "," *Se recomienda  instalar blackout en la ventana de  para mitigar los rayos solares en las pantallas visuales de los equipos de computo. ","NO APLICA "]
[null,null,null,null,null,"Ruido\n Ambiental producido por la atención de los usuarios. ","FÍSICO","* Dolor  de cabeza,\n* poca concentración, \n*zumbidos  en los oídos   \n* Cefaleas tensionales ","Ninguno","Ninguno","Exámenes Médicos ocupacionales",2,4,8,"MEDIO",10,80,"III","MEJORABLE","NINGUNO ","NINGUNO ","NINGUNO ","*Continuar con la realización de evaluaciones  medicas ocupacionales (ingreso, periódicos y egreso) PRO-SIG-201 PROCEDIMIENTO EXÁMENES OCUPACIONALES \n* Realizar pausa activa durante la jornada laboral una vez en la mañana y una vez en la tarde ( Si el  usuario l lo permite) INS-SIG-202 INSTRUCTIVO DE PAUSAS ACTIVAS SALUDABLES\n*Campañas  educativas con usuarios de la conservación de la voz . \n","NO APLICA"]
[null,null,null,null,null,"Eléctrico -                                              Baja tensión.                                                 ( Tomas eléctricas, sobrecargadas)","CONDICIONES DE SEGURIDAD","Se potencializa el riesgo de incendio y accidentes por caídas, chispas, conatos de incendios ","Ninguno","Red para atención de incendios , extintores portátiles","Ninguno",2,4,8,"MEDIO",10,80,"III","MEJORABLE","NINGUNO ","NINGUNO ","NINGUNO ","*Agrupar el cableado eléctrico, utilizando espiral porta cable  y/o canaleta. * Jornadas de orden y aseo PGR-SIG-204 ORDEN Y ASEO                   \n*Se recomienda  gestionar  multitomas adicionales para los puestos de trabajo. ","NO APLICA"]
[null,null,null,null,null,"Accidentes de tránsito  Desplazamientos en vehículos y motocicletas de terceros ","CONDICIONES DE SEGURIDAD ","Colisiones con vehículos, Caídas, golpes, contusiones, Accidentes de tránsito ","Ninguno","Ninguno","Reinducción política de seguridad vial. Capacitación en seg viual",2,4,8,"MEDIO",10,80,"III","MEJORABLE","NINGUNO ","NINGUNO ","Mantenimiento a vehículos","*Realizar capacitaciones de prevención de accidentes viales y capacitación de seguridad vial a los diferentes actores viales: motociclista, conductor, peatón, pasajero. \n*Se recomienda un programa de mantenimiento preventivo y correctivo a los vehículos de la administración. \n*Implementación del plan estratégico de seguridad vial PESV PLA-SIG-202 PESV PLAN ESTRATÉGICO DE SEGURIDAD VIAL\n* Se recomienda capacitaciones en seguridad vial a los diferentes actores viales. \n","NO APLICA"]
[null,null,null,null,null," Locativo                              Infraestructura\nAusencia de elemento que minimice el riesgo de caída en épocas de lluvia. ","CONDICIONES DE SEGURIDAD","Caídas por piso liso","Ninguno","Ninguno","Capacitación en prevención de caídas ",2,4,8,"MEDIO",10,80,"III","MEJORABLE","NO SE REQUIERE","NO SE REQUIERE","Instalar un tapete antihumedad en la entrada al edificio principal, con el objetivo de evitar que los usuarios y funcionarios dejen el piso liso por lluvia","*Continuar con el uso de señalización cada que llueve\n*Diseñar protocolo de seguridad y socializarlo, con le fin de garantizar seguridad a menores de edad y adultos\nPGR-SIG-203-PROGRAMA PROTECCIÓN CONTRA CAÍDAS","NO APLICA"]
[null,null,null,null,null," Locativo                                Infraestructura \n(Superficies - piso resbaloso)\n","CONDICIONES DE SEGURIDAD","*Caída al mismo nivel\n*Golpes\n*Fracturas","Ninguno","Ninguno","Capacitación en prevención de caídas",2,4,8,"MEDIO",10,80,"III","MEJORABLE","NO APLICA","NO APLICA","NO APLICA","*Solicitar a servicios generales no aplicar sustancias que como consecuencia quede el piso liso, con el fin de evitar accidentes por caídas PGR-SIG-203-PROGRAMA PROTECCIÓN CONTRA CAÍDAS","NO APLICA"]
[null,null,null,null,null,"Sismo - Temblores                  ","FENÓMENOS NATURALES","*Daños materiales (Pérdida total)\n*Heridas y lesiones graves\n*Accidentes de trabajo \n*Muerte","Construcción sismo resistente","Se han realizado simulacros de . Señalización de evacuación","Capacitación en atención de emergencias ",2,2,4,"BAJO",100,400,"II","ACEPTABLE CON CONTROL ESPECIFICO","NO SE REQUIERE","NO SE REQUIERE","NO SE REQUIERE","*Se sugiere solicitar al propietario d ella edificación los planos de instalaciones eléctricas, hidráulicas y de sismo resistencia de las instalaciones. \n*Capacitar al personal en actuación ante emergencias. \n*Instalar afiches de señalización donde se establezca protocolo en caso de evacuación. \nPLA-SIG-204 PLAN DE PREVENCIÓN, PREPARACIÓN Y RESPUESTA ANTE EMERGENCIAS ","NO APLICA"]
[null,null,null,null,null," Locativo                                Infraestructura -\n(Laminas de vidrio al frente de las ventanillas)\n","CONDICIONES DE SEGURIDAD","Heridas","Ninguno","Ninguno","Ninguno",2,4,8,"MEDIO",10,80,"III","MEJORABLE","NO APLICA","NO APLICA","NO APLICA","*Instalar película de seguridad transparente en las láminas de vidrio de las ventanillas con el fin de evitar rupturas de las mismas","NO APLICA"]
[null,null,null,null,null," Locativo                               Infraestructura -\nAusencia de elemento que minimice el riesgo de caída en épocas de lluvia. ","CONDICIONES DE SEGURIDAD","Caídas por piso liso","Ninguno","Ninguno","Ninguno",2,4,8,"MEDIO",10,80,"III","MEJORABLE","NO SE REQUIERE","NO SE REQUIERE","Instalar un tapete antihumedad en la entrada al edificio principal, con el objetivo de evitar que los usuarios y funcionarios dejen el piso liso por lluvia","Continuar con el uso de señalización cada que llueve PGR-SIG-203-PROGRAMA PROTECCIÓN CONTRA CAÍDAS","NO APLICA"]
[null,null,null,"TRANSFERENCIAS DOCUMENTALES. MANEJO DE CORRESPONDENCIA. ACTIVIDAD MANEJO DE ARCHIVO; FUNCIONARIOS DE PLANTA Y/O CONTRATO","SI","Tecnológico                       Explosiones -  Material Combustible por el archivo","CONDICIONES DE SEGURIDAD  ","Accidentes, Muerte, quemaduras, perdida de información ","Ninguno ","Sistema de atención de incendios ","Capacitación de seguridad en archivos ",2,2,4,"BAJO",100,400,"II","ACEPTABLE CON CONTROL ESPECIFICO","NINGUNO ","NINGUNO ","*Mantenimiento, recarga, demarcar y señalizar los extintores ","*Socialización de los planes de emergencia. Capacitación evacuación y control de incendios\n* Protocolos de atención de emergencias PLA-SIG-204 PLAN DE PREVENCIÓN, PREPARACIÓN Y RESPUESTA ANTE EMERGENCIAS","NO APLICA "]
[null,null,null,null,"SI","Movimientos Repetitivos\nArchivar documentos  ","BIOMECÁNICO","Síndromes túnel del carpo\n\nSíndrome de Quervain","Ninguno","SVE  Biomecánico ","Ninguno",6,4,24,"MUY ALTO",10,240,"II","ACEPTABLE CON CONTROL ESPECIFICO","NINGUNO ","NINGUNO ","NINGUNO ","*Implementar el programa de pausas activas INS-SIG-202 INSTRUCTIVO DE PAUSAS ACTIVAS SALUDABLES                                                                                                         \n*Continuar con la implementación del Sistema de vigilancia epidemiológico osteomuscular PGR-SIG-205 VIGILANCIA EPIDEMIOLÓGICA PARA LA PREVENCION DE DESÓRDENES MUSCULO-ESQUELÉTICOS    ","NO APLICA"]
[null,null,null,null,null,"Postura Forzada \nFuera de los ángulos de confort la postura     ","BIOMECÁNICO"," Tendinitis Estamos de manos, espasmos en la parte lumbar ","Silla ergonómica ","Ninguno","Jornadas de pausas activas ",6,4,24,"MUY ALTO",10,240,"II","ACEPTABLE CON CONTROL ESPECIFICO","NINGUNO ","NINGUNO ","NINGUNO ","* Pausas activas a lo largo de la jornada laboral y sensibilizar sobre su importancia , * Realizar seguimiento para el S.V.E  para lesiones osteo musculares.* Se recomienda retirar el apoyabrazos de la silla  para mejorar la postura del trabajador y garantizando que la mano, brazo y muñeca permanezcan en línea recta en el momento de digitar. \nINS-SIG-202 INSTRUCTIVO DE PAUSAS ACTIVAS SALUDABLES","NO APLICA"]
[null,null,null,null,null,"Material Particulado Acumulación de material particulado (polvo) en la documentación del área de archivo. ","QUÍMICO","Irritaciones, alergias a nivel respiratorio","Limpieza periódica a los archivos ","Ninguno","capacitación en seguridad de los archivos",2,4,8,"MEDIO",10,80,"III","MEJORABLE","NINGUNO ","NINGUNO ","NINGUNO ","*Exámenes periódicos anualmente al personal  expuesto con espirometrías PRO-SIG-201 PROCEDIMIENTO EXÁMENES OCUPACIONALES\n* Inspecciones de seguridad. Realizar reinducción SST ","Uso de tapabocas obligatorio"]
[null,null,null,null,null,"Manipulación manual de cargas                                              Elevar y bajar de altura las cajas de archivo ","BIOMECÁNICO","Hernias Discales - Bursitis de hombro - Bursitis de rodilla ","Ninguno","Ninguno","Capacitación manejo adecuado de cargas ",6,4,24,"MUY ALTO",10,240,"II","ACEPTABLE CON CONTROL ESPECIFICO","NINGUNO ","NINGUNO ","NINGUNO ","*Continuar con la implementación del sistema de vigilancia epidemiológico osteomuscular.                                                                             \n*Continuar con la capacitación y  permanente  en  higiene postural, ergonomía en oficina, gimnasia laboral y pausas activas.  \nPGR-SIG-205 VIGILANCIA EPIDEMIOLÓGICA PARA LA PREVENCION DE DESÓRDENES MUSCULO-ESQUELÉTICOS  \nINS-SIG-202 INSTRUCTIVO DE PAUSAS ACTIVAS SALUDABLES                        ","NO APLICA"]
[null,null,null,null,null,"Movimientos repetitivos  Abrir y cerrar las estanterías móviles del archivo ","BIOMECÁNICO ","Síndrome del Túnel Carpiano, Manguito rotador ","Ninguno","Ninguno","Pausas Activas Implementación del SVE DMO ",2,4,8,"MEDIO",10,80,"III","MEJORABLE","NINGUNO ","NINGUNO ","NINGUNO ","*Implementar el programa de pausas activas                                                                 \n*Implementación del Sistema de vigilancia epidemiológico desordes musculo esqueléticos, con el fin de identificar las personas con sintomatología y hacer el respectivo seguimiento y control de los diagnósticos médicos que se presenten.\nPGR-SIG-205 VIGILANCIA EPIDEMIOLÓGICA PARA LA PREVENCION DE DESÓRDENES MUSCULO-ESQUELÉTICOS  \nINS-SIG-202 INSTRUCTIVO DE PAUSAS ACTIVAS SALUDABLES                        ","NO APLICA"]
[null,null,null,null,null,"Hongos- Bacterias       Presencia en el archivo antiguo ","BIOLÓGICO ","Afecciones respiratorias, dea","Fumigación ","Ninguno","Capacitación en seguridad en los archivos - Uso de EPP (Guantes, mascarilla) ",6,4,24,"MUY ALTO",10,240,"II","ACEPTABLE CON CONTROL ESPECIFICO","NINGUNO ","NINGUNO ","NINGUNO ","* Digitalización de archivo antiguo. ","Uso de guantes de nitrilo y tapabocas "]
[null,null,null,null,null,"Movimientos repetitivos Consulta, digitación, foliar archivo Archivar documentos y   relación en el sistema.","BIOMECÁNICO ","Síndrome del Túnel Carpiano, Manguito rotador ","Ninguno","Ninguno","Pausas Activas Implementación del SVE DMO ",6,4,24,"MUY ALTO",10,240,"II","ACEPTABLE CON CONTROL ESPECIFICO","NINGUNO ","NINGUNO ","NINGUNO ","*Implementar el programa de pausas activas                                                                 *Implementación del Sistema de vigilancia epidemiológico desordes musculo esqueléticos, con el fin de identificar las personas con sintomatología y hacer el respectivo seguimiento y control de los diagnósticos médicos que se presenten.\nPGR-SIG-205 VIGILANCIA EPIDEMIOLÓGICA PARA LA PREVENCION DE DESÓRDENES MUSCULO-ESQUELÉTICOS  \nINS-SIG-202 INSTRUCTIVO DE PAUSAS ACTIVAS SALUDABLES                        ","NO APLICA"]
[null,null,null,null,null,"Locativo                             Sistemas de almacenamiento y condiciones técnico ambientales inadecuados del archivo.                           ","CONDICIONES DE SEGURIDAD","Accidentes de trabajo -  Deterioro del archivo - Caídas de objetos ","Ninguno","Ninguno","Ninguno",2,4,8,"MEDIO",10,80,"III","MEJORABLE","NINGUNO ","NINGUNO ","Se recomienda que el archivo cuente con rejas  en la parte exterior para la seguridad de la información.","*Implementar programa de orden y aseo PGR-SIG-204 ORDEN Y ASEO","NO APLICA"]
[null,null,null,null,null,"Locativo                                      Falta de orden y aseo  por los elementos sin dar de baja ","CONDICIONES DE SEGURIDAD ","Caídas al mismo nivel, incidentes, golpes, proliferación de animales ","Ninguno","Ninguno ","Ninguno ",2,4,8,"MEDIO",10,80,"III","MEJORABLE","NINGUNO ","NINGUNO ","NINGUNO ","*Capacitaciones en caídas al mismo nivel  al personal expuesto PGR-SIG-203-PROGRAMA PROTECCIÓN CONTRA CAÍDAS\n* Se recomienda jornadas de orden y aseo en el archivo PGR-SIG-204 ORDEN Y ASEO\n* Se recomienda dar de baja a los elementos sin utilizar en el archivo para evitar la proliferación de animales. \n*Realizar reinducción SST","NO APLICA"]
[null,null,"OPERATIVO","ACTIVIDAD DESPLAZAMIENTO A EVENTOS Y REUNIONES INSTITUCIONALES,  INSPECCIONES, VISITAS TÉCNICAS (DE CAMPO), ACTIVIDADES DE BIENESTAR DEPORTIVAS Y CULTURALES FUERA DE LA SEDE; APLICA PARA FUNCIONARIOS DE PLANTA Y/O CONTRATISTAS","SI","Accidentes de transito  Desplazamientos en zona urbana para asistir a las reuniones ","CONDICIONES DE SEGURIDAD ","Accidentes de transito, golpes, contusiones ","Mantenimiento a vehículos ","Ninguno","Capacitación en seguridad vial- retroalimentación política de seguridad vial- ",2,4,8,"MEDIO",10,80,"III","MEJORABLE","NINGUNO ","NINGUNO ","NINGUNO ","*Realizar capacitaciones de prevención de accidentes viales y capacitación de seguridad vial a los diferentes actores viales: motociclista, conductor, peatón, pasajero. \n* Se recomienda un programa de mantenimiento preventivo y correctivo a los vehículos de la administración. \n* Implementación del plan estratégico de seguridad vial PESV\n* Se recomienda capacitaciones en seguridad vial a los diferentes actores viales. \nPLA-SIG-202 PESV PLAN ESTRATÉGICO DE SEGURIDAD VIAL","NO APLICA"]
[null,null,null,null,null,"Accidentes de tránsito                           (En los desplazamientos hacia la Alcaldía)\nVER MATRIZ RIESGO VIAL","CONDICIONES DE SEGURIDAD","*Muerte \n*Lesiones graves en el cuerpo entero\n*Atrapamiento por accidentes vehiculares","Ninguno","Vehículos de la empresa con mantenimiento preventivo y correctivo. ","Sensibilización en seguridad vial \n\nCapacitación en prevención de accidentes de trabajo en la vía",2,2,4,"BAJO",100,400,"II","ACEPTABLE CON CONTROL ESPECIFICO","NINGUNO ","NINGUNO ","NINGUNO ","*Dar cumplimiento al plan de capacitación del PESV \n*Realizar seguimiento al  uso adecuado del vehículo. \n*Ver matriz de riesgo vial de la empresa, donde se detalla cada uno de los peligros en la parte vial.  \nPLA-SIG-202 PESV PLAN ESTRATÉGICO DE SEGURIDAD VIAL\n*Se recomienda realizar inspección pre operacional de vehículos de la empresa, para identificar condiciones del mismo. ","NO APLICA"]
[null,null,null,null,null,"Públicos                                                               Robos - Orden público  en vías publicas ","CONDICIONES DE SEGURIDAD","Golpes, fracturas, Muerte","Ninguno","Instalación de cámaras","capacitación en emergencias a brigadistas",2,2,4,"BAJO",100,400,"II","ACEPTABLE CON CONTROL ESPECIFICO","NINGUNO ","NINGUNO ","Mantenimiento a cámaras de seguridad","*Diseñar e implementar  planes contingencia para diferentes situaciones  de emergencia, que hacen referencia a riesgo público PLA-SIG-204 PLAN DE PREVENCIÓN, PREPARACIÓN Y RESPUESTA ANTE EMERGENCIAS                   ","NO APLICA"]
[null,null,null,null,null,"Accidentes de tránsito                           Desplazamientos  visitas de los parqueaderos\nVER MATRIZ RIESGO VIAL","CONDICIONES DE SEGURIDAD","*Muerte \n*Lesiones graves en el cuerpo entero\n*Atrapamiento por accidentes vehiculares","Ninguno","Vehículos de la empresa con mantenimiento preventivo y correctivo. ","Sensibilización en seguridad vial \n\nCapacitación en prevención de accidentes de trabajo en la vía",2,2,4,"BAJO",100,400,"II","ACEPTABLE CON CONTROL ESPECIFICO","NINGUNO ","NINGUNO ","NINGUNO ","*Dar cumplimiento al plan de capacitación del PESV \n*Realizar seguimiento al  uso adecuado del vehículo. \n*Ver matriz de riesgo vial de la empresa, donde se detalla cada uno de los peligros en la parte vial.  \nPLA-SIG-202 PESV PLAN ESTRATÉGICO DE SEGURIDAD VIAL \n*Se recomienda realizar inspección pre operacional de vehículos de la empresa, para identificar condiciones del mismo. ","NO APLICA "]
[null,null,null,"CONTROL DEL TRANSITO; FUNCIONARIOS DE PLANTA Y/O CONTRATO","SI","Postura Prolongada (Postura sedente más del 75% de la jornada laboral en trabajo con video terminales)","BIOMECÁNICO","*Dolor lumbar inespecífico\n*Espasmos musculares","No aplica","Ninguno","Ninguno",6,4,24,"MUY ALTO",10,240,"II","ACEPTABLE CON CONTROL ESPECIFICO","NO APLICA","Se recomienda suministrar silla ergonómica. \n\nSe recomienda realizar cambio del escritorio que actualmente tiene debido a que no permite la adopción de posturas adecuadas ","NO SE REQUIERE","*Realizar re inducción en higiene postural de oficina. \n*Realizar pausas activas en el área INS-SIG-202 INSTRUCTIVO DE PAUSAS ACTIVAS SALUDABLES                                               \n*Continuar con las actividades del programa de vigilancia epidemiológico  para prevención de desordenes musculo esqueléticas asociadas al peligro biomecánico\nPGR-SIG-205 VIGILANCIA EPIDEMIOLÓGICA PARA LA PREVENCION DE DESÓRDENES MUSCULO-ESQUELÉTICOS                                                                           ","NO APLICA"]
[null,null,null,null,"SI","Movimientos repetitivos  \n(Digitación)","BIOMECÁNICO","Síndrome de Túnel del Carpo ( STC).\nSíndrome de Quervain","Ninguno","Diseño del sistema (puesto) de trabajo adecuado.","Alterna varias labores",6,4,24,"MUY ALTO",10,240,"II","ACEPTABLE CON CONTROL ESPECIFICO","NO SE REQUIERE","NO SE REQUIERE","NO SE REQUIERE","*Se recomienda la implementación permanente de pausas activas durante la jornada laboral INS-SIG-202 INSTRUCTIVO DE PAUSAS ACTIVAS SALUDABLES                                                                                                                                     ","NO APLICA"]
[null,null,null,null,"SI","Disconfort Térmico - Exposición a temperaturas altas por la inadecuada ventilación natural y artificial","FÍSICO","Disconfort térmico,   Alergias, afecciones respiratorias, cefaleas tensionales . ","Ninguno","Ninguno ","Recomendaciones en inducción y reinducción de SST- capacitación en autocuidado",2,4,8,"MEDIO",10,80,"III","MEJORABLE","NINGUNO ","NINGUNO ","NINGUNO ","Realizar reinducción . Suministrar e.p.p PRO-SIG-202 PROCEDIMIENTO ADMINISTRACIÓN DE ELEMENTOS DE EPP \n","Camisa manga larga y gorra"]
[null,null,null,null,"SI","Radiaciones No ionizantes                                   (Exposición permanente a pantallas del computador)","FÍSICO ","*Fatiga visual","Uso de pantalla antirreflejo","Diseño del sistema (puesto) de trabajo adecuado.","Ninguno",2,4,8,"MEDIO",10,80,"III","MEJORABLE","NO APLICA","NO SE REQUIERE","NO SE REQUIERE","*Se recomienda la implementación permanente de pausas activas durante la jornada laboral INS-SIG-202 INSTRUCTIVO DE PAUSAS ACTIVAS SALUDABLES                                                                                                                                                                    ","NO APLICA"]
[null,null,null,null,"SI","Locativo - Cableado del computador expuesto debajo del escritorio","CONDICIONES DE SEGURIDAD","Se potencializa el riesgo de incendio y accidentes por caídas, chispas, conatos de incendios ","Ninguno","Ninguno","Ninguno",2,4,8,"MEDIO",10,80,"III","MEJORABLE","NINGUNO ","NINGUNO ","NINGUNO ","*Agrupar el cableado eléctrico, utilizando espiral porta cable  y/o canaleta. * Jornadas de orden y aseo.  PGR-SIG-204 ORDEN Y ASEO\n* Capacitaciones en caídas al mismo nivel. PGR-SIG-203-PROGRAMA PROTECCIÓN CONTRA CAÍDAS\n","NO APLICA"]
[null,null,null,null,"SI","Accidentes de tránsito                      \n     \n(En los desplazamientos en las vías)\nVER MATRIZ DE RIESGO VIAL ","CONDICIONES DE SEGURIDAD","*Muerte \n*Lesiones graves en el cuerpo entero\n*Atrapamiento vehicular","Ninguno","Vehículos de la empresa con mantenimiento preventivo y correctivo. ","Ninguno",2,2,4,"BAJO",100,400,"II","ACEPTABLE CON CONTROL ESPECIFICO","NO APLICA","NO APLICA","*Se debe empezar a realizar la inspección pre operacional de vehículos de la empresa, para identificar condiciones del mismo \"Por parte de los conductores\". ","*Dar cumplimiento al plan de capacitación del PESV según el rol (Pasajero - Conductor - Peatón)\n*Realizar sensibilización en seguridad vial \nPLA-SIG-202 PESV PLAN ESTRATÉGICO DE SEGURIDAD VIAL","NO APLICA"]
[null,null,null,null,"SI","Locativo\nSuperficies de trabajo  irregulares y  desniveladas                                 (Desplazamiento en los diferentes áreas)","CONDICIONES DE SEGURIDAD","*Golpes \n*Caídas\n*Fracturas","Ninguno","Ninguno","Capacitación en prevención de caídas ",2,4,8,"MEDIO",10,80,"III","MEJORABLE","NO APLICA","NO APLICA","NO APLICA","*Se recomienda uso de calzado adecuado y de tacón bajo según el área a visitar, con el fin de evitar caídas PGR-SIG-203-PROGRAMA PROTECCIÓN CONTRA CAÍDAS \n*Realizar Reinducción.  ","Uso de calzado bajo "]
[null,null,null,null,"SI","Picaduras                      (Exposición con animales en las vías públicas)","BIOLÓGICO","Infecciones","No aplica","No aplica","uso de camisa larga ",2,4,8,"MEDIO",10,80,"III","MEJORABLE","NO APLICA","NO APLICA","NO APLICA","*Se recomienda capacitar en prevención por mordeduras o picaduras en vías públicas EST-SIG-01 ESTANDAR DE SEGURIDAD PARA ACTIVIDADES FUERA DE LA SEDE\n","NO APLICA"]
[null,null,null,null,"SI","Mordeduras                             (Exposición con animales en las vías públicas)","BIOLÓGICO","Infecciones","No aplica","No aplica","camisa manga larga y botas altas ",2,4,8,"MEDIO",10,80,"III","MEJORABLE","NO APLICA","NO APLICA","NO APLICA","*Se recomienda capacitar en prevención por mordeduras o picaduras en vías públicas EST-SIG-01 ESTANDAR DE SEGURIDAD PARA ACTIVIDADES FUERA DE LA SEDE\n","NO APLICA"]
[null,null,null,null,"SI","Radiaciones no ionizantes                                                 Exposición a luz solar en actividades externas ","FÍSICO","Incomodidad - Insolación ","Ninguno","Ninguno","uso de camisa larga ",2,4,8,"MEDIO",10,80,"III","MEJORABLE","NINGUNO ","NINGUNO ","NINGUNO ","*Continuar el uso de camisa manga larga y cachucha en el desarrollo de la actividad EST-SIG-01 ESTANDAR DE SEGURIDAD PARA ACTIVIDADES FUERA DE LA SEDE","Ropa manga larga \nCachucha"]
[null,null,null,null,"NO","Lluvias Torrenciales             ","FENÓMENOS NATURALES","Hipotermia","No hay","hay elementos para atención de emergencias en caso de requerirse","Capacitación  en actuación ante emergencias \n\nUso de carpas e impermeables",2,4,8,"MEDIO",10,80,"III","MEJORABLE","NO SE REQUIERE","NO SE REQUIERE","NO SE REQUIERE","*Capacitar al personal en normas de seguridad en la vía pública EST-SIG-01 ESTANDAR DE SEGURIDAD PARA ACTIVIDADES FUERA DE LA SEDE","Uso de impermeable"]
[null,null,null,null,"SI","Material Particulado  \nExposición a material\nparticulado en los desplazamientos terrestres ","QUÍMICO      ","Alergias respiratorias,\nneumonitis, en algunos casos cáncer.","Ninguno ","Ninguno ","Ninguno ",2,4,8,"MEDIO",10,80,"III","MEJORABLE","NINGUNO ","NINGUNO ","NINGUNO ","*Pausas activas o descansos durante los desplazamientos terrestres INS-SIG-202 INSTRUCTIVO DE PAUSAS ACTIVAS SALUDABLES                     \n","NO APLICA"]
[null,null,null,null,"SI","Público\n(Robos - Atracos - Asaltos)","CONDICIONES DE SEGURIDAD","*Golpes\n*Agresiones verbales y físicas \n*Atentados violentos\n*Heridas\n*Muerte","Ninguno","Ninguno","Ninguno",2,2,4,"BAJO",100,400,"II","ACEPTABLE CON CONTROL ESPECIFICO","NO APLICA","NO APLICA","NO APLICA","*Socializar los planes contingencia para diferentes situaciones  de emergencia específicamente riesgo público PLA-SIG-204 PLAN DE PREVENCIÓN, PREPARACIÓN Y RESPUESTA ANTE EMERGENCIAS ","NO APLICA"]
[null,null,null,null,"SI","Público\n(Agresiones verbales - Actos Violentos)","CONDICIONES DE SEGURIDAD","*Golpes\n*Agresiones verbales y físicas \n*Atentados violentos\n*Heridas\n*Muerte","Ninguno","Ninguno","Capacitación en comunicación asertiva",2,2,4,"BAJO",100,400,"II","ACEPTABLE CON CONTROL ESPECIFICO","NO APLICA","NO APLICA","NO APLICA","*Socializar los planes contingencia para diferentes situaciones  de emergencia específicamente riesgo público PLA-SIG-204 PLAN DE PREVENCIÓN, PREPARACIÓN Y RESPUESTA ANTE EMERGENCIAS ","NO APLICA"]
[null,null,null,null,"SI","Locativo\nSuperficies de trabajo  irregulares y  desniveladas                                 (Desplazamiento en vías externas)","CONDICIONES DE SEGURIDAD","*Golpes \n*Caídas\n*Fracturas","Ninguno","Ninguno","Capacitación en prevención de caídas - botas caña alta ",2,4,8,"MEDIO",10,80,"III","MEJORABLE","NINGUNO ","NINGUNO ","NINGUNO "," * Capacitaciones en caídas distinto y al mismo nivel. \n* Continuar con el uso de las botas de seguridad . \n* Se recomienda percepción del riesgo en las actividades de emergencias externas. \nPGR-SIG-203-PROGRAMA PROTECCIÓN CONTRA CAÍDAS","NO APLICA"]
[null,null,null,null,"NO","Derrumbes\nExposición a derrumbes  y condiciones climáticas en la vía ","FENÓMENOS NATURALES ","Lesiones - Accidentes de transito ","Ninguno ","Ninguno ","Ninguno ",2,4,8,"MEDIO",10,80,"III","MEJORABLE","NINGUNO ","NINGUNO ","NINGUNO ","Ruto gramas de las vías. Implementación del PESV\nPLA-SIG-202 PESV PLAN ESTRATÉGICO DE SEGURIDAD VIAL  ","NO APLICA "]
[null,null,null,null,"NO","Lluvias Torrenciales             (Condiciones climáticas)","FENÓMENOS NATURALES","Hipotermia","No hay","hay elementos para atención de emergencias en caso de requerirse","Capacitación  en actuación ante emergencias \n\nUso de carpas e impermeables",2,4,8,"MEDIO",10,80,"III","MEJORABLE","NO SE REQUIERE","NO SE REQUIERE","NO SE REQUIERE","*Capacitar al personal en normas de seguridad en la vía pública PLA-SIG-204 PLAN DE PREVENCIÓN, PREPARACIÓN Y RESPUESTA ANTE EMERGENCIAS","Uso de impermeable"]
[null,null,null,null,"SI","Accidentes de tránsito                      \n     \n(En la vía)\n\nVER MATRIZ DE RIESGO VIAL ","CONDICIONES DE SEGURIDAD","*Muerte \n*Lesiones graves en el cuerpo entero\n*Atrapamiento vehicular\n*Heridas","Mantenimiento periódico a vehículos","Ninguno","Capacitación en seguridad vial ",2,2,4,"BAJO",100,400,"II","ACEPTABLE CON CONTROL ESPECIFICO","NINGUNO ","NINGUNO ","NINGUNO ","*Dar cumplimiento al plan de capacitación del PESV según el rol (Pasajero - Conductor - Peatón)\n*Realizar sensibilización en seguridad vial \n* Implementación del plan estratégico de seguridad vial \nPLA-SIG-202 PESV PLAN ESTRATÉGICO DE SEGURIDAD VIAL","NO APLICA"]
[null,null,null,null,"SI","Mecánico                                                 Fallas mecánicas de la motocicleta que se desplazan todo el tiempo","CONDICIONES DE SEGURIDAD ","Accidentes de transito, Lesiones y traumas ","Mantenimientos de la motocicleta ","Ninguno ","Capacitación en seguridad vial",2,4,8,"MEDIO",10,80,"III","MEJORABLE","NINGUNO ","NINGUNO ","Mantenimientos correctivos y/o preventivos de la motocicleta . Kit de herramientas ","Inspecciones pre operacionales del vehículo. Capacitaciones en manejo defensivo al trabajador capacitaciones en buenas practicas y conductas seguras de movilidad. Capacitaciones en normas básicas mecánica \n*Implementación del Plan Estratégico de Seguridad Vial PLA-SIG-202 PESV PLAN ESTRATÉGICO DE SEGURIDAD VIAL","NO APLICA "]
[null,null,null,null,"SI"," Eléctrico                                                Fallas eléctricas de la motocicleta ","CONDICIONES DE SEGURIDAD ","Accidentes de transito","Mantenimientos de la motocicleta ","Ninguno ","Ninguno ",2,4,8,"MEDIO",10,80,"III","MEJORABLE","NINGUNO ","NINGUNO ","Mantenimientos correctivos y/o preventivos de la motocicleta . Kit de herramientas ","Inspecciones pre operacionales del vehículo. Capacitaciones en buenas practicas y conductas seguras de movilidad. Capacitaciones en normas básicas mecánica\n*Implementación del Plan Estratégico de Seguridad Vial PLA-SIG-202 PESV PLAN ESTRATÉGICO DE SEGURIDAD VIAL","NO APLICA "]
[null,null,null,null,"SI","Humus \n(Polución atmosférica)","QUÍMICO","Irritaciones, alergias a nivel respiratorio","Ninguno","Ninguno","Ninguno",2,4,8,"MEDIO",10,80,"III","MEJORABLE","NINGUNO ","NINGUNO ","NINGUNO ","*Exámenes periódicos anualmente al personal  expuesto con espirometrías PRO-SIG-201 PROCEDIMIENTO EXÁMENES OCUPACIONALES","Uso de tapabocas obligatorio"]
[null,null,null,null,"SI","Mecánico \n\n(Contacto con vehículos  que se desplazan por las vías)","CONDICIONES DE SEGURIDAD","*Muerte \n*Atrapamiento vehicular\n*Atropello o golpes con vehículos ","Ninguno","Ninguno","Ninguno",2,2,4,"BAJO",100,400,"II","ACEPTABLE CON CONTROL ESPECIFICO","NINGUNO ","NINGUNO ","NINGUNO ","*Dar cumplimiento al plan de capacitación del PESV según el rol (Pasajero - Conductor - Peatón)\n*Realizar sensibilización en seguridad vial \n* Implementación del plan estratégico de seguridad vial PLA-SIG-202 PESV PLAN ESTRATÉGICO DE SEGURIDAD VIAL ","NO APLICA"]
[null,null,null,null,"SI","Ruido                                             Ambiental generado por la exposición a los ruidos de la calle ","FÍSICO                              ","Fatiga, molestias para el desarrollo de la labor, dolor de cabeza, desconcentración ","Ninguno ","Ninguno ","Ninguno ",2,4,8,"MEDIO",10,80,"III","MEJORABLE","NINGUNO ","NINGUNO ","NINGUNO ","Realizar medición ambiental para verificar los niveles de ruido","NO APLICA "]
[null,null,null,null,"SI","Virus\n(Presentes en el ambiente, en las vías públicas)","BIOLÓGICO ","Alergias, infecciones, dolor de cabeza ","Ninguno ","Ninguno ","Recomendaciones de autocuidado- uso de mascarilla respiratoria",2,4,8,"MEDIO",10,80,"III","MEJORABLE","NINGUNO ","NINGUNO ","NINGUNO ","* Se recomienda suministro de gel antibacterial y lavado de manos PLA-SIG-206 RETORNO SEGURO AL TRABAJO","NO APLICA "]
[null,null,null,null,"SI","Virus\n(Exposición en la atención de primeros auxilios en accidentes de transito)","BIOLÓGICO ","Enfermedades infectocontagiosas","Ninguno ","Ninguno ","Recomendaciones de autocuidado- uso de mascarilla respiratoria y guantes ",2,4,8,"MEDIO",10,80,"III","MEJORABLE","NINGUNO ","NINGUNO ","NINGUNO ","* Se recomienda suministro de gel antibacterial y lavado de manos\n*Capacitación en prevención de enfermedades por exposición a fluidos corporales. \nPLA-SIG-206 RETORNO SEGURO AL TRABAJO","Uso de guantes  - Tapa bocas"]
[null,null,null,null,"NO","Sismo - Temblores                  ","FENÓMENOS NATURALES","*Daños materiales (Pérdida total)\n*Heridas y lesiones graves\n*Accidentes de trabajo \n*Muerte","No hay","hay elementos para atención de emergencias en caso de requerirse","Capacitación  en actuación ante emergencias ",2,2,4,"BAJO",100,400,"II","ACEPTABLE CON CONTROL ESPECIFICO","NO SE REQUIERE","NO SE REQUIERE","NO SE REQUIERE","*Se sugiere solicitar a la gerencia estudio de vulnerabilidad y sismo resistencia de las instalaciones. \n*Capacitar al personal en actuación ante emergencias. \nPLA-SIG-204 PLAN DE PREVENCIÓN, PREPARACIÓN Y RESPUESTA ANTE EMERGENCIAS","NO APLICA"]
[null,null,null,null,"NO","Erupción volcán machín           ","FENÓMENOS NATURALES","*Daños materiales (Pérdida total)\n*Heridas y lesiones graves\n*Accidentes de trabajo \n*Muerte","No hay","Ninguno","Capacitación  en actuación ante emergencias ",2,2,4,"BAJO",100,400,"II","ACEPTABLE CON CONTROL ESPECIFICO","NO SE REQUIERE","NO SE REQUIERE","NO SE REQUIERE","*Seguir las instrucciones que el departamento suministra para  casos de emergencia por posible erupción del Volcán.                                                                                              \n*Solicitar capacitación al ente respectivo sobre actuación en caso de erupción del volcán machín. \n*Capacitar en actuación ante emergencias en caso de erupción del volcán machín a todo el personal.  \nPLA-SIG-204 PLAN DE PREVENCIÓN, PREPARACIÓN Y RESPUESTA ANTE EMERGENCIAS\n*Actualizar plan de emergencias incluyendo el PON por posible erupción del volcán machín y socializar a los trabajadores. ","NO APLICA"]
[null,null,null,null,"SI","Público\n(Agresiones verbales y/o físicas de parte de usuarios y funcionarios)","CONDICIONES DE SEGURIDAD","*Golpes\n*Agresiones verbales y físicas \n*Heridas\n*Muerte","Ninguno","Ninguno","Capacitación en comunicación asertiva",2,2,4,"BAJO",100,400,"II","ACEPTABLE CON CONTROL ESPECIFICO","NO APLICA","NO APLICA","NO APLICA","*Actualizar el plan de emergencias de todas las sedes, incluyendo los planes operativos normalizados en caso de situaciones de emergencia en riesgo público especifico para cada sede y socializarlo a todo el personal.     \n* Rondas de seguridad por parte de la Policía Nacional \nPLA-SIG-204 PLAN DE PREVENCIÓN, PREPARACIÓN Y RESPUESTA ANTE EMERGENCIAS\n*Se recomienda instalar cámaras de seguridad y asignar vigilancia para el área\n*Capacitar al personal en actuación ante emergencias en riesgo público. ","NO APLICA"]
[null,null,null,null,"SI","Tecnológico\n(Incendios - Explosiones)\nGenerados dentro de las instalaciones","CONDICIONES DE SEGURIDAD","Incendios \nQuemaduras de grado 2 y 3\nMuerte","Ninguno","Uso de equipos contra incendio","capacitación en atención de emergencias a brigadistas",2,2,4,"BAJO",100,400,"II","ACEPTABLE CON CONTROL ESPECIFICO","NO APLICA","NO APLICA","*Realizar mantenimiento preventivo y correctivo de los equipos eléctricos e instalaciones eléctricas en la sede","*Capacitación en prevención de accidentes de trabajo por riesgo eléctrico.                                                          \n*Continuar con las inspecciones de seguridad enfocado a riesgo eléctrico. \nPLA-SIG-204 PLAN DE PREVENCIÓN, PREPARACIÓN Y RESPUESTA ANTE EMERGENCIAS","Calzado de seguridad"]
[null,null,null,null,"SI","Fugas de gas \n\"Riesgo de la vecindad\"\n(Generado por la cercanía a restaurantes, viviendas y por daños en la tubería externa) ","QUÍMICOS","Incendios \nQuemaduras de grado 2 y 3\nMuerte","Ninguno","Uso de equipos contra incendio","capacitación en atención de emergencias a brigadistas",2,2,4,"BAJO",100,400,"II","ACEPTABLE CON CONTROL ESPECIFICO","NO APLICA","NO APLICA","NO APLICA","*Diseñar y socializar PON en caso de fuga de gas\nPLA-SIG-204 PLAN DE PREVENCIÓN, PREPARACIÓN Y RESPUESTA ANTE EMERGENCIAS","NO APLICA"]
[null,null,null,null,"SI","Tecnológico\n\"Riesgo de la vecindad\"\n(Incendios - Explosiones)\n","CONDICIONES DE SEGURIDAD","Incendios \nQuemaduras de grado 2 y 3\nMuerte","Ninguno","Uso de equipos contra incendio","capacitación en atención de emergencias a brigadistas",2,2,{"$f":"+L74*M74","v":4},{"$f":"IF(N74>=24,\"MUY ALTO\",IF(N74>=10,\"ALTO\",IF(N74>=6,\"MEDIO\",\"BAJO\")))","v":"BAJO"},100,{"$f":"+N74*P74","v":400},{"$f":"IF(Q74>=600,\"I\",IF(Q74>=150,\"II\",IF(Q74>=40,\"III\",IF(Q74>=20,\"IV\"))))","v":"II"},"ACEPTABLE CON CONTROL ESPECIFICO","NO APLICA","NO APLICA","NO APLICA","*Diseñar y socializar PON en caso de explosiones externas a la empresa\nPLA-SIG-204 PLAN DE PREVENCIÓN, PREPARACIÓN Y RESPUESTA ANTE EMERGENCIAS","Calzado de seguridad"]
[null,null,null,null,"SI","Locativo - Infraestructura \n\n(Superficies - piso resbaloso)\n","CONDICIONES DE SEGURIDAD","*Caída al mismo nivel\n*Golpes\n*Fracturas","No hay ","Señalización de advertencia ","Capacitación en prevención de caídas",2,4,8,"MEDIO",10,80,"III",{"$f":"IF(Q75>=600,\"NO ACEPTABLE\",IF(Q75>=150,\"ACEPTABLE CON CONTROL ESPECIFICO\",IF(Q75>=40,\"MEJORABLE\",IF(Q75>=20,\"ACEPTABLE\"))))","v":"MEJORABLE"},"NO APLICA","NO APLICA","NO APLICA","*Solicitar a servicios generales no aplicar sustancias que como consecuencia quede el piso liso, con el fin de evitar accidentes por caídas PGR-SIG-203-PROGRAMA PROTECCIÓN CONTRA CAÍDAS","NO APLICA"]
[null,null,null,null,"SI","Locativo                             Instalaciones locativas \n(Probabilidad de colapso del techo)","CONDICIONES DE SEGURIDAD","Atrapamiento por riesgo de desplome de las instalaciones ","Ninguno","Ninguno","Ninguno",2,4,8,"MEDIO",10,80,"III","MEJORABLE","NINGUNO ","NINGUNO ","NINGUNO ","Se recomienda realizar estudio de vulnerabilidad de las instalaciones para determinar la probabilidad de colapso de las instalaciones. ","NO APLICA"]
[null,null,"PELIGROS QUE APLICAN A TODAS LAS ACTIVIDADES; FUNCIONARIOS DE PLANTA Y/O CONTRATO",null,"SI","Virus \n","BIOLÓGICO","Malestar general","Ninguno","Limpieza y desinfección de áreas de trabajo   y en casa,  Control de aforo, señalización de advertencia.","Distanciamiento    físico, uso de mascarilla, lavado de manos constante.",2,4,8,"MEDIO",10,80,"III","MEJORABLE","N.A","N.A","Trabajo en casa , diseño puestos de trabajo cumpliendo con el distanciamiento social, lavamanos y puntos de desinfección.","\n*Implementar PGR-SIG-207 VIGILANCIA EPIDEMIOLÓGICA\n","Uso permanente de mascarilla respiratoria. Uso periódico de productos para limpieza (agua y jabón) y  alcohol al 70%, mono gafas o careta."]
[null,null,null,null,"SI"," Demandas Emocionales: Condiciones de la tarea                             \nLa novedad del entorno de trabajo, situación familiar:  hijos o personas mayores a cargo en el hogar en situación de riesgo, miedo al contagio, aislamiento social y confinamiento, miedos e incertidumbres laborales y socioeconómicos, espacios y recursos compartidos por varias personas ante las mismas circunstancias en sus domicilios, convertir espacios de su hogar en despachos improvisados para poder seguir desempeñando su tarea diaria, valoración subjetiva y objetiva por parte del experto mientras se aplica la batería de riesgo psicosocial.","PSICOSOCIAL","Alteraciones mentales, Ansiedad, depresión, estrés postraumático.","S.V.E. Psicosocial","S.V.E Psicosocial","Intervenciones individuales y grupales, capacitaciones, medidas de afrontamiento, manejo de habilidades sociales.",2,4,8,"MEDIO",10,80,"III","MEJORABLE","N.A","N.A","Organización de los puestos de trabajo, lavamanos, dispensadores, cumpliendo con el distanciamiento."," ”capacitaciones del protocolo de bioseguridad, inspecciones, suministro de Elementos de bioseguridad.\n","Uso de los elementos de bioseguridad, establecer el compromiso de autocuidado y trabajo seguro."]
[null,null,null,null,"SI","Características de la organización del trabajo\n(Valoración promedio mientras se realiza el proceso de aplicación de baterías de riesgo psicosocial)","PSICOSOCIAL","Alteraciones mentales, Ansiedad, depresión.","SVE. Riesgo Psicosocial","SVE. Riesgo Psicosocial","Intervenciones individuales y grupales, capacitaciones, medidas de afrontamiento, manejo de habilidades sociales.",2,4,8,"MEDIO",10,80,"III",{"$f":"IF(Q79>=600,\"NO ACEPTABLE\",IF(Q79>=150,\"ACEPTABLE CON CONTROL ESPECIFICO\",IF(Q79>=40,\"MEJORABLE\",IF(Q79>=20,\"ACEPTABLE\"))))","v":"MEJORABLE"},"NO SE REQUIERE","NO SE REQUIERE","NO APLICA","*Capacitación en habilidades sociales básicas y relaciones interpersonales, comunicación asertiva y efectiva, liderazgo efectivo y manejo adecuado del tiempo \n*Implementar el SVE. Riesgo Psicosocial","NO SE REQUIERE"]
[null,null,null,null,"SI","Características del grupo social y del trabajo.\n(Está en proceso la evaluación de los factores de riesgo psicosocial)","PSICOSOCIAL","Stress laboral\nAfecciones de salud                                                                                                                                                                                                                                                                                                                                                                                                            Ambientes de trabajo Hostil                                                                                                                                                                                                                                                                                                                                                                                                         Baja Productividad","Cumplimiento de la normatividad ley 1010, resolución 652 y 356, 2646.","Comité de Convivencia Laboral","Capacitaciones en habilidades sociales básicas, resolución de conflictos, liderazgo efectivo.",2,4,8,"MEDIO",10,80,"III",{"$f":"IF(Q80>=600,\"NO ACEPTABLE\",IF(Q80>=150,\"ACEPTABLE CON CONTROL ESPECIFICO\",IF(Q80>=40,\"MEJORABLE\",IF(Q80>=20,\"ACEPTABLE\"))))","v":"MEJORABLE"},"NO SE REQUIERE","NO SE REQUIERE","NO SE REQUIERE","*Capacitación en habilidades sociales básicas y relaciones interpersonales, comunicación asertiva y efectiva, liderazgo efectivo y manejo adecuado del tiempo \n*Implementar el SVE. Riesgo Psicosocial","NO SE REQUIERE"]
[null,null,null,null,"SI","Gestión Organizacional\n(Está en proceso la evaluación de los factores de riesgo psicosocial aplicación batería de riesgo psicosocial)","PSICOSOCIAL","Stress laboral\nAfecciones de salud                                                                                                                                                                                                                                                                                                                                                                                                                     Productividad- Ausentismo","Plan de Intervención del SVE ","N/A","Intervenciones individuales y grupales, capacitaciones en liderazgo, fortalecimiento de las escuelas de liderazgo.",2,4,8,"MEDIO",10,80,"III",{"$f":"IF(Q81>=600,\"NO ACEPTABLE\",IF(Q81>=150,\"ACEPTABLE CON CONTROL ESPECIFICO\",IF(Q81>=40,\"MEJORABLE\",IF(Q81>=20,\"ACEPTABLE\"))))","v":"MEJORABLE"},"NO SE REQUIERE","NO SE REQUIERE","NO SE REQUIERE","*Capacitación en habilidades sociales básicas y relaciones interpersonales, comunicación asertiva y efectiva, liderazgo efectivo y manejo adecuado del tiempo \n*Implementar el SVE. Riesgo Psicosocial","NO SE REQUIERE"]
[null,null,null,null,"SI","Contenido de la Tarea (Carga de Trabajo)\n(Está en proceso la evaluación de los factores de riesgo psicosocial aplicación batería de riesgo psicosocial)","PSICOSOCIAL","Stress laboral\nAfecciones de salud","S.V.E. Psicosocial","Distribución de la tarea por trabajo en equipo, gestión del tiempo.","Intervenciones individuales y grupales, capacitaciones, medidas de afrontamiento, manejo de habilidades sociales.",2,4,8,"MEDIO",10,80,"III",{"$f":"IF(Q82>=600,\"NO ACEPTABLE\",IF(Q82>=150,\"ACEPTABLE CON CONTROL ESPECIFICO\",IF(Q82>=40,\"MEJORABLE\",IF(Q82>=20,\"ACEPTABLE\"))))","v":"MEJORABLE"},"NO SE REQUIERE","NO SE REQUIERE","NO SE REQUIERE","*Capacitación en habilidades sociales básicas y relaciones interpersonales, comunicación asertiva y efectiva, liderazgo efectivo y manejo adecuado del tiempo \n*Implementar el SVE. Riesgo Psicosocial","NO SE REQUIERE"]
[null,null,null,null,"SI"," Locativo                               Infraestructura                                  Ausencia de material antideslizante en los escalones","CONDICIONES DE SEGURIDAD","Caídas a distinto nivel ","Ninguno","Señalización de advertencia ","Ninguno",2,4,8,"MEDIO",10,80,"III","MEJORABLE","NO APLICA","NO APLICA","*Instalar bandas antideslizantes en los escalones de las escaleras. ","*Implementar PGR-SIG-203-PROGRAMA PROTECCIÓN CONTRA CAÍDAS ","NO APLICA"]
[null,null,null,null,"NO","Sismo - Terremoto","FENÓMENOS NATURALES","Erupción del Volcán Machín","Ninguno","Señalización de evacuación ","Capacitación en emergencia a brigadistas",2,4,8,"MEDIO",10,80,"III","MEJORABLE","NO APLICA","NO APLICA","NO APLICA","*Seguir las instrucciones que el departamento suministra para  casos de emergencia por posible erupción del Volcán PLA-SIG-204 PLAN DE PREVENCIÓN, PREPARACIÓN Y RESPUESTA ANTE EMERGENCIAS                                                                                          \n*Se sugiere realizar un estudio de vulnerabilidad y sismo resistencia de las instalaciones","NO APLICA"]
[null,null,null,null,"SI","Eléctrico                                                    Baja tensión.                           (Cableado de computadores en la mayoría de las oficinas y tomas eléctricas en mal estado)","CONDICIONES DE SEGURIDAD","Se potencializa el riesgo de incendio y accidentes por caídas. ","Ninguno","Ninguno","Ninguno",2,4,8,"MEDIO",10,80,"III","MEJORABLE","NO APLICA","NO APLICA","NO APLICA","*Diseño e implementación y del programa de mantenimiento preventivo y correctivo de las instalaciones eléctricas.                                                                     \n*Agrupar el cableado eléctrico, utilizando espiral porta cable en todas las oficina donde hay exposición de cableado PGR-SIG-204 ORDEN Y ASEO                            \n*Instalar tapas de seguridad a las tomas eléctricas que están en mal estado. ","NO APLICA"]
[null,null,null,null,"SI","Públicos                                                               Robos - Orden público - Agresiones verbales por parte de usuarios (Tanto en la oficina como fuera de las mismas)","CONDICIONES DE SEGURIDAD","Golpes, fracturas, Muerte","Cámaras de seguridad ","Ninguno","Ninguno",2,2,4,"BAJO",100,400,"II","ACEPTABLE CON CONTROL ESPECIFICO","NO APLICA","NO APLICA","Mto a cámaras de seguridad","*Socializar  planes contingencia para diferentes situaciones  de emergencia PLA-SIG-204 PLAN DE PREVENCIÓN, PREPARACIÓN Y RESPUESTA ANTE EMERGENCIAS                  ","NO APLICA"]
[null,null,null,null,"SI","Fugas de gas \n\"Riesgo de la vecindad\"\n(Generado por la cercanía a conjunto residenciales y por tubería externa de red de gasoducto) ","QUÍMICOS","Incendios \nQuemaduras de grado 2 y 3\nMuerte","Ninguno","Equipos para el control de incendios ","Ninguno",2,2,4,"BAJO",100,400,"II","ACEPTABLE CON CONTROL ESPECIFICO","NO APLICA","NO APLICA","NO APLICA","*Diseñar y socializar PON en caso de fuga de gas PLA-SIG-204 PLAN DE PREVENCIÓN, PREPARACIÓN Y RESPUESTA ANTE EMERGENCIAS  ","NO APLICA"]
[null,null,null,null,"SI","Tecnológico\n\"Riesgo de la vecindad\"\n(Incendios - Explosiones)\n\n","CONDICIONES DE SEGURIDAD","Incendios \nQuemaduras de grado 2 y 3\nMuerte","Ninguno","Uso de equipos contra incendio","Ninguno",2,2,4,"BAJO",100,400,"II","ACEPTABLE CON CONTROL ESPECIFICO","NO APLICA","NO APLICA","*Realizar mantenimiento preventivo y correctivo de los equipos eléctricos e instalaciones eléctricas en las diferentes sedes. ","*Diseñar y socializar PON en caso de explosiones externas a la empresa PLA-SIG-204 PLAN DE PREVENCIÓN, PREPARACIÓN Y RESPUESTA ANTE EMERGENCIAS  ","Calzado de seguridad"]
[null,null,null,null,"SI","Tecnológico                                       Incendios","CONDICIONES DE SEGURIDAD","Incendios","Ninguno","Uso de equipos contra incendios","Ninguno",2,4,8,"MEDIO",10,80,"III","MEJORABLE","NO APLICA","NO APLICA","NO APLICA","*Entrenar y capacitar permanente de la brigada de emergencias  de la secretaria.                                                                                                                            \n*Diseño, implementación y seguimiento plan de emergencias el cual debe ser socializado incluyendo las rutas de evacuación.                                                                                                                                                                             *Realizar mantenimiento preventivo y correctivo de los equipos eléctricos e instalaciones eléctricas ya que es una de las causas principales que se produzca un incendio\nPLA-SIG-204 PLAN DE PREVENCIÓN, PREPARACIÓN Y RESPUESTA ANTE EMERGENCIAS   ","NO APLICA"]
[null,null,null,null,"SI","Accidentes de tránsito                           (En los desplazamientos de la visitas a los centros de trabajo)\nVER MATRIZ RIESGO VIAL","CONDICIONES DE SEGURIDAD","*Muerte \n*Lesiones graves en el cuerpo entero\n*Atrapamiento vehicular","mto a vehículos de la entidad","Ninguno","Capacitación en seg vial ",2,2,4,"BAJO",100,400,"II","ACEPTABLE CON CONTROL ESPECIFICO","NO APLICA","NO APLICA","*Se debe empezar a realizar la inspección pre operacional de vehículos de la empresa, para identificar condiciones del mismo. ","*Dar cumplimiento al plan de capacitación del PESV \n*Continuar sensibilización en seguridad vial, en lo referente a los roles de seguridad vial (Conductor - Pasajero - Peatón)\nPLA-SIG-202 PESV PLAN ESTRATÉGICO DE SEGURIDAD VIAL  ","NO APLICA"]
[null,null,null,null,"SI","Radiaciones no ionizantes                       (Exposición a luz solar)","FÍSICO ","*Cáncer de piel\n*Quemadura solar\n*Insolación \n*Foto envejecimiento cutáneo \n *Foto carcinogénesis\n*Alteraciones oculares","No aplica","Ninguno","Camisa manga larga",2,4,8,"MEDIO",10,80,"III","MEJORABLE","NO APLICA","NO APLICA","Para prevenir la exposición solar en el personal del área de ventanilla, se debe instalar película de seguridad oscura en las láminas de vidrio de la sede. ","*Se recomienda uso de ropa manga larga cuando se realizan actividades de campo.                                                                                                                                     \n*Se sugiere uso de  protector solar, previa valoración médica. \nEST-SIG-01 ESTANDAR DE SEGURIDAD PARA ACTIVIDADES FUERA DE LA SEDE","Continuar con el uso de dotación manga larga"]
[null,null,null,null,"SI"," Locativo                                    Infraestructura -\nSuperficies de trabajo  irregulares y  desniveladas                                 (Desplazamiento en los diferentes áreas)","CONDICIONES DE SEGURIDAD","*Golpes \n*Caídas","Ninguno","Ninguno","Recomendaciones en inducción y reinducción SST",2,4,8,"MEDIO",10,80,"III","MEJORABLE","NO APLICA","NO APLICA","NO APLICA","*Se recomienda uso de calzado adecuado según el área a visitar, con el fin de evitar caídas PGR-SIG-203-PROGRAMA PROTECCIÓN CONTRA CAÍDAS","Continuar con el uso de  EPP requeridos según el área a auditar: \n*Calzado de seguridad (Botas).\n*Casco\n*Protección respiratoria "]
[null,null,null,null,"SI"," Locativo                               Infraestructura -\nAusencia de elemento que minimice el riesgo de caída en épocas de lluvia. ","CONDICIONES DE SEGURIDAD","Caídas por piso liso","Ninguno","Señalización de advertencia ","Ninguno",2,4,8,"MEDIO",10,80,"III","MEJORABLE","NO SE REQUIERE","NO SE REQUIERE","Instalar un tapete antihumedad en la entrada al edificio principal, con el objetivo de evitar que los usuarios y funcionarios dejen el piso liso por lluvia","Continuar con el uso de señalización cada que llueve PGR-SIG-203-PROGRAMA PROTECCIÓN CONTRA CAÍDAS","NO APLICA"]
[null,null,null,null,"SI","Público\n(Robos - Atracos - Asaltos - Agresiones verbales - Actos Violentos) - Punto de recaudo de Davivienda ","CONDICIONES DE SEGURIDAD","*Golpes\n*Agresiones verbales y físicas \n*Atentados violentos\n*Heridas\n*Muerte","Cámaras de seguridad","Ninguno","Ninguno",2,2,4,"BAJO",100,400,"II","ACEPTABLE CON CONTROL ESPECIFICO","NO APLICA","NO APLICA","NO APLICA","*socializar los planes contingencia para diferentes situaciones  de emergencia  PLA-SIG-204 PLAN DE PREVENCIÓN, PREPARACIÓN Y RESPUESTA ANTE EMERGENCIAS                  ","NO APLICA"]
[null,null,null,null,"SI","Virus (cambio climatico)\n ","BIOLÓGICO","Malestar general","Ninguno","Limpieza y desinfección de áreas de trabajo   y en casa,  Control de aforo, señalización de advertencia.","Distanciamiento    físico, uso de mascarilla, lavado de manos constante.",2,4,8,"MEDIO",10,80,"III","ACEPTABLE CON CONTROL ESPECIFICO","NO APLICA","NO APLICA","NO APLICA","  *Promover frecuentemente el lavado de manos en personal de planta, contratistas y visitantes. En caso de no contar con agua y jabón, se debe proveer con desinfectantes para manos (gel antibacterial a base de alcohol).  *Disminución de la densidad laboral en áreas de trabajo o de ocupación de la entidad promoviendo el teletrabajo. *Mantener un stop de EPP  (mascarillas ) para dotación y recambio. *Establecer canales de comunicación individualizados y/o de grupo: correo electrónico, redes sociales, videoconferencia, teléfono para reuniones evitando la presencialidad. *Revisión y análisis de los perfiles epidemiológicos por cargo, estrategias motivación para que los funcionarios se  vacunen.   (PRO-SIG-202 Procedimiento administrativo de elementos EPP)","Uso permanente de mascarilla respiratoria. Uso periódico de productos para limpieza (agua y jabón) y  alcohol al 70%, mono gafas o careta."]
[null,null,null,null,"NO","Largas Jornadas Laborales y ausencia de descanso con altas temperaturas y radiciones altas por factor del CAMBIO CLIMATICO.","PSICOSOCIAL","Estrés, agotamiento por trabajo continuo, cansacio, fatiga, angustia, ansiedad, poca concentración y atención, somnolencia.","Ninguno","Ninguno","PVE- Riesgo psicosocial",2,4,8,"MEDIO",10,80,"III","MEJORABLE","NO APLICA","NO APLICA","NO APLICA","Introducir una rutina de tiempos detrabajo y de descanso para aquellos\ntrabajadores/as que estén expuestos a ambientes calurosos, Formación en primeros auxilios, para que puedan\nreconocer y tratar los primeros síntomas de desórdenes de salud ocasionados por una\nexposición a temperaturas extremadamente cálidas., Seguir a diario los boletines\nmeteorológicos y cambiar el horario de trabajo de gran exposición al calor\na horas más frescas del día., En trabajos a campo abierto, crear zonas descanso con carpas, Disponer de agua potable fría en lugares estratégicos y visibles, cercanos al área de trabajo.","NO SE REQUIERE"]
[null,null,null,null,"NO"," Temperaturas\nextremas (calor) porfactor de CAMBIO CLIMATICO","FISICO","Stress termico Agotamiento Mareos  Deshidratación Golpes de calor, lesiones en la piel, insolación, ","No aplica","Ninguno","Ninguno",2,4,8,"MEDIO",10,80,"III","MEJORABLE","NO APLICA","NO APLICA","NO APLICA","Todos los funcionarios que realicen desplazamientos fuera de la sede deben apalicar el Estándar de Seguridad \"EST-204\"., se recomienda hidratación continua, alimentación adecuada, Organización de los puestos de trabajo, limplementación de un programa de climatización.Sistemas de ventilación","Ropa de trabajo y equipos de\nprotección adecuados(camisa,\nmanga larga, pantalón largo,\ngorra o sombrero de ala ancha).\nSaber que la ropa protectora o el\nequipo de protección personal\npuede aumentar el riesgo del\nestrés por calor."]
[null,null,null,null,"NO"," Temperaturas\nextremas (calor Radiaciones No ionizantes) porfactor de CAMBIO CLIMATICO","FISICO","Stress termico Agotamiento Mareos  Deshidratación Golpes de calor, lesiones en la piel, dolor de cabeza.","No aplica","Ninguno","Protector Solar",2,4,8,"MEDIO",10,80,"III","MEJORABLE","NO APLICA","NO APLICA","NO APLICA","Todos los funcionarios que realicen desplazamientos fuera de la sede deben apalicar el Estándar de Seguridad \"EST-204\"., se recomienda hidratación continua, alimentación adecuada, Organización de los puestos de trabajo, limplementación de un programa de climatización.Sistemas de ventilación","Ropa de trabajo y equipos de\nprotección adecuados(camisa,\nmanga larga, pantalón largo,\ngorra o sombrero de ala ancha).\nSaber que la ropa protectora o el\nequipo de protección personal\npuede aumentar el riesgo del\nestrés por calor."]
[null,null,null,null,"NO","Inalación de Humos y Vapores\n (Incendios Forestales )por factor CAMBIO CLIMATICO","QUÍMICO","Asfixia, Dificultad para respirar, Ardor en los ojos, conjuntivitis, Alergias, Tos, irritación de la garganta, dolor de cabeza.","No aplica","Ninguno","Ninguno",2,4,8,"MEDIO",10,80,"III","MEJORABLE","NO APLICA","NO APLICA","NO APLICA","Aplicación PON para el manejo de incendios forestales, ver PLAN DE MERGENCIA PLA-SIG 204.","NO SE REQUIERE"]
[null,null,"PELIGROS QUE APLICAN A TRABAJO CON RESTRICCIONES DE SALUD Y/O TELE TRABAJO",null,"SI","Postura Prolongada \n(Postura sedente más del 75% de la jornada laboral en trabajo con video terminales)","BIOMECÁNICO","*Dolor lumbar inespecífico\n*Espasmos musculares","Ninguno","Ninguno","Emisión de recomendaciones a funcionarios a través de video llamadas por parte de grupo interdisciplinario de la oficina  SST ( psicólogo, fisioterapeuta, profesional SST)",6,4,24,"MUY ALTO",10,240,"II","ACEPTABLE CON CONTROL ESPECIFICO","NO APLICA","NO SE REQUIERE","NO SE REQUIERE","*Realizar visitas virtuales por parte del Grupo de SST para capacitar en higiene postural en casa y seguir recomendaciones\n*Realizar pausas activas en el área.       \nPGR-SIG-205 VIGILANCIA EPIDEMIOLÓGICA PARA LA PREVENCION DE DESÓRDENES MUSCULO-ESQUELÉTICOS                                                           ","NO APLICA"]
[null,null,null,null,"SI","Movimientos repetitivos  \n(Digitación - Escanear)","BIOMECÁNICO","Lesiones por trauma acumulativo en miembro superiores ( STC).\nSíndrome de Quervain","Ninguno","Ninguno","Emisión de recomendaciones a funcionarios a través de video llamadas por parte de grupo interdisciplinario de la oficina  SST ( psicólogo, fisioterapeuta, profesional SST)",6,4,24,"MUY ALTO",10,240,"II","ACEPTABLE CON CONTROL ESPECIFICO","NO SE REQUIERE","NO SE REQUIERE","NO SE REQUIERE","*Realizar visitas virtuales por parte del Grupo de SST para capacitar en higiene postural en casa y seguir recomendaciones\n*Realizar pausas activas en el área.       \nPGR-SIG-205 VIGILANCIA EPIDEMIOLÓGICA PARA LA PREVENCION DE DESÓRDENES MUSCULO-ESQUELÉTICOS                                                           ","NO APLICA"]
[null,null,null,null,"SI","Radiaciones No ionizantes                                   (Exposición permanente a pantallas del computador)","FÍSICO ","*Fatiga visual","Ninguno","Ninguno","Emisión de recomendaciones a funcionarios a través de video llamadas por parte de grupo interdisciplinario de la oficina  SST ( psicólogo, fisioterapeuta, profesional SST)",2,4,8,"MEDIO",10,80,"III","MEJORABLE","NO APLICA","NO SE REQUIERE","NO SE REQUIERE","*Realizar visitas virtuales por parte del Grupo de SST para capacitar en higiene postural en casa y seguir recomendaciones\n*Realizar pausas activas en el área.    ","NO APLICA"]
[null,null,null,null,"NO","Locativo                                                                              (Cableado eléctrico desordenado en la zona adecuada para puesto de trabajo)","CONDICIONES DE SEGURIDAD","*Se potencializa el riesgo de accidentes por caídas. ","Ninguno","Ninguno","Emisión de recomendaciones a funcionarios a través de video llamadas por parte de grupo interdisciplinario de la oficina  SST ( psicólogo, fisioterapeuta, profesional SST)",2,4,8,"MEDIO",10,80,"III","MEJORABLE","NO APLICA","NO SE REQUIERE","Se recomienda agrupar el cableado eléctrico faltante, utilizando espiral porta cable u otro mecanismo de canalización. ","Realizar inspecciones de seguridad para verificar estado de cableado del  área por el grupo de SST PGR-SIG-204 ORDEN Y ASEO","NO APLICA"]
[null,null,null,null,"NO","Picaduras - Mordeduras                             (Presencia de vectores e insectos dentro de la vivienda o zona destinada para laborar).","BIOLÓGICO","Infecciones","Ninguno","Ninguno","Emisión de recomendaciones a funcionarios a través de video llamadas por parte de grupo interdisciplinario de la oficina  SST ( psicólogo, fisioterapeuta, profesional SST)",2,4,8,"MEDIO",10,80,"III","MEJORABLE","NO APLICA","NO APLICA","NO APLICA","* realizar una correcta inspección del área de trabajo para garantizar la NO presencia de vectores o insectos ponzoñoso. Evitar las zona con acumulación de aguas estancadas. Continuar con las recomendaciones a funcionarios a través de video llamadas por parte de grupo interdisciplinario de la oficina  SST  ( psicólogo, fisioterapeuta, profesional SST)","NO APLICA"]
[null,null,null,null,"SI","Virus y Bacterias\n (Exposición a virus y bacterias debido al uso de superficies húmedas como baños, lavamanos y lavaplatos alberca)","BIOLÓGICO","*Dermatosis\n*Reacciones alérgicas\n*Enfermedades infecciosas\n*Infecciones respiratorias","Ninguno","Ninguno","Emisión de recomendaciones a funcionarios a través de video llamadas por parte de grupo interdisciplinario de la oficina  SST ( psicólogo, fisioterapeuta, profesional SST)",2,4,8,"MEDIO",10,80,"III","MEJORABLE","NO APLICA","NO APLICA","NO APLICA","*Capacitar a los trabajadores en auto cuidado y la importancia del uso de los EPP. Continuar con las recomendaciones a funcionarios a través de video llamadas por parte de grupo interdisciplinario de la oficina  SST ( psicólogo, fisioterapeuta, profesional SST)","*Uso de EPP (Guantes - Tapa bocas)"]
[null,null,null,null,"NO","Material particulado \n(Polvo en los documentos)","QUÍMICOS","*Enfermedades respiratorias\n*Infecciones virales \n*Alergias ","Ninguno","Ninguno","Emisión de recomendaciones a funcionarios a través de video llamadas por parte de grupo interdisciplinario de la oficina  SST ( psicólogo, fisioterapeuta, profesional SST)",2,4,8,"MEDIO",10,80,"III","MEJORABLE","NO APLICA","NO APLICA","NO APLICA","*Realizar seguimiento del uso de los elementos de protección personal (Tapa bocas), cuando manipule archivo con polvo.        Continuar con las recomendaciones a funcionarios a través de video llamadas por parte de grupo interdisciplinario de la oficina  SST ( psicólogo, fisioterapeuta, profesional SST).                                                    ","Suministrar tapa bocas para el desarrollo de la labor. "]
[null,null,null,null,"NO","Uso de elementos de desinfección\n(alcohol, gel antibacterial)","QUÍMICOS","\n*Alergias en piel o vías respiratorias.\n* Quemaduras ","Ninguno","Ninguno","Emisión de recomendaciones a funcionarios a través de video llamadas por parte de grupo interdisciplinario de la oficina  SST ( psicólogo, fisioterapeuta, profesional SST)",2,4,8,"MEDIO",10,80,"III","MEJORABLE","NO APLICA","NO APLICA","NO APLICA","*Realizar seguimiento del uso de los elementos de protección personal (Tapa bocas), cuando manipule archivo con polvo.         Continuar con las recomendaciones a funcionarios a través de video llamadas por parte de grupo interdisciplinario de la oficina  SST ( psicólogo, fisioterapeuta, profesional SST).                                                   ","Suministrar tapa bocas para el desarrollo de la labor. "]
[null,null,null,null,"SI","Mecánico                                         (Manejo de Equipos y elementos de Oficina)","CONDICIONES DE SEGURIDAD","*Traumas de tejidos blandos (Laceración, contusión, heridas superficiales, etc.)       ","Ninguno","Ninguno","Emisión de recomendaciones a funcionarios a través de video llamadas por parte de grupo interdisciplinario de la oficina  SST ( psicólogo, fisioterapeuta, profesional SST)",2,4,8,"MEDIO",10,80,"III","MEJORABLE","NO SE REQUIERE","NO SE REQUIERE","NO SE REQUIERE","*Continuar con el uso adecuado de los elementos de trabajo, realizar cambio de los elementos que se observen en mal estado. Continuar con las recomendaciones a funcionarios a través de video llamadas por parte de grupo interdisciplinario de la oficina  SST ( psicólogo, fisioterapeuta, profesional SST).","NO APLICA"]
[null,null,null,null,"SI","Deficiente ventilación (Las ventanas y persianas deben permanecer cerradas para evitar el ingreso de rayos solares)","FÍSICO                              ","*Disconfort por calor ambiental permanente","Ninguno","Ninguno","Emisión de recomendaciones a funcionarios a través de video llamadas por parte de grupo interdisciplinario de la oficina  SST ( psicólogo, fisioterapeuta, profesional SST)",2,4,8,"MEDIO",10,80,"III","MEJORABLE","NO APLICA","NO SE REQUIERE","NO SE REQUIERE","Se recomienda contar con un área de ventilación natural o con ventilación artificial como ventiladores. Continuar con las recomendaciones a funcionarios a través de video llamadas por parte de grupo interdisciplinario de la oficina  SST ( psicólogo, fisioterapeuta, profesional SST)","NO APLICA"]
[null,null,null,null,"SI","Manipulación y desplazamiento de cargas\n(Documentos y cajas)","BIOMECÁNICO","Lesiones en columna\nEnfermedad discal\nEnfermedad lumbar ","Ninguno","Ninguno","Emisión de recomendaciones a funcionarios a través de video llamadas por parte de grupo interdisciplinario de la oficina  SST ( psicólogo, fisioterapeuta, profesional SST)",6,4,24,"MUY ALTO",10,240,"II","ACEPTABLE CON CONTROL ESPECIFICO","NO SE REQUIERE","NO SE REQUIERE","NO SE REQUIERE","* Practicar higiene postural para el manejo de cargas. Evitar levantar mas de 10 Kg mujeres y 20 Kg Hombres. Continuar con las recomendaciones a funcionarios a través de video llamadas por parte de grupo interdisciplinario de la oficina  SST ( psicólogo, fisioterapeuta, profesional SST).","NO APLICA"]
[null,null,null,null,"SI","Iluminación\n(Deficiente de iluminación natural o artificial en el sitio adecuado para laboral dentro de la vivienda)                                             ","FÍSICO ","*Fatiga visual","Ninguno","Ninguno","Emisión de recomendaciones a funcionarios a través de video llamadas por parte de grupo interdisciplinario de la oficina  SST ( psicólogo, fisioterapeuta, profesional SST)",2,4,8,"MEDIO",10,80,"III","MEJORABLE","NO APLICA","Se recomienda adecuar zona de trabajo en lugar con iluminación adecuada (que no sea excesiva o deficiente). ","NO SE REQUIERE","Se recomienda adecuar el sitio de trabajo con iluminación adecuada. Continuar con las recomendaciones a funcionarios a través de video llamadas por parte de grupo interdisciplinario de la oficina  SST ( psicólogo, fisioterapeuta, profesional SST)","NO APLICA"]
[null,null,null,null,"NO","Locativo\nSuperficies de trabajo  irregulares y  desniveladas, escaleras                                 (Desplazamiento en la vivienda)","CONDICIONES DE SEGURIDAD","*Golpes \n*Caídas\n*Fracturas","Ninguno","Ninguno","Emisión de recomendaciones a funcionarios a través de video llamadas por parte de grupo interdisciplinario de la oficina  SST ( psicólogo, fisioterapeuta, profesional SST)",2,4,8,"MEDIO",10,80,"III","MEJORABLE","NO APLICA","NO APLICA","NO APLICA","*Se recomienda uso de calzado adecuado y de tacón bajo según el área a visitar, con el fin de evitar caídas. Continuar con las recomendaciones a funcionarios a través de video llamadas por parte de grupo interdisciplinario de la oficina  SST ( psicólogo, fisioterapeuta, profesional SST)","Uso de calzado bajo "]
[null,null,null,null,"SI","Virus ","BIOLÓGICO","Malestar general","Ninguno","Ninguno","Emisión de recomendaciones a funcionarios a través de video llamadas por parte de grupo interdisciplinario de la oficina  SST ( psicólogo, fisioterapeuta, profesional SST)",2,4,8,"MEDIO",10,80,"III","MEJORABLE","N.A","N.A","Trabajo en Casa","*Garantizar el autocuidado en Casa.\n*Participar en las reuniones de bioseguridad realizadas por el grupo de SST.\n*Evitar las reuniones sociales y evitar visitar sitios concurridos o de alto riesgo\n*  Realizar constante desinfección y limpieza de los sitios de trabajo\n* Evitar tocar cara, boca y ojos con las manos.\n* Lavar las manos cada 3 horas. Continuar con las recomendaciones a funcionarios a través de video llamadas por parte de grupo interdisciplinario de la oficina  SST ( psicólogo, fisioterapeuta, profesional SST).\n","Uso permanente de respirador buco nasal, uso de guantes en látex C-35  ó neopreno manguilla larga en limpieza de superficies. Uso periódico de productos para limpieza (agua y jabón) y para  sanitizado de manos (geles a base de alcohol al 70%), mono gafas o careta"]
[null,null,null,null,"SI","Público\n(Robos - Atracos - Asaltos - Agresiones verbales - Actos Violentos)","CONDICIONES DE SEGURIDAD","*Golpes\n*Agresiones verbales y físicas \n*Atentados violentos\n*Heridas\n*Muerte","Ninguno","Ninguno","Emisión de recomendaciones a funcionarios a través de video llamadas por parte de grupo interdisciplinario de la oficina  SST ( psicólogo, fisioterapeuta, profesional SST)",2,2,4,"BAJO",100,400,"II","ACEPTABLE CON CONTROL ESPECIFICO","NO APLICA","NO APLICA","NO APLICA","*Socializar los planes contingencia para diferentes situaciones  de emergencia específicamente riesgo público. Continuar con las recomendaciones a funcionarios a través de video llamadas por parte de grupo interdisciplinario de la oficina  SST ( psicólogo, fisioterapeuta, profesional SST).\nPLA-SIG-204 PLAN DE PREVENCIÓN, PREPARACIÓN Y RESPUESTA ANTE EMERGENCIAS","NO APLICA"]
[null,null,null,null,"NO","Erupción volcán Machín","FENÓMENOS NATURALES","Erupción del Volcán Machín","Ninguno","Ninguno","Emisión de recomendaciones a funcionarios a través de video llamadas por parte de grupo interdisciplinario de la oficina  SST ( psicólogo, fisioterapeuta, profesional SST)",2,4,8,"MEDIO",10,80,"III","MEJORABLE","NO APLICA","NO APLICA","NO APLICA","Tener en cuenta las recomendaciones dadas en los medios de comunicación de la alcaldía y recomendaciones en el video del ejercicio de la simulación  el día nacional del simulacro. Continuar con las recomendaciones a funcionarios a través de video llamadas por parte de grupo interdisciplinario de la oficina  SST ( psicólogo, fisioterapeuta, profesional SST). PLA-SIG-204 PLAN DE PREVENCIÓN, PREPARACIÓN Y RESPUESTA ANTE EMERGENCIAS","NO APLICA"]
[null,null,null,null,"NO","Sismo - Terremoto","FENÓMENOS NATURALES","Erupción del Volcán Machín","Ninguno","Ninguno","Emisión de recomendaciones a funcionarios a través de video llamadas por parte de grupo interdisciplinario de la oficina  SST ( psicólogo, fisioterapeuta, profesional SST)",2,4,8,"MEDIO",10,80,"III","MEJORABLE","NO APLICA","NO APLICA","NO APLICA","Tener en cuenta las recomendaciones dadas en los medios de comunicación de la alcaldía y recomendaciones en el video del ejercicio de la simulación  el día nacional del simulacro . Continuar con las recomendaciones a funcionarios a través de video llamadas por parte de grupo interdisciplinario de la oficina  SST ( psicólogo, fisioterapeuta, profesional SST). PLA-SIG-204 PLAN DE PREVENCIÓN, PREPARACIÓN Y RESPUESTA ANTE EMERGENCIAS","NO APLICA"]

{"sheet":"9. GESTIÓN DE LA GOBERNABILIDAD","index":16,"n_rows":99,"n_cols":24,"rows_kept":99,"cut":false,"hidden":true,"merged":[[94,11,94,13],[94,8,94,9],[94,22,94,23],[90,22,90,23],[92,18,92,19],[92,22,92,23],[94,18,94,19],[92,20,92,21],[94,20,94,21],[90,18,90,19],[90,20,90,21],[98,22,98,23],[96,20,96,21],[96,22,96,23],[98,20,98,21],[95,22,95,23],[95,20,95,21],[98,4,98,5],[98,7,98,8],[96,4,96,5],[96,18,96,19],[96,16,96,17],[98,18,98,19],[96,13,96,14],[96,7,96,8],[96,10,96,11],[10,4,19,4],[10,2,30,2],[20,3,30,3],[7,4,7,23],[20,4,30,4],[8,7,9,7],[10,3,19,3],[8,19,8,23],[8,3,9,3],[8,5,8,6],[8,4,9,4],[8,2,9,2],[8,8,8,10],[8,11,8,17],[95,18,95,19],[92,14,92,15],[94,15,94,16],[95,2,95,17],[90,6,90,7],[94,4,94,5],[90,12,90,13],[90,10,90,11],[92,8,92,9],[92,10,92,11],[90,4,90,5],[92,12,92,13],[90,16,90,17],[92,6,92,7],[90,14,90,15],[90,8,90,9],[6,20,6,21],[6,22,6,23],[92,4,92,5],[93,2,93,17],[2,2,5,2],[2,3,3,21],[31,3,41,3],[89,18,89,23],[89,2,89,17],[2,23,5,23],[4,3,5,21],[42,2,69,3],[31,4,41,4],[31,2,41,2],[70,2,86,3],[7,2,7,3]]}
[]
[]
[null,null,null,"PROCESO: SISTEMA INTEGRADO DE GESTIÓN",null,null,null,null,null,null,null,null,null,null,null,null,null,null,null,null,null,null,"Código: FOR-221-PRO-SIG"]
[null,null,null,null,null,null,null,null,null,null,null,null,null,null,null,null,null,null,null,null,null,null,"Versión: 04"]
[null,null,null,"FORMATO: \nIDENTIFICACIÓN DE PELIGROS, EVALUACIÓN Y VALORACIÓN DE LOS RIESGOS \nALCALDÍA MUNICIPAL DE IBAGUÉ",null,null,null,null,null,null,null,null,null,null,null,null,null,null,null,null,null,null,"Fecha: 27/05/2022"]
[null,null,null,null,null,null,null,null,null,null,null,null,null,null,null,null,null,null,null,null,null,null,"Página: 1"]
[null,null,"FECHAS DE ACTUALIZACIÓN: ","2023-07-07","2024-06-29"]
[null,null,"PROCESO:",null,"9. GESTIÓN DE LA GOBERNABILIDAD, CONVIVENCIA Y SEGURIDAD CIUDADANA"]
[null,null,"1. PROCESO ADMINISTRATIVO / OPERATIVO","2. ACTIVIDADES","3. TAREA RUTINARIO (SI O NO)","PELIGRO",null,"6. EFECTOS POSIBLES\n(Salud - Seguridad)","CONTROLES EXISTENTES",null,null,"EVALUACIÓN DEL RIESGO",null,null,null,null,null,null,"VALORACIÓN DEL RIESGO","MEDIDAS DE INTERVENCIÓN"]
[null,null,null,null,null,"4. DESCRIPCIÓN","5. CLASIFICACIÓN",null,"7. FUENTE","8. MEDIO","9. INDIVIDUO","10. NIVEL DE DEFICIENCIA","11. NIVEL DE EXPOSICIÓN","12. NIVEL DE PROBABILIDAD ND X NE","13. INTERPRETACIÓN DEL NIVEL DE PROBABILIDAD","14. NIVEL DE CONSECUENCIA","15. NIVEL DE RIESGO NR E INTERVENCIÓN","16. INTERPRETACIÓN DEL NR","17. ACEPTABILIDAD DEL RIESGO","18 ELIMINACIÓN","19. SUSTITUCIÓN","20. CONTROLES DE INGENIERIA","21. CONTROLES ADMINISTRATIVOS, SEÑALIZACIÓN, ADVERTENCIA","22. ELEMENTOS DE PROTECCIÓN PERSONAL"]
[null,null,"ADMINISTRATIVO","ACTIVIDAD PLANEACIÓN, ELABORACIÓN Y EJECUCION DE DOCUMENTOS; FORMULAR, IMPLEMENTAR, ADOPTAR Y HACER SEGUIMIENTO A POLÍTICAS PÚBLICAS, PLANES, PROGRAMAS Y PROYECTOS TERRITORIALES DE SEGURIDAD, JUSTICIA Y ORDEN PÚBLICO, DERECHOS HUMANOS Y CONVIVENCIA PACÍFICAUSO DE HERRAMIENTAS TECNOLOGICAS Y VIDEO TERMINALES. INTERACCIONES LABORALES Y ADMINISTRATIVAS (ATENCIÓN AL CIDADANO); FUNCIONARIOS DE PLANTA Y/O CONTRATO","SI","Postura Prolongada (Postura sedente más del 75% de la jornada laboral en trabajo con video terminales)","BIOMECÁNICO","*Dolor lumbar inespecífico\n*Espasmos musculares","No aplica","Ninguno","Ninguno",6,4,{"$f":"+L11*M11","v":24},{"$f":"IF(N11>=24,\"MUY ALTO\",IF(N11>=10,\"ALTO\",IF(N11>=6,\"MEDIO\",\"BAJO\")))","v":"MUY ALTO"},10,{"$f":"+N11*P11","v":240},{"$f":"IF(Q11>=600,\"I\",IF(Q11>=150,\"II\",IF(Q11>=40,\"III\",IF(Q11>=20,\"IV\"))))","v":"II"},{"$f":"IF(Q11>=600,\"NO ACEPTABLE\",IF(Q11>=150,\"ACEPTABLE CON CONTROL ESPECIFICO\",IF(Q11>=40,\"MEJORABLE\",IF(Q11>=20,\"ACEPTABLE\"))))","v":"ACEPTABLE CON CONTROL ESPECIFICO"},"NO APLICA","NO SE REQUIERE","NO SE REQUIERE","*Realizar re inducción en higiene postural de oficina. \n*Realizar pausas activas en el área.                                                                 \n*Continuar con las actividades del programa de vigilancia epidemiológico  para prevención de desordenes musculo esqueléticas asociadas al peligro biomecánico .   (PGR-SIG-205 Vigilancia Epidemiológica para la prevención de desordenes musculo esquelético)  y  (INS-SIG-202 Instructivo de Pausas Activas Saludables)                                                                          ","NO APLICA"]
[null,null,null,null,null,"Movimientos repetitivos  \n(Digitación)","BIOMECÁNICO","Síndrome de Túnel del Carpo ( STC).\nSíndrome de Quervain","Ninguno","Ninguno","Alterna varias labores",6,4,{"$f":"+L12*M12","v":24},{"$f":"IF(N12>=24,\"MUY ALTO\",IF(N12>=10,\"ALTO\",IF(N12>=6,\"MEDIO\",\"BAJO\")))","v":"MUY ALTO"},10,{"$f":"+N12*P12","v":240},{"$f":"IF(Q12>=600,\"I\",IF(Q12>=150,\"II\",IF(Q12>=40,\"III\",IF(Q12>=20,\"IV\"))))","v":"II"},{"$f":"IF(Q12>=600,\"NO ACEPTABLE\",IF(Q12>=150,\"ACEPTABLE CON CONTROL ESPECIFICO\",IF(Q12>=40,\"MEJORABLE\",IF(Q12>=20,\"ACEPTABLE\"))))","v":"ACEPTABLE CON CONTROL ESPECIFICO"},"NO SE REQUIERE","NO SE REQUIERE","NO SE REQUIERE","*Se recomienda la implementación permanente de pausas activas durante la jornada laboral.      (PGR-SIG-205 Vigilancia Epidemiológica para la prevención de desordenes musculo esquelético)  y  (INS-SIG-202 Instructivo de Pausas Activas Saludables)                                                                                                                                                                              ","NO APLICA"]
[null,null,null,null,null,"Radiaciones No ionizantes                                   (Exposición permanente a pantallas del computador)","FÍSICO ","*Fatiga visual","Uso de pantalla antirreflejo","Ninguno","Recomendaciones en Inducción Reinducción SST. ",2,4,8,"MEDIO",10,80,"III","MEJORABLE","NO APLICA","NO SE REQUIERE","NO SE REQUIERE","*Se recomienda la implementación permanente de pausas activas durante la jornada laboral.    Realizar reinducción SST     (PGR-SIG-205 Vigilancia Epidemiológica para la prevención de desordenes musculo esquelético)  y  (INS-SIG-202 Instructivo de Pausas Activas Saludables)                                ","NO APLICA"]
[null,null,null,null,null,"Radiaciones No ionizantes                                   (Exposición permanente a Rack de internet en el área)","FÍSICO ","*Alteraciones en la piel","Ninguno","Ninguno","Recomendación en Inducción y reinducción en  SST",2,4,8,"MEDIO",10,80,"III","MEJORABLE","NO APLICA","NO SE REQUIERE","*Se recomienda reubicar el Rack de internet  en otra oficina, de no ser posible, se recomienda aislar el mismo e instalar aire acondicionado. ","NO APLICA","NO APLICA"]
[null,null,null,null,null,"Ruido                                                  Ambiental por los eventos que desarrollan en la parte externa de la entidad","FÍSICO                              ","Fatiga auditiva , molestias para el desarrollo de la labor, dolor de cabeza.","Ninguno ","Ninguno ","Ninguno ",2,4,8,"MEDIO",10,80,"III","MEJORABLE","NINGUNO ","NINGUNO ","Se recomienda realizar insonorización en el área con el fin de minimizar la exposición a Ruido. ","Se recomienda no desarrollar actividades que generen grandes decibeles de ruido, con el fin de minimizar la exposición a ruido","NO APLICA"]
[null,null,null,null,null,"Locativo - Cableado del computador expuesto debajo del escritorio","CONDICIONES DE SEGURIDAD","Se potencializa el riesgo de incendio y accidentes por caídas, chispas, conatos de incendios ","Ninguno","Inspecciones de higiene y seguridad","Ninguno",2,4,8,"MEDIO",10,80,"III","MEJORABLE","NINGUNO ","NINGUNO ","NINGUNO ","*Agrupar el cableado eléctrico, utilizando espiral porta cable  y/o canaleta. * Jornadas de orden y aseo.  * Capacitaciones en caídas al mismo nivel. \nRealizar jornada de orden y aseo.    (PGR-SIG-204 Orden y Aseo)","NO APLICA"]
[null,null,null,null,null,"Eléctrico -                                Baja tensión.                           (Cableado eléctrico expuesto en los puestos de trabajo - Cableado en mal estado)","CONDICIONES DE SEGURIDAD","Se potencializa el riesgo de incendio y accidentes por caídas. ","Ninguno","Inspecciones de higiene y seguridad","Ninguno",2,4,8,"MEDIO",10,80,"III","MEJORABLE","NO APLICA","NO APLICA","NO APLICA","*Agrupar el cableado eléctrico, utilizando espiral porta cable  y/o canaleta. \n*Realizar cambio de los cables que se observan en mal estado. Jornada de orden y aseo.   (PGR-SIG-204  Orden y Aseo)","NO APLICA"]
[null,null,null,null,null,"Locativo\nSuperficies de trabajo  irregulares y  desniveladas                                 (Desplazamiento en los diferentes áreas)","CONDICIONES DE SEGURIDAD","*Golpes \n*Caídas\n*Fracturas","Ninguno","Instalación de señalización de advertencia.","Capacitación en prevención de caídas. Inducción y reinducción SST.",2,4,8,"MEDIO",10,80,"III","MEJORABLE","NO APLICA","NO APLICA","NO APLICA","*Se recomienda uso de calzado adecuado y de tacón bajo según el área a visitar, con el fin de evitar caídas. Capacitación en prevención de caídas.    (PGR-SIG-204 Programa de Protección contra caídas)","Uso de calzado bajo "]
[null,null,null,null,null,"Orden y aseo                           (Cableado eléctrico de equipo de computo expuesto)","CONDICIONES DE SEGURIDAD","*En caso de cortos, puede generarse electrocución \n*Se potencializa el riesgo de incendio y accidentes por caídas. ","Ninguno","Inspecciones de seguridad. ","Recomendaciones en inducción y reinducción SST.",2,4,8,"MEDIO",10,80,"III","MEJORABLE","NO APLICA","NO SE REQUIERE","Se recomienda agrupar el cableado eléctrico faltante, utilizando espiral porta cable. ","Realizar inspecciones de seguridad para verificar estado de cableado del  área.   (PGR-SIG-204 Orden y Aseo)","NO APLICA"]
[null,null,null,null,null,"Deficiente ventilación ","FÍSICO                              ","*Disconfort por calor ambiental permanente","Suministro de ventiladores","Ninguno","Ninguno",2,4,8,"MEDIO",10,80,"III","MEJORABLE","NO APLICA","NO SE REQUIERE","NO SE REQUIERE","*Continuar con la instalación de ventiladores. ","NO APLICA"]
[null,null,null,"TRANSFERENCIAS DOCUMENTALES. MANEJO DE CORRESPONDENCIA. ACTIVIDAD MANEJO DE ARCHIVO; FUNCIONARIOS DE PLANTA Y/O CONTRATO","SI","Postura Mantenida: Postura sedente  durante la jornada de trabajo","BIOMECÁNICO","*Enfermedad  lumbar inespecífica\n*Espasmos musculares       *Problemas circulatorios en miembros inferiores","No aplica","Ninguno","Implementación y direccionamiento  de pausas activas al personal, exámenes médicos ocupacionales, capacitación con relación al riesgos",6,4,24,"MUY ALTO",10,240,"II","ACEPTABLE CON CONTROL ESPECIFICO","NO APLICA","NO SE REQUIERE","NO SE REQUIERE","*Implementar programa de mantenimiento de las sillas.                  * Realizar campaña donde se le brinde al personal información como: partes de una silla, descansa pies y su  modo de uso. *Sensibilizar sobre la importancia de las pausas activas.    (PGR-SIG-205  Vigilancia Epidemiológica para la prevención de desordenes musculo esqueléticos)  y  (INS-SIG-202  Instructivo de Pausas Activas Saludables)","NO APLICA"]
[null,null,null,null,null,"Esfuerzos: Carga dinámica , movilización de varios segmentos corporales para el desarrollo de la tarea","BIOMECÁNICO","*Enfermedad, lumbar inespecífica           *Bursitis de hombro         *Dolores a nivel de miembros superiores e inferiores","No aplica","Ninguno","Implementación y direccionamiento  de pausas activas al personal, exámenes médicos ocupacionales, capacitación con relación al riesgos",6,4,24,"MUY ALTO",10,240,"II","ACEPTABLE CON CONTROL ESPECIFICO","NO SE REQUIERE","NO SE REQUIERE","NO SE REQUIERE","*Continuar con las medidas actuales               *Sensibilizar sobre la importancia de las pausas activas.                                          *Implementar el SVE para DME      (PGR-SIG-205  Vigilancia Epidemiológica para la prevención de desordenes musculo esqueléticos)  y  (INS-SIG-202  Instructivo de Pausas Activas Saludables)","NO APLICA"]
[null,null,null,null,null,"Material articulado                (Polvo en los documentos)","QUÍMICOS","Infecciones virales, alergias, intoxicaciones.","Jornada permanente por empresa de servicios generales","Ninguno","Capacitación en manejo seguro de archivos. Uso de EPP gafas, guantes, tapabocas.",2,4,8,"MEDIO",10,80,"III","MEJORABLE","NO APLICA","NO APLICA","NO APLICA","*Realizar el seguimiento del uso de los elementos de protección personal EPP. Continuar con la sensibilización de autocuidado. Realizar reinducción SST.   (PRO-SIG-202  Procedimiento Administración de elementos EPP)  y  (PGR-SIG-201 Estilos de vida  y trabajo saludable)                                                             ","*Suministrar EPP (tapabocas, guantes y bata)."]
[null,null,null,null,null,"Virus - bacterias - hongos                                                       (Ácaros en los Documentos)","BIOLÓGICO","Infecciones - Dermatitis","Jornada permanente por empresa de servicios generales","Ninguno","Uso EPP  (guantes)",2,4,8,"MEDIO",10,80,"III","MEJORABLE","NO APLICA","NO APLICA","NO APLICA","*Continuar con el uso de guantes en la manipulación de documentos \n*Suministrar gel antibacterial para uso dentro del archivo, cuando se manipulen los documentos. Realizar reinducción SST.  (PGR-SIG-204  Orden y Aseo)   ","Suministrar EPP (tapabocas, guantes y bata). "]
[null,null,null,null,null,"Movimientos repetitivos: Ingreso de datos a video terminales","BIOMECÁNICO","*Síndrome del túnel carpiano                      *Síndrome de Quervain","No aplica","Ninguno","Implementación y direccionamiento  de pausas activas al personal, exámenes médicos ocupacionales, capacitación con relación al riesgos",6,4,24,"MUY ALTO",10,240,"II","ACEPTABLE CON CONTROL ESPECIFICO","NO SE REQUIERE","NO SE REQUIERE","NO SE REQUIERE","*Continuar con las medidas actuales         *Sensibilizar sobre la importancia de las pausas activas.                  *Implementar el SVE para DME    (INS-SIG-202 Instructivo de Pausas Activas Saludables)   y  (PGR-SIG-205 Vigilancia Epidemiológica para la prevención de desordenes musculo esqueléticos)","NO APLICA"]
[null,null,null,null,null,"Manipulación de cargas (elevar):  Disposición de archivo en estantería","BIOMECÁNICO","*Enfermedad discal        *Enfermedad lumbar inespecífica","No aplica","Ninguno","Implementación y direccionamiento  de pausas activas al personal, exámenes médicos ocupacionales, capacitación con relación al riesgos",6,4,24,"MUY ALTO",10,240,"II","ACEPTABLE CON CONTROL ESPECIFICO","NO SE REQUIERE","NO SE REQUIERE","NO SE REQUIERE","*Continuar con las medidas actuales               *Sensibilizar sobre la importancia de las pausas activas.                       * Capacitar en manipulación adecuada de cargas       (INS-SIG-202 Instructivo de Pausas Activas Saludables)   y  (PGR-SIG-205 Vigilancia Epidemiológica para la prevención de desordenes musculo esqueléticos)                                                          *Implementar el SVE para DME","NO APLICA"]
[null,null,null,null,null,"Manipulación de cargas (bajar desde alturas):Ubicación y manipulación de archivo  ubicado en cartelera","BIOMECÁNICO","*Enfermedad discal        *Enfermedad lumbar inespecífica","No aplica","Ninguno","Implementación y direccionamiento  de pausas activas al personal, exámenes médicos ocupacionales, capacitación con relación al riesgos",6,4,24,"MUY ALTO",10,240,"II","ACEPTABLE CON CONTROL ESPECIFICO","NO SE REQUIERE","NO SE REQUIERE","NO SE REQUIERE","*Continuar con las medidas actuales               *Sensibilizar sobre la importancia de las pausas activas.                   * Capacitar en manipulación adecuada de cargas          (INS-SIG-202 Instructivo de Pausas Activas Saludables)   y  (PGR-SIG-205 Vigilancia Epidemiológica para la prevención de desordenes musculo esqueléticos)                                                       *Implementar el SVE para DME","NO APLICA"]
[null,null,null,null,null,"Radiaciones No ionizantes                                   (Exposición a pantallas del computador)","FÍSICO ","*Fatiga visual","Uso de pantalla antirreflejo","Ninguno","Recomendación en Inducción y reinducción en  SST",2,4,8,"MEDIO",10,80,"III","MEJORABLE","NO APLICA","NO SE REQUIERE","NO SE REQUIERE","*Se recomienda la implementación permanente de pausas activas durante la jornada laboral. Se recomienda continuar con la realización de las inspecciones de Higiene y seguridad. Realizar inducción SST.       (INS-SIG-202 Instructivo de Pausas Activas Saludables)   y  (PGR-SIG-205 Vigilancia Epidemiológica para la prevención de desordenes musculo esqueléticos)                                                                                                                                            ","NO APLICA"]
[null,null,null,null,null,"Locativo: Sistemas y medios de almacenamiento sin anclar","CONDICIONES DE SEGURIDAD","*Golpes con objetos        *Atrapamientos","Archivador rodante","Instalación de rieles en la parte superior de estantes","Recomendaciones capacitaciones en manejo de archivo.",2,4,8,"MEDIO",10,80,"III","MEJORABLE","NO APLICA","NO APLICA","*Instalar en la totalidad de los estantes rieles superiores y/o anclar entre si","NO APLICA","NO APLICA"]
[null,null,null,null,null,"Locativo                                             Sistema de almacenamiento inadecuado                                   (Cajas ubicadas en el piso, por falta de espacio)                ","CONDICIONES DE SEGURIDAD","Accidentes ","Ninguno","Ninguno","Ninguno",2,4,8,"MEDIO",10,80,"III","MEJORABLE","NO APLICA","NO APLICA","NO APLICA","*Se sugiere adecuar un espacio para almacenar las cajas de documentos que se encuentran en el piso.  (PGR-SIG-204 Orden y Aseo)","NO APLICA"]
[null,null,null,null,null,"Mecánico: Manipulación de archivo antiguo con gancho metálico","CONDICIONES DE SEGURIDAD","*Cortes, laceraciones                               *Pinchazos","Implementación de uso de gancho plástico","No aplica","Ninguno",2,4,8,"MEDIO",10,80,"III","MEJORABLE","NO SE REQUIERE","NO SE REQUIERE","NO SE REQUIERE","NO SE REQUIERE","*Verificar el uso de los EPP por parte de los trabajadores"]
[null,null,"OPERATIVO","ACTIVIDAD DESPLAZAMIENTO A EVENTOS Y REUNIONES INSTITUCIONALES,  VISITAS TÉCNICAS (DE CAMPO), ACTIVIDADES DE BIENESTAR  Y CULTURALES FUERA DE LA SEDE, CONTROL DE CONVIVENCIA Y PARTICIPACIÓN CIUDADANA; FUNCIONARIOS DE PLANTA Y/O CONTRATO","SI","RIESGO VIAL","CONDICIONES DE SEGURIDAD","*Muerte \n*Lesiones graves en el cuerpo entero\n*Atrapamiento vehicular","Ninguno","Ninguno","Retroalimentación política de seguridad vial. Capacitación ene seguridad vial.",2,2,4,"BAJO",100,400,"II","ACEPTABLE CON CONTROL ESPECIFICO","NO APLICA","NO APLICA","Realizar mantenimiento periódico de vehículos.","*Dar cumplimiento al plan de capacitación del PESV según el rol (Pasajero - Conductor - Peatón)\n*Realizar sensibilización en seguridad vial  \n* Implementación del plan estratégico de seguridad vial. Inspección pre operacional a vehículos.    (PLA-SIG-202  PESV Plan estratégico de Seguridad Vial)","NO APLICA"]
[null,null,null,null,null,"Locativo\nSuperficies de trabajo  irregulares y  desniveladas                                 (Desplazamiento en los diferentes áreas)","CONDICIONES DE SEGURIDAD","*Golpes \n*Caídas\n*Fracturas","Ninguno","Ninguno","Ninguno",2,4,8,"MEDIO",10,80,"III","MEJORABLE","NO APLICA","NO APLICA","NO APLICA","*Se recomienda uso de calzado adecuado y de tacón bajo según el área a visitar, con el fin de evitar caídas.   (PGR-SIG-203  Programa de protección contra caídas)","Uso de calzado bajo "]
[null,null,null,null,null,"Picaduras                      (Exposición con animales en las vías públicas)","BIOLÓGICO","Infecciones","No aplica","No aplica","Inducción, reinducción SST",2,4,8,"MEDIO",10,80,"III","MEJORABLE","NO APLICA","NO APLICA","NO APLICA","*Se recomienda capacitar en prevención por mordeduras o picaduras. Realizar reinducción SST    (PLAN-SIG-206  Retorno Seguro al trabajo)\n","NO APLICA"]
[null,null,null,null,null,"Mordeduras                             (Exposición con animales en las vías públicas)","BIOLÓGICO","Infecciones","No aplica","No aplica","No aplica",2,4,8,"MEDIO",10,80,"III","MEJORABLE","NO APLICA","NO APLICA","NO APLICA","*Se recomienda capacitar en prevención por mordeduras o picaduras en vías públicas   (PLAN-SIG-206  Retorno Seguro al trabajo)","Camisa manga larga."]
[null,null,null,null,null,"Radiaciones no ionizantes                                                 Exposición a luz solar en actividades externas ","FÍSICO","Incomodidad - Insolación ","Ninguno","Ninguno","Recomendaciones en Inducción y reinducción SST",2,4,8,"MEDIO",10,80,"III","MEJORABLE","NINGUNO ","NINGUNO ","NINGUNO ","*Continuar el uso de camisa manga larga y cachucha en el desarrollo de la actividad. Sensibilizaciones de autocuidado. Realizar reinducción SST.  (PRO-SIG-202  Procedimiento administración de elementos EPP)  y  (PGR-SIG-201  Estilos de Vida y Trabajo Saludable)","Ropa manga larga \nCachucha"]
[null,null,null,null,null,"Temperaturas                   (Calor Ambiental)","FÍSICO","Cansancio, fatiga, cefalea, agotamiento físico","Ninguno","Ninguno","Recomendaciones en Inducción y reinducción SST",2,4,8,"MEDIO",10,80,"III","MEJORABLE","NO APLICA","NO APLICA","NO APLICA","*Continuar el uso de camisa manga larga y cachucha en el desarrollo de la actividad. Sensibilizaciones de autocuidado. Realizar reinducción SST.  (PRO-SIG-202  Procedimiento administración de elementos EPP)  y  (PGR-SIG-201  Estilos de Vida y Trabajo Saludable)","Ropa manga larga "]
[null,null,null,null,null,"Público\n(Robos - Atracos - Asaltos)","CONDICIONES DE SEGURIDAD","*Golpes\n*Agresiones verbales y físicas \n*Atentados violentos\n*Heridas\n*Muerte","Ninguno","Ninguno","Recomendaciones en inducción y reinducción. Capacitación en riesgo publico",2,2,4,"BAJO",100,400,"II","ACEPTABLE CON CONTROL ESPECIFICO","NO APLICA","NO APLICA","NO APLICA","*Socializar los planes contingencia para diferentes situaciones  de emergencia específicamente riesgo público.   (EST-SIG-01  Estándar de seguridad para actividades fuera de la sede)","NO APLICA"]
[null,null,null,null,null,"Público\n(Agresiones verbales - Actos Violentos)","CONDICIONES DE SEGURIDAD","*Golpes\n*Agresiones verbales y físicas \n*Atentados violentos\n*Heridas\n*Muerte","Ninguno","Ninguno","Recomendaciones en inducción y reinducción. Capacitación en riesgo publico",2,2,4,"BAJO",100,400,"II","ACEPTABLE CON CONTROL ESPECIFICO","NO APLICA","NO APLICA","NO APLICA","*Socializar los planes contingencia para diferentes situaciones  de emergencia específicamente riesgo público.  (EST-SIG-01  Estándar de seguridad para actividades fuera de la sede)","NO APLICA"]
[null,null,null,null,null,"Locativo\nSuperficies de trabajo  irregulares en las vías, terrenos inestables y escarpados","CONDICIONES DE SEGURIDAD","*Golpes \n*Caídas\n*Fracturas","Ninguno","Ninguno","Capacitaciones en prevención contra caídas. Recomendaciones en inducción y reinducción.",2,4,8,"MEDIO",10,80,"III","MEJORABLE","NO APLICA","NO APLICA","NO APLICA","*Se recomienda uso de calzado adecuado y de tacón bajo según el área a visitar, con el fin de evitar caídas. Continuar las capacitaciones de prevención contra caídas.  (PGR-SIG-203  Programa de protección contra caídas)","Uso de calzado bajo "]
[null,null,null,null,null,"Accidentes causados por semovientes ","CONDICIONES DE SEGURIDAD","*Golpes \n*Caídas\n*Fracturas","Ninguno","Ninguno","Recomendaciones en inducción y reinducción SST.",2,4,8,"MEDIO",10,80,"III","MEJORABLE","NO APLICA","NO APLICA","NO APLICA","Sensibilizaciones y recomendaciones al personal en maniobras de equinos y tipos de prevención de accidentes con semovientes  (EST-SIG-04  Estándar de Seguridad desplazamiento Equino).","NO APLICA"]
[null,null,null,null,null,"ELÉCTRICO Baja tensión ( cercas eléctricas) ","CONDICIONES DE SEGURIDAD","*Golpes \n*Caídas\n*Fracturas","Ninguno","Ninguno","Inducción y reinducción al personal SST",2,4,8,"MEDIO",10,80,"III","MEJORABLE","NO APLICA","NO APLICA","NO APLICA","Continuar con las socialización en inducción y reinducción de SST a funcionarios y contratistas   (PGR-SIG-203  Programa de protección contra caídas) ","NO APLICA"]
[null,null,"PELIGROS QUE APLICAN A TODAS LAS ACTIVIDADES; FUNCIONARIOS DE PLANTA Y/O CONTRATO",null,"SI","Ruido\n(Intermitente por el paso vehicular por la carrera 2da \"Se percibe en mayor intensidad en el 2do, tercer, 4to y 5to piso del edificio\")","FÍSICO ","Alteraciones auditivas como hipoacusia","PESV","Realización de mediciones ambientales de ruido","PESV",2,4,8,"MEDIO",10,80,"III","MEJORABLE","NO SE REQUIERE","NO SE REQUIERE","NO SE REQUIERE","*Se recomienda realizar mediciones ambientales de ruido, con el fin de identificar los niveles de exposición de ruido en el área.  (PLA-SIG-202 PESV Plan estratégico de seguridad vial)","NO APLICA"]
[null,null,null,null,"SI","Postura mantenida                          (Bípeda)","BIOMECÁNICO","*Cansancio\n*Fatiga en miembros inferiores y en las articulaciones\n*Aparición de vena varice\n*Edema en los pies \n*Dolor lumbar ","No aplica","No aplica","Realiza varias tareas, lo que permite cambios de posición\n\nExámenes ocupacionales periódicos",6,4,24,"MUY ALTO",10,240,"II","ACEPTABLE CON CONTROL ESPECIFICO","NO APLICA","NO APLICA","NO APLICA","*Solicitar a la empresa contratista realizar re inducción en higiene postural, gimnasia laboral y pausas activas.                                                                 \n*Continuar con las actividades del sistema de vigilancia epidemiológico  para prevención de desordenes musculo esqueléticas asociadas al peligro biomecánico  (PGR-SIG-205  Vigilancia Epidemiológica para la prevención de desordenes musculo esqueléticos)  y  (INS-SIG-202 Instructivo de Pausas Activas Saludables) .                                                                                  ","No aplica"]
[null,null,null,null,"SI","Público\n(Robos - Atracos - Asaltos)","CONDICIONES DE SEGURIDAD","*Golpes\n*Agresiones verbales y físicas \n*Atentados violentos\n*Heridas\n*Muerte","Ninguno","Ninguno","Recomendaciones en inducción y reinducción SST. Capacitación en riesgo publico",2,2,4,"BAJO",100,400,"II","ACEPTABLE CON CONTROL ESPECIFICO","NO APLICA","NO APLICA","Instalar cámaras de vigilancia en la sede. ",". *Socializar los planes contingencia para diferentes situaciones  de emergencia específicamente riesgo público.  (PLA-SIG-204  Plan de Prevención, Preparación y Respuesta ane emergencias) y (PLA-SIG-206 Retorno seguro al trabajo) ","NO APLICA"]
[null,null,null,null,"SI","Público\n(Agresiones verbales y/o físicas de parte de usuarios y funcionarios)","CONDICIONES DE SEGURIDAD","*Golpes\n*Agresiones verbales y físicas \n*Heridas\n*Muerte","Ninguno","Ninguno","Recomendaciones en inducción y reinducción SST. Capacitación en riesgo publico",2,2,4,"BAJO",100,400,"II","ACEPTABLE CON CONTROL ESPECIFICO","NO APLICA","NO APLICA","*Circuito cerrado de televisión","*Actualizar el plan de emergencias de todas las sedes, incluyendo los planes operativos normalizados en caso de situaciones de emergencia en riesgo público especifico para cada sede y socializarlo a todo el personal.     \n* Rondas de seguridad por parte de la Policía Nacional \n*Capacitar al personal en actuación ante emergencias en riesgo público. (PLA-SIG-204  Plan de Prevención, Preparación y Respuesta ane emergencias) y (PLA-SIG-206 Retorno seguro al trabajo) ","NO APLICA"]
[null,null,null,null,"SI","Público\n(Manifestaciones públicas)","CONDICIONES DE SEGURIDAD","*Golpes\n*Agresiones verbales y físicas \n*Heridas\n*Muerte","Ninguno","Hay vigilancia permanente en la puerta de acceso del edificio. ","Recomendaciones en inducción y reinducción SST. Capacitación en riesgo publico",2,2,4,"BAJO",100,400,"II","ACEPTABLE CON CONTROL ESPECIFICO","NO APLICA","NO APLICA","NO APLICA","Socializar los PON de los planes de emergencias. Reinducción SST","NO APLICA"]
[null,null,null,null,"SI","Público\n(Inseguridad por actos delictivos en los alrededores de la sede)","CONDICIONES DE SEGURIDAD","*Golpes\n*Agresiones verbales y físicas \n*Atentados violentos\n*Heridas\n*Muerte","Ninguno","Hay vigilancia permanente en la puerta de acceso del edificio. \n\nHay cámara de vigilancia en  la parte exterior e interior del edificio.. ","Recomendaciones en inducción y reinducción SST. Capacitación en riesgo publico",2,2,4,"BAJO",100,400,"II","ACEPTABLE CON CONTROL ESPECIFICO","NO APLICA","NO APLICA","Mantenimiento periódico a cámaras de seguridad, por parte de la empresa de vigilancia.","*Socializar los planes contingencia para diferentes situaciones  de emergencia específicamente riesgo público.    ( EST-SIG-01Estandar de Seguridad para actividades fuera de la sede)","NO APLICA"]
[null,null,null,null,"SI","Público\n(Robos - Atracos - Asaltos - Agresiones verbales - Actos Violentos)","CONDICIONES DE SEGURIDAD","*Golpes\n*Agresiones verbales y físicas \n*Atentados violentos\n*Heridas\n*Muerte","Ninguno","Cámaras de seguridad en el primer piso","Recomendaciones en inducción y reinducción SST. Capacitación en riesgo publico",2,2,4,"BAJO",100,400,"II","ACEPTABLE CON CONTROL ESPECIFICO","NO APLICA","NO APLICA","Instalar cámaras de vigilancia en todos los pisos de la sede. ","*Socializar los planes contingencia para diferentes situaciones  de emergencia específicamente riesgo público.   ( EST-SIG-01Estandar de Seguridad para actividades fuera de la sede) ","NO APLICA"]
[null,null,null,null,"SI","Radiaciones no ionizantes                       (Exposición a luz solar que ingresa por ventanales a la mayoría de los puestos de trabajo)","FÍSICO ","*Cáncer de piel\n*Quemadura solar\n*Insolación \n*Foto envejecimiento cutáneo \n *Foto carcinogénesis\n*Alteraciones oculares","No aplica","No hay","Ninguno",2,4,8,"MEDIO",10,80,"III","MEJORABLE","N.A","N.A","*Se recomienda instalar película de seguridad en los ventanales ","Recomendaciones de autocuidado. Solicitar los recursos para la adecuación en el área. ","NO APLICA"]
[null,null,null,null,"NO","Sismo - Temblores                  ","FENÓMENOS NATURALES","*Daños materiales (Pérdida total)\n*Heridas y lesiones graves\n*Accidentes de trabajo \n*Muerte","No Aplica","hay elementos para atención de emergencias en caso de requerirse","Capacitación  en atención   de emergencias. Constitución de las brigadas de emergencias ",2,2,4,"BAJO",100,400,"II","ACEPTABLE CON CONTROL ESPECIFICO","NO SE REQUIERE","NO SE REQUIERE","NO SE REQUIERE","*Se recomienda realizar estudio de vulnerabilidad y sismo resistencia de las instalaciones. \n*Capacitar al personal en atención de  emergencias.  (PLA-SIG-204 Plan de Prevención, preparación y respuesta ante emergencias) "]
[null,null,null,null,"NO","Erupción volcán machín           ","FENÓMENOS NATURALES","*Daños materiales (Pérdida total)\n*Heridas y lesiones graves\n*Accidentes de trabajo \n*Muerte","Ninguno","Ninguno","Capacitación  en atención ante emergencias ",2,2,4,"BAJO",100,400,"II","ACEPTABLE CON CONTROL ESPECIFICO","NO SE REQUIERE","NO SE REQUIERE","NO SE REQUIERE","*Seguir las instrucciones que el departamento suministra para  casos de emergencia por posible erupción del Volcán.                                                                                              \n*Solicitar capacitación al ente respectivo sobre actuación en caso de erupción del volcán machín. \n*Capacitar en actuación ante emergencias en caso de erupción del volcán machín a todo el personal.  \n*Actualizar plan de emergencias incluyendo el PON por posible erupción del volcán machín y socializar a los trabajadores.   (PLA-SIG-204 Plan de Prevención, preparación y respuesta ante emergencias) "]
[null,null,null,null,"SI","Tecnológico\n(Incendios - Explosiones)\nGenerado dentro de las instalaciones del edificio","CONDICIONES DE SEGURIDAD","Incendios \nQuemaduras de grado 2 y 3\nMuerte","Ninguno","Uso de equipos contra incendio","Personal capacitado en manejo de equipos contra incendios",2,2,4,"BAJO",100,400,"II","ACEPTABLE CON CONTROL ESPECIFICO","NO APLICA","NO APLICA","*Realizar mantenimiento preventivo y correctivo de los equipos eléctricos e instalaciones eléctricas en la sede","*Capacitación en prevención de accidentes de trabajo por riesgo eléctrico.                                                          \n\n*Continuar con las inspecciones de seguridad enfocado a riesgo eléctrico. (PGR-SIG-203 Programa de protección contra caídas) y (EST-SIG-01 Estándar de seguridad para actividades fuera de la sede)","NO APLICA"]
[null,null,null,null,"SI","Fugas de gas \n\"Riesgo de la vecindad\"\n(Generado por la cercanía a restaurantes) ","QUÍMICOS","Incendios \nQuemaduras de grado 2 y 3\nMuerte","Ninguno","Uso de equipos contra incendio","Ninguno",2,2,4,"BAJO",100,400,"II","ACEPTABLE CON CONTROL ESPECIFICO","NO APLICA","NO APLICA","NO APLICA","*Diseñar y socializar PON en caso de fuga de gas  (PLAN-SIG-204 Pan de prevención, preparación y respuesta ante emergencias)","NO APLICA"]
[null,null,null,null,"SI","Inundación \nPor daño estructural \"Hay tanque subterráneo en el área y se inunda el área en ocasiones\"","CONDICIONES DE SEGURIDAD","*Inundaciones \n*Daños materiales (Pérdida total)\n","No hay","hay elementos para atención de emergencias en caso de requerirse","Capacitación  en atención ante emergencias ",2,4,8,"MEDIO",10,80,"III","MEJORABLE","NO SE REQUIERE","NO SE REQUIERE","NO SE REQUIERE","*Se sugiere realizar mantenimiento preventivo y correctivo a las instalaciones de tal manera que el agua del tanque subterráneo no se rebose  (Plan de Saneamiento Básico y Sistema Globalmente Armonizado)","NO APLICA"]
[null,null,null,null,"SI","Tecnológico\n\"Riesgo de la vecindad\"\n(Incendios - Explosiones)\nGenerados por atentados contra el Palacio de Justicia y/o la DIAN","CONDICIONES DE SEGURIDAD","Incendios \nQuemaduras de grado 2 y 3\nMuerte","Ninguno","Uso de equipos contra incendio","Ninguno",2,2,4,"BAJO",100,400,"II","ACEPTABLE CON CONTROL ESPECIFICO","NO APLICA","NO APLICA","*Realizar mantenimiento preventivo y correctivo de los equipos eléctricos e instalaciones eléctricas en las diferentes sedes. ","*Capacitación en riesgo mecánico y riesgo eléctrico a todo el personal.                                                          \n\n*Capacitación de manejo de energías peligrosas\n\n*Continuar con las inspecciones de seguridad enfocado a riesgo eléctrico.  (PGR-SIG-203  Programa de protección contra caídas)","Calzado de seguridad"]
[null,null,null,null,"SI","Infraestructura - Locativo\nAusencia de estructura que evite el ingreso de aguas lluvias en los pasillos del edificio principal ","CONDICIONES DE SEGURIDAD","Caídas por Ingreso de aguas lluvias en los pasillos","Ninguno","Ninguno","Capacitación en prevención de caídas. Inducción y reinducción SST.",2,4,8,"MEDIO",10,80,"III","MEJORABLE","Se recomienda instalar estructura  que evite el ingreso de aguas lluvias en los pasillos de la entidad. ","NO SE REQUIERE","NO SE REQUIERE","Continuar con el uso de señalización cada que llueve  (PGR-SIG-204  Orden y Aseo)  y  (PGR-SIG-203 Programa de protección contra caídas)\n\n","NO APLICA"]
[null,null,null,null,"SI","Locativo\nSistema de almacenamiento\n(Atrapamiento por mal funcionamiento de los ascensores)\n \n","CONDICIONES DE SEGURIDAD","Atrapamiento ","Se realiza mantenimiento periódico a los ascensores","Uso de equipos contra incendio","Ninguno",2,4,8,"MEDIO",10,80,"III","MEJORABLE","NO APLICA","NO APLICA","*Continuar con el mantenimiento preventivo y correctivo de los ascensores","*Diseñar y socializar PON en caso de atrapamiento por mal funcionamiento del ascensor  (Plan de saneamiento básico) y ( Sistema globalmente armonizado)","Calzado de seguridad"]
[null,null,null,null,"SI","Virus \n","BIOLÓGICO","Malestar general","Ninguno","Limpieza y desinfección de áreas de trabajo   y en casa,  Control de aforo, señalización de advertencia.","Distanciamiento    físico, uso de mascarilla, lavado de manos constante.",2,4,8,"MEDIO",10,80,"III","MEJORABLE","N.A","N.A","Trabajo en casa , diseño puestos de trabajo cumpliendo con el distanciamiento social, lavamanos y puntos de desinfección.","  *Promover frecuentemente el lavado de manos en personal de planta, contratistas y visitantes. En caso de no contar con agua y jabón, se debe proveer con desinfectantes para manos (gel antibacterial a base de alcohol).  *Disminución de la densidad laboral en áreas de trabajo o de ocupación de la entidad promoviendo el teletrabajo. *Mantener un stop de EPP  (mascarillas ) para dotación y recambio. *Establecer canales de comunicación individualizados y/o de grupo: correo electrónico, redes sociales, videoconferencia, teléfono para reuniones evitando la presencialidad. *Revisión y análisis de los perfiles epidemiológicos por cargo, estrategias motivación para que los funcionarios se  vacunen.  ","Uso permanente de mascarilla respiratoria. Uso periódico de productos para limpieza (agua y jabón) y  alcohol al 70%, mono gafas o careta."]
[null,null,null,null,"SI"," Demandas Emocionales: Condiciones de la tarea                             \nLa novedad del entorno de trabajo, situación familiar:  hijos o personas mayores a cargo en el hogar en situación de riesgo, miedo al contagio, aislamiento social y confinamiento, miedos e incertidumbres laborales y socioeconómicos, espacios y recursos compartidos por varias personas ante las mismas circunstancias en sus domicilios, convertir espacios de su hogar en despachos improvisados para poder seguir desempeñando su tarea diaria, valoración subjetiva y objetiva por parte del experto mientras se aplica la batería de riesgo psicosocial.","PSICOSOCIAL","Alteraciones mentales, Ansiedad, depresión, estrés postraumático.","S.V.E. Psicosocial","S.V.E Psicosocial","Intervenciones individuales y grupales, capacitaciones, medidas de afrontamiento, manejo de habilidades sociales.",2,4,8,"MEDIO",10,80,"III","MEJORABLE","N.A","N.A","Organización de los puestos de trabajo, lavamanos, dispensadores, cumpliendo con el distanciamiento.","identificación de personas con mayor riesgo, prácticas para la prevención del contagio a través del autocuidado individual y familiar, entre otras \"capacitaciones del protocolo de bioseguridad, inspecciones, suministro de Elementos de bioseguridad..   ","Uso de los elementos de bioseguridad, establecer el compromiso de autocuidado y trabajo seguro."]
[null,null,null,null,"SI","Características de la organización del trabajo\n(Valoración promedio mientras se realiza el proceso de aplicación de baterías de riesgo psicosocial)","PSICOSOCIAL","Alteraciones mentales, Ansiedad, depresión.","SVE. Riesgo Psicosocial","SVE. Riesgo Psicosocial","Intervenciones individuales y grupales, capacitaciones, medidas de afrontamiento, manejo de habilidades sociales.",2,4,8,"MEDIO",10,80,"III","MEJORABLE","NO SE REQUIERE","NO SE REQUIERE","NO APLICA","*Aplicación de las baterías de riesgo  psicosocial, para verificar la exposición al peligro. \nCapacitación en trabajo en equipo y competencias individuales y profesionales.\n\nAnálisis de carga laboral.    (PGR-SIG-206 Vigilancia epidemiológica de riesgo Psicosocial)                                                                                                                                   ","NO SE REQUIERE"]
[null,null,null,null,"SI","Características del grupo social y del trabajo.\n(Está en proceso la evaluación de los factores de riesgo psicosocial)","PSICOSOCIAL","Stress laboral\nAfecciones de salud                                                                                                                                                                                                                                                                                                                                                                                                            Ambientes de trabajo Hostil                                                                                                                                                                                                                                                                                                                                                                                                         Baja Productividad","Cumplimiento de la normatividad ley 1010, resolución 652 y 356, 2646.","Comité de Convivencia Laboral","Capacitaciones en habilidades sociales básicas, resolución de conflictos, liderazgo efectivo.",2,4,8,"MEDIO",10,80,"III","MEJORABLE","NO SE REQUIERE","NO SE REQUIERE","NO SE REQUIERE","*Capacitación en habilidades sociales básicas y relaciones interpersonales y comunicación asertiva y efectiva. \n\n*Capacitación en liderazgo efectivo y generación de hábitos del líder.  (PGR-SIG-206 Vigilancia epidemiológica de riesgo Psicosocial)     ","NO SE REQUIERE"]
[null,null,null,null,"SI","Gestión Organizacional\n(Está en proceso la evaluación de los factores de riesgo psicosocial aplicación batería de riesgo psicosocial)","PSICOSOCIAL","Stress laboral\nAfecciones de salud                                                                                                                                                                                                                                                                                                                                                                                                                     Productividad- Ausentismo","Plan de Intervención del SVE ","N/A","Intervenciones individuales y grupales, capacitaciones en liderazgo, fortalecimiento de las escuelas de liderazgo.",2,4,8,"MEDIO",10,80,"III","MEJORABLE","NO SE REQUIERE","NO SE REQUIERE","NO SE REQUIERE","Fortalecimiento de las escuelas de liderazgo.  (PGR-SIG-206 Vigilancia epidemiológica de riesgo Psicosocial)   ","NO SE REQUIERE"]
[null,null,null,null,"SI","Contenido de la Tarea (Carga de Trabajo)\n(Está en proceso la evaluación de los factores de riesgo psicosocial aplicación batería de riesgo psicosocial)","PSICOSOCIAL","Stress laboral\nAfecciones de salud","S.V.E. Psicosocial","Distribución de la tarea por trabajo en equipo, gestión del tiempo.","Intervenciones individuales y grupales, capacitaciones, medidas de afrontamiento, manejo de habilidades sociales.",2,4,8,"MEDIO",10,80,"III","MEJORABLE","NO SE REQUIERE","NO SE REQUIERE","NO SE REQUIERE","Capacitaciones, manejo del tiempo como recurso, trabajo colaborativo y ayuda percibida.  (PGR-SIG-206 Vigilancia epidemiológica de riesgo Psicosocial)   ","NO SE REQUIERE"]
[null,null,null,null,"SI","Accidentes aéreos                           (En los desplazamientos en avión a otras ciudades)\n","CONDICIONES DE SEGURIDAD","*Muerte \n*Lesiones graves en el cuerpo entero\n*Caída de avión","Ninguno","Ninguno","Ninguno",2,2,4,"BAJO",100,400,"II","ACEPTABLE CON CONTROL ESPECIFICO","NO APLICA","NO APLICA","NO APLICA","*Dar cumplimiento a las normas de seguridad para viajes aéreos  (PLA-SIG-202  PESV Plan estratégico de seguridad vial)","NO APLICA"]
[null,null,null,null,"SI","Virus (cambio climático)\n ","BIOLÓGICO","Malestar general","Ninguno","Limpieza y desinfección de áreas de trabajo   y en casa,  Control de aforo, señalización de advertencia.","Distanciamiento    físico, uso de mascarilla, lavado de manos constante.",2,4,8,"MEDIO",10,80,"III","MEJORABLE","NO APLICA","NO APLICA","NO APLICA","  *Promover frecuentemente el lavado de manos en personal de planta, contratistas y visitantes. En caso de no contar con agua y jabón, se debe proveer con desinfectantes para manos (gel antibacterial a base de alcohol).  *Disminución de la densidad laboral en áreas de trabajo o de ocupación de la entidad promoviendo el teletrabajo. *Mantener un stop de EPP  (mascarillas ) para dotación y recambio. *Establecer canales de comunicación individualizados y/o de grupo: correo electrónico, redes sociales, videoconferencia, teléfono para reuniones evitando la presencialidad. *Revisión y análisis de los perfiles epidemiológicos por cargo, estrategias motivación para que los funcionarios se  vacunen.   (PRO-SIG-202 Procedimiento administrativo de elementos EPP)","Uso permanente de mascarilla respiratoria. Uso periódico de productos para limpieza (agua y jabón) y  alcohol al 70%, mono gafas o careta."]
[null,null,null,null,"NO","Largas Jornadas Laborales y ausencia de descanso con altas temperaturas y rediciones altas por factor del CAMBIO CLIMATICO.","PSICOSOCIAL","Estrés, agotamiento por trabajo continuo, cansancio, fatiga, angustia, ansiedad, poca concentración y atención, somnolencia.","Ninguno","Ninguno","PVE- Riesgo psicosocial",2,4,8,"MEDIO",10,80,"III","MEJORABLE","NO APLICA","NO APLICA","NO APLICA","Introducir una rutina de tiempos de trabajo y de descanso para aquellos\ntrabajadores/as que estén expuestos a ambientes calurosos, Formación en primeros auxilios, para que puedan\nreconocer y tratar los primeros síntomas de desórdenes de salud ocasionados por una\nexposición a temperaturas extremadamente cálidas., Seguir a diario los boletines\nmeteorológicos y cambiar el horario de trabajo de gran exposición al calor\na horas más frescas del día., En trabajos a campo abierto, crear zonas descanso con carpas, Disponer de agua potable fría en lugares estratégicos y visibles, cercanos al área de trabajo.","NO SE REQUIERE"]
[null,null,null,null,"NO"," Temperaturas\nextremas (calor) por factor de CAMBIO CLIMATICO","FISICO","Stress térmico Agotamiento Mareos  Deshidratación Golpes de calor, lesiones en la piel, insolación, ","No aplica","Ninguno","Ninguno",2,4,8,"MEDIO",10,80,"III","MEJORABLE","NO APLICA","NO APLICA","NO APLICA","Todos los funcionarios que realicen desplazamientos fuera de la sede deben aplicar el Estándar de Seguridad \"EST-204\"., se recomienda hidratación continua, alimentación adecuada, Organización de los puestos de trabajo, implementación de un programa de climatización. Sistemas de ventilación","Ropa de trabajo y equipos de\nprotección adecuados(camisa,\nmanga larga, pantalón largo,\ngorra o sombrero de ala ancha).\nSaber que la ropa protectora o el\nequipo de protección personal\npuede aumentar el riesgo del\nestrés por calor."]
[null,null,null,null,"NO"," Temperaturas\nextremas (calor Radiaciones No ionizantes) por factor de CAMBIO CLIMATICO","FISICO","Stress térmico Agotamiento Mareos  Deshidratación Golpes de calor, lesiones en la piel, dolor de cabeza.","No aplica","Ninguno","Protector Solar",2,4,8,"MEDIO",10,80,"III","MEJORABLE","NO APLICA","NO APLICA","NO APLICA","Todos los funcionarios que realicen desplazamientos fuera de la sede deben aplicar el Estándar de Seguridad \"EST-204\"., se recomienda hidratación continua, alimentación adecuada, Organización de los puestos de trabajo, implementación de un programa de climatización. Sistemas de ventilación","Ropa de trabajo y equipos de\nprotección adecuados(camisa,\nmanga larga, pantalón largo,\ngorra o sombrero de ala ancha).\nSaber que la ropa protectora o el\nequipo de protección personal\npuede aumentar el riesgo del\nestrés por calor."]
[null,null,null,null,"NO","Inhalación de Humos y Vapores\n (Incendios Forestales )por factor CAMBIO CLIMATICO","QUÍMICO","Asfixia, Dificultad para respirar, Ardor en los ojos, conjuntivitis, Alergias, Tos, irritación de la garganta, dolor de cabeza.","No aplica","Ninguno","Ninguno",2,4,8,"MEDIO",10,80,"III","MEJORABLE","NO APLICA","NO APLICA","NO APLICA","Aplicación PON para el manejo de incendios forestales, ver PLAN DE MERGENCIA PLA-SIG 204.","NO SE REQUIERE"]
[null,null,"PELIGROS QUE APLICAN A TRABAJO CON RESTRICCIONES DE SALUD Y/O TELE TRABAJO",null,"SI","Postura Prolongada \n(Postura sedente más del 75% de la jornada laboral en trabajo con video terminales)","BIOMECÁNICO","*Dolor lumbar inespecífico\n*Espasmos musculares","Ninguno","Ninguno","Ninguno",6,4,24,"MUY ALTO",10,240,"II","ACEPTABLE CON CONTROL ESPECIFICO","NO APLICA","NO SE REQUIERE","NO SE REQUIERE","*Realizar visitas virtuales por parte del Grupo de SST para capacitar en higiene postural en casa.\n\n*Realizar pausas activas en el área.                                                                 \n\n*Continuar con las actividades del programa de vigilancia epidemiológico  para prevención de desordenes musculo esqueléticas asociadas al peligro biomecánico, para trabajo en casa.  (PGR-SIG-205 Vigilancia epidemiológica  para la prevención de desordenes musculo esqueléticos)                                                                             ","NO APLICA"]
[null,null,null,null,"SI","Movimientos repetitivos  \n(Digitación - Escanear)","BIOMECÁNICO","Lesiones por trauma acumulativo en miembro superiores ( STC).\nSíndrome de Quervain","Ninguno","Ninguno","Ninguno",6,4,24,"MUY ALTO",10,240,"II","ACEPTABLE CON CONTROL ESPECIFICO","NO SE REQUIERE","NO SE REQUIERE","NO SE REQUIERE","*Se recomienda la implementación permanente de pausas activas durante la jornada laboral.   (PGR-SIG-205 Vigilancia epidemiológica para la prevención de desordenes musculo esqueléticos)  y  (INS-SIG-202  Instructivo de pausas activas saludables)                                                                                                                                               ","NO APLICA"]
[null,null,null,null,"SI","Radiaciones No ionizantes                                   (Exposición permanente a pantallas del computador)","FÍSICO ","*Fatiga visual","Ninguno","Ninguno","Recomendaciones a través de video llamada por parte de la oficina SST, (biomecánico, psicosocial, y demás peligros de exposición en las actividades de trabajo en casa).",2,4,8,"MEDIO",10,80,"III","MEJORABLE","NO APLICA","NO SE REQUIERE","NO SE REQUIERE","*Se recomienda la implementación permanente de pausas activas durante la jornada laboral.    (PGR-SIG-205 Vigilancia epidemiológica para la prevención de desordenes musculo esqueléticos)  y  (INS-SIG-202  Instructivo de pausas activas saludables)                                                                                                                                                   ","NO APLICA"]
[null,null,null,null,"NO","Locativo                                                                              (Cableado eléctrico desordenado en la zona adecuada para puesto de trabajo)","CONDICIONES DE SEGURIDAD","*Se potencializa el riesgo de accidentes por caídas. ","Ninguno","Ninguno","Recomendaciones a través de video llamada por parte de la oficina SST, (biomecánico, psicosocial, y demás peligros de exposición en las actividades de trabajo en casa).",2,4,8,"MEDIO",10,80,"III","MEJORABLE","NO APLICA","NO SE REQUIERE","Se recomienda agrupar el cableado eléctrico faltante, utilizando espiral porta cable u otro mecanismo de canalización. ","Realizar inspecciones de seguridad para verificar estado de cableado del  área.  Continuar con los acompañamientos y seguimientos por parte de SST, a través de las video llamadas.  (Plan de saneamiento básico ) y ( Sistema globalmente armonizado)","NO APLICA"]
[null,null,null,null,"NO","Picaduras - Mordeduras                             (Presencia de vectores e insectos dentro de la vivienda o zona destinada para laborar).","BIOLÓGICO","Infecciones","Ninguno","Ninguno","Recomendaciones a través de video llamada por parte de la oficina SST, (biomecánico, psicosocial, y demás peligros de exposición en las actividades de trabajo en casa).",2,4,8,"MEDIO",10,80,"III","MEJORABLE","NO APLICA","NO APLICA","NO APLICA","* realizar una correcta inspección del área de trabajo para garantizar la NO presencia de vectores o insectos ponzoñoso. Evitar las zona con acumulación de aguas estancadas. Continuar con los acompañamientos y seguimientos por parte de SST, a través de las video llamadas.PGR-SIG-206 Vigilancia epidemiológica de riesgo Psicosocial) y (PLAN-SIG-206 Retorno seguro al trabajo)","NO APLICA"]
[null,null,null,null,"SI","Virus y Bacterias\n (Exposición a virus y bacterias debido al uso de superficies húmedas como baños, lavamanos y lavaplatos alberca)","BIOLÓGICO","*Dermatosis\n*Reacciones alérgicas\n*Enfermedades infecciosas\n*Infecciones respiratorias","Ninguno","Ninguno","Recomendaciones a través de video llamada por parte de la oficina SST, (biomecánico, psicosocial, y demás peligros de exposición en las actividades de trabajo en casa).",2,4,{"$f":"+L76*M76","v":8},{"$f":"IF(N76>=24,\"MUY ALTO\",IF(N76>=10,\"ALTO\",IF(N76>=6,\"MEDIO\",\"BAJO\")))","v":"MEDIO"},10,{"$f":"+N76*P76","v":80},{"$f":"IF(Q76>=600,\"I\",IF(Q76>=150,\"II\",IF(Q76>=40,\"III\",IF(Q76>=20,\"IV\"))))","v":"III"},{"$f":"IF(Q76>=600,\"NO ACEPTABLE\",IF(Q76>=150,\"ACEPTABLE CON CONTROL ESPECIFICO\",IF(Q76>=40,\"MEJORABLE\",IF(Q76>=20,\"ACEPTABLE\"))))","v":"MEJORABLE"},"NO APLICA","NO APLICA","NO APLICA","Continuar con los acompañamientos y seguimientos por parte de SST, a través de las video llamadas.    (PGR-SIG-206 Vigilancia epidemiológica de riesgo Psicosocial) y (PLAN-SIG-206 Retorno seguro al trabajo)","*Uso de EPP (Guantes - Tapa bocas)"]
[null,null,null,null,"NO","Material particulado \n(Polvo en los documentos)","QUÍMICOS","*Enfermedades respiratorias\n*Infecciones virales \n*Alergias ","Ninguno","Ninguno","Recomendaciones a través de video llamada por parte de la oficina SST, (biomecánico, psicosocial, y demás peligros de exposición en las actividades de trabajo en casa).",2,4,8,"MEDIO",10,80,"III","MEJORABLE","NO APLICA","NO APLICA","NO APLICA","*Realizar seguimiento del uso de los elementos de protección personal (Tapa bocas), cuando manipule archivo con polvo. Continuar con los acompañamientos y seguimientos por parte de SST, a través de las video llamadas.  (PGR-SIG-204 Orden y Aseo) y (PRO-SIG-202 Procedimiento administración de elementos EPP)                                                          ","Suministrar tapa bocas para el desarrollo de la labor. "]
[null,null,null,null,"NO","Uso de elementos de desinfección\n(alcohol, gel antibactarial)","QUÍMICOS","\n*Alergias en piel o vías respiratorias.\n* Quemaduras ","Ninguno","Ninguno","Recomendaciones a través de video llamada por parte de la oficina SST, (biomecánico, psicosocial, y demás peligros de exposición en las actividades de trabajo en casa).",2,4,8,"MEDIO",10,80,"III","MEJORABLE","NO APLICA","NO APLICA","NO APLICA","*Realizar seguimiento del uso de los elementos de protección personal (Tapa bocas), cuando manipule archivo con polvo.  Continuar con los acompañamientos y seguimientos por parte de SST, a través de las video llamadas.   (PGR-SIG-204 Orden y Aseo) y (PRO-SIG-202 Procedimiento administración de elementos EPP)                                                          ","Suministrar tapa bocas para el desarrollo de la labor. "]
[null,null,null,null,"SI","Mecánico                                         (Manejo de Equipos y elementos de Oficina)","CONDICIONES DE SEGURIDAD","*Traumas de tejidos blandos (Laceración, contusión, heridas superficiales, etc.)       ","Ninguno","Ninguno","Recomendaciones a través de video llamada por parte de la oficina SST, (biomecánico, psicosocial, y demás peligros de exposición en las actividades de trabajo en casa).",2,4,8,"MEDIO",10,80,"III","MEJORABLE","NO SE REQUIERE","NO SE REQUIERE","NO SE REQUIERE","*Continuar con el uso adecuado de los elementos de trabajo, realizar cambio de los elementos que se observen en mal estado. Continuar con los acompañamientos y seguimientos por parte de SST, a través de las video llamadas.   (PGR-SIG-204 Orden y Aseo) y (PRO-SIG-202 Procedimiento administración de elementos EPP) ","NO APLICA"]
[null,null,null,null,"SI","Deficiente ventilación (Las ventanas y persianas deben permanecer cerradas para evitar el ingreso de rayos solares)","FÍSICO                              ","*Disconfort por calor ambiental permanente","Ninguno","Ninguno","Recomendaciones a través de video llamada por parte de la oficina SST, (biomecánico, psicosocial, y demás peligros de exposición en las actividades de trabajo en casa).",2,4,8,"MEDIO",10,80,"III","MEJORABLE","NO APLICA","NO SE REQUIERE","NO SE REQUIERE","Se recomienda contar con un área de ventilación natural o con ventilación artificial como ventiladores . Continuar con los acompañamientos y seguimientos por parte de SST, a través de las video llamadas.   (  Plan de saneamiento básico )  y ( Sistema globalmente armonizado)","NO APLICA"]
[null,null,null,null,"SI","Manipulación y desplazamiento de cargas\n(Documentos y cajas)","BIOMECÁNICO","Lesiones en columna\nEnfermedad discal\nEnfermedad lumbar ","Ninguno","Ninguno","Recomendaciones a través de video llamada por parte de la oficina SST, (biomecánico, psicosocial, y demás peligros de exposición en las actividades de trabajo en casa).",2,4,8,"MEDIO",10,80,"III","MEJORABLE","NO SE REQUIERE","NO SE REQUIERE","NO SE REQUIERE","* Practicar higiene postural para el manejo de cargas. Evitar levantar mas de 10 Kg mujeres y 20 Kg Hombres. Continuar con los acompañamientos y seguimientos por parte de SST, a través de las video llamadas.  (PGR-SIG-205 Vigilancia Epidemiológica para la prevención de desordenes musculo esqueléticos)","NO APLICA"]
[null,null,null,null,"SI","Iluminación\n(Deficiente de iluminación natural o artificial en el sitio adecuado para laboral dentro de la vivienda)                                             ","FÍSICO ","*Fatiga visual","Ninguno","Ninguno","Recomendaciones a través de video llamada por parte de la oficina SST, (biomecánico, psicosocial, y demás peligros de exposición en las actividades de trabajo en casa).",2,4,8,"MEDIO",10,80,"III","MEJORABLE","NO APLICA","Se recomienda adecuar zona de trabajo en lugar con iluminación adecuada (que no sea excesiva o deficiente). ","NO SE REQUIERE","Se recomienda adecuar el sitio de trabajo con iluminación adecuada. Continuar con los acompañamientos y seguimientos por parte de SST, a través de las video llamadas.   (  Plan de saneamiento básico )  y ( Sistema globalmente armonizado)","NO APLICA"]
[null,null,null,null,"NO","Locativo\nSuperficies de trabajo  irregulares y  desniveladas, escaleras                                 (Desplazamiento en la vivienda)","CONDICIONES DE SEGURIDAD","*Golpes \n*Caídas\n*Fracturas","Ninguno","Ninguno","Recomendaciones a través de video llamada por parte de la oficina SST, (biomecánico, psicosocial, y demás peligros de exposición en las actividades de trabajo en casa).",2,4,8,"MEDIO",10,80,"III","MEJORABLE","NO APLICA","NO APLICA","NO APLICA","*Se recomienda uso de calzado adecuado y de tacón bajo según el área a visitar, con el fin de evitar caídas.  Continuar con los acompañamientos y seguimientos por parte de SST, a través de las video llamadas.  ( PGR-SIG-203 Programa de protección contra caídas)","Uso de calzado bajo "]
[null,null,null,null,"SI","Virus ","BIOLÓGICO","Malestar general","Ninguno","Ninguno","Recomendaciones a través de video llamada por parte de la oficina SST, (biomecánico, psicosocial, y demás peligros de exposición en las actividades de trabajo en casa).",2,4,8,"MEDIO",10,80,"III","MEJORABLE","N.A","N.A","Trabajo en Casa","*Garantizar el autocuidado en Casa.\n*Participar en las reuniones de bioseguridad realizadas por el grupo de SST.\n*Evitar las reuniones sociales y evitar visitar sitios concurridos o de alto riesgo\n*  Realizar constante desinfección y limpieza de los sitios de trabajo\n* Evitar tocar cara, boca y ojos con las manos.\n* Lavar las manos cada 3 horas.  Continuar con los acompañamientos y seguimientos por parte de SST, a través de las video llamadas.  ","Uso de EPP (gafas, Mascarilla respiratorias, pantallas protectoras faciales, guantes, bata)."]
[null,null,null,null,"SI","Público\n(Robos - Atracos - Asaltos - Agresiones verbales - Actos Violentos)","CONDICIONES DE SEGURIDAD","*Golpes\n*Agresiones verbales y físicas \n*Atentados violentos\n*Heridas\n*Muerte","Ninguno","Ninguno","Recomendaciones a través de video llamada por parte de la oficina SST, (biomecánico, psicosocial, y demás peligros de exposición en las actividades de trabajo en casa).",2,2,4,"BAJO",100,400,"II","ACEPTABLE CON CONTROL ESPECIFICO","NO APLICA","NO APLICA","NO APLICA","*Socializar los planes contingencia para diferentes situaciones  de emergencia específicamente riesgo público. Continuar con los acompañamientos y seguimientos por parte de SST, a través de las video llamadas.  (EST-SIG-01 Estándar de seguridad para actividades fuera de la sede) y  (PLA-SIG-204 Plan de prevención, preparación y respuesta ante emergencia)","NO APLICA"]
[null,null,null,null,"NO","Erupción volcán Machín","FENÓMENOS NATURALES","Erupción del Volcán Machín","Ninguno","Ninguno","Recomendaciones a través de video llamada por parte de la oficina SST, (biomecánico, psicosocial, y demás peligros de exposición en las actividades de trabajo en casa).",2,4,8,"MEDIO",10,80,"III","MEJORABLE","NO APLICA","NO APLICA","NO APLICA","Tener en cuenta las recomendaciones dadas en los medios de comunicación de la alcaldía y recomendaciones en el video del ejercicio de la simulación  el día nacional del simulacro  . Continuar con los acompañamientos y seguimientos por parte de SST, a través de las video llamadas.","NO APLICA"]
[null,null,null,null,"NO","Sismo - Terremoto","FENÓMENOS NATURALES","Erupción del Volcán Machín","Ninguno","Ninguno","Recomendaciones a través de video llamada por parte de la oficina SST, (biomecánico, psicosocial, y demás peligros de exposición en las actividades de trabajo en casa).",2,4,8,"MEDIO",10,80,"III","MEJORABLE","NO APLICA","NO APLICA","NO APLICA","Tener en cuenta las recomendaciones dadas en los medios de comunicación de la alcaldía y recomendaciones en el video del ejercicio de la simulación  el día nacional del simulacro . Continuar con los acompañamientos y seguimientos por parte de SST, a través de las video llamadas.","NO APLICA"]
[]
[]
[null,null,"INSPECCIONES URBANAS DE POLICÍA",null,null,null,null,null,null,null,null,null,null,null,null,null,null,null,"CORREGIDURÍAS"]
[null,null," INSPECCIÓN No. 1"," INSPECCIÓN No. 2"," INSPECCIÓN No. 3",null," INSPECCIÓN No. 4",null," INSPECCIÓN No. 5",null," INSPECCIÓN No. 6",null," INSPECCIÓN No. 7",null," INSPECCIÓN No. 8",null," INSPECCIÓN No. 9",null,"CORREGIDURIA No. 1 DANTAS",null,"CORREGIDURIA No. 2 LAURELES",null,"CORREGIDURIA No. 3 COELLO"]
[]
[null,null,null,null," INSPECCIÓN No. 10",null," INSPECCIÓN No. 11",null," INSPECCIÓN No. 12",null," INSPECCIÓN No. 13",null," INSPECCIÓN No. 14",null," INSPECCIÓN No. 15",null,null,null,"CORREGIDURIA NO. 4 GAMBOA",null,"CORREGIDURIA No. 5 TAPIAS",null,"CORREGIDURIA No. 6 TOCHE"]
[null,null,"C    O   M   I   S   A  R   I   A   S"]
[null,null,null,null,"COMISARIA No. 1",null,null,null,"COMISARIA No. 2",null,null,"COMISARIA No. 3",null,null,null,"COMISARIA PERMANENTE",null,null,"CORREGIDURIA No. 7 JUNTAS",null,"CORRIGIDURIA  8 VILLA RESTREPO",null,"CORREGIDURIA No. 9 CAY"]
[null,null,"OTROS      CENTROS     DE      ATENCIÓN       AL       CIUDADANO",null,null,null,null,null,null,null,null,null,null,null,null,null,null,null,"CORREGIDURIA No. 10 CALAMBEO",null,"CORREGIDURIA No. 11  CHINA",null,"CORREGIDURIA 12 SAN BERNARDO"]
[null,null,"ESPACIO PÚBLICO",null,"DIRECCIÓN DE JUSTICIA",null,null,"CAM CIMA",null,null,"CASA DE JUSTICIA",null,null,"CASA DEL CONSUMIDOR",null,null,"CAPA",null,"CORREGIDURIA No. 13 SALADO",null,"CORREGIDURIA No. 14 BUENS AIRES",null,"CORREGIDURIA No. 15  BULIRA"]
[]
[null,null,null,null,"CAM SUR",null,null,"CAM SALADO",null,null,null,null,null,null,null,null,null,null,"CORREGIDURIA No. 16 TOTUMO",null,"CORREGIDURIA No. 17 LA FLORIDA"]

{"sheet":"13. GESTIÓN AMBIENTAL","index":17,"n_rows":101,"n_cols":24,"rows_kept":101,"cut":false,"hidden":true,"merged":[[6,2,7,2],[30,4,31,4],[38,3,60,3],[81,2,97,3],[8,2,29,2],[8,3,16,3],[8,4,13,4],[17,3,19,3],[20,3,29,3],[30,2,60,2],[30,3,37,3],[61,2,80,3],[0,23,3,23],[2,3,3,21],[4,20,4,21],[4,22,4,23],[5,2,5,3],[5,4,5,23],[0,2,3,2],[0,3,1,21],[6,19,6,23],[6,3,7,3],[6,4,7,4],[6,5,6,6],[6,7,7,7],[6,8,6,10],[6,11,6,17],[98,4,98,22],[100,4,100,6],[100,8,100,11],[100,13,100,17],[100,19,100,22]]}
[null,null,null,"PROCESO: SISTEMA INTEGRADO DE GESTIÓN",null,null,null,null,null,null,null,null,null,null,null,null,null,null,null,null,null,null,"Código: FOR-221-PRO-SIG"]
[null,null,null,null,null,null,null,null,null,null,null,null,null,null,null,null,null,null,null,null,null,null,"Versión: 04"]
[null,null,null,"FORMATO: \nIDENTIFICACIÓN DE PELIGROS, EVALUACIÓN Y VALORACIÓN DE LOS RIESGOS \nALCALDÍA MUNICIPAL DE IBAGUÉ",null,null,null,null,null,null,null,null,null,null,null,null,null,null,null,null,null,null,"Fecha: 27/05/2022"]
[null,null,null,null,null,null,null,null,null,null,null,null,null,null,null,null,null,null,null,null,null,null,"Página: 1"]
[null,null,"FECHAS DE ACTUALIZACIÓN: ","2019-02-22","2019-03-09","2019-09-02","2019-09-11","2019-09-24","2019-10-30","2020-07-22","2021-04-09","2022-05-27","2023-07-07","2024-06-20",null,null,null,null,null,"<"]
[null,null,"PROCESO:",null,"13. GESTIÓN AMBIENTAL: "]
[null,null,"1. PROCESO ADMINISTRATIVO / OPERATIVO","2. ACTIVIDADES","3. TAREA RUTINARIO (SI O NO)","PELIGRO",null,"6. EFECTOS POSIBLES\n(Salud - Seguridad)","CONTROLES EXISTENTES",null,null,"EVALUACIÓN DEL RIESGO",null,null,null,null,null,null,"VALORACIÓN DEL RIESGO","MEDIDAS DE INTERVENCIÓN"]
[null,null,null,null,null,"4. DESCRIPCIÓN","5. CLASIFICACIÓN",null,"7. FUENTE","8. MEDIO","9. INDIVIDUO","10. NIVEL DE DEFICIENCIA","11. NIVEL DE EXPOSICIÓN","12. NIVEL DE PROBABILIDAD ND X NE","13. INTERPRETACIÓN DEL NIVEL DE PROBABILIDAD","14. NIVEL DE CONSECUENCIA","15. NIVEL DE RIESGO NR E INTERVENCIÓN","16. INTERPRETACIÓN DEL NR","17. ACEPTABILIDAD DEL RIESGO","18 ELIMINACIÓN","19. SUSTITUCIÓN","20. CONTROLES DE INGENIERIA","21. CONTROLES ADMINISTRATIVOS, SEÑALIZACIÓN, ADVERTENCIA","22. ELEMENTOS DE PROTECCIÓN PERSONAL"]
[null,null,"ADMINISTRATIVO","ACTIVIDAD PLANEACIÓN, ELABORACIÓN Y EJECUCION DE DOCUMENTOS. USO DE HERRAMIENTAS TECNOLOGICAS Y VIDEO TERMINALES. INTERACCIONES LABORALES Y ADMINISTRATIVAS (ATENCIÓN AL CIDADANO); FUNCIONARIOS DE PLANTA Y/O CONTRATO","SI","Postura Prolongada (Postura sedente más del 75% de la jornada laboral en trabajo con video terminales)","BIOMECÁNICO","*Dolor lumbar inespecífico\n*Espasmos musculares","No aplica","Ninguno","Ninguno",2,4,{"$f":"+L9*M9","v":8},{"$f":"IF(N9>=24,\"MUY ALTO\",IF(N9>=10,\"ALTO\",IF(N9>=6,\"MEDIO\",\"BAJO\")))","v":"MEDIO"},25,{"$f":"+N9*P9","v":200},{"$f":"IF(Q9>=600,\"I\",IF(Q9>=150,\"II\",IF(Q9>=40,\"III\",IF(Q9>=20,\"IV\"))))","v":"II"},{"$f":"IF(Q9>=600,\"NO ACEPTABLE\",IF(Q9>=150,\"ACEPTABLE CON CONTROL ESPECIFICO\",IF(Q9>=40,\"MEJORABLE\",IF(Q9>=20,\"ACEPTABLE\"))))","v":"ACEPTABLE CON CONTROL ESPECIFICO"},"NO APLICA","NO SE REQUIERE","NO SE REQUIERE","*Realizar re inducción en higiene postural de oficina. \n\n*Realizar pausas activas en el área. INS-SIG-202 INSTRUCTIVO DE PAUSAS ACTIVAS SALUDABLES.                                                                   \n\n*Continuar con las actividades del programa de vigilancia epidemiológico  para prevención de desordenes musculo esqueléticas asociadas al peligro biomecánico .  PGR-SIG-205 VIGILANCIA EPIDEMIOLÓGICA PARA LA PREVENCION DE DESÓRDENES MUSCULO-ESQUELÉTICOS.                                                                            ","NO APLICA"]
[null,null,null,null,null,"Movimientos repetitivos  \n(Digitación)","BIOMECÁNICO","Síndrome de Túnel del Carpo ( STC).\nSíndrome de Querían","Ninguno","Diseño del sistema (puesto) de trabajo adecuado.","Alterna varias labores",2,4,{"$f":"+L10*M10","v":8},{"$f":"IF(N10>=24,\"MUY ALTO\",IF(N10>=10,\"ALTO\",IF(N10>=6,\"MEDIO\",\"BAJO\")))","v":"MEDIO"},25,{"$f":"+N10*P10","v":200},{"$f":"IF(Q10>=600,\"I\",IF(Q10>=150,\"II\",IF(Q10>=40,\"III\",IF(Q10>=20,\"IV\"))))","v":"II"},{"$f":"IF(Q10>=600,\"NO ACEPTABLE\",IF(Q10>=150,\"ACEPTABLE CON CONTROL ESPECIFICO\",IF(Q10>=40,\"MEJORABLE\",IF(Q10>=20,\"ACEPTABLE\"))))","v":"ACEPTABLE CON CONTROL ESPECIFICO"},"NO SE REQUIERE","NO SE REQUIERE","NO SE REQUIERE","*Se recomienda la implementación permanente de pausas activas durante la jornada laboral.   INS-SIG-202 INSTRUCTIVO DE PAUSAS ACTIVAS SALUDABLES.                                                                                                                                                    ","NO APLICA"]
[null,null,null,null,null,"Ruido\n Ambiental proveniente de la calle  ","FÍSICO","* Dolor  de cabeza,\n* poca concentración, \n*zumbidos  en los oídos   \n* Cefaleas tensionales ","Ninguno","Realización de inspección ambiental ","Exámenes Médicos ocupacionales",2,2,4,"BAJO",25,100,"III","MEJORABLE","NINGUNO ","NINGUNO ","Realizar medición de ruido ","*Continuar con la realización de evaluaciones  medicas ocupacionales (ingreso, periódicos y egreso. PRO-SIG-201 PROCEDIMIENTO EXÁMENES OCUPACIONALES. \n* Realizar pausa activa durante la jornada laboral una vez en la mañana y una vez en la tarde ( Si el  usuario l lo permite).  INS-SIG-202 INSTRUCTIVO DE PAUSAS ACTIVAS SALUDABLES. \n\n","NO APLICA"]
[null,null,null,null,null,"Disconfort Térmico - Exposición a temperaturas altas por la inadecuada ventilación natural y artificial","FÍSICO","Disconfort térmico,   Alergias, afecciones respiratorias, cefaleas tensionales . ","Ninguno","Instalación de ventiladores y aire acondicionado. Recomendaciones en inducción y reinducción  ","Ninguno ",2,2,4,"BAJO",25,100,"III","MEJORABLE","NINGUNO ","NINGUNO ","NINGUNO ","* Realizar reinducción \n","NO APLICA "]
[null,null,null,null,null,"Radiaciones No ionizantes                                   (Exposición permanente a pantallas del computador)","FÍSICO ","*Fatiga visual","Uso de pantalla antirreflejo","Diseño del sistema (puesto) de trabajo adecuado.","Ninguno",2,2,4,"BAJO",25,100,"III","MEJORABLE","NO APLICA","NO SE REQUIERE","NO SE REQUIERE","*Se recomienda la implementación permanente de pausas activas durante la jornada laboral.   INS-SIG-202 INSTRUCTIVO DE PAUSAS ACTIVAS SALUDABLES.  Realización de inducción                                                                                                                                             ","NO APLICA"]
[null,null,null,null,null,"Locativo - Cableado del computador expuesto debajo del escritorio","CONDICIONES DE SEGURIDAD","Se potencializa el riesgo de incendio y accidentes por caídas, chispas, conatos de incendios ","Ninguno","Inspecciones a puestos de trabajo ","Ninguno",2,2,4,"BAJO",25,100,"III","MEJORABLE","NINGUNO ","NINGUNO ","NINGUNO ","*Agrupar el cableado eléctrico, utilizando espiral porta cable  y/o canaleta.                                                             * Jornadas de orden y aseo.  PGR-SIG-204 ORDEN Y ASEO.                                                                                                   * Capacitaciones en caídas al mismo nivel. PGR-SIG-203-PROGRAMA PROTECCIÓN CONTRA CAÍDAS. \n","NO APLICA"]
[null,null,null,null,"SI","Postura Prolongada (Postura sedente más del 75% de la jornada laboral en trabajo con video terminales)","BIOMECÁNICO","*Dolor lumbar inespecífico\n*Espasmos musculares","No aplica","Ninguno","Ninguno",2,2,4,"BAJO",25,100,"III","MEJORABLE","NO APLICA","NO SE REQUIERE","NO SE REQUIERE","*Se recomienda realizar intervención ergonómica, para lo cual, se debe mejorar la altura de la pantalla ya que se observa baja. \n\n*Realizar re inducción en higiene postural de oficina. \n\n*Realizar pausas activas en el área. INS-SIG-202 INSTRUCTIVO DE PAUSAS ACTIVAS SALUDABLES.                                                                   \n\n*Continuar con las actividades del programa de vigilancia epidemiológico  para prevención de desordenes musculo esqueléticas asociadas al peligro biomecánico .  PGR-SIG-205 VIGILANCIA EPIDEMIOLÓGICA PARA LA PREVENCION DE DESÓRDENES MUSCULO-ESQUELÉTICOS.                                                                                  ","NO APLICA"]
[null,null,null,null,"SI","Movimientos repetitivos  \n(Digitación)","BIOMECÁNICO","Síndrome de Túnel del Carpo ( STC).\nSíndrome de Quervein","Ninguno","Diseño del sistema (puesto) de trabajo adecuado.","Alterna varias labores",2,2,4,"BAJO",25,100,"III","MEJORABLE","NO SE REQUIERE","NO SE REQUIERE","NO SE REQUIERE","*Se recomienda la implementación permanente de pausas activas durante la jornada laboral. INS-SIG-202 INSTRUCTIVO DE PAUSAS ACTIVAS SALUDABLES.                                                                                                                                                  ","NO APLICA"]
[null,null,null,null,"SI","Locativo\nSuperficies de trabajo  irregulares y  desniveladas                                 (Desplazamiento en las diferentes áreas )","CONDICIONES DE SEGURIDAD","*Golpes \n*Caídas","Ninguno","Señalización de advertencia ","Capacitación en prevención de caídas ",2,2,4,"BAJO",25,100,"III","MEJORABLE","NO APLICA","NO APLICA","NO APLICA","Recomendaciones en inducción y reinducción. Continuar capacitaciones en prevención de caídas. PGR-SIG-203-PROGRAMA PROTECCIÓN CONTRA CAÍDAS. ","NO APLICA"]
[null,null,null,"GPAD; FUNCIONARIOS DE PLANTA Y/O CONTRATO","SI","Postura Prolongada (Postura sedente más del 75% de la jornada laboral en trabajo con video terminales)","BIOMECÁNICO","*Dolor lumbar inespecífico\n*Espasmos musculares","No aplica","Ninguno","Ninguno",2,4,8,"MEDIO",25,200,"II","ACEPTABLE CON CONTROL ESPECIFICO","NO APLICA","NO SE REQUIERE","NO SE REQUIERE","*Se recomienda realizar intervención ergonómica, para lo cual, se debe mejorar la altura de la pantalla ya que se observa baja. \n\n*Realizar re inducción en higiene postural de oficina. \n\n*Realizar pausas activas en el área. INS-SIG-202 INSTRUCTIVO DE PAUSAS ACTIVAS SALUDABLES.                                                                \n\n*Continuar con las actividades del programa de vigilancia epidemiológico  para prevención de desordenes musculo esqueléticas asociadas al peligro biomecánico . PGR-SIG-205 VIGILANCIA EPIDEMIOLÓGICA PARA LA PREVENCION DE DESÓRDENES MUSCULO-ESQUELÉTICOS                                                                               ","NO APLICA"]
[null,null,null,null,"SI","Movimientos repetitivos  \n(Digitación)","BIOMECÁNICO","Síndrome de Túnel del Carpo ( STC).\nSíndrome de Quervein","Ninguno","Diseño del sistema (puesto) de trabajo adecuado.","Alterna varias labores",2,4,8,"MEDIO",25,200,"II","ACEPTABLE CON CONTROL ESPECIFICO","NO SE REQUIERE","NO SE REQUIERE","NO SE REQUIERE","*Se recomienda la implementación permanente de pausas activas durante la jornada laboral.  INS-SIG-202 INSTRUCTIVO DE PAUSAS ACTIVAS SALUDABLES.                                                                                                                                              ","NO APLICA"]
[null,null,null,null,"SI","Locativo\nSuperficies de trabajo  irregulares y  desniveladas                                 (Desplazamiento en las diferentes áreas donde es el evento)","CONDICIONES DE SEGURIDAD","*Golpes \n*Caídas","Ninguno","Ninguno","Ninguno",2,2,4,"BAJO",25,100,"III","MEJORABLE","NO APLICA","NO APLICA","NO APLICA","*Se recomienda uso de calzado adecuado según el área a visitar, con el fin de evitar caídas. EST-SIG-01 ESTANDAR DE SEGURIDAD PARA ACTIVIDADES FUERA DE LA SEDE. ","Uso de EPP ( calzado adecuado según áreas a visitar)"]
[null,null,null,"TRANSFERENCIAS DOCUMENTALES. MANEJO DE CORRESPONDENCIA. ACTIVIDAD MANEJO DE ARCHIVO.  SECRETARIA DE AMBIENTE, GPAD Y BOMBEROS; FUNCIONARIOS DE PLANTA Y/O CONTRATO","SI","Locativo - Cableado del computador expuesto debajo del escritorio","CONDICIONES DE SEGURIDAD","Se potencializa el riesgo de incendio y accidentes por caídas, chispas, conatos de incendios ","Ninguno","Inspecciones a puestos de trabajo ","Ninguno",2,2,4,"BAJO",25,100,"III","MEJORABLE","NINGUNO ","NINGUNO ","NINGUNO ","*Agrupar el cableado eléctrico, utilizando espiral porta cable  y/o canaleta. * Jornadas de orden y aseo. PGR-SIG-204 ORDEN Y ASEO.                                * Capacitaciones en caídas al mismo nivel. PGR-SIG-203-PROGRAMA PROTECCIÓN CONTRA CAÍDAS.   \n","NO APLICA"]
[null,null,null,null,"SI","Sobre esfuerzos\n(Manejo de documentos y cajas)","BIOMECÁNICO","*Dolor lumbar inespecífico\n*Hombro doloroso","Ninguno","Ninguno","Capacitación en manejo de cargas- capacitación  de seguridad en archivos ",2,4,8,"MEDIO",25,200,"II","ACEPTABLE CON CONTROL ESPECIFICO","NO SE REQUIERE","NO SE REQUIERE","NO SE REQUIERE","*Realizar  reinducción SST- continuar capacitación manejo de cargas y autocuidado. PRO-SIG-203 PROCEDIMIENTO INSPECCIONES DE SST.","NO APLICA"]
[null,null,null,null,"SI","Movimientos repetitivos  \n(Digitación)","BIOMECÁNICO","Síndrome de Túnel del Carpo ( STC).\nSíndrome de Quervein","Ninguno","Diseño del sistema (puesto) de trabajo adecuado.","Alterna varias labores",2,4,8,"MEDIO",25,200,"II","ACEPTABLE CON CONTROL ESPECIFICO","NO SE REQUIERE","NO SE REQUIERE","NO SE REQUIERE","*Se recomienda la implementación permanente de pausas activas durante la jornada laboral. INS-SIG-202 INSTRUCTIVO DE PAUSAS ACTIVAS SALUDABLES.                                                                                                                                               ","NO APLICA"]
[null,null,null,null,"SI","Virus                               (Exposición con ácaros al archivar documentos)","BIOLÓGICO","*Dermatosis\n*Reacciones alérgicas\n*Enfermedades infecciosas\n*Infecciones respiratorias","Depuración del archivo ","limpieza de archivos periódicamente ","Capacitación de seguridad de los archivos. Recomendaciones en inducción y reinducción. Entrega de E.P.P ( monogafas, tapabocas y bata)",2,2,4,"BAJO",25,100,"III","MEJORABLE","NO APLICA","NO APLICA","NO APLICA","*Capacitar a los trabajadores en auto cuidado y la importancia del uso de los EPP. PRO-SIG-202 PROCEDIMIENTO ADMINISTRACIÓN DE ELEMENTOS DE EPP. \n*Realizar capacitación en lavado de manos. PGR-SIG-201 ESTILOS DE VIDA Y TRABAJO SALUDABLES. ","*Uso de EPP (Guantes - Tapa bocas, monogafas )"]
[null,null,null,null,"SI","Bacterias                              (Exposición con ácaros al archivar documentos)","BIOLÓGICO","*Dermatosis\n*Reacciones alérgicas\n*Enfermedades infecciosas\n*Infecciones respiratorias","Depuración del archivo ","limpieza de archivos periódicamente ","Capacitación de seguridad de los archivos. Recomendaciones en inducción y reinducción. Entrega de E.P.P ( monogafas, tapabocas y bata)",2,2,4,"BAJO",25,100,"III","MEJORABLE","NO APLICA","NO APLICA","NO APLICA","*Capacitar a los trabajadores en auto cuidado y la importancia del uso de los EPP. PRO-SIG-202 PROCEDIMIENTO ADMINISTRACIÓN DE ELEMENTOS DE EPP.\n*Realizar capacitación en lavado de manos. PGR-SIG-201 ESTILOS DE VIDA Y TRABAJO SALUDABLES. ","*Uso de EPP (Guantes - Tapa bocas, monogafas )"]
[null,null,null,null,"SI","Material Particulado Acumulación de material particulado (polvo) en la documentación del área de archivo. ","QUÍMICO","Irritaciones, alergias a nivel respiratorio","Depuración del archivo ","limpieza de archivos periódicamente ","Capacitación de seguridad de los archivos. Recomendaciones en inducción y reinducción. Entrega de E.P.P ( monogafas, tapabocas y bata)",2,2,4,"BAJO",25,100,"III","MEJORABLE","NINGUNO ","NINGUNO ","*Se recomienda realizar mantenimiento correctivo a los extractores que hay en el área. ","*Exámenes periódicos anualmente al personal  expuesto con espirometrías. Realizar reinducción. PRO-SIG-201 PROCEDIMIENTO EXÁMENES OCUPACIONALES.     ","Uso de tapabocas , guantes y monogafas "]
[null,null,null,null,"SI","Manipulación manual de cargas \"Halar\"                         ","BIOMECÁNICO","*Hombro doloroso\n*Epicondilitis\n*Tendinitis\n*Bursitis","No aplica","No hay","No hay ",2,2,4,"BAJO",25,100,"III","MEJORABLE","NO APLICA","NO APLICA","Suministrar ayudas mecánicas para el manejo seguro de cargas. ","*Capacitación en manipulación manual de cargas \n*Formación de líderes en pausas activas en la sede, con el fin de implementar las mismas. INS-SIG-202 INSTRUCTIVO DE PAUSAS ACTIVAS SALUDABLES. \n*Continuar con la implementación del PVE Biomecánico para prevención de lesiones osteomusculares. PGR-SIG-205 VIGILANCIA EPIDEMIOLÓGICA PARA LA PREVENCION DE DESÓRDENES MUSCULO-ESQUELÉTICOS.","No aplica"]
[null,null,null,null,"SI ","Mecánico                                                     Manejo de herramientas manuales \n(Grapadora, saca ganchos, perforadora, ganchos legadores)","CONDICIONES DE SEGURIDAD\n","Golpes, heridas, pinchazos, magulladuras de diferentes en los miembros superiores ","cambio de herramienta periódicamente ","Ninguno ","Recomendaciones en inducción y reinducción",2,2,4,"BAJO",25,100,"III","MEJORABLE","NINGUNO ","NINGUNO ","NINGUNO ","*Capacitación sobre manejo seguro de herramientas.\n*Capacitación en prevención en lesiones de mano. PRO-SIG-205 PROCEDIMIENTO DE INCIDENTES Y ACCIDENTES DE TRABAJO . \n*Inspeccionar las diferentes herramientas utilizados en la oficina para labores administrativas. PRO-SIG-203 PROCEDIMIENTO INSPECCIONES DE SST.       ","NO APLICA"]
[null,null,null,null,"SI","Movimientos Repetitivos\nArchivar documentos en el archivo, búsqueda de documentos. ","BIOMECÁNICO","Síndromes túnel del carpo\n\nSíndrome de Querían","Ninguno","SVE  Biomecánico ","Ninguno",2,2,4,"BAJO",25,100,"III","MEJORABLE","NINGUNO ","NINGUNO ","NINGUNO ","*Implementar el programa de pausas activas, específicamente. INS-SIG-202 INSTRUCTIVO DE PAUSAS ACTIVAS SALUDABLES                                                                                      *Continuar con la implementación del Sistema de vigilancia epidemiológico osteomuscular. PGR-SIG-205 VIGILANCIA EPIDEMIOLÓGICA PARA LA PREVENCION DE DESÓRDENES MUSCULO-ESQUELÉTICOS.   ","NO APLICA"]
[null,null,null,null,"SI ","Movimientos repetitivos  Abrir y cerrar las estanterías móviles del archivo (rodantes) ","BIOMECÁNICO ","Síndrome del Túnel Carpiano, Manguito rotador ","Ninguno","Ninguno","Pausas Activas Implementación del SVE DMO ",2,2,4,"BAJO",25,100,"III","MEJORABLE","NINGUNO ","NINGUNO ","NINGUNO ","*Implementar el programa de pausas activas. INS-SIG-202 INSTRUCTIVO DE PAUSAS ACTIVAS SALUDABLES.                                                                    *Implementación del Sistema de vigilancia epidemiológico desordes musculo esqueléticos, con el fin de identificar las personas con sintomatología y hacer el respectivo seguimiento y control de los diagnósticos médicos que se presenten. PGR-SIG-205 VIGILANCIA EPIDEMIOLÓGICA PARA LA PREVENCION DE DESÓRDENES MUSCULO-ESQUELÉTICOS. ","NO APLICA"]
[null,null,null,"ACTIVIDAD DESPLAZAMIENTO A EVENTOS Y REUNIONES INSTITUCIONALES,  INSPECCIONES, VISITAS TÉCNICAS (DE CAMPO), ACTIVIDADES DE BIENESTAR DEPORTIVAS Y CULTURALES FUERA DE LA SEDE.    SECRETARIA DE AMBIENTE, GEPAD Y BOMBEROS; FUNCIONARIOS DE PLANTA Y/O CONTRATO","SI","Accidentes de tránsito                      \n     \n(En los desplazamientos de la visitas a los centros de trabajo)\n\nVER MATRIZ DE RIESGO VIAL ","CONDICIONES DE SEGURIDAD","*Muerte \n*Lesiones graves en el cuerpo entero\n*Atrapamiento vehicular","Ninguno","Vehículos de la empresa con mantenimiento preventivo y correctivo. ","Retroalimentación política de seguridad vial - recomendaciones en inducción y reinducción",2,2,4,"BAJO",100,400,"II","ACEPTABLE CON CONTROL ESPECIFICO","NO APLICA","NO APLICA","*Se debe empezar a realizar la inspección pre operacional de vehículos de la empresa, para identificar condiciones del mismo \"Por parte de los conductores\". ","*Dar cumplimiento al plan de capacitación del PESV según el rol (Pasajero - Conductor - Peatón) PLA-SIG-202 PESV PLAN ESTRATÉGICO DE SEGURIDAD VIAL.\n*Realizar sensibilización en seguridad vial ","NO APLICA"]
[null,null,null,null,null,"Picaduras     y Mordeduras                 (Exposición con animales en las vías públicas)","BIOLÓGICO","Infecciones","No aplica","No aplica","Recomendaciones en inducción y reinducción. Uso de camisa manga larga ",2,2,4,"BAJO",25,100,"III","MEJORABLE","NO APLICA","NO APLICA","NO APLICA","*Se recomienda capacitar en prevención por mordeduras o picaduras en vías públicas. EST-SIG-01 ESTANDAR DE SEGURIDAD PARA ACTIVIDADES FUERA DE LA SEDE.                                        *Realizar reinducción \n","NO APLICA"]
[null,null,null,null,"SI","Público\n(Robos - Atracos - Asaltos - Agresiones verbales - Actos Violentos)","CONDICIONES DE SEGURIDAD","*Golpes\n*Agresiones verbales y físicas \n*Atentados violentos\n*Heridas\n*Muerte","Ninguno","Ninguno","Ninguno",2,2,4,"BAJO",100,400,"II","ACEPTABLE CON CONTROL ESPECIFICO","NO APLICA","NO APLICA","NO APLICA","*Socializar los planes contingencia para diferentes situaciones  de emergencia específicamente riesgo público. Socialización PON riesgo publico. PLA-SIG-204 PLAN DE PREVENCIÓN, PREPARACIÓN Y RESPUESTA ANTE EMERGENCIAS. ","NO APLICA"]
[null,null,null,null,"SI","Sobre esfuerzos\n(Manejo de documentos y cajas)","BIOMECÁNICO","*Dolor lumbar inespecífico\n*Hombro doloroso","Ninguno","Ninguno","Ninguno",2,4,8,"MEDIO",25,200,"II","ACEPTABLE CON CONTROL ESPECIFICO","NO SE REQUIERE","NO SE REQUIERE","NO SE REQUIERE","*Realizar  re inducción en manejo seguro de cargas. PGR-SIG-204 ORDEN Y ASEO.","NO APLICA"]
[null,null,null,null,"SI","Movimientos repetitivos  \n(Digitación)","BIOMECÁNICO","Síndrome de Túnel del Carpo ( STC).\nSíndrome de Quervein","Ninguno","Diseño del sistema (puesto) de trabajo adecuado.","Alterna varias labores",2,4,8,"MEDIO",25,200,"II","ACEPTABLE CON CONTROL ESPECIFICO","NO SE REQUIERE","NO SE REQUIERE","NO SE REQUIERE","*Se recomienda la implementación permanente de pausas activas durante la jornada laboral. INS-SIG-202 INSTRUCTIVO DE PAUSAS ACTIVAS SALUDABLES.                                                                                                                                                  ","NO APLICA"]
[null,null,null,null,"SI ","Movimientos repetitivos \nManejar el volante constantemente ","BIOMECÁNICO ","Alteraciones músculo esqueléticas. ","Ninguno ","Ninguno ","Ninguno ",2,4,8,"MEDIO",25,200,"II","ACEPTABLE CON CONTROL ESPECIFICO","NINGUNO ","NINGUNO ","NINGUNO ","Continuar con el sistema de vigilancia\nepidemiológica para el control de lesiones\nosteomusculares.PGR-SIG-205 VIGILANCIA EPIDEMIOLÓGICA PARA LA PREVENCION DE DESÓRDENES MUSCULO-ESQUELÉTICOS.  Capacitar a los trabajadores\nen higiene postural, pausas activas. INS-SIG-202 INSTRUCTIVO DE PAUSAS ACTIVAS SALUDABLES.  ","NO APLICA "]
[null,null,null,null,"SI ","Material Particulado  \nExposición a material\nparticulado en los desplazamientos terrestres ","QUÍMICO      ","Neumoconiosis, alergias respiratorias,\nneumonitis, en algunos casos cáncer.","Ninguno ","Ninguno ","Recomendaciones en inducción y reinducción",2,2,4,"BAJO",25,100,"III","MEJORABLE","NINGUNO ","NINGUNO ","NINGUNO ","*Pausas activas o descansos durante los desplazamientos terrestres. INS-SIG-202 INSTRUCTIVO DE PAUSAS ACTIVAS SALUDABLES.                                                        Realizar reinducción\n","*Uso de EPP  (Gafas de seguridad) "]
[null,null,null,null,"SI ","Ruido                                                 \nRuido Ambiental por los desplazamientos en los vehículos   terrestres en vía.","FÍSICO                              ","Fatiga auditiva , molestias para el desarrollo de la labor, dolor de cabeza.","Ninguno ","Ninguno ","Ninguno ",2,2,4,"BAJO",25,100,"III","MEJORABLE","NINGUNO ","NINGUNO ","NINGUNO ","*Pausas activas o descansos durante los desplazamientos terrestres. INS-SIG-202 INSTRUCTIVO DE PAUSAS ACTIVAS SALUDABLES.  \n","NO APLICA"]
[null,null,null,"ATENCIÓN Y MANEJO DE EMERGENCIAS; FUNCIONARIOS DE PLANTA Y/O CONTRATO","SI","Accidentes aéreos                           (En los desplazamientos para áreas de alto riesgo como el nevado)\n","CONDICIONES DE SEGURIDAD","*Muerte \n*Lesiones graves en el cuerpo entero\n*Caída de avión","Ninguno","Ninguno","Ninguno",2,2,4,"BAJO",100,400,"II","ACEPTABLE CON CONTROL ESPECIFICO","NO APLICA","NO APLICA","NO APLICA","*Dar cumplimiento a las normas de seguridad para viajes aéreos. PLA-SIG-204 PLAN DE PREVENCIÓN, PREPARACIÓN Y RESPUESTA ANTE EMERGENCIAS.    ","NO APLICA"]
[null,null,null,null,"SI","Iluminación  \nDeficiente en  eventos de emergencias","FÍSICO","Lesiones visuales ","Ninguno","Uso de equipos de luz","Ninguno",2,2,4,"BAJO",25,100,"III","MEJORABLE","NO APLICA","*Realizar cambio de la luminaria que se encuentran en mal estado         ","NO APLICA","*Realizar mantenimiento preventivo a los equipos de suministro de iluminación. PGR-SIG-204 ORDEN Y ASEO.","NO APLICA"]
[null,null,null,null,"SI ","Mecánico                                                 Fallas mecánicas de los vehículos ","CONDICIONES DE SEGURIDAD ","Accidentes de transito, Lesiones y traumas ","Mantenimientos de la motocicleta ","Ninguno ","Ninguno ",2,2,4,"BAJO",25,100,"III","MEJORABLE","NINGUNO ","NINGUNO ","Mantenimientos correctivos y/o preventivos de la motocicleta . Kit de herramientas ","Inspecciones pre operacionales del vehículo. Capacitaciones en manejo defensivo al trabajador capacitaciones en buenas practicas y conductas seguras de movilidad. Capacitaciones en normas básicas mecánica \n*Implementación del Plan Estratégico de Seguridad Vial. PLA-SIG-202 PESV PLAN ESTRATÉGICO DE SEGURIDAD VIAL. ","NO APLICA "]
[null,null,null,null,"SI "," Eléctrico                                                Fallas eléctricas de los vehículos ","CONDICIONES DE SEGURIDAD ","Accidentes de transito","Mantenimientos de la motocicleta ","Ninguno ","Ninguno ",2,2,4,"BAJO",25,100,"III","MEJORABLE","NINGUNO ","NINGUNO ","Mantenimientos correctivos y/o preventivos de la motocicleta . Kit de herramientas ","Inspecciones pre operacionales del vehículo. Capacitaciones en buenas practicas y conductas seguras de movilidad. Capacitaciones en normas básicas mecánica\n*Implementación del Plan Estratégico de Seguridad Vial. PLA-SIG-202 PESV PLAN ESTRATÉGICO DE SEGURIDAD VIAL. ","NO APLICA "]
[null,null,null,null,"SI","Postura Prolongada \n(Postura bípeda durante la mayor parte de la jornada laboral)","BIOMECÁNICO","Dolor lumbar inespecífico\nEspasmos musculares\nContracturas \nLesión del nervio poplíteo lateral \nFatiga en miembros inferiores y en las articulaciones","Ninguno","Ninguno","Ninguno",2,2,4,"BAJO",25,100,"III","MEJORABLE","NO APLICA","NO APLICA","NO APLICA","*Capacitación en  higiene postural y pausas activas.           \n*Realizar pausas activas. INS-SIG-202 INSTRUCTIVO DE PAUSAS ACTIVAS SALUDABLES.                                                                                                                                                    ","NO APLICA"]
[null,null,null,null,"SI","Sobre esfuerzos                                                  (Transporte de elementos pesados y en la atención de la emergencia)","BIOMECÁNICO","Dolor lumbar inespecífico\nHombro doloroso","Ninguno","Ninguno","Ninguno",2,4,8,"MEDIO",25,200,"II","ACEPTABLE CON CONTROL ESPECIFICO","NO APLICA","NO APLICA","NO APLICA","*Realizar reinducción  en manipulación manual de cargas. PGR-SIG-204 ORDEN Y ASEO.\n *Implementar el programa de pausas activas por lo menos 2 veces a la semana. INS-SIG-202 INSTRUCTIVO DE PAUSAS ACTIVAS SALUDABLES.                                                                                       ","NO APLICA"]
[null,null,null,null,"SI","Tecnológico  -incendios\n(En la atención de incendios)","CONDICIONES DE SEGURIDAD","Quemaduras ","Ninguno","Ayudas tecnológicas para la ignición del fuego ","Uso de traje para atención de incendios ",2,2,4,"BAJO",25,100,"III","MEJORABLE","NINGUNO ","NINGUNO ","NINGUNO ","*Continuar con la entrega de dotación para las actividades inherentes                                                                                                                      *Continuar con la capacitación y entrenamiento  los bomberos en temas de actuación de emergencias. PLAN ANUAL DE TRABAJO Y PIC.                                                                                                                                                                        ","Uso de traje para atención de incendios ( ignífugos)"]
[null,null,null,null,"SI","Tecnológico  -incendios\n(En la atención de incendios)","CONDICIONES DE SEGURIDAD","Quemaduras ","Ninguno","Ayudas tecnológicas para la ignición del fuego ","Uso de traje para atención de incendios ",2,2,4,"BAJO",25,100,"III","MEJORABLE","NINGUNO ","NINGUNO ","NINGUNO ","*Continuar con la entrega de dotación para las actividades inherentes                                                                                                                      *Continuar con la capacitación y entrenamiento  los bomberos en temas de actuación de emergencias. PLAN ANUAL DE TRABAJO Y PIC.                                                                                                                                                                                   ","Uso de traje para atención de incendios ( ignífugos)"]
[null,null,null,null,"SI","Mecánico                                         Manejo de Equipos de atención de emergencias","CONDICIONES DE SEGURIDAD","Traumas de tejidos blandos (laceración, contusión, etc.)       ","Ninguno","Elementos de trabajo en buen estado","Recomendaciones en inducción y reinducción",2,2,4,"BAJO",25,100,"III","MEJORABLE","NINGUNO ","NINGUNO ","NINGUNO ","*Capacitar en prevención de accidentes por riesgo mecánico, enfocado a los elementos de trabajo. PLA-SIG-204 PLAN DE PREVENCIÓN, PREPARACIÓN Y RESPUESTA ANTE EMERGENCIAS. ","NO APLICA"]
[null,null,null,null,"SI","Temperaturas extremas                                                 (Frio)","FÍSICO ","Fatiga\nAgravamiento de trastornos cardiovasculares.","Ninguno","Ninguno","Uso de EPP\nCapacitaciones especializadas / formación bomberil",2,2,4,"BAJO",25,100,"III","MEJORABLE","NINGUNO ","NINGUNO ","NINGUNO ","1. capacitar al personal sobre el riesgo expuesto. PLAN ANUAL DE TRABAJO Y PIC.                                                                                                                                                                  \n 2 Disponer de equipos y aditamentos necesarios para cada rescatista para la atención de este tipo de emergencias","Utilizar los equipos y elementos de protección adecuados y completos para la atención de estas emergencias.             "]
[null,null,null,null,"SI","Temperaturas extremas                                                 (Calor )","FÍSICO ","Fatiga\nMareos \nDesmayos por deshidratación\nAgravamiento de trastornos cardiovasculares.","Ninguno","Ninguno","Uso de EPP\nCapacitaciones especializadas / formación bomberil",2,2,4,"BAJO",25,100,"III","MEJORABLE","NINGUNO ","NINGUNO ","NINGUNO ","1. capacitar al personal sobre el riesgo expuesto. PLAN ANUAL DE TRABAJO Y PIC.                                                                                                                                                                     \n2. realizar mantenimiento e inspecciones periódicas a los equipos de protección personal (trajes de acercamiento). PRO-SIG-203 PROCEDIMIENTO INSPECCIONES DE SST. ","*Utilizar los EPP adecuados y completos para la atención de estas emergencias.                                                                                                                                                                                                                  *Se recomienda cambiar los equipos de protección personal (trajes de acercamiento al fuego) del personal contratista, debido a su desgaste y tiempo de servicio."]
[null,null,null,null,"SI","Presiones barométricas \n(Inmersión en el agua de ríos, lagos, quebradas)","FÍSICO ","Trastornos articulares\nAlteración del sistema nervioso central\nPerdida de la capacidad auditiva","Ninguno","Ninguno","Uso de EPP\nCapacitaciones especializadas / formación bomberil",2,2,4,"BAJO",25,100,"III","MEJORABLE","NINGUNO ","NINGUNO ","NINGUNO ","1. capacitar al personal sobre el riesgo expuesto. PLAN ANUAL DE TRABAJO Y PIC.                                                                                                                                                                                                                                                                            2. acondicionar intervalos de trabajo durante la atención de estas emergencias                                                                                        ","1. Utilizar los equipos y elementos de protección adecuados y completos para la atención de estas emergencias                                                                                                                2. se recomienda cambiar los equipos y trajes de buceo, debido a su desgaste y tiempo de servicio."]
[null,null,null,null,"SI","Tareas de alto riesgo  \n(En eventos de emergencias)","CONDICIONES DE SEGURIDAD","Muerte","Ninguno","Análisis de tarea segura y permisos de trabajo","Uso de EPP\nCapacitaciones especializadas / formación bomberil",2,2,4,"BAJO",100,400,"II","ACEPTABLE CON CONTROL ESPECIFICO","NO APLICA","NO APLICA","NO APLICA","*Continuar con el entrenamiento a los bomberos. PLAN ANUAL DE TRABAJO Y PIC.    *Continuar con la aplicación de protocolos para situaciones de alto riesgo PLA-SIG-204 PLAN DE PREVENCIÓN, PREPARACIÓN Y RESPUESTA ANTE EMERGENCIAS.   ","Continuar con el uso de EPP que se requiere para la atención de emergencias "]
[null,null,null,null,"SI","Espacio confinado \nEn eventos de emergencias","CONDICIONES DE SEGURIDAD","Muerte","Ninguno","Análisis de tarea segura y permisos de trabajo","Uso de EPP\nCapacitaciones especializadas / formación bomberil",2,2,4,"BAJO",100,400,"II","ACEPTABLE CON CONTROL ESPECIFICO","NINGUNO ","NINGUNO ","NINGUNO ","*Diseñar e implementar  el procedimiento de trabajo seguro para la realización de actividades en espacios confinados. PRO-SIG-201 PROCEDIMIENTO EXÁMENES OCUPACIONALES.","NO APLICA"]
[null,null,null,null,"SI","Sustancias químicas\n(Dependiendo de la emergencia)","QUÍMICOS","Quemaduras, alteraciones de órganos y sentidos, muerte.","Ninguno","Ninguno","capacitaciones especializadas / formación bomberil, mascarillas respiratorias, para gases y vapores. Respiración autónoma ",2,2,4,"BAJO",100,400,"II","ACEPTABLE CON CONTROL ESPECIFICO","NO APLICA","NO APLICA","NO APLICA","1. capacitar al personal sobre el riesgo expuesto. PLAN ANUAL DE TRABAJO Y PIC.                                                                                                                                                           2. realizar mantenimiento e inspecciones periódicas a los equipos de protección personal (trajes de acercamiento) y equipos de respiración autónoma. PGR-SIG-204 ORDEN Y ASEO.  ","1. Utilizar los EPP adecuados y completos para la atención de estas emergencias.                                                                                                                                                                                                                  2. se recomienda cambiar los equipos de protección personal (trajes de acercamiento al fuego) del personal contratista, debido a su desgaste y tiempo de servicio."]
[null,null,null,null,"SI"," Eléctrico                                       Alta tensión.                           (Múltiples conexiones eléctricas, dentro y fuera de las estaciones)","CONDICIONES DE SEGURIDAD","Corto circuitos, electrocución, explosiones e incendios.","Ninguno","Ninguno","Uso de EPP\nCapacitaciones especializadas / formación bomberil",2,2,4,"BAJO",25,100,"III","MEJORABLE","NO APLICA","NO APLICA","NO APLICA","1. Capacitar al personal sobre riesgo eléctrico y medidas preventivas. PLAN ANUAL DE TRABAJO Y PIC.                                                                                                                                                               2. Aplicar las 5 reglas de oro para trabajar en instalaciones eléctricas.          ","NO APLICA"]
[null,null,null,null,"SI","Radiaciones no ionizantes                       (Exposición a luz solar)","FÍSICO ","*Cáncer de piel\n*Quemadura solar\n*Insolación \n*Foto envejecimiento cutáneo \n *Foto carcinogénesis\n*Alteraciones oculares","Ninguno","Ninguno","Uso de EPP\n(Camisa manga larga - Casco - Guantes - Jean)",2,2,4,"BAJO",25,100,"III","MEJORABLE","NINGUNO ","NINGUNO ","NINGUNO ","*Suministrar los E.P.P, especiales para las actividades bomberiles. PRO-SIG-202 PROCEDIMIENTO ADMINISTRACIÓN DE ELEMENTOS DE EPP. Realizar reinducción.                                                         ","Utilizar los equipos y elementos de protección adecuados y completos para la atención de estas emergencias.             "]
[null,null,null,null,"SI","Ruido\n(Motores de vehículos de emergencia (sirenas, aceleración del motor))","FÍSICO ","Alteraciones del umbral auditivo\nSíndrome de ruptura traumática del tímpano","mto a equipos y vehículos de emergencia ","Ninguno","Uso de protectores auditivos ",2,2,4,"BAJO",25,100,"III","MEJORABLE","NINGUNO ","NINGUNO ","NINGUNO ","Realizar exámenes periódicos para seguimiento a la condición auditiva. PRO-SIG-201 PROCEDIMIENTO EXÁMENES OCUPACIONALES. Realizar reinducción. Sensibilizaciones de autocuidado ","Continuar con el uso de EPP que se requiere para la atención de emergencias "]
[null,null,null,null,"SI","Públicos                                                     Atención y formación de bomberos voluntarios ","CONDICIONES DE SEGURIDAD","Heridas, Muerte","Ninguno","Ninguno","Recomendaciones y protocolos de seguridad establecidos para las jornadas ",2,2,4,"BAJO",100,400,"II","ACEPTABLE CON CONTROL ESPECIFICO","NO APLICA","NO APLICA","NO APLICA","*Diseñar e implementar  planes contingencia para diferentes situaciones  de emergencia. PLA-SIG-204 PLAN DE PREVENCIÓN, PREPARACIÓN Y RESPUESTA ANTE EMERGENCIAS.","NO APLICA"]
[null,null,null,null,"SI","Trabajo en alturas  \nEn eventos de emergencias","CONDICIONES DE SEGURIDAD","Caídas, muerte","Ninguno","Análisis de riesgo y permisos de trabajo","Dispositivos de seguridad para alturas ",2,2,4,"BAJO",100,400,"II","ACEPTABLE CON CONTROL ESPECIFICO","NO APLICA","NO APLICA","NO APLICA","*Diseñar e implementar el procedimiento para permiso de trabajo en alturas. PGR-SIG-203-PROGRAMA PROTECCIÓN CONTRA CAÍDAS.                                                                                                                          * continuar certificando los funcionarios en trabajo en alturas.                                                                                                                 ","*Elementos de protección contra caídas en trabajo en alturas, según lo reglamenta la resolución 1409/2012 "]
[null,null,null,null,"SI ","Locativo                                                (Mal estado de la vía, vías angostas, espacios reducidos, mal estado de la vía por condiciones climáticas)","CONDICIONES DE SEGURIDAD ","Accidentes de transito","Ninguno ","Ninguno ","Capacitación en prevención de caídas. Recomendaciones en inducción y reinducción",2,2,4,"BAJO",25,100,"III","MEJORABLE","NINGUNO ","NINGUNO ","NINGUNO ","Inspecciones pre operacionales del vehículo. Capacitaciones en buenas practicas y conductas seguras de movilidad. Capacitaciones en normas básicas mecánica\n*Implementación del Plan Estratégico de Seguridad Vial. PLA-SIG-202 PESV PLAN ESTRATÉGICO DE SEGUR. ","NO APLICA "]
[null,null,null,null,"SI ","Postura prolongada                        Exposición a posturas prolongadas sedentes durante la conducción","BIOMECÁNICO ","Alteraciones músculo esqueléticas, fatiga física ","Ninguno ","Ninguno ","Pausas activas o descansos durante los desplazamientos terrestres.",2,4,8,"MEDIO",25,200,"II","ACEPTABLE CON CONTROL ESPECIFICO","NINGUNO ","NINGUNO ","NINGUNO ","Continuar con el sistema de vigilancia\nbiomecánico. Capacitar a los trabajadores\nen higiene postural, pausas activas durante los desplazamientos. INS-SIG-202 INSTRUCTIVO DE PAUSAS ACTIVAS SALUDABLES.","NO APLICA "]
[null,null,null,null,"SI","Accidentes fluviales                (Desplazamientos pasando por ríos, quebradas y demás)","CONDICIONES DE SEGURIDAD","Fracturas \nMuerte","Ninguno","Ninguno","Recomendaciones en inducción y reinducción",2,2,4,"BAJO",100,400,"II","ACEPTABLE CON CONTROL ESPECIFICO","NO APLICA","NO APLICA","NO APLICA","*Realizar capacitaciones en actuación ante emergencias en ríos y demás. PLA-SIG-204 PLAN DE PREVENCIÓN, PREPARACIÓN Y RESPUESTA ANTE EMERGENCIAS.","NO APLICA"]
[null,null,"PELIGROS QUE APLICAN A TODAS LAS ACTIVIDADES; FUNCIONARIOS DE PLANTA Y/O CONTRATO",null,"SI","Infraestructura - Locativo     \nInstalaciones  (Desgaste de cintas antideslizantes en las escaleras)","CONDICIONES DE SEGURIDAD","Caídas al mismo y distinto nivel, esguinces, golpes, contusiones ","Ninguno","Ninguno","Ninguno",2,2,4,"BAJO",25,100,"III","MEJORABLE","NO APLICA","NO APLICA","Instalar bandas antideslizantes en las escaleras del edificio. ","\n*Diseñar y socializar protocolo para control de ingreso de personas adultas y menores de edad. PLA-SIG-206 RETORNO SEGURO AL TRABAJO.  ","NO APLICA"]
[null,null,null,null,"SI","Virus \n","BIOLÓGICO","Malestar general","Ninguno","Limpieza y desinfección de áreas de trabajo   y en casa,  Control de aforo, señalización de advertencia.","Distanciamiento    físico, uso de mascarilla, lavado de manos constante.",2,2,4,"BAJO",25,100,"III","MEJORABLE","N.A","N.A","Trabajo en casa , diseño puestos de trabajo cumpliendo con el distanciamiento social, lavamanos y puntos de desinfección."," *Promover frecuentemente el lavado de manos en personal de planta, contratistas y visitantes. En caso de no contar con agua y jabón, se debe proveer con desinfectantes para manos (gel antibacterial a base de alcohol).  *Disminución de la densidad laboral en áreas de trabajo o de ocupación de la entidad promoviendo el teletrabajo. *Mantener un stop de EPP  (mascarillas ) para dotación y recambio. *Establecer canales de comunicación individualizados y/o de grupo: correo electrónico, redes sociales, videoconferencia, teléfono para reuniones evitando la presencialidad. *Revisión y análisis de los perfiles epidemiológicos por cargo, estrategias motivación para que los funcionarios se  vacunen.","*Uso de EPP (Guantes - Tapa bocas, monogafas Uso periódico de productos para limpieza (agua y jabón) y  alcohol al 70%, mono gafas o careta."]
[null,null,null,null,"SI"," Demandas Emocionales: Condiciones de la tarea                             \nLa novedad del entorno de trabajo, situación familiar:  hijos o personas mayores a cargo en el hogar en situación de riesgo, miedo al contagio, aislamiento social y confinamiento, miedos e incertidumbres laborales y socioeconómicos, espacios y recursos compartidos por varias personas ante las mismas circunstancias en sus domicilios, convertir espacios de su hogar en despachos improvisados para poder seguir desempeñando su tarea diaria, valoración subjetiva y objetiva por parte del experto mientras se aplica la batería de riesgo psicosocial.","PSICOSOCIAL","Alteraciones mentales, Ansiedad, depresión, estrés postraumático.","S.V.E. Psicosocial","S.V.E Psicosocial","Intervenciones individuales y grupales, capacitaciones, medidas de afrontamiento, manejo de habilidades sociales.",2,2,4,"BAJO",25,100,"III","MEJORABLE","N.A","N.A","Organización de los puestos de trabajo, lavamanos, dispensadores, cumpliendo con el distanciamiento."," “Mantener una comunicación actualizada, precisa, oportuna y de buena calidad para todo el personal sobre la información, recomendaciones y las herramientas comunicacionales, normas legales. ","Uso de los elementos de bioseguridad, establecer el compromiso de autocuidado y trabajo seguro."]
[null,null,null,null,"SI","Características de la organización del trabajo\n(Valoración promedio mientras se realiza el proceso de aplicación de baterías de riesgo psicosocial)","PSICOSOCIAL","Alteraciones mentales, Ansiedad, depresión.","SVE. Riesgo Psicosocial","SVE. Riesgo Psicosocial","Intervenciones individuales y grupales, capacitaciones, medidas de afrontamiento, manejo de habilidades sociales.",2,2,4,"BAJO",25,100,"III","MEJORABLE","NO SE REQUIERE","NO SE REQUIERE","NO APLICA","*Aplicación de las baterías de riesgo  psicosocial, para verificar la exposición al peligro. PGR-SIG-206 VIGILANCIA EPIDEMIOLÓGICO DE RIESGO PSICOSOCIAL.\nCapacitación en trabajo en equipo y competencias individuales y profesionales. PLAN ANUAL DE TRABAJO Y PIC.\n\nAnálisis de carga laboral.                                                                                                                                     ","NO SE REQUIERE"]
[null,null,null,null,"SI","Características del grupo social y del trabajo.\n(Está en proceso la evaluación de los factores de riesgo psicosocial)","PSICOSOCIAL","Stress laboral\nAfecciones de salud                                                                                                                                                                                                                                                                                                                                                                                                            Ambientes de trabajo Hostil                                                                                                                                                                                                                                                                                                                                                                                                         Baja Productividad","Cumplimiento de la normatividad ley 1010, resolución 652 y 356, 2646.","Comité de Convivencia Laboral","Capacitaciones en habilidades sociales básicas, resolución de conflictos, liderazgo efectivo.",2,2,4,"BAJO",25,100,"III","MEJORABLE","NO SE REQUIERE","NO SE REQUIERE","NO SE REQUIERE","*Capacitación en habilidades sociales básicas y relaciones interpersonales y comunicación asertiva y efectiva. PLAN ANUAL DE TRABAJO Y PIC.\n\n*Capacitación en liderazgo efectivo y generación de hábitos del líder. ","NO SE REQUIERE"]
[null,null,null,null,"SI","Gestión Organizacional\n(Está en proceso la evaluación de los factores de riesgo psicosocial aplicación batería de riesgo psicosocial)","PSICOSOCIAL","Stress laboral\nAfecciones de salud                                                                                                                                                                                                                                                                                                                                                                                                                     Productividad- Ausentismo","Plan de Intervención del SVE ","N/A","Intervenciones individuales y grupales, capacitaciones en liderazgo, fortalecimiento de las escuelas de liderazgo.",2,2,4,"BAJO",25,100,"III","MEJORABLE","NO SE REQUIERE","NO SE REQUIERE","NO SE REQUIERE","Fortalecimiento de las escuelas de liderazgo. PLAN ANUAL DE TRABAJO Y PIC.","NO SE REQUIERE"]
[null,null,null,null,"SI","Contenido de la Tarea (Carga de Trabajo)\n(Está en proceso la evaluación de los factores de riesgo psicosocial aplicación batería de riesgo psicosocial)","PSICOSOCIAL","Stress laboral\nAfecciones de salud","S.V.E. Psicosocial","Distribución de la tarea por trabajo en equipo, gestión del tiempo.","Intervenciones individuales y grupales, capacitaciones, medidas de afrontamiento, manejo de habilidades sociales.",2,2,4,"BAJO",25,100,"III","MEJORABLE","NO SE REQUIERE","NO SE REQUIERE","NO SE REQUIERE","Capacitaciones, manejo del tiempo como recurso, trabajo colaborativo y ayuda percibida.  PLAN ANUAL DE TRABAJO Y PIC.","NO SE REQUIERE"]
[null,null,null,null,"SI","Público\n(Robos - Atracos - Asaltos)","CONDICIONES DE SEGURIDAD","*Golpes\n*Agresiones verbales y físicas \n*Atentados violentos\n*Heridas\n*Muerte","Ninguno","Ninguno","Ninguno",2,2,4,"BAJO",100,400,"II","ACEPTABLE CON CONTROL ESPECIFICO","NO APLICA","NO APLICA","Instalar cámaras de vigilancia en la sede. ","*Socializar los planes contingencia para diferentes situaciones  de emergencia específicamente riesgo público.  Socializar PON riesgo publico. PLA-SIG-204 PLAN DE PREVENCIÓN, PREPARACIÓN Y RESPUESTA ANTE EMERGENCIAS.","NO APLICA"]
[null,null,null,null,"SI","Público\n(Agresiones verbales - Actos Violentos)","CONDICIONES DE SEGURIDAD","*Golpes\n*Agresiones verbales y físicas \n*Atentados violentos\n*Heridas\n*Muerte","Ninguno","Ninguno","Ninguno",2,2,4,"BAJO",100,400,"II","ACEPTABLE CON CONTROL ESPECIFICO","NO APLICA","NO APLICA","Instalar cámaras de vigilancia en la sede. ","*Socializar los planes contingencia para diferentes situaciones  de emergencia específicamente riesgo público. Socializar PON riesgo publico. PLA-SIG-204 PLAN DE PREVENCIÓN, PREPARACIÓN Y RESPUESTA ANTE EMERGENCIAS.","NO APLICA"]
[null,null,null,null,"SI","Público\n(Manifestaciones públicas)","CONDICIONES DE SEGURIDAD","*Golpes\n*Agresiones verbales y físicas \n*Heridas\n*Muerte","Ninguno","Hay vigilancia permanente en la puerta de acceso del edificio. ","Ninguno",2,2,4,"BAJO",100,400,"II","ACEPTABLE CON CONTROL ESPECIFICO","NO APLICA","NO APLICA","NO APLICA","*Actualizar el plan de emergencias, incluyendo los planes operativos normalizados en caso de situaciones de emergencia en riesgo público especifico para cada sede y socializarlo a todo el personal.     \n*Capacitar al personal en actuación ante emergencias en riesgo público. PLA-SIG-204 PLAN DE PREVENCIÓN, PREPARACIÓN Y RESPUESTA ANTE EMERGENCIAS.                                                             PLAN ANUAL DE TRABAJO Y PIC.","NO APLICA"]
[null,null,null,null,"SI","Público\n(Inseguridad por actos delictivos en los alrededores de la sede)","CONDICIONES DE SEGURIDAD","*Golpes\n*Agresiones verbales y físicas \n*Atentados violentos\n*Heridas\n*Muerte","Ninguno","Hay vigilancia permanente en la puerta de acceso del edificio. \n\n","Ninguno",2,2,4,"BAJO",100,400,"II","ACEPTABLE CON CONTROL ESPECIFICO","NO APLICA","NO APLICA","Instalar cámaras de vigilancia ","*Socializar los planes contingencia para diferentes situaciones  de emergencia específicamente riesgo público. Socializar PON riesgo publico. PLA-SIG-204 PLAN DE PREVENCIÓN, PREPARACIÓN Y RESPUESTA ANTE EMERGENCIAS.","NO APLICA"]
[null,null,null,null,"SI","Radiaciones no ionizantes                       (Exposición a luz solar que ingresa por ventanales a la mayoría de los puestos de trabajo)","FÍSICO ","*Cáncer de piel\n*Quemadura solar\n*Insolación \n*Foto envejecimiento cutáneo \n *Foto carcinogénesis\n*Alteraciones oculares","No aplica","No hay","Recomendaciones de autocuidado",2,2,4,"BAJO",25,100,"III","MEJORABLE","N.A","N.A","Instalación de película en las ventanas ","Realizar reinducción - continuar con las inspecciones. PRO-SIG-203 PROCEDIMIENTO INSPECCIONES DE SST.   ","NO APLICA"]
[null,null,null,null,"NO","Erupción volcán machín           ","FENÓMENOS NATURALES","*Daños materiales (Pérdida total)\n*Heridas y lesiones graves\n*Accidentes de trabajo \n*Muerte","No hay","Ninguno","Capacitación  en actuación ante emergencias . Simulacros ",2,2,{"$f":"+L74*M74","v":4},{"$f":"IF(N74>=24,\"MUY ALTO\",IF(N74>=10,\"ALTO\",IF(N74>=6,\"MEDIO\",\"BAJO\")))","v":"BAJO"},100,{"$f":"+N74*P74","v":400},{"$f":"IF(Q74>=600,\"I\",IF(Q74>=150,\"II\",IF(Q74>=40,\"III\",IF(Q74>=20,\"IV\"))))","v":"II"},{"$f":"IF(Q74>=600,\"NO ACEPTABLE\",IF(Q74>=150,\"ACEPTABLE CON CONTROL ESPECIFICO\",IF(Q74>=40,\"MEJORABLE\",IF(Q74>=20,\"ACEPTABLE\"))))","v":"ACEPTABLE CON CONTROL ESPECIFICO"},"NO SE REQUIERE","NO SE REQUIERE","NO SE REQUIERE","*Seguir las instrucciones que el departamento suministra para  casos de emergencia por posible erupción del Volcán.                                                                                              \n*Solicitar capacitación al ente respectivo sobre actuación en caso de erupción del volcán machín. PLAN ANUAL DE TRABAJO Y PIC.                                  PLA-SIG-204 PLAN DE PREVENCIÓN, PREPARACIÓN Y RESPUESTA ANTE EMERGENCIAS.\n*Capacitar en actuación ante emergencias en caso de erupción del volcán machín a todo el personal.  \n*Actualizar plan de emergencias incluyendo el PON por posible erupción del volcán machín y socializar a los trabajadores. ","NO APLICA"]
[null,null,null,null,"SI","Tecnológico\n(Incendios - Explosiones)\nGenerado dentro de las instalaciones del edificio","CONDICIONES DE SEGURIDAD","Incendios \nQuemaduras de grado 2 y 3\nMuerte","Ninguno","Uso de equipos contra incendio","Personal capacitado en manejo de equipos contra incendios",2,2,4,"BAJO",100,400,"II","ACEPTABLE CON CONTROL ESPECIFICO","NO APLICA","NO APLICA","*Realizar mantenimiento preventivo y correctivo de los equipos eléctricos e instalaciones eléctricas en la sede","*Capacitación en prevención de accidentes de trabajo por riesgo eléctrico. PLAN ANUAL DE TRABAJO Y PIC.                                                                      PRO-SIG-205 PROCEDIMIENTO DE INCIDENTES Y ACCIDENTES DE TRABAJO .                                                         \n\n*Continuar con las inspecciones de seguridad enfocado a riesgo eléctrico. PRO-SIG-203 PROCEDIMIENTO INSPECCIONES DE SST.    ","NO APLICA"]
[null,null,null,null,"SI","Locativo\nSistema de almacenamiento\n(Atrapamiento por mal funcionamiento de los ascensores)\n \n","CONDICIONES DE SEGURIDAD","Atrapamiento ","Se realiza mantenimiento periódico a los ascensores","Uso de equipos contra incendio","Recomendaciones en inducción y reinducción",2,2,4,"BAJO",25,100,"III","MEJORABLE","NO APLICA","NO APLICA","*Continuar con el mantenimiento preventivo y correctivo de los ascensores","*Diseñar y socializar PON en caso de atrapamiento por mal funcionamiento del ascensor. PLA-SIG-204 PLAN DE PREVENCIÓN, PREPARACIÓN Y RESPUESTA ANTE EMERGENCIAS.  ","Uso de EPP (Calzado de seguridad)"]
[null,null,null,null,"SI","Virus (cambio climatico)\n ","BIOLÓGICO","Malestar general","Ninguno","Limpieza y desinfección de áreas de trabajo   y en casa,  Control de aforo, señalización de advertencia.","Distanciamiento    físico, uso de mascarilla, lavado de manos constante.",2,2,4,"BAJO",25,100,"III","MEJORABLE","NO APLICA","NO APLICA","NO APLICA","  *Promover frecuentemente el lavado de manos en personal de planta, contratistas y visitantes. En caso de no contar con agua y jabón, se debe proveer con desinfectantes para manos (gel antibacterial a base de alcohol).  *Disminución de la densidad laboral en áreas de trabajo o de ocupación de la entidad promoviendo el teletrabajo. *Mantener un stop de EPP  (mascarillas ) para dotación y recambio. *Establecer canales de comunicación individualizados y/o de grupo: correo electrónico, redes sociales, videoconferencia, teléfono para reuniones evitando la presencialidad. *Revisión y análisis de los perfiles epidemiológicos por cargo, estrategias motivación para que los funcionarios se  vacunen.   (PRO-SIG-202 Procedimiento administrativo de elementos EPP)","Uso  de EPP (permanente tapabocas, uso periódico de productos para limpieza (agua y jabón) y  alcohol al 70%, mono gafas o careta."]
[null,null,null,null,"NO","Largas Jornadas Laborales y ausencia de descanso con altas temperaturas y radiciones altas por factor del CAMBIO CLIMATICO.","PSICOSOCIAL","Estrés, agotamiento por trabajo continuo, cansacio, fatiga, angustia, ansiedad, poca concentración y atención, somnolencia.","Ninguno","Ninguno","PVE- Riesgo psicosocial",2,2,4,"BAJO",25,100,"III","MEJORABLE","NO APLICA","NO APLICA","NO APLICA","Introducir una rutina de tiempos detrabajo y de descanso para aquellos\ntrabajadores/as que estén expuestos a ambientes calurosos, Formación en primeros auxilios, para que puedan\nreconocer y tratar los primeros síntomas de desórdenes de salud ocasionados por una\nexposición a temperaturas extremadamente cálidas., Seguir a diario los boletines\nmeteorológicos y cambiar el horario de trabajo de gran exposición al calor\na horas más frescas del día., En trabajos a campo abierto, crear zonas descanso con carpas, Disponer de agua potable fría en lugares estratégicos y visibles, cercanos al área de trabajo.","NO SE REQUIERE"]
[null,null,null,null,"NO"," Temperaturas\nextremas (calor) porfactor de CAMBIO CLIMATICO","FISICO","Stress termico Agotamiento Mareos  Deshidratación Golpes de calor, lesiones en la piel, insolación, ","No aplica","Ninguno","Ninguno",2,2,4,"BAJO",25,100,"III","MEJORABLE","NO APLICA","NO APLICA","NO APLICA","Todos los funcionarios que realicen desplazamientos fuera de la sede deben apalicar el Estándar de Seguridad \"EST-204\"., se recomienda hidratación continua, alimentación adecuada, Organización de los puestos de trabajo, limplementación de un programa de climatización.Sistemas de ventilación","Ropa de trabajo y equipos de\nprotección adecuados(camisa,\nmanga larga, pantalón largo,\ngorra o sombrero de ala ancha).\nSaber que la ropa protectora o el\nequipo de protección personal\npuede aumentar el riesgo del\nestrés por calor."]
[null,null,null,null,"NO"," Temperaturas\nextremas (calor Radiaciones No ionizantes) porfactor de CAMBIO CLIMATICO","FISICO","Stress termico Agotamiento Mareos  Deshidratación Golpes de calor, lesiones en la piel, dolor de cabeza.","No aplica","Ninguno","Protector Solar",2,2,4,"BAJO",25,100,"III","MEJORABLE","NO APLICA","NO APLICA","NO APLICA","Todos los funcionarios que realicen desplazamientos fuera de la sede deben apalicar el Estándar de Seguridad \"EST-204\"., se recomienda hidratación continua, alimentación adecuada, Organización de los puestos de trabajo, limplementación de un programa de climatización.Sistemas de ventilación","Ropa de trabajo y equipos de\nprotección adecuados(camisa,\nmanga larga, pantalón largo,\ngorra o sombrero de ala ancha).\nSaber que la ropa protectora o el\nequipo de protección personal\npuede aumentar el riesgo del\nestrés por calor."]
[null,null,null,null,"NO","Inalación de Humos y Vapores\n (Incendios Forestales )por factor CAMBIO CLIMATICO","QUÍMICO","Asfixia, Dificultad para respirar, Ardor en los ojos, conjuntivitis, Alergias, Tos, irritación de la garganta, dolor de cabeza.","No aplica","Ninguno","Ninguno",2,2,4,"BAJO",25,100,"III","MEJORABLE","NO APLICA","NO APLICA","NO APLICA","Aplicación PON para el manejo de incendios forestales, ver PLAN DE MERGENCIA PLA-SIG 204.","NO SE REQUIERE"]
[null,null,"PELIGROS QUE APLICAN A TRABAJO CON RESTRICCIONES DE SALUD O TELE TRABAJO",null,"SI","Postura Prolongada \n(Postura sedente más del 75% de la jornada laboral en trabajo con video terminales)","BIOMECÁNICO","*Dolor lumbar inespecífico\n*Espasmos musculares","Ninguno","Ninguno","Ninguno",2,2,4,"BAJO",25,100,"III","MEJORABLE","NO APLICA","NO SE REQUIERE","NO SE REQUIERE","*Realizar visitas virtuales por parte del Grupo de SST para capacitar en higiene postural en casa. PRO-SIG-203 PROCEDIMIENTO INSPECCIONES DE SST\n\n*Realizar pausas activas en el área. INS-SIG-202 INSTRUCTIVO DE PAUSAS ACTIVAS SALUDABLES.                                                                 \n\n*Continuar con las actividades del programa de vigilancia epidemiológico  para prevención de desordenes musculo esqueléticas asociadas al peligro biomecánico, para trabajo en casa. PGR-SIG-205 VIGILANCIA EPIDEMIOLÓGICA PARA LA PREVENCION DE DESÓRDENES MUSCULO-ESQUELÉTICOS.                                                                              ","NO APLICA"]
[null,null,null,null,"SI","Movimientos repetitivos  \n(Digitación - Escanear)","BIOMECÁNICO","Lesiones por trauma acumulativo en miembro superiores ( STC).\nSíndrome de Querían","Ninguno","Ninguno","Ninguno",2,4,8,"MEDIO",25,200,"II","ACEPTABLE CON CONTROL ESPECIFICO","NO SE REQUIERE","NO SE REQUIERE","NO SE REQUIERE","*Se recomienda la implementación permanente de pausas activas durante la jornada laboral. INS-SIG-202 INSTRUCTIVO DE PAUSAS ACTIVAS SALUDABLES.                                                                                                                                                   ","NO APLICA"]
[null,null,null,null,"SI","Radiaciones No ionizantes                                   (Exposición permanente a pantallas del computador)","FÍSICO ","*Fatiga visual","Ninguno","Ninguno","Ninguno",2,2,4,"BAJO",25,100,"III","MEJORABLE","NO APLICA","NO SE REQUIERE","NO SE REQUIERE","*Se recomienda la implementación permanente de pausas activas durante la jornada laboral. INS-SIG-202 INSTRUCTIVO DE PAUSAS ACTIVAS SALUDABLES.                                                                                                                                                ","NO APLICA"]
[null,null,null,null,"NO","Locativo                                                                              (Cableado eléctrico desordenado en la zona adecuada para puesto de trabajo)","CONDICIONES DE SEGURIDAD","*Se potencializa el riesgo de accidentes por caídas. ","Ninguno","Ninguno","Ninguno",2,2,4,"BAJO",25,100,"III","MEJORABLE","NO APLICA","NO SE REQUIERE","Se recomienda agrupar el cableado eléctrico faltante, utilizando espiral porta cable u otro mecanismo de canalización. ","Realizar inspecciones de seguridad para verificar estado de cableado del  área. PRO-SIG-203 PROCEDIMIENTO INSPECCIONES DE SST. ","NO APLICA"]
[null,null,null,null,"NO","Picaduras - Mordeduras                             (Presencia de vectores e insectos dentro de la vivienda o zona destinada para laborar).","BIOLÓGICO","Infecciones","Ninguno","Ninguno","Ninguno",2,2,4,"BAJO",25,100,"III","MEJORABLE","NO APLICA","NO APLICA","NO APLICA","* realizar una correcta inspección del área de trabajo para garantizar la NO presencia de vectores o insectos ponzoñoso. Evitar las zona con acumulación de aguas estancadas. PRO-SIG-203 PROCEDIMIENTO INSPECCIONES DE SST. ","NO APLICA"]
[null,null,null,null,"SI","Virus y Bacterias\n (Exposición a virus y bacterias debido al uso de superficies húmedas como baños, lavamanos y lavaplatos alberca)","BIOLÓGICO","*Dermatosis\n*Reacciones alérgicas\n*Enfermedades infecciosas\n*Infecciones respiratorias","Ninguno","Ninguno","Ninguno",2,2,4,"BAJO",25,100,"III","MEJORABLE","NO APLICA","NO APLICA","NO APLICA","*Capacitar a los trabajadores en auto cuidado y la importancia del uso de los EPP. PLAN ANUAL DE TRABAJO Y PIC.","*Uso de EPP (Guantes - Tapa bocas)"]
[null,null,null,null,"NO","Material particulado \n(Polvo en los documentos)","QUÍMICOS","*Enfermedades respiratorias\n*Infecciones virales \n*Alergias ","Ninguno","Ninguno","Ninguno",2,2,4,"BAJO",25,100,"III","MEJORABLE","NO APLICA","NO APLICA","NO APLICA","*Realizar seguimiento del uso de los elementos de protección personal (Tapa bocas), cuando manipule archivo con polvo.  PGR-SIG-201 ESTILOS DE VIDA Y TRABAJO SALUDABLES.                                                           ","*Uso de EPP ( Tapa bocas)"]
[null,null,null,null,"NO","Uso de elementos de desinfección\n(alcohol, gel antibacterial)","QUÍMICOS","\n*Alergias en piel o vías respiratorias.\n* Quemaduras ","Ninguno","Ninguno","Ninguno",2,2,4,"BAJO",25,100,"III","MEJORABLE","NO APLICA","NO APLICA","NO APLICA","*Realizar seguimiento del uso de los elementos de protección personal (Tapa bocas), cuando manipule archivo con polvo. PGR-SIG-201 ESTILOS DE VIDA Y TRABAJO SALUDABLES.                                                             ","*Uso de EPP ( Tapa bocas)"]
[null,null,null,null,"SI","Mecánico                                         (Manejo de Equipos y elementos de Oficina)","CONDICIONES DE SEGURIDAD","*Traumas de tejidos blandos (Laceración, contusión, heridas superficiales, etc.)       ","Ninguno","Ninguno","Ninguno",2,2,4,"BAJO",25,100,"III","MEJORABLE","NO SE REQUIERE","NO SE REQUIERE","NO SE REQUIERE","*Continuar con el uso adecuado de los elementos de trabajo, realizar cambio de los elementos que se observen en mal estado. PGR-SIG-204 ORDEN Y ASEO.","NO APLICA"]
[null,null,null,null,"SI","Deficiente ventilación (Las ventanas y persianas deben permanecer cerradas para evitar el ingreso de rayos solares)","FÍSICO                              ","*Disconfort por calor ambiental permanente","Ninguno","Ninguno","Ninguno",2,2,4,"BAJO",25,100,"III","MEJORABLE","NO APLICA","NO SE REQUIERE","NO SE REQUIERE","Se recomienda contar con un área de ventilación natural o con ventilación artificial como ventiladores. PGR-SIG-204 ORDEN Y ASEO. ","NO APLICA"]
[null,null,null,null,"SI","Manipulación y desplazamiento de cargas\n(Documentos y cajas)","BIOMECÁNICO","Lesiones en columna\nEnfermedad discal\nEnfermedad lumbar ","Ninguno","Ninguno","Ninguno",2,4,8,"MEDIO",25,200,"II","ACEPTABLE CON CONTROL ESPECIFICO","NO SE REQUIERE","NO SE REQUIERE","NO SE REQUIERE","* Practicar higiene postural para el manejo de cargas. Evitar levantar mas de 10 Kg mujeres y 20 Kg Hombres. PGR-SIG-201 ESTILOS DE VIDA Y TRABAJO SALUDABLES. ","NO APLICA"]
[null,null,null,null,"SI","Iluminación\n(Deficiente de iluminación natural o artificial en el sitio adecuado para laboral dentro de la vivienda)                                             ","FÍSICO ","*Fatiga visual","Ninguno","Ninguno","Ninguno",2,2,4,"BAJO",25,100,"III","MEJORABLE","NO APLICA","Se recomienda adecuar zona de trabajo en lugar con iluminación adecuada (que no sea excesiva o deficiente). ","NO SE REQUIERE","Se recomienda adecuar el sitio de trabajo con iluminación adecuada. PGR-SIG-204 ORDEN Y ASEO. ","NO APLICA"]
[null,null,null,null,"NO","Locativo\nSuperficies de trabajo  irregulares y  desniveladas, escaleras                                 (Desplazamiento en la vivienda)","CONDICIONES DE SEGURIDAD","*Golpes \n*Caídas\n*Fracturas","Ninguno","Ninguno","Ninguno",2,2,4,"BAJO",25,100,"III","MEJORABLE","NO APLICA","NO APLICA","NO APLICA","*Se recomienda uso de calzado adecuado y de tacón bajo según el área a visitar, con el fin de evitar caídas. EST-SIG-01 ESTANDAR DE SEGURIDAD PARA ACTIVIDADES FUERA DE LA SEDE","Uso de calzado bajo "]
[null,null,null,null,"SI","Virus  ","BIOLÓGICO","Malestar general","Ninguno","Ninguno","Ninguno",2,2,4,"BAJO",25,100,"III","MEJORABLE","N.A","N.A","Trabajo en Casa","\n*Participar en las reuniones de bioseguridad realizadas por el grupo de SST. PRO-SIG-203 PROCEDIMIENTO INSPECCIONES DE SST.\n*Evitar las reuniones sociales y evitar visitar sitios concurridos o de alto riesgo\n*  Realizar constante desinfección y limpieza de los sitios de trabajo\n* Evitar tocar cara, boca y ojos con las manos.\n* Lavar las manos cada 3 horas.","*Uso de EPP ( Tapa bocas) limpieza de superficies. Uso periódico de productos para limpieza (agua y jabón) y para  sanitizado de manos (geles a base de alcohol al 70%), mono gafas o careta"]
[null,null,null,null,"SI","Público\n(Robos - Atracos - Asaltos - Agresiones verbales - Actos Violentos)","CONDICIONES DE SEGURIDAD","*Golpes\n*Agresiones verbales y físicas \n*Atentados violentos\n*Heridas\n*Muerte","Ninguno","Ninguno","Ninguno",2,2,4,"BAJO",100,400,"II","ACEPTABLE CON CONTROL ESPECIFICO","NO APLICA","NO APLICA","NO APLICA","*Socializar los planes contingencia para diferentes situaciones  de emergencia específicamente riesgo público. PLA-SIG-204 PLAN DE PREVENCIÓN, PREPARACIÓN Y RESPUESTA ANTE EMERGENCIAS.","NO APLICA"]
[null,null,null,null,"NO","Erupción volcán Machín","FENÓMENOS NATURALES","Erupción del Volcán Machín","Ninguno","Ninguno","Ninguno",2,2,4,"BAJO",25,100,"III","MEJORABLE","NO APLICA","NO APLICA","NO APLICA","Tener en cuenta las recomendaciones dadas en los medios de comunicación de la alcaldía y recomendaciones en el video del ejercicio de la simulación  el día nacional del simulacro. PLA-SIG-204 PLAN DE PREVENCIÓN, PREPARACIÓN Y RESPUESTA ANTE EMERGENCIAS.  ","NO APLICA"]
[null,null,null,null,"NO","Sismo - Terremoto","FENÓMENOS NATURALES","Erupción del Volcán Machín","Ninguno","Ninguno","Ninguno",2,2,4,"BAJO",25,100,"III","MEJORABLE","NO APLICA","NO APLICA","NO APLICA","Tener en cuenta las recomendaciones dadas en los medios de comunicación de la alcaldía y recomendaciones en el video del ejercicio de la simulación  el día nacional del simulacro. PLA-SIG-204 PLAN DE PREVENCIÓN, PREPARACIÓN Y RESPUESTA ANTE EMERGENCIAS.  ","NO APLICA"]
[null,null,null,null,"ESTACIÓN DE BOMBEROS"]
[]
[null,null,null,null,"ESTACIÓN BOMBEROS 60",null,null,null,"ESTACIÓN BOMBEROS CENTRO",null,null,null,null,"ESTACIÓN BOMBEROS JARDÍN",null,null,null,null,null,"ESTACIÓN BOMBEROS KENNEDY"]

{"sheet":"ESTACIÓN BOMBEROS 60","index":18,"n_rows":105,"n_cols":24,"rows_kept":105,"cut":false,"hidden":true,"merged":[[8,11,8,17],[8,19,8,23],[10,4,15,4],[10,2,38,2],[7,2,7,3],[7,4,7,23],[8,2,9,2],[8,3,9,3],[8,4,9,4],[10,3,28,3],[70,2,87,3],[88,2,104,3],[2,2,5,2],[2,3,3,21],[2,23,5,23],[4,3,5,21],[6,20,6,21],[47,3,69,3],[29,3,38,3],[39,2,69,2],[39,3,46,3],[39,4,40,4],[6,22,6,23],[8,5,8,6],[8,7,9,7],[8,8,8,10]]}
[]
[]
[null,null,null,"PROCESO: SISTEMA INTEGRADO DE GESTIÓN",null,null,null,null,null,null,null,null,null,null,null,null,null,null,null,null,null,null,"Código: FOR-221-PRO-SIG"]
[null,null,null,null,null,null,null,null,null,null,null,null,null,null,null,null,null,null,null,null,null,null,"Versión: 05"]
[null,null,null,"FORMATO: \nIDENTIFICACIÓN DE PELIGROS, EVALUACIÓN Y VALORACIÓN DE LOS RIESGOS \nALCALDÍA MUNICIPAL DE IBAGUÉ",null,null,null,null,null,null,null,null,null,null,null,null,null,null,null,null,null,null,"Fecha: 7/07/2023"]
[null,null,null,null,null,null,null,null,null,null,null,null,null,null,null,null,null,null,null,null,null,null,"Página: 1"]
[null,null,"FECHAS DE ACTUALIZACIÓN: ","2019-02-22","2019-03-09","2019-09-02","2019-09-11","2019-09-24","2019-10-30","2020-07-22","2021-04-09","2022-05-27","2023-07-07","2024-06-20"]
[null,null,"PROCESO:",null,"13. GESTIÓN AMBIENTAL- BOMBEROS 60"]
[null,null,"1. PROCESO ADMINISTRATIVO / OPERATIVO","2. ACTIVIDADES","3. TAREA RUTINARIO (SI O NO)","PELIGRO",null,"6. EFECTOS POSIBLES\n(Salud - Seguridad)","CONTROLES EXISTENTES",null,null,"EVALUACIÓN DEL RIESGO",null,null,null,null,null,null,"VALORACIÓN DEL RIESGO","MEDIDAS DE INTERVENCIÓN"]
[null,null,null,null,null,"4. DESCRIPCIÓN","5. CLASIFICACIÓN",null,"7. FUENTE","8. MEDIO","9. INDIVIDUO","10. NIVEL DE DEFICIENCIA","11. NIVEL DE EXPOSICIÓN","12. NIVEL DE PROBABILIDAD ND X NE","13. INTERPRETACIÓN DEL NIVEL DE PROBABILIDAD","14. NIVEL DE CONSECUENCIA","15. NIVEL DE RIESGO NR E INTERVENCIÓN","16. INTERPRETACIÓN DEL NR","17. ACEPTABILIDAD DEL RIESGO","18 ELIMINACIÓN","19. SUSTITUCIÓN","20. CONTROLES DE INGENIERIA","21. CONTROLES ADMINISTRATIVOS, SEÑALIZACIÓN, ADVERTENCIA","22. ELEMENTOS DE PROTECCIÓN PERSONAL"]
[null,null,"ADMINISTRATIVO","ACTIVIDAD PLANEACIÓN, ELABORACIÓN Y EJECUCION DE DOCUMENTOS. USO DE HERRAMIENTAS TECNOLOGICAS Y VIDEO TERMINALES. INTERACCIONES LABORALES Y ADMINISTRATIVAS (ATENCIÓN AL CIDADANO); APLICA PARA FUNCIONARIOS DE PLANTA Y/O CONTRATO.","SI","Postura Prolongada (Postura sedente más del 75% de la jornada laboral en trabajo con video terminales)","BIOMECÁNICO","*Dolor lumbar inespecífico\n*Espasmos musculares","No aplica","Ninguno","Ninguno",2,4,{"$f":"+L11*M11","v":8},{"$f":"IF(N11>=24,\"MUY ALTO\",IF(N11>=10,\"ALTO\",IF(N11>=6,\"MEDIO\",\"BAJO\")))","v":"MEDIO"},10,{"$f":"+N11*P11","v":80},{"$f":"IF(Q11>=600,\"I\",IF(Q11>=150,\"II\",IF(Q11>=40,\"III\",IF(Q11>=20,\"IV\"))))","v":"III"},{"$f":"IF(Q11>=600,\"NO ACEPTABLE\",IF(Q11>=150,\"ACEPTABLE CON CONTROL ESPECIFICO\",IF(Q11>=40,\"MEJORABLE\",IF(Q11>=20,\"ACEPTABLE\"))))","v":"MEJORABLE"},"NO APLICA","NO SE REQUIERE","NO SE REQUIERE","*Realizar re inducción en higiene postural de oficina. \n\n*Realizar pausas activas en el área.                                                                 \n\n*Continuar con las actividades del programa de vigilancia epidemiológico  para prevención de desordenes musculo esqueléticas asociadas al peligro biomecánico .    INS-SIG-202 INSTRUCTIVO DE PAUSAS ACTIVAS\nSALUDABLES.                                                                             ","NO APLICA"]
[null,null,null,null,null,"Movimientos repetitivos  \n(Digitación)","BIOMECÁNICO","Síndrome de Túnel del Carpo ( STC).\nSíndrome de Querían","Ninguno","Diseño del sistema (puesto) de trabajo adecuado.","Alterna varias labores",2,4,{"$f":"+L12*M12","v":8},{"$f":"IF(N12>=24,\"MUY ALTO\",IF(N12>=10,\"ALTO\",IF(N12>=6,\"MEDIO\",\"BAJO\")))","v":"MEDIO"},10,{"$f":"+N12*P12","v":80},{"$f":"IF(Q12>=600,\"I\",IF(Q12>=150,\"II\",IF(Q12>=40,\"III\",IF(Q12>=20,\"IV\"))))","v":"III"},{"$f":"IF(Q12>=600,\"NO ACEPTABLE\",IF(Q12>=150,\"ACEPTABLE CON CONTROL ESPECIFICO\",IF(Q12>=40,\"MEJORABLE\",IF(Q12>=20,\"ACEPTABLE\"))))","v":"MEJORABLE"},"NO SE REQUIERE","NO SE REQUIERE","NO SE REQUIERE","*Se recomienda la implementación permanente de pausas activas durante la jornada laboral. INS-SIG-202 INSTRUCTIVO DE PAUSAS ACTIVAS\nSALUDABLES.                                                                                                                                                 ","NO APLICA"]
[null,null,null,null,null,"Ruido\n Ambiental proveniente de la calle  ","FÍSICO","* Dolor  de cabeza,\n* poca concentración, \n*zumbidos  en los oídos   \n* Cefaleas tensionales ","Ninguno","Realización de inspección ambiental ","Exámenes Médicos ocupacionales",2,3,6,"MEDIO",10,60,"III","MEJORABLE","NINGUNO ","NINGUNO ","Realizar medición de ruido ","*Continuar con la realización de evaluaciones  medicas ocupacionales (ingreso, periódicos y egreso \n* Realizar pausa activa durante la jornada laboral una vez en la mañana y una vez en la tarde ( Si el  usuario l lo permite).   INS-SIG-202 INSTRUCTIVO DE PAUSAS ACTIVAS\nSALUDABLES.  \n\n","NO APLICA"]
[null,null,null,null,null,"Disconfort Térmico - Exposición a temperaturas altas por la inadecuada ventilación natural y artificial","FÍSICO","Disconfort térmico,   Alergias, afecciones respiratorias, cefaleas tensionales . ","Ninguno","Instalación de ventiladores y aire acondicionado. Recomendaciones en inducción y reinducción  ","Ninguno ",2,3,6,"MEDIO",10,60,"III","MEJORABLE","NINGUNO ","NINGUNO ","NINGUNO ","* Realizar reinducción     PGR-SIG-201 ESTILOS DE VIDA Y TRABAJO\nSALUDABLES.  \n","NO APLICA "]
[null,null,null,null,null,"Radiaciones No ionizantes                                   (Exposición permanente a pantallas del computador)","FÍSICO ","*Fatiga visual","Uso de pantalla antirreflejo","Diseño del sistema (puesto) de trabajo adecuado.","Ninguno",2,3,6,"MEDIO",10,60,"III","MEJORABLE","NO APLICA","NO SE REQUIERE","NO SE REQUIERE","*Se recomienda la implementación permanente de pausas activas durante la jornada laboral.  Realización de inducción.  INS-SIG-202 INSTRUCTIVO DE PAUSAS ACTIVAS\nSALUDABLES.                                                                                                                                                ","NO APLICA"]
[null,null,null,null,null,"Locativo - Cableado del computador expuesto debajo del escritorio","CONDICIONES DE SEGURIDAD","Se potencializa el riesgo de incendio y accidentes por caídas, chispas, conatos de incendios ","Ninguno","Inspecciones a puestos de trabajo ","Ninguno",2,3,6,"MEDIO",10,60,"III","MEJORABLE","NINGUNO ","NINGUNO ","NINGUNO ","*Agrupar el cableado eléctrico, utilizando espiral porta cable  y/o canaleta. * Jornadas de orden y aseo.  * Capacitaciones en caídas al mismo nivel.   PRO-SIG-203 PROCEDIMIENTO INSPECCIONES DE\nSST.\n","NO APLICA"]
[null,null,null,null,"SI","Postura Prolongada (Postura sedente más del 75% de la jornada laboral en trabajo con video terminales)","BIOMECÁNICO","*Dolor lumbar inespecífico\n*Espasmos musculares","No aplica","Ninguno","Ninguno",2,3,6,"MEDIO",10,60,"III","MEJORABLE","NO APLICA","NO SE REQUIERE","NO SE REQUIERE","*Se recomienda realizar intervención ergonómica, para lo cual, se debe mejorar la altura de la pantalla ya que se observa baja. \n\n*Realizar re inducción en higiene postural de oficina. \n\n*Realizar pausas activas en el área.                                                                 \n\n*Continuar con las actividades del programa de vigilancia epidemiológico  para prevención de desordenes musculo esqueléticas asociadas al peligro biomecánico .  PRO-SIG-203 PROCEDIMIENTO INSPECCIONES DE\nSST.    PGR-SIG-205 VIGILANCIA EPIDEMIOLÓGICA PARA LA PREVENCION DE\nDESÓRDENES MUSCULO-ESQUELÉTICOS.                                                                                  ","NO APLICA"]
[null,null,null,null,"SI","Movimientos repetitivos  \n(Digitación)","BIOMECÁNICO","Síndrome de Túnel del Carpo ( STC).\nSíndrome de Quervein","Ninguno","Diseño del sistema (puesto) de trabajo adecuado.","Alterna varias labores",2,4,8,"MEDIO",10,80,"III","MEJORABLE","NO SE REQUIERE","NO SE REQUIERE","NO SE REQUIERE","*Se recomienda la implementación permanente de pausas activas durante la jornada laboral.      INS-SIG-202 INSTRUCTIVO DE PAUSAS ACTIVAS\nSALUDABLES.                                                                                                                                            ","NO APLICA"]
[null,null,null,null,"SI","Locativo\nSuperficies de trabajo  irregulares y  desniveladas                                 (Desplazamiento en las diferentes áreas )","CONDICIONES DE SEGURIDAD","*Golpes \n*Caídas","Ninguno","Señalización de advertencia ","Capacitación en prevención de caídas ",2,3,6,"MEDIO",10,60,"III","MEJORABLE","NO APLICA","NO APLICA","NO APLICA","Recomendaciones en inducción y reinducción. Continuar capacitaciones en prevención de caídas. PGR-SIG-203-PROGRAMA PROTECCIÓN CONTRA\nCAÍDAS.","NO APLICA"]
[null,null,null,null,"SI ","Locativo                                      Falta de orden y aseo  por los elementos sin dar de baja  (TV, mangueras, ventiladores dañados) a lado de la oficina ","CONDICIONES DE SEGURIDAD ","Caídas al mismo nivel, incidentes, golpes, proliferación de animales ","Ninguno","Ninguno ","Ninguno ",2,3,6,"MEDIO",10,60,"III","MEJORABLE","NINGUNO ","NINGUNO ","NINGUNO ","*Capacitaciones en caídas al mismo nivel  al personal expuesto. * Se recomienda jornadas de orden y aseo en el archivo * Se recomienda dar de baja a los elementos sin utilizar en el archivo .  PGR-SIG-203-PROGRAMA PROTECCIÓN CONTRA\nCAÍDAS.   PGR-SIG-204 ORDEN Y ASEO.     PRO-SIG-203 PROCEDIMIENTO INSPECCIONES DE\nSST.","NO APLICA"]
[null,null,null,null,"SI ","Condiciones de la tarea                          Atención de los usuarios, recepción de llamadas y  atención  de emergencias. ","PSICOSOCIAL  ","Estrés Laboral , Fatiga, conflictos en las relaciones interpersonales con el equipo de trabajo. ","Ninguno","Ninguno","Ninguno",2,3,6,"MEDIO",10,60,"III","MEJORABLE","NINGUNO ","NINGUNO ","NINGUNO ","* Implementación del programa del  intervención del  riesgo psicosocial . * Talleres de liderazgo y manejo del estrés laboral.  * Capacitaciones en el manejo del tiempo.  PGR-SIG-206 VIGILANCIA EPIDEMIOLÓGICO DE RIESGO\nPSICOSOCIAL.   ","NO APLICA "]
[null,null,null,null,"SI ","Postura Forzada                            Espacio insuficiente de los  planos de trabajo (escritorio),  ","BIOMECÁNICO","Lumbalgias, Cervicalgias, Mialgias, lesiones y síndromes doloroso, tendinitis, espasmo de manos ","Ninguno","Ninguno","Jornadas de pausas activas ",2,3,6,"MEDIO",10,60,"III","MEJORABLE","NINGUNO ","NINGUNO ","NINGUNO ","* Pausas activas a lo largo de la jornada laboral y sensibilizar sobre su importancia , * Realizar seguimiento para el S.V.E  para lesiones osteo musculares.\n* Se recomienda  gestionar escritorios en \"L\"  para mejorar  la postura de los trabajadores y garantizar que la mano, muñeca y  brazo permanezcan  en línea recta en el momento  de digitar.   INS-SIG-202 INSTRUCTIVO DE PAUSAS ACTIVAS\nSALUDABLES.    ","NO APLICA"]
[null,null,null,null,"SI","Locativo                             \nCableado del computador expuesto debajo del escritorio","CONDICIONES DE SEGURIDAD","Se potencializa el riesgo de incendio y accidentes por caídas, chispas, conatos de incendios ","Ninguno","Inspecciones a puestos de trabajo ","Ninguno",2,3,6,"MEDIO",10,60,"III","MEJORABLE","NINGUNO ","NINGUNO ","NINGUNO ","*Agrupar el cableado eléctrico, utilizando espiral porta cable  y/o canaleta. * Jornadas de orden y aseo.  * Capacitaciones en caídas al mismo nivel.   PRO-SIG-203 PROCEDIMIENTO INSPECCIONES DE\nSST.\n","NO APLICA"]
[null,null,null,null,"SI ","Locativo \nAusencia de las rejillas de la luminarias ","CONDICIONES DE SEGURIDAD  ","Caídas de  los tubos fluorescentes, golpes, heridas abiertas ","Ninguno ","Ninguno ","Ninguno ",2,3,6,"MEDIO",10,60,"III","MEJORABLE","NINGUNO ","NINGUNO ","Se recomienda que las luminarias cuenten con protectores (rejillas), para dar cumplimiento a la normatividad. ","* Se recomienda que dentro del cronograma de mantenimiento de las instalaciones se realice la inclusión del mantenimiento correctivo y preventivo de las luminarias.   PRO-SIG-203 PROCEDIMIENTO INSPECCIONES DE\nSST.  ","NO APLICA "]
[null,null,null,null,"NO","Tecnológico \nExplosiones -  Material Combustible- Sustancias químicas ","CONDICIONES DE SEGURIDAD  ","Accidentes, Muerte, quemaduras , canastos de incendios, incendios no contralados ","Ninguno ","Señalización ","Capacitaciones en atención de emergencias y control de incendios ",2,2,4,"BAJO",100,400,"II","ACEPTABLE CON CONTROL ESPECIFICO","NINGUNO ","NINGUNO ","NINGUNO ","*Socialización de los planes de emergencia. \n*Capacitación evacuación y control de incendios.                                          * Protocolos de atención de emergencias.    PLA-SIG-204 PLAN DE PREVENCIÓN, PREPARACIÓN Y RESPUESTA ANTE\nEMERGENCIAS.\n","NO APLICA"]
[null,null,null,null,"SI","Eléctrico                           Baja tensión.                           Toma corrientes en mal estado (sin protectores) ","CONDICIONES DE SEGURIDAD","Se potencializa el riesgo de incendio ","Ninguno ","Señalización ","Capacitaciones en atención de emergencias y control de incendios ",2,3,6,"MEDIO",10,60,"III","MEJORABLE","NINGUNO ","NINGUNO ","NINGUNO ","*Realizar mantenimiento de las instalaciones eléctricas (instalar protectores de las tomas eléctricas).   PRO-SIG-203 PROCEDIMIENTO INSPECCIONES DE\nSST. ","NO APLICA"]
[null,null,null,null,"SI","Tecnológico  \nIncendios   \nAbundantes elementos combustibles en el área ","CONDICIONES DE SEGURIDAD","Incendios","Ninguno","Uso de equipos contra incendios","Ninguno",2,3,6,"MEDIO",10,60,"III","MEJORABLE","NO APLICA","NO APLICA","NO APLICA","*Uso de equipos contra incendios\n*Se recomienda  reubicar las balas y el equipo a ul lugar adecuado donde no se presenten transito de personas.  PRO-SIG-203 PROCEDIMIENTO INSPECCIONES DE\nSST.","NO APLICA"]
[null,null,null,null,"SI","Ruido\n(Motores de vehículos de emergencia (sirenas, aceleración del motor))","FÍSICO ","Alteraciones del umbral auditivo\nSíndrome de ruptura traumática del tímpano","Mantenimiento a equipos y vehículos ","No hay","Uso de EPP",2,3,6,"MEDIO",10,60,"III","MEJORABLE","NINGUNO ","NINGUNO ","NINGUNO ","Realizar exámenes periódicos para seguimiento a la condición auditiva\n\nContinuar con el uso de EPP    PRO-SIG-201 PROCEDIMIENTO EXÁMENES\nOCUPACIONALES.","Uso de EPP que se requiere para la atención de emergencias "]
[null,null,null,null,"SI ","Postura Anti gravitacional                            Miembros superiores en la gravedad por el espacio del plano de trabajo de los puestos de trabajo. ","BIOMECÁNICO"," Tendinitis Espasmo de manos","Ninguno","Ninguno","Jornadas de pausas activas ",2,4,8,"MEDIO",10,80,"III","MEJORABLE","NINGUNO ","NINGUNO ","NINGUNO ","* Pausas activas a lo largo de la jornada laboral y sensibilizar sobre su importancia , * Realizar seguimiento para el S.V.E  para lesiones osteo musculares.* Se recomienda revisar  la posibilidad  de contar con un escritorio en \"L\" para mejorar la postura del trabajador o un escritorio lineal, elementos de confort que permitan mejorar la postura del trabajador de acuerdo al tiempo de exposición.    INS-SIG-202 INSTRUCTIVO DE PAUSAS ACTIVAS\nSALUDABLES.  PRO-SIG-203 PROCEDIMIENTO INSPECCIONES DE\nSST.     PGR-SIG-205 VIGILANCIA EPIDEMIOLÓGICA PARA LA PREVENCION DE\nDESÓRDENES MUSCULO-ESQUELÉTICOS.  ","NO APLICA "]
[null,null,null,"TRANSFERENCIAS DOCUMENTALES. MANEJO DE CORRESPONDENCIA. ACTIVIDAD MANEJO DE ARCHIVO; APLICA PARA FUNCIONARIOS DE PLANTA Y/O CONTRATO.","SI","Locativo - Cableado del computador expuesto debajo del escritorio","CONDICIONES DE SEGURIDAD","Se potencializa el riesgo de incendio y accidentes por caídas, chispas, conatos de incendios ","Ninguno","Inspecciones a puestos de trabajo ","Ninguno",2,3,6,"MEDIO",10,60,"III","MEJORABLE","NINGUNO ","NINGUNO ","NINGUNO ","*Agrupar el cableado eléctrico, utilizando espiral porta cable  y/o canaleta. * Jornadas de orden y aseo.  * Capacitaciones en caídas al mismo nivel.     PRO-SIG-203 PROCEDIMIENTO INSPECCIONES DE\nSST.     PGR-SIG-203-PROGRAMA PROTECCIÓN CONTRA\nCAÍDAS.  PGR-SIG-204 ORDEN Y ASEO.\n","NO APLICA"]
[null,null,null,null,"SI","Sobre esfuerzos\n(Manejo de documentos y cajas)","BIOMECÁNICO","*Dolor lumbar inespecífico\n*Hombro doloroso","Ninguno","Ninguno","Capacitación en manejo de cargas- capacitación  de seguridad en archivos ",2,3,6,"MEDIO",10,60,"III","MEJORABLE","NO SE REQUIERE","NO SE REQUIERE","NO SE REQUIERE","*Realizar  reinducción SST- continuar capacitación manejo de cargas y autocuidado. PGR-SIG-205 VIGILANCIA EPIDEMIOLÓGICA PARA LA PREVENCION DE\nDESÓRDENES MUSCULO-ESQUELÉTICOS.  ","NO APLICA"]
[null,null,null,null,"SI","Movimientos repetitivos  \n(Digitación)","BIOMECÁNICO","Síndrome de Túnel del Carpo ( STC).\nSíndrome de Quervein","Ninguno","Diseño del sistema (puesto) de trabajo adecuado.","Alterna varias labores",2,4,8,"MEDIO",10,80,"III","MEJORABLE","NO SE REQUIERE","NO SE REQUIERE","NO SE REQUIERE","*Se recomienda la implementación permanente de pausas activas durante la jornada laboral.                                                                                                                                                  ","NO APLICA"]
[null,null,null,null,"SI","Virus                               (Exposición con ácaros al archivar documentos)","BIOLÓGICO","*Dermatosis\n*Reacciones alérgicas\n*Enfermedades infecciosas\n*Infecciones respiratorias","Depuración del archivo ","limpieza de archivos periódicamente ","Capacitación de seguridad de los archivos. Recomendaciones en inducción y reinducción. Entrega de E.P.P ( monogafas, tapabocas y bata)",2,3,6,"MEDIO",10,60,"III","MEJORABLE","NO APLICA","NO APLICA","NO APLICA","*Capacitar a los trabajadores en auto cuidado y la importancia del uso de los EPP.\n*Realizar capacitación en lavado de manos.    PGR-SIG-201 ESTILOS DE VIDA Y TRABAJO\nSALUDABLES.   ","*Uso de EPP (Guantes - Tapa bocas, monogafas )"]
[null,null,null,null,"SI","Bacterias                              (Exposición con ácaros al archivar documentos)","BIOLÓGICO","*Dermatosis\n*Reacciones alérgicas\n*Enfermedades infecciosas\n*Infecciones respiratorias","Depuración del archivo ","limpieza de archivos periódicamente ","Capacitación de seguridad de los archivos. Recomendaciones en inducción y reinducción. Entrega de E.P.P ( monogafas, tapabocas y bata)",2,3,6,"MEDIO",10,60,"III","MEJORABLE","NO APLICA","NO APLICA","NO APLICA","*Capacitar a los trabajadores en auto cuidado y la importancia del uso de los EPP.\n*Realizar capacitación en lavado de manos.  PRO-SIG-202 PROCEDIMIENTO ADMINISTRACIÓN DE ELEMENTOS DE\nEPP. ","*Uso de EPP (Guantes - Tapa bocas, monogafas )"]
[null,null,null,null,"SI","Material Particulado Acumulación de material particulado (polvo) en la documentación del área de archivo. ","QUÍMICO","Irritaciones, alergias a nivel respiratorio","Depuración del archivo ","limpieza de archivos periódicamente ","Capacitación de seguridad de los archivos. Recomendaciones en inducción y reinducción. Entrega de E.P.P ( monogafas, tapabocas y bata)",2,3,6,"MEDIO",10,60,"III","MEJORABLE","NINGUNO ","NINGUNO ","*Se recomienda realizar mantenimiento correctivo a los extractores que hay en el área. ","*Exámenes periódicos anualmente al personal  expuesto con espirometrías. Realizar reinducción.   PRO-SIG-201 PROCEDIMIENTO EXÁMENES\nOCUPACIONALES.  ","Uso de EPP (tapabocas , guantes y monogafas) "]
[null,null,null,null,"SI","Manipulación manual de cargas \"Halar\"                         ","BIOMECÁNICO","*Hombro doloroso\n*Epicondilitis\n*Tendinitis\n*Bursitis","No aplica","No hay","No hay ",2,3,6,"MEDIO",10,60,"III","MEJORABLE","NO APLICA","NO APLICA","Suministrar ayudas mecánicas para el manejo seguro de cargas. ","*Capacitación en manipulación manual de cargas \n*Formación de líderes en pausas activas en la sede, con el fin de implementar las mismas. \n*Continuar con la implementación del PVE Biomecánico para prevención de lesiones osteomusculares.    INS-SIG-202 INSTRUCTIVO DE PAUSAS ACTIVAS\nSALUDABLES.  PGR-SIG-205 VIGILANCIA EPIDEMIOLÓGICA PARA LA PREVENCION DE\nDESÓRDENES MUSCULO-ESQUELÉTICOS. ","NO APLICA"]
[null,null,null,null,"SI ","Mecánico                                                     Manejo de herramientas manuales \n(Grapadora, saca ganchos, perforadora, ganchos legadores)","CONDICIONES DE SEGURIDAD\n","Golpes, heridas, pinchazos, magulladuras de diferentes en los miembros superiores ","cambio de herramienta periódicamente ","Ninguno ","Recomendaciones en inducción y reinducción",2,3,6,"MEDIO",10,60,"III","MEJORABLE","NINGUNO ","NINGUNO ","NINGUNO ","*Capacitación sobre manejo seguro de herramientas.\n*Capacitación en prevención en lesiones de mano.\n*Inspeccionar las diferentes herramientas utilizados en la oficina para labores administrativas.    PRO-SIG-203 PROCEDIMIENTO INSPECCIONES DE\nSST.   ","NO APLICA"]
[null,null,null,null,"SI","Movimientos Repetitivos\nArchivar documentos en el archivo, búsqueda de documentos. ","BIOMECÁNICO","Síndromes túnel del carpo\n\nSíndrome de Querían","Ninguno","SVE  Biomecánico ","Ninguno",2,4,8,"MEDIO",10,80,"III","MEJORABLE","NINGUNO ","NINGUNO ","NINGUNO ","*Implementar el programa de pausas activas, específicamente                                                                                      *Continuar con la implementación del Sistema de vigilancia epidemiológico osteomuscular.    INS-SIG-202 INSTRUCTIVO DE PAUSAS ACTIVAS\nSALUDABLES.  PGR-SIG-205 VIGILANCIA EPIDEMIOLÓGICA PARA LA PREVENCION DE\nDESÓRDENES MUSCULO-ESQUELÉTICOS.  ","NO APLICA"]
[null,null,null,null,"SI ","Movimientos repetitivos  Abrir y cerrar las estanterías móviles del archivo (rodantes) ","BIOMECÁNICO ","Síndrome del Túnel Carpiano, Manguito rotador ","Ninguno","Ninguno","Pausas Activas Implementación del SVE DMO ",2,4,8,"MEDIO",10,80,"III","MEJORABLE","NINGUNO ","NINGUNO ","NINGUNO ","*Implementar el programa de pausas activas                                                                 *Implementación del Sistema de vigilancia epidemiológico desordes musculo esqueléticos, con el fin de identificar las personas con sintomatología y hacer el respectivo seguimiento y control de los diagnósticos médicos que se presenten.      INS-SIG-202 INSTRUCTIVO DE PAUSAS ACTIVAS\nSALUDABLES.  PGR-SIG-205 VIGILANCIA EPIDEMIOLÓGICA PARA LA PREVENCION DE\nDESÓRDENES MUSCULO-ESQUELÉTICOS.  ","NO APLICA"]
[null,null,null,"ACTIVIDAD DESPLAZAMIENTO A EVENTOS Y REUNIONES INSTITUCIONALES,  INSPECCIONES, VISITAS TÉCNICAS (DE CAMPO), ACTIVIDADES DE BIENESTAR DEPORTIVAS Y CULTURALES FUERA DE LA SEDE; APLICA PARA FUNCIONARIOS DE PLANTA Y/O CONTRATO.","SI","Accidentes de tránsito                      \n     \n(En los desplazamientos de la visitas a los centros de trabajo)\n\nVER MATRIZ DE RIESGO VIAL ","CONDICIONES DE SEGURIDAD","*Muerte \n*Lesiones graves en el cuerpo entero\n*Atrapamiento vehicular","Ninguno","Vehículos de la empresa con mantenimiento preventivo y correctivo. ","Retroalimentación política de seguridad vial - recomendaciones en inducción y reinducción",2,2,4,"BAJO",100,400,"II","ACEPTABLE CON CONTROL ESPECIFICO","NO APLICA","NO APLICA","*Se debe empezar a realizar la inspección pre operacional de vehículos de la empresa, para identificar condiciones del mismo \"Por parte de los conductores\". ","*Dar cumplimiento al plan de capacitación del PESV según el rol (Pasajero - Conductor - Peatón)\n*Realizar sensibilización en seguridad vial.    PLA-SIG-202 PESV PLAN ESTRATÉGICO DE SEGURIDAD\nVIAL.  ","NO APLICA"]
[null,null,null,null,null,"Picaduras     y Mordeduras                 (Exposición con animales en las vías públicas)","BIOLÓGICO","Infecciones","No aplica","No aplica","Recomendaciones en inducción y reinducción. Uso de camisa manga larga ",2,3,6,"MEDIO",10,60,"III","MEJORABLE","NO APLICA","NO APLICA","NO APLICA","*Se recomienda capacitar en prevención por mordeduras o picaduras en vías públicas. Realizar reinducción.  PGR-SIG-201 ESTILOS DE VIDA Y TRABAJO\nSALUDABLES.   \n","NO APLICA"]
[null,null,null,null,"SI","Público\n(Robos - Atracos - Asaltos - Agresiones verbales - Actos Violentos)","CONDICIONES DE SEGURIDAD","*Golpes\n*Agresiones verbales y físicas \n*Atentados violentos\n*Heridas\n*Muerte","Ninguno","Ninguno","Ninguno",2,2,4,"BAJO",100,400,"II","ACEPTABLE CON CONTROL ESPECIFICO","NO APLICA","NO APLICA","NO APLICA","*Socializar los planes contingencia para diferentes situaciones  de emergencia específicamente riesgo público. Socialización PON riesgo publico.  PLA-SIG-204 PLAN DE PREVENCIÓN, PREPARACIÓN Y RESPUESTA ANTE\nEMERGENCIAS.","NO APLICA"]
[null,null,null,null,"SI","Sobre esfuerzos\n(Manejo de documentos y cajas)","BIOMECÁNICO","*Dolor lumbar inespecífico\n*Hombro doloroso","Ninguno","Ninguno","Ninguno",2,4,8,"MEDIO",10,80,"III","MEJORABLE","NO SE REQUIERE","NO SE REQUIERE","NO SE REQUIERE","*Realizar  re inducción en manejo seguro de cargas.  PGR-SIG-205 VIGILANCIA EPIDEMIOLÓGICA PARA LA PREVENCION DE\nDESÓRDENES MUSCULO-ESQUELÉTICOS. ","NO APLICA"]
[null,null,null,null,"SI","Movimientos repetitivos  \n(Digitación)","BIOMECÁNICO","Síndrome de Túnel del Carpo ( STC).\nSíndrome de Quervein","Ninguno","Diseño del sistema (puesto) de trabajo adecuado.","Alterna varias labores",2,4,8,"MEDIO",10,80,"III","MEJORABLE","NO SE REQUIERE","NO SE REQUIERE","NO SE REQUIERE","*Se recomienda la implementación permanente de pausas activas durante la jornada laboral.    INS-SIG-202 INSTRUCTIVO DE PAUSAS ACTIVAS\nSALUDABLES.                                                                                                                                              ","NO APLICA"]
[null,null,null,null,"SI ","Movimientos repetitivos \nManejar el volante constantemente ","BIOMECÁNICO ","Alteraciones músculo esqueléticas. ","Ninguno ","Ninguno ","Ninguno ",2,4,8,"MEDIO",10,80,"III","MEJORABLE","NINGUNO ","NINGUNO ","NINGUNO ","Continuar con el sistema de vigilancia\nepidemiológica para el control de lesiones\nosteomusculares. Capacitar a los trabajadores.     PGR-SIG-205 VIGILANCIA EPIDEMIOLÓGICA PARA LA PREVENCION DE\nDESÓRDENES MUSCULO-ESQUELÉTICOS.\nen higiene postural, pausas activas.","NO APLICA "]
[null,null,null,null,"SI ","Material Particulado  \nExposición a material\nparticulado en los desplazamientos terrestres ","QUÍMICO      ","Neumoconiosis, alergias respiratorias,\nneumonitis, en algunos casos cáncer.","Ninguno ","Ninguno ","Recomendaciones en inducción y reinducción",2,3,6,"MEDIO",10,60,"III","MEJORABLE","NINGUNO ","NINGUNO ","NINGUNO ","*Pausas activas o descansos durante los desplazamientos terrestres. Realizar reinducción      PGR-SIG-205 VIGILANCIA EPIDEMIOLÓGICA PARA LA PREVENCION DE\nDESÓRDENES MUSCULO-ESQUELÉTICOS.     INS-SIG-202 INSTRUCTIVO DE PAUSAS ACTIVAS\nSALUDABLES.  \n","Uso de EPP (Gafas de seguridad) "]
[null,null,null,null,"SI ","Ruido                                                 \nRuido Ambiental por los desplazamientos en los vehículos   terrestres en vía.","FÍSICO                              ","Fatiga auditiva , molestias para el desarrollo de la labor, dolor de cabeza.","Ninguno ","Ninguno ","Ninguno ",2,3,6,"MEDIO",10,60,"III","MEJORABLE","NINGUNO ","NINGUNO ","NINGUNO ","*Pausas activas o descansos durante los desplazamientos terrestres.   INS-SIG-202 INSTRUCTIVO DE PAUSAS ACTIVAS\nSALUDABLES.    \n","NO APLICA"]
[null,null,null," ATENCIÓN Y MANEJO DE EMERGENCIAS; APLICA PARA FUNCIONARIOS DE PLANTA Y/O CONTRATO.","SI","Accidentes aéreos                           (En los desplazamientos para áreas de alto riesgo como el nevado)\n","CONDICIONES DE SEGURIDAD","*Muerte \n*Lesiones graves en el cuerpo entero\n*Caída de avión","Ninguno","Ninguno","Ninguno",2,2,4,"BAJO",100,400,"II","ACEPTABLE CON CONTROL ESPECIFICO","NO APLICA","NO APLICA","NO APLICA","*Dar cumplimiento a las normas de seguridad para viajes aéreos.","NO APLICA"]
[null,null,null,null,"SI","Iluminación  \nDeficiente en  eventos de emergencias","FÍSICO","Lesiones visuales ","Ninguno","Uso de equipos de luz","Ninguno",2,3,6,"MEDIO",10,60,"III","MEJORABLE","NO APLICA","*Realizar cambio de la luminaria que se encuentran en mal estado         ","NO APLICA","*Realizar mantenimiento preventivo a los equipos de suministro de iluminación.   PRO-SIG-203 PROCEDIMIENTO INSPECCIONES DE\nSST.  ","NO APLICA"]
[null,null,null,null,"SI ","Mecánico                                                 Fallas mecánicas de los vehículos ","CONDICIONES DE SEGURIDAD ","Accidentes de transito, Lesiones y traumas ","Mantenimientos de la motocicleta ","Ninguno ","Ninguno ",2,3,6,"MEDIO",10,60,"III","MEJORABLE","NINGUNO ","NINGUNO ","Mantenimientos correctivos y/o preventivos de la motocicleta . Kit de herramientas ","Inspecciones pre operacionales del vehículo. Capacitaciones en manejo defensivo al trabajador capacitaciones en buenas practicas y conductas seguras de movilidad. Capacitaciones en normas básicas mecánica \n*Implementación del Plan Estratégico de Seguridad Vial.   PLA-SIG-202 PESV PLAN ESTRATÉGICO DE SEGURIDAD\nVIAL.  ","NO APLICA "]
[null,null,null,null,"SI "," Eléctrico                                                Fallas eléctricas de los vehículos ","CONDICIONES DE SEGURIDAD ","Accidentes de transito","Mantenimientos de la motocicleta ","Ninguno ","Ninguno ",2,3,6,"MEDIO",10,60,"III","MEJORABLE","NINGUNO ","NINGUNO ","Mantenimientos correctivos y/o preventivos de la motocicleta . Kit de herramientas ","Inspecciones pre operacionales del vehículo. Capacitaciones en buenas practicas y conductas seguras de movilidad. Capacitaciones en normas básicas mecánica\n*Implementación del Plan Estratégico de Seguridad Vial.   PLA-SIG-202 PESV PLAN ESTRATÉGICO DE SEGURIDAD\nVIAL.   ","NO APLICA "]
[null,null,null,null,"SI","Postura Prolongada \n(Postura bípeda durante la mayor parte de la jornada laboral)","BIOMECÁNICO","Dolor lumbar inespecífico\nEspasmos musculares\nContracturas \nLesión del nervio poplíteo lateral \nFatiga en miembros inferiores y en las articulaciones","Ninguno","Ninguno","Ninguno",2,4,8,"MEDIO",10,80,"III","MEJORABLE","NO APLICA","NO APLICA","NO APLICA","*Capacitación en  higiene postural y pausas activas.           \n*Realizar pausas activas.           INS-SIG-202 INSTRUCTIVO DE PAUSAS ACTIVAS\nSALUDABLES.                                                                                                                                                     ","NO APLICA"]
[null,null,null,null,"SI","Sobre esfuerzos                                                  (Transporte de elementos pesados y en la atención de la emergencia)","BIOMECÁNICO","Dolor lumbar inespecífico\nHombro doloroso","Ninguno","Ninguno","Ninguno",2,4,8,"MEDIO",10,80,"III","MEJORABLE","NO APLICA","NO APLICA","NO APLICA","*Realizar reinducción  en manipulación manual de cargas\n *Implementar el programa de pausas activas por lo menos 2 veces a la semana.       INS-SIG-202 INSTRUCTIVO DE PAUSAS ACTIVAS\nSALUDABLES.                                                                                    ","NO APLICA"]
[null,null,null,null,"SI","Tecnológico  -incendios\n(En la atención de incendios)","CONDICIONES DE SEGURIDAD","Quemaduras ","Ninguno","Ayudas tecnológicas para la ignición del fuego ","Uso de traje para atención de incendios ",2,3,6,"MEDIO",10,60,"III","MEJORABLE","NINGUNO ","NINGUNO ","NINGUNO ","*Continuar con la entrega de dotación para las actividades inherentes                                                                                                                      *Continuar con la capacitación y entrenamiento  los bomberos en temas de actuación de emergencias.    PLA-SIG-204 PLAN DE PREVENCIÓN, PREPARACIÓN Y RESPUESTA ANTE\nEMERGENCIAS.                                                                                                                                                                         ","Uso de traje para atención de incendios ( ignífugos)"]
[null,null,null,null,"SI","Tecnológico  -incendios\n(En la atención de incendios)","CONDICIONES DE SEGURIDAD","Quemaduras ","Ninguno","Ayudas tecnológicas para la ignición del fuego ","Uso de traje para atención de incendios ",2,3,6,"MEDIO",10,60,"III","MEJORABLE","NINGUNO ","NINGUNO ","NINGUNO ","*Continuar con la entrega de dotación para las actividades inherentes.                                                                                                                      *Continuar con la capacitación y entrenamiento  los bomberos en temas de actuación de emergencias.   PLA-SIG-204 PLAN DE PREVENCIÓN, PREPARACIÓN Y RESPUESTA ANTE\nEMERGENCIAS.                                                                                                                                                                           ","Uso de traje para atención de incendios ( ignífugos)"]
[null,null,null,null,"SI","Mecánico                                         Manejo de Equipos de atención de emergencias","CONDICIONES DE SEGURIDAD","Traumas de tejidos blandos (laceración, contusión, etc.)       ","Ninguno","Elementos de trabajo en buen estado","Recomendaciones en inducción y reinducción",2,3,6,"MEDIO",10,60,"III","MEJORABLE","NINGUNO ","NINGUNO ","NINGUNO ","*Capacitar en prevención de accidentes por riesgo mecánico, enfocado a los elementos de trabajo.   PRO-SIG-203 PROCEDIMIENTO INSPECCIONES DE\nSST.  PRO-SIG-206 REPORTE DE ACTOS Y CONDICIONES\nINSEGURAS.","NO APLICA"]
[null,null,null,null,"SI","Temperaturas extremas                                                 (Frio)","FÍSICO ","Fatiga\nAgravamiento de trastornos cardiovasculares.","Ninguno","Ninguno","Uso de EPP\nCapacitaciones especializadas / formación bomberil",2,3,6,"MEDIO",10,60,"III","MEJORABLE","NINGUNO ","NINGUNO ","NINGUNO ","1. capacitar al personal sobre el riesgo expuesto.                                                                                                                                                                   \n 2 Disponer de equipos y aditamentos necesarios para cada rescatista para la atención de este tipo de emergencias.      PLA-SIG-204 PLAN DE PREVENCIÓN, PREPARACIÓN Y RESPUESTA ANTE\nEMERGENCIAS.   ","Utilizar los equipos y elementos de protección adecuados y completos para la atención de estas emergencias.             "]
[null,null,null,null,"SI","Temperaturas extremas                                                 (Calor )","FÍSICO ","Fatiga\nMareos \nDesmayos por deshidratación\nAgravamiento de trastornos cardiovasculares.","Ninguno","Ninguno","Uso de EPP\nCapacitaciones especializadas / formación bomberil",2,3,6,"MEDIO",10,60,"III","MEJORABLE","NINGUNO ","NINGUNO ","NINGUNO ","1. capacitar al personal sobre el riesgo expuesto.                                                                                                                                                                   \n2. realizar mantenimiento e inspecciones periódicas a los equipos de protección personal (trajes de acercamiento. PLA-SIG-204 PLAN DE PREVENCIÓN, PREPARACIÓN Y RESPUESTA ANTE\nEMERGENCIAS.  *Se recomienda cambiar los equipos de protección personal (trajes de acercamiento al fuego) del personal contratista, debido a su desgaste y tiempo de servicio. ","*Uso  los EPP adecuados y completos para la atención de estas emergencias.                                                                                                                                                                                                                  "]
[null,null,null,null,"SI","Presiones barométricas \n(Inmersión en el agua de ríos, lagos, quebradas)","FÍSICO ","Trastornos articulares\nAlteración del sistema nervioso central\nPerdida de la capacidad auditiva","Ninguno","Ninguno","Uso de EPP\nCapacitaciones especializadas / formación bomberil",2,3,6,"MEDIO",10,60,"III","MEJORABLE","NINGUNO ","NINGUNO ","NINGUNO ","1. capacitar al personal sobre el riesgo expuesto.                                                                                                                                                                                                                                                                              2. acondicionar intervalos de trabajo durante la atención de estas emergencias.     PLA-SIG-204 PLAN DE PREVENCIÓN, PREPARACIÓN Y RESPUESTA ANTE EMERGENCIAS.  *Se recomienda cambiar los equipos de protección personal (trajes de acercamiento al fuego) del personal contratista, debido a su desgaste y tiempo de servicio.                                                                                   ","Utilizar los equipos y elementos de protección adecuados y completos para la atención de estas emergencias                                                                                                                "]
[null,null,null,null,"SI","Tareas de alto riesgo  \n(En eventos de emergencias)","CONDICIONES DE SEGURIDAD","Muerte","Ninguno","Análisis de tarea segura y permisos de trabajo","Uso de EPP\nCapacitaciones especializadas / formación bomberil",2,2,4,"BAJO",100,400,"II","ACEPTABLE CON CONTROL ESPECIFICO","NO APLICA","NO APLICA","NO APLICA","*Continuar con el entrenamiento a los bomberos    *Continuar con la aplicación de protocolos para situaciones de alto riesgo.      PLA-SIG-204 PLAN DE PREVENCIÓN, PREPARACIÓN Y RESPUESTA ANTE\nEMERGENCIAS.","Uso de EPP que se requiere para la atención de emergencias "]
[null,null,null,null,"SI","Espacio confinado \nEn eventos de emergencias","CONDICIONES DE SEGURIDAD","Muerte","Ninguno","Análisis de tarea segura y permisos de trabajo","Uso de EPP\nCapacitaciones especializadas / formación bomberil",2,2,4,"BAJO",100,400,"II","ACEPTABLE CON CONTROL ESPECIFICO","NINGUNO ","NINGUNO ","NINGUNO ","*Diseñar e implementar  el procedimiento de trabajo seguro para la realización de actividades en espacios confinados.    PGR-SIG-203-PROGRAMA PROTECCIÓN CONTRA\nCAÍDAS.  ","NO APLICA"]
[null,null,null,null,"SI","Sustancias químicas\n(Dependiendo de la emergencia)","QUÍMICOS","Quemaduras, alteraciones de órganos y sentidos, muerte.","Ninguno","Ninguno","capacitaciones especializadas / formación bomberil, mascarillas respiratorias, para gases y vapores. Respiración autónoma ",2,2,4,"BAJO",100,400,"II","ACEPTABLE CON CONTROL ESPECIFICO","NO APLICA","NO APLICA","NO APLICA","1. capacitar al personal sobre el riesgo expuesto.                                                                                                                                                                   2. realizar mantenimiento e inspecciones periódicas a los equipos de protección personal (trajes de acercamiento) y equipos de respiración autónoma. *Se recomienda cambiar los equipos de protección personal (trajes de acercamiento al fuego) del personal contratista, debido a su desgaste y tiempo de servicio. ","Uso de EPP adecuados y completos para la atención de estas emergencias.                                                                                                                                                                                                            "]
[null,null,null,null,"SI"," Eléctrico                                       Alta tensión.                           (Múltiples conexiones eléctricas, dentro y fuera de las estaciones)","CONDICIONES DE SEGURIDAD","Corto circuitos, electrocución, explosiones e incendios.","Ninguno","Ninguno","Uso de EPP\nCapacitaciones especializadas / formación bomberil",2,3,6,"MEDIO",10,60,"III","MEJORABLE","NO APLICA","NO APLICA","NO APLICA","1. Capacitar al personal sobre riesgo eléctrico y medidas preventivas.                                                                                                                                                                   2. Aplicar las 5 reglas de oro para trabajar en instalaciones eléctricas.  PRO-SIG-203 PROCEDIMIENTO INSPECCIONES DE\nSST.    PGR-SIG-201 ESTILOS DE VIDA Y TRABAJO\nSALUDABLES.          ","NO APLICA"]
[null,null,null,null,"SI","Radiaciones no ionizantes                       (Exposición a luz solar)","FÍSICO ","*Cáncer de piel\n*Quemadura solar\n*Insolación \n*Foto envejecimiento cutáneo \n *Foto carcinogénesis\n*Alteraciones oculares","Ninguno","Ninguno","Uso de EPP\n(Camisa manga larga - Casco - Guantes - Jean)",2,3,6,"MEDIO",10,60,"III","MEJORABLE","NINGUNO ","NINGUNO ","NINGUNO ","*Suministrar los E.P.P, especiales para las actividades bomberiles.   Realizar reinducción.                                                         ","Uso de EPP adecuados y completos para la atención de estas emergencias.                                                                                                                                                                                                            "]
[null,null,null,null,"SI","Ruido\n(Motores de vehículos de emergencia (sirenas, aceleración del motor))","FÍSICO ","Alteraciones del umbral auditivo\nSíndrome de ruptura traumática del tímpano","mto a equipos y vehículos de emergencia ","Ninguno","Uso de protectores auditivos ",2,3,6,"MEDIO",10,60,"III","MEJORABLE","NINGUNO ","NINGUNO ","NINGUNO ","Realizar exámenes periódicos para seguimiento a la condición auditiva. Realizar reinducción. Sensibilizaciones de autocuidado.     PRO-SIG-201 PROCEDIMIENTO EXÁMENES\nOCUPACIONALES.  ","Uso de EPP que se requiere para la atención de emergencias "]
[null,null,null,null,"SI","Públicos                                                     Atención y formación de bomberos voluntarios ","CONDICIONES DE SEGURIDAD","Heridas, Muerte","Ninguno","Ninguno","Recomendaciones y protocolos de seguridad establecidos para las jornadas ",2,2,4,"BAJO",100,400,"II","ACEPTABLE CON CONTROL ESPECIFICO","NO APLICA","NO APLICA","NO APLICA","*Diseñar e implementar  planes contingencia para diferentes situaciones  de emergencia.   PLA-SIG-204 PLAN DE PREVENCIÓN, PREPARACIÓN Y RESPUESTA ANTE\nEMERGENCIAS.    ","NO APLICA"]
[null,null,null,null,"SI","Trabajo en alturas  \nEn eventos de emergencias","CONDICIONES DE SEGURIDAD","Caídas, muerte","Ninguno","Análisis de riesgo y permisos de trabajo","Dispositivos de seguridad para alturas ",2,2,4,"BAJO",100,400,"II","ACEPTABLE CON CONTROL ESPECIFICO","NO APLICA","NO APLICA","NO APLICA","*Diseñar e implementar el procedimiento para permiso de trabajo en alturas.                                                                                                                           * continuar certificando los funcionarios en trabajo en alturas.       PGR-SIG-203-PROGRAMA PROTECCIÓN CONTRA\nCAÍDAS.                                                                                                                    ","*Elementos de protección contra caídas en trabajo en alturas."]
[null,null,null,null,"SI ","Locativo                                                (Mal estado de la vía, vías angostas, espacios reducidos, mal estado de la vía por condiciones climáticas)","CONDICIONES DE SEGURIDAD ","Accidentes de transito","Ninguno ","Ninguno ","Capacitación en prevención de caídas. Recomendaciones en inducción y reinducción",2,3,6,"MEDIO",10,60,"III","MEJORABLE","NINGUNO ","NINGUNO ","NINGUNO ","Inspecciones pre operacionales del vehículo. Capacitaciones en buenas practicas y conductas seguras de movilidad. Capacitaciones en normas básicas mecánica\n*Implementación del Plan Estratégico de Seguridad Vial.    PLA-SIG-202 PESV PLAN ESTRATÉGICO DE SEGURIDAD\nVIAL.  ","NO APLICA "]
[null,null,null,null,"SI ","Postura prolongada                        Exposición a posturas prolongadas sedentes durante la conducción","BIOMECÁNICO ","Alteraciones músculo esqueléticas, fatiga física ","Ninguno ","Ninguno ","Pausas activas o descansos durante los desplazamientos terrestres.",2,4,8,"MEDIO",10,80,"III","MEJORABLE","NINGUNO ","NINGUNO ","NINGUNO ","Continuar con el sistema de vigilancia\nbiomecánico. Capacitar a los trabajadores\nen higiene postural, pausas activas durante los desplazamientos.    INS-SIG-202 INSTRUCTIVO DE PAUSAS ACTIVAS\nSALUDABLES.  PGR-SIG-205 VIGILANCIA EPIDEMIOLÓGICA PARA LA PREVENCION DE\nDESÓRDENES MUSCULO-ESQUELÉTICOS.   ","NO APLICA "]
[null,null,null,null,"SI","Accidentes fluviales                (Desplazamientos pasando por ríos, quebradas y demás)","CONDICIONES DE SEGURIDAD","Fracturas \nMuerte","Ninguno","Ninguno","Recomendaciones en inducción y reinducción",2,2,4,"BAJO",100,400,"II","ACEPTABLE CON CONTROL ESPECIFICO","NO APLICA","NO APLICA","NO APLICA","*Realizar capacitaciones en actuación ante emergencias en ríos y demás.   PLA-SIG-204 PLAN DE PREVENCIÓN, PREPARACIÓN Y RESPUESTA ANTE\nEMERGENCIAS. ","NO APLICA"]
[null,null,"PELIGROS EN TODAS LAS ACTIVIDADES; APLICA PARA FUNCIONARIOS DE PLANTA Y/O CONTRATO.",null,"SI","Virus \n","BIOLÓGICO","Malestar General","Ninguno","Limpieza y desinfección de áreas de trabajo   y en casa,  Control de aforo, señalización de advertencia.","Distanciamiento    físico, uso de mascarilla, lavado de manos constante.",2,3,6,"MEDIO",10,60,"III","MEJORABLE","N.A","N.A","Trabajo en casa , diseño puestos de trabajo cumpliendo con el distanciamiento social, lavamanos y puntos de desinfección.","  *Promover frecuentemente el lavado de manos en personal de planta, contratistas y visitantes. En caso de no contar con agua y jabón, se debe proveer con desinfectantes para manos (gel antibacterial a base de alcohol).  *Disminución de la densidad laboral en áreas de trabajo o de ocupación de la entidad promoviendo el teletrabajo. *Mantener un stop de EPP  (mascarillas ) para dotación y recambio. *Establecer canales de comunicación individualizados y/o de grupo: correo electrónico, redes sociales, videoconferencia, teléfono para reuniones evitando la presencialidad. *Revisión y análisis de los perfiles epidemiológicos por cargo, estrategias motivación para que los funcionarios se  vacunen.    ","Uso permanente de mascarilla respiratoria. Uso periódico de productos para limpieza (agua y jabón) y  alcohol al 70%, mono gafas o careta."]
[null,null,null,null,"SI"," Demandas Emocionales: Condiciones de la tarea                             \nLa novedad del entorno de trabajo, situación familiar:  hijos o personas mayores a cargo en el hogar en situación de riesgo, miedo al contagio, aislamiento social y confinamiento, miedos e incertidumbres laborales y socioeconómicos, espacios y recursos compartidos por varias personas ante las mismas circunstancias en sus domicilios, convertir espacios de su hogar en despachos improvisados para poder seguir desempeñando su tarea diaria, valoración subjetiva y objetiva por parte del experto mientras se aplica la batería de riesgo psicosocial.","PSICOSOCIAL","Alteraciones mentales, Ansiedad, depresión, estrés postraumático.","S.V.E. Psicosocial","S.V.E Psicosocial","Intervenciones individuales y grupales, capacitaciones, medidas de afrontamiento, manejo de habilidades sociales.",2,3,6,"MEDIO",10,60,"III","MEJORABLE","N.A","N.A","Organización de los puestos de trabajo, lavamanos, dispensadores, cumpliendo con el distanciamiento."," “Identificación de personas con mayor riesgo, prácticas para la prevención del contagio a través del autocuidado individual y familiar, entre otras”capacitaciones del protocolo de bioseguridad, inspecciones, suministro de Elementos de bioseguridad..      ","Uso de los elementos de bioseguridad, establecer el compromiso de autocuidado y trabajo seguro."]
[null,null,null,null,"SI","Características de la organización del trabajo\n(Valoración promedio mientras se realiza el proceso de aplicación de baterías de riesgo psicosocial)","PSICOSOCIAL","Alteraciones mentales, Ansiedad, depresión.","SVE. Riesgo Psicosocial","SVE. Riesgo Psicosocial","Intervenciones individuales y grupales, capacitaciones, medidas de afrontamiento, manejo de habilidades sociales.",2,3,{"$f":"+L73*M73","v":6},"MEDIO",10,{"$f":"+N73*P73","v":60},{"$f":"IF(Q73>=600,\"I\",IF(Q73>=150,\"II\",IF(Q73>=40,\"III\",IF(Q73>=20,\"IV\"))))","v":"III"},{"$f":"IF(Q73>=600,\"NO ACEPTABLE\",IF(Q73>=150,\"ACEPTABLE CON CONTROL ESPECIFICO\",IF(Q73>=40,\"MEJORABLE\",IF(Q73>=20,\"ACEPTABLE\"))))","v":"MEJORABLE"},"NO SE REQUIERE","NO SE REQUIERE","NO APLICA","*Aplicación de las baterías de riesgo  psicosocial, para verificar la exposición al peligro. \nCapacitación en trabajo en equipo y competencias individuales y profesionales.     PGR-SIG-206 VIGILANCIA EPIDEMIOLÓGICO DE RIESGO\nPSICOSOCIAL.  \n\nAnálisis de carga laboral.                                                                                                                                     ","NO SE REQUIERE"]
[null,null,null,null,"SI","Características del grupo social y del trabajo.\n(Está en proceso la evaluación de los factores de riesgo psicosocial)","PSICOSOCIAL","Stress laboral\nAfecciones de salud                                                                                                                                                                                                                                                                                                                                                                                                            Ambientes de trabajo Hostil                                                                                                                                                                                                                                                                                                                                                                                                         Baja Productividad","Cumplimiento de la normatividad ley 1010, resolución 652 y 356, 2646.","Comité de Convivencia Laboral","Capacitaciones en habilidades sociales básicas, resolución de conflictos, liderazgo efectivo.",2,3,{"$f":"+L74*M74","v":6},"MEDIO",10,{"$f":"+N74*P74","v":60},{"$f":"IF(Q74>=600,\"I\",IF(Q74>=150,\"II\",IF(Q74>=40,\"III\",IF(Q74>=20,\"IV\"))))","v":"III"},{"$f":"IF(Q74>=600,\"NO ACEPTABLE\",IF(Q74>=150,\"ACEPTABLE CON CONTROL ESPECIFICO\",IF(Q74>=40,\"MEJORABLE\",IF(Q74>=20,\"ACEPTABLE\"))))","v":"MEJORABLE"},"NO SE REQUIERE","NO SE REQUIERE","NO SE REQUIERE","*Capacitación en habilidades sociales básicas y relaciones interpersonales y comunicación asertiva y efectiva. \n\n*Capacitación en liderazgo efectivo y generación de hábitos del líder.   PGR-SIG-201 ESTILOS DE VIDA Y TRABAJO\nSALUDABLES.","NO SE REQUIERE"]
[null,null,null,null,"SI","Gestión Organizacional\n(Está en proceso la evaluación de los factores de riesgo psicosocial aplicación batería de riesgo psicosocial)","PSICOSOCIAL","Stress laboral\nAfecciones de salud                                                                                                                                                                                                                                                                                                                                                                                                                     Productividad- Ausentismo","Plan de Intervención del SVE ","N/A","Intervenciones individuales y grupales, capacitaciones en liderazgo, fortalecimiento de las escuelas de liderazgo.",2,3,{"$f":"+L75*M75","v":6},"MEDIO",10,{"$f":"+N75*P75","v":60},{"$f":"IF(Q75>=600,\"I\",IF(Q75>=150,\"II\",IF(Q75>=40,\"III\",IF(Q75>=20,\"IV\"))))","v":"III"},{"$f":"IF(Q75>=600,\"NO ACEPTABLE\",IF(Q75>=150,\"ACEPTABLE CON CONTROL ESPECIFICO\",IF(Q75>=40,\"MEJORABLE\",IF(Q75>=20,\"ACEPTABLE\"))))","v":"MEJORABLE"},"NO SE REQUIERE","NO SE REQUIERE","NO SE REQUIERE","Fortalecimiento de las escuelas de liderazgo.     PGR-SIG-201 ESTILOS DE VIDA Y TRABAJO\nSALUDABLES.","NO SE REQUIERE"]
[null,null,null,null,"SI","Contenido de la Tarea (Carga de Trabajo)\n(Está en proceso la evaluación de los factores de riesgo psicosocial aplicación batería de riesgo psicosocial)","PSICOSOCIAL","Stress laboral\nAfecciones de salud","S.V.E. Psicosocial","Distribución de la tarea por trabajo en equipo, gestión del tiempo.","Intervenciones individuales y grupales, capacitaciones, medidas de afrontamiento, manejo de habilidades sociales.",2,3,{"$f":"+L76*M76","v":6},{"$f":"IF(N76>=24,\"MUY ALTO\",IF(N76>=10,\"ALTO\",IF(N76>=6,\"MEDIO\",\"BAJO\")))","v":"MEDIO"},10,{"$f":"+N76*P76","v":60},{"$f":"IF(Q76>=600,\"I\",IF(Q76>=150,\"II\",IF(Q76>=40,\"III\",IF(Q76>=20,\"IV\"))))","v":"III"},{"$f":"IF(Q76>=600,\"NO ACEPTABLE\",IF(Q76>=150,\"ACEPTABLE CON CONTROL ESPECIFICO\",IF(Q76>=40,\"MEJORABLE\",IF(Q76>=20,\"ACEPTABLE\"))))","v":"MEJORABLE"},"NO SE REQUIERE","NO SE REQUIERE","NO SE REQUIERE","Capacitaciones, manejo del tiempo como recurso, trabajo colaborativo y ayuda percibida.  PGR-SIG-201 ESTILOS DE VIDA Y TRABAJO\nSALUDABLES.   ","NO SE REQUIERE"]
[null,null,null,null,"SI","Público\n(Robos - Atracos - Asaltos)","CONDICIONES DE SEGURIDAD","*Golpes\n*Agresiones verbales y físicas \n*Atentados violentos\n*Heridas\n*Muerte","Ninguno","Ninguno","Ninguno",2,2,{"$f":"+L77*M77","v":4},"BAJO",100,{"$f":"+N77*P77","v":400},{"$f":"IF(Q77>=600,\"I\",IF(Q77>=150,\"II\",IF(Q77>=40,\"III\",IF(Q77>=20,\"IV\"))))","v":"II"},{"$f":"IF(Q77>=600,\"NO ACEPTABLE\",IF(Q77>=150,\"ACEPTABLE CON CONTROL ESPECIFICO\",IF(Q77>=40,\"MEJORABLE\",IF(Q77>=20,\"ACEPTABLE\"))))","v":"ACEPTABLE CON CONTROL ESPECIFICO"},"NO APLICA","NO APLICA","Instalar cámaras de vigilancia en la sede. ","*Socializar los planes contingencia para diferentes situaciones  de emergencia específicamente riesgo público. Socializar PON riesgo publico.  PLA-SIG-204 PLAN DE PREVENCIÓN, PREPARACIÓN Y RESPUESTA ANTE\nEMERGENCIAS.  ","NO APLICA"]
[null,null,null,null,"SI","Público\n(Agresiones verbales - Actos Violentos)","CONDICIONES DE SEGURIDAD","*Golpes\n*Agresiones verbales y físicas \n*Atentados violentos\n*Heridas\n*Muerte","Ninguno","Ninguno","Ninguno",2,2,4,"BAJO",100,400,"II","ACEPTABLE CON CONTROL ESPECIFICO","NO APLICA","NO APLICA","Instalar cámaras de vigilancia en la sede. ","*Socializar los planes contingencia para diferentes situaciones  de emergencia específicamente riesgo público. Socializar PON riesgo publico.   PLA-SIG-204 PLAN DE PREVENCIÓN, PREPARACIÓN Y RESPUESTA ANTE\nEMERGENCIAS. ","NO APLICA"]
[null,null,null,null,"SI","Público\n(Manifestaciones públicas)","CONDICIONES DE SEGURIDAD","*Golpes\n*Agresiones verbales y físicas \n*Heridas\n*Muerte","Ninguno","Hay vigilancia permanente en la puerta de acceso del edificio. ","Ninguno",2,2,4,"BAJO",100,400,"II","ACEPTABLE CON CONTROL ESPECIFICO","NO APLICA","NO APLICA","NO APLICA","*Actualizar el plan de emergencias, incluyendo los planes operativos normalizados en caso de situaciones de emergencia en riesgo público especifico para cada sede y socializarlo a todo el personal.     \n*Capacitar al personal en actuación ante emergencias en riesgo público.    PLA-SIG-204 PLAN DE PREVENCIÓN, PREPARACIÓN Y RESPUESTA ANTE\nEMERGENCIAS.   ","NO APLICA"]
[null,null,null,null,"SI","Público\n(Inseguridad por actos delictivos en los alrededores de la sede)","CONDICIONES DE SEGURIDAD","*Golpes\n*Agresiones verbales y físicas \n*Atentados violentos\n*Heridas\n*Muerte","Ninguno","Hay vigilancia permanente en la puerta de acceso del edificio. \n\n","Ninguno",2,2,4,"BAJO",100,400,"II","ACEPTABLE CON CONTROL ESPECIFICO","NO APLICA","NO APLICA","Instalar cámaras de vigilancia ","*Socializar los planes contingencia para diferentes situaciones  de emergencia específicamente riesgo público. Socializar PON riesgo publico.    PLA-SIG-204 PLAN DE PREVENCIÓN, PREPARACIÓN Y RESPUESTA ANTE\nEMERGENCIAS. ","NO APLICA"]
[null,null,null,null,"SI","Radiaciones no ionizantes                       (Exposición a luz solar que ingresa por ventanales a la mayoría de los puestos de trabajo)","FÍSICO ","*Cáncer de piel\n*Quemadura solar\n*Insolación \n*Foto envejecimiento cutáneo \n *Foto carcinogénesis\n*Alteraciones oculares","No aplica","No hay","Recomendaciones de autocuidado",2,3,6,"MEDIO",10,60,"III","MEJORABLE","N.A","N.A","Instalación de película en las ventanas ","Realizar reinducción - continuar con las inspecciones.       PRO-SIG-203 PROCEDIMIENTO INSPECCIONES DE\nSST.  ","NO APLICA"]
[null,null,null,null,"NO","Erupción volcán machín           ","FENÓMENOS NATURALES","*Daños materiales (Pérdida total)\n*Heridas y lesiones graves\n*Accidentes de trabajo \n*Muerte","No hay","Ninguno","Capacitación  en actuación ante emergencias . Simulacros ",2,2,4,"BAJO",100,400,"II","ACEPTABLE CON CONTROL ESPECIFICO","NO SE REQUIERE","NO SE REQUIERE","NO SE REQUIERE","*Seguir las instrucciones que el departamento suministra para  casos de emergencia por posible erupción del Volcán.                                                                                              \n*Solicitar capacitación al ente respectivo sobre actuación en caso de erupción del volcán machín. \n*Capacitar en actuación ante emergencias en caso de erupción del volcán machín a todo el personal.  \n*Actualizar plan de emergencias incluyendo el PON por posible erupción del volcán machín y socializar a los trabajadores.         PRO-SIG-203 PROCEDIMIENTO INSPECCIONES DE\nSST.      "]
[null,null,null,null,"SI","Tecnológico\n(Incendios - Explosiones)\nGenerado dentro de las instalaciones del edificio","CONDICIONES DE SEGURIDAD","Incendios \nQuemaduras de grado 2 y 3\nMuerte","Ninguno","Uso de equipos contra incendio","Personal capacitado en manejo de equipos contra incendios",2,2,4,"BAJO",100,400,"II","ACEPTABLE CON CONTROL ESPECIFICO","NO APLICA","NO APLICA","*Realizar mantenimiento preventivo y correctivo de los equipos eléctricos e instalaciones eléctricas en la sede","*Capacitación en prevención de accidentes de trabajo por riesgo eléctrico.                                                          \n\n*Continuar con las inspecciones de seguridad enfocado a riesgo eléctrico.    PRO-SIG-203 PROCEDIMIENTO INSPECCIONES DE\nSST.             ","NO APLICA"]
[null,null,null,null,"SI","Virus (cambio climatico)\n ","BIOLÓGICO","Malestar general","Ninguno","Limpieza y desinfección de áreas de trabajo   y en casa,  Control de aforo, señalización de advertencia.","Distanciamiento    físico, uso de mascarilla, lavado de manos constante.",2,3,4,"BAJO",10,400,"II","ACEPTABLE CON CONTROL ESPECIFICO","NO APLICA","NO APLICA","NO APLICA","  *Promover frecuentemente el lavado de manos en personal de planta, contratistas y visitantes. En caso de no contar con agua y jabón, se debe proveer con desinfectantes para manos (gel antibacterial a base de alcohol).  *Disminución de la densidad laboral en áreas de trabajo o de ocupación de la entidad promoviendo el teletrabajo. *Mantener un stop de EPP  (mascarillas ) para dotación y recambio. *Establecer canales de comunicación individualizados y/o de grupo: correo electrónico, redes sociales, videoconferencia, teléfono para reuniones evitando la presencialidad. *Revisión y análisis de los perfiles epidemiológicos por cargo, estrategias motivación para que los funcionarios se  vacunen.   (PRO-SIG-202 Procedimiento administrativo de elementos EPP)","Uso de EPP (permanente de mascarilla respiratoria. Uso periódico de productos para limpieza (agua y jabón) y  alcohol al 70%, mono gafas o careta."]
[null,null,null,null,"NO","Largas Jornadas Laborales y ausencia de descanso con altas temperaturas y radiciones altas por factor del CAMBIO CLIMATICO.","PSICOSOCIAL","Estrés, agotamiento por trabajo continuo, cansacio, fatiga, angustia, ansiedad, poca concentración y atención, somnolencia.","Ninguno","Ninguno","PVE- Riesgo psicosocial",2,3,12,"ALTO",10,120,"III","MEJORABLE","NO APLICA","NO APLICA","NO APLICA","Introducir una rutina de tiempos detrabajo y de descanso para aquellos\ntrabajadores/as que estén expuestos a ambientes calurosos, Formación en primeros auxilios, para que puedan\nreconocer y tratar los primeros síntomas de desórdenes de salud ocasionados por una\nexposición a temperaturas extremadamente cálidas., Seguir a diario los boletines\nmeteorológicos y cambiar el horario de trabajo de gran exposición al calor\na horas más frescas del día., En trabajos a campo abierto, crear zonas descanso con carpas, Disponer de agua potable fría en lugares estratégicos y visibles, cercanos al área de trabajo.","NO SE REQUIERE"]
[null,null,null,null,"NO"," Temperaturas\nextremas (calor) porfactor de CAMBIO CLIMATICO","FISICO","Stress termico Agotamiento Mareos  Deshidratación Golpes de calor, lesiones en la piel, insolación, ","No aplica","Ninguno","Ninguno",2,3,6,"MEDIO",10,60,"III","MEJORABLE","NO APLICA","NO APLICA","NO APLICA","Todos los funcionarios que realicen desplazamientos fuera de la sede deben apalicar el Estándar de Seguridad \"EST-204\"., se recomienda hidratación continua, alimentación adecuada, Organización de los puestos de trabajo, limplementación de un programa de climatización.Sistemas de ventilación","Ropa de trabajo y equipos de\nprotección adecuados(camisa,\nmanga larga, pantalón largo,\ngorra o sombrero de ala ancha).\nSaber que la ropa protectora o el\nequipo de protección personal\npuede aumentar el riesgo del\nestrés por calor."]
[null,null,null,null,"NO"," Temperaturas\nextremas (calor Radiaciones No ionizantes) porfactor de CAMBIO CLIMATICO","FISICO","Stress termico Agotamiento Mareos  Deshidratación Golpes de calor, lesiones en la piel, dolor de cabeza.","No aplica","Ninguno","Protector Solar",2,3,6,"MEDIO",10,60,"III","MEJORABLE","NO APLICA","NO APLICA","NO APLICA","Todos los funcionarios que realicen desplazamientos fuera de la sede deben apalicar el Estándar de Seguridad \"EST-204\"., se recomienda hidratación continua, alimentación adecuada, Organización de los puestos de trabajo, limplementación de un programa de climatización.Sistemas de ventilación","Ropa de trabajo y equipos de\nprotección adecuados(camisa,\nmanga larga, pantalón largo,\ngorra o sombrero de ala ancha).\nSaber que la ropa protectora o el\nequipo de protección personal\npuede aumentar el riesgo del\nestrés por calor."]
[null,null,null,null,"NO","Inalación de Humos y Vapores\n (Incendios Forestales )por factor CAMBIO CLIMATICO","QUÍMICO","Asfixia, Dificultad para respirar, Ardor en los ojos, conjuntivitis, Alergias, Tos, irritación de la garganta, dolor de cabeza.","No aplica","Ninguno","Ninguno",2,3,6,"MEDIO",10,60,"III","MEJORABLE","NO APLICA","NO APLICA","NO APLICA","Aplicación PON para el manejo de incendios forestales, ver PLAN DE MERGENCIA PLA-SIG 204.","NO SE REQUIERE"]
[null,null,"PELIGROS QUE APLICAN A TRABAJO CON RESTRICCIONES DE SALUD Y/O TELE TRABAJO.",null,"SI","Postura Prolongada \n(Postura sedente más del 75% de la jornada laboral en trabajo con video terminales)","BIOMECÁNICO","*Dolor lumbar inespecífico\n*Espasmos musculares","Ninguno","Ninguno","Ninguno",2,3,6,"MEDIO",10,60,"III","MEJORABLE","NO APLICA","NO SE REQUIERE","NO SE REQUIERE","*Realizar visitas virtuales por parte del Grupo de SST para capacitar en higiene postural en casa.\n\n*Realizar pausas activas en el área.                                                                 \n\n*Continuar con las actividades del programa de vigilancia epidemiológico  para prevención de desordenes musculo esqueléticas asociadas al peligro biomecánico, para trabajo en casa.            INS-SIG-202 INSTRUCTIVO DE PAUSAS ACTIVAS\nSALUDABLES.    PGR-SIG-205 VIGILANCIA EPIDEMIOLÓGICA PARA LA PREVENCION DE\nDESÓRDENES MUSCULO-ESQUELÉTICOS.                                                                     ","NO APLICA"]
[null,null,null,null,"SI","Movimientos repetitivos  \n(Digitación - Escanear)","BIOMECÁNICO","Lesiones por trauma acumulativo en miembro superiores ( STC).\nSíndrome de Querían","Ninguno","Ninguno","Ninguno",2,3,6,"MEDIO",10,60,"III","MEJORABLE","NO SE REQUIERE","NO SE REQUIERE","NO SE REQUIERE","*Se recomienda la implementación permanente de pausas activas durante la jornada laboral.     INS-SIG-202 INSTRUCTIVO DE PAUSAS ACTIVAS\nSALUDABLES.                                                                                                                                               ","NO APLICA"]
[null,null,null,null,"SI","Radiaciones No ionizantes                                   (Exposición permanente a pantallas del computador)","FÍSICO ","*Fatiga visual","Ninguno","Ninguno","Ninguno",2,3,6,"MEDIO",10,60,"III","MEJORABLE","NO APLICA","NO SE REQUIERE","NO SE REQUIERE","*Se recomienda la implementación permanente de pausas activas durante la jornada laboral.    INS-SIG-202 INSTRUCTIVO DE PAUSAS ACTIVAS\nSALUDABLES.                                                                                                                                                ","NO APLICA"]
[null,null,null,null,"NO","Locativo                                                                              (Cableado eléctrico desordenado en la zona adecuada para puesto de trabajo)","CONDICIONES DE SEGURIDAD","*Se potencializa el riesgo de accidentes por caídas. ","Ninguno","Ninguno","Ninguno",2,3,6,"MEDIO",10,60,"III","MEJORABLE","NO APLICA","NO SE REQUIERE","Se recomienda agrupar el cableado eléctrico faltante, utilizando espiral porta cable u otro mecanismo de canalización. ","Realizar inspecciones de seguridad para verificar estado de cableado del  área.   PRO-SIG-203 PROCEDIMIENTO INSPECCIONES DE\nSST.  ","NO APLICA"]
[null,null,null,null,"NO","Picaduras - Mordeduras                             (Presencia de vectores e insectos dentro de la vivienda o zona destinada para laborar).","BIOLÓGICO","Infecciones","Ninguno","Ninguno","Ninguno",2,3,6,"MEDIO",10,60,"III","MEJORABLE","NO APLICA","NO APLICA","NO APLICA","* realizar una correcta inspección del área de trabajo para garantizar la NO presencia de vectores o insectos ponzoñoso. Evitar las zona con acumulación de aguas estancadas.    PRO-SIG-203 PROCEDIMIENTO INSPECCIONES DE\nSST.   ","NO APLICA"]
[null,null,null,null,"SI","Virus y Bacterias\n (Exposición a virus y bacterias debido al uso de superficies húmedas como baños, lavamanos y lavaplatos alberca)","BIOLÓGICO","*Dermatosis\n*Reacciones alérgicas\n*Enfermedades infecciosas\n*Infecciones respiratorias","Ninguno","Ninguno","Ninguno",2,3,6,"MEDIO",10,60,"III","MEJORABLE","NO APLICA","NO APLICA","NO APLICA","*Capacitar a los trabajadores en auto cuidado y la importancia del uso de los EPP.     PGR-SIG-201 ESTILOS DE VIDA Y TRABAJO\nSALUDABLES.","*Uso de EPP (Guantes - Tapa bocas)"]
[null,null,null,null,"NO","Material particulado \n(Polvo en los documentos)","QUÍMICOS","*Enfermedades respiratorias\n*Infecciones virales \n*Alergias ","Ninguno","Ninguno","Ninguno",2,3,6,"MEDIO",10,60,"III","MEJORABLE","NO APLICA","NO APLICA","NO APLICA","*Realizar seguimiento del uso de los elementos de protección personal (Tapa bocas), cuando manipule archivo con polvo.      PRO-SIG-202 PROCEDIMIENTO ADMINISTRACIÓN DE ELEMENTOS DE\nEPP.                                                                ","*Uso de EPP (Tapa bocas)"]
[null,null,null,null,"NO","Uso de elementos de desinfección\n(alcohol, gel antibacterial)","QUÍMICOS","\n*Alergias en piel o vías respiratorias.\n* Quemaduras ","Ninguno","Ninguno","Ninguno",2,3,6,"MEDIO",10,60,"III","MEJORABLE","NO APLICA","NO APLICA","NO APLICA","*Realizar seguimiento del uso de los elementos de protección personal (Tapa bocas), cuando manipule archivo con polvo.       PRO-SIG-202 PROCEDIMIENTO ADMINISTRACIÓN DE ELEMENTOS DE\nEPP.                                                           ","*Uso de EPP (Tapa bocas)"]
[null,null,null,null,"SI","Mecánico                                         (Manejo de Equipos y elementos de Oficina)","CONDICIONES DE SEGURIDAD","*Traumas de tejidos blandos (Laceración, contusión, heridas superficiales, etc.)       ","Ninguno","Ninguno","Ninguno",2,3,6,"MEDIO",10,60,"III","MEJORABLE","NO SE REQUIERE","NO SE REQUIERE","NO SE REQUIERE","*Continuar con el uso adecuado de los elementos de trabajo, realizar cambio de los elementos que se observen en mal estado.      PRO-SIG-202 PROCEDIMIENTO ADMINISTRACIÓN DE ELEMENTOS DE\nEPP.   ","NO APLICA"]
[null,null,null,null,"SI","Deficiente ventilación (Las ventanas y persianas deben permanecer cerradas para evitar el ingreso de rayos solares)","FÍSICO                              ","*Disconfort por calor ambiental permanente","Ninguno","Ninguno","Ninguno",2,3,6,"MEDIO",10,60,"III","MEJORABLE","NO APLICA","NO SE REQUIERE","NO SE REQUIERE","Se recomienda contar con un área de ventilación natural o con ventilación artificial como ventiladores.  PRO-SIG-203 PROCEDIMIENTO INSPECCIONES DE\nSST.  ","NO APLICA"]
[null,null,null,null,"SI","Manipulación y desplazamiento de cargas\n(Documentos y cajas)","BIOMECÁNICO","Lesiones en columna\nEnfermedad discal\nEnfermedad lumbar ","Ninguno","Ninguno","Ninguno",2,3,6,"MEDIO",10,60,"III","MEJORABLE","NO SE REQUIERE","NO SE REQUIERE","NO SE REQUIERE","* Practicar higiene postural para el manejo de cargas. Evitar levantar mas de 10 Kg mujeres y 20 Kg Hombres.    PGR-SIG-205 VIGILANCIA EPIDEMIOLÓGICA PARA LA PREVENCION DE\nDESÓRDENES MUSCULO-ESQUELÉTICOS.  ","NO APLICA"]
[null,null,null,null,"SI","Iluminación\n(Deficiente de iluminación natural o artificial en el sitio adecuado para laboral dentro de la vivienda)                                             ","FÍSICO ","*Fatiga visual","Ninguno","Ninguno","Ninguno",2,3,6,"MEDIO",10,60,"III","MEJORABLE","NO APLICA","Se recomienda adecuar zona de trabajo en lugar con iluminación adecuada (que no sea excesiva o deficiente). ","NO SE REQUIERE","Se recomienda adecuar el sitio de trabajo con iluminación adecuada.      PRO-SIG-203 PROCEDIMIENTO INSPECCIONES DE\nSST.  ","NO APLICA"]
[null,null,null,null,"NO","Locativo\nSuperficies de trabajo  irregulares y  desniveladas, escaleras                                 (Desplazamiento en la vivienda)","CONDICIONES DE SEGURIDAD","*Golpes \n*Caídas\n*Fracturas","Ninguno","Ninguno","Ninguno",2,3,6,"MEDIO",10,60,"III","MEJORABLE","NO APLICA","NO APLICA","NO APLICA","*Se recomienda uso de calzado adecuado y de tacón bajo según el área a visitar, con el fin de evitar caídas.   PGR-SIG-204 ORDEN Y ASEO.","Uso de calzado bajo "]
[null,null,null,null,"SI","Virus   ","BIOLÓGICO","Malestar General","Ninguno","Ninguno","Ninguno",2,3,6,"MEDIO",10,60,"III","MEJORABLE","N.A","N.A","Trabajo en Casa","*Garantizar el autocuidado en Casa.\n*Participar en las reuniones de bioseguridad realizadas por el grupo de SST.\n*Evitar las reuniones sociales y evitar visitar sitios concurridos o de alto riesgo\n*  Realizar constante desinfección y limpieza de los sitios de trabajo\n* Evitar tocar cara, boca y ojos con las manos.\n ","*Uso de EPP (Tapa bocas. Uso periódico de productos para limpieza (agua y jabón) y para  sanitizado de manos (geles a base de alcohol al 70%), mono gafas o careta"]
[null,null,null,null,"SI","Público\n(Robos - Atracos - Asaltos - Agresiones verbales - Actos Violentos)","CONDICIONES DE SEGURIDAD","*Golpes\n*Agresiones verbales y físicas \n*Atentados violentos\n*Heridas\n*Muerte","Ninguno","Ninguno","Ninguno",2,2,4,"BAJO",100,400,"II","ACEPTABLE CON CONTROL ESPECIFICO","NO APLICA","NO APLICA","NO APLICA","*Socializar los planes contingencia para diferentes situaciones  de emergencia específicamente riesgo público.     PLA-SIG-204 PLAN DE PREVENCIÓN, PREPARACIÓN Y RESPUESTA ANTE\nEMERGENCIAS.   ","NO APLICA"]
[null,null,null,null,"NO","Erupción volcán Machín","FENÓMENOS NATURALES","Erupción del Volcán Machín","Ninguno","Ninguno","Ninguno",2,3,6,"MEDIO",10,60,"III","MEJORABLE","NO APLICA","NO APLICA","NO APLICA","Tener en cuenta las recomendaciones dadas en los medios de comunicación de la alcaldía y recomendaciones en el video del ejercicio de la simulación  el día nacional del simulacro.     PLA-SIG-204 PLAN DE PREVENCIÓN, PREPARACIÓN Y RESPUESTA ANTE\nEMERGENCIAS.  ","NO APLICA"]
[null,null,null,null,"NO","Sismo - Terremoto","FENÓMENOS NATURALES","Erupción del Volcán Machín","Ninguno","Ninguno","Ninguno",2,3,6,"MEDIO",10,60,"III","MEJORABLE","NO APLICA","NO APLICA","NO APLICA","Tener en cuenta las recomendaciones dadas en los medios de comunicación de la alcaldía y recomendaciones en el video del ejercicio de la simulación  el día nacional del simulacro.     PLA-SIG-204 PLAN DE PREVENCIÓN, PREPARACIÓN Y RESPUESTA ANTE\nEMERGENCIAS.    ","NO APLICA"]

{"sheet":"ESTACIÓN BOMBEROS CENTRO","index":19,"n_rows":105,"n_cols":24,"rows_kept":105,"cut":false,"hidden":true,"merged":[[7,2,7,3],[7,4,7,23],[8,2,9,2],[8,3,9,3],[8,4,9,4],[8,5,8,6],[8,7,9,7],[8,8,8,10],[8,11,8,17],[8,19,8,23],[2,2,5,2],[2,3,3,21],[2,23,5,23],[4,3,5,21],[6,20,6,21],[6,22,6,23],[70,2,82,3],[88,2,104,3],[10,2,38,2],[10,3,28,3],[10,4,15,4],[29,3,38,3],[39,2,69,2],[39,3,46,3],[39,4,40,4],[47,3,69,3]]}
[]
[]
[null,null,null,"PROCESO: SISTEMA INTEGRADO DE GESTIÓN",null,null,null,null,null,null,null,null,null,null,null,null,null,null,null,null,null,null,"Código: FOR-221-PRO-SIG"]
[null,null,null,null,null,null,null,null,null,null,null,null,null,null,null,null,null,null,null,null,null,null,"Versión: 05"]
[null,null,null,"FORMATO: \nIDENTIFICACIÓN DE PELIGROS, EVALUACIÓN Y VALORACIÓN DE LOS RIESGOS \nALCALDÍA MUNICIPAL DE IBAGUÉ",null,null,null,null,null,null,null,null,null,null,null,null,null,null,null,null,null,null,"Fecha: 7/07/2023"]
[null,null,null,null,null,null,null,null,null,null,null,null,null,null,null,null,null,null,null,null,null,null,"Página: 1"]
[null,null,"FECHAS DE ACTUALIZACIÓN: ","2019-02-22","2019-03-09","2019-09-02","2019-09-11","2019-09-24","2019-10-30","2020-07-22","2021-04-09","2022-05-27","2023-07-07","2024-06-24"]
[null,null,"PROCESO:",null,"13. GESTIÓN AMBIENTAL- BOMBEROS CENTRO"]
[null,null,"1. PROCESO ADMINISTRATIVO / OPERATIVO","2. ACTIVIDADES","3. TAREA RUTINARIO (SI O NO)","PELIGRO",null,"6. EFECTOS POSIBLES\n(Salud - Seguridad)","CONTROLES EXISTENTES",null,null,"EVALUACIÓN DEL RIESGO",null,null,null,null,null,null,"VALORACIÓN DEL RIESGO","MEDIDAS DE INTERVENCIÓN"]
[null,null,null,null,null,"4. DESCRIPCIÓN","5. CLASIFICACIÓN",null,"7. FUENTE","8. MEDIO","9. INDIVIDUO","10. NIVEL DE DEFICIENCIA","11. NIVEL DE EXPOSICIÓN","12. NIVEL DE PROBABILIDAD ND X NE","13. INTERPRETACIÓN DEL NIVEL DE PROBABILIDAD","14. NIVEL DE CONSECUENCIA","15. NIVEL DE RIESGO NR E INTERVENCIÓN","16. INTERPRETACIÓN DEL NR","17. ACEPTABILIDAD DEL RIESGO","18 ELIMINACIÓN","19. SUSTITUCIÓN","20. CONTROLES DE INGENIERIA","21. CONTROLES ADMINISTRATIVOS, SEÑALIZACIÓN, ADVERTENCIA","22. ELEMENTOS DE PROTECCIÓN PERSONAL"]
[null,null,"ADMINISTRATIVO","ACTIVIDAD PLANEACIÓN, ELABORACIÓN Y EJECUCION DE DOCUMENTOS. USO DE HERRAMIENTAS TECNOLOGICAS Y VIDEO TERMINALES. INTERACCIONES LABORALES Y ADMINISTRATIVAS (ATENCIÓN AL CIUDADANO); APLICA PARA FUNCIONARIOS DE PLANTA Y/O CONTRATO.","SI","Postura Prolongada (Postura sedente más del 75% de la jornada laboral en trabajo con video terminales)","BIOMECÁNICO","*Dolor lumbar inespecífico\n*Espasmos musculares","No aplica","Ninguno","Ninguno",2,4,{"$f":"+L11*M11","v":8},{"$f":"IF(N11>=24,\"MUY ALTO\",IF(N11>=10,\"ALTO\",IF(N11>=6,\"MEDIO\",\"BAJO\")))","v":"MEDIO"},25,{"$f":"+N11*P11","v":200},{"$f":"IF(Q11>=600,\"I\",IF(Q11>=150,\"II\",IF(Q11>=40,\"III\",IF(Q11>=20,\"IV\"))))","v":"II"},{"$f":"IF(Q11>=600,\"NO ACEPTABLE\",IF(Q11>=150,\"ACEPTABLE CON CONTROL ESPECIFICO\",IF(Q11>=40,\"MEJORABLE\",IF(Q11>=20,\"ACEPTABLE\"))))","v":"ACEPTABLE CON CONTROL ESPECIFICO"},"NO APLICA","NO SE REQUIERE","NO SE REQUIERE","*Realizar re inducción en higiene postural de oficina. \n\n*Realizar pausas activas en el área.                                                                 \n\n*Continuar con las actividades del programa de vigilancia epidemiológico  para prevención de desordenes musculo esqueléticas asociadas al peligro biomecánico .    INS-SIG-202 INSTRUCTIVO DE PAUSAS ACTIVAS\nSALUDABLES.                                                                             ","NO APLICA"]
[null,null,null,null,null,"Movimientos repetitivos  \n(Digitación)","BIOMECÁNICO","Síndrome de Túnel del Carpo ( STC).\nSíndrome de Querían","Ninguno","Diseño del sistema (puesto) de trabajo adecuado.","Alterna varias labores",2,4,{"$f":"+L12*M12","v":8},{"$f":"IF(N12>=24,\"MUY ALTO\",IF(N12>=10,\"ALTO\",IF(N12>=6,\"MEDIO\",\"BAJO\")))","v":"MEDIO"},25,{"$f":"+N12*P12","v":200},{"$f":"IF(Q12>=600,\"I\",IF(Q12>=150,\"II\",IF(Q12>=40,\"III\",IF(Q12>=20,\"IV\"))))","v":"II"},{"$f":"IF(Q12>=600,\"NO ACEPTABLE\",IF(Q12>=150,\"ACEPTABLE CON CONTROL ESPECIFICO\",IF(Q12>=40,\"MEJORABLE\",IF(Q12>=20,\"ACEPTABLE\"))))","v":"ACEPTABLE CON CONTROL ESPECIFICO"},"NO SE REQUIERE","NO SE REQUIERE","NO SE REQUIERE","*Se recomienda la implementación permanente de pausas activas durante la jornada laboral. INS-SIG-202 INSTRUCTIVO DE PAUSAS ACTIVAS\nSALUDABLES.                                                                                                                                                 ","NO APLICA"]
[null,null,null,null,null,"Ruido\n Ambiental proveniente de la calle  ","FÍSICO","* Dolor  de cabeza,\n* poca concentración, \n*zumbidos  en los oídos   \n* Cefaleas tensionales ","Ninguno","Realización de inspección ambiental ","Exámenes Médicos ocupacionales",2,3,6,"MEDIO",10,60,"III","MEJORABLE","NINGUNO ","NINGUNO ","Realizar medición de ruido ","*Continuar con la realización de evaluaciones  medicas ocupacionales (ingreso, periódicos y egreso \n* Realizar pausa activa durante la jornada laboral una vez en la mañana y una vez en la tarde ( Si el  usuario l lo permite).   INS-SIG-202 INSTRUCTIVO DE PAUSAS ACTIVAS\nSALUDABLES.  \n\n","NO APLICA"]
[null,null,null,null,null,"Disconfort Térmico - Exposición a temperaturas altas por la inadecuada ventilación natural y artificial","FÍSICO","Disconfort térmico,   Alergias, afecciones respiratorias, cefaleas tensionales . ","Ninguno","Instalación de ventiladores y aire acondicionado. Recomendaciones en inducción y reinducción  ","Ninguno ",2,3,6,"MEDIO",10,60,"III","MEJORABLE","NINGUNO ","NINGUNO ","NINGUNO ","* Realizar reinducción     PGR-SIG-201 ESTILOS DE VIDA Y TRABAJO\nSALUDABLES.  \n","NO APLICA "]
[null,null,null,null,null,"Radiaciones No ionizantes                                   (Exposición permanente a pantallas del computador)","FÍSICO ","*Fatiga visual","Uso de pantalla antirreflejo","Diseño del sistema (puesto) de trabajo adecuado.","Ninguno",2,3,6,"MEDIO",10,60,"III","MEJORABLE","NO APLICA","NO SE REQUIERE","NO SE REQUIERE","*Se recomienda la implementación permanente de pausas activas durante la jornada laboral.  Realización de inducción.  INS-SIG-202 INSTRUCTIVO DE PAUSAS ACTIVAS\nSALUDABLES.                                                                                                                                                ","NO APLICA"]
[null,null,null,null,null,"Locativo - Cableado del computador expuesto debajo del escritorio","CONDICIONES DE SEGURIDAD","Se potencializa el riesgo de incendio y accidentes por caídas, chispas, conatos de incendios ","Ninguno","Inspecciones a puestos de trabajo ","Ninguno",2,3,6,"MEDIO",10,60,"III","MEJORABLE","NINGUNO ","NINGUNO ","NINGUNO ","*Agrupar el cableado eléctrico, utilizando espiral porta cable  y/o canaleta. * Jornadas de orden y aseo.  * Capacitaciones en caídas al mismo nivel.   PRO-SIG-203 PROCEDIMIENTO INSPECCIONES DE\nSST.\n","NO APLICA"]
[null,null,null,null,"SI","Postura Prolongada (Postura sedente más del 75% de la jornada laboral en trabajo con video terminales)","BIOMECÁNICO","*Dolor lumbar inespecífico\n*Espasmos musculares","No aplica","Ninguno","Ninguno",2,4,8,"MEDIO",25,200,"II","ACEPTABLE CON CONTROL ESPECIFICO","NO APLICA","NO SE REQUIERE","NO SE REQUIERE","*Se recomienda realizar intervención ergonómica, para lo cual, se debe mejorar la altura de la pantalla ya que se observa baja. \n\n*Realizar re inducción en higiene postural de oficina. \n\n*Realizar pausas activas en el área.                                                                 \n\n*Continuar con las actividades del programa de vigilancia epidemiológico  para prevención de desordenes musculo esqueléticas asociadas al peligro biomecánico .  PRO-SIG-203 PROCEDIMIENTO INSPECCIONES DE\nSST.    PGR-SIG-205 VIGILANCIA EPIDEMIOLÓGICA PARA LA PREVENCION DE\nDESÓRDENES MUSCULO-ESQUELÉTICOS.                                                                                  ","NO APLICA"]
[null,null,null,null,"SI","Movimientos repetitivos  \n(Digitación)","BIOMECÁNICO","Síndrome de Túnel del Carpo ( STC).\nSíndrome de Quervein","Ninguno","Diseño del sistema (puesto) de trabajo adecuado.","Alterna varias labores",2,4,8,"MEDIO",25,200,"II","ACEPTABLE CON CONTROL ESPECIFICO","NO SE REQUIERE","NO SE REQUIERE","NO SE REQUIERE","*Se recomienda la implementación permanente de pausas activas durante la jornada laboral.      INS-SIG-202 INSTRUCTIVO DE PAUSAS ACTIVAS\nSALUDABLES.                                                                                                                                            ","NO APLICA"]
[null,null,null,null,"SI","Locativo\nSuperficies de trabajo  irregulares y  desniveladas                                 (Desplazamiento en las diferentes áreas )","CONDICIONES DE SEGURIDAD","*Golpes \n*Caídas","Ninguno","Señalización de advertencia ","Capacitación en prevención de caídas ",2,3,6,"MEDIO",10,60,"III","MEJORABLE","NO APLICA","NO APLICA","NO APLICA","Recomendaciones en inducción y reinducción. Continuar capacitaciones en prevención de caídas. PGR-SIG-203-PROGRAMA PROTECCIÓN CONTRA\nCAÍDAS.","NO APLICA"]
[null,null,null,null,"SI ","Locativo                                      Falta de orden y aseo  por los elementos sin dar de baja  (TV, mangueras, ventiladores dañados) a lado de la oficina ","CONDICIONES DE SEGURIDAD ","Caídas al mismo nivel, incidentes, golpes, proliferación de animales ","Ninguno","Ninguno ","Ninguno ",2,3,6,"MEDIO",10,60,"III","MEJORABLE","NINGUNO ","NINGUNO ","NINGUNO ","*Capacitaciones en caídas al mismo nivel  al personal expuesto. * Se recomienda jornadas de orden y aseo en el archivo * Se recomienda dar de baja a los elementos sin utilizar en el archivo .  PGR-SIG-203-PROGRAMA PROTECCIÓN CONTRA\nCAÍDAS.   PGR-SIG-204 ORDEN Y ASEO.     PRO-SIG-203 PROCEDIMIENTO INSPECCIONES DE\nSST.","NO APLICA"]
[null,null,null,null,"SI ","Condiciones de la tarea                          Atención de los usuarios, recepción de llamadas y  atención  de emergencias. ","PSICOSOCIAL  ","Estrés Laboral , Fatiga, conflictos en las relaciones interpersonales con el equipo de trabajo. ","Ninguno","Ninguno","Ninguno",2,3,6,"MEDIO",10,60,"III","MEJORABLE","NINGUNO ","NINGUNO ","NINGUNO ","* Implementación del programa del  intervención del  riesgo psicosocial . * Talleres de liderazgo y manejo del estrés laboral.  * Capacitaciones en el manejo del tiempo.  PGR-SIG-206 VIGILANCIA EPIDEMIOLÓGICO DE RIESGO\nPSICOSOCIAL.   ","NO APLICA "]
[null,null,null,null,"SI ","Postura Forzada                            Espacio insuficiente de los  planos de trabajo (escritorio),  ","BIOMECÁNICO","Lumbalgias, Cervicalgias, Mialgias, lesiones y síndromes doloroso, tendinitis, espasmo de manos ","Ninguno","Ninguno","Jornadas de pausas activas ",2,3,6,"MEDIO",10,60,"III","MEJORABLE","NINGUNO ","NINGUNO ","NINGUNO ","* Pausas activas a lo largo de la jornada laboral y sensibilizar sobre su importancia , * Realizar seguimiento para el S.V.E  para lesiones osteo musculares.\n* Se recomienda  gestionar escritorios en \"L\"  para mejorar  la postura de los trabajadores y garantizar que la mano, muñeca y  brazo permanezcan  en línea recta en el momento  de digitar.   INS-SIG-202 INSTRUCTIVO DE PAUSAS ACTIVAS\nSALUDABLES.    ","NO APLICA"]
[null,null,null,null,"SI","Locativo                             \nCableado del computador expuesto debajo del escritorio","CONDICIONES DE SEGURIDAD","Se potencializa el riesgo de incendio y accidentes por caídas, chispas, conatos de incendios ","Ninguno","Inspecciones a puestos de trabajo ","Ninguno",2,3,6,"MEDIO",10,60,"III","MEJORABLE","NINGUNO ","NINGUNO ","NINGUNO ","*Agrupar el cableado eléctrico, utilizando espiral porta cable  y/o canaleta. * Jornadas de orden y aseo.  * Capacitaciones en caídas al mismo nivel.   PRO-SIG-203 PROCEDIMIENTO INSPECCIONES DE\nSST.\n","NO APLICA"]
[null,null,null,null,"SI ","Locativo \nAusencia de las rejillas de la luminarias ","CONDICIONES DE SEGURIDAD  ","Caídas de  los tubos fluorescentes, golpes, heridas abiertas ","Ninguno ","Ninguno ","Ninguno ",2,3,6,"MEDIO",10,60,"III","MEJORABLE","NINGUNO ","NINGUNO ","Se recomienda que las luminarias cuenten con protectores (rejillas), para dar cumplimiento a la normatividad. ","* Se recomienda que dentro del cronograma de mantenimiento de las instalaciones se realice la inclusión del mantenimiento correctivo y preventivo de las luminarias.   PRO-SIG-203 PROCEDIMIENTO INSPECCIONES DE\nSST.  ","NO APLICA "]
[null,null,null,null,"NO","Tecnológico \nExplosiones -  Material Combustible- Sustancias químicas ","CONDICIONES DE SEGURIDAD  ","Accidentes, Muerte, quemaduras , canastos de incendios, incendios no contralados ","Ninguno ","Señalización ","Capacitaciones en atención de emergencias y control de incendios ",2,2,4,"BAJO",100,400,"II","ACEPTABLE CON CONTROL ESPECIFICO","NINGUNO ","NINGUNO ","NINGUNO ","*Socialización de los planes de emergencia. \n*Capacitación evacuación y control de incendios.                                          * Protocolos de atención de emergencias.    PLA-SIG-204 PLAN DE PREVENCIÓN, PREPARACIÓN Y RESPUESTA ANTE\nEMERGENCIAS.\n","NO APLICA"]
[null,null,null,null,"SI","Eléctrico                           Baja tensión.                           Toma corrientes en mal estado (sin protectores) ","CONDICIONES DE SEGURIDAD","Se potencializa el riesgo de incendio ","Ninguno ","Señalización ","Capacitaciones en atención de emergencias y control de incendios ",2,3,6,"MEDIO",10,60,"III","MEJORABLE","NINGUNO ","NINGUNO ","NINGUNO ","*Realizar mantenimiento de las instalaciones eléctricas (instalar protectores de las tomas eléctricas).   PRO-SIG-203 PROCEDIMIENTO INSPECCIONES DE\nSST. ","NO APLICA"]
[null,null,null,null,"SI","Tecnológico  \nIncendios   \nAbundantes elementos combustibles en el área ","CONDICIONES DE SEGURIDAD","Incendios","Ninguno","Uso de equipos contra incendios","Ninguno",2,3,6,"MEDIO",10,60,"III","MEJORABLE","NO APLICA","NO APLICA","NO APLICA","*Uso de equipos contra incendios\n*Se recomienda  reubicar las balas y el equipo a ul lugar adecuado donde no se presenten transito de personas.  PRO-SIG-203 PROCEDIMIENTO INSPECCIONES DE\nSST.","NO APLICA"]
[null,null,null,null,"SI","Ruido\n(Motores de vehículos de emergencia (sirenas, aceleración del motor))","FÍSICO ","Alteraciones del umbral auditivo\nSíndrome de ruptura traumática del tímpano","Mantenimiento a equipos y vehículos ","No hay","Uso de EPP",2,3,6,"MEDIO",10,60,"III","MEJORABLE","NINGUNO ","NINGUNO ","NINGUNO ","Realizar exámenes periódicos para seguimiento a la condición auditiva\n\nContinuar con el uso de EPP    PRO-SIG-201 PROCEDIMIENTO EXÁMENES\nOCUPACIONALES.","Continuar con el uso de EPP que se requiere para la atención de emergencias "]
[null,null,null,null,"SI ","Postura Anti gravitacional                            Miembros superiores en la gravedad por el espacio del plano de trabajo de los puestos de trabajo. ","BIOMECÁNICO"," Tendinitis Espasmo de manos","Ninguno","Ninguno","Jornadas de pausas activas ",2,4,8,"MEDIO",60,480,"II","ACEPTABLE CON CONTROL ESPECIFICO","NINGUNO ","NINGUNO ","NINGUNO ","* Pausas activas a lo largo de la jornada laboral y sensibilizar sobre su importancia , * Realizar seguimiento para el S.V.E  para lesiones osteo musculares.* Se recomienda revisar  la posibilidad  de contar con un escritorio en \"L\" para mejorar la postura del trabajador o un escritorio lineal, elementos de confort que permitan mejorar la postura del trabajador de acuerdo al tiempo de exposición.    INS-SIG-202 INSTRUCTIVO DE PAUSAS ACTIVAS\nSALUDABLES.  PRO-SIG-203 PROCEDIMIENTO INSPECCIONES DE\nSST.     PGR-SIG-205 VIGILANCIA EPIDEMIOLÓGICA PARA LA PREVENCION DE\nDESÓRDENES MUSCULO-ESQUELÉTICOS.  ","NO APLICA "]
[null,null,null,"TRANSFERENCIAS DOCUMENTALES. MANEJO DE CORRESPONDENCIA. ACTIVIDAD MANEJO DE ARCHIVO; APLICA PARA FUNCIONARIOS DE PLANTA Y/O CONTRATO.","SI","Locativo - Cableado del computador expuesto debajo del escritorio","CONDICIONES DE SEGURIDAD","Se potencializa el riesgo de incendio y accidentes por caídas, chispas, conatos de incendios ","Ninguno","Inspecciones a puestos de trabajo ","Ninguno",2,3,6,"MEDIO",10,60,"III","MEJORABLE","NINGUNO ","NINGUNO ","NINGUNO ","*Agrupar el cableado eléctrico, utilizando espiral porta cable  y/o canaleta. * Jornadas de orden y aseo.  * Capacitaciones en caídas al mismo nivel.     PRO-SIG-203 PROCEDIMIENTO INSPECCIONES DE\nSST.     PGR-SIG-203-PROGRAMA PROTECCIÓN CONTRA\nCAÍDAS.  PGR-SIG-204 ORDEN Y ASEO.\n","NO APLICA"]
[null,null,null,null,"SI","Sobre esfuerzos\n(Manejo de documentos y cajas)","BIOMECÁNICO","*Dolor lumbar inespecífico\n*Hombro doloroso","Ninguno","Ninguno","Capacitación en manejo de cargas- capacitación  de seguridad en archivos ",2,4,8,"MEDIO",25,200,"II","ACEPTABLE CON CONTROL ESPECIFICO","NO SE REQUIERE","NO SE REQUIERE","NO SE REQUIERE","*Realizar  reinducción SST- continuar capacitación manejo de cargas y autocuidado. PGR-SIG-205 VIGILANCIA EPIDEMIOLÓGICA PARA LA PREVENCION DE\nDESÓRDENES MUSCULO-ESQUELÉTICOS.  ","NO APLICA"]
[null,null,null,null,"SI","Movimientos repetitivos  \n(Digitación)","BIOMECÁNICO","Síndrome de Túnel del Carpo ( STC).\nSíndrome de Quervein","Ninguno","Diseño del sistema (puesto) de trabajo adecuado.","Alterna varias labores",2,3,6,"MEDIO",25,150,"II","ACEPTABLE CON CONTROL ESPECIFICO","NO SE REQUIERE","NO SE REQUIERE","NO SE REQUIERE","*Se recomienda la implementación permanente de pausas activas durante la jornada laboral.                                                                                                                                                  ","NO APLICA"]
[null,null,null,null,"SI","Virus                               (Exposición con ácaros al archivar documentos)","BIOLÓGICO","*Dermatosis\n*Reacciones alérgicas\n*Enfermedades infecciosas\n*Infecciones respiratorias","Depuración del archivo ","limpieza de archivos periódicamente ","Capacitación de seguridad de los archivos. Recomendaciones en inducción y reinducción. Entrega de E.P.P ( monogafas, tapabocas y bata)",2,3,6,"MEDIO",10,60,"III","MEJORABLE","NO APLICA","NO APLICA","NO APLICA","*Capacitar a los trabajadores en auto cuidado y la importancia del uso de los EPP.\n*Realizar capacitación en lavado de manos.    PGR-SIG-201 ESTILOS DE VIDA Y TRABAJO\nSALUDABLES.  ","*Uso de EPP (Guantes - Tapa bocas, monogafas )"]
[null,null,null,null,"SI","Bacterias                              (Exposición con ácaros al archivar documentos)","BIOLÓGICO","*Dermatosis\n*Reacciones alérgicas\n*Enfermedades infecciosas\n*Infecciones respiratorias","Depuración del archivo ","limpieza de archivos periódicamente ","Capacitación de seguridad de los archivos. Recomendaciones en inducción y reinducción. Entrega de E.P.P ( monogafas, tapabocas y bata)",2,3,6,"MEDIO",10,60,"III","MEJORABLE","NO APLICA","NO APLICA","NO APLICA","*Capacitar a los trabajadores en auto cuidado y la importancia del uso de los EPP.\n*Realizar capacitación en lavado de manos.       PRO-SIG-202 PROCEDIMIENTO ADMINISTRACIÓN DE ELEMENTOS DE\nEPP. ","*Uso de EPP (Guantes - Tapa bocas, monogafas )"]
[null,null,null,null,"SI","Material Particulado Acumulación de material particulado (polvo) en la documentación del área de archivo. ","QUÍMICO","Irritaciones, alergias a nivel respiratorio","Depuración del archivo ","limpieza de archivos periódicamente ","Capacitación de seguridad de los archivos. Recomendaciones en inducción y reinducción. Entrega de E.P.P ( monogafas, tapabocas y bata)",2,3,6,"MEDIO",10,60,"III","MEJORABLE","NINGUNO ","NINGUNO ","*Se recomienda realizar mantenimiento correctivo a los extractores que hay en el área. ","*Exámenes periódicos anualmente al personal  expuesto con espirometrías. Realizar reinducción.   PRO-SIG-201 PROCEDIMIENTO EXÁMENES\nOCUPACIONALES.  ","Uso de tapabocas , guantes y monogafas "]
[null,null,null,null,"SI","Manipulación manual de cargas \"Halar\"                         ","BIOMECÁNICO","*Hombro doloroso\n*Epicondilitis\n*Tendinitis\n*Bursitis","No aplica","No hay","No hay ",2,3,6,"MEDIO",10,60,"III","MEJORABLE","NO APLICA","NO APLICA","Suministrar ayudas mecánicas para el manejo seguro de cargas. ","*Capacitación en manipulación manual de cargas \n*Formación de líderes en pausas activas en la sede, con el fin de implementar las mismas. \n*Continuar con la implementación del PVE Biomecánico para prevención de lesiones osteomusculares.    INS-SIG-202 INSTRUCTIVO DE PAUSAS ACTIVAS\nSALUDABLES.  PGR-SIG-205 VIGILANCIA EPIDEMIOLÓGICA PARA LA PREVENCION DE\nDESÓRDENES MUSCULO-ESQUELÉTICOS. ","No aplica"]
[null,null,null,null,"SI ","Mecánico                                                     Manejo de herramientas manuales \n(Grapadora, saca ganchos, perforadora, ganchos legadores)","CONDICIONES DE SEGURIDAD\n","Golpes, heridas, pinchazos, magulladuras de diferentes en los miembros superiores ","cambio de herramienta periódicamente ","Ninguno ","Recomendaciones en inducción y reinducción",2,3,6,"MEDIO",10,60,"III","MEJORABLE","NINGUNO ","NINGUNO ","NINGUNO ","*Capacitación sobre manejo seguro de herramientas.\n*Capacitación en prevención en lesiones de mano.\n*Inspeccionar las diferentes herramientas utilizados en la oficina para labores administrativas.    PRO-SIG-203 PROCEDIMIENTO INSPECCIONES DE\nSST.   ","NO APLICA"]
[null,null,null,null,"SI","Movimientos Repetitivos\nArchivar documentos en el archivo, búsqueda de documentos. ","BIOMECÁNICO","Síndromes túnel del carpo\n\nSíndrome de Querían","Ninguno","SVE  Biomecánico ","Ninguno",2,4,8,"MEDIO",25,200,"II","ACEPTABLE CON CONTROL ESPECIFICO","NINGUNO ","NINGUNO ","NINGUNO ","*Implementar el programa de pausas activas, específicamente                                                                                      *Continuar con la implementación del Sistema de vigilancia epidemiológico osteomuscular.    INS-SIG-202 INSTRUCTIVO DE PAUSAS ACTIVAS\nSALUDABLES.  PGR-SIG-205 VIGILANCIA EPIDEMIOLÓGICA PARA LA PREVENCION DE\nDESÓRDENES MUSCULO-ESQUELÉTICOS.  ","NO APLICA"]
[null,null,null,null,"SI ","Movimientos repetitivos  Abrir y cerrar las estanterías móviles del archivo (rodantes) ","BIOMECÁNICO ","Síndrome del Túnel Carpiano, Manguito rotador ","Ninguno","Ninguno","Pausas Activas Implementación del SVE DMO ",2,2,4,"BAJO",25,100,"III","MEJORABLE","NINGUNO ","NINGUNO ","NINGUNO ","*Implementar el programa de pausas activas                                                                 *Implementación del Sistema de vigilancia epidemiológico desordes musculo esqueléticos, con el fin de identificar las personas con sintomatología y hacer el respectivo seguimiento y control de los diagnósticos médicos que se presenten.      INS-SIG-202 INSTRUCTIVO DE PAUSAS ACTIVAS\nSALUDABLES.  PGR-SIG-205 VIGILANCIA EPIDEMIOLÓGICA PARA LA PREVENCION DE\nDESÓRDENES MUSCULO-ESQUELÉTICOS.  ","NO APLICA"]
[null,null,null,"ACTIVIDAD DESPLAZAMIENTO A EVENTOS Y REUNIONES INSTITUCIONALES,  INSPECCIONES, VISITAS TÉCNICAS (DE CAMPO), ACTIVIDADES DE BIENESTAR DEPORTIVAS Y CULTURALES FUERA DE LA SEDE; APLICA PARA FUNCIONARIOS DE PLANTA Y/O CONTRATO.   ","SI","Accidentes de tránsito                      \n     \n(En los desplazamientos de la visitas a los centros de trabajo)\n\nVER MATRIZ DE RIESGO VIAL ","CONDICIONES DE SEGURIDAD","*Muerte \n*Lesiones graves en el cuerpo entero\n*Atrapamiento vehicular","Ninguno","Vehículos de la empresa con mantenimiento preventivo y correctivo. ","Retroalimentación política de seguridad vial - recomendaciones en inducción y reinducción",2,2,4,"BAJO",100,400,"II","ACEPTABLE CON CONTROL ESPECIFICO","NO APLICA","NO APLICA","*Se debe empezar a realizar la inspección pre operacional de vehículos de la empresa, para identificar condiciones del mismo \"Por parte de los conductores\". ","*Dar cumplimiento al plan de capacitación del PESV según el rol (Pasajero - Conductor - Peatón)\n*Realizar sensibilización en seguridad vial.    PLA-SIG-202 PESV PLAN ESTRATÉGICO DE SEGURIDAD\nVIAL.  ","NO APLICA"]
[null,null,null,null,null,"Picaduras     y Mordeduras                 (Exposición con animales en las vías públicas)","BIOLÓGICO","Infecciones","No aplica","No aplica","Recomendaciones en inducción y reinducción. Uso de camisa manga larga ",2,3,6,"MEDIO",10,60,"III","MEJORABLE","NO APLICA","NO APLICA","NO APLICA","*Se recomienda capacitar en prevención por mordeduras o picaduras en vías públicas. Realizar reinducción.  PGR-SIG-201 ESTILOS DE VIDA Y TRABAJO\nSALUDABLES.   \n","NO APLICA"]
[null,null,null,null,"SI","Público\n(Robos - Atracos - Asaltos - Agresiones verbales - Actos Violentos)","CONDICIONES DE SEGURIDAD","*Golpes\n*Agresiones verbales y físicas \n*Atentados violentos\n*Heridas\n*Muerte","Ninguno","Ninguno","Ninguno",2,2,4,"BAJO",100,400,"II","ACEPTABLE CON CONTROL ESPECIFICO","NO APLICA","NO APLICA","NO APLICA","*Socializar los planes contingencia para diferentes situaciones  de emergencia específicamente riesgo público. Socialización PON riesgo publico.  PLA-SIG-204 PLAN DE PREVENCIÓN, PREPARACIÓN Y RESPUESTA ANTE\nEMERGENCIAS.","NO APLICA"]
[null,null,null,null,"SI","Sobre esfuerzos\n(Manejo de documentos y cajas)","BIOMECÁNICO","*Dolor lumbar inespecífico\n*Hombro doloroso","Ninguno","Ninguno","Ninguno",2,4,8,"MEDIO",25,200,"II","ACEPTABLE CON CONTROL ESPECIFICO","NO SE REQUIERE","NO SE REQUIERE","NO SE REQUIERE","*Realizar  re inducción en manejo seguro de cargas.  PGR-SIG-205 VIGILANCIA EPIDEMIOLÓGICA PARA LA PREVENCION DE\nDESÓRDENES MUSCULO-ESQUELÉTICOS. ","NO APLICA"]
[null,null,null,null,"SI","Movimientos repetitivos  \n(Digitación)","BIOMECÁNICO","Síndrome de Túnel del Carpo ( STC).\nSíndrome de Quervein","Ninguno","Diseño del sistema (puesto) de trabajo adecuado.","Alterna varias labores",2,4,8,"MEDIO",25,200,"II","ACEPTABLE CON CONTROL ESPECIFICO","NO SE REQUIERE","NO SE REQUIERE","NO SE REQUIERE","*Se recomienda la implementación permanente de pausas activas durante la jornada laboral.    INS-SIG-202 INSTRUCTIVO DE PAUSAS ACTIVAS\nSALUDABLES.                                                                                                                                              ","NO APLICA"]
[null,null,null,null,"SI ","Movimientos repetitivos \nManejar el volante constantemente ","BIOMECÁNICO ","Alteraciones músculo esqueléticas. ","Ninguno ","Ninguno ","Ninguno ",2,3,6,"MEDIO",10,60,"III","MEJORABLE","NINGUNO ","NINGUNO ","NINGUNO ","Continuar con el sistema de vigilancia\nepidemiológica para el control de lesiones\nosteomusculares. Capacitar a los trabajadores.     PGR-SIG-205 VIGILANCIA EPIDEMIOLÓGICA PARA LA PREVENCION DE\nDESÓRDENES MUSCULO-ESQUELÉTICOS.\nen higiene postural, pausas activas.","NO APLICA "]
[null,null,null,null,"SI ","Material Particulado  \nExposición a material\nparticulado en los desplazamientos terrestres ","QUÍMICO      ","Neumoconiosis, alergias respiratorias,\nneumonitis, en algunos casos cáncer.","Ninguno ","Ninguno ","Recomendaciones en inducción y reinducción",2,3,6,"MEDIO",10,60,"III","MEJORABLE","NINGUNO ","NINGUNO ","NINGUNO ","*Pausas activas o descansos durante los desplazamientos terrestres. Realizar reinducción      PGR-SIG-205 VIGILANCIA EPIDEMIOLÓGICA PARA LA PREVENCION DE\nDESÓRDENES MUSCULO-ESQUELÉTICOS.     INS-SIG-202 INSTRUCTIVO DE PAUSAS ACTIVAS\nSALUDABLES.  \n","EPP (Gafas de seguridad) "]
[null,null,null,null,"SI ","Ruido                                                 \nRuido Ambiental por los desplazamientos en los vehículos   terrestres en vía.","FÍSICO                              ","Fatiga auditiva , molestias para el desarrollo de la labor, dolor de cabeza.","Ninguno ","Ninguno ","Ninguno ",2,3,6,"MEDIO",10,60,"III","MEJORABLE","NINGUNO ","NINGUNO ","NINGUNO ","*Pausas activas o descansos durante los desplazamientos terrestres.   INS-SIG-202 INSTRUCTIVO DE PAUSAS ACTIVAS\nSALUDABLES.    \n","NO APLICA"]
[null,null,null," ATENCIÓN Y MANEJO DE EMERGENCIAS; APLICA PARA FUNCIONARIOS DE PLANTA Y/O CONTRATO.","SI","Accidentes aéreos                           (En los desplazamientos para áreas de alto riesgo como el nevado)\n","CONDICIONES DE SEGURIDAD","*Muerte \n*Lesiones graves en el cuerpo entero\n*Caída de avión","Ninguno","Ninguno","Ninguno",2,2,4,"BAJO",100,400,"II","ACEPTABLE CON CONTROL ESPECIFICO","NO APLICA","NO APLICA","NO APLICA","*Dar cumplimiento a las normas de seguridad para viajes aéreos.","NO APLICA"]
[null,null,null,null,"SI","Iluminación  \nDeficiente en  eventos de emergencias","FÍSICO","Lesiones visuales ","Ninguno","Uso de equipos de luz","Ninguno",2,3,6,"MEDIO",10,60,"III","MEJORABLE","NO APLICA","*Realizar cambio de la luminaria que se encuentran en mal estado         ","NO APLICA","*Realizar mantenimiento preventivo a los equipos de suministro de iluminación.   PRO-SIG-203 PROCEDIMIENTO INSPECCIONES DE\nSST.  ","NO APLICA"]
[null,null,null,null,"SI ","Mecánico                                                 Fallas mecánicas de los vehículos ","CONDICIONES DE SEGURIDAD ","Accidentes de transito, Lesiones y traumas ","Mantenimientos de la motocicleta ","Ninguno ","Ninguno ",2,3,6,"MEDIO",10,60,"III","MEJORABLE","NINGUNO ","NINGUNO ","Mantenimientos correctivos y/o preventivos de la motocicleta . Kit de herramientas ","Inspecciones pre operacionales del vehículo. Capacitaciones en manejo defensivo al trabajador capacitaciones en buenas practicas y conductas seguras de movilidad. Capacitaciones en normas básicas mecánica \n*Implementación del Plan Estratégico de Seguridad Vial.   PLA-SIG-202 PESV PLAN ESTRATÉGICO DE SEGURIDAD\nVIAL.  ","NO APLICA "]
[null,null,null,null,"SI "," Eléctrico                                                Fallas eléctricas de los vehículos ","CONDICIONES DE SEGURIDAD ","Accidentes de transito","Mantenimientos de la motocicleta ","Ninguno ","Ninguno ",2,3,6,"MEDIO",10,60,"III","MEJORABLE","NINGUNO ","NINGUNO ","Mantenimientos correctivos y/o preventivos de la motocicleta . Kit de herramientas ","Inspecciones pre operacionales del vehículo. Capacitaciones en buenas practicas y conductas seguras de movilidad. Capacitaciones en normas básicas mecánica\n*Implementación del Plan Estratégico de Seguridad Vial.   PLA-SIG-202 PESV PLAN ESTRATÉGICO DE SEGURIDAD\nVIAL.   ","NO APLICA "]
[null,null,null,null,"SI","Postura Prolongada \n(Postura bípeda durante la mayor parte de la jornada laboral)","BIOMECÁNICO","Dolor lumbar inespecífico\nEspasmos musculares\nContracturas \nLesión del nervio poplíteo lateral \nFatiga en miembros inferiores y en las articulaciones","Ninguno","Ninguno","Ninguno",2,3,6,"MEDIO",10,60,"III","MEJORABLE","NO APLICA","NO APLICA","NO APLICA","*Capacitación en  higiene postural y pausas activas.           \n*Realizar pausas activas.           INS-SIG-202 INSTRUCTIVO DE PAUSAS ACTIVAS\nSALUDABLES.                                                                                                                                                     ","NO APLICA"]
[null,null,null,null,"SI","Sobre esfuerzos                                                  (Transporte de elementos pesados y en la atención de la emergencia)","BIOMECÁNICO","Dolor lumbar inespecífico\nHombro doloroso","Ninguno","Ninguno","Ninguno",2,3,6,"MEDIO",60,360,"II","ACEPTABLE CON CONTROL ESPECIFICO","NO APLICA","NO APLICA","NO APLICA","*Realizar reinducción  en manipulación manual de cargas\n *Implementar el programa de pausas activas por lo menos 2 veces a la semana.       INS-SIG-202 INSTRUCTIVO DE PAUSAS ACTIVAS\nSALUDABLES.                                                                                    ","NO APLICA"]
[null,null,null,null,"SI","Tecnológico  -incendios\n(En la atención de incendios)","CONDICIONES DE SEGURIDAD","Quemaduras ","Ninguno","Ayudas tecnológicas para la ignición del fuego ","Uso de traje para atención de incendios ",2,3,6,"MEDIO",10,60,"III","MEJORABLE","NINGUNO ","NINGUNO ","NINGUNO ","*Continuar con la entrega de dotación para las actividades inherentes                                                                                                                      *Continuar con la capacitación y entrenamiento  los bomberos en temas de actuación de emergencias.    PLA-SIG-204 PLAN DE PREVENCIÓN, PREPARACIÓN Y RESPUESTA ANTE\nEMERGENCIAS.                                                                                                                                                                         ","Uso de traje para atención de incendios ( ignífugos)"]
[null,null,null,null,"SI","Tecnológico  -incendios\n(En la atención de incendios)","CONDICIONES DE SEGURIDAD","Quemaduras ","Ninguno","Ayudas tecnológicas para la ignición del fuego ","Uso de traje para atención de incendios ",2,3,6,"MEDIO",10,60,"III","MEJORABLE","NINGUNO ","NINGUNO ","NINGUNO ","*Continuar con la entrega de dotación para las actividades inherentes.                                                                                                                      *Continuar con la capacitación y entrenamiento  los bomberos en temas de actuación de emergencias.   PLA-SIG-204 PLAN DE PREVENCIÓN, PREPARACIÓN Y RESPUESTA ANTE\nEMERGENCIAS.                                                                                                                                                                           ","Uso de traje para atención de incendios ( ignífugos)"]
[null,null,null,null,"SI","Mecánico                                         Manejo de Equipos de atención de emergencias","CONDICIONES DE SEGURIDAD","Traumas de tejidos blandos (laceración, contusión, etc.)       ","Ninguno","Elementos de trabajo en buen estado","Recomendaciones en inducción y reinducción",2,3,6,"MEDIO",10,60,"III","MEJORABLE","NINGUNO ","NINGUNO ","NINGUNO ","*Capacitar en prevención de accidentes por riesgo mecánico, enfocado a los elementos de trabajo.   PRO-SIG-203 PROCEDIMIENTO INSPECCIONES DE\nSST.  PRO-SIG-206 REPORTE DE ACTOS Y CONDICIONES\nINSEGURAS.","NO APLICA"]
[null,null,null,null,"SI","Temperaturas extremas                                                 (Frio)","FÍSICO ","Fatiga\nAgravamiento de trastornos cardiovasculares.","Ninguno","Ninguno","Uso de EPP\nCapacitaciones especializadas / formación bomberil",2,3,6,"MEDIO",10,60,"III","MEJORABLE","NINGUNO ","NINGUNO ","NINGUNO ","1. capacitar al personal sobre el riesgo expuesto.                                                                                                                                                                   \n 2 Disponer de equipos y aditamentos necesarios para cada rescatista para la atención de este tipo de emergencias.      PLA-SIG-204 PLAN DE PREVENCIÓN, PREPARACIÓN Y RESPUESTA ANTE\nEMERGENCIAS.   ","Utilizar los equipos y elementos de protección adecuados y completos para la atención de estas emergencias.             "]
[null,null,null,null,"SI","Temperaturas extremas                                                 (Calor )","FÍSICO ","Fatiga\nMareos \nDesmayos por deshidratación\nAgravamiento de trastornos cardiovasculares.","Ninguno","Ninguno","Uso de EPP\nCapacitaciones especializadas / formación bomberil",2,3,6,"MEDIO",10,60,"III","MEJORABLE","NINGUNO ","NINGUNO ","NINGUNO ","1. capacitar al personal sobre el riesgo expuesto.                                                                                                                                                                   \n2. realizar mantenimiento e inspecciones periódicas a los equipos de protección personal (trajes de acercamiento. PLA-SIG-204 PLAN DE PREVENCIÓN, PREPARACIÓN Y RESPUESTA ANTE\nEMERGENCIAS.  ","*Utilizar los EPP adecuados y completos para la atención de estas emergencias.                                                                                                                                                                                                                  *Se recomienda cambiar los equipos de protección personal (trajes de acercamiento al fuego) del personal contratista, debido a su desgaste y tiempo de servicio."]
[null,null,null,null,"SI","Presiones barométricas \n(Inmersión en el agua de ríos, lagos, quebradas)","FÍSICO ","Trastornos articulares\nAlteración del sistema nervioso central\nPerdida de la capacidad auditiva","Ninguno","Ninguno","Uso de EPP\nCapacitaciones especializadas / formación bomberil",2,3,6,"MEDIO",10,60,"III","MEJORABLE","NINGUNO ","NINGUNO ","NINGUNO ","1. capacitar al personal sobre el riesgo expuesto.                                                                                                                                                                                                                                                                              2. acondicionar intervalos de trabajo durante la atención de estas emergencias.     PLA-SIG-204 PLAN DE PREVENCIÓN, PREPARACIÓN Y RESPUESTA ANTE\nEMERGENCIAS.                                                                                       ","1. Utilizar los equipos y elementos de protección adecuados y completos para la atención de estas emergencias                                                                                                                2. se recomienda cambiar los equipos y trajes de buceo, debido a su desgaste y tiempo de servicio."]
[null,null,null,null,"SI","Tareas de alto riesgo  \n(En eventos de emergencias)","CONDICIONES DE SEGURIDAD","Muerte","Ninguno","Análisis de tarea segura y permisos de trabajo","Uso de EPP\nCapacitaciones especializadas / formación bomberil",2,2,4,"BAJO",100,400,"II","ACEPTABLE CON CONTROL ESPECIFICO","NO APLICA","NO APLICA","NO APLICA","*Continuar con el entrenamiento a los bomberos    *Continuar con la aplicación de protocolos para situaciones de alto riesgo.      PLA-SIG-204 PLAN DE PREVENCIÓN, PREPARACIÓN Y RESPUESTA ANTE\nEMERGENCIAS.","Continuar con el uso de EPP que se requiere para la atención de emergencias "]
[null,null,null,null,"SI","Espacio confinado \nEn eventos de emergencias","CONDICIONES DE SEGURIDAD","Muerte","Ninguno","Análisis de tarea segura y permisos de trabajo","Uso de EPP\nCapacitaciones especializadas / formación bomberil",2,2,4,"BAJO",100,400,"II","ACEPTABLE CON CONTROL ESPECIFICO","NINGUNO ","NINGUNO ","NINGUNO ","*Diseñar e implementar  el procedimiento de trabajo seguro para la realización de actividades en espacios confinados.    PGR-SIG-203-PROGRAMA PROTECCIÓN CONTRA\nCAÍDAS.  ","NO APLICA"]
[null,null,null,null,"SI","Sustancias químicas\n(Dependiendo de la emergencia)","QUÍMICOS","Quemaduras, alteraciones de órganos y sentidos, muerte.","Ninguno","Ninguno","capacitaciones especializadas / formación bomberil, mascarillas respiratorias, para gases y vapores. Respiración autónoma ",2,2,4,"BAJO",100,400,"II","ACEPTABLE CON CONTROL ESPECIFICO","NO APLICA","NO APLICA","NO APLICA","1. capacitar al personal sobre el riesgo expuesto.                                                                                                                                                                   2. realizar mantenimiento e inspecciones periódicas a los equipos de protección personal (trajes de acercamiento) y equipos de respiración autónoma. ","1. Utilizar los EPP adecuados y completos para la atención de estas emergencias.                                                                                                                                                                                                                  2. se recomienda cambiar los equipos de protección personal (trajes de acercamiento al fuego) del personal contratista, debido a su desgaste y tiempo de servicio."]
[null,null,null,null,"SI"," Eléctrico                                       Alta tensión.                           (Múltiples conexiones eléctricas, dentro y fuera de las estaciones)","CONDICIONES DE SEGURIDAD","Corto circuitos, electrocución, explosiones e incendios.","Ninguno","Ninguno","Uso de EPP\nCapacitaciones especializadas / formación bomberil",2,3,6,"MEDIO",10,60,"III","MEJORABLE","NO APLICA","NO APLICA","NO APLICA","1. Capacitar al personal sobre riesgo eléctrico y medidas preventivas.                                                                                                                                                                   2. Aplicar las 5 reglas de oro para trabajar en instalaciones eléctricas.  PRO-SIG-203 PROCEDIMIENTO INSPECCIONES DE\nSST.    PGR-SIG-201 ESTILOS DE VIDA Y TRABAJO\nSALUDABLES.          ","NO APLICA"]
[null,null,null,null,"SI","Radiaciones no ionizantes                       (Exposición a luz solar)","FÍSICO ","*Cáncer de piel\n*Quemadura solar\n*Insolación \n*Foto envejecimiento cutáneo \n *Foto carcinogénesis\n*Alteraciones oculares","Ninguno","Ninguno","Uso de EPP\n(Camisa manga larga - Casco - Guantes - Jean)",2,3,6,"MEDIO",10,60,"III","MEJORABLE","NINGUNO ","NINGUNO ","NINGUNO ","*Suministrar los E.P.P, especiales para las actividades bomberiles.   Realizar reinducción.                                                         ","Utilizar los equipos y elementos de protección adecuados y completos para la atención de estas emergencias.             "]
[null,null,null,null,"SI","Ruido\n(Motores de vehículos de emergencia (sirenas, aceleración del motor))","FÍSICO ","Alteraciones del umbral auditivo\nSíndrome de ruptura traumática del tímpano","mto a equipos y vehículos de emergencia ","Ninguno","Uso de protectores auditivos ",2,3,6,"MEDIO",10,60,"III","MEJORABLE","NINGUNO ","NINGUNO ","NINGUNO ","Realizar exámenes periódicos para seguimiento a la condición auditiva. Realizar reinducción. Sensibilizaciones de autocuidado.     PRO-SIG-201 PROCEDIMIENTO EXÁMENES\nOCUPACIONALES.  ","Continuar con el uso de EPP que se requiere para la atención de emergencias "]
[null,null,null,null,"SI","Públicos                                                     Atención y formación de bomberos voluntarios ","CONDICIONES DE SEGURIDAD","Heridas, Muerte","Ninguno","Ninguno","Recomendaciones y protocolos de seguridad establecidos para las jornadas ",2,2,4,"BAJO",100,400,"II","ACEPTABLE CON CONTROL ESPECIFICO","NO APLICA","NO APLICA","NO APLICA","*Diseñar e implementar  planes contingencia para diferentes situaciones  de emergencia.   PLA-SIG-204 PLAN DE PREVENCIÓN, PREPARACIÓN Y RESPUESTA ANTE\nEMERGENCIAS.    ","NO APLICA"]
[null,null,null,null,"SI","Trabajo en alturas  \nEn eventos de emergencias","CONDICIONES DE SEGURIDAD","Caídas, muerte","Ninguno","Análisis de riesgo y permisos de trabajo","Dispositivos de seguridad para alturas ",2,2,4,"BAJO",100,400,"II","ACEPTABLE CON CONTROL ESPECIFICO","NO APLICA","NO APLICA","NO APLICA","*Diseñar e implementar el procedimiento para permiso de trabajo en alturas.                                                                                                                           * continuar certificando los funcionarios en trabajo en alturas.       PGR-SIG-203-PROGRAMA PROTECCIÓN CONTRA\nCAÍDAS.                                                                                                                    ","*Elementos de protección contra caídas en trabajo en alturas."]
[null,null,null,null,"SI ","Locativo                                                (Mal estado de la vía, vías angostas, espacios reducidos, mal estado de la vía por condiciones climáticas)","CONDICIONES DE SEGURIDAD ","Accidentes de transito","Ninguno ","Ninguno ","Capacitación en prevención de caídas. Recomendaciones en inducción y reinducción",2,3,6,"MEDIO",10,60,"III","MEJORABLE","NINGUNO ","NINGUNO ","NINGUNO ","Inspecciones pre operacionales del vehículo. Capacitaciones en buenas practicas y conductas seguras de movilidad. Capacitaciones en normas básicas mecánica\n*Implementación del Plan Estratégico de Seguridad Vial.    PLA-SIG-202 PESV PLAN ESTRATÉGICO DE SEGURIDAD\nVIAL.  ","NO APLICA "]
[null,null,null,null,"SI ","Postura prolongada                        Exposición a posturas prolongadas sedentes durante la conducción","BIOMECÁNICO ","Alteraciones músculo esqueléticas, fatiga física ","Ninguno ","Ninguno ","Pausas activas o descansos durante los desplazamientos terrestres.",2,4,8,"MEDIO",25,200,"II","ACEPTABLE CON CONTROL ESPECIFICO","NINGUNO ","NINGUNO ","NINGUNO ","Continuar con el sistema de vigilancia\nbiomecánico. Capacitar a los trabajadores\nen higiene postural, pausas activas durante los desplazamientos.    INS-SIG-202 INSTRUCTIVO DE PAUSAS ACTIVAS\nSALUDABLES.  PGR-SIG-205 VIGILANCIA EPIDEMIOLÓGICA PARA LA PREVENCION DE\nDESÓRDENES MUSCULO-ESQUELÉTICOS.   ","NO APLICA "]
[null,null,null,null,"SI","Accidentes fluviales                (Desplazamientos pasando por ríos, quebradas y demás)","CONDICIONES DE SEGURIDAD","Fracturas \nMuerte","Ninguno","Ninguno","Recomendaciones en inducción y reinducción",2,2,4,"BAJO",100,400,"II","ACEPTABLE CON CONTROL ESPECIFICO","NO APLICA","NO APLICA","NO APLICA","*Realizar capacitaciones en actuación ante emergencias en ríos y demás.   PLA-SIG-204 PLAN DE PREVENCIÓN, PREPARACIÓN Y RESPUESTA ANTE\nEMERGENCIAS. ","NO APLICA"]
[null,null,"PELIGROS EN TODAS LAS ACTIVIDADES; APLICA PARA FUNCIONARIOS DE PLANTA Y/O CONTRATO.",null,"SI","Virus \n","BIOLÓGICO","Malestar General","Ninguno","Limpieza y desinfección de áreas de trabajo   y en casa,  Control de aforo, señalización de advertencia.","Distanciamiento    físico, uso de mascarilla, lavado de manos constante.",2,3,6,"MEDIO",10,60,"III","MEJORABLE","N.A","N.A","Trabajo en casa , diseño puestos de trabajo cumpliendo con el distanciamiento social, lavamanos y puntos de desinfección."," *Promover frecuentemente el lavado de manos en personal de planta, contratistas y visitantes. En caso de no contar con agua y jabón, se debe proveer con desinfectantes para manos (gel antibacterial a base de alcohol).  *Disminución de la densidad laboral en áreas de trabajo o de ocupación de la entidad promoviendo el teletrabajo. *Mantener un stop de EPP  (mascarillas ) para dotación y recambio. *Establecer canales de comunicación individualizados y/o de grupo: correo electrónico, redes sociales, videoconferencia, teléfono para reuniones evitando la presencialidad. *Revisión y análisis de los perfiles epidemiológicos por cargo, estrategias motivación para que los funcionarios se  vacunen.    ","Uso permanente de mascarilla respiratoria. Uso periódico de productos para limpieza (agua y jabón) y  alcohol al 70%, mono gafas o careta."]
[null,null,null,null,"SI"," Demandas Emocionales: Condiciones de la tarea                             \nLa novedad del entorno de trabajo, situación familiar:  hijos o personas mayores a cargo en el hogar en situación de riesgo, miedo al contagio, aislamiento social y confinamiento, miedos e incertidumbres laborales y socioeconómicos, espacios y recursos compartidos por varias personas ante las mismas circunstancias en sus domicilios, convertir espacios de su hogar en despachos improvisados para poder seguir desempeñando su tarea diaria, valoración subjetiva y objetiva por parte del experto mientras se aplica la batería de riesgo psicosocial.","PSICOSOCIAL","Alteraciones mentales, Ansiedad, depresión, estrés postraumático.","S.V.E. Psicosocial","S.V.E Psicosocial","Intervenciones individuales y grupales, capacitaciones, medidas de afrontamiento, manejo de habilidades sociales.",2,3,6,"MEDIO",10,60,"III","MEJORABLE","N.A","N.A","Organización de los puestos de trabajo, lavamanos, dispensadores, cumpliendo con el distanciamiento.",", identificación de personas con mayor riesgo, prácticas para la prevención del contagio a través del autocuidado individual y familiar, entre otras”capacitaciones del protocolo de bioseguridad, inspecciones, suministro de Elementos de bioseguridad.","Uso de los elementos de bioseguridad, establecer el compromiso de autocuidado y trabajo seguro."]
[null,null,null,null,"SI","Características de la organización del trabajo\n(Valoración promedio mientras se realiza el proceso de aplicación de baterías de riesgo psicosocial)","PSICOSOCIAL","Alteraciones mentales, Ansiedad, depresión.","SVE. Riesgo Psicosocial","SVE. Riesgo Psicosocial","Intervenciones individuales y grupales, capacitaciones, medidas de afrontamiento, manejo de habilidades sociales.",2,3,{"$f":"+L73*M73","v":6},"MEDIO",10,{"$f":"+N73*P73","v":60},{"$f":"IF(Q73>=600,\"I\",IF(Q73>=150,\"II\",IF(Q73>=40,\"III\",IF(Q73>=20,\"IV\"))))","v":"III"},{"$f":"IF(Q73>=600,\"NO ACEPTABLE\",IF(Q73>=150,\"ACEPTABLE CON CONTROL ESPECIFICO\",IF(Q73>=40,\"MEJORABLE\",IF(Q73>=20,\"ACEPTABLE\"))))","v":"MEJORABLE"},"NO SE REQUIERE","NO SE REQUIERE","NO APLICA","*Aplicación de las baterías de riesgo  psicosocial, para verificar la exposición al peligro. \nCapacitación en trabajo en equipo y competencias individuales y profesionales.     PGR-SIG-206 VIGILANCIA EPIDEMIOLÓGICO DE RIESGO\nPSICOSOCIAL.  \n\nAnálisis de carga laboral.                                                                                                                                     ","NO SE REQUIERE"]
[null,null,null,null,"SI","Características del grupo social y del trabajo.\n(Está en proceso la evaluación de los factores de riesgo psicosocial)","PSICOSOCIAL","Stress laboral\nAfecciones de salud                                                                                                                                                                                                                                                                                                                                                                                                            Ambientes de trabajo Hostil                                                                                                                                                                                                                                                                                                                                                                                                         Baja Productividad","Cumplimiento de la normatividad ley 1010, resolución 652 y 356, 2646.","Comité de Convivencia Laboral","Capacitaciones en habilidades sociales básicas, resolución de conflictos, liderazgo efectivo.",2,3,{"$f":"+L74*M74","v":6},"MEDIO",10,{"$f":"+N74*P74","v":60},{"$f":"IF(Q74>=600,\"I\",IF(Q74>=150,\"II\",IF(Q74>=40,\"III\",IF(Q74>=20,\"IV\"))))","v":"III"},{"$f":"IF(Q74>=600,\"NO ACEPTABLE\",IF(Q74>=150,\"ACEPTABLE CON CONTROL ESPECIFICO\",IF(Q74>=40,\"MEJORABLE\",IF(Q74>=20,\"ACEPTABLE\"))))","v":"MEJORABLE"},"NO SE REQUIERE","NO SE REQUIERE","NO SE REQUIERE","*Capacitación en habilidades sociales básicas y relaciones interpersonales y comunicación asertiva y efectiva. \n\n*Capacitación en liderazgo efectivo y generación de hábitos del líder.   PGR-SIG-201 ESTILOS DE VIDA Y TRABAJO\nSALUDABLES.","NO SE REQUIERE"]
[null,null,null,null,"SI","Gestión Organizacional\n(Está en proceso la evaluación de los factores de riesgo psicosocial aplicación batería de riesgo psicosocial)","PSICOSOCIAL","Stress laboral\nAfecciones de salud                                                                                                                                                                                                                                                                                                                                                                                                                     Productividad- Ausentismo","Plan de Intervención del SVE ","N/A","Intervenciones individuales y grupales, capacitaciones en liderazgo, fortalecimiento de las escuelas de liderazgo.",2,3,{"$f":"+L75*M75","v":6},"MEDIO",10,{"$f":"+N75*P75","v":60},{"$f":"IF(Q75>=600,\"I\",IF(Q75>=150,\"II\",IF(Q75>=40,\"III\",IF(Q75>=20,\"IV\"))))","v":"III"},{"$f":"IF(Q75>=600,\"NO ACEPTABLE\",IF(Q75>=150,\"ACEPTABLE CON CONTROL ESPECIFICO\",IF(Q75>=40,\"MEJORABLE\",IF(Q75>=20,\"ACEPTABLE\"))))","v":"MEJORABLE"},"NO SE REQUIERE","NO SE REQUIERE","NO SE REQUIERE","Fortalecimiento de las escuelas de liderazgo.     PGR-SIG-201 ESTILOS DE VIDA Y TRABAJO\nSALUDABLES.","NO SE REQUIERE"]
[null,null,null,null,"SI","Contenido de la Tarea (Carga de Trabajo)\n(Está en proceso la evaluación de los factores de riesgo psicosocial aplicación batería de riesgo psicosocial)","PSICOSOCIAL","Stress laboral\nAfecciones de salud","S.V.E. Psicosocial","Distribución de la tarea por trabajo en equipo, gestión del tiempo.","Intervenciones individuales y grupales, capacitaciones, medidas de afrontamiento, manejo de habilidades sociales.",2,3,{"$f":"+L76*M76","v":6},{"$f":"IF(N76>=24,\"MUY ALTO\",IF(N76>=10,\"ALTO\",IF(N76>=6,\"MEDIO\",\"BAJO\")))","v":"MEDIO"},10,{"$f":"+N76*P76","v":60},{"$f":"IF(Q76>=600,\"I\",IF(Q76>=150,\"II\",IF(Q76>=40,\"III\",IF(Q76>=20,\"IV\"))))","v":"III"},{"$f":"IF(Q76>=600,\"NO ACEPTABLE\",IF(Q76>=150,\"ACEPTABLE CON CONTROL ESPECIFICO\",IF(Q76>=40,\"MEJORABLE\",IF(Q76>=20,\"ACEPTABLE\"))))","v":"MEJORABLE"},"NO SE REQUIERE","NO SE REQUIERE","NO SE REQUIERE","Capacitaciones, manejo del tiempo como recurso, trabajo colaborativo y ayuda percibida.  PGR-SIG-201 ESTILOS DE VIDA Y TRABAJO\nSALUDABLES.   ","NO SE REQUIERE"]
[null,null,null,null,"SI","Público\n(Robos - Atracos - Asaltos)","CONDICIONES DE SEGURIDAD","*Golpes\n*Agresiones verbales y físicas \n*Atentados violentos\n*Heridas\n*Muerte","Ninguno","Ninguno","Ninguno",2,2,{"$f":"+L77*M77","v":4},"BAJO",100,{"$f":"+N77*P77","v":400},{"$f":"IF(Q77>=600,\"I\",IF(Q77>=150,\"II\",IF(Q77>=40,\"III\",IF(Q77>=20,\"IV\"))))","v":"II"},{"$f":"IF(Q77>=600,\"NO ACEPTABLE\",IF(Q77>=150,\"ACEPTABLE CON CONTROL ESPECIFICO\",IF(Q77>=40,\"MEJORABLE\",IF(Q77>=20,\"ACEPTABLE\"))))","v":"ACEPTABLE CON CONTROL ESPECIFICO"},"NO APLICA","NO APLICA","Instalar cámaras de vigilancia en la sede. ","*Socializar los planes contingencia para diferentes situaciones  de emergencia específicamente riesgo público. Socializar PON riesgo publico.  PLA-SIG-204 PLAN DE PREVENCIÓN, PREPARACIÓN Y RESPUESTA ANTE\nEMERGENCIAS.  ","NO APLICA"]
[null,null,null,null,"SI","Público\n(Agresiones verbales - Actos Violentos)","CONDICIONES DE SEGURIDAD","*Golpes\n*Agresiones verbales y físicas \n*Atentados violentos\n*Heridas\n*Muerte","Ninguno","Ninguno","Ninguno",2,2,4,"BAJO",100,400,"II","ACEPTABLE CON CONTROL ESPECIFICO","NO APLICA","NO APLICA","Instalar cámaras de vigilancia en la sede. ","*Socializar los planes contingencia para diferentes situaciones  de emergencia específicamente riesgo público. Socializar PON riesgo publico.   PLA-SIG-204 PLAN DE PREVENCIÓN, PREPARACIÓN Y RESPUESTA ANTE\nEMERGENCIAS. ","NO APLICA"]
[null,null,null,null,"SI","Público\n(Manifestaciones públicas)","CONDICIONES DE SEGURIDAD","*Golpes\n*Agresiones verbales y físicas \n*Heridas\n*Muerte","Ninguno","Hay vigilancia permanente en la puerta de acceso del edificio. ","Ninguno",2,2,4,"BAJO",100,400,"II","ACEPTABLE CON CONTROL ESPECIFICO","NO APLICA","NO APLICA","NO APLICA","*Actualizar el plan de emergencias, incluyendo los planes operativos normalizados en caso de situaciones de emergencia en riesgo público especifico para cada sede y socializarlo a todo el personal.     \n*Capacitar al personal en actuación ante emergencias en riesgo público.    PLA-SIG-204 PLAN DE PREVENCIÓN, PREPARACIÓN Y RESPUESTA ANTE\nEMERGENCIAS.   ","NO APLICA"]
[null,null,null,null,"SI","Público\n(Inseguridad por actos delictivos en los alrededores de la sede)","CONDICIONES DE SEGURIDAD","*Golpes\n*Agresiones verbales y físicas \n*Atentados violentos\n*Heridas\n*Muerte","Ninguno","Hay vigilancia permanente en la puerta de acceso del edificio. \n\n","Ninguno",2,2,4,"BAJO",100,400,"II","ACEPTABLE CON CONTROL ESPECIFICO","NO APLICA","NO APLICA","Instalar cámaras de vigilancia ","*Socializar los planes contingencia para diferentes situaciones  de emergencia específicamente riesgo público. Socializar PON riesgo publico.    PLA-SIG-204 PLAN DE PREVENCIÓN, PREPARACIÓN Y RESPUESTA ANTE\nEMERGENCIAS. ","NO APLICA"]
[null,null,null,null,"SI","Radiaciones no ionizantes                       (Exposición a luz solar que ingresa por ventanales a la mayoría de los puestos de trabajo)","FÍSICO ","*Cáncer de piel\n*Quemadura solar\n*Insolación \n*Foto envejecimiento cutáneo \n *Foto carcinogénesis\n*Alteraciones oculares","No aplica","No hay","Recomendaciones de autocuidado",2,3,6,"MEDIO",10,60,"III","MEJORABLE","N.A","N.A","Instalación de película en las ventanas ","Realizar reinducción - continuar con las inspecciones.       PRO-SIG-203 PROCEDIMIENTO INSPECCIONES DE\nSST.  ","NO APLICA"]
[null,null,null,null,"NO","Erupción volcán machín           ","FENÓMENOS NATURALES","*Daños materiales (Pérdida total)\n*Heridas y lesiones graves\n*Accidentes de trabajo \n*Muerte","No hay","Ninguno","Capacitación  en actuación ante emergencias . Simulacros ",2,2,4,"BAJO",100,400,"II","ACEPTABLE CON CONTROL ESPECIFICO","NO SE REQUIERE","NO SE REQUIERE","NO SE REQUIERE","*Seguir las instrucciones que el departamento suministra para  casos de emergencia por posible erupción del Volcán.                                                                                              \n*Solicitar capacitación al ente respectivo sobre actuación en caso de erupción del volcán machín. \n*Capacitar en actuación ante emergencias en caso de erupción del volcán machín a todo el personal.  \n*Actualizar plan de emergencias incluyendo el PON por posible erupción del volcán machín y socializar a los trabajadores.         PRO-SIG-203 PROCEDIMIENTO INSPECCIONES DE\nSST.      "]
[null,null,null,null,"SI","Tecnológico\n(Incendios - Explosiones)\nGenerado dentro de las instalaciones del edificio","CONDICIONES DE SEGURIDAD","Incendios \nQuemaduras de grado 2 y 3\nMuerte","Ninguno","Uso de equipos contra incendio","Personal capacitado en manejo de equipos contra incendios",2,2,4,"BAJO",100,400,"II","ACEPTABLE CON CONTROL ESPECIFICO","NO APLICA","NO APLICA","*Realizar mantenimiento preventivo y correctivo de los equipos eléctricos e instalaciones eléctricas en la sede","*Capacitación en prevención de accidentes de trabajo por riesgo eléctrico.                                                          \n\n*Continuar con las inspecciones de seguridad enfocado a riesgo eléctrico.    PRO-SIG-203 PROCEDIMIENTO INSPECCIONES DE\nSST.             ","NO APLICA"]
[null,null,null,null,"SI","Virus (cambio climatico)\n ","BIOLÓGICO","Malestar general","Ninguno","Limpieza y desinfección de áreas de trabajo   y en casa,  Control de aforo, señalización de advertencia.","Distanciamiento    físico, uso de mascarilla, lavado de manos constante.",2,3,4,"BAJO",10,400,"II","ACEPTABLE CON CONTROL ESPECIFICO","NO APLICA","NO APLICA","NO APLICA","  *Promover frecuentemente el lavado de manos en personal de planta, contratistas y visitantes. En caso de no contar con agua y jabón, se debe proveer con desinfectantes para manos (gel antibacterial a base de alcohol).  *Disminución de la densidad laboral en áreas de trabajo o de ocupación de la entidad promoviendo el teletrabajo. *Mantener un stop de EPP  (mascarillas ) para dotación y recambio. *Establecer canales de comunicación individualizados y/o de grupo: correo electrónico, redes sociales, videoconferencia, teléfono para reuniones evitando la presencialidad. *Revisión y análisis de los perfiles epidemiológicos por cargo, estrategias motivación para que los funcionarios se  vacunen.   (PRO-SIG-202 Procedimiento administrativo de elementos EPP)","Uso permanente de mascarilla respiratoria. Uso periódico de productos para limpieza (agua y jabón) y  alcohol al 70%, mono gafas o careta."]
[null,null,null,null,"NO","Largas Jornadas Laborales y ausencia de descanso con altas temperaturas y radiciones altas por factor del CAMBIO CLIMATICO.","PSICOSOCIAL","Estrés, agotamiento por trabajo continuo, cansacio, fatiga, angustia, ansiedad, poca concentración y atención, somnolencia.","Ninguno","Ninguno","PVE- Riesgo psicosocial",2,3,12,"ALTO",10,120,"III","MEJORABLE","NO APLICA","NO APLICA","NO APLICA","Introducir una rutina de tiempos detrabajo y de descanso para aquellos\ntrabajadores/as que estén expuestos a ambientes calurosos, Formación en primeros auxilios, para que puedan\nreconocer y tratar los primeros síntomas de desórdenes de salud ocasionados por una\nexposición a temperaturas extremadamente cálidas., Seguir a diario los boletines\nmeteorológicos y cambiar el horario de trabajo de gran exposición al calor\na horas más frescas del día., En trabajos a campo abierto, crear zonas descanso con carpas, Disponer de agua potable fría en lugares estratégicos y visibles, cercanos al área de trabajo.","NO SE REQUIERE"]
[null,null,null,null,"NO"," Temperaturas\nextremas (calor) porfactor de CAMBIO CLIMATICO","FISICO","Stress termico Agotamiento Mareos  Deshidratación Golpes de calor, lesiones en la piel, insolación, ","No aplica","Ninguno","Ninguno",2,3,6,"MEDIO",10,60,"III","MEJORABLE","NO APLICA","NO APLICA","NO APLICA","Todos los funcionarios que realicen desplazamientos fuera de la sede deben apalicar el Estándar de Seguridad \"EST-204\"., se recomienda hidratación continua, alimentación adecuada, Organización de los puestos de trabajo, limplementación de un programa de climatización.Sistemas de ventilación","Ropa de trabajo y equipos de\nprotección adecuados(camisa,\nmanga larga, pantalón largo,\ngorra o sombrero de ala ancha).\nSaber que la ropa protectora o el\nequipo de protección personal\npuede aumentar el riesgo del\nestrés por calor."]
[null,null,null,null,"NO"," Temperaturas\nextremas (calor Radiaciones No ionizantes) porfactor de CAMBIO CLIMATICO","FISICO","Stress termico Agotamiento Mareos  Deshidratación Golpes de calor, lesiones en la piel, dolor de cabeza.","No aplica","Ninguno","Protector Solar",2,3,6,"MEDIO",10,60,"III","MEJORABLE","NO APLICA","NO APLICA","NO APLICA","Todos los funcionarios que realicen desplazamientos fuera de la sede deben apalicar el Estándar de Seguridad \"EST-204\"., se recomienda hidratación continua, alimentación adecuada, Organización de los puestos de trabajo, limplementación de un programa de climatización.Sistemas de ventilación","Ropa de trabajo y equipos de\nprotección adecuados(camisa,\nmanga larga, pantalón largo,\ngorra o sombrero de ala ancha).\nSaber que la ropa protectora o el\nequipo de protección personal\npuede aumentar el riesgo del\nestrés por calor."]
[null,null,null,null,"NO","Inalación de Humos y Vapores\n (Incendios Forestales )por factor CAMBIO CLIMATICO","QUÍMICO","Asfixia, Dificultad para respirar, Ardor en los ojos, conjuntivitis, Alergias, Tos, irritación de la garganta, dolor de cabeza.","No aplica","Ninguno","Ninguno",2,3,6,"MEDIO",10,60,"III","MEJORABLE","NO APLICA","NO APLICA","NO APLICA","Aplicación PON para el manejo de incendios forestales, ver PLAN DE MERGENCIA PLA-SIG 204.","NO SE REQUIERE"]
[null,null,"PELIGROS QUE APLICAN A TRABAJO CON RESTRICCIONES DE SALUD Y/O TELE TRABAJO.",null,"SI","Postura Prolongada \n(Postura sedente más del 75% de la jornada laboral en trabajo con video terminales)","BIOMECÁNICO","*Dolor lumbar inespecífico\n*Espasmos musculares","Ninguno","Ninguno","Ninguno",2,4,8,"MEDIO",25,200,"II","ACEPTABLE CON CONTROL ESPECIFICO","NO APLICA","NO SE REQUIERE","NO SE REQUIERE","*Realizar visitas virtuales por parte del Grupo de SST para capacitar en higiene postural en casa.\n\n*Realizar pausas activas en el área.                                                                 \n\n*Continuar con las actividades del programa de vigilancia epidemiológico  para prevención de desordenes musculo esqueléticas asociadas al peligro biomecánico, para trabajo en casa.            INS-SIG-202 INSTRUCTIVO DE PAUSAS ACTIVAS\nSALUDABLES.    PGR-SIG-205 VIGILANCIA EPIDEMIOLÓGICA PARA LA PREVENCION DE\nDESÓRDENES MUSCULO-ESQUELÉTICOS.                                                                     ","NO APLICA"]
[null,null,null,null,"SI","Movimientos repetitivos  \n(Digitación - Escanear)","BIOMECÁNICO","Lesiones por trauma acumulativo en miembro superiores ( STC).\nSíndrome de Querían","Ninguno","Ninguno","Ninguno",2,4,8,"MEDIO",25,200,"II","ACEPTABLE CON CONTROL ESPECIFICO","NO SE REQUIERE","NO SE REQUIERE","NO SE REQUIERE","*Se recomienda la implementación permanente de pausas activas durante la jornada laboral.     INS-SIG-202 INSTRUCTIVO DE PAUSAS ACTIVAS\nSALUDABLES.                                                                                                                                               ","NO APLICA"]
[null,null,null,null,"SI","Radiaciones No ionizantes                                   (Exposición permanente a pantallas del computador)","FÍSICO ","*Fatiga visual","Ninguno","Ninguno","Ninguno",2,3,6,"MEDIO",10,60,"III","MEJORABLE","NO APLICA","NO SE REQUIERE","NO SE REQUIERE","*Se recomienda la implementación permanente de pausas activas durante la jornada laboral.    INS-SIG-202 INSTRUCTIVO DE PAUSAS ACTIVAS\nSALUDABLES.                                                                                                                                                ","NO APLICA"]
[null,null,null,null,"NO","Locativo                                                                              (Cableado eléctrico desordenado en la zona adecuada para puesto de trabajo)","CONDICIONES DE SEGURIDAD","*Se potencializa el riesgo de accidentes por caídas. ","Ninguno","Ninguno","Ninguno",2,3,6,"MEDIO",10,60,"III","MEJORABLE","NO APLICA","NO SE REQUIERE","Se recomienda agrupar el cableado eléctrico faltante, utilizando espiral porta cable u otro mecanismo de canalización. ","Realizar inspecciones de seguridad para verificar estado de cableado del  área.   PRO-SIG-203 PROCEDIMIENTO INSPECCIONES DE\nSST.  ","NO APLICA"]
[null,null,null,null,"NO","Picaduras - Mordeduras                             (Presencia de vectores e insectos dentro de la vivienda o zona destinada para laborar).","BIOLÓGICO","Infecciones","Ninguno","Ninguno","Ninguno",2,3,6,"MEDIO",10,60,"III","MEJORABLE","NO APLICA","NO APLICA","NO APLICA","* realizar una correcta inspección del área de trabajo para garantizar la NO presencia de vectores o insectos ponzoñoso. Evitar las zona con acumulación de aguas estancadas.    PRO-SIG-203 PROCEDIMIENTO INSPECCIONES DE\nSST.   ","NO APLICA"]
[null,null,null,null,"SI","Virus y Bacterias\n (Exposición a virus y bacterias debido al uso de superficies húmedas como baños, lavamanos y lavaplatos alberca)","BIOLÓGICO","*Dermatosis\n*Reacciones alérgicas\n*Enfermedades infecciosas\n*Infecciones respiratorias","Ninguno","Ninguno","Ninguno",2,3,6,"MEDIO",10,60,"III","MEJORABLE","NO APLICA","NO APLICA","NO APLICA","*Capacitar a los trabajadores en auto cuidado y la importancia del uso de los EPP.     PGR-SIG-201 ESTILOS DE VIDA Y TRABAJO\nSALUDABLES.","*Uso de EPP (Guantes - Tapa bocas)"]
[null,null,null,null,"NO","Material particulado \n(Polvo en los documentos)","QUÍMICOS","*Enfermedades respiratorias\n*Infecciones virales \n*Alergias ","Ninguno","Ninguno","Ninguno",2,3,6,"MEDIO",10,60,"III","MEJORABLE","NO APLICA","NO APLICA","NO APLICA","*Realizar seguimiento del uso de los elementos de protección personal (Tapa bocas), cuando manipule archivo con polvo.      PRO-SIG-202 PROCEDIMIENTO ADMINISTRACIÓN DE ELEMENTOS DE\nEPP.                                                                ","Suministrar tapa bocas para el desarrollo de la labor. "]
[null,null,null,null,"NO","Uso de elementos de desinfección\n(alcohol, gel antibacterial)","QUÍMICOS","\n*Alergias en piel o vías respiratorias.\n* Quemaduras ","Ninguno","Ninguno","Ninguno",2,3,6,"MEDIO",10,60,"III","MEJORABLE","NO APLICA","NO APLICA","NO APLICA","*Realizar seguimiento del uso de los elementos de protección personal (Tapa bocas), cuando manipule archivo con polvo.       PRO-SIG-202 PROCEDIMIENTO ADMINISTRACIÓN DE ELEMENTOS DE\nEPP.                                                           ","Suministrar tapa bocas para el desarrollo de la labor. "]
[null,null,null,null,"SI","Mecánico                                         (Manejo de Equipos y elementos de Oficina)","CONDICIONES DE SEGURIDAD","*Traumas de tejidos blandos (Laceración, contusión, heridas superficiales, etc.)       ","Ninguno","Ninguno","Ninguno",2,3,6,"MEDIO",10,60,"III","MEJORABLE","NO SE REQUIERE","NO SE REQUIERE","NO SE REQUIERE","*Continuar con el uso adecuado de los elementos de trabajo, realizar cambio de los elementos que se observen en mal estado.      PRO-SIG-202 PROCEDIMIENTO ADMINISTRACIÓN DE ELEMENTOS DE\nEPP.   ","NO APLICA"]
[null,null,null,null,"SI","Deficiente ventilación (Las ventanas y persianas deben permanecer cerradas para evitar el ingreso de rayos solares)","FÍSICO                              ","*Disconfort por calor ambiental permanente","Ninguno","Ninguno","Ninguno",2,3,6,"MEDIO",10,60,"III","MEJORABLE","NO APLICA","NO SE REQUIERE","NO SE REQUIERE","Se recomienda contar con un área de ventilación natural o con ventilación artificial como ventiladores.  PRO-SIG-203 PROCEDIMIENTO INSPECCIONES DE\nSST.  ","NO APLICA"]
[null,null,null,null,"SI","Manipulación y desplazamiento de cargas\n(Documentos y cajas)","BIOMECÁNICO","Lesiones en columna\nEnfermedad discal\nEnfermedad lumbar ","Ninguno","Ninguno","Ninguno",2,4,8,"MEDIO",60,480,"II","ACEPTABLE CON CONTROL ESPECIFICO","NO SE REQUIERE","NO SE REQUIERE","NO SE REQUIERE","* Practicar higiene postural para el manejo de cargas. Evitar levantar mas de 10 Kg mujeres y 20 Kg Hombres.    PGR-SIG-205 VIGILANCIA EPIDEMIOLÓGICA PARA LA PREVENCION DE\nDESÓRDENES MUSCULO-ESQUELÉTICOS.  ","NO APLICA"]
[null,null,null,null,"SI","Iluminación\n(Deficiente de iluminación natural o artificial en el sitio adecuado para laboral dentro de la vivienda)                                             ","FÍSICO ","*Fatiga visual","Ninguno","Ninguno","Ninguno",2,3,6,"MEDIO",10,60,"III","MEJORABLE","NO APLICA","Se recomienda adecuar zona de trabajo en lugar con iluminación adecuada (que no sea excesiva o deficiente). ","NO SE REQUIERE","Se recomienda adecuar el sitio de trabajo con iluminación adecuada.      PRO-SIG-203 PROCEDIMIENTO INSPECCIONES DE\nSST.  ","NO APLICA"]
[null,null,null,null,"NO","Locativo\nSuperficies de trabajo  irregulares y  desniveladas, escaleras                                 (Desplazamiento en la vivienda)","CONDICIONES DE SEGURIDAD","*Golpes \n*Caídas\n*Fracturas","Ninguno","Ninguno","Ninguno",2,3,6,"MEDIO",10,60,"III","MEJORABLE","NO APLICA","NO APLICA","NO APLICA","*Se recomienda uso de calzado adecuado y de tacón bajo según el área a visitar, con el fin de evitar caídas.   PGR-SIG-204 ORDEN Y ASEO.","Uso de calzado bajo "]
[null,null,null,null,"SI","Virus ","BIOLÓGICO","Malestar General","Ninguno","Ninguno","Ninguno",2,3,6,"MEDIO",10,60,"III","MEJORABLE","N.A","N.A","Trabajo en Casa","*Garantizar el autocuidado en Casa.\n*Participar en las reuniones de bioseguridad realizadas por el grupo de SST.\n*Evitar las reuniones sociales y evitar visitar sitios concurridos o de alto riesgo\n*  Realizar constante desinfección y limpieza de los sitios de trabajo\n* Evitar tocar cara, boca y ojos con las manos.\n* Lavar las manos cada 3 horas.      ","Uso permanente de respirador buco nasal, limpieza de superficies. Uso periódico de productos para limpieza (agua y jabón) y para  sanitizado de manos (geles a base de alcohol al 70%), mono gafas o careta"]
[null,null,null,null,"SI","Público\n(Robos - Atracos - Asaltos - Agresiones verbales - Actos Violentos)","CONDICIONES DE SEGURIDAD","*Golpes\n*Agresiones verbales y físicas \n*Atentados violentos\n*Heridas\n*Muerte","Ninguno","Ninguno","Ninguno",2,2,4,"BAJO",100,400,"II","ACEPTABLE CON CONTROL ESPECIFICO","NO APLICA","NO APLICA","NO APLICA","*Socializar los planes contingencia para diferentes situaciones  de emergencia específicamente riesgo público.     PLA-SIG-204 PLAN DE PREVENCIÓN, PREPARACIÓN Y RESPUESTA ANTE\nEMERGENCIAS.   ","NO APLICA"]
[null,null,null,null,"NO","Erupción volcán Machín","FENÓMENOS NATURALES","Erupción del Volcán Machín","Ninguno","Ninguno","Ninguno",2,3,6,"MEDIO",10,60,"III","MEJORABLE","NO APLICA","NO APLICA","NO APLICA","Tener en cuenta las recomendaciones dadas en los medios de comunicación de la alcaldía y recomendaciones en el video del ejercicio de la simulación  el día nacional del simulacro.     PLA-SIG-204 PLAN DE PREVENCIÓN, PREPARACIÓN Y RESPUESTA ANTE\nEMERGENCIAS.  ","NO APLICA"]
[null,null,null,null,"NO","Sismo - Terremoto","FENÓMENOS NATURALES","Erupción del Volcán Machín","Ninguno","Ninguno","Ninguno",2,3,6,"MEDIO",10,60,"III","MEJORABLE","NO APLICA","NO APLICA","NO APLICA","Tener en cuenta las recomendaciones dadas en los medios de comunicación de la alcaldía y recomendaciones en el video del ejercicio de la simulación  el día nacional del simulacro.     PLA-SIG-204 PLAN DE PREVENCIÓN, PREPARACIÓN Y RESPUESTA ANTE\nEMERGENCIAS.    ","NO APLICA"]

{"sheet":"ESTACIÓN BOMBEROS JARDÍN","index":20,"n_rows":105,"n_cols":24,"rows_kept":105,"cut":false,"hidden":true,"merged":[[7,2,7,3],[7,4,7,23],[8,2,9,2],[8,3,9,3],[8,4,9,4],[8,5,8,6],[8,7,9,7],[8,8,8,10],[8,11,8,17],[8,19,8,23],[2,2,5,2],[2,3,3,21],[2,23,5,23],[4,3,5,21],[6,20,6,21],[6,22,6,23],[75,2,87,3],[88,2,104,3],[10,2,43,2],[10,3,33,3],[10,4,15,4],[34,3,43,3],[44,2,74,2],[44,3,51,3],[44,4,45,4],[52,3,74,3]]}
[]
[]
[null,null,null,"PROCESO: SISTEMA INTEGRADO DE GESTIÓN",null,null,null,null,null,null,null,null,null,null,null,null,null,null,null,null,null,null,"Código: FOR-221-PRO-SIG"]
[null,null,null,null,null,null,null,null,null,null,null,null,null,null,null,null,null,null,null,null,null,null,"Versión: 05"]
[null,null,null,"FORMATO: \nIDENTIFICACIÓN DE PELIGROS, EVALUACIÓN Y VALORACIÓN DE LOS RIESGOS \nALCALDÍA MUNICIPAL DE IBAGUÉ",null,null,null,null,null,null,null,null,null,null,null,null,null,null,null,null,null,null,"Fecha: 7/07/2023"]
[null,null,null,null,null,null,null,null,null,null,null,null,null,null,null,null,null,null,null,null,null,null,"Página: 1"]
[null,null,"FECHAS DE ACTUALIZACIÓN: ","2019-02-22","2019-03-09","2019-09-02","2019-09-11","2019-09-24","2019-10-30","2020-07-22","2021-04-09","2022-05-27","2023-07-07","2024-07-08"]
[null,null,"PROCESO:",null,"13. GESTIÓN AMBIENTAL- BOMBEROS JARDIN"]
[null,null,"1. PROCESO ADMINISTRATIVO / OPERATIVO","2. ACTIVIDADES","3. TAREA RUTINARIO (SI O NO)","PELIGRO",null,"6. EFECTOS POSIBLES\n(Salud - Seguridad)","CONTROLES EXISTENTES",null,null,"EVALUACIÓN DEL RIESGO",null,null,null,null,null,null,"VALORACIÓN DEL RIESGO","MEDIDAS DE INTERVENCIÓN"]
[null,null,null,null,null,"4. DESCRIPCIÓN","5. CLASIFICACIÓN",null,"7. FUENTE","8. MEDIO","9. INDIVIDUO","10. NIVEL DE DEFICIENCIA","11. NIVEL DE EXPOSICIÓN","12. NIVEL DE PROBABILIDAD ND X NE","13. INTERPRETACIÓN DEL NIVEL DE PROBABILIDAD","14. NIVEL DE CONSECUENCIA","15. NIVEL DE RIESGO NR E INTERVENCIÓN","16. INTERPRETACIÓN DEL NR","17. ACEPTABILIDAD DEL RIESGO","18 ELIMINACIÓN","19. SUSTITUCIÓN","20. CONTROLES DE INGENIERIA","21. CONTROLES ADMINISTRATIVOS, SEÑALIZACIÓN, ADVERTENCIA","22. ELEMENTOS DE PROTECCIÓN PERSONAL"]
[null,null,"ADMINISTRATIVO","ACTIVIDAD PLANEACIÓN, ELABORACIÓN Y EJECUCION DE DOCUMENTOS. USO DE HERRAMIENTAS TECNOLOGICAS Y VIDEO TERMINALES. INTERACCIONES LABORALES Y ADMINISTRATIVAS (ATENCIÓN AL CIDADANO); APLICA PARA FUNCIONARIOS DE PLANTA Y/O CONTRATO.","SI","Postura Prolongada (Postura sedente más del 75% de la jornada laboral en trabajo con video terminales)","BIOMECÁNICO","*Dolor lumbar inespecífico\n*Espasmos musculares","No aplica","Ninguno","Ninguno",2,4,{"$f":"+L11*M11","v":8},{"$f":"IF(N11>=24,\"MUY ALTO\",IF(N11>=10,\"ALTO\",IF(N11>=6,\"MEDIO\",\"BAJO\")))","v":"MEDIO"},25,{"$f":"+N11*P11","v":200},{"$f":"IF(Q11>=600,\"I\",IF(Q11>=150,\"II\",IF(Q11>=40,\"III\",IF(Q11>=20,\"IV\"))))","v":"II"},{"$f":"IF(Q11>=600,\"NO ACEPTABLE\",IF(Q11>=150,\"ACEPTABLE CON CONTROL ESPECIFICO\",IF(Q11>=40,\"MEJORABLE\",IF(Q11>=20,\"ACEPTABLE\"))))","v":"ACEPTABLE CON CONTROL ESPECIFICO"},"NO APLICA","NO SE REQUIERE","NO SE REQUIERE","*Realizar re inducción en higiene postural de oficina. \n\n*Realizar pausas activas en el área.                                                                 \n\n*Continuar con las actividades del programa de vigilancia epidemiológico  para prevención de desordenes musculo esqueléticas asociadas al peligro biomecánico .    INS-SIG-202 INSTRUCTIVO DE PAUSAS ACTIVAS\nSALUDABLES.                                                                             ","NO APLICA"]
[null,null,null,null,null,"Movimientos repetitivos  \n(Digitación)","BIOMECÁNICO","Síndrome de Túnel del Carpo ( STC).\nSíndrome de Querían","Ninguno","Diseño del sistema (puesto) de trabajo adecuado.","Alterna varias labores",2,4,{"$f":"+L12*M12","v":8},{"$f":"IF(N12>=24,\"MUY ALTO\",IF(N12>=10,\"ALTO\",IF(N12>=6,\"MEDIO\",\"BAJO\")))","v":"MEDIO"},25,{"$f":"+N12*P12","v":200},{"$f":"IF(Q12>=600,\"I\",IF(Q12>=150,\"II\",IF(Q12>=40,\"III\",IF(Q12>=20,\"IV\"))))","v":"II"},{"$f":"IF(Q12>=600,\"NO ACEPTABLE\",IF(Q12>=150,\"ACEPTABLE CON CONTROL ESPECIFICO\",IF(Q12>=40,\"MEJORABLE\",IF(Q12>=20,\"ACEPTABLE\"))))","v":"ACEPTABLE CON CONTROL ESPECIFICO"},"NO SE REQUIERE","NO SE REQUIERE","NO SE REQUIERE","*Se recomienda la implementación permanente de pausas activas durante la jornada laboral. INS-SIG-202 INSTRUCTIVO DE PAUSAS ACTIVAS\nSALUDABLES.                                                                                                                                                 ","NO APLICA"]
[null,null,null,null,null,"Ruido\n Ambiental proveniente de la calle  ","FÍSICO","* Dolor  de cabeza,\n* poca concentración, \n*zumbidos  en los oídos   \n* Cefaleas tensionales ","Ninguno","Realización de inspección ambiental ","Exámenes Médicos ocupacionales",2,3,6,"MEDIO",10,60,"III","MEJORABLE","NINGUNO ","NINGUNO ","Realizar medición de ruido ","*Continuar con la realización de evaluaciones  medicas ocupacionales (ingreso, periódicos y egreso \n* Realizar pausa activa durante la jornada laboral una vez en la mañana y una vez en la tarde ( Si el  usuario l lo permite).   INS-SIG-202 INSTRUCTIVO DE PAUSAS ACTIVAS\nSALUDABLES.  \n\n","NO APLICA"]
[null,null,null,null,null,"Disconfort Térmico - Exposición a temperaturas altas por la inadecuada ventilación natural y artificial","FÍSICO","Disconfort térmico,   Alergias, afecciones respiratorias, cefaleas tensionales . ","Ninguno","Instalación de ventiladores y aire acondicionado. Recomendaciones en inducción y reinducción  ","Ninguno ",2,3,6,"MEDIO",10,60,"III","MEJORABLE","NINGUNO ","NINGUNO ","NINGUNO ","* Realizar reinducción     PGR-SIG-201 ESTILOS DE VIDA Y TRABAJO\nSALUDABLES.  \n","NO APLICA "]
[null,null,null,null,null,"Radiaciones No ionizantes                                   (Exposición permanente a pantallas del computador)","FÍSICO ","*Fatiga visual","Uso de pantalla antirreflejo","Diseño del sistema (puesto) de trabajo adecuado.","Ninguno",2,3,6,"MEDIO",10,60,"III","MEJORABLE","NO APLICA","NO SE REQUIERE","NO SE REQUIERE","*Se recomienda la implementación permanente de pausas activas durante la jornada laboral.  Realización de inducción.  INS-SIG-202 INSTRUCTIVO DE PAUSAS ACTIVAS\nSALUDABLES.                                                                                                                                                ","NO APLICA"]
[null,null,null,null,null,"Locativo - Cableado del computador expuesto debajo del escritorio","CONDICIONES DE SEGURIDAD","Se potencializa el riesgo de incendio y accidentes por caídas, chispas, conatos de incendios ","Ninguno","Inspecciones a puestos de trabajo ","Ninguno",2,3,6,"MEDIO",10,60,"III","MEJORABLE","NINGUNO ","NINGUNO ","NINGUNO ","*Agrupar el cableado eléctrico, utilizando espiral porta cable  y/o canaleta. * Jornadas de orden y aseo.  * Capacitaciones en caídas al mismo nivel.   PRO-SIG-203 PROCEDIMIENTO INSPECCIONES DE\nSST.\n","NO APLICA"]
[null,null,null,null,"SI","Postura Prolongada (Postura sedente más del 75% de la jornada laboral en trabajo con video terminales)","BIOMECÁNICO","*Dolor lumbar inespecífico\n*Espasmos musculares","No aplica","Ninguno","Ninguno",2,4,8,"MEDIO",25,200,"II","ACEPTABLE CON CONTROL ESPECIFICO","NO APLICA","NO SE REQUIERE","NO SE REQUIERE","*Se recomienda realizar intervención ergonómica, para lo cual, se debe mejorar la altura de la pantalla ya que se observa baja. \n\n*Realizar re inducción en higiene postural de oficina. \n\n*Realizar pausas activas en el área.                                                                 \n\n*Continuar con las actividades del programa de vigilancia epidemiológico  para prevención de desordenes musculo esqueléticas asociadas al peligro biomecánico .  PRO-SIG-203 PROCEDIMIENTO INSPECCIONES DE\nSST.    PGR-SIG-205 VIGILANCIA EPIDEMIOLÓGICA PARA LA PREVENCION DE\nDESÓRDENES MUSCULO-ESQUELÉTICOS.                                                                                  ","NO APLICA"]
[null,null,null,null,"SI","Movimientos repetitivos  \n(Digitación)","BIOMECÁNICO","Síndrome de Túnel del Carpo ( STC).\nSíndrome de Quervein","Ninguno","Diseño del sistema (puesto) de trabajo adecuado.","Alterna varias labores",2,4,8,"MEDIO",25,200,"II","ACEPTABLE CON CONTROL ESPECIFICO","NO SE REQUIERE","NO SE REQUIERE","NO SE REQUIERE","*Se recomienda la implementación permanente de pausas activas durante la jornada laboral.      INS-SIG-202 INSTRUCTIVO DE PAUSAS ACTIVAS\nSALUDABLES.                                                                                                                                            ","NO APLICA"]
[null,null,null,null,"SI","Locativo\nSuperficies de trabajo  irregulares y  desniveladas                                 (Desplazamiento en las diferentes áreas )","CONDICIONES DE SEGURIDAD","*Golpes \n*Caídas","Ninguno","Señalización de advertencia ","Capacitación en prevención de caídas ",2,3,6,"MEDIO",10,60,"III","MEJORABLE","NO APLICA","NO APLICA","NO APLICA","Recomendaciones en inducción y reinducción. Continuar capacitaciones en prevención de caídas. PGR-SIG-203-PROGRAMA PROTECCIÓN CONTRA\nCAÍDAS.","NO APLICA"]
[null,null,null,null,"SI ","Locativo                                      Falta de orden y aseo  por los elementos sin dar de baja  (TV, mangueras, ventiladores dañados) a lado de la oficina ","CONDICIONES DE SEGURIDAD ","Caídas al mismo nivel, incidentes, golpes, proliferación de animales ","Ninguno","Ninguno ","Ninguno ",2,3,6,"MEDIO",10,60,"III","MEJORABLE","NINGUNO ","NINGUNO ","NINGUNO ","*Capacitaciones en caídas al mismo nivel  al personal expuesto. * Se recomienda jornadas de orden y aseo en el archivo * Se recomienda dar de baja a los elementos sin utilizar en el archivo .  PGR-SIG-203-PROGRAMA PROTECCIÓN CONTRA\nCAÍDAS.   PGR-SIG-204 ORDEN Y ASEO.     PRO-SIG-203 PROCEDIMIENTO INSPECCIONES DE\nSST.","NO APLICA"]
[null,null,null,null,"SI ","Condiciones de la tarea                          Atención de los usuarios, recepción de llamadas y  atención  de emergencias. ","PSICOSOCIAL  ","Estrés Laboral , Fatiga, conflictos en las relaciones interpersonales con el equipo de trabajo. ","Ninguno","Ninguno","Ninguno",2,3,6,"MEDIO",10,60,"III","MEJORABLE","NINGUNO ","NINGUNO ","NINGUNO ","* Implementación del programa del  intervención del  riesgo psicosocial . * Talleres de liderazgo y manejo del estrés laboral.  * Capacitaciones en el manejo del tiempo.  PGR-SIG-206 VIGILANCIA EPIDEMIOLÓGICO DE RIESGO\nPSICOSOCIAL.   ","NO APLICA "]
[null,null,null,null,"SI ","Postura Forzada                            Espacio insuficiente de los  planos de trabajo (escritorio),  ","BIOMECÁNICO","Lumbalgias, Cervicalgias, Mialgias, lesiones y síndromes doloroso, tendinitis, espasmo de manos ","Ninguno","Ninguno","Jornadas de pausas activas ",2,4,8,"MEDIO",25,200,"II","ACEPTABLE CON CONTROL ESPECIFICO","NINGUNO ","NINGUNO ","NINGUNO ","* Pausas activas a lo largo de la jornada laboral y sensibilizar sobre su importancia , * Realizar seguimiento para el S.V.E  para lesiones osteo musculares.\n* Se recomienda  gestionar escritorios en \"L\"  para mejorar  la postura de los trabajadores y garantizar que la mano, muñeca y  brazo permanezcan  en línea recta en el momento  de digitar.   INS-SIG-202 INSTRUCTIVO DE PAUSAS ACTIVAS\nSALUDABLES.    ","NO APLICA"]
[null,null,null,null,"SI","Locativo                             \nCableado del computador expuesto debajo del escritorio","CONDICIONES DE SEGURIDAD","Se potencializa el riesgo de incendio y accidentes por caídas, chispas, conatos de incendios ","Ninguno","Inspecciones a puestos de trabajo ","Ninguno",2,3,6,"MEDIO",10,60,"III","MEJORABLE","NINGUNO ","NINGUNO ","NINGUNO ","*Agrupar el cableado eléctrico, utilizando espiral porta cable  y/o canaleta. * Jornadas de orden y aseo.  * Capacitaciones en caídas al mismo nivel.   PRO-SIG-203 PROCEDIMIENTO INSPECCIONES DE\nSST.\n","NO APLICA"]
[null,null,null,null,"SI ","Locativo \nAusencia de las rejillas de la luminarias ","CONDICIONES DE SEGURIDAD  ","Caídas de  los tubos fluorescentes, golpes, heridas abiertas ","Ninguno ","Ninguno ","Ninguno ",2,3,6,"MEDIO",10,60,"III","MEJORABLE","NINGUNO ","NINGUNO ","Se recomienda que las luminarias cuenten con protectores (rejillas), para dar cumplimiento a la normatividad. ","* Se recomienda que dentro del cronograma de mantenimiento de las instalaciones se realice la inclusión del mantenimiento correctivo y preventivo de las luminarias.   PRO-SIG-203 PROCEDIMIENTO INSPECCIONES DE\nSST.  ","NO APLICA "]
[null,null,null,null,"NO","Tecnológico \nExplosiones -  Material Combustible- Sustancias químicas ","CONDICIONES DE SEGURIDAD  ","Accidentes, Muerte, quemaduras , canastos de incendios, incendios no contralados ","Ninguno ","Señalización ","Capacitaciones en atención de emergencias y control de incendios ",2,2,4,"BAJO",100,400,"II","ACEPTABLE CON CONTROL ESPECIFICO","NINGUNO ","NINGUNO ","NINGUNO ","*Socialización de los planes de emergencia. \n*Capacitación evacuación y control de incendios.                                          * Protocolos de atención de emergencias.    PLA-SIG-204 PLAN DE PREVENCIÓN, PREPARACIÓN Y RESPUESTA ANTE\nEMERGENCIAS.\n","NO APLICA"]
[null,null,null,null,"SI","Eléctrico                           Baja tensión.                           Toma corrientes en mal estado (sin protectores) ","CONDICIONES DE SEGURIDAD","Se potencializa el riesgo de incendio ","Ninguno ","Señalización ","Capacitaciones en atención de emergencias y control de incendios ",2,3,6,"MEDIO",10,60,"III","MEJORABLE","NINGUNO ","NINGUNO ","NINGUNO ","*Realizar mantenimiento de las instalaciones eléctricas (instalar protectores de las tomas eléctricas).   PRO-SIG-203 PROCEDIMIENTO INSPECCIONES DE\nSST. ","NO APLICA"]
[null,null,null,null,"SI","Tecnológico  \nIncendios   \nAbundantes elementos combustibles en el área ","CONDICIONES DE SEGURIDAD","Incendios","Ninguno","Uso de equipos contra incendios","Ninguno",2,3,6,"MEDIO",10,60,"III","MEJORABLE","NO APLICA","NO APLICA","NO APLICA","*Uso de equipos contra incendios\n*Se recomienda  reubicar las balas y el equipo a ul lugar adecuado donde no se presenten transito de personas.  PRO-SIG-203 PROCEDIMIENTO INSPECCIONES DE\nSST.","NO APLICA"]
[null,null,null,null,"SI","Ruido\n(Motores de vehículos de emergencia (sirenas, aceleración del motor))","FÍSICO ","Alteraciones del umbral auditivo\nSíndrome de ruptura traumática del tímpano","Mantenimiento a equipos y vehículos ","No hay","Uso de EPP",2,3,6,"MEDIO",10,60,"III","MEJORABLE","NINGUNO ","NINGUNO ","NINGUNO ","Realizar exámenes periódicos para seguimiento a la condición auditiva\n\nContinuar con el uso de EPP    PRO-SIG-201 PROCEDIMIENTO EXÁMENES\nOCUPACIONALES.","Continuar con el uso de EPP que se requiere para la atención de emergencias "]
[null,null,null,null,"NO","Virus (cambio climatico)\n ","BIOLÓGICO","Malestar general","Ninguno","Limpieza y desinfección de áreas de trabajo   y en casa,  Control de aforo, señalización de advertencia.","Distanciamiento    físico, uso de mascarilla, lavado de manos constante.",2,2,4,"BAJO",10,40,"III","MEJORABLE","NO APLICA","NO APLICA","NO APLICA","  *Promover frecuentemente el lavado de manos en personal de planta, contratistas y visitantes. En caso de no contar con agua y jabón, se debe proveer con desinfectantes para manos (gel antibacterial a base de alcohol).  *Disminución de la densidad laboral en áreas de trabajo o de ocupación de la entidad promoviendo el teletrabajo. *Mantener un stop de EPP  (mascarillas ) para dotación y recambio. *Establecer canales de comunicación individualizados y/o de grupo: correo electrónico, redes sociales, videoconferencia, teléfono para reuniones evitando la presencialidad. *Revisión y análisis de los perfiles epidemiológicos por cargo, estrategias motivación para que los funcionarios se  vacunen.   (PRO-SIG-202 Procedimiento administrativo de elementos EPP)","Uso permanente de mascarilla respiratoria. Uso periódico de productos para limpieza (agua y jabón) y  alcohol al 70%, mono gafas o careta."]
[null,null,null,null,"NO","Largas Jornadas Laborales y ausencia de descanso con altas temperaturas y radiciones altas por factor del CAMBIO CLIMATICO.","PSICOSOCIAL","Estrés, agotamiento por trabajo continuo, cansacio, fatiga, angustia, ansiedad, poca concentración y atención, somnolencia.","Ninguno","Ninguno","PVE- Riesgo psicosocial",2,2,4,"BAJO",10,40,"III","MEJORABLE","NO APLICA","NO APLICA","NO APLICA","Introducir una rutina de tiempos detrabajo y de descanso para aquellos\ntrabajadores/as que estén expuestos a ambientes calurosos, Formación en primeros auxilios, para que puedan\nreconocer y tratar los primeros síntomas de desórdenes de salud ocasionados por una\nexposición a temperaturas extremadamente cálidas., Seguir a diario los boletines\nmeteorológicos y cambiar el horario de trabajo de gran exposición al calor\na horas más frescas del día., En trabajos a campo abierto, crear zonas descanso con carpas, Disponer de agua potable fría en lugares estratégicos y visibles, cercanos al área de trabajo.","NO SE REQUIERE"]
[null,null,null,null,"NO"," Temperaturas\nextremas (calor) porfactor de CAMBIO CLIMATICO","FISICO","Stress termico Agotamiento Mareos  Deshidratación Golpes de calor, lesiones en la piel, insolación, ","No aplica","Ninguno","Ninguno",2,2,4,"BAJO",10,40,"III","MEJORABLE","NO APLICA","NO APLICA","NO APLICA","Todos los funcionarios que realicen desplazamientos fuera de la sede deben apalicar el Estándar de Seguridad \"EST-204\"., se recomienda hidratación continua, alimentación adecuada, Organización de los puestos de trabajo, limplementación de un programa de climatización.Sistemas de ventilación","Ropa de trabajo y equipos de\nprotección adecuados(camisa,\nmanga larga, pantalón largo,\ngorra o sombrero de ala ancha).\nSaber que la ropa protectora o el\nequipo de protección personal\npuede aumentar el riesgo del\nestrés por calor."]
[null,null,null,null,"NO"," Temperaturas\nextremas (calor Radiaciones No ionizantes) porfactor de CAMBIO CLIMATICO","FISICO","Stress termico Agotamiento Mareos  Deshidratación Golpes de calor, lesiones en la piel, dolor de cabeza.","No aplica","Ninguno","Protector Solar",2,2,4,"BAJO",10,40,"III","MEJORABLE","NO APLICA","NO APLICA","NO APLICA","Todos los funcionarios que realicen desplazamientos fuera de la sede deben apalicar el Estándar de Seguridad \"EST-204\"., se recomienda hidratación continua, alimentación adecuada, Organización de los puestos de trabajo, limplementación de un programa de climatización.Sistemas de ventilación","Ropa de trabajo y equipos de\nprotección adecuados(camisa,\nmanga larga, pantalón largo,\ngorra o sombrero de ala ancha).\nSaber que la ropa protectora o el\nequipo de protección personal\npuede aumentar el riesgo del\nestrés por calor."]
[null,null,null,null,"NO","Inalación de Humos y Vapores\n (Incendios Forestales )por factor CAMBIO CLIMATICO","QUÍMICO","Asfixia, Dificultad para respirar, Ardor en los ojos, conjuntivitis, Alergias, Tos, irritación de la garganta, dolor de cabeza.","No aplica","Ninguno","Ninguno",2,2,4,"BAJO",10,40,"III","MEJORABLE","NO APLICA","NO APLICA","NO APLICA","Aplicación PON para el manejo de incendios forestales, ver PLAN DE MERGENCIA PLA-SIG 204.","NO SE REQUIERE"]
[null,null,null,null,"SI ","Postura Anti gravitacional                            Miembros superiores en la gravedad por el espacio del plano de trabajo de los puestos de trabajo. ","BIOMECÁNICO"," Tendinitis Espasmo de manos","Ninguno","Ninguno","Jornadas de pausas activas ",2,3,6,"MEDIO",10,60,"III","MEJORABLE","NINGUNO ","NINGUNO ","NINGUNO ","* Pausas activas a lo largo de la jornada laboral y sensibilizar sobre su importancia , * Realizar seguimiento para el S.V.E  para lesiones osteo musculares.* Se recomienda revisar  la posibilidad  de contar con un escritorio en \"L\" para mejorar la postura del trabajador o un escritorio lineal, elementos de confort que permitan mejorar la postura del trabajador de acuerdo al tiempo de exposición.    INS-SIG-202 INSTRUCTIVO DE PAUSAS ACTIVAS\nSALUDABLES.  PRO-SIG-203 PROCEDIMIENTO INSPECCIONES DE\nSST.     PGR-SIG-205 VIGILANCIA EPIDEMIOLÓGICA PARA LA PREVENCION DE\nDESÓRDENES MUSCULO-ESQUELÉTICOS.  ","NO APLICA "]
[null,null,null,"TRANSFERENCIAS DOCUMENTALES. MANEJO DE CORRESPONDENCIA. ACTIVIDAD MANEJO DE ARCHIVO.; APLICA PARA FUNCIONARIOS DE PLANTA Y/O CONTRATO. ","SI","Locativo - Cableado del computador expuesto debajo del escritorio","CONDICIONES DE SEGURIDAD","Se potencializa el riesgo de incendio y accidentes por caídas, chispas, conatos de incendios ","Ninguno","Inspecciones a puestos de trabajo ","Ninguno",2,3,6,"MEDIO",10,60,"III","MEJORABLE","NINGUNO ","NINGUNO ","NINGUNO ","*Agrupar el cableado eléctrico, utilizando espiral porta cable  y/o canaleta. * Jornadas de orden y aseo.  * Capacitaciones en caídas al mismo nivel.     PRO-SIG-203 PROCEDIMIENTO INSPECCIONES DE\nSST.     PGR-SIG-203-PROGRAMA PROTECCIÓN CONTRA\nCAÍDAS.  PGR-SIG-204 ORDEN Y ASEO.\n","NO APLICA"]
[null,null,null,null,"SI","Sobre esfuerzos\n(Manejo de documentos y cajas)","BIOMECÁNICO","*Dolor lumbar inespecífico\n*Hombro doloroso","Ninguno","Ninguno","Capacitación en manejo de cargas- capacitación  de seguridad en archivos ",2,3,6,"MEDIO",10,60,"III","MEJORABLE","NO SE REQUIERE","NO SE REQUIERE","NO SE REQUIERE","*Realizar  reinducción SST- continuar capacitación manejo de cargas y autocuidado. PGR-SIG-205 VIGILANCIA EPIDEMIOLÓGICA PARA LA PREVENCION DE\nDESÓRDENES MUSCULO-ESQUELÉTICOS.  ","NO APLICA"]
[null,null,null,null,"SI","Movimientos repetitivos  \n(Digitación)","BIOMECÁNICO","Síndrome de Túnel del Carpo ( STC).\nSíndrome de Quervein","Ninguno","Diseño del sistema (puesto) de trabajo adecuado.","Alterna varias labores",2,4,8,"MEDIO",25,200,"II","ACEPTABLE CON CONTROL ESPECIFICO","NO SE REQUIERE","NO SE REQUIERE","NO SE REQUIERE","*Se recomienda la implementación permanente de pausas activas durante la jornada laboral.                                                                                                                                                  ","NO APLICA"]
[null,null,null,null,"SI","Virus                               (Exposición con ácaros al archivar documentos)","BIOLÓGICO","*Dermatosis\n*Reacciones alérgicas\n*Enfermedades infecciosas\n*Infecciones respiratorias","Depuración del archivo ","limpieza de archivos periódicamente ","Capacitación de seguridad de los archivos. Recomendaciones en inducción y reinducción. Entrega de E.P.P ( monogafas, tapabocas y bata)",2,3,6,"MEDIO",10,60,"III","MEJORABLE","NO APLICA","NO APLICA","NO APLICA","*Capacitar a los trabajadores en auto cuidado y la importancia del uso de los EPP.\n*Realizar capacitación en lavado de manos.    PGR-SIG-201 ESTILOS DE VIDA Y TRABAJO\nSALUDABLES.    .   ","*Uso de EPP (Guantes - Tapa bocas, monogafas )"]
[null,null,null,null,"SI","Bacterias                              (Exposición con ácaros al archivar documentos)","BIOLÓGICO","*Dermatosis\n*Reacciones alérgicas\n*Enfermedades infecciosas\n*Infecciones respiratorias","Depuración del archivo ","limpieza de archivos periódicamente ","Capacitación de seguridad de los archivos. Recomendaciones en inducción y reinducción. Entrega de E.P.P ( monogafas, tapabocas y bata)",2,3,6,"MEDIO",10,60,"III","MEJORABLE","NO APLICA","NO APLICA","NO APLICA","*Capacitar a los trabajadores en auto cuidado y la importancia del uso de los EPP.\n*Realizar capacitación en lavado de manos.   PRO-SIG-202 PROCEDIMIENTO ADMINISTRACIÓN DE ELEMENTOS DE\nEPP. ","*Uso de EPP (Guantes - Tapa bocas, monogafas )"]
[null,null,null,null,"SI","Material Particulado Acumulación de material particulado (polvo) en la documentación del área de archivo. ","QUÍMICO","Irritaciones, alergias a nivel respiratorio","Depuración del archivo ","limpieza de archivos periódicamente ","Capacitación de seguridad de los archivos. Recomendaciones en inducción y reinducción. Entrega de E.P.P ( monogafas, tapabocas y bata)",2,3,6,"MEDIO",10,60,"III","MEJORABLE","NINGUNO ","NINGUNO ","*Se recomienda realizar mantenimiento correctivo a los extractores que hay en el área. ","*Exámenes periódicos anualmente al personal  expuesto con espirometrías. Realizar reinducción.   PRO-SIG-201 PROCEDIMIENTO EXÁMENES\nOCUPACIONALES.  ","Uso de tapabocas , guantes y monogafas "]
[null,null,null,null,"SI","Manipulación manual de cargas \"Halar\"                         ","BIOMECÁNICO","*Hombro doloroso\n*Epicondilitis\n*Tendinitis\n*Bursitis","No aplica","No hay","No hay ",2,3,6,"MEDIO",10,60,"III","MEJORABLE","NO APLICA","NO APLICA","Suministrar ayudas mecánicas para el manejo seguro de cargas. ","*Capacitación en manipulación manual de cargas \n*Formación de líderes en pausas activas en la sede, con el fin de implementar las mismas. \n*Continuar con la implementación del PVE Biomecánico para prevención de lesiones osteomusculares.    INS-SIG-202 INSTRUCTIVO DE PAUSAS ACTIVAS\nSALUDABLES.  PGR-SIG-205 VIGILANCIA EPIDEMIOLÓGICA PARA LA PREVENCION DE\nDESÓRDENES MUSCULO-ESQUELÉTICOS. ","No aplica"]
[null,null,null,null,"SI ","Mecánico                                                     Manejo de herramientas manuales \n(Grapadora, saca ganchos, perforadora, ganchos legadores)","CONDICIONES DE SEGURIDAD\n","Golpes, heridas, pinchazos, magulladuras de diferentes en los miembros superiores ","cambio de herramienta periódicamente ","Ninguno ","Recomendaciones en inducción y reinducción",2,3,6,"MEDIO",10,60,"III","MEJORABLE","NINGUNO ","NINGUNO ","NINGUNO ","*Capacitación sobre manejo seguro de herramientas.\n*Capacitación en prevención en lesiones de mano.\n*Inspeccionar las diferentes herramientas utilizados en la oficina para labores administrativas.    PRO-SIG-203 PROCEDIMIENTO INSPECCIONES DE\nSST.   ","NO APLICA"]
[null,null,null,null,"SI","Movimientos Repetitivos\nArchivar documentos en el archivo, búsqueda de documentos. ","BIOMECÁNICO","Síndromes túnel del carpo\n\nSíndrome de Querían","Ninguno","SVE  Biomecánico ","Ninguno",2,3,6,"MEDIO",10,60,"III","MEJORABLE","NINGUNO ","NINGUNO ","NINGUNO ","*Implementar el programa de pausas activas, específicamente                                                                                      *Continuar con la implementación del Sistema de vigilancia epidemiológico osteomuscular.    INS-SIG-202 INSTRUCTIVO DE PAUSAS ACTIVAS\nSALUDABLES.  PGR-SIG-205 VIGILANCIA EPIDEMIOLÓGICA PARA LA PREVENCION DE\nDESÓRDENES MUSCULO-ESQUELÉTICOS.  ","NO APLICA"]
[null,null,null,null,"SI ","Movimientos repetitivos  Abrir y cerrar las estanterías móviles del archivo (rodantes) ","BIOMECÁNICO ","Síndrome del Túnel Carpiano, Manguito rotador ","Ninguno","Ninguno","Pausas Activas Implementación del SVE DMO ",2,3,6,"MEDIO",10,60,"III","MEJORABLE","NINGUNO ","NINGUNO ","NINGUNO ","*Implementar el programa de pausas activas                                                                 *Implementación del Sistema de vigilancia epidemiológico desordes musculo esqueléticos, con el fin de identificar las personas con sintomatología y hacer el respectivo seguimiento y control de los diagnósticos médicos que se presenten.      INS-SIG-202 INSTRUCTIVO DE PAUSAS ACTIVAS\nSALUDABLES.  PGR-SIG-205 VIGILANCIA EPIDEMIOLÓGICA PARA LA PREVENCION DE\nDESÓRDENES MUSCULO-ESQUELÉTICOS.  ","NO APLICA"]
[null,null,null,"ACTIVIDAD DESPLAZAMIENTO A EVENTOS Y REUNIONES INSTITUCIONALES,  INSPECCIONES, VISITAS TÉCNICAS (DE CAMPO), ACTIVIDADES DE BIENESTAR DEPORTIVAS Y CULTURALES FUERA DE LA SEDE; APLICA PARA FUNCIONARIOS DE PLANTA Y/O CONTRATO.","SI","Accidentes de tránsito                      \n     \n(En los desplazamientos de la visitas a los centros de trabajo)\n\nVER MATRIZ DE RIESGO VIAL ","CONDICIONES DE SEGURIDAD","*Muerte \n*Lesiones graves en el cuerpo entero\n*Atrapamiento vehicular","Ninguno","Vehículos de la empresa con mantenimiento preventivo y correctivo. ","Retroalimentación política de seguridad vial - recomendaciones en inducción y reinducción",2,2,4,"BAJO",100,400,"II","ACEPTABLE CON CONTROL ESPECIFICO","NO APLICA","NO APLICA","*Se debe empezar a realizar la inspección pre operacional de vehículos de la empresa, para identificar condiciones del mismo \"Por parte de los conductores\". ","*Dar cumplimiento al plan de capacitación del PESV según el rol (Pasajero - Conductor - Peatón)\n*Realizar sensibilización en seguridad vial.    PLA-SIG-202 PESV PLAN ESTRATÉGICO DE SEGURIDAD\nVIAL.  ","NO APLICA"]
[null,null,null,null,null,"Picaduras     y Mordeduras                 (Exposición con animales en las vías públicas)","BIOLÓGICO","Infecciones","No aplica","No aplica","Recomendaciones en inducción y reinducción. Uso de camisa manga larga ",2,3,6,"MEDIO",10,60,"III","MEJORABLE","NO APLICA","NO APLICA","NO APLICA","*Se recomienda capacitar en prevención por mordeduras o picaduras en vías públicas. Realizar reinducción.  PGR-SIG-201 ESTILOS DE VIDA Y TRABAJO\nSALUDABLES.   \n","NO APLICA"]
[null,null,null,null,"SI","Público\n(Robos - Atracos - Asaltos - Agresiones verbales - Actos Violentos)","CONDICIONES DE SEGURIDAD","*Golpes\n*Agresiones verbales y físicas \n*Atentados violentos\n*Heridas\n*Muerte","Ninguno","Ninguno","Ninguno",2,2,4,"BAJO",100,400,"II","ACEPTABLE CON CONTROL ESPECIFICO","NO APLICA","NO APLICA","NO APLICA","*Socializar los planes contingencia para diferentes situaciones  de emergencia específicamente riesgo público. Socialización PON riesgo publico.  PLA-SIG-204 PLAN DE PREVENCIÓN, PREPARACIÓN Y RESPUESTA ANTE\nEMERGENCIAS.","NO APLICA"]
[null,null,null,null,"SI","Sobre esfuerzos\n(Manejo de documentos y cajas)","BIOMECÁNICO","*Dolor lumbar inespecífico\n*Hombro doloroso","Ninguno","Ninguno","Ninguno",2,4,8,"MEDIO",25,200,"II","ACEPTABLE CON CONTROL ESPECIFICO","NO SE REQUIERE","NO SE REQUIERE","NO SE REQUIERE","*Realizar  re inducción en manejo seguro de cargas.  PGR-SIG-205 VIGILANCIA EPIDEMIOLÓGICA PARA LA PREVENCION DE\nDESÓRDENES MUSCULO-ESQUELÉTICOS. ","NO APLICA"]
[null,null,null,null,"SI","Movimientos repetitivos  \n(Digitación)","BIOMECÁNICO","Síndrome de Túnel del Carpo ( STC).\nSíndrome de Quervein","Ninguno","Diseño del sistema (puesto) de trabajo adecuado.","Alterna varias labores",2,4,8,"MEDIO",25,200,"II","ACEPTABLE CON CONTROL ESPECIFICO","NO SE REQUIERE","NO SE REQUIERE","NO SE REQUIERE","*Se recomienda la implementación permanente de pausas activas durante la jornada laboral.    INS-SIG-202 INSTRUCTIVO DE PAUSAS ACTIVAS\nSALUDABLES.                                                                                                                                              ","NO APLICA"]
[null,null,null,null,"SI ","Movimientos repetitivos \nManejar el volante constantemente ","BIOMECÁNICO ","Alteraciones músculo esqueléticas. ","Ninguno ","Ninguno ","Ninguno ",2,4,8,"MEDIO",25,200,"II","ACEPTABLE CON CONTROL ESPECIFICO","NINGUNO ","NINGUNO ","NINGUNO ","Continuar con el sistema de vigilancia\nepidemiológica para el control de lesiones\nosteomusculares. Capacitar a los trabajadores.     PGR-SIG-205 VIGILANCIA EPIDEMIOLÓGICA PARA LA PREVENCION DE\nDESÓRDENES MUSCULO-ESQUELÉTICOS.\nen higiene postural, pausas activas.","NO APLICA "]
[null,null,null,null,"SI ","Material Particulado  \nExposición a material\nparticulado en los desplazamientos terrestres ","QUÍMICO      ","Neumoconiosis, alergias respiratorias,\nneumonitis, en algunos casos cáncer.","Ninguno ","Ninguno ","Recomendaciones en inducción y reinducción",2,3,6,"MEDIO",10,60,"III","MEJORABLE","NINGUNO ","NINGUNO ","NINGUNO ","*Pausas activas o descansos durante los desplazamientos terrestres. Realizar reinducción      PGR-SIG-205 VIGILANCIA EPIDEMIOLÓGICA PARA LA PREVENCION DE\nDESÓRDENES MUSCULO-ESQUELÉTICOS.     INS-SIG-202 INSTRUCTIVO DE PAUSAS ACTIVAS\nSALUDABLES.  \n","EPP (Gafas de seguridad) "]
[null,null,null,null,"SI ","Ruido                                                 \nRuido Ambiental por los desplazamientos en los vehículos   terrestres en vía.","FÍSICO                              ","Fatiga auditiva , molestias para el desarrollo de la labor, dolor de cabeza.","Ninguno ","Ninguno ","Ninguno ",2,3,6,"MEDIO",10,60,"III","MEJORABLE","NINGUNO ","NINGUNO ","NINGUNO ","*Pausas activas o descansos durante los desplazamientos terrestres.   INS-SIG-202 INSTRUCTIVO DE PAUSAS ACTIVAS\nSALUDABLES.    \n","NO APLICA"]
[null,null,null," ATENCIÓN Y MANEJO DE EMERGENCIAS; APLICA PARA FUNCIONARIOS DE PLANTA Y/O CONTRATO.","SI","Accidentes aéreos                           (En los desplazamientos para áreas de alto riesgo como el nevado)\n","CONDICIONES DE SEGURIDAD","*Muerte \n*Lesiones graves en el cuerpo entero\n*Caída de avión","Ninguno","Ninguno","Ninguno",2,2,4,"BAJO",100,400,"II","ACEPTABLE CON CONTROL ESPECIFICO","NO APLICA","NO APLICA","NO APLICA","*Dar cumplimiento a las normas de seguridad para viajes aéreos.","NO APLICA"]
[null,null,null,null,"SI","Iluminación  \nDeficiente en  eventos de emergencias","FÍSICO","Lesiones visuales ","Ninguno","Uso de equipos de luz","Ninguno",2,3,6,"MEDIO",10,60,"III","MEJORABLE","NO APLICA","*Realizar cambio de la luminaria que se encuentran en mal estado         ","NO APLICA","*Realizar mantenimiento preventivo a los equipos de suministro de iluminación.   PRO-SIG-203 PROCEDIMIENTO INSPECCIONES DE\nSST.  ","NO APLICA"]
[null,null,null,null,"SI ","Mecánico                                                 Fallas mecánicas de los vehículos ","CONDICIONES DE SEGURIDAD ","Accidentes de transito, Lesiones y traumas ","Mantenimientos de la motocicleta ","Ninguno ","Ninguno ",2,3,6,"MEDIO",10,60,"III","MEJORABLE","NINGUNO ","NINGUNO ","Mantenimientos correctivos y/o preventivos de la motocicleta . Kit de herramientas ","Inspecciones pre operacionales del vehículo. Capacitaciones en manejo defensivo al trabajador capacitaciones en buenas practicas y conductas seguras de movilidad. Capacitaciones en normas básicas mecánica \n*Implementación del Plan Estratégico de Seguridad Vial.   PLA-SIG-202 PESV PLAN ESTRATÉGICO DE SEGURIDAD\nVIAL.  ","NO APLICA "]
[null,null,null,null,"SI "," Eléctrico                                                Fallas eléctricas de los vehículos ","CONDICIONES DE SEGURIDAD ","Accidentes de transito","Mantenimientos de la motocicleta ","Ninguno ","Ninguno ",2,3,6,"MEDIO",10,60,"III","MEJORABLE","NINGUNO ","NINGUNO ","Mantenimientos correctivos y/o preventivos de la motocicleta . Kit de herramientas ","Inspecciones pre operacionales del vehículo. Capacitaciones en buenas practicas y conductas seguras de movilidad. Capacitaciones en normas básicas mecánica\n*Implementación del Plan Estratégico de Seguridad Vial.   PLA-SIG-202 PESV PLAN ESTRATÉGICO DE SEGURIDAD\nVIAL.   ","NO APLICA "]
[null,null,null,null,"SI","Postura Prolongada \n(Postura bípeda durante la mayor parte de la jornada laboral)","BIOMECÁNICO","Dolor lumbar inespecífico\nEspasmos musculares\nContracturas \nLesión del nervio poplíteo lateral \nFatiga en miembros inferiores y en las articulaciones","Ninguno","Ninguno","Ninguno",2,3,6,"MEDIO",10,60,"III","MEJORABLE","NO APLICA","NO APLICA","NO APLICA","*Capacitación en  higiene postural y pausas activas.           \n*Realizar pausas activas.           INS-SIG-202 INSTRUCTIVO DE PAUSAS ACTIVAS\nSALUDABLES.                                                                                                                                                     ","NO APLICA"]
[null,null,null,null,"SI","Sobre esfuerzos                                                  (Transporte de elementos pesados y en la atención de la emergencia)","BIOMECÁNICO","Dolor lumbar inespecífico\nHombro doloroso","Ninguno","Ninguno","Ninguno",2,3,6,"MEDIO",10,60,"III","MEJORABLE","NO APLICA","NO APLICA","NO APLICA","*Realizar reinducción  en manipulación manual de cargas\n *Implementar el programa de pausas activas por lo menos 2 veces a la semana.       INS-SIG-202 INSTRUCTIVO DE PAUSAS ACTIVAS\nSALUDABLES.                                                                                    ","NO APLICA"]
[null,null,null,null,"SI","Tecnológico  -incendios\n(En la atención de incendios)","CONDICIONES DE SEGURIDAD","Quemaduras ","Ninguno","Ayudas tecnológicas para la ignición del fuego ","Uso de traje para atención de incendios ",2,3,6,"MEDIO",10,60,"III","MEJORABLE","NINGUNO ","NINGUNO ","NINGUNO ","*Continuar con la entrega de dotación para las actividades inherentes                                                                                                                      *Continuar con la capacitación y entrenamiento  los bomberos en temas de actuación de emergencias.    PLA-SIG-204 PLAN DE PREVENCIÓN, PREPARACIÓN Y RESPUESTA ANTE\nEMERGENCIAS.                                                                                                                                                                         ","Uso de traje para atención de incendios ( ignífugos)"]
[null,null,null,null,"SI","Tecnológico  -incendios\n(En la atención de incendios)","CONDICIONES DE SEGURIDAD","Quemaduras ","Ninguno","Ayudas tecnológicas para la ignición del fuego ","Uso de traje para atención de incendios ",2,3,6,"MEDIO",10,60,"III","MEJORABLE","NINGUNO ","NINGUNO ","NINGUNO ","*Continuar con la entrega de dotación para las actividades inherentes.                                                                                                                      *Continuar con la capacitación y entrenamiento  los bomberos en temas de actuación de emergencias.   PLA-SIG-204 PLAN DE PREVENCIÓN, PREPARACIÓN Y RESPUESTA ANTE\nEMERGENCIAS.                                                                                                                                                                           ","Uso de traje para atención de incendios ( ignífugos)"]
[null,null,null,null,"SI","Mecánico                                         Manejo de Equipos de atención de emergencias","CONDICIONES DE SEGURIDAD","Traumas de tejidos blandos (laceración, contusión, etc.)       ","Ninguno","Elementos de trabajo en buen estado","Recomendaciones en inducción y reinducción",2,3,6,"MEDIO",10,60,"III","MEJORABLE","NINGUNO ","NINGUNO ","NINGUNO ","*Capacitar en prevención de accidentes por riesgo mecánico, enfocado a los elementos de trabajo.   PRO-SIG-203 PROCEDIMIENTO INSPECCIONES DE\nSST.  PRO-SIG-206 REPORTE DE ACTOS Y CONDICIONES\nINSEGURAS.","NO APLICA"]
[null,null,null,null,"SI","Temperaturas extremas                                                 (Frio)","FÍSICO ","Fatiga\nAgravamiento de trastornos cardiovasculares.","Ninguno","Ninguno","Uso de EPP\nCapacitaciones especializadas / formación bomberil",2,3,6,"MEDIO",10,60,"III","MEJORABLE","NINGUNO ","NINGUNO ","NINGUNO ","1. capacitar al personal sobre el riesgo expuesto.                                                                                                                                                                   \n 2 Disponer de equipos y aditamentos necesarios para cada rescatista para la atención de este tipo de emergencias.      PLA-SIG-204 PLAN DE PREVENCIÓN, PREPARACIÓN Y RESPUESTA ANTE\nEMERGENCIAS.   ","Utilizar los equipos y elementos de protección adecuados y completos para la atención de estas emergencias.             "]
[null,null,null,null,"SI","Temperaturas extremas                                                 (Calor )","FÍSICO ","Fatiga\nMareos \nDesmayos por deshidratación\nAgravamiento de trastornos cardiovasculares.","Ninguno","Ninguno","Uso de EPP\nCapacitaciones especializadas / formación bomberil",2,3,6,"MEDIO",10,60,"III","MEJORABLE","NINGUNO ","NINGUNO ","NINGUNO ","1. capacitar al personal sobre el riesgo expuesto.                                                                                                                                                                   \n2. realizar mantenimiento e inspecciones periódicas a los equipos de protección personal (trajes de acercamiento. PLA-SIG-204 PLAN DE PREVENCIÓN, PREPARACIÓN Y RESPUESTA ANTE\nEMERGENCIAS.  ","*Utilizar los EPP adecuados y completos para la atención de estas emergencias.                                                                                                                                                                                                                  *Se recomienda cambiar los equipos de protección personal (trajes de acercamiento al fuego) del personal contratista, debido a su desgaste y tiempo de servicio."]
[null,null,null,null,"SI","Presiones barométricas \n(Inmersión en el agua de ríos, lagos, quebradas)","FÍSICO ","Trastornos articulares\nAlteración del sistema nervioso central\nPerdida de la capacidad auditiva","Ninguno","Ninguno","Uso de EPP\nCapacitaciones especializadas / formación bomberil",2,3,6,"MEDIO",10,60,"III","MEJORABLE","NINGUNO ","NINGUNO ","NINGUNO ","1. capacitar al personal sobre el riesgo expuesto.                                                                                                                                                                                                                                                                              2. acondicionar intervalos de trabajo durante la atención de estas emergencias.     PLA-SIG-204 PLAN DE PREVENCIÓN, PREPARACIÓN Y RESPUESTA ANTE\nEMERGENCIAS.                                                                                       ","1. Utilizar los equipos y elementos de protección adecuados y completos para la atención de estas emergencias                                                                                                                2. se recomienda cambiar los equipos y trajes de buceo, debido a su desgaste y tiempo de servicio."]
[null,null,null,null,"SI","Tareas de alto riesgo  \n(En eventos de emergencias)","CONDICIONES DE SEGURIDAD","Muerte","Ninguno","Análisis de tarea segura y permisos de trabajo","Uso de EPP\nCapacitaciones especializadas / formación bomberil",2,2,4,"BAJO",100,400,"II","ACEPTABLE CON CONTROL ESPECIFICO","NO APLICA","NO APLICA","NO APLICA","*Continuar con el entrenamiento a los bomberos    *Continuar con la aplicación de protocolos para situaciones de alto riesgo.      PLA-SIG-204 PLAN DE PREVENCIÓN, PREPARACIÓN Y RESPUESTA ANTE\nEMERGENCIAS.","Continuar con el uso de EPP que se requiere para la atención de emergencias "]
[null,null,null,null,"SI","Espacio confinado \nEn eventos de emergencias","CONDICIONES DE SEGURIDAD","Muerte","Ninguno","Análisis de tarea segura y permisos de trabajo","Uso de EPP\nCapacitaciones especializadas / formación bomberil",2,2,4,"BAJO",100,400,"II","ACEPTABLE CON CONTROL ESPECIFICO","NINGUNO ","NINGUNO ","NINGUNO ","*Diseñar e implementar  el procedimiento de trabajo seguro para la realización de actividades en espacios confinados.    PGR-SIG-203-PROGRAMA PROTECCIÓN CONTRA\nCAÍDAS.  ","NO APLICA"]
[null,null,null,null,"SI","Sustancias químicas\n(Dependiendo de la emergencia)","QUÍMICOS","Quemaduras, alteraciones de órganos y sentidos, muerte.","Ninguno","Ninguno","capacitaciones especializadas / formación bomberil, mascarillas respiratorias, para gases y vapores. Respiración autónoma ",2,2,4,"BAJO",100,400,"II","ACEPTABLE CON CONTROL ESPECIFICO","NO APLICA","NO APLICA","NO APLICA","1. capacitar al personal sobre el riesgo expuesto.                                                                                                                                                                   2. realizar mantenimiento e inspecciones periódicas a los equipos de protección personal (trajes de acercamiento) y equipos de respiración autónoma. ","1. Utilizar los EPP adecuados y completos para la atención de estas emergencias.                                                                                                                                                                                                                  2. se recomienda cambiar los equipos de protección personal (trajes de acercamiento al fuego) del personal contratista, debido a su desgaste y tiempo de servicio."]
[null,null,null,null,"SI"," Eléctrico                                       Alta tensión.                           (Múltiples conexiones eléctricas, dentro y fuera de las estaciones)","CONDICIONES DE SEGURIDAD","Corto circuitos, electrocución, explosiones e incendios.","Ninguno","Ninguno","Uso de EPP\nCapacitaciones especializadas / formación bomberil",2,3,6,"MEDIO",10,60,"III","MEJORABLE","NO APLICA","NO APLICA","NO APLICA","1. Capacitar al personal sobre riesgo eléctrico y medidas preventivas.                                                                                                                                                                   2. Aplicar las 5 reglas de oro para trabajar en instalaciones eléctricas.  PRO-SIG-203 PROCEDIMIENTO INSPECCIONES DE\nSST.    PGR-SIG-201 ESTILOS DE VIDA Y TRABAJO\nSALUDABLES.          ","NO APLICA"]
[null,null,null,null,"SI","Radiaciones no ionizantes                       (Exposición a luz solar)","FÍSICO ","*Cáncer de piel\n*Quemadura solar\n*Insolación \n*Foto envejecimiento cutáneo \n *Foto carcinogénesis\n*Alteraciones oculares","Ninguno","Ninguno","Uso de EPP\n(Camisa manga larga - Casco - Guantes - Jean)",2,3,6,"MEDIO",10,60,"III","MEJORABLE","NINGUNO ","NINGUNO ","NINGUNO ","*Suministrar los E.P.P, especiales para las actividades bomberiles.   Realizar reinducción.                                                         ","Utilizar los equipos y elementos de protección adecuados y completos para la atención de estas emergencias.             "]
[null,null,null,null,"SI","Ruido\n(Motores de vehículos de emergencia (sirenas, aceleración del motor))","FÍSICO ","Alteraciones del umbral auditivo\nSíndrome de ruptura traumática del tímpano","mto a equipos y vehículos de emergencia ","Ninguno","Uso de protectores auditivos ",2,3,6,"MEDIO",10,60,"III","MEJORABLE","NINGUNO ","NINGUNO ","NINGUNO ","Realizar exámenes periódicos para seguimiento a la condición auditiva. Realizar reinducción. Sensibilizaciones de autocuidado.     PRO-SIG-201 PROCEDIMIENTO EXÁMENES\nOCUPACIONALES.  ","Continuar con el uso de EPP que se requiere para la atención de emergencias "]
[null,null,null,null,"SI","Públicos                                                     Atención y formación de bomberos voluntarios ","CONDICIONES DE SEGURIDAD","Heridas, Muerte","Ninguno","Ninguno","Recomendaciones y protocolos de seguridad establecidos para las jornadas ",2,2,4,"BAJO",100,400,"II","ACEPTABLE CON CONTROL ESPECIFICO","NO APLICA","NO APLICA","NO APLICA","*Diseñar e implementar  planes contingencia para diferentes situaciones  de emergencia.   PLA-SIG-204 PLAN DE PREVENCIÓN, PREPARACIÓN Y RESPUESTA ANTE\nEMERGENCIAS.    ","NO APLICA"]
[null,null,null,null,"SI","Trabajo en alturas  \nEn eventos de emergencias","CONDICIONES DE SEGURIDAD","Caídas, muerte","Ninguno","Análisis de riesgo y permisos de trabajo","Dispositivos de seguridad para alturas ",2,2,4,"BAJO",100,400,"II","ACEPTABLE CON CONTROL ESPECIFICO","NO APLICA","NO APLICA","NO APLICA","*Diseñar e implementar el procedimiento para permiso de trabajo en alturas.                                                                                                                           * continuar certificando los funcionarios en trabajo en alturas.       PGR-SIG-203-PROGRAMA PROTECCIÓN CONTRA\nCAÍDAS.                                                                                                                    ","*Elementos de protección contra caídas en trabajo en alturas."]
[null,null,null,null,"SI ","Locativo                                                (Mal estado de la vía, vías angostas, espacios reducidos, mal estado de la vía por condiciones climáticas)","CONDICIONES DE SEGURIDAD ","Accidentes de transito","Ninguno ","Ninguno ","Capacitación en prevención de caídas. Recomendaciones en inducción y reinducción",2,3,6,"MEDIO",10,60,"III","MEJORABLE","NINGUNO ","NINGUNO ","NINGUNO ","Inspecciones pre operacionales del vehículo. Capacitaciones en buenas practicas y conductas seguras de movilidad. Capacitaciones en normas básicas mecánica\n*Implementación del Plan Estratégico de Seguridad Vial.    PLA-SIG-202 PESV PLAN ESTRATÉGICO DE SEGURIDAD\nVIAL.  ","NO APLICA "]
[null,null,null,null,"SI ","Postura prolongada                        Exposición a posturas prolongadas sedentes durante la conducción","BIOMECÁNICO ","Alteraciones músculo esqueléticas, fatiga física ","Ninguno ","Ninguno ","Pausas activas o descansos durante los desplazamientos terrestres.",2,4,8,"MEDIO",25,200,"II","ACEPTABLE CON CONTROL ESPECIFICO","NINGUNO ","NINGUNO ","NINGUNO ","Continuar con el sistema de vigilancia\nbiomecánico. Capacitar a los trabajadores\nen higiene postural, pausas activas durante los desplazamientos.    INS-SIG-202 INSTRUCTIVO DE PAUSAS ACTIVAS\nSALUDABLES.  PGR-SIG-205 VIGILANCIA EPIDEMIOLÓGICA PARA LA PREVENCION DE\nDESÓRDENES MUSCULO-ESQUELÉTICOS.   ","NO APLICA "]
[null,null,null,null,"SI","Accidentes fluviales                (Desplazamientos pasando por ríos, quebradas y demás)","CONDICIONES DE SEGURIDAD","Fracturas \nMuerte","Ninguno","Ninguno","Recomendaciones en inducción y reinducción",2,2,4,"BAJO",100,400,"II","ACEPTABLE CON CONTROL ESPECIFICO","NO APLICA","NO APLICA","NO APLICA","*Realizar capacitaciones en actuación ante emergencias en ríos y demás.   PLA-SIG-204 PLAN DE PREVENCIÓN, PREPARACIÓN Y RESPUESTA ANTE\nEMERGENCIAS. ","NO APLICA"]
[null,null,"PELIGROS EN TODAS LAS ACTIVIDADES; APLICA PARA FUNCIONARIOS DE PLANTA Y/O CONTRATO.",null,"SI","Virus \n","BIOLÓGICO","Malestar General","Ninguno","Limpieza y desinfección de áreas de trabajo   y en casa,  Control de aforo, señalización de advertencia.","Distanciamiento    físico, uso de mascarilla, lavado de manos constante.",2,3,6,"MEDIO",10,60,"III","MEJORABLE","N.A","N.A","Trabajo en casa , diseño puestos de trabajo cumpliendo con el distanciamiento social, lavamanos y puntos de desinfección.",".   *Promover frecuentemente el lavado de manos en personal de planta, contratistas y visitantes. En caso de no contar con agua y jabón, se debe proveer con desinfectantes para manos (gel antibacterial a base de alcohol).  *Disminución de la densidad laboral en áreas de trabajo o de ocupación de la entidad promoviendo el teletrabajo. *Mantener un stop de EPP  (mascarillas ) para dotación y recambio. *Establecer canales de comunicación individualizados y/o de grupo: correo electrónico, redes sociales, videoconferencia, teléfono para reuniones evitando la presencialidad. *Revisión y análisis de los perfiles epidemiológicos por cargo, estrategias motivación para que los funcionarios se  vacunen. ","Uso permanente de mascarilla respiratoria. Uso periódico de productos para limpieza (agua y jabón) y  alcohol al 70%, mono gafas o careta."]
[null,null,null,null,"SI"," Demandas Emocionales: Condiciones de la tarea                             \nLa novedad del entorno de trabajo, situación familiar:  hijos o personas mayores a cargo en el hogar en situación de riesgo, miedo al contagio, aislamiento social y confinamiento, miedos e incertidumbres laborales y socioeconómicos, espacios y recursos compartidos por varias personas ante las mismas circunstancias en sus domicilios, convertir espacios de su hogar en despachos improvisados para poder seguir desempeñando su tarea diaria, valoración subjetiva y objetiva por parte del experto mientras se aplica la batería de riesgo psicosocial.","PSICOSOCIAL","Alteraciones mentales, Ansiedad, depresión, estrés postraumático.","S.V.E. Psicosocial","S.V.E Psicosocial","Intervenciones individuales y grupales, capacitaciones, medidas de afrontamiento, manejo de habilidades sociales.",2,3,6,"MEDIO",10,60,"III","MEJORABLE","N.A","N.A","Organización de los puestos de trabajo, lavamanos, dispensadores, cumpliendo con el distanciamiento."," “ identificación de personas con mayor riesgo, prácticas para la prevención del contagio a través del autocuidado individual y familiar, entre otras”capacitaciones del protocolo de bioseguridad, inspecciones, suministro de Elementos de bioseguridad..      ","Uso de los elementos de bioseguridad, establecer el compromiso de autocuidado y trabajo seguro."]
[null,null,null,null,"SI","Características de la organización del trabajo\n(Valoración promedio mientras se realiza el proceso de aplicación de baterías de riesgo psicosocial)","PSICOSOCIAL","Alteraciones mentales, Ansiedad, depresión.","SVE. Riesgo Psicosocial","SVE. Riesgo Psicosocial","Intervenciones individuales y grupales, capacitaciones, medidas de afrontamiento, manejo de habilidades sociales.",2,3,{"$f":"+L78*M78","v":6},"MEDIO",10,{"$f":"+N78*P78","v":60},{"$f":"IF(Q78>=600,\"I\",IF(Q78>=150,\"II\",IF(Q78>=40,\"III\",IF(Q78>=20,\"IV\"))))","v":"III"},{"$f":"IF(Q78>=600,\"NO ACEPTABLE\",IF(Q78>=150,\"ACEPTABLE CON CONTROL ESPECIFICO\",IF(Q78>=40,\"MEJORABLE\",IF(Q78>=20,\"ACEPTABLE\"))))","v":"MEJORABLE"},"NO SE REQUIERE","NO SE REQUIERE","NO APLICA","*Aplicación de las baterías de riesgo  psicosocial, para verificar la exposición al peligro. \nCapacitación en trabajo en equipo y competencias individuales y profesionales.     PGR-SIG-206 VIGILANCIA EPIDEMIOLÓGICO DE RIESGO\nPSICOSOCIAL.  \n\nAnálisis de carga laboral.                                                                                                                                     ","NO SE REQUIERE"]
[null,null,null,null,"SI","Características del grupo social y del trabajo.\n(Está en proceso la evaluación de los factores de riesgo psicosocial)","PSICOSOCIAL","Stress laboral\nAfecciones de salud                                                                                                                                                                                                                                                                                                                                                                                                            Ambientes de trabajo Hostil                                                                                                                                                                                                                                                                                                                                                                                                         Baja Productividad","Cumplimiento de la normatividad ley 1010, resolución 652 y 356, 2646.","Comité de Convivencia Laboral","Capacitaciones en habilidades sociales básicas, resolución de conflictos, liderazgo efectivo.",2,3,{"$f":"+L79*M79","v":6},"MEDIO",10,{"$f":"+N79*P79","v":60},{"$f":"IF(Q79>=600,\"I\",IF(Q79>=150,\"II\",IF(Q79>=40,\"III\",IF(Q79>=20,\"IV\"))))","v":"III"},{"$f":"IF(Q79>=600,\"NO ACEPTABLE\",IF(Q79>=150,\"ACEPTABLE CON CONTROL ESPECIFICO\",IF(Q79>=40,\"MEJORABLE\",IF(Q79>=20,\"ACEPTABLE\"))))","v":"MEJORABLE"},"NO SE REQUIERE","NO SE REQUIERE","NO SE REQUIERE","*Capacitación en habilidades sociales básicas y relaciones interpersonales y comunicación asertiva y efectiva. \n\n*Capacitación en liderazgo efectivo y generación de hábitos del líder.   PGR-SIG-201 ESTILOS DE VIDA Y TRABAJO\nSALUDABLES.","NO SE REQUIERE"]
[null,null,null,null,"SI","Gestión Organizacional\n(Está en proceso la evaluación de los factores de riesgo psicosocial aplicación batería de riesgo psicosocial)","PSICOSOCIAL","Stress laboral\nAfecciones de salud                                                                                                                                                                                                                                                                                                                                                                                                                     Productividad- Ausentismo","Plan de Intervención del SVE ","N/A","Intervenciones individuales y grupales, capacitaciones en liderazgo, fortalecimiento de las escuelas de liderazgo.",2,3,{"$f":"+L80*M80","v":6},"MEDIO",10,{"$f":"+N80*P80","v":60},{"$f":"IF(Q80>=600,\"I\",IF(Q80>=150,\"II\",IF(Q80>=40,\"III\",IF(Q80>=20,\"IV\"))))","v":"III"},{"$f":"IF(Q80>=600,\"NO ACEPTABLE\",IF(Q80>=150,\"ACEPTABLE CON CONTROL ESPECIFICO\",IF(Q80>=40,\"MEJORABLE\",IF(Q80>=20,\"ACEPTABLE\"))))","v":"MEJORABLE"},"NO SE REQUIERE","NO SE REQUIERE","NO SE REQUIERE","Fortalecimiento de las escuelas de liderazgo.     PGR-SIG-201 ESTILOS DE VIDA Y TRABAJO\nSALUDABLES.","NO SE REQUIERE"]
[null,null,null,null,"SI","Contenido de la Tarea (Carga de Trabajo)\n(Está en proceso la evaluación de los factores de riesgo psicosocial aplicación batería de riesgo psicosocial)","PSICOSOCIAL","Stress laboral\nAfecciones de salud","S.V.E. Psicosocial","Distribución de la tarea por trabajo en equipo, gestión del tiempo.","Intervenciones individuales y grupales, capacitaciones, medidas de afrontamiento, manejo de habilidades sociales.",2,3,{"$f":"+L81*M81","v":6},{"$f":"IF(N81>=24,\"MUY ALTO\",IF(N81>=10,\"ALTO\",IF(N81>=6,\"MEDIO\",\"BAJO\")))","v":"MEDIO"},10,{"$f":"+N81*P81","v":60},{"$f":"IF(Q81>=600,\"I\",IF(Q81>=150,\"II\",IF(Q81>=40,\"III\",IF(Q81>=20,\"IV\"))))","v":"III"},{"$f":"IF(Q81>=600,\"NO ACEPTABLE\",IF(Q81>=150,\"ACEPTABLE CON CONTROL ESPECIFICO\",IF(Q81>=40,\"MEJORABLE\",IF(Q81>=20,\"ACEPTABLE\"))))","v":"MEJORABLE"},"NO SE REQUIERE","NO SE REQUIERE","NO SE REQUIERE","Capacitaciones, manejo del tiempo como recurso, trabajo colaborativo y ayuda percibida.  PGR-SIG-201 ESTILOS DE VIDA Y TRABAJO\nSALUDABLES.   ","NO SE REQUIERE"]
[null,null,null,null,"SI","Público\n(Robos - Atracos - Asaltos)","CONDICIONES DE SEGURIDAD","*Golpes\n*Agresiones verbales y físicas \n*Atentados violentos\n*Heridas\n*Muerte","Ninguno","Ninguno","Ninguno",2,2,{"$f":"+L82*M82","v":4},"BAJO",100,{"$f":"+N82*P82","v":400},{"$f":"IF(Q82>=600,\"I\",IF(Q82>=150,\"II\",IF(Q82>=40,\"III\",IF(Q82>=20,\"IV\"))))","v":"II"},{"$f":"IF(Q82>=600,\"NO ACEPTABLE\",IF(Q82>=150,\"ACEPTABLE CON CONTROL ESPECIFICO\",IF(Q82>=40,\"MEJORABLE\",IF(Q82>=20,\"ACEPTABLE\"))))","v":"ACEPTABLE CON CONTROL ESPECIFICO"},"NO APLICA","NO APLICA","Instalar cámaras de vigilancia en la sede. ","*Socializar los planes contingencia para diferentes situaciones  de emergencia específicamente riesgo público. Socializar PON riesgo publico.  PLA-SIG-204 PLAN DE PREVENCIÓN, PREPARACIÓN Y RESPUESTA ANTE\nEMERGENCIAS.  ","NO APLICA"]
[null,null,null,null,"SI","Público\n(Agresiones verbales - Actos Violentos)","CONDICIONES DE SEGURIDAD","*Golpes\n*Agresiones verbales y físicas \n*Atentados violentos\n*Heridas\n*Muerte","Ninguno","Ninguno","Ninguno",2,2,4,"BAJO",100,400,"II","ACEPTABLE CON CONTROL ESPECIFICO","NO APLICA","NO APLICA","Instalar cámaras de vigilancia en la sede. ","*Socializar los planes contingencia para diferentes situaciones  de emergencia específicamente riesgo público. Socializar PON riesgo publico.   PLA-SIG-204 PLAN DE PREVENCIÓN, PREPARACIÓN Y RESPUESTA ANTE\nEMERGENCIAS. ","NO APLICA"]
[null,null,null,null,"SI","Público\n(Manifestaciones públicas)","CONDICIONES DE SEGURIDAD","*Golpes\n*Agresiones verbales y físicas \n*Heridas\n*Muerte","Ninguno","Hay vigilancia permanente en la puerta de acceso del edificio. ","Ninguno",2,2,4,"BAJO",100,400,"II","ACEPTABLE CON CONTROL ESPECIFICO","NO APLICA","NO APLICA","NO APLICA","*Actualizar el plan de emergencias, incluyendo los planes operativos normalizados en caso de situaciones de emergencia en riesgo público especifico para cada sede y socializarlo a todo el personal.     \n*Capacitar al personal en actuación ante emergencias en riesgo público.    PLA-SIG-204 PLAN DE PREVENCIÓN, PREPARACIÓN Y RESPUESTA ANTE\nEMERGENCIAS.   ","NO APLICA"]
[null,null,null,null,"SI","Público\n(Inseguridad por actos delictivos en los alrededores de la sede)","CONDICIONES DE SEGURIDAD","*Golpes\n*Agresiones verbales y físicas \n*Atentados violentos\n*Heridas\n*Muerte","Ninguno","Hay vigilancia permanente en la puerta de acceso del edificio. \n\n","Ninguno",2,2,4,"BAJO",100,400,"II","ACEPTABLE CON CONTROL ESPECIFICO","NO APLICA","NO APLICA","Instalar cámaras de vigilancia ","*Socializar los planes contingencia para diferentes situaciones  de emergencia específicamente riesgo público. Socializar PON riesgo publico.    PLA-SIG-204 PLAN DE PREVENCIÓN, PREPARACIÓN Y RESPUESTA ANTE\nEMERGENCIAS. ","NO APLICA"]
[null,null,null,null,"SI","Radiaciones no ionizantes                       (Exposición a luz solar que ingresa por ventanales a la mayoría de los puestos de trabajo)","FÍSICO ","*Cáncer de piel\n*Quemadura solar\n*Insolación \n*Foto envejecimiento cutáneo \n *Foto carcinogénesis\n*Alteraciones oculares","No aplica","No hay","Recomendaciones de autocuidado",2,3,6,"MEDIO",10,60,"III","MEJORABLE","N.A","N.A","Instalación de película en las ventanas ","Realizar reinducción - continuar con las inspecciones.       PRO-SIG-203 PROCEDIMIENTO INSPECCIONES DE\nSST.  ","NO APLICA"]
[null,null,null,null,"NO","Erupción volcán machín           ","FENÓMENOS NATURALES","*Daños materiales (Pérdida total)\n*Heridas y lesiones graves\n*Accidentes de trabajo \n*Muerte","No hay","Ninguno","Capacitación  en actuación ante emergencias . Simulacros ",2,2,4,"BAJO",100,400,"II","ACEPTABLE CON CONTROL ESPECIFICO","NO SE REQUIERE","NO SE REQUIERE","NO SE REQUIERE","*Seguir las instrucciones que el departamento suministra para  casos de emergencia por posible erupción del Volcán.                                                                                              \n*Solicitar capacitación al ente respectivo sobre actuación en caso de erupción del volcán machín. \n*Capacitar en actuación ante emergencias en caso de erupción del volcán machín a todo el personal.  \n*Actualizar plan de emergencias incluyendo el PON por posible erupción del volcán machín y socializar a los trabajadores.         PRO-SIG-203 PROCEDIMIENTO INSPECCIONES DE\nSST.      "]
[null,null,null,null,"SI","Tecnológico\n(Incendios - Explosiones)\nGenerado dentro de las instalaciones del edificio","CONDICIONES DE SEGURIDAD","Incendios \nQuemaduras de grado 2 y 3\nMuerte","Ninguno","Uso de equipos contra incendio","Personal capacitado en manejo de equipos contra incendios",2,2,4,"BAJO",100,400,"II","ACEPTABLE CON CONTROL ESPECIFICO","NO APLICA","NO APLICA","*Realizar mantenimiento preventivo y correctivo de los equipos eléctricos e instalaciones eléctricas en la sede","*Capacitación en prevención de accidentes de trabajo por riesgo eléctrico.                                                          \n\n*Continuar con las inspecciones de seguridad enfocado a riesgo eléctrico.    PRO-SIG-203 PROCEDIMIENTO INSPECCIONES DE\nSST.             ","NO APLICA"]
[null,null,"PELIGROS QUE APLICAN A TRABAJO CONR ESTRICCIONES DE SALUD Y/O TELE TRABAJO.",null,"SI","Postura Prolongada \n(Postura sedente más del 75% de la jornada laboral en trabajo con video terminales)","BIOMECÁNICO","*Dolor lumbar inespecífico\n*Espasmos musculares","Ninguno","Ninguno","Ninguno",2,3,6,"MEDIO",10,60,"III","MEJORABLE","NO APLICA","NO SE REQUIERE","NO SE REQUIERE","*Realizar visitas virtuales por parte del Grupo de SST para capacitar en higiene postural en casa.\n\n*Realizar pausas activas en el área.                                                                 \n\n*Continuar con las actividades del programa de vigilancia epidemiológico  para prevención de desordenes musculo esqueléticas asociadas al peligro biomecánico, para trabajo en casa.            INS-SIG-202 INSTRUCTIVO DE PAUSAS ACTIVAS\nSALUDABLES.    PGR-SIG-205 VIGILANCIA EPIDEMIOLÓGICA PARA LA PREVENCION DE\nDESÓRDENES MUSCULO-ESQUELÉTICOS.                                                                     ","NO APLICA"]
[null,null,null,null,"SI","Movimientos repetitivos  \n(Digitación - Escanear)","BIOMECÁNICO","Lesiones por trauma acumulativo en miembro superiores ( STC).\nSíndrome de Querían","Ninguno","Ninguno","Ninguno",2,3,6,"MEDIO",10,60,"III","MEJORABLE","NO SE REQUIERE","NO SE REQUIERE","NO SE REQUIERE","*Se recomienda la implementación permanente de pausas activas durante la jornada laboral.     INS-SIG-202 INSTRUCTIVO DE PAUSAS ACTIVAS\nSALUDABLES.                                                                                                                                               ","NO APLICA"]
[null,null,null,null,"SI","Radiaciones No ionizantes                                   (Exposición permanente a pantallas del computador)","FÍSICO ","*Fatiga visual","Ninguno","Ninguno","Ninguno",2,3,6,"MEDIO",10,60,"III","MEJORABLE","NO APLICA","NO SE REQUIERE","NO SE REQUIERE","*Se recomienda la implementación permanente de pausas activas durante la jornada laboral.    INS-SIG-202 INSTRUCTIVO DE PAUSAS ACTIVAS\nSALUDABLES.                                                                                                                                                ","NO APLICA"]
[null,null,null,null,"NO","Locativo                                                                              (Cableado eléctrico desordenado en la zona adecuada para puesto de trabajo)","CONDICIONES DE SEGURIDAD","*Se potencializa el riesgo de accidentes por caídas. ","Ninguno","Ninguno","Ninguno",2,3,6,"MEDIO",10,60,"III","MEJORABLE","NO APLICA","NO SE REQUIERE","Se recomienda agrupar el cableado eléctrico faltante, utilizando espiral porta cable u otro mecanismo de canalización. ","Realizar inspecciones de seguridad para verificar estado de cableado del  área.   PRO-SIG-203 PROCEDIMIENTO INSPECCIONES DE\nSST.  ","NO APLICA"]
[null,null,null,null,"NO","Picaduras - Mordeduras                             (Presencia de vectores e insectos dentro de la vivienda o zona destinada para laborar).","BIOLÓGICO","Infecciones","Ninguno","Ninguno","Ninguno",2,3,6,"MEDIO",10,60,"III","MEJORABLE","NO APLICA","NO APLICA","NO APLICA","* realizar una correcta inspección del área de trabajo para garantizar la NO presencia de vectores o insectos ponzoñoso. Evitar las zona con acumulación de aguas estancadas.    PRO-SIG-203 PROCEDIMIENTO INSPECCIONES DE\nSST.   ","NO APLICA"]
[null,null,null,null,"SI","Virus y Bacterias\n (Exposición a virus y bacterias debido al uso de superficies húmedas como baños, lavamanos y lavaplatos alberca)","BIOLÓGICO","*Dermatosis\n*Reacciones alérgicas\n*Enfermedades infecciosas\n*Infecciones respiratorias","Ninguno","Ninguno","Ninguno",2,3,6,"MEDIO",10,60,"III","MEJORABLE","NO APLICA","NO APLICA","NO APLICA","*Capacitar a los trabajadores en auto cuidado y la importancia del uso de los EPP.     PGR-SIG-201 ESTILOS DE VIDA Y TRABAJO\nSALUDABLES.","*Uso de EPP (Guantes - Tapa bocas)"]
[null,null,null,null,"NO","Material particulado \n(Polvo en los documentos)","QUÍMICOS","*Enfermedades respiratorias\n*Infecciones virales \n*Alergias ","Ninguno","Ninguno","Ninguno",2,3,6,"MEDIO",10,60,"III","MEJORABLE","NO APLICA","NO APLICA","NO APLICA","*Realizar seguimiento del uso de los elementos de protección personal (Tapa bocas), cuando manipule archivo con polvo.      PRO-SIG-202 PROCEDIMIENTO ADMINISTRACIÓN DE ELEMENTOS DE\nEPP.                                                                ","Suministrar tapa bocas para el desarrollo de la labor. "]
[null,null,null,null,"NO","Uso de elementos de desinfección\n(alcohol, gel antibacterial)","QUÍMICOS","\n*Alergias en piel o vías respiratorias.\n* Quemaduras ","Ninguno","Ninguno","Ninguno",2,3,6,"MEDIO",10,60,"III","MEJORABLE","NO APLICA","NO APLICA","NO APLICA","*Realizar seguimiento del uso de los elementos de protección personal (Tapa bocas), cuando manipule archivo con polvo.       PRO-SIG-202 PROCEDIMIENTO ADMINISTRACIÓN DE ELEMENTOS DE\nEPP.                                                           ","Suministrar tapa bocas para el desarrollo de la labor. "]
[null,null,null,null,"SI","Mecánico                                         (Manejo de Equipos y elementos de Oficina)","CONDICIONES DE SEGURIDAD","*Traumas de tejidos blandos (Laceración, contusión, heridas superficiales, etc.)       ","Ninguno","Ninguno","Ninguno",2,3,6,"MEDIO",10,60,"III","MEJORABLE","NO SE REQUIERE","NO SE REQUIERE","NO SE REQUIERE","*Continuar con el uso adecuado de los elementos de trabajo, realizar cambio de los elementos que se observen en mal estado.      PRO-SIG-202 PROCEDIMIENTO ADMINISTRACIÓN DE ELEMENTOS DE\nEPP.   ","NO APLICA"]
[null,null,null,null,"SI","Deficiente ventilación (Las ventanas y persianas deben permanecer cerradas para evitar el ingreso de rayos solares)","FÍSICO                              ","*Disconfort por calor ambiental permanente","Ninguno","Ninguno","Ninguno",2,3,6,"MEDIO",10,60,"III","MEJORABLE","NO APLICA","NO SE REQUIERE","NO SE REQUIERE","Se recomienda contar con un área de ventilación natural o con ventilación artificial como ventiladores.  PRO-SIG-203 PROCEDIMIENTO INSPECCIONES DE\nSST.  ","NO APLICA"]
[null,null,null,null,"SI","Manipulación y desplazamiento de cargas\n(Documentos y cajas)","BIOMECÁNICO","Lesiones en columna\nEnfermedad discal\nEnfermedad lumbar ","Ninguno","Ninguno","Ninguno",2,3,6,"MEDIO",10,60,"III","MEJORABLE","NO SE REQUIERE","NO SE REQUIERE","NO SE REQUIERE","* Practicar higiene postural para el manejo de cargas. Evitar levantar mas de 10 Kg mujeres y 20 Kg Hombres.    PGR-SIG-205 VIGILANCIA EPIDEMIOLÓGICA PARA LA PREVENCION DE\nDESÓRDENES MUSCULO-ESQUELÉTICOS.  ","NO APLICA"]
[null,null,null,null,"SI","Iluminación\n(Deficiente de iluminación natural o artificial en el sitio adecuado para laboral dentro de la vivienda)                                             ","FÍSICO ","*Fatiga visual","Ninguno","Ninguno","Ninguno",2,3,6,"MEDIO",10,60,"III","MEJORABLE","NO APLICA","Se recomienda adecuar zona de trabajo en lugar con iluminación adecuada (que no sea excesiva o deficiente). ","NO SE REQUIERE","Se recomienda adecuar el sitio de trabajo con iluminación adecuada.      PRO-SIG-203 PROCEDIMIENTO INSPECCIONES DE\nSST.  ","NO APLICA"]
[null,null,null,null,"NO","Locativo\nSuperficies de trabajo  irregulares y  desniveladas, escaleras                                 (Desplazamiento en la vivienda)","CONDICIONES DE SEGURIDAD","*Golpes \n*Caídas\n*Fracturas","Ninguno","Ninguno","Ninguno",2,3,6,"MEDIO",10,60,"III","MEJORABLE","NO APLICA","NO APLICA","NO APLICA","*Se recomienda uso de calzado adecuado y de tacón bajo según el área a visitar, con el fin de evitar caídas.   PGR-SIG-204 ORDEN Y ASEO.","Uso de calzado bajo "]
[null,null,null,null,"SI","Virus ","BIOLÓGICO","Malestar General","Ninguno","Ninguno","Ninguno",2,3,6,"MEDIO",10,60,"III","MEJORABLE","N.A","N.A","Trabajo en Casa","*Garantizar el autocuidado en Casa.\n*Participar en las reuniones de bioseguridad realizadas por el grupo de SST.\n*Evitar las reuniones sociales y evitar visitar sitios concurridos o de alto riesgo\n*  Realizar constante desinfección y limpieza de los sitios de trabajo\n* Evitar tocar cara, boca y ojos con las manos.\n* Lavar las manos cada 3 horas.      ","Uso permanente de respirador buco nasal, limpieza de superficies. Uso periódico de productos para limpieza (agua y jabón) y para  sanitizado de manos (geles a base de alcohol al 70%), mono gafas o careta"]
[null,null,null,null,"SI","Público\n(Robos - Atracos - Asaltos - Agresiones verbales - Actos Violentos)","CONDICIONES DE SEGURIDAD","*Golpes\n*Agresiones verbales y físicas \n*Atentados violentos\n*Heridas\n*Muerte","Ninguno","Ninguno","Ninguno",2,2,4,"BAJO",100,400,"II","ACEPTABLE CON CONTROL ESPECIFICO","NO APLICA","NO APLICA","NO APLICA","*Socializar los planes contingencia para diferentes situaciones  de emergencia específicamente riesgo público.     PLA-SIG-204 PLAN DE PREVENCIÓN, PREPARACIÓN Y RESPUESTA ANTE\nEMERGENCIAS.   ","NO APLICA"]
[null,null,null,null,"NO","Erupción volcán Machín","FENÓMENOS NATURALES","Erupción del Volcán Machín","Ninguno","Ninguno","Ninguno",2,3,6,"MEDIO",10,60,"III","MEJORABLE","NO APLICA","NO APLICA","NO APLICA","Tener en cuenta las recomendaciones dadas en los medios de comunicación de la alcaldía y recomendaciones en el video del ejercicio de la simulación  el día nacional del simulacro.     PLA-SIG-204 PLAN DE PREVENCIÓN, PREPARACIÓN Y RESPUESTA ANTE\nEMERGENCIAS.  ","NO APLICA"]
[null,null,null,null,"NO","Sismo - Terremoto","FENÓMENOS NATURALES","Erupción del Volcán Machín","Ninguno","Ninguno","Ninguno",2,3,6,"MEDIO",10,60,"III","MEJORABLE","NO APLICA","NO APLICA","NO APLICA","Tener en cuenta las recomendaciones dadas en los medios de comunicación de la alcaldía y recomendaciones en el video del ejercicio de la simulación  el día nacional del simulacro.     PLA-SIG-204 PLAN DE PREVENCIÓN, PREPARACIÓN Y RESPUESTA ANTE\nEMERGENCIAS.    ","NO APLICA"]

{"sheet":"ESTACIÓN BOMBEROS KENNEDY","index":21,"n_rows":105,"n_cols":24,"rows_kept":105,"cut":false,"hidden":true,"merged":[[7,2,7,3],[7,4,7,23],[8,2,9,2],[8,3,9,3],[8,4,9,4],[8,5,8,6],[8,7,9,7],[8,8,8,10],[8,11,8,17],[8,19,8,23],[2,2,5,2],[2,3,3,21],[2,23,5,23],[4,3,5,21],[6,20,6,21],[6,22,6,23],[75,2,87,3],[88,2,104,3],[10,2,43,2],[10,3,33,3],[10,4,15,4],[34,3,43,3],[44,2,74,2],[44,3,51,3],[44,4,45,4],[52,3,74,3]]}
[]
[]
[null,null,null,"PROCESO: SISTEMA INTEGRADO DE GESTIÓN",null,null,null,null,null,null,null,null,null,null,null,null,null,null,null,null,null,null,"Código: FOR-221-PRO-SIG"]
[null,null,null,null,null,null,null,null,null,null,null,null,null,null,null,null,null,null,null,null,null,null,"Versión: 05"]
[null,null,null,"FORMATO: \nIDENTIFICACIÓN DE PELIGROS, EVALUACIÓN Y VALORACIÓN DE LOS RIESGOS \nALCALDÍA MUNICIPAL DE IBAGUÉ",null,null,null,null,null,null,null,null,null,null,null,null,null,null,null,null,null,null,"Fecha: 07/07/2023"]
[null,null,null,null,null,null,null,null,null,null,null,null,null,null,null,null,null,null,null,null,null,null,"Página: 1"]
[null,null,"FECHAS DE ACTUALIZACIÓN: ","2019-02-22","2019-03-09","2019-09-02","2019-09-11","2019-09-24","2019-10-30","2020-07-22","2021-04-09","2022-05-27","2023-07-07","2024-07-08"]
[null,null,"NOMBRE",null,"13. GESTIÓN AMBIENTAL- BOMBEROS KENNEDY"]
[null,null,"1. PROCESO ADMINISTRATIVO / OPERATIVO","2. ACTIVIDADES","3. TAREA RUTINARIO (SI O NO)","PELIGRO",null,"6. EFECTOS POSIBLES\n(Salud - Seguridad)","CONTROLES EXISTENTES",null,null,"EVALUACIÓN DEL RIESGO",null,null,null,null,null,null,"VALORACIÓN DEL RIESGO","MEDIDAS DE INTERVENCIÓN"]
[null,null,null,null,null,"4. DESCRIPCIÓN","5. CLASIFICACIÓN",null,"7. FUENTE","8. MEDIO","9. INDIVIDUO","10. NIVEL DE DEFICIENCIA","11. NIVEL DE EXPOSICIÓN","12. NIVEL DE PROBABILIDAD ND X NE","13. INTERPRETACIÓN DEL NIVEL DE PROBABILIDAD","14. NIVEL DE CONSECUENCIA","15. NIVEL DE RIESGO NR E INTERVENCIÓN","16. INTERPRETACIÓN DEL NR","17. ACEPTABILIDAD DEL RIESGO","18 ELIMINACIÓN","19. SUSTITUCIÓN","20. CONTROLES DE INGENIERIA","21. CONTROLES ADMINISTRATIVOS, SEÑALIZACIÓN, ADVERTENCIA","22. ELEMENTOS DE PROTECCIÓN PERSONAL"]
[null,null,"ADMINISTRATIVO","ACTIVIDAD PLANEACIÓN, ELABORACIÓN Y EJECUCION DE DOCUMENTOS. USO DE HERRAMIENTAS TECNOLOGICAS Y VIDEO TERMINALES. INTERACCIONES LABORALES Y ADMINISTRATIVAS (ATENCIÓN AL CIDADANO); APLICA PARA FUNCIONARIOS DE PLANTA Y/O CONTRATO.","SI","Postura Prolongada (Postura sedente más del 75% de la jornada laboral en trabajo con video terminales)","BIOMECÁNICO","*Dolor lumbar inespecífico\n*Espasmos musculares","No aplica","Ninguno","Ninguno",2,4,{"$f":"+L11*M11","v":8},{"$f":"IF(N11>=24,\"MUY ALTO\",IF(N11>=10,\"ALTO\",IF(N11>=6,\"MEDIO\",\"BAJO\")))","v":"MEDIO"},25,{"$f":"+N11*P11","v":200},{"$f":"IF(Q11>=600,\"I\",IF(Q11>=150,\"II\",IF(Q11>=40,\"III\",IF(Q11>=20,\"IV\"))))","v":"II"},{"$f":"IF(Q11>=600,\"NO ACEPTABLE\",IF(Q11>=150,\"ACEPTABLE CON CONTROL ESPECIFICO\",IF(Q11>=40,\"MEJORABLE\",IF(Q11>=20,\"ACEPTABLE\"))))","v":"ACEPTABLE CON CONTROL ESPECIFICO"},"NO APLICA","NO SE REQUIERE","NO SE REQUIERE","*Realizar re inducción en higiene postural de oficina. \n\n*Realizar pausas activas en el área.                                                                 \n\n*Continuar con las actividades del programa de vigilancia epidemiológico  para prevención de desordenes musculo esqueléticas asociadas al peligro biomecánico .    INS-SIG-202 INSTRUCTIVO DE PAUSAS ACTIVAS\nSALUDABLES.                                                                             ","NO APLICA"]
[null,null,null,null,null,"Movimientos repetitivos  \n(Digitación)","BIOMECÁNICO","Síndrome de Túnel del Carpo ( STC).\nSíndrome de Querían","Ninguno","Diseño del sistema (puesto) de trabajo adecuado.","Alterna varias labores",2,4,{"$f":"+L12*M12","v":8},{"$f":"IF(N12>=24,\"MUY ALTO\",IF(N12>=10,\"ALTO\",IF(N12>=6,\"MEDIO\",\"BAJO\")))","v":"MEDIO"},25,{"$f":"+N12*P12","v":200},{"$f":"IF(Q12>=600,\"I\",IF(Q12>=150,\"II\",IF(Q12>=40,\"III\",IF(Q12>=20,\"IV\"))))","v":"II"},{"$f":"IF(Q12>=600,\"NO ACEPTABLE\",IF(Q12>=150,\"ACEPTABLE CON CONTROL ESPECIFICO\",IF(Q12>=40,\"MEJORABLE\",IF(Q12>=20,\"ACEPTABLE\"))))","v":"ACEPTABLE CON CONTROL ESPECIFICO"},"NO SE REQUIERE","NO SE REQUIERE","NO SE REQUIERE","*Se recomienda la implementación permanente de pausas activas durante la jornada laboral. INS-SIG-202 INSTRUCTIVO DE PAUSAS ACTIVAS\nSALUDABLES.                                                                                                                                                 ","NO APLICA"]
[null,null,null,null,null,"Ruido\n Ambiental proveniente de la calle  ","FÍSICO","* Dolor  de cabeza,\n* poca concentración, \n*zumbidos  en los oídos   \n* Cefaleas tensionales ","Ninguno","Realización de inspección ambiental ","Exámenes Médicos ocupacionales",2,2,4,"BAJO",25,100,"III","MEJORABLE","NINGUNO ","NINGUNO ","Realizar medición de ruido ","*Continuar con la realización de evaluaciones  medicas ocupacionales (ingreso, periódicos y egreso \n* Realizar pausa activa durante la jornada laboral una vez en la mañana y una vez en la tarde ( Si el  usuario l lo permite).   INS-SIG-202 INSTRUCTIVO DE PAUSAS ACTIVAS\nSALUDABLES.  \n\n","NO APLICA"]
[null,null,null,null,null,"Disconfort Térmico - Exposición a temperaturas altas por la inadecuada ventilación natural y artificial","FÍSICO","Disconfort térmico,   Alergias, afecciones respiratorias, cefaleas tensionales . ","Ninguno","Instalación de ventiladores y aire acondicionado. Recomendaciones en inducción y reinducción  ","Ninguno ",2,2,4,"BAJO",25,100,"III","MEJORABLE","NINGUNO ","NINGUNO ","NINGUNO ","* Realizar reinducción     PGR-SIG-201 ESTILOS DE VIDA Y TRABAJO\nSALUDABLES.  \n","NO APLICA "]
[null,null,null,null,null,"Radiaciones No ionizantes                                   (Exposición permanente a pantallas del computador)","FÍSICO ","*Fatiga visual","Uso de pantalla antirreflejo","Diseño del sistema (puesto) de trabajo adecuado.","Ninguno",2,2,4,"BAJO",25,100,"III","MEJORABLE","NO APLICA","NO SE REQUIERE","NO SE REQUIERE","*Se recomienda la implementación permanente de pausas activas durante la jornada laboral.  Realización de inducción.  INS-SIG-202 INSTRUCTIVO DE PAUSAS ACTIVAS\nSALUDABLES.                                                                                                                                                ","NO APLICA"]
[null,null,null,null,null,"Locativo - Cableado del computador expuesto debajo del escritorio","CONDICIONES DE SEGURIDAD","Se potencializa el riesgo de incendio y accidentes por caídas, chispas, conatos de incendios ","Ninguno","Inspecciones a puestos de trabajo ","Ninguno",2,2,4,"BAJO",25,100,"III","MEJORABLE","NINGUNO ","NINGUNO ","NINGUNO ","*Agrupar el cableado eléctrico, utilizando espiral porta cable  y/o canaleta. * Jornadas de orden y aseo.  * Capacitaciones en caídas al mismo nivel.   PRO-SIG-203 PROCEDIMIENTO INSPECCIONES DE\nSST.\n","NO APLICA"]
[null,null,null,null,"SI","Postura Prolongada (Postura sedente más del 75% de la jornada laboral en trabajo con video terminales)","BIOMECÁNICO","*Dolor lumbar inespecífico\n*Espasmos musculares","No aplica","Ninguno","Ninguno",2,4,8,"MEDIO",25,200,"II","ACEPTABLE CON CONTROL ESPECIFICO","NO APLICA","NO SE REQUIERE","NO SE REQUIERE","*Se recomienda realizar intervención ergonómica, para lo cual, se debe mejorar la altura de la pantalla ya que se observa baja. \n\n*Realizar re inducción en higiene postural de oficina. \n\n*Realizar pausas activas en el área.                                                                 \n\n*Continuar con las actividades del programa de vigilancia epidemiológico  para prevención de desordenes musculo esqueléticas asociadas al peligro biomecánico .  PRO-SIG-203 PROCEDIMIENTO INSPECCIONES DE\nSST.    PGR-SIG-205 VIGILANCIA EPIDEMIOLÓGICA PARA LA PREVENCION DE\nDESÓRDENES MUSCULO-ESQUELÉTICOS.                                                                                  ","NO APLICA"]
[null,null,null,null,"SI","Movimientos repetitivos  \n(Digitación)","BIOMECÁNICO","Síndrome de Túnel del Carpo ( STC).\nSíndrome de Quervein","Ninguno","Diseño del sistema (puesto) de trabajo adecuado.","Alterna varias labores",2,4,8,"MEDIO",25,200,"II","ACEPTABLE CON CONTROL ESPECIFICO","NO SE REQUIERE","NO SE REQUIERE","NO SE REQUIERE","*Se recomienda la implementación permanente de pausas activas durante la jornada laboral.      INS-SIG-202 INSTRUCTIVO DE PAUSAS ACTIVAS\nSALUDABLES.                                                                                                                                            ","NO APLICA"]
[null,null,null,null,"SI","Locativo\nSuperficies de trabajo  irregulares y  desniveladas                                 (Desplazamiento en las diferentes áreas )","CONDICIONES DE SEGURIDAD","*Golpes \n*Caídas","Ninguno","Señalización de advertencia ","Capacitación en prevención de caídas ",2,2,4,"BAJO",25,100,"III","MEJORABLE","NO APLICA","NO APLICA","NO APLICA","Recomendaciones en inducción y reinducción. Continuar capacitaciones en prevención de caídas. PGR-SIG-203-PROGRAMA PROTECCIÓN CONTRA\nCAÍDAS.","NO APLICA"]
[null,null,null,null,"SI ","Locativo                                      Falta de orden y aseo  por los elementos sin dar de baja  (TV, mangueras, ventiladores dañados) a lado de la oficina ","CONDICIONES DE SEGURIDAD ","Caídas al mismo nivel, incidentes, golpes, proliferación de animales ","Ninguno","Ninguno ","Ninguno ",2,2,4,"BAJO",25,100,"III","MEJORABLE","NINGUNO ","NINGUNO ","NINGUNO ","*Capacitaciones en caídas al mismo nivel  al personal expuesto. * Se recomienda jornadas de orden y aseo en el archivo * Se recomienda dar de baja a los elementos sin utilizar en el archivo .  PGR-SIG-203-PROGRAMA PROTECCIÓN CONTRA\nCAÍDAS.   PGR-SIG-204 ORDEN Y ASEO.     PRO-SIG-203 PROCEDIMIENTO INSPECCIONES DE\nSST.","NO APLICA"]
[null,null,null,null,"SI ","Condiciones de la tarea                          Atención de los usuarios, recepción de llamadas y  atención  de emergencias. ","PSICOSOCIAL  ","Estrés Laboral , Fatiga, conflictos en las relaciones interpersonales con el equipo de trabajo. ","Ninguno","Ninguno","Ninguno",2,2,4,"BAJO",25,100,"III","MEJORABLE","NINGUNO ","NINGUNO ","NINGUNO ","* Implementación del programa del  intervención del  riesgo psicosocial . * Talleres de liderazgo y manejo del estrés laboral.  * Capacitaciones en el manejo del tiempo.  PGR-SIG-206 VIGILANCIA EPIDEMIOLÓGICO DE RIESGO\nPSICOSOCIAL.   ","NO APLICA "]
[null,null,null,null,"SI ","Postura Forzada                            Espacio insuficiente de los  planos de trabajo (escritorio),  ","BIOMECÁNICO","Lumbalgias, Cervicalgias, Mialgias, lesiones y síndromes doloroso, tendinitis, espasmo de manos ","Ninguno","Ninguno","Jornadas de pausas activas ",2,4,8,"MEDIO",25,200,"II","ACEPTABLE CON CONTROL ESPECIFICO","NINGUNO ","NINGUNO ","NINGUNO ","* Pausas activas a lo largo de la jornada laboral y sensibilizar sobre su importancia , * Realizar seguimiento para el S.V.E  para lesiones osteo musculares.\n* Se recomienda  gestionar escritorios en \"L\"  para mejorar  la postura de los trabajadores y garantizar que la mano, muñeca y  brazo permanezcan  en línea recta en el momento  de digitar.   INS-SIG-202 INSTRUCTIVO DE PAUSAS ACTIVAS\nSALUDABLES.    ","NO APLICA"]
[null,null,null,null,"SI","Locativo                             \nCableado del computador expuesto debajo del escritorio","CONDICIONES DE SEGURIDAD","Se potencializa el riesgo de incendio y accidentes por caídas, chispas, conatos de incendios ","Ninguno","Inspecciones a puestos de trabajo ","Ninguno",2,2,4,"BAJO",25,100,"III","MEJORABLE","NINGUNO ","NINGUNO ","NINGUNO ","*Agrupar el cableado eléctrico, utilizando espiral porta cable  y/o canaleta. * Jornadas de orden y aseo.  * Capacitaciones en caídas al mismo nivel.   PRO-SIG-203 PROCEDIMIENTO INSPECCIONES DE\nSST.\n","NO APLICA"]
[null,null,null,null,"SI ","Locativo \nAusencia de las rejillas de la luminarias ","CONDICIONES DE SEGURIDAD  ","Caídas de  los tubos fluorescentes, golpes, heridas abiertas ","Ninguno ","Ninguno ","Ninguno ",2,2,4,"BAJO",25,100,"III","MEJORABLE","NINGUNO ","NINGUNO ","Se recomienda que las luminarias cuenten con protectores (rejillas), para dar cumplimiento a la normatividad. ","* Se recomienda que dentro del cronograma de mantenimiento de las instalaciones se realice la inclusión del mantenimiento correctivo y preventivo de las luminarias.   PRO-SIG-203 PROCEDIMIENTO INSPECCIONES DE\nSST.  ","NO APLICA "]
[null,null,null,null,"NO","Tecnológico \nExplosiones -  Material Combustible- Sustancias químicas ","CONDICIONES DE SEGURIDAD  ","Accidentes, Muerte, quemaduras , canastos de incendios, incendios no contralados ","Ninguno ","Señalización ","Capacitaciones en atención de emergencias y control de incendios ",2,2,4,"BAJO",100,400,"II","ACEPTABLE CON CONTROL ESPECIFICO","NINGUNO ","NINGUNO ","NINGUNO ","*Socialización de los planes de emergencia. \n*Capacitación evacuación y control de incendios.                                          * Protocolos de atención de emergencias.    PLA-SIG-204 PLAN DE PREVENCIÓN, PREPARACIÓN Y RESPUESTA ANTE\nEMERGENCIAS.\n","NO APLICA"]
[null,null,null,null,"SI","Eléctrico                           Baja tensión.                           Toma corrientes en mal estado (sin protectores) ","CONDICIONES DE SEGURIDAD","Se potencializa el riesgo de incendio ","Ninguno ","Señalización ","Capacitaciones en atención de emergencias y control de incendios ",2,2,4,"BAJO",25,100,"III","MEJORABLE","NINGUNO ","NINGUNO ","NINGUNO ","*Realizar mantenimiento de las instalaciones eléctricas (instalar protectores de las tomas eléctricas).   PRO-SIG-203 PROCEDIMIENTO INSPECCIONES DE\nSST. ","NO APLICA"]
[null,null,null,null,"SI","Tecnológico  \nIncendios   \nAbundantes elementos combustibles en el área ","CONDICIONES DE SEGURIDAD","Incendios","Ninguno","Uso de equipos contra incendios","Ninguno",2,2,4,"BAJO",25,100,"III","MEJORABLE","NO APLICA","NO APLICA","NO APLICA","*Uso de equipos contra incendios\n*Se recomienda  reubicar las balas y el equipo a ul lugar adecuado donde no se presenten transito de personas.  PRO-SIG-203 PROCEDIMIENTO INSPECCIONES DE\nSST.","NO APLICA"]
[null,null,null,null,"SI","Ruido\n(Motores de vehículos de emergencia (sirenas, aceleración del motor))","FÍSICO ","Alteraciones del umbral auditivo\nSíndrome de ruptura traumática del tímpano","Mantenimiento a equipos y vehículos ","No hay","Uso de EPP",2,2,4,"BAJO",25,100,"III","MEJORABLE","NINGUNO ","NINGUNO ","NINGUNO ","Realizar exámenes periódicos para seguimiento a la condición auditiva\n\nContinuar con el uso de EPP    PRO-SIG-201 PROCEDIMIENTO EXÁMENES\nOCUPACIONALES.","Continuar con el uso de EPP que se requiere para la atención de emergencias "]
[null,null,null,null,"SI","Virus (cambio climatico)\n ","BIOLÓGICO","Malestar general","Ninguno","Limpieza y desinfección de áreas de trabajo   y en casa,  Control de aforo, señalización de advertencia.","Distanciamiento    físico, uso de mascarilla, lavado de manos constante.",2,2,4,"BAJO",25,100,"III","MEJORABLE","NO APLICA","NO APLICA","NO APLICA","  *Promover frecuentemente el lavado de manos en personal de planta, contratistas y visitantes. En caso de no contar con agua y jabón, se debe proveer con desinfectantes para manos (gel antibacterial a base de alcohol).  *Disminución de la densidad laboral en áreas de trabajo o de ocupación de la entidad promoviendo el teletrabajo. *Mantener un stop de EPP  (mascarillas ) para dotación y recambio. *Establecer canales de comunicación individualizados y/o de grupo: correo electrónico, redes sociales, videoconferencia, teléfono para reuniones evitando la presencialidad. *Revisión y análisis de los perfiles epidemiológicos por cargo, estrategias motivación para que los funcionarios se  vacunen.   (PRO-SIG-202 Procedimiento administrativo de elementos EPP)","Uso permanente de mascarilla respiratoria. Uso periódico de productos para limpieza (agua y jabón) y  alcohol al 70%, mono gafas o careta."]
[null,null,null,null,"NO","Largas Jornadas Laborales y ausencia de descanso con altas temperaturas y radiciones altas por factor del CAMBIO CLIMATICO.","PSICOSOCIAL","Estrés, agotamiento por trabajo continuo, cansacio, fatiga, angustia, ansiedad, poca concentración y atención, somnolencia.","Ninguno","Ninguno","PVE- Riesgo psicosocial",2,2,4,"BAJO",25,100,"III","MEJORABLE","NO APLICA","NO APLICA","NO APLICA","Introducir una rutina de tiempos detrabajo y de descanso para aquellos\ntrabajadores/as que estén expuestos a ambientes calurosos, Formación en primeros auxilios, para que puedan\nreconocer y tratar los primeros síntomas de desórdenes de salud ocasionados por una\nexposición a temperaturas extremadamente cálidas., Seguir a diario los boletines\nmeteorológicos y cambiar el horario de trabajo de gran exposición al calor\na horas más frescas del día., En trabajos a campo abierto, crear zonas descanso con carpas, Disponer de agua potable fría en lugares estratégicos y visibles, cercanos al área de trabajo.","NO SE REQUIERE"]
[null,null,null,null,"NO"," Temperaturas\nextremas (calor) porfactor de CAMBIO CLIMATICO","FISICO","Stress termico Agotamiento Mareos  Deshidratación Golpes de calor, lesiones en la piel, insolación, ","No aplica","Ninguno","Ninguno",2,2,4,"BAJO",25,100,"III","MEJORABLE","NO APLICA","NO APLICA","NO APLICA","Todos los funcionarios que realicen desplazamientos fuera de la sede deben apalicar el Estándar de Seguridad \"EST-204\"., se recomienda hidratación continua, alimentación adecuada, Organización de los puestos de trabajo, limplementación de un programa de climatización.Sistemas de ventilación","Ropa de trabajo y equipos de\nprotección adecuados(camisa,\nmanga larga, pantalón largo,\ngorra o sombrero de ala ancha).\nSaber que la ropa protectora o el\nequipo de protección personal\npuede aumentar el riesgo del\nestrés por calor."]
[null,null,null,null,"NO"," Temperaturas\nextremas (calor Radiaciones No ionizantes) porfactor de CAMBIO CLIMATICO","FISICO","Stress termico Agotamiento Mareos  Deshidratación Golpes de calor, lesiones en la piel, dolor de cabeza.","No aplica","Ninguno","Protector Solar",2,2,4,"BAJO",25,100,"III","MEJORABLE","NO APLICA","NO APLICA","NO APLICA","Todos los funcionarios que realicen desplazamientos fuera de la sede deben apalicar el Estándar de Seguridad \"EST-204\"., se recomienda hidratación continua, alimentación adecuada, Organización de los puestos de trabajo, limplementación de un programa de climatización.Sistemas de ventilación","Ropa de trabajo y equipos de\nprotección adecuados(camisa,\nmanga larga, pantalón largo,\ngorra o sombrero de ala ancha).\nSaber que la ropa protectora o el\nequipo de protección personal\npuede aumentar el riesgo del\nestrés por calor."]
[null,null,null,null,"NO","Inalación de Humos y Vapores\n (Incendios Forestales )por factor CAMBIO CLIMATICO","QUÍMICO","Asfixia, Dificultad para respirar, Ardor en los ojos, conjuntivitis, Alergias, Tos, irritación de la garganta, dolor de cabeza.","No aplica","Ninguno","Ninguno",2,2,4,"BAJO",25,100,"III","MEJORABLE","NO APLICA","NO APLICA","NO APLICA","Aplicación PON para el manejo de incendios forestales, ver PLAN DE MERGENCIA PLA-SIG 204.","NO SE REQUIERE"]
[null,null,null,null,"SI ","Postura Anti gravitacional                            Miembros superiores en la gravedad por el espacio del plano de trabajo de los puestos de trabajo. ","BIOMECÁNICO"," Tendinitis Espasmo de manos","Ninguno","Ninguno","Jornadas de pausas activas ",2,4,8,"MEDIO",25,200,"II","ACEPTABLE CON CONTROL ESPECIFICO","NINGUNO ","NINGUNO ","NINGUNO ","* Pausas activas a lo largo de la jornada laboral y sensibilizar sobre su importancia , * Realizar seguimiento para el S.V.E  para lesiones osteo musculares.* Se recomienda revisar  la posibilidad  de contar con un escritorio en \"L\" para mejorar la postura del trabajador o un escritorio lineal, elementos de confort que permitan mejorar la postura del trabajador de acuerdo al tiempo de exposición.    INS-SIG-202 INSTRUCTIVO DE PAUSAS ACTIVAS\nSALUDABLES.  PRO-SIG-203 PROCEDIMIENTO INSPECCIONES DE\nSST.     PGR-SIG-205 VIGILANCIA EPIDEMIOLÓGICA PARA LA PREVENCION DE\nDESÓRDENES MUSCULO-ESQUELÉTICOS.  ","NO APLICA "]
[null,null,null,"TRANSFERENCIAS DOCUMENTALES. MANEJO DE CORRESPONDENCIA. ACTIVIDAD MANEJO DE ARCHIVO; APLICA PARA FUNCIONARIOS DE PLANTA Y/O CONTRATO.  ","SI","Locativo - Cableado del computador expuesto debajo del escritorio","CONDICIONES DE SEGURIDAD","Se potencializa el riesgo de incendio y accidentes por caídas, chispas, conatos de incendios ","Ninguno","Inspecciones a puestos de trabajo ","Ninguno",2,2,4,"BAJO",25,100,"III","MEJORABLE","NINGUNO ","NINGUNO ","NINGUNO ","*Agrupar el cableado eléctrico, utilizando espiral porta cable  y/o canaleta. * Jornadas de orden y aseo.  * Capacitaciones en caídas al mismo nivel.     PRO-SIG-203 PROCEDIMIENTO INSPECCIONES DE\nSST.     PGR-SIG-203-PROGRAMA PROTECCIÓN CONTRA\nCAÍDAS.  PGR-SIG-204 ORDEN Y ASEO.\n","NO APLICA"]
[null,null,null,null,"SI","Sobre esfuerzos\n(Manejo de documentos y cajas)","BIOMECÁNICO","*Dolor lumbar inespecífico\n*Hombro doloroso","Ninguno","Ninguno","Capacitación en manejo de cargas- capacitación  de seguridad en archivos ",2,4,8,"MEDIO",25,200,"II","ACEPTABLE CON CONTROL ESPECIFICO","NO SE REQUIERE","NO SE REQUIERE","NO SE REQUIERE","*Realizar  reinducción SST- continuar capacitación manejo de cargas y autocuidado. PGR-SIG-205 VIGILANCIA EPIDEMIOLÓGICA PARA LA PREVENCION DE\nDESÓRDENES MUSCULO-ESQUELÉTICOS.  ","NO APLICA"]
[null,null,null,null,"SI","Movimientos repetitivos  \n(Digitación)","BIOMECÁNICO","Síndrome de Túnel del Carpo ( STC).\nSíndrome de Quervein","Ninguno","Diseño del sistema (puesto) de trabajo adecuado.","Alterna varias labores",2,4,8,"MEDIO",25,200,"II","ACEPTABLE CON CONTROL ESPECIFICO","NO SE REQUIERE","NO SE REQUIERE","NO SE REQUIERE","*Se recomienda la implementación permanente de pausas activas durante la jornada laboral.                                                                                                                                                  ","NO APLICA"]
[null,null,null,null,"SI","Virus                               (Exposición con ácaros al archivar documentos)","BIOLÓGICO","*Dermatosis\n*Reacciones alérgicas\n*Enfermedades infecciosas\n*Infecciones respiratorias","Depuración del archivo ","limpieza de archivos periódicamente ","Capacitación de seguridad de los archivos. Recomendaciones en inducción y reinducción. Entrega de E.P.P ( monogafas, tapabocas y bata)",2,2,4,"BAJO",25,100,"III","MEJORABLE","NO APLICA","NO APLICA","NO APLICA","*Capacitar a los trabajadores en auto cuidado y la importancia del uso de los EPP.\n*Realizar capacitación en lavado de manos.    PGR-SIG-201 ESTILOS DE VIDA Y TRABAJO\nSALUDABLES.    ","*Uso de EPP (Guantes - Tapa bocas, monogafas )"]
[null,null,null,null,"SI","Bacterias                              (Exposición con ácaros al archivar documentos)","BIOLÓGICO","*Dermatosis\n*Reacciones alérgicas\n*Enfermedades infecciosas\n*Infecciones respiratorias","Depuración del archivo ","limpieza de archivos periódicamente ","Capacitación de seguridad de los archivos. Recomendaciones en inducción y reinducción. Entrega de E.P.P ( monogafas, tapabocas y bata)",2,2,4,"BAJO",25,100,"III","MEJORABLE","NO APLICA","NO APLICA","NO APLICA","*Capacitar a los trabajadores en auto cuidado y la importancia del uso de los EPP.\n*Realizar capacitación en lavado de manos.  .     PRO-SIG-202 PROCEDIMIENTO ADMINISTRACIÓN DE ELEMENTOS DE\nEPP. ","*Uso de EPP (Guantes - Tapa bocas, monogafas )"]
[null,null,null,null,"SI","Material Particulado Acumulación de material particulado (polvo) en la documentación del área de archivo. ","QUÍMICO","Irritaciones, alergias a nivel respiratorio","Depuración del archivo ","limpieza de archivos periódicamente ","Capacitación de seguridad de los archivos. Recomendaciones en inducción y reinducción. Entrega de E.P.P ( monogafas, tapabocas y bata)",2,2,4,"BAJO",25,100,"III","MEJORABLE","NINGUNO ","NINGUNO ","*Se recomienda realizar mantenimiento correctivo a los extractores que hay en el área. ","*Exámenes periódicos anualmente al personal  expuesto con espirometrías. Realizar reinducción.   PRO-SIG-201 PROCEDIMIENTO EXÁMENES\nOCUPACIONALES.  ","Uso de tapabocas , guantes y monogafas "]
[null,null,null,null,"SI","Manipulación manual de cargas \"Halar\"                         ","BIOMECÁNICO","*Hombro doloroso\n*Epicondilitis\n*Tendinitis\n*Bursitis","No aplica","No hay","No hay ",2,4,8,"MEDIO",25,200,"II","ACEPTABLE CON CONTROL ESPECIFICO","NO APLICA","NO APLICA","Suministrar ayudas mecánicas para el manejo seguro de cargas. ","*Capacitación en manipulación manual de cargas \n*Formación de líderes en pausas activas en la sede, con el fin de implementar las mismas. \n*Continuar con la implementación del PVE Biomecánico para prevención de lesiones osteomusculares.    INS-SIG-202 INSTRUCTIVO DE PAUSAS ACTIVAS\nSALUDABLES.  PGR-SIG-205 VIGILANCIA EPIDEMIOLÓGICA PARA LA PREVENCION DE\nDESÓRDENES MUSCULO-ESQUELÉTICOS. ","No aplica"]
[null,null,null,null,"SI ","Mecánico                                                     Manejo de herramientas manuales \n(Grapadora, saca ganchos, perforadora, ganchos legadores)","CONDICIONES DE SEGURIDAD\n","Golpes, heridas, pinchazos, magulladuras de diferentes en los miembros superiores ","cambio de herramienta periódicamente ","Ninguno ","Recomendaciones en inducción y reinducción",2,2,4,"BAJO",25,100,"III","MEJORABLE","NINGUNO ","NINGUNO ","NINGUNO ","*Capacitación sobre manejo seguro de herramientas.\n*Capacitación en prevención en lesiones de mano.\n*Inspeccionar las diferentes herramientas utilizados en la oficina para labores administrativas.    PRO-SIG-203 PROCEDIMIENTO INSPECCIONES DE\nSST.   ","NO APLICA"]
[null,null,null,null,"SI","Movimientos Repetitivos\nArchivar documentos en el archivo, búsqueda de documentos. ","BIOMECÁNICO","Síndromes túnel del carpo\n\nSíndrome de Querían","Ninguno","SVE  Biomecánico ","Ninguno",2,4,8,"MEDIO",25,200,"II","ACEPTABLE CON CONTROL ESPECIFICO","NINGUNO ","NINGUNO ","NINGUNO ","*Implementar el programa de pausas activas, específicamente                                                                                      *Continuar con la implementación del Sistema de vigilancia epidemiológico osteomuscular.    INS-SIG-202 INSTRUCTIVO DE PAUSAS ACTIVAS\nSALUDABLES.  PGR-SIG-205 VIGILANCIA EPIDEMIOLÓGICA PARA LA PREVENCION DE\nDESÓRDENES MUSCULO-ESQUELÉTICOS.  ","NO APLICA"]
[null,null,null,null,"SI ","Movimientos repetitivos  Abrir y cerrar las estanterías móviles del archivo (rodantes) ","BIOMECÁNICO ","Síndrome del Túnel Carpiano, Manguito rotador ","Ninguno","Ninguno","Pausas Activas Implementación del SVE DMO ",2,4,8,"MEDIO",25,200,"II","ACEPTABLE CON CONTROL ESPECIFICO","NINGUNO ","NINGUNO ","NINGUNO ","*Implementar el programa de pausas activas                                                                 *Implementación del Sistema de vigilancia epidemiológico desordes musculo esqueléticos, con el fin de identificar las personas con sintomatología y hacer el respectivo seguimiento y control de los diagnósticos médicos que se presenten.      INS-SIG-202 INSTRUCTIVO DE PAUSAS ACTIVAS\nSALUDABLES.  PGR-SIG-205 VIGILANCIA EPIDEMIOLÓGICA PARA LA PREVENCION DE\nDESÓRDENES MUSCULO-ESQUELÉTICOS.  ","NO APLICA"]
[null,null,null,"ACTIVIDAD DESPLAZAMIENTO A EVENTOS Y REUNIONES INSTITUCIONALES,  INSPECCIONES, VISITAS TÉCNICAS (DE CAMPO), ACTIVIDADES DE BIENESTAR DEPORTIVAS Y CULTURALES FUERA DE LA SEDE; APLICA PARA FUNCIONARIOS DE PLANTA Y/O CONTRATO.","SI","Accidentes de tránsito                      \n     \n(En los desplazamientos de la visitas a los centros de trabajo)\n\nVER MATRIZ DE RIESGO VIAL ","CONDICIONES DE SEGURIDAD","*Muerte \n*Lesiones graves en el cuerpo entero\n*Atrapamiento vehicular","Ninguno","Vehículos de la empresa con mantenimiento preventivo y correctivo. ","Retroalimentación política de seguridad vial - recomendaciones en inducción y reinducción",2,2,4,"BAJO",100,400,"II","ACEPTABLE CON CONTROL ESPECIFICO","NO APLICA","NO APLICA","*Se debe empezar a realizar la inspección pre operacional de vehículos de la empresa, para identificar condiciones del mismo \"Por parte de los conductores\". ","*Dar cumplimiento al plan de capacitación del PESV según el rol (Pasajero - Conductor - Peatón)\n*Realizar sensibilización en seguridad vial.    PLA-SIG-202 PESV PLAN ESTRATÉGICO DE SEGURIDAD\nVIAL.  ","NO APLICA"]
[null,null,null,null,null,"Picaduras     y Mordeduras                 (Exposición con animales en las vías públicas)","BIOLÓGICO","Infecciones","No aplica","No aplica","Recomendaciones en inducción y reinducción. Uso de camisa manga larga ",2,2,4,"BAJO",25,100,"III","MEJORABLE","NO APLICA","NO APLICA","NO APLICA","*Se recomienda capacitar en prevención por mordeduras o picaduras en vías públicas. Realizar reinducción.  PGR-SIG-201 ESTILOS DE VIDA Y TRABAJO\nSALUDABLES.   \n","NO APLICA"]
[null,null,null,null,"SI","Público\n(Robos - Atracos - Asaltos - Agresiones verbales - Actos Violentos)","CONDICIONES DE SEGURIDAD","*Golpes\n*Agresiones verbales y físicas \n*Atentados violentos\n*Heridas\n*Muerte","Ninguno","Ninguno","Ninguno",2,2,4,"BAJO",100,400,"II","ACEPTABLE CON CONTROL ESPECIFICO","NO APLICA","NO APLICA","NO APLICA","*Socializar los planes contingencia para diferentes situaciones  de emergencia específicamente riesgo público. Socialización PON riesgo publico.  PLA-SIG-204 PLAN DE PREVENCIÓN, PREPARACIÓN Y RESPUESTA ANTE\nEMERGENCIAS.","NO APLICA"]
[null,null,null,null,"SI","Sobre esfuerzos\n(Manejo de documentos y cajas)","BIOMECÁNICO","*Dolor lumbar inespecífico\n*Hombro doloroso","Ninguno","Ninguno","Ninguno",2,2,4,"BAJO",25,100,"III","MEJORABLE","NO SE REQUIERE","NO SE REQUIERE","NO SE REQUIERE","*Realizar  re inducción en manejo seguro de cargas.  PGR-SIG-205 VIGILANCIA EPIDEMIOLÓGICA PARA LA PREVENCION DE\nDESÓRDENES MUSCULO-ESQUELÉTICOS. ","NO APLICA"]
[null,null,null,null,"SI","Movimientos repetitivos  \n(Digitación)","BIOMECÁNICO","Síndrome de Túnel del Carpo ( STC).\nSíndrome de Quervein","Ninguno","Diseño del sistema (puesto) de trabajo adecuado.","Alterna varias labores",2,2,4,"BAJO",25,100,"III","MEJORABLE","NO SE REQUIERE","NO SE REQUIERE","NO SE REQUIERE","*Se recomienda la implementación permanente de pausas activas durante la jornada laboral.    INS-SIG-202 INSTRUCTIVO DE PAUSAS ACTIVAS\nSALUDABLES.                                                                                                                                              ","NO APLICA"]
[null,null,null,null,"SI ","Movimientos repetitivos \nManejar el volante constantemente ","BIOMECÁNICO ","Alteraciones músculo esqueléticas. ","Ninguno ","Ninguno ","Ninguno ",2,2,4,"BAJO",25,100,"III","MEJORABLE","NINGUNO ","NINGUNO ","NINGUNO ","Continuar con el sistema de vigilancia\nepidemiológica para el control de lesiones\nosteomusculares. Capacitar a los trabajadores.     PGR-SIG-205 VIGILANCIA EPIDEMIOLÓGICA PARA LA PREVENCION DE\nDESÓRDENES MUSCULO-ESQUELÉTICOS.\nen higiene postural, pausas activas.","NO APLICA "]
[null,null,null,null,"SI ","Material Particulado  \nExposición a material\nparticulado en los desplazamientos terrestres ","QUÍMICO      ","Neumoconiosis, alergias respiratorias,\nneumonitis, en algunos casos cáncer.","Ninguno ","Ninguno ","Recomendaciones en inducción y reinducción",2,2,4,"BAJO",25,100,"III","MEJORABLE","NINGUNO ","NINGUNO ","NINGUNO ","*Pausas activas o descansos durante los desplazamientos terrestres. Realizar reinducción      PGR-SIG-205 VIGILANCIA EPIDEMIOLÓGICA PARA LA PREVENCION DE\nDESÓRDENES MUSCULO-ESQUELÉTICOS.     INS-SIG-202 INSTRUCTIVO DE PAUSAS ACTIVAS\nSALUDABLES.  \n","EPP (Gafas de seguridad) "]
[null,null,null,null,"SI ","Ruido                                                 \nRuido Ambiental por los desplazamientos en los vehículos   terrestres en vía.","FÍSICO                              ","Fatiga auditiva , molestias para el desarrollo de la labor, dolor de cabeza.","Ninguno ","Ninguno ","Ninguno ",2,2,4,"BAJO",25,100,"III","MEJORABLE","NINGUNO ","NINGUNO ","NINGUNO ","*Pausas activas o descansos durante los desplazamientos terrestres.   INS-SIG-202 INSTRUCTIVO DE PAUSAS ACTIVAS\nSALUDABLES.    \n","NO APLICA"]
[null,null,null," ATENCIÓN Y MANEJO DE EMERGENCIAS; APLICA PARA FUNCIONARIOS DE PLANTA Y/O CONTRATO.","SI","Accidentes aéreos                           (En los desplazamientos para áreas de alto riesgo como el nevado)\n","CONDICIONES DE SEGURIDAD","*Muerte \n*Lesiones graves en el cuerpo entero\n*Caída de avión","Ninguno","Ninguno","Ninguno",2,2,4,"BAJO",100,400,"II","ACEPTABLE CON CONTROL ESPECIFICO","NO APLICA","NO APLICA","NO APLICA","*Dar cumplimiento a las normas de seguridad para viajes aéreos.","NO APLICA"]
[null,null,null,null,"SI","Iluminación  \nDeficiente en  eventos de emergencias","FÍSICO","Lesiones visuales ","Ninguno","Uso de equipos de luz","Ninguno",2,2,4,"BAJO",25,100,"III","MEJORABLE","NO APLICA","*Realizar cambio de la luminaria que se encuentran en mal estado         ","NO APLICA","*Realizar mantenimiento preventivo a los equipos de suministro de iluminación.   PRO-SIG-203 PROCEDIMIENTO INSPECCIONES DE\nSST.  ","NO APLICA"]
[null,null,null,null,"SI ","Mecánico                                                 Fallas mecánicas de los vehículos ","CONDICIONES DE SEGURIDAD ","Accidentes de transito, Lesiones y traumas ","Mantenimientos de la motocicleta ","Ninguno ","Ninguno ",2,2,4,"BAJO",25,100,"III","MEJORABLE","NINGUNO ","NINGUNO ","Mantenimientos correctivos y/o preventivos de la motocicleta . Kit de herramientas ","Inspecciones pre operacionales del vehículo. Capacitaciones en manejo defensivo al trabajador capacitaciones en buenas practicas y conductas seguras de movilidad. Capacitaciones en normas básicas mecánica \n*Implementación del Plan Estratégico de Seguridad Vial.   PLA-SIG-202 PESV PLAN ESTRATÉGICO DE SEGURIDAD\nVIAL.  ","NO APLICA "]
[null,null,null,null,"SI "," Eléctrico                                                Fallas eléctricas de los vehículos ","CONDICIONES DE SEGURIDAD ","Accidentes de transito","Mantenimientos de la motocicleta ","Ninguno ","Ninguno ",2,2,4,"BAJO",25,100,"III","MEJORABLE","NINGUNO ","NINGUNO ","Mantenimientos correctivos y/o preventivos de la motocicleta . Kit de herramientas ","Inspecciones pre operacionales del vehículo. Capacitaciones en buenas practicas y conductas seguras de movilidad. Capacitaciones en normas básicas mecánica\n*Implementación del Plan Estratégico de Seguridad Vial.   PLA-SIG-202 PESV PLAN ESTRATÉGICO DE SEGURIDAD\nVIAL.   ","NO APLICA "]
[null,null,null,null,"SI","Postura Prolongada \n(Postura bípeda durante la mayor parte de la jornada laboral)","BIOMECÁNICO","Dolor lumbar inespecífico\nEspasmos musculares\nContracturas \nLesión del nervio poplíteo lateral \nFatiga en miembros inferiores y en las articulaciones","Ninguno","Ninguno","Ninguno",2,2,4,"BAJO",25,100,"III","MEJORABLE","NO APLICA","NO APLICA","NO APLICA","*Capacitación en  higiene postural y pausas activas.           \n*Realizar pausas activas.           INS-SIG-202 INSTRUCTIVO DE PAUSAS ACTIVAS\nSALUDABLES.                                                                                                                                                     ","NO APLICA"]
[null,null,null,null,"SI","Sobre esfuerzos                                                  (Transporte de elementos pesados y en la atención de la emergencia)","BIOMECÁNICO","Dolor lumbar inespecífico\nHombro doloroso","Ninguno","Ninguno","Ninguno",2,2,4,"BAJO",25,100,"III","MEJORABLE","NO APLICA","NO APLICA","NO APLICA","*Realizar reinducción  en manipulación manual de cargas\n *Implementar el programa de pausas activas por lo menos 2 veces a la semana.       INS-SIG-202 INSTRUCTIVO DE PAUSAS ACTIVAS\nSALUDABLES.                                                                                    ","NO APLICA"]
[null,null,null,null,"SI","Tecnológico  -incendios\n(En la atención de incendios)","CONDICIONES DE SEGURIDAD","Quemaduras ","Ninguno","Ayudas tecnológicas para la ignición del fuego ","Uso de traje para atención de incendios ",2,2,4,"BAJO",25,100,"III","MEJORABLE","NINGUNO ","NINGUNO ","NINGUNO ","*Continuar con la entrega de dotación para las actividades inherentes                                                                                                                      *Continuar con la capacitación y entrenamiento  los bomberos en temas de actuación de emergencias.    PLA-SIG-204 PLAN DE PREVENCIÓN, PREPARACIÓN Y RESPUESTA ANTE\nEMERGENCIAS.                                                                                                                                                                         ","Uso de traje para atención de incendios ( ignífugos)"]
[null,null,null,null,"SI","Tecnológico  -incendios\n(En la atención de incendios)","CONDICIONES DE SEGURIDAD","Quemaduras ","Ninguno","Ayudas tecnológicas para la ignición del fuego ","Uso de traje para atención de incendios ",2,2,4,"BAJO",25,100,"III","MEJORABLE","NINGUNO ","NINGUNO ","NINGUNO ","*Continuar con la entrega de dotación para las actividades inherentes.                                                                                                                      *Continuar con la capacitación y entrenamiento  los bomberos en temas de actuación de emergencias.   PLA-SIG-204 PLAN DE PREVENCIÓN, PREPARACIÓN Y RESPUESTA ANTE\nEMERGENCIAS.                                                                                                                                                                           ","Uso de traje para atención de incendios ( ignífugos)"]
[null,null,null,null,"SI","Mecánico                                         Manejo de Equipos de atención de emergencias","CONDICIONES DE SEGURIDAD","Traumas de tejidos blandos (laceración, contusión, etc.)       ","Ninguno","Elementos de trabajo en buen estado","Recomendaciones en inducción y reinducción",2,2,4,"BAJO",25,100,"III","MEJORABLE","NINGUNO ","NINGUNO ","NINGUNO ","*Capacitar en prevención de accidentes por riesgo mecánico, enfocado a los elementos de trabajo.   PRO-SIG-203 PROCEDIMIENTO INSPECCIONES DE\nSST.  PRO-SIG-206 REPORTE DE ACTOS Y CONDICIONES\nINSEGURAS.","NO APLICA"]
[null,null,null,null,"SI","Temperaturas extremas                                                 (Frio)","FÍSICO ","Fatiga\nAgravamiento de trastornos cardiovasculares.","Ninguno","Ninguno","Uso de EPP\nCapacitaciones especializadas / formación bomberil",2,2,4,"BAJO",25,100,"III","MEJORABLE","NINGUNO ","NINGUNO ","NINGUNO ","1. capacitar al personal sobre el riesgo expuesto.                                                                                                                                                                   \n 2 Disponer de equipos y aditamentos necesarios para cada rescatista para la atención de este tipo de emergencias.      PLA-SIG-204 PLAN DE PREVENCIÓN, PREPARACIÓN Y RESPUESTA ANTE\nEMERGENCIAS.   ","Utilizar los equipos y elementos de protección adecuados y completos para la atención de estas emergencias.             "]
[null,null,null,null,"SI","Temperaturas extremas                                                 (Calor )","FÍSICO ","Fatiga\nMareos \nDesmayos por deshidratación\nAgravamiento de trastornos cardiovasculares.","Ninguno","Ninguno","Uso de EPP\nCapacitaciones especializadas / formación bomberil",2,2,4,"BAJO",25,100,"III","MEJORABLE","NINGUNO ","NINGUNO ","NINGUNO ","1. capacitar al personal sobre el riesgo expuesto.                                                                                                                                                                   \n2. realizar mantenimiento e inspecciones periódicas a los equipos de protección personal (trajes de acercamiento. PLA-SIG-204 PLAN DE PREVENCIÓN, PREPARACIÓN Y RESPUESTA ANTE\nEMERGENCIAS.  ","*Utilizar los EPP adecuados y completos para la atención de estas emergencias.                                                                                                                                                                                                                  *Se recomienda cambiar los equipos de protección personal (trajes de acercamiento al fuego) del personal contratista, debido a su desgaste y tiempo de servicio."]
[null,null,null,null,"SI","Presiones barométricas \n(Inmersión en el agua de ríos, lagos, quebradas)","FÍSICO ","Trastornos articulares\nAlteración del sistema nervioso central\nPerdida de la capacidad auditiva","Ninguno","Ninguno","Uso de EPP\nCapacitaciones especializadas / formación bomberil",2,2,4,"BAJO",25,100,"III","MEJORABLE","NINGUNO ","NINGUNO ","NINGUNO ","1. capacitar al personal sobre el riesgo expuesto.                                                                                                                                                                                                                                                                              2. acondicionar intervalos de trabajo durante la atención de estas emergencias.     PLA-SIG-204 PLAN DE PREVENCIÓN, PREPARACIÓN Y RESPUESTA ANTE\nEMERGENCIAS.                                                                                       ","1. Utilizar los equipos y elementos de protección adecuados y completos para la atención de estas emergencias                                                                                                                2. se recomienda cambiar los equipos y trajes de buceo, debido a su desgaste y tiempo de servicio."]
[null,null,null,null,"SI","Tareas de alto riesgo  \n(En eventos de emergencias)","CONDICIONES DE SEGURIDAD","Muerte","Ninguno","Análisis de tarea segura y permisos de trabajo","Uso de EPP\nCapacitaciones especializadas / formación bomberil",2,2,4,"BAJO",100,400,"II","ACEPTABLE CON CONTROL ESPECIFICO","NO APLICA","NO APLICA","NO APLICA","*Continuar con el entrenamiento a los bomberos    *Continuar con la aplicación de protocolos para situaciones de alto riesgo.      PLA-SIG-204 PLAN DE PREVENCIÓN, PREPARACIÓN Y RESPUESTA ANTE\nEMERGENCIAS.","Continuar con el uso de EPP que se requiere para la atención de emergencias "]
[null,null,null,null,"SI","Espacio confinado \nEn eventos de emergencias","CONDICIONES DE SEGURIDAD","Muerte","Ninguno","Análisis de tarea segura y permisos de trabajo","Uso de EPP\nCapacitaciones especializadas / formación bomberil",2,2,4,"BAJO",100,400,"II","ACEPTABLE CON CONTROL ESPECIFICO","NINGUNO ","NINGUNO ","NINGUNO ","*Diseñar e implementar  el procedimiento de trabajo seguro para la realización de actividades en espacios confinados.    PGR-SIG-203-PROGRAMA PROTECCIÓN CONTRA\nCAÍDAS.  ","NO APLICA"]
[null,null,null,null,"SI","Sustancias químicas\n(Dependiendo de la emergencia)","QUÍMICOS","Quemaduras, alteraciones de órganos y sentidos, muerte.","Ninguno","Ninguno","capacitaciones especializadas / formación bomberil, mascarillas respiratorias, para gases y vapores. Respiración autónoma ",2,2,4,"BAJO",100,400,"II","ACEPTABLE CON CONTROL ESPECIFICO","NO APLICA","NO APLICA","NO APLICA","1. capacitar al personal sobre el riesgo expuesto.                                                                                                                                                                   2. realizar mantenimiento e inspecciones periódicas a los equipos de protección personal (trajes de acercamiento) y equipos de respiración autónoma. ","1. Utilizar los EPP adecuados y completos para la atención de estas emergencias.                                                                                                                                                                                                                  2. se recomienda cambiar los equipos de protección personal (trajes de acercamiento al fuego) del personal contratista, debido a su desgaste y tiempo de servicio."]
[null,null,null,null,"SI"," Eléctrico                                       Alta tensión.                           (Múltiples conexiones eléctricas, dentro y fuera de las estaciones)","CONDICIONES DE SEGURIDAD","Corto circuitos, electrocución, explosiones e incendios.","Ninguno","Ninguno","Uso de EPP\nCapacitaciones especializadas / formación bomberil",2,2,4,"BAJO",25,100,"III","MEJORABLE","NO APLICA","NO APLICA","NO APLICA","1. Capacitar al personal sobre riesgo eléctrico y medidas preventivas.                                                                                                                                                                   2. Aplicar las 5 reglas de oro para trabajar en instalaciones eléctricas.  PRO-SIG-203 PROCEDIMIENTO INSPECCIONES DE\nSST.    PGR-SIG-201 ESTILOS DE VIDA Y TRABAJO\nSALUDABLES.          ","NO APLICA"]
[null,null,null,null,"SI","Radiaciones no ionizantes                       (Exposición a luz solar)","FÍSICO ","*Cáncer de piel\n*Quemadura solar\n*Insolación \n*Foto envejecimiento cutáneo \n *Foto carcinogénesis\n*Alteraciones oculares","Ninguno","Ninguno","Uso de EPP\n(Camisa manga larga - Casco - Guantes - Jean)",2,2,4,"BAJO",25,100,"III","MEJORABLE","NINGUNO ","NINGUNO ","NINGUNO ","*Suministrar los E.P.P, especiales para las actividades bomberiles.   Realizar reinducción.                                                         ","Utilizar los equipos y elementos de protección adecuados y completos para la atención de estas emergencias.             "]
[null,null,null,null,"SI","Ruido\n(Motores de vehículos de emergencia (sirenas, aceleración del motor))","FÍSICO ","Alteraciones del umbral auditivo\nSíndrome de ruptura traumática del tímpano","mto a equipos y vehículos de emergencia ","Ninguno","Uso de protectores auditivos ",2,2,4,"BAJO",25,100,"III","MEJORABLE","NINGUNO ","NINGUNO ","NINGUNO ","Realizar exámenes periódicos para seguimiento a la condición auditiva. Realizar reinducción. Sensibilizaciones de autocuidado.     PRO-SIG-201 PROCEDIMIENTO EXÁMENES\nOCUPACIONALES.  ","Continuar con el uso de EPP que se requiere para la atención de emergencias "]
[null,null,null,null,"SI","Públicos                                                     Atención y formación de bomberos voluntarios ","CONDICIONES DE SEGURIDAD","Heridas, Muerte","Ninguno","Ninguno","Recomendaciones y protocolos de seguridad establecidos para las jornadas ",2,2,4,"BAJO",100,400,"II","ACEPTABLE CON CONTROL ESPECIFICO","NO APLICA","NO APLICA","NO APLICA","*Diseñar e implementar  planes contingencia para diferentes situaciones  de emergencia.   PLA-SIG-204 PLAN DE PREVENCIÓN, PREPARACIÓN Y RESPUESTA ANTE\nEMERGENCIAS.    ","NO APLICA"]
[null,null,null,null,"SI","Trabajo en alturas  \nEn eventos de emergencias","CONDICIONES DE SEGURIDAD","Caídas, muerte","Ninguno","Análisis de riesgo y permisos de trabajo","Dispositivos de seguridad para alturas ",2,2,4,"BAJO",100,400,"II","ACEPTABLE CON CONTROL ESPECIFICO","NO APLICA","NO APLICA","NO APLICA","*Diseñar e implementar el procedimiento para permiso de trabajo en alturas.                                                                                                                           * continuar certificando los funcionarios en trabajo en alturas.       PGR-SIG-203-PROGRAMA PROTECCIÓN CONTRA\nCAÍDAS.                                                                                                                    ","*Elementos de protección contra caídas en trabajo en alturas."]
[null,null,null,null,"SI ","Locativo                                                (Mal estado de la vía, vías angostas, espacios reducidos, mal estado de la vía por condiciones climáticas)","CONDICIONES DE SEGURIDAD ","Accidentes de transito","Ninguno ","Ninguno ","Capacitación en prevención de caídas. Recomendaciones en inducción y reinducción",2,2,4,"BAJO",25,100,"III","MEJORABLE","NINGUNO ","NINGUNO ","NINGUNO ","Inspecciones pre operacionales del vehículo. Capacitaciones en buenas practicas y conductas seguras de movilidad. Capacitaciones en normas básicas mecánica\n*Implementación del Plan Estratégico de Seguridad Vial.    PLA-SIG-202 PESV PLAN ESTRATÉGICO DE SEGURIDAD\nVIAL.  ","NO APLICA "]
[null,null,null,null,"SI ","Postura prolongada                        Exposición a posturas prolongadas sedentes durante la conducción","BIOMECÁNICO ","Alteraciones músculo esqueléticas, fatiga física ","Ninguno ","Ninguno ","Pausas activas o descansos durante los desplazamientos terrestres.",2,2,4,"BAJO",25,100,"III","MEJORABLE","NINGUNO ","NINGUNO ","NINGUNO ","Continuar con el sistema de vigilancia\nbiomecánico. Capacitar a los trabajadores\nen higiene postural, pausas activas durante los desplazamientos.    INS-SIG-202 INSTRUCTIVO DE PAUSAS ACTIVAS\nSALUDABLES.  PGR-SIG-205 VIGILANCIA EPIDEMIOLÓGICA PARA LA PREVENCION DE\nDESÓRDENES MUSCULO-ESQUELÉTICOS.   ","NO APLICA "]
[null,null,null,null,"SI","Accidentes fluviales                (Desplazamientos pasando por ríos, quebradas y demás)","CONDICIONES DE SEGURIDAD","Fracturas \nMuerte","Ninguno","Ninguno","Recomendaciones en inducción y reinducción",2,2,4,"BAJO",100,400,"II","ACEPTABLE CON CONTROL ESPECIFICO","NO APLICA","NO APLICA","NO APLICA","*Realizar capacitaciones en actuación ante emergencias en ríos y demás.   PLA-SIG-204 PLAN DE PREVENCIÓN, PREPARACIÓN Y RESPUESTA ANTE\nEMERGENCIAS. ","NO APLICA"]
[null,null,"PELIGROS EN TODAS LAS ACTIVIDADES; APLICA PARA FUNCIONARIOS DE PLANTA Y/O CONTRATO.",null,"SI","Virus \n","BIOLÓGICO","Malestar General","Ninguno","Limpieza y desinfección de áreas de trabajo   y en casa,  Control de aforo, señalización de advertencia.","Distanciamiento    físico, uso de mascarilla, lavado de manos constante.",2,2,4,"BAJO",25,100,"III","MEJORABLE","N.A","N.A","Trabajo en casa , diseño puestos de trabajo cumpliendo con el distanciamiento social, lavamanos y puntos de desinfección."," *Promover frecuentemente el lavado de manos en personal de planta, contratistas y visitantes. En caso de no contar con agua y jabón, se debe proveer con desinfectantes para manos (gel antibacterial a base de alcohol).  *Disminución de la densidad laboral en áreas de trabajo o de ocupación de la entidad promoviendo el teletrabajo. *Mantener un stop de EPP  (mascarillas ) para dotación y recambio. *Establecer canales de comunicación individualizados y/o de grupo: correo electrónico, redes sociales, videoconferencia, teléfono para reuniones evitando la presencialidad. *Revisión y análisis de los perfiles epidemiológicos por cargo, estrategias motivación para que los funcionarios se  vacunen.   ","Uso permanente de mascarilla respiratoria. Uso periódico de productos para limpieza (agua y jabón) y  alcohol al 70%, mono gafas o careta."]
[null,null,null,null,"SI"," Demandas Emocionales: Condiciones de la tarea                             \nLa novedad del entorno de trabajo, situación familiar:  hijos o personas mayores a cargo en el hogar en situación de riesgo, miedo al contagio, aislamiento social y confinamiento, miedos e incertidumbres laborales y socioeconómicos, espacios y recursos compartidos por varias personas ante las mismas circunstancias en sus domicilios, convertir espacios de su hogar en despachos improvisados para poder seguir desempeñando su tarea diaria, valoración subjetiva y objetiva por parte del experto mientras se aplica la batería de riesgo psicosocial.","PSICOSOCIAL","Alteraciones mentales, Ansiedad, depresión, estrés postraumático.","S.V.E. Psicosocial","S.V.E Psicosocial","Intervenciones individuales y grupales, capacitaciones, medidas de afrontamiento, manejo de habilidades sociales.",2,2,4,"BAJO",25,100,"III","MEJORABLE","N.A","N.A","Organización de los puestos de trabajo, lavamanos, dispensadores, cumpliendo con el distanciamiento."," identificación de personas con mayor riesgo, prácticas para la prevención del contagio a través del autocuidado individual y familiar, entre otras”capacitaciones del protocolo de bioseguridad, inspecciones, suministro de Elementos de bioseguridad..      ","Uso de los elementos de bioseguridad, establecer el compromiso de autocuidado y trabajo seguro."]
[null,null,null,null,"SI","Características de la organización del trabajo\n(Valoración promedio mientras se realiza el proceso de aplicación de baterías de riesgo psicosocial)","PSICOSOCIAL","Alteraciones mentales, Ansiedad, depresión.","SVE. Riesgo Psicosocial","SVE. Riesgo Psicosocial","Intervenciones individuales y grupales, capacitaciones, medidas de afrontamiento, manejo de habilidades sociales.",2,2,{"$f":"+L78*M78","v":4},"BAJO",25,{"$f":"+N78*P78","v":100},{"$f":"IF(Q78>=600,\"I\",IF(Q78>=150,\"II\",IF(Q78>=40,\"III\",IF(Q78>=20,\"IV\"))))","v":"III"},{"$f":"IF(Q78>=600,\"NO ACEPTABLE\",IF(Q78>=150,\"ACEPTABLE CON CONTROL ESPECIFICO\",IF(Q78>=40,\"MEJORABLE\",IF(Q78>=20,\"ACEPTABLE\"))))","v":"MEJORABLE"},"NO SE REQUIERE","NO SE REQUIERE","NO APLICA","*Aplicación de las baterías de riesgo  psicosocial, para verificar la exposición al peligro. \nCapacitación en trabajo en equipo y competencias individuales y profesionales.     PGR-SIG-206 VIGILANCIA EPIDEMIOLÓGICO DE RIESGO\nPSICOSOCIAL.  \n\nAnálisis de carga laboral.                                                                                                                                     ","NO SE REQUIERE"]
[null,null,null,null,"SI","Características del grupo social y del trabajo.\n(Está en proceso la evaluación de los factores de riesgo psicosocial)","PSICOSOCIAL","Stress laboral\nAfecciones de salud                                                                                                                                                                                                                                                                                                                                                                                                            Ambientes de trabajo Hostil                                                                                                                                                                                                                                                                                                                                                                                                         Baja Productividad","Cumplimiento de la normatividad ley 1010, resolución 652 y 356, 2646.","Comité de Convivencia Laboral","Capacitaciones en habilidades sociales básicas, resolución de conflictos, liderazgo efectivo.",2,2,{"$f":"+L79*M79","v":4},"BAJO",25,{"$f":"+N79*P79","v":100},{"$f":"IF(Q79>=600,\"I\",IF(Q79>=150,\"II\",IF(Q79>=40,\"III\",IF(Q79>=20,\"IV\"))))","v":"III"},{"$f":"IF(Q79>=600,\"NO ACEPTABLE\",IF(Q79>=150,\"ACEPTABLE CON CONTROL ESPECIFICO\",IF(Q79>=40,\"MEJORABLE\",IF(Q79>=20,\"ACEPTABLE\"))))","v":"MEJORABLE"},"NO SE REQUIERE","NO SE REQUIERE","NO SE REQUIERE","*Capacitación en habilidades sociales básicas y relaciones interpersonales y comunicación asertiva y efectiva. \n\n*Capacitación en liderazgo efectivo y generación de hábitos del líder.   PGR-SIG-201 ESTILOS DE VIDA Y TRABAJO\nSALUDABLES.","NO SE REQUIERE"]
[null,null,null,null,"SI","Gestión Organizacional\n(Está en proceso la evaluación de los factores de riesgo psicosocial aplicación batería de riesgo psicosocial)","PSICOSOCIAL","Stress laboral\nAfecciones de salud                                                                                                                                                                                                                                                                                                                                                                                                                     Productividad- Ausentismo","Plan de Intervención del SVE ","N/A","Intervenciones individuales y grupales, capacitaciones en liderazgo, fortalecimiento de las escuelas de liderazgo.",2,2,{"$f":"+L80*M80","v":4},"BAJO",25,{"$f":"+N80*P80","v":100},{"$f":"IF(Q80>=600,\"I\",IF(Q80>=150,\"II\",IF(Q80>=40,\"III\",IF(Q80>=20,\"IV\"))))","v":"III"},{"$f":"IF(Q80>=600,\"NO ACEPTABLE\",IF(Q80>=150,\"ACEPTABLE CON CONTROL ESPECIFICO\",IF(Q80>=40,\"MEJORABLE\",IF(Q80>=20,\"ACEPTABLE\"))))","v":"MEJORABLE"},"NO SE REQUIERE","NO SE REQUIERE","NO SE REQUIERE","Fortalecimiento de las escuelas de liderazgo.     PGR-SIG-201 ESTILOS DE VIDA Y TRABAJO\nSALUDABLES.","NO SE REQUIERE"]
[null,null,null,null,"SI","Contenido de la Tarea (Carga de Trabajo)\n(Está en proceso la evaluación de los factores de riesgo psicosocial aplicación batería de riesgo psicosocial)","PSICOSOCIAL","Stress laboral\nAfecciones de salud","S.V.E. Psicosocial","Distribución de la tarea por trabajo en equipo, gestión del tiempo.","Intervenciones individuales y grupales, capacitaciones, medidas de afrontamiento, manejo de habilidades sociales.",2,2,{"$f":"+L81*M81","v":4},{"$f":"IF(N81>=24,\"MUY ALTO\",IF(N81>=10,\"ALTO\",IF(N81>=6,\"MEDIO\",\"BAJO\")))","v":"BAJO"},25,{"$f":"+N81*P81","v":100},{"$f":"IF(Q81>=600,\"I\",IF(Q81>=150,\"II\",IF(Q81>=40,\"III\",IF(Q81>=20,\"IV\"))))","v":"III"},{"$f":"IF(Q81>=600,\"NO ACEPTABLE\",IF(Q81>=150,\"ACEPTABLE CON CONTROL ESPECIFICO\",IF(Q81>=40,\"MEJORABLE\",IF(Q81>=20,\"ACEPTABLE\"))))","v":"MEJORABLE"},"NO SE REQUIERE","NO SE REQUIERE","NO SE REQUIERE","Capacitaciones, manejo del tiempo como recurso, trabajo colaborativo y ayuda percibida.  PGR-SIG-201 ESTILOS DE VIDA Y TRABAJO\nSALUDABLES.   ","NO SE REQUIERE"]
[null,null,null,null,"SI","Público\n(Robos - Atracos - Asaltos)","CONDICIONES DE SEGURIDAD","*Golpes\n*Agresiones verbales y físicas \n*Atentados violentos\n*Heridas\n*Muerte","Ninguno","Ninguno","Ninguno",2,2,{"$f":"+L82*M82","v":4},"BAJO",100,{"$f":"+N82*P82","v":400},{"$f":"IF(Q82>=600,\"I\",IF(Q82>=150,\"II\",IF(Q82>=40,\"III\",IF(Q82>=20,\"IV\"))))","v":"II"},{"$f":"IF(Q82>=600,\"NO ACEPTABLE\",IF(Q82>=150,\"ACEPTABLE CON CONTROL ESPECIFICO\",IF(Q82>=40,\"MEJORABLE\",IF(Q82>=20,\"ACEPTABLE\"))))","v":"ACEPTABLE CON CONTROL ESPECIFICO"},"NO APLICA","NO APLICA","Instalar cámaras de vigilancia en la sede. ","*Socializar los planes contingencia para diferentes situaciones  de emergencia específicamente riesgo público. Socializar PON riesgo publico.  PLA-SIG-204 PLAN DE PREVENCIÓN, PREPARACIÓN Y RESPUESTA ANTE\nEMERGENCIAS.  ","NO APLICA"]
[null,null,null,null,"SI","Público\n(Agresiones verbales - Actos Violentos)","CONDICIONES DE SEGURIDAD","*Golpes\n*Agresiones verbales y físicas \n*Atentados violentos\n*Heridas\n*Muerte","Ninguno","Ninguno","Ninguno",2,2,4,"BAJO",100,400,"II","ACEPTABLE CON CONTROL ESPECIFICO","NO APLICA","NO APLICA","Instalar cámaras de vigilancia en la sede. ","*Socializar los planes contingencia para diferentes situaciones  de emergencia específicamente riesgo público. Socializar PON riesgo publico.   PLA-SIG-204 PLAN DE PREVENCIÓN, PREPARACIÓN Y RESPUESTA ANTE\nEMERGENCIAS. ","NO APLICA"]
[null,null,null,null,"SI","Público\n(Manifestaciones públicas)","CONDICIONES DE SEGURIDAD","*Golpes\n*Agresiones verbales y físicas \n*Heridas\n*Muerte","Ninguno","Hay vigilancia permanente en la puerta de acceso del edificio. ","Ninguno",2,2,4,"BAJO",100,400,"II","ACEPTABLE CON CONTROL ESPECIFICO","NO APLICA","NO APLICA","NO APLICA","*Actualizar el plan de emergencias, incluyendo los planes operativos normalizados en caso de situaciones de emergencia en riesgo público especifico para cada sede y socializarlo a todo el personal.     \n*Capacitar al personal en actuación ante emergencias en riesgo público.    PLA-SIG-204 PLAN DE PREVENCIÓN, PREPARACIÓN Y RESPUESTA ANTE\nEMERGENCIAS.   ","NO APLICA"]
[null,null,null,null,"SI","Público\n(Inseguridad por actos delictivos en los alrededores de la sede)","CONDICIONES DE SEGURIDAD","*Golpes\n*Agresiones verbales y físicas \n*Atentados violentos\n*Heridas\n*Muerte","Ninguno","Hay vigilancia permanente en la puerta de acceso del edificio. \n\n","Ninguno",2,2,4,"BAJO",100,400,"II","ACEPTABLE CON CONTROL ESPECIFICO","NO APLICA","NO APLICA","Instalar cámaras de vigilancia ","*Socializar los planes contingencia para diferentes situaciones  de emergencia específicamente riesgo público. Socializar PON riesgo publico.    PLA-SIG-204 PLAN DE PREVENCIÓN, PREPARACIÓN Y RESPUESTA ANTE\nEMERGENCIAS. ","NO APLICA"]
[null,null,null,null,"SI","Radiaciones no ionizantes                       (Exposición a luz solar que ingresa por ventanales a la mayoría de los puestos de trabajo)","FÍSICO ","*Cáncer de piel\n*Quemadura solar\n*Insolación \n*Foto envejecimiento cutáneo \n *Foto carcinogénesis\n*Alteraciones oculares","No aplica","No hay","Recomendaciones de autocuidado",2,2,4,"BAJO",25,100,"III","MEJORABLE","N.A","N.A","Instalación de película en las ventanas ","Realizar reinducción - continuar con las inspecciones.       PRO-SIG-203 PROCEDIMIENTO INSPECCIONES DE\nSST.  ","NO APLICA"]
[null,null,null,null,"NO","Erupción volcán machín           ","FENÓMENOS NATURALES","*Daños materiales (Pérdida total)\n*Heridas y lesiones graves\n*Accidentes de trabajo \n*Muerte","No hay","Ninguno","Capacitación  en actuación ante emergencias . Simulacros ",2,2,4,"BAJO",100,400,"II","ACEPTABLE CON CONTROL ESPECIFICO","NO SE REQUIERE","NO SE REQUIERE","NO SE REQUIERE","*Seguir las instrucciones que el departamento suministra para  casos de emergencia por posible erupción del Volcán.                                                                                              \n*Solicitar capacitación al ente respectivo sobre actuación en caso de erupción del volcán machín. \n*Capacitar en actuación ante emergencias en caso de erupción del volcán machín a todo el personal.  \n*Actualizar plan de emergencias incluyendo el PON por posible erupción del volcán machín y socializar a los trabajadores.         PRO-SIG-203 PROCEDIMIENTO INSPECCIONES DE\nSST.      "]
[null,null,null,null,"SI","Tecnológico\n(Incendios - Explosiones)\nGenerado dentro de las instalaciones del edificio","CONDICIONES DE SEGURIDAD","Incendios \nQuemaduras de grado 2 y 3\nMuerte","Ninguno","Uso de equipos contra incendio","Personal capacitado en manejo de equipos contra incendios",2,2,4,"BAJO",100,400,"II","ACEPTABLE CON CONTROL ESPECIFICO","NO APLICA","NO APLICA","*Realizar mantenimiento preventivo y correctivo de los equipos eléctricos e instalaciones eléctricas en la sede","*Capacitación en prevención de accidentes de trabajo por riesgo eléctrico.                                                          \n\n*Continuar con las inspecciones de seguridad enfocado a riesgo eléctrico.    PRO-SIG-203 PROCEDIMIENTO INSPECCIONES DE\nSST.             ","NO APLICA"]
[null,null,"PELIGROS QUE APLICAN A TRABAJO CON RESTRICCIONES DE SALUD Y/O TELE TRABAJO.",null,"SI","Postura Prolongada \n(Postura sedente más del 75% de la jornada laboral en trabajo con video terminales)","BIOMECÁNICO","*Dolor lumbar inespecífico\n*Espasmos musculares","Ninguno","Ninguno","Ninguno",2,2,4,"BAJO",25,100,"III","MEJORABLE","NO APLICA","NO SE REQUIERE","NO SE REQUIERE","*Realizar visitas virtuales por parte del Grupo de SST para capacitar en higiene postural en casa.\n\n*Realizar pausas activas en el área.                                                                 \n\n*Continuar con las actividades del programa de vigilancia epidemiológico  para prevención de desordenes musculo esqueléticas asociadas al peligro biomecánico, para trabajo en casa.            INS-SIG-202 INSTRUCTIVO DE PAUSAS ACTIVAS\nSALUDABLES.    PGR-SIG-205 VIGILANCIA EPIDEMIOLÓGICA PARA LA PREVENCION DE\nDESÓRDENES MUSCULO-ESQUELÉTICOS.                                                                     ","NO APLICA"]
[null,null,null,null,"SI","Movimientos repetitivos  \n(Digitación - Escanear)","BIOMECÁNICO","Lesiones por trauma acumulativo en miembro superiores ( STC).\nSíndrome de Querían","Ninguno","Ninguno","Ninguno",2,2,4,"BAJO",25,100,"III","MEJORABLE","NO SE REQUIERE","NO SE REQUIERE","NO SE REQUIERE","*Se recomienda la implementación permanente de pausas activas durante la jornada laboral.     INS-SIG-202 INSTRUCTIVO DE PAUSAS ACTIVAS\nSALUDABLES.                                                                                                                                               ","NO APLICA"]
[null,null,null,null,"SI","Radiaciones No ionizantes                                   (Exposición permanente a pantallas del computador)","FÍSICO ","*Fatiga visual","Ninguno","Ninguno","Ninguno",2,2,4,"BAJO",25,100,"III","MEJORABLE","NO APLICA","NO SE REQUIERE","NO SE REQUIERE","*Se recomienda la implementación permanente de pausas activas durante la jornada laboral.    INS-SIG-202 INSTRUCTIVO DE PAUSAS ACTIVAS\nSALUDABLES.                                                                                                                                                ","NO APLICA"]
[null,null,null,null,"NO","Locativo                                                                              (Cableado eléctrico desordenado en la zona adecuada para puesto de trabajo)","CONDICIONES DE SEGURIDAD","*Se potencializa el riesgo de accidentes por caídas. ","Ninguno","Ninguno","Ninguno",2,2,4,"BAJO",25,100,"III","MEJORABLE","NO APLICA","NO SE REQUIERE","Se recomienda agrupar el cableado eléctrico faltante, utilizando espiral porta cable u otro mecanismo de canalización. ","Realizar inspecciones de seguridad para verificar estado de cableado del  área.   PRO-SIG-203 PROCEDIMIENTO INSPECCIONES DE\nSST.  ","NO APLICA"]
[null,null,null,null,"NO","Picaduras - Mordeduras                             (Presencia de vectores e insectos dentro de la vivienda o zona destinada para laborar).","BIOLÓGICO","Infecciones","Ninguno","Ninguno","Ninguno",2,2,4,"BAJO",25,100,"III","MEJORABLE","NO APLICA","NO APLICA","NO APLICA","* realizar una correcta inspección del área de trabajo para garantizar la NO presencia de vectores o insectos ponzoñoso. Evitar las zona con acumulación de aguas estancadas.    PRO-SIG-203 PROCEDIMIENTO INSPECCIONES DE\nSST.   ","NO APLICA"]
[null,null,null,null,"SI","Virus y Bacterias\n (Exposición a virus y bacterias debido al uso de superficies húmedas como baños, lavamanos y lavaplatos alberca)","BIOLÓGICO","*Dermatosis\n*Reacciones alérgicas\n*Enfermedades infecciosas\n*Infecciones respiratorias","Ninguno","Ninguno","Ninguno",2,2,4,"BAJO",25,100,"III","MEJORABLE","NO APLICA","NO APLICA","NO APLICA","*Capacitar a los trabajadores en auto cuidado y la importancia del uso de los EPP.     PGR-SIG-201 ESTILOS DE VIDA Y TRABAJO\nSALUDABLES.","*Uso de EPP (Guantes - Tapa bocas)"]
[null,null,null,null,"NO","Material particulado \n(Polvo en los documentos)","QUÍMICOS","*Enfermedades respiratorias\n*Infecciones virales \n*Alergias ","Ninguno","Ninguno","Ninguno",2,2,4,"BAJO",25,100,"III","MEJORABLE","NO APLICA","NO APLICA","NO APLICA","*Realizar seguimiento del uso de los elementos de protección personal (Tapa bocas), cuando manipule archivo con polvo.      PRO-SIG-202 PROCEDIMIENTO ADMINISTRACIÓN DE ELEMENTOS DE\nEPP.                                                                ","Suministrar tapa bocas para el desarrollo de la labor. "]
[null,null,null,null,"NO","Uso de elementos de desinfección\n(alcohol, gel antibacterial)","QUÍMICOS","\n*Alergias en piel o vías respiratorias.\n* Quemaduras ","Ninguno","Ninguno","Ninguno",2,2,4,"BAJO",25,100,"III","MEJORABLE","NO APLICA","NO APLICA","NO APLICA","*Realizar seguimiento del uso de los elementos de protección personal (Tapa bocas), cuando manipule archivo con polvo.       PRO-SIG-202 PROCEDIMIENTO ADMINISTRACIÓN DE ELEMENTOS DE\nEPP.                                                           ","Suministrar tapa bocas para el desarrollo de la labor. "]
[null,null,null,null,"SI","Mecánico                                         (Manejo de Equipos y elementos de Oficina)","CONDICIONES DE SEGURIDAD","*Traumas de tejidos blandos (Laceración, contusión, heridas superficiales, etc.)       ","Ninguno","Ninguno","Ninguno",2,2,4,"BAJO",25,100,"III","MEJORABLE","NO SE REQUIERE","NO SE REQUIERE","NO SE REQUIERE","*Continuar con el uso adecuado de los elementos de trabajo, realizar cambio de los elementos que se observen en mal estado.      PRO-SIG-202 PROCEDIMIENTO ADMINISTRACIÓN DE ELEMENTOS DE\nEPP.   ","NO APLICA"]
[null,null,null,null,"SI","Deficiente ventilación (Las ventanas y persianas deben permanecer cerradas para evitar el ingreso de rayos solares)","FÍSICO                              ","*Disconfort por calor ambiental permanente","Ninguno","Ninguno","Ninguno",2,2,4,"BAJO",25,100,"III","MEJORABLE","NO APLICA","NO SE REQUIERE","NO SE REQUIERE","Se recomienda contar con un área de ventilación natural o con ventilación artificial como ventiladores.  PRO-SIG-203 PROCEDIMIENTO INSPECCIONES DE\nSST.  ","NO APLICA"]
[null,null,null,null,"SI","Manipulación y desplazamiento de cargas\n(Documentos y cajas)","BIOMECÁNICO","Lesiones en columna\nEnfermedad discal\nEnfermedad lumbar ","Ninguno","Ninguno","Ninguno",2,2,4,"BAJO",25,100,"III","MEJORABLE","NO SE REQUIERE","NO SE REQUIERE","NO SE REQUIERE","* Practicar higiene postural para el manejo de cargas. Evitar levantar mas de 10 Kg mujeres y 20 Kg Hombres.    PGR-SIG-205 VIGILANCIA EPIDEMIOLÓGICA PARA LA PREVENCION DE\nDESÓRDENES MUSCULO-ESQUELÉTICOS.  ","NO APLICA"]
[null,null,null,null,"SI","Iluminación\n(Deficiente de iluminación natural o artificial en el sitio adecuado para laboral dentro de la vivienda)                                             ","FÍSICO ","*Fatiga visual","Ninguno","Ninguno","Ninguno",2,2,4,"BAJO",25,100,"III","MEJORABLE","NO APLICA","Se recomienda adecuar zona de trabajo en lugar con iluminación adecuada (que no sea excesiva o deficiente). ","NO SE REQUIERE","Se recomienda adecuar el sitio de trabajo con iluminación adecuada.      PRO-SIG-203 PROCEDIMIENTO INSPECCIONES DE\nSST.  ","NO APLICA"]
[null,null,null,null,"NO","Locativo\nSuperficies de trabajo  irregulares y  desniveladas, escaleras                                 (Desplazamiento en la vivienda)","CONDICIONES DE SEGURIDAD","*Golpes \n*Caídas\n*Fracturas","Ninguno","Ninguno","Ninguno",2,2,4,"BAJO",25,100,"III","MEJORABLE","NO APLICA","NO APLICA","NO APLICA","*Se recomienda uso de calzado adecuado y de tacón bajo según el área a visitar, con el fin de evitar caídas.   PGR-SIG-204 ORDEN Y ASEO.","Uso de calzado bajo "]
[null,null,null,null,"SI","Virus  ","BIOLÓGICO","Malestar General","Ninguno","Ninguno","Ninguno",2,2,4,"BAJO",25,100,"III","MEJORABLE","N.A","N.A","Trabajo en Casa","*Garantizar el autocuidado en Casa.\n*Participar en las reuniones de bioseguridad realizadas por el grupo de SST.\n*Evitar las reuniones sociales y evitar visitar sitios concurridos o de alto riesgo\n*  Realizar constante desinfección y limpieza de los sitios de trabajo\n* Evitar tocar cara, boca y ojos con las manos.\n* Lavar las manos cada 3 horas.     .   ","Uso permanente de respirador buco nasal, limpieza de superficies. Uso periódico de productos para limpieza (agua y jabón) y para  sanitizado de manos (geles a base de alcohol al 70%), mono gafas o careta"]
[null,null,null,null,"SI","Público\n(Robos - Atracos - Asaltos - Agresiones verbales - Actos Violentos)","CONDICIONES DE SEGURIDAD","*Golpes\n*Agresiones verbales y físicas \n*Atentados violentos\n*Heridas\n*Muerte","Ninguno","Ninguno","Ninguno",2,2,4,"BAJO",100,400,"II","ACEPTABLE CON CONTROL ESPECIFICO","NO APLICA","NO APLICA","NO APLICA","*Socializar los planes contingencia para diferentes situaciones  de emergencia específicamente riesgo público.     PLA-SIG-204 PLAN DE PREVENCIÓN, PREPARACIÓN Y RESPUESTA ANTE\nEMERGENCIAS.   ","NO APLICA"]
[null,null,null,null,"NO","Erupción volcán Machín","FENÓMENOS NATURALES","Erupción del Volcán Machín","Ninguno","Ninguno","Ninguno",2,2,4,"BAJO",25,100,"III","MEJORABLE","NO APLICA","NO APLICA","NO APLICA","Tener en cuenta las recomendaciones dadas en los medios de comunicación de la alcaldía y recomendaciones en el video del ejercicio de la simulación  el día nacional del simulacro.     PLA-SIG-204 PLAN DE PREVENCIÓN, PREPARACIÓN Y RESPUESTA ANTE\nEMERGENCIAS.  ","NO APLICA"]
[null,null,null,null,"NO","Sismo - Terremoto","FENÓMENOS NATURALES","Erupción del Volcán Machín","Ninguno","Ninguno","Ninguno",2,2,4,"BAJO",25,100,"III","MEJORABLE","NO APLICA","NO APLICA","NO APLICA","Tener en cuenta las recomendaciones dadas en los medios de comunicación de la alcaldía y recomendaciones en el video del ejercicio de la simulación  el día nacional del simulacro.     PLA-SIG-204 PLAN DE PREVENCIÓN, PREPARACIÓN Y RESPUESTA ANTE\nEMERGENCIAS.    ","NO APLICA"]

{"sheet":"Comisaria No. 1","index":22,"n_rows":78,"n_cols":24,"rows_kept":78,"cut":false,"hidden":true,"merged":[[5,2,5,3],[5,4,5,23],[6,2,7,2],[6,3,7,3],[6,4,7,4],[6,5,6,6],[6,7,7,7],[6,8,6,10],[6,11,6,17],[0,2,3,2],[0,3,1,21],[0,23,3,23],[2,3,3,21],[4,20,4,21],[4,22,4,23],[61,2,77,3],[25,4,32,4],[33,3,40,3],[33,4,40,4],[6,19,6,23],[33,2,40,2],[8,2,32,2],[8,4,18,4],[19,3,32,3],[8,3,18,3],[41,2,60,3]]}
[null,null,null,"PROCESO: SISTEMA INTEGRADO DE GESTIÓN",null,null,null,null,null,null,null,null,null,null,null,null,null,null,null,null,null,null,"Código: FOR-221-PRO-SIG"]
[null,null,null,null,null,null,null,null,null,null,null,null,null,null,null,null,null,null,null,null,null,null,"Versión: 04"]
[null,null,null,"FORMATO: \nIDENTIFICACIÓN DE PELIGROS, EVALUACIÓN Y VALORACIÓN DE LOS RIESGOS \nALCALDÍA MUNICIPAL DE IBAGUÉ",null,null,null,null,null,null,null,null,null,null,null,null,null,null,null,null,null,null,"Fecha: 27/05/2022"]
[null,null,null,null,null,null,null,null,null,null,null,null,null,null,null,null,null,null,null,null,null,null,"Página: 1"]
[null,null,"FECHAS DE ACTUALIZACIÓN: ","2019-02-22","2019-03-09","2019-09-02","2019-09-11","2019-09-24","2019-10-30","2020-07-22","2021-04-09","2022-05-27","2023-07-07","2024-07-15"]
[null,null,"PROCESO:",null,"COMISARIA No. 1  DE FAMILIA "]
[null,null,"1. PROCESO ADMINISTRATIVO / OPERATIVO","2. ACTIVIDADES","3. TAREA RUTINARIO (SI O NO)","PELIGRO",null,"6. EFECTOS POSIBLES\n(Salud - Seguridad)","CONTROLES EXISTENTES",null,null,"EVALUACIÓN DEL RIESGO",null,null,null,null,null,null,"VALORACIÓN DEL RIESGO","MEDIDAS DE INTERVENCIÓN"]
[null,null,null,null,null,"4. DESCRIPCIÓN","5. CLASIFICACIÓN",null,"7. FUENTE","8. MEDIO","9. INDIVIDUO","10. NIVEL DE DEFICIENCIA","11. NIVEL DE EXPOSICIÓN","12. NIVEL DE PROBABILIDAD ND X NE","13. INTERPRETACIÓN DEL NIVEL DE PROBABILIDAD","14. NIVEL DE CONSECUENCIA","15. NIVEL DE RIESGO NR E INTERVENCIÓN","16. INTERPRETACIÓN DEL NR","17. ACEPTABILIDAD DEL RIESGO","18 ELIMINACIÓN","19. SUSTITUCIÓN","20. CONTROLES DE INGENIERIA","21. CONTROLES ADMINISTRATIVOS, SEÑALIZACIÓN, ADVERTENCIA","22. ELEMENTOS DE PROTECCIÓN PERSONAL"]
[null,null,"ADMINISTRATIVO","ACTIVIDAD PLANEACIÓN, ELABORACIÓN Y EJECUCION DE DOCUMENTOS. USO DE HERRAMIENTAS TECNOLOGICAS Y VIDEO TERMINALES. INTERACCIONES LABORALES Y ADMINISTRATIVAS (ATENCIÓN AL CIUDADANO); APLICA PARA FUNCIONARIOS DE PLANTA Y/O CONTRATO.","SI","Radiaciones No ionizantes                                   (Exposición permanente  a pantallas del computador)","FÍSICO ","*Fatiga visual\n*Daños a la visión (Sequedad en los ojos - ojo enrojecido)\n*Tensión ocular ","Uso de pantalla antirreflejo","Ninguno","Recomendaciones en Inducción Reinducción SST. ",2,4,{"$f":"+L9*M9","v":8},{"$f":"IF(N9>=24,\"MUY ALTO\",IF(N9>=10,\"ALTO\",IF(N9>=6,\"MEDIO\",\"BAJO\")))","v":"MEDIO"},10,{"$f":"+N9*P9","v":80},{"$f":"IF(Q9>=600,\"I\",IF(Q9>=150,\"II\",IF(Q9>=40,\"III\",IF(Q9>=20,\"IV\"))))","v":"III"},{"$f":"IF(Q9>=600,\"NO ACEPTABLE\",IF(Q9>=150,\"ACEPTABLE CON CONTROL ESPECIFICO\",IF(Q9>=40,\"MEJORABLE\",IF(Q9>=20,\"ACEPTABLE\"))))","v":"MEJORABLE"},"NO APLICA","NO SE REQUIERE","NO SE REQUIERE","*Se recomienda la implementación permanente de pausas activas durante la jornada laboral.                                                                                                                                                  ","NO APLICA"]
[null,null,null,null,null,"Disconfort Térmico - Exposición a temperaturas altas  extremas  por la inadecuada ventilación  y el ventilador dañado ","FÍSICO","Disconfort térmico,   Alergias, afecciones respiratorias, cefaleas tensionales . ","Ninguno","Ninguno ","Ninguno ",2,4,{"$f":"+L10*M10","v":8},"MEDIO",10,{"$f":"+N10*P10","v":80},"III",{"$f":"IF(Q10>=600,\"NO ACEPTABLE\",IF(Q10>=150,\"ACEPTABLE CON CONTROL ESPECIFICO\",IF(Q10>=40,\"MEJORABLE\",IF(Q10>=20,\"ACEPTABLE\"))))","v":"MEJORABLE"},"NINGUNO ","NINGUNO ","NINGUNO ","* Se recomienda   dotar de puntos de hidratación (Botellones de agua)  para los funcionarios. \n* Se recomienda  mantenimiento del ventilador del área. ","NO APLICA "]
[null,null,null,null,null,"Postura Prolongada \n(Postura sedente la mayor parte de la jornada laboral) - Mobiliario en mal estado","BIOMECÁNICO","Dolor lumbar inespecífico\nDolor cervical","Ninguno","Inspecciones ergonómicas ","Inducción- reinducción- capacitación en biomecánico ",6,4,24,"MUY ALTO",10,240,"II","ACEPTABLE CON CONTROL ESPECIFICO","NO APLICA","NO APLICA","Rediseños de puestos de trabajo ","*Acondicionar el puesto de trabajo dando cumplimiento a las recomendaciones ergonómicas  \"Biomecánicas\", para lo cual, se deben cumplir los requisitos ergonómicos para trabajos con video terminales, por lo tanto, se debe modificar la altura y ubicación de la pantalla, etc.                                                                                                                                               *Capacitación en  higiene postural, ergonomía en oficina, gimnasia laboral y pausas activas.                                                                \n*Se recomienda suministrar otro mobiliario ya que el actual está en mal estado","Suministrar descansa pies"]
[null,null,null,null,null,"Postura Forzada                            \nSilla dañada para las posturas sedentes ","BIOMECÁNICO","Lumbalgias, Cervicalgias, Mialgias, lesiones y síndromes doloroso, tendinitis, espamos de manos ","Ninguno","Inspecciones ergonómicas ","Jornadas de pausas activas - Inducción- reinducción- capacitación en biomecánico ",6,4,24,"MUY ALTO",10,240,"II","ACEPTABLE CON CONTROL ESPECIFICO","NINGUNO ","NINGUNO ","Rediseños de puestos de trabajo ","* Pausas activas a lo largo de la jornada laboral y sensibilizar sobre su importancia , * Realizar seguimiento para el S.V.E  para lesiones osteo musculares.\n*Se recomienda mantenimiento de la silla ergonómica (espaldar y  profundidad del asiento).","NO APLICA"]
[null,null,null,null,null,"Movimientos repetitivos  \n(Digitación)","BIOMECÁNICO","Síndrome de Túnel del Carpo ( STC).\nSíndrome de Quervain","Ninguno","Diseño del sistema (puesto) de trabajo adecuado.","Ninguno",6,4,24,"MUY ALTO",10,240,"II","ACEPTABLE CON CONTROL ESPECIFICO","NO SE REQUIERE","NO SE REQUIERE","Rediseños de puestos de trabajo ","*Se recomienda la implementación permanente de pausas activas durante la jornada laboral.                                                                                                                                                  ","NO APLICA"]
[null,null,null,null,null,"Locativo\nSuperficies de trabajo  irregulares y  desniveladas                                 (Desplazamiento en los diferentes áreas)","CONDICIONES DE SEGURIDAD","*Golpes \n*Caídas","Ninguno","Señalización de advertencia ","Capacitación en prevención de caídas - inducción- reinducción ",2,4,8,"MEDIO",10,80,"III","MEJORABLE","NO APLICA","NO APLICA","NO APLICA","*Se recomienda uso de calzado adecuado según el área a visitar, con el fin de evitar caídas. Continuar sensibilizaciones en prevención de caídas ","Continuar con el uso de  EPP requeridos según el área a auditar: \n*Calzado de seguridad (Botas).\n*Casco\n*Protección respiratoria "]
[null,null,null,null,null,"Locativo - Infraestructura \nParedes , pisos y Techos en mal estado ","CONDICIONES DE SEGURIDAD","Colapso estructural ","Ninguno","Ninguno ","Ninguno ",2,4,8,"MEDIO",10,80,"III","MEJORABLE","NINGUNO ","NINGUNO ","NINGUNO ","*Realizar mantenimiento preventivo y correctivo de las instalaciones locativas, con el fin de mejorar las condiciones de trabajo y prevenir  enfermedades a los trabajadores.                                                                                                                   ","NO APLICA"]
[null,null,null,null,null,"Eléctrico                                                   Baja tensión.                           (Se  evidencia que hay pocas tomas eléctricas, lo que genera que se recarguen las que actualmente hay)","CONDICIONES DE SEGURIDAD","*En caso de cortos, puede generarse electrocución \n*Se potencializa el riesgo de incendio. ","Ninguno","Ninguno","Ninguno",2,4,8,"MEDIO",10,80,"III","MEJORABLE","NO APLICA","NO APLICA","Mantenimiento a redes.","Retroalimentar capacitación de reporte de actos inseguros. Recomendaciones en reinducción.","NO APLICA"]
[null,null,null,null,null,"Eléctrico -                                (Cableado eléctrico en mal estado)","CONDICIONES DE SEGURIDAD","Se potencializa el riesgo de incendio","Ninguno","Ninguno","Ninguno",2,4,8,"MEDIO",10,80,"III","MEJORABLE","NO APLICA","NO APLICA","NO APLICA","*Se recomienda instalar mas puntos para conexión eléctricas con el fin de evitar posibles incendios. ","NO APLICA"]
[null,null,null,null,null,"Mecánico                                         (Manejo de Equipos y elementos de Oficina)","CONDICIONES DE SEGURIDAD","*Traumas de tejidos blandos (Laceración, contusión, heridas superficiales, etc.)       ","Elementos de trabajo en buen estado","Ninguno","Recomendaciones en inducción y reinducción. Capacitaciones en reporte de condiciones y actos inseguros.",2,4,8,"MEDIO",10,80,"III","MEJORABLE","NO SE REQUIERE","NO SE REQUIERE","NO SE REQUIERE","*Continuar con el uso adecuado de los elementos de trabajo, realizar cambio de los elementos que se observen en mal estado. Realizar reinducción.","NO APLICA"]
[null,null,null,null,null,"Locativo                                                                              (Cableado eléctrico desordenado debajo de los puestos de trabajo)","CONDICIONES DE SEGURIDAD","*Se potencializa el riesgo de accidentes por caídas. ","Ninguno","Inspección ergonómica","Inducción reinducción ",2,4,8,"MEDIO",10,80,"III","MEJORABLE","NO APLICA","NO SE REQUIERE","Se recomienda agrupar el cableado eléctrico faltante, utilizando espiral porta cable u otro mecanismo de canalización. ","Realizar inspecciones de seguridad para verificar estado de cableado del  área. ","NO APLICA"]
[null,null,null,"TRANSFERENCIAS DOCUMENTALES. MANEJO DE CORRESPONDENCIA. ACTIVIDAD MANEJO DE ARCHIVO; APLICA PARA FUNCIONARIOS DE PLANTA Y/O CONTRATO. ","SI","Hongos- Bacterias       Presencia en el archivo ","BIOLÓGICO ","Afecciones respiratorias ","Ninguno","Ninguno","Uso de EPP (Guantes y tapa bocas) ",2,4,8,"MEDIO",10,80,"III","MEJORABLE","NINGUNO ","NINGUNO ","NINGUNO ","* Se recomienda continuar con el proceso de intervención (limpieza) del archivo. Realizar reinducción , fumigación termo nebulización ","Uso de guantes de nitrilo, bata y tapabocas"]
[null,null,null,null,"SI","Hongos- Bacterias       Presencia de  excrementos  de roedores en el archivo ","BIOLÓGICO ","Afecciones respiratorias ","Ninguno","Ninguno","Uso de EPP (Guantes) ",2,4,8,"MEDIO",10,80,"III","MEJORABLE","NINGUNO ","NINGUNO ","NINGUNO ","* Continuar con las fumigaciones  periódicas para el control de plagas.\n* Se recomienda  mantenimiento de los techos  (dryboll)  para evitar el ingreso y proliferación de animales. \n* Se recomienda que el personal use EPP en el momento de la manipulación del archivo. ","Uso de guantes de nitrilo y tapabocas  "]
[null,null,null,null,"SI","Material Particulado Acumulación de material particulado (polvo) del archivo ","QUÍMICO","Irritaciones, alergias a nivel respiratorio","Limpieza periódica en los archivos","Ninguno","uso de E.P.P ( Mascarilla respiratoria, guantes y bata) ",2,4,8,"MEDIO",10,80,"III","MEJORABLE","NINGUNO ","NINGUNO ","NINGUNO ","*Exámenes periódicos anualmente al personal  expuesto con espirómetros \n* Se recomienda que el personal de servicios generales realice limpieza completa del archivo durante la semana.\n*Se recomienda limpieza, lavado de las cortinas del área. ","uso de E.P.P (Mascarilla respiratoria, guantes y bata) "]
[null,null,null,null,"SI","Radiaciones No ionizantes                                   (Exposición a pantallas del computador)","FÍSICO ","*Fatiga visual","Uso de pantalla antirreflejo","Ninguno","Recomendaciones en Inducción Reinducción SST. ",2,4,8,"MEDIO",10,80,"III","MEJORABLE","NO APLICA","NO SE REQUIERE","NO SE REQUIERE","*Se recomienda la implementación permanente de pausas activas durante la jornada laboral.                                                                                                                                                  ","NO APLICA"]
[null,null,null,null,"SI","Postura Mantenida: Postura sedente  durante la jornada de trabajo","BIOMECÁNICO","*Enfermedad  lumbar inespecífica\n*Espasmos musculares       *Problemas circulatorios en miembros inferiores","No aplica","Ninguno","Implementación y direccionamiento  de pausas activas al personal, exámenes médicos ocupacionales, capacitación con relación al riesgos",6,4,24,"MUY ALTO",10,240,"II","ACEPTABLE CON CONTROL ESPECIFICO","NO APLICA","NO SE REQUIERE","Rediseño de puesto de trabajo","*Implementar programa de mantenimiento de las sillas.                                                           * Realizar campaña donde se le brinde al personal información como: partes de una silla, descansa pies y su  modo de uso. *Sensibilizar sobre la importancia de las pausas activas.","NO APLICA"]
[null,null,null,null,"SI","Manipulación manual de cargas                                               Levantar cajas de archivo del piso","BIOMECÁNICO","Hernias Discales - Bursitis de hombro - Bursitis de rodilla ","Ninguno","Ninguno","Capacitación manejo adecuado de cargas ",6,4,24,"MUY ALTO",10,240,"II","ACEPTABLE CON CONTROL ESPECIFICO","NINGUNO ","NINGUNO ","NINGUNO ","*Continuar con la implementación del sistema de vigilancia epidemiológico osteomuscular.                                                                             *Continuar con la capacitación y  permanente  en  higiene postural, ergonomía en oficina, gimnasia laboral y pausas activas.      ","NO APLICA"]
[null,null,null,null,"SI","Esfuerzos: Carga dinámica , movilización de varios segmentos corporales para el desarrollo de la tarea","BIOMECÁNICO","*Enfermedad, lumbar inespecífica           *Bursitis de hombro         *Dolores a nivel de miembros superiores e inferiores","No aplica","Ninguno","Implementación y direccionamiento  de pausas activas al personal, exámenes médicos ocupacionales, capacitación con relación al riesgos",6,4,24,"MUY ALTO",10,240,"II","ACEPTABLE CON CONTROL ESPECIFICO","NO SE REQUIERE","NO SE REQUIERE","NO SE REQUIERE","*Continuar con las medidas actuales               *Sensibilizar sobre la importancia de las pausas activas.                                          *Implementar el SVE para DME","NO APLICA"]
[null,null,null,null,null,"Movimientos repetitivos: Ingreso de datos a video terminales","BIOMECÁNICO","*Síndrome del túnel carpiano                      *Síndrome de Quervain","No aplica","Ninguno","Implementación y direccionamiento  de pausas activas al personal, exámenes médicos ocupacionales, capacitación con relación al riesgos",6,4,24,"MUY ALTO",10,240,"II","ACEPTABLE CON CONTROL ESPECIFICO","NO SE REQUIERE","NO SE REQUIERE","NO SE REQUIERE","*Continuar con las medidas actuales               *Sensibilizar sobre la importancia de las pausas activas.                                          *Implementar el SVE para DME","NO APLICA"]
[null,null,null,null,null,"Manipulación de cargas (elevar):  Disposición de archivo en estantería","BIOMECÁNICO","*Enfermedad discal        *Enfermedad lumbar inespecífica","No aplica","Ninguno","Implementación y direccionamiento  de pausas activas al personal, exámenes médicos ocupacionales, capacitación con relación al riesgos",6,4,24,"MUY ALTO",10,240,"II","ACEPTABLE CON CONTROL ESPECIFICO","NO SE REQUIERE","NO SE REQUIERE","NO SE REQUIERE","*Continuar con las medidas actuales               *Sensibilizar sobre la importancia de las pausas activas.                                                       * Capacitar en manipulación adecuada de cargas                                                                *Implementar el SVE para DME","NO APLICA"]
[null,null,null,null,null,"Manipulación de cargas (bajar desde alturas):Ubicación y manipulación de archivo ","BIOMECÁNICO","*Enfermedad discal        *Enfermedad lumbar inespecífica","No aplica","Ninguno","Implementación y direccionamiento  de pausas activas al personal, exámenes médicos ocupacionales, capacitación con relación al riesgos",6,4,24,"MUY ALTO",10,240,"II","ACEPTABLE CON CONTROL ESPECIFICO","NO SE REQUIERE","NO SE REQUIERE","NO SE REQUIERE","*Continuar con las medidas actuales               *Sensibilizar sobre la importancia de las pausas activas.                                                       * Capacitar en manipulación adecuada de cargas                                                                *Implementar el SVE para DME","NO APLICA"]
[null,null,null,null,null,"Movimientos Repetitivos\nArchivar documentos en el archivo, búsqueda de documentos. ","BIOMECÁNICO","Síndromes túnel del carpo\n\nSíndrome de Quervain","Ninguno","SVE  Biomecánico ","Ninguno",6,4,24,"MUY ALTO",10,240,"II","ACEPTABLE CON CONTROL ESPECIFICO","NINGUNO ","NINGUNO ","NINGUNO ","*Implementar el programa de pausas activas, específicamente                                                                                      *Continuar con la implementación del Sistema de vigilancia epidemiológico osteomuscular.    ","NO APLICA"]
[null,null,null,null,null,"Locativo                             Sistemas de almacenamiento y condiciones técnico ambientales inadecuados del archivo (almacenamiento en la superficies de trabajo)                           ","CONDICIONES DE SEGURIDAD","Accidentes de trabajo -  Deterioro del archivo - Caídas de objetos (cajas) ","Ninguno","Ninguno","Ninguno",2,4,8,"MEDIO",10,80,"III","MEJORABLE","NINGUNO ","NINGUNO ","*Gestionar la adecuación de los  estantes  rodantes para la custodia y almacenamiento del archivo para  reubicar  el archivo que se encuentra en la superficie de trabajo.\n*Antes de instalar los archivadores rodantes realizar mantenimiento. ","Se recomienda revisar el Acuerdo 037 del 2002 artículo primero, literal B; específicamente en las condiciones técnicas de los estantes, con el objetivo de cumplir con la normatividad vigente en materia de organización, depósito y conservación de documentos de archivo. Estantería con diseño acorde con la dimensión de las unidades que contendrá, evitando bordes o aristas que produzcan daños sobre los documentos *Cada bandeja deberá soportar un peso mínimo de 100 kg./mt lineal. * La balda superior debe estar a una altura que facilite la manipulación  y  el  acceso a la documentación. * El encerramiento superior no debe ser utilizado como lugar de almacenamiento de documentos ni de ningún otro material.  *Se debe dejar un espacio mínimo de 20 cm. entre los muros y la estantería.  * La balda inferior debe estar por lo menos a 10 cm del piso.   *Ubicación del archivo debe ser un terreno sin riesgos de humedad subterránea o problemas de inundación y que ofrezca estabilidad.","NO APLICA"]
[null,null,null,null,null,"Locativo: Sistemas y medios de almacenamiento sin anclar","CONDICIONES DE SEGURIDAD","*Golpes con objetos        *Atrapamientos","Archivador rodante","Instalación de rieles en la parte superior de estantes","Recomendaciones de seguridad en los archivos ",2,4,8,"MEDIO",10,80,"III","MEJORABLE","NO APLICA","NO APLICA","NO APLICA","Se recomienda instalar protectores de seguridad en el soporte de agarre de los archivadores, con el fin de evitar heridas graves y disminuir los golpes. \n*Sensibilización a los funcionarios en auto cuido. Reinducción SST","NO APLICA"]
[null,null,null,null,null,"Mecánico: Manipulación de archivo antiguo con gancho metálico","CONDICIONES DE SEGURIDAD","*Cortes, laceraciones                               *Pinchazos","Implementación de gancho plástico","No aplica","Inducción- reinducción SST- Capacitación en los riesgos para la manipulación de archivo ",2,4,8,"MEDIO",10,80,"III","MEJORABLE","NO SE REQUIERE","NO SE REQUIERE","NO SE REQUIERE","Reinducción SST-Continuar capacitación de autocuidado ","*Verificar el uso de los EPP por parte de los trabajadores"]
[null,null,"OPERATIVO","ACTIVIDAD DESPLAZAMIENTO A EVENTOS Y REUNIONES INSTITUCIONALES,  INSPECCIONES, VISITAS TÉCNICAS (DE CAMPO), ACTIVIDADES DE BIENESTAR Y CULTURALES FUERA DE LA SEDE, CONTROL DE CONVIVENCIA Y PARTICIPACIÓN CIUDADANA; APLICA PARA FUNCIONARIOS DE PLANTA Y/O CONTRATO.","SI","Accidentes de tránsito                      \n     \n(En los desplazamientos en las vías)\nVER MATRIZ DE RIESGO VIAL ","CONDICIONES DE SEGURIDAD","*Muerte \n*Lesiones graves en el cuerpo entero\n*Atrapamiento vehicular","Ninguno","Ninguno","Retroalimentación en seguridad vial y política de seguridad vial.",2,2,4,"BAJO",100,400,"II","ACEPTABLE CON CONTROL ESPECIFICO","NO APLICA","NO APLICA","Realizar mantenimiento periódico de vehículos.","*Dar cumplimiento al plan de capacitación del PESV según el rol (Pasajero - Conductor - Peatón)\n*Realizar sensibilización en seguridad vial \n* Implementación del plan estratégico de seguridad vial. Inspección pre operacional a vehículos. ","NO APLICA"]
[null,null,null,null,null,"Locativo\nSuperficies de trabajo  irregulares y  desniveladas                                 (Desplazamiento en los diferentes áreas)","CONDICIONES DE SEGURIDAD","*Golpes \n*Caídas\n*Fracturas","Ninguno","Ninguno","Capacitación en prevención de caídas. Inducción y reinducción SST ",2,4,8,"MEDIO",10,80,"III","MEJORABLE","NO APLICA","NO APLICA","NO APLICA","*Se recomienda capacitaciones en prevención de caídas al mismo nivel. \n* Se recomienda  capacitaciones en autocuidado y percepción del riesgo. ","Uso de calzado bajo "]
[null,null,null,null,null,"Picaduras y Mordeduras                 (Exposición con animales en las vías públicas)","BIOLÓGICO","Infecciones","No aplica","No aplica","Inducción, reinducción SST",2,4,8,"MEDIO",10,80,"III","MEJORABLE","NO APLICA","NO APLICA","NO APLICA","*Se recomienda capacitar en prevención por mordeduras o picaduras EST-SIG-01 ESTANDAR DE SEGURIDAD PARA ACTIVIDADES FUERA DE LA SEDE\n*Realizar reinducción SST\n","NO APLICA"]
[null,null,null,null,null,"Radiaciones no ionizantes                                                 Exposición a luz solar en actividades externas ","FÍSICO","Incomodidad - Insolación ","Ninguno","Ninguno","Recomendaciones en inducción y reinducción",2,4,8,"MEDIO",10,80,"III","MEJORABLE","NINGUNO ","NINGUNO ","NINGUNO ","*Suministro de camisa manga larga y cachucha. Reinducción SST","Ropa manga larga \nCachucha"]
[null,null,null,null,null,"Temperaturas                   (Calor Ambiental)","FÍSICO","Cansancio, fatiga, cefalea, agotamiento físico","Ninguno","Ninguno","Recomendaciones en Inducción y reinducción SST",2,4,8,"MEDIO",10,80,"III","MEJORABLE","NO APLICA","NO APLICA","NO APLICA","*Continuar el uso de camisa manga larga y cachucha en el desarrollo de la actividad. Sensibilizaciones de autocuidado. Realizar reinducción SST.","Ropa manga larga "]
[null,null,null,null,null,"Postura mantenida                          (Bípeda)","BIOMECÁNICO","*Cansancio\n*Fatiga en miembros inferiores y en las articulaciones\n*Aparición de vena varice\n*Edema en los pies \n*Dolor lumbar ","No aplica","No aplica","Realiza varias tareas, lo que permite cambios de posición\n\nExámenes ocupacionales periódicos",2,4,8,"MEDIO",10,80,"III","MEJORABLE","NO APLICA","NO APLICA","NO APLICA","*Solicitar a la empresa contratista realizar re inducción en higiene postural, gimnasia laboral y pausas activas.                                                                 \n*Continuar con las actividades del sistema de vigilancia epidemiológico  para prevención de desordenes musculo esqueléticas asociadas al peligro biomecánico .                                                                                  ","No aplica"]
[null,null,null,null,null,"Accidentes causados por semovientes ","CONDICIONES DE SEGURIDAD","*Golpes \n*Caídas\n*Fracturas","Ninguno","Ninguno","Ninguno",2,4,8,"MEDIO",10,80,"III","MEJORABLE","NO APLICA","NO APLICA","NO APLICA","Sensibilizaciones y recomendaciones al personal en maniobras de equinos y tips de prevención de accidentes con semovientes EST-SIG-04 ESTÁNDAR DE SEGURIDAD DESPLAZAMIENTO EQUINOS  ","NO APLICA"]
[null,null,null,null,null,"ELÉCTRICO Baja tensión ( cercas eléctricas) ","CONDICIONES DE SEGURIDAD","*Golpes \n*Caídas\n*Fracturas","Ninguno","Ninguno","Inducción y reinducción al personal ",2,4,8,"MEDIO",10,80,"III","MEJORABLE","NO APLICA","NO APLICA","NO APLICA","Continuar con las socialización en inducción y reinducción de SST a funcionarios y contratistas ","NO APLICA"]
[null,null,"PELIGROS QUE APLICAN A TODAS LAS ACTIVIDADES; APLICA PARA FUNCIONARIOS DE PLANTA Y/O CONTRATO.",null,"SI","Público\n(Manifestaciones públicas)","CONDICIONES DE SEGURIDAD","*Golpes\n*Agresiones verbales y físicas \n*Heridas\n*Muerte","Ninguno","Ninguno","Inducción y reinducción al personal ",2,2,4,"BAJO",100,400,"II","ACEPTABLE CON CONTROL ESPECIFICO","NO APLICA","NO APLICA","NO APLICA","*Actualizar el plan de emergencias, incluyendo los planes operativos normalizados en caso de situaciones de emergencia en riesgo público especifico para cada sede y socializarlo a todo el personal.     \n*Capacitar al personal en actuación ante emergencias en riesgo público. ","NO APLICA"]
[null,null,null,null,"SI","Público\n(Robos - Atracos - Asaltos - Agresiones verbales - Actos Violentos)","CONDICIONES DE SEGURIDAD","*Golpes\n*Agresiones verbales y físicas \n*Atentados violentos\n*Heridas\n*Muerte","Ninguno","Cámaras de seguridad ","Ninguno",2,2,4,"BAJO",100,400,"II","ACEPTABLE CON CONTROL ESPECIFICO","NO APLICA","NO APLICA","Mantenimiento periódico de las  cámaras de vigilancia en la sede. ","*Socializar los planes contingencia para diferentes situaciones  de emergencia específicamente riesgo público. ","NO APLICA"]
[null,null,null,null,"SI","Público\n(Inseguridad por actos delictivos en los alrededores de la sede)","CONDICIONES DE SEGURIDAD","*Golpes\n*Agresiones verbales y físicas \n*Atentados violentos\n*Heridas\n*Muerte","Ninguno","Hay cámaras de vigilancia\n ","Inducción y reinducción al personal ",2,2,4,"BAJO",100,400,"II","ACEPTABLE CON CONTROL ESPECIFICO","NO APLICA","NO APLICA","Mantenimiento periódico de las  cámaras de vigilancia en la sede. ","*Socializar los planes contingencia para diferentes situaciones  de emergencia específicamente riesgo público. ","NO APLICA"]
[null,null,null,null,"NO","Sismo - Temblores                  ","FENÓMENOS NATURALES","*Daños materiales (Pérdida total)\n*Heridas y lesiones graves\n*Accidentes de trabajo \n*Muerte","No hay","hay elementos para atención de emergencias en caso de requerirse","Capacitación  en actuación ante emergencias ",2,2,4,"BAJO",100,400,"II","ACEPTABLE CON CONTROL ESPECIFICO","NO SE REQUIERE","NO SE REQUIERE","NO SE REQUIERE","*Actualizar el plan de emergencias, incluyendo los planes operativos normalizados en caso de situaciones de emergencia en riesgo público especifico para cada sede y socializarlo a todo el personal.     \n*Capacitar al personal en actuación ante emergencias en riesgo público, realizar simulacros","NO APLICA"]
[null,null,null,null,"NO","Erupción volcán machín           ","FENÓMENOS NATURALES","*Daños materiales (Pérdida total)\n*Heridas y lesiones graves\n*Accidentes de trabajo \n*Muerte","No hay","Ninguno","Capacitación  en actuación ante emergencias ",2,2,4,"BAJO",100,400,"II","ACEPTABLE CON CONTROL ESPECIFICO","NO SE REQUIERE","NO SE REQUIERE","NO SE REQUIERE","*Seguir las instrucciones que el departamento suministra para  casos de emergencia por posible erupción del Volcán.                                                                                              \n*Solicitar capacitación al ente respectivo sobre actuación en caso de erupción del volcán machín. \n*Capacitar en actuación ante emergencias en caso de erupción del volcán machín a todo el personal.  \n*Actualizar plan de emergencias incluyendo el PON por posible erupción del volcán machín y socializar a los trabajadores. ","NO APLICA"]
[null,null,null,null,"SI","Tecnológico\n(Incendios - Explosiones)\nGenerado dentro de las instalaciones de las oficinas ","CONDICIONES DE SEGURIDAD","Incendios \nQuemaduras de grado 2 y 3\nMuerte","Ninguno","Uso de equipos contra incendio","Personal capacitado en manejo de equipos contra incendios",2,2,4,"BAJO",100,400,"II","ACEPTABLE CON CONTROL ESPECIFICO","NO APLICA","NO APLICA","*Realizar mantenimiento preventivo y correctivo de los equipos eléctricos e instalaciones eléctricas en la sede","*Capacitación en prevención de accidentes de trabajo por riesgo eléctrico.                                                          \n\n*Continuar con las inspecciones de seguridad enfocado a riesgo eléctrico., socialización PON.","NO APLICA"]
[null,null,null,null,"SI","Tecnológico\n\"Riesgo de la vecindad\"\n(Incendios - Explosiones)\nCercanía a estación de policía \n","CONDICIONES DE SEGURIDAD","Incendios \nQuemaduras de grado 2 y 3\nMuerte","Ninguno","Uso de equipos contra incendio","Ninguno",2,2,4,"BAJO",100,400,"II","ACEPTABLE CON CONTROL ESPECIFICO","NO APLICA","NO APLICA","Instalación y mantenimiento de cámaras","*Diseñar y socializar PON en caso de explosiones externas a la empresa- Diseño de plan de ayuda mutua ","NO APLICA"]
[null,null,null,null,"SI","Fugas de gas \n\"Riesgos de la vecindad\"\n(Generado por la presencia de restaurantes alrededor, tuberías externas a la entidad) ","QUÍMICOS","Incendios \nQuemaduras de grado 2 y 3\nMuerte","Ninguno","Uso de equipos contra incendio","Ninguno",2,2,4,"BAJO",100,400,"II","ACEPTABLE CON CONTROL ESPECIFICO","NO APLICA","NO APLICA","NO APLICA","*Diseñar y socializar PON en caso de fuga de gas- Diseño de plan de ayuda mutua ","NO APLICA"]
[null,null,null,null,"SI","Virus \n","BIOLÓGICO","Malestar General","Vacunación","Limpieza y desinfección de áreas de trabajo   y en casa,  Control de aforo, señalización de advertencia.","Distanciamiento    físico, uso de mascarilla, lavado de manos contante.",2,4,8,"MEDIO",10,80,"III","MEJORABLE","N.A","N.A","Trabajo en casa "," *Promover frecuentemente el lavado de manos en personal de planta, contratistas y visitantes. En caso de no contar con agua y jabón, se debe proveer con desinfectantes para manos (gel antibacterial a base de alcohol).  *Disminución de la densidad laboral en áreas de trabajo o de ocupación de la entidad promoviendo el teletrabajo. *Mantener un stop de EPP  (mascarillas ) para dotación y recambio. *Establecer canales de comunicación individualizados y/o de grupo: correo electrónico, redes sociales, videoconferencia, teléfono para reuniones evitando la presencialidad. *Revisión y análisis de los perfiles epidemiológicos por cargo.","Uso permanente de mascarilla respiratoria. Uso periódico de productos para limpieza (agua y jabón) y  alcohol al 70%, mono gafas o careta."]
[null,null,null,null,"SI"," Demandas Emocionales: Condiciones de la tarea                             \nLa novedad del entorno de trabajo, situación familiar:  hijos o personas mayores a cargo en el hogar en situación de riesgo, miedo al contagio, aislamiento social y confinamiento, miedos e incertidumbres laborales y socioeconómicos, espacios y recursos compartidos por varias personas ante las mismas circunstancias en sus domicilios, convertir espacios de su hogar en despachos improvisados para poder seguir desempeñando su tarea diaria, valoración subjetiva y objetiva por parte del experto mientras se aplica la batería de riesgo psicosocial.","PSICOSOCIAL","Alteraciones mentales, Ansiedad, depresión, estrés postraumático.","S.V.E. Psicosocial","S.V.E Psicosocial","Intervenciones individuales y grupales, capacitaciones, medidas de afrontamiento, manejo de habilidades sociales.",2,4,8,"MEDIO",10,80,"III","MEJORABLE","N.A","N.A","Organización de los puestos de trabajo, lavamanos, dispensadores, cumpliendo con el distanciamiento."," “ identificación de personas con mayor riesgo, prácticas para la prevención del contagio a través del autocuidado individual y familiar, entre otras”capacitaciones del protocolo de bioseguridad, inspecciones, suministro de Elementos de bioseguridad..","Uso de los elementos de bioseguridad, establecer el compromiso de autocuidado y trabajo seguro."]
[null,null,null,null,"SI","Características de la organización del trabajo\n(Valoración promedio mientras se realiza el proceso de aplicación de baterías de riesgo psicosocial)","PSICOSOCIAL","Alteraciones mentales, Ansiedad, depresión.","SVE. Riesgo Psicosocial","SVE. Riesgo Psicosocial","Intervenciones individuales y grupales, capacitaciones, medidas de afrontamiento, manejo de habilidades sociales.",2,4,8,"MEDIO",10,80,"III","MEJORABLE","NO SE REQUIERE","NO SE REQUIERE","NO APLICA","*Aplicación de las baterías de riesgo  psicosocial, para verificar la exposición al peligro. \nCapacitación en trabajo en equipo y competencias individuales y profesionales.\n\nAnálisis de carga laboral.    (PGR-SIG-206 Vigilancia epidemiologica de riesgo Psicosocial)                                                                                                                                   ","NO SE REQUIERE"]
[null,null,null,null,"SI","Características del grupo social y del trabajo.\n(Está en proceso la evaluación de los factores de riesgo psicosocial)","PSICOSOCIAL","Stress laboral\nAfecciones de salud                                                                                                                                                                                                                                                                                                                                                                                                            Ambientes de trabajo Hostil                                                                                                                                                                                                                                                                                                                                                                                                         Baja Productividad","Cumplimiento de la normatividad ley 1010, resolución 652 y 356, 2646.","Comité de Convivencia Laboral","Capacitaciones en habilidades sociales básicas, resolución de conflictos, liderazgo efectivo.",2,4,8,"MEDIO",10,80,"III","MEJORABLE","NO SE REQUIERE","NO SE REQUIERE","NO SE REQUIERE","*Capacitación en habilidades sociales básicas y relaciones interpersonales y comunicación asertiva y efectiva. \n\n*Capacitación en liderazgo efectivo y generación de hábitos del líder. ","NO SE REQUIERE"]
[null,null,null,null,"SI","Gestión Organizacional\n(Está en proceso la evaluación de los factores de riesgo psicosocial aplicación batería de riesgo psicosocial)","PSICOSOCIAL","Stress laboral\nAfecciones de salud                                                                                                                                                                                                                                                                                                                                                                                                                     Productividad- Ausentismo","Plan de Intervención del SVE ","N/A","Intervenciones individuales y grupales, capacitaciones en liderazgo, fortalecimiento de las escuelas de liderazgo.",2,4,8,"MEDIO",10,80,"III","MEJORABLE","NO SE REQUIERE","NO SE REQUIERE","NO SE REQUIERE","Fortalecimiento de las escuelas de liderazgo.","NO SE REQUIERE"]
[null,null,null,null,"SI","Contenido de la Tarea (Carga de Trabajo)\n(Está en proceso la evaluación de los factores de riesgo psicosocial aplicación batería de riesgo psicosocial)","PSICOSOCIAL","Stress laboral\nAfecciones de salud","S.V.E. Psicosocial","Distribución de la tarea por trabajo en equipo, gestión del tiempo.","Intervenciones individuales y grupales, capacitaciones, medidas de afrontamiento, manejo de habilidades sociales.",2,4,8,"MEDIO",10,80,"III","MEJORABLE","NO SE REQUIERE","NO SE REQUIERE","NO SE REQUIERE","Capacitaciones, manejo del tiempo como recurso, trabajo colaborativo y ayuda percibida.  ","NO SE REQUIERE"]
[null,null,null,null,"SI","Accidentes aéreos                           (En los desplazamientos en avión a otras ciudades)\n","CONDICIONES DE SEGURIDAD","*Muerte \n*Lesiones graves en el cuerpo entero\n*Caída de avión","Ninguno","Ninguno","Ninguno",2,2,4,"BAJO",100,400,"II","ACEPTABLE CON CONTROL ESPECIFICO","NO APLICA","NO APLICA","NO APLICA","*Dar cumplimiento a las normas de seguridad para viajes aéreos","NO APLICA"]
[null,null,null,null,"SI","Virus (cambio climatico)\n ","BIOLÓGICO","Malestar general","Ninguno","Limpieza y desinfección de áreas de trabajo   y en casa,  Control de aforo, señalización de advertencia.","Distanciamiento    físico, uso de mascarilla, lavado de manos constante.",2,4,8,"MEDIO",10,80,"III","MEJORABLE","NO APLICA","NO APLICA","NO APLICA","  *Promover frecuentemente el lavado de manos en personal de planta, contratistas y visitantes. En caso de no contar con agua y jabón, se debe proveer con desinfectantes para manos (gel antibacterial a base de alcohol).  *Disminución de la densidad laboral en áreas de trabajo o de ocupación de la entidad promoviendo el teletrabajo. *Mantener un stop de EPP  (mascarillas ) para dotación y recambio. *Establecer canales de comunicación individualizados y/o de grupo: correo electrónico, redes sociales, videoconferencia, teléfono para reuniones evitando la presencialidad. *Revisión y análisis de los perfiles epidemiológicos por cargo, estrategias motivación para que los funcionarios se  vacunen.   (PRO-SIG-202 Procedimiento administrativo de elementos EPP)","Uso permanente de mascarilla respiratoria. Uso periódico de productos para limpieza (agua y jabón) y  alcohol al 70%, mono gafas o careta."]
[null,null,null,null,"NO","Largas Jornadas Laborales y ausencia de descanso con altas temperaturas y radiciones altas por factor del CAMBIO CLIMATICO.","PSICOSOCIAL","Estrés, agotamiento por trabajo continuo, cansacio, fatiga, angustia, ansiedad, poca concentración y atención, somnolencia.","Ninguno","Ninguno","PVE- Riesgo psicosocial",2,4,8,"MEDIO",10,80,"III","MEJORABLE","NO APLICA","NO APLICA","NO APLICA","Introducir una rutina de tiempos detrabajo y de descanso para aquellos\ntrabajadores/as que estén expuestos a ambientes calurosos, Formación en primeros auxilios, para que puedan\nreconocer y tratar los primeros síntomas de desórdenes de salud ocasionados por una\nexposición a temperaturas extremadamente cálidas., Seguir a diario los boletines\nmeteorológicos y cambiar el horario de trabajo de gran exposición al calor\na horas más frescas del día., En trabajos a campo abierto, crear zonas descanso con carpas, Disponer de agua potable fría en lugares estratégicos y visibles, cercanos al área de trabajo.","NO SE REQUIERE"]
[null,null,null,null,"NO"," Temperaturas\nextremas (calor) porfactor de CAMBIO CLIMATICO","FISICO","Stress termico Agotamiento Mareos  Deshidratación Golpes de calor, lesiones en la piel, insolación, ","No aplica","Ninguno","Ninguno",2,4,8,"MEDIO",10,80,"III","MEJORABLE","NO APLICA","NO APLICA","NO APLICA","Todos los funcionarios que realicen desplazamientos fuera de la sede deben apalicar el Estándar de Seguridad \"EST-204\"., se recomienda hidratación continua, alimentación adecuada, Organización de los puestos de trabajo, limplementación de un programa de climatización.Sistemas de ventilación","Ropa de trabajo y equipos de\nprotección adecuados(camisa,\nmanga larga, pantalón largo,\ngorra o sombrero de ala ancha).\nSaber que la ropa protectora o el\nequipo de protección personal\npuede aumentar el riesgo del\nestrés por calor."]
[null,null,null,null,"NO"," Temperaturas\nextremas (calor Radiaciones No ionizantes) porfactor de CAMBIO CLIMATICO","FISICO","Stress termico Agotamiento Mareos  Deshidratación Golpes de calor, lesiones en la piel, dolor de cabeza.","No aplica","Ninguno","Protector Solar",2,4,8,"MEDIO",10,80,"III","MEJORABLE","NO APLICA","NO APLICA","NO APLICA","Todos los funcionarios que realicen desplazamientos fuera de la sede deben apalicar el Estándar de Seguridad \"EST-204\"., se recomienda hidratación continua, alimentación adecuada, Organización de los puestos de trabajo, limplementación de un programa de climatización.Sistemas de ventilación","Ropa de trabajo y equipos de\nprotección adecuados(camisa,\nmanga larga, pantalón largo,\ngorra o sombrero de ala ancha).\nSaber que la ropa protectora o el\nequipo de protección personal\npuede aumentar el riesgo del\nestrés por calor."]
[null,null,null,null,"NO","Inalación de Humos y Vapores\n (Incendios Forestales )por factor CAMBIO CLIMATICO","QUÍMICO","Asfixia, Dificultad para respirar, Ardor en los ojos, conjuntivitis, Alergias, Tos, irritación de la garganta, dolor de cabeza.","No aplica","Ninguno","Ninguno",2,4,8,"MEDIO",10,80,"III","MEJORABLE","NO APLICA","NO APLICA","NO APLICA","Aplicación PON para el manejo de incendios forestales, ver PLAN DE MERGENCIA PLA-SIG 204.","NO SE REQUIERE"]
[null,null,"PELIGROS QUE APLICAN A TRABAJO CON RESTRICCIONES DE SALUD Y/O TELE TRABAJO",null,"SI","Postura Prolongada \n(Postura sedente más del 75% de la jornada laboral en trabajo con video terminales)","BIOMECÁNICO","*Dolor lumbar inespecífico\n*Espasmos musculares","Ninguno","Ninguno","Ninguno",2,2,4,"BAJO",10,40,"III","MEJORABLE","NO APLICA","NO SE REQUIERE","NO SE REQUIERE","*Realizar visitas virtuales por parte del Grupo de SST para capacitar en higiene postural en casa.\n\n*Realizar pausas activas en el área.                                                                 \n\n*Continuar con las actividades del programa de vigilancia epidemiológico  para prevención de desordenes musculo esqueléticas asociadas al peligro biomecánico, para trabajo en casa.                                                                               ","NO APLICA"]
[null,null,null,null,"SI","Movimientos repetitivos  \n(Digitación - Escanear)","BIOMECÁNICO","Lesiones por trauma acumulativo en miembro superiores ( STC).\nSíndrome de Quervain","Ninguno","Ninguno","Ninguno",2,2,4,"BAJO",10,40,"III","MEJORABLE","NO SE REQUIERE","NO SE REQUIERE","NO SE REQUIERE","*Se recomienda la implementación permanente de pausas activas durante la jornada laboral.                                                                                                                                                  ","NO APLICA"]
[null,null,null,null,"SI","Radiaciones No ionizantes                                   (Exposición permanente a pantallas del computador)","FÍSICO ","*Fatiga visual","Ninguno","Ninguno","Ninguno",2,4,8,"MEDIO",10,80,"III","MEJORABLE","NO APLICA","NO SE REQUIERE","NO SE REQUIERE","*Se recomienda la implementación permanente de pausas activas durante la jornada laboral.                                                                                                                                                  ","NO APLICA"]
[null,null,null,null,"NO","Locativo                                                                              (Cableado eléctrico desordenado en la zona adecuada para puesto de trabajo)","CONDICIONES DE SEGURIDAD","*Se potencializa el riesgo de accidentes por caídas. ","Ninguno","Ninguno","Ninguno",2,4,8,"MEDIO",10,80,"III","MEJORABLE","NO APLICA","NO SE REQUIERE","Se recomienda agrupar el cableado eléctrico faltante, utilizando espiral porta cable u otro mecanismo de canalización. ","Realizar inspecciones de seguridad para verificar estado de cableado del  área. ","NO APLICA"]
[null,null,null,null,"NO","Picaduras - Mordeduras                             (Presencia de vectores e insectos dentro de la vivienda o zona destinada para laborar).","BIOLÓGICO","Infecciones","Ninguno","Ninguno","Ninguno",2,4,8,"MEDIO",10,80,"III","MEJORABLE","NO APLICA","NO APLICA","NO APLICA","* realizar una correcta inspección del área de trabajo para garantizar la NO presencia de vectores o insectos ponzoñoso. Evitar las zona con acumulación de aguas estancadas","NO APLICA"]
[null,null,null,null,"SI","Virus y Bacterias\n (Exposición a virus y bacterias debido al uso de superficies húmedas como baños, lavamanos y lavaplatos alberca)","BIOLÓGICO","*Dermatosis\n*Reacciones alérgicas\n*Enfermedades infecciosas\n*Infecciones respiratorias","Ninguno","Ninguno","Ninguno",2,4,8,"MEDIO",10,80,"III","MEJORABLE","NO APLICA","NO APLICA","NO APLICA","*Capacitar a los trabajadores en auto cuidado y la importancia del uso de los EPP.","*Uso de EPP (Guantes - Tapa bocas)"]
[null,null,null,null,"NO","Material particulado \n(Polvo en los documentos)","QUÍMICOS","*Enfermedades respiratorias\n*Infecciones virales \n*Alergias ","Ninguno","Ninguno","Ninguno",2,4,8,"MEDIO",10,80,"III","MEJORABLE","NO APLICA","NO APLICA","NO APLICA","*Realizar seguimiento del uso de los elementos de protección personal (Tapa bocas), cuando manipule archivo con polvo.                                                            ","Suministrar tapa bocas para el desarrollo de la labor. "]
[null,null,null,null,"NO","Uso de elementos de desinfección\n(alcohol, gel antibacterial)","QUÍMICOS","\n*Alergias en piel o vías respiratorias.\n* Quemaduras ","Ninguno","Ninguno","Ninguno",2,4,8,"MEDIO",10,80,"III","MEJORABLE","NO APLICA","NO APLICA","NO APLICA","*Realizar seguimiento del uso de los elementos de protección personal (Tapa bocas), cuando manipule archivo con polvo.                                                            ","Suministrar tapa bocas para el desarrollo de la labor. "]
[null,null,null,null,"SI","Mecánico                                         (Manejo de Equipos y elementos de Oficina)","CONDICIONES DE SEGURIDAD","*Traumas de tejidos blandos (Laceración, contusión, heridas superficiales, etc.)       ","Ninguno","Ninguno","Ninguno",2,4,8,"MEDIO",10,80,"III","MEJORABLE","NO SE REQUIERE","NO SE REQUIERE","NO SE REQUIERE","*Continuar con el uso adecuado de los elementos de trabajo, realizar cambio de los elementos que se observen en mal estado. ","NO APLICA"]
[null,null,null,null,"SI","Deficiente ventilación (Las ventanas y persianas deben permanecer cerradas para evitar el ingreso de rayos solares)","FÍSICO                              ","*Disconfort por calor ambiental permanente","Ninguno","Ninguno","Ninguno",2,4,8,"MEDIO",10,80,"III","MEJORABLE","NO APLICA","NO SE REQUIERE","NO SE REQUIERE","Se recomienda contar con un área de ventilación natural o con ventilación artificial como ventiladores ","NO APLICA"]
[null,null,null,null,"SI","Manipulación y desplazamiento de cargas\n(Documentos y cajas)","BIOMECÁNICO","Lesiones en columna\nEnfermedad discal\nEnfermedad lumbar ","Ninguno","Ninguno","Ninguno",2,4,8,"MEDIO",10,80,"III","MEJORABLE","NO SE REQUIERE","NO SE REQUIERE","NO SE REQUIERE","* Practicar higiene postural para el manejo de cargas. Evitar levantar mas de 10 Kg mujeres y 20 Kg Hombres.","NO APLICA"]
[null,null,null,null,"SI","Iluminación\n(Deficiente de iluminación natural o artificial en el sitio adecuado para laboral dentro de la vivienda)                                             ","FÍSICO ","*Fatiga visual","Ninguno","Ninguno","Ninguno",2,4,8,{"$f":"IF(N73>=24,\"MUY ALTO\",IF(N73>=10,\"ALTO\",IF(N73>=6,\"MEDIO\",\"BAJO\")))","v":"MEDIO"},10,80,{"$f":"IF(Q73>=600,\"I\",IF(Q73>=150,\"II\",IF(Q73>=40,\"III\",IF(Q73>=20,\"IV\"))))","v":"III"},"MEJORABLE","NO APLICA","Se recomienda adecuar zona de trabajo en lugar con iluminación adecuada (que no sea excesiva o deficiente). ","NO SE REQUIERE","Se recomienda adecuar el sitio de trabajo con iluminación adecuada.","NO APLICA"]
[null,null,null,null,"NO","Locativo\nSuperficies de trabajo  irregulares y  desniveladas, escaleras                                 (Desplazamiento en la vivienda)","CONDICIONES DE SEGURIDAD","*Golpes \n*Caídas\n*Fracturas","Ninguno","Ninguno","Ninguno",2,4,{"$f":"+L74*M74","v":8},"MEDIO",10,{"$f":"+N74*P74","v":80},"III",{"$f":"IF(Q74>=600,\"NO ACEPTABLE\",IF(Q74>=150,\"ACEPTABLE CON CONTROL ESPECIFICO\",IF(Q74>=40,\"MEJORABLE\",IF(Q74>=20,\"ACEPTABLE\"))))","v":"MEJORABLE"},"NO APLICA","NO APLICA","NO APLICA","*Se recomienda uso de calzado adecuado y de tacón bajo según el área a visitar, con el fin de evitar caídas. ","Uso de calzado bajo "]
[null,null,null,null,"SI","Virus  ","BIOLÓGICO","Malestar General","Ninguno","Ninguno","Ninguno",2,4,8,"MEDIO",10,80,"III","MEJORABLE","N.A","N.A","Trabajo en Casa","*Garantizar el autocuidado en Casa.\n*Participar en las reuniones de bioseguridad realizadas por el grupo de SST.\n*Evitar las reuniones sociales y evitar visitar sitios concurridos o de alto riesgo\n*  Realizar constante desinfección y limpieza de los sitios de trabajo\n* Evitar tocar cara, boca y ojos con las manos.\n* Lavar las manos cada 3 horas.","Uso permanente de respirador buco nasal, uso de guantes en látex C-35  ó neopreno manguilla larga en limpieza de superficies. Uso periódico de productos para limpieza (agua y jabón) y para  sanitizado de manos (geles a base de alcohol al 70%), mono gafas o careta"]
[null,null,null,null,"SI","Público\n(Robos - Atracos - Asaltos - Agresiones verbales - Actos Violentos)","CONDICIONES DE SEGURIDAD","*Golpes\n*Agresiones verbales y físicas \n*Atentados violentos\n*Heridas\n*Muerte","Ninguno","Ninguno","Ninguno",2,2,4,"BAJO",100,400,"II","ACEPTABLE CON CONTROL ESPECIFICO","NO APLICA","NO APLICA","NO APLICA","*Socializar los planes contingencia para diferentes situaciones  de emergencia específicamente riesgo público. ","NO APLICA"]
[null,null,null,null,"NO","Erupción volcán Machín","FENÓMENOS NATURALES","Erupción del Volcán Machín","Ninguno","Ninguno","Ninguno",2,4,8,"MEDIO",10,80,"III","MEJORABLE","NO APLICA","NO APLICA","NO APLICA","Tener en cuenta las recomendaciones dadas en los medios de comunicación de la alcaldía y recomendaciones en el video del ejercicio de la simulación  el día nacional del simulacro  ","NO APLICA"]
[null,null,null,null,"NO","Sismo - Terremoto","FENÓMENOS NATURALES","Erupción del Volcán Machín","Ninguno","Ninguno","Ninguno",2,4,8,"MEDIO",10,80,"III","MEJORABLE","NO APLICA","NO APLICA","NO APLICA","Tener en cuenta las recomendaciones dadas en los medios de comunicación de la alcaldía y recomendaciones en el video del ejercicio de la simulación  el día nacional del simulacro  ","NO APLICA"]

{"sheet":"1.PLANEACIÓN ESTRATEGICA","index":23,"n_rows":82,"n_cols":24,"rows_kept":82,"cut":false,"hidden":true,"merged":[[8,19,8,23],[8,3,9,3],[8,4,9,4],[2,2,5,2],[2,3,3,21],[2,23,5,23],[4,3,5,21],[6,20,6,21],[6,22,6,23],[7,2,7,3],[7,4,7,23],[8,2,9,2],[8,5,8,6],[8,7,9,7],[8,8,8,10],[8,11,8,17],[10,2,29,2],[10,3,21,3],[10,4,21,4],[22,3,29,3],[24,4,29,4],[30,3,38,3],[81,4,81,6],[81,8,81,10],[30,2,38,2],[30,4,34,4],[35,4,38,4],[63,2,79,3],[39,2,62,3]]}
[]
[]
[null,null,null,"PROCESO: SISTEMA INTEGRADO DE GESTIÓN",null,null,null,null,null,null,null,null,null,null,null,null,null,null,null,null,null,null,"Código: FOR-221-PRO-SIG"]
[null,null,null,null,null,null,null,null,null,null,null,null,null,null,null,null,null,null,null,null,null,null,"Versión: 04"]
[null,null,null,"FORMATO: \nIDENTIFICACIÓN DE PELIGROS, EVALUACIÓN Y VALORACIÓN DE LOS RIESGOS \nALCALDÍA MUNICIPAL DE IBAGUÉ",null,null,null,null,null,null,null,null,null,null,null,null,null,null,null,null,null,null,"Fecha:27/05/2022"]
[null,null,null,null,null,null,null,null,null,null,null,null,null,null,null,null,null,null,null,null,null,null,"Página: 1"]
[null,null,"FECHAS DE ACTUALIZACIÓN: ","2019-02-22","2019-03-09","2019-09-02","2019-09-11","2019-09-24","2019-10-30","2020-07-22","2021-04-09","2022-05-27","2023-07-07","2024-06-22"]
[null,null,"PROCESO:",null,"1.  PLANEACIÓN ESTRATEGICA "]
[null,null,"1. PROCESO ADMINISTRATIVO / OPERATIVO","2. ACTIVIDADES","3. TAREA RUTINARIO (SI O NO)","PELIGRO",null,"6. EFECTOS POSIBLES\n(Salud - Seguridad)","CONTROLES EXISTENTES",null,null,"EVALUACIÓN DEL RIESGO",null,null,null,null,null,null,"VALORACIÓN DEL RIESGO","MEDIDAS DE INTERVENCIÓN"]
[null,null,null,null,null,"4. DESCRIPCIÓN","5. CLASIFICACIÓN",null,"7. FUENTE","8. MEDIO","9. INDIVIDUO","10. NIVEL DE DEFICIENCIA","11. NIVEL DE EXPOSICIÓN","12. NIVEL DE PROBABILIDAD ND X NE","13. INTERPRETACIÓN DEL NIVEL DE PROBABILIDAD","14. NIVEL DE CONSECUENCIA","15. NIVEL DE RIESGO NR E INTERVENCIÓN","16. INTERPRETACIÓN DEL NR","17. ACEPTABILIDAD DEL RIESGO","18 ELIMINACIÓN","19. SUSTITUCIÓN","20. CONTROLES DE INGENIERIA","21. CONTROLES ADMINISTRATIVOS, SEÑALIZACIÓN, ADVERTENCIA","22. ELEMENTOS DE PROTECCIÓN PERSONAL"]
[null,null,"ADMINISTRATIVO","ACTIVIDAD PLANEACIÓN, ELABORACIÓN Y EJECUCION DE DOCUMENTOS. USO DE HERRAMIENTAS TECNOLOGICAS Y VIDEO TERMINALES. INTERACCIONES LABORALES Y  ADMINISTRATIVAS (ATENCIÓN AL CIDADANO); FUNCIONARIOS DE PLANTA Y/O CONTRATO","SI","Postura Prologada: Postura sedente  durante la jornada de trabajo, silla en mal estado","BIOMECÁNICO","*Enfermedad  lumbar inespecífica\n*Espasmos musculares       *Problemas circulatorios en miembros inferiores","No aplica","Puesto de trabajo con silla ajustable de espaldar, altura y profundidad, uso de descansa pies","Implementación y direccionamiento  de pausas activas al personal, exámenes médicos ocupacionales, capacitación con relación al riesgos",2,4,{"$f":"+L11*M11","v":8},{"$f":"IF(N11>=24,\"MUY ALTO\",IF(N11>=10,\"ALTO\",IF(N11>=6,\"MEDIO\",\"BAJO\")))","v":"MEDIO"},10,{"$f":"+N11*P11","v":80},{"$f":"IF(Q11>=600,\"I\",IF(Q11>=150,\"II\",IF(Q11>=40,\"III\",IF(Q11>=20,\"IV\"))))","v":"III"},{"$f":"IF(Q11>=600,\"NO ACEPTABLE\",IF(Q11>=150,\"ACEPTABLE CON CONTROL ESPECIFICO\",IF(Q11>=40,\"MEJORABLE\",IF(Q11>=20,\"ACEPTABLE\"))))","v":"MEJORABLE"},"NO APLICA","NO SE REQUIERE","NO SE REQUIERE","*Implementar programa de mantenimiento de las sillas.                                                                                        Realizar campaña donde se le brinde al personal información como: partes de una silla y descasa pies y su  modo de uso.  PGR-SIG-204 ORDEN Y ASEO.. *Sensibilizar sobre la importancia de las pausas activas. INS-SIG-202 INSTRUCTIVO DE PAUSAS ACTIVAS SALUDABLES. ","NO APLICA"]
[null,null,null,null,null,"Movimientos repetitivos  \nDigitación, sujeción de objetos, manipulación de herramientas manuales","BIOMECÁNICO","*Síndrome del túnel carpiano                      *Síndrome de Quervaín","No aplica","Ninguno","Implementación y direccionamiento  de pausas activas al personal, exámenes médicos ocupacionales, capacitación con relación al riesgos",2,4,{"$f":"+L12*M12","v":8},{"$f":"IF(N12>=24,\"MUY ALTO\",IF(N12>=10,\"ALTO\",IF(N12>=6,\"MEDIO\",\"BAJO\")))","v":"MEDIO"},25,{"$f":"+N12*P12","v":200},{"$f":"IF(Q12>=600,\"I\",IF(Q12>=150,\"II\",IF(Q12>=40,\"III\",IF(Q12>=20,\"IV\"))))","v":"II"},{"$f":"IF(Q12>=600,\"NO ACEPTABLE\",IF(Q12>=150,\"ACEPTABLE CON CONTROL ESPECIFICO\",IF(Q12>=40,\"MEJORABLE\",IF(Q12>=20,\"ACEPTABLE\"))))","v":"ACEPTABLE CON CONTROL ESPECIFICO"},"NO SE REQUIERE","NO SE REQUIERE","NO SE REQUIERE","*Continuar con las medidas actuales                             *Sensibilizar sobre la importancia de las pausas activas.      INS-SIG-202 INSTRUCTIVO DE PAUSAS ACTIVAS SALUDABLES.                                                                              *Implementar el SVE para DME donde se tenga en cuenta el personal contratista. ","NO APLICA"]
[null,null,null,null,null,"Esfuerzo: Plano de trabajo insuficiente  para colocar a partir del tercio medio del ante brazo  por ubicación inadecuada de CPU","BIOMECÁNICO","*Síndrome del túnel carpiano                      *Síndrome de Quervaín","Suministro de puesto de trabajo","No aplica","Implementación y direccionamiento  de pausas activas al personal, exámenes médicos ocupacionales, capacitación con relación al riesgos",6,2,12,"ALTO",25,300,"II",{"$f":"IF(Q13>=600,\"NO ACEPTABLE\",IF(Q13>=150,\"ACEPTABLE CON CONTROL ESPECIFICO\",IF(Q13>=40,\"MEJORABLE\",IF(Q13>=20,\"ACEPTABLE\"))))","v":"ACEPTABLE CON CONTROL ESPECIFICO"},"NO REQUIERE","*Reubicar CPU de manera que  se despeje el plano de trabajo lo  cual permita colocar a partir del tercio medio del ante brazo","NO APLICA","*Continuar con las medidas actuales                                  *Realizar campaña por las diferentes áreas donde se le brinde información al personal sobre como acomodar  los elementos de trabajo (pantalla, mouse, teclado, CPU, silla, etc.) PGR-SIG-204 ORDEN Y ASEO..","NO APLICA"]
[null,null,null,null,null,"Movimientos repetitivos  \nDigitación, sujeción de objetos, manipulación de herramientas manuales, señas para interpretación de técnico operativo","BIOMECÁNICO","*Síndrome del túnel carpiano                      *Síndrome de Quervaín","No aplica","Ninguno","Implementación y direccionamiento  de pausas activas al personal, exámenes médicos ocupacionales, capacitación con relación al riesgos",6,2,12,"ALTO",25,300,"II",{"$f":"IF(Q14>=600,\"NO ACEPTABLE\",IF(Q14>=150,\"ACEPTABLE CON CONTROL ESPECIFICO\",IF(Q14>=40,\"MEJORABLE\",IF(Q14>=20,\"ACEPTABLE\"))))","v":"ACEPTABLE CON CONTROL ESPECIFICO"},"NO SE REQUIERE","NO SE REQUIERE","NO SE REQUIERE","*Continuar con las medidas actuales               *Sensibilizar sobre la importancia de las pausas activas INS-SIG-202 INSTRUCTIVO DE PAUSAS ACTIVAS SALUDABLES.     .                                          *Implementar el SVE para DME donde se tenga en cuenta el personal contratista  ","NO APLICA"]
[null,null,null,null,null,"Esfuerzo: Ubicación inadecuada de elementos de trabajo (pantalla)","BIOMECÁNICO","*Enfermedad discal *Dolores cervicales","Ninguno","Silla ajustable de espaldar, altura y profundidad","Implementación y direccionamiento  de pausas activas al personal, exámenes médicos ocupacionales, capacitación con relación al riesgos",6,2,12,"ALTO",25,300,"II",{"$f":"IF(Q15>=600,\"NO ACEPTABLE\",IF(Q15>=150,\"ACEPTABLE CON CONTROL ESPECIFICO\",IF(Q15>=40,\"MEJORABLE\",IF(Q15>=20,\"ACEPTABLE\"))))","v":"ACEPTABLE CON CONTROL ESPECIFICO"},"NO SE REQUIERE","*Reubicar  pantalla teniendo en cuenta que el borde de la pantalla debe  quedar  a nivel de los ojos conservando la línea de visión","NO SE REQUIERE","*Continuar con las medidas actuales               *Sensibilizar sobre la importancia de las pausas activas.        INS-SIG-202 INSTRUCTIVO DE PAUSAS ACTIVAS SALUDABLES.                                       *Implementar el SVE para DME                                                         ","NO APLICA"]
[null,null,null,null,null,"Radiaciones No ionizantes                                   (Exposición a pantallas del computador)","FÍSICO ","*Fatiga visual","Uso de pantalla antirreflejo","Diseño del sistema (puesto) de trabajo adecuado.","Ninguno",2,2,4,"BAJO",25,100,"III",{"$f":"IF(Q16>=600,\"NO ACEPTABLE\",IF(Q16>=150,\"ACEPTABLE CON CONTROL ESPECIFICO\",IF(Q16>=40,\"MEJORABLE\",IF(Q16>=20,\"ACEPTABLE\"))))","v":"MEJORABLE"},"NO APLICA","NO SE REQUIERE","NO SE REQUIERE","*Se recomienda la implementación permanente de pausas activas durante la jornada laboral. INS-SIG-202 INSTRUCTIVO DE PAUSAS ACTIVAS SALUDABLES.     Continuar con las inspecciones de seguridad. Reinducción SST                                                                                                                   PRO-SIG-203 PROCEDIMIENTO INSPECCIONES DE SST.                                                                                                                            ","NO APLICA"]
[null,null,null,null,null,"Locativo: Canaleta suelta en el área","CONDICIONES DE SEGURIDAD","*Contacto eléctrico            *Deterioro de las instalaciones","Ninguno","Ninguno","Ninguno",2,2,4,"BAJO",25,100,"III","MEJORABLE","NO  SE REQUIERE","NO SE REQUIERE","*Realizar el mantenimiento correctivo a la canaleta       ","*Sensibilizar al personal sobre la importancia de la realización del reporte de las  condiciones inseguras             PRO-SIG-206 REPORTE DE ACTOS Y CONDICIONES INSEGURAS.  ","NO APLICA"]
[null,null,null,null,null,"Locativo: Cableado de conexión de equipos desorganizados","CONDICIONES DE SEGURIDAD","*Incidentes                       *Perdida de información","Ninguno","Ninguno","Ninguno",2,2,4,"BAJO",25,100,"III","MEJORABLE","NO REQUIERE","NO REQUIERE","*Instalar espiral o entorchado para cableado","Realizar reinducción SST. REALIZAR JORNADA DE ORDEN Y ASEO.                                                                                                  Inspecciones de seguridad                                                               PRO-SIG-203 PROCEDIMIENTO INSPECCIONES DE SST. ","NO APLICA"]
[null,null,null,null,null,"Mecánico: Uso de herramientas manuales como: saca ganchos, perforadora, cosedora, etc.","CONDICIONES DE SEGURIDAD","*Cortes, laceraciones                               *Pinchazos","*Cambio y reposición de herramientas","Ninguno","Recomendaciones inducción y reinducción",2,2,4,"BAJO",25,100,"III","MEJORABLE","NO SE REQUIERE","NO SE REQUIERE","NO SE REQUIERE","*Sensibilizar al personal sobre la importancia del cambio de la herramienta cuando presente daños o averías.            PRO-SIG-206 REPORTE DE ACTOS Y CONDICIONES INSEGURAS.                                                                                                *Por medio de formato en el  área encargada de entregar la papelería, herramientas, etc.  llevar trazabilidad del cambio. (seria importante estudiar la posibilidad de solicitar la herramienta en mal estado para asegurar el no uso de la misma ). PRO-SIG-206 REPORTE DE ACTOS Y CONDICIONES INSEGURAS.                                                     Reinducción SST                                                                                    PRO-SIG-203 PROCEDIMIENTO INSPECCIONES DE SST.","NO APLICA"]
[null,null,null,null,null,"Locativo: Cableado de conexión de equipos desorganizados","CONDICIONES DE SEGURIDAD","*Incidentes                       *Perdida de información","Ninguno","Ninguno","Ninguno",2,2,4,"BAJO",25,100,"III","MEJORABLE","NO REQUIERE","NO REQUIERE","*Instalar espiral o entorchado para cableado","Capacitación en orden y aseo.                                                         PGR-SIG-204 ORDEN Y ASEO - PLAN ANUAL DE TRABAJO Y PIC.                                                    Realizar inspecciones de seguridad de manera periódica.                                      Reinducción SST PRO-SIG-203 PROCEDIMIENTO INSPECCIONES DE SST.","NO APLICA"]
[null,null,null,null,null,"Locativo: Ingreso de agua por ventanales en época de lluvia según información del personal ","CONDICIONES DE SEGURIDAD","*Daño a los equipos y al proceso","Ninguno","Ninguno","Ninguno",2,2,4,"BAJO",25,100,"III","MEJORABLE","NO APLICA","*Estudiar posibilidad de instalar entre la unión de los vidrios de la ventana silicona ","*Verificar mediante inspección la condición actual de las ventanas","Realizar inspecciones. Inducción de SST                                        PRO-SIG-203 PROCEDIMIENTO INSPECCIONES DE SST.","NO SE REQUIERE"]
[null,null,null,null,null,"Mecánico                                         (Manejo de Equipos de Oficina, Cosedoras)","CONDICIONES DE SEGURIDAD","Traumas de tejidos blandos (laceración, contusión, etc.)       ","Ninguno","Cámaras de seguridad","Reinducción SST. Personal brigadista capacitado ",2,2,4,"BAJO",25,100,"III","MEJORABLE","NO APLICA","NO APLICA","NO APLICA","*Continuar con el uso  adecuado de elementos manuales para oficina.                                                                                                PRO-SIG-202 PROCEDIMIENTO ADMINISTRACIÓN DE ELEMENTOS DE EPP. ","NO APLICA"]
[null,null,null,"TRANSFERENCIAS DOCUMENTALES. MANEJO DE CORRESPONDENCIA. ACTIVIDAD MANEJO DE ARCHIVO. ; FUNCIONARIOS DE PLANTA Y/O CONTRATO","SI","Postura Prologada: Postura sedente  durante la jornada de trabajo","BIOMECÁNICO","*Enfermedad  lumbar inespecífica\n*Espasmos musculares       *Problemas circulatorios en miembros inferiores","No aplica","Puesto de trabajo con silla ajustable de espaldar, altura y profundidad, uso de descansa pies","Implementación y direccionamiento  de pausas activas al personal, exámenes médicos ocupacionales, capacitación con relación al riesgos",2,3,6,"MEDIO",25,150,"II","ACEPTABLE CON CONTROL ESPECIFICO","NO APLICA","NO SE REQUIERE","NO SE REQUIERE","*Implementar programa de mantenimiento de las sillas.                PGR-SIG-204 ORDEN Y ASEO.                                                                                      Realizar campaña donde se le brinde al personal información como: partes de una silla y descasa pies y su  modo de uso.                      PGR-SIG-201 ESTILOS DE VIDA Y TRABAJO SALUDABLES.  *Sensibilizar sobre la importancia de las pausas activas.                                               INS-SIG-202 INSTRUCTIVO DE PAUSAS ACTIVAS SALUDABLES.","NO APLICA"]
[null,null,null,null,null,"Material Particulado Acumulación de material particulado (polvo) en la documentación del área de archivo. ","QUÍMICO","Irritaciones, alergias a nivel respiratorio","Ninguno","Limpieza y aspiración  periódica en los archivos ","Recomendación en inducción y reinducción - Capacitación en manejo seguro de archivo - Uso de mascarilla, guantes y gafas de seguridad ",2,2,4,"BAJO",25,100,"III","MEJORABLE","NINGUNO ","NINGUNO ","*Se recomienda realizar mantenimiento correctivo a los extractores que hay en el área. ","*Exámenes periódicos anualmente al personal  expuesto con espirometrias. PGR-SIG-201 estilos de vida y trabajo saludable, SGA","Uso de tapabocas obligatorio"]
[null,null,null,null,"SI","Movimientos repetitivos  \nDigitación, sujeción de objetos","BIOMECÁNICO","*Síndrome del túnel carpiano                      *Síndrome de Quervaín","No aplica","Ninguno","Implementación y direccionamiento  de pausas activas al personal, exámenes médicos ocupacionales, capacitación con relación al riesgos",2,3,6,"MEDIO",25,150,"II","ACEPTABLE CON CONTROL ESPECIFICO","NO SE REQUIERE","NO SE REQUIERE","NO SE REQUIERE","*Continuar con las medidas actuales               *Sensibilizar sobre la importancia de las pausas activas.                                                  INS-SIG-202 INSTRUCTIVO DE PAUSAS ACTIVAS SALUDABLES.                                        *Implementar el SVE para DME donde se tenga en cuenta el personal contratista                                                                  ","NO APLICA"]
[null,null,null,null,null,"Manipulación de cargas elevar: Manipulación de archivo 5 kilos aproximadamente según información trabajador","BIOMECÁNICO","*Enfermedad  lumbar inespecífica\n*Espasmos musculares       ","No aplica","Ninguno","Implementación y direccionamiento  de pausas activas al personal, exámenes médicos ocupacionales, capacitación con relación al riesgos",6,2,12,"ALTO",25,300,"II","ACEPTABLE CON CONTROL ESPECIFICO","NO SE REQUIERE","NO SE REQUIERE","NO SE REQUIERE","*Continuar con las medidas actuales                                      *Sensibilizar sobre la importancia de las pausas activas.                   INS-SIG-202 INSTRUCTIVO DE PAUSAS ACTIVAS SALUDABLES.                                   *Implementar el SVE para DME donde se tenga en cuenta el personal contratista                                                                                     *Capacitar en higiene postural y manejo adecuado de cargas              PGR-SIG-201 ESTILOS DE VIDA Y TRABAJO SALUDABLES. ","NO APLICA"]
[null,null,null,null,null,"Radiaciones No ionizantes                                   (Exposición a pantallas del computador)","FÍSICO ","*Fatiga visual","Uso de pantalla antirreflejo","Diseño del sistema (puesto) de trabajo adecuado.","Ninguno",2,2,4,"BAJO",25,100,"III","MEJORABLE","NO APLICA","NO SE REQUIERE","NO SE REQUIERE","*Se recomienda la implementación permanente de pausas activas durante la jornada laboral.                                                          INS-SIG-202 INSTRUCTIVO DE PAUSAS ACTIVAS SALUDABLES.                                                     Reinducción SST                                                                                  PRO-SIG-203 PROCEDIMIENTO INSPECCIONES DE SST.                                                                                                                                          ","NO APLICA"]
[null,null,null,null,null,"Mecánico: Uso de herramientas manuales como: saca ganchos, perforadora, cosedora, etc.","CONDICIONES DE SEGURIDAD","*Cortes, laceraciones                               *Pinchazos","*Cambio y reposición de herramientas","Ninguno","Ninguno",2,2,4,"BAJO",25,100,"III","MEJORABLE","NO SE REQUIERE","NO SE REQUIERE","*Continuar con la medida actual","*Sensibilizar al personal sobre la importancia del cambio de la herramienta cuando presente daños o averías.                                PRO-SIG-206 REPORTE DE ACTOS Y CONDICIONES INSEGURAS.                                                                                      *Por medio de formato en el  área encargada de entregar la papelería, herramientas, etc.  llevar trazabilidad del cambio. (seria importante estudiar la posibilidad de solicitar la herramienta en mal estado para asegurar el no uso de la misma )                                                PRO-SIG-206 REPORTE DE ACTOS Y CONDICIONES INSEGURAS.      ","NO APLICA"]
[null,null,null,null,null,"Ruido                                   (Exposición a ruido por parte de la motobomba del hidroflo y motor ascensores)","FÍSICO ","*Fatiga Auditiva","Ninguno","Ninguno","Ninguno",2,2,4,"BAJO",25,100,"III","MEJORABLE","NO APLICA","NO SE REQUIERE","Realizar medición higiénica de ruido, se recomienda insonorización del cuarto","Disminuir tiempos de rotación, Traslado o cambio de ubicación del hidroflo","Protector Auditivo"]
[null,null,null,null,null,"Manipulación de cargas Elevar:   Manejo de archivo de gestión","BIOMECÁNICO","*Enfermedad  lumbar inespecífica\n*Espasmos musculares       *Problemas circulatorios en miembros inferiores","No aplica","Ninguno","Implementación y direccionamiento  de pausas activas al personal, exámenes médicos ocupacionales, capacitación con relación al riesgos",2,2,4,"BAJO",25,100,"III","MEJORABLE","NO APLICA","NO SE REQUIERE","NO SE REQUIERE","*Sensibilizar sobre la importancia de las pausas activas.                   INS-SIG-202 INSTRUCTIVO DE PAUSAS ACTIVAS SALUDABLES.              *Capacitar en manejo adecuado de cargas.      PLAN ANUAL DE TRABAJO Y PIC.","NO APLICA"]
[null,null,"OPERATIVO","ACTIVIDAD DESPLAZAMIENTO A EVENTOS Y REUNIONES INSTITUCIONALES,  INSPECCIONES, VISITAS TÉCNICAS (DE CAMPO), ACTIVIDADES DE BIENESTAR Y CULTURALES FUERA DE LA SEDE. ; FUNCIONARIOS DE PLANTA Y/O CONTRATO","SI","Postura Bípeda: Postura bípeda, por realización de actividades en comunidades","BIOMECÁNICO","*Enfermedad  lumbar inespecífica\n*Espasmos musculares       *Problemas circulatorios en miembros inferiores","No aplica","No aplica","Implementación y direccionamiento  de pausas activas al personal, exámenes médicos ocupacionales, capacitación con relación al riesgos",2,3,6,"MEDIO",25,150,"II","ACEPTABLE CON CONTROL ESPECIFICO","NO APLICA","NO SE REQUIERE","NO SE REQUIERE","*Direccionar y sensibilizar sobre la importancia de las pausas activas     INS-SIG-202 INSTRUCTIVO DE PAUSAS ACTIVAS SALUDABLES.","NO APLICA"]
[null,null,null,null,null,"RIESGO VIAL","CONDICIONES DE SEGURIDAD","*Muerte \n*Lesiones graves en el cuerpo entero\n*Atrapamiento vehicular","PESV","PESV","PESV",2,2,4,"BAJO",100,400,"II","ACEPTABLE CON CONTROL ESPECIFICO","NO APLICA","NO APLICA","*Se debe empezar a realizar la inspección pre operacional de vehículos de la empresa, para identificar condiciones del mismo \"Por parte de los conductores\". ","*Dar cumplimiento al plan de capacitación del PESV según el rol (Pasajero - Conductor - Peatón). PLA-SIG-202 PESV plan estratégico de seguridad vial. \n*Realizar sensibilización en seguridad vial, ESTANDAR DE SEGURIDAD","NO APLICA"]
[null,null,null,null,null,"Virus                               (Exposición con ácaros al archivar documentos)","BIOLÓGICO","*Dermatosis\n*Reacciones alérgicas\n*Enfermedades infecciosas\n*Infecciones respiratorias","No aplica","Limpieza y aspiración  periódica en los archivos ","Recomendación en inducción y reinducción - Capacitación en manejo seguro de archivo - Uso de mascarilla, guantes y gafas de seguridad ",2,2,4,"BAJO",25,100,"III","MEJORABLE","NO APLICA","NO APLICA","NO APLICA","*Capacitar a los trabajadores en auto cuidado y la importancia del uso de los EPP. PRO-SIG-202 administración de elementos de protección personal-EPP.   \n*Realizar capacitación en lavado de manos.","*Uso de EPP (Guantes - Tapa bocas)"]
[null,null,null,null,null,"Locativo: Superficies irregulares ","CONDICIONES DE SEGURIDAD","*Golpes                                *Caídas, Contusiones        *Fracturas","Ninguno","Ninguno","Recomendaciones inducción y reinducción",2,2,4,"BAJO",25,100,"III","MEJORABLE","NO REQUIERE","NO REQUIERE","NO REQUIERE","Recomendaciones en reinducción. Capacitación en prevención de caídas a nivel.                                                                             PLAN ANUAL DE TRABAJO Y PIC.","*Zapatos livianos, ergonómicos que generen confort"]
[null,null,null,null,null,"Mecánico: Golpes con objetos en visitas ","CONDICIONES DE SEGURIDAD","*Golpes\n*Heridas                    *contusiones                     ","Ninguno","Ninguno","Ninguno",2,2,4,"BAJO",25,100,"III","MEJORABLE","NO APLICA","NO APLICA","NO APLICA","*Reinducción SST.                                                                       PRO-SIG-203 PROCEDIMIENTO INSPECCIONES DE SST.   ","NO APLICA"]
[null,null,null,null,"SI","Postura Mantenida: Postura sedente  durante la jornada de trabajo","BIOMECÁNICO","*Enfermedad  lumbar inespecífica\n*Espasmos musculares       *Problemas circulatorios en miembros inferiores","No aplica","Puesto de trabajo con silla ajustable de espaldar, altura y profundidad, uso de descansa pies","Implementación y direccionamiento  de pausas activas al personal, exámenes médicos ocupacionales, capacitación con relación al riesgos",6,2,12,"ALTO",25,300,"II","ACEPTABLE CON CONTROL ESPECIFICO","NO APLICA","NO SE REQUIERE","NO SE REQUIERE","*Implementar programa de mantenimiento de las sillas.                      PGR-SIG-204 ORDEN Y ASEO.                                                                                     *Realizar campaña donde se le brinde al personal información como: partes de una silla y descasa pies y su  modo de uso.                         PGR-SIG-201 ESTILOS DE VIDA Y TRABAJO SALUDABLES.               *Sensibilizar sobre la importancia de las pausas activas.                   INS-SIG-202 INSTRUCTIVO DE PAUSAS ACTIVAS SALUDABLES.","NO APLICA"]
[null,null,null,null,null,"Movimientos repetitivos  \n(Digitación)","BIOMECÁNICO","*Síndrome del túnel carpiano                      *Síndrome de Querían","No aplica","Ninguno","Implementación y direccionamiento  de pausas activas al personal, exámenes médicos ocupacionales, capacitación con relación al riesgos",6,2,12,"ALTO",25,300,"II","ACEPTABLE CON CONTROL ESPECIFICO","NO SE REQUIERE","NO SE REQUIERE","NO SE REQUIERE","*Continuar con las medidas actuales                                        *Sensibilizar sobre la importancia de las pausas activas.                  INS-SIG-202 INSTRUCTIVO DE PAUSAS ACTIVAS SALUDABLES.                                       *Implementar el SVE para DME                                                       ","NO APLICA"]
[null,null,null,null,null,"Mecánico: Uso de herramientas manuales como: saca ganchos, perforadora, cosedora, etc.","CONDICIONES DE SEGURIDAD","*Cortes, laceraciones                               *Pinchazos","*Cambio y reposición de herramientas","Ninguno","Ninguno",2,2,4,"BAJO",25,100,"III","MEJORABLE","NO SE REQUIERE","NO SE REQUIERE","NO SE REQUIERE","*Sensibilizar al personal sobre la importancia del cambio de la herramienta cuando presente daños o averías.                                PRO-SIG-206 REPORTE DE ACTOS Y CONDICIONES INSEGURAS.                                               *Por medio de formato en el  área encargada de entregar la papelería, herramientas, etc.  llevar trazabilidad del cambio. (seria importante estudiar la posibilidad de solicitar la herramienta en mal estado para asegurar el no uso de la misma )                                                    PRO-SIG-206 REPORTE DE ACTOS Y CONDICIONES INSEGURAS.   ","NO APLICA"]
[null,null,null,null,null,"Postura Mantenida: Postura bípeda durante la jornada de trabajo","BIOMECÁNICO","*Enfermedad  lumbar inespecífica\n*Espasmos musculares       *Problemas circulatorios en miembros inferiores","No aplica","Ninguno","Implementación y direccionamiento  de pausas activas al personal, exámenes médicos ocupacionales, capacitación con relación al riesgos",2,2,4,"BAJO",25,100,"III","MEJORABLE","NO APLICA","NO SE REQUIERE","NO SE REQUIERE","*Sensibilizar sobre la importancia de las pausas activas.                   INS-SIG-202 INSTRUCTIVO DE PAUSAS ACTIVAS SALUDABLES.","NO APLICA"]
[null,null,"PELIGROS QUE APLICAN A TODAS LAS ACTIVIDADES ; FUNCIONARIOS DE PLANTA Y/O CONTRATO",null,"SI","Ruido\n(Intermitente por el paso vehicular por la carrera 2da \"Se percibe en mayor intensidad en el 2do, tercer, 4to y 5to piso del edificio\")","FÍSICO ","Alteraciones auditivas como hipoacusia","Ninguno","Ninguno","Ninguno",2,2,4,"BAJO",25,100,"III","MEJORABLE","NO SE REQUIERE","NO SE REQUIERE","Realizar mediciones ambientales ","Recomendaciones en reinducción de SST                                       PRO-SIG-203 PROCEDIMIENTO INSPECCIONES DE SST.          ","NO APLICA"]
[null,null,null,null,"SI","Público\n(Robos - Atracos - Asaltos)","CONDICIONES DE SEGURIDAD","*Golpes\n*Agresiones verbales y físicas \n*Atentados violentos\n*Heridas\n","Cámaras de seguridad ","Ninguno","Recomendaciones inducción y reinducción",2,2,4,"BAJO",60,240,"II","ACEPTABLE CON CONTROL ESPECIFICO","NO APLICA","NO APLICA","NO APLICA","*Socializar los planes contingencia para diferentes situaciones  de emergencia específicamente riesgo público. PLA-SIG-204 PLAN DE PREVENCIÓN, PREPARACIÓN Y RESPUESTA ANTE EMERGENCIAS. , estándar de seguridad","NO APLICA"]
[null,null,null,null,"SI","Público\n(Agresiones verbales - Actos Violentos)","CONDICIONES DE SEGURIDAD","*Golpes\n*Agresiones verbales y físicas \n*Atentados violentos\n*Heridas\n","Cámaras de seguridad ","Ninguno","Recomendaciones en inducción y reinducción",2,2,4,"BAJO",60,240,"II","ACEPTABLE CON CONTROL ESPECIFICO","NO APLICA","NO APLICA","NO APLICA","*Socializar los planes contingencia para diferentes situaciones  de emergencia específicamente riesgo público. PLA-SIG-204 PLAN DE PREVENCIÓN, PREPARACIÓN Y RESPUESTA ANTE EMERGENCIAS.  ESTANDAR DE SEGURIDAD","NO APLICA"]
[null,null,null,null,"SI","Público\n(Manifestaciones públicas)","CONDICIONES DE SEGURIDAD","*Golpes\n*Agresiones verbales y físicas \n*Heridas\n","Ninguno","Hay vigilancia permanente en la puerta de acceso del edificio. ","Ninguno",2,2,4,"BAJO",60,240,"II","ACEPTABLE CON CONTROL ESPECIFICO","NO APLICA","NO APLICA","NO APLICA","*Actualizar el plan de emergencias, incluyendo los planes operativos normalizados en caso de situaciones de emergencia en riesgo público especifico para cada sede y socializarlo a todo el personal.               EST-SIG-02 ESTANDAR DE SEGURIDAD PARA ACTIVIDADES FUERA DE LA SEDE.  \n*Capacitar al personal en actuación ante emergencias en riesgo público.  PLAN ANUAL DE TRABAJO Y PIC.","NO APLICA"]
[null,null,null,null,"SI","Público\n(Inseguridad por actos delictivos en los alrededores de la sede)","CONDICIONES DE SEGURIDAD","*Golpes\n*Agresiones verbales y físicas \n*Atentados violentos\n*Heridas\n","Ninguno","Hay vigilancia permanente en la puerta de acceso del edificio. \n\nHay cámara de vigilancia en el primer y segundo piso. ","Recomendaciones en inducción y reinducción",2,2,4,"BAJO",60,240,"II","ACEPTABLE CON CONTROL ESPECIFICO","NO APLICA","NO APLICA","Instalar cámaras de vigilancia en todos los pisos de la sede. ","*Socializar los planes contingencia para diferentes situaciones  de emergencia específicamente riesgo público. PLA-SIG-204 PLAN DE PREVENCIÓN, PREPARACIÓN Y RESPUESTA ANTE EMERGENCIAS. ","NO APLICA"]
[null,null,null,null,"SI","Radiaciones no ionizantes                       (Exposición a luz solar que ingresa por ventanales a la mayoría de los puestos de trabajo)","FÍSICO ","*Cáncer de piel\n*Quemadura solar\n*Insolación \n*Foto envejecimiento cutáneo \n *Foto carcinogénesis\n*Alteraciones oculares","No aplica","No hay","Sensibilizaciones de autocuidado",2,2,4,"BAJO",25,100,"III","MEJORABLE","N.A","N.A","*Se recomienda instalar película de seguridad en los ventanales ","NO APLICA","NO APLICA"]
[null,null,null,null,"NO","Sismo - Temblores                  ","FENÓMENOS NATURALES","*Daños materiales (Pérdida total)\n*Heridas y lesiones graves\n*Accidentes de trabajo \n","No hay","hay elementos para atención de emergencias en caso de requerirse","Capacitación  en actuación ante emergencias ",2,2,4,"BAJO",60,240,"II","ACEPTABLE CON CONTROL ESPECIFICO","NO SE REQUIERE","NO SE REQUIERE","NO SE REQUIERE","*Se recomienda realizar estudio de vulnerabilidad y sismo resistencia de las instalaciones.                                                                         PLA-SIG-204 PLAN DE PREVENCIÓN, PREPARACIÓN Y RESPUESTA ANTE EMERGENCIAS. \n*Capacitar al personal en actuación ante emergencias. PLA-SIG-204 PLAN DE PREVENCIÓN, PREPARACIÓN Y RESPUESTA ANTE EMERGENCIAS. "]
[null,null,null,null,"NO","Erupción volcán machín           ","FENÓMENOS NATURALES","*Daños materiales (Pérdida total)\n*Heridas y lesiones graves\n*Accidentes de trabajo \n","No hay","Ninguno","Capacitación  en actuación ante emergencias ",2,2,4,"BAJO",60,240,"II","ACEPTABLE CON CONTROL ESPECIFICO","NO SE REQUIERE","NO SE REQUIERE","NO SE REQUIERE","*Seguir las instrucciones que el departamento suministra para  casos de emergencia por posible erupción del Volcán.                                                                                              \n*Solicitar capacitación al ente respectivo sobre actuación en caso de erupción del volcán machín. \n*Capacitar en actuación ante emergencias en caso de erupción del volcán machín a todo el personal.  \n*Actualizar plan de emergencias incluyendo el PON por posible erupción del volcán machín y socializar a los trabajadores. PLA-SIG-204 PLAN DE PREVENCIÓN, PREPARACIÓN Y RESPUESTA ANTE EMERGENCIAS. "]
[null,null,null,null,"SI","Tecnológico\n(Incendios - Explosiones)\nGenerado dentro de las instalaciones de las sedes ","CONDICIONES DE SEGURIDAD","Incendios \nQuemaduras de grado 2 y 3\nMuerte","Ninguno","Uso de equipos contra incendio","Personal capacitado en manejo de equipos contra incendios",2,2,4,"BAJO",100,400,"II","ACEPTABLE CON CONTROL ESPECIFICO","NO APLICA","NO APLICA","*Realizar mantenimiento preventivo y correctivo de los equipos eléctricos e instalaciones eléctricas en la sede","*Capacitación en prevención de accidentes de trabajo por riesgo eléctrico.                                                                                   PLA-SIG-204 PLAN DE PREVENCIÓN, PREPARACIÓN Y RESPUESTA ANTE EMERGENCIAS.  -  PLAN ANUAL DE TRABAJO Y PIC.                                                \n\n*Continuar con las inspecciones de seguridad enfocado a riesgo eléctrico.                                                                                   PLA-SIG-204 PLAN DE PREVENCIÓN, PREPARACIÓN Y RESPUESTA ANTE EMERGENCIAS.","NO APLICA"]
[null,null,null,null,"SI","Tecnológico\n\"Riesgo de la vecindad\"\n(Incendios - Explosiones)\nGenerados en el restaurante de Mercacentro sede la 17\n","CONDICIONES DE SEGURIDAD","Incendios \nQuemaduras de grado 2 y 3\n","Ninguno","Uso de equipos contra incendio","Ninguno",2,2,4,"BAJO",100,400,"II","ACEPTABLE CON CONTROL ESPECIFICO","NO APLICA","NO APLICA","*Realizar mantenimiento preventivo y correctivo de los equipos eléctricos e instalaciones eléctricas en las diferentes sedes. ","*Diseñar y socializar PON en caso de explosiones externas a la empresa                                                                                    PLA-SIG-204 PLAN DE PREVENCIÓN, PREPARACIÓN Y RESPUESTA ANTE EMERGENCIAS. ","Calzado de seguridad"]
[null,null,null,null,"SI","Fugas de gas \n\"Riesgos de la vecindad\"\n(Generado por la presencia de restaurante en Mercacentro y por tuberías externas a la entidad. Sede la 17) ","QUÍMICOS","Incendios \nQuemaduras de grado 2 y 3\n","Ninguno","Sistema para el control de incendios ","Ninguno",2,2,4,"BAJO",60,240,"II","ACEPTABLE CON CONTROL ESPECIFICO","NO APLICA","NO APLICA","Sistema para el control de incendios ","*Diseñar y socializar PON en caso de fuga de gasPLA-SIG-204 PLAN DE PREVENCIÓN, PREPARACIÓN Y RESPUESTA ANTE EMERGENCIAS. ","NO APLICA"]
[null,null,null,null,"SI","Virus \n","BIOLÓGICO","Malestar general ","Ninguno","Limpieza y desinfección de áreas de trabajo   y en casa,  Control de aforo, señalización de advertencia.","Distanciamiento    físico, uso de mascarilla, lavado de manos constante.",2,2,4,"BAJO",25,100,"III","MEJORABLE","N.A","N.A","Trabajo en casa , diseño puestos de trabajo cumpliendo con el distanciamiento social, lavamanos y puntos de desinfección.","*Promover frecuentemente el lavado de manos en personal de planta, contratistas y visitantes. En caso de no contar con agua y jabón, se debe proveer con desinfectantes para manos (gel antibacterial a base de alcohol).                                                                       *Disminución de la densidad laboral en áreas de trabajo o de ocupación de la entidad promoviendo el teletrabajo.                *Mantener un stop de EPP  (mascarillas ) para dotación y recambio. *Establecer canales de comunicación individualizados y/o de grupo: correo electrónico, redes sociales, videoconferencia, teléfono para reuniones evitando la presencialidad.                                      *Revisión y análisis de los perfiles epidemiológicos por cargo, estrategias motivación para que los funcionarios se  vacunen.            ","Uso permanente de mascarilla respiratoria. Uso periódico de productos para limpieza (agua y jabón) y  alcohol al 70%, mono gafas o careta."]
[null,null,null,null,"SI"," Demandas Emocionales: Condiciones de la tarea                             \nLa novedad del entorno de trabajo, situación familiar:  hijos o personas mayores a cargo en el hogar en situación de riesgo, miedo al contagio, aislamiento social y confinamiento, miedos e incertidumbres laborales y socioeconómicos, espacios y recursos compartidos por varias personas ante las mismas circunstancias en sus domicilios, convertir espacios de su hogar en despachos improvisados para poder seguir desempeñando su tarea diaria, valoración subjetiva y objetiva por parte del experto mientras se aplica la batería de riesgo psicosocial.","PSICOSOCIAL","Alteraciones mentales, Ansiedad, depresión, estrés postraumático.","S.V.E. Psicosocial","S.V.E Psicosocial","Intervenciones individuales y grupales, capacitaciones, medidas de afrontamiento, manejo de habilidades sociales.",2,2,4,"BAJO",25,100,"III","MEJORABLE","N.A","N.A","Organización de los puestos de trabajo, lavamanos, dispensadores, cumpliendo con el distanciamiento.","identificación de personas con mayor riesgo, prácticas para la prevención del contagio a través del autocuidado individual y familiar, entre otras”capacitaciones del protocolo de bioseguridad, inspecciones, suministro de Elementos de bioseguridad..                                                                         ","Uso de los elementos de bioseguridad, establecer el compromiso de autocuidado y trabajo seguro."]
[null,null,null,null,"SI","Características de la organización del trabajo\n(Valoración promedio mientras se realiza el proceso de aplicación de baterías de riesgo psicosocial)","PSICOSOCIAL","Alteraciones mentales, Ansiedad, depresión.","SVE. Riesgo Psicosocial","SVE. Riesgo Psicosocial","Intervenciones individuales y grupales, capacitaciones, medidas de afrontamiento, manejo de habilidades sociales.",2,2,4,"BAJO",25,100,"III","MEJORABLE","NO SE REQUIERE","NO SE REQUIERE","NO APLICA","*Aplicación de las baterías de riesgo  psicosocial, para verificar la exposición al peligro.                                                            PGR-SIG-206 VIGILANCIA EPIDEMIOLÓGICO DE RIESGO PSICOSOCIAL.     \n*Capacitación en trabajo en equipo y competencias individuales y profesionales. PLAN ANUAL DE TRABAJO Y PIC.\n\n*Análisis de carga laboral.                                                       PGR-SIG-201 ESTILOS DE VIDA Y TRABAJO SALUDABLES.                                                                                                                               ","NO SE REQUIERE"]
[null,null,null,null,"SI","Características del grupo social y del trabajo.\n(Está en proceso la evaluación de los factores de riesgo psicosocial)","PSICOSOCIAL","Stress laboral\nAfecciones de salud                                                                                                                                                                                                                                                                                                                                                                                                            Ambientes de trabajo Hostil                                                                                                                                                                                                                                                                                                                                                                                                         Baja Productividad","Cumplimiento de la normatividad ley 1010, resolución 652 y 356, 2646.","Comité de Convivencia Laboral","Capacitaciones en habilidades sociales básicas, resolución de conflictos, liderazgo efectivo.",2,2,4,"BAJO",25,100,"III","MEJORABLE","NO SE REQUIERE","NO SE REQUIERE","NO SE REQUIERE","*Capacitación en habilidades sociales básicas y relaciones interpersonales y comunicación asertiva y efectiva.                        PRO-SIG-207 MOTIVACIÓN, PARTICIPACIÓN Y CONSULTA.   \n\n*Capacitación en liderazgo efectivo y generación de hábitos del líder.  PLAN ANUAL DE TRABAJO Y PIC. ","NO SE REQUIERE"]
[null,null,null,null,"º","Gestión Organizacional\n(Está en proceso la evaluación de los factores de riesgo psicosocial aplicación batería de riesgo psicosocial)","PSICOSOCIAL","Stress laboral\nAfecciones de salud                                                                                                                                                                                                                                                                                                                                                                                                                     Productividad- Ausentismo","Plan de Intervención del SVE ","N/A","Intervenciones individuales y grupales, capacitaciones en liderazgo, fortalecimiento de las escuelas de liderazgo.",2,2,4,"BAJO",25,100,"III","MEJORABLE","NO SE REQUIERE","NO SE REQUIERE","NO SE REQUIERE","Fortalecimiento de las escuelas de liderazgo.                                        PRO-SIG-207 MOTIVACIÓN, PARTICIPACIÓN Y CONSULTA.   ","NO SE REQUIERE"]
[null,null,null,null,"SI","Contenido de la Tarea (Carga de Trabajo)\n(Está en proceso la evaluación de los factores de riesgo psicosocial aplicación batería de riesgo psicosocial)","PSICOSOCIAL","Stress laboral\nAfecciones de salud","S.V.E. Psicosocial","Distribución de la tarea por trabajo en equipo, gestión del tiempo.","Intervenciones individuales y grupales, capacitaciones, medidas de afrontamiento, manejo de habilidades sociales.",2,2,4,"BAJO",25,100,"III","MEJORABLE","NO SE REQUIERE","NO SE REQUIERE","NO SE REQUIERE","Capacitaciones, manejo del tiempo como recurso, trabajo colaborativo y ayuda percibida.                                                                      PLAN ANUAL DE TRABAJO Y PIC.","NO SE REQUIERE"]
[null,null,null,null,"SI","Accidentes aéreos                           (En los desplazamientos en avión a otras ciudades)\n","CONDICIONES DE SEGURIDAD","*Muerte \n*Lesiones graves en el cuerpo entero\n*Caída de avión","Ninguno","Ninguno","Ninguno",2,2,4,"BAJO",100,400,"II","ACEPTABLE CON CONTROL ESPECIFICO","NO APLICA","NO APLICA","NO APLICA","*Dar cumplimiento a las normas de seguridad para viajes aéreos  EST-SIG-01 ESTANDAR DE SEGURIDAD PARA ACTIVIDADES FUERA DE LA SEDE.   ","NO APLICA"]
[null,null,null,null,"SI","Locativo\nSistema de almacenamiento\n(Atrapamiento por mal funcionamiento de los ascensores)Según aplique \n \n","CONDICIONES DE SEGURIDAD","Atrapamiento ","Se realiza mantenimiento periódico a los ascensores","Señalización de advertencia en el ascensor ","Ninguno",2,2,4,"BAJO",25,100,"III","MEJORABLE","NO APLICA","NO APLICA","*Continuar con el mantenimiento preventivo y correctivo de los ascensores","*Diseñar y socializar PON en caso de atrapamiento por mal funcionamiento del ascensor                                                        PLA-SIG-204 PLAN DE PREVENCIÓN, PREPARACIÓN Y RESPUESTA ANTE EMERGENCIAS.","Calzado de seguridad"]
[null,null,null,null,"SI","Virus (cambio climatico)\n ","BIOLÓGICO","Malestar general","Ninguno","Limpieza y desinfección de áreas de trabajo   y en casa,  Control de aforo, señalización de advertencia.","Distanciamiento    físico, uso de mascarilla, lavado de manos constante.",2,2,4,"BAJO",25,100,"III","MEJORABLE","NO APLICA","NO APLICA","NO APLICA","  *Promover frecuentemente el lavado de manos en personal de planta, contratistas y visitantes. En caso de no contar con agua y jabón, se debe proveer con desinfectantes para manos (gel antibacterial a base de alcohol).  *Disminución de la densidad laboral en áreas de trabajo o de ocupación de la entidad promoviendo el teletrabajo. *Mantener un stop de EPP  (mascarillas ) para dotación y recambio. *Establecer canales de comunicación individualizados y/o de grupo: correo electrónico, redes sociales, videoconferencia, teléfono para reuniones evitando la presencialidad. *Revisión y análisis de los perfiles epidemiológicos por cargo, estrategias motivación para que los funcionarios se  vacunen.   (PRO-SIG-202 Procedimiento administrativo de elementos EPP)","Uso permanente de mascarilla respiratoria. Uso periódico de productos para limpieza (agua y jabón) y  alcohol al 70%, mono gafas o careta."]
[null,null,null,null,"NO","Largas Jornadas Laborales y ausencia de descanso con altas temperaturas y radiciones altas por factor del CAMBIO CLIMATICO.","PSICOSOCIAL","Estrés, agotamiento por trabajo continuo, cansacio, fatiga, angustia, ansiedad, poca concentración y atención, somnolencia.","Ninguno","Ninguno","PVE- Riesgo psicosocial",2,2,4,"BAJO",25,100,"III","MEJORABLE","NO APLICA","NO APLICA","NO APLICA","Introducir una rutina de tiempos detrabajo y de descanso para aquellos\ntrabajadores/as que estén expuestos a ambientes calurosos, Formación en primeros auxilios, para que puedan\nreconocer y tratar los primeros síntomas de desórdenes de salud ocasionados por una\nexposición a temperaturas extremadamente cálidas., Seguir a diario los boletines\nmeteorológicos y cambiar el horario de trabajo de gran exposición al calor\na horas más frescas del día., En trabajos a campo abierto, crear zonas descanso con carpas, Disponer de agua potable fría en lugares estratégicos y visibles, cercanos al área de trabajo.","NO SE REQUIERE"]
[null,null,null,null,"NO"," Temperaturas\nextremas (calor) porfactor de CAMBIO CLIMATICO","FISICO","Stress termico Agotamiento Mareos  Deshidratación Golpes de calor, lesiones en la piel, insolación, ","No aplica","Ninguno","Ninguno",2,2,4,"BAJO",25,100,"III","MEJORABLE","NO APLICA","NO APLICA","NO APLICA","Todos los funcionarios que realicen desplazamientos fuera de la sede deben apalicar el Estándar de Seguridad \"EST-204\"., se recomienda hidratación continua, alimentación adecuada, Organización de los puestos de trabajo, limplementación de un programa de climatización.Sistemas de ventilación","Ropa de trabajo y equipos de\nprotección adecuados(camisa,\nmanga larga, pantalón largo,\ngorra o sombrero de ala ancha).\nSaber que la ropa protectora o el\nequipo de protección personal\npuede aumentar el riesgo del\nestrés por calor."]
[null,null,null,null,"NO"," Temperaturas\nextremas (calor Radiaciones No ionizantes) porfactor de CAMBIO CLIMATICO","FISICO","Stress termico Agotamiento Mareos  Deshidratación Golpes de calor, lesiones en la piel, dolor de cabeza.","No aplica","Ninguno","Protector Solar",2,2,4,"BAJO",25,100,"III","MEJORABLE","NO APLICA","NO APLICA","NO APLICA","Todos los funcionarios que realicen desplazamientos fuera de la sede deben apalicar el Estándar de Seguridad \"EST-204\"., se recomienda hidratación continua, alimentación adecuada, Organización de los puestos de trabajo, limplementación de un programa de climatización.Sistemas de ventilación","Ropa de trabajo y equipos de\nprotección adecuados(camisa,\nmanga larga, pantalón largo,\ngorra o sombrero de ala ancha).\nSaber que la ropa protectora o el\nequipo de protección personal\npuede aumentar el riesgo del\nestrés por calor."]
[null,null,null,null,"NO","Inalación de Humos y Vapores\n (Incendios Forestales )por factor CAMBIO CLIMATICO","QUÍMICO","Asfixia, Dificultad para respirar, Ardor en los ojos, conjuntivitis, Alergias, Tos, irritación de la garganta, dolor de cabeza.","No aplica","Ninguno","Ninguno",2,2,4,"BAJO",25,100,"III","MEJORABLE","NO APLICA","NO APLICA","NO APLICA","Aplicación PON para el manejo de incendios forestales, ver PLAN DE MERGENCIA PLA-SIG 204.","NO SE REQUIERE"]
[null,null,"PELIGROS QUE APLICAN A TRABAJO CON RESTRICCIONES DE SALUD O TELE TRABAJO ",null,"SI","Postura Prolongada \n(Postura sedente más del 75% de la jornada laboral en trabajo con video terminales)","BIOMECÁNICO","*Dolor lumbar inespecífico\n*Espasmos musculares","Ninguno","Ninguno","Ninguno",6,2,12,"ALTO",25,300,"II","ACEPTABLE CON CONTROL ESPECIFICO","NO APLICA","NO SE REQUIERE","NO SE REQUIERE","*Realizar visitas virtuales por parte del Grupo de SST para capacitar en higiene postural en casa.                                      PLAN ANUAL DE TRABAJO Y PIC.\n\n*Realizar pausas activas en el área.                                        INS-SIG-202 INSTRUCTIVO DE PAUSAS ACTIVAS SALUDABLES.                                                            \n\n*Continuar con las actividades del programa de vigilancia epidemiológico  para prevención de desordenes musculo esqueléticas asociadas al peligro biomecánico, para trabajo en casa.                                                                                       PGR-SIG-205 VIGILANCIA EPIDEMIOLÓGICA PARA LA PREVENCION DE DESÓRDENES MUSCULO-ESQUELÉTICOS.                                                                             ","NO APLICA"]
[null,null,null,null,"SI","Movimientos repetitivos  \n(Digitación - Escanear)","BIOMECÁNICO","Lesiones por trauma acumulativo en miembro superiores ( STC).\nSíndrome de Quervain","Ninguno","Ninguno","Ninguno",2,2,4,"BAJO",25,100,"III","MEJORABLE","NO SE REQUIERE","NO SE REQUIERE","NO SE REQUIERE","*Se recomienda la implementación permanente de pausas activas durante la jornada laboral.                                              INS-SIG-202 INSTRUCTIVO DE PAUSAS ACTIVAS SALUDABLES.                                                                                                                                              ","NO APLICA"]
[null,null,null,null,"SI","Radiaciones No ionizantes                                   (Exposición permanente a pantallas del computador)","FÍSICO ","*Fatiga visual","Ninguno","Ninguno","Ninguno",2,2,4,"BAJO",25,100,"III","MEJORABLE","NO APLICA","NO SE REQUIERE","NO SE REQUIERE","*Se recomienda la implementación permanente de pausas activas durante la jornada laboral.                                            INS-SIG-202 INSTRUCTIVO DE PAUSAS ACTIVAS SALUDABLES.                                                                                                                                             ","NO APLICA"]
[null,null,null,null,"NO","Locativo                                                                              (Cableado eléctrico desordenado en la zona adecuada para puesto de trabajo)","CONDICIONES DE SEGURIDAD","*Se potencializa el riesgo de accidentes por caídas. ","Ninguno","Ninguno","Ninguno",2,2,4,"BAJO",25,100,"III","MEJORABLE","NO APLICA","NO SE REQUIERE","Se recomienda agrupar el cableado eléctrico faltante, utilizando espiral porta cable u otro mecanismo de canalización. ","Realizar inspecciones de seguridad para verificar estado de cableado del  área.                                                                                                                      PRO-SIG-203 PROCEDIMIENTO INSPECCIONES DE SST.       ","NO APLICA"]
[null,null,null,null,"NO","Picaduras - Mordeduras                             (Presencia de vectores e insectos dentro de la vivienda o zona destinada para laborar).","BIOLÓGICO","Infecciones","Ninguno","Ninguno","Ninguno",2,2,4,"BAJO",25,100,"III","MEJORABLE","NO APLICA","NO APLICA","NO APLICA","* realizar una correcta inspección del área de trabajo para garantizar la NO presencia de vectores o insectos ponzoñoso . PRO-SIG-203 PROCEDIMIENTO INSPECCIONES DE SST. *Evitar las zona con acumulación de aguas estancadas.        PRO-SIG-206 REPORTE DE ACTOS Y CONDICIONES INSEGURAS.  ","NO APLICA"]
[null,null,null,null,"SI","Virus y Bacterias\n (Exposición a virus y bacterias debido al uso de superficies húmedas como baños, lavamanos y lavaplatos alberca)","BIOLÓGICO","*Dermatosis\n*Reacciones alérgicas\n*Enfermedades infecciosas\n*Infecciones respiratorias","Ninguno","Ninguno","Ninguno",2,2,4,"BAJO",25,100,"III","MEJORABLE","NO APLICA","NO APLICA","NO APLICA","*Capacitar a los trabajadores en auto cuidado y la importancia del uso de los EPP.                                                                PRO-SIG-202 PROCEDIMIENTO ADMINISTRACIÓN DE ELEMENTOS DE EPP - PLAN ANUAL DE TRABAJO Y PIC.","*Uso de EPP (Guantes - Tapa bocas)"]
[null,null,null,null,"NO","Material particulado \n(Polvo en los documentos)","QUÍMICOS","*Enfermedades respiratorias\n*Infecciones virales \n*Alergias ","Ninguno","Ninguno","Ninguno",2,2,4,"BAJO",25,100,"III","MEJORABLE","NO APLICA","NO APLICA","NO APLICA","*Realizar seguimiento del uso de los elementos de protección personal (Tapa bocas), cuando manipule archivo con polvo. PRO-SIG-202 PROCEDIMIENTO ADMINISTRACIÓN DE ELEMENTOS DE EPP.                                                                 ","Suministrar tapa bocas para el desarrollo de la labor. "]
[null,null,null,null,"NO","Uso de elementos de desinfección\n(alcohol, gel antibactarial)","QUÍMICOS","\n*Alergias en piel o vías respiratorias.\n* Quemaduras ","Ninguno","Ninguno","Ninguno",2,2,4,"BAJO",25,100,"III","MEJORABLE","NO APLICA","NO APLICA","NO APLICA","*Realizar seguimiento del uso de los elementos de protección personal (Tapa bocas), cuando manipule archivo con polvo. PRO-SIG-202 PROCEDIMIENTO ADMINISTRACIÓN DE ELEMENTOS DE EPP.                                                                ","Suministrar tapa bocas para el desarrollo de la labor. "]
[null,null,null,null,"SI","Mecánico                                         (Manejo de Equipos y elementos de Oficina)","CONDICIONES DE SEGURIDAD","*Traumas de tejidos blandos (Laceración, contusión, heridas superficiales, etc.)       ","Ninguno","Ninguno","Ninguno",2,2,4,"BAJO",25,100,"III","MEJORABLE","NO SE REQUIERE","NO SE REQUIERE","NO SE REQUIERE","*Continuar con el uso adecuado de los elementos de trabajo, realizar cambio de los elementos que se observen en mal estado.                                                                                    PRO-SIG-202 PROCEDIMIENTO ADMINISTRACIÓN DE ELEMENTOS DE EPP.     ","NO APLICA"]
[null,null,null,null,"SI","Deficiente ventilación (Las ventanas y persianas deben permanecer cerradas para evitar el ingreso de rayos solares)","FÍSICO                              ","*Disconfort por calor ambiental permanente","Ninguno","Ninguno","Ninguno",2,2,4,"BAJO",25,100,"III","MEJORABLE","NO APLICA","NO SE REQUIERE","NO SE REQUIERE","Se recomienda contar con un área de ventilación natural o con ventilación artificial como ventiladores                                     PLA-SIG-206 RETORNO SEGURO AL TRABAJO.  ","NO APLICA"]
[null,null,null,null,"SI","Manipulación y desplazamiento de cargas\n(Documentos y cajas)","BIOMECÁNICO","Lesiones en columna\nEnfermedad discal\nEnfermedad lumbar ","Ninguno","Ninguno","Ninguno",6,2,12,"ALTO",25,300,"II","ACEPTABLE CON CONTROL ESPECIFICO","NO SE REQUIERE","NO SE REQUIERE","NO SE REQUIERE","* Practicar higiene postural para el manejo de cargas. Evitar levantar mas de 10 Kg mujeres y 20 Kg Hombres.                   PGR-SIG-201 ESTILOS DE VIDA Y TRABAJO SALUDABLES.  ","NO APLICA"]
[null,null,null,null,"SI","Iluminación\n(Deficiente de iluminación natural o artificial en el sitio adecuado para laboral dentro de la vivienda)                                             ","FÍSICO ","*Fatiga visual","Ninguno","Ninguno","Ninguno",2,2,4,"BAJO",25,100,"III","MEJORABLE","NO APLICA","Se recomienda adecuar zona de trabajo en lugar con iluminación adecuada (que no sea excesiva o deficiente). ","NO SE REQUIERE","Se recomienda adecuar el sitio de trabajo con iluminación adecuada.                                                                                 PRO-SIG-203 PROCEDIMIENTO INSPECCIONES DE SST.    ","NO APLICA"]
[null,null,null,null,"NO","Locativo\nSuperficies de trabajo  irregulares y  desniveladas, escaleras                                 (Desplazamiento en la vivienda)","CONDICIONES DE SEGURIDAD","*Golpes \n*Caídas\n*Fracturas","Ninguno","Ninguno","Ninguno",2,2,{"$f":"+L76*M76","v":4},{"$f":"IF(N76>=24,\"MUY ALTO\",IF(N76>=10,\"ALTO\",IF(N76>=6,\"MEDIO\",\"BAJO\")))","v":"BAJO"},25,{"$f":"+N76*P76","v":100},{"$f":"IF(Q76>=600,\"I\",IF(Q76>=150,\"II\",IF(Q76>=40,\"III\",IF(Q76>=20,\"IV\"))))","v":"III"},"MEJORABLE","NO APLICA","NO APLICA","NO APLICA","*Se recomienda uso de calzado adecuado y de tacón bajo según el área a visitar, con el fin de evitar caídas.                              EST-SIG-01 ESTANDAR DE SEGURIDAD PARA ACTIVIDADES FUERA DE LA SEDE.   ","Uso de calzado bajo "]
[null,null,null,null,"SI","Virus ","BIOLÓGICO","Malestar general ","Ninguno","Ninguno","Ninguno",2,2,4,"BAJO",25,100,"III","MEJORABLE","N.A","N.A","Trabajo en Casa","*Garantizar el autocuidado en Casa.                                             PGR-SIG-201 ESTILOS DE VIDA Y TRABAJO SALUDABLES.  \n*Participar en las reuniones de bioseguridad realizadas por el grupo de SST.                                                                                 PLAN ANUAL DE TRABAJO Y PIC.\n*  Realizar constante desinfección y limpieza de los sitios de trabajo.                                                                                            PLA-SIG-206 RETORNO SEGURO AL TRABAJO.\n* Lavar las manos cada 3 horas.                                            ","Uso permanente de respirador buconasal, uso de guantes en látex C-35  ó neopreno manguilla larga en limpieza de superficies. Uso periódico de productos para limpieza (agua y jabón) y para  sanitizado de manos (geles a base de alcohol al 70%), mono gafas o careta"]
[null,null,null,null,"SI","Público\n(Robos - Atracos - Asaltos - Agresiones verbales - Actos Violentos)","CONDICIONES DE SEGURIDAD","*Golpes\n*Agresiones verbales y físicas \n*Atentados violentos\n*Heridas\n","Ninguno","Ninguno","Ninguno",2,2,4,"BAJO",60,240,"II",{"$f":"IF(Q78>=600,\"NO ACEPTABLE\",IF(Q78>=150,\"ACEPTABLE CON CONTROL ESPECIFICO\",IF(Q78>=40,\"MEJORABLE\",IF(Q78>=20,\"ACEPTABLE\"))))","v":"ACEPTABLE CON CONTROL ESPECIFICO"},"NO APLICA","NO APLICA","NO APLICA","*Socializar los planes contingencia para diferentes situaciones  de emergencia específicamente riesgo público.                          ","NO APLICA"]
[null,null,null,null,"NO","Erupción volcán Machín","FENÓMENOS NATURALES","Erupción del Volcán Machín","Ninguno","Ninguno","Ninguno",2,2,4,"BAJO",25,100,"III",{"$f":"IF(Q79>=600,\"NO ACEPTABLE\",IF(Q79>=150,\"ACEPTABLE CON CONTROL ESPECIFICO\",IF(Q79>=40,\"MEJORABLE\",IF(Q79>=20,\"ACEPTABLE\"))))","v":"MEJORABLE"},"NO APLICA","NO APLICA","NO APLICA","Tener en cuenta las recomendaciones dadas en los medios de comunicación de la alcaldía y recomendaciones en el video del ejercicio de la simulación  el día nacional del simulacro                                  PLA-SIG-204 PLAN DE PREVENCIÓN, PREPARACIÓN Y RESPUESTA ANTE EMERGENCIAS.   ","NO APLICA"]
[null,null,null,null,"NO","Sismo - Terremoto","FENÓMENOS NATURALES","Erupción del Volcán Machín","Ninguno","Ninguno","Ninguno",2,2,4,"BAJO",25,100,"III",{"$f":"IF(Q80>=600,\"NO ACEPTABLE\",IF(Q80>=150,\"ACEPTABLE CON CONTROL ESPECIFICO\",IF(Q80>=40,\"MEJORABLE\",IF(Q80>=20,\"ACEPTABLE\"))))","v":"MEJORABLE"},"NO APLICA","NO APLICA","NO APLICA","Tener en cuenta las recomendaciones dadas en los medios de comunicación de la alcaldía y recomendaciones en el video del ejercicio de la simulación  el día nacional del simulacro                                 PLA-SIG-204 PLAN DE PREVENCIÓN, PREPARACIÓN Y RESPUESTA ANTE EMERGENCIAS.   ","NO APLICA"]
[]
[null,null,null,null,"SISBEN",null,null,null,"DIANU"]

{"sheet":"METODOLOGÍA PESV","index":24,"n_rows":72,"n_cols":9,"rows_kept":72,"cut":false,"hidden":true,"merged":[[16,5,16,6],[2,2,4,3],[2,4,2,7],[3,4,4,7],[6,3,6,8],[7,3,7,8],[9,5,9,6],[10,5,10,6],[11,5,11,6],[12,5,12,6],[13,5,13,6],[15,5,15,6],[35,3,35,8],[17,5,17,6],[18,5,18,6],[19,5,19,6],[20,5,20,6],[22,3,22,8],[24,3,24,8],[29,3,29,8],[30,3,30,8],[31,3,31,8],[32,3,32,8],[33,3,33,8],[48,5,48,8],[36,5,36,8],[37,5,37,8],[38,5,38,8],[39,5,39,8],[40,5,40,8],[41,3,41,8],[43,3,43,8],[44,5,44,8],[45,5,45,8],[46,5,46,8],[47,5,47,8],[51,6,51,8],[53,3,55,4],[57,3,57,8],[58,3,59,3],[58,4,59,4],[58,5,59,8],[2,10,4,10],[67,4,67,8],[68,4,68,8],[69,3,69,8],[71,3,71,8],[2,8,2,9],[3,8,3,9],[4,8,4,9],[60,5,60,8],[61,5,61,8],[62,5,62,8],[64,3,64,8],[65,4,65,8],[66,4,66,8],[50,3,50,8],[51,3,52,5]]}
[]
[]
[null,null,null,null,"PROCESO: SISTEMA INTEGRADO DE GESTIÓN",null,null,null,"Código: FOR-221-PRO-SIG"]
[null,null,null,null,"PROCEDIMEINO PARA LA IDENTIFICACIÓN DE \nRIESGOS VIALES ",null,null,null,"Versión: 04"]
[null,null,null,null,null,null,null,null,"Fecha:27/05/2022"]
[]
[null,null,null,"MODELO DE GESTIÓN DE RIESGOS \nEN EL SISTEMA SEGURO EMPRESARIAL\nIdentificación, analisis, valoración y tratamiento de riesgos\nGuía Matriz de riesgos Modelo RMWCT \n"]
[null,null,null,"POLÍTICA DE GESTIÓN DEL RIESGO EN EL SISTEMA SEGURO EMPRESARIAL-PESV-RESOLUCIÓN 40595"]
[]
[null,null,null,"Factores Sistema Seguro",null,"Principios Sistema Seguro",null,null,"Actores Viales"]
[null,null,null,"Usuarios Seguros",null,"Entender el error humano",null,null,"Peatones"]
[null,null,null,"Vehículos Seguros",null,"Entender riesgos del entorno y la vía",null,null,"Ciclistas"]
[null,null,null,"Entornos Seguros",null,"Entender la responsabilidad compartida",null,null,"Motociclistas"]
[null,null,null,"Velocidades Seguras",null,"Entender fragilidad de actores vulnerables",null,null,"Conductores Veh."]
[]
[null,null,null,"Variables Identificación",null,"Variables Análisis",null,null,"Variables Valoración"]
[null,null,null,"Choques y colisiones",null,"Cualitativo consecuencias y controles",null,null,"Factores sistema seguro"]
[null,null,null,"Conflictos de tránsito",null,"Semicuantitativo nivel de exposición",null,null,"Actores Viales"]
[null,null,null,"Errores de conducción",null,"Semicuantitativo nivel de probabilidad",null,null,"Nivel de riesgo"]
[null,null,null,"Diagnóstico sistema seguro",null,"Cuantitativo técnicas de predicción choques",null,null,"Nivel aceptabilidad"]
[null,null,null,"*Métodos de búsqueda ISO 31010",null,"*Métodos estadísticos y/o análisis funcional ISO31010",null,null,"*Mapa de calor"]
[]
[null,null,null,"IDENTIFICACIÓN DEL RIESGO SISTEMA SEGURO: describir el riesgo lo más detallado posible, sus variables y subvariables.\nClasificación Usuarios Seguros: Velocidades seguras, Cumplimiento normas, Comportamiento seguro, Gestión conocimiento, Gestión contratistas, salud, etc.\nClasificación Vehículos Seguros: Seguridad activa, seguridad pasiva, Mantenimiento, Inspección, Compra vehículos, Contratación vehículos, Equipos, etc.\nClasificación Entornos Seguros: Comportamiento de otros actores viales, Estado vía, Puntos críticos de choques, Señalización vía, Clima, Animales en vía, etc."]
[]
[null,null,null,"ANÁLISIS DEL RIESGO SISTEMA SEGURO - CUALITATIVO: describir cualitativamente las variables de consecuencia y controles.\nConsecuencia: Describa las consecuencias negativas que se pueden presentar si se materializa el riesgo, tanto para la operación como de siniestralidad.\nControles: Describa los controles existentes para prevención y mitigación del riesgo a partir de los Factores del Sistema Seguro.\nEvaluación eficacia de controles: Evalúe cualitativamente la eficacia de los controles existentes: Eficacia alta, Eficacia media, Eficacia baja."]
[null,null,null,null,null,"EFICACIA ALTA"]
[null,null,null,null,null,"EFICACIA MEDIA"]
[null,null,null,null,null,"EFICACIA BAJA"]
[]
[null,null,null,"ANÁLISIS DEL RIESGO SISTEMA SEGURO - SEMICUANTITATIVO\nINSTRUCCIONES MODELO RMWCT® "]
[]
[null,null,null,"NR = Nivel de riesgo del sistema seguro empresarial (semicuantitativo)"]
[null,null,null,"NP = Nivel de probabilidad"]
[null,null,null,"NE = Nivel de exposición"]
[]
[null,null,null,"Tabla 1\nDETERMINACION DEL NIVEL DE EXPOSICION AL RIESGO VIAL "]
[null,null,null,"Nivel de exposición","Valor NE","Significado"]
[null,null,null,"Exposición Frecuente (EF)",3,"La exposición al riesgo vial se presenta más de 6 horas al día"]
[null,null,null,"Exposición Ocasional (EO)",2,"La exposición al riesgo vial se presenta entre 3 y 6 horas al día"]
[null,null,null,"Exposición Esporádica (EE)",1,"La exposición al riesgo vial se presenta menos de 3 horas al día"]
[null,null,null,"No Aplica (NA)",0,"La exposición al riesgo vial No Aplica para la variable que se está evaluando"]
[null,null,null,"Actor Vial: Conductor de tractocamión, Conductor de bus, Conductor de automóvil particular, Montacarguista, Motociclista, Ciclista, Peatón, etc.\nTipo de Vehículo (propios, contratistas o de propiedad de empleados): Tractocamión, Bus, Automóvil particular, Montacargas, Motocicleta, Bicicleta, etc.\nTipo de Entorno (interno o externo): Rutas fijas, Vías urbanas, Vías primarias, Vías internas de la empresa, Entorno próximo de la empresa, etc."]
[]
[null,null,null,"Tabla 2\nDETERMINACIÓN DEL NIVEL DE PROBABILIDAD DE RIESGO VIAL "]
[null,null,null,"Nivel de probabilidad","Valor de NP","Significado"]
[null,null,null,"Muy Probable (MP)",3,"No se tienen establecidos controles. Se ha materializado el riesgo en los últimos 6 meses."]
[null,null,null,"Poco Probable (PP)",2,"Se tienen controles. Se ha materializado el riesgo en los últimos 6 meses."]
[null,null,null,"No es Probable (NEP)",1,"Se tienen controles eficaces. No se ha materializado el riesgo en los últimos 6 meses."]
[null,null,null,"No Aplica (NA)",0,"La probabilidad del riesgo vial No Aplica para la variable que se está evaluando"]
[]
[null,null,null,"Tabla 3\nCALIFICACIÓN DEL RIESGO DEL SISTEMA SEGURO\nSe multiplica la tabla 1 y 2 para obtener el nivel de riesgo, el cual se interpreta con los criterios de la metodología del Mapa de Calor"]
[null,null,null,"NIVEL DE RIESGO NR=NP*NE",null,null,"NIVEL DE PROBABILIDAD"]
[null,null,null,null,null,null,3,"2","1"]
[null,null,null,"NIVEL DE EXPOSICIÓN",null,3,9,6,3]
[null,null,null,null,null,2,6,4,2]
[null,null,null,null,null,1,3,2,1]
[]
[null,null,null,"Tabla 4\nNIVEL DE RIESGO DEL SISTEMA SEGURO EMPRESARIAL\nSe interpreta a partir de conflictos de tránsito y consecuencias de los choques de la pirámide de Hydén (1987) y la matriz de Haddon (1968)"]
[null,null,null,"Nivel de riesgo","NR","Significado"]
[]
[null,null,null,"CASI-CHOQUE"," 6 - 9","Riesgo crítico. La variable de riesgo puede generar choques. Intervenir de inmediato."]
[null,null,null,"CONFLICTO-LEVE"," 3 - 4","Riesgo medio. La combinación con otro riesgo puede generar choques. Reforzar controles."]
[null,null,null,"CONFLICTO-POTENCIAL"," 1 - 2","Riesgo bajo. Factores externos pueden ocasionar choque. Considerar mejoras en controles."]
[]
[null,null,null,"Tabla 5\nACEPTABILIDAD DEL RIESGO\nSe interpreta a partir del sistema seguro: anticipando el error humano, las deficienciencias del sistema vial, la vulnerabilidad de los actores viales y la corresponsabilidad de la organización con el compromiso proactivo y de mejora continua de la seguridad vial, para realizar tratamiento."]
[null,null,null,"Nivel de riesgo","Significado"]
[null,null,null,"INTOLERABLE","INTOLERABLE: El riesgo es inaceptable"]
[null,null,null,"IMPORTANTE","IMPORTANTE: El riesgo es aceptable con controles"]
[null,null,null,"MODERADO","MODERADO: El riesgo es aceptable"]
[null,null,null,"TRATAMIENTO DEL RIESGO: Elaborar plan de acción con actividades, responsables, fecha, recursos y seguimiento."]
[]
[null,null,null,"Fuente: Elaborado por WCT 2021 a partir de: ISO 31010, ISO 39001, OMS 2021, Pirámide de Hydén 1987, Matriz de Haddon 1968"]

{"sheet":"RIESGO VIAL","index":25,"n_rows":45,"n_cols":29,"rows_kept":45,"cut":false,"hidden":true,"merged":[[2,3,4,4],[7,3,7,5],[7,6,7,8],[7,9,7,14],[7,15,7,23],[4,5,4,25],[2,5,2,25],[6,2,6,28],[2,28,4,28],[2,26,2,27],[3,26,3,27],[4,26,4,27],[3,5,3,25],[8,21,8,23],[8,24,8,28],[7,2,19,2],[8,3,8,5],[8,6,8,8],[8,9,8,11],[8,12,8,14],[8,15,8,17],[8,18,8,20],[7,24,7,28],[23,18,23,20],[23,21,23,23],[23,24,23,28],[22,2,31,2],[22,3,22,5],[22,6,22,8],[22,9,22,14],[22,15,22,23],[22,24,22,28],[23,3,23,5],[23,6,23,8],[23,9,23,11],[23,12,23,14],[23,15,23,17],[21,2,21,28],[34,2,34,28],[36,15,36,17],[36,18,36,20],[36,21,36,23],[36,24,36,28],[35,2,42,2],[35,9,35,14],[35,15,35,23],[35,24,35,28],[36,3,36,5],[36,6,36,8],[36,9,36,11],[36,12,36,14],[35,3,35,5],[35,6,35,8]]}
[]
[]
[null,null,null,null,null,"PROCESO: SISTEMA INTEGRADO DE GESTIÓN",null,null,null,null,null,null,null,null,null,null,null,null,null,null,null,null,null,null,null,null,"Código: FOR-221-PRO-SIG"]
[null,null,null,null,null,"FORMATO: ",null,null,null,null,null,null,null,null,null,null,null,null,null,null,null,null,null,null,null,null,"Versión: 04"]
[null,null,null,null,null,"IDENTIFICACIÓN DE PELIGROS, EVALUACIÓN Y VALORACIÓN DE LOS RIESGOS VIALES- PESV",null,null,null,null,null,null,null,null,null,null,null,null,null,null,null,null,null,null,null,null,"Fecha:27/05/2022"]
[]
[null,null,"USUARIOS SEGUROS"]
[null,null,"USUARIOS SEGUROS","IDENTIFICACIÓN DE RIESGOS",null,null,"ANÁLISIS DEL RIESGO - CUALITATIVO",null,null,"ANÁLISIS DEL RIESGO - SEMICUANTITATIVO",null,null,null,null,null,"CLASIFICACIÓN DEL RIESGO DEL SISTEMA SEGURO",null,null,null,null,null,null,null,null,"TRATAMIENTO DEL RIESGO"]
[null," ",null,"VARIABLES DE CHOQUES Y CONFLICTOS DE TRÁNSITO",null,null,"VARIABLES DESCRIPTIVAS",null,null,"NIVEL DE EXPOSICIÓN",null,null,"NIVEL DE PROBABILIDAD",null,null,"CALIFICACIÓN DEL RIESGO",null,null,"NIVEL DE RIESGO",null,null,"ACEPTABILIDAD DEL RIESGO",null,null,"PLAN DE ACCIÓN \n(Riesgo Importante /Intolerable)"]
[null,null,null,"Factor de la \nSegurida Vial-Rol en la Via","Descripción del Riesgo\n(encontrar, reconocer y describir)","Clasificación","Consecuencias","Controles","Evaluación eficacia de controles","Conductor Vehículo Liviano","Conductor Maquinaria Pesada","Motociclista","Conductor  Vehículo Liviano","Conductor Maquinaria Pesada","Motociclista","Conductor Vehículo Liviano","Conductor Maquinaria Pesada","Motociclista","Conductor Vehículos Livianos","Conductor Maquinaria Pesada","Motociclista","Conductor Vehículo Liviano","Conductor Maquinaria Pesada","Motociclista","Actividad","Responsable","Fecha","Recursos","Seguimiento "]
[null,null,null,"Conductor","Frenadas bruscas por encima de 15 km/h en 1 segundo","Usuarios Seguros","Accidente de tránsito grave o mortal","No se esta gestionando","EFICACIA BAJA",3,3,3,3,3,3,{"$f":"+J11*M11","v":9},{"$f":"+K11*N11","v":9},{"$f":"+L11*O11","v":9},{"$f":"IF(P11>=6,\"CASI CHOQUE\",IF(P11>=9,\"CASI CHOQUE\",IF(P11>=4,\"CONFLICTO LEVE\",IF(P11<=2,\"CONFLICTO POTENCIAL\",IF(P11=3,\"CONFLICTO LEVE\")))))","v":"CASI CHOQUE"},"CASI CHOQUE","CASI CHOQUE","INTOLERABLE","INTOLERABLE","INTOLERABLE","Se debe intalar GPS, a todos los vehículos de la entidad para controlar frenadas bruscas, exesos de velocidad y ubicación.","Secretaria Administrativa, Comité de Seguridad Vial.","Por definir en la proxima reunión del Comité de Seguridad Vial.","N/A","Proxima Reunión Comité de Seguridad Vial."]
[null,null,null,"Conductor","Exceso de Velocidad","Usuarios Seguros","Accidente de tránsito grave o mortal","No se esta gestionando","EFICACIA BAJA",3,3,3,3,3,3,{"$f":"+J12*M12","v":9},{"$f":"+K12*N12","v":9},{"$f":"+L12*O12","v":9},"CASI CHOQUE","CASI CHOQUE","CASI CHOQUE","INTOLERABLE","INTOLERABLE","INTOLERABLE","Se debe intalar GPS, a todos los vehículos de la entidad para controlar frenadas bruscas, exesos de velocidad y ubicación.","Secretaria Administrativa, Comité de Seguridad Vial.","Por definir en la proxima reunión del Comité de Seguridad Vial.","N/A","Proxima Reunión Comité de Seguridad Vial."]
[null,null,null,"Conductor","Desconocimiento de las normas de transito","Usuarios Seguros","Siniestro Vial","Capacitación, Inducción normas de transito, pruebas de manejo","EFICACIA MEDIA",3,3,1,3,3,1,9,9,1,"CASI CHOQUE","CASI CHOQUE","CONFLICTO POTENCIAL","INTOLERABLE","INTOLERABLE","MODERADO","Capacitación continua, sebsibilización por medio de infografias relacionadas con la seguridad vial, pruebas de manejo, se debe incluir a todos los coductores (Maquinaria Pesada), (Conductores de vehículos livianos).","Secretaria Administrativa, Comité de Seguridad Vial.","Por definir en la proxima reunión del Comité de Seguridad Vial.","Horas ARL, profesional asignado PESV.","Proxima Reunión Comité de Seguridad Vial."]
[null,null,null,"Conductor y pasajero","No uso de cinturón de seguridad/ Casco Reglamentario","Usuarios Seguros","Accidente de tránsito mortal","El personal ha recibido capacitación en normas de seguridad vial en todos los roles, A Los agentes de transito cumplen con el casco reglamentario.","EFICACIA ALTA",1,1,1,2,2,2,2,2,2,"CONFLICTO POTENCIAL","CONFLICTO POTENCIAL","CONFLICTO POTENCIAL","MODERADO","MODERADO","MODERADO","Continuar con las inpecciones, y generación de cultura vial para todos los funcionaros de la entidad.","Secretaria Administrativa, Comité de Seguridad Vial.","Plan anual de trabajo","N/A","Proxima Reunión Comité de Seguridad Vial."]
[null,null,null,"Todos los actores","Imprudencia de otros usuarios en la vía","Usuarios Seguros","Accidente de tránsito grave o morta","Los funcionarios ha recibido capacitación en normas de seguridad vial en todos los roles y manejo defensivo","EFICACIA MEDIA",2,2,2,2,2,2,4,4,4,"CONFLICTO LEVE","CONFLICTO LEVE","CONFLICTO LEVE","IMPORTANTE","IMPORTANTE","IMPORTANTE","Continuar con las inpecciones, y generación de cultura vial para todos los funcionaros de la entidad, no uso de equipos moviles mientras se conduce.","Secretaria Administrativa, Comité de Seguridad Vial.","Plan anual de trabajo","N/A","Proxima Reunión Comité de Seguridad Vial."]
[null,null,null,"Conductor","Falta de pericia al conducir","Usuarios Seguros","Accidente de tránsito grave o mortal","Los conductores cumplen con el perfil según manual de contratación, se realizan capacitaciones de manejo defensivo. (verificar contratistas)","EFICACIA MEDIA",2,2,2,2,2,2,4,4,4,"CONFLICTO LEVE","CONFLICTO LEVE","CONFLICTO LEVE","IMPORTANTE","IMPORTANTE","IMPORTANTE","Verificar contratos actuales tanto de funcionarios con rol de conductor como contratistas.","Secretaria Administrativa, Comité de Seguridad Vial.","Plan anual de trabajo","N/A","Proxima Reunión Comité de Seguridad Vial."]
[null,null,null,"Todos los actores","Impaciencia por llegar mas de prisa al destino final","Usuarios Seguros","Accidente de tránsito grave o mortal","No se cuenta con una herramienta de GPS.","EFICACIA BAJA",3,3,3,3,3,3,9,9,9,"CASI CHOQUE","CASI CHOQUE","CASI CHOQUE","INTOLERABLE","INTOLERABLE","INTOLERABLE","Se debe intalar GPS, a todos los vehículos de la entidad para controlar frenadas bruscas, exesos de velocidad y ubicación.","Secretaria Administrativa, Comité de Seguridad Vial.","Plan anual de trabajo","N/A","Proxima Reunión Comité de Seguridad Vial."]
[null,null,null,"Todos los actores","Distracciones","Usuarios Seguros","Accidente de tránsito grave o mortal","El personal ha recibido capacitación en normas de seguridad vial en todos los roles","EFICACIA MEDIA",2,2,2,2,2,2,4,4,4,"CONFLICTO LEVE","CONFLICTO LEVE","CONFLICTO LEVE","IMPORTANTE","IMPORTANTE","IMPORTANTE","Continuar con las inpecciones, y generación de cultura vial para todos los funcionaros de la entidad.","Secretaria Administrativa, Comité de Seguridad Vial.","Plan anual de trabajo","N/A","Proxima Reunión Comité de Seguridad Vial."]
[null,null,null,"Conductor","No mantener distancia segura","Usuarios Seguros","Accidente de tránsito grave o mortal","El personal ha recibido capacitación en normas de seguridad vial en todos los roles","EFICACIA MEDIA",2,2,2,2,2,2,4,4,4,"CONFLICTO LEVE","CONFLICTO LEVE","CONFLICTO LEVE","IMPORTANTE","IMPORTANTE","IMPORTANTE","Continuar con las capacitaciones de manejo defensivo para todos los conductores de la entidad.","Secretaria Administrativa, Comité de Seguridad Vial.","Plan anual de trabajo","N/A","Proxima Reunión Comité de Seguridad Vial."]
[null,null,null,"Conductor","Realizar maniobras inseguras","Usuarios Seguros","Accidente de tránsito grave o mortal","El personal ha recibido capacitación en normas de seguridad vial en todos los roles","EFICACIA MEDIA",2,2,2,2,2,2,4,4,4,"CONFLICTO LEVE","CONFLICTO LEVE","CONFLICTO LEVE","IMPORTANTE","IMPORTANTE","IMPORTANTE","Continuar con las capacitaciones de manejo defensivo para todos los conductores de la entidad.","Secretaria Administrativa, Comité de Seguridad Vial.","Plan anual de trabajo","N/A","Proxima Reunión Comité de Seguridad Vial."]
[]
[null,null,"VEHÍCULOS  SEGUROS"]
[null,null,"VEHÍCULOS SEGUROS","IDENTIFICACIÓN DE RIESGOS",null,null,"ANÁLISIS DEL RIESGO - CUALITATIVO",null,null,"ANÁLISIS DEL RIESGO - SEMICUANTITATIVO",null,null,null,null,null,"CLASIFICACIÓN DEL RIESGO DEL SISTEMA SEGURO",null,null,null,null,null,null,null,null,"TRATAMIENTO DEL RIESGO"]
[null,null,null,"VARIABLES DE CHOQUES Y CONFLICTOS DE TRÁNSITO",null,null,"VARIABLES DESCRIPTIVAS",null,null,"NIVEL DE EXPOSICIÓN",null,null,"NIVEL DE PROBABILIDAD",null,null,"CALIFICACIÓN DEL RIESGO",null,null,"NIVEL DE RIESGO",null,null,"ACEPTABILIDAD DEL RIESGO",null,null,"PLAN DE ACCIÓN \n(Riesgo Importante /Intolerable)"]
[null,null,null,"Factor de la \nSegurida Vial-Rol en la Via","Descripción del Riesgo\n(encontrar, reconocer y describir)","Clasificación","Consecuencias","Controles","Evaluación eficacia de controles","Conductor Vehículo Liviano","Conductor Maquinaria Pesada","Motociclista","Conductor Vehículo Liviano","Conductor Maquinaria Pesada","Motociclista","Conductor Vehículo Liviano","Conductor Maquinaria Pesada","Motociclista","Conductor Vehículos Livianos","Conductor Maquinaria Pesada","Motociclista","Conductor Vehículo Liviano","Conductor Maquinaria Pesada","Motociclista","Actividad","Responsable","Fecha","Recursos","Seguimiento"]
[null,null,null,"Todos los actores","Realización y Trazabilidad de los  Mantenimientos Preventivos y Correctivos","Vehículos Seguros","Accidente de tránsito  mortal","La entidad cuenta con la ficha de mantenimiento preventivo y correctivo y el plan de revisión de mantenimientos por intervalos de kilometraje,los registros se guardan en cada carpeta de vehículo.","EFICACIA ALTA",1,1,1,2,2,2,{"$f":"+J26*M26","v":2},{"$f":"+K26*N26","v":2},{"$f":"+L26*O26","v":2},{"$f":"IF(P26>=6,\"CASI CHOQUE\",IF(P26>=9,\"CASI CHOQUE\",IF(P26>=4,\"CONFLICTO LEVE\",IF(P26<=2,\"CONFLICTO POTENCIAL\",IF(P26=3,\"CONFLICTO LEVE\")))))","v":"CONFLICTO POTENCIAL"},{"$f":"IF(Q26>=6,\"CASI CHOQUE\",IF(Q26>=9,\"CASI CHOQUE\",IF(Q26>=4,\"CONFLICTO LEVE\",IF(Q26<=2,\"CONFLICTO POTENCIAL\",IF(Q26=3,\"CONFLICTO LEVE\")))))","v":"CONFLICTO POTENCIAL"},{"$f":"IF(R26>=6,\"CASI CHOQUE\",IF(R26>=9,\"CASI CHOQUE\",IF(R26>=4,\"CONFLICTO LEVE\",IF(R26<=2,\"CONFLICTO POTENCIAL\",IF(R26=3,\"CONFLICTO LEVE\")))))","v":"CONFLICTO POTENCIAL"},"MODERADO","MODERADO","MODERADO","Seguir con el control de mantenimientos de los vehículos, archivar cada registro de mantenimiento preventivo y correctivo.","Secretaria Administrativa, Comité de Seguridad Vial, Dirección de Recursos Físicos.","Según Kilometraje de cada vehículo","Taller Automotriz seleccionado","Según requerimientos"]
[null,null,null,"Todos los actores","Revisión tecnomecánica Anual ","Vehículos Seguros","Accidente de tránsito  mortal","La entidad realiza el control de las fechas de vencimiento de las revisiones tecnomecánicas anual.","EFICACIA ALTA",1,1,1,2,2,2,{"$f":"+J27*M27","v":2},{"$f":"+K27*N27","v":2},{"$f":"+L27*O27","v":2},{"$f":"IF(P27>=6,\"CASI CHOQUE\",IF(P27>=9,\"CASI CHOQUE\",IF(P27>=4,\"CONFLICTO LEVE\",IF(P27<=2,\"CONFLICTO POTENCIAL\",IF(P27=3,\"CONFLICTO LEVE\")))))","v":"CONFLICTO POTENCIAL"},{"$f":"IF(Q27>=6,\"CASI CHOQUE\",IF(Q27>=9,\"CASI CHOQUE\",IF(Q27>=4,\"CONFLICTO LEVE\",IF(Q27<=2,\"CONFLICTO POTENCIAL\",IF(Q27=3,\"CONFLICTO LEVE\")))))","v":"CONFLICTO POTENCIAL"},{"$f":"IF(R27>=6,\"CASI CHOQUE\",IF(R27>=9,\"CASI CHOQUE\",IF(R27>=4,\"CONFLICTO LEVE\",IF(R27<=2,\"CONFLICTO POTENCIAL\",IF(R27=3,\"CONFLICTO LEVE\")))))","v":"CONFLICTO POTENCIAL"},"MODERADO","MODERADO","MODERADO","Seguir con el control de las fechas de vencimiento de las revisones tecnomecanicas.","Secretaria Administrativa, Comité de Seguridad Vial, Dirección de Recursos Físicos.","Según fecha de vencimiento  de cada vehículo","CDA-Autorizado","Según requerimientos Comité SV"]
[null,null,null,"Todos los actores","Inspección preoperacional","Vehículos Seguros","Accidente de tránsito  mortal","La entidad cuenta con un formato diseñado en google forms, para realizar la inspección preoperaional de los vehículos a la fecha un 10% del total de conductores realizan la inspección","EFICACIA BAJA",3,3,3,3,3,3,9,{"$f":"+K28*N28","v":9},9,"CASI CHOQUE","CASI CHOQUE","CASI CHOQUE","INTOLERABLE","INTOLERABLE","INTOLERABLE","Sensibilizar a los conductores para que realicen la inspección preoperacional de forma obligatoria.","Conductores, Secretaria Administrativa","Diaria","N/A","Proxima Reunión Comité de Seguridad Vial."]
[null,null,null,"Todos los actores"," Idoneidad del responsable de realizar los mantenimientos","Vehículos Seguros","Accidente de tránsito  mortal","La entidad cuenta con la hoja de vida de los responsables de los mantenimientos de los vehículos y contratos con los diferentes talleres automotriz.","EFICACIA ALTA",1,1,1,1,1,1,1,1,1,"CONFLICTO POTENCIAL","CONFLICTO POTENCIAL","CONFLICTO POTENCIAL","MODERADO","MODERADO","MODERADO","Estudio de mercado, configuración de pliegos para realizar la licitación deben contener la idoneidad del personal que realiza los mantenimientos a los vehículos de la entidad.","Secretaria Administrativa, Comité de Seguridad Vial, Dirección de Recursos Físicos.","Proxima Licitación","N/A","Proxima Reunión Comité de Seguridad Vial."]
[null,null,null,"Conductor y pasajero","Reporte y cierre de los  hallazgos del vehículo por parte de los conductores en las inspecciones preoperacionales","Vehículos Seguros","Accidente de tránsito  mortal","Los conductores reportan los hallazgos en la inspección preoperacional","EFICACIA BAJA",3,3,3,3,3,3,9,9,9,"CASI CHOQUE","CASI CHOQUE","CASI CHOQUE","INTOLERABLE","INTOLERABLE","INTOLERABLE","Sensibilizar a los conductores para que realicen la inspección preoperacional de forma obligatoria.","Conductores, Secretaria Administrativa","Diaria","N/A","Proxima Reunión Comité de Seguridad Vial."]
[null,null,null,"Todos los actores","Mantenimiento Predictivo","Vehículos Seguros","Accidente de tránsito  mortal","La entidad no esta realizando en estos moementos mantenimiento predictivo.","EFICACIA BAJA",3,3,3,3,3,3,9,9,9,"CASI CHOQUE","CASI CHOQUE","CASI CHOQUE","INTOLERABLE","INTOLERABLE","INTOLERABLE","En la proxima contratación del Taller automotriz, genrar la oportunidad de que las muestras de aceite usado se envien a un laboratorio para poder predecir si el motor se encuentra en perfectas condiones.","Secretaria Administrativa, Comité de Seguridad Vial, Dirección de Recursos Físicos.","Proxima Licitación","N/A","Proxima Reunión Comité de Seguridad Vial."]
[null,null,null,"Todos los actores","Inspecciones planeadas por parte del grupo  SST","Vehículos Seguros","Accidente de tránsito  mortal","La entidad cuenta con su plan anual de trabajo donde se realiza inspección a los vehículos por parte del grupo de SST.","EFICACIA BAJA",3,3,3,3,3,3,9,9,9,"CASI CHOQUE","CASI CHOQUE","CASI CHOQUE","INTOLERABLE","INTOLERABLE","INTOLERABLE","Realizar las inpecciones a los vehículos por parte del grupo SST.","Grupo SST","Mensua (Incluir en el plan anual de SST).","N/A","Proxima Reunión Comité de Seguridad Vial., Comité COPASST."]
[]
[]
[null,null,"ENTORNOS   SEGUROS"]
[null,null,"ENTORNOS  SEGUROS","IDENTIFICACIÓN DE RIESGOS",null,null,"ANÁLISIS DEL RIESGO - CUALITATIVO",null,null,"ANÁLISIS DEL RIESGO - SEMICUANTITATIVO",null,null,null,null,null,"CLASIFICACIÓN DEL RIESGO DEL SISTEMA SEGURO",null,null,null,null,null,null,null,null,"TRATAMIENTO DEL RIESGO"]
[null,null,null,"VARIABLES DE CHOQUES Y CONFLICTOS DE TRÁNSITO",null,null,"VARIABLES DESCRIPTIVAS",null,null,"NIVEL DE EXPOSICIÓN",null,null,"NIVEL DE PROBABILIDAD",null,null,"CALIFICACIÓN DEL RIESGO",null,null,"NIVEL DE RIESGO",null,null,"ACEPTABILIDAD DEL RIESGO",null,null,"PLAN DE ACCIÓN \n(Riesgo Importante /Intolerable)"]
[null,null,null,"Factor de la \nSegurida Vial-Rol en la Via","Descripción del Riesgo\n(encontrar, reconocer y describir)","Clasificación","Consecuencias","Controles","Evaluación eficacia de controles","Conductor Vehículo Liviano","Conductor Maquinaria Pesada","Motociclista","Conductor Vehículo Liviano","Conductor Maquinaria Pesada","Motociclista","Conductor Vehículo Liviano","Conductor Maquinaria Pesada","Motociclista","Conductor Vehículos Livianos","Conductor Maquinaria Pesada","Motociclista","Conductor Vehículo Liviano","Conductor Maquinaria Pesada","Motociclista","Actividad","Responsable","Fecha","Recursos","Seguimiento"]
[null,null,null,"Conductor","Cambio de Recorrido Zonas de alto Riesgo","Entornos Seguros","Accidente de tránsito Grave o mortal","Planificación Rutas ","EFICACIA BAJA",3,3,3,3,3,3,{"$f":"+J39*M39","v":9},{"$f":"+K39*N39","v":9},{"$f":"+L39*O39","v":9},{"$f":"IF(P39>=6,\"CASI CHOQUE\",IF(P39>=9,\"CASI CHOQUE\",IF(P39>=4,\"CONFLICTO LEVE\",IF(P39<=2,\"CONFLICTO POTENCIAL\",IF(P39=3,\"CONFLICTO LEVE\")))))","v":"CASI CHOQUE"},{"$f":"IF(Q39>=6,\"CASI CHOQUE\",IF(Q39>=9,\"CASI CHOQUE\",IF(Q39>=4,\"CONFLICTO LEVE\",IF(Q39<=2,\"CONFLICTO POTENCIAL\",IF(Q39=3,\"CONFLICTO LEVE\")))))","v":"CASI CHOQUE"},{"$f":"IF(R39>=6,\"CASI CHOQUE\",IF(R39>=9,\"CASI CHOQUE\",IF(R39>=4,\"CONFLICTO LEVE\",IF(R39<=2,\"CONFLICTO POTENCIAL\",IF(R39=3,\"CONFLICTO LEVE\")))))","v":"CASI CHOQUE"},"INTOLERABLE","INTOLERABLE","INTOLERABLE","Se debe desiganar a un responsable para el seguimiento en ruta de los vehículos., instalación GPS.","Secretaria Administrativa, Comité de Seguridad Vial, Dirección de Recursos Físicos.","Licitación","N/A","Según requerimientos"]
[null,null,null,"Conductor y pasajero","Señalización deficiente","Entornos Seguros","Accidente de tránsito Grave o mortal","El personal ha recibido capacitación en normas de seguridad vial en todos los roles","EFICACIA MEDIA",2,2,2,2,2,2,{"$f":"+J40*M40","v":4},{"$f":"+K40*N40","v":4},{"$f":"+L40*O40","v":4},{"$f":"IF(P40>=6,\"CASI CHOQUE\",IF(P40>=9,\"CASI CHOQUE\",IF(P40>=4,\"CONFLICTO LEVE\",IF(P40<=2,\"CONFLICTO POTENCIAL\",IF(P40=3,\"CONFLICTO LEVE\")))))","v":"CONFLICTO LEVE"},{"$f":"IF(Q40>=6,\"CASI CHOQUE\",IF(Q40>=9,\"CASI CHOQUE\",IF(Q40>=4,\"CONFLICTO LEVE\",IF(Q40<=2,\"CONFLICTO POTENCIAL\",IF(Q40=3,\"CONFLICTO LEVE\")))))","v":"CONFLICTO LEVE"},{"$f":"IF(R40>=6,\"CASI CHOQUE\",IF(R40>=9,\"CASI CHOQUE\",IF(R40>=4,\"CONFLICTO LEVE\",IF(R40<=2,\"CONFLICTO POTENCIAL\",IF(R40=3,\"CONFLICTO LEVE\")))))","v":"CONFLICTO LEVE"},"IMPORTANTE","IMPORTANTE","IMPORTANTE","Incluir a la totalidad de conductores en el plan de capacitación de seguridad vial.","Secretaria Administrativa, Comité de Seguridad Vial, Dirección de Recursos Físicos.","Mensual","N/A","Según requerimientos Comité SV"]
[null,null,null,"Conductor y pasajero","Fenomenos Natutales","Entornos Seguros","Accidente de tránsito Grave o mortal","La entidad tiene el plan de emergencias donde se involucren factores externos PON. MEDEVAC, atención de siniestros viales. ANTES, DURANTE Y DESPUÉS de una emergencia vial.","EFICACIA MEDIA",2,2,2,2,2,2,4,4,4,"CONFLICTO LEVE","CONFLICTO LEVE","CONFLICTO LEVE","IMPORTANTE","IMPORTANTE","IMPORTANTE","Capacitación continua, sebsibilización por medio de infografias relacionadas con la seguridad vial.","Secretaria Administrativa, Comité de Seguridad Vial, Dirección de Recursos Físicos.","Mensual","N/A","Según requerimientos Comité SV"]
[null,null,null,"Todos los actores","Flujo de Tráfico Exesivo","Entornos Seguros","Llegadas tardías\nAccidentes de tránsito","El personal ha recibido capacitación en normas de seguridad vial en todos los roles y manejo defensivo","EFICACIA MEDIA",2,2,2,2,2,2,4,4,4,"CONFLICTO LEVE","CONFLICTO LEVE","CONFLICTO LEVE","IMPORTANTE","IMPORTANTE","IMPORTANTE","Incluir a la totalidad de conductores en el plan de capacitación de seguridad vial.","Secretaria Administrativa, Comité de Seguridad Vial, Dirección de Recursos Físicos.","Mensual","N/A","Según requerimientos Comité SV"]
[null,null,null,"Conductor y pasajero","Mal estado de la vía","Entornos Seguros","Accidente de tránsito mortal","El personal ha recibido capacitación en normas de seguridad vial en todos los roles","EFICACIA MEDIA",2,2,2,2,2,2,4,4,4,"CONFLICTO LEVE","CONFLICTO LEVE","CONFLICTO LEVE","IMPORTANTE","IMPORTANTE","IMPORTANTE","Incluir a la totalidad de conductores en el plan de capacitación de seguridad vial y manejo defensivo.","Secretaria Administrativa, Comité de Seguridad Vial, Dirección de Recursos Físicos.","Mensual","N/A","Según requerimientos Comité SV"]
[]
[null,null,null,null,null,null,null,null,null,null,null,"Fuente: Elaborado por WCT 2021 a partir de: ISO 31010, ISO 39001, OMS 2021, Pirámide de Hydén 1987, Matriz de Haddon 1968"]

{"sheet":"3.GESTIÓN DE SALUD","index":26,"n_rows":112,"n_cols":24,"rows_kept":112,"cut":false,"hidden":true,"merged":[[2,2,5,2],[2,3,3,21],[2,23,5,23],[4,3,5,21],[6,20,6,21],[6,22,6,23],[7,2,7,3],[7,4,7,23],[8,2,9,2],[8,3,9,3],[8,4,9,4],[8,5,8,6],[8,7,9,7],[8,8,8,10],[8,11,8,17],[8,19,8,23],[95,2,111,3],[40,3,49,3],[40,4,49,4],[50,3,57,3],[50,4,57,4],[58,3,60,3],[58,4,60,4],[61,3,73,3],[61,4,73,4],[74,2,94,3],[31,2,73,2],[31,3,39,3],[31,4,39,4],[10,2,30,2],[10,3,20,3],[10,4,20,4],[21,3,30,3],[21,4,30,4]]}
[]
[]
[null,null,null,"PROCESO: SISTEMA INTEGRADO DE GESTIÓN",null,null,null,null,null,null,null,null,null,null,null,null,null,null,null,null,null,null,"Código: FOR-221-PRO-SIG-02"]
[null,null,null,null,null,null,null,null,null,null,null,null,null,null,null,null,null,null,null,null,null,null,"Versión: 04"]
[null,null,null,"FORMATO: \nIDENTIFICACIÓN DE PELIGROS, EVALUACIÓN Y VALORACIÓN DE LOS RIESGOS \nALCALDÍA MUNICIPAL DE IBAGUÉ",null,null,null,null,null,null,null,null,null,null,null,null,null,null,null,null,null,null,"Fecha:27/05/2022"]
[null,null,null,null,null,null,null,null,null,null,null,null,null,null,null,null,null,null,null,null,null,null,"Página: 1"]
[null,null,"FECHAS DE ACTUALIZACIÓN: ","2019-02-22","2019-03-09","2019-09-02","2019-09-11","2019-09-24","2019-10-30","2020-07-22","2021-04-09","2022-05-27","2023-07-07","2023-11-24","2024-06-22"]
[null,null,"PROCESO:",null,"3.GESTIÓN DE SALUD- SEDE CARRERA 15"]
[null,null,"1. PROCESO ADMINISTRATIVO / OPERATIVO","2. ACTIVIDADES","3. TAREA RUTINARIO (SI O NO)","PELIGRO",null,"6. EFECTOS POSIBLES\n(Salud - Seguridad)","CONTROLES EXISTENTES",null,null,"EVALUACIÓN DEL RIESGO",null,null,null,null,null,null,"VALORACIÓN DEL RIESGO","MEDIDAS DE INTERVENCIÓN"]
[null,null,null,null,null,"4. DESCRIPCIÓN","5. CLASIFICACIÓN",null,"7. FUENTE","8. MEDIO","9. INDIVIDUO","10. NIVEL DE DEFICIENCIA","11. NIVEL DE EXPOSICIÓN","12. NIVEL DE PROBABILIDAD ND X NE","13. INTERPRETACIÓN DEL NIVEL DE PROBABILIDAD","14. NIVEL DE CONSECUENCIA","15. NIVEL DE RIESGO NR E INTERVENCIÓN","16. INTERPRETACIÓN DEL NR","17. ACEPTABILIDAD DEL RIESGO","18 ELIMINACIÓN","19. SUSTITUCIÓN","20. CONTROLES DE INGENIERIA","21. CONTROLES ADMINISTRATIVOS, SEÑALIZACIÓN, ADVERTENCIA","22. ELEMENTOS DE PROTECCIÓN PERSONAL"]
[null,null,"ADMINISTRATIVO","ACTIVIDAD PLANEACIÓN, ELABORACIÓN Y EJECUCION DE DOCUMENTOS. USO DE HERRAMIENTAS TECNOLOGICAS Y VIDEO TERMINALES. INTERACCIONES LABORALES Y ADMINISTRATIVAS (ATENCIÓN AL CIUDADANO); FUNCIONARIOS DE PLANTA Y/O CONTRATO","SI","Virus,\nAtención y contacto de usuarios  ","BIOLÓGICO ","Infecciones, enfermedades contagiosas ","Ninguno","Señalización, barreras, limpieza, desinfección, áreas ventiladas","Campañas de lavado de manos y autocuidado- Socialización protocolo de bioseguridad ",2,3,{"$f":"+L11*M11","v":6},{"$f":"IF(N11>=24,\"MUY ALTO\",IF(N11>=10,\"ALTO\",IF(N11>=6,\"MEDIO\",\"BAJO\")))","v":"MEDIO"},25,{"$f":"+N11*P11","v":150},{"$f":"IF(Q11>=600,\"I\",IF(Q11>=150,\"II\",IF(Q11>=40,\"III\",IF(Q11>=20,\"IV\"))))","v":"II"},{"$f":"IF(Q11>=600,\"NO ACEPTABLE\",IF(Q11>=150,\"ACEPTABLE CON CONTROL ESPECIFICO\",IF(Q11>=40,\"MEJORABLE\",IF(Q11>=20,\"ACEPTABLE\"))))","v":"ACEPTABLE CON CONTROL ESPECIFICO"},"NO APLICA","NO APLICA","NO APLICA","* Se recomienda  protocolo lavado de manos  periódico cuando se expone y se tiene contacto  a usuarios enfermos.   (PRO-SIG-202 ADMINISTRACION DE ELEMENTOS DE PROTECCION PERSONAL EPP)\n\n","Uso de  EPP ( tapabocas) "]
[null,null,null,null,null,"Bacterias\nAtención y contacto de usuarios  ","BIOLÓGICO ","Infecciones, enfermedades contagiosas ","Ninguno","Señalización, barreras, limpieza, desinfección, áreas ventiladas","Campañas de lavado de manos y autocuidado- Socialización protocolo de bioseguridad ",6,3,{"$f":"+L12*M12","v":18},{"$f":"IF(N12>=24,\"MUY ALTO\",IF(N12>=10,\"ALTO\",IF(N12>=6,\"MEDIO\",\"BAJO\")))","v":"ALTO"},25,{"$f":"+N12*P12","v":450},{"$f":"IF(Q12>=600,\"I\",IF(Q12>=150,\"II\",IF(Q12>=40,\"III\",IF(Q12>=20,\"IV\"))))","v":"II"},{"$f":"IF(Q12>=600,\"NO ACEPTABLE\",IF(Q12>=150,\"ACEPTABLE CON CONTROL ESPECIFICO\",IF(Q12>=40,\"MEJORABLE\",IF(Q12>=20,\"ACEPTABLE\"))))","v":"ACEPTABLE CON CONTROL ESPECIFICO"},"NO APLICA","NO APLICA","NO APLICA","* Se recomienda  protocolo lavado de manos  periódico cuando se expone y se tiene contacto  a usuarios enfermos. , (PRO-SIG-202 ADMINISTRACION DE ELEMENTOS DE PROTECCION PERSONAL EPP)\n\n\n","Uso de  EPP ( tapabocas) en caso de usuarios enfermos "]
[null,null,null,null,null,"Radiaciones No ionizantes                                   (Exposición permanente a pantallas del computador)","FÍSICO ","*Fatiga visual","Ninguno","Ninguno","Pausas Activas",6,2,12,"ALTO",25,300,"II","ACEPTABLE CON CONTROL ESPECIFICO","NO APLICA","NO SE REQUIERE","Realizar estudio de iluminación  ","*Se recomienda la implementación permanente de pausas activas durante la jornada laboral.   (INS-SIG-202 INSTRUCTIVO DE PAUSAS ACTIVAS SALUDABLES)                                                                                                                                                                                                                                                                                                ","NO APLICA"]
[null,null,null,null,null,"Iluminación (Sobreexposición) ","FÍSICO                              ","*Fatiga visual\n*Daños a la visión (Sequedad en los ojos - ojo enrojecido)\n*Tensión ocular ","Ninguno","Inspección de seguridad para verificar condiciones , películas de protectoras","Ninguno",2,2,4,"BAJO",25,100,"III","MEJORABLE","NO APLICA","NO APLICA","Realizar estudio de iluminación  ","\n*Realizar pausas activas en el área.                                                             \n* Instalar persianas y película que minimice reflexión en puestos de trabajo                                                                            *Instalar  ventiladores \n*Adecuar puestos de trabajo   (INS-SIG-202 INSTRUCTIVO DE PAUSAS ACTIVAS SALUDABLES)                                                                                                                                                                                                                          ","NO SE REQUIERE"]
[null,null,null,null,null,"Disconfort térmico ","FÍSICO                              ","Dolor de cabeza, nauseas, calambres ","Ninguno","Visita para verificar condiciones ","Pausas Activas",6,2,12,"ALTO",25,300,"II","ACEPTABLE CON CONTROL ESPECIFICO","NO APLICA","NO APLICA","Instalar película en vidrios ","Determinar aforos en oficinas-  Suministrar ventiladores.  (INS-SIG-202 INSTRUCTIVO DE PAUSAS ACTIVAS SALUDABLES)  y  (PLAN DE SANEAMIENTO BASICO Y SISTEMA GLOBALMENTE ARMONIZADO)                                                                                                                                               ","NO APLICA "]
[null,null,null,null,null,"Postura Prolongada (Postura sedente más del 75% de la jornada laboral en trabajo con video terminales)","BIOMECÁNICO","*Dolor lumbar inespecífico\n*Espasmos musculares","No aplica","Diseño del sistema (puesto) de trabajo adecuado, reposapiés","Pausas Activas",2,2,4,"BAJO",25,100,"III","MEJORABLE","NO APLICA","NO SE REQUIERE","NO SE REQUIERE","*Realizar re inducción en higiene postural de oficina. \n\n*Realizar pausas activas en el área.                                                                 \n\n*Continuar con las actividades del programa de vigilancia epidemiológico  para prevención de desordenes musculo esqueléticas asociadas al peligro biomecánico . (INS-SIG-202 INSTRUCTIVO DE PAUSAS ACTIVAS SALUDABLES)   y  (PGR-SIG-205 VIGILANCIA EPIDEMIOLOGICA PARA LA PREVENCION DE  DESORDNES MUSCULOESQUELETICOS)                                                                                                                                                                                                                            ","NO APLICA"]
[null,null,null,null,null,"Movimientos repetitivos  \n(Digitación)","BIOMECÁNICO","Síndrome de Túnel del Carpo ( STC).\nSíndrome de Quervain","Ninguno","Diseño del sistema (puesto) de trabajo adecuado.","Alternar varias labores, pausas activas, inducción",6,3,18,"ALTO",25,450,"II","ACEPTABLE CON CONTROL ESPECIFICO","NO SE REQUIERE","NO SE REQUIERE","NO SE REQUIERE","*Se recomienda la implementación permanente de pausas activas durante la jornada laboral.  (INS-SIG-202 INSTRUCTIVO DE PAUSAS ACTIVAS SALUDABLES)  y    y  (PGR-SIG-205 VIGILANCIA EPIDEMIOLOGICA PARA LA PREVENCION DE  DESORDNES MUSCULOESQUELETICOS)                                                                                                                                                                                                                                                                                                 ","NO APLICA"]
[null,null,null,null,null,"Postura anti gravitatoria para miembros inferiores\n(Ausencia de reposapiés)","BIOMECÁNICO","*Fatiga en miembros inferiores","Ninguno","Diseño del sistema (puesto) de trabajo adecuado.","Pausas Activas",6,2,12,"ALTO",25,300,"II","ACEPTABLE CON CONTROL ESPECIFICO","NO APLICA","NO APLICA","NO APLICA","*Intervención ergonómica en el  rediseño del puesto de trabajo, para lo cual, se recomienda suministrar reposa pies al puesto de trabajo que le hace falta.  (INS-SIG-202 INSTRUCTIVO DE PAUSAS ACTIVAS SALUDABLES)   y  (PGR-SIG-205 VIGILANCIA EPIDEMIOLOGICA PARA LA PREVENCION DE  DESORDNES MUSCULOESQUELETICOS)   ","NO APLICA"]
[null,null,null,null,null,"Mecánico                                         (Manejo de Equipos y elementos de Oficina)","CONDICIONES DE SEGURIDAD","*Traumas de tejidos blandos (Laceración, contusión, heridas superficiales, etc.)       ","Ninguno","Ninguno","Recomendaciones en inducción y reinducción ",6,3,18,"ALTO",25,450,{"$f":"IF(Q19>=600,\"I\",IF(Q19>=150,\"II\",IF(Q19>=40,\"III\",IF(Q19>=20,\"IV\"))))","v":"II"},"ACEPTABLE CON CONTROL ESPECIFICO","NO SE REQUIERE","NO SE REQUIERE","NO SE REQUIERE","*Continuar con el uso adecuado de los elementos de trabajo, realizar cambio de los elementos que se observen en mal estado. .  (PGR-SIG-204 ORDEN Y ASEO)","NO APLICA"]
[null,null,null,null,null,"Locativo                                                                              (Cableado eléctrico desordenado debajo de los puestos de trabajo)","CONDICIONES DE SEGURIDAD","*Se potencializa el riesgo de accidentes por caídas. ","Ninguno","Ninguno","Recomendaciones en inducción y reinducción ",6,2,12,"ALTO",25,300,"II","ACEPTABLE CON CONTROL ESPECIFICO","NO APLICA","NO SE REQUIERE","NO APLICA","Realizar inspecciones de seguridad para verificar estado de cableado del  área. .  (PGR-SIG-204 ORDEN Y ASEO)  y  (PGR-SIG-203  PROGRAMA PROTECCION CONTRA CAIDAS)","NO APLICA"]
[null,null,null,null,null,"Locativo\nSuperficies de trabajo  irregulares y  desniveladas                                 (Desplazamiento en los diferentes áreas)","CONDICIONES DE SEGURIDAD","*Golpes \n*Caídas","Ninguno","Señalización y bandas antideslizantes ","Sensibilización en prevención de caídas. Recomendaciones en inducción y reinducción SST",2,2,4,"BAJO",25,100,"III","MEJORABLE","NO APLICA","NO APLICA","NO APLICA","Continuar con las capacitaciones en prevención de caídas- realizar inspecciones para verificar buen estado de la señalización y bandas antideslizantes    (PGR-SIG-204 ORDEN Y ASEO)  y  (PGR-SIG-203  PROGRAMA PROTECCION CONTRA CAIDAS)","NO APLICA"]
[null,null,null,"TRANSFERENCIAS DOCUMENTALES. MANEJO DE CORRESPONDENCIA. ACTIVIDAD MANEJO DE ARCHIVO. DESPLAZAMIENTO HACIA VARIAS SEDES A ENTREGAR CORRESPONDENCIA (GPAD - Juzgados - Otras entidades); APLICA PARA  FUNCIONARIOS DE PLANTA Y/O CONTRATO","SI","Virus                               (Exposición con ácaros al archivar documentos)","BIOLÓGICO","*Dermatosis\n*Reacciones alérgicas\n*Enfermedades infecciosas\n*Infecciones respiratorias","No aplica","Limpieza y aspiración  periódica en toda el área de archivo"," Inducción y reinducción - Capacitación en manejo seguro de archivo - Uso de mascarilla.",2,2,4,"BAJO",25,100,"III","MEJORABLE","NO APLICA","NO APLICA","NO APLICA","*Capacitar a los trabajadores en auto cuidado y la importancia del uso de los EPP.\n*Realizar capacitación en lavado de manos.  (PGR-SIG-204 ORDEN Y ASEO)  y  (PRO-SIG-202  ADMINISTRACION DE ELEMENTOS DE PROTECCION PERSONAL EPP)","*Uso de EPP (Guantes - Tapa bocas)"]
[null,null,null,null,null,"Material Particulado Acumulación de material particulado (polvo) en la documentación del área de archivo. ","QUÍMICO","Irritaciones, alergias a nivel respiratorio","Ninguno","Limpieza y aspiración  periódica en toda el área de archivo","Inducción y reinducción - Capacitación en manejo seguro de archivo - Uso de mascarilla, guantes y gafas de seguridad ",2,2,4,"BAJO",25,100,"III","MEJORABLE","NINGUNO ","NINGUNO ","NO APLICA","*Exámenes periódicos anualmente al personal  expuesto con espirometrías    (PGR-SIG-204 ORDEN Y ASEO)  y   (PRO-SIG-202  ADMINISTRACION DE ELEMENTOS DE PROTECCION PERSONAL EPP)","*Uso de EPP (Tapa bocas)"]
[null,null,null,null,null,"Radiaciones No ionizantes                                   (Exposición a pantallas del computador)","FÍSICO ","*Fatiga visual","Ninguno","Ninguno","Uso de pantalla antirreflejo",2,2,4,"BAJO",25,100,"III","MEJORABLE","NO APLICA","NO SE REQUIERE","NO SE REQUIERE","*Se recomienda la implementación permanente de pausas activas durante la jornada laboral.     (INS-SIG-202 INSTRUCTIVO DE PAUSAS ACTIVAS SALUDABLES)                                                                                                                                                                                                                                                                                                                                                                        ","NO APLICA"]
[null,null,null,null,null,"Postura Mantenida: Postura sedente  durante la jornada de trabajo","BIOMECÁNICO","*Enfermedad  lumbar inespecífica\n*Espasmos musculares       *Problemas circulatorios en miembros inferiores","No aplica","Ninguno","Implementación y direccionamiento  de pausas activas al personal, exámenes médicos ocupacionales, capacitación con relación al riesgos",6,3,18,"ALTO",25,450,"II","ACEPTABLE CON CONTROL ESPECIFICO","NO APLICA","NO SE REQUIERE","NO SE REQUIERE","*Implementar programa de mantenimiento de las sillas.                                                           * Realizar campaña donde se le brinde al personal información como: partes de una silla, descansa pies y su  modo de uso. *Sensibilizar sobre la importancia de las pausas activas.  (INS-SIG-202 INSTRUCTIVO DE PAUSAS ACTIVAS SALUDABLES)  y  (PGR-SIG-205  VIGILANCIA EPIDEMIOLOGICA PARA LA PREVENCION DE DESORDENES MUSCULO ESQUELETICOS)","NO APLICA"]
[null,null,null,null,null,"Esfuerzos: Carga dinámica , movilización de varios segmentos corporales para el desarrollo de la tarea","BIOMECÁNICO","*Enfermedad, lumbar inespecífica           *Bursitis de hombro         *Dolores a nivel de miembros superiores e inferiores","No aplica","Ninguno","Implementación y direccionamiento  de pausas activas al personal, exámenes médicos ocupacionales, capacitación con relación al riesgos",2,3,6,"MEDIO",25,150,"II","ACEPTABLE CON CONTROL ESPECIFICO","NO SE REQUIERE","NO SE REQUIERE","NO SE REQUIERE","*Continuar con las medidas actuales               *Sensibilizar sobre la importancia de las pausas activas.                                          *Implementar el SVE para DME.  (INS-SIG-202 INSTRUCTIVO DE PAUSAS ACTIVAS SALUDABLES)  y  (PGR-SIG-205  VIGILANCIA EPIDEMIOLOGICA PARA LA PREVENCION DE DESORDENES MUSCULO ESQUELETICOS)","NO APLICA"]
[null,null,null,null,null,"Movimientos repetitivos: Ingreso de datos a video terminales","BIOMECÁNICO","*Síndrome del túnel carpiano                      *Síndrome de Quervain","No aplica","Ninguno","Implementación y direccionamiento  de pausas activas al personal, exámenes médicos ocupacionales, capacitación con relación al riesgos",6,3,18,"ALTO",25,450,"II","ACEPTABLE CON CONTROL ESPECIFICO","NO SE REQUIERE","NO SE REQUIERE","NO SE REQUIERE","*Continuar con las medidas actuales               *Sensibilizar sobre la importancia de las pausas activas.                                          *Implementar el SVE para DME.  (INS-SIG-202 INSTRUCTIVO DE PAUSAS ACTIVAS SALUDABLES)  y  (PGR-SIG-205  VIGILANCIA EPIDEMIOLOGICA PARA LA PREVENCION DE DESORDENES MUSCULO ESQUELETICOS)","NO APLICA"]
[null,null,null,null,null,"Manipulación de cargas (elevar bajar):  Disposición de archivo en estantería","BIOMECÁNICO","*Enfermedad discal        *Enfermedad lumbar inespecífica","No aplica","Ninguno","Implementación y direccionamiento  de pausas activas al personal, exámenes médicos ocupacionales, capacitación con relación al riesgos",6,3,18,"ALTO",25,450,"II","ACEPTABLE CON CONTROL ESPECIFICO","NO SE REQUIERE","NO SE REQUIERE","NO SE REQUIERE","*Continuar con las medidas actuales               *Sensibilizar sobre la importancia de las pausas activas.                                                       * Capacitar en manipulación adecuada de cargas                                                                *Implementar el SVE para DME.  (INS-SIG-202 INSTRUCTIVO DE PAUSAS ACTIVAS SALUDABLES)  y  (PGR-SIG-205  VIGILANCIA EPIDEMIOLOGICA PARA LA PREVENCION DE DESORDENES MUSCULO ESQUELETICOS)","NO APLICA"]
[null,null,null,null,null,"Locativo: Sistemas y medios de almacenamiento sin anclar","CONDICIONES DE SEGURIDAD","*Golpes con objetos        *Atrapamientos","Archivador rodante","Instalación de rieles en la parte superior de estantes","Capacitación en seguridad de los archivos - Inducción- reinducción ",6,2,12,"ALTO",25,300,"II","ACEPTABLE CON CONTROL ESPECIFICO","NO APLICA","NO APLICA","NO SE REQUIERE","*Instalar en la totalidad de los estantes rieles superiores y/o anclar entre si(PLAN DE SANEAMIENTO BASSICO Y SISTEMA GLOBALMENTE ARMONIZADO)","NO APLICA"]
[null,null,null,null,null,"Mecánico                                         (Manejo de Equipos y elementos de Oficina)","CONDICIONES DE SEGURIDAD","*Traumas de tejidos blandos (Laceración, contusión, heridas superficiales, etc.)       ","Elementos de trabajo en buen estado","Ninguno","Capacitación en seguridad de los archivos - Inducción- reinducción ",6,2,12,"ALTO",25,300,"II","ACEPTABLE CON CONTROL ESPECIFICO","NO SE REQUIERE","NO SE REQUIERE","NO SE REQUIERE","*Continuar con el uso adecuado de los elementos de trabajo, realizar cambio de los elementos que se observen en mal estado.  (PGR-SIG-204  ORDEN Y ASEO)","NO APLICA"]
[null,null,null,null,null,"Mecánico: Manipulación de archivo antiguo con gancho metálico","CONDICIONES DE SEGURIDAD","*Cortes, laceraciones                               *Pinchazos","Implementación de gancho metálico","No aplica","Capacitación en seguridad de los archivos - Inducción- reinducción ",2,2,4,"BAJO",25,100,"III","MEJORABLE","NO SE REQUIERE","NO SE REQUIERE","NO SE REQUIERE","Capacitación en seguridad de los archivos y autocuidado  (PGR-SIG-204  ORDEN Y ASEO)","*Uso de EPP"]
[null,null,"OPERATIVO","ACTIVIDAD DESPLAZAMIENTO A EVENTOS, CAMPAÑAS DE SALUD Y REUNIONES INSTITUCIONALES,  INSPECCIONES, VISITAS TÉCNICAS (DE CAMPO),  ACTIVIDADES DE BIENESTAR  Y CULTURALES FUERA DE LA SEDE; APLICA PARA FUNCIONARIOS DE PLANTA Y/O CONTRATO","SI","Radiaciones no ionizantes                                                 Exposición a luz solar en actividades externas ","FÍSICO","Incomodidad - Insolación ","Ninguno","Ninguno","Recomendaciones en inducción - reinducción ",2,2,4,"BAJO",25,100,"III","MEJORABLE","NINGUNO ","NINGUNO ","NINGUNO ","*Continuar el uso de camisa manga larga y cachucha en el desarrollo de la actividad   (PRO-SIG-202 PROCEDIMIENTOS ADMINISTRACION DE ELEMENTOS EPP), hidratación, uso protector solar.","Ropa de trabajo y equipos de\nprotección adecuados(camisa,\nmanga larga, pantalón largo,\ngorra o sombrero de ala ancha).\nSaber que la ropa protectora o el\nequipo de protección personal\npuede aumentar el riesgo del\nestrés por calor."]
[null,null,null,null,null,"Picaduras         y Mordeduras             (Exposición con animales en las vías públicas)","BIOLÓGICO","Infecciones","No aplica","No aplica","Recomendaciones en inducción - reinducción ",6,3,18,"ALTO",25,450,"II","ACEPTABLE CON CONTROL ESPECIFICO","NO APLICA","NO APLICA","NO APLICA","*Se recomienda capacitar en prevención por mordeduras o picaduras en vías públicas.  (PLA-SIG-206 RETORNO SEGURO AL TRABAJO)  \n\n","NO APLICA"]
[null,null,null,null,null,"Postura mantenida                          (Bípeda por desplazamiento)","BIOMECÁNICO","*Enfermedad lumbar inespecífica \n*Fatiga en miembros inferiores y en las articulaciones\n*Aparición de vena varice\n*Edema en los pies ","Ninguno","Ninguno","Recomendaciones en inducción - reinducción- Uso de calzado bajo",2,3,6,"MEDIO",25,150,"II","ACEPTABLE CON CONTROL ESPECIFICO","NO APLICA","NO APLICA","NO APLICA","*Se recomienda la implementación permanente de pausas activas durante la jornada laboral.  (INS-SIG-202 INSTRUCTIVO DE PAUSAS ACTIVAS SALUDABLES)  y  (PGR-SIG-205 VIGILANCIA EPIDEMIOLOGICA PARA LA PREVENCION DE DESORDENES MUSCULO ESQUELETICOS)                                                                                                                         ","NO APLICA"]
[null,null,null,null,null,"Locativo\nSuperficies de trabajo  irregulares y  desniveladas, terrenos inestables y escarpados                                 (Desplazamiento en las áreas del evento)","CONDICIONES DE SEGURIDAD","*Golpes \n*Caídas\n*Fracturas","Ninguno","Ninguno","Sensibilización en prevención de caídas ",2,3,6,"MEDIO",25,150,"II","ACEPTABLE CON CONTROL ESPECIFICO","NO APLICA","NO APLICA","NO APLICA","*Se recomienda uso de calzado adecuado y de tacón bajo según el área a visitar, con el fin de evitar caídas.  (PGR-SIG-203 PROGRAMA PROTECCION CONTRA CAIDAS)","Continuar con el uso de  calzado adecuado según áreasEPP."]
[null,null,null,null,null,"ELÉCTRICO Baja tensión ( cercas eléctricas) ","CONDICIONES DE SEGURIDAD","*Golpes \n*Caídas\n*Fracturas","Ninguno","Ninguno","Inducción y reinducción al personal ",6,2,12,"ALTO",25,300,null,"ACEPTABLE CON CONTROL ESPECIFICO","NO APLICA","NO APLICA","NO APLICA","Continuar con las socialización en inducción y reinducción de SST a funcionarios y contratistas     (PGR-SIG-204 ORDEN Y ASEO),     y   (PGR-SIG-203  PROGRAMA PROTECCION CONTRA CAIDAS)","NO APLICA"]
[null,null,null,null,null,"Accidentes causados por semovientes ","CONDICIONES DE SEGURIDAD","*Golpes \n*Caídas\n*Fracturas","Ninguno","Ninguno","Inducción y reinducción al personal ",6,2,12,"ALTO",25,300,"II","ACEPTABLE CON CONTROL ESPECIFICO","NO APLICA","NO APLICA","NO APLICA","Sensibilizaciones y recomendaciones al personal en maniobras de equinos y tips de prevención de accidentes con semovientes      (EST-SIG-04  ESTANDAR DE SEGURIDAD DESPLAZAMIENTO EQUINOS)  y  (PLA-SIG-206 RETORNO SEGURO AL TRABAJO) ","NO APLICA"]
[null,null,null,null,null,"RIESGO VIAL","CONDICIONES DE SEGURIDAD","*Muerte \n*Lesiones graves en el cuerpo entero\n*Atrapamiento vehicular","Ninguno","Vehículos de la empresa con mantenimiento preventivo y correctivo. ","Inducción y reinducción al personal -  cap seg vial ",2,3,4,"BAJO",25,100,"III","MEJORABLE","NO APLICA","NO APLICA","NO APLICA","*Dar cumplimiento al plan de capacitación del PESV según el rol (Pasajero - Conductor - Peatón)\n*Realizar sensibilización en seguridad vial     (PLA-SIG-202 PESV  PLAN ESTRATEGICO DE SEGURIDAD VIAL),  (PLA-SIG-204 PLAN DE PREVENCION, PREPARACION Y RESPUESTA ANTE EMERGENCIA)  y  (PLA-SIG-206 RETORNO SEGURO AL TRABAJO)","NO APLICA"]
[null,null,null,null,null,"Público\n(Robos - Atracos - Asaltos)","CONDICIONES DE SEGURIDAD","*Golpes\n*Agresiones verbales y físicas \n*Atentados violentos\n*Heridas\n*Muerte","Ninguno","Ninguno","Inducción y reinducción al personal ",2,2,4,"BAJO",25,100,"III","MEJORABLE","NO APLICA","NO APLICA","NO APLICA","*Socializar los planes contingencia para diferentes situaciones  de emergencia específicamente riesgo público.  (PLA-SIG-204 PLAN DE PREVENCION, PREPRACION Y RESPUESTA ANTE EMERGENCIA.)  y  (PLAN-SIG-206 RETORNO SEGURO AL TRABAJO)","NO APLICA"]
[null,null,null,null,null,"Público\n(Agresiones verbales - Actos Violentos)","CONDICIONES DE SEGURIDAD","*Golpes\n*Agresiones verbales y físicas \n*Atentados violentos\n*Heridas\n*Muerte","Ninguno","Ninguno","Inducción y reinducción al personal ",6,2,4,"BAJO",25,100,"III","MEJORABLE","NO APLICA","NO APLICA","NO APLICA","*Socializar los planes contingencia para diferentes situaciones  de emergencia específicamente riesgo público. (PLA-SIG-204 PLAN DE PREVENCION, PREPRACION Y RESPUESTA ANTE EMERGENCIA.)  y  (PLAN-SIG-206 RETORNO SEGURO AL TRABAJO)","NO APLICA"]
[null,null,null,"*REALIZA OPERATIVOS (MEDIDA SANITARIA DE SEGURIDAD  A BARES, ENTIDADES Y DEMÁS QUE NO CUMPLAN CON LAS CONDICIONES ADECUADAS); \n*VISITAS A ENTIDADES A VERIFICAR MEDIDAS SANITARIAS, SI EL CONCEPTO ES DESFAVORABLE REALIZA EL CONTROL DE VIGILANCIA.\n*REALIZA RECORRIDOS POR SITUACIONES DE AFECTACIONES AMBIENTALES PARA LA SALUD  CON EL APOYO DEL EQUIPO AMBIENTAL; APLICA PARA FUNCIONARIOS DE PLANTA Y/O CONTRATO\n","SI","Radiaciones no ionizantes                       (Exposición a luz solar)","FÍSICO ","*Cáncer de piel\n*Quemadura solar\n*Insolación \n*Foto envejecimiento cutáneo \n *Foto carcinogénesis\n*Alteraciones oculares","No aplica","Ninguno","Inducción y reinducción al personal ",2,2,4,"BAJO",25,100,"III","MEJORABLE","NO APLICA","NO APLICA","NO APLICA","*Se recomienda uso de ropa manga larga cuando se realizan actividades al aire libre.                                                                                                                                     *Se sugiere uso de  protector solar, previa valoración médica.  (PRO-SIG-202 PROCEDIMIENTOS ADMINISTRACION DE ELEMENTOS EPP)","Ropa de trabajo y equipos de\nprotección adecuados(camisa,\nmanga larga, pantalón largo,\ngorra o sombrero de ala ancha).\nSaber que la ropa protectora o el\nequipo de protección personal\npuede aumentar el riesgo del\nestrés por calor."]
[null,null,null,null,null,"Ruido intermitente ( en visitas a establecimientos)","FÍSICO ","Caída auditiva, estrés , cefaleas, insomnio, afectaciones gastrointestinales y osteomusculares ","Ninguno","Ninguno","Recomendaciones en inducción - reinducción ",6,2,12,"ALTO",25,300,"II","ACEPTABLE CON CONTROL ESPECIFICO","NO APLICA","NO APLICA","NO APLICA","*Se recomienda descansos durante las visitas a establecimientos  *Continuar con las recomendaciones en inducciones y reinducciones   (PRO-SIG-202 ADMINISTRACION DE ELEMENTOS DE PROTECCION PERSONAL EPP), (INS-SIG-202 INSTRUCTIVO DE PAUSAS ACTIVAS SALUDABLES)                                                                                                        ","NO APLICA"]
[null,null,null,null,null,"Gases y vapores ( exposición a olores ofensivos en visitas de saneamiento y afectaciones ambientales para la salud) ","QUÍMICO ","Alergias respiratorias, afectaciones oculares","Ninguno","Ninguno","Recomendaciones en inducción - reinducción ",6,2,12,"ALTO",25,300,"II","ACEPTABLE CON CONTROL ESPECIFICO","NO APLICA","NO APLICA","NO APLICA","*Se recomienda descansos durante las visitas a establecimientos.  (PRO-SIG-202 ADMINISTRACION DE ELEMENTOS DE PROTECCION EPP)  y  (INS-SIG-202  INSTRUCTIVO DE PAUSAS ACTIVAS SALUDABLES)                                                                                                            ","*Uso de EPP (Tapa bocas)"]
[null,null,null,null,null,"Picaduras       y Mordeduras               (Exposición con animales en las vías públicas)","BIOLÓGICO","Infecciones","No aplica","No aplica","Recomendaciones en inducción - reinducción ",6,3,18,"ALTO",25,450,"II","ACEPTABLE CON CONTROL ESPECIFICO","NO APLICA","NO APLICA","NO APLICA","*Se recomienda capacitar en prevención por mordeduras o picaduras en vías públicas.  (PLA-SIG-206 RETORNO SEGURO AL TRABAJO)  \n","NO APLICA"]
[null,null,null,null,null,"Postura mantenida                          (Bípeda por desplazamiento)","BIOMECÁNICO","*Enfermedad lumbar inespecífica \n*Fatiga en miembros inferiores y en las articulaciones\n*Aparición de vena varice\n*Edema en los pies ","Ninguno","Ninguno","Uso de calzado bajo",6,3,18,"ALTO",25,450,"II","ACEPTABLE CON CONTROL ESPECIFICO","NO APLICA","NO APLICA","NO APLICA","*Se recomienda la implementación permanente de pausas activas durante la jornada laboral.  (INS-SIG-202 INSTRUCTIVO DE PAUSAS ACTIVASS SALUDABLES)  y  (PGR-SIG-205 VIGILANCIA EPIDEMIOLOGICA PARA LA PREVENCION DE DESORDENES MUSCULO ESQUELETICOS)                                                                                                                          ","NO APLICA"]
[null,null,null,null,null,"Locativo\nCaída de elementos de diferente nivel en los recorridos a establecimientos                         ","CONDICIONES DE SEGURIDAD","Golpes, contusiones, laceraciones, fracturas ","Ninguno","Ninguno","Recomendaciones en inducción - reinducción ",6,2,12,"ALTO",25,300,"II","ACEPTABLE CON CONTROL ESPECIFICO","NO APLICA","NO APLICA","NO APLICA","*se recomienda estar muy atento en las visitas de campo- capacitación en identificación de peligros  (PGR-SIG-203 PROGRAMA PROTECCION CONTRA CAIDAS)","NO APLICA"]
[null,null,null,null,null,"Locativo\nSuperficies de trabajo  irregulares y  desniveladas                                 (Desplazamiento en las áreas del evento)","CONDICIONES DE SEGURIDAD","*Golpes \n*Caídas","Ninguno","Ninguno","Sensibilización en prevención de caídas ",6,2,12,"ALTO",25,300,"II","ACEPTABLE CON CONTROL ESPECIFICO","NO APLICA","NO APLICA","NO APLICA","*Se recomienda uso de calzado adecuado según el área a visitar, con el fin de evitar caídas.   (PGR-SIG-203 PROGRAMA PROTECCION CONTRA CAIDAS)","Continuar con el uso de  calzado adecuado según áreas a visitar y EPP."]
[null,null,null,null,null,"Público\n(Robos - Atracos - Asaltos - Agresiones verbales - Actos Violentos)","CONDICIONES DE SEGURIDAD","*Golpes\n*Agresiones verbales y físicas \n*Atentados violentos\n*Heridas\n*Muerte","Ninguno","Ninguno","Recomendaciones en inducción - reinducción ",2,3,4,"BAJO",25,100,"III","MEJORABLE","NO APLICA","NO APLICA","NO APLICA","*Socializar los planes contingencia para diferentes situaciones  de emergencia específicamente riesgo público.   (PLA-SIG-204 PLAN DE PREVENCION, PREPRACION Y RESPUESTA ANTE EMERGENCIA.)  y  (PLAN-SIG-206 RETORNO SEGURO AL TRABAJO)","NO APLICA"]
[null,null,null,null,null,"Tecnológico (explosión, fuga,\nderrame, incendio, en visitas a establecimientos)","CONDICIONES DE SEGURIDAD","Golpes, contusiones, laceraciones, fracturas, quemaduras, muerte. ","Ninguno","Ninguno","Recomendaciones en inducción - reinducción ",2,2,4,"BAJO",25,100,"III","MEJORABLE","NO APLICA","NO APLICA","NO APLICA","*se recomienda estar muy atento en las visitas de campo- capacitación en identificación de peligros   (PLA-SIG-204 PLAN DE PREVENCION, PREPRACION Y RESPUESTA ANTE EMERGENCIA.)  y  (PLAN-SIG-206 RETORNO SEGURO AL TRABAJO)","NO APLICA"]
[null,null,null,null,null,"Accidentes de tránsito                      \n     \n(En los desplazamientos para las entrevistas)\n\nVER MATRIZ DE RIESGO VIAL ","CONDICIONES DE SEGURIDAD","*Muerte \n*Lesiones graves en el cuerpo entero\n*Atrapamiento vehicular","Ninguno","Vehículos de la empresa con mantenimiento preventivo y correctivo. ","Capacitación PESV.",2,2,4,"BAJO",25,100,"III","MEJORABLE","NO APLICA","NO APLICA","NO APLICA","*Realizar sensibilización en seguridad vial para todos los roles de la vía (Pasajero - Conductor - Peatón)\n\n*Realizar seguimiento al plan estratégico de seguridad vial, en lo referente al mantenimiento preventivo de los vehículos propios de la empresa, debido a que el personal se desplaza en vehículo de la entidad, asignado al área. \n\n*Se debe exigir al personal que maneja vehículos propios de la entidad, diligenciar el formato de inspección pre operacional. ","NO APLICA"]
[null,null,null,"CONTROL Y VIGILANCIA DE ZOONOSIS Y VECTORES- VISITAR ESTABLECIMIENTOS (EN ÁREA URBANA Y RURAL) PARA HACER INSPECCIÓN Y VIGILANCIA \nDILIGENCIAR CHEKC LISTA Y EMITIR CONCEPTO; APLICA PARA FUNCIONARIOS DE PLANTA Y/O CONTRATO\n","SI","Accidentes de tránsito                      \n     \n(En los desplazamientos para las entrevistas)\n\nVER MATRIZ DE RIESGO VIAL ","CONDICIONES DE SEGURIDAD","*Muerte \n*Lesiones graves en el cuerpo entero\n*Atrapamiento vehicular","Ninguno","Vehículos de la empresa con mantenimiento preventivo y correctivo. ","La persona que realiza los desplazamientos tiene licencia de conducción ",2,2,4,"BAJO",25,100,"III","MEJORABLE","NO APLICA","NO APLICA","NO APLICA","*Realizar sensibilización en seguridad vial para todos los roles de la vía (Pasajero - Conductor - Peatón)\n\n*Realizar seguimiento al plan estratégico de seguridad vial, en lo referente al mantenimiento preventivo de los vehículos propios de la empresa, debido a que el personal se desplaza en vehículo de la entidad, asignado al área, para el caso de los contratistas que usan sus vehículos de apoyo para realizar la labor, se debe revisar en el PESV para verificar la documentación a solicitar, con el fin de garantizar el bienestar de los trabajadores.  \n\n*Se debe exigir al personal que maneja vehículos propios de la entidad, diligenciar el formato de inspección pre operacional.    (PLA-SIG-202 PESV  PLAN ESTRATEGICO DE SEGURIDAD VIAL), (PLA-SIG-204 PLAN DE PREVENCION, PREPARACION Y RESPUESTA ANTE EMERGENCIA)  y  (PLA-SIG-206 RETORNO SEGURO AL TRABAJO)","NO APLICA"]
[null,null,null,null,null,"Radiaciones no ionizantes                       (Exposición a luz solar)","FÍSICO ","*Cáncer de piel\n*Quemadura solar\n*Insolación \n*Foto envejecimiento cutáneo \n *Foto carcinogénesis\n*Alteraciones oculares","No aplica","Ninguno","Recomendaciones en inducción - reinducción ",6,2,12,"ALTO",25,300,"II","ACEPTABLE CON CONTROL ESPECIFICO","NO APLICA","NO APLICA","NO APLICA","*Se recomienda uso de ropa manga larga cuando se realizan actividades al aire libre.                                                                                                                                     *Se sugiere uso de  protector solar, previa valoración médica. (PRO-SIG-202 PROCEDIMIENTOS ADMINISTRACION DE ELEMENTOS EPP)","Ropa de trabajo y equipos de\nprotección adecuados(camisa,\nmanga larga, pantalón largo,\ngorra o sombrero de ala ancha).\nSaber que la ropa protectora o el\nequipo de protección personal\npuede aumentar el riesgo del\nestrés por calor."]
[null,null,null,null,null,"Picaduras         y Mordeduras             (Exposición con animales en las vías públicas)","BIOLÓGICO","Infecciones","No aplica","No aplica","Recomendaciones en inducción - reinducción ",6,3,18,"ALTO",25,450,"II","ACEPTABLE CON CONTROL ESPECIFICO","NO APLICA","NO APLICA","NO APLICA","*Se recomienda capacitar en prevención por mordeduras o picaduras en vías públicas.  (PLA-SIG-206 RETORNO SEGURO AL TRABAJO)  \n\n","NO APLICA"]
[null,null,null,null,null,"Locativo\nCaída de elementos de diferente nivel en los recorridos a establecimientos                         ","CONDICIONES DE SEGURIDAD","Golpes, contusiones, laceraciones, fracturas ","Ninguno","Ninguno","Recomendaciones en inducción - reinducción ",6,2,{"$f":"+L54*M54","v":12},{"$f":"IF(N54>=24,\"MUY ALTO\",IF(N54>=10,\"ALTO\",IF(N54>=6,\"MEDIO\",\"BAJO\")))","v":"ALTO"},25,{"$f":"+N54*P54","v":300},{"$f":"IF(Q54>=600,\"I\",IF(Q54>=150,\"II\",IF(Q54>=40,\"III\",IF(Q54>=20,\"IV\"))))","v":"II"},{"$f":"IF(Q54>=600,\"NO ACEPTABLE\",IF(Q54>=150,\"ACEPTABLE CON CONTROL ESPECIFICO\",IF(Q54>=40,\"MEJORABLE\",IF(Q54>=20,\"ACEPTABLE\"))))","v":"ACEPTABLE CON CONTROL ESPECIFICO"},"NO APLICA","NO APLICA","NO APLICA","*se recomienda estar muy atento en las visitas de campo- capacitación en identificación de peligros  ","NO APLICA"]
[null,null,null,null,null,"Locativo\nSuperficies de trabajo  irregulares y  desniveladas                                 (Desplazamiento en los diferentes áreas)","CONDICIONES DE SEGURIDAD","*Golpes \n*Caídas * Fracturas * heridas. *luxaciones ","Ninguno","Ninguno","Sensibilización en prevención de caídas ",6,2,12,"ALTO",25,300,"II","ACEPTABLE CON CONTROL ESPECIFICO","NO APLICA","NO APLICA","NO APLICA","*Se recomienda uso de calzado adecuado según el área a visitar, con el fin de evitar caídas.  y  (PGR-SIG-204 ORDEN Y ASEO). Socialización  estandar de seguridas.","Continuar con el uso de  calzado adecuado según áreas a visitar"]
[null,null,null,null,null,"Público\n(Robos - Atracos - Asaltos - Agresiones verbales - Actos Violentos)","CONDICIONES DE SEGURIDAD","*Golpes\n*Agresiones verbales y físicas \n*Atentados violentos\n*Heridas\n*Muerte","Ninguno","Ninguno","Sensibilización en prevención de caídas ",2,3,4,"BAJO",25,100,"III","MEJORABLE","NO APLICA","NO APLICA","NO APLICA","*Socializar los planes contingencia para diferentes situaciones  de emergencia específicamente riesgo público.  (PLA-SIG-204 PLAN DE PREVENCION, PREPRACION Y RESPUESTA ANTE EMERGENCIA.)  y  (PLAN-SIG-206 RETORNO SEGURO AL TRABAJO)","NO APLICA"]
[null,null,null,null,null,"Movimientos repetitivos  \n(Digitación - Diligenciamiento de check lista)","BIOMECÁNICO","Síndrome de Túnel del Carpo ( STC).\nSíndrome de Quervein","No aplica","Ninguno","Recomendaciones en inducción - reinducción ",6,3,18,"ALTO",25,450,"II","ACEPTABLE CON CONTROL ESPECIFICO","NO SE REQUIERE","NO SE REQUIERE","NO SE REQUIERE","*Se recomienda la implementación permanente de pausas activas durante la jornada laboral.  (PGR-SIG-205 VIGILANCIA EPIDEMIOLOGICA PARA LA PREVENCION DE DESORDENES MUSCULO ESQUELETICOS)  y  ((INS-SIG-202 INSTRUCTIVO DE PAUSAS ACTIVAS SALUDABLES)                                                                                                                                                     ","NO APLICA"]
[null,null,null,null,null,"Postura mantenida                          (Bípeda por desplazamiento)","BIOMECÁNICO","*Enfermedad lumbar inespecífica \n*Fatiga en miembros inferiores y en las articulaciones\n*Aparición de vena varice\n*Edema en los pies ","Ninguno","Ninguno","Uso de calzado bajo",6,2,12,"ALTO",25,300,"II","ACEPTABLE CON CONTROL ESPECIFICO","NO APLICA","NO APLICA","NO APLICA","*Se recomienda la implementación permanente de pausas activas durante la jornada laboral.  (PGR-SIG-205 VIGILANCIA EPIDEMIOLOGICA PARA LA PREVENCION DE DESORDENES MUSCULO ESQUELETICOS)  y  ((INS-SIG-202 INSTRUCTIVO DE PAUSAS ACTIVAS SALUDABLES)                                                                                                                           ","NO APLICA"]
[null,null,null,"*VISITA A INSTITUCIONES DE SALUD, EDUCATIVAS, DOMICILIARIAS,PRIVADAS PARA TEMAS REFERENTES A SALUD MENTAL- VISITAS A IPS A REALIZAR ASISTENCIA TÉCNICA DEL SOFTWARE APLICA PARA FUNCIONARIOS DE PLANTA Y/O CONTRATO","SI","Picaduras          y Mordeduras            (Exposición con animales en las vías públicas)","BIOLÓGICO","Infecciones","No aplica","No aplica","Recomendaciones en inducción - reinducción ",6,2,12,"ALTO",25,300,"II","ACEPTABLE CON CONTROL ESPECIFICO","NO APLICA","NO APLICA","NO APLICA","*Se recomienda capacitar en prevención por mordeduras o picaduras en vías públicas.  (PLA-SIG-206 RETORNO SEGURO AL TRABAJO)  \n\n","NO APLICA"]
[null,null,null,null,null,"Locativo\nSuperficies de trabajo  irregulares y  desniveladas                                ","CONDICIONES DE SEGURIDAD","*Golpes \n*Caídas","Ninguno","Ninguno","Recomendaciones en inducción - reinducción ",6,2,12,"ALTO",25,300,"II","ACEPTABLE CON CONTROL ESPECIFICO","NO APLICA","NO APLICA","NO APLICA","*Se recomienda uso de calzado adecuado según el área a visitar, con el fin de evitar caídas.   (PLAN DE SANEAMIENTO BASICO Y SISTEMA GLOBALMENTE ARMONIZADO)  y  (PGR-SIG-203  PROGRAMA PROTECCION CONTRA CAIDAS)","Continuar con el uso de  calzado adecuado según áreas a visitar"]
[null,null,null,null,null,"Accidentes de tránsito                      \n     \n(En los desplazamientos para las entrevistas)\n\nVER MATRIZ DE RIESGO VIAL ","CONDICIONES DE SEGURIDAD","*Muerte \n*Lesiones graves en el cuerpo entero\n*Atrapamiento vehicular","Ninguno","Ninguno","Recomendaciones en inducción - reinducción SST - cap seguridad vial ",2,2,4,"BAJO",25,100,"III","MEJORABLE","NO APLICA","NO APLICA","NO APLICA","*Realizar sensibilización en seguridad vial para todos los roles de la vía (Pasajero - Conductor - Peatón)\n\n*Realizar seguimiento al plan estratégico de seguridad vial.\n\n*Se debe exigir al personal que maneja vehículos propios de la entidad, diligenciar el formato de inspección pre operacional.    (PLA-SIG-202 PESV  PLAN ESTRATEGICO DE SEGURIDAD VIAL), (PLA-SIG-204 PLAN DE PREVENCION, PREPARACION Y RESPUESTA ANTE EMERGENCIA)  y  (PLA-SIG-206 RETORNO SEGURO AL TRABAJO)","NO APLICA"]
[null,null,null,"*VISITAS A IPS O EPS A REALIZAR SEGUIMIENTO A LOS PROGRAMAS DE BIOLÓGICOS Y A VERIFICAR LAS CONDICIONES DEL ESTABLECIMIENTO \n*DESPLAZAMIENTO PARA TRANSPORTE DE BIOLÓGICOS E INSUMOS DE LA CABA DEPARTAMENTAL Y MUNICIPAL-\n*ACOMPAÑAMIENTO Y REALIZACIÓN  JORNADAS DE VACUNACIÓN  APLICA PARA FUNCIONARIOS DE FUNCIONARIO DE PLANTA Y/O CONTRATO                                                                                                                                                                                                                                                                                                                                                                 *ENTREGA DE BIOLÓGICOS E INSUMOS A LAS IPS                                                                                                                                                                                                                                                                                                                  *REALIZAR SEGUIMIENTO A LA CADENA DE FRIO (VERIFICAR SENSORES EN CUARTO FRIO) 2 VECES EN EL DÍA\n","SI","Radiaciones no ionizantes                       (Exposición a luz solar)","FÍSICO ","*Cáncer de piel\n*Quemadura solar\n*Insolación \n*Foto envejecimiento cutáneo \n *Foto carcinogénesis\n*Alteraciones oculares","No aplica","Ninguno","Recomendaciones en inducción - reinducción SST",2,2,4,"BAJO",25,100,"III","MEJORABLE","NO APLICA","NO APLICA","NO APLICA","*Se recomienda uso de ropa manga larga cuando se realizan actividades al aire libre.                                                                                                                                     *Se sugiere uso de  protector solar, previa valoración médica. (PRO-SIG-202 PROCEDIMIENTOS ADMINISTRACION DE ELEMENTOS EPP)","Ropa de trabajo y equipos de\nprotección adecuados(camisa,\nmanga larga, pantalón largo,\ngorra o sombrero de ala ancha).\nSaber que la ropa protectora o el\nequipo de protección personal\npuede aumentar el riesgo del\nestrés por calor."]
[null,null,null,null,null,"Temperaturas extremas \n(Cadena de frio por la conservación de las vacunas)           ","FÍSICO ","Hipotermia\nAlteraciones en el SNC","Ninguno","Ninguno","Uso de chaqueta y EPP",6,2,12,"ALTO",25,300,"II","ACEPTABLE CON CONTROL ESPECIFICO","NO APLICA","NO APLICA","NO APLICA","*Se recomienda realizar exámenes ocupacionales para verificación de cambios en la salud.   (PRO-SIG-202 PROCEDIMIENTOS ADMINISTRACION DE ELEMENTOS EPP)\n","*Uso de EPP (Chaqueta térmica)."]
[null,null,null,null,null,"Picaduras         Y Mordeduras             (Exposición con animales en las vías públicas)","BIOLÓGICO","Infecciones","No aplica","No aplica","Recomendaciones en inducción - reinducción SST",6,2,12,"ALTO",25,300,"II","ACEPTABLE CON CONTROL ESPECIFICO","NO APLICA","NO APLICA","NO APLICA","*Se recomienda capacitar en prevención por mordeduras o picaduras en vías públicas    (PLAN DE SANEAMIENTO BASICO Y SISTEMA GLOBALMENTE ARMONIZADO)\n","NO APLICA"]
[null,null,null,null,null,"Virus                                 (En jornadas de vacunación y entrega de bilógicos)","BIOLÓGICO","*Alteraciones por manejo de vacunas","No aplica","Ninguno","*Uso de EPP",6,2,12,"ALTO",25,300,"II","ACEPTABLE CON CONTROL ESPECIFICO","NO APLICA","NO APLICA","NO APLICA","*Capacitar a los trabajadores en prevención de enfermedades por riesgo biológico, enfocada al manejo seguro de vacunas  (PLA-SIG-206 RETORNO SEGURO AL TRABAJO)","*Uso de EPP"]
[null,null,null,null,null,"Virus","BIOLÓGICO","Malestar general","Vacunación a nivel general","Zonas de limpieza y desinfección, señalización de advertencia ","Adecuado manejo de los  residuos,  distanciamiento    físico , Uso de mascarilla permanente, uso de productos sanitizantes de manos (alcohol al 70%, alcohol glicerinado al 70%), diligenciamiento del coronApp, vacunación",2,3,4,"BAJO",25,100,"III","MEJORABLE","NO APLICA","NO APLICA","NO APLICA","*Promover frecuentemente el lavado de manos en personal de planta, contratistas y visitantes. En caso de no contar con agua y jabón, se debe proveer con desinfectantes para manos (gel antibacterial a base de alcohol).  *Disminución de la densidad laboral en áreas de trabajo o de ocupación de la entidad promoviendo el trabajo en casa. *Mantener un stop de EPP  (mascarillas o respiradores buconasales) para dotación y recambio. *Establecer canales de comunicación individualizados y/o de grupo: correo electrónico, redes sociales, videoconferencia, teléfono para reuniones evitando la presencialidad. *Revisión y análisis de los perfiles epidemiológicos por cargo.    (PLA-SIG-206 RETORNO SEGURO AL TRABAJO)","Uso permanente de mascarilla respiratoria, uso de guantes en látex C-35  ó neopreno manguilla larga en limpieza de superficies. Uso periódico de productos para limpieza (agua y jabón) y para  sanitizado de manos (geles a base de alcohol al 70%), mono gafas o careta, bata quirúrgica (personal atención primera línea)"]
[null,null,null,null,null,"Bacterias                                (En jornadas de vacunación y entrega de bilógicos)","BIOLÓGICO","*Alteraciones por manejo de vacunas","No aplica","N o hay ","*Uso de EPP",6,2,12,"ALTO",25,300,"II","ACEPTABLE CON CONTROL ESPECIFICO","NO APLICA","NO APLICA","NO APLICA","*Capacitar a los trabajadores en prevención de enfermedades por riesgo biológico, enfocada al manejo seguro de vacunas  (PLA-SIG-206 RETORNO SEGURO AL TRABAJO)  y  (PRO-SIG-202 ADMINISTRACION DE ELELMENTOS DE PROTECCION EPP)","*Uso de EPP"]
[null,null,null,null,null,"Postura mantenida                          (Bípeda por desplazamiento)","BIOMECÁNICO","*Enfermedad lumbar inespecífica \n*Fatiga en miembros inferiores y en las articulaciones\n*Aparición de vena varice\n*Edema en los pies ","Ninguno","Ninguno","Uso de calzado bajo",6,3,18,"ALTO",25,450,"II","ACEPTABLE CON CONTROL ESPECIFICO","NO APLICA","NO APLICA","NO APLICA","*Se recomienda la implementación permanente de pausas activas durante la jornada laboral.   (PGR-SIG-205 VIGILANCIA EPIDEMIOLOGICA PARA LA PREVENCION DE DESORDENES MUSCULO ESQUELETICOS)  y  (INS-SIG-202 INSTRUCTIVO DE PAUSAS ACTIVAS SALUDABLES)                                                                                                                                                                                                           ","NO APLICA"]
[null,null,null,null,null,"Locativo\nSuperficies de trabajo  irregulares y  desniveladas                                 (Desplazamiento en los diferentes áreas)","CONDICIONES DE SEGURIDAD","*Golpes \n*Caídas","Ninguno","Ninguno","Sensibilizaciones en prevención de caídas ",6,2,12,"ALTO",25,300,"II","ACEPTABLE CON CONTROL ESPECIFICO","NO APLICA","NO APLICA","NO APLICA","*Se recomienda uso de calzado adecuado según el área a visitar, con el fin de evitar caídas. (PLAN DE SANEAMIENTO BASICO Y SISTEMA GLOBALMENTE ARMONIZADO)  y  (PGR-SIG-203 PROGRAMA PROTECCION CONTRA CAIDAS)","Continuar con el uso de  calzado adecuado según áreas a visitar"]
[null,null,null,null,null,"Público\n(Robos - Atracos - Asaltos - Agresiones verbales - Actos Violentos)","CONDICIONES DE SEGURIDAD","*Golpes\n*Agresiones verbales y físicas \n*Atentados violentos\n*Heridas\n*Muerte","Ninguno","Ninguno","inducción - reinducción",2,3,4,{"$f":"IF(N70>=24,\"MUY ALTO\",IF(N70>=10,\"ALTO\",IF(N70>=6,\"MEDIO\",\"BAJO\")))","v":"BAJO"},25,{"$f":"+N70*P70","v":100},"III",{"$f":"IF(Q70>=600,\"NO ACEPTABLE\",IF(Q70>=150,\"ACEPTABLE CON CONTROL ESPECIFICO\",IF(Q70>=40,\"MEJORABLE\",IF(Q70>=20,\"ACEPTABLE\"))))","v":"MEJORABLE"},"NO APLICA","NO APLICA","NO APLICA","*Socializar los planes contingencia para diferentes situaciones  de emergencia específicamente riesgo público.  (EST-SIG-01 ESTANDAR DE SEGURIDAD PARA ACTIVIDADES FUERA DE LA SEDE) y  (PLA-SIG-204 PLAN DE PREVENCION, PREPARACION Y RESPUESTA ANTE EMERGENCIAS) ","NO APLICA"]
[null,null,null,null,null,"Mecánico                                 (proyección de partículas o elementos )","CONDICIONES DE SEGURIDAD","Punciones ","No aplica","N o hay ","*Uso de EPP",6,2,{"$f":"+L71*M71","v":12},"ALTO",25,300,{"$f":"IF(Q71>=600,\"I\",IF(Q71>=150,\"II\",IF(Q71>=40,\"III\",IF(Q71>=20,\"IV\"))))","v":"II"},"ACEPTABLE CON CONTROL ESPECIFICO","NO APLICA","NO APLICA","NO APLICA","*Capacitar a los trabajadores en prevención de accidentes de trabajo y al buen manejo de corto punzantes.  (PGT-SIG-203 PROGRAMA DE PROTECCION CONTRA CAIDAS), (PGR-SIG-204 ORDEN Y ASEO)  y  (PLAN DE SANEAMIENTO BASICO Y SISTEMA GLOBALMENTE ARMONIZADO)","*Uso de EPP"]
[null,null,null,null,null,"Mecánico                                 (Manejo de elementos corto punzantes)","CONDICIONES DE SEGURIDAD","Punciones ","No aplica","N o hay ","*Uso de EPP",6,2,12,"ALTO",25,300,"II","ACEPTABLE CON CONTROL ESPECIFICO","NO APLICA","NO APLICA","NO APLICA","*Capacitar a los trabajadores en prevención de accidentes de trabajo y al buen manejo de corto punzantes. (PGT-SIG-203 PROGRAMA DE PROTECCION CONTRA CAIDAS), (PGR-SIG-204 ORDEN Y ASEO)  y  (PLAN DE SANEAMIENTO BASICO Y SISTEMA GLOBALMENTE ARMONIZADO)","*Uso de EPP"]
[null,null,null,null,null,"Accidentes de tránsito                      \n     \n(En los desplazamientos para las entrevistas)\n\nVER MATRIZ DE RIESGO VIAL ","CONDICIONES DE SEGURIDAD","*Muerte \n*Lesiones graves en el cuerpo entero\n*Atrapamiento vehicular","Ninguno","Vehículos de la empresa con mantenimiento preventivo y correctivo. ","Capacitación PESV.",2,3,4,"BAJO",25,100,"III","MEJORABLE","NO APLICA","NO APLICA","NO APLICA","*Realizar sensibilización en seguridad vial para todos los roles de la vía (Pasajero - Conductor - Peatón)\n\n*Realizar seguimiento al plan estratégico de seguridad vial.  \n\n*Se debe exigir al personal que maneja vehículos propios de la entidad, diligenciar el formato de inspección pre operacional.  (PLA-SIG-202 PESV  PLAN ESTRATEGICO DE SEGURIDAD VIAL), (PLA-SIG-204 PLAN DE PREVENCION, PREPARACION Y RESPUESTA ANTE EMERGENCIA)  y  (PLA-SIG-206 RETORNO SEGURO AL TRABAJO)","NO APLICA"]
[null,null,null,null,null,"Público\n(Robos - Atracos - Asaltos - Agresiones verbales - Actos Violentos)","CONDICIONES DE SEGURIDAD","*Golpes\n*Agresiones verbales y físicas \n*Atentados violentos\n*Heridas\n*Muerte","Ninguno","Ninguno","inducción- reinducción",2,2,4,"BAJO",25,100,"III","MEJORABLE","NO APLICA","NO APLICA","NO APLICA","*Socializar los planes contingencia para diferentes situaciones  de emergencia específicamente riesgo público. (EST-SIG-01 ESTANDAR DE SEGURIDAD PARA ACTIVIDADES FUERA DE LA SEDE) y  (PLA-SIG-204 PLAN DE PREVENCION, PREPARACION Y RESPUESTA ANTE EMERGENCIAS)","NO APLICA"]
[null,null,"PELIGROS QUE APLICAN A TODAS LAS ACTIVIDADES ; FUNCIONARIOS DE PLANTA Y/O CONTRATO",null,"NO","Sismo - Temblores                  ","FENÓMENOS NATURALES","*Daños materiales (Pérdida total)\n*Heridas y lesiones graves\n*Accidentes de trabajo \n*Muerte","Ninguno","Elementos para atención de emergencias y señalización ","Capacitación  en actuación ante emergencias ",2,2,4,"BAJO",25,100,"III","MEJORABLE","NO SE REQUIERE","NO SE REQUIERE","NO SE REQUIERE","*Se sugiere solicitar a la gerencia estudio de vulnerabilidad y sismo resistencia de las instalaciones. \n*Capacitar al personal en actuación ante emergencias.  (EST-SIG-01 ESTANDAR DE SEGURIDAD PARA ACTIVIDADES FUERA DE LA SEDE) y  (PLA-SIG-204 PLAN DE PREVENCION, PREPARACION Y RESPUESTA ANTE EMERGENCIAS)","NO APLICA"]
[null,null,null,null,"NO","Erupción volcán machín           ","FENÓMENOS NATURALES","*Daños materiales (Pérdida total)\n*Heridas y lesiones graves\n*Accidentes de trabajo \n*Muerte","Ninguno","Elementos para atención de emergencias y señalización ","Capacitación  en actuación ante emergencias ",2,2,4,"BAJO",25,100,"III","MEJORABLE","NO SE REQUIERE","NO SE REQUIERE","NO SE REQUIERE","*Seguir las instrucciones que el departamento suministra para  casos de emergencia por posible erupción del Volcán.                                                                                              \n*Solicitar capacitación al ente respectivo sobre actuación en caso de erupción del volcán machín. \n*Capacitar en actuación ante emergencias en caso de erupción del volcán machín a todo el personal.  \n*Actualizar plan de emergencias incluyendo el PON por posible erupción del volcán machín y socializar a los trabajadores.   (EST-SIG-01 ESTANDAR DE SEGURIDAD PARA ACTIVIDADES FUERA DE LA SEDE) y  (PLA-SIG-204 PLAN DE PREVENCION, PREPARACION Y RESPUESTA ANTE EMERGENCIAS)","NO APLICA"]
[null,null,null,null,"SI","Público\n(Robos - Atracos - Asaltos)","CONDICIONES DE SEGURIDAD","*Golpes\n*Agresiones verbales y físicas \n*Heridas\n*Muerte","Ninguno","Personal de vigilancia \nHay centros de trabajo con cámaras de vigilancia.","Capacitación a brigadistas",2,3,4,"BAJO",25,100,"III","MEJORABLE","NO APLICA","NO APLICA","*Circuito cerrado de televisión","*Socializar al personal los planes de emergencias de todas las sedes, incluyendo los planes operativos normalizados en caso de situaciones de emergencia en riesgo público especifico para cada sede y socializarlo a todo el personal.         \n*Capacitar al personal en actuación ante emergencias en riesgo público.  (PLA-SIG-204 PLAN DE PREVENCION, PREPRACION Y RESPUESTA ANTE EMERGENCIA.)  y  (PLAN-SIG-206 RETORNO SEGURO AL TRABAJO)","NO APLICA"]
[null,null,null,null,"SI","Tecnológico\n(Incendios - Explosiones)\nGenerados dentro de las instalaciones","CONDICIONES DE SEGURIDAD","Incendios \nQuemaduras de grado 2 y 3\nMuerte","Ninguno","Uso de equipos contra incendio","Capacitación a brigadistas",2,2,4,"BAJO",25,100,"III","MEJORABLE","NO APLICA","NO APLICA","NO APLICA","*Capacitación en prevención de accidentes de trabajo por riesgo eléctrico.                                                          \n\n*Continuar con las inspecciones de seguridad enfocado a riesgo eléctrico. (PLA-SIG-204 PLAN DE PREVENCION, PREPRACION Y RESPUESTA ANTE EMERGENCIA.)  y  (PLAN-SIG-206 RETORNO SEGURO AL TRABAJO)","NO APLICA"]
[null,null,null,null,"SI","\nTecnológico ( sub estación eléctrica)","CONDICIONES DE SEGURIDAD","*Explosión ","Mantenimiento y revisión de la subestación","Señalización de advertencia. Cámaras de seguridad y vigilancia ","Capacitación a brigadistas",6,2,12,"ALTO",25,300,"II","ACEPTABLE CON CONTROL ESPECIFICO","NO APLICA","NO APLICA","NO APLICA","*Registro en bitácora de las revisiones mensuales a subestación eléctrica \n* Hacer sto al cumplimiento de restricciones para el ingreso, a través de la vigilancia     (PLAN DE SANEAMIENTO BASICO Y SISTEMA GLOBALMENTE ARMONIZADO)","NO APLICA"]
[null,null,null,null,"SI","Locativo (  Instalaciones en vidrio ( puertas y ventanas)                                                                            ","CONDICIONES DE SEGURIDAD","Golpes, laceraciones ","Vidrio con película y señalización ","Ninguno","Recomendaciones en inducción y reinducción ",6,2,12,"ALTO",25,300,"II","ACEPTABLE CON CONTROL ESPECIFICO","NO APLICA","NO SE REQUIERE","NO APLICA","Señalización de advertencia en vidrios  (PLAN DE SANEAMIENTO BASICO Y SISTEMA GLOBALMENTE ARMONIZADO)","NO APLICA"]
[null,null,null,null,"SI","Locativo\nSuperficies de trabajo  irregulares y  desniveladas, escaleras                      ","CONDICIONES DE SEGURIDAD","*Golpes \n*Caídas\n*Fracturas","escaleras con pasamanos ","Señalización de prevención ","Capacitación en prevención de caídas ",6,2,12,"ALTO",25,300,"II","ACEPTABLE CON CONTROL ESPECIFICO","NO APLICA","NO APLICA","NO APLICA","*Continuar con las sensibilizaciones en prevención de caídas - Continuar con inspecciones para hacer seguimiento estado de las escaleras   (PGR-SIG-203  PROGRAMA PROTECCION CONTRA CAIDAS)  y  (PLAN DE SANEAMIENTO BASICO Y SISTEMA GLOBALMENTE ARMONIZADO)","NO APLICA"]
[null,null,null,null,"SI","Locativo\n\n(Atrapamiento por mal funcionamiento del ascensor)\n \n","CONDICIONES DE SEGURIDAD","Atrapamiento ","Se realiza mantenimiento periódico a los ascensores","Señalización de advertencia en ascensor y botón de emergencia ","Recomendaciones en inducción y reinducción",6,2,12,{"$f":"IF(N82>=24,\"MUY ALTO\",IF(N82>=10,\"ALTO\",IF(N82>=6,\"MEDIO\",\"BAJO\")))","v":"ALTO"},25,300,"II","ACEPTABLE CON CONTROL ESPECIFICO","NO APLICA","NO APLICA","NO APLICA","*Continuar con el mantenimiento preventivo y correctivo de los ascensorDiseñar y socializar PON en caso de atrapamiento por mal funcionamiento del ascensor.  (PLAN DE SANEAMIENTO BASICO Y SISTEMA GLOBALMENTE ARMONIZADO) y (PLAC-SIG-204 PLAN DE PREVENCION, PREPARACION Y RESPUESTAS ANTE EMERGENCIAS)","NO APLICA"]
[null,null,null,null,"SI","Fugas de gas \n\"Riesgo de la vecindad\"\n(Generado por la cercanía a restaurantes, viviendas y por daños en la tubería externa) ","QUÍMICOS","Incendios \nQuemaduras de grado 2 y 3\nMuerte","Ninguno","Equipo para control de incendios ","Capacitación a brigadistas",2,2,4,"BAJO",25,100,"III","MEJORABLE","NO APLICA","NO APLICA","NO APLICA","*Diseñar y socializar PON en caso de fuga de gas.  (PLAN DE SANEAMIENTO BASICO Y SISTEMA GLOBALMENTE ARMONIZADO) y (PLA-SIG-204 PLAN DE PREVENCION, PREPARACION Y RESPUESTAS ANTE EMERGENCIAS)","NO APLICA"]
[null,null,null,null,"SI","Tecnológico\nParqueadero \n(Incendios - Explosiones)\n","CONDICIONES DE SEGURIDAD","Incendios \nQuemaduras de grado 2 y 3\nMuerte","Mantenimiento de equipos y tecno mecánica","Equipo para control de incendios - Señalización de advertencia ","Recomendaciones al personal que parquea en la zona ",2,2,4,"BAJO",25,100,"III","MEJORABLE","NO APLICA","NO APLICA","NO APLICA","*Diseñar y socializar PON en caso de explosiones e incendios en  la empresa.  (PLA-SIG-204 PLAN DE PREVENCION, PREPRACION Y RESPUESTA ANTE EMERGENCIA.)  y  (PLAN-SIG-206 RETORNO SEGURO AL TRABAJO)","NO APLICA"]
[null,null,null,null,"SI","Tecnológico\n\"Riesgo de la vecindad\"\n(Incendios - Explosiones)\n","CONDICIONES DE SEGURIDAD","Incendios \nQuemaduras de grado 2 y 3\nMuerte","Ninguno","Equipo para control de incendios ","Capacitación a brigadistas",2,2,4,"BAJO",25,100,"III","MEJORABLE","NO APLICA","NO APLICA","NO APLICA","*Diseñar y socializar PON en caso de explosiones externas a la empresa.  (PLA-SIG-204 PLAN DE PREVENCION, PREPRACION Y RESPUESTA ANTE EMERGENCIA.)  y  (PLAN-SIG-206 RETORNO SEGURO AL TRABAJO)","NO APLICA"]
[null,null,null,null,"SI","Virus \n","BIOLÓGICO","Malestar general","Ninguno","Limpieza y desinfección de áreas de trabajo   y en casa,  Control de aforo, señalización de advertencia.","Distanciamiento    físico, uso de mascarilla, lavado de manos constante.",2,3,4,"BAJO",25,100,"III","MEJORABLE","NO APLICA","NO APLICA","NO APLICA","  *Promover frecuentemente el lavado de manos en personal de planta, contratistas y visitantes. En caso de no contar con agua y jabón, se debe proveer con desinfectantes para manos (gel antibacterial a base de alcohol).  *Disminución de la densidad laboral en áreas de trabajo o de ocupación de la entidad promoviendo el teletrabajo. *Mantener un stop de EPP  (mascarillas ) para dotación y recambio. *Establecer canales de comunicación individualizados y/o de grupo: correo electrónico, redes sociales, videoconferencia, teléfono para reuniones evitando la presencialidad. *Revisión y análisis de los perfiles epidemiológicos por cargo, estrategias motivación para que los funcionarios se  vacunen.  ","Uso permanente de mascarilla respiratoria. Uso periódico de productos para limpieza (agua y jabón) y  alcohol al 70%, mono gafas o careta."]
[null,null,null,null,null," Demandas Emocionales: Condiciones de la tarea                             \nLa novedad del entorno de trabajo, situación familiar:  hijos o personas mayores a cargo en el hogar en situación de riesgo, miedo al contagio, aislamiento social y confinamiento, miedos e incertidumbres laborales y socioeconómicos, espacios y recursos compartidos por varias personas ante las mismas circunstancias en sus domicilios, convertir espacios de su hogar en despachos improvisados para poder seguir desempeñando su tarea diaria, valoración subjetiva y objetiva por parte del experto mientras se aplica la batería de riesgo psicosocial.","PSICOSOCIAL","Alteraciones mentales, Ansiedad, depresión, estrés postraumático.","S.V.E. Psicosocial","S.V.E Psicosocial","Intervenciones individuales y grupales, capacitaciones, medidas de afrontamiento, manejo de habilidades sociales.",6,3,18,"ALTO",25,450,"II","ACEPTABLE CON CONTROL ESPECIFICO","NO APLICA","NO APLICA","NO APLICA","identificación de personas con mayor riesgo, prácticas para la prevención del contagio a través del autocuidado individual y familiar, entre otras \"capacitaciones del protocolo de bioseguridad, inspecciones, suministro de Elementos de bioseguridad. Organización de los puestos de trabajo, lavamanos, dispensadores, cumpliendo con el distanciamiento.","Uso de los elementos de bioseguridad, establecer el compromiso de autocuidado y trabajo seguro."]
[null,null,null,null,null,"Características de la organización del trabajo\n(Valoración promedio mientras se realiza el proceso de aplicación de baterías de riesgo psicosocial)","PSICOSOCIAL","Alteraciones mentales, Ansiedad, depresión.","SVE. Riesgo Psicosocial","SVE. Riesgo Psicosocial","Intervenciones individuales y grupales, capacitaciones, medidas de afrontamiento, manejo de habilidades sociales.",2,3,6,"MEDIO",25,150,"II","ACEPTABLE CON CONTROL ESPECIFICO","NO SE REQUIERE","NO SE REQUIERE","NO APLICA","*Aplicación de las baterías de riesgo  psicosocial, para verificar la exposición al peligro. \nCapacitación en trabajo en equipo y competencias individuales y profesionales.\n\nAnálisis de carga laboral.    (PGR-SIG-206 VIGILANCIA EPIDEMIOLOGICA DE RIESGO PSICOSOCIAL) y  (INS-SIG-202 INSSTRUCTIVO DE PAUSAS ACTIVAS SALUDABLES)                                                                                                                                  ","NO SE REQUIERE"]
[null,null,null,null,null,"Características del grupo social y del trabajo.\n(Está en proceso la evaluación de los factores de riesgo psicosocial)","PSICOSOCIAL","Stress laboral\nAfecciones de salud                                                                                                                                                                                                                                                                                                                                                                                                            Ambientes de trabajo Hostil                                                                                                                                                                                                                                                                                                                                                                                               Baja Productividad","Cumplimiento de la normatividad ley 1010, resolución 652 y 356, 2646.","Comité de Convivencia Laboral","Capacitaciones en habilidades sociales básicas, resolución de conflictos, liderazgo efectivo.",2,4,8,"MEDIO",25,200,"II","ACEPTABLE CON CONTROL ESPECIFICO","NO SE REQUIERE","NO SE REQUIERE","NO SE REQUIERE","*Capacitación en habilidades sociales básicas y relaciones interpersonales y comunicación asertiva y efectiva. \n\n*Capacitación en liderazgo efectivo y generación de hábitos del líder.   (PGR-SIG-206 VIGILANCIA EPIDEMIOLOGICA DE RIESGO PSICOSOCIAL) y  (INS-SIG-202 INSSTRUCTIVO DE PAUSAS ACTIVAS SALUDABLES) ","NO SE REQUIERE"]
[null,null,null,null,null,"Gestión Organizacional\n(Está en proceso la evaluación de los factores de riesgo psicosocial aplicación batería de riesgo psicosocial)","PSICOSOCIAL","Stress laboral\nAfecciones de salud                                                                                                                                                                                                                                                                                                                                                                                                                     Productividad- Ausentismo","Plan de Intervención del SVE ","N/A","Intervenciones individuales y grupales, capacitaciones en liderazgo, fortalecimiento de las escuelas de liderazgo.",6,2,{"$f":"+L90*M90","v":12},{"$f":"IF(N90>=24,\"MUY ALTO\",IF(N90>=10,\"ALTO\",IF(N90>=6,\"MEDIO\",\"BAJO\")))","v":"ALTO"},25,{"$f":"+N90*P90","v":300},{"$f":"IF(Q90>=600,\"I\",IF(Q90>=150,\"II\",IF(Q90>=40,\"III\",IF(Q90>=20,\"IV\"))))","v":"II"},{"$f":"IF(Q90>=600,\"NO ACEPTABLE\",IF(Q90>=150,\"ACEPTABLE CON CONTROL ESPECIFICO\",IF(Q90>=40,\"MEJORABLE\",IF(Q90>=20,\"ACEPTABLE\"))))","v":"ACEPTABLE CON CONTROL ESPECIFICO"},"NO SE REQUIERE","NO SE REQUIERE","NO SE REQUIERE","Fortalecimiento de las escuelas de liderazgo.     (PGR-SIG-206 VIGILANCIA EPIDEMIOLOGICA DE RIESGO PSICOSOCIAL)","NO SE REQUIERE"]
[null,null,null,null,null,"Contenido de la Tarea (Carga de Trabajo)\n(Está en proceso la evaluación de los factores de riesgo psicosocial aplicación batería de riesgo psicosocial)","PSICOSOCIAL","Stress laboral\nAfecciones de salud","S.V.E. Psicosocial","Distribución de la tarea por trabajo en equipo, gestión del tiempo.","Intervenciones individuales y grupales, capacitaciones, medidas de afrontamiento, manejo de habilidades sociales.",6,3,{"$f":"+L91*M91","v":18},{"$f":"IF(N91>=24,\"MUY ALTO\",IF(N91>=10,\"ALTO\",IF(N91>=6,\"MEDIO\",\"BAJO\")))","v":"ALTO"},25,{"$f":"+N91*P91","v":450},{"$f":"IF(Q91>=600,\"I\",IF(Q91>=150,\"II\",IF(Q91>=40,\"III\",IF(Q91>=20,\"IV\"))))","v":"II"},{"$f":"IF(Q91>=600,\"NO ACEPTABLE\",IF(Q91>=150,\"ACEPTABLE CON CONTROL ESPECIFICO\",IF(Q91>=40,\"MEJORABLE\",IF(Q91>=20,\"ACEPTABLE\"))))","v":"ACEPTABLE CON CONTROL ESPECIFICO"},"NO SE REQUIERE","NO SE REQUIERE","NO SE REQUIERE","Capacitaciones, manejo del tiempo como recurso, trabajo colaborativo y ayuda percibida.  (PGR-SIG-206 VIGILANCIA EPIDEMIOLOGICA DE RIESGO PSICOSOCIAL) ","NO SE REQUIERE"]
[null,null,null,null,"SI","Virus (CAMBIO CLIMATICO.)\n ","BIOLÓGICO","Malestar general","Ninguno","Limpieza y desinfección de áreas de trabajo   y en casa,  Control de aforo, señalización de advertencia.","Distanciamiento    físico, uso de mascarilla, lavado de manos constante.",2,2,4,"BAJO",25,400,"II","ACEPTABLE CON CONTROL ESPECIFICO","NO APLICA","NO APLICA","NO APLICA","  *Promover frecuentemente el lavado de manos en personal de planta, contratistas y visitantes. En caso de no contar con agua y jabón, se debe proveer con desinfectantes para manos (gel antibacterial a base de alcohol).   *Mantener un stop de EPP  (mascarillas ) para dotación y recambio. *Establecer canales de comunicación individualizados y/o de grupo: correo electrónico, redes sociales, videoconferencia, teléfono para reuniones evitando la presencialidad. *Revisión y análisis de los perfiles epidemiológicos por cargo, estrategias motivación para que los funcionarios se  vacunen.   (PRO-SIG-202 Procedimiento administrativo de elementos EPP). Fumigación.","Uso permanente de mascarilla respiratoria. Uso periódico de productos para limpieza (agua y jabón) y  alcohol al 70%, mono gafas o careta."]
[null,null,null,null,"NO","Largas Jornadas Laborales y ausencia de descanso con altas temperaturas y radiciones altas por factor del CAMBIO CLIMATICO.","PSICOSOCIAL","Estrés, agotamiento por trabajo continuo, cansacio, fatiga, angustia, ansiedad, poca concentración y atención, somnolencia.","Ninguno","Ninguno","PVE- Riesgo psicosocial",6,2,12,"ALTO",25,120,"III","MEJORABLE","NO APLICA","NO APLICA","NO APLICA","Introducir una rutina de tiempos detrabajo y de descanso para aquellos\ntrabajadores/as que estén expuestos a ambientes calurosos, Formación en primeros auxilios, para que puedan\nreconocer y tratar los primeros síntomas de desórdenes de salud ocasionados por una\nexposición a temperaturas extremadamente cálidas., Seguir a diario los boletines\nmeteorológicos y cambiar el horario de trabajo de gran exposición al calor\na horas más frescas del día., En trabajos a campo abierto, crear zonas descanso con carpas, Disponer de agua potable fría en lugares estratégicos y visibles, cercanos al área de trabajo.","NO SE REQUIERE"]
[null,null,null,null,"NO"," Temperaturas\nextremas (calor) porfactor de CAMBIO CLIMATICO","FISICO","Estrés termico Agotamiento Mareos  Deshidratación Golpes de calor, lesiones en la piel, insolación, ","No aplica","Ninguno","Ninguno",6,1,6,"MEDIO",25,60,"III","MEJORABLE","NO APLICA","NO APLICA","NO APLICA","Todos los funcionarios que realicen desplazamientos fuera de la sede deben apalicar el Estándar de Seguridad \"EST-204\"., se recomienda hidratación continua, alimentación adecuada, Organización de los puestos de trabajo, limplementación de un programa de climatización.Sistemas de ventilación","Ropa de trabajo y equipos de\nprotección adecuados(camisa,\nmanga larga, pantalón largo,\ngorra o sombrero de ala ancha).\nSaber que la ropa protectora o el\nequipo de protección personal\npuede aumentar el riesgo del\nestrés por calor."]
[null,null,null,null,"NO"," Temperaturas\nextremas (calor Radiaciones No ionizantes) porfactor de CAMBIO CLIMATICO","FISICO","Estrés termico Agotamiento Mareos  Deshidratación Golpes de calor, lesiones en la piel, dolor de cabeza.","No aplica","Ninguno","Protector Solar",6,1,6,"MEDIO",25,60,"III","MEJORABLE","NO APLICA","NO APLICA","NO APLICA","Todos los funcionarios que realicen desplazamientos fuera de la sede deben apalicar el Estándar de Seguridad \"EST-204\"., se recomienda hidratación continua, alimentación adecuada, Organización de los puestos de trabajo, limplementación de un programa de climatización.Sistemas de ventilación","Ropa de trabajo y equipos de\nprotección adecuados(camisa,\nmanga larga, pantalón largo,\ngorra o sombrero de ala ancha).\nSaber que la ropa protectora o el\nequipo de protección personal\npuede aumentar el riesgo del\nestrés por calor."]
[null,null,"PELIGROS QUE APLICAN A TRABAJO CON RESTRICCIONES DE SALUD O TELE TRABAJO",null,"SI","Postura Prolongada \n(Postura sedente más del 75% de la jornada laboral en trabajo con video terminales)","BIOMECÁNICO","*Dolor lumbar inespecífico\n*Espasmos musculares","Ninguno","Ninguno","Sensibilización con los riesgos de trabajo en casa, psicólogo",6,3,18,"ALTO",25,450,"II","ACEPTABLE CON CONTROL ESPECIFICO","NO APLICA","NO SE REQUIERE","NO SE REQUIERE","*Realizar visitas virtuales por parte del Grupo de SST para capacitar en higiene postural en casa.\n\n*Realizar pausas activas en el área.                                                                 \n\n*Continuar con las actividades del programa de vigilancia epidemiológico  para prevención de desordenes musculo esqueléticas asociadas al peligro biomecánico, para trabajo en casa.    (PGR-SIG-205 VIGILANCIA EPIDEMIOLOGICA PARA LA PREVENCION DE DESORDENES MUSCULO ESQUELETICOS)  y  (INS-SIG-202 INSTRUCTIVO DE PAUSAS ACTIVAS SALUDABLES)                                                                                                                                                              ","NO APLICA"]
[null,null,null,null,"SI","Movimientos repetitivos  \n(Digitación - Escanear)","BIOMECÁNICO","Lesiones por trauma acumulativo en miembro superiores ( STC).\nSíndrome de Quervain","Ninguno","Ninguno","Sensibilización con los riesgos de trabajo en casa, psicólogo",6,3,18,"ALTO",25,450,"II","ACEPTABLE CON CONTROL ESPECIFICO","NO SE REQUIERE","NO SE REQUIERE","NO SE REQUIERE","*Se recomienda la implementación permanente de pausas activas durante la jornada laboral.     (INS-SIG-202 INSTRUCTIVO DE PAUSAS ACTIVAS SALUDABLES)                                                                                                                                                                                                                                                                                                                                                                                                                                               ","NO APLICA"]
[null,null,null,null,"SI","Radiaciones No ionizantes                                   (Exposición permanente a pantallas del computador)","FÍSICO ","*Fatiga visual","Ninguno","Ninguno","Sensibilización con los riesgos de trabajo en casa, psicólogo",6,2,12,"ALTO",25,300,"II","ACEPTABLE CON CONTROL ESPECIFICO","NO APLICA","NO SE REQUIERE","NO SE REQUIERE","*Se recomienda la implementación permanente de pausas activas durante la jornada laboral.     (INS-SIG-202 INSTRUCTIVO DE PAUSAS ACTIVAS SALUDABLES)                                                                                                                                                                                                                                                                                                                                                                                                                                               ","NO APLICA"]
[null,null,null,null,"NO","Locativo                                                                              (Cableado eléctrico desordenado en la zona adecuada para puesto de trabajo)","CONDICIONES DE SEGURIDAD","*Se potencializa el riesgo de accidentes por caídas. ","Ninguno","Ninguno","Sensibilización con los riesgos de trabajo en casa, psicólogo",6,2,12,"ALTO",25,300,"II","ACEPTABLE CON CONTROL ESPECIFICO","NO APLICA","NO SE REQUIERE","NO APLICA","Realizar inspecciones de seguridad para verificar estado de cableado del  área.  (PGR-SIG-204 ORDEN Y ASEO)  y  (PGR-SIG-203 PROGRAMA DE PROTECCION CONTRA CAIDAS) ","NO APLICA"]
[null,null,null,null,"NO","Picaduras - Mordeduras                             (Presencia de vectores e insectos dentro de la vivienda o zona destinada para laborar).","BIOLÓGICO","Infecciones","Ninguno","Ninguno","Sensibilización con los riesgos de trabajo en casa, psicólogo",6,2,12,"ALTO",25,300,"II","ACEPTABLE CON CONTROL ESPECIFICO","NO APLICA","NO APLICA","NO APLICA","* realizar una correcta inspección del área de trabajo para garantizar la NO presencia de vectores o insectos ponzoñoso. Evitar las zona con acumulación de aguas estancadas.  (PLAN DE SANEAMIENTO BASICO Y SISTEMA GLOBALMENTE ARMONIZADO)","NO APLICA"]
[null,null,null,null,"SI","Virus y Bacterias\n (Exposición a virus y bacterias debido al uso de superficies húmedas como baños, lavamanos y lavaplatos alberca)","BIOLÓGICO","*Dermatosis\n*Reacciones alérgicas\n*Enfermedades infecciosas\n*Infecciones respiratorias","Ninguno","Ninguno","Sensibilización con los riesgos de trabajo en casa, psicólogo",6,2,12,"ALTO",25,300,"II","ACEPTABLE CON CONTROL ESPECIFICO","NO APLICA","NO APLICA","NO APLICA","*Capacitar a los trabajadores en auto cuidado y la importancia del uso de los EPP.    (PRO-SIG-202 PROCEDIMIENTO ADMINISTRACION DE ELEMENTOS EPP)","*Uso de EPP (Guantes - Tapa bocas)"]
[null,null,null,null,"NO","Material particulado \n(Polvo en los documentos)","QUÍMICOS","*Enfermedades respiratorias\n*Infecciones virales \n*Alergias ","Ninguno","Ninguno","Sensibilización con los riesgos de trabajo en casa, psicólogo",6,2,12,"ALTO",25,300,"II","ACEPTABLE CON CONTROL ESPECIFICO","NO APLICA","NO APLICA","NO APLICA","*Realizar seguimiento del uso de los elementos de protección personal (Tapa bocas), cuando manipule archivo con polvo. (PRO-SIG-202 PROCEDIMIENTO ADMINISTRACION DE ELEMENTOS EPP)                                                                                                               ","*Uso de EPP ( Tapa bocas)"]
[null,null,null,null,"NO","Uso de elementos de desinfección\n(alcohol, gel antibacterial)","QUÍMICOS","\n*Alergias en piel o vías respiratorias.\n* Quemaduras ","Ninguno","Ninguno","Sensibilización con los riesgos de trabajo en casa, psicólogo",6,2,12,"ALTO",25,300,"II","ACEPTABLE CON CONTROL ESPECIFICO","NO APLICA","NO APLICA","NO APLICA","*Realizar seguimiento del uso de los elementos de protección personal (Tapa bocas), cuando manipule archivo con polvo.  (PRO-SIG-202 PROCEDIMIENTO ADMINISTRACION DE ELEMENTOS EPP)                                                                                                           ","*Uso de EPP ( Tapa bocas)"]
[null,null,null,null,"SI","Mecánico                                         (Manejo de Equipos y elementos de Oficina)","CONDICIONES DE SEGURIDAD","*Traumas de tejidos blandos (Laceración, contusión, heridas superficiales, etc.)       ","Ninguno","Ninguno","Sensibilización con los riesgos de trabajo en casa, psicólogo",6,2,12,"ALTO",25,300,"II","ACEPTABLE CON CONTROL ESPECIFICO","NO SE REQUIERE","NO SE REQUIERE","NO SE REQUIERE","*Continuar con el uso adecuado de los elementos de trabajo, realizar cambio de los elementos que se observen en mal estado.  (PRO-SIG-202 PROCEDIMIENTO ADMINISTRACION DE ELEMENTOS EPP)  y  (pgr-sig-204  ORDEN Y ASEO)","NO APLICA"]
[null,null,null,null,"SI","Deficiente ventilación (Las ventanas y persianas deben permanecer cerradas para evitar el ingreso de rayos solares)","FÍSICO                              ","*Disconfort por calor ambiental permanente","Ninguno","Ninguno","Sensibilización con los riesgos de trabajo en casa, psicólogo",6,2,12,"ALTO",25,300,"II","ACEPTABLE CON CONTROL ESPECIFICO","NO APLICA","NO SE REQUIERE","NO SE REQUIERE","Se recomienda contar con un área de ventilación natural o con ventilación artificial como ventiladores   (PLAN DE SANEAMIENTO BASICO Y SISTEMA GLOBALMENTE ARMONIZADO)","NO APLICA"]
[null,null,null,null,"SI","Manipulación y desplazamiento de cargas\n(Documentos y cajas)","BIOMECÁNICO","Lesiones en columna\nEnfermedad discal\nEnfermedad lumbar ","Ninguno","Ninguno","Sensibilización con los riesgos de trabajo en casa, psicólogo",6,3,18,"ALTO",25,450,"II","ACEPTABLE CON CONTROL ESPECIFICO","NO SE REQUIERE","NO SE REQUIERE","NO SE REQUIERE","* Practicar higiene postural para el manejo de cargas.    (PGR-SIG-205 VIGILANCIA EPIDEMIOLOGICA PARA LA PREVENCION DE DESORDENES MUSCULO ESQUELETICOS)","NO APLICA"]
[null,null,null,null,"SI","Iluminación\n(Deficiente de iluminación natural o artificial en el sitio adecuado para laboral dentro de la vivienda)                                             ","FÍSICO ","*Fatiga visual","Ninguno","Ninguno","Sensibilización con los riesgos de trabajo en casa, psicólogo",6,2,12,"ALTO",25,300,"II","ACEPTABLE CON CONTROL ESPECIFICO","NO APLICA","NO APLICA","NO SE REQUIERE","Se recomienda adecuar zona de trabajo en lugar con iluminación adecuada (que no sea excesiva o deficiente).   (PLAN DE SANEAMIENTO BASICO Y SISTEMA GLOBALMENTE ARMONIZADO)","NO APLICA"]
[null,null,null,null,"NO","Locativo\nSuperficies de trabajo  irregulares y  desniveladas, escaleras                                 (Desplazamiento en la vivienda)","CONDICIONES DE SEGURIDAD","*Golpes \n*Caídas\n*Fracturas","Ninguno","Ninguno","Sensibilización con los riesgos de trabajo en casa, psicólogo",6,2,12,"ALTO",25,300,"II","ACEPTABLE CON CONTROL ESPECIFICO","NO APLICA","NO APLICA","NO APLICA","*Se recomienda uso de calzado adecuado y de tacón bajo según el área a visitar, con el fin de evitar caídas. (PLAN DE SANEAMIENTO BASICO Y SISTEMA GLOBALMENTE ARMONIZADO)","Continuar con el uso de  calzado adecuado según áreasEPP."]
[null,null,null,null,"SI","Virus ","BIOLÓGICO","Malestar general","Ninguno","Ninguno","Sensibilización con los riesgos de trabajo en casa, psicólogo",2,2,4,"BAJO",25,100,"III","MEJORABLE","NO APLICA","NO APLICA","NO APLICA","*Garantizar el autocuidado en Casa.\n*Participar en las reuniones de bioseguridad realizadas por el grupo de SST.\n*Evitar las reuniones sociales y evitar visitar sitios concurridos o de alto riesgo\n*  Realizar constante desinfección y limpieza de los sitios de trabajo\n* Evitar tocar cara, boca y ojos con las manos.\n* Lavar las manos cada 3 horas.  ","Uso permanente de respirador buco nasal, uso de guantes en látex C-35  ó neopreno manguilla larga en limpieza de superficies. Uso periódico de productos para limpieza (agua y jabón) y para  sanitizado de manos (geles a base de alcohol al 70%), mono gafas o careta"]
[null,null,null,null,"SI","Público\n(Robos - Atracos - Asaltos - Agresiones verbales - Actos Violentos)","CONDICIONES DE SEGURIDAD","*Golpes\n*Agresiones verbales y físicas \n*Atentados violentos\n*Heridas\n*Muerte","Ninguno","Ninguno","Sensibilización con los riesgos de trabajo en casa, psicólogo",2,2,4,"BAJO",25,100,"III","MEJORABLE","NO APLICA","NO APLICA","NO APLICA","*Socializar los planes contingencia para diferentes situaciones  de emergencia específicamente riesgo público.  (EST-SIG-01 ESTANDAR DE SEGURIDAD PARA ACTIVIDADES FUERA DE LA SEDE) y  (PLA-SIG-204 PLAN DE PREVENCION, PREPARACION Y RESPUESTA ANTE EMERGENCIAS)   ","NO APLICA"]
[null,null,null,null,"NO","Erupción volcán Machín","FENÓMENOS NATURALES","Erupción del Volcán Machín","Ninguno","Ninguno","Sensibilización con los riesgos de trabajo en casa, psicólogo",6,2,12,"ALTO",25,300,"II","ACEPTABLE CON CONTROL ESPECIFICO","NO APLICA","NO APLICA","NO APLICA","Tener en cuenta las recomendaciones dadas en los medios de comunicación de la alcaldía y recomendaciones en el video del ejercicio de la simulación  el día nacional del simulacro  (EST-SIG-01 ESTANDAR DE SEGURIDAD PARA ACTIVIDADES FUERA DE LA SEDE) y  (PLA-SIG-204 PLAN DE PREVENCION, PREPARACION Y RESPUESTA ANTE EMERGENCIAS)","NO APLICA"]
[null,null,null,null,"NO","Sismo - Terremoto","FENÓMENOS NATURALES","Erupción del Volcán Machín","Ninguno","Ninguno","Sensibilización con los riesgos de trabajo en casa, psicólogo",6,2,12,"ALTO",25,300,"II","ACEPTABLE CON CONTROL ESPECIFICO","NO APLICA","NO APLICA","NO APLICA","Tener en cuenta las recomendaciones dadas en los medios de comunicación de la alcaldía y recomendaciones en el video del ejercicio de la simulación  el día nacional del simulacro  (EST-SIG-01 ESTANDAR DE SEGURIDAD PARA ACTIVIDADES FUERA DE LA SEDE) y  (PLA-SIG-204 PLAN DE PREVENCION, PREPARACION Y RESPUESTA ANTE EMERGENCIAS)","NO APLICA"]

{"sheet":"CAVAS","index":27,"n_rows":172,"n_cols":22,"rows_kept":172,"cut":false,"hidden":true,"merged":[[0,0,3,0],[0,1,1,19],[0,21,3,21],[2,1,3,19],[4,18,4,19],[6,3,6,4],[6,5,7,5],[38,1,44,1],[38,2,44,2],[4,20,4,21],[5,0,5,1],[6,17,6,21],[8,0,28,0],[8,1,18,1],[8,2,18,2],[19,1,28,1],[19,2,28,2],[6,1,7,1],[6,2,7,2],[5,2,5,21],[6,0,7,0],[6,6,6,8],[6,9,6,15],[58,0,74,1],[84,1,84,3],[29,0,57,0],[29,1,37,1],[29,2,37,2],[79,1,79,8],[80,1,80,3],[80,5,80,8],[81,1,81,3],[84,5,84,8],[77,1,77,19],[81,5,81,8],[82,1,82,3],[82,5,82,8],[83,1,83,3],[83,5,83,8],[45,1,57,1],[45,2,57,2],[98,5,98,8],[101,1,101,3],[101,5,101,8],[102,1,102,3],[102,5,102,8],[99,1,99,3],[99,5,99,8],[95,1,95,8],[85,1,85,3],[85,5,85,8],[97,1,97,3],[97,5,97,8],[98,1,98,3],[86,5,86,8],[87,1,87,3],[87,5,87,8],[88,1,88,3],[96,1,96,3],[96,5,96,8],[86,1,86,3],[88,5,88,8],[89,1,89,3],[89,5,89,8],[90,1,90,3],[106,1,106,3],[106,5,106,8],[103,1,103,3],[103,5,103,8],[104,1,104,3],[104,5,104,8],[105,1,105,3],[105,5,105,8],[100,1,100,3],[100,5,100,8],[110,1,110,3],[110,5,110,8],[114,1,114,3],[114,5,114,8],[109,1,109,8],[111,1,111,3],[111,5,111,8],[112,1,112,3],[112,5,112,8],[113,1,113,3],[160,5,160,8],[143,5,143,8],[144,1,144,3],[144,5,144,8],[128,1,128,3],[128,5,128,8],[129,1,129,3],[118,1,118,3],[118,5,118,8],[123,1,123,3],[123,5,123,8],[124,1,124,3],[124,5,124,8],[122,1,122,8],[117,1,117,3],[115,1,115,3],[117,5,117,8],[119,1,119,3],[145,1,145,3],[145,5,145,8],[146,1,146,3],[146,5,146,8],[147,1,147,3],[147,5,147,8],[142,1,142,3],[167,1,167,3],[167,5,167,8],[166,1,166,3],[166,5,166,8],[153,1,153,8],[148,1,148,3],[148,5,148,8],[149,1,149,3],[149,5,149,8],[154,1,154,3],[154,5,154,8],[155,1,155,3],[155,5,155,8],[165,1,165,3],[165,5,165,8],[161,1,161,3],[161,5,161,8],[162,1,162,3],[162,5,162,8],[163,1,163,3],[163,5,163,8],[159,1,159,3],[159,5,159,8],[160,1,160,3],[90,5,90,8],[91,1,91,3],[91,5,91,8],[164,1,164,3],[141,1,141,3],[141,5,141,8],[156,1,156,3],[156,5,156,8],[157,1,157,3],[157,5,157,8],[164,5,164,8],[158,1,158,3],[158,5,158,8],[140,1,140,3],[140,5,140,8],[125,1,125,3],[125,5,125,8],[126,1,126,3],[126,5,126,8],[129,5,129,8],[113,5,113,8],[115,5,115,8],[116,1,116,3],[116,5,116,8],[171,1,171,3],[171,5,171,8],[168,1,168,3],[168,5,168,8],[169,1,169,3],[169,5,169,8],[170,1,170,3],[170,5,170,8],[119,5,119,8],[150,1,150,3],[150,5,150,8],[151,1,151,3],[151,5,151,8],[138,1,138,3],[138,5,138,8],[139,1,139,3],[139,5,139,8],[137,1,137,8],[130,1,130,3],[130,5,130,8],[127,1,127,3],[127,5,127,8],[142,5,142,8],[143,1,143,3]]}
[null,"PROCESO: SISTEMA INTEGRADO DE GESTIÓN",null,null,null,null,null,null,null,null,null,null,null,null,null,null,null,null,null,null,"Código: FOR-221-PRO-SIG"]
[null,null,null,null,null,null,null,null,null,null,null,null,null,null,null,null,null,null,null,null,"Versión: 04"]
[null,"FORMATO: \nIDENTIFICACIÓN DE PELIGROS, EVALUACIÓN Y VALORACIÓN DE LOS RIESGOS \nALCALDÍA MUNICIPAL DE IBAGUÉ",null,null,null,null,null,null,null,null,null,null,null,null,null,null,null,null,null,null,"Fecha:27/05/2022"]
[null,null,null,null,null,null,null,null,null,null,null,null,null,null,null,null,null,null,null,null,"Página: 1"]
["FECHAS DE ACTUALIZACIÓN: ","2019-02-22","2019-03-09","2019-09-02","2019-09-11","2019-09-24","2019-10-30","2020-07-22","2021-04-09","2022-05-27","2023-07-07"]
["PROCESO:",null,"3.GESTIÓN DE SALUD:  CAVAS CAM 60"]
["1. PROCESO ADMINISTRATIVO / OPERATIVO","2. ACTIVIDADES","3. TAREA RUTINARIO (SI O NO)","PELIGRO",null,"6. EFECTOS POSIBLES\n(Salud - Seguridad)","CONTROLES EXISTENTES",null,null,"EVALUACIÓN DEL RIESGO",null,null,null,null,null,null,"VALORACIÓN DEL RIESGO","MEDIDAS DE INTERVENCIÓN"]
[null,null,null,"4. DESCRIPCIÓN","5. CLASIFICACIÓN",null,"7. FUENTE","8. MEDIO","9. INDIVIDUO","10. NIVEL DE DEFICIENCIA","11. NIVEL DE EXPOSICIÓN","12. NIVEL DE PROBABILIDAD ND X NE","13. INTERPRETACIÓN DEL NIVEL DE PROBABILIDAD","14. NIVEL DE CONSECUENCIA","15. NIVEL DE RIESGO NR E INTERVENCIÓN","16. INTERPRETACIÓN DEL NR","17. ACEPTABILIDAD DEL RIESGO","18 ELIMINACIÓN","19. SUSTITUCIÓN","20. CONTROLES DE INGENIERIA","21. CONTROLES ADMINISTRATIVOS, SEÑALIZACIÓN, ADVERTENCIA","22. ELEMENTOS DE PROTECCIÓN PERSONAL"]
["ADMINISTRATIVO","ACTIVIDAD PLANEACIÓN, ELABORACIÓN Y EJECUCION DE DOCUMENTOS. USO DE HERRAMIENTAS TECNOLOGICAS Y VIDEO TERMINALES. INTERACCIONES LABORALES Y ADMINISTRATIVAS (ATENCIÓN AL CIUDADANO); APLICA PARA FUNCIONARIOS DE PLANTA Y/O CONTRATO.   ","SI","Virus,\nAtención y contacto de usuarios  ","BIOLÓGICO ","Infecciones, enfermedades contagiosas ","Ninguno","Ninguno","Campañas de lavado de manos y autocuidado- Socialización protocolo de bioseguridad ",2,3,{"$f":"+J9*K9","v":6},{"$f":"IF(L9>=24,\"MUY ALTO\",IF(L9>=10,\"ALTO\",IF(L9>=6,\"MEDIO\",\"BAJO\")))","v":"MEDIO"},25,{"$f":"+L9*N9","v":150},{"$f":"IF(O9>=600,\"I\",IF(O9>=150,\"II\",IF(O9>=40,\"III\",IF(O9>=20,\"IV\"))))","v":"II"},{"$f":"IF(O9>=600,\"NO ACEPTABLE\",IF(O9>=150,\"ACEPTABLE CON CONTROL ESPECIFICO\",IF(O9>=40,\"MEJORABLE\",IF(O9>=20,\"ACEPTABLE\"))))","v":"ACEPTABLE CON CONTROL ESPECIFICO"},"NO APLICA","NO APLICA","NO APLICA","* Se recomienda  protocolo lavado de manos  periódico cuando se expone y se tiene contacto  a usuarios enfermos. PGR-SIG-201 ESTILOS DE VIDA Y TRABAJO SALUDABLES.   \n\n","Uso de  EPP ( tapabocas) "]
[null,null,null,"Bacterias\nAtención y contacto de usuarios  ","BIOLÓGICO ","Infecciones, enfermedades contagiosas ","Ninguno","Ninguno","Campañas de lavado de manos y autocuidado- Socialización protocolo de bioseguridad ",6,2,{"$f":"+J10*K10","v":12},{"$f":"IF(L10>=24,\"MUY ALTO\",IF(L10>=10,\"ALTO\",IF(L10>=6,\"MEDIO\",\"BAJO\")))","v":"ALTO"},10,{"$f":"+L10*N10","v":120},{"$f":"IF(O10>=600,\"I\",IF(O10>=150,\"II\",IF(O10>=40,\"III\",IF(O10>=20,\"IV\"))))","v":"III"},{"$f":"IF(O10>=600,\"NO ACEPTABLE\",IF(O10>=150,\"ACEPTABLE CON CONTROL ESPECIFICO\",IF(O10>=40,\"MEJORABLE\",IF(O10>=20,\"ACEPTABLE\"))))","v":"MEJORABLE"},"NO APLICA","NO APLICA","NO APLICA","* Se recomienda  protocolo lavado de manos  periódico cuando se expone y se tiene contacto  a usuarios enfermos. PGR-SIG-201 ESTILOS DE VIDA Y TRABAJO SALUDABLES.   \n\n","Uso de  EPP ( tapabocas) en caso de usuarios enfermos "]
[null,null,null,"Radiaciones No ionizantes                                   (Exposición permanente a pantallas del computador)","FÍSICO ","*Fatiga visual","Uso de pantalla antirreflejo","Diseño del sistema (puesto) de trabajo adecuado.","Ninguno",6,2,12,"ALTO",10,120,"III","MEJORABLE","NO APLICA","NO SE REQUIERE","NO SE REQUIERE","*Se recomienda la implementación permanente de pausas activas durante la jornada laboral. INS-SIG-202 INSTRUCTIVO DE PAUSAS ACTIVAS SALUDABLES.                                                                                                                                              ","NO APLICA"]
[null,null,null,"Iluminación (Sobreexposición) ","FÍSICO                              ","*Fatiga visual\n*Daños a la visión (Sequedad en los ojos - ojo enrojecido)\n*Tensión ocular ","Ninguno","Inspección de seguridad para verificar condiciones ","Recomendaciones en inducción y reinducción SST",6,2,12,"ALTO",10,120,null,"MEJORABLE","NO APLICA","NO APLICA","Realizar estudio de iluminación  ","\n*Realizar pausas activas en el área. INS-SIG-202 INSTRUCTIVO DE PAUSAS ACTIVAS SALUDABLES.                                                              \n* Instalar persianas y película que minimice reflexión en puestos de trabajo                                                                            *Instalar  ventiladores \n*Adecuar puestos de trabajo                                                                            ","NO SE REQUIERE"]
[null,null,null,"Disconfort térmico ","FÍSICO                              ","Dolor de cabeza, nauseas, calambres ","Ninguno","Visita para verificar condiciones ","Recomendaciones en inducción y reinducción SST",6,2,12,"ALTO",10,120,null,"MEJORABLE","NO APLICA","NO APLICA","Instalar película en vidrios ","Determinar aforos en oficinas-  Suministrar ventiladores.","NO APLICA "]
[null,null,null,"Postura Prolongada (Postura sedente más del 75% de la jornada laboral en trabajo con video terminales)","BIOMECÁNICO","*Dolor lumbar inespecífico\n*Espasmos musculares","No aplica","Diseño del sistema (puesto) de trabajo adecuado.","Inducción y Reinducción",6,2,12,"ALTO",25,300,null,"ACEPTABLE CON CONTROL ESPECIFICO","NO APLICA","NO SE REQUIERE","NO SE REQUIERE","*Realizar re inducción en higiene postural de oficina. \n\n*Realizar pausas activas en el área. INS-SIG-202 INSTRUCTIVO DE PAUSAS ACTIVAS SALUDABLES.                                                                  \n\n*Continuar con las actividades del programa de vigilancia epidemiológico  para prevención de desordenes musculo esqueléticas asociadas al peligro biomecánico .                                                                                  ","NO APLICA"]
[null,null,null,"Movimientos repetitivos  \n(Digitación)","BIOMECÁNICO","Síndrome de Túnel del Carpo ( STC).\nSíndrome de Quervain","Ninguno","Diseño del sistema (puesto) de trabajo adecuado.","Alternar varias labores, pausas activas, inducción",6,3,18,"ALTO",10,180,null,"ACEPTABLE CON CONTROL ESPECIFICO","NO SE REQUIERE","NO SE REQUIERE","NO SE REQUIERE","*Se recomienda la implementación permanente de pausas activas durante la jornada laboral.  INS-SIG-202 INSTRUCTIVO DE PAUSAS ACTIVAS SALUDABLES.                                                                                                                                                 ","NO APLICA"]
[null,null,null,"Postura anti gravitatoria para miembros inferiores\n(Ausencia de reposapiés)","BIOMECÁNICO","*Fatiga en miembros inferiores","Ninguno","Ninguno","Recomendaciones en inducción y reinducción ",6,2,12,"ALTO",10,120,null,"MEJORABLE","NO APLICA","NO APLICA","NO APLICA","*Intervención ergonómica en el  rediseño del puesto de trabajo, para lo cual, se recomienda suministrar reposa pies al puesto de trabajo que le hace falta. PGR-SIG-205 VIGILANCIA EPIDEMIOLÓGICA PARA LA PREVENCION DE DESÓRDENES MUSCULO-ESQUELÉTICOS. ","NO APLICA"]
[null,null,null,"Mecánico                                         (Manejo de Equipos y elementos de Oficina)","CONDICIONES DE SEGURIDAD","*Traumas de tejidos blandos (Laceración, contusión, heridas superficiales, etc.)       ","Elementos de trabajo en buen estado","Ninguno","Recomendaciones en inducción y reinducción ",6,2,12,"ALTO",10,120,"III","MEJORABLE","NO SE REQUIERE","NO SE REQUIERE","NO SE REQUIERE","*Continuar con el uso adecuado de los elementos de trabajo, realizar cambio de los elementos que se observen en mal estado.  PGR-SIG-204 ORDEN Y ASEO.  ","NO APLICA"]
[null,null,null,"Locativo                                                                              (Cableado eléctrico desordenado debajo de los puestos de trabajo)","CONDICIONES DE SEGURIDAD","*Se potencializa el riesgo de accidentes por caídas. ","Ninguno","Ninguno","Recomendaciones en inducción y reinducción ",6,2,12,"ALTO",10,120,"III","MEJORABLE","NO APLICA","NO SE REQUIERE","Se recomienda agrupar el cableado eléctrico faltante, utilizando espiral porta cable u otro mecanismo de canalización. ","Realizar inspecciones de seguridad para verificar estado de cableado del  área. PRO-SIG-203 PROCEDIMIENTO INSPECCIONES DE SST.   ","NO APLICA"]
[null,null,null,"Locativo\nSuperficies de trabajo  irregulares y  desniveladas                                 (Desplazamiento en los diferentes áreas)","CONDICIONES DE SEGURIDAD","*Golpes \n*Caídas","Ninguno","Señalización y bandas antideslizantes ","Sensibilización en prevención de caídas. Recomendaciones en inducción y reinducción SST",2,2,4,"BAJO",10,40,"III","MEJORABLE","NO APLICA","NO APLICA","NO APLICA","Continuar con las capacitaciones en prevención de caídas- realizar inspecciones para verificar buen estado de la señalización y bandas antideslizantes. PGR-SIG-203-PROGRAMA PROTECCIÓN CONTRA CAÍDAS.   ","NO APLICA"]
[null,"TRANSFERENCIAS DOCUMENTALES. MANEJO DE CORRESPONDENCIA. ACTIVIDAD MANEJO DE ARCHIVO. DESPLAZAMIENTO HACIA VARIAS SEDES A ENTREGAR CORRESPONDENCIA (GPAD - Juzgados - Otras entidades); APLICA PARA FUNCIONARIOS DE PLANTA Y/O CONTRATO.   ","SI","Virus                               (Exposición con ácaros al archivar documentos)","BIOLÓGICO","*Dermatosis\n*Reacciones alérgicas\n*Enfermedades infecciosas\n*Infecciones respiratorias","No aplica","Limpieza y aspiración  periódica en los archivos ","Recomendación en inducción y reinducción - Capacitación en manejo seguro de archivo - Uso de mascarilla, guantes y gafas de seguridad ",6,2,12,"ALTO",25,300,"II","ACEPTABLE CON CONTROL ESPECIFICO","NO APLICA","NO APLICA","NO APLICA","*Capacitar a los trabajadores en auto cuidado y la importancia del uso de los EPP. PRO-SIG-202 PROCEDIMIENTO ADMINISTRACIÓN DE ELEMENTOS DE EPP. \n*Realizar capacitación en lavado de manos.","*Uso de EPP (Guantes - Tapa bocas)"]
[null,null,null,"Material Particulado Acumulación de material particulado (polvo) en la documentación del área de archivo. ","QUÍMICO","Irritaciones, alergias a nivel respiratorio","Ninguno","Limpieza y aspiración  periódica en los archivos ","Recomendación en inducción y reinducción - Capacitación en manejo seguro de archivo - Uso de mascarilla, guantes y gafas de seguridad ",6,2,12,"ALTO",25,300,"II","ACEPTABLE CON CONTROL ESPECIFICO","NINGUNO ","NINGUNO ","*Se recomienda realizar mantenimiento correctivo a los extractores que hay en el área. ","*Exámenes periódicos anualmente al personal  expuesto con espirometrías. PRO-SIG-201 PROCEDIMIENTO EXÁMENES OCUPACIONALES.    ","Uso de tapabocas obligatorio"]
[null,null,null,"Radiaciones No ionizantes                                   (Exposición a pantallas del computador)","FÍSICO ","*Fatiga visual","Uso de pantalla antirreflejo","Diseño del sistema (puesto) de trabajo adecuado.","Ninguno",2,2,4,"BAJO",10,40,"III","MEJORABLE","NO APLICA","NO SE REQUIERE","NO SE REQUIERE","*Se recomienda la implementación permanente de pausas activas durante la jornada laboral. INS-SIG-202 INSTRUCTIVO DE PAUSAS ACTIVAS SALUDABLES.                                                                                                                                                ","NO APLICA"]
[null,null,null,"Postura Mantenida: Postura sedente  durante la jornada de trabajo","BIOMECÁNICO","*Enfermedad  lumbar inespecífica\n*Espasmos musculares       *Problemas circulatorios en miembros inferiores","No aplica","Ninguno","Implementación y direccionamiento  de pausas activas al personal, exámenes médicos ocupacionales, capacitación con relación al riesgos",6,3,18,"ALTO",10,180,"II","ACEPTABLE CON CONTROL ESPECIFICO","NO APLICA","NO SE REQUIERE","NO SE REQUIERE","*Implementar programa de mantenimiento de las sillas. PGR-SIG-205 VIGILANCIA EPIDEMIOLÓGICA PARA LA PREVENCION DE DESÓRDENES MUSCULO-ESQUELÉTICOS.                                                           * Realizar campaña donde se le brinde al personal información como: partes de una silla, descansa pies y su  modo de uso. *Sensibilizar sobre la importancia de las pausas activas. INS-SIG-202 INSTRUCTIVO DE PAUSAS ACTIVAS SALUDABLES.    ","NO APLICA"]
[null,null,null,"Esfuerzos: Carga dinámica , movilización de varios segmentos corporales para el desarrollo de la tarea","BIOMECÁNICO","*Enfermedad, lumbar inespecífica           *Bursitis de hombro         *Dolores a nivel de miembros superiores e inferiores","No aplica","Ninguno","Implementación y direccionamiento  de pausas activas al personal, exámenes médicos ocupacionales, capacitación con relación al riesgos",6,3,18,"ALTO",10,180,"II","ACEPTABLE CON CONTROL ESPECIFICO","NO SE REQUIERE","NO SE REQUIERE","NO SE REQUIERE","*Continuar con las medidas actuales               *Sensibilizar sobre la importancia de las pausas activas. INS-SIG-202 INSTRUCTIVO DE PAUSAS ACTIVAS SALUDABLES.                                         *Implementar el SVE para DME","NO APLICA"]
[null,null,null,"Movimientos repetitivos: Ingreso de datos a video terminales","BIOMECÁNICO","*Síndrome del túnel carpiano                      *Síndrome de Quervain","No aplica","Ninguno","Implementación y direccionamiento  de pausas activas al personal, exámenes médicos ocupacionales, capacitación con relación al riesgos",6,3,18,"ALTO",10,180,"II","ACEPTABLE CON CONTROL ESPECIFICO","NO SE REQUIERE","NO SE REQUIERE","NO SE REQUIERE","*Continuar con las medidas actuales               *Sensibilizar sobre la importancia de las pausas activas. INS-SIG-202 INSTRUCTIVO DE PAUSAS ACTIVAS SALUDABLES.                                         *Implementar el SVE para DME","NO APLICA"]
[null,null,null,"Manipulación de cargas (elevar bajar):  Disposición de archivo en estantería","BIOMECÁNICO","*Enfermedad discal        *Enfermedad lumbar inespecífica","No aplica","Ninguno","Implementación y direccionamiento  de pausas activas al personal, exámenes médicos ocupacionales, capacitación con relación al riesgos",6,3,18,"ALTO",10,180,"II","ACEPTABLE CON CONTROL ESPECIFICO","NO SE REQUIERE","NO SE REQUIERE","NO SE REQUIERE","*Continuar con las medidas actuales               *Sensibilizar sobre la importancia de las pausas activas. INS-SIG-202 INSTRUCTIVO DE PAUSAS ACTIVAS SALUDABLES.                                                      * Capacitar en manipulación adecuada de cargas                                                                *Implementar el SVE para DME","NO APLICA"]
[null,null,null,"Locativo: Sistemas y medios de almacenamiento sin anclar","CONDICIONES DE SEGURIDAD","*Golpes con objetos        *Atrapamientos","Archivador rodante","Instalación de rieles en la parte superior de estantes","Capacitación en seguridad de los archivos - Inducción- reinducción ",6,2,12,"ALTO",10,120,"III","MEJORABLE","NO APLICA","NO APLICA","*Instalar en la totalidad de los estantes rieles superiores y/o anclar entre si","NO APLICA","NO APLICA"]
[null,null,null,"Mecánico                                         (Manejo de Equipos y elementos de Oficina)","CONDICIONES DE SEGURIDAD","*Traumas de tejidos blandos (Laceración, contusión, heridas superficiales, etc.)       ","Elementos de trabajo en buen estado","Ninguno","Capacitación en seguridad de los archivos - Inducción- reinducción ",6,2,12,"ALTO",10,120,"III","MEJORABLE","NO SE REQUIERE","NO SE REQUIERE","NO SE REQUIERE","*Continuar con el uso adecuado de los elementos de trabajo, realizar cambio de los elementos que se observen en mal estado. PGR-SIG-204 ORDEN Y ASEO.  ","NO APLICA"]
[null,null,null,"Mecánico: Manipulación de archivo antiguo con gancho metálico","CONDICIONES DE SEGURIDAD","*Cortes, laceraciones                               *Pinchazos","Implementación de gancho metálico","No aplica","Capacitación en seguridad de los archivos - Inducción- reinducción ",2,2,4,"BAJO",25,100,"III","MEJORABLE","NO SE REQUIERE","NO SE REQUIERE","NO SE REQUIERE","Capacitación en seguridad de los archivos y autocuidado ","*Verificar el uso de los EPP por parte de los trabajadores"]
["OPERATIVO","ACTIVIDAD DESPLAZAMIENTO A EVENTOS, CAMPAÑAS DE SALUD Y REUNIONES INSTITUCIONALES,  INSPECCIONES, VISITAS TÉCNICAS (DE CAMPO),  ACTIVIDADES DE BIENESTAR  Y CULTURALES FUERA DE LA SEDE; APLICA PARA FUNCIONARIOS DE PLANTA Y/O CONTRATO.   ","SI","Radiaciones no ionizantes                                                 Exposición a luz solar en actividades externas ","FÍSICO","Incomodidad - Insolación ","Ninguno","Ninguno","Recomendaciones en inducción - reinducción ",6,2,12,"ALTO",25,300,"II","ACEPTABLE CON CONTROL ESPECIFICO","NINGUNO ","NINGUNO ","NINGUNO ","*Continuar el uso de camisa manga larga y cachucha en el desarrollo de la actividad. PGR-SIG-201 ESTILOS DE VIDA Y TRABAJO SALUDABLES. ","Ropa manga larga \nCachucha"]
[null,null,null,"Picaduras         y Mordeduras             (Exposición con animales en las vías públicas)","BIOLÓGICO","Infecciones","No aplica","No aplica","Recomendaciones en inducción - reinducción ",6,3,18,"ALTO",10,180,"II","ACEPTABLE CON CONTROL ESPECIFICO","NO APLICA","NO APLICA","NO APLICA","*Se recomienda capacitar en prevención por mordeduras o picaduras en vías públicas. PGR-SIG-201 ESTILOS DE VIDA Y TRABAJO SALUDABLES. \n","NO APLICA"]
[null,null,null,"Postura mantenida                          (Bípeda por desplazamiento)","BIOMECÁNICO","*Enfermedad lumbar inespecífica \n*Fatiga en miembros inferiores y en las articulaciones\n*Aparición de vena varice\n*Edema en los pies ","Ninguno","Ninguno","Recomendaciones en inducción - reinducción- Uso de calzado bajo",6,3,18,"ALTO",10,180,"II","ACEPTABLE CON CONTROL ESPECIFICO","NO APLICA","NO APLICA","NO APLICA","*Se recomienda la implementación permanente de pausas activas durante la jornada laboral. INS-SIG-202 INSTRUCTIVO DE PAUSAS ACTIVAS SALUDABLES.                                                                                                                       ","NO APLICA"]
[null,null,null,"Locativo\nSuperficies de trabajo  irregulares y  desniveladas, terrenos inestables y escarpados                                 (Desplazamiento en las áreas del evento)","CONDICIONES DE SEGURIDAD","*Golpes \n*Caídas\n*Fracturas","Ninguno","Ninguno","Sensibilización en prevención de caídas ",6,3,18,"ALTO",10,180,"II","ACEPTABLE CON CONTROL ESPECIFICO","NO APLICA","NO APLICA","NO APLICA","*Se recomienda uso de calzado adecuado y de tacón bajo según el área a visitar, con el fin de evitar caídas. PRO-SIG-205 PROCEDIMIENTO DE INCIDENTES Y ACCIDENTES DE TRABAJO .   ","Uso de calzado bajo "]
[null,null,null,"ELÉCTRICO Baja tensión ( cercas eléctricas) ","CONDICIONES DE SEGURIDAD","*Golpes \n*Caídas\n*Fracturas","Ninguno","Ninguno","Inducción y reinducción al personal ",6,2,12,"ALTO",10,120,null,"MEJORABLE","NO APLICA","NO APLICA","NO APLICA","Continuar con las socialización en inducción y reinducción de SST a funcionarios y contratistas. PRO-SIG-203 PROCEDIMIENTO INSPECCIONES DE SST.     ","NO APLICA"]
[null,null,null,"Accidentes causados por semovientes ","CONDICIONES DE SEGURIDAD","*Golpes \n*Caídas\n*Fracturas","Ninguno","Ninguno","Inducción y reinducción al personal ",6,2,12,"ALTO",10,120,"III","MEJORABLE","NO APLICA","NO APLICA","NO APLICA","Sensibilizaciones y recomendaciones al personal en maniobras de equinos y tips de prevención de accidentes con semovientes. PRO-SIG-205 PROCEDIMIENTO DE INCIDENTES Y ACCIDENTES DE TRABAJO . ","NO APLICA"]
[null,null,null,"Accidentes de tránsito                      \n     \n(En los desplazamientos en las vías)\nVER MATRIZ DE RIESGO VIAL ","CONDICIONES DE SEGURIDAD","*Muerte \n*Lesiones graves en el cuerpo entero\n*Atrapamiento vehicular","Ninguno","Vehículos de la empresa con mantenimiento preventivo y correctivo. ","Inducción y reinducción al personal -  cap seg vial ",2,1,2,"BAJO",100,200,"II","ACEPTABLE CON CONTROL ESPECIFICO","NO APLICA","NO APLICA","*Se debe empezar a realizar la inspección pre operacional de vehículos de la empresa, para identificar condiciones del mismo \"Por parte de los conductores\". ","*Dar cumplimiento al plan de capacitación del PESV según el rol (Pasajero - Conductor - Peatón). PLA-SIG-202 PESV PLAN ESTRATÉGICO DE SEGURIDAD VIAL.   \n*Realizar sensibilización en seguridad vial","NO APLICA"]
[null,null,null,"Público\n(Robos - Atracos - Asaltos)","CONDICIONES DE SEGURIDAD","*Golpes\n*Agresiones verbales y físicas \n*Atentados violentos\n*Heridas\n*Muerte","Ninguno","Ninguno","Inducción y reinducción al personal ",2,2,4,"BAJO",100,400,"II","ACEPTABLE CON CONTROL ESPECIFICO","NO APLICA","NO APLICA","NO APLICA","*Socializar los planes contingencia para diferentes situaciones  de emergencia específicamente riesgo público. PLA-SIG-204 PLAN DE PREVENCIÓN, PREPARACIÓN Y RESPUESTA ANTE EMERGENCIAS.  ","NO APLICA"]
[null,null,null,"Público\n(Agresiones verbales - Actos Violentos)","CONDICIONES DE SEGURIDAD","*Golpes\n*Agresiones verbales y físicas \n*Atentados violentos\n*Heridas\n*Muerte","Ninguno","Ninguno","Inducción y reinducción al personal ",2,2,4,"BAJO",100,400,"II","ACEPTABLE CON CONTROL ESPECIFICO","NO APLICA","NO APLICA","NO APLICA","*Socializar los planes contingencia para diferentes situaciones  de emergencia específicamente riesgo público. PLA-SIG-204 PLAN DE PREVENCIÓN, PREPARACIÓN Y RESPUESTA ANTE EMERGENCIAS.  ","NO APLICA"]
[null,"*RECIBIR Y ENTREGAR SUSTANCIAS QUÍMICAS (VENENOS) EN LA BODEGA DEL ARADO. \n*DESPLAZAMIENTO A LA BODEGA ARADO; APLICA PARA FUNCIONARIOS DE PLANTA Y/O CONTRATO.   \n","SI","Picaduras            y Mordeduras          (Exposición con animales en las vías públicas)","BIOLÓGICO","Infecciones","No aplica","No aplica","Recomendaciones en inducción - reinducción ",2,2,4,"BAJO",25,100,"III","MEJORABLE","NO APLICA","NO APLICA","NO APLICA","*Se recomienda capacitar en prevención por mordeduras o picaduras en vías públicas. PLA-SIG-202 PESV PLAN ESTRATÉGICO DE SEGURIDAD VIAL.   \n","NO APLICA"]
[null,null,null,"Sustancias químicas  - gases y vapores ( manipulación de sustancias)","QUÍMICOS","*Dermatitis \n*Quemaduras de la piel","Ninguno","Ninguno","Recomendaciones en inducción - reinducción ",6,3,18,"ALTO",25,450,"II","ACEPTABLE CON CONTROL ESPECIFICO","NO SE REQUIERE","NO SE REQUIERE","NO APLICA","*Continuar con el uso de EPP en la manipulación de químicos. PRO-SIG-202 PROCEDIMIENTO ADMINISTRACIÓN DE ELEMENTOS DE EPP.   ","No aplica"]
[null,null,null,"Esfuerzos: Carga dinámica , movilización de varios segmentos corporales para el desarrollo de la tarea","BIOMECÁNICO","*Enfermedad, lumbar inespecífica           *Bursitis de hombro         *Dolores a nivel de miembros superiores e inferiores","No aplica","Ninguno","Implementación y direccionamiento  de pausas activas al personal, exámenes médicos ocupacionales, capacitación con relación al riesgos",6,2,12,"ALTO",25,300,"II","ACEPTABLE CON CONTROL ESPECIFICO","NO SE REQUIERE","NO SE REQUIERE","NO SE REQUIERE","               *Sensibilizar sobre la importancia de las pausas activas. INS-SIG-202 INSTRUCTIVO DE PAUSAS ACTIVAS SALUDABLES.                                          *Implementar el SVE para DME","NO APLICA"]
[null,null,null,"Manejo De cargas, en la entrega de los productos ","BIOMECÁNICO ","*Dolor lumbar inespecífico\n*Espasmos musculares","No aplica","Ninguno","Recomendaciones en inducción - reinducción ",6,2,12,"ALTO",25,300,"II","ACEPTABLE CON CONTROL ESPECIFICO","NO APLICA","NO SE REQUIERE","NO SE REQUIERE","\n\n*Realizar re inducción en higiene postural de oficina. \n\n*Realizar pausas activas en el área. INS-SIG-202 INSTRUCTIVO DE PAUSAS ACTIVAS SALUDABLES.                                                                  \n\n*Continuar con las actividades del programa de vigilancia epidemiológico  para prevención de desordenes musculo esqueléticas asociadas al peligro biomecánico .                                                                                  ","NO APLICA"]
[null,null,null,"Locativo\nSuperficies de trabajo  irregulares y  desniveladas                                ","CONDICIONES DE SEGURIDAD","*Golpes \n*Caídas","Ninguno","Ninguno","Sensibilización en prevención de caídas ",6,2,12,"ALTO",10,120,"III","MEJORABLE","NO APLICA","NO APLICA","NO APLICA","Señalización y demarcación del área de trabajo, orden y aseo.  PGR-SIG-204 ORDEN Y ASEO. ","Uso botas de seguridad"]
[null,null,null,"Público\n(Robos - Atracos - Asaltos - Agresiones verbales - Actos Violentos)","CONDICIONES DE SEGURIDAD","*Golpes\n*Agresiones verbales y físicas \n*Atentados violentos\n*Heridas\n*Muerte","Ninguno","Ninguno","Recomendaciones en inducción - reinducción ",2,2,4,"BAJO",100,400,"II","ACEPTABLE CON CONTROL ESPECIFICO","NO APLICA","NO APLICA","NO APLICA","*Socializar los planes contingencia para diferentes situaciones  de emergencia específicamente riesgo público. PLA-SIG-204 PLAN DE PREVENCIÓN, PREPARACIÓN Y RESPUESTA ANTE EMERGENCIAS. ","NO APLICA"]
[null,null,null,"Accidentes de tránsito                      \n     \n(En los desplazamientos para las entrevistas)\n\nVER MATRIZ DE RIESGO VIAL ","CONDICIONES DE SEGURIDAD","*Muerte \n*Lesiones graves en el cuerpo entero\n*Atrapamiento vehicular","Ninguno","Vehículos de la empresa con mantenimiento preventivo y correctivo. ","Capacitación PESV.",2,2,4,"BAJO",100,400,"II","ACEPTABLE CON CONTROL ESPECIFICO","NO APLICA","NO APLICA","NO APLICA","*Realizar sensibilización en seguridad vial para todos los roles de la vía (Pasajero - Conductor - Peatón)\n\n*Realizar seguimiento al plan estratégico de seguridad vial, en lo referente al mantenimiento preventivo de los vehículos propios de la empresa, debido a que el personal se desplaza en vehículo de la entidad, asignado al área. PLA-SIG-202 PESV PLAN ESTRATÉGICO DE SEGURIDAD VIAL.   \n\n*Se debe exigir al personal que maneja vehículos propios de la entidad, diligenciar el formato de inspección pre operacional. ","NO APLICA"]
[null,"*VISITAS A IPS O EPS A REALIZAR SEGUIMIENTO A LOS PROGRAMAS DE BIOLÓGICOS Y A VERIFICAR LAS CONDICIONES DEL ESTABLECIMIENTO \n*DESPLAZAMIENTO PARA TRANSPORTE DE BIOLÓGICOS E INSUMOS DE LA CABA DEPARTAMENTAL Y MUNICIPAL PROMEDIO 3 VECES EN EL MES \n*ACOMPAÑAMIENTO Y REALIZACIÓN  JORNADAS DE VACUNACIÓN; APLICA PARA FUNCIONARIOS DE PLANTA Y/O CONTRATO.                                                                                                                                                                                                                                                                                                                                                                                                                                                                                                                                                               *ENTREGA DE BIOLÓGICOS E INSUMOS A LAS IPS                                                                                                                                                                                                                                                                                                                  *REALIZAR SEGUIMIENTO A LA CADENA DE FRIO (VERIFICAR SENSORES EN CUARTO FRIO) 2 VECES EN EL DÍA\n","SI","Radiaciones no ionizantes                       (Exposición a luz solar)","FÍSICO ","*Cáncer de piel\n*Quemadura solar\n*Insolación \n*Foto envejecimiento cutáneo \n *Foto carcinogénesis\n*Alteraciones oculares","No aplica","Ninguno","Recomendaciones en inducción - reinducción SST",2,2,4,"BAJO",10,40,"III","MEJORABLE","NO APLICA","NO APLICA","NO APLICA","*Se recomienda uso de ropa manga larga cuando se realizan actividades al aire libre.                                                                                                                                     *Se sugiere uso de  protector solar, previa valoración médica. PGR-SIG-201 ESTILOS DE VIDA Y TRABAJO SALUDABLES. ","Continuar con el uso de dotación manga larga"]
[null,null,null,"Temperaturas extremas \n(Cadena de frio por la conservación de las vacunas)           ","FÍSICO ","Hipotermia\nAlteraciones en el SNC","Ninguno","Ninguno","Uso de chaqueta y EPP",6,2,12,"ALTO",10,120,"III","MEJORABLE","NO APLICA","NO APLICA","NO APLICA","*Se recomienda realizar exámenes ocupacionales para verificación de cambios en la salud. PRO-SIG-201 PROCEDIMIENTO EXÁMENES OCUPACIONALES.     \n","Continuar con el uso de EPP (Chaqueta térmica)."]
[null,null,null,"Picaduras         Y Mordeduras             (Exposición con animales en las vías públicas)","BIOLÓGICO","Infecciones","No aplica","No aplica","Recomendaciones en inducción - reinducción SST",6,2,12,"ALTO",10,120,"III","MEJORABLE","NO APLICA","NO APLICA","NO APLICA","*Se recomienda capacitar en prevención por mordeduras o picaduras en vías públicas. PLA-SIG-202 PESV PLAN ESTRATÉGICO DE SEGURIDAD VIAL. \n","NO APLICA"]
[null,null,null,"Virus                                 (En jornadas de vacunación y entrega de bilógicos)","BIOLÓGICO","*Alteraciones por manejo de vacunas","No aplica","Ninguno","*Uso de EPP",6,2,12,"ALTO",10,120,"III","MEJORABLE","NO APLICA","NO APLICA","NO APLICA","*Capacitar a los trabajadores en prevención de enfermedades por riesgo biológico, enfocada al manejo seguro de vacunas. ","Continuar con el uso de EPP"]
[null,null,null,"Virus ","BIOLÓGICO","Malestar General","Vacunación a nivel general","Zonas de limpieza y desinfección, señalización de advertencia ","Adecuado manejo de los  residuos,  distanciamiento    físico , Uso de mascarilla permanente, uso de productos sanitizantes de manos (alcohol al 70%, alcohol glicerinado al 70%), diligenciamiento del coronApp, vacunación",2,2,4,"BAJO",100,400,"II","ACEPTABLE CON CONTROL ESPECIFICO","N.A","N.A","Estaciones para sanitizado de manos, instalación de dispensadores con jabones líquidos y dispensadores de papel desechable para secado de manos. Redistribución de puestos de trabajo garantizando distanciamiento ","*Promover frecuentemente el lavado de manos en personal de planta, contratistas y visitantes. En caso de no contar con agua y jabón, se debe proveer con desinfectantes para manos (gel antibacterial a base de alcohol).  *Disminución de la densidad laboral en áreas de trabajo o de ocupación de la entidad promoviendo el trabajo en casa. *Mantener un stop de EPP  (mascarillas o respiradores buconasales) para dotación y recambio. *Establecer canales de comunicación individualizados y/o de grupo: correo electrónico, redes sociales, videoconferencia, teléfono para reuniones evitando la presencialidad. *Revisión y análisis de los perfiles epidemiológicos por cargo.","Uso permanente de mascarilla respiratoria, uso de guantes en látex C-35  ó neopreno manguilla larga en limpieza de superficies. Uso periódico de productos para limpieza (agua y jabón) y para  sanitizado de manos (geles a base de alcohol al 70%), mono gafas o careta, bata quirúrgica (personal atención primera línea)"]
[null,null,null,"Bacterias                                (En jornadas de vacunación y entrega de bilógicos)","BIOLÓGICO","*Alteraciones por manejo de vacunas","No aplica","N o hay ","*Uso de EPP",6,2,12,"ALTO",10,120,"III","MEJORABLE","NO APLICA","NO APLICA","NO APLICA","*Capacitar a los trabajadores en prevención de enfermedades por riesgo biológico, enfocada al manejo seguro de vacunas. ","Continuar con el uso de EPP"]
[null,null,null,"Postura mantenida                          (Bípeda por desplazamiento)","BIOMECÁNICO","*Enfermedad lumbar inespecífica \n*Fatiga en miembros inferiores y en las articulaciones\n*Aparición de vena varice\n*Edema en los pies ","Ninguno","Ninguno","Uso de calzado bajo",6,3,18,"ALTO",10,180,"II","ACEPTABLE CON CONTROL ESPECIFICO","NO APLICA","NO APLICA","NO APLICA","*Se recomienda la implementación permanente de pausas activas durante la jornada laboral. INS-SIG-202 INSTRUCTIVO DE PAUSAS ACTIVAS SALUDABLES.                                                                                                                           ","NO APLICA"]
[null,null,null,"Locativo\nSuperficies de trabajo  irregulares y  desniveladas                                 (Desplazamiento en los diferentes áreas)","CONDICIONES DE SEGURIDAD","*Golpes \n*Caídas","Ninguno","Ninguno","Sensibilizaciones en prevención de caídas ",6,2,12,"ALTO",10,120,null,"MEJORABLE","NO APLICA","NO APLICA","NO APLICA","*Se recomienda uso de calzado adecuado según el área a visitar, con el fin de evitar caídas. PGR-SIG-203-PROGRAMA PROTECCIÓN CONTRA CAÍDAS.   ","Continuar con el uso de  calzado adecuado según áreas a visitar"]
[null,null,null,"Público\n(Robos - Atracos - Asaltos - Agresiones verbales - Actos Violentos)","CONDICIONES DE SEGURIDAD","*Golpes\n*Agresiones verbales y físicas \n*Atentados violentos\n*Heridas\n*Muerte","Ninguno","Ninguno","inducción - reinducción",2,2,{"$f":"+J54*K54","v":4},{"$f":"IF(L54>=24,\"MUY ALTO\",IF(L54>=10,\"ALTO\",IF(L54>=6,\"MEDIO\",\"BAJO\")))","v":"BAJO"},100,{"$f":"+L54*N54","v":400},null,{"$f":"IF(O54>=600,\"NO ACEPTABLE\",IF(O54>=150,\"ACEPTABLE CON CONTROL ESPECIFICO\",IF(O54>=40,\"MEJORABLE\",IF(O54>=20,\"ACEPTABLE\"))))","v":"ACEPTABLE CON CONTROL ESPECIFICO"},"NO APLICA","NO APLICA","NO APLICA","*Socializar los planes contingencia para diferentes situaciones  de emergencia específicamente riesgo público. PLA-SIG-204 PLAN DE PREVENCIÓN, PREPARACIÓN Y RESPUESTA ANTE EMERGENCIAS.  ","NO APLICA"]
[null,null,null,"Mecánico                                 (proyección de partículas o elementos )","CONDICIONES DE SEGURIDAD","Punciones ","No aplica","N o hay ","*Uso de EPP",6,2,12,"ALTO",10,120,{"$f":"IF(O55>=600,\"I\",IF(O55>=150,\"II\",IF(O55>=40,\"III\",IF(O55>=20,\"IV\"))))","v":"III"},"MEJORABLE","NO APLICA","NO APLICA","NO APLICA","*Capacitar a los trabajadores en prevención de accidentes de trabajo y al buen manejo de corto punzantes. PGR-SIG-203-PROGRAMA PROTECCIÓN CONTRA CAÍDAS.   ","Continuar con el uso de EPP"]
[null,null,null,"Mecánico                                 (Manejo de elementos corto punzantes)","CONDICIONES DE SEGURIDAD","Punciones ","No aplica","N o hay ","*Uso de EPP",6,2,12,"ALTO",10,120,"III","MEJORABLE","NO APLICA","NO APLICA","NO APLICA","*Capacitar a los trabajadores en prevención de accidentes de trabajo y al buen manejo de corto punzantes. PGR-SIG-203-PROGRAMA PROTECCIÓN CONTRA CAÍDAS.   ","Continuar con el uso de EPP"]
[null,null,null,"Accidentes de tránsito                      \n     \n(En los desplazamientos para las entrevistas)\n\nVER MATRIZ DE RIESGO VIAL ","CONDICIONES DE SEGURIDAD","*Muerte \n*Lesiones graves en el cuerpo entero\n*Atrapamiento vehicular","Ninguno","Vehículos de la empresa con mantenimiento preventivo y correctivo. ","Capacitación PESV.",2,2,4,"BAJO",100,400,"II","ACEPTABLE CON CONTROL ESPECIFICO","NO APLICA","NO APLICA","NO APLICA","*Realizar sensibilización en seguridad vial para todos los roles de la vía (Pasajero - Conductor - Peatón). PLA-SIG-202 PESV PLAN ESTRATÉGICO DE SEGURIDAD VIAL.    \n*Realizar seguimiento al plan estratégico de seguridad vial.  \n*Se debe exigir al personal que maneja vehículos propios de la entidad, diligenciar el formato de inspección pre operacional. ","NO APLICA"]
[null,null,null,"Público\n(Robos - Atracos - Asaltos - Agresiones verbales - Actos Violentos)","CONDICIONES DE SEGURIDAD","*Golpes\n*Agresiones verbales y físicas \n*Atentados violentos\n*Heridas\n*Muerte","Ninguno","Ninguno","inducción- reinducción",2,2,4,"BAJO",100,400,"II","ACEPTABLE CON CONTROL ESPECIFICO","NO APLICA","NO APLICA","NO APLICA","*Socializar los planes contingencia para diferentes situaciones  de emergencia específicamente riesgo público. PLA-SIG-204 PLAN DE PREVENCIÓN, PREPARACIÓN Y RESPUESTA ANTE EMERGENCIAS.  ","NO APLICA"]
["PELIGROS QUE APLICAN A TODAS LAS ACTIVIDADES; APLICA PARA FUNCIONARIOS DE PLANTA Y/O CONTRATO.   ",null,"NO","Sismo - Temblores                  ","FENÓMENOS NATURALES","*Daños materiales (Pérdida total)\n*Heridas y lesiones graves\n*Accidentes de trabajo \n*Muerte","No hay","Elementos para atención de emergencias y señalización ","Capacitación  en actuación ante emergencias ",2,2,4,"BAJO",100,400,"II","ACEPTABLE CON CONTROL ESPECIFICO","NO SE REQUIERE","NO SE REQUIERE","NO SE REQUIERE","*Se sugiere solicitar a la gerencia estudio de vulnerabilidad y sismo resistencia de las instalaciones. \n*Capacitar al personal en actuación ante emergencias. PLA-SIG-204 PLAN DE PREVENCIÓN, PREPARACIÓN Y RESPUESTA ANTE EMERGENCIAS. ","NO APLICA"]
[null,null,"NO","Erupción volcán machín           ","FENÓMENOS NATURALES","*Daños materiales (Pérdida total)\n*Heridas y lesiones graves\n*Accidentes de trabajo \n*Muerte","No hay","Elementos para atención de emergencias y señalización ","Capacitación  en actuación ante emergencias ",2,2,4,"BAJO",100,400,"II","ACEPTABLE CON CONTROL ESPECIFICO","NO SE REQUIERE","NO SE REQUIERE","NO SE REQUIERE","*Seguir las instrucciones que el departamento suministra para  casos de emergencia por posible erupción del Volcán.                                                                                              \n*Solicitar capacitación al ente respectivo sobre actuación en caso de erupción del volcán machín. PLA-SIG-204 PLAN DE PREVENCIÓN, PREPARACIÓN Y RESPUESTA ANTE EMERGENCIAS.  \n*Capacitar en actuación ante emergencias en caso de erupción del volcán machín a todo el personal.  \n*Actualizar plan de emergencias incluyendo el PON por posible erupción del volcán machín y socializar a los trabajadores. ","NO APLICA"]
[null,null,"SI","Público\n(Robos - Atracos - Asaltos)","CONDICIONES DE SEGURIDAD","*Golpes\n*Agresiones verbales y físicas \n*Heridas\n*Muerte","Ninguno","Personal de vigilancia \nHay centros de trabajo con cámaras de vigilancia.","Capacitación a brigadistas",2,2,4,"BAJO",100,400,"II","ACEPTABLE CON CONTROL ESPECIFICO","NO APLICA","NO APLICA","*Circuito cerrado de televisión","*Socializar al personal los planes de emergencias de todas las sedes, incluyendo los planes operativos normalizados en caso de situaciones de emergencia en riesgo público especifico para cada sede y socializarlo a todo el personal. PLA-SIG-204 PLAN DE PREVENCIÓN, PREPARACIÓN Y RESPUESTA ANTE EMERGENCIAS.          \n*Capacitar al personal en actuación ante emergencias en riesgo público. ","NO APLICA"]
[null,null,"SI","Tecnológico\n(Incendios - Explosiones)\nGenerados dentro de las instalaciones","CONDICIONES DE SEGURIDAD","Incendios \nQuemaduras de grado 2 y 3\nMuerte","Ninguno","Uso de equipos contra incendio","Capacitación a brigadistas",2,2,4,"BAJO",100,400,"II","ACEPTABLE CON CONTROL ESPECIFICO","NO APLICA","NO APLICA","*Realizar mantenimiento preventivo y correctivo de los equipos eléctricos e instalaciones eléctricas en la sede","*Capacitación en prevención de accidentes de trabajo por riesgo eléctrico.                                                          \n\n*Continuar con las inspecciones de seguridad enfocado a riesgo eléctrico. PRO-SIG-203 PROCEDIMIENTO INSPECCIONES DE SST.","NO APLICA"]
[null,null,"SI","\nTecnológico ( sub estación eléctrica)","CONDICIONES DE SEGURIDAD","*Explosión ","Mantenimiento y revisión de la subestación","Señalización de advertencia. Cámaras de seguridad y vigilancia ","Capacitación a brigadistas",6,2,12,"ALTO",10,120,"III","MEJORABLE","NO APLICA","NO APLICA","Mantenimientos y revisión de la subestación ","*Registro en bitácora de las revisiones mensuales a subestación eléctrica. PRO-SIG-203 PROCEDIMIENTO INSPECCIONES DE SST.\n* Hacer sto al cumplimiento de restricciones para el ingreso, a través de la vigilancia ","NO APLICA"]
[null,null,"SI","Locativo (  Instalaciones en vidrio ( puertas y ventanas)                                                                            ","CONDICIONES DE SEGURIDAD","Golpes, laceraciones ","Vidrio con película y señalización ","Ninguno","Recomendaciones en inducción y reinducción ",6,2,12,"ALTO",10,120,"III","MEJORABLE","NO APLICA","NO SE REQUIERE","instalación de estickers y señalización en vidrios","Señalización de advertencia en vidrios. PRO-SIG-205 PROCEDIMIENTO DE INCIDENTES Y ACCIDENTES DE TRABAJO . ","NO APLICA"]
[null,null,"SI","Locativo\nSuperficies de trabajo  irregulares y  desniveladas, escaleras                      ","CONDICIONES DE SEGURIDAD","*Golpes \n*Caídas\n*Fracturas","escaleras con pasamanos ","Señalización de prevención ","Capacitación en prevención de caídas ",6,2,12,"ALTO",10,120,"III","MEJORABLE","NO APLICA","NO APLICA","NO APLICA","*Continuar con las sensibilizaciones en prevención de caídas - Continuar con inspecciones para hacer seguimiento estado de las escaleras. PGR-SIG-203-PROGRAMA PROTECCIÓN CONTRA CAÍDAS.  ","NO APLICA"]
[null,null,"SI","Locativo\n\n(Atrapamiento por mal funcionamiento del ascensor)\n \n","CONDICIONES DE SEGURIDAD","Atrapamiento ","Se realiza mantenimiento periódico a los ascensores","Señalización de advertencia en ascensor y botón de emergencia ","Recomendaciones en inducción y reinducción",6,2,12,"ALTO",10,120,null,"MEJORABLE","NO APLICA","NO APLICA","*Continuar con el mantenimiento preventivo y correctivo de los ascensor","*Diseñar y socializar PON en caso de atrapamiento por mal funcionamiento del ascensor. PLA-SIG-204 PLAN DE PREVENCIÓN, PREPARACIÓN Y RESPUESTA ANTE EMERGENCIAS.     ","NO APLICA"]
[null,null,"SI","Fugas de gas \n\"Riesgo de la vecindad\"\n(Generado por la cercanía a restaurantes, viviendas y por daños en la tubería externa) ","QUÍMICOS","Incendios \nQuemaduras de grado 2 y 3\nMuerte","Ninguno","Equipo para control de incendios ","Capacitación a brigadistas",2,2,4,"BAJO",100,400,null,"ACEPTABLE CON CONTROL ESPECIFICO","NO APLICA","NO APLICA","NO APLICA","*Diseñar y socializar PON en caso de fuga de gas. PLA-SIG-204 PLAN DE PREVENCIÓN, PREPARACIÓN Y RESPUESTA ANTE EMERGENCIAS.     ","NO APLICA"]
[null,null,"SI","Tecnológico\nParqueadero \n(Incendios - Explosiones)\n","CONDICIONES DE SEGURIDAD","Incendios \nQuemaduras de grado 2 y 3\nMuerte","Mantenimiento de equipos y tecno mecánica","Equipo para control de incendios - Señalización de advertencia ","Recomendaciones al personal que parquea en la zona ",2,2,4,"BAJO",100,400,null,"ACEPTABLE CON CONTROL ESPECIFICO","NO APLICA","NO APLICA","NO APLICA","*Diseñar y socializar PON en caso de explosiones e incendios en  la empresa. PLA-SIG-204 PLAN DE PREVENCIÓN, PREPARACIÓN Y RESPUESTA ANTE EMERGENCIAS.     ","NO APLICA"]
[null,null,"SI","Tecnológico\n\"Riesgo de la vecindad\"\n(Incendios - Explosiones)\n","CONDICIONES DE SEGURIDAD","Incendios \nQuemaduras de grado 2 y 3\nMuerte","Ninguno","Equipo para control de incendios ","Capacitación a brigadistas",2,2,4,"BAJO",100,400,null,"ACEPTABLE CON CONTROL ESPECIFICO","NO APLICA","NO APLICA","NO APLICA","*Diseñar y socializar PON en caso de explosiones externas a la empresa. PLA-SIG-204 PLAN DE PREVENCIÓN, PREPARACIÓN Y RESPUESTA ANTE EMERGENCIAS.     ","NO APLICA"]
[null,null,"SI","Virus","BIOLÓGICO","Malestar General","Ninguno","Limpieza y desinfección de áreas de trabajo   y en casa,  Control de aforo, señalización de advertencia.","Distanciamiento    físico, uso de mascarilla, lavado de manos constante.",2,2,4,"BAJO",100,400,{"$f":"IF(O70>=600,\"I\",IF(O70>=150,\"II\",IF(O70>=40,\"III\",IF(O70>=20,\"IV\"))))","v":"II"},"ACEPTABLE CON CONTROL ESPECIFICO","N.A","N.A","Trabajo en casa , diseño puestos de trabajo cumpliendo con el distanciamiento social, lavamanos y puntos de desinfección.","*Promover frecuentemente el lavado de manos en personal de planta, contratistas y visitantes. En caso de no contar con agua y jabón, se debe proveer con desinfectantes para manos (gel antibacterial a base de alcohol).  *Disminución de la densidad laboral en áreas de trabajo o de ocupación de la entidad promoviendo el teletrabajo. *Mantener un stop de EPP  (mascarillas ) para dotación y recambio. *Establecer canales de comunicación individualizados y/o de grupo: correo electrónico, redes sociales, videoconferencia, teléfono para reuniones evitando la presencialidad. *Revisión y análisis de los perfiles epidemiológicos por cargo, estrategias motivación para que los funcionarios se  vacunen.","Uso permanente de mascarilla respiratoria. Uso periódico de productos para limpieza (agua y jabón) y  alcohol al 70%, mono gafas o careta."]
[null,null,null," Demandas Emocionales: Condiciones de la tarea                             \nLa novedad del entorno de trabajo, situación familiar:  hijos o personas mayores a cargo en el hogar en situación de riesgo, miedo al contagio, aislamiento social y confinamiento, miedos e incertidumbres laborales y socioeconómicos, espacios y recursos compartidos por varias personas ante las mismas circunstancias en sus domicilios, convertir espacios de su hogar en despachos improvisados para poder seguir desempeñando su tarea diaria, valoración subjetiva y objetiva por parte del experto mientras se aplica la batería de riesgo psicosocial.","PSICOSOCIAL","Alteraciones mentales, Ansiedad, depresión, estrés postraumático.","S.V.E. Psicosocial","S.V.E Psicosocial","Intervenciones individuales y grupales, capacitaciones, medidas de afrontamiento, manejo de habilidades sociales.",6,3,18,"ALTO",25,450,"II","ACEPTABLE CON CONTROL ESPECIFICO","N.A","N.A","Organización de los puestos de trabajo, lavamanos, dispensadores, cumpliendo con el distanciamiento."," “Identificación de personas con mayor riesgo, prácticas para la prevención del contagio a través del autocuidado individual y familiar, entre otras \"capacitaciones del protocolo de bioseguridad, inspecciones, suministro de Elementos de bioseguridad.. PRO-SIG-207 MOTIVACIÓN, PARTICIPACIÓN Y CONSULTA.     ","Uso de los elementos de bioseguridad, establecer el compromiso de autocuidado y trabajo seguro."]
[null,null,null,"Características de la organización del trabajo\n(Valoración promedio mientras se realiza el proceso de aplicación de baterías de riesgo psicosocial)","PSICOSOCIAL","Alteraciones mentales, Ansiedad, depresión.","SVE. Riesgo Psicosocial","SVE. Riesgo Psicosocial","Intervenciones individuales y grupales, capacitaciones, medidas de afrontamiento, manejo de habilidades sociales.",2,3,6,"MEDIO",25,150,"II","ACEPTABLE CON CONTROL ESPECIFICO","NO SE REQUIERE","NO SE REQUIERE","NO APLICA","*Aplicación de las baterías de riesgo  psicosocial, para verificar la exposición al peligro. \nCapacitación en trabajo en equipo y competencias individuales y profesionales. PRO-SIG-207 MOTIVACIÓN, PARTICIPACIÓN Y CONSULTA.     \n\nAnálisis de carga laboral.                                                                                                                                     ","NO SE REQUIERE"]
[null,null,null,"Características del grupo social y del trabajo.\n(Está en proceso la evaluación de los factores de riesgo psicosocial)","PSICOSOCIAL","Stress laboral\nAfecciones de salud                                                                                                                                                                                                                                                                                                                                                                                                            Ambientes de trabajo Hostil                                                                                                                                                                                                                                                                                                                                                                                               Baja Productividad","Cumplimiento de la normatividad ley 1010, resolución 652 y 356, 2646.","Comité de Convivencia Laboral","Capacitaciones en habilidades sociales básicas, resolución de conflictos, liderazgo efectivo.",2,4,8,"MEDIO",10,80,"III","MEJORABLE","NO SE REQUIERE","NO SE REQUIERE","NO SE REQUIERE","*Capacitación en habilidades sociales básicas y relaciones interpersonales y comunicación asertiva y efectiva. PRO-SIG-207 MOTIVACIÓN, PARTICIPACIÓN Y CONSULTA.      \n\n*Capacitación en liderazgo efectivo y generación de hábitos del líder. ","NO SE REQUIERE"]
[null,null,null,"Gestión Organizacional\n(Está en proceso la evaluación de los factores de riesgo psicosocial aplicación batería de riesgo psicosocial)","PSICOSOCIAL","Stress laboral\nAfecciones de salud                                                                                                                                                                                                                                                                                                                                                                                                                     Productividad- Ausentismo","Plan de Intervención del SVE ","N/A","Intervenciones individuales y grupales, capacitaciones en liderazgo, fortalecimiento de las escuelas de liderazgo.",6,2,{"$f":"+J74*K74","v":12},{"$f":"IF(L74>=24,\"MUY ALTO\",IF(L74>=10,\"ALTO\",IF(L74>=6,\"MEDIO\",\"BAJO\")))","v":"ALTO"},10,{"$f":"+L74*N74","v":120},{"$f":"IF(O74>=600,\"I\",IF(O74>=150,\"II\",IF(O74>=40,\"III\",IF(O74>=20,\"IV\"))))","v":"III"},{"$f":"IF(O74>=600,\"NO ACEPTABLE\",IF(O74>=150,\"ACEPTABLE CON CONTROL ESPECIFICO\",IF(O74>=40,\"MEJORABLE\",IF(O74>=20,\"ACEPTABLE\"))))","v":"MEJORABLE"},"NO SE REQUIERE","NO SE REQUIERE","NO SE REQUIERE","Fortalecimiento de las escuelas de liderazgo. PRO-SIG-207 MOTIVACIÓN, PARTICIPACIÓN Y CONSULTA.     ","NO SE REQUIERE"]
[null,null,null,"Contenido de la Tarea (Carga de Trabajo)\n(Está en proceso la evaluación de los factores de riesgo psicosocial aplicación batería de riesgo psicosocial)","PSICOSOCIAL","Stress laboral\nAfecciones de salud","S.V.E. Psicosocial","Distribución de la tarea por trabajo en equipo, gestión del tiempo.","Intervenciones individuales y grupales, capacitaciones, medidas de afrontamiento, manejo de habilidades sociales.",6,3,{"$f":"+J75*K75","v":18},{"$f":"IF(L75>=24,\"MUY ALTO\",IF(L75>=10,\"ALTO\",IF(L75>=6,\"MEDIO\",\"BAJO\")))","v":"ALTO"},25,{"$f":"+L75*N75","v":450},{"$f":"IF(O75>=600,\"I\",IF(O75>=150,\"II\",IF(O75>=40,\"III\",IF(O75>=20,\"IV\"))))","v":"II"},{"$f":"IF(O75>=600,\"NO ACEPTABLE\",IF(O75>=150,\"ACEPTABLE CON CONTROL ESPECIFICO\",IF(O75>=40,\"MEJORABLE\",IF(O75>=20,\"ACEPTABLE\"))))","v":"ACEPTABLE CON CONTROL ESPECIFICO"},"NO SE REQUIERE","NO SE REQUIERE","NO SE REQUIERE","Capacitaciones, manejo del tiempo como recurso, trabajo colaborativo y ayuda percibida. PRO-SIG-207 MOTIVACIÓN, PARTICIPACIÓN Y CONSULTA.       ","NO SE REQUIERE"]
[]
[]
[null,"PRIORIZACIÓN DE LOS RIESGOS SEGÚN SU RESULTADO DE  VALORACIÓN"]
[]
[null,{"$f":"+B9","v":"ACTIVIDAD PLANEACIÓN, ELABORACIÓN Y EJECUCION DE DOCUMENTOS. USO DE HERRAMIENTAS TECNOLOGICAS Y VIDEO TERMINALES. INTERACCIONES LABORALES Y ADMINISTRATIVAS (ATENCIÓN AL CIUDADANO); APLICA PARA FUNCIONARIOS DE PLANTA Y/O CONTRATO.   "}]
[null,"DESCRIPCIÓN DEL PELIGRO",null,null,"Nivel de riesgo","Aceptabilidad de riesgo "]
[null,{"$f":"D9","v":"Virus,\nAtención y contacto de usuarios  "},null,null,{"$f":"O9","v":150},{"$f":"Q9","v":"ACEPTABLE CON CONTROL ESPECIFICO"}]
[null,{"$f":"D10","v":"Bacterias\nAtención y contacto de usuarios  "},null,null,{"$f":"O10","v":120},{"$f":"Q10","v":"MEJORABLE"}]
[null,"Radiaciones No ionizantes                                   (Exposición permanente a pantallas del computador)",null,null,120,"MEJORABLE"]
[null,"Iluminación (Sobreexposición) ",null,null,120,"MEJORABLE"]
[null,"Disconfort térmico ",null,null,120,"MEJORABLE"]
[null,"Postura Prolongada (Postura sedente más del 75% de la jornada laboral en trabajo con video terminales)",null,null,300,"ACEPTABLE CON CONTROL ESPECIFICO"]
[null,"Movimientos repetitivos  \n(Digitación)",null,null,180,"ACEPTABLE CON CONTROL ESPECIFICO"]
[null,"Postura anti gravitatoria para miembros inferiores\n(Ausencia de reposapiés)",null,null,120,"MEJORABLE"]
[null,"Mecánico                                         (Manejo de Equipos y elementos de Oficina)",null,null,120,"MEJORABLE"]
[null,"Locativo                                                                              (Cableado eléctrico desordenado debajo de los puestos de trabajo)",null,null,120,"MEJORABLE"]
[null,{"$f":"D19","v":"Locativo\nSuperficies de trabajo  irregulares y  desniveladas                                 (Desplazamiento en los diferentes áreas)"},null,null,40,"MEJORABLE"]
[]
[]
[]
[null,{"$f":"+B20","v":"TRANSFERENCIAS DOCUMENTALES. MANEJO DE CORRESPONDENCIA. ACTIVIDAD MANEJO DE ARCHIVO. DESPLAZAMIENTO HACIA VARIAS SEDES A ENTREGAR CORRESPONDENCIA (GPAD - Juzgados - Otras entidades); APLICA PARA FUNCIONARIOS DE PLANTA Y/O CONTRATO.   "}]
[null,"DESCRIPCIÓN DEL PELIGRO",null,null,"VALOR DEL RIESGO","ACEPTABILIDAD DEL RIESGO"]
[null,{"$f":"+D20","v":"Virus                               (Exposición con ácaros al archivar documentos)"},null,null,{"$f":"+O20","v":300},{"$f":"+Q20","v":"ACEPTABLE CON CONTROL ESPECIFICO"}]
[null,"Material Particulado Acumulación de material particulado (polvo) en la documentación del área de archivo. ",null,null,300,"ACEPTABLE CON CONTROL ESPECIFICO"]
[null,"Radiaciones No ionizantes                                   (Exposición a pantallas del computador)",null,null,40,"MEJORABLE"]
[null,"Postura Mantenida: Postura sedente  durante la jornada de trabajo",null,null,180,"ACEPTABLE CON CONTROL ESPECIFICO"]
[null,"Esfuerzos: Carga dinámica , movilización de varios segmentos corporales para el desarrollo de la tarea",null,null,180,"ACEPTABLE CON CONTROL ESPECIFICO"]
[null,"Movimientos repetitivos: Ingreso de datos a video terminales",null,null,180,"ACEPTABLE CON CONTROL ESPECIFICO"]
[null,"Manipulación de cargas (elevar bajar):  Disposición de archivo en estantería",null,null,180,"ACEPTABLE CON CONTROL ESPECIFICO"]
[null,"Locativo: Sistemas y medios de almacenamiento sin anclar",null,null,120,"MEJORABLE"]
[null,"Mecánico                                         (Manejo de Equipos y elementos de Oficina)",null,null,120,"MEJORABLE"]
[null,"Mecánico: Manipulación de archivo antiguo con gancho metálico",null,null,100,"MEJORABLE"]
[]
[]
[null,"ACTIVIDAD DESPLAZAMIENTO A EVENTOS, CAMPAÑAS DE SALUD Y REUNIONES INSTITUCIONALES,  INSPECCIONES, VISITAS TÉCNICAS (DE CAMPO),  ACTIVIDADES DE BIENESTAR  Y CULTURALES FUERA DE LA SEDE."]
[null,"DESCRIPCIÓN DEL PELIGRO",null,null,"VALOR DEL RIESGO","ACEPTABILIDAD DEL RIESGO"]
[null,{"$f":"D30","v":"Radiaciones no ionizantes                                                 Exposición a luz solar en actividades externas "},null,null,{"$f":"O30","v":300},{"$f":"Q30","v":"ACEPTABLE CON CONTROL ESPECIFICO"}]
[null,{"$f":"D31","v":"Picaduras         y Mordeduras             (Exposición con animales en las vías públicas)"},null,null,{"$f":"O31","v":180},{"$f":"Q31","v":"ACEPTABLE CON CONTROL ESPECIFICO"}]
[null,"Postura mantenida                          (Bípeda por desplazamiento)",null,null,180,"ACEPTABLE CON CONTROL ESPECIFICO"]
[null,"Locativo\nSuperficies de trabajo  irregulares y  desniveladas, terrenos inestables y escarpados                                 (Desplazamiento en las áreas del evento)",null,null,180,"ACEPTABLE CON CONTROL ESPECIFICO"]
[null,"ELÉCTRICO Baja tensión ( cercas eléctricas) ",null,null,120,"MEJORABLE"]
[null,"Accidentes causados por semovientes ",null,null,120,"MEJORABLE"]
[null,"Accidentes de tránsito                      \n     \n(En los desplazamientos en las vías)\nVER MATRIZ DE RIESGO VIAL ",null,null,200,"ACEPTABLE CON CONTROL ESPECIFICO"]
[null,"Público\n(Robos - Atracos - Asaltos)",null,null,400,"ACEPTABLE CON CONTROL ESPECIFICO"]
[null,"Público\n(Agresiones verbales - Actos Violentos)",null,null,400,"ACEPTABLE CON CONTROL ESPECIFICO"]
[]
[]
[null,{"$f":"B39","v":"*RECIBIR Y ENTREGAR SUSTANCIAS QUÍMICAS (VENENOS) EN LA BODEGA DEL ARADO. \n*DESPLAZAMIENTO A LA BODEGA ARADO; APLICA PARA FUNCIONARIOS DE PLANTA Y/O CONTRATO.   \n"}]
[null,"DESCRIPCIÓN DEL PELIGRO",null,null,"VALOR DEL RIESGO","ACEPTABILIDAD DEL RIESGO"]
[null,{"$f":"D39","v":"Picaduras            y Mordeduras          (Exposición con animales en las vías públicas)"},null,null,{"$f":"O39","v":100},{"$f":"Q39","v":"MEJORABLE"}]
[null,"Sustancias químicas  - gases y vapores ( manipulación de sustancias)",null,null,450,"ACEPTABLE CON CONTROL ESPECIFICO"]
[null,"Esfuerzos: Carga dinámica , movilización de varios segmentos corporales para el desarrollo de la tarea",null,null,300,"ACEPTABLE CON CONTROL ESPECIFICO"]
[null,"Manejo De cargas, en la entrega de los productos ",null,null,300,"ACEPTABLE CON CONTROL ESPECIFICO"]
[null,"Locativo\nSuperficies de trabajo  irregulares y  desniveladas                                ",null,null,120,"MEJORABLE"]
[null,"Público\n(Robos - Atracos - Asaltos - Agresiones verbales - Actos Violentos)",null,null,400,"ACEPTABLE CON CONTROL ESPECIFICO"]
[null,"Accidentes de tránsito                      \n     \n(En los desplazamientos para las entrevistas)\n\nVER MATRIZ DE RIESGO VIAL ",null,null,400,"ACEPTABLE CON CONTROL ESPECIFICO"]
[]
[]
[]
[]
[]
[]
[null,{"$f":"B46","v":"*VISITAS A IPS O EPS A REALIZAR SEGUIMIENTO A LOS PROGRAMAS DE BIOLÓGICOS Y A VERIFICAR LAS CONDICIONES DEL ESTABLECIMIENTO \n*DESPLAZAMIENTO PARA TRANSPORTE DE BIOLÓGICOS E INSUMOS DE LA CABA DEPARTAMENTAL Y MUNICIPAL PROMEDIO 3 VECES EN EL MES \n*ACOMPAÑAMIENTO Y REALIZACIÓN  JORNADAS DE VACUNACIÓN; APLICA PARA FUNCIONARIOS DE PLANTA Y/O CONTRATO.                                                                                                                                                                                                                                                                                                                                                                                                                                                                                                                                                               *ENTREGA DE BIOLÓGICOS E INSUMOS A LAS IPS                                                                                                                                                                                                                                                                                                                  *REALIZAR SEGUIMIENTO A LA CADENA DE FRIO (VERIFICAR SENSORES EN CUARTO FRIO) 2 VECES EN EL DÍA\n"}]
[null,"DESCRIPCIÓN DEL PELIGRO",null,null,"VALOR DEL RIESGO","ACEPTABILIDAD DEL RIESGO"]
[null,{"$f":"D46","v":"Radiaciones no ionizantes                       (Exposición a luz solar)"},null,null,{"$f":"O46","v":40},{"$f":"Q46","v":"MEJORABLE"}]
[null,{"$f":"D47","v":"Temperaturas extremas \n(Cadena de frio por la conservación de las vacunas)           "},null,null,120,{"$f":"Q47","v":"MEJORABLE"}]
[null,"Picaduras         Y Mordeduras             (Exposición con animales en las vías públicas)",null,null,120,"MEJORABLE"]
[null,"Virus                                 (En jornadas de vacunación y entrega de bilógicos)",null,null,120,"MEJORABLE"]
[null,"Virus ",null,null,400,"ACEPTABLE CON CONTROL ESPECIFICO"]
[null,"Bacterias                                (En jornadas de vacunación y entrega de bilógicos)",null,null,120,"MEJORABLE"]
[null,"Postura mantenida                          (Bípeda por desplazamiento)",null,null,180,"ACEPTABLE CON CONTROL ESPECIFICO"]
[null,"Locativo\nSuperficies de trabajo  irregulares y  desniveladas                                 (Desplazamiento en los diferentes áreas)",null,null,120,"MEJORABLE"]
[null,"Público\n(Robos - Atracos - Asaltos - Agresiones verbales - Actos Violentos)",null,null,400,"ACEPTABLE CON CONTROL ESPECIFICO"]
[null,"Mecánico                                 (proyección de partículas o elementos )",null,null,120,"MEJORABLE"]
[null,"Mecánico                                 (Manejo de elementos corto punzantes)",null,null,120,"MEJORABLE"]
[null,"Accidentes de tránsito                      \n     \n(En los desplazamientos para las entrevistas)\n\nVER MATRIZ DE RIESGO VIAL ",null,null,400,"ACEPTABLE CON CONTROL ESPECIFICO"]
[null,"Público\n(Robos - Atracos - Asaltos - Agresiones verbales - Actos Violentos)",null,null,400,"ACEPTABLE CON CONTROL ESPECIFICO"]
[]
[null,{"$f":"A59","v":"PELIGROS QUE APLICAN A TODAS LAS ACTIVIDADES; APLICA PARA FUNCIONARIOS DE PLANTA Y/O CONTRATO.   "}]
[null,"DESCRIPCIÓN DEL PELIGRO",null,null,"VALOR DEL RIESGO","ACEPTABILIDAD DEL RIESGO"]
[null,{"$f":"D59","v":"Sismo - Temblores                  "},null,null,{"$f":"O59","v":400},{"$f":"Q59","v":"ACEPTABLE CON CONTROL ESPECIFICO"}]
[null,{"$f":"D60","v":"Erupción volcán machín           "},null,null,400,{"$f":"Q60","v":"ACEPTABLE CON CONTROL ESPECIFICO"}]
[null,"Público\n(Robos - Atracos - Asaltos)",null,null,400,"ACEPTABLE CON CONTROL ESPECIFICO"]
[null,"Tecnológico\n(Incendios - Explosiones)\nGenerados dentro de las instalaciones",null,null,400,"ACEPTABLE CON CONTROL ESPECIFICO"]
[null,"\nTecnológico ( sub estación eléctrica)",null,null,120,"MEJORABLE"]
[null,"Locativo (  Instalaciones en vidrio ( puertas y ventanas)                                                                            ",null,null,120,"MEJORABLE"]
[null,"Locativo\nSuperficies de trabajo  irregulares y  desniveladas, escaleras                      ",null,null,120,"MEJORABLE"]
[null,"Locativo\n\n(Atrapamiento por mal funcionamiento del ascensor)\n \n",null,null,120,"MEJORABLE"]
[null,"Fugas de gas \n\"Riesgo de la vecindad\"\n(Generado por la cercanía a restaurantes, viviendas y por daños en la tubería externa) ",null,null,400,"ACEPTABLE CON CONTROL ESPECIFICO"]
[null,"Tecnológico\nParqueadero \n(Incendios - Explosiones)\n",null,null,400,"ACEPTABLE CON CONTROL ESPECIFICO"]
[null,"Tecnológico\n\"Riesgo de la vecindad\"\n(Incendios - Explosiones)\n",null,null,400,"ACEPTABLE CON CONTROL ESPECIFICO"]
[null,"Virus",null,null,400,"ACEPTABLE CON CONTROL ESPECIFICO"]
[null," Demandas Emocionales: Condiciones de la tarea                             \nLa novedad del entorno de trabajo, situación familiar:  hijos o personas mayores a cargo en el hogar en situación de riesgo, miedo al contagio, aislamiento social y confinamiento, miedos e incertidumbres laborales y socioeconómicos, espacios y recursos compartidos por varias personas ante las mismas circunstancias en sus domicilios, convertir espacios de su hogar en despachos improvisados para poder seguir desempeñando su tarea diaria, valoración subjetiva y objetiva por parte del experto mientras se aplica la batería de riesgo psicosocial.",null,null,450,"ACEPTABLE CON CONTROL ESPECIFICO"]
[null,"Características de la organización del trabajo\n(Valoración promedio mientras se realiza el proceso de aplicación de baterías de riesgo psicosocial)",null,null,150,"ACEPTABLE CON CONTROL ESPECIFICO"]
[null,"Características del grupo social y del trabajo.\n(Está en proceso la evaluación de los factores de riesgo psicosocial)",null,null,80,"MEJORABLE"]
[null,"Gestión Organizacional\n(Está en proceso la evaluación de los factores de riesgo psicosocial aplicación batería de riesgo psicosocial)",null,null,120,"MEJORABLE"]
[null,"Contenido de la Tarea (Carga de Trabajo)\n(Está en proceso la evaluación de los factores de riesgo psicosocial aplicación batería de riesgo psicosocial)",null,null,450,"ACEPTABLE CON CONTROL ESPECIFICO"]

{"sheet":"2.SISTEMA INTEGRADO DE GESTIÓN","index":28,"n_rows":82,"n_cols":24,"rows_kept":82,"cut":false,"hidden":true,"merged":[[7,2,7,3],[7,4,7,23],[8,2,9,2],[8,3,9,3],[8,4,9,4],[8,5,8,6],[8,7,9,7],[8,8,8,10],[8,11,8,17],[8,19,8,23],[2,2,5,2],[2,3,3,21],[2,23,5,23],[4,3,5,21],[6,20,6,21],[6,22,6,23],[63,2,79,3],[81,4,81,6],[81,8,81,10],[10,2,29,2],[10,3,21,3],[10,4,21,4],[22,3,29,3],[30,2,38,2],[30,3,38,3],[30,4,34,4],[35,4,38,4],[22,4,29,4],[39,2,62,3]]}
[]
[]
[null,null,null,"PROCESO: SISTEMA INTEGRADO DE GESTIÓN",null,null,null,null,null,null,null,null,null,null,null,null,null,null,null,null,null,null,"Código: FOR-221-PRO-SIG"]
[null,null,null,null,null,null,null,null,null,null,null,null,null,null,null,null,null,null,null,null,null,null,"Versión: 04"]
[null,null,null,"FORMATO: \nIDENTIFICACIÓN DE PELIGROS, EVALUACIÓN Y VALORACIÓN DE LOS RIESGOS \nALCALDÍA MUNICIPAL DE IBAGUÉ",null,null,null,null,null,null,null,null,null,null,null,null,null,null,null,null,null,null,"Fecha: 27/05/2022"]
[null,null,null,null,null,null,null,null,null,null,null,null,null,null,null,null,null,null,null,null,null,null,"Página: 1"]
[null,null,"FECHAS DE ACTUALIZACIÓN: ","2019-02-22","2019-03-09","2019-09-02","2019-09-11","2019-09-24","2019-10-30","2020-07-22","2021-04-09","2022-05-27","2023-07-07","2024-06-20"]
[null,null,"PROCESO:",null,"2. SISTEMA INTEGRADO DE GESTIÓN - FORTALECIMIENTO INSTITUCIONAL"]
[null,null,"1. PROCESO ADMINISTRATIVO / OPERATIVO","2. ACTIVIDADES","3. TAREA RUTINARIO (SI O NO)","PELIGRO",null,"6. EFECTOS POSIBLES\n(Salud - Seguridad)","CONTROLES EXISTENTES",null,null,"EVALUACIÓN DEL RIESGO",null,null,null,null,null,null,"VALORACIÓN DEL RIESGO","MEDIDAS DE INTERVENCIÓN"]
[null,null,null,null,null,"4. DESCRIPCIÓN","5. CLASIFICACIÓN",null,"7. FUENTE","8. MEDIO","9. INDIVIDUO","10. NIVEL DE DEFICIENCIA","11. NIVEL DE EXPOSICIÓN","12. NIVEL DE PROBABILIDAD ND X NE","13. INTERPRETACIÓN DEL NIVEL DE PROBABILIDAD","14. NIVEL DE CONSECUENCIA","15. NIVEL DE RIESGO NR E INTERVENCIÓN","16. INTERPRETACIÓN DEL NR","17. ACEPTABILIDAD DEL RIESGO","18 ELIMINACIÓN","19. SUSTITUCIÓN","20. CONTROLES DE INGENIERIA","21. CONTROLES ADMINISTRATIVOS, SEÑALIZACIÓN, ADVERTENCIA","22. ELEMENTOS DE PROTECCIÓN PERSONAL"]
[null,null,"ADMINISTRATIVO","ACTIVIDAD PLANEACIÓN, ELABORACIÓN Y EJECUCION DE DOCUMENTOS. USO DE HERRAMIENTAS TECNOLOGICAS Y VIDEO TERMINALES. INTERACCIONES LABORALES Y ADMINISTRATIVAS (ATENCIÓN AL CIDADANO). ; FUNCIONARIOS DE PLANTA Y/O CONTRATO","SI","Postura Prologada: Postura sedente  durante la jornada de trabajo, silla en mal estado","BIOMECÁNICO","*Enfermedad  lumbar inespecífica\n*Espasmos musculares       *Problemas circulatorios en miembros inferiores","No aplica","Puesto de trabajo con silla ajustable de espaldar, altura y profundidad, uso de descansa pies","Implementación y direccionamiento  de pausas activas al personal, exámenes médicos ocupacionales, capacitación con relación al riesgos",2,4,{"$f":"+L11*M11","v":8},{"$f":"IF(N11>=24,\"MUY ALTO\",IF(N11>=10,\"ALTO\",IF(N11>=6,\"MEDIO\",\"BAJO\")))","v":"MEDIO"},25,{"$f":"+N11*P11","v":200},{"$f":"IF(Q11>=600,\"I\",IF(Q11>=150,\"II\",IF(Q11>=40,\"III\",IF(Q11>=20,\"IV\"))))","v":"II"},{"$f":"IF(Q11>=600,\"NO ACEPTABLE\",IF(Q11>=150,\"ACEPTABLE CON CONTROL ESPECIFICO\",IF(Q11>=40,\"MEJORABLE\",IF(Q11>=20,\"ACEPTABLE\"))))","v":"ACEPTABLE CON CONTROL ESPECIFICO"},"NO APLICA","NO SE REQUIERE","NO SE REQUIERE","*Implementar programa de mantenimiento de las sillas.                                                                                        Realizar campaña donde se le brinde al personal información como: partes de una silla y descasa pies y su  modo de uso.  PGR-SIG-204 ORDEN Y ASEO.. *Sensibilizar sobre la importancia de las pausas activas. INS-SIG-202 INSTRUCTIVO DE PAUSAS ACTIVAS SALUDABLES. ","NO APLICA"]
[null,null,null,null,null,"Movimientos repetitivos  \nDigitación, sujeción de objetos, manipulación de herramientas manuales","BIOMECÁNICO","*Síndrome del túnel carpiano                      *Síndrome de Quervaín","No aplica","Ninguno","Implementación y direccionamiento  de pausas activas al personal, exámenes médicos ocupacionales, capacitación con relación al riesgos",2,4,{"$f":"+L12*M12","v":8},{"$f":"IF(N12>=24,\"MUY ALTO\",IF(N12>=10,\"ALTO\",IF(N12>=6,\"MEDIO\",\"BAJO\")))","v":"MEDIO"},25,{"$f":"+N12*P12","v":200},{"$f":"IF(Q12>=600,\"I\",IF(Q12>=150,\"II\",IF(Q12>=40,\"III\",IF(Q12>=20,\"IV\"))))","v":"II"},{"$f":"IF(Q12>=600,\"NO ACEPTABLE\",IF(Q12>=150,\"ACEPTABLE CON CONTROL ESPECIFICO\",IF(Q12>=40,\"MEJORABLE\",IF(Q12>=20,\"ACEPTABLE\"))))","v":"ACEPTABLE CON CONTROL ESPECIFICO"},"NO SE REQUIERE","NO SE REQUIERE","NO SE REQUIERE","*Continuar con las medidas actuales                             *Sensibilizar sobre la importancia de las pausas activas.      INS-SIG-202 INSTRUCTIVO DE PAUSAS ACTIVAS SALUDABLES.                                                                              *Implementar el SVE para DME donde se tenga en cuenta el personal contratista. ","NO APLICA"]
[null,null,null,null,null,"Esfuerzo: Plano de trabajo insuficiente  para colocar a partir del tercio medio del ante brazo  por ubicación inadecuada de CPU","BIOMECÁNICO","*Síndrome del túnel carpiano                      *Síndrome de Quervaín","Suministro de puesto de trabajo","No aplica","Implementación y direccionamiento  de pausas activas al personal, exámenes médicos ocupacionales, capacitación con relación al riesgos",2,4,8,"MEDIO",25,200,"II","ACEPTABLE CON CONTROL ESPECIFICO","NO REQUIERE","*Reubicar CPU de manera que  se despeje el plano de trabajo lo  cual permita colocar a partir del tercio medio del ante brazo","NO APLICA","*Continuar con las medidas actuales                                  *Realizar campaña por las diferentes áreas donde se le brinde información al personal sobre como acomodar  los elementos de trabajo (pantalla, mouse, teclado, CPU, silla, etc.) PGR-SIG-204 ORDEN Y ASEO..","NO APLICA"]
[null,null,null,null,null,"Movimientos repetitivos  \nDigitación, sujeción de objetos, manipulación de herramientas manuales, señas para interpretación de técnico operativo","BIOMECÁNICO","*Síndrome del túnel carpiano                      *Síndrome de Quervaín","No aplica","Ninguno","Implementación y direccionamiento  de pausas activas al personal, exámenes médicos ocupacionales, capacitación con relación al riesgos",2,4,8,"MEDIO",25,200,"II","ACEPTABLE CON CONTROL ESPECIFICO","NO SE REQUIERE","NO SE REQUIERE","NO SE REQUIERE","*Continuar con las medidas actuales               *Sensibilizar sobre la importancia de las pausas activas INS-SIG-202 INSTRUCTIVO DE PAUSAS ACTIVAS SALUDABLES.     .                                          *Implementar el SVE para DME donde se tenga en cuenta el personal contratista  ","NO APLICA"]
[null,null,null,null,null,"Esfuerzo: Ubicación inadecuada de elementos de trabajo (pantalla)","BIOMECÁNICO","*Enfermedad discal *Dolores cervicales","Ninguno","Silla ajustable de espaldar, altura y profundidad","Implementación y direccionamiento  de pausas activas al personal, exámenes médicos ocupacionales, capacitación con relación al riesgos",2,3,6,"MEDIO",10,60,"III","MEJORABLE","NO SE REQUIERE","*Reubicar  pantalla teniendo en cuenta que el borde de la pantalla debe  quedar  a nivel de los ojos conservando la línea de visión","NO SE REQUIERE","*Continuar con las medidas actuales               *Sensibilizar sobre la importancia de las pausas activas.        INS-SIG-202 INSTRUCTIVO DE PAUSAS ACTIVAS SALUDABLES.                                       *Implementar el SVE para DME                                         ","NO APLICA"]
[null,null,null,null,null,"Radiaciones No ionizantes                                   (Exposición a pantallas del computador)","FÍSICO ","*Fatiga visual","Uso de pantalla antirreflejo","Diseño del sistema (puesto) de trabajo adecuado.","Ninguno",2,3,6,"MEDIO",10,60,"III","MEJORABLE","NO APLICA","NO SE REQUIERE","NO SE REQUIERE","*Se recomienda la implementación permanente de pausas activas durante la jornada laboral. INS-SIG-202 INSTRUCTIVO DE PAUSAS ACTIVAS SALUDABLES.     Continuar con las inspecciones de seguridad. Reinducción SST                                                                                                                   PRO-SIG-203 PROCEDIMIENTO INSPECCIONES DE SST.                                                                                                                            ","NO APLICA"]
[null,null,null,null,null,"Locativo: Canaleta suelta en el área","CONDICIONES DE SEGURIDAD","*Contacto eléctrico            *Deterioro de las instalaciones","Ninguno","Ninguno","Ninguno",2,3,6,"MEDIO",10,60,"III","MEJORABLE","NO  SE REQUIERE","NO SE REQUIERE","*Realizar el mantenimiento correctivo a la canaleta       ","*Sensibilizar al personal sobre la importancia de la realización del reporte de las  condiciones inseguras             PRO-SIG-206 REPORTE DE ACTOS Y CONDICIONES INSEGURAS.  ","NO APLICA"]
[null,null,null,null,null,"Locativo: Cableado de conexión de equipos desorganizados","CONDICIONES DE SEGURIDAD","*Incidentes                       *Perdida de información","Ninguno","Ninguno","Ninguno",2,3,6,"MEDIO",10,60,"III","MEJORABLE","NO REQUIERE","NO REQUIERE","*Instalar espiral o entorchado para cableado","Realizar reinducción SST. REALIZAR JORNADA DE ORDEN Y ASEO.                                                                                                  Inspecciones de seguridad                                                               PRO-SIG-203 PROCEDIMIENTO INSPECCIONES DE SST. ","NO APLICA"]
[null,null,null,null,null,"Mecánico: Uso de herramientas manuales como: saca ganchos, perforadora, cosedora, etc.","CONDICIONES DE SEGURIDAD","*Cortes, laceraciones                               *Pinchazos","*Cambio y reposición de herramientas","Ninguno","Recomendaciones inducción y reinducción",2,3,6,"MEDIO",10,60,"III","MEJORABLE","NO SE REQUIERE","NO SE REQUIERE","NO SE REQUIERE","*Sensibilizar al personal sobre la importancia del cambio de la herramienta cuando presente daños o averías.            PRO-SIG-206 REPORTE DE ACTOS Y CONDICIONES INSEGURAS.                                                                                                *Por medio de formato en el  área encargada de entregar la papelería, herramientas, etc.  llevar trazabilidad del cambio. (seria importante estudiar la posibilidad de solicitar la herramienta en mal estado para asegurar el no uso de la misma ). PRO-SIG-206 REPORTE DE ACTOS Y CONDICIONES INSEGURAS.                                                     Reinducción SST                                                                                    PRO-SIG-203 PROCEDIMIENTO INSPECCIONES DE SST.","NO APLICA"]
[null,null,null,null,null,"Locativo: Cableado de conexión de equipos desorganizados","CONDICIONES DE SEGURIDAD","*Incidentes                       *Perdida de información","Ninguno","Ninguno","Ninguno",2,3,6,"MEDIO",10,60,"III","MEJORABLE","NO REQUIERE","NO REQUIERE","*Instalar espiral o entorchado para cableado","Capacitación en orden y aseo.                                                         PGR-SIG-204 ORDEN Y ASEO - PLAN ANUAL DE TRABAJO Y PIC.                                                    Realizar inspecciones de seguridad de manera periódica.                                      Reinducción SST PRO-SIG-203 PROCEDIMIENTO INSPECCIONES DE SST.","NO APLICA"]
[null,null,null,null,null,"Locativo: Ingreso de agua por ventanales en época de lluvia según información del personal ","CONDICIONES DE SEGURIDAD","*Daño a los equipos y al proceso","Ninguno","Ninguno","Ninguno",2,3,6,"MEDIO",10,60,"III","MEJORABLE","NO APLICA","*Estudiar posibilidad de instalar entre la unión de los vidrios de la ventana silicona ","*Verificar mediante inspección la condición actual de las ventanas","Realizar inspecciones. Inducción de SST                                        PRO-SIG-203 PROCEDIMIENTO INSPECCIONES DE SST.","NO SE REQUIERE"]
[null,null,null,null,null,"Mecánico                                         (Manejo de Equipos de Oficina, Cosedoras)","CONDICIONES DE SEGURIDAD","Traumas de tejidos blandos (laceración, contusión, etc.)       ","Ninguno","Cámaras de seguridad","Reinducción SST. Personal brigadista capacitado ",2,3,6,"MEDIO",10,60,"III","MEJORABLE","NO APLICA","NO APLICA","NO APLICA","*Continuar con el uso  adecuado de elementos manuales para oficina.                                                                                                PRO-SIG-202 PROCEDIMIENTO ADMINISTRACIÓN DE ELEMENTOS DE EPP. ","NO APLICA"]
[null,null,null,"TRANSFERENCIAS DOCUMENTALES. MANEJO DE CORRESPONDENCIA. ACTIVIDAD MANEJO DE ARCHIVO.  ; FUNCIONARIOS DE PLANTA Y/O CONTRATO","SI","Postura Prologada: Postura sedente  durante la jornada de trabajo","BIOMECÁNICO","*Enfermedad  lumbar inespecífica\n*Espasmos musculares       *Problemas circulatorios en miembros inferiores","No aplica","Puesto de trabajo con silla ajustable de espaldar, altura y profundidad, uso de descansa pies","Implementación y direccionamiento  de pausas activas al personal, exámenes médicos ocupacionales, capacitación con relación al riesgos",2,4,8,"MEDIO",25,200,"II","ACEPTABLE CON CONTROL ESPECIFICO","NO APLICA","NO SE REQUIERE","NO SE REQUIERE","*Implementar programa de mantenimiento de las sillas.                PGR-SIG-204 ORDEN Y ASEO.                                                                                      Realizar campaña donde se le brinde al personal información como: partes de una silla y descasa pies y su  modo de uso.                      PGR-SIG-201 ESTILOS DE VIDA Y TRABAJO SALUDABLES.  *Sensibilizar sobre la importancia de las pausas activas.                                               INS-SIG-202 INSTRUCTIVO DE PAUSAS ACTIVAS SALUDABLES.","NO APLICA"]
[null,null,null,null,null,"Material Particulado Acumulación de material particulado (polvo) en la documentación del área de archivo. ","QUÍMICO","Irritaciones, alergias a nivel respiratorio","Ninguno","Limpieza y aspiración  periódica en los archivos ","Recomendación en inducción y reinducción - Capacitación en manejo seguro de archivo - Uso de mascarilla, guantes y gafas de seguridad ",2,3,6,"MEDIO",10,60,"III","MEJORABLE","NINGUNO ","NINGUNO ","*Se recomienda realizar mantenimiento correctivo a los extractores que hay en el área. ","*Exámenes periódicos anualmente al personal  expuesto con espirometrías. PGR-SIG-201 estilos de vida y trabajo saludable, SGA","Uso de EPP (tapabocas obligatorio)"]
[null,null,null,null,null,"Movimientos repetitivos  \nDigitación, sujeción de objetos","BIOMECÁNICO","*Síndrome del túnel carpiano                      *Síndrome de Quervaín","No aplica","Ninguno","Implementación y direccionamiento  de pausas activas al personal, exámenes médicos ocupacionales, capacitación con relación al riesgos",2,4,8,"MEDIO",25,200,"II","ACEPTABLE CON CONTROL ESPECIFICO","NO SE REQUIERE","NO SE REQUIERE","NO SE REQUIERE","*Continuar con las medidas actuales               *Sensibilizar sobre la importancia de las pausas activas.                                                  INS-SIG-202 INSTRUCTIVO DE PAUSAS ACTIVAS SALUDABLES.                                        *Implementar el SVE para DME donde se tenga en cuenta el personal contratista                       ","NO APLICA"]
[null,null,null,null,null,"Manipulación de cargas elevar: Manipulación de archivo 5 kilos aproximadamente según información trabajador","BIOMECÁNICO","*Enfermedad  lumbar inespecífica\n*Espasmos musculares       ","No aplica","Ninguno","Implementación y direccionamiento  de pausas activas al personal, exámenes médicos ocupacionales, capacitación con relación al riesgos",2,4,8,"MEDIO",25,200,"II","ACEPTABLE CON CONTROL ESPECIFICO","NO SE REQUIERE","NO SE REQUIERE","NO SE REQUIERE","*Continuar con las medidas actuales                                      *Sensibilizar sobre la importancia de las pausas activas.                   INS-SIG-202 INSTRUCTIVO DE PAUSAS ACTIVAS SALUDABLES.                                   *Implementar el SVE para DME donde se tenga en cuenta el personal contratista                                                                                   *Capacitar en higiene postural y manejo adecuado de cargas              PGR-SIG-201 ESTILOS DE VIDA Y TRABAJO SALUDABLES. ","NO APLICA"]
[null,null,null,null,null,"Radiaciones No ionizantes                                   (Exposición a pantallas del computador)","FÍSICO ","*Fatiga visual","Uso de pantalla antirreflejo","Diseño del sistema (puesto) de trabajo adecuado.","Ninguno",2,3,6,"MEDIO",10,60,"III","MEJORABLE","NO APLICA","NO SE REQUIERE","NO SE REQUIERE","*Se recomienda la implementación permanente de pausas activas durante la jornada laboral.                                                          INS-SIG-202 INSTRUCTIVO DE PAUSAS ACTIVAS SALUDABLES.                                                     Reinducción SST                                                                         PRO-SIG-203 PROCEDIMIENTO INSPECCIONES DE SST.                                                                                                                                          ","NO APLICA"]
[null,null,null,null,null,"Mecánico: Uso de herramientas manuales como: saca ganchos, perforadora, cosedora, etc.","CONDICIONES DE SEGURIDAD","*Cortes, laceraciones                               *Pinchazos","*Cambio y reposición de herramientas","Ninguno","Ninguno",2,3,6,"MEDIO",10,60,"III","MEJORABLE","NO SE REQUIERE","NO SE REQUIERE","*Continuar con la medida actual","*Sensibilizar al personal sobre la importancia del cambio de la herramienta cuando presente daños o averías.                                PRO-SIG-206 REPORTE DE ACTOS Y CONDICIONES INSEGURAS.                                                *Por medio de formato en el  área encargada de entregar la papelería, herramientas, etc.  llevar trazabilidad del cambio. (seria importante estudiar la posibilidad de solicitar la herramienta en mal estado para asegurar el no uso de la misma )                                                PRO-SIG-206 REPORTE DE ACTOS Y CONDICIONES INSEGURAS.      ","NO APLICA"]
[null,null,null,null,null,"Ruido                                   (Exposición a ruido por parte de la motobomba del hidroflo y motor ascensores)","FÍSICO ","*Fatiga Auditiva","Ninguno","Ninguno","Ninguno",2,3,6,"MEDIO",10,60,"III","MEJORABLE","NO APLICA","NO SE REQUIERE","Realizar medición higiénica de ruido, se recomienda insonorización del cuarto","Disminuir tiempos de rotación, Traslado o cambio de ubicación del hidroflo","Uso de EPP (Protector Auditivo)"]
[null,null,null,null,null,"Manipulación de cargas Elevar:   Manejo de archivo de gestión","BIOMECÁNICO","*Enfermedad  lumbar inespecífica\n*Espasmos musculares       *Problemas circulatorios en miembros inferiores","No aplica","Ninguno","Implementación y direccionamiento  de pausas activas al personal, exámenes médicos ocupacionales, capacitación con relación al riesgos",2,4,8,"MEDIO",25,200,"II","ACEPTABLE CON CONTROL ESPECIFICO","NO APLICA","NO SE REQUIERE","NO SE REQUIERE","*Sensibilizar sobre la importancia de las pausas activas.                   INS-SIG-202 INSTRUCTIVO DE PAUSAS ACTIVAS SALUDABLES.              *Capacitar en manejo adecuado de cargas.      PLAN ANUAL DE TRABAJO Y PIC.","NO APLICA"]
[null,null,"OPERATIVO","ACTIVIDAD DESPLAZAMIENTO A EVENTOS Y REUNIONES INSTITUCIONALES,  INSPECCIONES, VISITAS TÉCNICAS (DE CAMPO), ACTIVIDADES DE BIENESTAR Y CULTURALES FUERA DE LA SEDE. ; FUNCIONARIOS DE PLANTA Y/O CONTRATO","SI","Postura Bípeda: Postura bípeda, por realización de actividades en comunidades","BIOMECÁNICO","*Enfermedad  lumbar inespecífica\n*Espasmos musculares       *Problemas circulatorios en miembros inferiores","No aplica","No aplica","Implementación y direccionamiento  de pausas activas al personal, exámenes médicos ocupacionales, capacitación con relación al riesgos",2,4,8,"MEDIO",25,200,"II","ACEPTABLE CON CONTROL ESPECIFICO","NO APLICA","NO SE REQUIERE","NO SE REQUIERE","*Direccionar y sensibilizar sobre la importancia de las pausas activas     INS-SIG-202 INSTRUCTIVO DE PAUSAS ACTIVAS SALUDABLES.","NO APLICA"]
[null,null,null,null,null,"RIESGO VIAL","CONDICIONES DE SEGURIDAD","*Muerte \n*Lesiones graves en el cuerpo entero\n*Atrapamiento vehicular","PESV","PESV","PESV",2,2,4,"BAJO",100,400,"II","ACEPTABLE CON CONTROL ESPECIFICO","NO APLICA","NO APLICA","*Se debe empezar a realizar la inspección pre operacional de vehículos de la empresa, para identificar condiciones del mismo \"Por parte de los conductores\". ","*Dar cumplimiento al plan de capacitación del PESV según el rol (Pasajero - Conductor - Peatón). PLA-SIG-202 PESV plan estratégico de seguridad vial. \n*Realizar sensibilización en seguridad vial, ESTANDAR DE SEGURIDAD","NO APLICA"]
[null,null,null,null,null,"Virus                               (Exposición con ácaros al archivar documentos)","BIOLÓGICO","*Dermatosis\n*Reacciones alérgicas\n*Enfermedades infecciosas\n*Infecciones respiratorias","No aplica","Limpieza y aspiración  periódica en los archivos ","Recomendación en inducción y reinducción - Capacitación en manejo seguro de archivo - Uso de mascarilla, guantes y gafas de seguridad ",2,3,6,"MEDIO",10,60,"III","MEJORABLE","NO APLICA","NO APLICA","NO APLICA","*Capacitar a los trabajadores en auto cuidado y la importancia del uso de los EPP. PRO-SIG-202 administración de elementos de protección personal-EPP.   \n*Realizar capacitación en lavado de manos.","*Uso de EPP (Guantes - Tapa bocas)"]
[null,null,null,null,null,"Locativo: Superficies irregulares ","CONDICIONES DE SEGURIDAD","*Golpes                                *Caídas, Contusiones        *Fracturas","Ninguno","Ninguno","Recomendaciones inducción y reinducción",2,3,6,"MEDIO",10,60,"III","MEJORABLE","NO REQUIERE","NO REQUIERE","NO REQUIERE","Recomendaciones en reinducción. Capacitación en prevención de caídas a nivel.                                                                             PLAN ANUAL DE TRABAJO Y PIC.","*Zapatos livianos, ergonómicos que generen confort"]
[null,null,null,null,null,"Mecánico: Golpes con objetos en visitas ","CONDICIONES DE SEGURIDAD","*Golpes\n*Heridas                    *contusiones                     ","Ninguno","Ninguno","Ninguno",2,3,6,"MEDIO",10,60,"III","MEJORABLE","NO APLICA","NO APLICA","NO APLICA","*Reinducción SST.                                                                       PRO-SIG-203 PROCEDIMIENTO INSPECCIONES DE SST.   ","NO APLICA"]
[null,null,null,null,"SI","Postura Mantenida: Postura sedente  durante la jornada de trabajo","BIOMECÁNICO","*Enfermedad  lumbar inespecífica\n*Espasmos musculares       *Problemas circulatorios en miembros inferiores","No aplica","Puesto de trabajo con silla ajustable de espaldar, altura y profundidad, uso de descansa pies","Implementación y direccionamiento  de pausas activas al personal, exámenes médicos ocupacionales, capacitación con relación al riesgos",2,4,8,"MEDIO",25,200,"II","ACEPTABLE CON CONTROL ESPECIFICO","NO APLICA","NO SE REQUIERE","NO SE REQUIERE","*Implementar programa de mantenimiento de las sillas.                      PGR-SIG-204 ORDEN Y ASEO.                                                                                     *Realizar campaña donde se le brinde al personal información como: partes de una silla y descasa pies y su  modo de uso.                         PGR-SIG-201 ESTILOS DE VIDA Y TRABAJO SALUDABLES.               *Sensibilizar sobre la importancia de las pausas activas.                   INS-SIG-202 INSTRUCTIVO DE PAUSAS ACTIVAS SALUDABLES.","NO APLICA"]
[null,null,null,null,null,"Movimientos repetitivos  \n(Digitación)","BIOMECÁNICO","*Síndrome del túnel carpiano                      *Síndrome de Querían","No aplica","Ninguno","Implementación y direccionamiento  de pausas activas al personal, exámenes médicos ocupacionales, capacitación con relación al riesgos",2,4,8,"MEDIO",25,200,"II","ACEPTABLE CON CONTROL ESPECIFICO","NO SE REQUIERE","NO SE REQUIERE","NO SE REQUIERE","*Continuar con las medidas actuales                                        *Sensibilizar sobre la importancia de las pausas activas.                  INS-SIG-202 INSTRUCTIVO DE PAUSAS ACTIVAS SALUDABLES.                                       *Implementar el SVE para DME                            ","NO APLICA"]
[null,null,null,null,null,"Mecánico: Uso de herramientas manuales como: saca ganchos, perforadora, cosedora, etc.","CONDICIONES DE SEGURIDAD","*Cortes, laceraciones                               *Pinchazos","*Cambio y reposición de herramientas","Ninguno","Ninguno",2,3,6,"MEDIO",10,60,"III","MEJORABLE","NO SE REQUIERE","NO SE REQUIERE","NO SE REQUIERE","*Sensibilizar al personal sobre la importancia del cambio de la herramienta cuando presente daños o averías.                                PRO-SIG-206 REPORTE DE ACTOS Y CONDICIONES INSEGURAS.                                               *Por medio de formato en el  área encargada de entregar la papelería, herramientas, etc.  llevar trazabilidad del cambio. (seria importante estudiar la posibilidad de solicitar la herramienta en mal estado para asegurar el no uso de la misma )                                                    PRO-SIG-206 REPORTE DE ACTOS Y CONDICIONES INSEGURAS.   ","NO APLICA"]
[null,null,null,null,null,"Postura Mantenida: Postura bípeda durante la jornada de trabajo","BIOMECÁNICO","*Enfermedad  lumbar inespecífica\n*Espasmos musculares       *Problemas circulatorios en miembros inferiores","No aplica","Ninguno","Implementación y direccionamiento  de pausas activas al personal, exámenes médicos ocupacionales, capacitación con relación al riesgos",2,4,8,"MEDIO",25,200,"II","ACEPTABLE CON CONTROL ESPECIFICO","NO APLICA","NO SE REQUIERE","NO SE REQUIERE","*Sensibilizar sobre la importancia de las pausas activas.                   INS-SIG-202 INSTRUCTIVO DE PAUSAS ACTIVAS SALUDABLES.","NO APLICA"]
[null,null,"PELIGROS QUE APLICAN A TODAS LAS ACTIVIDADES; FUNCIONARIOS DE PLANTA Y/O C0NTRATO",null,"SI","Ruido\n(Intermitente por el paso vehicular por la carrera 2da \"Se percibe en mayor intensidad en el 2do, tercer, 4to y 5to piso del edificio\")","FÍSICO ","Alteraciones auditivas como hipoacusia","Ninguno","Ninguno","Ninguno",2,3,6,"MEDIO",10,60,"III","MEJORABLE","NO SE REQUIERE","NO SE REQUIERE","Realizar mediciones ambientales ","Recomendaciones en reinducción de SST                                       PRO-SIG-203 PROCEDIMIENTO INSPECCIONES DE SST.          ","NO APLICA"]
[null,null,null,null,"SI","Público\n(Robos - Atracos - Asaltos)","CONDICIONES DE SEGURIDAD","*Golpes\n*Agresiones verbales y físicas \n*Atentados violentos\n*Heridas\n*Muerte","Cámaras de seguridad ","Ninguno","Recomendaciones inducción y reinducción",2,2,4,"BAJO",100,400,"II","ACEPTABLE CON CONTROL ESPECIFICO","NO APLICA","NO APLICA","NO APLICA","*Socializar los planes contingencia para diferentes situaciones  de emergencia específicamente riesgo público. PLA-SIG-204 PLAN DE PREVENCIÓN, PREPARACIÓN Y RESPUESTA ANTE EMERGENCIAS. , estándar de seguridad","NO APLICA"]
[null,null,null,null,"SI","Público\n(Agresiones verbales - Actos Violentos)","CONDICIONES DE SEGURIDAD","*Golpes\n*Agresiones verbales y físicas \n*Atentados violentos\n*Heridas\n*Muerte","Cámaras de seguridad ","Ninguno","Recomendaciones en inducción y reinducción",2,2,4,"BAJO",100,400,"II","ACEPTABLE CON CONTROL ESPECIFICO","NO APLICA","NO APLICA","NO APLICA","*Socializar los planes contingencia para diferentes situaciones  de emergencia específicamente riesgo público. PLA-SIG-204 PLAN DE PREVENCIÓN, PREPARACIÓN Y RESPUESTA ANTE EMERGENCIAS.  ESTANDAR DE SEGURIDAD","NO APLICA"]
[null,null,null,null,"SI","Público\n(Manifestaciones públicas)","CONDICIONES DE SEGURIDAD","*Golpes\n*Agresiones verbales y físicas \n*Heridas\n*Muerte","Ninguno","Hay vigilancia permanente en la puerta de acceso del edificio. ","Ninguno",2,2,4,"BAJO",100,400,"II","ACEPTABLE CON CONTROL ESPECIFICO","NO APLICA","NO APLICA","NO APLICA","*Actualizar el plan de emergencias, incluyendo los planes operativos normalizados en caso de situaciones de emergencia en riesgo público especifico para cada sede y socializarlo a todo el personal.               EST-SIG-02 ESTANDAR DE SEGURIDAD PARA ACTIVIDADES FUERA DE LA SEDE.  \n*Capacitar al personal en actuación ante emergencias en riesgo público.  PLAN ANUAL DE TRABAJO Y PIC.","NO APLICA"]
[null,null,null,null,"SI","Público\n(Inseguridad por actos delictivos en los alrededores de la sede)","CONDICIONES DE SEGURIDAD","*Golpes\n*Agresiones verbales y físicas \n*Atentados violentos\n*Heridas\n*Muerte","Ninguno","Hay vigilancia permanente en la puerta de acceso del edificio. \n\nHay cámara de vigilancia en el primer y segundo piso. ","Recomendaciones en inducción y reinducción",2,2,4,"BAJO",100,400,"II","ACEPTABLE CON CONTROL ESPECIFICO","NO APLICA","NO APLICA","Instalar cámaras de vigilancia en todos los pisos de la sede. ","*Socializar los planes contingencia para diferentes situaciones  de emergencia específicamente riesgo público. PLA-SIG-204 PLAN DE PREVENCIÓN, PREPARACIÓN Y RESPUESTA ANTE EMERGENCIAS. ","NO APLICA"]
[null,null,null,null,"SI","Radiaciones no ionizantes                       (Exposición a luz solar que ingresa por ventanales a la mayoría de los puestos de trabajo)","FÍSICO ","*Cáncer de piel\n*Quemadura solar\n*Insolación \n*Foto envejecimiento cutáneo \n *Foto carcinogénesis\n*Alteraciones oculares","No aplica","No hay","Sensibilizaciones de autocuidado",2,3,6,"MEDIO",10,60,"III","MEJORABLE","N.A","N.A","*Se recomienda instalar película de seguridad en los ventanales ","NO APLICA","NO APLICA"]
[null,null,null,null,"NO","Sismo - Temblores                  ","FENÓMENOS NATURALES","*Daños materiales (Pérdida total)\n*Heridas y lesiones graves\n*Accidentes de trabajo \n*Muerte","No hay","hay elementos para atención de emergencias en caso de requerirse","Capacitación  en actuación ante emergencias ",2,2,4,"BAJO",100,400,"II","ACEPTABLE CON CONTROL ESPECIFICO","NO SE REQUIERE","NO SE REQUIERE","NO SE REQUIERE","*Se recomienda realizar estudio de vulnerabilidad y sismo resistencia de las instalaciones.                                                                         PLA-SIG-204 PLAN DE PREVENCIÓN, PREPARACIÓN Y RESPUESTA ANTE EMERGENCIAS. \n*Capacitar al personal en actuación ante emergencias. PLA-SIG-204 PLAN DE PREVENCIÓN, PREPARACIÓN Y RESPUESTA ANTE EMERGENCIAS. ","NO APLICA"]
[null,null,null,null,"NO","Erupción volcán machín           ","FENÓMENOS NATURALES","*Daños materiales (Pérdida total)\n*Heridas y lesiones graves\n*Accidentes de trabajo \n*Muerte","No hay","Ninguno","Capacitación  en actuación ante emergencias ",2,2,4,"BAJO",100,400,"II","ACEPTABLE CON CONTROL ESPECIFICO","NO SE REQUIERE","NO SE REQUIERE","NO SE REQUIERE","*Seguir las instrucciones que el departamento suministra para  casos de emergencia por posible erupción del Volcán.                                                                                              \n*Solicitar capacitación al ente respectivo sobre actuación en caso de erupción del volcán machín. \n*Capacitar en actuación ante emergencias en caso de erupción del volcán machín a todo el personal.  \n*Actualizar plan de emergencias incluyendo el PON por posible erupción del volcán machín y socializar a los trabajadores. PLA-SIG-204 PLAN DE PREVENCIÓN, PREPARACIÓN Y RESPUESTA ANTE EMERGENCIAS. ","NO APLICA"]
[null,null,null,null,"SI","Tecnológico\n(Incendios - Explosiones)\nGenerado dentro de las instalaciones de las sedes ","CONDICIONES DE SEGURIDAD","Incendios \nQuemaduras de grado 2 y 3\nMuerte","Ninguno","Uso de equipos contra incendio","Personal capacitado en manejo de equipos contra incendios",2,2,4,"BAJO",100,400,"II","ACEPTABLE CON CONTROL ESPECIFICO","NO APLICA","NO APLICA","*Realizar mantenimiento preventivo y correctivo de los equipos eléctricos e instalaciones eléctricas en la sede","*Capacitación en prevención de accidentes de trabajo por riesgo eléctrico.                                                                                   PLA-SIG-204 PLAN DE PREVENCIÓN, PREPARACIÓN Y RESPUESTA ANTE EMERGENCIAS.  -  PLAN ANUAL DE TRABAJO Y PIC.                                                \n\n*Continuar con las inspecciones de seguridad enfocado a riesgo eléctrico.                                                                                   PLA-SIG-204 PLAN DE PREVENCIÓN, PREPARACIÓN Y RESPUESTA ANTE EMERGENCIAS.","NO APLICA"]
[null,null,null,null,"SI","Tecnológico\n\"Riesgo de la vecindad\"\n(Incendios - Explosiones)\nGenerados en el restaurante de Mercacentro sede la 17\n","CONDICIONES DE SEGURIDAD","Incendios \nQuemaduras de grado 2 y 3\nMuerte","Ninguno","Uso de equipos contra incendio","Ninguno",2,2,4,"BAJO",100,400,"II","ACEPTABLE CON CONTROL ESPECIFICO","NO APLICA","NO APLICA","*Realizar mantenimiento preventivo y correctivo de los equipos eléctricos e instalaciones eléctricas en las diferentes sedes. ","*Diseñar y socializar PON en caso de explosiones externas a la empresa                                                                                    PLA-SIG-204 PLAN DE PREVENCIÓN, PREPARACIÓN Y RESPUESTA ANTE EMERGENCIAS. ","Calzado de seguridad"]
[null,null,null,null,"SI","Fugas de gas \n\"Riesgos de la vecindad\"\n(Generado por la presencia de restaurante en Mercacentro y por tuberías externas a la entidad. Sede la 17) ","QUÍMICOS","Incendios \nQuemaduras de grado 2 y 3\nMuerte","Ninguno","Sistema para el control de incendios ","Ninguno",2,2,4,"BAJO",100,400,"II","ACEPTABLE CON CONTROL ESPECIFICO","NO APLICA","NO APLICA","Sistema para el control de incendios ","*Diseñar y socializar PON en caso de fuga de gasPLA-SIG-204 PLAN DE PREVENCIÓN, PREPARACIÓN Y RESPUESTA ANTE EMERGENCIAS. ","NO APLICA"]
[null,null,null,null,"SI","Virus \n","BIOLÓGICO","Malestar general","Ninguno","Limpieza y desinfección de áreas de trabajo   y en casa,  Control de aforo, señalización de advertencia.","Distanciamiento    físico, uso de mascarilla, lavado de manos constante.",2,3,6,"MEDIO",10,60,"III","MEJORABLE","N.A","N.A","Trabajo en casa , diseño puestos de trabajo cumpliendo con el distanciamiento social, lavamanos y puntos de desinfección."," *Promover frecuentemente el lavado de manos en personal de planta, contratistas y visitantes. En caso de no contar con agua y jabón, se debe proveer con desinfectantes para manos (gel antibacterial a base de alcohol).                                                                       *Disminución de la densidad laboral en áreas de trabajo o de ocupación de la entidad promoviendo el teletrabajo.                *Mantener un stop de EPP  (mascarillas ) para dotación y recambio. *Establecer canales de comunicación individualizados y/o de grupo: correo electrónico, redes sociales, videoconferencia, teléfono para reuniones evitando la presencialidad.  *Revisión y análisis de los perfiles epidemiológicos por cargo, estrategias motivación para que los funcionarios se  vacunen.         ","Uso permanente de mascarilla respiratoria. Uso periódico de productos para limpieza (agua y jabón) y  alcohol al 70%, mono gafas o careta."]
[null,null,null,null,"SI"," Demandas Emocionales: Condiciones de la tarea                             \nLa novedad del entorno de trabajo, situación familiar:  hijos o personas mayores a cargo en el hogar en situación de riesgo, miedo al contagio, aislamiento social y confinamiento, miedos e incertidumbres laborales y socioeconómicos, espacios y recursos compartidos por varias personas ante las mismas circunstancias en sus domicilios, convertir espacios de su hogar en despachos improvisados para poder seguir desempeñando su tarea diaria, valoración subjetiva y objetiva por parte del experto mientras se aplica la batería de riesgo psicosocial.","PSICOSOCIAL","Alteraciones mentales, Ansiedad, depresión, estrés postraumático.","S.V.E. Psicosocial","S.V.E Psicosocial","Intervenciones individuales y grupales, capacitaciones, medidas de afrontamiento, manejo de habilidades sociales.",2,3,6,"MEDIO",10,60,"III","MEJORABLE","N.A","N.A","Organización de los puestos de trabajo, lavamanos, dispensadores, cumpliendo con el distanciamiento."," identificación de personas con mayor riesgo, prácticas para la prevención del contagio a través del autocuidado individual y familiar, entre otras”capacitaciones del protocolo de bioseguridad, inspecciones, suministro de Elementos de bioseguridad..                                                                         ","Uso de los elementos de bioseguridad, establecer el compromiso de autocuidado y trabajo seguro."]
[null,null,null,null,"SI","Características de la organización del trabajo\n(Valoración promedio mientras se realiza el proceso de aplicación de baterías de riesgo psicosocial)","PSICOSOCIAL","Alteraciones mentales, Ansiedad, depresión.","SVE. Riesgo Psicosocial","SVE. Riesgo Psicosocial","Intervenciones individuales y grupales, capacitaciones, medidas de afrontamiento, manejo de habilidades sociales.",2,3,6,"MEDIO",10,60,"III","MEJORABLE","NO SE REQUIERE","NO SE REQUIERE","NO APLICA","*Aplicación de las baterías de riesgo  psicosocial, para verificar la exposición al peligro.                                                            PGR-SIG-206 VIGILANCIA EPIDEMIOLÓGICO DE RIESGO PSICOSOCIAL.     \n*Capacitación en trabajo en equipo y competencias individuales y profesionales. PLAN ANUAL DE TRABAJO Y PIC.\n\n*Análisis de carga laboral.                                                       PGR-SIG-201 ESTILOS DE VIDA Y TRABAJO SALUDABLES.                                                                                                                               ","NO SE REQUIERE"]
[null,null,null,null,"SI","Características del grupo social y del trabajo.\n(Está en proceso la evaluación de los factores de riesgo psicosocial)","PSICOSOCIAL","Stress laboral\nAfecciones de salud                                                                                                                                                                                                                                                                                                                                                                                                            Ambientes de trabajo Hostil                                                                                                                                                                                                                                                                                                                                                                                                         Baja Productividad","Cumplimiento de la normatividad ley 1010, resolución 652 y 356, 2646.","Comité de Convivencia Laboral","Capacitaciones en habilidades sociales básicas, resolución de conflictos, liderazgo efectivo.",2,3,6,"MEDIO",10,60,"III","MEJORABLE","NO SE REQUIERE","NO SE REQUIERE","NO SE REQUIERE","*Capacitación en habilidades sociales básicas y relaciones interpersonales y comunicación asertiva y efectiva.                        PRO-SIG-207 MOTIVACIÓN, PARTICIPACIÓN Y CONSULTA.   \n\n*Capacitación en liderazgo efectivo y generación de hábitos del líder.  PLAN ANUAL DE TRABAJO Y PIC. ","NO SE REQUIERE"]
[null,null,null,null,"SI","Gestión Organizacional\n(Está en proceso la evaluación de los factores de riesgo psicosocial aplicación batería de riesgo psicosocial)","PSICOSOCIAL","Stress laboral\nAfecciones de salud                                                                                                                                                                                                                                                                                                                                                                                                                     Productividad- Ausentismo","Plan de Intervención del SVE ","N/A","Intervenciones individuales y grupales, capacitaciones en liderazgo, fortalecimiento de las escuelas de liderazgo.",2,3,6,"MEDIO",10,60,"III","MEJORABLE","NO SE REQUIERE","NO SE REQUIERE","NO SE REQUIERE","Fortalecimiento de las escuelas de liderazgo.                                        PRO-SIG-207 MOTIVACIÓN, PARTICIPACIÓN Y CONSULTA.   ","NO SE REQUIERE"]
[null,null,null,null,"SI","Contenido de la Tarea (Carga de Trabajo)\n(Está en proceso la evaluación de los factores de riesgo psicosocial aplicación batería de riesgo psicosocial)","PSICOSOCIAL","Stress laboral\nAfecciones de salud","S.V.E. Psicosocial","Distribución de la tarea por trabajo en equipo, gestión del tiempo.","Intervenciones individuales y grupales, capacitaciones, medidas de afrontamiento, manejo de habilidades sociales.",2,3,6,"MEDIO",10,60,"III","MEJORABLE","NO SE REQUIERE","NO SE REQUIERE","NO SE REQUIERE","Capacitaciones, manejo del tiempo como recurso, trabajo colaborativo y ayuda percibida.                                                                      PLAN ANUAL DE TRABAJO Y PIC.","NO SE REQUIERE"]
[null,null,null,null,"SI","Accidentes aéreos                           (En los desplazamientos en avión a otras ciudades)\n","CONDICIONES DE SEGURIDAD","*Muerte \n*Lesiones graves en el cuerpo entero\n*Caída de avión","Ninguno","Ninguno","Ninguno",2,2,4,"BAJO",100,400,"II","ACEPTABLE CON CONTROL ESPECIFICO","NO APLICA","NO APLICA","NO APLICA","*Dar cumplimiento a las normas de seguridad para viajes aéreos  EST-SIG-01 ESTANDAR DE SEGURIDAD PARA ACTIVIDADES FUERA DE LA SEDE.   ","NO APLICA"]
[null,null,null,null,"SI","Locativo\nSistema de almacenamiento\n(Atrapamiento por mal funcionamiento de los ascensores)Según aplique \n \n","CONDICIONES DE SEGURIDAD","Atrapamiento ","Se realiza mantenimiento periódico a los ascensores","Señalización de advertencia en el ascensor ","Ninguno",2,3,6,"MEDIO",10,60,"III","MEJORABLE","NO APLICA","NO APLICA","*Continuar con el mantenimiento preventivo y correctivo de los ascensores","*Diseñar y socializar PON en caso de atrapamiento por mal funcionamiento del ascensor                                                        PLA-SIG-204 PLAN DE PREVENCIÓN, PREPARACIÓN Y RESPUESTA ANTE EMERGENCIAS.","Uso de EPP (Calzado de seguridad)"]
[null,null,null,null,"SI","Virus (cambio climatico)\n ","BIOLÓGICO","Malestar general","Ninguno","Limpieza y desinfección de áreas de trabajo   y en casa,  Control de aforo, señalización de advertencia.","Distanciamiento    físico, uso de mascarilla, lavado de manos constante.",2,3,6,"MEDIO",10,60,"III","MEJORABLE","NO APLICA","NO APLICA","NO APLICA","  *Promover frecuentemente el lavado de manos en personal de planta, contratistas y visitantes. En caso de no contar con agua y jabón, se debe proveer con desinfectantes para manos (gel antibacterial a base de alcohol).  *Disminución de la densidad laboral en áreas de trabajo o de ocupación de la entidad promoviendo el teletrabajo. *Mantener un stop de EPP  (mascarillas ) para dotación y recambio. *Establecer canales de comunicación individualizados y/o de grupo: correo electrónico, redes sociales, videoconferencia, teléfono para reuniones evitando la presencialidad. *Revisión y análisis de los perfiles epidemiológicos por cargo, estrategias motivación para que los funcionarios se  vacunen.   (PRO-SIG-202 Procedimiento administrativo de elementos EPP)","Uso permanente de mascarilla respiratoria. Uso periódico de productos para limpieza (agua y jabón) y  alcohol al 70%, mono gafas o careta."]
[null,null,null,null,"NO","Largas Jornadas Laborales y ausencia de descanso con altas temperaturas y radiciones altas por factor del CAMBIO CLIMATICO.","PSICOSOCIAL","Estrés, agotamiento por trabajo continuo, cansacio, fatiga, angustia, ansiedad, poca concentración y atención, somnolencia.","Ninguno","Ninguno","PVE- Riesgo psicosocial",2,3,6,"MEDIO",10,60,"III","MEJORABLE","NO APLICA","NO APLICA","NO APLICA","Introducir una rutina de tiempos detrabajo y de descanso para aquellos\ntrabajadores/as que estén expuestos a ambientes calurosos, Formación en primeros auxilios, para que puedan\nreconocer y tratar los primeros síntomas de desórdenes de salud ocasionados por una\nexposición a temperaturas extremadamente cálidas., Seguir a diario los boletines\nmeteorológicos y cambiar el horario de trabajo de gran exposición al calor\na horas más frescas del día., En trabajos a campo abierto, crear zonas descanso con carpas, Disponer de agua potable fría en lugares estratégicos y visibles, cercanos al área de trabajo.","NO SE REQUIERE"]
[null,null,null,null,"NO"," Temperaturas\nextremas (calor) porfactor de CAMBIO CLIMATICO","FISICO","Stress termico Agotamiento Mareos  Deshidratación Golpes de calor, lesiones en la piel, insolación, ","No aplica","Ninguno","Ninguno",2,3,6,"MEDIO",10,60,"III","MEJORABLE","NO APLICA","NO APLICA","NO APLICA","Todos los funcionarios que realicen desplazamientos fuera de la sede deben apalicar el Estándar de Seguridad \"EST-204\"., se recomienda hidratación continua, alimentación adecuada, Organización de los puestos de trabajo, limplementación de un programa de climatización.Sistemas de ventilación","Ropa de trabajo y equipos de\nprotección adecuados(camisa,\nmanga larga, pantalón largo,\ngorra o sombrero de ala ancha).\nSaber que la ropa protectora o el\nequipo de protección personal\npuede aumentar el riesgo del\nestrés por calor."]
[null,null,null,null,"NO"," Temperaturas\nextremas (calor Radiaciones No ionizantes) porfactor de CAMBIO CLIMATICO","FISICO","Stress termico Agotamiento Mareos  Deshidratación Golpes de calor, lesiones en la piel, dolor de cabeza.","No aplica","Ninguno","Protector Solar",2,3,6,"MEDIO",10,60,"III","MEJORABLE","NO APLICA","NO APLICA","NO APLICA","Todos los funcionarios que realicen desplazamientos fuera de la sede deben apalicar el Estándar de Seguridad \"EST-204\"., se recomienda hidratación continua, alimentación adecuada, Organización de los puestos de trabajo, limplementación de un programa de climatización.Sistemas de ventilación","Ropa de trabajo y equipos de\nprotección adecuados(camisa,\nmanga larga, pantalón largo,\ngorra o sombrero de ala ancha).\nSaber que la ropa protectora o el\nequipo de protección personal\npuede aumentar el riesgo del\nestrés por calor."]
[null,null,null,null,"NO","Inalación de Humos y Vapores\n (Incendios Forestales )por factor CAMBIO CLIMATICO","QUÍMICO","Asfixia, Dificultad para respirar, Ardor en los ojos, conjuntivitis, Alergias, Tos, irritación de la garganta, dolor de cabeza.","No aplica","Ninguno","Ninguno",2,3,6,"MEDIO",10,60,"III","MEJORABLE","NO APLICA","NO APLICA","NO APLICA","Aplicación PON para el manejo de incendios forestales, ver PLAN DE MERGENCIA PLA-SIG 204.","NO SE REQUIERE"]
[null,null,"PELIGROS QUE APLICAN A TRABAJO CON RESTRICCIONES DE SALUD O TRABAJO EN CASA",null,"SI","Postura Prolongada \n(Postura sedente más del 75% de la jornada laboral en trabajo con video terminales)","BIOMECÁNICO","*Dolor lumbar inespecífico\n*Espasmos musculares","Ninguno","Ninguno","Ninguno",2,3,6,"MEDIO",10,60,"III","MEJORABLE","NO APLICA","NO SE REQUIERE","NO SE REQUIERE","*Realizar visitas virtuales por parte del Grupo de SST para capacitar en higiene postural en casa.                                      PLAN ANUAL DE TRABAJO Y PIC.\n\n*Realizar pausas activas en el área.                                        INS-SIG-202 INSTRUCTIVO DE PAUSAS ACTIVAS SALUDABLES.                                                            \n\n*Continuar con las actividades del programa de vigilancia epidemiológico  para prevención de desordenes musculo esqueléticas asociadas al peligro biomecánico, para trabajo en casa.                                                                                       PGR-SIG-205 VIGILANCIA EPIDEMIOLÓGICA PARA LA PREVENCION DE DESÓRDENES MUSCULO-ESQUELÉTICOS.                                                                             ","NO APLICA"]
[null,null,null,null,"SI","Movimientos repetitivos  \n(Digitación - Escanear)","BIOMECÁNICO","Lesiones por trauma acumulativo en miembro superiores ( STC).\nSíndrome de Quervain","Ninguno","Ninguno","Ninguno",2,3,6,"MEDIO",10,60,"III","MEJORABLE","NO SE REQUIERE","NO SE REQUIERE","NO SE REQUIERE","*Se recomienda la implementación permanente de pausas activas durante la jornada laboral.                                              INS-SIG-202 INSTRUCTIVO DE PAUSAS ACTIVAS SALUDABLES.                                                                                                                                              ","NO APLICA"]
[null,null,null,null,"SI","Radiaciones No ionizantes                                   (Exposición permanente a pantallas del computador)","FÍSICO ","*Fatiga visual","Ninguno","Ninguno","Ninguno",2,3,6,"MEDIO",10,60,"III","MEJORABLE","NO APLICA","NO SE REQUIERE","NO SE REQUIERE","*Se recomienda la implementación permanente de pausas activas durante la jornada laboral.                                            INS-SIG-202 INSTRUCTIVO DE PAUSAS ACTIVAS SALUDABLES.                                                                                                                                             ","NO APLICA"]
[null,null,null,null,"NO","Locativo                                                                              (Cableado eléctrico desordenado en la zona adecuada para puesto de trabajo)","CONDICIONES DE SEGURIDAD","*Se potencializa el riesgo de accidentes por caídas. ","Ninguno","Ninguno","Ninguno",2,3,6,"MEDIO",10,60,"III","MEJORABLE","NO APLICA","NO SE REQUIERE","Se recomienda agrupar el cableado eléctrico faltante, utilizando espiral porta cable u otro mecanismo de canalización. ","Realizar inspecciones de seguridad para verificar estado de cableado del  área.                                                                                                                      PRO-SIG-203 PROCEDIMIENTO INSPECCIONES DE SST.       ","NO APLICA"]
[null,null,null,null,"NO","Picaduras - Mordeduras                             (Presencia de vectores e insectos dentro de la vivienda o zona destinada para laborar).","BIOLÓGICO","Infecciones","Ninguno","Ninguno","Ninguno",2,3,6,"MEDIO",10,60,"III","MEJORABLE","NO APLICA","NO APLICA","NO APLICA","* realizar una correcta inspección del área de trabajo para garantizar la NO presencia de vectores o insectos ponzoñoso . PRO-SIG-203 PROCEDIMIENTO INSPECCIONES DE SST. *Evitar las zona con acumulación de aguas estancadas.        PRO-SIG-206 REPORTE DE ACTOS Y CONDICIONES INSEGURAS.  ","NO APLICA"]
[null,null,null,null,"SI","Virus y Bacterias\n (Exposición a virus y bacterias debido al uso de superficies húmedas como baños, lavamanos y lavaplatos alberca)","BIOLÓGICO","*Dermatosis\n*Reacciones alérgicas\n*Enfermedades infecciosas\n*Infecciones respiratorias","Ninguno","Ninguno","Ninguno",2,3,6,"MEDIO",10,60,"III","MEJORABLE","NO APLICA","NO APLICA","NO APLICA","*Capacitar a los trabajadores en auto cuidado y la importancia del uso de los EPP.                                                                PRO-SIG-202 PROCEDIMIENTO ADMINISTRACIÓN DE ELEMENTOS DE EPP - PLAN ANUAL DE TRABAJO Y PIC.","*Uso de EPP (Guantes - Tapa bocas)"]
[null,null,null,null,"NO","Material particulado \n(Polvo en los documentos)","QUÍMICOS","*Enfermedades respiratorias\n*Infecciones virales \n*Alergias ","Ninguno","Ninguno","Ninguno",2,3,6,"MEDIO",10,60,"III","MEJORABLE","NO APLICA","NO APLICA","NO APLICA","*Realizar seguimiento del uso de los elementos de protección personal (Tapa bocas), cuando manipule archivo con polvo. PRO-SIG-202 PROCEDIMIENTO ADMINISTRACIÓN DE ELEMENTOS DE EPP.                                                                 ","*Uso de EPP ( Tapa bocas)"]
[null,null,null,null,"NO","Uso de elementos de desinfección\n(alcohol, gel antibactarial)","QUÍMICOS","\n*Alergias en piel o vías respiratorias.\n* Quemaduras ","Ninguno","Ninguno","Ninguno",2,3,6,"MEDIO",10,60,"III","MEJORABLE","NO APLICA","NO APLICA","NO APLICA","*Realizar seguimiento del uso de los elementos de protección personal (Tapa bocas), cuando manipule archivo con polvo. PRO-SIG-202 PROCEDIMIENTO ADMINISTRACIÓN DE ELEMENTOS DE EPP.                                                                ","*Uso de EPP ( Tapa bocas)"]
[null,null,null,null,"SI","Mecánico                                         (Manejo de Equipos y elementos de Oficina)","CONDICIONES DE SEGURIDAD","*Traumas de tejidos blandos (Laceración, contusión, heridas superficiales, etc.)       ","Ninguno","Ninguno","Ninguno",2,3,6,"MEDIO",10,60,"III","MEJORABLE","NO SE REQUIERE","NO SE REQUIERE","NO SE REQUIERE","*Continuar con el uso adecuado de los elementos de trabajo, realizar cambio de los elementos que se observen en mal estado.                                                                                    PRO-SIG-202 PROCEDIMIENTO ADMINISTRACIÓN DE ELEMENTOS DE EPP.     ","NO APLICA"]
[null,null,null,null,"SI","Deficiente ventilación (Las ventanas y persianas deben permanecer cerradas para evitar el ingreso de rayos solares)","FÍSICO                              ","*Disconfort por calor ambiental permanente","Ninguno","Ninguno","Ninguno",2,3,6,"MEDIO",10,60,"III","MEJORABLE","NO APLICA","NO SE REQUIERE","NO SE REQUIERE","Se recomienda contar con un área de ventilación natural o con ventilación artificial como ventiladores                                     PLA-SIG-206 RETORNO SEGURO AL TRABAJO.  ","NO APLICA"]
[null,null,null,null,"SI","Manipulación y desplazamiento de cargas\n(Documentos y cajas)","BIOMECÁNICO","Lesiones en columna\nEnfermedad discal\nEnfermedad lumbar ","Ninguno","Ninguno","Ninguno",2,3,6,"MEDIO",10,60,"III","MEJORABLE","NO SE REQUIERE","NO SE REQUIERE","NO SE REQUIERE","* Practicar higiene postural para el manejo de cargas. Evitar levantar mas de 10 Kg mujeres y 20 Kg Hombres.                   PGR-SIG-201 ESTILOS DE VIDA Y TRABAJO SALUDABLES.  ","NO APLICA"]
[null,null,null,null,"SI","Iluminación\n(Deficiente de iluminación natural o artificial en el sitio adecuado para laboral dentro de la vivienda)                                             ","FÍSICO ","*Fatiga visual","Ninguno","Ninguno","Ninguno",2,3,6,"MEDIO",10,60,"III","MEJORABLE","NO APLICA","Se recomienda adecuar zona de trabajo en lugar con iluminación adecuada (que no sea excesiva o deficiente). ","NO SE REQUIERE","Se recomienda adecuar el sitio de trabajo con iluminación adecuada.                                                                                 PRO-SIG-203 PROCEDIMIENTO INSPECCIONES DE SST.    ","NO APLICA"]
[null,null,null,null,"NO","Locativo\nSuperficies de trabajo  irregulares y  desniveladas, escaleras                                 (Desplazamiento en la vivienda)","CONDICIONES DE SEGURIDAD","*Golpes \n*Caídas\n*Fracturas","Ninguno","Ninguno","Ninguno",2,3,{"$f":"+L76*M76","v":6},{"$f":"IF(N76>=24,\"MUY ALTO\",IF(N76>=10,\"ALTO\",IF(N76>=6,\"MEDIO\",\"BAJO\")))","v":"MEDIO"},10,{"$f":"+N76*P76","v":60},{"$f":"IF(Q76>=600,\"I\",IF(Q76>=150,\"II\",IF(Q76>=40,\"III\",IF(Q76>=20,\"IV\"))))","v":"III"},{"$f":"IF(Q76>=600,\"NO ACEPTABLE\",IF(Q76>=150,\"ACEPTABLE CON CONTROL ESPECIFICO\",IF(Q76>=40,\"MEJORABLE\",IF(Q76>=20,\"ACEPTABLE\"))))","v":"MEJORABLE"},"NO APLICA","NO APLICA","NO APLICA","*Se recomienda uso de calzado adecuado y de tacón bajo según el área a visitar, con el fin de evitar caídas.                              EST-SIG-01 ESTANDAR DE SEGURIDAD PARA ACTIVIDADES FUERA DE LA SEDE.   ","Uso de calzado bajo "]
[null,null,null,null,"SI","Virus ","BIOLÓGICO","Malestar general","Ninguno","Ninguno","Ninguno",2,3,6,"MEDIO",10,60,"III","MEJORABLE","N.A","N.A","Trabajo en Casa","*Garantizar el autocuidado en Casa.                                             PGR-SIG-201 ESTILOS DE VIDA Y TRABAJO SALUDABLES.  \n*Participar en las reuniones de bioseguridad realizadas por el grupo de SST.                                                                           PLAN ANUAL DE TRABAJO Y PIC.\n*  Realizar constante desinfección y limpieza de los sitios de trabajo.                                                                                      PLA-SIG-206 RETORNO SEGURO AL TRABAJO.\n* Lavar las manos cada 3 horas.                                           ","*Uso de EPP ( Tapa bocas)guantes en látex C-35  ó neopreno, manguilla larga en limpieza de superficies. Uso periódico de productos para limpieza (agua y jabón) y para  sanitizado de manos (geles a base de alcohol al 70%), mono gafas o careta"]
[null,null,null,null,"SI","Público\n(Robos - Atracos - Asaltos - Agresiones verbales - Actos Violentos)","CONDICIONES DE SEGURIDAD","*Golpes\n*Agresiones verbales y físicas \n*Atentados violentos\n*Heridas\n*Muerte","Ninguno","Ninguno","Ninguno",2,2,4,"BAJO",100,400,"II","ACEPTABLE CON CONTROL ESPECIFICO","NO APLICA","NO APLICA","NO APLICA","*Socializar los planes contingencia para diferentes situaciones  de emergencia específicamente riesgo público.                       .    ","NO APLICA"]
[null,null,null,null,"NO","Erupción volcán Machín","FENÓMENOS NATURALES","Erupción del Volcán Machín","Ninguno","Ninguno","Ninguno",2,3,6,"MEDIO",10,60,"III","MEJORABLE","NO APLICA","NO APLICA","NO APLICA","Tener en cuenta las recomendaciones dadas en los medios de comunicación de la alcaldía y recomendaciones en el video del ejercicio de la simulación  el día nacional del simulacro                                  PLA-SIG-204 PLAN DE PREVENCIÓN, PREPARACIÓN Y RESPUESTA ANTE EMERGENCIAS.   ","NO APLICA"]
[null,null,null,null,"NO","Sismo - Terremoto","FENÓMENOS NATURALES","Erupción del Volcán Machín","Ninguno","Ninguno","Ninguno",2,3,6,"MEDIO",10,60,"III","MEJORABLE","NO APLICA","NO APLICA","NO APLICA","Tener en cuenta las recomendaciones dadas en los medios de comunicación de la alcaldía y recomendaciones en el video del ejercicio de la simulación  el día nacional del simulacro                                 PLA-SIG-204 PLAN DE PREVENCIÓN, PREPARACIÓN Y RESPUESTA ANTE EMERGENCIAS.   ","NO APLICA"]
[]
[null,null,null,null,"13. GESTIÓN AMBIENTAL",null,null,null,"SISTEMA GESTIÓN SST"]

{"sheet":"5. GESTIÓN SOCIAL","index":29,"n_rows":90,"n_cols":24,"rows_kept":90,"cut":false,"hidden":true,"merged":[[42,3,45,3],[10,2,38,2],[22,3,25,3],[22,4,25,4],[26,3,29,3],[26,4,29,4],[30,3,32,3],[10,3,21,3],[10,4,21,4],[42,4,45,4],[33,3,38,3],[33,4,38,4],[39,2,45,2],[39,3,41,3],[39,4,41,4],[7,2,7,3],[7,4,7,23],[8,2,9,2],[8,7,9,7],[8,8,8,10],[8,11,8,17],[8,4,9,4],[8,5,8,6],[8,3,9,3],[8,19,8,23],[2,2,5,2],[2,3,3,21],[2,23,5,23],[4,3,5,21],[6,20,6,21],[6,22,6,23],[46,2,70,3],[89,4,90,6],[89,18,90,20],[89,22,90,22],[89,8,90,10],[89,12,90,16],[71,2,87,3]]}
[]
[]
[null,null,null,"PROCESO: SISTEMA INTEGRADO DE GESTIÓN",null,null,null,null,null,null,null,null,null,null,null,null,null,null,null,null,null,null,"Código: FOR-221-PRO-SIG"]
[null,null,null,null,null,null,null,null,null,null,null,null,null,null,null,null,null,null,null,null,null,null,"Versión: 04"]
[null,null,null,"FORMATO: \nIDENTIFICACIÓN DE PELIGROS, EVALUACIÓN Y VALORACIÓN DE LOS RIESGOS \nALCALDÍA MUNICIPAL DE IBAGUÉ",null,null,null,null,null,null,null,null,null,null,null,null,null,null,null,null,null,null,"Fecha: 27/05/2022"]
[null,null,null,null,null,null,null,null,null,null,null,null,null,null,null,null,null,null,null,null,null,null,"Página: 1"]
[null,null,"FECHAS DE ACTUALIZACIÓN: ","2019-02-22","2019-03-09","2019-09-02","2019-09-11","2019-09-24","2019-10-30","2020-07-22","2021-04-09","2022-05-27","2023-07-07","2024-06-24"]
[null,null,"PROCESO:",null,"5. GESTIÓN SOCIAL Y COMUNITARIA"]
[null,null,"1. PROCESO ADMINISTRATIVO / OPERATIVO","2. ACTIVIDADES","3. TAREA RUTINARIO (SI O NO)","PELIGRO",null,"6. EFECTOS POSIBLES\n(Salud - Seguridad)","CONTROLES EXISTENTES",null,null,"EVALUACIÓN DEL RIESGO",null,null,null,null,null,null,"VALORACIÓN DEL RIESGO","MEDIDAS DE INTERVENCIÓN"]
[null,null,null,null,null,"4. DESCRIPCIÓN","5. CLASIFICACIÓN",null,"7. FUENTE","8. MEDIO","9. INDIVIDUO","10. NIVEL DE DEFICIENCIA","11. NIVEL DE EXPOSICIÓN","12. NIVEL DE PROBABILIDAD ND X NE","13. INTERPRETACIÓN DEL NIVEL DE PROBABILIDAD","14. NIVEL DE CONSECUENCIA","15. NIVEL DE RIESGO NR E INTERVENCIÓN","16. INTERPRETACIÓN DEL NR","17. ACEPTABILIDAD DEL RIESGO","18 ELIMINACIÓN","19. SUSTITUCIÓN","20. CONTROLES DE INGENIERIA","21. CONTROLES ADMINISTRATIVOS, SEÑALIZACIÓN, ADVERTENCIA","22. ELEMENTOS DE PROTECCIÓN PERSONAL"]
[null,null,"ADMINISTRATIVO","ACTIVIDAD PLANEACIÓN, ELABORACIÓN Y EJECUCION DE DOCUMENTOS. USO DE HERRAMIENTAS TECNOLOGICAS Y VIDEO TERMINALES. INTERACCIONES LABORALES Y ADMINISTRATIVAS (ATENCIÓN AL CIDADANO); APLICA PARA FUNCIONARIOS DE PLANTA Y/O CONTRATO","SI","Postura Prologada: Postura sedente  durante la jornada de trabajo, silla en mal estado","BIOMECÁNICO","*Enfermedad  lumbar inespecífica\n*Espasmos musculares       *Problemas circulatorios en miembros inferiores","No aplica","Puesto de trabajo con silla ajustable de espaldar, altura y profundidad, uso de descansa pies","Implementación y direccionamiento  de pausas activas al personal, exámenes médicos ocupacionales, capacitación con relación al riesgos",2,2,{"$f":"+L11*M11","v":4},{"$f":"IF(N11>=24,\"MUY ALTO\",IF(N11>=10,\"ALTO\",IF(N11>=6,\"MEDIO\",\"BAJO\")))","v":"BAJO"},60,{"$f":"+N11*P11","v":240},{"$f":"IF(Q11>=600,\"I\",IF(Q11>=150,\"II\",IF(Q11>=40,\"III\",IF(Q11>=20,\"IV\"))))","v":"II"},{"$f":"IF(Q11>=600,\"NO ACEPTABLE\",IF(Q11>=150,\"ACEPTABLE CON CONTROL ESPECIFICO\",IF(Q11>=40,\"MEJORABLE\",IF(Q11>=20,\"ACEPTABLE\"))))","v":"ACEPTABLE CON CONTROL ESPECIFICO"},"NO APLICA","NO SE REQUIERE","NO SE REQUIERE","*Implementar programa de mantenimiento de las sillas.                                                                                        Realizar campaña donde se le brinde al personal información como: partes de una silla y descasa pies y su  modo de uso.  PGR-SIG-204 ORDEN Y ASEO.. *Sensibilizar sobre la importancia de las pausas activas. INS-SIG-202 INSTRUCTIVO DE PAUSAS ACTIVAS SALUDABLES. ","NO APLICA"]
[null,null,null,null,null,"Movimientos repetitivos  \nDigitación, sujeción de objetos, manipulación de herramientas manuales","BIOMECÁNICO","*Síndrome del túnel carpiano                      *Síndrome de Quervaín","No aplica","Ninguno","Implementación y direccionamiento  de pausas activas al personal, exámenes médicos ocupacionales, capacitación con relación al riesgos",2,3,{"$f":"+L12*M12","v":6},{"$f":"IF(N12>=24,\"MUY ALTO\",IF(N12>=10,\"ALTO\",IF(N12>=6,\"MEDIO\",\"BAJO\")))","v":"MEDIO"},60,{"$f":"+N12*P12","v":360},{"$f":"IF(Q12>=600,\"I\",IF(Q12>=150,\"II\",IF(Q12>=40,\"III\",IF(Q12>=20,\"IV\"))))","v":"II"},{"$f":"IF(Q12>=600,\"NO ACEPTABLE\",IF(Q12>=150,\"ACEPTABLE CON CONTROL ESPECIFICO\",IF(Q12>=40,\"MEJORABLE\",IF(Q12>=20,\"ACEPTABLE\"))))","v":"ACEPTABLE CON CONTROL ESPECIFICO"},"NO SE REQUIERE","NO SE REQUIERE","NO SE REQUIERE","*Continuar con las medidas actuales                             *Sensibilizar sobre la importancia de las pausas activas.      INS-SIG-202 INSTRUCTIVO DE PAUSAS ACTIVAS SALUDABLES.                                                                              *Implementar el SVE para DME donde se tenga en cuenta el personal contratista. ","NO APLICA"]
[null,null,null,null,null,"Esfuerzo: Plano de trabajo insuficiente  para colocar a partir del tercio medio del ante brazo  por ubicación inadecuada de CPU","BIOMECÁNICO","*Síndrome del túnel carpiano                      *Síndrome de Quervaín","Suministro de puesto de trabajo","No aplica","Implementación y direccionamiento  de pausas activas al personal, exámenes médicos ocupacionales, capacitación con relación al riesgos",2,3,6,"MEDIO",25,150,"II",{"$f":"IF(Q13>=600,\"NO ACEPTABLE\",IF(Q13>=150,\"ACEPTABLE CON CONTROL ESPECIFICO\",IF(Q13>=40,\"MEJORABLE\",IF(Q13>=20,\"ACEPTABLE\"))))","v":"ACEPTABLE CON CONTROL ESPECIFICO"},"NO REQUIERE","*Reubicar CPU de manera que  se despeje el plano de trabajo lo  cual permita colocar a partir del tercio medio del ante brazo","NO APLICA","*Continuar con las medidas actuales                                  *Realizar campaña por las diferentes áreas donde se le brinde información al personal sobre como acomodar  los elementos de trabajo (pantalla, mouse, teclado, CPU, silla, etc.) PGR-SIG-204 ORDEN Y ASEO..","NO APLICA"]
[null,null,null,null,null,"Movimientos repetitivos  \nDigitación, sujeción de objetos, manipulación de herramientas manuales, señas para interpretación de técnico operativo","BIOMECÁNICO","*Síndrome del túnel carpiano                      *Síndrome de Quervaín","No aplica","Ninguno","Implementación y direccionamiento  de pausas activas al personal, exámenes médicos ocupacionales, capacitación con relación al riesgos",2,3,{"$f":"+L14*M14","v":6},"MEDIO",60,{"$f":"+N14*P14","v":360},{"$f":"IF(Q14>=600,\"I\",IF(Q14>=150,\"II\",IF(Q14>=40,\"III\",IF(Q14>=20,\"IV\"))))","v":"II"},{"$f":"IF(Q14>=600,\"NO ACEPTABLE\",IF(Q14>=150,\"ACEPTABLE CON CONTROL ESPECIFICO\",IF(Q14>=40,\"MEJORABLE\",IF(Q14>=20,\"ACEPTABLE\"))))","v":"ACEPTABLE CON CONTROL ESPECIFICO"},"NO SE REQUIERE","NO SE REQUIERE","NO SE REQUIERE","*Continuar con las medidas actuales               *Sensibilizar sobre la importancia de las pausas activas INS-SIG-202 INSTRUCTIVO DE PAUSAS ACTIVAS SALUDABLES.     .                                          *Implementar el SVE para DME donde se tenga en cuenta el personal contratista  ","NO APLICA"]
[null,null,null,null,null,"Esfuerzo: Ubicación inadecuada de elementos de trabajo (pantalla)","BIOMECÁNICO","*Enfermedad discal *Dolores cervicales","Ninguno","Silla ajustable de espaldar, altura y profundidad","Implementación y direccionamiento  de pausas activas al personal, exámenes médicos ocupacionales, capacitación con relación al riesgos",2,3,{"$f":"+L15*M15","v":6},"MEDIO",60,{"$f":"+N15*P15","v":360},{"$f":"IF(Q15>=600,\"I\",IF(Q15>=150,\"II\",IF(Q15>=40,\"III\",IF(Q15>=20,\"IV\"))))","v":"II"},{"$f":"IF(Q15>=600,\"NO ACEPTABLE\",IF(Q15>=150,\"ACEPTABLE CON CONTROL ESPECIFICO\",IF(Q15>=40,\"MEJORABLE\",IF(Q15>=20,\"ACEPTABLE\"))))","v":"ACEPTABLE CON CONTROL ESPECIFICO"},"NO SE REQUIERE","*Reubicar  pantalla teniendo en cuenta que el borde de la pantalla debe  quedar  a nivel de los ojos conservando la línea de visión","NO SE REQUIERE","*Continuar con las medidas actuales               *Sensibilizar sobre la importancia de las pausas activas.        INS-SIG-202 INSTRUCTIVO DE PAUSAS ACTIVAS SALUDABLES.                                       *Implementar el SVE para DME                                                        ","NO APLICA"]
[null,null,null,null,null,"Radiaciones No ionizantes                                   (Exposición a pantallas del computador)","FÍSICO ","*Fatiga visual","Uso de pantalla antirreflejo","Diseño del sistema (puesto) de trabajo adecuado.","Ninguno",2,3,6,"MEDIO",25,150,"II",{"$f":"IF(Q16>=600,\"NO ACEPTABLE\",IF(Q16>=150,\"ACEPTABLE CON CONTROL ESPECIFICO\",IF(Q16>=40,\"MEJORABLE\",IF(Q16>=20,\"ACEPTABLE\"))))","v":"ACEPTABLE CON CONTROL ESPECIFICO"},"NO APLICA","NO SE REQUIERE","NO SE REQUIERE","*Se recomienda la implementación permanente de pausas activas durante la jornada laboral. INS-SIG-202 INSTRUCTIVO DE PAUSAS ACTIVAS SALUDABLES.     Continuar con las inspecciones de seguridad. Reinducción SST                                                                                                                   PRO-SIG-203 PROCEDIMIENTO INSPECCIONES DE SST.                                                                                                                            ","NO APLICA"]
[null,null,null,null,null,"Locativo: Canaleta suelta en el área","CONDICIONES DE SEGURIDAD","*Contacto eléctrico            *Deterioro de las instalaciones","Ninguno","Ninguno","Ninguno",2,3,6,"MEDIO",25,150,"II","ACEPTABLE CON CONTROL ESPECIFICO","NO  SE REQUIERE","NO SE REQUIERE","*Realizar el mantenimiento correctivo a la canaleta       ","*Sensibilizar al personal sobre la importancia de la realización del reporte de las  condiciones inseguras             PRO-SIG-206 REPORTE DE ACTOS Y CONDICIONES INSEGURAS.  ","NO APLICA"]
[null,null,null,null,null,"Locativo: Cableado de conexión de equipos desorganizados","CONDICIONES DE SEGURIDAD","*Incidentes                       *Perdida de información","Ninguno","Ninguno","Ninguno",2,3,6,"MEDIO",25,150,"II","ACEPTABLE CON CONTROL ESPECIFICO","NO REQUIERE","NO REQUIERE","*Instalar espiral o entorchado para cableado","Realizar reinducción SST. REALIZAR JORNADA DE ORDEN Y ASEO.                                                                                                  Inspecciones de seguridad                                                               PRO-SIG-203 PROCEDIMIENTO INSPECCIONES DE SST. ","NO APLICA"]
[null,null,null,null,null,"Mecánico: Uso de herramientas manuales como: saca ganchos, perforadora, cosedora, etc.","CONDICIONES DE SEGURIDAD","*Cortes, laceraciones                               *Pinchazos","*Cambio y reposición de herramientas","Ninguno","Recomendaciones inducción y reinducción",2,3,6,"MEDIO",25,150,"II","ACEPTABLE CON CONTROL ESPECIFICO","NO SE REQUIERE","NO SE REQUIERE","NO SE REQUIERE","*Sensibilizar al personal sobre la importancia del cambio de la herramienta cuando presente daños o averías.            PRO-SIG-206 REPORTE DE ACTOS Y CONDICIONES INSEGURAS.                                                                                                *Por medio de formato en el  área encargada de entregar la papelería, herramientas, etc.  llevar trazabilidad del cambio. (seria importante estudiar la posibilidad de solicitar la herramienta en mal estado para asegurar el no uso de la misma ). PRO-SIG-206 REPORTE DE ACTOS Y CONDICIONES INSEGURAS.                                                     Reinducción SST                                                                                    PRO-SIG-203 PROCEDIMIENTO INSPECCIONES DE SST.","NO APLICA"]
[null,null,null,null,null,"Locativo: Cableado de conexión de equipos desorganizados","CONDICIONES DE SEGURIDAD","*Incidentes                       *Perdida de información","Ninguno","Ninguno","Ninguno",2,3,6,"MEDIO",25,150,"II","ACEPTABLE CON CONTROL ESPECIFICO","NO REQUIERE","NO REQUIERE","*Instalar espiral o entorchado para cableado","Capacitación en orden y aseo.                                                         PGR-SIG-204 ORDEN Y ASEO - PLAN ANUAL DE TRABAJO Y PIC.                                                    Realizar inspecciones de seguridad de manera periódica.                                      Reinducción SST PRO-SIG-203 PROCEDIMIENTO INSPECCIONES DE SST.","NO APLICA"]
[null,null,null,null,null,"Locativo: Ingreso de agua por ventanales en época de lluvia según información del personal ","CONDICIONES DE SEGURIDAD","*Daño a los equipos y al proceso","Ninguno","Ninguno","Ninguno",2,3,6,"MEDIO",25,150,"II","ACEPTABLE CON CONTROL ESPECIFICO","NO APLICA","*Estudiar posibilidad de instalar entre la unión de los vidrios de la ventana silicona ","*Verificar mediante inspección la condición actual de las ventanas","Realizar inspecciones. Inducción de SST                                        PRO-SIG-203 PROCEDIMIENTO INSPECCIONES DE SST.","NO SE REQUIERE"]
[null,null,null,null,null,"Mecánico                                         (Manejo de Equipos de Oficina, Cosedoras)","CONDICIONES DE SEGURIDAD","Traumas de tejidos blandos (laceración, contusión, etc.)       ","Ninguno","Cámaras de seguridad","Reinducción SST. Personal brigadista capacitado ",2,3,6,"MEDIO",25,150,"II","ACEPTABLE CON CONTROL ESPECIFICO","NO APLICA","NO APLICA","NO APLICA","*Continuar con el uso  adecuado de elementos manuales para oficina.                                                                                                PRO-SIG-202 PROCEDIMIENTO ADMINISTRACIÓN DE ELEMENTOS DE EPP. ","NO APLICA"]
[null,null,null,"UAO; FUNCIONARIOS DE PLANTA Y/O CONTRATO","SI","Temperaturas                   (Calor Ambiental)","FÍSICO","Cansancio, fatiga, cefalea, agotamiento físico","Ninguno","Ninguno","Ninguno",2,3,{"$f":"L23*M23","v":6},"MEDIO",25,{"$f":"N23*P23","v":150},{"$f":"IF(Q23>=600,\"I\",IF(Q23>=150,\"II\",IF(Q23>=40,\"III\",IF(Q23>=20,\"IV\"))))","v":"II"},"ACEPTABLE CON CONTROL ESPECIFICO","NO APLICA","NO APLICA","NO APLICA","*Se sugiere instalar ventilación en el área.                                                  PLA-SIG-206 RETORNO SEGURO AL TRABAJO.      ","NO APLICA"]
[null,null,null,null,null,"Material particulado                      Polvo acumulado en áreas  y superficies de trabajo","QUÍMICOS","Infecciones virales, alergias, intoxicaciones.","Ninguno","Ninguno","Ninguno",2,3,6,"MEDIO",25,150,{"$f":"IF(Q24>=600,\"I\",IF(Q24>=150,\"II\",IF(Q24>=40,\"III\",IF(Q24>=20,\"IV\"))))","v":"II"},"ACEPTABLE CON CONTROL ESPECIFICO","NO APLICA","NO APLICA","NO APLICA","*Realizar seguimiento de la toma periódica de espirometrías al personal expuesto al material particulado.                                        PRO-SIG-201 PROCEDIMIENTO EXÁMENES OCUPACIONALES. ","*Uso de EPP (tapa bocas.)"]
[null,null,null,null,null,"Esfuerzo visual                                   por consulta y digitación de datos e información.                                       ","BIOMECÁNICO","Cansancio visual, exacerbación de problemas visuales previos","Ninguno","Ninguno","Inducción- reinducción ",2,3,6,"MEDIO",60,360,{"$f":"IF(Q25>=600,\"I\",IF(Q25>=150,\"II\",IF(Q25>=40,\"III\",IF(Q25>=20,\"IV\"))))","v":"II"},"ACEPTABLE CON CONTROL ESPECIFICO","NO APLICA","NO APLICA","NO APLICA","*Implementar el programa de pausas activas                                  INS-SIG-202 INSTRUCTIVO DE PAUSAS ACTIVAS SALUDABLES.","NO APLICA"]
[null,null,null,null,null,"Eléctrico -                                Baja tensión.                           (Cableado de computadores expuestos por el área)","CONDICIONES DE SEGURIDAD","Se potencializa el riesgo de incendio y accidentes por caídas. ","Ninguno","Ninguno","Inducción- reinducción ",2,3,6,"MEDIO",25,150,{"$f":"IF(Q26>=600,\"I\",IF(Q26>=150,\"II\",IF(Q26>=40,\"III\",IF(Q26>=20,\"IV\"))))","v":"II"},"ACEPTABLE CON CONTROL ESPECIFICO","NO APLICA","NO APLICA","NO APLICA","*Agrupar el cableado eléctrico, utilizando espiral porta cable  y/o canaleta.            PGR-SIG-204 ORDEN Y ASEO.","NO APLICA"]
[null,null,null,"CASA DE JUVENTUDES ; FUNCIONARIOS DE PLANTA Y/O CONTRATO","SI","Iluminación \n(Deficiente por luminarias en mal estado)                                                 ","FÍSICO ","*Fatiga visual\n*Daños a la visión (Sequedad en los ojos - ojo enrojecido)","No aplica","Ninguno","Inducción- reinducción ",2,3,6,"MEDIO",25,150,{"$f":"IF(ISBLANK(P27),\" \",IF(Q27>=600,\"I\",IF(Q27>=150,\"II\",IF(Q27>=40,\"III\",IF(Q27>=20,\"IV\")))))","v":"II"},"ACEPTABLE CON CONTROL ESPECIFICO","NO APLICA","NO SE REQUIERE","NO SE REQUIERE","*Se recomienda realizar cambio de las luminarias que están en mal estado                                                                                                                   PGR-SIG-204 ORDEN Y ASEO.","NO APLICA"]
[null,null,null,null,null,"Orden y aseo                           (Cableado eléctrico de equipo de computo expuesto)","CONDICIONES DE SEGURIDAD","*En caso de cortos, puede generarse electrocución \n*Se potencializa el riesgo de incendio y accidentes por caídas. ","Ninguno","Ninguno","Inducción- reinducción ",2,3,6,"MEDIO",25,150,{"$f":"IF(ISBLANK(P28),\" \",IF(Q28>=600,\"I\",IF(Q28>=150,\"II\",IF(Q28>=40,\"III\",IF(Q28>=20,\"IV\")))))","v":"II"},"ACEPTABLE CON CONTROL ESPECIFICO","NO APLICA","NO SE REQUIERE","Se recomienda agrupar el cableado eléctrico faltante, utilizando espiral porta cable. ","Realizar inspecciones de seguridad para verificar estado de cableado del  área.                                                                                                                      PRO-SIG-203 PROCEDIMIENTO INSPECCIONES DE SST.       ","NO APLICA"]
[null,null,null,null,null,"Locativo - Infraestructura\nInstalaciones en mal estado \n(Humedad en el techo)","CONDICIONES DE SEGURIDAD","*Colapso de instalaciones \n*Enfermedades respiratorias","Ninguno","Ninguno","Inducción- reinducción ",2,3,6,"MEDIO",25,150,{"$f":"IF(ISBLANK(P29),\" \",IF(Q29>=600,\"I\",IF(Q29>=150,\"II\",IF(Q29>=40,\"III\",IF(Q29>=20,\"IV\")))))","v":"II"},"ACEPTABLE CON CONTROL ESPECIFICO","NO SE REQUIERE","NO SE REQUIERE","Se recomienda realizar mantenimiento correctivo a las instalaciones locativas, con el fin de eliminar la humedad del área","Realizar inspecciones de seguridad para verificar controles de ingeniería PRO-SIG-203 PROCEDIMIENTO INSPECCIONES DE SST.       ","NO APLICA"]
[null,null,null,null,null,"Locativo\nInstalaciones en mal estado \n(Grietas en las paredes)\n","CONDICIONES DE SEGURIDAD","*Colapso de instalaciones \n*Atención tardía en caso de emergencias \n*Dificultad en la evacuación en caso de una emergencia. ","Ninguno","Ninguno","Inducción- reinducción ",2,3,6,"MEDIO",25,150,{"$f":"IF(Q30>=600,\"I\",IF(Q30>=150,\"II\",IF(Q30>=40,\"III\",IF(Q30>=20,\"IV\"))))","v":"II"},"ACEPTABLE CON CONTROL ESPECIFICO","NO SE REQUIERE","NO SE REQUIERE","Se recomienda realizar mantenimiento correctivo a las instalaciones que están en mal estado. ","Realizar inspecciones de seguridad para verificar controles de ingeniería PRO-SIG-203 PROCEDIMIENTO INSPECCIONES DE SST.       ","NO APLICA"]
[null,null,null,"CASA SOCIAL ; APLICA PARA FUNCIONARIOS DE PLANTA Y/O CONTRATO","SI","Temperaturas                   (Calor Ambiental)","FÍSICO","Cansancio, fatiga, cefalea, agotamiento físico","Ninguno","Ninguno","Inducción- reinducción ",2,3,6,"MEDIO",25,150,{"$f":"IF(Q31>=600,\"I\",IF(Q31>=150,\"II\",IF(Q31>=40,\"III\",IF(Q31>=20,\"IV\"))))","v":"II"},"ACEPTABLE CON CONTROL ESPECIFICO","NO APLICA","NO APLICA","NO APLICA","*Instalación de ventiladores PLA-SIG-206 RETORNO SEGURO AL TRABAJO.  - reinducción SST                                                                                                     PRO-SIG-203 PROCEDIMIENTO INSPECCIONES DE SST.      ","NO APLICA"]
[null,null,null,null,"SI","Locativo - arboles cerca de infraestructura ","CONDICIONES DE SEGURIDAD","*Colapso de instalaciones \n","Ninguno","Ninguno","Inducción- reinducción ",2,3,6,"MEDIO",25,150,{"$f":"IF(Q32>=600,\"I\",IF(Q32>=150,\"II\",IF(Q32>=40,\"III\",IF(Q32>=20,\"IV\"))))","v":"II"},"ACEPTABLE CON CONTROL ESPECIFICO","NO SE REQUIERE","NO SE REQUIERE","NO APLICA","Realizar inspecciones de seguridad para verificar controles de ingeniería ( poda de arboles)  PRO-SIG-203 PROCEDIMIENTO INSPECCIONES DE SST. Poda de arboles cuando se requiera     ","NO APLICA"]
[null,null,null,null,"SI","Locativo - Escaleras sin barandas ","CONDICIONES DE SEGURIDAD","*golpes, caídas, laceraciones \n","Ninguno","señalización de advertencia ","Inducción- reinducción - capacitación en prevención de caídas",2,3,6,"MEDIO",25,150,{"$f":"IF(Q33>=600,\"I\",IF(Q33>=150,\"II\",IF(Q33>=40,\"III\",IF(Q33>=20,\"IV\"))))","v":"II"},"ACEPTABLE CON CONTROL ESPECIFICO","NO SE REQUIERE","NO SE REQUIERE","Instalación de barandas en escaleras y bandas antideslizantes ","Inspección periódica, para verificar condiciones de seguridad, capacitación en prevención de caídas  PGR-SIG-203-PROGRAMA PROTECCIÓN CONTRA CAÍDAS.Instalación de barandas en escaleras y bandas antideslizantes                           - reinducción SST                                                                                                    PRO-SIG-203 PROCEDIMIENTO INSPECCIONES DE SST.                ","NO APLICA"]
[null,null,null,"TRANSFERENCIAS DOCUMENTALES. MANEJO DE CORRESPONDENCIA. ACTIVIDAD MANEJO DE ARCHIVO; APLICA PARA  FUNCIONARIOS DE PLANTA Y/O CONTRATO ","SI","Postura Prologada: Postura sedente  durante la jornada de trabajo","BIOMECÁNICO","*Enfermedad  lumbar inespecífica\n*Espasmos musculares       *Problemas circulatorios en miembros inferiores","No aplica","Puesto de trabajo con silla ajustable de espaldar, altura y profundidad, uso de descansa pies","Implementación y direccionamiento  de pausas activas al personal, exámenes médicos ocupacionales, capacitación con relación al riesgos",2,3,6,"MEDIO",25,150,"II","ACEPTABLE CON CONTROL ESPECIFICO","NO APLICA","NO SE REQUIERE","NO SE REQUIERE","*Implementar programa de mantenimiento de las sillas.                PGR-SIG-204 ORDEN Y ASEO.                                                                                      Realizar campaña donde se le brinde al personal información como: partes de una silla y descasa pies y su  modo de uso.                      PGR-SIG-201 ESTILOS DE VIDA Y TRABAJO SALUDABLES.  *Sensibilizar sobre la importancia de las pausas activas.                                               INS-SIG-202 INSTRUCTIVO DE PAUSAS ACTIVAS SALUDABLES.","NO APLICA"]
[null,null,null,null,null,"Movimientos repetitivos  \nDigitación, sujeción de objetos","BIOMECÁNICO","*Síndrome del túnel carpiano                      *Síndrome de Quervaín","No aplica","Ninguno","Implementación y direccionamiento  de pausas activas al personal, exámenes médicos ocupacionales, capacitación con relación al riesgos",2,3,6,"MEDIO",60,360,"II","ACEPTABLE CON CONTROL ESPECIFICO","NO SE REQUIERE","NO SE REQUIERE","NO SE REQUIERE","*Continuar con las medidas actuales               *Sensibilizar sobre la importancia de las pausas activas.                                                  INS-SIG-202 INSTRUCTIVO DE PAUSAS ACTIVAS SALUDABLES.                                        *Implementar el SVE para DME donde se tenga en cuenta el personal contratista                                                                          ","NO APLICA"]
[null,null,null,null,null,"Manipulación de cargas elevar: Manipulación de archivo 5 kilos aproximadamente según información trabajador","BIOMECÁNICO","*Enfermedad  lumbar inespecífica\n*Espasmos musculares       ","No aplica","Ninguno","Implementación y direccionamiento  de pausas activas al personal, exámenes médicos ocupacionales, capacitación con relación al riesgos",2,3,6,"MEDIO",60,360,"II","ACEPTABLE CON CONTROL ESPECIFICO","NO SE REQUIERE","NO SE REQUIERE","NO SE REQUIERE","*Continuar con las medidas actuales                                      *Sensibilizar sobre la importancia de las pausas activas.                   INS-SIG-202 INSTRUCTIVO DE PAUSAS ACTIVAS SALUDABLES.                                   *Implementar el SVE para DME donde se tenga en cuenta el personal contratista                                                                                                       *Capacitar en higiene postural y manejo adecuado de cargas              PGR-SIG-201 ESTILOS DE VIDA Y TRABAJO SALUDABLES. ","NO APLICA"]
[null,null,null,null,null,"Radiaciones No ionizantes                                   (Exposición a pantallas del computador)","FÍSICO ","*Fatiga visual","Uso de pantalla antirreflejo","Diseño del sistema (puesto) de trabajo adecuado.","Ninguno",2,3,6,"MEDIO",25,150,"II","ACEPTABLE CON CONTROL ESPECIFICO","NO APLICA","NO SE REQUIERE","NO SE REQUIERE","*Se recomienda la implementación permanente de pausas activas durante la jornada laboral.                                                          INS-SIG-202 INSTRUCTIVO DE PAUSAS ACTIVAS SALUDABLES.                                                     Reinducción SST                                                                         PRO-SIG-203 PROCEDIMIENTO INSPECCIONES DE SST.                                                                                                                                          ","NO APLICA"]
[null,null,null,null,null,"Mecánico: Uso de herramientas manuales como: saca ganchos, perforadora, cosedora, etc.","CONDICIONES DE SEGURIDAD","*Cortes, laceraciones                               *Pinchazos","*Cambio y reposición de herramientas","Ninguno","Ninguno",2,3,6,"MEDIO",25,150,"II","ACEPTABLE CON CONTROL ESPECIFICO","NO SE REQUIERE","NO SE REQUIERE","NO SE REQUIERE","*Sensibilizar al personal sobre la importancia del cambio de la herramienta cuando presente daños o averías.                                PRO-SIG-206 REPORTE DE ACTOS Y CONDICIONES INSEGURAS.                                                *Por medio de formato en el  área encargada de entregar la papelería, herramientas, etc.  llevar trazabilidad del cambio. (seria importante estudiar la posibilidad de solicitar la herramienta en mal estado para asegurar el no uso de la misma )                                                PRO-SIG-206 REPORTE DE ACTOS Y CONDICIONES INSEGURAS.      ","NO APLICA"]
[null,null,null,null,null,"Manipulación de cargas Elevar:   Manejo de archivo de gestión","BIOMECÁNICO","*Enfermedad  lumbar inespecífica\n*Espasmos musculares       *Problemas circulatorios en miembros inferiores","No aplica","Ninguno","Implementación y direccionamiento  de pausas activas al personal, exámenes médicos ocupacionales, capacitación con relación al riesgos",2,3,6,"MEDIO",25,150,"II","ACEPTABLE CON CONTROL ESPECIFICO","NO APLICA","NO SE REQUIERE","NO SE REQUIERE","*Sensibilizar sobre la importancia de las pausas activas.                   INS-SIG-202 INSTRUCTIVO DE PAUSAS ACTIVAS SALUDABLES.              *Capacitar en manejo adecuado de cargas.      PLAN ANUAL DE TRABAJO Y PIC.","NO APLICA"]
[null,null,"OPERATIVO","ACTIVIDAD DESPLAZAMIENTO A EVENTOS Y REUNIONES INSTITUCIONALES,  INSPECCIONES, VISITAS TÉCNICAS (DE CAMPO), ACTIVIDADES DE BIENESTAR Y CULTURALES FUERA DE LA SEDE; APLICA PARA FUNCIONARIOS DE PLANTA Y/O CONTRATO","SI","Postura Bípeda: Postura bípeda, por realización de actividades en comunidades","BIOMECÁNICO","*Enfermedad  lumbar inespecífica\n*Espasmos musculares       *Problemas circulatorios en miembros inferiores","No aplica","No aplica","Implementación y direccionamiento  de pausas activas al personal, exámenes médicos ocupacionales, capacitación con relación al riesgos",2,3,6,"MEDIO",60,360,"II","ACEPTABLE CON CONTROL ESPECIFICO","NO APLICA","NO SE REQUIERE","NO SE REQUIERE","*Direccionar y sensibilizar sobre la importancia de las pausas activas     INS-SIG-202 INSTRUCTIVO DE PAUSAS ACTIVAS SALUDABLES.","NO APLICA"]
[null,null,null,null,null,"Locativo: Superficies irregulares ","CONDICIONES DE SEGURIDAD","*Golpes                                *Caídas, Contusiones        *Fracturas","Ninguno","Ninguno","Recomendaciones inducción y reinducción",2,3,6,"MEDIO",25,150,"II","ACEPTABLE CON CONTROL ESPECIFICO","NO REQUIERE","NO REQUIERE","NO REQUIERE","Recomendaciones en reinducción. Capacitación en prevención de caídas a nivel.                                                                             PLAN ANUAL DE TRABAJO Y PIC.","*uso de EPP(Zapatos livianos, ergonómicos que generen confort)"]
[null,null,null,null,null,"Mecánico: Golpes con objetos en visitas ","CONDICIONES DE SEGURIDAD","*Golpes\n*Heridas                    *contusiones                     ","Ninguno","Ninguno","Ninguno",2,3,6,"MEDIO",25,150,"II","ACEPTABLE CON CONTROL ESPECIFICO","NO APLICA","NO APLICA","NO APLICA","*Reinducción SST.                                                                       PRO-SIG-203 PROCEDIMIENTO INSPECCIONES DE SST.   ","NO APLICA"]
[null,null,null,"HABITANTE DE CALLE ","SI","Postura Mantenida: Postura sedente  durante la jornada de trabajo","BIOMECÁNICO","*Enfermedad  lumbar inespecífica\n*Espasmos musculares       *Problemas circulatorios en miembros inferiores","No aplica","Puesto de trabajo con silla ajustable de espaldar, altura y profundidad, uso de descansa pies","Implementación y direccionamiento  de pausas activas al personal, exámenes médicos ocupacionales, capacitación con relación al riesgos",2,3,6,"MEDIO",60,360,"II","ACEPTABLE CON CONTROL ESPECIFICO","NO APLICA","NO SE REQUIERE","NO SE REQUIERE","*Implementar programa de mantenimiento de las sillas.                      PGR-SIG-204 ORDEN Y ASEO.                                                                                     *Realizar campaña donde se le brinde al personal información como: partes de una silla y descasa pies y su  modo de uso.                         PGR-SIG-201 ESTILOS DE VIDA Y TRABAJO SALUDABLES.               *Sensibilizar sobre la importancia de las pausas activas.                   INS-SIG-202 INSTRUCTIVO DE PAUSAS ACTIVAS SALUDABLES.","NO APLICA"]
[null,null,null,null,null,"Movimientos repetitivos  \n(Digitación)","BIOMECÁNICO","*Síndrome del túnel carpiano                      *Síndrome de Querían","No aplica","Ninguno","Implementación y direccionamiento  de pausas activas al personal, exámenes médicos ocupacionales, capacitación con relación al riesgos",2,3,6,"MEDIO",60,360,"II","ACEPTABLE CON CONTROL ESPECIFICO","NO SE REQUIERE","NO SE REQUIERE","NO SE REQUIERE","*Continuar con las medidas actuales                                        *Sensibilizar sobre la importancia de las pausas activas.                  INS-SIG-202 INSTRUCTIVO DE PAUSAS ACTIVAS SALUDABLES.                                       *Implementar el SVE para DME                                                       ","NO APLICA"]
[null,null,null,null,null,"Mecánico: Uso de herramientas manuales como: saca ganchos, perforadora, cosedora, etc.","CONDICIONES DE SEGURIDAD","*Cortes, laceraciones                               *Pinchazos","*Cambio y reposición de herramientas","Ninguno","Ninguno",2,3,6,"MEDIO",25,150,"II","ACEPTABLE CON CONTROL ESPECIFICO","NO SE REQUIERE","NO SE REQUIERE","NO SE REQUIERE","*Sensibilizar al personal sobre la importancia del cambio de la herramienta cuando presente daños o averías.                                PRO-SIG-206 REPORTE DE ACTOS Y CONDICIONES INSEGURAS.                                               *Por medio de formato en el  área encargada de entregar la papelería, herramientas, etc.  llevar trazabilidad del cambio. (seria importante estudiar la posibilidad de solicitar la herramienta en mal estado para asegurar el no uso de la misma )                                                    PRO-SIG-206 REPORTE DE ACTOS Y CONDICIONES INSEGURAS.   ","NO APLICA"]
[null,null,null,null,null,"Postura Mantenida: Postura bípeda durante la jornada de trabajo","BIOMECÁNICO","*Enfermedad  lumbar inespecífica\n*Espasmos musculares       *Problemas circulatorios en miembros inferiores","No aplica","Ninguno","Implementación y direccionamiento  de pausas activas al personal, exámenes médicos ocupacionales, capacitación con relación al riesgos",2,3,6,"MEDIO",60,360,"II","ACEPTABLE CON CONTROL ESPECIFICO","NO APLICA","NO SE REQUIERE","NO SE REQUIERE","*Sensibilizar sobre la importancia de las pausas activas.                   INS-SIG-202 INSTRUCTIVO DE PAUSAS ACTIVAS SALUDABLES.","NO APLICA"]
[null,null,"PELIGROS QUE APLICAN A TODAS LAS ACTIVIDADES ; FUNCIONARIOS DE PLANTA Y/O CONTRATO",null,"SI","Ruido\n(Intermitente por el paso vehicular por la carrera 2da \"Se percibe en mayor intensidad en el 2do, tercer, 4to y 5to piso del edificio\")","FÍSICO ","Alteraciones auditivas como hipoacusia","Ninguno","Ninguno","Ninguno",2,3,6,"MEDIO",25,150,"II","ACEPTABLE CON CONTROL ESPECIFICO","NO SE REQUIERE","NO SE REQUIERE","Realizar mediciones ambientales ","Recomendaciones en reinducción de SST                                       PRO-SIG-203 PROCEDIMIENTO INSPECCIONES DE SST.          ","NO APLICA"]
[null,null,null,null,"SI","RIESGO VIAL","CONDICIONES DE SEGURIDAD","*Muerte \n*Lesiones graves en el cuerpo entero\n*Atrapamiento vehicular","Ninguno","Vehículos de la empresa con mantenimiento preventivo y correctivo. ","Inducción y reinducción al personal -  cap seg vial ",2,3,4,"BAJO",100,400,"II","ACEPTABLE CON CONTROL ESPECIFICO","NO APLICA","NO APLICA","NO APLICA","*Dar cumplimiento al plan de capacitación del PESV según el rol (Pasajero - Conductor - Peatón)\n*Realizar sensibilización en seguridad vial     (PLA-SIG-202 PESV  PLAN ESTRATEGICO DE SEGURIDAD VIAL),  (PLA-SIG-204 PLAN DE PREVENCION, PREPARACION Y RESPUESTA ANTE EMERGENCIA)  y  (PLA-SIG-206 RETORNO SEGURO AL TRABAJO) *Se debe empezar a realizar la inspección pre operacional de vehículos de la empresa, para identificar condiciones del mismo \"Por parte de los conductores\". ","NO APLICA"]
[null,null,null,null,"SI","Público\n(Robos - Atracos - Asaltos)","CONDICIONES DE SEGURIDAD","*Golpes\n*Agresiones verbales y físicas \n*Atentados violentos\n*Heridas\n*Muerte","Cámaras de seguridad ","Ninguno","Recomendaciones inducción y reinducción",2,2,4,"BAJO",100,400,"II","ACEPTABLE CON CONTROL ESPECIFICO","NO APLICA","NO APLICA","NO APLICA","*Socializar los planes contingencia para diferentes situaciones  de emergencia específicamente riesgo público. PLA-SIG-204 PLAN DE PREVENCIÓN, PREPARACIÓN Y RESPUESTA ANTE EMERGENCIAS.  ","NO APLICA"]
[null,null,null,null,"SI","Público\n(Agresiones verbales - Actos Violentos)","CONDICIONES DE SEGURIDAD","*Golpes\n*Agresiones verbales y físicas \n*Atentados violentos\n*Heridas\n*Muerte","Cámaras de seguridad ","Ninguno","Recomendaciones en inducción y reinducción",2,2,4,"BAJO",100,400,"II","ACEPTABLE CON CONTROL ESPECIFICO","NO APLICA","NO APLICA","NO APLICA","*Socializar los planes contingencia para diferentes situaciones  de emergencia específicamente riesgo público. PLA-SIG-204 PLAN DE PREVENCIÓN, PREPARACIÓN Y RESPUESTA ANTE EMERGENCIAS.  ","NO APLICA"]
[null,null,null,null,"SI","Público\n(Manifestaciones públicas)","CONDICIONES DE SEGURIDAD","*Golpes\n*Agresiones verbales y físicas \n*Heridas\n*Muerte","Ninguno","Hay vigilancia permanente en la puerta de acceso del edificio. ","Ninguno",2,2,4,"BAJO",100,400,"II","ACEPTABLE CON CONTROL ESPECIFICO","NO APLICA","NO APLICA","NO APLICA","*Actualizar el plan de emergencias, incluyendo los planes operativos normalizados en caso de situaciones de emergencia en riesgo público especifico para cada sede y socializarlo a todo el personal.               EST-SIG-02 ESTANDAR DE SEGURIDAD PARA ACTIVIDADES FUERA DE LA SEDE.  \n*Capacitar al personal en actuación ante emergencias en riesgo público.  PLAN ANUAL DE TRABAJO Y PIC.","NO APLICA"]
[null,null,null,null,"SI","Público\n(Inseguridad por actos delictivos en los alrededores de la sede)","CONDICIONES DE SEGURIDAD","*Golpes\n*Agresiones verbales y físicas \n*Atentados violentos\n*Heridas\n*Muerte","Ninguno","Hay vigilancia permanente en la puerta de acceso del edificio. \n\nHay cámara de vigilancia en el primer y segundo piso. ","Recomendaciones en inducción y reinducción",2,2,4,"BAJO",100,400,"II","ACEPTABLE CON CONTROL ESPECIFICO","NO APLICA","NO APLICA","Instalar cámaras de vigilancia en todos los pisos de la sede. ","*Socializar los planes contingencia para diferentes situaciones  de emergencia específicamente riesgo público. PLA-SIG-204 PLAN DE PREVENCIÓN, PREPARACIÓN Y RESPUESTA ANTE EMERGENCIAS. ","NO APLICA"]
[null,null,null,null,"SI","Radiaciones no ionizantes                       (Exposición a luz solar que ingresa por ventanales a la mayoría de los puestos de trabajo)","FÍSICO ","*Cáncer de piel\n*Quemadura solar\n*Insolación \n*Foto envejecimiento cutáneo \n *Foto carcinogénesis\n*Alteraciones oculares","No aplica","No hay","Sensibilizaciones de autocuidado",2,3,6,"MEDIO",25,150,"II","ACEPTABLE CON CONTROL ESPECIFICO","NO APLICA","NO APLICA","NO APLICA","*Se recomienda instalar película de seguridad en los ventanales ","NO APLICA"]
[null,null,null,null,"NO","Sismo - Temblores                  ","FENÓMENOS NATURALES","*Daños materiales (Pérdida total)\n*Heridas y lesiones graves\n*Accidentes de trabajo \n*Muerte","No hay","hay elementos para atención de emergencias en caso de requerirse","Capacitación  en actuación ante emergencias ",2,2,4,"BAJO",100,400,"II","ACEPTABLE CON CONTROL ESPECIFICO","NO SE REQUIERE","NO SE REQUIERE","NO SE REQUIERE","*Se recomienda realizar estudio de vulnerabilidad y sismo resistencia de las instalaciones.                                                                         PLA-SIG-204 PLAN DE PREVENCIÓN, PREPARACIÓN Y RESPUESTA ANTE EMERGENCIAS. \n*Capacitar al personal en actuación ante emergencias. PLA-SIG-204 PLAN DE PREVENCIÓN, PREPARACIÓN Y RESPUESTA ANTE EMERGENCIAS. ","NO APLICA"]
[null,null,null,null,"NO","Erupción volcán machín           ","FENÓMENOS NATURALES","*Daños materiales (Pérdida total)\n*Heridas y lesiones graves\n*Accidentes de trabajo \n*Muerte","No hay","Ninguno","Capacitación  en actuación ante emergencias ",2,2,4,"BAJO",100,400,"II","ACEPTABLE CON CONTROL ESPECIFICO","NO SE REQUIERE","NO SE REQUIERE","NO SE REQUIERE","*Seguir las instrucciones que el departamento suministra para  casos de emergencia por posible erupción del Volcán.                                                                                              \n*Solicitar capacitación al ente respectivo sobre actuación en caso de erupción del volcán machín. \n*Capacitar en actuación ante emergencias en caso de erupción del volcán machín a todo el personal.  \n*Actualizar plan de emergencias incluyendo el PON por posible erupción del volcán machín y socializar a los trabajadores. PLA-SIG-204 PLAN DE PREVENCIÓN, PREPARACIÓN Y RESPUESTA ANTE EMERGENCIAS. ","NO APLICA"]
[null,null,null,null,"SI","Tecnológico\n(Incendios - Explosiones)\nGenerado dentro de las instalaciones de las sedes ","CONDICIONES DE SEGURIDAD","Incendios \nQuemaduras de grado 2 y 3\nMuerte","Ninguno","Uso de equipos contra incendio","Personal capacitado en manejo de equipos contra incendios",2,2,4,"BAJO",100,400,"II","ACEPTABLE CON CONTROL ESPECIFICO","NO APLICA","NO APLICA","NO APLICA","*Capacitación en prevención de accidentes de trabajo por riesgo eléctrico.                                                                                   PLA-SIG-204 PLAN DE PREVENCIÓN, PREPARACIÓN Y RESPUESTA ANTE EMERGENCIAS.  -  PLAN ANUAL DE TRABAJO Y PIC.                                               \n*Realizar mantenimiento preventivo y correctivo de los equipos eléctricos e instalaciones eléctricas en la sede\n*Continuar con las inspecciones de seguridad enfocado a riesgo eléctrico.                                                                                   PLA-SIG-204 PLAN DE PREVENCIÓN, PREPARACIÓN Y RESPUESTA ANTE EMERGENCIAS.","NO APLICA"]
[null,null,null,null,"SI","Tecnológico\n\"Riesgo de la vecindad\"\n(Incendios - Explosiones)\nGenerados en el restaurante de Mercacentro sede la 17\n","CONDICIONES DE SEGURIDAD","Incendios \nQuemaduras de grado 2 y 3\nMuerte","Ninguno","Uso de equipos contra incendio","Ninguno",2,2,4,"BAJO",100,400,"II","ACEPTABLE CON CONTROL ESPECIFICO","NO APLICA","NO APLICA","NO APLICA","*Diseñar y socializar PON en caso de explosiones externas a la empresa                                                                                    PLA-SIG-204 PLAN DE PREVENCIÓN, PREPARACIÓN Y RESPUESTA ANTE EMERGENCIAS. *Realizar mantenimiento preventivo y correctivo de los equipos eléctricos e instalaciones eléctricas en las diferentes sedes. ","Uso de EPP"]
[null,null,null,null,"SI","Fugas de gas \n\"Riesgos de la vecindad\"\n(Generado por la presencia de restaurante en Mercacentro y por tuberías externas a la entidad. Sede la 17) ","QUÍMICOS","Incendios \nQuemaduras de grado 2 y 3\nMuerte","Ninguno","Sistema para el control de incendios ","Ninguno",2,2,4,"BAJO",100,400,"II","ACEPTABLE CON CONTROL ESPECIFICO","NO APLICA","NO APLICA","Sistema para el control de incendios ","*Diseñar y socializar PON en caso de fuga de gasPLA-SIG-204 PLAN DE PREVENCIÓN, PREPARACIÓN Y RESPUESTA ANTE EMERGENCIAS. ","NO APLICA"]
[null,null,null,null,"SI","Virus \n","BIOLÓGICO","Malestar general","Ninguno","Limpieza y desinfección de áreas de trabajo   y en casa,  Control de aforo, señalización de advertencia.","Distanciamiento    físico, uso de mascarilla, lavado de manos constante.",2,2,4,"BAJO",25,100,"III","MEJORABLE","NO APLICA","NO APLICA","NO APLICA","  *Promover frecuentemente el lavado de manos en personal de planta, contratistas y visitantes. En caso de no contar con agua y jabón, se debe proveer con desinfectantes para manos (gel antibacterial a base de alcohol).                                                                       *Disminución de la densidad laboral en áreas de trabajo o de ocupación de la entidad promoviendo el teletrabajo.                *Mantener un stop de EPP  (mascarillas ) para dotación y recambio. *Establecer canales de comunicación individualizados y/o de grupo: correo electrónico, redes sociales, videoconferencia, teléfono para reuniones evitando la presencialidad.                                      *Revisión y análisis de los perfiles epidemiológicos por cargo, estrategias motivación para que los funcionarios se  vacunen.      ","Uso de EPP (periódico de productos para limpieza (agua y jabón) y  alcohol al 70%, mono gafas o careta.)"]
[null,null,null,null,"SI"," Demandas Emocionales: Condiciones de la tarea                             \nLa novedad del entorno de trabajo, situación familiar:  hijos o personas mayores a cargo en el hogar en situación de riesgo, miedo al contagio, aislamiento social y confinamiento, miedos e incertidumbres laborales y socioeconómicos, espacios y recursos compartidos por varias personas ante las mismas circunstancias en sus domicilios, convertir espacios de su hogar en despachos improvisados para poder seguir desempeñando su tarea diaria, valoración subjetiva y objetiva por parte del experto mientras se aplica la batería de riesgo psicosocial.","PSICOSOCIAL","Alteraciones mentales, Ansiedad, depresión, estrés postraumático.","S.V.E. Psicosocial","S.V.E Psicosocial","Intervenciones individuales y grupales, capacitaciones, medidas de afrontamiento, manejo de habilidades sociales.",2,2,4,"BAJO",25,100,"III","MEJORABLE","NO APLICA","NO APLICA","NO APLICA","identificación de personas con mayor riesgo, prácticas para la prevención del contagio a través del autocuidado individual y familiar, entre otras”capacitaciones del protocolo de bioseguridad, inspecciones, suministro de Elementos de bioseguridad..                                                                       ","Uso de los elementos de bioseguridad, establecer el compromiso de autocuidado y trabajo seguro."]
[null,null,null,null,"SI","Características de la organización del trabajo\n(Valoración promedio mientras se realiza el proceso de aplicación de baterías de riesgo psicosocial)","PSICOSOCIAL","Alteraciones mentales, Ansiedad, depresión.","SVE. Riesgo Psicosocial","SVE. Riesgo Psicosocial","Intervenciones individuales y grupales, capacitaciones, medidas de afrontamiento, manejo de habilidades sociales.",2,2,4,"BAJO",25,100,"III","MEJORABLE","NO APLICA","NO APLICA","NO APLICA","*Aplicación de las baterías de riesgo  psicosocial, para verificar la exposición al peligro.                                                            PGR-SIG-206 VIGILANCIA EPIDEMIOLÓGICO DE RIESGO PSICOSOCIAL.     \n*Capacitación en trabajo en equipo y competencias individuales y profesionales. PLAN ANUAL DE TRABAJO Y PIC.\n\n*Análisis de carga laboral.                                                       PGR-SIG-201 ESTILOS DE VIDA Y TRABAJO SALUDABLES.                                                                                                                               ","NO SE REQUIERE"]
[null,null,null,null,"SI","Características del grupo social y del trabajo.\n(Está en proceso la evaluación de los factores de riesgo psicosocial)","PSICOSOCIAL","Stress laboral\nAfecciones de salud                                                                                                                                                                                                                                                                                                                                                                                                            Ambientes de trabajo Hostil                                                                                                                                                                                                                                                                                                                                                                                                         Baja Productividad","Cumplimiento de la normatividad ley 1010, resolución 652 y 356, 2646.","Comité de Convivencia Laboral","Capacitaciones en habilidades sociales básicas, resolución de conflictos, liderazgo efectivo.",2,2,4,"BAJO",25,100,"III","MEJORABLE","NO APLICA","NO APLICA","NO APLICA","*Capacitación en habilidades sociales básicas y relaciones interpersonales y comunicación asertiva y efectiva.                        PRO-SIG-207 MOTIVACIÓN, PARTICIPACIÓN Y CONSULTA.   \n\n*Capacitación en liderazgo efectivo y generación de hábitos del líder.  PLAN ANUAL DE TRABAJO Y PIC. ","NO SE REQUIERE"]
[null,null,null,null,"SI","Gestión Organizacional\n(Está en proceso la evaluación de los factores de riesgo psicosocial aplicación batería de riesgo psicosocial)","PSICOSOCIAL","Stress laboral\nAfecciones de salud                                                                                                                                                                                                                                                                                                                                                                                                                     Productividad- Ausentismo","Plan de Intervención del SVE ","N/A","Intervenciones individuales y grupales, capacitaciones en liderazgo, fortalecimiento de las escuelas de liderazgo.",2,2,{"$f":"+L63*M63","v":4},"BAJO",25,{"$f":"+N63*P63","v":100},{"$f":"IF(Q63>=600,\"I\",IF(Q63>=150,\"II\",IF(Q63>=40,\"III\",IF(Q63>=20,\"IV\"))))","v":"III"},"MEJORABLE","NO SE REQUIERE","NO SE REQUIERE","NO SE REQUIERE","Fortalecimiento de las escuelas de liderazgo.                                        PRO-SIG-207 MOTIVACIÓN, PARTICIPACIÓN Y CONSULTA.   ","NO SE REQUIERE"]
[null,null,null,null,"SI","Contenido de la Tarea (Carga de Trabajo)\n(Está en proceso la evaluación de los factores de riesgo psicosocial aplicación batería de riesgo psicosocial)","PSICOSOCIAL","Stress laboral\nAfecciones de salud","S.V.E. Psicosocial","Distribución de la tarea por trabajo en equipo, gestión del tiempo.","Intervenciones individuales y grupales, capacitaciones, medidas de afrontamiento, manejo de habilidades sociales.",2,2,{"$f":"+L64*M64","v":4},"BAJO",25,{"$f":"+N64*P64","v":100},{"$f":"IF(Q64>=600,\"I\",IF(Q64>=150,\"II\",IF(Q64>=40,\"III\",IF(Q64>=20,\"IV\"))))","v":"III"},"MEJORABLE","NO SE REQUIERE","NO SE REQUIERE","NO SE REQUIERE","Capacitaciones, manejo del tiempo como recurso, trabajo colaborativo y ayuda percibida.                                                                      PLAN ANUAL DE TRABAJO Y PIC.","NO SE REQUIERE"]
[null,null,null,null,"SI","Accidentes aéreos                           (En los desplazamientos en avión a otras ciudades)\n","CONDICIONES DE SEGURIDAD","*Muerte \n*Lesiones graves en el cuerpo entero\n*Caída de avión","Ninguno","Ninguno","Ninguno",2,2,4,"BAJO",100,400,"II","ACEPTABLE CON CONTROL ESPECIFICO","NO APLICA","NO APLICA","NO APLICA","*Dar cumplimiento a las normas de seguridad para viajes aéreos  EST-SIG-01 ESTANDAR DE SEGURIDAD PARA ACTIVIDADES FUERA DE LA SEDE.   ","NO APLICA"]
[null,null,null,null,"SI","Locativo\nSistema de almacenamiento\n(Atrapamiento por mal funcionamiento de los ascensores)Según aplique \n \n","CONDICIONES DE SEGURIDAD","Atrapamiento ","Se realiza mantenimiento periódico a los ascensores","Señalización de advertencia en el ascensor ","Ninguno",2,2,4,"BAJO",25,100,"III","MEJORABLE","NO APLICA","NO APLICA","*Mantenimiento preventivo y correctivo de los ascensores","*Diseñar y socializar PON en caso de atrapamiento por mal funcionamiento del ascensor                                                        PLA-SIG-204 PLAN DE PREVENCIÓN, PREPARACIÓN Y RESPUESTA ANTE EMERGENCIAS.","Calzado de seguridad"]
[null,null,null,null,"SI","Virus (cambio climatico)\n ","BIOLÓGICO","Malestar general","Ninguno","Limpieza y desinfección de áreas de trabajo   y en casa,  Control de aforo, señalización de advertencia.","Distanciamiento    físico, uso de mascarilla, lavado de manos constante.",2,2,4,"BAJO",25,100,"III","MEJORABLE","NO APLICA","NO APLICA","NO APLICA","  *Promover frecuentemente el lavado de manos en personal de planta, contratistas y visitantes. En caso de no contar con agua y jabón, se debe proveer con desinfectantes para manos (gel antibacterial a base de alcohol).  *Disminución de la densidad laboral en áreas de trabajo o de ocupación de la entidad promoviendo el teletrabajo. *Mantener un stop de EPP  (mascarillas ) para dotación y recambio. *Establecer canales de comunicación individualizados y/o de grupo: correo electrónico, redes sociales, videoconferencia, teléfono para reuniones evitando la presencialidad. *Revisión y análisis de los perfiles epidemiológicos por cargo, estrategias motivación para que los funcionarios se  vacunen.   (PRO-SIG-202 Procedimiento administrativo de elementos EPP)","Uso permanente de mascarilla respiratoria. Uso periódico de productos para limpieza (agua y jabón) y  alcohol al 70%, mono gafas o careta."]
[null,null,null,null,"NO","Largas Jornadas Laborales y ausencia de descanso con altas temperaturas y radiciones altas por factor del CAMBIO CLIMATICO.","PSICOSOCIAL","Estrés, agotamiento por trabajo continuo, cansacio, fatiga, angustia, ansiedad, poca concentración y atención, somnolencia.","Ninguno","Ninguno","PVE- Riesgo psicosocial",2,2,4,"BAJO",25,100,"III","MEJORABLE","NO APLICA","NO APLICA","NO APLICA","Introducir una rutina de tiempos detrabajo y de descanso para aquellos\ntrabajadores/as que estén expuestos a ambientes calurosos, Formación en primeros auxilios, para que puedan\nreconocer y tratar los primeros síntomas de desórdenes de salud ocasionados por una\nexposición a temperaturas extremadamente cálidas., Seguir a diario los boletines\nmeteorológicos y cambiar el horario de trabajo de gran exposición al calor\na horas más frescas del día., En trabajos a campo abierto, crear zonas descanso con carpas, Disponer de agua potable fría en lugares estratégicos y visibles, cercanos al área de trabajo.","NO SE REQUIERE"]
[null,null,null,null,"NO"," Temperaturas\nextremas (calor) porfactor de CAMBIO CLIMATICO","FISICO","Stress termico Agotamiento Mareos  Deshidratación Golpes de calor, lesiones en la piel, insolación, ","No aplica","Ninguno","Ninguno",2,2,4,"BAJO",25,100,"III","MEJORABLE","NO APLICA","NO APLICA","NO APLICA","Todos los funcionarios que realicen desplazamientos fuera de la sede deben apalicar el Estándar de Seguridad \"EST-204\"., se recomienda hidratación continua, alimentación adecuada, Organización de los puestos de trabajo, limplementación de un programa de climatización.Sistemas de ventilación","Ropa de trabajo y equipos de\nprotección adecuados(camisa,\nmanga larga, pantalón largo,\ngorra o sombrero de ala ancha).\nSaber que la ropa protectora o el\nequipo de protección personal\npuede aumentar el riesgo del\nestrés por calor."]
[null,null,null,null,"NO"," Temperaturas\nextremas (calor Radiaciones No ionizantes) porfactor de CAMBIO CLIMATICO","FISICO","Stress termico Agotamiento Mareos  Deshidratación Golpes de calor, lesiones en la piel, dolor de cabeza.","No aplica","Ninguno","Protector Solar",2,2,4,"BAJO",25,100,"III","MEJORABLE","NO APLICA","NO APLICA","NO APLICA","Todos los funcionarios que realicen desplazamientos fuera de la sede deben apalicar el Estándar de Seguridad \"EST-204\"., se recomienda hidratación continua, alimentación adecuada, Organización de los puestos de trabajo, limplementación de un programa de climatización.Sistemas de ventilación","Ropa de trabajo y equipos de\nprotección adecuados(camisa,\nmanga larga, pantalón largo,\ngorra o sombrero de ala ancha).\nSaber que la ropa protectora o el\nequipo de protección personal\npuede aumentar el riesgo del\nestrés por calor."]
[null,null,null,null,"NO","Inalación de Humos y Vapores\n (Incendios Forestales )por factor CAMBIO CLIMATICO","QUÍMICO","Asfixia, Dificultad para respirar, Ardor en los ojos, conjuntivitis, Alergias, Tos, irritación de la garganta, dolor de cabeza.","No aplica","Ninguno","Ninguno",2,2,4,"BAJO",25,100,"III","MEJORABLE","NO APLICA","NO APLICA","NO APLICA","Aplicación PON para el manejo de incendios forestales, ver PLAN DE MERGENCIA PLA-SIG 204.","NO SE REQUIERE"]
[null,null,"PELIGROS QUE APLICAN A TRABAJO CON RESTRICCIONES DE SALUD Y/O TELE TRABAJO",null,"SI","Postura Prolongada \n(Postura sedente más del 75% de la jornada laboral en trabajo con video terminales)","BIOMECÁNICO","*Dolor lumbar inespecífico\n*Espasmos musculares","Ninguno","Ninguno","Ninguno",2,2,4,"BAJO",60,240,"II","ACEPTABLE CON CONTROL ESPECIFICO","NO APLICA","NO SE REQUIERE","NO SE REQUIERE","*Realizar visitas virtuales por parte del Grupo de SST para capacitar en higiene postural en casa.                                      PLAN ANUAL DE TRABAJO Y PIC.\n\n*Realizar pausas activas en el área.                                        INS-SIG-202 INSTRUCTIVO DE PAUSAS ACTIVAS SALUDABLES.                                                            \n\n*Continuar con las actividades del programa de vigilancia epidemiológico  para prevención de desordenes musculo esqueléticas asociadas al peligro biomecánico, para trabajo en casa.                                                                                       PGR-SIG-205 VIGILANCIA EPIDEMIOLÓGICA PARA LA PREVENCION DE DESÓRDENES MUSCULO-ESQUELÉTICOS.                                                                             ","NO APLICA"]
[null,null,null,null,"SI","Movimientos repetitivos  \n(Digitación - Escanear)","BIOMECÁNICO","Lesiones por trauma acumulativo en miembro superiores ( STC).\nSíndrome de Quervain","Ninguno","Ninguno","Ninguno",2,2,4,"BAJO",60,240,"II","ACEPTABLE CON CONTROL ESPECIFICO","NO SE REQUIERE","NO SE REQUIERE","NO SE REQUIERE","*Se recomienda la implementación permanente de pausas activas durante la jornada laboral.                                              INS-SIG-202 INSTRUCTIVO DE PAUSAS ACTIVAS SALUDABLES.                                                                                                                                              ","NO APLICA"]
[null,null,null,null,"SI","Radiaciones No ionizantes                                   (Exposición permanente a pantallas del computador)","FÍSICO ","*Fatiga visual","Ninguno","Ninguno","Ninguno",2,2,4,"BAJO",25,100,"III","MEJORABLE","NO APLICA","NO SE REQUIERE","NO SE REQUIERE","*Se recomienda la implementación permanente de pausas activas durante la jornada laboral.                                            INS-SIG-202 INSTRUCTIVO DE PAUSAS ACTIVAS SALUDABLES.                                                                                                                                             ","NO APLICA"]
[null,null,null,null,"NO","Locativo                                                                              (Cableado eléctrico desordenado en la zona adecuada para puesto de trabajo)","CONDICIONES DE SEGURIDAD","*Se potencializa el riesgo de accidentes por caídas. ","Ninguno","Ninguno","Ninguno",2,2,4,"BAJO",25,100,"III","MEJORABLE","NO APLICA","NO SE REQUIERE","NO APLICA","Realizar inspecciones de seguridad para verificar estado de cableado del  área.                                                                                                                      PRO-SIG-203 PROCEDIMIENTO INSPECCIONES DE SST.       Se recomienda agrupar el cableado eléctrico faltante, utilizando espiral porta cable u otro mecanismo de canalización. ","NO APLICA"]
[null,null,null,null,"NO","Picaduras - Mordeduras                             (Presencia de vectores e insectos dentro de la vivienda o zona destinada para laborar).","BIOLÓGICO","Infecciones","Ninguno","Ninguno","Ninguno",2,2,4,{"$f":"IF(N76>=24,\"MUY ALTO\",IF(N76>=10,\"ALTO\",IF(N76>=6,\"MEDIO\",\"BAJO\")))","v":"BAJO"},25,100,"III","MEJORABLE","NO APLICA","NO APLICA","NO APLICA","* realizar una correcta inspección del área de trabajo para garantizar la NO presencia de vectores o insectos ponzoñoso . PRO-SIG-203 PROCEDIMIENTO INSPECCIONES DE SST. *Evitar las zona con acumulación de aguas estancadas.        PRO-SIG-206 REPORTE DE ACTOS Y CONDICIONES INSEGURAS.  ","NO APLICA"]
[null,null,null,null,"SI","Virus y Bacterias\n (Exposición a virus y bacterias debido al uso de superficies húmedas como baños, lavamanos y lavaplatos alberca)","BIOLÓGICO","*Dermatosis\n*Reacciones alérgicas\n*Enfermedades infecciosas\n*Infecciones respiratorias","Ninguno","Ninguno","Ninguno",2,2,4,"BAJO",25,100,"III","MEJORABLE","NO APLICA","NO APLICA","NO APLICA","*Capacitar a los trabajadores en auto cuidado y la importancia del uso de los EPP.                                                                PRO-SIG-202 PROCEDIMIENTO ADMINISTRACIÓN DE ELEMENTOS DE EPP - PLAN ANUAL DE TRABAJO Y PIC.","*Uso de EPP (Guantes - Tapa bocas)"]
[null,null,null,null,"NO","Material particulado \n(Polvo en los documentos)","QUÍMICOS","*Enfermedades respiratorias\n*Infecciones virales \n*Alergias ","Ninguno","Ninguno","Ninguno",2,2,4,"BAJO",25,100,"III","MEJORABLE","NO APLICA","NO APLICA","NO APLICA","*Realizar seguimiento del uso de los elementos de protección personal (Tapa bocas), cuando manipule archivo con polvo. PRO-SIG-202 PROCEDIMIENTO ADMINISTRACIÓN DE ELEMENTOS DE EPP.                                                                 ","*Uso de EPP ( Tapa bocas)"]
[null,null,null,null,"NO","Uso de elementos de desinfección\n(alcohol, gel antibactarial)","QUÍMICOS","\n*Alergias en piel o vías respiratorias.\n* Quemaduras ","Ninguno","Ninguno","Ninguno",2,2,4,"BAJO",25,100,"III","MEJORABLE","NO APLICA","NO APLICA","NO APLICA","*Realizar seguimiento del uso de los elementos de protección personal (Tapa bocas), cuando manipule archivo con polvo. PRO-SIG-202 PROCEDIMIENTO ADMINISTRACIÓN DE ELEMENTOS DE EPP.                                                                ","*Uso de EPP ( Tapa bocas)"]
[null,null,null,null,"SI","Mecánico                                         (Manejo de Equipos y elementos de Oficina)","CONDICIONES DE SEGURIDAD","*Traumas de tejidos blandos (Laceración, contusión, heridas superficiales, etc.)       ","Ninguno","Ninguno","Ninguno",2,2,4,"BAJO",25,100,"III","MEJORABLE","NO SE REQUIERE","NO SE REQUIERE","NO SE REQUIERE","*Continuar con el uso adecuado de los elementos de trabajo, realizar cambio de los elementos que se observen en mal estado.                                                                                    PRO-SIG-202 PROCEDIMIENTO ADMINISTRACIÓN DE ELEMENTOS DE EPP.     ","NO APLICA"]
[null,null,null,null,"SI","Deficiente ventilación (Las ventanas y persianas deben permanecer cerradas para evitar el ingreso de rayos solares)","FÍSICO                              ","*Disconfort por calor ambiental permanente","Ninguno","Ninguno","Ninguno",2,2,4,"BAJO",25,100,"III","MEJORABLE","NO APLICA","NO SE REQUIERE","NO SE REQUIERE","Se recomienda contar con un área de ventilación natural o con ventilación artificial como ventiladores                                     PLA-SIG-206 RETORNO SEGURO AL TRABAJO.  ","NO APLICA"]
[null,null,null,null,"SI","Manipulación y desplazamiento de cargas\n(Documentos y cajas)","BIOMECÁNICO","Lesiones en columna\nEnfermedad discal\nEnfermedad lumbar ","Ninguno","Ninguno","Ninguno",2,2,{"$f":"+L82*M82","v":4},"BAJO",25,{"$f":"+N82*P82","v":100},{"$f":"IF(Q82>=600,\"I\",IF(Q82>=150,\"II\",IF(Q82>=40,\"III\",IF(Q82>=20,\"IV\"))))","v":"III"},"MEJORABLE","NO SE REQUIERE","NO SE REQUIERE","NO SE REQUIERE","* Practicar higiene postural para el manejo de cargas. Evitar levantar mas de 10 Kg mujeres y 20 Kg Hombres.                   PGR-SIG-201 ESTILOS DE VIDA Y TRABAJO SALUDABLES.  ","NO APLICA"]
[null,null,null,null,"SI","Iluminación\n(Deficiente de iluminación natural o artificial en el sitio adecuado para laboral dentro de la vivienda)                                             ","FÍSICO ","*Fatiga visual","Ninguno","Ninguno","Ninguno",2,2,4,"BAJO",25,100,"III","MEJORABLE","NO APLICA","NO APLICA","NO SE REQUIERE","Se recomienda adecuar el sitio de trabajo con iluminación adecuada.                                                                                 PRO-SIG-203 PROCEDIMIENTO INSPECCIONES DE SST.    ","NO APLICA"]
[null,null,null,null,"NO","Locativo\nSuperficies de trabajo  irregulares y  desniveladas, escaleras                                 (Desplazamiento en la vivienda)","CONDICIONES DE SEGURIDAD","*Golpes \n*Caídas\n*Fracturas","Ninguno","Ninguno","Ninguno",2,2,4,"BAJO",25,100,"III","MEJORABLE","NO APLICA","NO APLICA","NO APLICA","*Se recomienda uso de calzado adecuado y de tacón bajo según el área a visitar, con el fin de evitar caídas.                              EST-SIG-01 ESTANDAR DE SEGURIDAD PARA ACTIVIDADES FUERA DE LA SEDE.   ","Uso de calzado bajo "]
[null,null,null,null,"SI","Virus","BIOLÓGICO","Malestar general","Ninguno","Ninguno","Ninguno",2,2,4,"BAJO",25,100,"III","MEJORABLE","NO APLICA","NO APLICA","NO APLICA","*Garantizar el autocuidado en Casa.                                             PGR-SIG-201 ESTILOS DE VIDA Y TRABAJO SALUDABLES.  \n*Participar en las reuniones de bioseguridad realizadas por el grupo de SST.                                                                           PLAN ANUAL DE TRABAJO Y PIC.\n*  Realizar constante desinfección y limpieza de los sitios de trabajo.                                                                                      PLA-SIG-206 RETORNO SEGURO AL TRABAJO.\n* Lavar las manos cada 3 horas.                                      ","Uso  de EPP (Tapabocas, uso de guantes en látex C-35  ó neopreno manguilla larga en limpieza de superficies. Uso periódico de productos para limpieza (agua y jabón) y para  sanitizado de manos (geles a base de alcohol al 70%), mono gafas o careta"]
[null,null,null,null,"SI","Público\n(Robos - Atracos - Asaltos - Agresiones verbales - Actos Violentos)","CONDICIONES DE SEGURIDAD","*Golpes\n*Agresiones verbales y físicas \n*Atentados violentos\n*Heridas\n*Muerte","Ninguno","Ninguno","Ninguno",2,2,4,"BAJO",100,400,"II",{"$f":"IF(Q86>=600,\"NO ACEPTABLE\",IF(Q86>=150,\"ACEPTABLE CON CONTROL ESPECIFICO\",IF(Q86>=40,\"MEJORABLE\",IF(Q86>=20,\"ACEPTABLE\"))))","v":"ACEPTABLE CON CONTROL ESPECIFICO"},"NO APLICA","NO APLICA","NO APLICA","*Socializar los planes contingencia para diferentes situaciones  de emergencia específicamente riesgo público.                       ","NO APLICA"]
[null,null,null,null,"NO","Erupción volcán Machín","FENÓMENOS NATURALES","Erupción del Volcán Machín","Ninguno","Ninguno","Ninguno",2,2,4,"BAJO",25,100,"III",{"$f":"IF(Q87>=600,\"NO ACEPTABLE\",IF(Q87>=150,\"ACEPTABLE CON CONTROL ESPECIFICO\",IF(Q87>=40,\"MEJORABLE\",IF(Q87>=20,\"ACEPTABLE\"))))","v":"MEJORABLE"},"NO APLICA","NO APLICA","NO APLICA","Tener en cuenta las recomendaciones dadas en los medios de comunicación de la alcaldía y recomendaciones en el video del ejercicio de la simulación  el día nacional del simulacro                                  PLA-SIG-204 PLAN DE PREVENCIÓN, PREPARACIÓN Y RESPUESTA ANTE EMERGENCIAS.   ","NO APLICA"]
[null,null,null,null,"NO","Sismo - Terremoto","FENÓMENOS NATURALES","Erupción del Volcán Machín","Ninguno","Ninguno","Ninguno",2,2,4,"BAJO",25,100,"III",{"$f":"IF(Q88>=600,\"NO ACEPTABLE\",IF(Q88>=150,\"ACEPTABLE CON CONTROL ESPECIFICO\",IF(Q88>=40,\"MEJORABLE\",IF(Q88>=20,\"ACEPTABLE\"))))","v":"MEJORABLE"},"NO APLICA","NO APLICA","NO APLICA","Tener en cuenta las recomendaciones dadas en los medios de comunicación de la alcaldía y recomendaciones en el video del ejercicio de la simulación  el día nacional del simulacro                                 PLA-SIG-204 PLAN DE PREVENCIÓN, PREPARACIÓN Y RESPUESTA ANTE EMERGENCIAS.   ","NO APLICA"]
[]
[null,null,null,null,"ADULTO MAYOR",null,null,null,"CASA DE LA MUJER",null,null,null,"CENTRO DIA BARRIO INDUSTRIAL",null,null,null,null,null,"CENTRO DIA BARRIO POPULAR",null,null,null,"DIRECCIÓN INFANCIA Y ADOLE"]

{"sheet":"6. GESTIÓN ARTISTICA","index":30,"n_rows":136,"n_cols":24,"rows_kept":136,"cut":false,"hidden":true,"merged":[[6,11,6,17],[6,19,6,23],[77,3,81,3],[82,2,110,3],[0,2,3,2],[0,3,1,21],[0,23,3,23],[2,3,3,21],[4,20,4,21],[4,22,4,23],[5,2,5,3],[5,4,5,23],[6,2,7,2],[6,3,7,3],[6,4,7,4],[6,5,6,6],[6,7,7,7],[6,8,6,10],[129,3,129,21],[131,2,131,3],[131,5,131,6],[8,2,45,2],[8,3,24,3],[8,4,24,4],[25,3,45,3],[25,4,45,4],[46,2,81,2],[111,2,127,3],[131,8,131,10],[131,12,131,15],[131,17,131,18],[131,20,131,21],[46,3,76,3],[46,4,81,4],[135,20,135,21],[133,2,133,3],[133,5,133,6],[133,8,133,10],[133,12,133,15],[133,17,133,18],[133,20,133,21],[135,2,135,3],[135,5,135,6],[135,8,135,10],[135,12,135,15],[135,17,135,18]]}
[null,null,null,"PROCESO: SISTEMA INTEGRADO DE GESTIÓN",null,null,null,null,null,null,null,null,null,null,null,null,null,null,null,null,null,null,"Código: FOR-221-PRO-SIG"]
[null,null,null,null,null,null,null,null,null,null,null,null,null,null,null,null,null,null,null,null,null,null,"Versión: 04"]
[null,null,null,"FORMATO: \nIDENTIFICACIÓN DE PELIGROS, EVALUACIÓN Y VALORACIÓN DE LOS RIESGOS \nALCALDÍA MUNICIPAL DE IBAGUÉ",null,null,null,null,null,null,null,null,null,null,null,null,null,null,null,null,null,null,"Fecha: 27/05/2022"]
[null,null,null,null,null,null,null,null,null,null,null,null,null,null,null,null,null,null,null,null,null,null,"Página: 1"]
[null,null,"FECHAS DE ACTUALIZACIÓN: ","2019-02-22","2019-03-09","2019-09-02","2019-09-11","2019-09-24","2019-10-30","2020-07-22","2021-04-09","2022-05-27","2023-07-07","2024-06-28"]
[null,null,"PROCESO:",null,"6. GESTIÓN ARTÍSTICA Y CULTURAL"]
[null,null,"1. PROCESO ADMINISTRATIVO / OPERATIVO","2. ACTIVIDADES","3. TAREA RUTINARIO (SI O NO)","PELIGRO",null,"6. EFECTOS POSIBLES\n(Salud - Seguridad)","CONTROLES EXISTENTES",null,null,"EVALUACIÓN DEL RIESGO",null,null,null,null,null,null,"VALORACIÓN DEL RIESGO","MEDIDAS DE INTERVENCIÓN"]
[null,null,null,null,null,"4. DESCRIPCIÓN","5. CLASIFICACIÓN",null,"7. FUENTE","8. MEDIO","9. INDIVIDUO","10. NIVEL DE DEFICIENCIA","11. NIVEL DE EXPOSICIÓN","12. NIVEL DE PROBABILIDAD ND X NE","13. INTERPRETACIÓN DEL NIVEL DE PROBABILIDAD","14. NIVEL DE CONSECUENCIA","15. NIVEL DE RIESGO NR E INTERVENCIÓN","16. INTERPRETACIÓN DEL NR","17. ACEPTABILIDAD DEL RIESGO","18 ELIMINACIÓN","19. SUSTITUCIÓN","20. CONTROLES DE INGENIERIA","21. CONTROLES ADMINISTRATIVOS, SEÑALIZACIÓN, ADVERTENCIA","22. ELEMENTOS DE PROTECCIÓN PERSONAL"]
[null,null,"ADMINISTRATIVO","ACTIVIDAD PLANEACIÓN, ELABORACIÓN Y EJECUCION DE DOCUMENTOS. USO DE HERRAMIENTAS TECNOLOGICAS Y VIDEO TERMINALES. INTERACCIONES LABORALES Y ADMINISTRATIVAS (ATENCIÓN AL CIUDADANO); FUNCIONARIOS DE PLANTA Y/O CONTRATO","SI","Postura Forzada                            \nAltura inadecuada de la pantalla visual y posturas inadecuadas por  los apoyabrazos de la silla.","BIOMECÁNICO"," Tendinitis Estamos de manos","Ninguno","Ninguno","Jornadas de pausas activas ",6,2,{"$f":"+L9*M9","v":12},{"$f":"IF(N9>=24,\"MUY ALTO\",IF(N9>=10,\"ALTO\",IF(N9>=6,\"MEDIO\",\"BAJO\")))","v":"ALTO"},25,{"$f":"+N9*P9","v":300},{"$f":"IF(Q9>=600,\"I\",IF(Q9>=150,\"II\",IF(Q9>=40,\"III\",IF(Q9>=20,\"IV\"))))","v":"II"},{"$f":"IF(Q9>=600,\"NO ACEPTABLE\",IF(Q9>=150,\"ACEPTABLE CON CONTROL ESPECIFICO\",IF(Q9>=40,\"MEJORABLE\",IF(Q9>=20,\"ACEPTABLE\"))))","v":"ACEPTABLE CON CONTROL ESPECIFICO"},"NINGUNO ","NINGUNO ","NINGUNO ","* Pausas activas a lo largo de la jornada laboral y sensibilizar sobre su importancia , * Realizar seguimiento para el S.V.E  para lesiones osteo musculares.* Se recomienda  retirar los apoyabrazos de la silla ergonómica. *Se recomienda graduar y elevar la altura de la pantalla visual. (PGR-SIG 205 Vigilancia epidemiológica para la prevención de  Desordenes musculares esqueléticos) y (INS SIG - 202 Instructivo de Pausas Activas Saludables)","NO APLICA "]
[null,null,null,null,null,"Postura Anti gravitacional                            Miembros superiores en la gravedad","BIOMECÁNICO"," Tendinitis Estamos de manos","Ninguno","Ninguno","Jornadas de pausas activas ",6,2,{"$f":"+L10*M10","v":12},{"$f":"IF(N10>=24,\"MUY ALTO\",IF(N10>=10,\"ALTO\",IF(N10>=6,\"MEDIO\",\"BAJO\")))","v":"ALTO"},25,{"$f":"+N10*P10","v":300},{"$f":"IF(Q10>=600,\"I\",IF(Q10>=150,\"II\",IF(Q10>=40,\"III\",IF(Q10>=20,\"IV\"))))","v":"II"},{"$f":"IF(Q10>=600,\"NO ACEPTABLE\",IF(Q10>=150,\"ACEPTABLE CON CONTROL ESPECIFICO\",IF(Q10>=40,\"MEJORABLE\",IF(Q10>=20,\"ACEPTABLE\"))))","v":"ACEPTABLE CON CONTROL ESPECIFICO"},"NINGUNO ","NINGUNO ","NINGUNO ","* Pausas activas a lo largo de la jornada laboral y sensibilizar sobre su importancia , * Realizar seguimiento para el S.V.E  para lesiones osteo musculares.* Se recomienda  revisar la posibilidad de contar con un plano de trabajo en \"L\" que garantice que la manos, brazo y muñeca permanezcan en línea recta en el momento de digitar. (PGR-SIG 205 Vigilancia epidemiológica para la prevención de  Desordenes musculares esqueléticos) y (INS SIG - 202 Instructivo de Pausas Activas Saludables)","NO APLICA "]
[null,null,null,null,null,"Postura Forzada                            \nMiembros superiores en la gravedad por el espacio reducido del plano de trabajo\nPorta teclado del escritorio \nSilla en mal estado","BIOMECÁNICO","Lumbalgias, Cervicalgias, Mialgias, lesiones y síndromes doloroso, tendinitis, estamos de manos ","Ninguno","Ninguno","Jornadas de pausas activas ",6,2,{"$f":"+L11*M11","v":12},"ALTO",25,{"$f":"+N11*P11","v":300},{"$f":"IF(Q11>=600,\"I\",IF(Q11>=150,\"II\",IF(Q11>=40,\"III\",IF(Q11>=20,\"IV\"))))","v":"II"},{"$f":"IF(Q11>=600,\"NO ACEPTABLE\",IF(Q11>=150,\"ACEPTABLE CON CONTROL ESPECIFICO\",IF(Q11>=40,\"MEJORABLE\",IF(Q11>=20,\"ACEPTABLE\"))))","v":"ACEPTABLE CON CONTROL ESPECIFICO"},"NINGUNO ","NINGUNO ","NINGUNO ","* Pausas activas a lo largo de la jornada laboral y sensibilizar sobre su importancia , * Realizar seguimiento para el S.V.E  para lesiones osteo musculares.\n* Se recomienda  revisar la posibilidad de contar con un plano de trabajo en \"L\" que garantice que la manos, brazo y muñeca permanezcan en línea recta en el momento de digitar.\n* Se recomienda  retirar el porta teclado del escritorio para mejorar la postura del trabajador.\n* Se recomienda cambio de las sillas que se encuentra en mal estado.    (PGR-SIG 205 Vigilancia epidemiológica para la prevención de  Desordenes musculares esqueléticos) y (INS SIG - 202 Instructivo de Pausas Activas Saludables)","NO APLICA "]
[null,null,null,null,null,"Mecánico                                                     \nManejo de herramientas manuales \n(Grapadora, saca ganchos, perforadora, ganchos legadores)","CONDICIONES DE SEGURIDAD\n","Golpes, heridas, pinchazos, magulladuras de diferentes en los miembros superiores ","Cambio de elementos en mal estado ","Ninguno ","Recomendaciones en inducción",2,2,4,"BAJO",25,100,"III","MEJORABLE","NINGUNO ","NINGUNO ","NINGUNO ","*Capacitación sobre manejo seguro de herramientas.\n*Capacitación en prevención en lesiones de mano.\n*Inspeccionar las diferentes herramientas utilizados en la oficina para labores administrativas.  (PGR - SIG- 204 Orden y Aseo) y  (INS SIG - 202 Instructivo de Pausas Activas). Saludables)","NO APLICA"]
[null,null,null,null,null,"Movimientos Repetitivos\n(Sólo las manos, digitación en teclado y uso de mouse)","BIOMECÁNICO","Síndromes túnel del carpo\n\nSíndrome de Quervain","Ninguno","SVE  Biomecánico ","Recomendaciones en inducción",6,2,12,"ALTO",25,300,"II","ACEPTABLE CON CONTROL ESPECIFICO","NINGUNO ","NINGUNO ","NINGUNO ","*Implementar el programa de pausas activas, específicamente                                         *Continuar con la implementación del Sistema de vigilancia epidemiológico osteomuscular.   (PGR-SIG 205 Vigilancia epidemiológica para la prevención de  Desordenes musculares esqueléticos) y (INS SIG - 202 Instructivo de Pausas Activas Saludables)   \n","NO APLICA"]
[null,null,null,null,null,"Posturas Prolongadas                    \nPosición sedente la mayor parte de la jornada laboral","BIOMECÁNICO","Lumbalgias, Cervicalgias, Mialgias, lesiones y síndromes dolorosos","Ninguno","Ninguno","Ninguno",6,2,12,"ALTO",25,300,"II","ACEPTABLE CON CONTROL ESPECIFICO","NINGUNO ","NINGUNO ","NINGUNO ","*Acondicionar los puestos de trabajo dando cumplimiento a las recomendaciones ergonómicas  \"Biomecánicas\", para lo cual, se deben cumplir los requisitos ergonómicos para trabajos con video terminales, por lo tanto, se debe adecuar la altura y ubicación de las pantallas. \n*Capacitación en  higiene postural, ergonomía en oficina, gimnasia laboral y pausas activas.      (PGR-SIG 205 Vigilancia epidemiológica para la prevención de  Desordenes musculares esqueléticos) y (INS SIG - 202 Instructivo de Pausas Activas Saludables)","NO APLICA"]
[null,null,null,null,null,"Postura Forzada                            \nAltura inadecuada de la pantalla visual  por el portátil ","BIOMECÁNICO"," Tendinitis Estamos de manos","Ninguno","Ninguno","Jornadas de pausas activas ",6,3,18,"ALTO",25,450,"II","ACEPTABLE CON CONTROL ESPECIFICO","NINGUNO ","NINGUNO ","NINGUNO ","* Pausas activas a lo largo de la jornada laboral y sensibilizar sobre su importancia , * Realizar seguimiento para el S.V.E  para lesiones osteo musculares. A. *Se recomienda graduar y elevar la altura de la pantalla visual para mejorar posturas de los puestos de trabajo con portátil.  (PGR-SIG 205 Vigilancia epidemiológica para la prevención de  Desordenes musculares esqueléticos) y (INS SIG - 202 Instructivo de Pausas Activas Saludables)","*Se recomienda elementos de confort: Base portátil, apoyapiés, teclado adicional "]
[null,null,null,null,null,"Públicos                                                     \nAgresiones verbales con la atención de usuarios, estudiantes,  ","CONDICIONES DE SEGURIDAD","Heridas, Muerte, estrés laboral","Ninguno","Ninguno ","Recomendaciones en inducción",2,2,4,"BAJO",100,400,"II","ACEPTABLE CON CONTROL ESPECIFICO","NINGUNO ","NINGUNO ","NINGUNO ","*Diseñar e implementar  planes contingencia para diferentes situaciones  de emergencia.        \n* Continuar con la vigilancia física del centro de trabajo. \n* Capacitaciones para intervenir el riesgo.  (PLA - SIG - 204  Plan de Prevención, Preparación y  Repuesta ante emergencias),  (PGR-SIG 205 Vigilancia epidemiológica para la prevención de  Desordenes musculares esqueléticos) y (INS SIG - 202 Instructivo de Pausas Activas Saludables)","NO APLICA "]
[null,null,null,null,null,"Locativo \nPuerta dañada de la portería ","CONDICIONES DE SEGURIDAD","Colapso estructural - Hongos- bacterias- Ingreso de agua ","Ninguno","Ninguno ","Ninguno ",2,2,4,"BAJO",25,100,"III","MEJORABLE","NINGUNO ","NINGUNO ","NINGUNO ","*Realizar mantenimiento preventivo y correctivo de las instalaciones locativas, con el fin de mejorar las condiciones de trabajo y prevenir  enfermedades a los trabajadores.                                                                                                                    * Mantenimiento y/o cambio de la puerta de portería. Continuar con inspecciones   (Plan de saneamiento básico )  y  (Sistema globalmente armonizado)","NO APLICA"]
[null,null,null,null,null,"Locativo                             \nCableado del computador expuesto debajo del escritorio","CONDICIONES DE SEGURIDAD","Se potencializa el riesgo de incendio y accidentes por caídas, chispas, conatos de incendios ","Ninguno","Ninguno","Recomendaciones en inducción",2,2,4,"BAJO",25,100,"III","MEJORABLE","NINGUNO ","NINGUNO ","NINGUNO ","*Agrupar el cableado eléctrico, utilizando espiral porta cable  y/o canaleta. * Jornadas de orden y aseo.  * Capacitaciones en caídas al mismo nivel.  (PGR - SIG- 204 Orden y Aseo) y  (PGR - SIG - 203 Programa protección contra caídas)\n","NO APLICA"]
[null,null,null,null,null,"Locativo \nVentanas con vidrio vencido ","CONDICIONES DE SEGURIDAD","Heridas abiertas\nProblemas de ingreso de animales (gatos) \nBacterias - virus excrementos animales ","Ninguno","Ninguno ","Ninguno ",2,2,4,"BAJO",25,100,"III","MEJORABLE","NINGUNO ","NINGUNO ","NINGUNO ","* Se recomienda un programa de mantenimiento de instalaciones para el control de humedad. \n* Se recomienda cambio de los vidrios de las ventanas del auditorio.\n* Se recomienda erradicación de los animales (gatos) en las instalaciones.   (PGR - SIG- 204 Orden y Aseo), ( Plan de saneamiento básico) y ( Sistema globalmente armonizado)","NO APLICA"]
[null,null,null,null,null,"Eléctrico                        \nToma eléctrica dañada  con potencial   de corto circuito ","CONDICIONES DE SEGURIDAD ","Potencializa el riesgo de incendio. Quemaduras, cortos circuitos ","Ninguno","Ninguno ","Recomendaciones en inducción",2,2,4,"BAJO",25,100,"III","MEJORABLE","NINGUNO ","NINGUNO ","Mantenimiento a instalaciones eléctricas "," * Jornadas de orden y aseo.\n * Mantenimiento de las tomas eléctricas  del área de portería.   (PGR - SIG- 204 Orden y Aseo) y (Sistema globalmente armonizado)","NO APLICA"]
[null,null,null,null,null,"Inundación  \nProblemas de goteras y desnivel del piso que permite el ingreso de agua en condiciones lluviosas ","FENÓMENOS NATURALES ","Ingreso de agua en el área   ","Ninguno","Ninguno ","Plan de emergencia y brigadistas ",2,2,4,"BAJO",25,100,"III","MEJORABLE","NINGUNO ","NINGUNO ","NINGUNO ","* Se recomienda un programa de mantenimiento de instalaciones para el control de humedad. \n* Mantenimiento y/o cambio de la puerta de portería.    (Plan de saneamiento básico y sistema globalmente armonizado)","NO APLICA"]
[null,null,null,null,null,"Esfuerzo\nAbrir y cerrar la puerta de la entrada principal ","BIOMECÁNICO ","Síndrome del Túnel Carpiano, Manguito rotador ","Ninguno","Ninguno","Pausas Activas Implementación del SVE DMO ",6,2,12,"ALTO",25,300,"II","ACEPTABLE CON CONTROL ESPECIFICO","NINGUNO ","NINGUNO ","NINGUNO ","*Implementar el programa de pausas activas                                                                 *Implementación del Sistema de vigilancia epidemiológico desorden musculo esqueléticos, con el fin de identificar las personas con sintomatología y hacer el respectivo seguimiento y control de los diagnósticos médicos que se presenten.   (PGR-SIG 205 Vigilancia epidemiológica para la prevención de  Desordenes musculares esqueléticos) y (INS SIG - 202 Instructivo de Pausas Activas Saludables)","NO APLICA"]
[null,null,null,null,null,"Di confort Térmico - Exposición a temperaturas altas  extremas  por la inadecuada  concentración  de usuarios. ","FÍSICO","Di confort térmico,   Alergias, afecciones respiratorias, cefaleas tensionales . ","Ninguno","Ninguno ","Ninguno ",2,2,4,"BAJO",25,100,"III","MEJORABLE","NINGUNO ","NINGUNO ","*Se recomienda  revisar la posibilidad de instalar en el área aire acondicionado. ","* Se recomienda   dotar de puntos de hidratación (Botellones de agua)  para los funcionarios. \n* Se recomienda  ventiladores personales.     (Plan de saneamiento básico y sistema globalmente armonizado)","NO APLICA "]
[null,null,null,null,null,"Ruido\n Ambiental producido por los usuarios ","FÍSICO","* Dolor  de cabeza,\n* poca concentración, \n*zumbidos  en los oídos   \n* Cefaleas tensionales ","Ninguno","Ninguno","Exámenes Médicos ocupacionales",2,2,4,"BAJO",25,100,"III","MEJORABLE","NINGUNO ","NINGUNO ","NINGUNO ","*Continuar con la realización de evaluaciones  medicas ocupacionales (ingreso, periódicos y egreso \n* Realizar pausa activa durante la jornada laboral una vez en la mañana y una vez en la tarde ( Si el  usuario l lo permite).\n*Campañas  educativas con estudiantes de la conservación de la voz .     (PGR-SIG 205 Vigilancia epidemiológica para la prevención de  Desordenes musculares esqueléticos) y (INS SIG - 202 Instructivo de Pausas Activas Saludables)\n","NO APLICA"]
[null,null,null,null,null,"Postura bípeda  \nDesplazamientos para la supervisión  y vigilancia de las instalaciones ","BIOMECÁNICO ","Lesiones vasculares ","Ninguno","SVE  Biomecánico ","Ninguno",2,2,4,"BAJO",25,100,"III","MEJORABLE","NINGUNO ","NINGUNO ","NINGUNO ","* Se recomienda  pausas activas durante los desplazamientos  o posiciones bípedas. \n* Se recomienda alternar la posiciones de bípeda a sedente.  (INS SIG - 202 Instructivo de Pausas Activas Saludables)","NO APLICA"]
[null,null,null,"TRANSFERENCIAS DOCUMENTALES. MANEJO DE CORRESPONDENCIA. ACTIVIDAD MANEJO DE ARCHIVO. REGISTRO, INVENTARIO Y CONTROL DE PRÉSTAMO DE LOS LIBROS ; FUNCIONARIOS DE PLANTA Y/O CONTRATO","SI","Mecánico                                                     \nManejo de herramientas manuales \n(Grapadora, saca ganchos, perforadora, ganchos legadores)","CONDICIONES DE SEGURIDAD\n","Golpes, heridas, pinchazos, magulladuras de diferentes en los miembros superiores ","Cambio de elementos en mal estado ","Ninguno ","Recomendaciones en inducción",2,2,4,"BAJO",25,100,"III","MEJORABLE","NINGUNO ","NINGUNO ","NINGUNO ","*Capacitación sobre manejo seguro de herramientas.\n*Capacitación en prevención en lesiones de mano.\n*Inspeccionar las diferentes herramientas utilizados en la oficina para labores administrativas.  (PGR - SIG- 204 Orden y Aseo) y  (INS SIG - 202 Instructivo de Pausas Activas Saludables)","NO APLICA"]
[null,null,null,null,null,"Postura Forzada                            Miembros superiores en la gravedad por el espacio reducido del plano de trabajo\n","BIOMECÁNICO","Lumbalgias, Cervicalgias, Mialgias, lesiones y síndromes doloroso, tendinitis, estamos de manos .   ","Ninguno","Ninguno","Jornadas de pausas activas ",2,2,4,"BAJO",25,100,"III","MEJORABLE","NINGUNO ","NINGUNO ","NINGUNO ","* Pausas activas a lo largo de la jornada laboral y sensibilizar sobre su importancia , * Realizar seguimiento para el S.V.E  para lesiones osteo musculares.\n* Se recomienda  revisar la posibilidad de contar con un plano de trabajo en \"L\" que garantice que la manos, brazo y muñeca permanezcan en línea recta en el momento de digitar.     (PGR-SIG 205 Vigilancia epidemiológica para la prevención de  Desordenes musculares esqueléticos) y (INS SIG - 202 Instructivo de Pausas Activas Saludables)\n","NO APLICA "]
[null,null,null,null,null,"Postura Anti gravitacional                            Miembros superiores en la gravedad","BIOMECÁNICO"," Tendinitis Estamos de manos","Ninguno","Ninguno","Jornadas de pausas activas ",6,2,12,"ALTO",25,300,"II","ACEPTABLE CON CONTROL ESPECIFICO","NINGUNO ","NINGUNO ","NINGUNO ","* Pausas activas a lo largo de la jornada laboral y sensibilizar sobre su importancia , * Realizar seguimiento para el S.V.E  para lesiones osteo musculares.* Se recomienda  revisar la posibilidad de contar con un plano de trabajo en \"L\" que garantice que la manos, brazo y muñeca permanezcan en línea recta en el momento de digitar.   (PGR-SIG 205 Vigilancia epidemiológica para la prevención de  Desordenes musculares esqueléticos) y (INS SIG - 202 Instructivo de Pausas Activas Saludables)","NO APLICA "]
[null,null,null,null,null,"Locativo \nTechos en mal estado \nProblemas de humedad ","CONDICIONES DE SEGURIDAD","Colapso estructural - Hongos- bacterias","Ninguno","Ninguno ","Ninguno ",2,2,4,"BAJO",25,100,"III","MEJORABLE","NINGUNO ","NINGUNO ","NINGUNO ","*Realizar mantenimiento preventivo y correctivo de las instalaciones locativas, con el fin de mejorar las condiciones de trabajo y prevenir  enfermedades a los trabajadores.                                                                                                                    * Mantenimiento de los techos para  evitar  la proliferación de animales ( murciélagos- palomas) y control de humedad. \n*Se recomienda erradicar los palomas del área.     (Plan de saneamiento básico y sistema globalmente armonizado)","NO APLICA"]
[null,null,null,null,null,"Locativo - Infraestructura                           Sistemas de almacenamiento y condiciones técnico ambientales inadecuados del archivo                        ","CONDICIONES DE SEGURIDAD","Accidentes de trabajo -  Deterioro del archivo - Caídas de objetos (cajas) ","Ninguno","Ninguno","Ninguno",2,2,4,"BAJO",25,100,"III","MEJORABLE","NINGUNO ","NINGUNO ","NINGUNO "," *Ubicación del archivo debe ser un terreno sin riesgos de humedad subterránea o problemas de inundación y que ofrezca estabilidad.     (Plan de saneamiento básico y sistema globalmente armonizado)","NO APLICA"]
[null,null,null,null,null,"Locativo\nSistema de almacenamiento  \nUbicación inadecuada de los archivadores anclados a la pared","CONDICIONES DE SEGURIDAD\n","*Golpes\n*Contusión \n*Traumas superficiales\n*Heridas","NINGUNO","NINGUNO","NINGUNO",2,2,4,"BAJO",25,100,"III","MEJORABLE","NINGUNO ","NINGUNO ","NINGUNO ","*Se recomienda instalar protectores de seguridad en el soporte de agarre de los archivadores, con el fin de evitar heridas graves y disminuir los golpes. \n*Sensibilización a los trabajadores  en auto cuido.     (Plan de saneamiento básico y sistema globalmente armonizado)","NO APLICA"]
[null,null,null,null,null,"Postura Forzada                            \nAltura inadecuada de la pantalla visual  por el portátil ","BIOMECÁNICO"," Tendinitis Estamos de manos","Ninguno","Ninguno","Jornadas de pausas activas ",2,2,4,"BAJO",25,100,"III","MEJORABLE","NINGUNO ","NINGUNO ","NINGUNO ","* Pausas activas a lo largo de la jornada laboral y sensibilizar sobre su importancia , * Realizar seguimiento para el S.V.E  para lesiones osteo musculares. A. *Se recomienda graduar y elevar la altura de la pantalla visual para mejorar posturas de los puestos de trabajo con portátil.    (PGR-SIG 205 Vigilancia epidemiológica para la prevención de  Desordenes musculares esqueléticos) y (INS SIG - 202 Instructivo de Pausas Activas Saludables)","*Se recomienda elementos de confort: Base portátil, apoyapiés, teclado adicional "]
[null,null,null,null,null,"Movimientos repetitivos  Abrir y cerrar las estanterías móviles del archivo (rodantes) ","BIOMECÁNICO ","Síndrome del Túnel Carpiano, Manguito rotador ","Ninguno","Ninguno","Pausas Activas Implementación del SVE DMO ",2,2,4,"BAJO",25,100,"III","MEJORABLE","NINGUNO ","NINGUNO ","NINGUNO ","*Implementar el programa de pausas activas                                                                 *Implementación del Sistema de vigilancia epidemiológico desorden musculo esqueléticos, con el fin de identificar las personas con sintomatología y hacer el respectivo seguimiento y control de los diagnósticos médicos que se presenten.    (PGR-SIG 205 Vigilancia epidemiológica para la prevención de  Desordenes musculares esqueléticos) y (INS SIG - 202 Instructivo de Pausas Activas Saludables)","NO APLICA"]
[null,null,null,null,null,"Movimientos Repetitivos\n(Sólo las manos, digitación en teclado y uso de mouse)","BIOMECÁNICO","Síndromes túnel del carpo\n\nSíndrome de Quervain","Ninguno","SVE  Biomecánico ","Ninguno",6,2,12,"ALTO",25,300,"II","ACEPTABLE CON CONTROL ESPECIFICO","NINGUNO ","NINGUNO ","NINGUNO ","*Implementar el programa de pausas activas, específicamente                                         *Continuar con la implementación del Sistema de vigilancia epidemiológico osteomuscular.      (PGR-SIG 205 Vigilancia epidemiológica para la prevención de  Desordenes musculares esqueléticos) y (INS SIG - 202 Instructivo de Pausas Activas Saludables) \n","NO APLICA"]
[null,null,null,null,null,"Públicos                                                     Agresiones verbales con la atención de usuarios, estudiantes,  ","CONDICIONES DE SEGURIDAD","Heridas, Muerte, estrés laboral","Ninguno","Ninguno ","Recomendaciones en inducción",2,2,4,"BAJO",100,400,"II","ACEPTABLE CON CONTROL ESPECIFICO","NINGUNO ","NINGUNO ","NINGUNO ","*Diseñar e implementar  planes contingencia para diferentes situaciones  de emergencia.        \n* Continuar con la vigilancia física del centro de trabajo. \n* Capacitaciones para intervenir el riesgo.    (PLA - SIG - 204  Plan de Prevención, Preparación y  Repuesta ante emergencias),  (PGR-SIG 205 Vigilancia epidemiológica para la prevención de  Desordenes musculares esqueléticos) y (INS SIG - 202 Instructivo de Pausas Activas Saludables)","NO APLICA "]
[null,null,null,null,null,"Locativo \nLuminarias sin protectores (rejillas)","CONDICIONES DE SEGURIDAD","Caídas de los tubos fluorescentes, golpes, contusiones ","Ninguno","Ninguno ","Ninguno ",2,2,4,"BAJO",25,100,"III","MEJORABLE","NINGUNO ","NINGUNO ","Mantenimiento a luminarias","*Se recomienda que las luminarias cuenten con protectores (rejillas).     (Plan de saneamiento básico y sistema globalmente armonizado)","NO APLICA"]
[null,null,null,null,null,"Material Particulado Acumulación de material particulado (polvo) de los libros  ","QUÍMICO","Irritaciones, alergias a nivel respiratorio","Limpieza periódica en bibliotecas","Ninguno","capacitación de seguridad en archivos ",2,2,4,"BAJO",25,100,"III","MEJORABLE","NINGUNO ","NINGUNO ",1,"*Exámenes periódicos anualmente al personal  expuesto con espirometrías \n* Se recomienda que el personal de servicios generales realice limpieza completa del archivo durante la semana.    (PGR-SIG 205 Vigilancia epidemiológica para la prevención de  Desordenes musculares esqueléticos),  (INS SIG - 202 Instructivo de Pausas Activas Saludables) y (PGR SIF - 204  Orden y Aseso),","Uso de tapabocas obligatorio"]
[null,null,null,null,null,"Movimientos Repetitivos\nOrganizar los libros ","BIOMECÁNICO","Síndromes túnel del carpo\n\nSíndrome de Quervain","Ninguno","SVE  Biomecánico ","Ninguno",2,2,4,"BAJO",25,100,"III","MEJORABLE","NINGUNO ","NINGUNO ","NINGUNO ","*Implementar el programa de pausas activas, específicamente                                                                                      *Continuar con la implementación del Sistema de vigilancia epidemiológico osteomuscular.     (PGR-SIG 205 Vigilancia epidemiológica para la prevención de  Desordenes musculares esqueléticos) y (INS SIG - 202 Instructivo de Pausas Activas Saludables)","NO APLICA"]
[null,null,null,null,null,"Manipulación manual de cargas                                               \nLevantar cajas de archivo del piso","BIOMECÁNICO","Hernias Discales - Bursitis de hombro - Bursitis de rodilla ","Ninguno","Ninguno","Capacitación manejo adecuado de cargas ",2,2,4,"BAJO",60,240,"II","ACEPTABLE CON CONTROL ESPECIFICO","NINGUNO ","NINGUNO ","NINGUNO ","*Continuar con la implementación del sistema de vigilancia epidemiológico osteomuscular.                                                                             *Continuar con la capacitación y  permanente  en  higiene postural, ergonomía en oficina, gimnasia laboral y pausas activas.     (PGR-SIG 205 Vigilancia epidemiológica para la prevención de  Desordenes musculares esqueléticos) y (INS SIG - 202 Instructivo de Pausas Activas Saludables)","NO APLICA"]
[null,null,null,null,null,"Material Particulado Acumulación de material particulado (polvo) del archivo antiguo  y tipo de tipo. ","QUÍMICO","Irritaciones, alergias a nivel respiratorio","Limpieza periódica en bibliotecas","Ninguno","capacitación de seguridad en archivos ",2,2,4,"BAJO",25,100,"III","MEJORABLE","NINGUNO ","NINGUNO ","NINGUNO ","*Exámenes periódicos anualmente al personal  expuesto con espirometrías \n* Se recomienda que el personal de servicios generales realice limpieza completa del archivo durante la semana.   (PGR-SIG 205 Vigilancia epidemiológica para la prevención de  Desordenes musculares esqueléticos),  (INS SIG - 202 Instructivo de Pausas Activas Saludables) y (PGR SIF - 204  Orden y Aseso)","Uso de tapabocas obligatorio"]
[null,null,null,null,null,"Ruido\n Ambiental producido por los niños","FÍSICO","* Dolor  de cabeza,\n* poca concentración, \n*zumbidos  en los oídos   \n* Cefaleas tensionales ","Ninguno","Ninguno","Exámenes Médicos ocupacionales",2,2,4,"BAJO",25,100,"III","MEJORABLE","NINGUNO ","NINGUNO ","NINGUNO ","*Continuar con la realización de evaluaciones  medicas ocupacionales (ingreso, periódicos y egreso \n* Realizar pausa activa durante la jornada laboral una vez en la mañana y una vez en la tarde ( Si el  usuario l lo permite).\n*Campañas  educativas con estudiantes de la conservación de la voz .    (PGR-SIG 205 Vigilancia epidemiológica para la prevención de  Desordenes musculares esqueléticos),  (INS SIG - 202 Instructivo de Pausas Activas Saludables)\n","NO APLICA"]
[null,null,null,null,null,"Hongos- Bacterias       \nPresencia libros antiguos  ","BIOLÓGICO ","Afecciones respiratorias ","Limpieza periódica en bibliotecas","Ninguno","Uso de EPP (Guantes) ",2,2,4,"BAJO",25,100,"III","MEJORABLE","NINGUNO ","NINGUNO ","Instalación de extractores","\n* Se recomienda continuar con el proceso de intervención (limpieza) de los libros antiguos  (PGR SIF - 204  Orden y Aseso)","Uso de guantes de nitrilo y tapabocas "]
[null,null,null,null,null,"Hongos       \nMalos olores  en el área                      ","BIOLÓGICO ","Alergias,  Malos olores ","Ninguno","Ninguno","Ninguno",6,2,12,"ALTO",25,300,"II","ACEPTABLE CON CONTROL ESPECIFICO","NINGUNO ","NINGUNO ","Instalación de extractores","*Se recomienda mantenimiento de las instalaciones para eliminar los malos olores.\n* Se recomienda  mantenimiento de  los techos para el control de goteras (humedad).   (PGR SIF - 204  Orden y Aseso)","NO APLICA"]
[null,null,null,null,null,"Locativo \nDesnivel en la superficie de trabajo  en la entrada ","CONDICIONES DE SEGURIDAD","Caídas, golpes, incidentes  y accidentes de y trabajo ","Ninguno ","Señalización de advertencia  ","Capacitación en prevención de caídas",2,2,4,"BAJO",25,100,"III","MEJORABLE","NINGUNO ","NINGUNO ","NINGUNO ","*Se recomienda demarcar con cinta de precaución el desnivel de la superficie de trabajo para mejor visibilidad del funcionario  y del visitante. \n* Instalar cinta de precaución en el desnivel de la superficie de trabajo.   (PGR - SIG .203 PROGRAMA PROTECCION CONTRA CAIDAS).","NO APLICA "]
[null,null,null,null,null,"Locativo \nLuminarias sin protectores (rejillas)","CONDICIONES DE SEGURIDAD","Caídas de los tubos fluorescentes, golpes, contusiones ","Ninguno","Ninguno ","Ninguno ",2,2,4,"BAJO",25,100,"III","MEJORABLE","NINGUNO ","NINGUNO ","Mantenimiento a luminarias ","*Se recomienda que las luminarias cuenten con protectores (rejillas).     (Plan de saneamiento básico y sistema globalmente armonizado)","NO APLICA"]
[null,null,null,null,null,"Locativo - Infraestructura\n\nTechos en mal estado \nProblemas de humedad ","CONDICIONES DE SEGURIDAD","Colapso estructural - Hongos- bacterias","Ninguno","Ninguno ","Ninguno ",2,2,4,"BAJO",25,100,"III","MEJORABLE","NINGUNO ","NINGUNO ","Mantenimiento a infraestructura","*Realizar mantenimiento preventivo y correctivo de las instalaciones locativas, con el fin de mejorar las condiciones de trabajo y prevenir  enfermedades a los trabajadores.                                                                                                                    * Mantenimiento de los techos para  evitar  la proliferación de animales ( roedores) y control de humedad.     (Plan de saneamiento básico y sistema globalmente armonizado)","NO APLICA"]
[null,null,"OPERATIVO","ACTIVIDAD DESPLAZAMIENTO A EVENTOS (UNIDAD MOVIL) Y REUNIONES INSTITUCIONALES,  INSPECCIONES, ACTIVIDADES DE FORMACIÓN, I CULTURALES Y RECREATIVAS, DE BIENESTAR, FUERA DE LA SEDE. NSPECCION DIAGNOSTICO BIENES PATRIMONIALES, AUDICIONES DE RADIO EN LA EMISORA. ACTIVIDADES LÚDICAS CON NIÑOS (LECTURA, TÍTERES Y VIDEOS ACADÉMICOS); FUNCIONARIOS DE PLANTA Y/O CONTRATO","SI","RIESGO VIAL","CONDICIONES DE SEGURIDAD","*Muerte \n*Lesiones graves en el cuerpo entero\n*Atrapamiento vehicular","Ninguno","Vehículos de la empresa con mantenimiento preventivo y correctivo. ","Ninguno",2,2,4,"BAJO",100,400,"II","ACEPTABLE CON CONTROL ESPECIFICO","NO APLICA","NO APLICA","*Se debe empezar a realizar la inspección pre operacional de vehículos de la empresa, para identificar condiciones del mismo \"Por parte de los conductores\". ","*Dar cumplimiento al plan de capacitación del PESV según el rol (Pasajero - Conductor - Peatón)\n*Realizar sensibilización en seguridad vial   (PLA - SIG 202  PESV Plan estratégico de seguridad vial)","NO APLICA"]
[null,null,null,null,null,"Eléctrico                        \nToma eléctrica dañada  con potencial   de corto circuito ","CONDICIONES DE SEGURIDAD ","Potencializa el riesgo de incendio. Quemaduras, cortos circuitos ","Ninguno","Ninguno ","Ninguno ",2,2,4,"BAJO",25,100,"III","MEJORABLE","NINGUNO ","NINGUNO ","Mantenimiento a instalaciones eléctricas "," * Jornadas de orden y aseo.\n * Mantenimiento de las tomas eléctricas de la ludoteca.   (PGR SIF - 204  Orden y Aseso)","NO APLICA"]
[null,null,null,null,null,"Locativo - Infraestructura \n\nSuperficie de trabajo  con problemas de filtraciones agua en condiciones climáticas. ","CONDICIONES DE SEGURIDAD","Inundaciones\nDaño estructural  ","Ninguno","Ninguno ","Ninguno ",2,2,4,"BAJO",25,100,"III","MEJORABLE","NINGUNO ","NINGUNO ","mantenimiento a infraestructura","* Se recomienda  mantenimiento de la infraestructura  para el control de humedad y filtración de agua en los salones.     (Plan de saneamiento básico y sistema globalmente armonizado)","NO APLICA "]
[null,null,null,null,null,"Locativo\nLámparas en estado critico de limpieza, aseo y con riesgo potencial de caída (bomboneras)","CONDICIONES DE SEGURIDAD","Heridas abiertas\nCaída de objetos \nProliferación de material particulado ","Ninguno","Ninguno","Ninguno ",2,2,4,"BAJO",25,100,"III","MEJORABLE","NINGUNO ","NINGUNO ","Mantenimiento a luminarias ","*Se recomienda  mantenimiento de las lámparas (limpieza y aseo).\n* Se recomienda  revisar la posibilidad de cambiar  el sistema de iluminación (tipo de lámparas); para evitar la caída de objetos.   (PGR SIF - 204  Orden y Aseso)  y    (Plan de saneamiento básico y sistema globalmente armonizado)","NO APLICA"]
[null,null,null,null,null,"Locativo                                 \nSistemas de almacenamiento inadecuados (TV sin anclaje)","CONDICIONES DE SEGURIDAD ","Caídas de objetos,  golpes, accidentes e incidentes de trabajo ","Ninguno","Ninguno","Inducción y reinducción al personal ",2,2,4,"BAJO",25,100,"III","MEJORABLE","NO APLICA","NO APLICA","NO APLICA","*Se recomienda anclaje del televisor que se encuentra  la ludoteca y en la sala infantil para evitar accidentes  con los niños.   (PGR - SIG -203 Programa protección contra caídas)","NO APLICA"]
[null,null,null,null,null,"Locativo \nLuminarias sin protectores (rejillas)","CONDICIONES DE SEGURIDAD","Caídas de los tubos fluorescentes, golpes, contusiones ","Ninguno","Ninguno ","Ninguno ",2,2,4,"BAJO",25,100,"III","MEJORABLE","NINGUNO ","NINGUNO ","Mantenimiento a luminarias ","*Se recomienda que las luminarias cuenten con protectores (rejillas).     (Plan de saneamiento básico y sistema globalmente armonizado)","NO APLICA"]
[null,null,null,null,null,"Di confort Térmico \nExposición a temperaturas altas/ aire acondicionado   ","FÍSICO","Di confort térmico,   Alergias, afecciones respiratorias, cefaleas tensionales .  ","Ninguno","Ninguno ","Ninguno ",2,2,4,"BAJO",25,100,"III","MEJORABLE","NINGUNO ","NINGUNO ","NINGUNO ","* Se recomienda  mantenimiento del aire acondicionado. \n* Se recomienda  apagar el aire acondicionado  1/2 antes de  las horas de salida.   ","NO APLICA "]
[null,null,null,null,null,"Locativo                                      \nFalta de orden y aseo  por los elementos sin dar de baja \nCifón sin rejilla ","CONDICIONES DE SEGURIDAD ","Caídas al mismo nivel, proliferación de animales, ","Ninguno","Ninguno ","Recomendaciones en inducción",2,2,4,"BAJO",25,100,"III","MEJORABLE","NINGUNO ","NINGUNO ","NINGUNO ","*Capacitaciones en caídas al mismo nivel  al personal expuesto. * Se recomienda jornadas de orden y aseo en la cafetería* Se recomienda dar de baja a los elementos sin utilizar en las áreas comunes y en la cafetería .\n*Se recomienda instalar  la rejilla en el cifón de la cafetería ara evitar la proliferación de animales (insectos - roedores).   \n\n*Se recomienda fumigaciones periódicas.   (PGR SIF - 204  Orden y Aseso) y   (PGR - SIG .203 Programa Protección contra Caídas).","NO APLICA"]
[null,null,null,null,null,"Temperaturas extremas                                                 Calor por uso de la estufa ","FÍSICO","Quemaduras ","Ninguno ","Ninguno ","Ninguno ",2,2,4,"BAJO",25,100,"III","MEJORABLE","NINGUNO ","NINGUNO ","NINGUNO ","*Realizar capacitaciones en prevención de accidentes de trabajo, autocuidado.    (PGR - SIG .203 Programa Protección contra Caídas).","NO APLICA"]
[null,null,null,null,null,"Locativo                                                 \nFalta de orden y aseo  \nElementos dar de baja  ","CONDICIONES DE SEGURIDAD","Accidentes de trabajo, posturas inadecuadas,  golpes, caída de objetos ","Ninguno","Ninguno","Ninguno",2,2,4,"BAJO",25,100,"III","MEJORABLE","NINGUNO ","NINGUNO ","NINGUNO ","*Diseño e implementación del programa de orden y aseo de la empresa, para lo cual, se sugiere realizar jornada de orden y aseo. \n* Se recomienda  dar de baja a los elementos que no se estén utilizando.\n* Limpieza,  mantenimiento del tapete.     (PGR SIF - 204  Orden y Aseso)","NO APLICA"]
[null,null,null,null,null,"Locativo \nDesnivel en la superficie de trabajo  en la entrada ","CONDICIONES DE SEGURIDAD","Caídas, golpes, incidentes  y accidentes de y trabajo ","Ninguno ","Señalización de advertencia  ","Capacitación en prevención de caídas ",2,2,4,"BAJO",25,100,"III","MEJORABLE","NINGUNO ","NINGUNO ","NINGUNO ","*Se recomienda demarcar con cinta de precaución el desnivel de la superficie de trabajo para mejor visibilidad del funcionario  y del visitante. \n* Instalar cinta de precaución en el desnivel de la superficie de trabajo.    (PGR - SIG .203 Programa Protección contra Caídas).","NO APLICA "]
[null,null,null,null,null,"Locativo - Infraestructura\n\nInstalaciones en mal estado \n(Techos  con humedad)         ","CONDICIONES DE SEGURIDAD","Bacterias,  hongos, enfermedades respiratorias ","Ninguno","Ninguno ","Ninguno ",2,2,4,"BAJO",25,100,"III","MEJORABLE","NINGUNO ","NINGUNO ","Mantenimiento a infraestructura","* Se recomienda un programa de mantenimiento de instalaciones para el control de humedad. \n* Mantenimiento de las paredes para el control de humedad  de las áreas comunes.     (Plan de saneamiento básico y sistema globalmente armonizado)","NO APLICA"]
[null,null,null,null,null,"Locativo  \nSistemas de almacenamiento inadecuados: productos químicos al lado insumos de cafetería.  ","CONDICIONES DE SEGURIDAD","Irritaciones, tardía en los primeros auxilios en caso de  un accidente con los productos químicos. ","Ninguno","Ninguno","Inducción y reinducción al personal ",2,2,4,"BAJO",25,100,"III","MEJORABLE","NINGUNO ","NINGUNO ","NINGUNO ","* Se recomienda  que los productos químicos de aseo se conserven en los envases originales, debidamente rotulados. \n* Se recomienda  contar con las fichas de seguridad de cada producto de aseo. \n* Capacitaciones en el manejo, uso, almacenamiento adecuado de los productos químicos.   \n* Se recomienda almacenar los productos de aseo aparte a los insumos de cafetería.    (PGR SIF - 204  Orden y Aseso)","Uso de tapabocas, guantes, "]
[null,null,null,null,null,"Manipulación manual de cargas                                                  (Transporte de algunos elementos pesados durante el proceso de limpieza)","BIOMECÁNICO","Lesiones Osteomusculares  a nivel de cervical y lumbar","Ninguno","Ninguno","Intervención del riesgo biomecánico ",2,2,4,"BAJO",25,100,"III","MEJORABLE","NINGUNO ","NINGUNO ","NINGUNO ","*Realizar reinducción  en manipulación manual de cargas\n*Capacitar al personal en higiene postural y pausas activas durante la jornada de trabajo.    (PGR-SIG 205 Vigilancia epidemiológica para la prevención de  Desordenes musculares esqueléticos),  (INS SIG - 202 Instructivo de Pausas Activas Saludables)","NO APLICA"]
[null,null,null,null,null,"Material particulado \nPolvo acumulado en áreas  y superficies de trabajo . ","QUÍMICOS","Infecciones virales, alergias, intoxicaciones.","Limpieza periódica a superficies","Ninguno","Ninguno",2,2,4,"BAJO",25,100,"III","MEJORABLE","NINGUNO ","NINGUNO ","NINGUNO ","*Realizar seguimiento con la  toma de espirómetros     (PGR SIF - 204  Orden y Aseso)","*Continuar con el uso de tapa bocas."]
[null,null,null,null,null,"Virus - Bacterias\n(Exposición y contacto con  material infectado y contaminado","BIOLÓGICO","Dermatitis Infecciones virales, alergias, intoxicaciones.","Ninguno","Ninguno","Recomendaciones en inducción y uso de guantes, y tapabocas ",2,2,4,"BAJO",25,100,"III","MEJORABLE","NINGUNO ","NINGUNO ","NINGUNO ","*Diseñar e Implementar el protocolo de lavado de manos periódicamente.                                                                         \n*Realizar seguimiento al uso adecuado de los EPP.  ","*Continuar con el uso de EPP."]
[null,null,null,null,null,"Hongos                                \n(Exposición y contacto con  material infectado y contaminado)","BIOLÓGICO","Hongos en las manos","Ninguno","Ninguno","Recomendaciones en inducción y uso de guantes, y tapabocas ",2,2,4,"BAJO",25,100,"III","MEJORABLE","NINGUNO ","NINGUNO ","NINGUNO ","*Diseñar e Implementar el protocolo de lavado de manos periódicamente.                                                                         \n*Realizar seguimiento al uso adecuado de los EPP.                                           * Fumigaciones periódicas para el control de roedores e insectos     (PRO-SIG-202  Procedimiento Administración de elementos EPP) ","*Continuar con el uso de EPP."]
[null,null,null,null,null,"Movimientos repetitivos                     Labores de limpieza , baterías sanitarias ","BIOMECÁNICO ","Síndrome del manguito rotador- Epicondilitis ","Ninguno ","Ninguno","Rotación de tareas ",2,2,4,"BAJO",25,100,"III","MEJORABLE","NINGUNO ","NINGUNO ","NINGUNO ","*Implementación del Sistema de vigilancia epidemiológico Desordes Musculo esqueléticos  DMO                                                        \n*Capacitaciones a los trabajadores en la intervención de riesgo biomecánico.                                                                                   \n  * Alternar  labores diarias por parte del trabajador durante la jornada de trabajo.                                  \n *Adoptar posturas adecuadas por parte del trabajador.    (PGR-SIG 205 Vigilancia epidemiológica para la prevención de  Desordenes musculares esqueléticos) y (INS SIG - 202 Instructivo de Pausas Activas Saludables)                           ","NO APLICA "]
[null,null,null,null,null,"Postura bípeda prolongada                             Desplazamiento continuo  para las labores de limpieza ","BIOMECÁNICO","Lesiones Osteomusculares de los miembros inferiores como varices, enfermedades vasculares","Ninguno ","Ninguno","Ninguno",2,2,4,"BAJO",60,240,"II","ACEPTABLE CON CONTROL ESPECIFICO","NINGUNO ","NINGUNO ","NINGUNO ","* Jornadas de pausas activas *Cambio de posición de bípeda a sedente y viceversa. * Alternar las labores operativas.   (PGR-SIG 205 Vigilancia epidemiológica para la prevención de  Desordenes musculares esqueléticos) y (INS SIG - 202 Instructivo de Pausas Activas Saludables)                           ","NO APLICA "]
[null,null,null,null,null,"Líquidos- Gases y Vapores                                            Uso de sustancias químicas para las labores de limpieza ","QUÍMICO  ","Inhalación de vapores, salpicaduras, irritación de mucosa respiratorias, piel, alergias","Ninguno ","Ninguno ","Recomendaciones en inducción y reinducción- uso de guantes y tapabocas",2,2,4,"BAJO",25,100,"III","MEJORABLE","NINGUNO ","NINGUNO ","NINGUNO "," *Capacitaciones en el maneja adecuado de productos químicos - elementos rotulados-  (PGR-SIG-204 Orden y Aseo)","Uso de elementos de protección personal (guantes, tapabocas) "]
[null,null,null,null,null,"Locativo \nTechos en mal estado \nProblemas de humedad ","CONDICIONES DE SEGURIDAD","Colapso estructural - Hongos- bacterias","Ninguno","Ninguno ","Ninguno ",2,2,4,"BAJO",25,100,"III","MEJORABLE","NINGUNO ","NINGUNO ","Mantenimiento a instalaciones ","*Realizar mantenimiento preventivo y correctivo de las instalaciones locativas, con el fin de mejorar las condiciones de trabajo y prevenir  enfermedades a los trabajadores.                                                                                                                    * Mantenimiento de los techos para  evitar  la proliferación de animales ( murciélagos- palomas) y control de humedad. \n*Se recomienda erradicar los palomas del área.     (Plan de saneamiento básico y sistema globalmente armonizado)","NO APLICA"]
[null,null,null,null,null,"Locativo\nSuperficies de trabajo  irregulares y  desniveladas                                 (Desplazamiento en los diferentes áreas)","CONDICIONES DE SEGURIDAD","*Golpes \n*Caídas\n*Fracturas","Ninguno",null,"Recomendaciones en inducción ",2,2,4,"BAJO",25,100,"III","MEJORABLE","NO APLICA","NO APLICA","NO APLICA","*Se recomienda uso de calzado adecuado y de tacón bajo según el área a visitar, con el fin de evitar caídas  ( PRO-SIG-202  Procedimiento Administrativo de elementos EPP) y (PGR-SIG-203  Programa Protección contra Caídas)","Uso de calzado bajo "]
[null,null,null,null,null,"Picaduras                      \n(Exposición con animales en las vías públicas)","BIOLÓGICO","Infecciones","No aplica","No aplica","Recomendaciones en inducción - protocolo de actuación en caso de AT",2,2,4,"BAJO",25,100,"III","MEJORABLE","NO APLICA","NO APLICA","NO APLICA","*Se recomienda capacitar en prevención por mordeduras o picaduras en vías públicas   ( PRO-SIG-202  Procedimiento Administrativo de elementos EPP)\n","NO APLICA"]
[null,null,null,null,null,"Mordeduras                             \n(Exposición con animales en las vías públicas)","BIOLÓGICO","Infecciones","No aplica","No aplica","Recomendaciones en inducción - protocolo de actuación en caso de AT",2,2,4,"BAJO",25,100,"III","MEJORABLE","NO APLICA","NO APLICA","NO APLICA","*Se recomienda capacitar en prevención por mordeduras o picaduras en vías públicas  ( PRO-SIG-202  Procedimiento Administrativo de elementos EPP)\n","NO APLICA"]
[null,null,null,null,null,"Radiaciones no ionizantes                                                 Exposición a luz solar en actividades externas ","FÍSICO","Incomodidad - Insolación ","Ninguno","Ninguno","Ninguno",2,2,4,"BAJO",25,100,"III","MEJORABLE","NINGUNO ","NINGUNO ","NINGUNO ","*Continuar el uso de camisa manga larga y cachucha en el desarrollo de la actividad   ( PRO-SIG-202  Procedimiento Administrativo de elementos EPP)","Ropa manga larga \nCachucha"]
[null,null,null,null,null,"Ruido (Ruido generado por las actividades culturales e instrumentos musicales)","FÍSICO                              ",null,"Ninguno","Ninguno","Ninguno",2,2,{"$f":"+L72*M72","v":4},"BAJO",25,{"$f":"+N72*P72","v":100},{"$f":"IF(Q72>=600,\"I\",IF(Q72>=150,\"II\",IF(Q72>=40,\"III\",IF(Q72>=20,\"IV\"))))","v":"III"},{"$f":"IF(Q72>=600,\"NO ACEPTABLE\",IF(Q72>=150,\"ACEPTABLE CON CONTROL ESPECIFICO\",IF(Q72>=40,\"MEJORABLE\",IF(Q72>=20,\"ACEPTABLE\"))))","v":"MEJORABLE"},"NO APLICA","NO APLICA","NO APLICA","Aislamiento. Para reducir la transmisión de sonido de fuentes de ruido a pisos, paredes y equipos conectados,","NO APLICA"]
[null,null,null,null,null,"Público\n(Robos - Atracos - Asaltos)","CONDICIONES DE SEGURIDAD","*Golpes\n*Agresiones verbales y físicas \n*Atentados violentos\n*Heridas\n*Muerte","Ninguno","Ninguno","Ninguno",2,2,4,"BAJO",100,400,"II","ACEPTABLE CON CONTROL ESPECIFICO","NO APLICA","NO APLICA","NO APLICA","*Socializar los planes contingencia para diferentes situaciones  de emergencia específicamente riesgo público.   (PLA - SIG - 204  Plan de Prevención, Preparación y  Repuesta ante emergencias)","NO APLICA"]
[null,null,null,null,null,"Ruido\n Ambiental producido por los niños - clases ","FÍSICO","* Dolor  de cabeza,\n* poca concentración, \n*zumbidos  en los oídos   \n* Cefaleas tensionales ","Ninguno","Ninguno","Exámenes Médicos ocupacionales",2,2,4,{"$f":"IF(N74>=24,\"MUY ALTO\",IF(N74>=10,\"ALTO\",IF(N74>=6,\"MEDIO\",\"BAJO\")))","v":"BAJO"},25,100,"III","MEJORABLE","NINGUNO ","NINGUNO ","NINGUNO ","*Continuar con la realización de evaluaciones  medicas ocupacionales (ingreso, periódicos y egreso \n* Realizar pausa activa durante la jornada laboral una vez en la mañana y una vez en la tarde ( Si el  usuario l lo permite).\n*Campañas  educativas con estudiantes de la conservación de la voz .    (INS SIG - 202 Instructivo de Pausas Activas Saludables)\n","NO APLICA"]
[null,null,null,null,null,"Público\n(Agresiones verbales - Actos Violentos)","CONDICIONES DE SEGURIDAD","*Golpes\n*Agresiones verbales y físicas \n*Atentados violentos\n*Heridas\n*Muerte","Ninguno","Ninguno","Ninguno",2,2,4,"BAJO",100,400,"II","ACEPTABLE CON CONTROL ESPECIFICO","NO APLICA","NO APLICA","NO APLICA","*Socializar los planes contingencia para diferentes situaciones  de emergencia específicamente riesgo público.   (PLA - SIG - 204  Plan de Prevención, Preparación y  Repuesta ante emergencias)","NO APLICA"]
[null,null,null,null,null,"Locativo\nSuperficies de trabajo  irregulares en las vías, terrenos inestables y escarpados","CONDICIONES DE SEGURIDAD","*Golpes \n*Caídas\n*Fracturas","Ninguno","Ninguno","Ninguno",2,2,{"$f":"+L76*M76","v":4},"BAJO",25,{"$f":"+N76*P76","v":100},{"$f":"IF(Q76>=600,\"I\",IF(Q76>=150,\"II\",IF(Q76>=40,\"III\",IF(Q76>=20,\"IV\"))))","v":"III"},{"$f":"IF(Q76>=600,\"NO ACEPTABLE\",IF(Q76>=150,\"ACEPTABLE CON CONTROL ESPECIFICO\",IF(Q76>=40,\"MEJORABLE\",IF(Q76>=20,\"ACEPTABLE\"))))","v":"MEJORABLE"},"NO APLICA","NO APLICA","NO APLICA","*Se recomienda uso de calzado adecuado y de tacón bajo según el área a visitar, con el fin de evitar caídas.   (PGR - SIG .203 Programa Protección contra Caídas).","Uso de calzado bajo "]
[null,null,null,null,null,"ELÉCTRICO Baja tensión ( cercas eléctricas) ","CONDICIONES DE SEGURIDAD","*Golpes \n*Caídas\n*Fracturas","Ninguno","Ninguno","Inducción y reinducción al personal ",2,2,4,"BAJO",25,100,"III","MEJORABLE","NO APLICA","NO APLICA","NO APLICA","Continuar con las socialización en inducción y reinducción de SST a funcionarios y contratistas   (PRO - SIG- 207  Motivacion, Participación y Consulta)","NO APLICA"]
[null,null,null,"MANTENIMIENTO, LIMPIEZA, CUSTODIA, RECEPCIÓN, INVENTARIO, CONTROL Y PRÉSTAMO DE INSTRUMENTOS MUSICALES, MASCARAS, ELEMENTOS CULTURALES; FUNCIONARIOS DE PLANTA Y/O CONTRATO",null,"Hongos       \nMalos olores  en el área                      ","BIOLÓGICO ","Alergias,  Malos olores ","Ninguno","Ninguno","Ninguno",2,2,4,"BAJO",25,100,"III","MEJORABLE","NINGUNO ","NINGUNO ","NINGUNO ","*Se recomienda mantenimiento de las instalaciones para eliminar los malos olores.\n* Se recomienda  mantenimiento de  los techos para el control de goteras (humedad).     (Plan de saneamiento básico y sistema globalmente armonizado)","NO APLICA"]
[null,null,null,null,null,"Locativo - Infraestructura\n\nTechos en mal estado \nProblemas de humedad ","CONDICIONES DE SEGURIDAD","Colapso estructural - Hongos- bacterias","Ninguno","Ninguno ","Ninguno ",2,2,4,"BAJO",25,100,"III","MEJORABLE","NINGUNO ","NINGUNO ","NINGUNO ","*Realizar mantenimiento preventivo y correctivo de las instalaciones locativas, con el fin de mejorar las condiciones de trabajo y prevenir  enfermedades a los trabajadores.                                                                                                                    * Mantenimiento de los techos para  evitar  la proliferación de animales ( roedores) y control de humedad.     (Plan de saneamiento básico y sistema globalmente armonizado)","NO APLICA"]
[null,null,null,null,null,"Mecánico \nLimpieza, mantenimiento de los instrumentos musicales ","CONDICIONES DE SEGURIDAD","Golpes, heridas, pinchazos, magulladuras de diferentes en los miembros superiores ","Ninguno","Ninguno ","Ninguno ",2,2,4,"BAJO",25,100,"III","MEJORABLE","NINGUNO ","NINGUNO ","NINGUNO ","*Capacitación sobre manejo seguro de herramientas.\n*Capacitación en prevención en lesiones de mano.\n* Mantenimiento correctivo de los instrumentos musicales  (PGR - SIG- 204 Orden y Aseo) y  (INS SIG - 202 Instructivo de Pausas Activas Saludables)","NO APLICA"]
[null,null,null,null,null,"Movimientos Repetitivos\nLimpiar los instrumentos musicales ","BIOMECÁNICO","Síndromes túnel del carpo\n\nSíndrome de Quervain","Ninguno","SVE  Biomecánico ","Ninguno",2,2,4,"BAJO",60,240,"II","ACEPTABLE CON CONTROL ESPECIFICO","NINGUNO ","NINGUNO ","NINGUNO ","*Implementar el programa de pausas activas, específicamente                                                                                      *Continuar con la implementación del Sistema de vigilancia epidemiológico osteomuscular.     (PGR-SIG 205 Vigilancia epidemiológica para la prevención de  Desordenes musculares esqueléticos) y (INS SIG - 202 Instructivo de Pausas Activas Saludables)","NO APLICA"]
[null,null,null,null,null,"Locativo \nLuminarias sin protectores (rejillas)","CONDICIONES DE SEGURIDAD","Caídas de los tubos fluorescentes, golpes, contusiones ","Ninguno","Ninguno ","Ninguno ",2,2,4,"BAJO",25,100,"III","MEJORABLE","NINGUNO ","NINGUNO ","NINGUNO ","*Se recomienda que las luminarias cuenten con protectores (rejillas)     (Plan de saneamiento básico y sistema globalmente armonizado)","NO APLICA"]
[null,null,"PELIGROS QUE APLICAN A TODAS LAS ACTIVIDADES ; FUNCIONARIOS DE PLANTA Y/O CONTRATO",null,"SI","Locativo \nTechos en mal estado \n(Driblar) ","CONDICIONES DE SEGURIDAD","Colapso estructural - Hongos- bacterias","Ninguno","Ninguno ","Ninguno ",2,2,4,"BAJO",25,100,"III","MEJORABLE","NINGUNO ","NINGUNO ","Mantenimiento a infraestructura","*Realizar mantenimiento preventivo y correctivo de las instalaciones locativas, con el fin de mejorar las condiciones de trabajo y prevenir  enfermedades a los trabajadores.                                                                                                                    * Mantenimiento de los techos para  evitar  la proliferación de animales ( murciélagos- palomas) y control de humedad. \n*Se recomienda erradicar los palomas de las áreas.     (Plan de saneamiento básico y sistema globalmente armonizado)","NO APLICA"]
[null,null,null,null,"SI","Locativo - Infraestructura\nTechos en mal estado \nParedes con humedad\nFiltraciones de agua","CONDICIONES DE SEGURIDAD","Colapso estructural - Hongos- bacterias","Ninguno","Ninguno ","Ninguno ",2,2,4,"BAJO",25,100,"III","MEJORABLE","NINGUNO ","NINGUNO ","Mantenimiento a infraestructura","*Realizar mantenimiento preventivo y correctivo de las instalaciones locativas, con el fin de mejorar las condiciones de trabajo y prevenir  enfermedades a los trabajadores.                                                                                                                    * Mantenimiento de los techos para  evitar  la proliferación de animales control de humedad. \n*Se recomienda erradicar los palomas de las áreas.     (Plan de saneamiento básico y sistema globalmente armonizado)","NO APLICA"]
[null,null,null,null,"SI","Postura Forzada                            \nMiembros superiores en la gravedad por el espacio reducido del plano de trabajo\n","BIOMECÁNICO","Lumbalgias, Cervicalgias, Mialgias, lesiones y síndromes doloroso, tendinitis, estamos de manos ","Ninguno","Ninguno","Jornadas de pausas activas ",2,2,4,"BAJO",60,240,"II","ACEPTABLE CON CONTROL ESPECIFICO","NINGUNO ","NINGUNO ","NINGUNO ","* Pausas activas a lo largo de la jornada laboral y sensibilizar sobre su importancia , * Realizar seguimiento para el S.V.E  para lesiones osteo musculares.\n* Se recomienda  revisar la posibilidad de contar con un plano de trabajo en \"L\" que garantice que la manos, brazo y muñeca permanezcan en línea recta en el momento de digitar.    (PGR-SIG 205 Vigilancia epidemiológica para la prevención de  Desordenes musculares esqueléticos) y (INS SIG - 202 Instructivo de Pausas Activas Saludables)\n","NO APLICA "]
[null,null,null,null,"SI","Locativo \nPuerta dañada del baño","CONDICIONES DE SEGURIDAD","Colapso estructural \nEsfuerzos ","Ninguno","Ninguno ","Ninguno ",2,2,4,"BAJO",25,100,"III","MEJORABLE","NINGUNO ","NINGUNO ","Mto infraestructura","*Realizar mantenimiento preventivo y correctivo de las instalaciones locativas, con el fin de mejorar las condiciones de trabajo y prevenir  enfermedades a los trabajadores.                                                                                                                    * Mantenimiento y/o cambio de la puerta  del baño.     (Plan de saneamiento básico y sistema globalmente armonizado)","NO APLICA"]
[null,null,null,null,"SI","Postura Anti gravitacional                            Miembros superiores en la gravedad","BIOMECÁNICO"," Tendinitis Estamos de manos","Ninguno","Ninguno","Jornadas de pausas activas ",2,2,4,"BAJO",60,240,"II","ACEPTABLE CON CONTROL ESPECIFICO","NINGUNO ","NINGUNO ","NINGUNO ","* Pausas activas a lo largo de la jornada laboral y sensibilizar sobre su importancia , * Realizar seguimiento para el S.V.E  para lesiones osteo musculares.* Se recomienda  revisar la posibilidad de contar con un plano de trabajo en \"L\" que garantice que la manos, brazo y muñeca permanezcan en línea recta en el momento de digitar.    (PGR-SIG 205 Vigilancia epidemiológica para la prevención de  Desordenes musculares esqueléticos) y (INS SIG - 202 Instructivo de Pausas Activas Saludables)","NO APLICA "]
[null,null,null,null,"SI","Locativo\nCondiciones de orden y aseo \nSillas del pasillo en  estado critico de limpieza ","CONDICIONES DE SEGURIDAD","Gérmenes, bacterias, Contaminación del área ","Ninguno","Ninguno","Ninguno",2,2,4,"BAJO",25,100,"III","MEJORABLE","NINGUNO ","NINGUNO ","NINGUNO ","*Se recomienda mantenimiento preventivo (lavado, limpieza y desinfección) de las sillas  para evitar contaminación en el área  y la proliferación de material particulado, bacterias. Jornada de orden y aseo  (PGR-SIG-204  Orden y Aseo) ","NO APLICA"]
[null,null,null,null,"SI","Infraestructura - Locativo     \nInstalaciones  (Desgaste de cintas antideslizantes en las escaleras, Tapa alcantarilla en la fuente )","CONDICIONES DE SEGURIDAD","Caídas al mismo y distinto nivel, esguinces, golpes, contusiones ","Ninguno","Señalización de advertencia  ","Inducción y reinducción al personal ",2,2,4,"BAJO",25,100,"III","MEJORABLE","NO APLICA","NO APLICA","Instalar bandas antideslizantes en las escaleras del edificio. ","Capacitación en prevención de caídas- reinducción SST - CONTINUAR INSPECCIONES PARA VERIFICAR ESTADO DE SEÑALIZACIÓN   (PGR-SIG-203 Programa de protección contra caídas)  y  (PGR-SIG-204 Orden y aseo)","NO APLICA"]
[null,null,null,null,"SI","Público\n(Robos - Atracos - Asaltos)","CONDICIONES DE SEGURIDAD","*Golpes\n*Agresiones verbales y físicas \n*Atentados violentos\n*Heridas\n*Muerte","Ninguno","Ninguno","Recomendación en inducción y reinducción",2,2,4,"BAJO",100,400,"II","ACEPTABLE CON CONTROL ESPECIFICO","NO APLICA","NO APLICA","Instalar cámaras de vigilancia en la sede. ","*Socializar los planes contingencia para diferentes situaciones  de emergencia específicamente riesgo público.   (PLA - SIG - 204  Plan de Prevención, Preparación y  Repuesta ante emergencias)","NO APLICA"]
[null,null,null,null,"SI","Público\n(Agresiones verbales - Actos Violentos)","CONDICIONES DE SEGURIDAD","*Golpes\n*Agresiones verbales y físicas \n*Atentados violentos\n*Heridas\n*Muerte","Ninguno","Ninguno","Recomendación en inducción y reinducción",2,2,4,"BAJO",100,400,"II","ACEPTABLE CON CONTROL ESPECIFICO","NO APLICA","NO APLICA","Instalar cámaras de vigilancia en la sede. ","*Socializar los planes contingencia para diferentes situaciones  de emergencia específicamente riesgo público.   (PLA - SIG - 204  Plan de Prevención, Preparación y  Repuesta ante emergencias)","NO APLICA"]
[null,null,null,null,"SI","Público\n(Inseguridad por actos delictivos en los alrededores de la sede)","CONDICIONES DE SEGURIDAD","*Golpes\n*Agresiones verbales y físicas \n*Atentados violentos\n*Heridas\n*Muerte","Ninguno","Hay vigilancia permanente en la puerta de acceso del edificio. \n\nHay cámara de vigilancia en el primer y segundo piso. ","Recomendación en inducción y reinducción",2,2,4,"BAJO",100,400,"II","ACEPTABLE CON CONTROL ESPECIFICO","NO APLICA","NO APLICA","Instalar cámaras de vigilancia en todos los pisos de la sede. ","*Socializar los planes contingencia para diferentes situaciones  de emergencia específicamente riesgo público.   (PLA - SIG - 204  Plan de Prevención, Preparación y  Repuesta ante emergencias)","NO APLICA"]
[null,null,null,null,"SI","Radiaciones no ionizantes                       (Exposición a luz solar que ingresa por ventanales a la mayoría de los puestos de trabajo)","FÍSICO ","*Cáncer de piel\n*Quemadura solar\n*Insolación \n*Foto envejecimiento cutáneo \n *Foto carcinogénesis\n*Alteraciones oculares","No aplica","No hay","Uso de EPP\n(Camisa manga larga - Casco - Guantes - Jean)",2,2,4,"BAJO",25,100,"III","MEJORABLE","N.A","N.A","*Se recomienda instalar película de seguridad en los ventanales ","NO APLICA","NO APLICA"]
[null,null,null,null,"NO","Sismo - Temblores                  ","FENÓMENOS NATURALES","*Daños materiales (Pérdida total)\n*Heridas y lesiones graves\n*Accidentes de trabajo \n*Muerte","No hay","hay elementos para atención de emergencias en caso de requerirse","Capacitación  en actuación ante emergencias ",2,2,4,"BAJO",100,400,"II","ACEPTABLE CON CONTROL ESPECIFICO","NO SE REQUIERE","NO SE REQUIERE","NO SE REQUIERE","*Se recomienda realizar estudio de vulnerabilidad y sismo resistencia de las instalaciones. \n*Capacitar al personal en actuación ante emergencias.  (PLA-SIG-204 Plan de prevención, preparación y respuesta ante emergencia)"]
[null,null,null,null,"NO","Erupción volcán machín           ","FENÓMENOS NATURALES","*Daños materiales (Pérdida total)\n*Heridas y lesiones graves\n*Accidentes de trabajo \n*Muerte","No hay","Ninguno","Capacitación  en actuación ante emergencias ",2,2,4,"BAJO",100,400,"II","ACEPTABLE CON CONTROL ESPECIFICO","NO SE REQUIERE","NO SE REQUIERE","NO SE REQUIERE","*Seguir las instrucciones que el departamento suministra para  casos de emergencia por posible erupción del Volcán.                                                                                              \n*Solicitar capacitación al ente respectivo sobre actuación en caso de erupción del volcán machín. \n*Capacitar en actuación ante emergencias en caso de erupción del volcán machín a todo el personal.  \n*Actualizar plan de emergencias incluyendo el PON por posible erupción del volcán machín y socializar a los trabajadores.   (PLA - SIG - 204  Plan de Prevención, Preparación y  Repuesta ante emergencias)"]
[null,null,null,null,"SI","Tecnológico\n(Incendios - Explosiones)\nGenerado dentro de las instalaciones del edificio","CONDICIONES DE SEGURIDAD","Incendios \nQuemaduras de grado 2 y 3\nMuerte","Ninguno","Uso de equipos contra incendio","Personal capacitado en manejo de equipos contra incendios",2,2,4,"BAJO",100,400,"II","ACEPTABLE CON CONTROL ESPECIFICO","NO APLICA","NO APLICA","*Realizar mantenimiento preventivo y correctivo de los equipos eléctricos e instalaciones eléctricas en la sede","*Capacitación en prevención de accidentes de trabajo por riesgo eléctrico.                                                          \n\n*Continuar con las inspecciones de seguridad enfocado a riesgo eléctrico.    (PLA-SIG - 204  Plan de Prevención, Preparación y  Repuesta ante emergencias)","NO APLICA"]
[null,null,null,null,"SI","Postura mantenida                          (Bípeda)","BIOMECÁNICO","*Cansancio\n*Fatiga en miembros inferiores y en las articulaciones\n*Aparición de vena varice\n*Edema en los pies \n*Dolor lumbar ","No aplica","No aplica","Realiza varias tareas, lo que permite cambios de posición\n\nExámenes ocupacionales periódicos",2,2,4,"BAJO",60,240,"II","ACEPTABLE CON CONTROL ESPECIFICO","NO APLICA","NO APLICA","NO APLICA","*Solicitar a la empresa contratista realizar re inducción en higiene postural, gimnasia laboral y pausas activas.                                                                 \n*Continuar con las actividades del sistema de vigilancia epidemiológico  para prevención de desordenes musculo esqueléticas asociadas al peligro biomecánico .     (PGR-SIG 205 Vigilancia epidemiológica para la prevención de  Desordenes musculares esqueléticos) y (INS SIG - 202 Instructivo de Pausas Activas Saludables)                                                                                ","No aplica"]
[null,null,null,null,"SI","Infraestructura - Locativo     \nInstalaciones  (Ausencia de citas antideslizantes en las escaleras)","CONDICIONES DE SEGURIDAD","Atención tardía ante emergencias","Ninguno","Ninguno","Ninguno",2,2,4,"BAJO",25,100,"III","MEJORABLE","NO APLICA","NO APLICA","Instalar bandas antideslizantes en las escaleras del edificio. ","*Instalar señalización\"  (PGR-SIG-204 Orden y Aseo)  y  ( PGR-SIG-203 Programa de  protección contra caídas)","NO APLICA"]
[null,null,null,null,"SI","Público\n(Robos - Atracos - Asaltos - Agresiones verbales - Actos Violentos)","CONDICIONES DE SEGURIDAD","*Golpes\n*Agresiones verbales y físicas \n*Atentados violentos\n*Heridas\n*Muerte","Ninguno","Cámaras de seguridad en el primer piso","Recomendación en inducción y reinducción",2,2,4,"BAJO",100,400,"II","ACEPTABLE CON CONTROL ESPECIFICO","NO APLICA","NO APLICA","Instalar cámaras de vigilancia en todos los pisos de la sede. ","*Socializar los planes contingencia para diferentes situaciones  de emergencia específicamente riesgo público.  (PLA-SIG - 204  Plan de Prevención, Preparación y  Repuesta ante emergencias)","NO APLICA"]
[null,null,null,null,"SI","Virus \n  ","BIOLÓGICO","Malestar general","Ninguno","Limpieza y desinfección de áreas de trabajo   y en casa,  Control de aforo, señalización de advertencia.","Distanciamiento    físico, uso de mascarilla, lavado de manos constante.",2,2,4,"BAJO",25,100,"III","MEJORABLE","N.A","N.A","Trabajo en casa , diseño puestos de trabajo cumpliendo con el distanciamiento social, lavamanos y puntos de desinfección.","*Promover frecuentemente el lavado de manos en personal de planta, contratistas y visitantes. En caso de no contar con agua y jabón, se debe proveer con desinfectantes para manos (gel antibacterial a base de alcohol).  *Disminución de la densidad laboral en áreas de trabajo o de ocupación de la entidad promoviendo el teletrabajo. *Mantener un stop de EPP  (mascarillas ) para dotación y recambio. *Establecer canales de comunicación individualizados y/o de grupo: correo electrónico, redes sociales, videoconferencia, teléfono para reuniones evitando la presencialidad. *Revisión y análisis de los perfiles epidemiológicos por cargo, estrategias motivación para que los funcionarios se  vacunen.  ","Uso permanente de mascarilla respiratoria. Uso periódico de productos para limpieza (agua y jabón) y  alcohol al 70%, mono gafas o careta."]
[null,null,null,null,"SI"," Demandas Emocionales: Condiciones de la tarea                             \nLa novedad del entorno de trabajo, situación familiar:  hijos o personas mayores a cargo en el hogar en situación de riesgo, miedo al contagio, aislamiento social y confinamiento, miedos e incertidumbres laborales y socioeconómicos, espacios y recursos compartidos por varias personas ante las mismas circunstancias en sus domicilios, convertir espacios de su hogar en despachos improvisados para poder seguir desempeñando su tarea diaria, valoración subjetiva y objetiva por parte del experto mientras se aplica la batería de riesgo psicosocial.","PSICOSOCIAL","Alteraciones mentales, Ansiedad, depresión, estrés postraumático.","S.V.E. Psicosocial","S.V.E Psicosocial","Intervenciones individuales y grupales, capacitaciones, medidas de afrontamiento, manejo de habilidades sociales.",2,2,4,"BAJO",25,100,"III","MEJORABLE","N.A","N.A","Organización de los puestos de trabajo, lavamanos, dispensadores, cumpliendo con el distanciamiento."," “identificación de personas con mayor riesgo, prácticas para la prevención del contagio a través del autocuidado individual y familiar, entre otras”capacitaciones del protocolo de bioseguridad, inspecciones, suministro de Elementos de bioseguridad..  ","Uso de los elementos de bioseguridad, establecer el compromiso de autocuidado y trabajo seguro."]
[null,null,null,null,"SI","Características de la organización del trabajo\n(Valoración promedio mientras se realiza el proceso de aplicación de baterías de riesgo psicosocial)","PSICOSOCIAL","Alteraciones mentales, Ansiedad, depresión.","SVE. Riesgo Psicosocial","SVE. Riesgo Psicosocial","Intervenciones individuales y grupales, capacitaciones, medidas de afrontamiento, manejo de habilidades sociales.",2,2,4,"BAJO",25,100,"III","MEJORABLE","NO SE REQUIERE","NO SE REQUIERE","NO APLICA","*Aplicación de las baterías de riesgo  psicosocial, para verificar la exposición al peligro. \nCapacitación en trabajo en equipo y competencias individuales y profesionales. \nAnálisis de carga laboral.       (PGR-SIG-206 Vigilancia Epidemiológica de Riesgos Psicosociales)                                                                                                                               ","NO SE REQUIERE"]
[null,null,null,null,"SI","Características del grupo social y del trabajo.\n(Está en proceso la evaluación de los factores de riesgo psicosocial)","PSICOSOCIAL","Stress laboral\nAfecciones de salud                                                                                                                                                                                                                                                                                                                                                                                                            Ambientes de trabajo Hostil                                                                                                                                                                                                                                                                                                                                                                                                         Baja Productividad","Cumplimiento de la normatividad ley 1010, resolución 652 y 356, 2646.","Comité de Convivencia Laboral","Capacitaciones en habilidades sociales básicas, resolución de conflictos, liderazgo efectivo.",2,2,4,"BAJO",25,100,"III","MEJORABLE","NO SE REQUIERE","NO SE REQUIERE","NO SE REQUIERE","*Capacitación en habilidades sociales básicas y relaciones interpersonales y comunicación asertiva y efectiva. \n\n*Capacitación en liderazgo efectivo y generación de hábitos del líder.     (PGR-SIG-206 Vigilancia Epidemiológica de Riesgos Psicosociales)","NO SE REQUIERE"]
[null,null,null,null,"SI","Gestión Organizacional\n(Está en proceso la evaluación de los factores de riesgo psicosocial aplicación batería de riesgo psicosocial)","PSICOSOCIAL","Stress laboral\nAfecciones de salud                                                                                                                                                                                                                                                                                                                                                                                                                     Productividad- Ausentismo","Plan de Intervención del SVE ","N/A","Intervenciones individuales y grupales, capacitaciones en liderazgo, fortalecimiento de las escuelas de liderazgo.",2,3,{"$f":"+L104*M104","v":6},"MEDIO",25,{"$f":"+N104*P104","v":150},{"$f":"IF(Q104>=600,\"I\",IF(Q104>=150,\"II\",IF(Q104>=40,\"III\",IF(Q104>=20,\"IV\"))))","v":"II"},{"$f":"IF(Q104>=600,\"NO ACEPTABLE\",IF(Q104>=150,\"ACEPTABLE CON CONTROL ESPECIFICO\",IF(Q104>=40,\"MEJORABLE\",IF(Q104>=20,\"ACEPTABLE\"))))","v":"ACEPTABLE CON CONTROL ESPECIFICO"},"NO SE REQUIERE","NO SE REQUIERE","NO SE REQUIERE","Fortalecimiento de las escuelas de liderazgo.   (PGR-SIG-206 Vigilancia Epidemiológica de Riesgos Psicosociales)","NO SE REQUIERE"]
[null,null,null,null,"SI","Contenido de la Tarea (Carga de Trabajo)\n(Está en proceso la evaluación de los factores de riesgo psicosocial aplicación batería de riesgo psicosocial)","PSICOSOCIAL","Stress laboral\nAfecciones de salud","S.V.E. Psicosocial","Distribución de la tarea por trabajo en equipo, gestión del tiempo.","Intervenciones individuales y grupales, capacitaciones, medidas de afrontamiento, manejo de habilidades sociales.",2,2,{"$f":"+L105*M105","v":4},"BAJO",25,{"$f":"+N105*P105","v":100},{"$f":"IF(Q105>=600,\"I\",IF(Q105>=150,\"II\",IF(Q105>=40,\"III\",IF(Q105>=20,\"IV\"))))","v":"III"},{"$f":"IF(Q105>=600,\"NO ACEPTABLE\",IF(Q105>=150,\"ACEPTABLE CON CONTROL ESPECIFICO\",IF(Q105>=40,\"MEJORABLE\",IF(Q105>=20,\"ACEPTABLE\"))))","v":"MEJORABLE"},"NO SE REQUIERE","NO SE REQUIERE","NO SE REQUIERE","Capacitaciones, manejo del tiempo como recurso, trabajo colaborativo y ayuda percibida.     (PGR-SIG-206 Vigilancia Epidemiológica de Riesgos Psicosociales)","NO SE REQUIERE"]
[null,null,null,null,"SI","Accidentes aéreos                           (En los desplazamientos en avión a otras ciudades)\n","CONDICIONES DE SEGURIDAD","*Muerte \n*Lesiones graves en el cuerpo entero\n*Caída de avión","Ninguno","Ninguno","Ninguno",2,2,4,"BAJO",100,400,"II","ACEPTABLE CON CONTROL ESPECIFICO","NO APLICA","NO APLICA","NO APLICA","*Dar cumplimiento a las normas de seguridad para viajes aéreos  (PLA-SIG-202  PESV Plan Estrategico de Seguridad Vial)","NO APLICA"]
[null,null,null,null,"SI","Virus (cambio climatico)\n ","BIOLÓGICO","Malestar general","Ninguno","Limpieza y desinfección de áreas de trabajo   y en casa,  Control de aforo, señalización de advertencia.","Distanciamiento    físico, uso de mascarilla, lavado de manos constante.",2,2,4,"BAJO",25,100,"III","MEJORABLE","NO APLICA","NO APLICA","NO APLICA","  *Promover frecuentemente el lavado de manos en personal de planta, contratistas y visitantes. En caso de no contar con agua y jabón, se debe proveer con desinfectantes para manos (gel antibacterial a base de alcohol).  *Disminución de la densidad laboral en áreas de trabajo o de ocupación de la entidad promoviendo el teletrabajo. *Mantener un stop de EPP  (mascarillas ) para dotación y recambio. *Establecer canales de comunicación individualizados y/o de grupo: correo electrónico, redes sociales, videoconferencia, teléfono para reuniones evitando la presencialidad. *Revisión y análisis de los perfiles epidemiológicos por cargo, estrategias motivación para que los funcionarios se  vacunen.   (PRO-SIG-202 Procedimiento administrativo de elementos EPP)","Uso permanente de mascarilla respiratoria. Uso periódico de productos para limpieza (agua y jabón) y  alcohol al 70%, mono gafas o careta."]
[null,null,null,null,"NO","Largas Jornadas Laborales y ausencia de descanso con altas temperaturas y radiciones altas por factor del CAMBIO CLIMATICO.","PSICOSOCIAL","Estrés, agotamiento por trabajo continuo, cansacio, fatiga, angustia, ansiedad, poca concentración y atención, somnolencia.","Ninguno","Ninguno","PVE- Riesgo psicosocial",2,2,4,"BAJO",25,100,"III","MEJORABLE","NO APLICA","NO APLICA","NO APLICA","Introducir una rutina de tiempos detrabajo y de descanso para aquellos\ntrabajadores/as que estén expuestos a ambientes calurosos, Formación en primeros auxilios, para que puedan\nreconocer y tratar los primeros síntomas de desórdenes de salud ocasionados por una\nexposición a temperaturas extremadamente cálidas., Seguir a diario los boletines\nmeteorológicos y cambiar el horario de trabajo de gran exposición al calor\na horas más frescas del día., En trabajos a campo abierto, crear zonas descanso con carpas, Disponer de agua potable fría en lugares estratégicos y visibles, cercanos al área de trabajo.","NO SE REQUIERE"]
[null,null,null,null,"NO"," Temperaturas\nextremas (calor) porfactor de CAMBIO CLIMATICO","FISICO","Stress termico Agotamiento Mareos  Deshidratación Golpes de calor, lesiones en la piel, insolación, ","No aplica","Ninguno","Ninguno",2,2,4,"BAJO",25,100,"III","MEJORABLE","NO APLICA","NO APLICA","NO APLICA","Todos los funcionarios que realicen desplazamientos fuera de la sede deben apalicar el Estándar de Seguridad \"EST-204\"., se recomienda hidratación continua, alimentación adecuada, Organización de los puestos de trabajo, limplementación de un programa de climatización.Sistemas de ventilación","Ropa de trabajo y equipos de\nprotección adecuados(camisa,\nmanga larga, pantalón largo,\ngorra o sombrero de ala ancha).\nSaber que la ropa protectora o el\nequipo de protección personal\npuede aumentar el riesgo del\nestrés por calor."]
[null,null,null,null,"NO"," Temperaturas\nextremas (calor Radiaciones No ionizantes) porfactor de CAMBIO CLIMATICO","FISICO","Stress termico Agotamiento Mareos  Deshidratación Golpes de calor, lesiones en la piel, dolor de cabeza.","No aplica","Ninguno","Protector Solar",2,2,4,"BAJO",25,100,"III","MEJORABLE","NO APLICA","NO APLICA","NO APLICA","Todos los funcionarios que realicen desplazamientos fuera de la sede deben apalicar el Estándar de Seguridad \"EST-204\"., se recomienda hidratación continua, alimentación adecuada, Organización de los puestos de trabajo, limplementación de un programa de climatización.Sistemas de ventilación","Ropa de trabajo y equipos de\nprotección adecuados(camisa,\nmanga larga, pantalón largo,\ngorra o sombrero de ala ancha).\nSaber que la ropa protectora o el\nequipo de protección personal\npuede aumentar el riesgo del\nestrés por calor."]
[null,null,null,null,"NO","Inalación de Humos y Vapores\n (Incendios Forestales )por factor CAMBIO CLIMATICO","QUÍMICO","Asfixia, Dificultad para respirar, Ardor en los ojos, conjuntivitis, Alergias, Tos, irritación de la garganta, dolor de cabeza.","No aplica","Ninguno","Ninguno",2,2,4,"BAJO",25,100,"III","MEJORABLE","NO APLICA","NO APLICA","NO APLICA","Aplicación PON para el manejo de incendios forestales, ver PLAN DE MERGENCIA PLA-SIG 204.","NO SE REQUIERE"]
[null,null,"PELIGROS QUE APLICAN A TRABAJO CON RESTRICCIONES DE SALUD Y/O TELE TRABAJO",null,"SI","Postura Prolongada \n(Postura sedente más del 75% de la jornada laboral en trabajo con video terminales)","BIOMECÁNICO","*Dolor lumbar inespecífico\n*Espasmos musculares","Ninguno","Ninguno","Ninguno",2,2,4,"BAJO",60,240,"II","ACEPTABLE CON CONTROL ESPECIFICO","NO APLICA","NO SE REQUIERE","NO SE REQUIERE","*Realizar visitas virtuales por parte del Grupo de SST para capacitar en higiene postural en casa.\n*Realizar pausas activas en el área.                         \n*Continuar con las actividades del programa de vigilancia epidemiológico  para prevención de desordenes musculo esqueléticas asociadas al peligro biomecánico, para trabajo en casa.       (PGR-SIG 205 Vigilancia epidemiológica para la prevención de  Desordenes musculares esqueléticos) y (INS SIG - 202 Instructivo de Pausas Activas Saludables)                                                                                                                ","NO APLICA"]
[null,null,null,null,"SI","Movimientos repetitivos  \n(Digitación - Escanear)","BIOMECÁNICO","Lesiones por trauma acumulativo en miembro superiores ( STC).\nSíndrome de Quervain","Ninguno","Ninguno","Ninguno",2,2,4,"BAJO",60,240,"II","ACEPTABLE CON CONTROL ESPECIFICO","NO SE REQUIERE","NO SE REQUIERE","NO SE REQUIERE","*Se recomienda la implementación permanente de pausas activas durante la jornada laboral.    (PGR-SIG 205 Vigilancia epidemiológica para la prevención de  Desordenes musculares esqueléticos) y (INS SIG - 202 Instructivo de Pausas Activas Saludables)                                                                                                                                                                             ","NO APLICA"]
[null,null,null,null,"SI","Radiaciones No ionizantes                                   (Exposición permanente a pantallas del computador)","FÍSICO ","*Fatiga visual","Ninguno","Ninguno","Ninguno",2,2,4,"BAJO",25,100,"III","MEJORABLE","NO APLICA","NO SE REQUIERE","NO SE REQUIERE","*Se recomienda la implementación permanente de pausas activas durante la jornada laboral.  (PGR-SIG 205 Vigilancia epidemiológica para la prevención de  Desordenes musculares esqueléticos) y (INS SIG - 202 Instructivo de Pausas Activas Saludables)                                                                                                                                                                                        ","NO APLICA"]
[null,null,null,null,"NO","Locativo                                                                              (Cableado eléctrico desordenado en la zona adecuada para puesto de trabajo)","CONDICIONES DE SEGURIDAD","*Se potencializa el riesgo de accidentes por caídas. ","Ninguno","Ninguno","Ninguno",2,2,4,"BAJO",25,100,"III","MEJORABLE","NO APLICA","NO SE REQUIERE","Se recomienda agrupar el cableado eléctrico faltante, utilizando espiral porta cable u otro mecanismo de canalización. ","Realizar inspecciones de seguridad para verificar estado de cableado del  área. (PGR-SIG-203  Programa de protección contra caídas)","NO APLICA"]
[null,null,null,null,"NO","Picaduras - Mordeduras                             (Presencia de vectores e insectos dentro de la vivienda o zona destinada para laborar).","BIOLÓGICO","Infecciones","Ninguno","Ninguno","Ninguno",2,2,4,"BAJO",25,100,"III","MEJORABLE","NO APLICA","NO APLICA","NO APLICA","* realizar una correcta inspección del área de trabajo para garantizar la NO presencia de vectores o insectos ponzoñoso. Evitar las zona con acumulación de aguas estancadas  (Plan de saneamiento básico y Sistema globalmente armonizado)","NO APLICA"]
[null,null,null,null,"SI","Virus y Bacterias\n (Exposición a virus y bacterias debido al uso de superficies húmedas como baños, lavamanos y lavaplatos alberca)","BIOLÓGICO","*Dermatosis\n*Reacciones alérgicas\n*Enfermedades infecciosas\n*Infecciones respiratorias","Ninguno","Ninguno","Ninguno",2,2,4,"BAJO",25,100,"III","MEJORABLE","NO APLICA","NO APLICA","NO APLICA","*Capacitar a los trabajadores en auto cuidado y la importancia del uso de los EPP.  (PGR-SIG-201 Estilos de Vida y Trabajo Saludable)  y  (PRO -SIG-202 Procedimiento Administrativo de Elementos EPP)","*Uso de EPP (Guantes - Tapa bocas)"]
[null,null,null,null,"NO","Material particulado \n(Polvo en los documentos)","QUÍMICOS","*Enfermedades respiratorias\n*Infecciones virales \n*Alergias ","Ninguno","Ninguno","Ninguno",2,2,4,"BAJO",25,100,"III","MEJORABLE","NO APLICA","NO APLICA","NO APLICA","*Realizar seguimiento del uso de los elementos de protección personal (Tapa bocas), cuando manipule archivo con polvo.     (PRO -SIG-202 Procedimiento Administrativo de Elementos EPP)                                                        ","Suministrar tapa bocas para el desarrollo de la labor. "]
[null,null,null,null,"NO","Uso de elementos de desinfección\n(alcohol, gel antibactarial)","QUÍMICOS","\n*Alergias en piel o vías respiratorias.\n* Quemaduras ","Ninguno","Ninguno","Ninguno",2,2,4,"BAJO",25,100,"III","MEJORABLE","NO APLICA","NO APLICA","NO APLICA","*Realizar seguimiento del uso de los elementos de protección personal (Tapa bocas), cuando manipule archivo con polvo.   (PRO -SIG-202 Procedimiento Administrativo de Elementos EPP)                                                          ","Suministrar tapa bocas para el desarrollo de la labor. "]
[null,null,null,null,"SI","Mecánico                                         (Manejo de Equipos y elementos de Oficina)","CONDICIONES DE SEGURIDAD","*Traumas de tejidos blandos (Laceración, contusión, heridas superficiales, etc.)       ","Ninguno","Ninguno","Ninguno",2,3,6,"MEDIO",25,150,"II","ACEPTABLE CON CONTROL ESPECIFICO","NO SE REQUIERE","NO SE REQUIERE","NO SE REQUIERE","*Continuar con el uso adecuado de los elementos de trabajo, realizar cambio de los elementos que se observen en mal estado.  (PRO -SIG-202 Procedimiento Administrativo de Elementos EPP)","NO APLICA"]
[null,null,null,null,"SI","Deficiente ventilación (Las ventanas y persianas deben permanecer cerradas para evitar el ingreso de rayos solares)","FÍSICO                              ","*Di confort por calor ambiental permanente","Ninguno","Ninguno","Ninguno",2,2,4,"BAJO",25,100,"III","MEJORABLE","NO APLICA","NO SE REQUIERE","NO SE REQUIERE","Se recomienda contar con un área de ventilación natural o con ventilación artificial como ventiladores (Plan de saneamiento básico y Sistema globalmente armonizado)","NO APLICA"]
[null,null,null,null,"SI","Manipulación y desplazamiento de cargas\n(Documentos y cajas)","BIOMECÁNICO","Lesiones en columna\nEnfermedad discal\nEnfermedad lumbar ","Ninguno","Ninguno","Ninguno",2,2,4,"BAJO",60,240,"II","ACEPTABLE CON CONTROL ESPECIFICO","NO SE REQUIERE","NO SE REQUIERE","NO SE REQUIERE","* Practicar higiene postural para el manejo de cargas.    (0GR-SIG-205 Vigilancia Epidemiológica para la Prevención de desordenes musculo esquelético)","NO APLICA"]
[null,null,null,null,"SI","Iluminación\n(Deficiente de iluminación natural o artificial en el sitio adecuado para laboral dentro de la vivienda)                                             ","FÍSICO ","*Fatiga visual","Ninguno","Ninguno","Ninguno",2,2,4,"BAJO",25,100,"III","MEJORABLE","NO APLICA","Se recomienda adecuar zona de trabajo en lugar con iluminación adecuada (que no sea excesiva o deficiente). ","NO SE REQUIERE","Se recomienda adecuar el sitio de trabajo con iluminación adecuada.  (Plan de saneamiento básico y Sistema globalmente armonizado)","NO APLICA"]
[null,null,null,null,"NO","Locativo\nSuperficies de trabajo  irregulares y  desniveladas, escaleras                                 (Desplazamiento en la vivienda)","CONDICIONES DE SEGURIDAD","*Golpes \n*Caídas\n*Fracturas","Ninguno","Ninguno","Ninguno",2,2,4,"BAJO",25,100,"III","MEJORABLE","NO APLICA","NO APLICA","NO APLICA","*Se recomienda uso de calzado adecuado y de tacón bajo según el área a visitar, con el fin de evitar caídas.   (PGR-SIG-203 Programa protección contra caídas)","Uso de calzado bajo "]
[null,null,null,null,"SI","Virus ","BIOLÓGICO","Malestar general","Ninguno","Ninguno","Ninguno",2,2,4,"BAJO",25,100,"III","MEJORABLE","N.A","N.A","Trabajo en casa "," *Promover frecuentemente el lavado de manos en personal de planta, contratistas y visitantes. En caso de no contar con agua y jabón, se debe proveer con desinfectantes para manos (gel antibacterial a base de alcohol).  *Disminución de la densidad laboral en áreas de trabajo o de ocupación de la entidad promoviendo el teletrabajo. *Mantener un stop de EPP  (mascarillas ) para dotación y recambio. *Establecer canales de comunicación individualizados y/o de grupo: correo electrónico, redes sociales, videoconferencia, teléfono para reuniones evitando la presencialidad. *Revisión y análisis de los perfiles epidemiológicos por cargo.  ","Uso permanente de mascarilla respiratoria. Uso periódico de productos para limpieza (agua y jabón) y  alcohol al 70%, mono gafas o careta."]
[null,null,null,null,"SI","Público\n(Robos - Atracos - Asaltos - Agresiones verbales - Actos Violentos)","CONDICIONES DE SEGURIDAD","*Golpes\n*Agresiones verbales y físicas \n*Atentados violentos\n*Heridas\n*Muerte","Ninguno","Ninguno","Ninguno",2,2,4,"BAJO",100,400,"II","ACEPTABLE CON CONTROL ESPECIFICO","NO APLICA","NO APLICA","NO APLICA","*Socializar los planes contingencia para diferentes situaciones  de emergencia específicamente riesgo público.  (PLA-SIG-204 Plan de Prevención, Preparación y Respuesta ante Emergencias) ","NO APLICA"]
[null,null,null,null,"NO","Erupción volcán Machín","FENÓMENOS NATURALES","Erupción del Volcán ","Ninguno","Ninguno","Ninguno",2,2,4,"BAJO",25,100,"III","MEJORABLE","NO APLICA","NO APLICA","NO APLICA","Tener en cuenta las recomendaciones dadas en los medios de comunicación de la alcaldía y recomendaciones en el video del ejercicio de la simulación  el día nacional del simulacro   (PLA-SIG-204 Plan de Prevención, Preparación y Respuesta ante Emergencias) ","NO APLICA"]
[null,null,null,null,"NO","Sismo - Terremoto","FENÓMENOS NATURALES","Erupción del Volcán ","Ninguno","Ninguno","Ninguno",2,2,4,"BAJO",25,100,"III","MEJORABLE","NO APLICA","NO APLICA","NO APLICA","Tener en cuenta las recomendaciones dadas en los medios de comunicación de la alcaldía y recomendaciones en el video del ejercicio de la simulación  el día nacional del simulacro   (PLA-SIG-204 Plan de Prevención, Preparación y Respuesta ante Emergencias) ","NO APLICA"]
[]
[null,null,null,"B     L     I     B     L     I     O     T     E     C     A     S"]
[]
[null,null,"BIBLIOTECA ALVARO MUTIS",null,null,"BIBLIOTECA PUBLICA ESTELLA ROA",null,null,"BIBLIOTECA INES ROJAS LUNA",null,null,null,"BIBLIOTECA OVIEDO",null,null,null,null,"BIBLIOTECA COMBEIMA",null,null,"BIBLIOTECA COMBEYMA JUNTAS",null,"BIBLIOTECA SAN JUAN CHINA"]
[]
[null,null,"BIBLIOTECA TOCHE",null,null,"BIBLIOTECA SAN BERNARDO",null,null,"BIBLIOTECA TITA HUERTAS",null,null,null,"BIBLIOTECA GERMAN URIBE",null,null,null,null,"BIBLIOTECA COMUNA 12 RICAUTE",null,null,"BIBLIOTECA GUAMBITOS",null,"BIBLIOTECA JORGE ELIECER"]
[]
[null,null,"BIBLIOTECA SOLEDAD RENGIFO",null,null,"BIBLIOTECA SANTOFIMIO BOTERO",null,null,"BIBLIOTECA EL SALADO",null,null,null,"BIBLIOTECA ISMAEL SANTOFINIO",null,null,null,null,"BIBLIOTECA NICANOR VELASQUEZ",null,null,"BIBLIOTECA CLARITA BOTERO"]

{"sheet":"11. GESTIÓN DE LAS TICs","index":31,"n_rows":96,"n_cols":24,"rows_kept":96,"cut":false,"hidden":true,"merged":[[6,19,6,23],[6,3,7,3],[6,4,7,4],[41,2,74,3],[93,3,93,22],[6,2,7,2],[6,5,6,6],[6,7,7,7],[6,8,6,10],[6,11,6,17],[0,2,3,2],[0,3,1,21],[2,3,3,21],[4,20,4,21],[5,2,5,3],[5,4,5,23],[0,23,3,23],[4,22,4,23],[95,12,95,15],[95,17,95,20],[75,2,91,3],[95,7,95,10],[8,2,35,2],[8,3,15,3],[8,4,35,4],[16,3,35,3],[36,2,40,2],[36,3,40,3],[36,4,40,4],[95,3,95,5]]}
[null,null,null,"PROCESO: SISTEMA INTEGRADO DE GESTIÓN",null,null,null,null,null,null,null,null,null,null,null,null,null,null,null,null,null,null,"Código: FOR-221-PRO-SIG"]
[null,null,null,null,null,null,null,null,null,null,null,null,null,null,null,null,null,null,null,null,null,null,"Versión: 04"]
[null,null,null,"FORMATO: \nIDENTIFICACIÓN DE PELIGROS, EVALUACIÓN Y VALORACIÓN DE LOS RIESGOS \nALCALDÍA MUNICIPAL DE IBAGUÉ",null,null,null,null,null,null,null,null,null,null,null,null,null,null,null,null,null,null,"Fecha: 27/05/2022"]
[null,null,null,null,null,null,null,null,null,null,null,null,null,null,null,null,null,null,null,null,null,null,"Página: 1"]
[null,null,"FECHAS DE ACTUALIZACIÓN: ","2019-02-22","2019-03-09","2019-09-02","2019-09-11","2019-09-24","2019-10-30","2020-07-22","2021-04-09","2022-05-27","2023-07-07","2024-06-30"]
[null,null,"PROCESO:",null,"11. GESTIÓN DE LAS TICs"]
[null,null,"1. PROCESO ADMINISTRATIVO / OPERATIVO","2. ACTIVIDADES","3. TAREA RUTINARIO (SI O NO)","PELIGRO",null,"6. EFECTOS POSIBLES\n(Salud - Seguridad)","CONTROLES EXISTENTES",null,null,"EVALUACIÓN DEL RIESGO",null,null,null,null,null,null,"VALORACIÓN DEL RIESGO","MEDIDAS DE INTERVENCIÓN"]
[null,null,null,null,null,"4. DESCRIPCIÓN","5. CLASIFICACIÓN",null,"7. FUENTE","8. MEDIO","9. INDIVIDUO","10. NIVEL DE DEFICIENCIA","11. NIVEL DE EXPOSICIÓN","12. NIVEL DE PROBABILIDAD ND X NE","13. INTERPRETACIÓN DEL NIVEL DE PROBABILIDAD","14. NIVEL DE CONSECUENCIA","15. NIVEL DE RIESGO NR E INTERVENCIÓN","16. INTERPRETACIÓN DEL NR","17. ACEPTABILIDAD DEL RIESGO","18 ELIMINACIÓN","19. SUSTITUCIÓN","20. CONTROLES DE INGENIERIA","21. CONTROLES ADMINISTRATIVOS, SEÑALIZACIÓN, ADVERTENCIA","22. ELEMENTOS DE PROTECCIÓN PERSONAL"]
[null,null,"ADMINISTRATIVO","ACTIVIDAD PLANEACIÓN, ELABORACIÓN Y EJECUCION DE DOCUMENTOS. USO DE HERRAMIENTAS TECNOLOGICAS Y VIDEO TERMINALES. INTERACCIONES LABORALES Y ADMINISTRATIVAS (ATENCIÓN AL CIUDADANO). DIGITACIÓN, ANÁLISIS DE INFORMACIÓN, EJECUCIÓN DE TRÁMITES DE LOS EQUIPOS DE INFORMÁTICA, DISEÑO DE SOFTWARE, PROGRAMACIÓN DE COMPUTADORES, DESARROLLAR PROGRAMAS, PROYECTOS INNOVACIÓN - TECNOLOGÍA DE LA INNOVACIÓN - ESTRATEGIAS PARA EL USO DE LAS TIC; FUNCIONARIOS DE PLANTA Y/O CONTRATO","SI","Postura Prolongada (Postura sedente más del 75% de la jornada laboral en trabajo con video terminales)","BIOMECÁNICO","*Dolor lumbar inespecífico\n*Espasmos musculares","No aplica","Ninguno","Ninguno",6,2,{"$f":"+L9*M9","v":12},{"$f":"IF(N9>=24,\"MUY ALTO\",IF(N9>=10,\"ALTO\",IF(N9>=6,\"MEDIO\",\"BAJO\")))","v":"ALTO"},25,{"$f":"+N9*P9","v":300},{"$f":"IF(Q9>=600,\"I\",IF(Q9>=150,\"II\",IF(Q9>=40,\"III\",IF(Q9>=20,\"IV\"))))","v":"II"},{"$f":"IF(Q9>=600,\"NO ACEPTABLE\",IF(Q9>=150,\"ACEPTABLE CON CONTROL ESPECIFICO\",IF(Q9>=40,\"MEJORABLE\",IF(Q9>=20,\"ACEPTABLE\"))))","v":"ACEPTABLE CON CONTROL ESPECIFICO"},"NO APLICA","NO SE REQUIERE","NO SE REQUIERE","*Realizar re inducción en higiene postural, ergonomía en oficina, gimnasia laboral y pausas activas.                                                                 \n\n*Continuar con las actividades del sistema de vigilancia epidemiológico  para prevención de desordenes musculo esqueléticas asociadas al peligro biomecánico (PGR-SIG-205 vigilancia epidemiológica para la prevencion de desórdenes musculo-esqueléticos.)                                                                                   \n\n*Realizar pausas activas en el área (INS-SIG-202 instructivo de pausas activas saludables )                                                                                                                                       ","NO APLICA"]
[null,null,null,null,null,"Esfuerzo visual                                   (Por consulta y digitación de datos e información)                                     ","BIOMECÁNICO","Fatiga visual","Ninguno","Ninguno","Ninguno",6,2,{"$f":"+L10*M10","v":12},{"$f":"IF(N10>=24,\"MUY ALTO\",IF(N10>=10,\"ALTO\",IF(N10>=6,\"MEDIO\",\"BAJO\")))","v":"ALTO"},25,{"$f":"+N10*P10","v":300},{"$f":"IF(Q10>=600,\"I\",IF(Q10>=150,\"II\",IF(Q10>=40,\"III\",IF(Q10>=20,\"IV\"))))","v":"II"},{"$f":"IF(Q10>=600,\"NO ACEPTABLE\",IF(Q10>=150,\"ACEPTABLE CON CONTROL ESPECIFICO\",IF(Q10>=40,\"MEJORABLE\",IF(Q10>=20,\"ACEPTABLE\"))))","v":"ACEPTABLE CON CONTROL ESPECIFICO"},"NO APLICA","NO APLICA","NO APLICA","*Implementar el programa de pausas activas (INS-SIG-202 instructivo de pausas activas saludables )      ","NO APLICA"]
[null,null,null,null,null,"Movimientos repetitivos  \n(Digitación)","BIOMECÁNICO","Síndrome de Túnel del Carpo ( STC).\nSíndrome de Quervain","Ninguno","Ninguno","Ninguno",6,2,12,"ALTO",25,300,"II","ACEPTABLE CON CONTROL ESPECIFICO","NO SE REQUIERE","NO SE REQUIERE","NO SE REQUIERE","*Se recomienda la implementación permanente de pausas activas durante la jornada laboral (INS-SIG-202 instructivo de pausas activas saludables )                                                                                                                                                       ","NO APLICA"]
[null,null,null,null,null,"Radiaciones No ionizantes                                   (Exposición permanente  a pantallas del computador)","FÍSICO ","*Fatiga visual\n*Daños a la visión (Sequedad en los ojos - ojo enrojecido)\n*Tensión ocular ","Uso de pantalla antirreflejo","Ninguno","Ninguno",2,2,4,"BAJO",25,100,"III","MEJORABLE","NO APLICA","NO SE REQUIERE","NO SE REQUIERE","*Se recomienda la implementación permanente de pausas activas durante la jornada laboral.  Realizar reinducción (INS-SIG-202 instructivo de pausas activas saludables )                                                                                                                                             ","NO APLICA"]
[null,null,null,null,null,"Mecánico                                         (Manejo de Equipos y elementos de Oficina)","CONDICIONES DE SEGURIDAD","*Traumas de tejidos blandos (Laceración, contusión, etc.)       ","Elementos de trabajo en buen estado","Ninguno","Ninguno",2,2,4,"BAJO",25,100,"III","MEJORABLE","NO SE REQUIERE","NO SE REQUIERE","NO SE REQUIERE","*Continuar con el uso adecuado de los elementos de trabajo, realizar cambio de los elementos que se observen en mal estado. Realizar reinducción (PRO-SIG-202 procedimiento administración de elementos de epp.)       ","NO APLICA"]
[null,null,null,null,null,"Eléctrico Baja tensión. (Cableado eléctrico de equipo de computo expuesto)","CONDICIONES DE SEGURIDAD","*En caso de cortos, puede generarse electrocución \n*Se potencializa el riesgo de incendio y accidentes por caídas. ","Ninguno","Realización de inspecciones","Ninguno",2,2,4,"BAJO",25,100,"III","MEJORABLE","NO APLICA","NO SE REQUIERE","NO SE REQUIERE","* Realizar inspecciones de seguridad para verificar estado de cableado del  área.  *Verificar carga, ubicación y señalización de extintor solkaflam (PGR-SIG-204 orden y aseo.  )","NO APLICA"]
[null,null,null,null,null,"Locativo\nInstalaciones en mal estado\n (Gotera en el techo - Humedad en la pared)","CONDICIONES DE SEGURIDAD","*Desplome de estructuras por la humedad presentada \n*Infecciones en vías respiratorias\n* Alergias","Ninguno","Ninguno","Ninguno",2,2,4,"BAJO",25,100,"III","MEJORABLE","NO SE REQUIERE","NO SE REQUIERE","*Realizar mantenimiento correctivo a las instalaciones, con el fin de eliminar la humedad y a gotera en el área. ","NO APLICA","NO APLICA"]
[null,null,null,null,null,"Locativo\nHacinamiento\n(El área es reducida para la cantidad de personas que laboran en ella)","CONDICIONES DE SEGURIDAD","*Atención tardía en caso de emergencias \n*Dificultad en la evacuación en caso de una emergencia. ","Ninguno","Control de aforo","Ninguno",2,2,4,"BAJO",25,100,"III","MEJORABLE","NO SE REQUIERE","NO SE REQUIERE","Se recomienda ampliar el área de la oficina y/o asignar otro espacio para reubicar personal del área, con el fin de mejorar las condiciones de trabajo. H","Hacer seguimiento al cumplimiento del aforo (PLA-SIG-206 retorno seguro al trabajo.)","NO APLICA"]
[null,null,null,"TRANSFERENCIAS DOCUMENTALES. MANEJO DE CORRESPONDENCIA. ACTIVIDAD MANEJO DE ARCHIVO. REGISTRO, INVENTARIO Y CONTROL DE PRÉSTAMO DE LOS LIBROS; FUNCIONARIOS DE PLANTA Y/O CONTRATO",null,"Mecánico                                                     \nManejo de herramientas manuales \n(Grapadora, saca ganchos, perforadora, ganchos legadores)","CONDICIONES DE SEGURIDAD\n","Golpes, heridas, pinchazos, magulladuras de diferentes en los miembros superiores ","Ninguno","Ninguno ","Ninguno ",2,2,4,"BAJO",25,100,"III","MEJORABLE","NINGUNO ","NINGUNO ","NINGUNO ","*Capacitación sobre manejo seguro de herramientas.\n*Capacitación en prevención en lesiones de mano.\n*Inspeccionar las diferentes herramientas utilizados en la oficina para labores administrativas. (PGR-SIG-204 orden y aseo.  )","NO APLICA"]
[null,null,null,null,null,"Postura Forzada                            Miembros superiores en la gravedad por el espacio reducido del plano de trabajo\n","BIOMECÁNICO","Lumbalgias, Cervicalgias, Mialgias, lesiones y síndromes doloroso, tendinitis, espamos de manos ","Ninguno","Ninguno","Jornadas de pausas activas ",6,2,12,"ALTO",25,300,"II","ACEPTABLE CON CONTROL ESPECIFICO","NINGUNO ","NINGUNO ","NINGUNO ","* Pausas activas a lo largo de la jornada laboral y sensibilizar sobre su importancia (INS-SIG-202 instructivo de pausas activas saludables )       , * Realizar seguimiento para el S.V.E  para lesiones osteo musculares (PGR-SIG-205 vigilancia epidemiológica para la prevención de desórdenes musculo-esqueléticos.)    .\n* Se recomienda  revisar la posibilidad de contar con un plano de trabajo en \"L\" que garantice que la manos, brazo y muñeca permanezcan en línea recta en el momento de digitar. \n","NO APLICA "]
[null,null,null,null,null,"Postura Anti gravitacional                            Miembros superiores en la gravedad","BIOMECÁNICO"," Tendinitis Espamos de manos","Ninguno","Ninguno","Jornadas de pausas activas ",6,2,12,"ALTO",25,300,"II","ACEPTABLE CON CONTROL ESPECIFICO","NINGUNO ","NINGUNO ","NINGUNO ","* Pausas activas a lo largo de la jornada laboral y sensibilizar sobre su importancia (INS-SIG-202 instructivo de pausas activas saludables )       , * Realizar seguimiento para el S.V.E  para lesiones osteo musculares (PGR-SIG-205 vigilancia epidemiológica para la prevención de desórdenes musculo-esqueléticos.)    .\n* Se recomienda  revisar la posibilidad de contar con un plano de trabajo en \"L\" que garantice que la manos, brazo y muñeca permanezcan en línea recta en el momento de digitar. \n","NO APLICA "]
[null,null,null,null,null,"Locativo \nTechos en mal estado \nProblemas de humedad ","CONDICIONES DE SEGURIDAD","Colapso estructural - Hongos- bacterias","Ninguno","Ninguno ","Ninguno ",2,2,4,"BAJO",25,100,"III","MEJORABLE","NINGUNO ","NINGUNO ","NINGUNO ","*Realizar mantenimiento preventivo y correctivo de las instalaciones locativas, con el fin de mejorar las condiciones de trabajo y prevenir  enfermedades a los trabajadores.                                                                                                                    * Mantenimiento de los techos para  evitar  la proliferación de animales ( murciélagos- palomas) y control de humedad. \n*Se recomienda erradicar los palomas del área. (PGR-SIG-204 orden y aseo.  )","NO APLICA"]
[null,null,null,null,null,"Locativo - Infraestructura                           Sistemas de almacenamiento y condiciones técnico ambientales inadecuados del archivo                        ","CONDICIONES DE SEGURIDAD","Accidentes de trabajo -  Deterioro del archivo - Caídas de objetos (cajas) ","Ninguno","Ninguno","Ninguno",2,2,4,"BAJO",25,100,"III","MEJORABLE","NINGUNO ","NINGUNO ","NINGUNO ","Se recomienda revisar el Acuerdo 037 del 2002 artículo primero, literal B; específicamente en las condiciones técnicas de los estantes, con el objetivo de cumplir con la normatividad vigente en materia de organización, depósito y conservación de documentos de archivo.   *Ubicación del archivo debe ser un terreno sin riesgos de humedad subterránea o problemas de inundación y que ofrezca estabilidad.","NO APLICA"]
[null,null,null,null,null,"Locativo\nSistema de almacenamiento  \nUbicación inadecuada de los archivadores anclados a la pared","CONDICIONES DE SEGURIDAD\n","*Golpes\n*Contusión \n*Traumas superficiales\n*Heridas","NINGUNO","NINGUNO","NINGUNO",2,2,4,"BAJO",25,100,"III","MEJORABLE","NINGUNO ","NINGUNO ","NINGUNO ","*Se recomienda instalar protectores de seguridad en el soporte de agarre de los archivadores, con el fin de evitar heridas graves y disminuir los golpes. \n*Sensibilización a los trabajadores  en auto cuido. ","NO APLICA"]
[null,null,null,null,null,"Postura Forzada                            \nAltura inadecuada de la pantalla visual  por el portátil ","BIOMECÁNICO"," Tendinitis Espamos de manos","Ninguno","Ninguno","Jornadas de pausas activas ",2,2,4,"BAJO",60,240,"II","ACEPTABLE CON CONTROL ESPECIFICO","NINGUNO ","NINGUNO ","NINGUNO ","* Pausas activas a lo largo de la jornada laboral y sensibilizar sobre su importancia (INS-SIG-202 instructivo de pausas activas saludables )      , * Realizar seguimiento para el S.V.E  para lesiones osteo musculares. A. *Se recomienda graduar y elevar la altura de la pantalla visual para mejorar posturas de los puestos de trabajo con portátil. ","*Se recomienda elementos de confort: Base portátil, apoyapiés, teclado adicional "]
[null,null,null,null,null,"Movimientos repetitivos  Abrir y cerrar las estanterías móviles del archivo (rodantes) ","BIOMECÁNICO ","Síndrome del Túnel Carpiano, Manguito rotador ","Ninguno","Ninguno","Pausas Activas Implementación del SVE DMO ",6,2,12,"ALTO",25,300,"II","ACEPTABLE CON CONTROL ESPECIFICO","NINGUNO ","NINGUNO ","NINGUNO ","*Implementar el programa de pausas activas  (INS-SIG-202 instructivo de pausas activas saludables )                                                                   *Implementación del Sistema de vigilancia epidemiológico desordes musculo esqueléticos, con el fin de identificar las personas con sintomatología y hacer el respectivo seguimiento y control de los diagnósticos médicos que se presenten (PGR-SIG-205 vigilancia epidemiológica para la prevención de desórdenes musculo-esqueléticos.)   .","NO APLICA"]
[null,null,null,null,null,"Movimientos Repetitivos\n(Sólo las manos, digitación en teclado y uso de mouse)","BIOMECÁNICO","Síndromes túnel del carpo\n\nSíndrome de Quervain","Ninguno","SVE  Biomecánico ","Ninguno",6,2,12,"ALTO",25,300,"II","ACEPTABLE CON CONTROL ESPECIFICO","NINGUNO ","NINGUNO ","NINGUNO ","*Implementar el programa de pausas activas, específicamente  (INS-SIG-202 instructivo de pausas activas saludables )                                          *Continuar con la implementación del Sistema de vigilancia epidemiológico osteomuscular (PGR-SIG-205 vigilancia epidemiológica para la prevención de desórdenes musculo-esqueléticos.)    .","NO APLICA"]
[null,null,null,null,null,"Públicos                                                     Agresiones verbales con la atención de usuarios, estudiantes,  ","CONDICIONES DE SEGURIDAD","Heridas, Muerte, estrés laboral","Ninguno","Ninguno ","Ninguno ",2,2,4,"BAJO",100,400,"II","ACEPTABLE CON CONTROL ESPECIFICO","NINGUNO ","NINGUNO ","NINGUNO ","*Diseñar e implementar  planes contingencia para diferentes situaciones  de emergencia (PLA-SIG-204 plan de prevención, preparación y respuesta ante emergencias).       \n* Continuar con la vigilancia física del centro de trabajo. \n* Capacitaciones para intervenir el riesgo. ","NO APLICA "]
[null,null,null,null,null,"Locativo \nLuminarias sin protectores (rejillas)","CONDICIONES DE SEGURIDAD","Caídas de los tubos fluorescentes, golpes, contusiones ","Ninguno","Ninguno ","Ninguno ",2,2,4,"BAJO",25,100,"III","MEJORABLE","NINGUNO ","NINGUNO ","NINGUNO ","*Se recomienda que las luminarias cuenten con protectores (rejillas).","NO APLICA"]
[null,null,null,null,null,"Material Particulado Acumulación de material particulado (polvo) de los libros  ","QUÍMICO","Irritaciones, alergias a nivel respiratorio","Limpieza periódica a los archivos ","Ninguno","Capacitación en manejo y seguridad de los archivos . Uso de mascarilla respiratoria y gafas ",2,2,4,"BAJO",25,100,"III","MEJORABLE","NINGUNO ","NINGUNO ","NINGUNO ","*Exámenes periódicos anualmente al personal  expuesto con espirómetros \n* Se recomienda que el personal de servicios generales realice limpieza completa del archivo durante la semana. Realizar reinducción (PGR-SIG-204 orden y aseo.  )","Uso de tapabocas obligatorio"]
[null,null,null,null,null,"Movimientos Repetitivos\nOrganizar los libros ","BIOMECÁNICO","Síndromes túnel del carpo\n\nSíndrome de Quervain","Ninguno","SVE  Biomecánico ","Ninguno",6,2,12,"ALTO",25,300,"II","ACEPTABLE CON CONTROL ESPECIFICO","NINGUNO ","NINGUNO ","NINGUNO ","*Implementar el programa de pausas activas (INS-SIG-202 instructivo de pausas activas saludables )      , específicamente                                                                                      *Continuar con la implementación del Sistema de vigilancia epidemiológico osteomuscular (PGR-SIG-205 vigilancia epidemiológica para la prevención de desórdenes musculo-esqueléticos.)    .","NO APLICA"]
[null,null,null,null,null,"Manipulación manual de cargas                                               \nLevantar cajas de archivo del piso","BIOMECÁNICO","Hernias Discales - Bursitis de hombro - Bursitis de rodilla ","Ninguno","Ninguno","Capacitación manejo adecuado de cargas ",6,2,12,"ALTO",25,300,"II","ACEPTABLE CON CONTROL ESPECIFICO","NINGUNO ","NINGUNO ","NINGUNO ","*Continuar con la implementación del sistema de vigilancia epidemiológico osteomuscular (PGR-SIG-205 vigilancia epidemiológica para la prevención de desórdenes musculo-esqueléticos.)    .                                                                             *Continuar con la capacitación y  permanente  en  higiene postural, ergonomía en oficina, gimnasia laboral y pausas activas (INS-SIG-202 instructivo de pausas activas saludables )         ","NO APLICA"]
[null,null,null,null,null,"Material Particulado Acumulación de material particulado (polvo) del archivo antiguo  y tipo de tipo. ","QUÍMICO","Irritaciones, alergias a nivel respiratorio","Limpieza periódica a los archivos ","Ninguno","Capacitación en manejo y seguridad de los archivos . Uso de mascarilla respiratoria y gafas ",2,2,4,"BAJO",25,100,"III","MEJORABLE","NINGUNO ","NINGUNO ","NINGUNO ","*Exámenes periódicos anualmente al personal  expuesto con espirómetros \n* Se recomienda que el personal de servicios generales realice limpieza completa del archivo durante la semana (PGR-SIG-204 orden y aseo.  ).","Uso de tapabocas obligatorio"]
[null,null,null,null,null,"Hongos- Bacterias       \nPresencia libros antiguos  ","BIOLÓGICO ","Afecciones respiratorias ","Fumigación ","Ninguno","Capacitación en manejo y seguridad de los archivos . Uso de mascarilla respiratoria y gafas ",2,2,4,"BAJO",25,100,"III","MEJORABLE","NINGUNO ","NINGUNO ","NINGUNO ","\n* Se recomienda continuar con el proceso de intervención (limpieza) de los libros antiguos (PGR-SIG-204 orden y aseo.  )","Uso de guantes de nitrilo y tapabocas "]
[null,null,null,null,null,"Hongos       \nMalos olores  en el área                      ","BIOLÓGICO ","Alergias,  Malos olores ","Ninguno","Ninguno","Ninguno",2,2,4,"BAJO",25,100,"III","MEJORABLE","NINGUNO ","NINGUNO ","NINGUNO ","*Se recomienda mantenimiento de las instalaciones para eliminar los malos olores (PGR-SIG-204 orden y aseo.  ).\n* Se recomienda  mantenimiento de  los techos para el control de goteras (humedad). ","NO APLICA"]
[null,null,null,null,null,"Locativo \nDesnivel en la superficie de trabajo  en la entrada ","CONDICIONES DE SEGURIDAD","Caídas, golpes, incidentes  y accidentes de y trabajo ","Ninguno ","Señalización de advertencia","Capacitación en prevención de caídas",2,2,4,"BAJO",25,100,"III","MEJORABLE","NINGUNO ","NINGUNO ","NINGUNO ","*Se recomienda demarcar con cinta de precaución el desnivel de la superficie de trabajo para mejor visibilidad del funcionario  y del visitante. \n* Instalar cinta de precaución en el desnivel de la superficie de trabajo. ","NO APLICA "]
[null,null,null,null,null,"Locativo \nLuminarias sin protectores (rejillas)","CONDICIONES DE SEGURIDAD","Caídas de los tubos fluorescentes, golpes, contusiones ","Ninguno","Ninguno ","Ninguno ",2,2,4,"BAJO",25,100,"III","MEJORABLE","NINGUNO ","NINGUNO ","NINGUNO ","*Se recomienda que las luminarias cuenten con protectores (rejillas).","NO APLICA"]
[null,null,null,null,null,"Locativo - Infraestructura\n\nTechos en mal estado \nProblemas de humedad ","CONDICIONES DE SEGURIDAD","Colapso estructural - Hongos- bacterias","Ninguno","Ninguno ","Ninguno ",2,2,4,"BAJO",25,100,"III","MEJORABLE","NINGUNO ","NINGUNO ","NINGUNO ","*Realizar mantenimiento preventivo y correctivo de las instalaciones locativas, con el fin de mejorar las condiciones de trabajo y prevenir  enfermedades a los trabajadores.                                                                                                                    * Mantenimiento de los techos para  evitar  la proliferación de animales ( roedores) y control de humedad. ","NO APLICA"]
[null,null,"OPERATIVO","ACTIVIDAD DESPLAZAMIENTO A EVENTOS Y REUNIONES INSTITUCIONALES, INSPECCIONES, ACTIVIDADES DE BIENESTAR DEPORTIVAS Y CULTURALES, ACTIVIDADES DE PROGRAMACIÓN PARA EQUIPOS FUERA DE LA SEDE; FUNCIONARIOS DE PLANTA Y/O CONTRATO","SI","Accidentes de tránsito                           (En los desplazamientos de la visitas a los centros de trabajo)\nVER MATRIZ RIESGO VIAL","CONDICIONES DE SEGURIDAD","*Muerte \n*Lesiones graves en el cuerpo entero\n*Atrapamiento vehicular","Ninguno","Ninguno","Ninguno",2,2,4,"BAJO",100,400,"II","ACEPTABLE CON CONTROL ESPECIFICO","NO APLICA","NO APLICA","*Se debe empezar a realizar la inspección pre operacional de vehículos de la empresa, para identificar condiciones del mismo. ","*Dar cumplimiento al plan de capacitación del PESV \n*Continuar sensibilización en seguridad vial, en lo referente a los roles de seguridad vial (Conductor - Pasajero - Peatón) (PLA-SIG-202 pesv plan estratégico de seguridad vial.)","NO APLICA"]
[null,null,null,null,null,"Locativo\nSuperficies de trabajo  irregulares y  desniveladas                                 (Desplazamiento en los diferentes áreas)","CONDICIONES DE SEGURIDAD","*Golpes \n*Caídas","Ninguno","Ninguno","Ninguno",2,2,4,"BAJO",25,100,"III","MEJORABLE","NO APLICA","NO APLICA","NO APLICA","*Se recomienda uso de calzado adecuado según el área a visitar, con el fin de evitar caídas ( PGR-SIG-203-programa protección contra caídas. )          ","Continuar con el uso de  EPP requeridos según el área a auditar: \n*Calzado de seguridad (Botas).\n*Casco\n*Protección respiratoria "]
[null,null,null,null,null,"Público\n(Robos - Atracos - Asaltos)","CONDICIONES DE SEGURIDAD","*Golpes\n*Agresiones verbales y físicas \n*Atentados violentos\n*Heridas\n*Muerte","Cámaras de seguridad","Ninguno","Capacitación en emergencias a brigadistas ",2,2,4,"BAJO",100,400,"II","ACEPTABLE CON CONTROL ESPECIFICO","NO APLICA","NO APLICA","NO APLICA","*Diseñar, implementar  y socializar los planes contingencia para diferentes situaciones  de emergencia   (PLA-SIG-204 plan de prevención, preparación y respuesta ante emergencias)","NO APLICA"]
[null,null,null,null,null,"Manipulación manual de cargas \"Empujar equipos\"                         ","BIOMECÁNICO","*Hombro doloroso\n*Epicondilitis\n*Tendinitis\n*Bursitis","No aplica","Ninguno","Ninguno",6,2,12,"ALTO",25,300,"II","ACEPTABLE CON CONTROL ESPECIFICO","NO APLICA","NO APLICA","NO APLICA","*Formación de líderes en pausas activas en la sede, con el fin de implementar las mismas (INS-SIG-202 instructivo de pausas activas saludables )      .\n*Continuar con las actividades del sistema de vigilancia epidemiológico  para prevención de desordenes musculo esqueléticas asociadas al peligro biomecánico (PGR-SIG-205 vigilancia epidemiológica para la prevención de desórdenes musculo-esqueléticos.)    .\n*Se recomienda hacer re inducción en manejo seguro de cargas ","No aplica"]
[null,null,null,null,null,"Mecánico                                         (Uso de herramientas manuales en la limpieza de equipos)","CONDICIONES DE SEGURIDAD","*Traumas de tejidos blandos (Laceración, contusión, etc.)       ","Ninguno","Ninguno","Ninguno",2,2,4,"BAJO",25,100,"III","MEJORABLE","NO SE REQUIERE","NO SE REQUIERE","*Realizar mantenimiento preventivo y correctivo de las herramientas de trabajo. ","*Continuar con el uso adecuado de los elementos de trabajo. \n*Se debe realizar seguimiento al uso adecuado de los EPP. (PRO-SIG-202 procedimiento administración de elementos de epp.)       \n","NO APLICA"]
[null,null,"PELIGROS QUE APLICAN A TODAS LAS ACTIVIDADES; FUNCIONARIOS DE PLANTA Y/O CONTRATO",null,"SI","Ruido\n(Intermitente por el paso vehicular por la carrera 2da \"Se percibe en mayor intensidad en el 2do, tercer, 4to y 5to piso del edificio\")","FÍSICO ","Alteraciones auditivas como hipoacusia","Ninguno","Realización de mediciones ambientales de ruido","Ninguno",2,2,4,"BAJO",25,100,"III","MEJORABLE","NO SE REQUIERE","NO SE REQUIERE","NO SE REQUIERE","*Se recomienda realizar mediciones ambientales de ruido, con el fin de identificar los niveles de exposición de ruido en el área. ","NO APLICA"]
[null,null,null,null,"SI","Virus \n","BIOLÓGICO","Malestar general","Ninguno","Limpieza y desinfección de áreas de trabajo   y en casa,  Control de aforo, señalización de advertencia.","Distanciamiento    físico, uso de mascarilla, lavado de manos constante.",2,2,4,"BAJO",25,100,"III","MEJORABLE","N.A","N.A","Trabajo en casa , diseño puestos de trabajo cumpliendo con el distanciamiento social, lavamanos y puntos de desinfección."," *Promover frecuentemente el lavado de manos en personal de planta, contratistas y visitantes. En caso de no contar con agua y jabón, se debe proveer con desinfectantes para manos (gel antibacterial a base de alcohol).  *Disminución de la densidad laboral en áreas de trabajo o de ocupación de la entidad promoviendo el teletrabajo. *Mantener un stop de EPP  (mascarillas ) para dotación y recambio (PRO-SIG-202 procedimiento administración de elementos de epp.)       . *Establecer canales de comunicación individualizados y/o de grupo: correo electrónico, redes sociales, videoconferencia, teléfono para reuniones evitando la presencialidad. *Revisión y análisis de los perfiles epidemiológicos por cargo, estrategias motivación para que los funcionarios se  vacunen  (PRO-SIG-202 procedimiento administración de elementos de epp.)       .","Uso permanente de mascarilla respiratoria. Uso periódico de productos para limpieza (agua y jabón) y  alcohol al 70%, mono gafas o careta."]
[null,null,null,null,"SI"," Demandas Emocionales: Condiciones de la tarea                             \nLa novedad del entorno de trabajo, situación familiar:  hijos o personas mayores a cargo en el hogar en situación de riesgo, miedo al contagio, aislamiento social y confinamiento, miedos e incertidumbres laborales y socioeconómicos, espacios y recursos compartidos por varias personas ante las mismas circunstancias en sus domicilios, convertir espacios de su hogar en despachos improvisados para poder seguir desempeñando su tarea diaria, valoración subjetiva y objetiva por parte del experto mientras se aplica la batería de riesgo psicosocial.","PSICOSOCIAL","Alteraciones mentales, Ansiedad, depresión, estrés postraumático.","S.V.E. Psicosocial","S.V.E Psicosocial","Intervenciones individuales y grupales, capacitaciones, medidas de afrontamiento, manejo de habilidades sociales.",2,2,4,"BAJO",25,100,"III","MEJORABLE","N.A","N.A","Organización de los puestos de trabajo, lavamanos, dispensadores, cumpliendo con el distanciamiento.","identificación de personas con mayor riesgo, prácticas para la prevención del contagio a través del autocuidado individual y familiar, entre otras”capacitaciones del protocolo de bioseguridad, inspecciones, suministro de Elementos de bioseguridad.  (PRO-SIG-202 procedimiento administración de elementos de epp.)       . ","Uso de los elementos de bioseguridad, establecer el compromiso de autocuidado y trabajo seguro."]
[null,null,null,null,"SI","Características de la organización del trabajo\n(Valoración promedio mientras se realiza el proceso de aplicación de baterías de riesgo psicosocial)","PSICOSOCIAL","Alteraciones mentales, Ansiedad, depresión.","SVE. Riesgo Psicosocial","SVE. Riesgo Psicosocial","Intervenciones individuales y grupales, capacitaciones, medidas de afrontamiento, manejo de habilidades sociales.",2,2,4,"BAJO",25,100,"III","MEJORABLE","NO SE REQUIERE","NO SE REQUIERE","NO APLICA","*Aplicación de las baterías de riesgo  psicosocial, para verificar la exposición al peligro (PGR-SIG-206 vigilancia epidemiológico de riesgo psicosocial). . \nCapacitación en trabajo en equipo y competencias individuales y profesionales.\n\nAnálisis de carga laboral.                                                                                                                                     ","NO SE REQUIERE"]
[null,null,null,null,"SI","Características del grupo social y del trabajo.\n(Está en proceso la evaluación de los factores de riesgo psicosocial)","PSICOSOCIAL","Stress laboral\nAfecciones de salud                                                                                                                                                                                                                                                                                                                                                                                                            Ambientes de trabajo Hostil                                                                                                                                                                                                                                                                                                                                                                                                         Baja Productividad","Cumplimiento de la normatividad ley 1010, resolución 652 y 356, 2646.","Comité de Convivencia Laboral","Capacitaciones en habilidades sociales básicas, resolución de conflictos, liderazgo efectivo.",2,2,4,"BAJO",25,100,"III","MEJORABLE","NO SE REQUIERE","NO SE REQUIERE","NO SE REQUIERE","*Capacitación en habilidades sociales básicas y relaciones interpersonales y comunicación asertiva y efectiva. \n\n*Capacitación en liderazgo efectivo y generación de hábitos del líder. ","NO SE REQUIERE"]
[null,null,null,null,"SI","Gestión Organizacional\n(Está en proceso la evaluación de los factores de riesgo psicosocial aplicación batería de riesgo psicosocial)","PSICOSOCIAL","Stress laboral\nAfecciones de salud                                                                                                                                                                                                                                                                                                                                                                                                                     Productividad- Ausentismo","Plan de Intervención del SVE ","N/A","Intervenciones individuales y grupales, capacitaciones en liderazgo, fortalecimiento de las escuelas de liderazgo.",2,2,4,"BAJO",25,100,"III","MEJORABLE","NO SE REQUIERE","NO SE REQUIERE","NO SE REQUIERE","Fortalecimiento de las escuelas de liderazgo.","NO SE REQUIERE"]
[null,null,null,null,"SI","Contenido de la Tarea (Carga de Trabajo)\n(Está en proceso la evaluación de los factores de riesgo psicosocial aplicación batería de riesgo psicosocial)","PSICOSOCIAL","Stress laboral\nAfecciones de salud","S.V.E. Psicosocial","Distribución de la tarea por trabajo en equipo, gestión del tiempo.","Intervenciones individuales y grupales, capacitaciones, medidas de afrontamiento, manejo de habilidades sociales.",2,2,4,"BAJO",25,100,"III","MEJORABLE","NO SE REQUIERE","NO SE REQUIERE","NO SE REQUIERE","Capacitaciones, manejo del tiempo como recurso, trabajo colaborativo y ayuda percibida.  ","NO SE REQUIERE"]
[null,null,null,null,"SI","Infraestructura - Locativo     \nInstalaciones  (Desgaste de cintas antideslizantes en las escaleras)","CONDICIONES DE SEGURIDAD","Caídas al mismo y distinto nivel, esguinces, golpes, contusiones ","Ninguno","Ninguno","Ninguno",2,2,4,"BAJO",25,100,"III","MEJORABLE","NO APLICA","NO APLICA","Instalar bandas antideslizantes en las escaleras del edificio. ","*Diseñar y socializar protocolo para control de ingreso de personas adultas y menores de edad. ","NO APLICA"]
[null,null,null,null,"SI","Infraestructura - Locativo\nAusencia de estructura que evite el ingreso de aguas lluvias en los pasillos del edificio principal ","CONDICIONES DE SEGURIDAD","Caídas por Ingreso de aguas lluvias en los pasillos","Ninguno","Ninguno","Ninguno",2,2,4,"BAJO",25,100,"III","MEJORABLE","Se recomienda instalar estructura  que evite el ingreso de aguas lluvias en los pasillos de la entidad. ","NO SE REQUIERE","NO SE REQUIERE","Continuar con el uso de señalización cada que llueve\n\nInstalar señalización en los pasillos sobre no apoyarse de las barandas de los pasillos ( PGR-SIG-203-programa protección contra caídas. )          .","NO APLICA"]
[null,null,null,null,"SI","Locativo\n(Superficies irregulares - piso resbaloso)\n","CONDICIONES DE SEGURIDAD","*Caída al mismo nivel\n*Golpes\n*Fracturas","No hay ","Señalización de advertencia","No hay ",2,2,4,"BAJO",25,100,"III","MEJORABLE","NO APLICA","NO APLICA","NO APLICA","*Elaboración del programa de prevención para lesiones deportivas \n\n*Capacitación en técnicas orientadas al desarrollo del auto cuidado y prevención de accidentes deportivos y juego limpio. \n\n*Ejecución actividades de prevención en eventos deportivos, culturales y lúdicos. ","NO APLICA"]
[null,null,null,null,"SI","Locativo\n(Superficies húmedas para realizar deporte)\n","CONDICIONES DE SEGURIDAD","*Enterramiento de los guayos\n*Caída al mismo nivel\n*Golpes\n*Fracturas","No hay ","Programa de prevención para lesiones deportivas ","No hay ",2,2,4,"BAJO",25,100,"III","MEJORABLE","NO APLICA","NO APLICA","NO APLICA","*Se recomienda realizar inspección previa a las instalaciones donde se realizará el juego deportivo. ","NO APLICA"]
[null,null,null,null,"SI","Inundación \nPor daño estructural \"Hay tanque subterráneo en el área y se inunda el área en ocasiones\"","CONDICIONES DE SEGURIDAD","*Inundaciones \n*Daños materiales (Pérdida total)\n","Ninguna","ninguna","Capacitación  en actuación ante emergencias ",2,2,4,"BAJO",25,100,"III","MEJORABLE","NO SE REQUIERE","NO SE REQUIERE","NO SE REQUIERE","*Se sugiere realizar mantenimiento preventivo y correctivo a las instalaciones de tal manera que el agua del tanque subterráneo no se rebose","NO APLICA"]
[null,null,null,null,"SI","Locativo\nSistema de almacenamiento  (Almacenamiento inadecuado de sustancias químicos)","CONDICIONES DE SEGURIDAD","*Explosión ","Ninguno","Ninguno","Ninguno",2,2,4,"BAJO",25,100,"III","MEJORABLE","NO APLICA","NO APLICA","NO APLICA","*Se recomienda realizar jornada de orden y aseo para almacenar de forma adecuada los productos químicos (PGR-SIG-204 orden y aseo.  )\n*Se debe capacitar al personal en almacenamiento adecuado de sustancias químicas, así mismo en la matriz de compatibilidad de sustancias. "]
[null,null,null,null,"SI","Público\n(Robos - Atracos - Asaltos)","CONDICIONES DE SEGURIDAD","*Golpes\n*Agresiones verbales y físicas \n*Atentados violentos\n*Heridas\n*Muerte","Cámaras de seguridad","Ninguno","capacitación en emergencias ",2,2,4,"BAJO",100,400,"II","ACEPTABLE CON CONTROL ESPECIFICO","NO APLICA","NO APLICA","Mantenimiento a cámaras de vigilancia en la sede. ","*Socializar los planes contingencia para diferentes situaciones  de emergencia específicamente riesgo público (PLA-SIG-204 plan de prevención, preparación y respuesta ante emergencias).","NO APLICA"]
[null,null,null,null,"SI","Público\n(Agresiones verbales - Actos Violentos)","CONDICIONES DE SEGURIDAD","*Golpes\n*Agresiones verbales y físicas \n*Atentados violentos\n*Heridas\n*Muerte","Cámaras de seguridad","Ninguno","capacitación en emergencias ",2,2,4,"BAJO",25,100,"III","MEJORABLE","NO APLICA","NO APLICA","Mantenimiento a cámaras de vigilancia en la sede. ","*Socializar los planes contingencia para diferentes situaciones  de emergencia específicamente riesgo público (PLA-SIG-204 plan de prevención, preparación y respuesta ante emergencias). ","NO APLICA"]
[null,null,null,null,"SI","Público\n(Manifestaciones públicas)","CONDICIONES DE SEGURIDAD","*Golpes\n*Agresiones verbales y físicas \n*Heridas\n*Muerte","Cámaras de seguridad","vigilancia permanente en la puerta de acceso del edificio. ","Ninguno",2,2,4,"BAJO",100,400,"II","ACEPTABLE CON CONTROL ESPECIFICO","NO APLICA","NO APLICA","Mato a cámaras ","*Socializar plan de emergencias, incluyendo los planes operativos normalizados en caso de situaciones de emergencia en riesgo público especifico para cada sede y socializarlo a todo el personal.     \n*Capacitar al personal en actuación ante emergencias en riesgo público (PLA-SIG-204 plan de prevención, preparación y respuesta ante emergencias). ","NO APLICA"]
[null,null,null,null,"SI","Público\n(Inseguridad por actos delictivos en los alrededores de la sede)","CONDICIONES DE SEGURIDAD","*Golpes\n*Agresiones verbales y físicas \n*Atentados violentos\n*Heridas\n*Muerte","Cámaras de seguridad","vigilancia permanente en la puerta de acceso del edificio. ","Ninguno",2,2,4,"BAJO",100,400,"II","ACEPTABLE CON CONTROL ESPECIFICO","NO APLICA","NO APLICA","Mato a cámaras ","*Socializar los planes contingencia para diferentes situaciones  de emergencia específicamente riesgo público (PLA-SIG-204 plan de prevención, preparación y respuesta ante emergencias). ","NO APLICA"]
[null,null,null,null,"SI","Radiaciones no ionizantes                       (Exposición a luz solar que ingresa por ventanales a la mayoría de los puestos de trabajo)","FÍSICO ","*Cáncer de piel\n*Quemadura solar\n*Insolación \n*Foto envejecimiento cutáneo \n *Foto carcinogénesis\n*Alteraciones oculares","Ninguno","Ninguno","Ninguno",2,2,4,"BAJO",25,100,"III","MEJORABLE","N.A","N.A","*Se recomienda instalar película de seguridad en los ventanales ","NO APLICA","NO APLICA"]
[null,null,null,null,"NO","Sismo - Temblores                  ","FENÓMENOS NATURALES","*Daños materiales (Pérdida total)\n*Heridas y lesiones graves\n*Accidentes de trabajo \n*Muerte","Ninguno","señalización de evacuación y elementos de emergencia ","Capacitación  en actuación ante emergencias ",2,2,4,"BAJO",100,400,"II","ACEPTABLE CON CONTROL ESPECIFICO","NO SE REQUIERE","NO SE REQUIERE","NO SE REQUIERE","*Se recomienda realizar estudio de vulnerabilidad y sismo resistencia de las instalaciones. \n*Capacitar al personal en actuación ante emergencias (PLA-SIG-204 plan de prevención, preparación y respuesta ante emergencias). "]
[null,null,null,null,"NO","Erupción volcán machín           ","FENÓMENOS NATURALES","*Daños materiales (Pérdida total)\n*Heridas y lesiones graves\n*Accidentes de trabajo \n*Muerte","Ninguno","señalización de evacuación y elementos de emergencia ","Capacitación  en actuación ante emergencias ",2,2,4,"BAJO",25,100,"III","MEJORABLE","NO SE REQUIERE","NO SE REQUIERE","NO SE REQUIERE","*Seguir las instrucciones que el departamento suministra para  casos de emergencia por posible erupción del Volcán (PLA-SIG-204 plan de prevención, preparación y respuesta ante emergencias).                                                                                             \n*Solicitar capacitación al ente respectivo sobre actuación en caso de erupción del volcán machín. \n*Capacitar en actuación ante emergencias en caso de erupción del volcán machín a todo el personal.  \n*Actualizar plan de emergencias incluyendo el PON por posible erupción del volcán machín y socializar a los trabajadores (PLA-SIG-204 plan de prevención, preparación y respuesta ante emergencias)."]
[null,null,null,null,"SI","Tecnológico\n(Incendios - Explosiones)\nGenerado dentro de las instalaciones del edificio","CONDICIONES DE SEGURIDAD","Incendios \nQuemaduras de grado 2 y 3\nMuerte","Ninguno","equipo para el control de incendios ","Capacitación en atención de emergencias ",2,2,4,"BAJO",100,400,"II","ACEPTABLE CON CONTROL ESPECIFICO","NO APLICA","NO APLICA","*Realizar mantenimiento preventivo y correctivo de los equipos eléctricos e instalaciones eléctricas en la sede","*Capacitación en prevención de accidentes de trabajo por riesgo eléctrico.                                                          \n\n*Continuar con las inspecciones de seguridad enfocado a riesgo eléctrico. ","NO APLICA"]
[null,null,null,null,"SI","Tecnológico\n\"Riesgo de la vecindad\"\n(Incendios - Explosiones)\nGenerados en el restaurante de Mercacentro\n","CONDICIONES DE SEGURIDAD","Incendios \nQuemaduras de grado 2 y 3\nMuerte","Ninguno","equipo para el control de incendios ","Capacitación en atención de emergencias ",2,2,4,"BAJO",25,100,"III","MEJORABLE","NO APLICA","NO APLICA","*Realizar mantenimiento preventivo y correctivo de los equipos eléctricos e instalaciones eléctricas en las diferentes sedes. ","*Diseñar y socializar PON en caso de explosiones externas a la empresa (PLA-SIG-204 plan de prevención, preparación y respuesta ante emergencias)","Calzado de seguridad"]
[null,null,null,null,"SI","Fugas de gas \n\"Riesgos de la vecindad\"\n(Generado por la presencia de restaurante en Mercacentro y por tuberías externas a la entidad) ","QUÍMICOS","Incendios \nQuemaduras de grado 2 y 3\nMuerte","Ninguno","equipo para el control de incendios ","Capacitación en atención de emergencias ",2,2,4,"BAJO",100,400,"II","ACEPTABLE CON CONTROL ESPECIFICO","NO APLICA","NO APLICA","*Solicitar a Mercacentro que se de cumplimiento a las recomendaciones generales para prevención de accidentes de trabajo por fugas de gas en el restaurante. ","*Diseñar y socializar PON en caso de fuga de gas (PLA-SIG-204 plan de prevención, preparación y respuesta ante emergencias)","NO APLICA"]
[null,null,null,null,"SI","Locativo\nSistema de almacenamiento\n(Atrapamiento por mal funcionamiento de los ascensores)\n \n","CONDICIONES DE SEGURIDAD","Atrapamiento ","Se realiza mantenimiento periódico a los ascensores","Elementos de emergencias ","Ninguno",2,2,4,"BAJO",25,100,"III","MEJORABLE","NO APLICA","NO APLICA","*Continuar con el mantenimiento preventivo y correctivo de los ascensores","*Diseñar y socializar PON en caso de atrapamiento por mal funcionamiento del ascensor (PLA-SIG-204 plan de prevención, preparación y respuesta ante emergencias).","Calzado de seguridad"]
[null,null,null,null,"SI","Postura mantenida                          (Bípeda)","BIOMECÁNICO","*Cansancio\n*Fatiga en miembros inferiores y en las articulaciones\n*Aparición de vena varice\n*Edema en los pies \n*Dolor lumbar ","No aplica","No aplica","Realiza varias tareas, lo que permite cambios de posición\n\nExámenes ocupacionales periódicos",2,2,4,"BAJO",60,240,"II","ACEPTABLE CON CONTROL ESPECIFICO","NO APLICA","NO APLICA","NO APLICA","*Solicitar a la empresa contratista realizar re inducción en higiene postural, gimnasia laboral y pausas activas.                                                                 \n*Continuar con las actividades del sistema de vigilancia epidemiológico  para prevención de desordenes musculo esqueléticas asociadas al peligro biomecánico (PGR-SIG-205 vigilancia epidemiológica para la prevención de desórdenes musculo-esqueléticos.)    .                                                                                ","No aplica"]
[null,null,null,null,"SI","Infraestructura - Locativo     \nInstalaciones  (Ausencia de citas antideslizantes en las escaleras)","CONDICIONES DE SEGURIDAD","Atención tardía ante emergencias","Ninguno","Ninguno","Ninguno",2,2,4,"BAJO",25,100,"III","MEJORABLE","NO APLICA","NO APLICA","Instalar bandas antideslizantes en las escaleras del edificio. ","*Instalar señalización dando cumplimiento a la PGR-SIG-203-programa protección contra caídas.","NO APLICA"]
[null,null,null,null,"SI","Público\n(Robos - Atracos - Asaltos - Agresiones verbales - Actos Violentos)","CONDICIONES DE SEGURIDAD","*Golpes\n*Agresiones verbales y físicas \n*Atentados violentos\n*Heridas\n*Muerte","Ninguno","Cámaras de seguridad en el primer piso","Ninguno",2,2,4,"BAJO",100,400,"II","ACEPTABLE CON CONTROL ESPECIFICO","NO APLICA","NO APLICA","Instalar cámaras de vigilancia en todos los pisos de la sede. ","*Socializar los planes contingencia para diferentes situaciones  de emergencia específicamente riesgo público (PLA-SIG-204 plan de prevención, preparación y respuesta ante emergencias). ","NO APLICA"]
[null,null,null,null,"SI","Accidentes de tránsito                      \n     \n(En los desplazamientos hacia otros centros de trabajo, en caso de que el funcionario haga uso de las bicicletas)","CONDICIONES DE SEGURIDAD","*Muerte \n*Lesiones graves en el cuerpo entero\n*Atrapamiento vehicular","Ninguno","Ninguno","Capacitación en prevención de Accidentes de transito",2,2,4,"BAJO",25,100,"III","MEJORABLE","NO APLICA","NO APLICA","NO APLICA","*Dar cumplimiento al plan de capacitación del PESV según el rol (Pasajero - Conductor - Peatón)\n*Realizar sensibilización en seguridad vial (PLA-SIG-202 pesv plan estratégico de seguridad vial.)","NO APLICA"]
[null,null,null,null,"SI","Accidentes aéreos                           (En los desplazamientos en avión a otras ciudades)\n","CONDICIONES DE SEGURIDAD","*Muerte \n*Lesiones graves en el cuerpo entero\n*Caída de avión","Ninguno","Ninguno","Ninguno",2,2,4,"BAJO",100,400,"II","ACEPTABLE CON CONTROL ESPECIFICO","NO APLICA","NO APLICA","NO APLICA","*Dar cumplimiento a las normas de seguridad para viajes aéreos (EST-SIG-01/03 ESTANDAR DE SEGURIDAD PARA ACTIVIDADES FUERA DE LA SEDE)","NO APLICA"]
[null,null,null,null,"SI","Virus (cambio climatico)\n ","BIOLÓGICO","Malestar general","Ninguno","Limpieza y desinfección de áreas de trabajo   y en casa,  Control de aforo, señalización de advertencia.","Distanciamiento    físico, uso de mascarilla, lavado de manos constante.",2,2,4,"BAJO",25,100,"III","MEJORABLE","NO APLICA","NO APLICA","NO APLICA","  *Promover frecuentemente el lavado de manos en personal de planta, contratistas y visitantes. En caso de no contar con agua y jabón, se debe proveer con desinfectantes para manos (gel antibacterial a base de alcohol).  *Disminución de la densidad laboral en áreas de trabajo o de ocupación de la entidad promoviendo el teletrabajo. *Mantener un stop de EPP  (mascarillas ) para dotación y recambio. *Establecer canales de comunicación individualizados y/o de grupo: correo electrónico, redes sociales, videoconferencia, teléfono para reuniones evitando la presencialidad. *Revisión y análisis de los perfiles epidemiológicos por cargo, estrategias motivación para que los funcionarios se  vacunen.   (PRO-SIG-202 Procedimiento administrativo de elementos EPP)","Uso permanente de mascarilla respiratoria. Uso periódico de productos para limpieza (agua y jabón) y  alcohol al 70%, mono gafas o careta."]
[null,null,null,null,"NO","Largas Jornadas Laborales y ausencia de descanso con altas temperaturas y radiciones altas por factor del CAMBIO CLIMATICO.","PSICOSOCIAL","Estrés, agotamiento por trabajo continuo, cansacio, fatiga, angustia, ansiedad, poca concentración y atención, somnolencia.","Ninguno","Ninguno","PVE- Riesgo psicosocial",2,2,4,"BAJO",25,100,"III","MEJORABLE","NO APLICA","NO APLICA","NO APLICA","Introducir una rutina de tiempos detrabajo y de descanso para aquellos\ntrabajadores/as que estén expuestos a ambientes calurosos, Formación en primeros auxilios, para que puedan\nreconocer y tratar los primeros síntomas de desórdenes de salud ocasionados por una\nexposición a temperaturas extremadamente cálidas., Seguir a diario los boletines\nmeteorológicos y cambiar el horario de trabajo de gran exposición al calor\na horas más frescas del día., En trabajos a campo abierto, crear zonas descanso con carpas, Disponer de agua potable fría en lugares estratégicos y visibles, cercanos al área de trabajo.","NO SE REQUIERE"]
[null,null,null,null,"NO"," Temperaturas\nextremas (calor) porfactor de CAMBIO CLIMATICO","FISICO","Stress termico Agotamiento Mareos  Deshidratación Golpes de calor, lesiones en la piel, insolación, ","No aplica","Ninguno","Ninguno",2,2,4,"BAJO",25,100,"III","MEJORABLE","NO APLICA","NO APLICA","NO APLICA","Todos los funcionarios que realicen desplazamientos fuera de la sede deben apalicar el Estándar de Seguridad \"EST-204\"., se recomienda hidratación continua, alimentación adecuada, Organización de los puestos de trabajo, limplementación de un programa de climatización.Sistemas de ventilación","Ropa de trabajo y equipos de\nprotección adecuados(camisa,\nmanga larga, pantalón largo,\ngorra o sombrero de ala ancha).\nSaber que la ropa protectora o el\nequipo de protección personal\npuede aumentar el riesgo del\nestrés por calor."]
[null,null,null,null,"NO"," Temperaturas\nextremas (calor Radiaciones No ionizantes) porfactor de CAMBIO CLIMATICO","FISICO","Stress termico Agotamiento Mareos  Deshidratación Golpes de calor, lesiones en la piel, dolor de cabeza.","No aplica","Ninguno","Protector Solar",2,2,{"$f":"+L74*M74","v":4},{"$f":"IF(N74>=24,\"MUY ALTO\",IF(N74>=10,\"ALTO\",IF(N74>=6,\"MEDIO\",\"BAJO\")))","v":"BAJO"},25,{"$f":"+N74*P74","v":100},{"$f":"IF(Q74>=600,\"I\",IF(Q74>=150,\"II\",IF(Q74>=40,\"III\",IF(Q74>=20,\"IV\"))))","v":"III"},{"$f":"IF(Q74>=600,\"NO ACEPTABLE\",IF(Q74>=150,\"ACEPTABLE CON CONTROL ESPECIFICO\",IF(Q74>=40,\"MEJORABLE\",IF(Q74>=20,\"ACEPTABLE\"))))","v":"MEJORABLE"},"NO APLICA","NO APLICA","NO APLICA","Todos los funcionarios que realicen desplazamientos fuera de la sede deben apalicar el Estándar de Seguridad \"EST-204\"., se recomienda hidratación continua, alimentación adecuada, Organización de los puestos de trabajo, limplementación de un programa de climatización.Sistemas de ventilación","Ropa de trabajo y equipos de\nprotección adecuados(camisa,\nmanga larga, pantalón largo,\ngorra o sombrero de ala ancha).\nSaber que la ropa protectora o el\nequipo de protección personal\npuede aumentar el riesgo del\nestrés por calor."]
[null,null,null,null,"NO","Inalación de Humos y Vapores\n (Incendios Forestales )por factor CAMBIO CLIMATICO","QUÍMICO","Asfixia, Dificultad para respirar, Ardor en los ojos, conjuntivitis, Alergias, Tos, irritación de la garganta, dolor de cabeza.","No aplica","Ninguno","Ninguno",2,2,4,"BAJO",25,100,"III","MEJORABLE","NO APLICA","NO APLICA","NO APLICA","Aplicación PON para el manejo de incendios forestales, ver PLAN DE MERGENCIA PLA-SIG 204.","NO SE REQUIERE"]
[null,null,"PELIGROS QUE APLICAN A TRABAJO CON RESTRICCIONES DE SALUD Y/O TELE TRABAJO",null,"SI","Postura Prolongada \n(Postura sedente más del 75% de la jornada laboral en trabajo con video terminales)","BIOMECÁNICO","*Dolor lumbar inespecífico\n*Espasmos musculares","Ninguno","Ninguno","Emisión de recomendaciones a funcionarios a través de video llamadas por parte de grupo interdisciplinario de la oficina  SST ( psicólogo, fisioterapeuta, profesional SST)",2,2,4,"BAJO",60,240,"II","ACEPTABLE CON CONTROL ESPECIFICO","NO APLICA","NO SE REQUIERE","NO SE REQUIERE","*Realizar visitas virtuales por parte del Grupo de SST para capacitar en higiene postural en casa.\n\n*Realizar pausas activas en el área (INS-SIG-202 instructivo de pausas activas saludables )      .                                                               \n\n*Continuar con las actividades del programa de vigilancia epidemiológico  para prevención de desordenes musculo esqueléticas asociadas al peligro biomecánico, para trabajo en casa (PGR-SIG-205 vigilancia epidemiológica para la prevención de desórdenes musculo-esqueléticos.)    .  Continuar con las recomendaciones a funcionarios a través de video llamadas por parte de grupo interdisciplinario de la oficina  SST ( psicólogo, fisioterapeuta, profesional SST)                                                                              ","NO APLICA"]
[null,null,null,null,"SI","Movimientos repetitivos  \n(Digitación - Escanear)","BIOMECÁNICO","Lesiones por trauma acumulativo en miembro superiores ( STC).\nSíndrome de Quervain","Ninguno","Ninguno","Emisión de recomendaciones a funcionarios a través de video llamadas por parte de grupo interdisciplinario de la oficina  SST ( psicólogo, fisioterapeuta, profesional SST)",2,2,4,"BAJO",60,240,"II","ACEPTABLE CON CONTROL ESPECIFICO","NO SE REQUIERE","NO SE REQUIERE","NO SE REQUIERE","*Se recomienda la implementación permanente de pausas activas durante la jornada laboral (INS-SIG-202 instructivo de pausas activas saludables )      . Continuar con las recomendaciones a funcionarios a través de video llamadas por parte de grupo interdisciplinario de la oficina  SST ( psicólogo, fisioterapeuta, profesional SST).                                                                                                                                                  ","NO APLICA"]
[null,null,null,null,"SI","Radiaciones No ionizantes                                   (Exposición permanente a pantallas del computador)","FÍSICO ","*Fatiga visual","Ninguno","Ninguno","Emisión de recomendaciones a funcionarios a través de video llamadas por parte de grupo interdisciplinario de la oficina  SST ( psicólogo, fisioterapeuta, profesional SST)",2,2,4,"BAJO",25,100,"III","MEJORABLE","NO APLICA","NO SE REQUIERE","NO SE REQUIERE","*Se recomienda la implementación permanente de pausas activas durante la jornada laboral (INS-SIG-202 instructivo de pausas activas saludables )      .  Continuar con las recomendaciones a funcionarios a través de video llamadas por parte de grupo interdisciplinario de la oficina  SST ( psicólogo, fisioterapeuta, profesional SST).                                                                                                                                                ","NO APLICA"]
[null,null,null,null,"NO","Locativo                                                                              (Cableado eléctrico desordenado en la zona adecuada para puesto de trabajo)","CONDICIONES DE SEGURIDAD","*Se potencializa el riesgo de accidentes por caídas. ","Ninguno","Ninguno","Emisión de recomendaciones a funcionarios a través de video llamadas por parte de grupo interdisciplinario de la oficina  SST ( psicólogo, fisioterapeuta, profesional SST)",2,2,4,"BAJO",25,100,"III","MEJORABLE","NO APLICA","NO SE REQUIERE","Se recomienda agrupar el cableado eléctrico faltante, utilizando espiral porta cable u otro mecanismo de canalización. ","Realizar inspecciones de seguridad para verificar estado de cableado del  área.. Continuar con las recomendaciones a funcionarios a través de video llamadas por parte de grupo interdisciplinario de la oficina  SST ( psicólogo, fisioterapeuta, profesional SST).","NO APLICA"]
[null,null,null,null,"NO","Picaduras - Mordeduras                             (Presencia de vectores e insectos dentro de la vivienda o zona destinada para laborar).","BIOLÓGICO","Infecciones","Ninguno","Ninguno","Emisión de recomendaciones a funcionarios a través de video llamadas por parte de grupo interdisciplinario de la oficina  SST ( psicólogo, fisioterapeuta, profesional SST)",2,2,4,"BAJO",25,100,"III","MEJORABLE","NO APLICA","NO APLICA","NO APLICA","* realizar una correcta inspección del área de trabajo para garantizar la NO presencia de vectores o insectos ponzoñoso. Evitar las zona con acumulación de aguas estancadas. Continuar con las recomendaciones a funcionarios a través de video llamadas por parte de grupo interdisciplinario de la oficina  SST ( psicólogo, fisioterapeuta, profesional SST)","NO APLICA"]
[null,null,null,null,"SI","Virus y Bacterias\n (Exposición a virus y bacterias debido al uso de superficies húmedas como baños, lavamanos y lavaplatos alberca)","BIOLÓGICO","*Dermatosis\n*Reacciones alérgicas\n*Enfermedades infecciosas\n*Infecciones respiratorias","Ninguno","Ninguno","Emisión de recomendaciones a funcionarios a través de video llamadas por parte de grupo interdisciplinario de la oficina  SST ( psicólogo, fisioterapeuta, profesional SST)",2,2,4,"BAJO",25,100,"III","MEJORABLE","NO APLICA","NO APLICA","NO APLICA","*Capacitar a los trabajadores en auto cuidado y la importancia del uso de los EPP. Continuar con las recomendaciones a funcionarios a través de video llamadas por parte de grupo interdisciplinario de la oficina  SST ( psicólogo, fisioterapeuta, profesional SST)","*Uso de EPP (Guantes - Tapa bocas)"]
[null,null,null,null,"NO","Material particulado \n(Polvo en los documentos)","QUÍMICOS","*Enfermedades respiratorias\n*Infecciones virales \n*Alergias ","Ninguno","Ninguno","Emisión de recomendaciones a funcionarios a través de video llamadas por parte de grupo interdisciplinario de la oficina  SST ( psicólogo, fisioterapeuta, profesional SST)",2,2,4,"BAJO",25,100,"III","MEJORABLE","NO APLICA","NO APLICA","NO APLICA","*Realizar seguimiento del uso de los elementos de protección personal (Tapa bocas), cuando manipule archivo con polvo (PRO-SIG-202 procedimiento administración de elementos de epp.)       .   Continuar con las recomendaciones a funcionarios a través de video llamadas por parte de grupo interdisciplinario de la oficina  SST ( psicólogo, fisioterapeuta, profesional SST).                                                         ","Suministrar tapa bocas para el desarrollo de la labor. "]
[null,null,null,null,"NO","Uso de elementos de desinfección\n(alcohol, gel antibacterial)","QUÍMICOS","\n*Alergias en piel o vías respiratorias.\n* Quemaduras ","Ninguno","Ninguno","Emisión de recomendaciones a funcionarios a través de video llamadas por parte de grupo interdisciplinario de la oficina  SST ( psicólogo, fisioterapeuta, profesional SST)",2,2,4,"BAJO",25,100,"III","MEJORABLE","NO APLICA","NO APLICA","NO APLICA","*Realizar seguimiento del uso de los elementos de protección personal (Tapa bocas), cuando manipule archivo con polvo (PRO-SIG-202 procedimiento administración de elementos de epp.)       .  Continuar con las recomendaciones a funcionarios a través de video llamadas por parte de grupo interdisciplinario de la oficina  SST ( psicólogo, fisioterapeuta, profesional SST).                                                         ","Suministrar tapa bocas para el desarrollo de la labor. "]
[null,null,null,null,"SI","Mecánico                                         (Manejo de Equipos y elementos de Oficina)","CONDICIONES DE SEGURIDAD","*Traumas de tejidos blandos (Laceración, contusión, heridas superficiales, etc.)       ","Ninguno","Ninguno","Emisión de recomendaciones a funcionarios a través de video llamadas por parte de grupo interdisciplinario de la oficina  SST ( psicólogo, fisioterapeuta, profesional SST)",2,2,4,"BAJO",25,100,"III","MEJORABLE","NO SE REQUIERE","NO SE REQUIERE","NO SE REQUIERE","*Continuar con el uso adecuado de los elementos de trabajo, realizar cambio de los elementos que se observen en mal estado. Continuar con las recomendaciones a funcionarios a través de video llamadas por parte de grupo interdisciplinario de la oficina  SST ( psicólogo, fisioterapeuta, profesional SST) (PLA-SIG-206 retorno seguro al trabajo.)(PGR-SIG-204 orden y aseo.  ).","NO APLICA"]
[null,null,null,null,"SI","Deficiente ventilación (Las ventanas y persianas deben permanecer cerradas para evitar el ingreso de rayos solares)","FÍSICO                              ","*Disconfort por calor ambiental permanente","Ninguno","Ninguno","Emisión de recomendaciones a funcionarios a través de video llamadas por parte de grupo interdisciplinario de la oficina  SST ( psicólogo, fisioterapeuta, profesional SST)",2,2,4,"BAJO",25,100,"III","MEJORABLE","NO APLICA","NO SE REQUIERE","NO SE REQUIERE","Se recomienda contar con un área de ventilación natural o con ventilación artificial como ventiladores. Continuar con las recomendaciones a funcionarios a través de video llamadas por parte de grupo interdisciplinario de la oficina  SST ( psicólogo, fisioterapeuta, profesional SST).","NO APLICA"]
[null,null,null,null,"SI","Manipulación y desplazamiento de cargas\n(Documentos y cajas)","BIOMECÁNICO","Lesiones en columna\nEnfermedad discal\nEnfermedad lumbar ","Ninguno","Ninguno","Emisión de recomendaciones a funcionarios a través de video llamadas por parte de grupo interdisciplinario de la oficina  SST ( psicólogo, fisioterapeuta, profesional SST)",2,2,4,"BAJO",25,100,"III","MEJORABLE","NO SE REQUIERE","NO SE REQUIERE","NO SE REQUIERE","* Practicar higiene postural para el manejo de cargas. Evitar levantar mas de 10 Kg mujeres y 20 Kg Hombres. Continuar con las recomendaciones a funcionarios a través de video llamadas por parte de grupo interdisciplinario de la oficina  SST ( psicólogo, fisioterapeuta, profesional SST).","NO APLICA"]
[null,null,null,null,"SI","Iluminación\n(Deficiente de iluminación natural o artificial en el sitio adecuado para laboral dentro de la vivienda)                                             ","FÍSICO ","*Fatiga visual","Ninguno","Ninguno","Emisión de recomendaciones a funcionarios a través de video llamadas por parte de grupo interdisciplinario de la oficina  SST ( psicólogo, fisioterapeuta, profesional SST)",2,2,4,"BAJO",25,100,"III","MEJORABLE","NO APLICA","Se recomienda adecuar zona de trabajo en lugar con iluminación adecuada (que no sea excesiva o deficiente). ","NO SE REQUIERE","Se recomienda adecuar el sitio de trabajo con iluminación adecuada. Continuar con las recomendaciones a funcionarios a través de video llamadas por parte de grupo interdisciplinario de la oficina  SST ( psicólogo, fisioterapeuta, profesional SST).","NO APLICA"]
[null,null,null,null,"NO","Locativo\nSuperficies de trabajo  irregulares y  desniveladas, escaleras                                 (Desplazamiento en la vivienda)","CONDICIONES DE SEGURIDAD","*Golpes \n*Caídas\n*Fracturas","Ninguno","Ninguno","Emisión de recomendaciones a funcionarios a través de video llamadas por parte de grupo interdisciplinario de la oficina  SST ( psicólogo, fisioterapeuta, profesional SST)",2,2,4,"BAJO",25,100,"III","MEJORABLE","NO APLICA","NO APLICA","NO APLICA","*Se recomienda uso de calzado adecuado y de tacón bajo según el área a visitar, con el fin de evitar caídas. Continuar con las recomendaciones a funcionarios a través de video llamadas por parte de grupo interdisciplinario de la oficina  SST ( psicólogo, fisioterapeuta, profesional SST) ( PGR-SIG-203-programa protección contra caídas. ).","Uso de calzado bajo "]
[null,null,null,null,"SI","Virus ","BIOLÓGICO","Malestar general","Ninguno","Ninguno","Emisión de recomendaciones a funcionarios a través de video llamadas por parte de grupo interdisciplinario de la oficina  SST ( psicólogo, fisioterapeuta, profesional SST)",2,2,4,"BAJO",25,100,"III","MEJORABLE","N.A","N.A","Trabajo en Casa","*Garantizar el autocuidado en Casa.\n*Participar en las reuniones de bioseguridad realizadas por el grupo de SST.\n*Evitar las reuniones sociales y evitar visitar sitios concurridos o de alto riesgo\n*  Realizar constante desinfección y limpieza de los sitios de trabajo (PRO-SIG-202 procedimiento administración de elementos de epp.)       .\n* Evitar tocar cara, boca y ojos con las manos.\n* Lavar las manos cada 3 horas. Continuar con las recomendaciones a funcionarios a través de video llamadas por parte de grupo interdisciplinario de la oficina  SST ( psicólogo, fisioterapeuta, profesional SST)","Uso permanente de respirador buco nasal, uso de guantes en látex C-35  ó neopreno manguilla larga en limpieza de superficies. Uso periódico de productos para limpieza (agua y jabón) y para  sonetizado de manos (geles a base de alcohol al 70%), mono gafas o careta"]
[null,null,null,null,"SI","Público\n(Robos - Atracos - Asaltos - Agresiones verbales - Actos Violentos)","CONDICIONES DE SEGURIDAD","*Golpes\n*Agresiones verbales y físicas \n*Atentados violentos\n*Heridas\n*Muerte","Ninguno","Ninguno","Emisión de recomendaciones a funcionarios a través de video llamadas por parte de grupo interdisciplinario de la oficina  SST ( psicólogo, fisioterapeuta, profesional SST)",2,2,4,"BAJO",100,400,"II","ACEPTABLE CON CONTROL ESPECIFICO","NO APLICA","NO APLICA","NO APLICA","*Socializar los planes contingencia para diferentes situaciones  de emergencia específicamente riesgo público. Continuar con las recomendaciones a funcionarios a través de video llamadas por parte de grupo interdisciplinario de la oficina  SST ( psicólogo, fisioterapeuta, profesional SST) (PLA-SIG-204 plan de prevención, preparación y respuesta ante emergencias).","NO APLICA"]
[null,null,null,null,"NO","Erupción volcán Machín","FENÓMENOS NATURALES","Erupción del Volcán Machín","Ninguno","Ninguno","Emisión de recomendaciones a funcionarios a través de video llamadas por parte de grupo interdisciplinario de la oficina  SST ( psicólogo, fisioterapeuta, profesional SST)",2,2,4,"BAJO",25,100,"III","MEJORABLE","NO APLICA","NO APLICA","NO APLICA","Tener en cuenta las recomendaciones dadas en los medios de comunicación de la alcaldía y recomendaciones en el video del ejercicio de la simulación  el día nacional del simulacro. Continuar con las recomendaciones a funcionarios a través de video llamadas por parte de grupo interdisciplinario de la oficina  SST ( psicólogo, fisioterapeuta, profesional SST) (PLA-SIG-204 plan de prevención, preparación y respuesta ante emergencias). ","NO APLICA"]
[null,null,null,null,"NO","Sismo - Terremoto","FENÓMENOS NATURALES","Erupción del Volcán Machín","Ninguno","Ninguno","Emisión de recomendaciones a funcionarios a través de video llamadas por parte de grupo interdisciplinario de la oficina  SST ( psicólogo, fisioterapeuta, profesional SST)",2,2,4,"BAJO",25,100,"III","MEJORABLE","NO APLICA","NO APLICA","NO APLICA","Tener en cuenta las recomendaciones dadas en los medios de comunicación de la alcaldía y recomendaciones en el video del ejercicio de la simulación  el día nacional del simulacro. Continuar con las recomendaciones a funcionarios a través de video llamadas por parte de grupo interdisciplinario de la oficina  SST ( psicólogo, fisioterapeuta, profesional SST) (PLA-SIG-204 plan de prevención, preparación y respuesta ante emergencias).","NO APLICA"]
[]
[null,null,null,"VIVE DIGITAL"]
[]
[null,null,null,"VIVE DIGITAL LAB",null,null,null,"VIVE DIGITAL SAN PEDRO",null,null,null,null,"VIVE DIGITAL LAS FERIAS",null,null,null,null,"VIVE DIGITAL JORDAN",null,null,null,null,"VIVE DIGITAL PANÓCTICO"]

{"sheet":"VIVE DIGITAL LAB","index":32,"n_rows":90,"n_cols":24,"rows_kept":90,"cut":false,"hidden":true,"merged":[[72,2,89,3],[5,2,5,3],[5,4,5,23],[6,2,7,2],[6,3,7,3],[6,4,7,4],[6,5,6,6],[6,7,7,7],[8,2,35,2],[8,3,15,3],[16,3,35,3],[36,2,40,2],[36,3,40,3],[36,4,40,4],[8,4,15,4],[16,4,35,4],[41,2,71,3],[0,2,3,2],[0,3,1,21],[0,23,3,23],[2,3,3,21],[4,20,4,21],[4,22,4,23],[6,8,6,10],[6,11,6,17],[6,19,6,23]]}
[null,null,null,"PROCESO: SISTEMA INTEGRADO DE GESTIÓN",null,null,null,null,null,null,null,null,null,null,null,null,null,null,null,null,null,null,"Código: FOR-221-PRO-SIG"]
[null,null,null,null,null,null,null,null,null,null,null,null,null,null,null,null,null,null,null,null,null,null,"Versión: 04"]
[null,null,null,"FORMATO: \nIDENTIFICACIÓN DE PELIGROS, EVALUACIÓN Y VALORACIÓN DE LOS RIESGOS \nALCALDÍA MUNICIPAL DE IBAGUÉ",null,null,null,null,null,null,null,null,null,null,null,null,null,null,null,null,null,null,"Fecha: 27/05/2022"]
[null,null,null,null,null,null,null,null,null,null,null,null,null,null,null,null,null,null,null,null,null,null,"Página: 1"]
[null,null,"FECHAS DE ACTUALIZACIÓN: ","2019-02-22","2019-03-09","2019-09-02","2019-09-11","2019-09-24","2019-10-30","2020-07-22","2021-04-09","2022-05-27","2024-07-15"]
[null,null,"PROCESO:",null,"11. GESTIÓN TIC - VIVE DIGITAL LAB - CARRERA 3A N 9-55 LOCAL 201"]
[null,null,"1. PROCESO ADMINISTRATIVO / OPERATIVO","2. ACTIVIDADES","3. TAREA RUTINARIO (SI O NO)","PELIGRO",null,"6. EFECTOS POSIBLES\n(Salud - Seguridad)","CONTROLES EXISTENTES",null,null,"EVALUACIÓN DEL RIESGO",null,null,null,null,null,null,"VALORACIÓN DEL RIESGO","MEDIDAS DE INTERVENCIÓN"]
[null,null,null,null,null,"4. DESCRIPCIÓN","5. CLASIFICACIÓN",null,"7. FUENTE","8. MEDIO","9. INDIVIDUO","10. NIVEL DE DEFICIENCIA","11. NIVEL DE EXPOSICIÓN","12. NIVEL DE PROBABILIDAD ND X NE","13. INTERPRETACIÓN DEL NIVEL DE PROBABILIDAD","14. NIVEL DE CONSECUENCIA","15. NIVEL DE RIESGO NR E INTERVENCIÓN","16. INTERPRETACIÓN DEL NR","17. ACEPTABILIDAD DEL RIESGO","18 ELIMINACIÓN","19. SUSTITUCIÓN","20. CONTROLES DE INGENIERIA","21. CONTROLES ADMINISTRATIVOS, SEÑALIZACIÓN, ADVERTENCIA","22. ELEMENTOS DE PROTECCIÓN PERSONAL"]
[null,null,"ADMINISTRATIVO","ACTIVIDAD PLANEACIÓN, ELABORACIÓN Y EJECUCION DE DOCUMENTOS. USO DE HERRAMIENTAS TECNOLOGICAS Y VIDEO TERMINALES. INTERACCIONES LABORALES Y ADMINISTRATIVAS (ATENCIÓN AL CIUDADANO). DIGITACIÓN, ANÁLISIS DE INFORMACIÓN, EJECUCIÓN DE TRÁMITES DE LOS EQUIPOS DE INFORMÁTICA, DISEÑO DE SOFTWARE, PROGRAMACIÓN DE COMPUTADORES, DESARROLLAR PROGRAMAS, PROYECTOS INNOVACIÓN - TECNOLOGÍA DE LA INNOVACIÓN - ESTRATEGIAS PARA EL USO DE LAS TIC","SI","Postura Prolongada (Postura sedente más del 75% de la jornada laboral en trabajo con video terminales)","BIOMECÁNICO","*Dolor lumbar inespecífico\n*Espasmos musculares","No aplica","Ninguno","Ninguno",2,2,{"$f":"+L9*M9","v":4},{"$f":"IF(N9>=24,\"MUY ALTO\",IF(N9>=10,\"ALTO\",IF(N9>=6,\"MEDIO\",\"BAJO\")))","v":"BAJO"},25,{"$f":"+N9*P9","v":100},{"$f":"IF(Q9>=600,\"I\",IF(Q9>=150,\"II\",IF(Q9>=40,\"III\",IF(Q9>=20,\"IV\"))))","v":"III"},{"$f":"IF(Q9>=600,\"NO ACEPTABLE\",IF(Q9>=150,\"ACEPTABLE CON CONTROL ESPECIFICO\",IF(Q9>=40,\"MEJORABLE\",IF(Q9>=20,\"ACEPTABLE\"))))","v":"MEJORABLE"},"NO APLICA","NO SE REQUIERE","NO SE REQUIERE","*Realizar re inducción en higiene postural, ergonomía en oficina, gimnasia laboral y pausas activas.                                                                 \n\n*Continuar con las actividades del sistema de vigilancia epidemiológico  para prevención de desordenes musculo esqueléticas asociadas al peligro biomecánico (PGR-SIG-205 vigilancia epidemiológica para la prevención de desórdenes musculo-esqueléticos.)                                                                                   \n\n*Realizar pausas activas en el área (INS-SIG-202 instructivo de pausas activas saludables )                                                                                                                                       ","NO APLICA"]
[null,null,null,null,null,"Esfuerzo visual                                   (Por consulta y digitación de datos e información)                                     ","BIOMECÁNICO","Fatiga visual","Ninguno","Ninguno","Ninguno",6,2,{"$f":"+L10*M10","v":12},{"$f":"IF(N10>=24,\"MUY ALTO\",IF(N10>=10,\"ALTO\",IF(N10>=6,\"MEDIO\",\"BAJO\")))","v":"ALTO"},25,{"$f":"+N10*P10","v":300},{"$f":"IF(Q10>=600,\"I\",IF(Q10>=150,\"II\",IF(Q10>=40,\"III\",IF(Q10>=20,\"IV\"))))","v":"II"},{"$f":"IF(Q10>=600,\"NO ACEPTABLE\",IF(Q10>=150,\"ACEPTABLE CON CONTROL ESPECIFICO\",IF(Q10>=40,\"MEJORABLE\",IF(Q10>=20,\"ACEPTABLE\"))))","v":"ACEPTABLE CON CONTROL ESPECIFICO"},"NO APLICA","NO APLICA","NO APLICA","*Implementar el programa de pausas activas (INS-SIG-202 instructivo de pausas activas saludables )      ","NO APLICA"]
[null,null,null,null,null,"Movimientos repetitivos  \n(Digitación)","BIOMECÁNICO","Síndrome de Túnel del Carpo ( STC).\nSíndrome de Quervain","Ninguno","Ninguno","Ninguno",6,2,12,"ALTO",25,300,"II","ACEPTABLE CON CONTROL ESPECIFICO","NO SE REQUIERE","NO SE REQUIERE","NO SE REQUIERE","*Se recomienda la implementación permanente de pausas activas durante la jornada laboral (INS-SIG-202 instructivo de pausas activas saludables )                                                                                                                                                       ","NO APLICA"]
[null,null,null,null,null,"Radiaciones No ionizantes                                   (Exposición permanente  a pantallas del computador)","FÍSICO ","*Fatiga visual\n*Daños a la visión (Sequedad en los ojos - ojo enrojecido)\n*Tensión ocular ","Uso de pantalla antirreflejo","Ninguno","Ninguno",6,2,12,"ALTO",25,300,"II","ACEPTABLE CON CONTROL ESPECIFICO","NO APLICA","NO SE REQUIERE","NO SE REQUIERE","*Se recomienda la implementación permanente de pausas activas durante la jornada laboral.  Realizar reinducción (INS-SIG-202 instructivo de pausas activas saludables )                                                                                                                                             ","NO APLICA"]
[null,null,null,null,null,"Mecánico                                         (Manejo de Equipos y elementos de Oficina)","CONDICIONES DE SEGURIDAD","*Traumas de tejidos blandos (Laceración, contusión, etc.)       ","Elementos de trabajo en buen estado","Ninguno","Ninguno",6,2,12,"ALTO",25,300,"II","ACEPTABLE CON CONTROL ESPECIFICO","NO SE REQUIERE","NO SE REQUIERE","NO SE REQUIERE","*Continuar con el uso adecuado de los elementos de trabajo, realizar cambio de los elementos que se observen en mal estado. Realizar reinducción (PRO-SIG-202 procedimiento administración de elementos de EPP.)       ","NO APLICA"]
[null,null,null,null,null,"Eléctrico Baja tensión. (Cableado eléctrico de equipo de computo expuesto)","CONDICIONES DE SEGURIDAD","*En caso de cortos, puede generarse electrocución \n*Se potencializa el riesgo de incendio y accidentes por caídas. ","Ninguno","Realización de inspecciones","Ninguno",6,2,12,"ALTO",25,300,"II","ACEPTABLE CON CONTROL ESPECIFICO","NO APLICA","NO SE REQUIERE","NO SE REQUIERE","* Realizar inspecciones de seguridad para verificar estado de cableado del  área.  *Verificar carga, ubicación y señalización de extintor solkaflam (PGR-SIG-204 orden y aseo.  )","NO APLICA"]
[null,null,null,null,null,"Locativo\nInstalaciones en mal estado\n (Gotera en el techo - Humedad en la pared)","CONDICIONES DE SEGURIDAD","*Desplome de estructuras por la humedad presentada \n*Infecciones en vías respiratorias\n* Alergias","Ninguno","Ninguno","Ninguno",6,2,12,"ALTO",25,300,"II","ACEPTABLE CON CONTROL ESPECIFICO","NO SE REQUIERE","NO SE REQUIERE","*Realizar mantenimiento correctivo a las instalaciones, con el fin de eliminar la humedad y a gotera en el área. ","NO APLICA","NO APLICA"]
[null,null,null,null,null,"Locativo\nHacinamiento\n(El área es reducida para la cantidad de personas que laboran en ella)","CONDICIONES DE SEGURIDAD","*Atención tardía en caso de emergencias \n*Dificultad en la evacuación en caso de una emergencia. ","Ninguno","Control de aforo","Ninguno",6,2,12,"ALTO",25,300,"II","ACEPTABLE CON CONTROL ESPECIFICO","NO SE REQUIERE","NO SE REQUIERE","Se recomienda ampliar el área de la oficina y/o asignar otro espacio para reubicar personal del área, con el fin de mejorar las condiciones de trabajo. H","Hacer seguimiento al cumplimiento del aforo (PLA-SIG-206 retorno seguro al trabajo.)","NO APLICA"]
[null,null,null,"TRANSFERENCIAS DOCUMENTALES. MANEJO DE CORRESPONDENCIA. ACTIVIDAD MANEJO DE ARCHIVO. REGISTRO, INVENTARIO Y CONTROL DE PRÉSTAMO DE LOS LIBROS ","SI","Mecánico                                                     \nManejo de herramientas manuales \n(Grapadora, saca ganchos, perforadora, ganchos legadores)","CONDICIONES DE SEGURIDAD\n","Golpes, heridas, pinchazos, magulladuras de diferentes en los miembros superiores ","Ninguno","Ninguno ","Ninguno ",6,2,12,"ALTO",25,300,"II","ACEPTABLE CON CONTROL ESPECIFICO","NINGUNO ","NINGUNO ","NINGUNO ","*Capacitación sobre manejo seguro de herramientas.\n*Capacitación en prevención en lesiones de mano.\n*Inspeccionar las diferentes herramientas utilizados en la oficina para labores administrativas. (PGR-SIG-204 orden y aseo.  )","NO APLICA"]
[null,null,null,null,null,"Postura Forzada                            Miembros superiores en la gravedad por el espacio reducido del plano de trabajo\n","BIOMECÁNICO","Lumbalgias, Cervicalgias, Mialgias, lesiones y síndromes doloroso, tendinitis, estamos de manos ","Ninguno","Ninguno","Jornadas de pausas activas ",6,2,12,"ALTO",25,300,"II","ACEPTABLE CON CONTROL ESPECIFICO","NINGUNO ","NINGUNO ","NINGUNO ","* Pausas activas a lo largo de la jornada laboral y sensibilizar sobre su importancia (INS-SIG-202 instructivo de pausas activas saludables )       , * Realizar seguimiento para el S.V.E  para lesiones osteo musculares (PGR-SIG-205 vigilancia epidemiológica para la prevención de desórdenes musculo-esqueléticos.)    .\n* Se recomienda  revisar la posibilidad de contar con un plano de trabajo en \"L\" que garantice que la manos, brazo y muñeca permanezcan en línea recta en el momento de digitar. \n","NO APLICA "]
[null,null,null,null,null,"Postura Anti gravitacional                            Miembros superiores en la gravedad","BIOMECÁNICO"," Tendinitis Estamos de manos","Ninguno","Ninguno","Jornadas de pausas activas ",6,2,12,"ALTO",25,300,"II","ACEPTABLE CON CONTROL ESPECIFICO","NINGUNO ","NINGUNO ","NINGUNO ","* Pausas activas a lo largo de la jornada laboral y sensibilizar sobre su importancia (INS-SIG-202 instructivo de pausas activas saludables )       , * Realizar seguimiento para el S.V.E  para lesiones osteo musculares (PGR-SIG-205 vigilancia epidemiológica para la prevención de desórdenes musculo-esqueléticos.)    .\n* Se recomienda  revisar la posibilidad de contar con un plano de trabajo en \"L\" que garantice que la manos, brazo y muñeca permanezcan en línea recta en el momento de digitar. \n","NO APLICA "]
[null,null,null,null,null,"Locativo \nTechos en mal estado \nProblemas de humedad ","CONDICIONES DE SEGURIDAD","Colapso estructural - Hongos- bacterias","Ninguno","Ninguno ","Ninguno ",6,2,12,"ALTO",25,300,"II","ACEPTABLE CON CONTROL ESPECIFICO","NINGUNO ","NINGUNO ","NINGUNO ","*Realizar mantenimiento preventivo y correctivo de las instalaciones locativas, con el fin de mejorar las condiciones de trabajo y prevenir  enfermedades a los trabajadores.                                                                                                                    * Mantenimiento de los techos para  evitar  la proliferación de animales ( murciélagos- palomas) y control de humedad. \n*Se recomienda erradicar los palomas del área. (PGR-SIG-204 orden y aseo.  )","NO APLICA"]
[null,null,null,null,null,"Locativo - Infraestructura                           Sistemas de almacenamiento y condiciones técnico ambientales inadecuados del archivo                        ","CONDICIONES DE SEGURIDAD","Accidentes de trabajo -  Deterioro del archivo - Caídas de objetos (cajas) ","Ninguno","Ninguno","Ninguno",6,2,12,"ALTO",25,300,"II","ACEPTABLE CON CONTROL ESPECIFICO","NINGUNO ","NINGUNO ","NINGUNO "," *Ubicación del archivo debe ser un terreno sin riesgos de humedad subterránea o problemas de inundación y que ofrezca estabilidad.","NO APLICA"]
[null,null,null,null,null,"Locativo\nSistema de almacenamiento  \nUbicación inadecuada de los archivadores anclados a la pared","CONDICIONES DE SEGURIDAD\n","*Golpes\n*Contusión \n*Traumas superficiales\n*Heridas","NINGUNO","NINGUNO","NINGUNO",6,2,12,"ALTO",25,300,"II","ACEPTABLE CON CONTROL ESPECIFICO","NINGUNO ","NINGUNO ","NINGUNO ","*Se recomienda instalar protectores de seguridad en el soporte de agarre de los archivadores, con el fin de evitar heridas graves y disminuir los golpes. \n*Sensibilización a los trabajadores  en auto cuido. ","NO APLICA"]
[null,null,null,null,null,"Postura Forzada                            \nAltura inadecuada de la pantalla visual  por el portátil ","BIOMECÁNICO"," Tendinitis Estamos de manos","Ninguno","Ninguno","Jornadas de pausas activas ",6,2,12,"ALTO",25,300,"II","ACEPTABLE CON CONTROL ESPECIFICO","NINGUNO ","NINGUNO ","NINGUNO ","* Pausas activas a lo largo de la jornada laboral y sensibilizar sobre su importancia (INS-SIG-202 instructivo de pausas activas saludables )      , * Realizar seguimiento para el S.V.E  para lesiones osteo musculares. A. *Se recomienda graduar y elevar la altura de la pantalla visual para mejorar posturas de los puestos de trabajo con portátil. ","*Se recomienda elementos de confort: Base portátil, apoyapiés, teclado adicional "]
[null,null,null,null,null,"Movimientos repetitivos  Abrir y cerrar las estanterías móviles del archivo (rodantes) ","BIOMECÁNICO ","Síndrome del Túnel Carpiano, Manguito rotador ","Ninguno","Ninguno","Pausas Activas Implementación del SVE DMO ",6,2,12,"ALTO",25,300,"II","ACEPTABLE CON CONTROL ESPECIFICO","NINGUNO ","NINGUNO ","NINGUNO ","*Implementar el programa de pausas activas  (INS-SIG-202 instructivo de pausas activas saludables )                                                                   *Implementación del Sistema de vigilancia epidemiológico desordes musculo esqueléticos, con el fin de identificar las personas con sintomatología y hacer el respectivo seguimiento y control de los diagnósticos médicos que se presenten (PGR-SIG-205 vigilancia epidemiológica para la prevención de desórdenes musculo-esqueléticos.)   .","NO APLICA"]
[null,null,null,null,null,"Movimientos Repetitivos\n(Sólo las manos, digitación en teclado y uso de mouse)","BIOMECÁNICO","Síndromes túnel del carpo\n\nSíndrome de Quervain","Ninguno","SVE  Biomecánico ","Ninguno",6,2,12,"ALTO",25,300,"II","ACEPTABLE CON CONTROL ESPECIFICO","NINGUNO ","NINGUNO ","NINGUNO ","*Implementar el programa de pausas activas, específicamente  (INS-SIG-202 instructivo de pausas activas saludables )                                          *Continuar con la implementación del Sistema de vigilancia epidemiológico osteomuscular (PGR-SIG-205 vigilancia epidemiológica para la prevención de desórdenes musculo-esqueléticos.)    .","NO APLICA"]
[null,null,null,null,null,"Públicos                                                     Agresiones verbales con la atención de usuarios, estudiantes,  ","CONDICIONES DE SEGURIDAD","Heridas, Muerte, estrés laboral","Ninguno","Ninguno ","Ninguno ",2,2,4,"BAJO",100,400,"II","ACEPTABLE CON CONTROL ESPECIFICO","NINGUNO ","NINGUNO ","NINGUNO ","*Diseñar e implementar  planes contingencia para diferentes situaciones  de emergencia (PLA-SIG-204 plan de prevención, preparación y respuesta ante emergencias).       \n* Continuar con la vigilancia física del centro de trabajo. \n* Capacitaciones para intervenir el riesgo.(EST-SIG-01/03 ESTANDAR DE SEGURIDAD PARA ACTIVIDADES FUERA DE LA SEDE)","NO APLICA "]
[null,null,null,null,null,"Locativo \nLuminarias sin protectores (rejillas)","CONDICIONES DE SEGURIDAD","Caídas de los tubos fluorescentes, golpes, contusiones ","Ninguno","Ninguno ","Ninguno ",6,2,12,"ALTO",25,300,"II","ACEPTABLE CON CONTROL ESPECIFICO","NINGUNO ","NINGUNO ","NINGUNO ","*Se recomienda que las luminarias cuenten con protectores (rejillas), para dar cumplimiento a la Resolución 180540 de 2010.    ","NO APLICA"]
[null,null,null,null,null,"Material Particulado Acumulación de material particulado (polvo) de los libros  ","QUÍMICO","Irritaciones, alergias a nivel respiratorio","Limpieza periódica a los archivos ","Ninguno","Capacitación en manejo y seguridad de los archivos . Uso de mascarilla respiratoria y gafas ",6,2,12,"ALTO",25,300,"II","ACEPTABLE CON CONTROL ESPECIFICO","NINGUNO ","NINGUNO ","NINGUNO ","*Exámenes periódicos anualmente al personal  expuesto con espirómetros \n* Se recomienda que el personal de servicios generales realice limpieza completa del archivo durante la semana. Realizar reinducción (PGR-SIG-204 orden y aseo.  )","Uso de tapabocas obligatorio"]
[null,null,null,null,null,"Movimientos Repetitivos\nOrganizar los libros ","BIOMECÁNICO","Síndromes túnel del carpo\n\nSíndrome de Quervain","Ninguno","SVE  Biomecánico ","Ninguno",6,2,12,"ALTO",25,300,"II","ACEPTABLE CON CONTROL ESPECIFICO","NINGUNO ","NINGUNO ","NINGUNO ","*Implementar el programa de pausas activas (INS-SIG-202 instructivo de pausas activas saludables )      , específicamente                                                                                      *Continuar con la implementación del Sistema de vigilancia epidemiológico osteomuscular (PGR-SIG-205 vigilancia epidemiológica para la prevención de desórdenes musculo-esqueléticos.)    .","NO APLICA"]
[null,null,null,null,null,"Manipulación manual de cargas                                               \nLevantar cajas de archivo del piso","BIOMECÁNICO","Hernias Discales - Bursitis de hombro - Bursitis de rodilla ","Ninguno","Ninguno","Capacitación manejo adecuado de cargas ",6,2,12,"ALTO",25,300,"II","ACEPTABLE CON CONTROL ESPECIFICO","NINGUNO ","NINGUNO ","NINGUNO ","*Continuar con la implementación del sistema de vigilancia epidemiológico osteomuscular (PGR-SIG-205 vigilancia epidemiológica para la prevención de desórdenes musculo-esqueléticos.)    .                                                                             *Continuar con la capacitación y  permanente  en  higiene postural, ergonomía en oficina, gimnasia laboral y pausas activas (INS-SIG-202 instructivo de pausas activas saludables )         ","NO APLICA"]
[null,null,null,null,null,"Material Particulado Acumulación de material particulado (polvo) del archivo antiguo  y tipo de tipo. ","QUÍMICO","Irritaciones, alergias a nivel respiratorio","Limpieza periódica a los archivos ","Ninguno","Capacitación en manejo y seguridad de los archivos . Uso de mascarilla respiratoria y gafas ",6,2,12,"ALTO",25,300,"II","ACEPTABLE CON CONTROL ESPECIFICO","NINGUNO ","NINGUNO ","NINGUNO ","*Exámenes periódicos anualmente al personal  expuesto con espirómetros \n* Se recomienda que el personal de servicios generales realice limpieza completa del archivo durante la semana (PGR-SIG-204 orden y aseo.  ).","Uso de tapabocas obligatorio"]
[null,null,null,null,null,"Hongos- Bacterias       \nPresencia libros antiguos  ","BIOLÓGICO ","Afecciones respiratorias ","Fumigación ","Ninguno","Capacitación en manejo y seguridad de los archivos . Uso de mascarilla respiratoria y gafas ",6,2,12,"ALTO",25,300,"II","ACEPTABLE CON CONTROL ESPECIFICO","NINGUNO ","NINGUNO ","NINGUNO ","\n* Se recomienda continuar con el proceso de intervención (limpieza) de los libros antiguos (PGR-SIG-204 orden y aseo.  )","Uso de guantes de nitrilo y tapabocas "]
[null,null,null,null,null,"Hongos       \nMalos olores  en el área                      ","BIOLÓGICO ","Alergias,  Malos olores ","Ninguno","Ninguno","Ninguno",6,2,12,"ALTO",25,300,"II","ACEPTABLE CON CONTROL ESPECIFICO","NINGUNO ","NINGUNO ","NINGUNO ","*Se recomienda mantenimiento de las instalaciones para eliminar los malos olores (PGR-SIG-204 orden y aseo.  ).\n* Se recomienda  mantenimiento de  los techos para el control de goteras (humedad). ","NO APLICA"]
[null,null,null,null,null,"Locativo \nDesnivel en la superficie de trabajo  en la entrada ","CONDICIONES DE SEGURIDAD","Caídas, golpes, incidentes  y accidentes de y trabajo ","Ninguno ","Señalización de advertencia","Capacitación en prevención de caídas",6,2,12,"ALTO",25,300,"II","ACEPTABLE CON CONTROL ESPECIFICO","NINGUNO ","NINGUNO ","NINGUNO ","*Se recomienda demarcar con cinta de precaución el desnivel de la superficie de trabajo para mejor visibilidad del funcionario  y del visitante. \n* Instalar cinta de precaución en el desnivel de la superficie de trabajo. ","NO APLICA "]
[null,null,null,null,null,"Locativo \nLuminarias sin protectores (rejillas)","CONDICIONES DE SEGURIDAD","Caídas de los tubos fluorescentes, golpes, contusiones ","Ninguno","Ninguno ","Ninguno ",2,2,4,"BAJO",25,100,"III","MEJORABLE","NINGUNO ","NINGUNO ","NINGUNO ","*Se recomienda que las luminarias cuenten con protectores (rejillas), para dar cumplimiento a la Resolución 180540 de 2010.    ","NO APLICA"]
[null,null,null,null,null,"Locativo - Infraestructura\n\nTechos en mal estado \nProblemas de humedad ","CONDICIONES DE SEGURIDAD","Colapso estructural - Hongos- bacterias","Ninguno","Ninguno ","Ninguno ",6,2,12,"ALTO",25,300,"II","ACEPTABLE CON CONTROL ESPECIFICO","NINGUNO ","NINGUNO ","NINGUNO ","*Realizar mantenimiento preventivo y correctivo de las instalaciones locativas, con el fin de mejorar las condiciones de trabajo y prevenir  enfermedades a los trabajadores.                                                                                                                    * Mantenimiento de los techos para  evitar  la proliferación de animales ( roedores) y control de humedad. ","NO APLICA"]
[null,null,"OPERATIVO","ACTIVIDAD DESPLAZAMIENTO A EVENTOS Y REUNIONES INSTITUCIONALES, INSPECCIONES, ACTIVIDADES DE BIENESTAR DEPORTIVAS Y CULTURALES, ACTIVIDADES DE PROGRAMACIÓN PARA EQUIPOS FUERA DE LA SEDE","SI","Accidentes de tránsito                           (En los desplazamientos de la visitas a los centros de trabajo)\nVER MATRIZ RIESGO VIAL","CONDICIONES DE SEGURIDAD","*Muerte \n*Lesiones graves en el cuerpo entero\n*Atrapamiento vehicular","Ninguno","Ninguno","Ninguno",2,2,4,"BAJO",100,400,"II","ACEPTABLE CON CONTROL ESPECIFICO","NO APLICA","NO APLICA","*Se debe empezar a realizar la inspección pre operacional de vehículos de la empresa, para identificar condiciones del mismo. ","*Dar cumplimiento al plan de capacitación del PESV \n*Continuar sensibilización en seguridad vial, en lo referente a los roles de seguridad vial (Conductor - Pasajero - Peatón) (PLA-SIG-202 pesv plan estratégico de seguridad vial.)","NO APLICA"]
[null,null,null,null,null,"Locativo\nSuperficies de trabajo  irregulares y  desniveladas                                 (Desplazamiento en los diferentes áreas)","CONDICIONES DE SEGURIDAD","*Golpes \n*Caídas","Ninguno","Ninguno","Ninguno",6,2,12,"ALTO",25,300,"II","ACEPTABLE CON CONTROL ESPECIFICO","NO APLICA","NO APLICA","NO APLICA","*Se recomienda uso de calzado adecuado según el área a visitar, con el fin de evitar caídas ( PGR-SIG-203-programa protección contra caídas. )          ","Continuar con el uso de  EPP requeridos según el área a auditar: \n*Calzado de seguridad (Botas).\n*Casco\n*Protección respiratoria "]
[null,null,null,null,null,"Público\n(Robos - Atracos - Asaltos)","CONDICIONES DE SEGURIDAD","*Golpes\n*Agresiones verbales y físicas \n*Atentados violentos\n*Heridas\n*Muerte","Cámaras de seguridad","Ninguno","Capacitación en emergencias a brigadistas ",2,2,4,"BAJO",100,400,"II","ACEPTABLE CON CONTROL ESPECIFICO","NO APLICA","NO APLICA","NO APLICA","*Diseñar, implementar  y socializar los planes contingencia para diferentes situaciones  de emergencia   (PLA-SIG-204 plan de prevención, preparación y respuesta ante emergencias)(EST-SIG-01/03 ESTANDAR DE SEGURIDAD PARA ACTIVIDADES FUERA DE LA SEDE)","NO APLICA"]
[null,null,null,null,null,"Manipulación manual de cargas \"Empujar equipos\"                         ","BIOMECÁNICO","*Hombro doloroso\n*Epicondilitis\n*Tendinitis\n*Bursitis","No aplica","Ninguno","Ninguno",6,2,12,"ALTO",25,300,"II","ACEPTABLE CON CONTROL ESPECIFICO","NO APLICA","NO APLICA","NO APLICA","*Formación de líderes en pausas activas en la sede, con el fin de implementar las mismas (INS-SIG-202 instructivo de pausas activas saludables )      .\n*Continuar con las actividades del sistema de vigilancia epidemiológico  para prevención de desordenes musculo esqueléticas asociadas al peligro biomecánico (PGR-SIG-205 vigilancia epidemiológica para la prevención de desórdenes musculo-esqueléticos.)    .\n*Se recomienda hacer re inducción en manejo seguro de cargas ","No aplica"]
[null,null,null,null,null,"Mecánico                                         (Uso de herramientas manuales en la limpieza de equipos)","CONDICIONES DE SEGURIDAD","*Traumas de tejidos blandos (Laceración, contusión, etc.)       ","Ninguno","Ninguno","Ninguno",6,2,12,"ALTO",25,300,"II","ACEPTABLE CON CONTROL ESPECIFICO","NO SE REQUIERE","NO SE REQUIERE","*Realizar mantenimiento preventivo y correctivo de las herramientas de trabajo. ","*Continuar con el uso adecuado de los elementos de trabajo. \n*Se debe realizar seguimiento al uso adecuado de los EPP. (PRO-SIG-202 procedimiento administración de elementos de EPP.)       \n","NO APLICA"]
[null,null,"PELIGROS QUE APLICAN A TODAS LAS ACTIVIDADES",null,"SI","Ruido\n(Intermitente por el paso vehicular por la carrera 3da)","FÍSICO ","Alteraciones auditivas como hipoacusia","Ninguno","Realización de mediciones ambientales de ruido","Ninguno",4,2,8,"MEDIO",25,200,"II","ACEPTABLE CON CONTROL ESPECIFICO","NO SE REQUIERE","NO SE REQUIERE","NO SE REQUIERE","*Se recomienda realizar mediciones ambientales de ruido, con el fin de identificar los niveles de exposición de ruido en el área. ","NO APLICA"]
[null,null,null,null,"SI","Virus \n(exposición al agente biológico Virus Sars – Cov – 2,  por contacto directo con personas u objetos contaminados).  ","BIOLÓGICO","Enfermedad Covid–19 que puede producir: Malestar, fiebre, dolor de garganta, perdida del olfato y del gusto, dificultad respiratoria, neumonía, náuseas, vómitos o diarrea, órganos como el corazón, los riñones o el hígado pueden inflamarse y provocar que dejen de funcionar correctamente lo que conlleva el empeoramiento del paciente o incluso su muerte. ","Ninguno","Limpieza y desinfección de áreas de trabajo   y en casa,  Control de aforo, señalización de advertencia.","Distanciamiento    físico, uso de mascarilla, lavado de manos constante.",2,2,4,"BAJO",100,400,"II","ACEPTABLE CON CONTROL ESPECIFICO","N.A","N.A","Trabajo en casa , diseño puestos de trabajo cumpliendo con el distanciamiento social, lavamanos y puntos de desinfección.","*Diseño e implementación del Protocolo de Bioseguridad para prevención de Covid-19.  *Implementar y promover en la planta de personal buenas prácticas de higiene y control de Covid-19 a través de actividades limpieza/desinfección de estaciones de trabajo, baños, vehículos, en casa, en desplazamiento, entre otros. \n(PGR-SIG-207 vigilancia epidemiológica para la prevención de covid-19.)  *Promover frecuentemente el lavado de manos en personal de planta, contratistas y visitantes. En caso de no contar con agua y jabón, se debe proveer con desinfectantes para manos (gel antibacterial a base de alcohol).  *Disminución de la densidad laboral en áreas de trabajo o de ocupación de la entidad promoviendo el teletrabajo. *Mantener un stop de EPP  (mascarillas ) para dotación y recambio (PRO-SIG-202 procedimiento administración de elementos de EPP.)       . *Establecer canales de comunicación individualizados y/o de grupo: correo electrónico, redes sociales, videoconferencia, teléfono para reuniones evitando la presencialidad. *Revisión y análisis de los perfiles epidemiológicos por cargo, estrategias motivación para que los funcionarios se  vacunen (PGR-SIG-207 vigilancia epidemiológica para la prevención de covid-19.) (PRO-SIG-202 procedimiento administración de elementos de EPP.)       .","Uso permanente de mascarilla respiratoria. Uso periódico de productos para limpieza (agua y jabón) y  alcohol al 70%, mono gafas o careta."]
[null,null,null,null,"SI"," Demandas Emocionales: Condiciones de la tarea                             \nLa novedad del entorno de trabajo, situación familiar:  hijos o personas mayores a cargo en el hogar en situación de riesgo, miedo al contagio, aislamiento social y confinamiento, miedos e incertidumbres laborales y socioeconómicos, espacios y recursos compartidos por varias personas ante las mismas circunstancias en sus domicilios, convertir espacios de su hogar en despachos improvisados para poder seguir desempeñando su tarea diaria, valoración subjetiva y objetiva por parte del experto mientras se aplica la batería de riesgo psicosocial.","PSICOSOCIAL","Alteraciones mentales, Ansiedad, depresión, estrés postraumático.","S.V.E. Psicosocial","S.V.E Psicosocial","Intervenciones individuales y grupales, capacitaciones, medidas de afrontamiento, manejo de habilidades sociales.",6,3,18,"ALTO",25,450,"II","ACEPTABLE CON CONTROL ESPECIFICO","N.A","N.A","Organización de los puestos de trabajo, lavamanos, dispensadores, cumpliendo con el distanciamiento."," “Mantener una comunicación actualizada, precisa, oportuna y de buena calidad para todo el personal sobre la información, recomendaciones y las herramientas comunicacionales, normas legales, emitidas por el Ministerio de Salud y Protección Social – MSPS-, como fuente oficial para el país, en relación con el comportamiento del brote de COVID-19, sus características, mitos y realidades, potenciales mecanismos de transmisión, identificación de personas con mayor riesgo, prácticas para la prevención del contagio a través del autocuidado individual y familiar, entre otras”capacitaciones del protocolo de bioseguridad, inspecciones, suministro de Elementos de bioseguridad. (PGR-SIG-207 vigilancia epidemiológica para la prevención de covid-19.) (PRO-SIG-202 procedimiento administración de elementos de EPP.)       . ","Uso de los elementos de bioseguridad, establecer el compromiso de autocuidado y trabajo seguro."]
[null,null,null,null,"SI","Características de la organización del trabajo\n(Valoración promedio mientras se realiza el proceso de aplicación de baterías de riesgo psicosocial)","PSICOSOCIAL","Alteraciones mentales, Ansiedad, depresión.","SVE. Riesgo Psicosocial","SVE. Riesgo Psicosocial","Intervenciones individuales y grupales, capacitaciones, medidas de afrontamiento, manejo de habilidades sociales.",2,3,{"$f":"+L45*M45","v":6},"MEDIO",25,{"$f":"+N45*P45","v":150},{"$f":"IF(Q45>=600,\"I\",IF(Q45>=150,\"II\",IF(Q45>=40,\"III\",IF(Q45>=20,\"IV\"))))","v":"II"},"ACEPTABLE CON CONTROL ESPECIFICO","NO SE REQUIERE","NO SE REQUIERE","NO APLICA","*Aplicación de las baterías de riesgo  psicosocial, para verificar la exposición al peligro (PGR-SIG-206 vigilancia epidemiológico de riesgo psicosocial). . \nCapacitación en trabajo en equipo y competencias individuales y profesionales.\n\nAnálisis de carga laboral.                                                                                                                                     ","NO SE REQUIERE"]
[null,null,null,null,"SI","Características del grupo social y del trabajo.\n(Está en proceso la evaluación de los factores de riesgo psicosocial)","PSICOSOCIAL","Stress laboral\nAfecciones de salud                                                                                                                                                                                                                                                                                                                                                                                                            Ambientes de trabajo Hostil                                                                                                                                                                                                                                                                                                                                                                                                         Baja Productividad","Cumplimiento de la normatividad ley 1010, resolución 652 y 356, 2646.","Comité de Convivencia Laboral","Capacitaciones en habilidades sociales básicas, resolución de conflictos, liderazgo efectivo.",2,4,{"$f":"+L46*M46","v":8},"MEDIO",25,{"$f":"+N46*P46","v":200},{"$f":"IF(Q46>=600,\"I\",IF(Q46>=150,\"II\",IF(Q46>=40,\"III\",IF(Q46>=20,\"IV\"))))","v":"II"},"ACEPTABLE CON CONTROL ESPECIFICO","NO SE REQUIERE","NO SE REQUIERE","NO SE REQUIERE","*Capacitación en habilidades sociales básicas y relaciones interpersonales y comunicación asertiva y efectiva. \n\n*Capacitación en liderazgo efectivo y generación de hábitos del líder. ","NO SE REQUIERE"]
[null,null,null,null,"SI","Gestión Organizacional\n(Está en proceso la evaluación de los factores de riesgo psicosocial aplicación batería de riesgo psicosocial)","PSICOSOCIAL","Stress laboral\nAfecciones de salud                                                                                                                                                                                                                                                                                                                                                                                                                     Productividad- Ausentismo","Plan de Intervención del SVE ","N/A","Intervenciones individuales y grupales, capacitaciones en liderazgo, fortalecimiento de las escuelas de liderazgo.",6,2,{"$f":"+L47*M47","v":12},"ALTO",25,{"$f":"+N47*P47","v":300},{"$f":"IF(Q47>=600,\"I\",IF(Q47>=150,\"II\",IF(Q47>=40,\"III\",IF(Q47>=20,\"IV\"))))","v":"II"},"ACEPTABLE CON CONTROL ESPECIFICO","NO SE REQUIERE","NO SE REQUIERE","NO SE REQUIERE","Fortalecimiento de las escuelas de liderazgo.","NO SE REQUIERE"]
[null,null,null,null,"SI","Contenido de la Tarea (Carga de Trabajo)\n(Está en proceso la evaluación de los factores de riesgo psicosocial aplicación batería de riesgo psicosocial)","PSICOSOCIAL","Stress laboral\nAfecciones de salud","S.V.E. Psicosocial","Distribución de la tarea por trabajo en equipo, gestión del tiempo.","Intervenciones individuales y grupales, capacitaciones, medidas de afrontamiento, manejo de habilidades sociales.",6,3,{"$f":"+L48*M48","v":18},"ALTO",25,{"$f":"+N48*P48","v":450},{"$f":"IF(Q48>=600,\"I\",IF(Q48>=150,\"II\",IF(Q48>=40,\"III\",IF(Q48>=20,\"IV\"))))","v":"II"},"ACEPTABLE CON CONTROL ESPECIFICO","NO SE REQUIERE","NO SE REQUIERE","NO SE REQUIERE","Capacitaciones, manejo del tiempo como recurso, trabajo colaborativo y ayuda percibida.  ","NO SE REQUIERE"]
[null,null,null,null,"SI","Infraestructura - Locativo     \nInstalaciones  (Desgaste de cintas antideslizantes en las escaleras)","CONDICIONES DE SEGURIDAD","Caídas al mismo y distinto nivel, esguinces, golpes, contusiones ","Ninguno","Ninguno","Ninguno",6,2,12,"ALTO",25,300,"II","ACEPTABLE CON CONTROL ESPECIFICO","NO APLICA","NO APLICA","Instalar bandas antideslizantes en las escaleras del edificio. ","*Diseñar y socializar protocolo para control de ingreso de personas adultas y menores de edad. ","NO APLICA"]
[null,null,null,null,"SI","Infraestructura - Locativo\nAusencia de estructura que evite el ingreso de aguas lluvias en los pasillos del edificio principal ","CONDICIONES DE SEGURIDAD","Caídas por Ingreso de aguas lluvias en los pasillos","Ninguno","Ninguno","Ninguno",2,2,4,"BAJO",25,100,"III","MEJORABLE","Se recomienda instalar estructura  que evite el ingreso de aguas lluvias en los pasillos de la entidad. ","NO SE REQUIERE","NO SE REQUIERE","Continuar con el uso de señalización cada que llueve\n\nInstalar señalización en los pasillos sobre no apoyarse de las barandas de los pasillos ( PGR-SIG-203-programa protección contra caídas. )          .","NO APLICA"]
[null,null,null,null,"SI","Inundación \nPor daño estructural \"Hay tanque subterráneo en el área y se inunda el área en ocasiones\"","CONDICIONES DE SEGURIDAD","*Inundaciones \n*Daños materiales (Pérdida total)\n","Ninguna","ninguna","Capacitación  en actuación ante emergencias ",6,2,12,"ALTO",25,300,"II","ACEPTABLE CON CONTROL ESPECIFICO","NO SE REQUIERE","NO SE REQUIERE","NO SE REQUIERE","*Se sugiere realizar mantenimiento preventivo y correctivo a las instalaciones de tal manera que el agua del tanque subterráneo no se rebose","NO APLICA"]
[null,null,null,null,"SI","Locativo\nSistema de almacenamiento  (Almacenamiento inadecuado de sustancias químicos)","CONDICIONES DE SEGURIDAD","*Explosión ","Ninguno","Ninguno","Ninguno",6,2,12,"ALTO",25,300,"II","ACEPTABLE CON CONTROL ESPECIFICO","NO APLICA","NO APLICA","NO APLICA","*Se recomienda realizar jornada de orden y aseo para almacenar de forma adecuada los productos químicos (PGR-SIG-204 orden y aseo.  )\n*Se debe capacitar al personal en almacenamiento adecuado de sustancias químicas, así mismo en la matriz de compatibilidad de sustancias. "]
[null,null,null,null,"SI","Público\n(Robos - Atracos - Asaltos)","CONDICIONES DE SEGURIDAD","*Golpes\n*Agresiones verbales y físicas \n*Atentados violentos\n*Heridas\n*Muerte","Cámaras de seguridad","Ninguno","capacitación en emergencias ",2,2,4,"BAJO",100,400,"II","ACEPTABLE CON CONTROL ESPECIFICO","NO APLICA","NO APLICA","Mantenimiento a cámaras de vigilancia en la sede. ","*Socializar los planes contingencia para diferentes situaciones  de emergencia específicamente riesgo público (PLA-SIG-204 plan de prevención, preparación y respuesta ante emergencias) (EST-SIG-01/03 ESTANDAR DE SEGURIDAD PARA ACTIVIDADES FUERA DE LA SEDE)","NO APLICA"]
[null,null,null,null,"SI","Público\n(Agresiones verbales - Actos Violentos)","CONDICIONES DE SEGURIDAD","*Golpes\n*Agresiones verbales y físicas \n*Atentados violentos\n*Heridas\n*Muerte","Cámaras de seguridad","Ninguno","capacitación en emergencias ",2,2,4,"BAJO",100,400,"II","ACEPTABLE CON CONTROL ESPECIFICO","NO APLICA","NO APLICA","Mantenimiento a cámaras de vigilancia en la sede. ","*Socializar los planes contingencia para diferentes situaciones  de emergencia específicamente riesgo público (PLA-SIG-204 plan de prevención, preparación y respuesta ante emergencias) (EST-SIG-01/03 ESTANDAR DE SEGURIDAD PARA ACTIVIDADES FUERA DE LA SEDE","NO APLICA"]
[null,null,null,null,"SI","Público\n(Manifestaciones públicas)","CONDICIONES DE SEGURIDAD","*Golpes\n*Agresiones verbales y físicas \n*Heridas\n*Muerte","Cámaras de seguridad","vigilancia permanente en la puerta de acceso del edificio. ","Ninguno",2,2,4,"BAJO",100,400,"II","ACEPTABLE CON CONTROL ESPECIFICO","NO APLICA","NO APLICA","Mato a cámaras ","*Socializar plan de emergencias, incluyendo los planes operativos normalizados en caso de situaciones de emergencia en riesgo público especifico para cada sede y socializarlo a todo el personal.     \n*Capacitar al personal en actuación ante emergencias en riesgo público (PLA-SIG-204 plan de prevención, preparación y respuesta ante emergencias) (EST-SIG-01/03 ESTANDAR DE SEGURIDAD PARA ACTIVIDADES FUERA DE LA SEDE)","NO APLICA"]
[null,null,null,null,"SI","Público\n(Inseguridad por actos delictivos en los alrededores de la sede)","CONDICIONES DE SEGURIDAD","*Golpes\n*Agresiones verbales y físicas \n*Atentados violentos\n*Heridas\n*Muerte","Cámaras de seguridad","vigilancia permanente en la puerta de acceso del edificio. ","Ninguno",2,2,4,"BAJO",100,400,"II","ACEPTABLE CON CONTROL ESPECIFICO","NO APLICA","NO APLICA","Mato a cámaras ","*Socializar los planes contingencia para diferentes situaciones  de emergencia específicamente riesgo público (PLA-SIG-204 plan de prevención, preparación y respuesta ante emergencias)(EST-SIG-01/03 ESTANDAR DE SEGURIDAD PARA ACTIVIDADES FUERA DE LA SEDE)","NO APLICA"]
[null,null,null,null,"SI","Radiaciones no ionizantes                       (Exposición a luz solar que ingresa por ventanales a la mayoría de los puestos de trabajo)","FÍSICO ","*Cáncer de piel\n*Quemadura solar\n*Insolación \n*Foto envejecimiento cutáneo \n *Foto carcinogénesis\n*Alteraciones oculares","Ninguno","Ninguno","Ninguno",6,2,12,"ALTO",25,300,"II","ACEPTABLE CON CONTROL ESPECIFICO","N.A","N.A","*Se recomienda instalar película de seguridad en los ventanales ","NO APLICA","NO APLICA"]
[null,null,null,null,"NO","Sismo - Temblores                  ","FENÓMENOS NATURALES","*Daños materiales (Pérdida total)\n*Heridas y lesiones graves\n*Accidentes de trabajo \n*Muerte","Ninguno","señalización de evacuación y elementos de emergencia ","Capacitación  en actuación ante emergencias ",2,2,4,"BAJO",100,400,"II","ACEPTABLE CON CONTROL ESPECIFICO","NO SE REQUIERE","NO SE REQUIERE","NO SE REQUIERE","*Se recomienda realizar estudio de vulnerabilidad y sismo resistencia de las instalaciones. \n*Capacitar al personal en actuación ante emergencias (PLA-SIG-204 plan de prevención, preparación y respuesta ante emergencias). "]
[null,null,null,null,"NO","Erupción volcán machín           ","FENÓMENOS NATURALES","*Daños materiales (Pérdida total)\n*Heridas y lesiones graves\n*Accidentes de trabajo \n*Muerte","Ninguno","señalización de evacuación y elementos de emergencia ","Capacitación  en actuación ante emergencias ",2,2,4,"BAJO",100,400,"II","ACEPTABLE CON CONTROL ESPECIFICO","NO SE REQUIERE","NO SE REQUIERE","NO SE REQUIERE","*Seguir las instrucciones que el departamento suministra para  casos de emergencia por posible erupción del Volcán (PLA-SIG-204 plan de prevención, preparación y respuesta ante emergencias).                                                                                             \n*Solicitar capacitación al ente respectivo sobre actuación en caso de erupción del volcán machín. \n*Capacitar en actuación ante emergencias en caso de erupción del volcán machín a todo el personal.  \n*Actualizar plan de emergencias incluyendo el PON por posible erupción del volcán machín y socializar a los trabajadores (PLA-SIG-204 plan de prevención, preparación y respuesta ante emergencias)."]
[null,null,null,null,"SI","Tecnológico\n(Incendios - Explosiones)\nGenerado dentro de las instalaciones del edificio","CONDICIONES DE SEGURIDAD","Incendios \nQuemaduras de grado 2 y 3\nMuerte","Ninguno","equipo para el control de incendios ","Capacitación en atención de emergencias ",2,2,4,"BAJO",100,400,"II","ACEPTABLE CON CONTROL ESPECIFICO","NO APLICA","NO APLICA","*Realizar mantenimiento preventivo y correctivo de los equipos eléctricos e instalaciones eléctricas en la sede","*Capacitación en prevención de accidentes de trabajo por riesgo eléctrico.                                                          \n\n*Continuar con las inspecciones de seguridad enfocado a riesgo eléctrico. ","NO APLICA"]
[null,null,null,null,"SI","Tecnológico\n\"Riesgo de la vecindad\"\n(Incendios - Explosiones)\nGenerados en el restaurante de Mercacentro\n","CONDICIONES DE SEGURIDAD","Incendios \nQuemaduras de grado 2 y 3\nMuerte","Ninguno","equipo para el control de incendios ","Capacitación en atención de emergencias ",2,2,4,"BAJO",100,400,"II","ACEPTABLE CON CONTROL ESPECIFICO","NO APLICA","NO APLICA","*Realizar mantenimiento preventivo y correctivo de los equipos eléctricos e instalaciones eléctricas en las diferentes sedes. ","*Diseñar y socializar PON en caso de explosiones externas a la empresa (PLA-SIG-204 plan de prevención, preparación y respuesta ante emergencias)","Calzado de seguridad"]
[null,null,null,null,"SI","Fugas de gas \n\"Riesgos de la vecindad\"\n(Generado por la presencia de restaurante en Mercacentro y por tuberías externas a la entidad) ","QUÍMICOS","Incendios \nQuemaduras de grado 2 y 3\nMuerte","Ninguno","equipo para el control de incendios ","Capacitación en atención de emergencias ",2,2,4,"BAJO",100,400,"II","ACEPTABLE CON CONTROL ESPECIFICO","NO APLICA","NO APLICA","*Solicitar a Mercacentro que se de cumplimiento a las recomendaciones generales para prevención de accidentes de trabajo por fugas de gas en el restaurante. ","*Diseñar y socializar PON en caso de fuga de gas (PLA-SIG-204 plan de prevención, preparación y respuesta ante emergencias)","NO APLICA"]
[null,null,null,null,"SI","Locativo\nSistema de almacenamiento\n(Atrapamiento por mal funcionamiento de los ascensores)\n \n","CONDICIONES DE SEGURIDAD","Atrapamiento ","Se realiza mantenimiento periódico a los ascensores","Elementos de emergencias ","Ninguno",6,2,12,"ALTO",25,300,"II","ACEPTABLE CON CONTROL ESPECIFICO","NO APLICA","NO APLICA","*Continuar con el mantenimiento preventivo y correctivo de los ascensores","*Diseñar y socializar PON en caso de atrapamiento por mal funcionamiento del ascensor (PLA-SIG-204 plan de prevención, preparación y respuesta ante emergencias).","Calzado de seguridad"]
[null,null,null,null,"SI","Postura mantenida                          (Bípeda)","BIOMECÁNICO","*Cansancio\n*Fatiga en miembros inferiores y en las articulaciones\n*Aparición de vena varice\n*Edema en los pies \n*Dolor lumbar ","No aplica","No aplica","Realiza varias tareas, lo que permite cambios de posición\n\nExámenes ocupacionales periódicos",6,2,12,"ALTO",25,300,"II","ACEPTABLE CON CONTROL ESPECIFICO","NO APLICA","NO APLICA","NO APLICA","*Solicitar a la empresa contratista realizar re inducción en higiene postural, gimnasia laboral y pausas activas.                                                                 \n*Continuar con las actividades del sistema de vigilancia epidemiológico  para prevención de desordenes musculo esqueléticas asociadas al peligro biomecánico (PGR-SIG-205 vigilancia epidemiológica para la prevención de desórdenes musculo-esqueléticos.)    .                                                                                ","No aplica"]
[null,null,null,null,"SI","Infraestructura - Locativo     \nInstalaciones  (Ausencia de citas antideslizantes en las escaleras)","CONDICIONES DE SEGURIDAD","Atención tardía ante emergencias","Ninguno","Ninguno","Ninguno",6,2,12,"ALTO",25,300,"II","ACEPTABLE CON CONTROL ESPECIFICO","NO APLICA","NO APLICA","Instalar bandas antideslizantes en las escaleras del edificio. ","*Instalar señalización dando cumplimiento a la PGR-SIG-203-programa protección contra caídas.","NO APLICA"]
[null,null,null,null,"SI","Público\n(Robos - Atracos - Asaltos - Agresiones verbales - Actos Violentos)","CONDICIONES DE SEGURIDAD","*Golpes\n*Agresiones verbales y físicas \n*Atentados violentos\n*Heridas\n*Muerte","Ninguno","Cámaras de seguridad en el primer piso","Ninguno",2,2,4,"BAJO",100,400,"II","ACEPTABLE CON CONTROL ESPECIFICO","NO APLICA","NO APLICA","Instalar cámaras de vigilancia en todos los pisos de la sede. ","*Socializar los planes contingencia para diferentes situaciones  de emergencia específicamente riesgo público (PLA-SIG-204 plan de prevención, preparación y respuesta ante emergencias) (EST-SIG-01/03 ESTANDAR DE SEGURIDAD PARA ACTIVIDADES FUERA DE LA SEDE","NO APLICA"]
[null,null,null,null,"SI","Accidentes de tránsito                      \n     \n(En los desplazamientos hacia otros centros de trabajo, en caso de que el funcionario haga uso de las bicicletas)","CONDICIONES DE SEGURIDAD","*Muerte \n*Lesiones graves en el cuerpo entero\n*Atrapamiento vehicular","Ninguno","Ninguno","Capacitación en prevención de Accidentes de transito",2,2,4,"BAJO",100,400,"II","ACEPTABLE CON CONTROL ESPECIFICO","NO APLICA","NO APLICA","NO APLICA","*Dar cumplimiento al plan de capacitación del PESV según el rol (Pasajero - Conductor - Peatón)\n*Realizar sensibilización en seguridad vial (PLA-SIG-202 pesv plan estratégico de seguridad vial.)","NO APLICA"]
[null,null,null,null,"SI","Virus (cambio climatico)\n ","BIOLÓGICO","Malestar general","Ninguno","Limpieza y desinfección de áreas de trabajo   y en casa,  Control de aforo, señalización de advertencia.","Distanciamiento    físico, uso de mascarilla, lavado de manos constante.",2,2,4,"BAJO",25,400,"II","ACEPTABLE CON CONTROL ESPECIFICO","NO APLICA","NO APLICA","NO APLICA","  *Promover frecuentemente el lavado de manos en personal de planta, contratistas y visitantes. En caso de no contar con agua y jabón, se debe proveer con desinfectantes para manos (gel antibacterial a base de alcohol).  *Disminución de la densidad laboral en áreas de trabajo o de ocupación de la entidad promoviendo el teletrabajo. *Mantener un stop de EPP  (mascarillas ) para dotación y recambio. *Establecer canales de comunicación individualizados y/o de grupo: correo electrónico, redes sociales, videoconferencia, teléfono para reuniones evitando la presencialidad. *Revisión y análisis de los perfiles epidemiológicos por cargo, estrategias motivación para que los funcionarios se  vacunen.   (PRO-SIG-202 Procedimiento administrativo de elementos EPP)","Uso permanente de mascarilla respiratoria. Uso periódico de productos para limpieza (agua y jabón) y  alcohol al 70%, mono gafas o careta."]
[null,null,null,null,"NO","Largas Jornadas Laborales y ausencia de descanso con altas temperaturas y radiciones altas por factor del CAMBIO CLIMATICO.","PSICOSOCIAL","Estrés, agotamiento por trabajo continuo, cansacio, fatiga, angustia, ansiedad, poca concentración y atención, somnolencia.","Ninguno","Ninguno","PVE- Riesgo psicosocial",6,2,12,"ALTO",25,120,"III","MEJORABLE","NO APLICA","NO APLICA","NO APLICA","Introducir una rutina de tiempos detrabajo y de descanso para aquellos\ntrabajadores/as que estén expuestos a ambientes calurosos, Formación en primeros auxilios, para que puedan\nreconocer y tratar los primeros síntomas de desórdenes de salud ocasionados por una\nexposición a temperaturas extremadamente cálidas., Seguir a diario los boletines\nmeteorológicos y cambiar el horario de trabajo de gran exposición al calor\na horas más frescas del día., En trabajos a campo abierto, crear zonas descanso con carpas, Disponer de agua potable fría en lugares estratégicos y visibles, cercanos al área de trabajo.","NO SE REQUIERE"]
[null,null,null,null,"NO"," Temperaturas\nextremas (calor) porfactor de CAMBIO CLIMATICO","FISICO","Stress termico Agotamiento Mareos  Deshidratación Golpes de calor, lesiones en la piel, insolación, ","No aplica","Ninguno","Ninguno",6,1,6,"MEDIO",25,60,"III","MEJORABLE","NO APLICA","NO APLICA","NO APLICA","Todos los funcionarios que realicen desplazamientos fuera de la sede deben apalicar el Estándar de Seguridad \"EST-204\"., se recomienda hidratación continua, alimentación adecuada, Organización de los puestos de trabajo, limplementación de un programa de climatización.Sistemas de ventilación","Ropa de trabajo y equipos de\nprotección adecuados(camisa,\nmanga larga, pantalón largo,\ngorra o sombrero de ala ancha).\nSaber que la ropa protectora o el\nequipo de protección personal\npuede aumentar el riesgo del\nestrés por calor."]
[null,null,null,null,"NO"," Temperaturas\nextremas (calor Radiaciones No ionizantes) porfactor de CAMBIO CLIMATICO","FISICO","Stress termico Agotamiento Mareos  Deshidratación Golpes de calor, lesiones en la piel, dolor de cabeza.","No aplica","Ninguno","Protector Solar",6,1,6,"MEDIO",25,60,"III","MEJORABLE","NO APLICA","NO APLICA","NO APLICA","Todos los funcionarios que realicen desplazamientos fuera de la sede deben apalicar el Estándar de Seguridad \"EST-204\"., se recomienda hidratación continua, alimentación adecuada, Organización de los puestos de trabajo, limplementación de un programa de climatización.Sistemas de ventilación","Ropa de trabajo y equipos de\nprotección adecuados(camisa,\nmanga larga, pantalón largo,\ngorra o sombrero de ala ancha).\nSaber que la ropa protectora o el\nequipo de protección personal\npuede aumentar el riesgo del\nestrés por calor."]
[null,null,null,null,"NO","Inalación de Humos y Vapores\n (Incendios Forestales )por factor CAMBIO CLIMATICO","QUÍMICO","Asfixia, Dificultad para respirar, Ardor en los ojos, conjuntivitis, Alergias, Tos, irritación de la garganta, dolor de cabeza.","No aplica","Ninguno","Ninguno",6,1,6,"MEDIO",25,60,"III","MEJORABLE","NO APLICA","NO APLICA","NO APLICA","Aplicación PON para el manejo de incendios forestales, ver PLAN DE MERGENCIA PLA-SIG 204.","NO SE REQUIERE"]
[null,null,"PELIGROS QUE APLICAN A TRABAJO EN CASA",null,"SI","Postura Prolongada \n(Postura sedente más del 75% de la jornada laboral en trabajo con video terminales)","BIOMECÁNICO","*Dolor lumbar inespecífico\n*Espasmos musculares","Ninguno","Ninguno","Emisión de recomendaciones a funcionarios a través de video llamadas por parte de grupo interdisciplinario de la oficina  SST ( psicólogo, fisioterapeuta, profesional SST)",6,2,12,"ALTO",25,300,"II","ACEPTABLE CON CONTROL ESPECIFICO","NO APLICA","NO SE REQUIERE","NO SE REQUIERE","*Realizar visitas virtuales por parte del Grupo de SST para capacitar en higiene postural en casa.\n\n*Realizar pausas activas en el área (INS-SIG-202 instructivo de pausas activas saludables )      .                                                               \n\n*Continuar con las actividades del programa de vigilancia epidemiológico  para prevención de desordenes musculo esqueléticas asociadas al peligro biomecánico, para trabajo en casa (PGR-SIG-205 vigilancia epidemiológica para la prevención de desórdenes musculo-esqueléticos.)    .  Continuar con las recomendaciones a funcionarios a través de video llamadas por parte de grupo interdisciplinario de la oficina  SST ( psicólogo, fisioterapeuta, profesional SST)                                                                              ","NO APLICA"]
[null,null,null,null,"SI","Movimientos repetitivos  \n(Digitación - Escanear)","BIOMECÁNICO","Lesiones por trauma acumulativo en miembro superiores ( STC).\nSíndrome de Quervain","Ninguno","Ninguno","Emisión de recomendaciones a funcionarios a través de video llamadas por parte de grupo interdisciplinario de la oficina  SST ( psicólogo, fisioterapeuta, profesional SST)",6,2,12,{"$f":"IF(N74>=24,\"MUY ALTO\",IF(N74>=10,\"ALTO\",IF(N74>=6,\"MEDIO\",\"BAJO\")))","v":"ALTO"},25,300,"II",{"$f":"IF(Q74>=600,\"NO ACEPTABLE\",IF(Q74>=150,\"ACEPTABLE CON CONTROL ESPECIFICO\",IF(Q74>=40,\"MEJORABLE\",IF(Q74>=20,\"ACEPTABLE\"))))","v":"ACEPTABLE CON CONTROL ESPECIFICO"},"NO SE REQUIERE","NO SE REQUIERE","NO SE REQUIERE","*Se recomienda la implementación permanente de pausas activas durante la jornada laboral (INS-SIG-202 instructivo de pausas activas saludables )      . Continuar con las recomendaciones a funcionarios a través de video llamadas por parte de grupo interdisciplinario de la oficina  SST ( psicólogo, fisioterapeuta, profesional SST).                                                                                                                                                  ","NO APLICA"]
[null,null,null,null,"SI","Radiaciones No ionizantes                                   (Exposición permanente a pantallas del computador)","FÍSICO ","*Fatiga visual","Ninguno","Ninguno","Emisión de recomendaciones a funcionarios a través de video llamadas por parte de grupo interdisciplinario de la oficina  SST ( psicólogo, fisioterapeuta, profesional SST)",6,2,12,"ALTO",25,300,"II","ACEPTABLE CON CONTROL ESPECIFICO","NO APLICA","NO SE REQUIERE","NO SE REQUIERE","*Se recomienda la implementación permanente de pausas activas durante la jornada laboral (INS-SIG-202 instructivo de pausas activas saludables )      .  Continuar con las recomendaciones a funcionarios a través de video llamadas por parte de grupo interdisciplinario de la oficina  SST ( psicólogo, fisioterapeuta, profesional SST).                                                                                                                                                ","NO APLICA"]
[null,null,null,null,"NO","Locativo                                                                              (Cableado eléctrico desordenado en la zona adecuada para puesto de trabajo)","CONDICIONES DE SEGURIDAD","*Se potencializa el riesgo de accidentes por caídas. ","Ninguno","Ninguno","Emisión de recomendaciones a funcionarios a través de video llamadas por parte de grupo interdisciplinario de la oficina  SST ( psicólogo, fisioterapeuta, profesional SST)",6,2,12,"ALTO",25,300,"II","ACEPTABLE CON CONTROL ESPECIFICO","NO APLICA","NO SE REQUIERE","Se recomienda agrupar el cableado eléctrico faltante, utilizando espiral porta cable u otro mecanismo de canalización. ","Realizar inspecciones de seguridad para verificar estado de cableado del  área.. Continuar con las recomendaciones a funcionarios a través de video llamadas por parte de grupo interdisciplinario de la oficina  SST ( psicólogo, fisioterapeuta, profesional SST).","NO APLICA"]
[null,null,null,null,"NO","Picaduras - Mordeduras                             (Presencia de vectores e insectos dentro de la vivienda o zona destinada para laborar).","BIOLÓGICO","Infecciones","Ninguno","Ninguno","Emisión de recomendaciones a funcionarios a través de video llamadas por parte de grupo interdisciplinario de la oficina  SST ( psicólogo, fisioterapeuta, profesional SST)",6,2,12,"ALTO",25,300,"II","ACEPTABLE CON CONTROL ESPECIFICO","NO APLICA","NO APLICA","NO APLICA","* realizar una correcta inspección del área de trabajo para garantizar la NO presencia de vectores o insectos ponzoñoso. Evitar las zona con acumulación de aguas estancadas. Continuar con las recomendaciones a funcionarios a través de video llamadas por parte de grupo interdisciplinario de la oficina  SST ( psicólogo, fisioterapeuta, profesional SST)","NO APLICA"]
[null,null,null,null,"SI","Virus y Bacterias\n (Exposición a virus y bacterias debido al uso de superficies húmedas como baños, lavamanos y lavaplatos alberca)","BIOLÓGICO","*Dermatosis\n*Reacciones alérgicas\n*Enfermedades infecciosas\n*Infecciones respiratorias","Ninguno","Ninguno","Emisión de recomendaciones a funcionarios a través de video llamadas por parte de grupo interdisciplinario de la oficina  SST ( psicólogo, fisioterapeuta, profesional SST)",6,2,12,"ALTO",25,300,"II","ACEPTABLE CON CONTROL ESPECIFICO","NO APLICA","NO APLICA","NO APLICA","*Capacitar a los trabajadores en auto cuidado y la importancia del uso de los EPP. Continuar con las recomendaciones a funcionarios a través de video llamadas por parte de grupo interdisciplinario de la oficina  SST ( psicólogo, fisioterapeuta, profesional SST)","*Uso de EPP (Guantes - Tapa bocas)"]
[null,null,null,null,"NO","Material particulado \n(Polvo en los documentos)","QUÍMICOS","*Enfermedades respiratorias\n*Infecciones virales \n*Alergias ","Ninguno","Ninguno","Emisión de recomendaciones a funcionarios a través de video llamadas por parte de grupo interdisciplinario de la oficina  SST ( psicólogo, fisioterapeuta, profesional SST)",6,2,{"$f":"+L79*M79","v":12},"ALTO",25,{"$f":"+N79*P79","v":300},{"$f":"IF(Q79>=600,\"I\",IF(Q79>=150,\"II\",IF(Q79>=40,\"III\",IF(Q79>=20,\"IV\"))))","v":"II"},"ACEPTABLE CON CONTROL ESPECIFICO","NO APLICA","NO APLICA","NO APLICA","*Realizar seguimiento del uso de los elementos de protección personal (Tapa bocas), cuando manipule archivo con polvo (PRO-SIG-202 procedimiento administración de elementos de EPP.)       .   Continuar con las recomendaciones a funcionarios a través de video llamadas por parte de grupo interdisciplinario de la oficina  SST ( psicólogo, fisioterapeuta, profesional SST).                                                         ","Suministrar tapa bocas para el desarrollo de la labor. "]
[null,null,null,null,"NO","Uso de elementos de desinfección\n(alcohol, gel antibacterial)","QUÍMICOS","\n*Alergias en piel o vías respiratorias.\n* Quemaduras ","Ninguno","Ninguno","Emisión de recomendaciones a funcionarios a través de video llamadas por parte de grupo interdisciplinario de la oficina  SST ( psicólogo, fisioterapeuta, profesional SST)",6,2,12,"ALTO",25,300,"II","ACEPTABLE CON CONTROL ESPECIFICO","NO APLICA","NO APLICA","NO APLICA","*Realizar seguimiento del uso de los elementos de protección personal (Tapa bocas), cuando manipule archivo con polvo (PRO-SIG-202 procedimiento administración de elementos de EPP.)       .  Continuar con las recomendaciones a funcionarios a través de video llamadas por parte de grupo interdisciplinario de la oficina  SST ( psicólogo, fisioterapeuta, profesional SST).                                                         ","Suministrar tapa bocas para el desarrollo de la labor. "]
[null,null,null,null,"SI","Mecánico                                         (Manejo de Equipos y elementos de Oficina)","CONDICIONES DE SEGURIDAD","*Traumas de tejidos blandos (Laceración, contusión, heridas superficiales, etc.)       ","Ninguno","Ninguno","Emisión de recomendaciones a funcionarios a través de video llamadas por parte de grupo interdisciplinario de la oficina  SST ( psicólogo, fisioterapeuta, profesional SST)",6,2,12,"ALTO",25,300,"II","ACEPTABLE CON CONTROL ESPECIFICO","NO SE REQUIERE","NO SE REQUIERE","NO SE REQUIERE","*Continuar con el uso adecuado de los elementos de trabajo, realizar cambio de los elementos que se observen en mal estado. Continuar con las recomendaciones a funcionarios a través de video llamadas por parte de grupo interdisciplinario de la oficina  SST ( psicólogo, fisioterapeuta, profesional SST) (PLA-SIG-206 retorno seguro al trabajo.)(PGR-SIG-204 orden y aseo.  ).","NO APLICA"]
[null,null,null,null,"SI","Deficiente ventilación (Las ventanas y persianas deben permanecer cerradas para evitar el ingreso de rayos solares)","FÍSICO                              ","*Disconfort por calor ambiental permanente","Ninguno","Ninguno","Emisión de recomendaciones a funcionarios a través de video llamadas por parte de grupo interdisciplinario de la oficina  SST ( psicólogo, fisioterapeuta, profesional SST)",6,2,12,"ALTO",25,300,"II","ACEPTABLE CON CONTROL ESPECIFICO","NO APLICA","NO SE REQUIERE","NO SE REQUIERE","Se recomienda contar con un área de ventilación natural o con ventilación artificial como ventiladores. Continuar con las recomendaciones a funcionarios a través de video llamadas por parte de grupo interdisciplinario de la oficina  SST ( psicólogo, fisioterapeuta, profesional SST).","NO APLICA"]
[null,null,null,null,"SI","Manipulación y desplazamiento de cargas\n(Documentos y cajas)","BIOMECÁNICO","Lesiones en columna\nEnfermedad discal\nEnfermedad lumbar ","Ninguno","Ninguno","Emisión de recomendaciones a funcionarios a través de video llamadas por parte de grupo interdisciplinario de la oficina  SST ( psicólogo, fisioterapeuta, profesional SST)",6,2,12,"ALTO",25,300,"II","ACEPTABLE CON CONTROL ESPECIFICO","NO SE REQUIERE","NO SE REQUIERE","NO SE REQUIERE","* Practicar higiene postural para el manejo de cargas. Evitar levantar mas de 10 Kg mujeres y 20 Kg Hombres. Continuar con las recomendaciones a funcionarios a través de video llamadas por parte de grupo interdisciplinario de la oficina  SST ( psicólogo, fisioterapeuta, profesional SST).","NO APLICA"]
[null,null,null,null,"SI","Iluminación\n(Deficiente de iluminación natural o artificial en el sitio adecuado para laboral dentro de la vivienda)                                             ","FÍSICO ","*Fatiga visual","Ninguno","Ninguno","Emisión de recomendaciones a funcionarios a través de video llamadas por parte de grupo interdisciplinario de la oficina  SST ( psicólogo, fisioterapeuta, profesional SST)",6,2,12,"ALTO",25,300,"II","ACEPTABLE CON CONTROL ESPECIFICO","NO APLICA","Se recomienda adecuar zona de trabajo en lugar con iluminación adecuada (que no sea excesiva o deficiente). ","NO SE REQUIERE","Se recomienda adecuar el sitio de trabajo con iluminación adecuada. Continuar con las recomendaciones a funcionarios a través de video llamadas por parte de grupo interdisciplinario de la oficina  SST ( psicólogo, fisioterapeuta, profesional SST).","NO APLICA"]
[null,null,null,null,"NO","Locativo\nSuperficies de trabajo  irregulares y  desniveladas, escaleras                                 (Desplazamiento en la vivienda)","CONDICIONES DE SEGURIDAD","*Golpes \n*Caídas\n*Fracturas","Ninguno","Ninguno","Emisión de recomendaciones a funcionarios a través de video llamadas por parte de grupo interdisciplinario de la oficina  SST ( psicólogo, fisioterapeuta, profesional SST)",2,2,4,"BAJO",25,100,"III","MEJORABLE","NO APLICA","NO APLICA","NO APLICA","*Se recomienda uso de calzado adecuado y de tacón bajo según el área a visitar, con el fin de evitar caídas. Continuar con las recomendaciones a funcionarios a través de video llamadas por parte de grupo interdisciplinario de la oficina  SST ( psicólogo, fisioterapeuta, profesional SST) ( PGR-SIG-203-programa protección contra caídas. ).","Uso de calzado bajo "]
[null,null,null,null,"SI","Virus (exposición al agente biológico Virus Sars – Cov – 2,  por contacto directo con personas u objetos contaminados).  ","BIOLÓGICO","Enfermedad Covid–19 que puede producir: Malestar, fiebre, dolor de garganta, perdida del olfato y del gusto, dificultad respiratoria, neumonía, náuseas, vómitos o diarrea, órganos como el corazón, los riñones o el hígado pueden inflamarse y provocar que dejen de funcionar correctamente lo que conlleva el empeoramiento del paciente o incluso su muerte. ","Ninguno","Ninguno","Emisión de recomendaciones a funcionarios a través de video llamadas por parte de grupo interdisciplinario de la oficina  SST ( psicólogo, fisioterapeuta, profesional SST)",2,2,4,"BAJO",100,400,"II","ACEPTABLE CON CONTROL ESPECIFICO","N.A","N.A","Trabajo en Casa","*Garantizar el autocuidado en Casa.\n*Participar en las reuniones de bioseguridad realizadas por el grupo de SST.\n*Evitar las reuniones sociales y evitar visitar sitios concurridos o de alto riesgo\n*  Realizar constante desinfección y limpieza de los sitios de trabajo (PRO-SIG-202 procedimiento administración de elementos de EPP.)       .\n* Evitar tocar cara, boca y ojos con las manos.\n* Lavar las manos cada 3 horas. Continuar con las recomendaciones a funcionarios a través de video llamadas por parte de grupo interdisciplinario de la oficina  SST ( psicólogo, fisioterapeuta, profesional SST) (PGR-SIG-207 vigilancia epidemiológica para la prevención de covid-19.)","Uso permanente de respirador buco nasal, uso de guantes en látex C-35  ó neopreno manguilla larga en limpieza de superficies. Uso periódico de productos para limpieza (agua y jabón) y para  sonetizado de manos (geles a base de alcohol al 70%), mono gafas o careta"]
[null,null,null,null,"SI","Trabajo en Casa por Aislamiento por COVID 19\nSobrecarga laboral por la realización de trabajo en casa, atender requerimientos familiares, combinado con actividades caseras\nMiedo al contagio, aislamiento social y confinamiento, miedos e incertidumbres laborales y socioeconómicos, espacios y recursos compartidos por varias personas ante las mismas circunstancias en sus domicilios, convertir espacios de su hogar en despachos improvisados para poder seguir desempeñando su tarea diaria","PSICOSOCIAL","Alteraciones mentales","Ninguno","Ninguno","Emisión de recomendaciones a funcionarios a través de video llamadas por parte de grupo interdisciplinario de la oficina  SST ( psicólogo, fisioterapeuta, profesional SST)",6,2,12,"ALTO",25,300,"II","ACEPTABLE CON CONTROL ESPECIFICO","N.A","N.A","Trabajo en Casa","Dar cumplimiento a los Lineamientos para abordar problemas y trastornos mentales en trabajadores de la salud en el marco del afrontamiento del coronavirus (Covid – 19), mediante Guía GPSG03  Marzo 2020 del Ministerio de Salud y Protección Social Inciso 4 y siguientes “Mantener una comunicación actualizada, precisa, oportuna y de buena calidad para todo el personal sobre la información, recomendaciones y las herramientas comunicacionales emitidas por el Ministerio de Salud y Protección Social – MSPS-, como fuente oficial para el país, en relación con el comportamiento del brote de COVID-19, sus características, mitos y realidades, potenciales mecanismos de transmisión, identificación de personas con mayor riesgo, prácticas para la prevención del contagio a través del autocuidado individual y familiar, entre otras\". Continuar con las recomendaciones a funcionarios a través de video llamadas por parte de grupo interdisciplinario de la oficina  SST ( psicólogo, fisioterapeuta, profesional SST) (PGR-SIG-207 vigilancia epidemiológica para la prevención de covid-19.)","Planificar el trabajo. Mantener una actitud positiva. Mantenerse activo y ocupado.  Reconocer las emociones que se viven y afrontar las principales preocupaciones con información. Mantener el contacto social a través de las nuevas tecnologías. Hacer ejercicio o actividad física."]
[null,null,null,null,"SI","Público\n(Robos - Atracos - Asaltos - Agresiones verbales - Actos Violentos)","CONDICIONES DE SEGURIDAD","*Golpes\n*Agresiones verbales y físicas \n*Atentados violentos\n*Heridas\n*Muerte","Ninguno","Ninguno","Emisión de recomendaciones a funcionarios a través de video llamadas por parte de grupo interdisciplinario de la oficina  SST ( psicólogo, fisioterapeuta, profesional SST)",2,2,4,"BAJO",100,400,"II","ACEPTABLE CON CONTROL ESPECIFICO","NO APLICA","NO APLICA","NO APLICA","*Socializar los planes contingencia para diferentes situaciones  de emergencia específicamente riesgo público. Continuar con las recomendaciones a funcionarios a través de video llamadas por parte de grupo interdisciplinario de la oficina  SST ( psicólogo, fisioterapeuta, profesional SST) (PGR-SIG-207 vigilancia epidemiológica para la prevención de covid-19.)(PLA-SIG-204 plan de prevención, preparación y respuesta ante emergencias) (EST-SIG-01/03 ESTANDAR DE SEGURIDAD PARA ACTIVIDADES FUERA DE LA SEDE)","NO APLICA"]
[null,null,null,null,"NO","Erupción volcán Machín","FENÓMENOS NATURALES","Erupción del Volcán Machín","Ninguno","Ninguno","Emisión de recomendaciones a funcionarios a través de video llamadas por parte de grupo interdisciplinario de la oficina  SST ( psicólogo, fisioterapeuta, profesional SST)",6,2,12,"ALTO",25,300,"II","ACEPTABLE CON CONTROL ESPECIFICO","NO APLICA","NO APLICA","NO APLICA","Tener en cuenta las recomendaciones dadas en los medios de comunicación de la alcaldía y recomendaciones en el video del ejercicio de la simulación  el día nacional del simulacro. Continuar con las recomendaciones a funcionarios a través de video llamadas por parte de grupo interdisciplinario de la oficina  SST ( psicólogo, fisioterapeuta, profesional SST) (PLA-SIG-204 plan de prevención, preparación y respuesta ante emergencias). ","NO APLICA"]
[null,null,null,null,"NO","Sismo - Terremoto","FENÓMENOS NATURALES","Erupción del Volcán Machín","Ninguno","Ninguno","Emisión de recomendaciones a funcionarios a través de video llamadas por parte de grupo interdisciplinario de la oficina  SST ( psicólogo, fisioterapeuta, profesional SST)",6,2,12,"ALTO",25,300,"II","ACEPTABLE CON CONTROL ESPECIFICO","NO APLICA","NO APLICA","NO APLICA","Tener en cuenta las recomendaciones dadas en los medios de comunicación de la alcaldía y recomendaciones en el video del ejercicio de la simulación  el día nacional del simulacro. Continuar con las recomendaciones a funcionarios a través de video llamadas por parte de grupo interdisciplinario de la oficina  SST ( psicólogo, fisioterapeuta, profesional SST) (PLA-SIG-204 plan de prevención, preparación y respuesta ante emergencias).","NO APLICA"]

{"sheet":"VIVE DIGITAL SAN PEDRO","index":33,"n_rows":90,"n_cols":24,"rows_kept":90,"cut":false,"hidden":true,"merged":[[5,2,5,3],[5,4,5,23],[6,2,7,2],[6,3,7,3],[6,4,7,4],[6,5,6,6],[6,7,7,7],[6,8,6,10],[6,11,6,17],[6,19,6,23],[0,2,3,2],[0,3,1,21],[0,23,3,23],[2,3,3,21],[4,20,4,21],[4,22,4,23],[41,2,66,3],[72,2,89,3],[8,2,35,2],[8,3,15,3],[8,4,15,4],[16,3,35,3],[16,4,35,4],[36,2,40,2],[36,3,40,3],[36,4,40,4]]}
[null,null,null,"PROCESO: SISTEMA INTEGRADO DE GESTIÓN",null,null,null,null,null,null,null,null,null,null,null,null,null,null,null,null,null,null,"Código: FOR-221-PRO-SIG"]
[null,null,null,null,null,null,null,null,null,null,null,null,null,null,null,null,null,null,null,null,null,null,"Versión: 04"]
[null,null,null,"FORMATO: \nIDENTIFICACIÓN DE PELIGROS, EVALUACIÓN Y VALORACIÓN DE LOS RIESGOS \nALCALDÍA MUNICIPAL DE IBAGUÉ",null,null,null,null,null,null,null,null,null,null,null,null,null,null,null,null,null,null,"Fecha: 27/05/2022"]
[null,null,null,null,null,null,null,null,null,null,null,null,null,null,null,null,null,null,null,null,null,null,"Página: 1"]
[null,null,"FECHAS DE ACTUALIZACIÓN: ","2019-02-22","2019-03-09","2019-09-02","2019-09-11","2019-09-24","2019-10-30","2020-07-22","2021-04-09","2022-05-27","2024-07-15"]
[null,null,"PROCESO:",null,"11. GESTIÓN TIC - VIVE DIGITAL SAN PEDRO"]
[null,null,"1. PROCESO ADMINISTRATIVO / OPERATIVO","2. ACTIVIDADES","3. TAREA RUTINARIO (SI O NO)","PELIGRO",null,"6. EFECTOS POSIBLES\n(Salud - Seguridad)","CONTROLES EXISTENTES",null,null,"EVALUACIÓN DEL RIESGO",null,null,null,null,null,null,"VALORACIÓN DEL RIESGO","MEDIDAS DE INTERVENCIÓN"]
[null,null,null,null,null,"4. DESCRIPCIÓN","5. CLASIFICACIÓN",null,"7. FUENTE","8. MEDIO","9. INDIVIDUO","10. NIVEL DE DEFICIENCIA","11. NIVEL DE EXPOSICIÓN","12. NIVEL DE PROBABILIDAD ND X NE","13. INTERPRETACIÓN DEL NIVEL DE PROBABILIDAD","14. NIVEL DE CONSECUENCIA","15. NIVEL DE RIESGO NR E INTERVENCIÓN","16. INTERPRETACIÓN DEL NR","17. ACEPTABILIDAD DEL RIESGO","18 ELIMINACIÓN","19. SUSTITUCIÓN","20. CONTROLES DE INGENIERIA","21. CONTROLES ADMINISTRATIVOS, SEÑALIZACIÓN, ADVERTENCIA","22. ELEMENTOS DE PROTECCIÓN PERSONAL"]
[null,null,"ADMINISTRATIVO","ACTIVIDAD PLANEACIÓN, ELABORACIÓN Y EJECUCION DE DOCUMENTOS. USO DE HERRAMIENTAS TECNOLOGICAS Y VIDEO TERMINALES. INTERACCIONES LABORALES Y ADMINISTRATIVAS (ATENCIÓN AL CIUDADANO). DIGITACIÓN, ANÁLISIS DE INFORMACIÓN, EJECUCIÓN DE TRÁMITES DE LOS EQUIPOS DE INFORMÁTICA, DISEÑO DE SOFTWARE, PROGRAMACIÓN DE COMPUTADORES, DESARROLLAR PROGRAMAS, PROYECTOS INNOVACIÓN - TECNOLOGÍA DE LA INNOVACIÓN - ESTRATEGIAS PARA EL USO DE LAS TIC","SI","Postura Prolongada (Postura sedente más del 75% de la jornada laboral en trabajo con video terminales)","BIOMECÁNICO","*Dolor lumbar inespecífico\n*Espasmos musculares","No aplica","Ninguno","Ninguno",6,2,{"$f":"+L9*M9","v":12},{"$f":"IF(N9>=24,\"MUY ALTO\",IF(N9>=10,\"ALTO\",IF(N9>=6,\"MEDIO\",\"BAJO\")))","v":"ALTO"},25,{"$f":"+N9*P9","v":300},{"$f":"IF(Q9>=600,\"I\",IF(Q9>=150,\"II\",IF(Q9>=40,\"III\",IF(Q9>=20,\"IV\"))))","v":"II"},{"$f":"IF(Q9>=600,\"NO ACEPTABLE\",IF(Q9>=150,\"ACEPTABLE CON CONTROL ESPECIFICO\",IF(Q9>=40,\"MEJORABLE\",IF(Q9>=20,\"ACEPTABLE\"))))","v":"ACEPTABLE CON CONTROL ESPECIFICO"},"NO APLICA","NO SE REQUIERE","NO SE REQUIERE","*Realizar re inducción en higiene postural, ergonomía en oficina, gimnasia laboral y pausas activas.                                                                 \n\n*Continuar con las actividades del sistema de vigilancia epidemiológico  para prevención de desordenes musculo esqueléticas asociadas al peligro biomecánico (PGR-SIG-205 vigilancia epidemiológica para la prevención de desórdenes musculo-esqueléticos.)                                                                                   \n\n*Realizar pausas activas en el área (INS-SIG-202 instructivo de pausas activas saludables )                                                                                                                                       ","NO APLICA"]
[null,null,null,null,null,"Esfuerzo visual                                   (Por consulta y digitación de datos e información)                                     ","BIOMECÁNICO","Fatiga visual","Ninguno","Ninguno","Ninguno",6,2,{"$f":"+L10*M10","v":12},{"$f":"IF(N10>=24,\"MUY ALTO\",IF(N10>=10,\"ALTO\",IF(N10>=6,\"MEDIO\",\"BAJO\")))","v":"ALTO"},25,{"$f":"+N10*P10","v":300},{"$f":"IF(Q10>=600,\"I\",IF(Q10>=150,\"II\",IF(Q10>=40,\"III\",IF(Q10>=20,\"IV\"))))","v":"II"},{"$f":"IF(Q10>=600,\"NO ACEPTABLE\",IF(Q10>=150,\"ACEPTABLE CON CONTROL ESPECIFICO\",IF(Q10>=40,\"MEJORABLE\",IF(Q10>=20,\"ACEPTABLE\"))))","v":"ACEPTABLE CON CONTROL ESPECIFICO"},"NO APLICA","NO APLICA","NO APLICA","*Implementar el programa de pausas activas (INS-SIG-202 instructivo de pausas activas saludables )      ","NO APLICA"]
[null,null,null,null,null,"Movimientos repetitivos  \n(Digitación)","BIOMECÁNICO","Síndrome de Túnel del Carpo ( STC).\nSíndrome de Quervain","Ninguno","Ninguno","Ninguno",6,2,12,"ALTO",25,300,"II","ACEPTABLE CON CONTROL ESPECIFICO","NO SE REQUIERE","NO SE REQUIERE","NO SE REQUIERE","*Se recomienda la implementación permanente de pausas activas durante la jornada laboral (INS-SIG-202 instructivo de pausas activas saludables )                                                                                                                                                       ","NO APLICA"]
[null,null,null,null,null,"Radiaciones No ionizantes                                   (Exposición permanente  a pantallas del computador)","FÍSICO ","*Fatiga visual\n*Daños a la visión (Sequedad en los ojos - ojo enrojecido)\n*Tensión ocular ","Uso de pantalla antirreflejo","Ninguno","Ninguno",2,2,4,"BAJO",25,100,"III","MEJORABLE","NO APLICA","NO SE REQUIERE","NO SE REQUIERE","*Se recomienda la implementación permanente de pausas activas durante la jornada laboral.  Realizar reinducción (INS-SIG-202 instructivo de pausas activas saludables )                                                                                                                                             ","NO APLICA"]
[null,null,null,null,null,"Mecánico                                         (Manejo de Equipos y elementos de Oficina)","CONDICIONES DE SEGURIDAD","*Traumas de tejidos blandos (Laceración, contusión, etc.)       ","Elementos de trabajo en buen estado","Ninguno","Ninguno",2,2,4,"BAJO",25,100,"III","MEJORABLE","NO SE REQUIERE","NO SE REQUIERE","NO SE REQUIERE","*Continuar con el uso adecuado de los elementos de trabajo, realizar cambio de los elementos que se observen en mal estado. Realizar reinducción (PRO-SIG-202 procedimiento administración de elementos de EPP.)       ","NO APLICA"]
[null,null,null,null,null,"Eléctrico Baja tensión. (Cableado eléctrico de equipo de computo expuesto)","CONDICIONES DE SEGURIDAD","*En caso de cortos, puede generarse electrocución \n*Se potencializa el riesgo de incendio y accidentes por caídas. ","Ninguno","Realización de inspecciones","Ninguno",2,2,4,"BAJO",25,100,"III","MEJORABLE","NO APLICA","NO SE REQUIERE","NO SE REQUIERE","* Realizar inspecciones de seguridad para verificar estado de cableado del  área.  *Verificar carga, ubicación y señalización de extintor solkaflam (PGR-SIG-204 orden y aseo.  )","NO APLICA"]
[null,null,null,null,null,"Locativo\nInstalaciones en mal estado\n (Gotera en el techo - Humedad en la pared)","CONDICIONES DE SEGURIDAD","*Desplome de estructuras por la humedad presentada \n*Infecciones en vías respiratorias\n* Alergias","Ninguno","Ninguno","Ninguno",2,2,4,"BAJO",25,100,"III","MEJORABLE","NO SE REQUIERE","NO SE REQUIERE","*Realizar mantenimiento correctivo a las instalaciones, con el fin de eliminar la humedad y a gotera en el área. ","NO APLICA","NO APLICA"]
[null,null,null,null,null,"Locativo\nHacinamiento\n(El área es reducida para la cantidad de personas que laboran en ella)","CONDICIONES DE SEGURIDAD","*Atención tardía en caso de emergencias \n*Dificultad en la evacuación en caso de una emergencia. ","Ninguno","Control de aforo","Ninguno",2,2,4,"BAJO",25,100,"III","MEJORABLE","NO SE REQUIERE","NO SE REQUIERE","Se recomienda ampliar el área de la oficina y/o asignar otro espacio para reubicar personal del área, con el fin de mejorar las condiciones de trabajo. H","Hacer seguimiento al cumplimiento del aforo (PLA-SIG-206 retorno seguro al trabajo.)","NO APLICA"]
[null,null,null,"TRANSFERENCIAS DOCUMENTALES. MANEJO DE CORRESPONDENCIA. ACTIVIDAD MANEJO DE ARCHIVO. REGISTRO, INVENTARIO Y CONTROL DE PRÉSTAMO DE LOS LIBROS ","SI","Mecánico                                                     \nManejo de herramientas manuales \n(Grapadora, saca ganchos, perforadora, ganchos legadores)","CONDICIONES DE SEGURIDAD\n","Golpes, heridas, pinchazos, magulladuras de diferentes en los miembros superiores ","Ninguno","Ninguno ","Ninguno ",2,2,4,"BAJO",25,100,"III","MEJORABLE","NINGUNO ","NINGUNO ","NINGUNO ","*Capacitación sobre manejo seguro de herramientas.\n*Capacitación en prevención en lesiones de mano.\n*Inspeccionar las diferentes herramientas utilizados en la oficina para labores administrativas. (PGR-SIG-204 orden y aseo.  )","NO APLICA"]
[null,null,null,null,null,"Postura Forzada                            Miembros superiores en la gravedad por el espacio reducido del plano de trabajo\n","BIOMECÁNICO","Lumbalgias, Cervicalgias, Mialgias, lesiones y síndromes doloroso, tendinitis, estamos de manos ","Ninguno","Ninguno","Jornadas de pausas activas ",6,2,12,"ALTO",25,300,"II","ACEPTABLE CON CONTROL ESPECIFICO","NINGUNO ","NINGUNO ","NINGUNO ","* Pausas activas a lo largo de la jornada laboral y sensibilizar sobre su importancia (INS-SIG-202 instructivo de pausas activas saludables )       , * Realizar seguimiento para el S.V.E  para lesiones osteo musculares (PGR-SIG-205 vigilancia epidemiológica para la prevención de desórdenes musculo-esqueléticos.)    .\n* Se recomienda  revisar la posibilidad de contar con un plano de trabajo en \"L\" que garantice que la manos, brazo y muñeca permanezcan en línea recta en el momento de digitar. \n","NO APLICA "]
[null,null,null,null,null,"Postura Anti gravitacional                            Miembros superiores en la gravedad","BIOMECÁNICO"," Tendinitis Estamos de manos","Ninguno","Ninguno","Jornadas de pausas activas ",6,2,12,"ALTO",25,300,"II","ACEPTABLE CON CONTROL ESPECIFICO","NINGUNO ","NINGUNO ","NINGUNO ","* Pausas activas a lo largo de la jornada laboral y sensibilizar sobre su importancia (INS-SIG-202 instructivo de pausas activas saludables )       , * Realizar seguimiento para el S.V.E  para lesiones osteo musculares (PGR-SIG-205 vigilancia epidemiológica para la prevención de desórdenes musculo-esqueléticos.)    .\n* Se recomienda  revisar la posibilidad de contar con un plano de trabajo en \"L\" que garantice que la manos, brazo y muñeca permanezcan en línea recta en el momento de digitar. \n","NO APLICA "]
[null,null,null,null,null,"Locativo \nTechos en mal estado \nProblemas de humedad ","CONDICIONES DE SEGURIDAD","Colapso estructural - Hongos- bacterias","Ninguno","Ninguno ","Ninguno ",2,2,4,"BAJO",25,100,"III","MEJORABLE","NINGUNO ","NINGUNO ","NINGUNO ","*Realizar mantenimiento preventivo y correctivo de las instalaciones locativas, con el fin de mejorar las condiciones de trabajo y prevenir  enfermedades a los trabajadores.                                                                                                                    * Mantenimiento de los techos para  evitar  la proliferación de animales ( murciélagos- palomas) y control de humedad. \n*Se recomienda erradicar los palomas del área. (PGR-SIG-204 orden y aseo.  )","NO APLICA"]
[null,null,null,null,null,"Locativo - Infraestructura                           Sistemas de almacenamiento y condiciones técnico ambientales inadecuados del archivo                        ","CONDICIONES DE SEGURIDAD","Accidentes de trabajo -  Deterioro del archivo - Caídas de objetos (cajas) ","Ninguno","Ninguno","Ninguno",2,2,4,"BAJO",25,100,"III","MEJORABLE","NINGUNO ","NINGUNO ","NINGUNO "," *Ubicación del archivo debe ser un terreno sin riesgos de humedad subterránea o problemas de inundación y que ofrezca estabilidad.","NO APLICA"]
[null,null,null,null,null,"Locativo\nSistema de almacenamiento  \nUbicación inadecuada de los archivadores anclados a la pared","CONDICIONES DE SEGURIDAD\n","*Golpes\n*Contusión \n*Traumas superficiales\n*Heridas","NINGUNO","NINGUNO","NINGUNO",2,2,4,"BAJO",25,100,"III","MEJORABLE","NINGUNO ","NINGUNO ","NINGUNO ","*Se recomienda instalar protectores de seguridad en el soporte de agarre de los archivadores, con el fin de evitar heridas graves y disminuir los golpes. \n*Sensibilización a los trabajadores  en auto cuido. ","NO APLICA"]
[null,null,null,null,null,"Postura Forzada                            \nAltura inadecuada de la pantalla visual  por el portátil ","BIOMECÁNICO"," Tendinitis Estamos de manos","Ninguno","Ninguno","Jornadas de pausas activas ",6,2,12,"ALTO",25,300,"II","ACEPTABLE CON CONTROL ESPECIFICO","NINGUNO ","NINGUNO ","NINGUNO ","* Pausas activas a lo largo de la jornada laboral y sensibilizar sobre su importancia (INS-SIG-202 instructivo de pausas activas saludables )      , * Realizar seguimiento para el S.V.E  para lesiones osteo musculares. A. *Se recomienda graduar y elevar la altura de la pantalla visual para mejorar posturas de los puestos de trabajo con portátil. ","*Se recomienda elementos de confort: Base portátil, apoyapiés, teclado adicional "]
[null,null,null,null,null,"Movimientos repetitivos  Abrir y cerrar las estanterías móviles del archivo (rodantes) ","BIOMECÁNICO ","Síndrome del Túnel Carpiano, Manguito rotador ","Ninguno","Ninguno","Pausas Activas Implementación del SVE DMO ",6,2,12,"ALTO",25,300,"II","ACEPTABLE CON CONTROL ESPECIFICO","NINGUNO ","NINGUNO ","NINGUNO ","*Implementar el programa de pausas activas  (INS-SIG-202 instructivo de pausas activas saludables )                                                                   *Implementación del Sistema de vigilancia epidemiológico desordes musculo esqueléticos, con el fin de identificar las personas con sintomatología y hacer el respectivo seguimiento y control de los diagnósticos médicos que se presenten (PGR-SIG-205 vigilancia epidemiológica para la prevención de desórdenes musculo-esqueléticos.)   .","NO APLICA"]
[null,null,null,null,null,"Movimientos Repetitivos\n(Sólo las manos, digitación en teclado y uso de mouse)","BIOMECÁNICO","Síndromes túnel del carpo\n\nSíndrome de Quervain","Ninguno","SVE  Biomecánico ","Ninguno",6,2,12,"ALTO",25,300,"II","ACEPTABLE CON CONTROL ESPECIFICO","NINGUNO ","NINGUNO ","NINGUNO ","*Implementar el programa de pausas activas, específicamente  (INS-SIG-202 instructivo de pausas activas saludables )                                          *Continuar con la implementación del Sistema de vigilancia epidemiológico osteomuscular (PGR-SIG-205 vigilancia epidemiológica para la prevención de desórdenes musculo-esqueléticos.)    .","NO APLICA"]
[null,null,null,null,null,"Públicos                                                     Agresiones verbales con la atención de usuarios, estudiantes,  ","CONDICIONES DE SEGURIDAD","Heridas, Muerte, estrés laboral","Ninguno","Ninguno ","Ninguno ",2,2,4,"BAJO",100,400,"II","ACEPTABLE CON CONTROL ESPECIFICO","NINGUNO ","NINGUNO ","NINGUNO ","*Diseñar e implementar  planes contingencia para diferentes situaciones  de emergencia (PLA-SIG-204 plan de prevención, preparación y respuesta ante emergencias).       \n* Continuar con la vigilancia física del centro de trabajo. \n* Capacitaciones para intervenir el riesgo.(EST-SIG-01/03 ESTANDAR DE SEGURIDAD PARA ACTIVIDADES FUERA DE LA SEDE)","NO APLICA "]
[null,null,null,null,null,"Locativo \nLuminarias sin protectores (rejillas)","CONDICIONES DE SEGURIDAD","Caídas de los tubos fluorescentes, golpes, contusiones ","Ninguno","Ninguno ","Ninguno ",2,2,4,"BAJO",25,100,"III","MEJORABLE","NINGUNO ","NINGUNO ","NINGUNO ","*Se recomienda que las luminarias cuenten con protectores (rejillas), para dar cumplimiento a la Resolución 180540 de 2010.    ","NO APLICA"]
[null,null,null,null,null,"Material Particulado Acumulación de material particulado (polvo) de los libros  ","QUÍMICO","Irritaciones, alergias a nivel respiratorio","Limpieza periódica a los archivos ","Ninguno","Capacitación en manejo y seguridad de los archivos . Uso de mascarilla respiratoria y gafas ",2,2,4,"BAJO",25,100,"III","MEJORABLE","NINGUNO ","NINGUNO ","NINGUNO ","*Exámenes periódicos anualmente al personal  expuesto con espirómetros \n* Se recomienda que el personal de servicios generales realice limpieza completa del archivo durante la semana. Realizar reinducción (PGR-SIG-204 orden y aseo.  )","Uso de tapabocas obligatorio"]
[null,null,null,null,null,"Movimientos Repetitivos\nOrganizar los libros ","BIOMECÁNICO","Síndromes túnel del carpo\n\nSíndrome de Quervain","Ninguno","SVE  Biomecánico ","Ninguno",2,2,4,"BAJO",25,100,"III","MEJORABLE","NINGUNO ","NINGUNO ","NINGUNO ","*Implementar el programa de pausas activas (INS-SIG-202 instructivo de pausas activas saludables )      , específicamente                                                                                      *Continuar con la implementación del Sistema de vigilancia epidemiológico osteomuscular (PGR-SIG-205 vigilancia epidemiológica para la prevención de desórdenes musculo-esqueléticos.)    .","NO APLICA"]
[null,null,null,null,null,"Manipulación manual de cargas                                               \nLevantar cajas de archivo del piso","BIOMECÁNICO","Hernias Discales - Bursitis de hombro - Bursitis de rodilla ","Ninguno","Ninguno","Capacitación manejo adecuado de cargas ",6,2,12,"ALTO",25,300,"II","ACEPTABLE CON CONTROL ESPECIFICO","NINGUNO ","NINGUNO ","NINGUNO ","*Continuar con la implementación del sistema de vigilancia epidemiológico osteomuscular (PGR-SIG-205 vigilancia epidemiológica para la prevención de desórdenes musculo-esqueléticos.)    .                                                                             *Continuar con la capacitación y  permanente  en  higiene postural, ergonomía en oficina, gimnasia laboral y pausas activas (INS-SIG-202 instructivo de pausas activas saludables )         ","NO APLICA"]
[null,null,null,null,null,"Material Particulado Acumulación de material particulado (polvo) del archivo antiguo  y tipo de tipo. ","QUÍMICO","Irritaciones, alergias a nivel respiratorio","Limpieza periódica a los archivos ","Ninguno","Capacitación en manejo y seguridad de los archivos . Uso de mascarilla respiratoria y gafas ",2,2,4,"BAJO",25,100,"III","MEJORABLE","NINGUNO ","NINGUNO ","NINGUNO ","*Exámenes periódicos anualmente al personal  expuesto con espirómetros \n* Se recomienda que el personal de servicios generales realice limpieza completa del archivo durante la semana (PGR-SIG-204 orden y aseo.  ).","Uso de tapabocas obligatorio"]
[null,null,null,null,null,"Hongos- Bacterias       \nPresencia libros antiguos  ","BIOLÓGICO ","Afecciones respiratorias ","Fumigación ","Ninguno","Capacitación en manejo y seguridad de los archivos . Uso de mascarilla respiratoria y gafas ",2,2,4,"BAJO",25,100,"III","MEJORABLE","NINGUNO ","NINGUNO ","NINGUNO ","\n* Se recomienda continuar con el proceso de intervención (limpieza) de los libros antiguos (PGR-SIG-204 orden y aseo.  )","Uso de guantes de nitrilo y tapabocas "]
[null,null,null,null,null,"Hongos       \nMalos olores  en el área                      ","BIOLÓGICO ","Alergias,  Malos olores ","Ninguno","Ninguno","Ninguno",2,2,4,"BAJO",25,100,"III","MEJORABLE","NINGUNO ","NINGUNO ","NINGUNO ","*Se recomienda mantenimiento de las instalaciones para eliminar los malos olores (PGR-SIG-204 orden y aseo.  ).\n* Se recomienda  mantenimiento de  los techos para el control de goteras (humedad). ","NO APLICA"]
[null,null,null,null,null,"Locativo \nDesnivel en la superficie de trabajo  en la entrada ","CONDICIONES DE SEGURIDAD","Caídas, golpes, incidentes  y accidentes de y trabajo ","Ninguno ","Señalización de advertencia","Capacitación en prevención de caídas",2,2,4,"BAJO",25,100,"III","MEJORABLE","NINGUNO ","NINGUNO ","NINGUNO ","*Se recomienda demarcar con cinta de precaución el desnivel de la superficie de trabajo para mejor visibilidad del funcionario  y del visitante. \n* Instalar cinta de precaución en el desnivel de la superficie de trabajo. ","NO APLICA "]
[null,null,null,null,null,"Locativo \nLuminarias sin protectores (rejillas)","CONDICIONES DE SEGURIDAD","Caídas de los tubos fluorescentes, golpes, contusiones ","Ninguno","Ninguno ","Ninguno ",2,2,4,"BAJO",25,100,"III","MEJORABLE","NINGUNO ","NINGUNO ","NINGUNO ","*Se recomienda que las luminarias cuenten con protectores (rejillas), para dar cumplimiento a la Resolución 180540 de 2010.    ","NO APLICA"]
[null,null,null,null,null,"Locativo - Infraestructura\n\nTechos en mal estado \nProblemas de humedad ","CONDICIONES DE SEGURIDAD","Colapso estructural - Hongos- bacterias","Ninguno","Ninguno ","Ninguno ",2,2,4,"BAJO",25,100,"III","MEJORABLE","NINGUNO ","NINGUNO ","NINGUNO ","*Realizar mantenimiento preventivo y correctivo de las instalaciones locativas, con el fin de mejorar las condiciones de trabajo y prevenir  enfermedades a los trabajadores.                                                                                                                    * Mantenimiento de los techos para  evitar  la proliferación de animales ( roedores) y control de humedad. ","NO APLICA"]
[null,null,"OPERATIVO","ACTIVIDAD DESPLAZAMIENTO A EVENTOS Y REUNIONES INSTITUCIONALES, INSPECCIONES, ACTIVIDADES DE BIENESTAR DEPORTIVAS Y CULTURALES, ACTIVIDADES DE PROGRAMACIÓN PARA EQUIPOS FUERA DE LA SEDE","SI","Accidentes de tránsito                           (En los desplazamientos de la visitas a los centros de trabajo)\nVER MATRIZ RIESGO VIAL","CONDICIONES DE SEGURIDAD","*Muerte \n*Lesiones graves en el cuerpo entero\n*Atrapamiento vehicular","Ninguno","Ninguno","Ninguno",2,2,4,"BAJO",100,400,"II","ACEPTABLE CON CONTROL ESPECIFICO","NO APLICA","NO APLICA","*Se debe empezar a realizar la inspección pre operacional de vehículos de la empresa, para identificar condiciones del mismo. ","*Dar cumplimiento al plan de capacitación del PESV \n*Continuar sensibilización en seguridad vial, en lo referente a los roles de seguridad vial (Conductor - Pasajero - Peatón) (PLA-SIG-202 pesv plan estratégico de seguridad vial.)","NO APLICA"]
[null,null,null,null,null,"Locativo\nSuperficies de trabajo  irregulares y  desniveladas                                 (Desplazamiento en los diferentes áreas)","CONDICIONES DE SEGURIDAD","*Golpes \n*Caídas","Ninguno","Ninguno","Ninguno",2,2,4,"BAJO",25,100,"III","MEJORABLE","NO APLICA","NO APLICA","NO APLICA","*Se recomienda uso de calzado adecuado según el área a visitar, con el fin de evitar caídas ( PGR-SIG-203-programa protección contra caídas. )          ","Continuar con el uso de  EPP requeridos según el área a auditar: \n*Calzado de seguridad (Botas).\n*Casco\n*Protección respiratoria "]
[null,null,null,null,null,"Público\n(Robos - Atracos - Asaltos)","CONDICIONES DE SEGURIDAD","*Golpes\n*Agresiones verbales y físicas \n*Atentados violentos\n*Heridas\n*Muerte","Cámaras de seguridad","Ninguno","Capacitación en emergencias a brigadistas ",2,2,4,"BAJO",100,400,"II","ACEPTABLE CON CONTROL ESPECIFICO","NO APLICA","NO APLICA","NO APLICA","*Diseñar, implementar  y socializar los planes contingencia para diferentes situaciones  de emergencia   (PLA-SIG-204 plan de prevención, preparación y respuesta ante emergencias)(EST-SIG-01/03 ESTANDAR DE SEGURIDAD PARA ACTIVIDADES FUERA DE LA SEDE)","NO APLICA"]
[null,null,null,null,null,"Manipulación manual de cargas \"Empujar equipos\"                         ","BIOMECÁNICO","*Hombro doloroso\n*Epicondilitis\n*Tendinitis\n*Bursitis","No aplica","Ninguno","Ninguno",6,2,12,"ALTO",25,300,"II","ACEPTABLE CON CONTROL ESPECIFICO","NO APLICA","NO APLICA","NO APLICA","*Formación de líderes en pausas activas en la sede, con el fin de implementar las mismas (INS-SIG-202 instructivo de pausas activas saludables )      .\n*Continuar con las actividades del sistema de vigilancia epidemiológico  para prevención de desordenes musculo esqueléticas asociadas al peligro biomecánico (PGR-SIG-205 vigilancia epidemiológica para la prevención de desórdenes musculo-esqueléticos.)    .\n*Se recomienda hacer re inducción en manejo seguro de cargas ","No aplica"]
[null,null,null,null,null,"Mecánico                                         (Uso de herramientas manuales en la limpieza de equipos)","CONDICIONES DE SEGURIDAD","*Traumas de tejidos blandos (Laceración, contusión, etc.)       ","Ninguno","Ninguno","Ninguno",2,2,4,"BAJO",25,100,"III","MEJORABLE","NO SE REQUIERE","NO SE REQUIERE","*Realizar mantenimiento preventivo y correctivo de las herramientas de trabajo. ","*Continuar con el uso adecuado de los elementos de trabajo. \n*Se debe realizar seguimiento al uso adecuado de los EPP. (PRO-SIG-202 procedimiento administración de elementos de EPP.)       \n","NO APLICA"]
[null,null,"PELIGROS QUE APLICAN A TODAS LAS ACTIVIDADES",null,"SI","Ruido\n(Intermitente por el paso vehicular por la carrera 3da)","FÍSICO ","Alteraciones auditivas como hipoacusia","Ninguno","Realización de mediciones ambientales de ruido","Ninguno",2,2,4,"BAJO",25,100,"III","MEJORABLE","NO SE REQUIERE","NO SE REQUIERE","NO SE REQUIERE","*Se recomienda realizar mediciones ambientales de ruido, con el fin de identificar los niveles de exposición de ruido en el área. ","NO APLICA"]
[null,null,null,null,"SI","Virus \n(exposición al agente biológico Virus Sars – Cov – 2,  por contacto directo con personas u objetos contaminados).  ","BIOLÓGICO","Enfermedad Covid–19 que puede producir: Malestar, fiebre, dolor de garganta, perdida del olfato y del gusto, dificultad respiratoria, neumonía, náuseas, vómitos o diarrea, órganos como el corazón, los riñones o el hígado pueden inflamarse y provocar que dejen de funcionar correctamente lo que conlleva el empeoramiento del paciente o incluso su muerte. ","Ninguno","Limpieza y desinfección de áreas de trabajo   y en casa,  Control de aforo, señalización de advertencia.","Distanciamiento    físico, uso de mascarilla, lavado de manos constante.",2,2,4,"BAJO",100,400,"II","ACEPTABLE CON CONTROL ESPECIFICO","N.A","N.A","Trabajo en casa , diseño puestos de trabajo cumpliendo con el distanciamiento social, lavamanos y puntos de desinfección.","*Diseño e implementación del Protocolo de Bioseguridad para prevención de Covid-19.  *Implementar y promover en la planta de personal buenas prácticas de higiene y control de Covid-19 a través de actividades limpieza/desinfección de estaciones de trabajo, baños, vehículos, en casa, en desplazamiento, entre otros. \n(PGR-SIG-207 vigilancia epidemiológica para la prevención de covid-19.)  *Promover frecuentemente el lavado de manos en personal de planta, contratistas y visitantes. En caso de no contar con agua y jabón, se debe proveer con desinfectantes para manos (gel antibacterial a base de alcohol).  *Disminución de la densidad laboral en áreas de trabajo o de ocupación de la entidad promoviendo el teletrabajo. *Mantener un stop de EPP  (mascarillas ) para dotación y recambio (PRO-SIG-202 procedimiento administración de elementos de EPP.)       . *Establecer canales de comunicación individualizados y/o de grupo: correo electrónico, redes sociales, videoconferencia, teléfono para reuniones evitando la presencialidad. *Revisión y análisis de los perfiles epidemiológicos por cargo, estrategias motivación para que los funcionarios se  vacunen (PGR-SIG-207 vigilancia epidemiológica para la prevención de covid-19.) (PRO-SIG-202 procedimiento administración de elementos de EPP.)       .","Uso permanente de mascarilla respiratoria. Uso periódico de productos para limpieza (agua y jabón) y  alcohol al 70%, mono gafas o careta."]
[null,null,null,null,"SI"," Demandas Emocionales: Condiciones de la tarea                             \nLa novedad del entorno de trabajo, situación familiar:  hijos o personas mayores a cargo en el hogar en situación de riesgo, miedo al contagio, aislamiento social y confinamiento, miedos e incertidumbres laborales y socioeconómicos, espacios y recursos compartidos por varias personas ante las mismas circunstancias en sus domicilios, convertir espacios de su hogar en despachos improvisados para poder seguir desempeñando su tarea diaria, valoración subjetiva y objetiva por parte del experto mientras se aplica la batería de riesgo psicosocial.","PSICOSOCIAL","Alteraciones mentales, Ansiedad, depresión, estrés postraumático.","S.V.E. Psicosocial","S.V.E Psicosocial","Intervenciones individuales y grupales, capacitaciones, medidas de afrontamiento, manejo de habilidades sociales.",2,2,4,"BAJO",25,100,"III","MEJORABLE","N.A","N.A","Organización de los puestos de trabajo, lavamanos, dispensadores, cumpliendo con el distanciamiento."," “Mantener una comunicación actualizada, precisa, oportuna y de buena calidad para todo el personal sobre la información, recomendaciones y las herramientas comunicacionales, normas legales, emitidas por el Ministerio de Salud y Protección Social – MSPS-, como fuente oficial para el país, en relación con el comportamiento del brote de COVID-19, sus características, mitos y realidades, potenciales mecanismos de transmisión, identificación de personas con mayor riesgo, prácticas para la prevención del contagio a través del autocuidado individual y familiar, entre otras”capacitaciones del protocolo de bioseguridad, inspecciones, suministro de Elementos de bioseguridad. (PGR-SIG-207 vigilancia epidemiológica para la prevención de covid-19.) (PRO-SIG-202 procedimiento administración de elementos de EPP.)       . ","Uso de los elementos de bioseguridad, establecer el compromiso de autocuidado y trabajo seguro."]
[null,null,null,null,"SI","Características de la organización del trabajo\n(Valoración promedio mientras se realiza el proceso de aplicación de baterías de riesgo psicosocial)","PSICOSOCIAL","Alteraciones mentales, Ansiedad, depresión.","SVE. Riesgo Psicosocial","SVE. Riesgo Psicosocial","Intervenciones individuales y grupales, capacitaciones, medidas de afrontamiento, manejo de habilidades sociales.",2,2,4,"BAJO",25,100,"III","MEJORABLE","NO SE REQUIERE","NO SE REQUIERE","NO APLICA","*Aplicación de las baterías de riesgo  psicosocial, para verificar la exposición al peligro (PGR-SIG-206 vigilancia epidemiológico de riesgo psicosocial). . \nCapacitación en trabajo en equipo y competencias individuales y profesionales.\n\nAnálisis de carga laboral.                                                                                                                                     ","NO SE REQUIERE"]
[null,null,null,null,"SI","Características del grupo social y del trabajo.\n(Está en proceso la evaluación de los factores de riesgo psicosocial)","PSICOSOCIAL","Stress laboral\nAfecciones de salud                                                                                                                                                                                                                                                                                                                                                                                                            Ambientes de trabajo Hostil                                                                                                                                                                                                                                                                                                                                                                                                         Baja Productividad","Cumplimiento de la normatividad ley 1010, resolución 652 y 356, 2646.","Comité de Convivencia Laboral","Capacitaciones en habilidades sociales básicas, resolución de conflictos, liderazgo efectivo.",2,2,4,"BAJO",25,100,"III","MEJORABLE","NO SE REQUIERE","NO SE REQUIERE","NO SE REQUIERE","*Capacitación en habilidades sociales básicas y relaciones interpersonales y comunicación asertiva y efectiva. \n\n*Capacitación en liderazgo efectivo y generación de hábitos del líder. ","NO SE REQUIERE"]
[null,null,null,null,"SI","Gestión Organizacional\n(Está en proceso la evaluación de los factores de riesgo psicosocial aplicación batería de riesgo psicosocial)","PSICOSOCIAL","Stress laboral\nAfecciones de salud                                                                                                                                                                                                                                                                                                                                                                                                                     Productividad- Ausentismo","Plan de Intervención del SVE ","N/A","Intervenciones individuales y grupales, capacitaciones en liderazgo, fortalecimiento de las escuelas de liderazgo.",2,2,4,"BAJO",25,100,"III","MEJORABLE","NO SE REQUIERE","NO SE REQUIERE","NO SE REQUIERE","Fortalecimiento de las escuelas de liderazgo.","NO SE REQUIERE"]
[null,null,null,null,"SI","Contenido de la Tarea (Carga de Trabajo)\n(Está en proceso la evaluación de los factores de riesgo psicosocial aplicación batería de riesgo psicosocial)","PSICOSOCIAL","Stress laboral\nAfecciones de salud","S.V.E. Psicosocial","Distribución de la tarea por trabajo en equipo, gestión del tiempo.","Intervenciones individuales y grupales, capacitaciones, medidas de afrontamiento, manejo de habilidades sociales.",2,2,4,"BAJO",25,100,"III","MEJORABLE","NO SE REQUIERE","NO SE REQUIERE","NO SE REQUIERE","Capacitaciones, manejo del tiempo como recurso, trabajo colaborativo y ayuda percibida.  ","NO SE REQUIERE"]
[null,null,null,null,"SI","Infraestructura - Locativo     \nInstalaciones  (Desgaste de cintas antideslizantes en las escaleras)","CONDICIONES DE SEGURIDAD","Caídas al mismo y distinto nivel, esguinces, golpes, contusiones ","Ninguno","Ninguno","Ninguno",2,2,4,"BAJO",25,100,"III","MEJORABLE","NO APLICA","NO APLICA","Instalar bandas antideslizantes en las escaleras del edificio. ","*Diseñar y socializar protocolo para control de ingreso de personas adultas y menores de edad. ","NO APLICA"]
[null,null,null,null,"SI","Infraestructura - Locativo\nAusencia de estructura que evite el ingreso de aguas lluvias en los pasillos del edificio principal ","CONDICIONES DE SEGURIDAD","Caídas por Ingreso de aguas lluvias en los pasillos","Ninguno","Ninguno","Ninguno",2,2,4,"BAJO",25,100,"III","MEJORABLE","Se recomienda instalar estructura  que evite el ingreso de aguas lluvias en los pasillos de la entidad. ","NO SE REQUIERE","NO SE REQUIERE","Continuar con el uso de señalización cada que llueve\n\nInstalar señalización en los pasillos sobre no apoyarse de las barandas de los pasillos ( PGR-SIG-203-programa protección contra caídas. )          .","NO APLICA"]
[null,null,null,null,"SI","Inundación \nPor daño estructural \"Hay tanque subterráneo en el área y se inunda el área en ocasiones\"","CONDICIONES DE SEGURIDAD","*Inundaciones \n*Daños materiales (Pérdida total)\n","Ninguna","ninguna","Capacitación  en actuación ante emergencias ",2,2,4,"BAJO",25,100,"III","MEJORABLE","NO SE REQUIERE","NO SE REQUIERE","NO SE REQUIERE","*Se sugiere realizar mantenimiento preventivo y correctivo a las instalaciones de tal manera que el agua del tanque subterráneo no se rebose","NO APLICA"]
[null,null,null,null,"SI","Locativo\nSistema de almacenamiento  (Almacenamiento inadecuado de sustancias químicos)","CONDICIONES DE SEGURIDAD","*Explosión ","Ninguno","Ninguno","Ninguno",2,2,4,"BAJO",25,100,"III","MEJORABLE","NO APLICA","NO APLICA","NO APLICA","*Se recomienda realizar jornada de orden y aseo para almacenar de forma adecuada los productos químicos (PGR-SIG-204 orden y aseo.  )\n*Se debe capacitar al personal en almacenamiento adecuado de sustancias químicas, así mismo en la matriz de compatibilidad de sustancias. "]
[null,null,null,null,"SI","Público\n(Robos - Atracos - Asaltos)","CONDICIONES DE SEGURIDAD","*Golpes\n*Agresiones verbales y físicas \n*Atentados violentos\n*Heridas\n*Muerte","Cámaras de seguridad","Ninguno","capacitación en emergencias ",2,2,4,"BAJO",100,400,"II","ACEPTABLE CON CONTROL ESPECIFICO","NO APLICA","NO APLICA","Mantenimiento a cámaras de vigilancia en la sede. ","*Socializar los planes contingencia para diferentes situaciones  de emergencia específicamente riesgo público (PLA-SIG-204 plan de prevención, preparación y respuesta ante emergencias) (EST-SIG-01/03 ESTANDAR DE SEGURIDAD PARA ACTIVIDADES FUERA DE LA SEDE)","NO APLICA"]
[null,null,null,null,"SI","Público\n(Agresiones verbales - Actos Violentos)","CONDICIONES DE SEGURIDAD","*Golpes\n*Agresiones verbales y físicas \n*Atentados violentos\n*Heridas\n*Muerte","Cámaras de seguridad","Ninguno","capacitación en emergencias ",2,2,4,"BAJO",100,400,"II","ACEPTABLE CON CONTROL ESPECIFICO","NO APLICA","NO APLICA","Mantenimiento a cámaras de vigilancia en la sede. ","*Socializar los planes contingencia para diferentes situaciones  de emergencia específicamente riesgo público (PLA-SIG-204 plan de prevención, preparación y respuesta ante emergencias) (EST-SIG-01/03 ESTANDAR DE SEGURIDAD PARA ACTIVIDADES FUERA DE LA SEDE","NO APLICA"]
[null,null,null,null,"SI","Público\n(Manifestaciones públicas)","CONDICIONES DE SEGURIDAD","*Golpes\n*Agresiones verbales y físicas \n*Heridas\n*Muerte","Cámaras de seguridad","vigilancia permanente en la puerta de acceso del edificio. ","Ninguno",2,2,4,"BAJO",100,400,"II","ACEPTABLE CON CONTROL ESPECIFICO","NO APLICA","NO APLICA","Mato a cámaras ","*Socializar plan de emergencias, incluyendo los planes operativos normalizados en caso de situaciones de emergencia en riesgo público especifico para cada sede y socializarlo a todo el personal.     \n*Capacitar al personal en actuación ante emergencias en riesgo público (PLA-SIG-204 plan de prevención, preparación y respuesta ante emergencias) (EST-SIG-01/03 ESTANDAR DE SEGURIDAD PARA ACTIVIDADES FUERA DE LA SEDE)","NO APLICA"]
[null,null,null,null,"SI","Público\n(Inseguridad por actos delictivos en los alrededores de la sede)","CONDICIONES DE SEGURIDAD","*Golpes\n*Agresiones verbales y físicas \n*Atentados violentos\n*Heridas\n*Muerte","Cámaras de seguridad","vigilancia permanente en la puerta de acceso del edificio. ","Ninguno",2,2,4,"BAJO",100,400,"II","ACEPTABLE CON CONTROL ESPECIFICO","NO APLICA","NO APLICA","Mato a cámaras ","*Socializar los planes contingencia para diferentes situaciones  de emergencia específicamente riesgo público (PLA-SIG-204 plan de prevención, preparación y respuesta ante emergencias)(EST-SIG-01/03 ESTANDAR DE SEGURIDAD PARA ACTIVIDADES FUERA DE LA SEDE)","NO APLICA"]
[null,null,null,null,"SI","Radiaciones no ionizantes                       (Exposición a luz solar que ingresa por ventanales a la mayoría de los puestos de trabajo)","FÍSICO ","*Cáncer de piel\n*Quemadura solar\n*Insolación \n*Foto envejecimiento cutáneo \n *Foto carcinogénesis\n*Alteraciones oculares","Ninguno","Ninguno","Ninguno",2,2,4,"BAJO",25,100,"III","MEJORABLE","N.A","N.A","*Se recomienda instalar película de seguridad en los ventanales ","NO APLICA","NO APLICA"]
[null,null,null,null,"NO","Sismo - Temblores                  ","FENÓMENOS NATURALES","*Daños materiales (Pérdida total)\n*Heridas y lesiones graves\n*Accidentes de trabajo \n*Muerte","Ninguno","señalización de evacuación y elementos de emergencia ","Capacitación  en actuación ante emergencias ",2,2,4,"BAJO",100,400,"II","ACEPTABLE CON CONTROL ESPECIFICO","NO SE REQUIERE","NO SE REQUIERE","NO SE REQUIERE","*Se recomienda realizar estudio de vulnerabilidad y sismo resistencia de las instalaciones. \n*Capacitar al personal en actuación ante emergencias (PLA-SIG-204 plan de prevención, preparación y respuesta ante emergencias). "]
[null,null,null,null,"NO","Erupción volcán machín           ","FENÓMENOS NATURALES","*Daños materiales (Pérdida total)\n*Heridas y lesiones graves\n*Accidentes de trabajo \n*Muerte","Ninguno","señalización de evacuación y elementos de emergencia ","Capacitación  en actuación ante emergencias ",2,2,4,"BAJO",100,400,"II","ACEPTABLE CON CONTROL ESPECIFICO","NO SE REQUIERE","NO SE REQUIERE","NO SE REQUIERE","*Seguir las instrucciones que el departamento suministra para  casos de emergencia por posible erupción del Volcán (PLA-SIG-204 plan de prevención, preparación y respuesta ante emergencias).                                                                                             \n*Solicitar capacitación al ente respectivo sobre actuación en caso de erupción del volcán machín. \n*Capacitar en actuación ante emergencias en caso de erupción del volcán machín a todo el personal.  \n*Actualizar plan de emergencias incluyendo el PON por posible erupción del volcán machín y socializar a los trabajadores (PLA-SIG-204 plan de prevención, preparación y respuesta ante emergencias)."]
[null,null,null,null,"SI","Tecnológico\n(Incendios - Explosiones)\nGenerado dentro de las instalaciones del edificio","CONDICIONES DE SEGURIDAD","Incendios \nQuemaduras de grado 2 y 3\nMuerte","Ninguno","equipo para el control de incendios ","Capacitación en atención de emergencias ",2,2,4,"BAJO",100,400,"II","ACEPTABLE CON CONTROL ESPECIFICO","NO APLICA","NO APLICA","*Realizar mantenimiento preventivo y correctivo de los equipos eléctricos e instalaciones eléctricas en la sede","*Capacitación en prevención de accidentes de trabajo por riesgo eléctrico.                                                          \n\n*Continuar con las inspecciones de seguridad enfocado a riesgo eléctrico. ","NO APLICA"]
[null,null,null,null,"SI","Tecnológico\n\"Riesgo de la vecindad\"\n(Incendios - Explosiones)\nGenerados en el restaurante de Mercacentro\n","CONDICIONES DE SEGURIDAD","Incendios \nQuemaduras de grado 2 y 3\nMuerte","Ninguno","equipo para el control de incendios ","Capacitación en atención de emergencias ",2,2,4,"BAJO",100,400,"II","ACEPTABLE CON CONTROL ESPECIFICO","NO APLICA","NO APLICA","*Realizar mantenimiento preventivo y correctivo de los equipos eléctricos e instalaciones eléctricas en las diferentes sedes. ","*Diseñar y socializar PON en caso de explosiones externas a la empresa (PLA-SIG-204 plan de prevención, preparación y respuesta ante emergencias)","Calzado de seguridad"]
[null,null,null,null,"SI","Fugas de gas \n\"Riesgos de la vecindad\"\n(Generado por la presencia de restaurante en Mercacentro y por tuberías externas a la entidad) ","QUÍMICOS","Incendios \nQuemaduras de grado 2 y 3\nMuerte","Ninguno","equipo para el control de incendios ","Capacitación en atención de emergencias ",2,2,4,"BAJO",100,400,"II","ACEPTABLE CON CONTROL ESPECIFICO","NO APLICA","NO APLICA","*Solicitar a Mercacentro que se de cumplimiento a las recomendaciones generales para prevención de accidentes de trabajo por fugas de gas en el restaurante. ","*Diseñar y socializar PON en caso de fuga de gas (PLA-SIG-204 plan de prevención, preparación y respuesta ante emergencias)","NO APLICA"]
[null,null,null,null,"SI","Locativo\nSistema de almacenamiento\n(Atrapamiento por mal funcionamiento de los ascensores)\n \n","CONDICIONES DE SEGURIDAD","Atrapamiento ","Se realiza mantenimiento periódico a los ascensores","Elementos de emergencias ","Ninguno",2,2,4,"BAJO",25,100,"III","MEJORABLE","NO APLICA","NO APLICA","*Continuar con el mantenimiento preventivo y correctivo de los ascensores","*Diseñar y socializar PON en caso de atrapamiento por mal funcionamiento del ascensor (PLA-SIG-204 plan de prevención, preparación y respuesta ante emergencias).","Calzado de seguridad"]
[null,null,null,null,"SI","Postura mantenida                          (Bípeda)","BIOMECÁNICO","*Cansancio\n*Fatiga en miembros inferiores y en las articulaciones\n*Aparición de vena varice\n*Edema en los pies \n*Dolor lumbar ","No aplica","No aplica","Realiza varias tareas, lo que permite cambios de posición\n\nExámenes ocupacionales periódicos",2,2,4,"BAJO",25,100,"III","MEJORABLE","NO APLICA","NO APLICA","NO APLICA","*Solicitar a la empresa contratista realizar re inducción en higiene postural, gimnasia laboral y pausas activas.                                                                 \n*Continuar con las actividades del sistema de vigilancia epidemiológico  para prevención de desordenes musculo esqueléticas asociadas al peligro biomecánico (PGR-SIG-205 vigilancia epidemiológica para la prevención de desórdenes musculo-esqueléticos.)    .                                                                                ","No aplica"]
[null,null,null,null,"SI","Infraestructura - Locativo     \nInstalaciones  (Ausencia de citas antideslizantes en las escaleras)","CONDICIONES DE SEGURIDAD","Atención tardía ante emergencias","Ninguno","Ninguno","Ninguno",2,2,4,"BAJO",25,100,"III","MEJORABLE","NO APLICA","NO APLICA","Instalar bandas antideslizantes en las escaleras del edificio. ","*Instalar señalización dando cumplimiento a la PGR-SIG-203-programa protección contra caídas.","NO APLICA"]
[null,null,null,null,"SI","Público\n(Robos - Atracos - Asaltos - Agresiones verbales - Actos Violentos)","CONDICIONES DE SEGURIDAD","*Golpes\n*Agresiones verbales y físicas \n*Atentados violentos\n*Heridas\n*Muerte","Ninguno","Cámaras de seguridad en el primer piso","Ninguno",2,2,4,"BAJO",100,400,"II","ACEPTABLE CON CONTROL ESPECIFICO","NO APLICA","NO APLICA","Instalar cámaras de vigilancia en todos los pisos de la sede. ","*Socializar los planes contingencia para diferentes situaciones  de emergencia específicamente riesgo público (PLA-SIG-204 plan de prevención, preparación y respuesta ante emergencias) (EST-SIG-01/03 ESTANDAR DE SEGURIDAD PARA ACTIVIDADES FUERA DE LA SEDE","NO APLICA"]
[null,null,null,null,"SI","Accidentes de tránsito                      \n     \n(En los desplazamientos hacia otros centros de trabajo, en caso de que el funcionario haga uso de las bicicletas)","CONDICIONES DE SEGURIDAD","*Muerte \n*Lesiones graves en el cuerpo entero\n*Atrapamiento vehicular","Ninguno","Ninguno","Capacitación en prevención de Accidentes de transito",2,2,4,"BAJO",100,400,"II","ACEPTABLE CON CONTROL ESPECIFICO","NO APLICA","NO APLICA","NO APLICA","*Dar cumplimiento al plan de capacitación del PESV según el rol (Pasajero - Conductor - Peatón)\n*Realizar sensibilización en seguridad vial (PLA-SIG-202 pesv plan estratégico de seguridad vial.)","NO APLICA"]
[null,null,null,null,"SI","Virus (cambio climatico)\n ","BIOLÓGICO","Malestar general","Ninguno","Limpieza y desinfección de áreas de trabajo   y en casa,  Control de aforo, señalización de advertencia.","Distanciamiento    físico, uso de mascarilla, lavado de manos constante.",2,2,4,"BAJO",25,100,"III","MEJORABLE","NO APLICA","NO APLICA","NO APLICA","  *Promover frecuentemente el lavado de manos en personal de planta, contratistas y visitantes. En caso de no contar con agua y jabón, se debe proveer con desinfectantes para manos (gel antibacterial a base de alcohol).  *Disminución de la densidad laboral en áreas de trabajo o de ocupación de la entidad promoviendo el teletrabajo. *Mantener un stop de EPP  (mascarillas ) para dotación y recambio. *Establecer canales de comunicación individualizados y/o de grupo: correo electrónico, redes sociales, videoconferencia, teléfono para reuniones evitando la presencialidad. *Revisión y análisis de los perfiles epidemiológicos por cargo, estrategias motivación para que los funcionarios se  vacunen.   (PRO-SIG-202 Procedimiento administrativo de elementos EPP)","Uso permanente de mascarilla respiratoria. Uso periódico de productos para limpieza (agua y jabón) y  alcohol al 70%, mono gafas o careta."]
[null,null,null,null,"NO","Largas Jornadas Laborales y ausencia de descanso con altas temperaturas y radiciones altas por factor del CAMBIO CLIMATICO.","PSICOSOCIAL","Estrés, agotamiento por trabajo continuo, cansacio, fatiga, angustia, ansiedad, poca concentración y atención, somnolencia.","Ninguno","Ninguno","PVE- Riesgo psicosocial",2,2,4,"BAJO",25,100,"III","MEJORABLE","NO APLICA","NO APLICA","NO APLICA","Introducir una rutina de tiempos detrabajo y de descanso para aquellos\ntrabajadores/as que estén expuestos a ambientes calurosos, Formación en primeros auxilios, para que puedan\nreconocer y tratar los primeros síntomas de desórdenes de salud ocasionados por una\nexposición a temperaturas extremadamente cálidas., Seguir a diario los boletines\nmeteorológicos y cambiar el horario de trabajo de gran exposición al calor\na horas más frescas del día., En trabajos a campo abierto, crear zonas descanso con carpas, Disponer de agua potable fría en lugares estratégicos y visibles, cercanos al área de trabajo.","NO SE REQUIERE"]
[null,null,null,null,"NO"," Temperaturas\nextremas (calor) porfactor de CAMBIO CLIMATICO","FISICO","Stress termico Agotamiento Mareos  Deshidratación Golpes de calor, lesiones en la piel, insolación, ","No aplica","Ninguno","Ninguno",2,2,4,"BAJO",25,100,"III","MEJORABLE","NO APLICA","NO APLICA","NO APLICA","Todos los funcionarios que realicen desplazamientos fuera de la sede deben apalicar el Estándar de Seguridad \"EST-204\"., se recomienda hidratación continua, alimentación adecuada, Organización de los puestos de trabajo, limplementación de un programa de climatización.Sistemas de ventilación","Ropa de trabajo y equipos de\nprotección adecuados(camisa,\nmanga larga, pantalón largo,\ngorra o sombrero de ala ancha).\nSaber que la ropa protectora o el\nequipo de protección personal\npuede aumentar el riesgo del\nestrés por calor."]
[null,null,null,null,"NO"," Temperaturas\nextremas (calor Radiaciones No ionizantes) porfactor de CAMBIO CLIMATICO","FISICO","Stress termico Agotamiento Mareos  Deshidratación Golpes de calor, lesiones en la piel, dolor de cabeza.","No aplica","Ninguno","Protector Solar",2,2,4,"BAJO",25,100,"III","MEJORABLE","NO APLICA","NO APLICA","NO APLICA","Todos los funcionarios que realicen desplazamientos fuera de la sede deben apalicar el Estándar de Seguridad \"EST-204\"., se recomienda hidratación continua, alimentación adecuada, Organización de los puestos de trabajo, limplementación de un programa de climatización.Sistemas de ventilación","Ropa de trabajo y equipos de\nprotección adecuados(camisa,\nmanga larga, pantalón largo,\ngorra o sombrero de ala ancha).\nSaber que la ropa protectora o el\nequipo de protección personal\npuede aumentar el riesgo del\nestrés por calor."]
[null,null,null,null,"NO","Inalación de Humos y Vapores\n (Incendios Forestales )por factor CAMBIO CLIMATICO","QUÍMICO","Asfixia, Dificultad para respirar, Ardor en los ojos, conjuntivitis, Alergias, Tos, irritación de la garganta, dolor de cabeza.","No aplica","Ninguno","Ninguno",2,2,4,"BAJO",25,100,"III","MEJORABLE","NO APLICA","NO APLICA","NO APLICA","Aplicación PON para el manejo de incendios forestales, ver PLAN DE MERGENCIA PLA-SIG 204.","NO SE REQUIERE"]
[null,null,"PELIGROS QUE APLICAN A TRABAJO EN CASA",null,"SI","Postura Prolongada \n(Postura sedente más del 75% de la jornada laboral en trabajo con video terminales)","BIOMECÁNICO","*Dolor lumbar inespecífico\n*Espasmos musculares","Ninguno","Ninguno","Emisión de recomendaciones a funcionarios a través de video llamadas por parte de grupo interdisciplinario de la oficina  SST ( psicólogo, fisioterapeuta, profesional SST)",2,2,4,"BAJO",25,100,"III","MEJORABLE","NO APLICA","NO SE REQUIERE","NO SE REQUIERE","*Realizar visitas virtuales por parte del Grupo de SST para capacitar en higiene postural en casa.\n\n*Realizar pausas activas en el área (INS-SIG-202 instructivo de pausas activas saludables )      .                                                               \n\n*Continuar con las actividades del programa de vigilancia epidemiológico  para prevención de desordenes musculo esqueléticas asociadas al peligro biomecánico, para trabajo en casa (PGR-SIG-205 vigilancia epidemiológica para la prevención de desórdenes musculo-esqueléticos.)    .  Continuar con las recomendaciones a funcionarios a través de video llamadas por parte de grupo interdisciplinario de la oficina  SST ( psicólogo, fisioterapeuta, profesional SST)                                                                              ","NO APLICA"]
[null,null,null,null,"SI","Movimientos repetitivos  \n(Digitación - Escanear)","BIOMECÁNICO","Lesiones por trauma acumulativo en miembro superiores ( STC).\nSíndrome de Quervain","Ninguno","Ninguno","Emisión de recomendaciones a funcionarios a través de video llamadas por parte de grupo interdisciplinario de la oficina  SST ( psicólogo, fisioterapeuta, profesional SST)",2,2,{"$f":"+L74*M74","v":4},{"$f":"IF(N74>=24,\"MUY ALTO\",IF(N74>=10,\"ALTO\",IF(N74>=6,\"MEDIO\",\"BAJO\")))","v":"BAJO"},25,{"$f":"+N74*P74","v":100},{"$f":"IF(Q74>=600,\"I\",IF(Q74>=150,\"II\",IF(Q74>=40,\"III\",IF(Q74>=20,\"IV\"))))","v":"III"},{"$f":"IF(Q74>=600,\"NO ACEPTABLE\",IF(Q74>=150,\"ACEPTABLE CON CONTROL ESPECIFICO\",IF(Q74>=40,\"MEJORABLE\",IF(Q74>=20,\"ACEPTABLE\"))))","v":"MEJORABLE"},"NO SE REQUIERE","NO SE REQUIERE","NO SE REQUIERE","*Se recomienda la implementación permanente de pausas activas durante la jornada laboral (INS-SIG-202 instructivo de pausas activas saludables )      . Continuar con las recomendaciones a funcionarios a través de video llamadas por parte de grupo interdisciplinario de la oficina  SST ( psicólogo, fisioterapeuta, profesional SST).                                                                                                                                                  ","NO APLICA"]
[null,null,null,null,"SI","Radiaciones No ionizantes                                   (Exposición permanente a pantallas del computador)","FÍSICO ","*Fatiga visual","Ninguno","Ninguno","Emisión de recomendaciones a funcionarios a través de video llamadas por parte de grupo interdisciplinario de la oficina  SST ( psicólogo, fisioterapeuta, profesional SST)",2,2,4,"BAJO",25,100,"III","MEJORABLE","NO APLICA","NO SE REQUIERE","NO SE REQUIERE","*Se recomienda la implementación permanente de pausas activas durante la jornada laboral (INS-SIG-202 instructivo de pausas activas saludables )      .  Continuar con las recomendaciones a funcionarios a través de video llamadas por parte de grupo interdisciplinario de la oficina  SST ( psicólogo, fisioterapeuta, profesional SST).                                                                                                                                                ","NO APLICA"]
[null,null,null,null,"NO","Locativo                                                                              (Cableado eléctrico desordenado en la zona adecuada para puesto de trabajo)","CONDICIONES DE SEGURIDAD","*Se potencializa el riesgo de accidentes por caídas. ","Ninguno","Ninguno","Emisión de recomendaciones a funcionarios a través de video llamadas por parte de grupo interdisciplinario de la oficina  SST ( psicólogo, fisioterapeuta, profesional SST)",2,2,4,"BAJO",25,100,"III","MEJORABLE","NO APLICA","NO SE REQUIERE","Se recomienda agrupar el cableado eléctrico faltante, utilizando espiral porta cable u otro mecanismo de canalización. ","Realizar inspecciones de seguridad para verificar estado de cableado del  área.. Continuar con las recomendaciones a funcionarios a través de video llamadas por parte de grupo interdisciplinario de la oficina  SST ( psicólogo, fisioterapeuta, profesional SST).","NO APLICA"]
[null,null,null,null,"NO","Picaduras - Mordeduras                             (Presencia de vectores e insectos dentro de la vivienda o zona destinada para laborar).","BIOLÓGICO","Infecciones","Ninguno","Ninguno","Emisión de recomendaciones a funcionarios a través de video llamadas por parte de grupo interdisciplinario de la oficina  SST ( psicólogo, fisioterapeuta, profesional SST)",2,2,4,"BAJO",25,100,"III","MEJORABLE","NO APLICA","NO APLICA","NO APLICA","* realizar una correcta inspección del área de trabajo para garantizar la NO presencia de vectores o insectos ponzoñoso. Evitar las zona con acumulación de aguas estancadas. Continuar con las recomendaciones a funcionarios a través de video llamadas por parte de grupo interdisciplinario de la oficina  SST ( psicólogo, fisioterapeuta, profesional SST)","NO APLICA"]
[null,null,null,null,"SI","Virus y Bacterias\n (Exposición a virus y bacterias debido al uso de superficies húmedas como baños, lavamanos y lavaplatos alberca)","BIOLÓGICO","*Dermatosis\n*Reacciones alérgicas\n*Enfermedades infecciosas\n*Infecciones respiratorias","Ninguno","Ninguno","Emisión de recomendaciones a funcionarios a través de video llamadas por parte de grupo interdisciplinario de la oficina  SST ( psicólogo, fisioterapeuta, profesional SST)",2,2,4,"BAJO",25,100,"III","MEJORABLE","NO APLICA","NO APLICA","NO APLICA","*Capacitar a los trabajadores en auto cuidado y la importancia del uso de los EPP. Continuar con las recomendaciones a funcionarios a través de video llamadas por parte de grupo interdisciplinario de la oficina  SST ( psicólogo, fisioterapeuta, profesional SST)","*Uso de EPP (Guantes - Tapa bocas)"]
[null,null,null,null,"NO","Material particulado \n(Polvo en los documentos)","QUÍMICOS","*Enfermedades respiratorias\n*Infecciones virales \n*Alergias ","Ninguno","Ninguno","Emisión de recomendaciones a funcionarios a través de video llamadas por parte de grupo interdisciplinario de la oficina  SST ( psicólogo, fisioterapeuta, profesional SST)",2,2,4,"BAJO",25,100,"III","MEJORABLE","NO APLICA","NO APLICA","NO APLICA","*Realizar seguimiento del uso de los elementos de protección personal (Tapa bocas), cuando manipule archivo con polvo (PRO-SIG-202 procedimiento administración de elementos de EPP.)       .   Continuar con las recomendaciones a funcionarios a través de video llamadas por parte de grupo interdisciplinario de la oficina  SST ( psicólogo, fisioterapeuta, profesional SST).                                                         ","Suministrar tapa bocas para el desarrollo de la labor. "]
[null,null,null,null,"NO","Uso de elementos de desinfección\n(alcohol, gel antibacterial)","QUÍMICOS","\n*Alergias en piel o vías respiratorias.\n* Quemaduras ","Ninguno","Ninguno","Emisión de recomendaciones a funcionarios a través de video llamadas por parte de grupo interdisciplinario de la oficina  SST ( psicólogo, fisioterapeuta, profesional SST)",2,2,4,"BAJO",25,100,"III","MEJORABLE","NO APLICA","NO APLICA","NO APLICA","*Realizar seguimiento del uso de los elementos de protección personal (Tapa bocas), cuando manipule archivo con polvo (PRO-SIG-202 procedimiento administración de elementos de EPP.)       .  Continuar con las recomendaciones a funcionarios a través de video llamadas por parte de grupo interdisciplinario de la oficina  SST ( psicólogo, fisioterapeuta, profesional SST).                                                         ","Suministrar tapa bocas para el desarrollo de la labor. "]
[null,null,null,null,"SI","Mecánico                                         (Manejo de Equipos y elementos de Oficina)","CONDICIONES DE SEGURIDAD","*Traumas de tejidos blandos (Laceración, contusión, heridas superficiales, etc.)       ","Ninguno","Ninguno","Emisión de recomendaciones a funcionarios a través de video llamadas por parte de grupo interdisciplinario de la oficina  SST ( psicólogo, fisioterapeuta, profesional SST)",2,2,4,"BAJO",25,100,"III","MEJORABLE","NO SE REQUIERE","NO SE REQUIERE","NO SE REQUIERE","*Continuar con el uso adecuado de los elementos de trabajo, realizar cambio de los elementos que se observen en mal estado. Continuar con las recomendaciones a funcionarios a través de video llamadas por parte de grupo interdisciplinario de la oficina  SST ( psicólogo, fisioterapeuta, profesional SST) (PLA-SIG-206 retorno seguro al trabajo.)(PGR-SIG-204 orden y aseo.  ).","NO APLICA"]
[null,null,null,null,"SI","Deficiente ventilación (Las ventanas y persianas deben permanecer cerradas para evitar el ingreso de rayos solares)","FÍSICO                              ","*Disconfort por calor ambiental permanente","Ninguno","Ninguno","Emisión de recomendaciones a funcionarios a través de video llamadas por parte de grupo interdisciplinario de la oficina  SST ( psicólogo, fisioterapeuta, profesional SST)",2,2,4,"BAJO",25,100,"III","MEJORABLE","NO APLICA","NO SE REQUIERE","NO SE REQUIERE","Se recomienda contar con un área de ventilación natural o con ventilación artificial como ventiladores. Continuar con las recomendaciones a funcionarios a través de video llamadas por parte de grupo interdisciplinario de la oficina  SST ( psicólogo, fisioterapeuta, profesional SST).","NO APLICA"]
[null,null,null,null,"SI","Manipulación y desplazamiento de cargas\n(Documentos y cajas)","BIOMECÁNICO","Lesiones en columna\nEnfermedad discal\nEnfermedad lumbar ","Ninguno","Ninguno","Emisión de recomendaciones a funcionarios a través de video llamadas por parte de grupo interdisciplinario de la oficina  SST ( psicólogo, fisioterapeuta, profesional SST)",2,2,4,"BAJO",25,100,"III","MEJORABLE","NO SE REQUIERE","NO SE REQUIERE","NO SE REQUIERE","* Practicar higiene postural para el manejo de cargas. Evitar levantar mas de 10 Kg mujeres y 20 Kg Hombres. Continuar con las recomendaciones a funcionarios a través de video llamadas por parte de grupo interdisciplinario de la oficina  SST ( psicólogo, fisioterapeuta, profesional SST).","NO APLICA"]
[null,null,null,null,"SI","Iluminación\n(Deficiente de iluminación natural o artificial en el sitio adecuado para laboral dentro de la vivienda)                                             ","FÍSICO ","*Fatiga visual","Ninguno","Ninguno","Emisión de recomendaciones a funcionarios a través de video llamadas por parte de grupo interdisciplinario de la oficina  SST ( psicólogo, fisioterapeuta, profesional SST)",2,2,4,"BAJO",25,100,"III","MEJORABLE","NO APLICA","Se recomienda adecuar zona de trabajo en lugar con iluminación adecuada (que no sea excesiva o deficiente). ","NO SE REQUIERE","Se recomienda adecuar el sitio de trabajo con iluminación adecuada. Continuar con las recomendaciones a funcionarios a través de video llamadas por parte de grupo interdisciplinario de la oficina  SST ( psicólogo, fisioterapeuta, profesional SST).","NO APLICA"]
[null,null,null,null,"NO","Locativo\nSuperficies de trabajo  irregulares y  desniveladas, escaleras                                 (Desplazamiento en la vivienda)","CONDICIONES DE SEGURIDAD","*Golpes \n*Caídas\n*Fracturas","Ninguno","Ninguno","Emisión de recomendaciones a funcionarios a través de video llamadas por parte de grupo interdisciplinario de la oficina  SST ( psicólogo, fisioterapeuta, profesional SST)",2,2,4,"BAJO",25,100,"III","MEJORABLE","NO APLICA","NO APLICA","NO APLICA","*Se recomienda uso de calzado adecuado y de tacón bajo según el área a visitar, con el fin de evitar caídas. Continuar con las recomendaciones a funcionarios a través de video llamadas por parte de grupo interdisciplinario de la oficina  SST ( psicólogo, fisioterapeuta, profesional SST) ( PGR-SIG-203-programa protección contra caídas. ).","Uso de calzado bajo "]
[null,null,null,null,"SI","Virus (exposición al agente biológico Virus Sars – Cov – 2,  por contacto directo con personas u objetos contaminados).  ","BIOLÓGICO","Enfermedad Covid–19 que puede producir: Malestar, fiebre, dolor de garganta, perdida del olfato y del gusto, dificultad respiratoria, neumonía, náuseas, vómitos o diarrea, órganos como el corazón, los riñones o el hígado pueden inflamarse y provocar que dejen de funcionar correctamente lo que conlleva el empeoramiento del paciente o incluso su muerte. ","Ninguno","Ninguno","Emisión de recomendaciones a funcionarios a través de video llamadas por parte de grupo interdisciplinario de la oficina  SST ( psicólogo, fisioterapeuta, profesional SST)",2,2,4,"BAJO",100,400,"II","ACEPTABLE CON CONTROL ESPECIFICO","N.A","N.A","Trabajo en Casa","*Garantizar el autocuidado en Casa.\n*Participar en las reuniones de bioseguridad realizadas por el grupo de SST.\n*Evitar las reuniones sociales y evitar visitar sitios concurridos o de alto riesgo\n*  Realizar constante desinfección y limpieza de los sitios de trabajo (PRO-SIG-202 procedimiento administración de elementos de EPP.)       .\n* Evitar tocar cara, boca y ojos con las manos.\n* Lavar las manos cada 3 horas. Continuar con las recomendaciones a funcionarios a través de video llamadas por parte de grupo interdisciplinario de la oficina  SST ( psicólogo, fisioterapeuta, profesional SST) (PGR-SIG-207 vigilancia epidemiológica para la prevención de covid-19.)","Uso permanente de respirador buco nasal, uso de guantes en látex C-35  ó neopreno manguilla larga en limpieza de superficies. Uso periódico de productos para limpieza (agua y jabón) y para  sonetizado de manos (geles a base de alcohol al 70%), mono gafas o careta"]
[null,null,null,null,"SI","Trabajo en Casa por Aislamiento por COVID 19\nSobrecarga laboral por la realización de trabajo en casa, atender requerimientos familiares, combinado con actividades caseras\nMiedo al contagio, aislamiento social y confinamiento, miedos e incertidumbres laborales y socioeconómicos, espacios y recursos compartidos por varias personas ante las mismas circunstancias en sus domicilios, convertir espacios de su hogar en despachos improvisados para poder seguir desempeñando su tarea diaria","PSICOSOCIAL","Alteraciones mentales","Ninguno","Ninguno","Emisión de recomendaciones a funcionarios a través de video llamadas por parte de grupo interdisciplinario de la oficina  SST ( psicólogo, fisioterapeuta, profesional SST)",2,2,4,"BAJO",25,100,"III","MEJORABLE","N.A","N.A","Trabajo en Casa","Dar cumplimiento a los Lineamientos para abordar problemas y trastornos mentales en trabajadores de la salud en el marco del afrontamiento del coronavirus (Covid – 19), mediante Guía GPSG03  Marzo 2020 del Ministerio de Salud y Protección Social Inciso 4 y siguientes “Mantener una comunicación actualizada, precisa, oportuna y de buena calidad para todo el personal sobre la información, recomendaciones y las herramientas comunicacionales emitidas por el Ministerio de Salud y Protección Social – MSPS-, como fuente oficial para el país, en relación con el comportamiento del brote de COVID-19, sus características, mitos y realidades, potenciales mecanismos de transmisión, identificación de personas con mayor riesgo, prácticas para la prevención del contagio a través del autocuidado individual y familiar, entre otras\". Continuar con las recomendaciones a funcionarios a través de video llamadas por parte de grupo interdisciplinario de la oficina  SST ( psicólogo, fisioterapeuta, profesional SST) (PGR-SIG-207 vigilancia epidemiológica para la prevención de covid-19.)","Planificar el trabajo. Mantener una actitud positiva. Mantenerse activo y ocupado.  Reconocer las emociones que se viven y afrontar las principales preocupaciones con información. Mantener el contacto social a través de las nuevas tecnologías. Hacer ejercicio o actividad física."]
[null,null,null,null,"SI","Público\n(Robos - Atracos - Asaltos - Agresiones verbales - Actos Violentos)","CONDICIONES DE SEGURIDAD","*Golpes\n*Agresiones verbales y físicas \n*Atentados violentos\n*Heridas\n*Muerte","Ninguno","Ninguno","Emisión de recomendaciones a funcionarios a través de video llamadas por parte de grupo interdisciplinario de la oficina  SST ( psicólogo, fisioterapeuta, profesional SST)",2,2,4,"BAJO",100,400,"II","ACEPTABLE CON CONTROL ESPECIFICO","NO APLICA","NO APLICA","NO APLICA","*Socializar los planes contingencia para diferentes situaciones  de emergencia específicamente riesgo público. Continuar con las recomendaciones a funcionarios a través de video llamadas por parte de grupo interdisciplinario de la oficina  SST ( psicólogo, fisioterapeuta, profesional SST) (PGR-SIG-207 vigilancia epidemiológica para la prevención de covid-19.)(PLA-SIG-204 plan de prevención, preparación y respuesta ante emergencias) (EST-SIG-01/03 ESTANDAR DE SEGURIDAD PARA ACTIVIDADES FUERA DE LA SEDE)","NO APLICA"]
[null,null,null,null,"NO","Erupción volcán Machín","FENÓMENOS NATURALES","Erupción del Volcán Machín","Ninguno","Ninguno","Emisión de recomendaciones a funcionarios a través de video llamadas por parte de grupo interdisciplinario de la oficina  SST ( psicólogo, fisioterapeuta, profesional SST)",2,2,4,"BAJO",25,100,"III","MEJORABLE","NO APLICA","NO APLICA","NO APLICA","Tener en cuenta las recomendaciones dadas en los medios de comunicación de la alcaldía y recomendaciones en el video del ejercicio de la simulación  el día nacional del simulacro. Continuar con las recomendaciones a funcionarios a través de video llamadas por parte de grupo interdisciplinario de la oficina  SST ( psicólogo, fisioterapeuta, profesional SST) (PLA-SIG-204 plan de prevención, preparación y respuesta ante emergencias). ","NO APLICA"]
[null,null,null,null,"NO","Sismo - Terremoto","FENÓMENOS NATURALES","Erupción del Volcán Machín","Ninguno","Ninguno","Emisión de recomendaciones a funcionarios a través de video llamadas por parte de grupo interdisciplinario de la oficina  SST ( psicólogo, fisioterapeuta, profesional SST)",2,2,4,"BAJO",25,100,"III","MEJORABLE","NO APLICA","NO APLICA","NO APLICA","Tener en cuenta las recomendaciones dadas en los medios de comunicación de la alcaldía y recomendaciones en el video del ejercicio de la simulación  el día nacional del simulacro. Continuar con las recomendaciones a funcionarios a través de video llamadas por parte de grupo interdisciplinario de la oficina  SST ( psicólogo, fisioterapeuta, profesional SST) (PLA-SIG-204 plan de prevención, preparación y respuesta ante emergencias).","NO APLICA"]

{"sheet":"VIVE DIGITAL LAS FERIAS","index":34,"n_rows":90,"n_cols":24,"rows_kept":90,"cut":false,"hidden":true,"merged":[[8,2,35,2],[8,3,15,3],[8,4,15,4],[16,3,35,3],[16,4,35,4],[0,2,3,2],[0,3,1,21],[0,23,3,23],[2,3,3,21],[4,20,4,21],[4,22,4,23],[5,2,5,3],[5,4,5,23],[6,2,7,2],[6,3,7,3],[6,4,7,4],[6,5,6,6],[6,7,7,7],[6,8,6,10],[6,11,6,17],[6,19,6,23],[41,2,66,3],[72,2,89,3],[36,2,40,2],[36,3,40,3],[36,4,40,4]]}
[null,null,null,"PROCESO: SISTEMA INTEGRADO DE GESTIÓN",null,null,null,null,null,null,null,null,null,null,null,null,null,null,null,null,null,null,"Código: FOR-221-PRO-SIG"]
[null,null,null,null,null,null,null,null,null,null,null,null,null,null,null,null,null,null,null,null,null,null,"Versión: 04"]
[null,null,null,"FORMATO: \nIDENTIFICACIÓN DE PELIGROS, EVALUACIÓN Y VALORACIÓN DE LOS RIESGOS \nALCALDÍA MUNICIPAL DE IBAGUÉ",null,null,null,null,null,null,null,null,null,null,null,null,null,null,null,null,null,null,"Fecha: 27/05/2022"]
[null,null,null,null,null,null,null,null,null,null,null,null,null,null,null,null,null,null,null,null,null,null,"Página: 1"]
[null,null,"FECHAS DE ACTUALIZACIÓN: ","2019-02-22","2019-03-09","2019-09-02","2019-09-11","2019-09-24","2022-05-27","2020-07-22","2021-04-09","2024-07-18"]
[null,null,"PROCESO:",null,"11. GESTIÓN TIC - VIVE DIGITAL LAS FERIAS"]
[null,null,"1. PROCESO ADMINISTRATIVO / OPERATIVO","2. ACTIVIDADES","3. TAREA RUTINARIO (SI O NO)","PELIGRO",null,"6. EFECTOS POSIBLES\n(Salud - Seguridad)","CONTROLES EXISTENTES",null,null,"EVALUACIÓN DEL RIESGO",null,null,null,null,null,null,"VALORACIÓN DEL RIESGO","MEDIDAS DE INTERVENCIÓN"]
[null,null,null,null,null,"4. DESCRIPCIÓN","5. CLASIFICACIÓN",null,"7. FUENTE","8. MEDIO","9. INDIVIDUO","10. NIVEL DE DEFICIENCIA","11. NIVEL DE EXPOSICIÓN","12. NIVEL DE PROBABILIDAD ND X NE","13. INTERPRETACIÓN DEL NIVEL DE PROBABILIDAD","14. NIVEL DE CONSECUENCIA","15. NIVEL DE RIESGO NR E INTERVENCIÓN","16. INTERPRETACIÓN DEL NR","17. ACEPTABILIDAD DEL RIESGO","18 ELIMINACIÓN","19. SUSTITUCIÓN","20. CONTROLES DE INGENIERIA","21. CONTROLES ADMINISTRATIVOS, SEÑALIZACIÓN, ADVERTENCIA","22. ELEMENTOS DE PROTECCIÓN PERSONAL"]
[null,null,"ADMINISTRATIVO","ACTIVIDAD PLANEACIÓN, ELABORACIÓN Y EJECUCION DE DOCUMENTOS. USO DE HERRAMIENTAS TECNOLOGICAS Y VIDEO TERMINALES. INTERACCIONES LABORALES Y ADMINISTRATIVAS (ATENCIÓN AL CIUDADANO). DIGITACIÓN, ANÁLISIS DE INFORMACIÓN, EJECUCIÓN DE TRÁMITES DE LOS EQUIPOS DE INFORMÁTICA, DISEÑO DE SOFTWARE, PROGRAMACIÓN DE COMPUTADORES, DESARROLLAR PROGRAMAS, PROYECTOS INNOVACIÓN - TECNOLOGÍA DE LA INNOVACIÓN - ESTRATEGIAS PARA EL USO DE LAS TIC","SI","Postura Prolongada (Postura sedente más del 75% de la jornada laboral en trabajo con video terminales)","BIOMECÁNICO","*Dolor lumbar inespecífico\n*Espasmos musculares","No aplica","Ninguno","Ninguno",6,2,{"$f":"+L9*M9","v":12},{"$f":"IF(N9>=24,\"MUY ALTO\",IF(N9>=10,\"ALTO\",IF(N9>=6,\"MEDIO\",\"BAJO\")))","v":"ALTO"},25,{"$f":"+N9*P9","v":300},{"$f":"IF(Q9>=600,\"I\",IF(Q9>=150,\"II\",IF(Q9>=40,\"III\",IF(Q9>=20,\"IV\"))))","v":"II"},{"$f":"IF(Q9>=600,\"NO ACEPTABLE\",IF(Q9>=150,\"ACEPTABLE CON CONTROL ESPECIFICO\",IF(Q9>=40,\"MEJORABLE\",IF(Q9>=20,\"ACEPTABLE\"))))","v":"ACEPTABLE CON CONTROL ESPECIFICO"},"NO APLICA","NO SE REQUIERE","NO SE REQUIERE","*Realizar re inducción en higiene postural, ergonomía en oficina, gimnasia laboral y pausas activas.                                                                 \n\n*Continuar con las actividades del sistema de vigilancia epidemiológico  para prevención de desordenes musculo esqueléticas asociadas al peligro biomecánico (PGR-SIG-205 vigilancia epidemiológica para la prevención de desórdenes musculo-esqueléticos.)                                                                                   \n\n*Realizar pausas activas en el área (INS-SIG-202 instructivo de pausas activas saludables )                                                                                                                                       ","NO APLICA"]
[null,null,null,null,null,"Esfuerzo visual                                   (Por consulta y digitación de datos e información)                                     ","BIOMECÁNICO","Fatiga visual","Ninguno","Ninguno","Ninguno",6,2,{"$f":"+L10*M10","v":12},{"$f":"IF(N10>=24,\"MUY ALTO\",IF(N10>=10,\"ALTO\",IF(N10>=6,\"MEDIO\",\"BAJO\")))","v":"ALTO"},25,{"$f":"+N10*P10","v":300},{"$f":"IF(Q10>=600,\"I\",IF(Q10>=150,\"II\",IF(Q10>=40,\"III\",IF(Q10>=20,\"IV\"))))","v":"II"},{"$f":"IF(Q10>=600,\"NO ACEPTABLE\",IF(Q10>=150,\"ACEPTABLE CON CONTROL ESPECIFICO\",IF(Q10>=40,\"MEJORABLE\",IF(Q10>=20,\"ACEPTABLE\"))))","v":"ACEPTABLE CON CONTROL ESPECIFICO"},"NO APLICA","NO APLICA","NO APLICA","*Implementar el programa de pausas activas (INS-SIG-202 instructivo de pausas activas saludables )      ","NO APLICA"]
[null,null,null,null,null,"Movimientos repetitivos  \n(Digitación)","BIOMECÁNICO","Síndrome de Túnel del Carpo ( STC).\nSíndrome de Quervain","Ninguno","Ninguno","Ninguno",6,2,12,"ALTO",25,300,"II","ACEPTABLE CON CONTROL ESPECIFICO","NO SE REQUIERE","NO SE REQUIERE","NO SE REQUIERE","*Se recomienda la implementación permanente de pausas activas durante la jornada laboral (INS-SIG-202 instructivo de pausas activas saludables )                                                                                                                                                       ","NO APLICA"]
[null,null,null,null,null,"Radiaciones No ionizantes                                   (Exposición permanente  a pantallas del computador)","FÍSICO ","*Fatiga visual\n*Daños a la visión (Sequedad en los ojos - ojo enrojecido)\n*Tensión ocular ","Uso de pantalla antirreflejo","Ninguno","Ninguno",2,2,4,"BAJO",25,100,"III","MEJORABLE","NO APLICA","NO SE REQUIERE","NO SE REQUIERE","*Se recomienda la implementación permanente de pausas activas durante la jornada laboral.  Realizar reinducción (INS-SIG-202 instructivo de pausas activas saludables )                                                                                                                                             ","NO APLICA"]
[null,null,null,null,null,"Mecánico                                         (Manejo de Equipos y elementos de Oficina)","CONDICIONES DE SEGURIDAD","*Traumas de tejidos blandos (Laceración, contusión, etc.)       ","Elementos de trabajo en buen estado","Ninguno","Ninguno",2,2,4,"BAJO",25,100,"III","MEJORABLE","NO SE REQUIERE","NO SE REQUIERE","NO SE REQUIERE","*Continuar con el uso adecuado de los elementos de trabajo, realizar cambio de los elementos que se observen en mal estado. Realizar reinducción (PRO-SIG-202 procedimiento administración de elementos de EPP.)       ","NO APLICA"]
[null,null,null,null,null,"Eléctrico Baja tensión. (Cableado eléctrico de equipo de computo expuesto)","CONDICIONES DE SEGURIDAD","*En caso de cortos, puede generarse electrocución \n*Se potencializa el riesgo de incendio y accidentes por caídas. ","Ninguno","Realización de inspecciones","Ninguno",2,2,4,"BAJO",25,100,"III","MEJORABLE","NO APLICA","NO SE REQUIERE","NO SE REQUIERE","* Realizar inspecciones de seguridad para verificar estado de cableado del  área.  *Verificar carga, ubicación y señalización de extintor Solkaflam (PGR-SIG-204 orden y aseo.  )","NO APLICA"]
[null,null,null,null,null,"Locativo\nInstalaciones en mal estado\n (Gotera en el techo - Humedad en la pared)","CONDICIONES DE SEGURIDAD","*Desplome de estructuras por la humedad presentada \n*Infecciones en vías respiratorias\n* Alergias","Ninguno","Ninguno","Ninguno",2,2,4,"BAJO",25,100,"III","MEJORABLE","NO SE REQUIERE","NO SE REQUIERE","*Realizar mantenimiento correctivo a las instalaciones, con el fin de eliminar la humedad y a gotera en el área. ","NO APLICA","NO APLICA"]
[null,null,null,null,null,"Locativo\nHacinamiento\n(El área es reducida para la cantidad de personas que laboran en ella)","CONDICIONES DE SEGURIDAD","*Atención tardía en caso de emergencias \n*Dificultad en la evacuación en caso de una emergencia. ","Ninguno","Control de aforo","Ninguno",2,2,4,"BAJO",25,100,"III","MEJORABLE","NO SE REQUIERE","NO SE REQUIERE","Se recomienda ampliar el área de la oficina y/o asignar otro espacio para reubicar personal del área, con el fin de mejorar las condiciones de trabajo. H","Hacer seguimiento al cumplimiento del aforo (PLA-SIG-206 retorno seguro al trabajo.)","NO APLICA"]
[null,null,null,"TRANSFERENCIAS DOCUMENTALES. MANEJO DE CORRESPONDENCIA. ACTIVIDAD MANEJO DE ARCHIVO. REGISTRO, INVENTARIO Y CONTROL DE PRÉSTAMO DE LOS LIBROS ","SI","Mecánico                                                     \nManejo de herramientas manuales \n(Grapadora, saca ganchos, perforadora, ganchos legadores)","CONDICIONES DE SEGURIDAD\n","Golpes, heridas, pinchazos, magulladuras de diferentes en los miembros superiores ","Ninguno","Ninguno ","Ninguno ",2,2,4,"BAJO",25,100,"III","MEJORABLE","NINGUNO ","NINGUNO ","NINGUNO ","*Capacitación sobre manejo seguro de herramientas.\n*Capacitación en prevención en lesiones de mano.\n*Inspeccionar las diferentes herramientas utilizados en la oficina para labores administrativas. (PGR-SIG-204 orden y aseo.  )","NO APLICA"]
[null,null,null,null,null,"Postura Forzada                            Miembros superiores en la gravedad por el espacio reducido del plano de trabajo\n","BIOMECÁNICO","Lumbalgias, Cervicalgias, Mialgias, lesiones y síndromes doloroso, tendinitis, estamos de manos ","Ninguno","Ninguno","Jornadas de pausas activas ",6,2,12,"ALTO",25,300,"II","ACEPTABLE CON CONTROL ESPECIFICO","NINGUNO ","NINGUNO ","NINGUNO ","* Pausas activas a lo largo de la jornada laboral y sensibilizar sobre su importancia (INS-SIG-202 instructivo de pausas activas saludables )       , * Realizar seguimiento para el S.V.E  para lesiones osteo musculares (PGR-SIG-205 vigilancia epidemiológica para la prevención de desórdenes musculo-esqueléticos.)    .\n* Se recomienda  revisar la posibilidad de contar con un plano de trabajo en \"L\" que garantice que la manos, brazo y muñeca permanezcan en línea recta en el momento de digitar. \n","NO APLICA "]
[null,null,null,null,null,"Postura Anti gravitacional                            Miembros superiores en la gravedad","BIOMECÁNICO"," Tendinitis Estamos de manos","Ninguno","Ninguno","Jornadas de pausas activas ",6,2,12,"ALTO",25,300,"II","ACEPTABLE CON CONTROL ESPECIFICO","NINGUNO ","NINGUNO ","NINGUNO ","* Pausas activas a lo largo de la jornada laboral y sensibilizar sobre su importancia (INS-SIG-202 instructivo de pausas activas saludables )       , * Realizar seguimiento para el S.V.E  para lesiones osteo musculares (PGR-SIG-205 vigilancia epidemiológica para la prevención de desórdenes musculo-esqueléticos.)    .\n* Se recomienda  revisar la posibilidad de contar con un plano de trabajo en \"L\" que garantice que la manos, brazo y muñeca permanezcan en línea recta en el momento de digitar. \n","NO APLICA "]
[null,null,null,null,null,"Locativo \nTechos en mal estado \nProblemas de humedad ","CONDICIONES DE SEGURIDAD","Colapso estructural - Hongos- bacterias","Ninguno","Ninguno ","Ninguno ",2,2,4,"BAJO",25,100,"III","MEJORABLE","NINGUNO ","NINGUNO ","NINGUNO ","*Realizar mantenimiento preventivo y correctivo de las instalaciones locativas, con el fin de mejorar las condiciones de trabajo y prevenir  enfermedades a los trabajadores.                                                                                                                    * Mantenimiento de los techos para  evitar  la proliferación de animales ( murciélagos- palomas) y control de humedad. \n*Se recomienda erradicar los palomas del área. (PGR-SIG-204 orden y aseo.  )","NO APLICA"]
[null,null,null,null,null,"Locativo - Infraestructura                           Sistemas de almacenamiento y condiciones técnico ambientales inadecuados del archivo                        ","CONDICIONES DE SEGURIDAD","Accidentes de trabajo -  Deterioro del archivo - Caídas de objetos (cajas) ","Ninguno","Ninguno","Ninguno",2,2,4,"BAJO",25,100,"III","MEJORABLE","NINGUNO ","NINGUNO ","NINGUNO "," *Ubicación del archivo debe ser un terreno sin riesgos de humedad subterránea o problemas de inundación y que ofrezca estabilidad.","NO APLICA"]
[null,null,null,null,null,"Locativo\nSistema de almacenamiento  \nUbicación inadecuada de los archivadores anclados a la pared","CONDICIONES DE SEGURIDAD\n","*Golpes\n*Contusión \n*Traumas superficiales\n*Heridas","NINGUNO","NINGUNO","NINGUNO",2,2,4,"BAJO",25,100,"III","MEJORABLE","NINGUNO ","NINGUNO ","NINGUNO ","*Se recomienda instalar protectores de seguridad en el soporte de agarre de los archivadores, con el fin de evitar heridas graves y disminuir los golpes. \n*Sensibilización a los trabajadores  en auto cuido. ","NO APLICA"]
[null,null,null,null,null,"Postura Forzada                            \nAltura inadecuada de la pantalla visual  por el portátil ","BIOMECÁNICO"," Tendinitis Estamos de manos","Ninguno","Ninguno","Jornadas de pausas activas ",6,2,12,"ALTO",25,300,"II","ACEPTABLE CON CONTROL ESPECIFICO","NINGUNO ","NINGUNO ","NINGUNO ","* Pausas activas a lo largo de la jornada laboral y sensibilizar sobre su importancia (INS-SIG-202 instructivo de pausas activas saludables )      , * Realizar seguimiento para el S.V.E  para lesiones osteo musculares. A. *Se recomienda graduar y elevar la altura de la pantalla visual para mejorar posturas de los puestos de trabajo con portátil. ","*Se recomienda elementos de confort: Base portátil, apoyapiés, teclado adicional "]
[null,null,null,null,null,"Movimientos repetitivos  Abrir y cerrar las estanterías móviles del archivo (rodantes) ","BIOMECÁNICO ","Síndrome del Túnel Carpiano, Manguito rotador ","Ninguno","Ninguno","Pausas Activas Implementación del SVE DMO ",6,2,12,"ALTO",25,300,"II","ACEPTABLE CON CONTROL ESPECIFICO","NINGUNO ","NINGUNO ","NINGUNO ","*Implementar el programa de pausas activas  (INS-SIG-202 instructivo de pausas activas saludables )                                                                   *Implementación del Sistema de vigilancia epidemiológico desordenes musculo esqueléticos, con el fin de identificar las personas con sintomatología y hacer el respectivo seguimiento y control de los diagnósticos médicos que se presenten (PGR-SIG-205 vigilancia epidemiológica para la prevención de desórdenes musculo-esqueléticos.)   .","NO APLICA"]
[null,null,null,null,null,"Movimientos Repetitivos\n(Sólo las manos, digitación en teclado y uso de mouse)","BIOMECÁNICO","Síndromes túnel del carpo\n\nSíndrome de Quervain","Ninguno","SVE  Biomecánico ","Ninguno",6,2,12,"ALTO",25,300,"II","ACEPTABLE CON CONTROL ESPECIFICO","NINGUNO ","NINGUNO ","NINGUNO ","*Implementar el programa de pausas activas, específicamente  (INS-SIG-202 instructivo de pausas activas saludables )                                          *Continuar con la implementación del Sistema de vigilancia epidemiológico osteomuscular (PGR-SIG-205 vigilancia epidemiológica para la prevención de desórdenes musculo-esqueléticos.)    .","NO APLICA"]
[null,null,null,null,null,"Públicos                                                     Agresiones verbales con la atención de usuarios, estudiantes,  ","CONDICIONES DE SEGURIDAD","Heridas, Muerte, estrés laboral","Ninguno","Ninguno ","Ninguno ",2,2,4,"BAJO",100,400,"II","ACEPTABLE CON CONTROL ESPECIFICO","NINGUNO ","NINGUNO ","NINGUNO ","*Diseñar e implementar  planes contingencia para diferentes situaciones  de emergencia (PLA-SIG-204 plan de prevención, preparación y respuesta ante emergencias).       \n* Continuar con la vigilancia física del centro de trabajo. \n* Capacitaciones para intervenir el riesgo.(EST-SIG-01/03 ESTANDAR DE SEGURIDAD PARA ACTIVIDADES FUERA DE LA SEDE)","NO APLICA "]
[null,null,null,null,null,"Locativo \nLuminarias sin protectores (rejillas)","CONDICIONES DE SEGURIDAD","Caídas de los tubos fluorescentes, golpes, contusiones ","Ninguno","Ninguno ","Ninguno ",2,2,4,"BAJO",25,100,"III","MEJORABLE","NINGUNO ","NINGUNO ","NINGUNO ","*Se recomienda que las luminarias cuenten con protectores (rejillas), para dar cumplimiento a la Resolución 180540 de 2010.    ","NO APLICA"]
[null,null,null,null,null,"Material Particulado Acumulación de material particulado (polvo) de los libros  ","QUÍMICO","Irritaciones, alergias a nivel respiratorio","Limpieza periódica a los archivos ","Ninguno","Capacitación en manejo y seguridad de los archivos . Uso de mascarilla respiratoria y gafas ",2,2,4,"BAJO",25,100,"III","MEJORABLE","NINGUNO ","NINGUNO ","NINGUNO ","*Exámenes periódicos anualmente al personal  expuesto con espirómetros \n* Se recomienda que el personal de servicios generales realice limpieza completa del archivo durante la semana. Realizar reinducción (PGR-SIG-204 orden y aseo.  )","Uso de tapabocas obligatorio"]
[null,null,null,null,null,"Movimientos Repetitivos\nOrganizar los libros ","BIOMECÁNICO","Síndromes túnel del carpo\n\nSíndrome de Quervain","Ninguno","SVE  Biomecánico ","Ninguno",2,2,4,"BAJO",25,100,"III","MEJORABLE","NINGUNO ","NINGUNO ","NINGUNO ","*Implementar el programa de pausas activas (INS-SIG-202 instructivo de pausas activas saludables )      , específicamente                                                                                      *Continuar con la implementación del Sistema de vigilancia epidemiológico osteomuscular (PGR-SIG-205 vigilancia epidemiológica para la prevención de desórdenes musculo-esqueléticos.)    .","NO APLICA"]
[null,null,null,null,null,"Manipulación manual de cargas                                               \nLevantar cajas de archivo del piso","BIOMECÁNICO","Hernias Discales - Bursitis de hombro - Bursitis de rodilla ","Ninguno","Ninguno","Capacitación manejo adecuado de cargas ",6,2,12,"ALTO",25,300,"II","ACEPTABLE CON CONTROL ESPECIFICO","NINGUNO ","NINGUNO ","NINGUNO ","*Continuar con la implementación del sistema de vigilancia epidemiológico osteomuscular (PGR-SIG-205 vigilancia epidemiológica para la prevención de desórdenes musculo-esqueléticos.)    .                                                                             *Continuar con la capacitación y  permanente  en  higiene postural, ergonomía en oficina, gimnasia laboral y pausas activas (INS-SIG-202 instructivo de pausas activas saludables )         ","NO APLICA"]
[null,null,null,null,null,"Material Particulado Acumulación de material particulado (polvo) del archivo antiguo  y tipo de tipo. ","QUÍMICO","Irritaciones, alergias a nivel respiratorio","Limpieza periódica a los archivos ","Ninguno","Capacitación en manejo y seguridad de los archivos . Uso de mascarilla respiratoria y gafas ",2,2,4,"BAJO",25,100,"III","MEJORABLE","NINGUNO ","NINGUNO ","NINGUNO ","*Exámenes periódicos anualmente al personal  expuesto con espirómetros \n* Se recomienda que el personal de servicios generales realice limpieza completa del archivo durante la semana (PGR-SIG-204 orden y aseo.  ).","Uso de tapabocas obligatorio"]
[null,null,null,null,null,"Hongos- Bacterias       \nPresencia libros antiguos  ","BIOLÓGICO ","Afecciones respiratorias ","Fumigación ","Ninguno","Capacitación en manejo y seguridad de los archivos . Uso de mascarilla respiratoria y gafas ",2,2,4,"BAJO",25,100,"III","MEJORABLE","NINGUNO ","NINGUNO ","NINGUNO ","\n* Se recomienda continuar con el proceso de intervención (limpieza) de los libros antiguos (PGR-SIG-204 orden y aseo.  )","Uso de guantes de nitrilo y tapabocas "]
[null,null,null,null,null,"Hongos       \nMalos olores  en el área                      ","BIOLÓGICO ","Alergias,  Malos olores ","Ninguno","Ninguno","Ninguno",2,2,4,"BAJO",25,100,"III","MEJORABLE","NINGUNO ","NINGUNO ","NINGUNO ","*Se recomienda mantenimiento de las instalaciones para eliminar los malos olores (PGR-SIG-204 orden y aseo.  ).\n* Se recomienda  mantenimiento de  los techos para el control de goteras (humedad). ","NO APLICA"]
[null,null,null,null,null,"Locativo \nDesnivel en la superficie de trabajo  en la entrada ","CONDICIONES DE SEGURIDAD","Caídas, golpes, incidentes  y accidentes de y trabajo ","Ninguno ","Señalización de advertencia","Capacitación en prevención de caídas",2,2,4,"BAJO",25,100,"III","MEJORABLE","NINGUNO ","NINGUNO ","NINGUNO ","*Se recomienda demarcar con cinta de precaución el desnivel de la superficie de trabajo para mejor visibilidad del funcionario  y del visitante. \n* Instalar cinta de precaución en el desnivel de la superficie de trabajo. ","NO APLICA "]
[null,null,null,null,null,"Locativo \nLuminarias sin protectores (rejillas)","CONDICIONES DE SEGURIDAD","Caídas de los tubos fluorescentes, golpes, contusiones ","Ninguno","Ninguno ","Ninguno ",2,2,4,"BAJO",25,100,"III","MEJORABLE","NINGUNO ","NINGUNO ","NINGUNO ","*Se recomienda que las luminarias cuenten con protectores (rejillas), para dar cumplimiento a la Resolución 180540 de 2010.    ","NO APLICA"]
[null,null,null,null,null,"Locativo - Infraestructura\n\nTechos en mal estado \nProblemas de humedad ","CONDICIONES DE SEGURIDAD","Colapso estructural - Hongos- bacterias","Ninguno","Ninguno ","Ninguno ",2,2,4,"BAJO",25,100,"III","MEJORABLE","NINGUNO ","NINGUNO ","NINGUNO ","*Realizar mantenimiento preventivo y correctivo de las instalaciones locativas, con el fin de mejorar las condiciones de trabajo y prevenir  enfermedades a los trabajadores.                                                                                                                    * Mantenimiento de los techos para  evitar  la proliferación de animales ( roedores) y control de humedad. ","NO APLICA"]
[null,null,"OPERATIVO","ACTIVIDAD DESPLAZAMIENTO A EVENTOS Y REUNIONES INSTITUCIONALES, INSPECCIONES, ACTIVIDADES DE BIENESTAR DEPORTIVAS Y CULTURALES, ACTIVIDADES DE PROGRAMACIÓN PARA EQUIPOS FUERA DE LA SEDE","SI","Accidentes de tránsito                           (En los desplazamientos de la visitas a los centros de trabajo)\nVER MATRIZ RIESGO VIAL","CONDICIONES DE SEGURIDAD","*Muerte \n*Lesiones graves en el cuerpo entero\n*Atrapamiento vehicular","Ninguno","Ninguno","Ninguno",2,2,4,"BAJO",100,400,"II","ACEPTABLE CON CONTROL ESPECIFICO","NO APLICA","NO APLICA","*Se debe empezar a realizar la inspección pre operacional de vehículos de la empresa, para identificar condiciones del mismo. ","*Dar cumplimiento al plan de capacitación del PESV \n*Continuar sensibilización en seguridad vial, en lo referente a los roles de seguridad vial (Conductor - Pasajero - Peatón) (PLA-SIG-202 pesv plan estratégico de seguridad vial.)","NO APLICA"]
[null,null,null,null,null,"Locativo\nSuperficies de trabajo  irregulares y  desniveladas                                 (Desplazamiento en los diferentes áreas)","CONDICIONES DE SEGURIDAD","*Golpes \n*Caídas","Ninguno","Ninguno","Ninguno",2,2,4,"BAJO",25,100,"III","MEJORABLE","NO APLICA","NO APLICA","NO APLICA","*Se recomienda uso de calzado adecuado según el área a visitar, con el fin de evitar caídas ( PGR-SIG-203-programa protección contra caídas. )          ","Continuar con el uso de  EPP requeridos según el área a auditar: \n*Calzado de seguridad (Botas).\n*Casco\n*Protección respiratoria "]
[null,null,null,null,null,"Público\n(Robos - Atracos - Asaltos)","CONDICIONES DE SEGURIDAD","*Golpes\n*Agresiones verbales y físicas \n*Atentados violentos\n*Heridas\n*Muerte","Cámaras de seguridad","Ninguno","Capacitación en emergencias a brigadistas ",2,2,4,"BAJO",100,400,"II","ACEPTABLE CON CONTROL ESPECIFICO","NO APLICA","NO APLICA","NO APLICA","*Diseñar, implementar  y socializar los planes contingencia para diferentes situaciones  de emergencia   (PLA-SIG-204 plan de prevención, preparación y respuesta ante emergencias)(EST-SIG-01/03 ESTANDAR DE SEGURIDAD PARA ACTIVIDADES FUERA DE LA SEDE)","NO APLICA"]
[null,null,null,null,null,"Manipulación manual de cargas \"Empujar equipos\"                         ","BIOMECÁNICO","*Hombro doloroso\n*Epicondilitis\n*Tendinitis\n*Bursitis","No aplica","Ninguno","Ninguno",2,2,4,"BAJO",25,100,"III","MEJORABLE","NO APLICA","NO APLICA","NO APLICA","*Formación de líderes en pausas activas en la sede, con el fin de implementar las mismas (INS-SIG-202 instructivo de pausas activas saludables )      .\n*Continuar con las actividades del sistema de vigilancia epidemiológico  para prevención de desordenes musculo esqueléticas asociadas al peligro biomecánico (PGR-SIG-205 vigilancia epidemiológica para la prevención de desórdenes musculo-esqueléticos.)    .\n*Se recomienda hacer re inducción en manejo seguro de cargas ","No aplica"]
[null,null,null,null,null,"Mecánico                                         (Uso de herramientas manuales en la limpieza de equipos)","CONDICIONES DE SEGURIDAD","*Traumas de tejidos blandos (Laceración, contusión, etc.)       ","Ninguno","Ninguno","Ninguno",2,2,4,"BAJO",25,100,"III","MEJORABLE","NO SE REQUIERE","NO SE REQUIERE","*Realizar mantenimiento preventivo y correctivo de las herramientas de trabajo. ","*Continuar con el uso adecuado de los elementos de trabajo. \n*Se debe realizar seguimiento al uso adecuado de los EPP. (PRO-SIG-202 procedimiento administración de elementos de EPP.)       \n","NO APLICA"]
[null,null,"PELIGROS QUE APLICAN A TODAS LAS ACTIVIDADES",null,"SI","Ruido\n(Intermitente por el paso vehicular por la carrera 3da)","FÍSICO ","Alteraciones auditivas como hipoacusia","Ninguno","Realización de mediciones ambientales de ruido","Ninguno",2,2,4,"BAJO",25,100,"III","MEJORABLE","NO SE REQUIERE","NO SE REQUIERE","NO SE REQUIERE","*Se recomienda realizar mediciones ambientales de ruido, con el fin de identificar los niveles de exposición de ruido en el área. ","NO APLICA"]
[null,null,null,null,"SI","Virus \n(exposición al agente biológico Virus SARS – Cov – 2,  por contacto directo con personas u objetos contaminados).  ","BIOLÓGICO","Enfermedad Covid–19 que puede producir: Malestar, fiebre, dolor de garganta, perdida del olfato y del gusto, dificultad respiratoria, neumonía, náuseas, vómitos o diarrea, órganos como el corazón, los riñones o el hígado pueden inflamarse y provocar que dejen de funcionar correctamente lo que conlleva el empeoramiento del paciente o incluso su muerte. ","Ninguno","Limpieza y desinfección de áreas de trabajo   y en casa,  Control de aforo, señalización de advertencia.","Distanciamiento    físico, uso de mascarilla, lavado de manos constante.",2,2,4,"BAJO",100,400,"II","ACEPTABLE CON CONTROL ESPECIFICO","N.A","N.A","Trabajo en casa , diseño puestos de trabajo cumpliendo con el distanciamiento social, lavamanos y puntos de desinfección.","*Diseño e implementación del Protocolo de Bioseguridad para prevención de Covid-19.  *Implementar y promover en la planta de personal buenas prácticas de higiene y control de Covid-19 a través de actividades limpieza/desinfección de estaciones de trabajo, baños, vehículos, en casa, en desplazamiento, entre otros. \n(PGR-SIG-207 vigilancia epidemiológica para la prevención de covid-19.)  *Promover frecuentemente el lavado de manos en personal de planta, contratistas y visitantes. En caso de no contar con agua y jabón, se debe proveer con desinfectantes para manos (gel antibacterial a base de alcohol).  *Disminución de la densidad laboral en áreas de trabajo o de ocupación de la entidad promoviendo el teletrabajo. *Mantener un stop de EPP  (mascarillas ) para dotación y recambio (PRO-SIG-202 procedimiento administración de elementos de EPP.)       . *Establecer canales de comunicación individualizados y/o de grupo: correo electrónico, redes sociales, videoconferencia, teléfono para reuniones evitando la presencialidad. *Revisión y análisis de los perfiles epidemiológicos por cargo, estrategias motivación para que los funcionarios se  vacunen (PGR-SIG-207 vigilancia epidemiológica para la prevención de covid-19.) (PRO-SIG-202 procedimiento administración de elementos de EPP.)       .","Uso permanente de mascarilla respiratoria. Uso periódico de productos para limpieza (agua y jabón) y  alcohol al 70%, mono gafas o careta."]
[null,null,null,null,"SI"," Demandas Emocionales: Condiciones de la tarea                             \nLa novedad del entorno de trabajo, situación familiar:  hijos o personas mayores a cargo en el hogar en situación de riesgo, miedo al contagio, aislamiento social y confinamiento, miedos e incertidumbres laborales y socioeconómicos, espacios y recursos compartidos por varias personas ante las mismas circunstancias en sus domicilios, convertir espacios de su hogar en despachos improvisados para poder seguir desempeñando su tarea diaria, valoración subjetiva y objetiva por parte del experto mientras se aplica la batería de riesgo psicosocial.","PSICOSOCIAL","Alteraciones mentales, Ansiedad, depresión, estrés postraumático.","S.V.E. Psicosocial","S.V.E Psicosocial","Intervenciones individuales y grupales, capacitaciones, medidas de afrontamiento, manejo de habilidades sociales.",2,2,4,"BAJO",25,100,"III","MEJORABLE","N.A","N.A","Organización de los puestos de trabajo, lavamanos, dispensadores, cumpliendo con el distanciamiento."," “Mantener una comunicación actualizada, precisa, oportuna y de buena calidad para todo el personal sobre la información, recomendaciones y las herramientas comunicacionales, normas legales, emitidas por el Ministerio de Salud y Protección Social – MSPS-, como fuente oficial para el país, en relación con el comportamiento del brote de COVID-19, sus características, mitos y realidades, potenciales mecanismos de transmisión, identificación de personas con mayor riesgo, prácticas para la prevención del contagio a través del autocuidado individual y familiar, entre otras”capacitaciones del protocolo de bioseguridad, inspecciones, suministro de Elementos de bioseguridad. (PGR-SIG-207 vigilancia epidemiológica para la prevención de covid-19.) (PRO-SIG-202 procedimiento administración de elementos de EPP.)       . ","Uso de los elementos de bioseguridad, establecer el compromiso de autocuidado y trabajo seguro."]
[null,null,null,null,"SI","Características de la organización del trabajo\n(Valoración promedio mientras se realiza el proceso de aplicación de baterías de riesgo psicosocial)","PSICOSOCIAL","Alteraciones mentales, Ansiedad, depresión.","SVE. Riesgo Psicosocial","SVE. Riesgo Psicosocial","Intervenciones individuales y grupales, capacitaciones, medidas de afrontamiento, manejo de habilidades sociales.",2,2,4,"BAJO",25,100,"III","MEJORABLE","NO SE REQUIERE","NO SE REQUIERE","NO APLICA","*Aplicación de las baterías de riesgo  psicosocial, para verificar la exposición al peligro (PGR-SIG-206 vigilancia epidemiológico de riesgo psicosocial). . \nCapacitación en trabajo en equipo y competencias individuales y profesionales.\n\nAnálisis de carga laboral.                                                                                                                                     ","NO SE REQUIERE"]
[null,null,null,null,"SI","Características del grupo social y del trabajo.\n(Está en proceso la evaluación de los factores de riesgo psicosocial)","PSICOSOCIAL","Stress laboral\nAfecciones de salud                                                                                                                                                                                                                                                                                                                                                                                                            Ambientes de trabajo Hostil                                                                                                                                                                                                                                                                                                                                                                                                         Baja Productividad","Cumplimiento de la normatividad ley 1010, resolución 652 y 356, 2646.","Comité de Convivencia Laboral","Capacitaciones en habilidades sociales básicas, resolución de conflictos, liderazgo efectivo.",2,2,4,"BAJO",25,100,"III","MEJORABLE","NO SE REQUIERE","NO SE REQUIERE","NO SE REQUIERE","*Capacitación en habilidades sociales básicas y relaciones interpersonales y comunicación asertiva y efectiva. \n\n*Capacitación en liderazgo efectivo y generación de hábitos del líder. ","NO SE REQUIERE"]
[null,null,null,null,"SI","Gestión Organizacional\n(Está en proceso la evaluación de los factores de riesgo psicosocial aplicación batería de riesgo psicosocial)","PSICOSOCIAL","Stress laboral\nAfecciones de salud                                                                                                                                                                                                                                                                                                                                                                                                                     Productividad- Ausentismo","Plan de Intervención del SVE ","N/A","Intervenciones individuales y grupales, capacitaciones en liderazgo, fortalecimiento de las escuelas de liderazgo.",2,2,4,"BAJO",25,100,"III","MEJORABLE","NO SE REQUIERE","NO SE REQUIERE","NO SE REQUIERE","Fortalecimiento de las escuelas de liderazgo.","NO SE REQUIERE"]
[null,null,null,null,"SI","Contenido de la Tarea (Carga de Trabajo)\n(Está en proceso la evaluación de los factores de riesgo psicosocial aplicación batería de riesgo psicosocial)","PSICOSOCIAL","Stress laboral\nAfecciones de salud","S.V.E. Psicosocial","Distribución de la tarea por trabajo en equipo, gestión del tiempo.","Intervenciones individuales y grupales, capacitaciones, medidas de afrontamiento, manejo de habilidades sociales.",2,2,4,"BAJO",25,100,"III","MEJORABLE","NO SE REQUIERE","NO SE REQUIERE","NO SE REQUIERE","Capacitaciones, manejo del tiempo como recurso, trabajo colaborativo y ayuda percibida.  ","NO SE REQUIERE"]
[null,null,null,null,"SI","Infraestructura - Locativo     \nInstalaciones  (Desgaste de cintas antideslizantes en las escaleras)","CONDICIONES DE SEGURIDAD","Caídas al mismo y distinto nivel, esguinces, golpes, contusiones ","Ninguno","Ninguno","Ninguno",2,2,4,"BAJO",25,100,"III","MEJORABLE","NO APLICA","NO APLICA","Instalar bandas antideslizantes en las escaleras del edificio. ","*Diseñar y socializar protocolo para control de ingreso de personas adultas y menores de edad. ","NO APLICA"]
[null,null,null,null,"SI","Infraestructura - Locativo\nAusencia de estructura que evite el ingreso de aguas lluvias en los pasillos del edificio principal ","CONDICIONES DE SEGURIDAD","Caídas por Ingreso de aguas lluvias en los pasillos","Ninguno","Ninguno","Ninguno",2,2,4,"BAJO",25,100,"III","MEJORABLE","Se recomienda instalar estructura  que evite el ingreso de aguas lluvias en los pasillos de la entidad. ","NO SE REQUIERE","NO SE REQUIERE","Continuar con el uso de señalización cada que llueve\n\nInstalar señalización en los pasillos sobre no apoyarse de las barandas de los pasillos ( PGR-SIG-203-programa protección contra caídas. )          .","NO APLICA"]
[null,null,null,null,"SI","Inundación \nPor daño estructural \"Hay tanque subterráneo en el área y se inunda el área en ocasiones\"","CONDICIONES DE SEGURIDAD","*Inundaciones \n*Daños materiales (Pérdida total)\n","Ninguna","ninguna","Capacitación  en actuación ante emergencias ",2,2,4,"BAJO",25,100,"III","MEJORABLE","NO SE REQUIERE","NO SE REQUIERE","NO SE REQUIERE","*Se sugiere realizar mantenimiento preventivo y correctivo a las instalaciones de tal manera que el agua del tanque subterráneo no se rebose","NO APLICA"]
[null,null,null,null,"SI","Locativo\nSistema de almacenamiento  (Almacenamiento inadecuado de sustancias químicos)","CONDICIONES DE SEGURIDAD","*Explosión ","Ninguno","Ninguno","Ninguno",2,2,4,"BAJO",25,100,"III","MEJORABLE","NO APLICA","NO APLICA","NO APLICA","*Se recomienda realizar jornada de orden y aseo para almacenar de forma adecuada los productos químicos (PGR-SIG-204 orden y aseo.  )\n*Se debe capacitar al personal en almacenamiento adecuado de sustancias químicas, así mismo en la matriz de compatibilidad de sustancias. "]
[null,null,null,null,"SI","Público\n(Robos - Atracos - Asaltos)","CONDICIONES DE SEGURIDAD","*Golpes\n*Agresiones verbales y físicas \n*Atentados violentos\n*Heridas\n*Muerte","Cámaras de seguridad","Ninguno","capacitación en emergencias ",2,2,4,"BAJO",100,400,"II","ACEPTABLE CON CONTROL ESPECIFICO","NO APLICA","NO APLICA","Mantenimiento a cámaras de vigilancia en la sede. ","*Socializar los planes contingencia para diferentes situaciones  de emergencia específicamente riesgo público (PLA-SIG-204 plan de prevención, preparación y respuesta ante emergencias) (EST-SIG-01/03 ESTANDAR DE SEGURIDAD PARA ACTIVIDADES FUERA DE LA SEDE)","NO APLICA"]
[null,null,null,null,"SI","Público\n(Agresiones verbales - Actos Violentos)","CONDICIONES DE SEGURIDAD","*Golpes\n*Agresiones verbales y físicas \n*Atentados violentos\n*Heridas\n*Muerte","Cámaras de seguridad","Ninguno","capacitación en emergencias ",2,2,4,"BAJO",100,400,"II","ACEPTABLE CON CONTROL ESPECIFICO","NO APLICA","NO APLICA","Mantenimiento a cámaras de vigilancia en la sede. ","*Socializar los planes contingencia para diferentes situaciones  de emergencia específicamente riesgo público (PLA-SIG-204 plan de prevención, preparación y respuesta ante emergencias) (EST-SIG-01/03 ESTANDAR DE SEGURIDAD PARA ACTIVIDADES FUERA DE LA SEDE","NO APLICA"]
[null,null,null,null,"SI","Público\n(Manifestaciones públicas)","CONDICIONES DE SEGURIDAD","*Golpes\n*Agresiones verbales y físicas \n*Heridas\n*Muerte","Cámaras de seguridad","vigilancia permanente en la puerta de acceso del edificio. ","Ninguno",2,2,4,"BAJO",100,400,"II","ACEPTABLE CON CONTROL ESPECIFICO","NO APLICA","NO APLICA","Mato a cámaras ","*Socializar plan de emergencias, incluyendo los planes operativos normalizados en caso de situaciones de emergencia en riesgo público especifico para cada sede y socializarlo a todo el personal.     \n*Capacitar al personal en actuación ante emergencias en riesgo público (PLA-SIG-204 plan de prevención, preparación y respuesta ante emergencias) (EST-SIG-01/03 ESTANDAR DE SEGURIDAD PARA ACTIVIDADES FUERA DE LA SEDE)","NO APLICA"]
[null,null,null,null,"SI","Público\n(Inseguridad por actos delictivos en los alrededores de la sede)","CONDICIONES DE SEGURIDAD","*Golpes\n*Agresiones verbales y físicas \n*Atentados violentos\n*Heridas\n*Muerte","Cámaras de seguridad","vigilancia permanente en la puerta de acceso del edificio. ","Ninguno",2,2,4,"BAJO",100,400,"II","ACEPTABLE CON CONTROL ESPECIFICO","NO APLICA","NO APLICA","Mato a cámaras ","*Socializar los planes contingencia para diferentes situaciones  de emergencia específicamente riesgo público (PLA-SIG-204 plan de prevención, preparación y respuesta ante emergencias)(EST-SIG-01/03 ESTANDAR DE SEGURIDAD PARA ACTIVIDADES FUERA DE LA SEDE)","NO APLICA"]
[null,null,null,null,"SI","Radiaciones no ionizantes                       (Exposición a luz solar que ingresa por ventanales a la mayoría de los puestos de trabajo)","FÍSICO ","*Cáncer de piel\n*Quemadura solar\n*Insolación \n*Foto envejecimiento cutáneo \n *Foto carcinogénesis\n*Alteraciones oculares","Ninguno","Ninguno","Ninguno",2,2,4,"BAJO",25,100,"III","MEJORABLE","N.A","N.A","*Se recomienda instalar película de seguridad en los ventanales ","NO APLICA","NO APLICA"]
[null,null,null,null,"NO","Sismo - Temblores                  ","FENÓMENOS NATURALES","*Daños materiales (Pérdida total)\n*Heridas y lesiones graves\n*Accidentes de trabajo \n*Muerte","Ninguno","señalización de evacuación y elementos de emergencia ","Capacitación  en actuación ante emergencias ",2,2,4,"BAJO",100,400,"II","ACEPTABLE CON CONTROL ESPECIFICO","NO SE REQUIERE","NO SE REQUIERE","NO SE REQUIERE","*Se recomienda realizar estudio de vulnerabilidad y sismo resistencia de las instalaciones. \n*Capacitar al personal en actuación ante emergencias (PLA-SIG-204 plan de prevención, preparación y respuesta ante emergencias). "]
[null,null,null,null,"NO","Erupción volcán machín           ","FENÓMENOS NATURALES","*Daños materiales (Pérdida total)\n*Heridas y lesiones graves\n*Accidentes de trabajo \n*Muerte","Ninguno","señalización de evacuación y elementos de emergencia ","Capacitación  en actuación ante emergencias ",2,2,4,"BAJO",100,400,"II","ACEPTABLE CON CONTROL ESPECIFICO","NO SE REQUIERE","NO SE REQUIERE","NO SE REQUIERE","*Seguir las instrucciones que el departamento suministra para  casos de emergencia por posible erupción del Volcán (PLA-SIG-204 plan de prevención, preparación y respuesta ante emergencias).                                                                                             \n*Solicitar capacitación al ente respectivo sobre actuación en caso de erupción del volcán machín. \n*Capacitar en actuación ante emergencias en caso de erupción del volcán machín a todo el personal.  \n*Actualizar plan de emergencias incluyendo el PON por posible erupción del volcán machín y socializar a los trabajadores (PLA-SIG-204 plan de prevención, preparación y respuesta ante emergencias)."]
[null,null,null,null,"SI","Tecnológico\n(Incendios - Explosiones)\nGenerado dentro de las instalaciones del edificio","CONDICIONES DE SEGURIDAD","Incendios \nQuemaduras de grado 2 y 3\nMuerte","Ninguno","equipo para el control de incendios ","Capacitación en atención de emergencias ",2,2,4,"BAJO",100,400,"II","ACEPTABLE CON CONTROL ESPECIFICO","NO APLICA","NO APLICA","*Realizar mantenimiento preventivo y correctivo de los equipos eléctricos e instalaciones eléctricas en la sede","*Capacitación en prevención de accidentes de trabajo por riesgo eléctrico.                                                          \n\n*Continuar con las inspecciones de seguridad enfocado a riesgo eléctrico. ","NO APLICA"]
[null,null,null,null,"SI","Tecnológico\n\"Riesgo de la vecindad\"\n(Incendios - Explosiones)\nGenerados en el restaurante de Mercacentro\n","CONDICIONES DE SEGURIDAD","Incendios \nQuemaduras de grado 2 y 3\nMuerte","Ninguno","equipo para el control de incendios ","Capacitación en atención de emergencias ",2,2,4,"BAJO",100,400,"II","ACEPTABLE CON CONTROL ESPECIFICO","NO APLICA","NO APLICA","*Realizar mantenimiento preventivo y correctivo de los equipos eléctricos e instalaciones eléctricas en las diferentes sedes. ","*Diseñar y socializar PON en caso de explosiones externas a la empresa (PLA-SIG-204 plan de prevención, preparación y respuesta ante emergencias)","Calzado de seguridad"]
[null,null,null,null,"SI","Fugas de gas \n\"Riesgos de la vecindad\"\n(Generado por la presencia de restaurante en Mercacentro y por tuberías externas a la entidad) ","QUÍMICOS","Incendios \nQuemaduras de grado 2 y 3\nMuerte","Ninguno","equipo para el control de incendios ","Capacitación en atención de emergencias ",2,2,4,"BAJO",100,400,"II","ACEPTABLE CON CONTROL ESPECIFICO","NO APLICA","NO APLICA","*Solicitar a Mercacentro que se de cumplimiento a las recomendaciones generales para prevención de accidentes de trabajo por fugas de gas en el restaurante. ","*Diseñar y socializar PON en caso de fuga de gas (PLA-SIG-204 plan de prevención, preparación y respuesta ante emergencias)","NO APLICA"]
[null,null,null,null,"SI","Locativo\nSistema de almacenamiento\n(Atrapamiento por mal funcionamiento de los ascensores)\n \n","CONDICIONES DE SEGURIDAD","Atrapamiento ","Se realiza mantenimiento periódico a los ascensores","Elementos de emergencias ","Ninguno",2,2,4,"BAJO",25,100,"III","MEJORABLE","NO APLICA","NO APLICA","*Continuar con el mantenimiento preventivo y correctivo de los ascensores","*Diseñar y socializar PON en caso de atrapamiento por mal funcionamiento del ascensor (PLA-SIG-204 plan de prevención, preparación y respuesta ante emergencias).","Calzado de seguridad"]
[null,null,null,null,"SI","Postura mantenida                          (Bípeda)","BIOMECÁNICO","*Cansancio\n*Fatiga en miembros inferiores y en las articulaciones\n*Aparición de vena varice\n*Edema en los pies \n*Dolor lumbar ","No aplica","No aplica","Realiza varias tareas, lo que permite cambios de posición\n\nExámenes ocupacionales periódicos",2,2,4,"BAJO",25,100,"III","MEJORABLE","NO APLICA","NO APLICA","NO APLICA","*Solicitar a la empresa contratista realizar re inducción en higiene postural, gimnasia laboral y pausas activas.                                                                 \n*Continuar con las actividades del sistema de vigilancia epidemiológico  para prevención de desordenes musculo esqueléticas asociadas al peligro biomecánico (PGR-SIG-205 vigilancia epidemiológica para la prevención de desórdenes musculo-esqueléticos.)    .                                                                                ","No aplica"]
[null,null,null,null,"SI","Infraestructura - Locativo     \nInstalaciones  (Ausencia de citas antideslizantes en las escaleras)","CONDICIONES DE SEGURIDAD","Atención tardía ante emergencias","Ninguno","Ninguno","Ninguno",2,2,4,"BAJO",25,100,"III","MEJORABLE","NO APLICA","NO APLICA","Instalar bandas antideslizantes en las escaleras del edificio. ","*Instalar señalización dando cumplimiento a la PGR-SIG-203-programa protección contra caídas.","NO APLICA"]
[null,null,null,null,"SI","Público\n(Robos - Atracos - Asaltos - Agresiones verbales - Actos Violentos)","CONDICIONES DE SEGURIDAD","*Golpes\n*Agresiones verbales y físicas \n*Atentados violentos\n*Heridas\n*Muerte","Ninguno","Cámaras de seguridad en el primer piso","Ninguno",2,2,4,"BAJO",100,400,"II","ACEPTABLE CON CONTROL ESPECIFICO","NO APLICA","NO APLICA","Instalar cámaras de vigilancia en todos los pisos de la sede. ","*Socializar los planes contingencia para diferentes situaciones  de emergencia específicamente riesgo público (PLA-SIG-204 plan de prevención, preparación y respuesta ante emergencias) (EST-SIG-01/03 ESTANDAR DE SEGURIDAD PARA ACTIVIDADES FUERA DE LA SEDE","NO APLICA"]
[null,null,null,null,"SI","Accidentes de tránsito                      \n     \n(En los desplazamientos hacia otros centros de trabajo, en caso de que el funcionario haga uso de las bicicletas)","CONDICIONES DE SEGURIDAD","*Muerte \n*Lesiones graves en el cuerpo entero\n*Atrapamiento vehicular","Ninguno","Ninguno","Capacitación en prevención de Accidentes de transito",2,2,4,"BAJO",100,400,"II","ACEPTABLE CON CONTROL ESPECIFICO","NO APLICA","NO APLICA","NO APLICA","*Dar cumplimiento al plan de capacitación del PESV según el rol (Pasajero - Conductor - Peatón)\n*Realizar sensibilización en seguridad vial (PLA-SIG-202 pese plan estratégico de seguridad vial.)","NO APLICA"]
[null,null,null,null,"SI","Virus (cambio climático)\n ","BIOLÓGICO","Malestar general","Ninguno","Limpieza y desinfección de áreas de trabajo   y en casa,  Control de aforo, señalización de advertencia.","Distanciamiento    físico, uso de mascarilla, lavado de manos constante.",2,2,4,"BAJO",25,100,"III","MEJORABLE","NO APLICA","NO APLICA","NO APLICA","  *Promover frecuentemente el lavado de manos en personal de planta, contratistas y visitantes. En caso de no contar con agua y jabón, se debe proveer con desinfectantes para manos (gel antimaterial a base de alcohol).  *Disminución de la densidad laboral en áreas de trabajo o de ocupación de la entidad promoviendo el teletrabajo. *Mantener un stop de EPP  (mascarillas ) para dotación y recambio. *Establecer canales de comunicación individualizados y/o de grupo: correo electrónico, redes sociales, videoconferencia, teléfono para reuniones evitando la presencialidad. *Revisión y análisis de los perfiles epidemiológicos por cargo, estrategias motivación para que los funcionarios se  vacunen.   (PRO-SIG-202 Procedimiento administrativo de elementos EPP)","Uso permanente de mascarilla respiratoria. Uso periódico de productos para limpieza (agua y jabón) y  alcohol al 70%, mono gafas o careta."]
[null,null,null,null,"NO","Largas Jornadas Laborales y ausencia de descanso con altas temperaturas y radiaciones altas por factor del CAMBIO CLIMATICO.","PSICOSOCIAL","Estrés, agotamiento por trabajo continuo, cansancio, fatiga, angustia, ansiedad, poca concentración y atención, somnolencia.","Ninguno","Ninguno","PVE- Riesgo psicosocial",2,2,4,"BAJO",25,100,"III","MEJORABLE","NO APLICA","NO APLICA","NO APLICA","Introducir una rutina de tiempos de trabajo y de descanso para aquellos\ntrabajadores/as que estén expuestos a ambientes calurosos, Formación en primeros auxilios, para que puedan\nreconocer y tratar los primeros síntomas de desórdenes de salud ocasionados por una\nexposición a temperaturas extremadamente cálidas., Seguir a diario los boletines\nmeteorológicos y cambiar el horario de trabajo de gran exposición al calor\na horas más frescas del día., En trabajos a campo abierto, crear zonas descanso con carpas, Disponer de agua potable fría en lugares estratégicos y visibles, cercanos al área de trabajo.","NO SE REQUIERE"]
[null,null,null,null,"NO"," Temperaturas\nextremas (calor) por factor de CAMBIO CLIMATICO","FISICO","Stress térmico Agotamiento Mareos  Deshidratación Golpes de calor, lesiones en la piel, insolación, ","No aplica","Ninguno","Ninguno",2,2,4,"BAJO",25,100,"III","MEJORABLE","NO APLICA","NO APLICA","NO APLICA","Todos los funcionarios que realicen desplazamientos fuera de la sede deben aplicar el Estándar de Seguridad \"EST-204\"., se recomienda hidratación continua, alimentación adecuada, Organización de los puestos de trabajo, implementación de un programa de climatización. Sistemas de ventilación","Ropa de trabajo y equipos de\nprotección adecuados(camisa,\nmanga larga, pantalón largo,\ngorra o sombrero de ala ancha).\nSaber que la ropa protectora o el\nequipo de protección personal\npuede aumentar el riesgo del\nestrés por calor."]
[null,null,null,null,"NO"," Temperaturas\nextremas (calor Radiaciones No ionizantes) por factor de CAMBIO CLIMATICO","FISICO","Stress térmico Agotamiento Mareos  Deshidratación Golpes de calor, lesiones en la piel, dolor de cabeza.","No aplica","Ninguno","Protector Solar",2,2,4,"BAJO",25,100,"III","MEJORABLE","NO APLICA","NO APLICA","NO APLICA","Todos los funcionarios que realicen desplazamientos fuera de la sede deben aplicar el Estándar de Seguridad \"EST-204\"., se recomienda hidratación continua, alimentación adecuada, Organización de los puestos de trabajo, implementación de un programa de climatización. Sistemas de ventilación","Ropa de trabajo y equipos de\nprotección adecuados(camisa,\nmanga larga, pantalón largo,\ngorra o sombrero de ala ancha).\nSaber que la ropa protectora o el\nequipo de protección personal\npuede aumentar el riesgo del\nestrés por calor."]
[null,null,null,null,"NO","Inhalación de Humos y Vapores\n (Incendios Forestales )por factor CAMBIO CLIMATICO","QUÍMICO","Asfixia, Dificultad para respirar, Ardor en los ojos, conjuntivitis, Alergias, Tos, irritación de la garganta, dolor de cabeza.","No aplica","Ninguno","Ninguno",2,2,4,"BAJO",25,100,"III","MEJORABLE","NO APLICA","NO APLICA","NO APLICA","Aplicación PON para el manejo de incendios forestales, ver PLAN DE MERGENCIA PLA-SIG 204.","NO SE REQUIERE"]
[null,null,"PELIGROS QUE APLICAN A TRABAJO EN CASA",null,"SI","Postura Prolongada \n(Postura sedente más del 75% de la jornada laboral en trabajo con video terminales)","BIOMECÁNICO","*Dolor lumbar inespecífico\n*Espasmos musculares","Ninguno","Ninguno","Emisión de recomendaciones a funcionarios a través de video llamadas por parte de grupo interdisciplinario de la oficina  SST ( psicólogo, fisioterapeuta, profesional SST)",2,2,4,"BAJO",25,100,"III","MEJORABLE","NO APLICA","NO SE REQUIERE","NO SE REQUIERE","*Realizar visitas virtuales por parte del Grupo de SST para capacitar en higiene postural en casa.\n\n*Realizar pausas activas en el área (INS-SIG-202 instructivo de pausas activas saludables )      .                                                               \n\n*Continuar con las actividades del programa de vigilancia epidemiológico  para prevención de desordenes musculo esqueléticas asociadas al peligro biomecánico, para trabajo en casa (PGR-SIG-205 vigilancia epidemiológica para la prevención de desórdenes musculo-esqueléticos.)    .  Continuar con las recomendaciones a funcionarios a través de video llamadas por parte de grupo interdisciplinario de la oficina  SST ( psicólogo, fisioterapeuta, profesional SST)                                                                              ","NO APLICA"]
[null,null,null,null,"SI","Movimientos repetitivos  \n(Digitación - Escanear)","BIOMECÁNICO","Lesiones por trauma acumulativo en miembro superiores ( STC).\nSíndrome de Quervain","Ninguno","Ninguno","Emisión de recomendaciones a funcionarios a través de video llamadas por parte de grupo interdisciplinario de la oficina  SST ( psicólogo, fisioterapeuta, profesional SST)",2,2,{"$f":"+L74*M74","v":4},{"$f":"IF(N74>=24,\"MUY ALTO\",IF(N74>=10,\"ALTO\",IF(N74>=6,\"MEDIO\",\"BAJO\")))","v":"BAJO"},25,{"$f":"+N74*P74","v":100},{"$f":"IF(Q74>=600,\"I\",IF(Q74>=150,\"II\",IF(Q74>=40,\"III\",IF(Q74>=20,\"IV\"))))","v":"III"},{"$f":"IF(Q74>=600,\"NO ACEPTABLE\",IF(Q74>=150,\"ACEPTABLE CON CONTROL ESPECIFICO\",IF(Q74>=40,\"MEJORABLE\",IF(Q74>=20,\"ACEPTABLE\"))))","v":"MEJORABLE"},"NO SE REQUIERE","NO SE REQUIERE","NO SE REQUIERE","*Se recomienda la implementación permanente de pausas activas durante la jornada laboral (INS-SIG-202 instructivo de pausas activas saludables )      . Continuar con las recomendaciones a funcionarios a través de video llamadas por parte de grupo interdisciplinario de la oficina  SST ( psicólogo, fisioterapeuta, profesional SST).                                                                                                                                                  ","NO APLICA"]
[null,null,null,null,"SI","Radiaciones No ionizantes                                   (Exposición permanente a pantallas del computador)","FÍSICO ","*Fatiga visual","Ninguno","Ninguno","Emisión de recomendaciones a funcionarios a través de video llamadas por parte de grupo interdisciplinario de la oficina  SST ( psicólogo, fisioterapeuta, profesional SST)",2,2,4,"BAJO",25,100,"III","MEJORABLE","NO APLICA","NO SE REQUIERE","NO SE REQUIERE","*Se recomienda la implementación permanente de pausas activas durante la jornada laboral (INS-SIG-202 instructivo de pausas activas saludables )      .  Continuar con las recomendaciones a funcionarios a través de video llamadas por parte de grupo interdisciplinario de la oficina  SST ( psicólogo, fisioterapeuta, profesional SST).                                                                                                                                                ","NO APLICA"]
[null,null,null,null,"NO","Locativo                                                                              (Cableado eléctrico desordenado en la zona adecuada para puesto de trabajo)","CONDICIONES DE SEGURIDAD","*Se potencializa el riesgo de accidentes por caídas. ","Ninguno","Ninguno","Emisión de recomendaciones a funcionarios a través de video llamadas por parte de grupo interdisciplinario de la oficina  SST ( psicólogo, fisioterapeuta, profesional SST)",2,2,4,"BAJO",25,100,"III","MEJORABLE","NO APLICA","NO SE REQUIERE","Se recomienda agrupar el cableado eléctrico faltante, utilizando espiral porta cable u otro mecanismo de canalización. ","Realizar inspecciones de seguridad para verificar estado de cableado del  área.. Continuar con las recomendaciones a funcionarios a través de video llamadas por parte de grupo interdisciplinario de la oficina  SST ( psicólogo, fisioterapeuta, profesional SST).","NO APLICA"]
[null,null,null,null,"NO","Picaduras - Mordeduras                             (Presencia de vectores e insectos dentro de la vivienda o zona destinada para laborar).","BIOLÓGICO","Infecciones","Ninguno","Ninguno","Emisión de recomendaciones a funcionarios a través de video llamadas por parte de grupo interdisciplinario de la oficina  SST ( psicólogo, fisioterapeuta, profesional SST)",2,2,4,"BAJO",25,100,"III","MEJORABLE","NO APLICA","NO APLICA","NO APLICA","* realizar una correcta inspección del área de trabajo para garantizar la NO presencia de vectores o insectos ponzoñoso. Evitar las zona con acumulación de aguas estancadas. Continuar con las recomendaciones a funcionarios a través de video llamadas por parte de grupo interdisciplinario de la oficina  SST ( psicólogo, fisioterapeuta, profesional SST)","NO APLICA"]
[null,null,null,null,"SI","Virus y Bacterias\n (Exposición a virus y bacterias debido al uso de superficies húmedas como baños, lavamanos y lavaplatos alberca)","BIOLÓGICO","*Dermatosis\n*Reacciones alérgicas\n*Enfermedades infecciosas\n*Infecciones respiratorias","Ninguno","Ninguno","Emisión de recomendaciones a funcionarios a través de video llamadas por parte de grupo interdisciplinario de la oficina  SST ( psicólogo, fisioterapeuta, profesional SST)",2,2,4,"BAJO",25,100,"III","MEJORABLE","NO APLICA","NO APLICA","NO APLICA","*Capacitar a los trabajadores en auto cuidado y la importancia del uso de los EPP. Continuar con las recomendaciones a funcionarios a través de video llamadas por parte de grupo interdisciplinario de la oficina  SST ( psicólogo, fisioterapeuta, profesional SST)","*Uso de EPP (Guantes - Tapa bocas)"]
[null,null,null,null,"NO","Material particulado \n(Polvo en los documentos)","QUÍMICOS","*Enfermedades respiratorias\n*Infecciones virales \n*Alergias ","Ninguno","Ninguno","Emisión de recomendaciones a funcionarios a través de video llamadas por parte de grupo interdisciplinario de la oficina  SST ( psicólogo, fisioterapeuta, profesional SST)",2,2,4,"BAJO",25,100,"III","MEJORABLE","NO APLICA","NO APLICA","NO APLICA","*Realizar seguimiento del uso de los elementos de protección personal (Tapa bocas), cuando manipule archivo con polvo (PRO-SIG-202 procedimiento administración de elementos de EPP.)       .   Continuar con las recomendaciones a funcionarios a través de video llamadas por parte de grupo interdisciplinario de la oficina  SST ( psicólogo, fisioterapeuta, profesional SST).                                                         ","Suministrar tapa bocas para el desarrollo de la labor. "]
[null,null,null,null,"NO","Uso de elementos de desinfección\n(alcohol, gel antimaterial)","QUÍMICOS","\n*Alergias en piel o vías respiratorias.\n* Quemaduras ","Ninguno","Ninguno","Emisión de recomendaciones a funcionarios a través de video llamadas por parte de grupo interdisciplinario de la oficina  SST ( psicólogo, fisioterapeuta, profesional SST)",2,2,4,"BAJO",25,100,"III","MEJORABLE","NO APLICA","NO APLICA","NO APLICA","*Realizar seguimiento del uso de los elementos de protección personal (Tapa bocas), cuando manipule archivo con polvo (PRO-SIG-202 procedimiento administración de elementos de EPP.)       .  Continuar con las recomendaciones a funcionarios a través de video llamadas por parte de grupo interdisciplinario de la oficina  SST ( psicólogo, fisioterapeuta, profesional SST).                                                         ","Suministrar tapa bocas para el desarrollo de la labor. "]
[null,null,null,null,"SI","Mecánico                                         (Manejo de Equipos y elementos de Oficina)","CONDICIONES DE SEGURIDAD","*Traumas de tejidos blandos (Laceración, contusión, heridas superficiales, etc.)       ","Ninguno","Ninguno","Emisión de recomendaciones a funcionarios a través de video llamadas por parte de grupo interdisciplinario de la oficina  SST ( psicólogo, fisioterapeuta, profesional SST)",2,2,4,"BAJO",25,100,"III","MEJORABLE","NO SE REQUIERE","NO SE REQUIERE","NO SE REQUIERE","*Continuar con el uso adecuado de los elementos de trabajo, realizar cambio de los elementos que se observen en mal estado. Continuar con las recomendaciones a funcionarios a través de video llamadas por parte de grupo interdisciplinario de la oficina  SST ( psicólogo, fisioterapeuta, profesional SST) (PLA-SIG-206 retorno seguro al trabajo.)(PGR-SIG-204 orden y aseo.  ).","NO APLICA"]
[null,null,null,null,"SI","Deficiente ventilación (Las ventanas y persianas deben permanecer cerradas para evitar el ingreso de rayos solares)","FÍSICO                              ","*Disconfort por calor ambiental permanente","Ninguno","Ninguno","Emisión de recomendaciones a funcionarios a través de video llamadas por parte de grupo interdisciplinario de la oficina  SST ( psicólogo, fisioterapeuta, profesional SST)",2,2,4,"BAJO",25,100,"III","MEJORABLE","NO APLICA","NO SE REQUIERE","NO SE REQUIERE","Se recomienda contar con un área de ventilación natural o con ventilación artificial como ventiladores. Continuar con las recomendaciones a funcionarios a través de video llamadas por parte de grupo interdisciplinario de la oficina  SST ( psicólogo, fisioterapeuta, profesional SST).","NO APLICA"]
[null,null,null,null,"SI","Manipulación y desplazamiento de cargas\n(Documentos y cajas)","BIOMECÁNICO","Lesiones en columna\nEnfermedad discal\nEnfermedad lumbar ","Ninguno","Ninguno","Emisión de recomendaciones a funcionarios a través de video llamadas por parte de grupo interdisciplinario de la oficina  SST ( psicólogo, fisioterapeuta, profesional SST)",2,2,4,"BAJO",25,100,"III","MEJORABLE","NO SE REQUIERE","NO SE REQUIERE","NO SE REQUIERE","* Practicar higiene postural para el manejo de cargas. Evitar levantar mas de 10 Kg mujeres y 20 Kg Hombres. Continuar con las recomendaciones a funcionarios a través de video llamadas por parte de grupo interdisciplinario de la oficina  SST ( psicólogo, fisioterapeuta, profesional SST).","NO APLICA"]
[null,null,null,null,"SI","Iluminación\n(Deficiente de iluminación natural o artificial en el sitio adecuado para laboral dentro de la vivienda)                                             ","FÍSICO ","*Fatiga visual","Ninguno","Ninguno","Emisión de recomendaciones a funcionarios a través de video llamadas por parte de grupo interdisciplinario de la oficina  SST ( psicólogo, fisioterapeuta, profesional SST)",2,2,4,"BAJO",25,100,"III","MEJORABLE","NO APLICA","Se recomienda adecuar zona de trabajo en lugar con iluminación adecuada (que no sea excesiva o deficiente). ","NO SE REQUIERE","Se recomienda adecuar el sitio de trabajo con iluminación adecuada. Continuar con las recomendaciones a funcionarios a través de video llamadas por parte de grupo interdisciplinario de la oficina  SST ( psicólogo, fisioterapeuta, profesional SST).","NO APLICA"]
[null,null,null,null,"NO","Locativo\nSuperficies de trabajo  irregulares y  desniveladas, escaleras                                 (Desplazamiento en la vivienda)","CONDICIONES DE SEGURIDAD","*Golpes \n*Caídas\n*Fracturas","Ninguno","Ninguno","Emisión de recomendaciones a funcionarios a través de video llamadas por parte de grupo interdisciplinario de la oficina  SST ( psicólogo, fisioterapeuta, profesional SST)",2,2,4,"BAJO",25,100,"III","MEJORABLE","NO APLICA","NO APLICA","NO APLICA","*Se recomienda uso de calzado adecuado y de tacón bajo según el área a visitar, con el fin de evitar caídas. Continuar con las recomendaciones a funcionarios a través de video llamadas por parte de grupo interdisciplinario de la oficina  SST ( psicólogo, fisioterapeuta, profesional SST) ( PGR-SIG-203-programa protección contra caídas. ).","Uso de calzado bajo "]
[null,null,null,null,"SI","Virus (exposición al agente biológico Virus SARS – Cov – 2,  por contacto directo con personas u objetos contaminados).  ","BIOLÓGICO","Enfermedad Covid–19 que puede producir: Malestar, fiebre, dolor de garganta, perdida del olfato y del gusto, dificultad respiratoria, neumonía, náuseas, vómitos o diarrea, órganos como el corazón, los riñones o el hígado pueden inflamarse y provocar que dejen de funcionar correctamente lo que conlleva el empeoramiento del paciente o incluso su muerte. ","Ninguno","Ninguno","Emisión de recomendaciones a funcionarios a través de video llamadas por parte de grupo interdisciplinario de la oficina  SST ( psicólogo, fisioterapeuta, profesional SST)",2,2,4,"BAJO",100,400,"II","ACEPTABLE CON CONTROL ESPECIFICO","N.A","N.A","Trabajo en Casa","*Garantizar el autocuidado en Casa.\n*Participar en las reuniones de bioseguridad realizadas por el grupo de SST.\n*Evitar las reuniones sociales y evitar visitar sitios concurridos o de alto riesgo\n*  Realizar constante desinfección y limpieza de los sitios de trabajo (PRO-SIG-202 procedimiento administración de elementos de EPP.)       .\n* Evitar tocar cara, boca y ojos con las manos.\n* Lavar las manos cada 3 horas. Continuar con las recomendaciones a funcionarios a través de video llamadas por parte de grupo interdisciplinario de la oficina  SST ( psicólogo, fisioterapeuta, profesional SST) (PGR-SIG-207 vigilancia epidemiológica para la prevención de covid-19.)","Uso permanente de respirador buco nasal, uso de guantes en látex C-35  ó neopreno manguilla larga en limpieza de superficies. Uso periódico de productos para limpieza (agua y jabón) y para  sonetizado de manos (geles a base de alcohol al 70%), mono gafas o careta"]
[null,null,null,null,"SI","Trabajo en Casa por Aislamiento por COVID 19\nSobrecarga laboral por la realización de trabajo en casa, atender requerimientos familiares, combinado con actividades caseras\nMiedo al contagio, aislamiento social y confinamiento, miedos e incertidumbres laborales y socioeconómicos, espacios y recursos compartidos por varias personas ante las mismas circunstancias en sus domicilios, convertir espacios de su hogar en despachos improvisados para poder seguir desempeñando su tarea diaria","PSICOSOCIAL","Alteraciones mentales","Ninguno","Ninguno","Emisión de recomendaciones a funcionarios a través de video llamadas por parte de grupo interdisciplinario de la oficina  SST ( psicólogo, fisioterapeuta, profesional SST)",2,2,4,"BAJO",25,100,"III","MEJORABLE","N.A","N.A","Trabajo en Casa","Dar cumplimiento a los Lineamientos para abordar problemas y trastornos mentales en trabajadores de la salud en el marco del afrontamiento del coronavirus (Covid – 19), mediante Guía GPSG03  Marzo 2020 del Ministerio de Salud y Protección Social Inciso 4 y siguientes “Mantener una comunicación actualizada, precisa, oportuna y de buena calidad para todo el personal sobre la información, recomendaciones y las herramientas comunicacionales emitidas por el Ministerio de Salud y Protección Social – MSPS-, como fuente oficial para el país, en relación con el comportamiento del brote de COVID-19, sus características, mitos y realidades, potenciales mecanismos de transmisión, identificación de personas con mayor riesgo, prácticas para la prevención del contagio a través del autocuidado individual y familiar, entre otras\". Continuar con las recomendaciones a funcionarios a través de video llamadas por parte de grupo interdisciplinario de la oficina  SST ( psicólogo, fisioterapeuta, profesional SST) (PGR-SIG-207 vigilancia epidemiológica para la prevención de covid-19.)","Planificar el trabajo. Mantener una actitud positiva. Mantenerse activo y ocupado.  Reconocer las emociones que se viven y afrontar las principales preocupaciones con información. Mantener el contacto social a través de las nuevas tecnologías. Hacer ejercicio o actividad física."]
[null,null,null,null,"SI","Público\n(Robos - Atracos - Asaltos - Agresiones verbales - Actos Violentos)","CONDICIONES DE SEGURIDAD","*Golpes\n*Agresiones verbales y físicas \n*Atentados violentos\n*Heridas\n*Muerte","Ninguno","Ninguno","Emisión de recomendaciones a funcionarios a través de video llamadas por parte de grupo interdisciplinario de la oficina  SST ( psicólogo, fisioterapeuta, profesional SST)",2,2,4,"BAJO",100,400,"II","ACEPTABLE CON CONTROL ESPECIFICO","NO APLICA","NO APLICA","NO APLICA","*Socializar los planes contingencia para diferentes situaciones  de emergencia específicamente riesgo público. Continuar con las recomendaciones a funcionarios a través de video llamadas por parte de grupo interdisciplinario de la oficina  SST ( psicólogo, fisioterapeuta, profesional SST) (PGR-SIG-207 vigilancia epidemiológica para la prevención de covid-19.)(PLA-SIG-204 plan de prevención, preparación y respuesta ante emergencias) (EST-SIG-01/03 ESTANDAR DE SEGURIDAD PARA ACTIVIDADES FUERA DE LA SEDE)","NO APLICA"]
[null,null,null,null,"NO","Erupción volcán Machín","FENÓMENOS NATURALES","Erupción del Volcán Machín","Ninguno","Ninguno","Emisión de recomendaciones a funcionarios a través de video llamadas por parte de grupo interdisciplinario de la oficina  SST ( psicólogo, fisioterapeuta, profesional SST)",2,2,4,"BAJO",25,100,"III","MEJORABLE","NO APLICA","NO APLICA","NO APLICA","Tener en cuenta las recomendaciones dadas en los medios de comunicación de la alcaldía y recomendaciones en el video del ejercicio de la simulación  el día nacional del simulacro. Continuar con las recomendaciones a funcionarios a través de video llamadas por parte de grupo interdisciplinario de la oficina  SST ( psicólogo, fisioterapeuta, profesional SST) (PLA-SIG-204 plan de prevención, preparación y respuesta ante emergencias). ","NO APLICA"]
[null,null,null,null,"NO","Sismo - Terremoto","FENÓMENOS NATURALES","Erupción del Volcán Machín","Ninguno","Ninguno","Emisión de recomendaciones a funcionarios a través de video llamadas por parte de grupo interdisciplinario de la oficina  SST ( psicólogo, fisioterapeuta, profesional SST)",2,2,4,"BAJO",25,100,"III","MEJORABLE","NO APLICA","NO APLICA","NO APLICA","Tener en cuenta las recomendaciones dadas en los medios de comunicación de la alcaldía y recomendaciones en el video del ejercicio de la simulación  el día nacional del simulacro. Continuar con las recomendaciones a funcionarios a través de video llamadas por parte de grupo interdisciplinario de la oficina  SST ( psicólogo, fisioterapeuta, profesional SST) (PLA-SIG-204 plan de prevención, preparación y respuesta ante emergencias).","NO APLICA"]

{"sheet":"VIVE DIGITAL JORDAN","index":35,"n_rows":90,"n_cols":24,"rows_kept":90,"cut":false,"hidden":true,"merged":[[6,19,6,23],[72,2,89,3],[0,2,3,2],[0,3,1,21],[0,23,3,23],[2,3,3,21],[4,20,4,21],[4,22,4,23],[5,2,5,3],[5,4,5,23],[6,2,7,2],[6,3,7,3],[6,4,7,4],[6,5,6,6],[6,7,7,7],[6,8,6,10],[6,11,6,17],[41,2,66,3],[8,2,35,2],[8,3,15,3],[8,4,15,4],[16,3,35,3],[16,4,35,4],[36,2,40,2],[36,3,40,3],[36,4,40,4]]}
[null,null,null,"PROCESO: SISTEMA INTEGRADO DE GESTIÓN",null,null,null,null,null,null,null,null,null,null,null,null,null,null,null,null,null,null,"Código: FOR-221-PRO-SIG"]
[null,null,null,null,null,null,null,null,null,null,null,null,null,null,null,null,null,null,null,null,null,null,"Versión: 04"]
[null,null,null,"FORMATO: \nIDENTIFICACIÓN DE PELIGROS, EVALUACIÓN Y VALORACIÓN DE LOS RIESGOS \nALCALDÍA MUNICIPAL DE IBAGUÉ",null,null,null,null,null,null,null,null,null,null,null,null,null,null,null,null,null,null,"Fecha: 27/05/2022"]
[null,null,null,null,null,null,null,null,null,null,null,null,null,null,null,null,null,null,null,null,null,null,"Página: 1"]
[null,null,"FECHAS DE ACTUALIZACIÓN: ","2019-02-22","2019-03-09","2019-09-02","2019-09-11","2019-09-24","2022-05-27","2020-07-22","2021-04-09","2024-07-18"]
[null,null,"PROCESO:",null,"11. GESTIÓN TIC - VIVE DIGITAL JORDAN"]
[null,null,"1. PROCESO ADMINISTRATIVO / OPERATIVO","2. ACTIVIDADES","3. TAREA RUTINARIO (SI O NO)","PELIGRO",null,"6. EFECTOS POSIBLES\n(Salud - Seguridad)","CONTROLES EXISTENTES",null,null,"EVALUACIÓN DEL RIESGO",null,null,null,null,null,null,"VALORACIÓN DEL RIESGO","MEDIDAS DE INTERVENCIÓN"]
[null,null,null,null,null,"4. DESCRIPCIÓN","5. CLASIFICACIÓN",null,"7. FUENTE","8. MEDIO","9. INDIVIDUO","10. NIVEL DE DEFICIENCIA","11. NIVEL DE EXPOSICIÓN","12. NIVEL DE PROBABILIDAD ND X NE","13. INTERPRETACIÓN DEL NIVEL DE PROBABILIDAD","14. NIVEL DE CONSECUENCIA","15. NIVEL DE RIESGO NR E INTERVENCIÓN","16. INTERPRETACIÓN DEL NR","17. ACEPTABILIDAD DEL RIESGO","18 ELIMINACIÓN","19. SUSTITUCIÓN","20. CONTROLES DE INGENIERIA","21. CONTROLES ADMINISTRATIVOS, SEÑALIZACIÓN, ADVERTENCIA","22. ELEMENTOS DE PROTECCIÓN PERSONAL"]
[null,null,"ADMINISTRATIVO","ACTIVIDAD PLANEACIÓN, ELABORACIÓN Y EJECUCION DE DOCUMENTOS. USO DE HERRAMIENTAS TECNOLOGICAS Y VIDEO TERMINALES. INTERACCIONES LABORALES Y ADMINISTRATIVAS (ATENCIÓN AL CIUDADANO). DIGITACIÓN, ANÁLISIS DE INFORMACIÓN, EJECUCIÓN DE TRÁMITES DE LOS EQUIPOS DE INFORMÁTICA, DISEÑO DE SOFTWARE, PROGRAMACIÓN DE COMPUTADORES, DESARROLLAR PROGRAMAS, PROYECTOS INNOVACIÓN - TECNOLOGÍA DE LA INNOVACIÓN - ESTRATEGIAS PARA EL USO DE LAS TIC","SI","Postura Prolongada (Postura sedente más del 75% de la jornada laboral en trabajo con video terminales)","BIOMECÁNICO","*Dolor lumbar inespecífico\n*Espasmos musculares","No aplica","Ninguno","Ninguno",6,2,{"$f":"+L9*M9","v":12},{"$f":"IF(N9>=24,\"MUY ALTO\",IF(N9>=10,\"ALTO\",IF(N9>=6,\"MEDIO\",\"BAJO\")))","v":"ALTO"},25,{"$f":"+N9*P9","v":300},{"$f":"IF(Q9>=600,\"I\",IF(Q9>=150,\"II\",IF(Q9>=40,\"III\",IF(Q9>=20,\"IV\"))))","v":"II"},{"$f":"IF(Q9>=600,\"NO ACEPTABLE\",IF(Q9>=150,\"ACEPTABLE CON CONTROL ESPECIFICO\",IF(Q9>=40,\"MEJORABLE\",IF(Q9>=20,\"ACEPTABLE\"))))","v":"ACEPTABLE CON CONTROL ESPECIFICO"},"NO APLICA","NO SE REQUIERE","NO SE REQUIERE","*Realizar re inducción en higiene postural, ergonomía en oficina, gimnasia laboral y pausas activas.                                                                 \n\n*Continuar con las actividades del sistema de vigilancia epidemiológico  para prevención de desordenes musculo esqueléticas asociadas al peligro biomecánico (PGR-SIG-205 vigilancia epidemiológica para la prevención de desórdenes musculo-esqueléticos.)                                                                                   \n\n*Realizar pausas activas en el área (INS-SIG-202 instructivo de pausas activas saludables )                                                                                                                                       ","NO APLICA"]
[null,null,null,null,null,"Esfuerzo visual                                   (Por consulta y digitación de datos e información)                                     ","BIOMECÁNICO","Fatiga visual","Ninguno","Ninguno","Ninguno",6,2,{"$f":"+L10*M10","v":12},{"$f":"IF(N10>=24,\"MUY ALTO\",IF(N10>=10,\"ALTO\",IF(N10>=6,\"MEDIO\",\"BAJO\")))","v":"ALTO"},25,{"$f":"+N10*P10","v":300},{"$f":"IF(Q10>=600,\"I\",IF(Q10>=150,\"II\",IF(Q10>=40,\"III\",IF(Q10>=20,\"IV\"))))","v":"II"},{"$f":"IF(Q10>=600,\"NO ACEPTABLE\",IF(Q10>=150,\"ACEPTABLE CON CONTROL ESPECIFICO\",IF(Q10>=40,\"MEJORABLE\",IF(Q10>=20,\"ACEPTABLE\"))))","v":"ACEPTABLE CON CONTROL ESPECIFICO"},"NO APLICA","NO APLICA","NO APLICA","*Implementar el programa de pausas activas (INS-SIG-202 instructivo de pausas activas saludables )      ","NO APLICA"]
[null,null,null,null,null,"Movimientos repetitivos  \n(Digitación)","BIOMECÁNICO","Síndrome de Túnel del Carpo ( STC).\nSíndrome de Quervain","Ninguno","Ninguno","Ninguno",6,2,12,"ALTO",25,300,"II","ACEPTABLE CON CONTROL ESPECIFICO","NO SE REQUIERE","NO SE REQUIERE","NO SE REQUIERE","*Se recomienda la implementación permanente de pausas activas durante la jornada laboral (INS-SIG-202 instructivo de pausas activas saludables )                                                                                                                                                       ","NO APLICA"]
[null,null,null,null,null,"Radiaciones No ionizantes                                   (Exposición permanente  a pantallas del computador)","FÍSICO ","*Fatiga visual\n*Daños a la visión (Sequedad en los ojos - ojo enrojecido)\n*Tensión ocular ","Uso de pantalla antirreflejo","Ninguno","Ninguno",2,2,4,"BAJO",25,100,"III","MEJORABLE","NO APLICA","NO SE REQUIERE","NO SE REQUIERE","*Se recomienda la implementación permanente de pausas activas durante la jornada laboral.  Realizar reinducción (INS-SIG-202 instructivo de pausas activas saludables )                                                                                                                                             ","NO APLICA"]
[null,null,null,null,null,"Mecánico                                         (Manejo de Equipos y elementos de Oficina)","CONDICIONES DE SEGURIDAD","*Traumas de tejidos blandos (Laceración, contusión, etc.)       ","Elementos de trabajo en buen estado","Ninguno","Ninguno",2,2,4,"BAJO",25,100,"III","MEJORABLE","NO SE REQUIERE","NO SE REQUIERE","NO SE REQUIERE","*Continuar con el uso adecuado de los elementos de trabajo, realizar cambio de los elementos que se observen en mal estado. Realizar reinducción (PRO-SIG-202 procedimiento administración de elementos de EPP.)       ","NO APLICA"]
[null,null,null,null,null,"Eléctrico Baja tensión. (Cableado eléctrico de equipo de computo expuesto)","CONDICIONES DE SEGURIDAD","*En caso de cortos, puede generarse electrocución \n*Se potencializa el riesgo de incendio y accidentes por caídas. ","Ninguno","Realización de inspecciones","Ninguno",2,2,4,"BAJO",25,100,"III","MEJORABLE","NO APLICA","NO SE REQUIERE","NO SE REQUIERE","* Realizar inspecciones de seguridad para verificar estado de cableado del  área.  *Verificar carga, ubicación y señalización de extintor Solkaflam (PGR-SIG-204 orden y aseo.  )","NO APLICA"]
[null,null,null,null,null,"Locativo\nInstalaciones en mal estado\n (Gotera en el techo - Humedad en la pared)","CONDICIONES DE SEGURIDAD","*Desplome de estructuras por la humedad presentada \n*Infecciones en vías respiratorias\n* Alergias","Ninguno","Ninguno","Ninguno",2,2,4,"BAJO",25,100,"III","MEJORABLE","NO SE REQUIERE","NO SE REQUIERE","*Realizar mantenimiento correctivo a las instalaciones, con el fin de eliminar la humedad y a gotera en el área. ","NO APLICA","NO APLICA"]
[null,null,null,null,null,"Locativo\nHacinamiento\n(El área es reducida para la cantidad de personas que laboran en ella)","CONDICIONES DE SEGURIDAD","*Atención tardía en caso de emergencias \n*Dificultad en la evacuación en caso de una emergencia. ","Ninguno","Control de aforo","Ninguno",2,2,4,"BAJO",25,100,"III","MEJORABLE","NO SE REQUIERE","NO SE REQUIERE","Se recomienda ampliar el área de la oficina y/o asignar otro espacio para reubicar personal del área, con el fin de mejorar las condiciones de trabajo. H","Hacer seguimiento al cumplimiento del aforo (PLA-SIG-206 retorno seguro al trabajo.)","NO APLICA"]
[null,null,null,"TRANSFERENCIAS DOCUMENTALES. MANEJO DE CORRESPONDENCIA. ACTIVIDAD MANEJO DE ARCHIVO. REGISTRO, INVENTARIO Y CONTROL DE PRÉSTAMO DE LOS LIBROS ","SI","Mecánico                                                     \nManejo de herramientas manuales \n(Grapadora, saca ganchos, perforadora, ganchos legadores)","CONDICIONES DE SEGURIDAD\n","Golpes, heridas, pinchazos, magulladuras de diferentes en los miembros superiores ","Ninguno","Ninguno ","Ninguno ",2,2,4,"BAJO",25,100,"III","MEJORABLE","NINGUNO ","NINGUNO ","NINGUNO ","*Capacitación sobre manejo seguro de herramientas.\n*Capacitación en prevención en lesiones de mano.\n*Inspeccionar las diferentes herramientas utilizados en la oficina para labores administrativas. (PGR-SIG-204 orden y aseo.  )","NO APLICA"]
[null,null,null,null,null,"Postura Forzada                            Miembros superiores en la gravedad por el espacio reducido del plano de trabajo\n","BIOMECÁNICO","Lumbalgias, Cervicalgias, Mialgias, lesiones y síndromes doloroso, tendinitis, estamos de manos ","Ninguno","Ninguno","Jornadas de pausas activas ",6,2,12,"ALTO",25,300,"II","ACEPTABLE CON CONTROL ESPECIFICO","NINGUNO ","NINGUNO ","NINGUNO ","* Pausas activas a lo largo de la jornada laboral y sensibilizar sobre su importancia (INS-SIG-202 instructivo de pausas activas saludables )       , * Realizar seguimiento para el S.V.E  para lesiones osteo musculares (PGR-SIG-205 vigilancia epidemiológica para la prevención de desórdenes musculo-esqueléticos.)    .\n* Se recomienda  revisar la posibilidad de contar con un plano de trabajo en \"L\" que garantice que la manos, brazo y muñeca permanezcan en línea recta en el momento de digitar. \n","NO APLICA "]
[null,null,null,null,null,"Postura Anti gravitacional                            Miembros superiores en la gravedad","BIOMECÁNICO"," Tendinitis Estamos de manos","Ninguno","Ninguno","Jornadas de pausas activas ",6,2,12,"ALTO",25,300,"II","ACEPTABLE CON CONTROL ESPECIFICO","NINGUNO ","NINGUNO ","NINGUNO ","* Pausas activas a lo largo de la jornada laboral y sensibilizar sobre su importancia (INS-SIG-202 instructivo de pausas activas saludables )       , * Realizar seguimiento para el S.V.E  para lesiones osteo musculares (PGR-SIG-205 vigilancia epidemiológica para la prevención de desórdenes musculo-esqueléticos.)    .\n* Se recomienda  revisar la posibilidad de contar con un plano de trabajo en \"L\" que garantice que la manos, brazo y muñeca permanezcan en línea recta en el momento de digitar. \n","NO APLICA "]
[null,null,null,null,null,"Locativo \nTechos en mal estado \nProblemas de humedad ","CONDICIONES DE SEGURIDAD","Colapso estructural - Hongos- bacterias","Ninguno","Ninguno ","Ninguno ",2,2,4,"BAJO",25,100,"III","MEJORABLE","NINGUNO ","NINGUNO ","NINGUNO ","*Realizar mantenimiento preventivo y correctivo de las instalaciones locativas, con el fin de mejorar las condiciones de trabajo y prevenir  enfermedades a los trabajadores.                                                                                                                    * Mantenimiento de los techos para  evitar  la proliferación de animales ( murciélagos- palomas) y control de humedad. \n*Se recomienda erradicar los palomas del área. (PGR-SIG-204 orden y aseo.  )","NO APLICA"]
[null,null,null,null,null,"Locativo - Infraestructura                           Sistemas de almacenamiento y condiciones técnico ambientales inadecuados del archivo                        ","CONDICIONES DE SEGURIDAD","Accidentes de trabajo -  Deterioro del archivo - Caídas de objetos (cajas) ","Ninguno","Ninguno","Ninguno",2,2,4,"BAJO",25,100,"III","MEJORABLE","NINGUNO ","NINGUNO ","NINGUNO "," *Ubicación del archivo debe ser un terreno sin riesgos de humedad subterránea o problemas de inundación y que ofrezca estabilidad.","NO APLICA"]
[null,null,null,null,null,"Locativo\nSistema de almacenamiento  \nUbicación inadecuada de los archivadores anclados a la pared","CONDICIONES DE SEGURIDAD\n","*Golpes\n*Contusión \n*Traumas superficiales\n*Heridas","NINGUNO","NINGUNO","NINGUNO",2,2,4,"BAJO",25,100,"III","MEJORABLE","NINGUNO ","NINGUNO ","NINGUNO ","*Se recomienda instalar protectores de seguridad en el soporte de agarre de los archivadores, con el fin de evitar heridas graves y disminuir los golpes. \n*Sensibilización a los trabajadores  en auto cuido. ","NO APLICA"]
[null,null,null,null,null,"Postura Forzada                            \nAltura inadecuada de la pantalla visual  por el portátil ","BIOMECÁNICO"," Tendinitis Estamos de manos","Ninguno","Ninguno","Jornadas de pausas activas ",6,2,12,"ALTO",25,300,"II","ACEPTABLE CON CONTROL ESPECIFICO","NINGUNO ","NINGUNO ","NINGUNO ","* Pausas activas a lo largo de la jornada laboral y sensibilizar sobre su importancia (INS-SIG-202 instructivo de pausas activas saludables )      , * Realizar seguimiento para el S.V.E  para lesiones osteo musculares. A. *Se recomienda graduar y elevar la altura de la pantalla visual para mejorar posturas de los puestos de trabajo con portátil. ","*Se recomienda elementos de confort: Base portátil, apoyapiés, teclado adicional "]
[null,null,null,null,null,"Movimientos repetitivos  Abrir y cerrar las estanterías móviles del archivo (rodantes) ","BIOMECÁNICO ","Síndrome del Túnel Carpiano, Manguito rotador ","Ninguno","Ninguno","Pausas Activas Implementación del SVE DMO ",6,2,12,"ALTO",25,300,"II","ACEPTABLE CON CONTROL ESPECIFICO","NINGUNO ","NINGUNO ","NINGUNO ","*Implementar el programa de pausas activas  (INS-SIG-202 instructivo de pausas activas saludables )                                                                   *Implementación del Sistema de vigilancia epidemiológico desordenes musculo esqueléticos, con el fin de identificar las personas con sintomatología y hacer el respectivo seguimiento y control de los diagnósticos médicos que se presenten (PGR-SIG-205 vigilancia epidemiológica para la prevención de desórdenes musculo-esqueléticos.)   .","NO APLICA"]
[null,null,null,null,null,"Movimientos Repetitivos\n(Sólo las manos, digitación en teclado y uso de mouse)","BIOMECÁNICO","Síndromes túnel del carpo\n\nSíndrome de Quervain","Ninguno","SVE  Biomecánico ","Ninguno",6,2,12,"ALTO",25,300,"II","ACEPTABLE CON CONTROL ESPECIFICO","NINGUNO ","NINGUNO ","NINGUNO ","*Implementar el programa de pausas activas, específicamente  (INS-SIG-202 instructivo de pausas activas saludables )                                          *Continuar con la implementación del Sistema de vigilancia epidemiológico osteomuscular (PGR-SIG-205 vigilancia epidemiológica para la prevención de desórdenes musculo-esqueléticos.)    .","NO APLICA"]
[null,null,null,null,null,"Públicos                                                     Agresiones verbales con la atención de usuarios, estudiantes,  ","CONDICIONES DE SEGURIDAD","Heridas, Muerte, estrés laboral","Ninguno","Ninguno ","Ninguno ",2,2,4,"BAJO",100,400,"II","ACEPTABLE CON CONTROL ESPECIFICO","NINGUNO ","NINGUNO ","NINGUNO ","*Diseñar e implementar  planes contingencia para diferentes situaciones  de emergencia (PLA-SIG-204 plan de prevención, preparación y respuesta ante emergencias).       \n* Continuar con la vigilancia física del centro de trabajo. \n* Capacitaciones para intervenir el riesgo.(EST-SIG-01/03 ESTANDAR DE SEGURIDAD PARA ACTIVIDADES FUERA DE LA SEDE)","NO APLICA "]
[null,null,null,null,null,"Locativo \nLuminarias sin protectores (rejillas)","CONDICIONES DE SEGURIDAD","Caídas de los tubos fluorescentes, golpes, contusiones ","Ninguno","Ninguno ","Ninguno ",2,2,4,"BAJO",25,100,"III","MEJORABLE","NINGUNO ","NINGUNO ","NINGUNO ","*Se recomienda que las luminarias cuenten con protectores (rejillas), para dar cumplimiento a la Resolución 180540 de 2010.    ","NO APLICA"]
[null,null,null,null,null,"Material Particulado Acumulación de material particulado (polvo) de los libros  ","QUÍMICO","Irritaciones, alergias a nivel respiratorio","Limpieza periódica a los archivos ","Ninguno","Capacitación en manejo y seguridad de los archivos . Uso de mascarilla respiratoria y gafas ",2,2,4,"BAJO",25,100,"III","MEJORABLE","NINGUNO ","NINGUNO ","NINGUNO ","*Exámenes periódicos anualmente al personal  expuesto con espirómetros \n* Se recomienda que el personal de servicios generales realice limpieza completa del archivo durante la semana. Realizar reinducción (PGR-SIG-204 orden y aseo.  )","Uso de tapabocas obligatorio"]
[null,null,null,null,null,"Movimientos Repetitivos\nOrganizar los libros ","BIOMECÁNICO","Síndromes túnel del carpo\n\nSíndrome de Quervain","Ninguno","SVE  Biomecánico ","Ninguno",2,2,4,"BAJO",25,100,"III","MEJORABLE","NINGUNO ","NINGUNO ","NINGUNO ","*Implementar el programa de pausas activas (INS-SIG-202 instructivo de pausas activas saludables )      , específicamente                                                                                      *Continuar con la implementación del Sistema de vigilancia epidemiológico osteomuscular (PGR-SIG-205 vigilancia epidemiológica para la prevención de desórdenes musculo-esqueléticos.)    .","NO APLICA"]
[null,null,null,null,null,"Manipulación manual de cargas                                               \nLevantar cajas de archivo del piso","BIOMECÁNICO","Hernias Discales - Bursitis de hombro - Bursitis de rodilla ","Ninguno","Ninguno","Capacitación manejo adecuado de cargas ",6,2,12,"ALTO",25,300,"II","ACEPTABLE CON CONTROL ESPECIFICO","NINGUNO ","NINGUNO ","NINGUNO ","*Continuar con la implementación del sistema de vigilancia epidemiológico osteomuscular (PGR-SIG-205 vigilancia epidemiológica para la prevención de desórdenes musculo-esqueléticos.)    .                                                                             *Continuar con la capacitación y  permanente  en  higiene postural, ergonomía en oficina, gimnasia laboral y pausas activas (INS-SIG-202 instructivo de pausas activas saludables )         ","NO APLICA"]
[null,null,null,null,null,"Material Particulado Acumulación de material particulado (polvo) del archivo antiguo  y tipo de tipo. ","QUÍMICO","Irritaciones, alergias a nivel respiratorio","Limpieza periódica a los archivos ","Ninguno","Capacitación en manejo y seguridad de los archivos . Uso de mascarilla respiratoria y gafas ",2,2,4,"BAJO",25,100,"III","MEJORABLE","NINGUNO ","NINGUNO ","NINGUNO ","*Exámenes periódicos anualmente al personal  expuesto con espirómetros \n* Se recomienda que el personal de servicios generales realice limpieza completa del archivo durante la semana (PGR-SIG-204 orden y aseo.  ).","Uso de tapabocas obligatorio"]
[null,null,null,null,null,"Hongos- Bacterias       \nPresencia libros antiguos  ","BIOLÓGICO ","Afecciones respiratorias ","Fumigación ","Ninguno","Capacitación en manejo y seguridad de los archivos . Uso de mascarilla respiratoria y gafas ",2,2,4,"BAJO",25,100,"III","MEJORABLE","NINGUNO ","NINGUNO ","NINGUNO ","\n* Se recomienda continuar con el proceso de intervención (limpieza) de los libros antiguos (PGR-SIG-204 orden y aseo.  )","Uso de guantes de nitrilo y tapabocas "]
[null,null,null,null,null,"Hongos       \nMalos olores  en el área                      ","BIOLÓGICO ","Alergias,  Malos olores ","Ninguno","Ninguno","Ninguno",2,2,4,"BAJO",25,100,"III","MEJORABLE","NINGUNO ","NINGUNO ","NINGUNO ","*Se recomienda mantenimiento de las instalaciones para eliminar los malos olores (PGR-SIG-204 orden y aseo.  ).\n* Se recomienda  mantenimiento de  los techos para el control de goteras (humedad). ","NO APLICA"]
[null,null,null,null,null,"Locativo \nDesnivel en la superficie de trabajo  en la entrada ","CONDICIONES DE SEGURIDAD","Caídas, golpes, incidentes  y accidentes de y trabajo ","Ninguno ","Señalización de advertencia","Capacitación en prevención de caídas",2,2,4,"BAJO",25,100,"III","MEJORABLE","NINGUNO ","NINGUNO ","NINGUNO ","*Se recomienda demarcar con cinta de precaución el desnivel de la superficie de trabajo para mejor visibilidad del funcionario  y del visitante. \n* Instalar cinta de precaución en el desnivel de la superficie de trabajo. ","NO APLICA "]
[null,null,null,null,null,"Locativo \nLuminarias sin protectores (rejillas)","CONDICIONES DE SEGURIDAD","Caídas de los tubos fluorescentes, golpes, contusiones ","Ninguno","Ninguno ","Ninguno ",2,2,4,"BAJO",25,100,"III","MEJORABLE","NINGUNO ","NINGUNO ","NINGUNO ","*Se recomienda que las luminarias cuenten con protectores (rejillas), para dar cumplimiento a la Resolución 180540 de 2010.    ","NO APLICA"]
[null,null,null,null,null,"Locativo - Infraestructura\n\nTechos en mal estado \nProblemas de humedad ","CONDICIONES DE SEGURIDAD","Colapso estructural - Hongos- bacterias","Ninguno","Ninguno ","Ninguno ",2,2,4,"BAJO",25,100,"III","MEJORABLE","NINGUNO ","NINGUNO ","NINGUNO ","*Realizar mantenimiento preventivo y correctivo de las instalaciones locativas, con el fin de mejorar las condiciones de trabajo y prevenir  enfermedades a los trabajadores.                                                                                                                    * Mantenimiento de los techos para  evitar  la proliferación de animales ( roedores) y control de humedad. ","NO APLICA"]
[null,null,"OPERATIVO","ACTIVIDAD DESPLAZAMIENTO A EVENTOS Y REUNIONES INSTITUCIONALES, INSPECCIONES, ACTIVIDADES DE BIENESTAR DEPORTIVAS Y CULTURALES, ACTIVIDADES DE PROGRAMACIÓN PARA EQUIPOS FUERA DE LA SEDE","SI","Accidentes de tránsito                           (En los desplazamientos de la visitas a los centros de trabajo)\nVER MATRIZ RIESGO VIAL","CONDICIONES DE SEGURIDAD","*Muerte \n*Lesiones graves en el cuerpo entero\n*Atrapamiento vehicular","Ninguno","Ninguno","Ninguno",2,2,4,"BAJO",100,400,"II","ACEPTABLE CON CONTROL ESPECIFICO","NO APLICA","NO APLICA","*Se debe empezar a realizar la inspección pre operacional de vehículos de la empresa, para identificar condiciones del mismo. ","*Dar cumplimiento al plan de capacitación del PESV \n*Continuar sensibilización en seguridad vial, en lo referente a los roles de seguridad vial (Conductor - Pasajero - Peatón) (PLA-SIG-202 pesv plan estratégico de seguridad vial.)","NO APLICA"]
[null,null,null,null,null,"Locativo\nSuperficies de trabajo  irregulares y  desniveladas                                 (Desplazamiento en los diferentes áreas)","CONDICIONES DE SEGURIDAD","*Golpes \n*Caídas","Ninguno","Ninguno","Ninguno",2,2,4,"BAJO",25,100,"III","MEJORABLE","NO APLICA","NO APLICA","NO APLICA","*Se recomienda uso de calzado adecuado según el área a visitar, con el fin de evitar caídas ( PGR-SIG-203-programa protección contra caídas. )          ","Continuar con el uso de  EPP requeridos según el área a auditar: \n*Calzado de seguridad (Botas).\n*Casco\n*Protección respiratoria "]
[null,null,null,null,null,"Público\n(Robos - Atracos - Asaltos)","CONDICIONES DE SEGURIDAD","*Golpes\n*Agresiones verbales y físicas \n*Atentados violentos\n*Heridas\n*Muerte","Cámaras de seguridad","Ninguno","Capacitación en emergencias a brigadistas ",2,2,4,"BAJO",100,400,"II","ACEPTABLE CON CONTROL ESPECIFICO","NO APLICA","NO APLICA","NO APLICA","*Diseñar, implementar  y socializar los planes contingencia para diferentes situaciones  de emergencia   (PLA-SIG-204 plan de prevención, preparación y respuesta ante emergencias)(EST-SIG-01/03 ESTANDAR DE SEGURIDAD PARA ACTIVIDADES FUERA DE LA SEDE)","NO APLICA"]
[null,null,null,null,null,"Manipulación manual de cargas \"Empujar equipos\"                         ","BIOMECÁNICO","*Hombro doloroso\n*Epicondilitis\n*Tendinitis\n*Bursitis","No aplica","Ninguno","Ninguno",2,2,4,"BAJO",25,100,"III","MEJORABLE","NO APLICA","NO APLICA","NO APLICA","*Formación de líderes en pausas activas en la sede, con el fin de implementar las mismas (INS-SIG-202 instructivo de pausas activas saludables )      .\n*Continuar con las actividades del sistema de vigilancia epidemiológico  para prevención de desordenes musculo esqueléticas asociadas al peligro biomecánico (PGR-SIG-205 vigilancia epidemiológica para la prevención de desórdenes musculo-esqueléticos.)    .\n*Se recomienda hacer re inducción en manejo seguro de cargas ","No aplica"]
[null,null,null,null,null,"Mecánico                                         (Uso de herramientas manuales en la limpieza de equipos)","CONDICIONES DE SEGURIDAD","*Traumas de tejidos blandos (Laceración, contusión, etc.)       ","Ninguno","Ninguno","Ninguno",2,2,4,"BAJO",25,100,"III","MEJORABLE","NO SE REQUIERE","NO SE REQUIERE","*Realizar mantenimiento preventivo y correctivo de las herramientas de trabajo. ","*Continuar con el uso adecuado de los elementos de trabajo. \n*Se debe realizar seguimiento al uso adecuado de los EPP. (PRO-SIG-202 procedimiento administración de elementos de EPP.)       \n","NO APLICA"]
[null,null,"PELIGROS QUE APLICAN A TODAS LAS ACTIVIDADES",null,"SI","Ruido\n(Intermitente por el paso vehicular por la carrera 3da)","FÍSICO ","Alteraciones auditivas como hipoacusia","Ninguno","Realización de mediciones ambientales de ruido","Ninguno",2,2,4,"BAJO",25,100,"III","MEJORABLE","NO SE REQUIERE","NO SE REQUIERE","NO SE REQUIERE","*Se recomienda realizar mediciones ambientales de ruido, con el fin de identificar los niveles de exposición de ruido en el área. ","NO APLICA"]
[null,null,null,null,"SI","Virus \n(exposición al agente biológico Virus SARS – Cov – 2,  por contacto directo con personas u objetos contaminados).  ","BIOLÓGICO","Enfermedad Covid–19 que puede producir: Malestar, fiebre, dolor de garganta, perdida del olfato y del gusto, dificultad respiratoria, neumonía, náuseas, vómitos o diarrea, órganos como el corazón, los riñones o el hígado pueden inflamarse y provocar que dejen de funcionar correctamente lo que conlleva el empeoramiento del paciente o incluso su muerte. ","Ninguno","Limpieza y desinfección de áreas de trabajo   y en casa,  Control de aforo, señalización de advertencia.","Distanciamiento    físico, uso de mascarilla, lavado de manos constante.",2,2,4,"BAJO",100,400,"II","ACEPTABLE CON CONTROL ESPECIFICO","N.A","N.A","Trabajo en casa , diseño puestos de trabajo cumpliendo con el distanciamiento social, lavamanos y puntos de desinfección.","*Diseño e implementación del Protocolo de Bioseguridad para prevención de Covid-19.  *Implementar y promover en la planta de personal buenas prácticas de higiene y control de Covid-19 a través de actividades limpieza/desinfección de estaciones de trabajo, baños, vehículos, en casa, en desplazamiento, entre otros. \n(PGR-SIG-207 vigilancia epidemiológica para la prevención de covid-19.)  *Promover frecuentemente el lavado de manos en personal de planta, contratistas y visitantes. En caso de no contar con agua y jabón, se debe proveer con desinfectantes para manos (gel antibacterial a base de alcohol).  *Disminución de la densidad laboral en áreas de trabajo o de ocupación de la entidad promoviendo el teletrabajo. *Mantener un stop de EPP  (mascarillas ) para dotación y recambio (PRO-SIG-202 procedimiento administración de elementos de EPP.)       . *Establecer canales de comunicación individualizados y/o de grupo: correo electrónico, redes sociales, videoconferencia, teléfono para reuniones evitando la presencialidad. *Revisión y análisis de los perfiles epidemiológicos por cargo, estrategias motivación para que los funcionarios se  vacunen (PGR-SIG-207 vigilancia epidemiológica para la prevención de covid-19.) (PRO-SIG-202 procedimiento administración de elementos de EPP.)       .","Uso permanente de mascarilla respiratoria. Uso periódico de productos para limpieza (agua y jabón) y  alcohol al 70%, mono gafas o careta."]
[null,null,null,null,"SI"," Demandas Emocionales: Condiciones de la tarea                             \nLa novedad del entorno de trabajo, situación familiar:  hijos o personas mayores a cargo en el hogar en situación de riesgo, miedo al contagio, aislamiento social y confinamiento, miedos e incertidumbres laborales y socioeconómicos, espacios y recursos compartidos por varias personas ante las mismas circunstancias en sus domicilios, convertir espacios de su hogar en despachos improvisados para poder seguir desempeñando su tarea diaria, valoración subjetiva y objetiva por parte del experto mientras se aplica la batería de riesgo psicosocial.","PSICOSOCIAL","Alteraciones mentales, Ansiedad, depresión, estrés postraumático.","S.V.E. Psicosocial","S.V.E Psicosocial","Intervenciones individuales y grupales, capacitaciones, medidas de afrontamiento, manejo de habilidades sociales.",2,2,4,"BAJO",25,100,"III","MEJORABLE","N.A","N.A","Organización de los puestos de trabajo, lavamanos, dispensadores, cumpliendo con el distanciamiento."," “Mantener una comunicación actualizada, precisa, oportuna y de buena calidad para todo el personal sobre la información, recomendaciones y las herramientas comunicacionales, normas legales, emitidas por el Ministerio de Salud y Protección Social – MSPS-, como fuente oficial para el país, en relación con el comportamiento del brote de COVID-19, sus características, mitos y realidades, potenciales mecanismos de transmisión, identificación de personas con mayor riesgo, prácticas para la prevención del contagio a través del autocuidado individual y familiar, entre otras”capacitaciones del protocolo de bioseguridad, inspecciones, suministro de Elementos de bioseguridad. (PGR-SIG-207 vigilancia epidemiológica para la prevención de covid-19.) (PRO-SIG-202 procedimiento administración de elementos de EPP.)       . ","Uso de los elementos de bioseguridad, establecer el compromiso de autocuidado y trabajo seguro."]
[null,null,null,null,"SI","Características de la organización del trabajo\n(Valoración promedio mientras se realiza el proceso de aplicación de baterías de riesgo psicosocial)","PSICOSOCIAL","Alteraciones mentales, Ansiedad, depresión.","SVE. Riesgo Psicosocial","SVE. Riesgo Psicosocial","Intervenciones individuales y grupales, capacitaciones, medidas de afrontamiento, manejo de habilidades sociales.",2,2,4,"BAJO",25,100,"III","MEJORABLE","NO SE REQUIERE","NO SE REQUIERE","NO APLICA","*Aplicación de las baterías de riesgo  psicosocial, para verificar la exposición al peligro (PGR-SIG-206 vigilancia epidemiológico de riesgo psicosocial). . \nCapacitación en trabajo en equipo y competencias individuales y profesionales.\n\nAnálisis de carga laboral.                                                                                                                                     ","NO SE REQUIERE"]
[null,null,null,null,"SI","Características del grupo social y del trabajo.\n(Está en proceso la evaluación de los factores de riesgo psicosocial)","PSICOSOCIAL","Stress laboral\nAfecciones de salud                                                                                                                                                                                                                                                                                                                                                                                                            Ambientes de trabajo Hostil                                                                                                                                                                                                                                                                                                                                                                                                         Baja Productividad","Cumplimiento de la normatividad ley 1010, resolución 652 y 356, 2646.","Comité de Convivencia Laboral","Capacitaciones en habilidades sociales básicas, resolución de conflictos, liderazgo efectivo.",2,2,4,"BAJO",25,100,"III","MEJORABLE","NO SE REQUIERE","NO SE REQUIERE","NO SE REQUIERE","*Capacitación en habilidades sociales básicas y relaciones interpersonales y comunicación asertiva y efectiva. \n\n*Capacitación en liderazgo efectivo y generación de hábitos del líder. ","NO SE REQUIERE"]
[null,null,null,null,"SI","Gestión Organizacional\n(Está en proceso la evaluación de los factores de riesgo psicosocial aplicación batería de riesgo psicosocial)","PSICOSOCIAL","Stress laboral\nAfecciones de salud                                                                                                                                                                                                                                                                                                                                                                                                                     Productividad- Ausentismo","Plan de Intervención del SVE ","N/A","Intervenciones individuales y grupales, capacitaciones en liderazgo, fortalecimiento de las escuelas de liderazgo.",2,2,4,"BAJO",25,100,"III","MEJORABLE","NO SE REQUIERE","NO SE REQUIERE","NO SE REQUIERE","Fortalecimiento de las escuelas de liderazgo.","NO SE REQUIERE"]
[null,null,null,null,"SI","Contenido de la Tarea (Carga de Trabajo)\n(Está en proceso la evaluación de los factores de riesgo psicosocial aplicación batería de riesgo psicosocial)","PSICOSOCIAL","Stress laboral\nAfecciones de salud","S.V.E. Psicosocial","Distribución de la tarea por trabajo en equipo, gestión del tiempo.","Intervenciones individuales y grupales, capacitaciones, medidas de afrontamiento, manejo de habilidades sociales.",2,2,4,"BAJO",25,100,"III","MEJORABLE","NO SE REQUIERE","NO SE REQUIERE","NO SE REQUIERE","Capacitaciones, manejo del tiempo como recurso, trabajo colaborativo y ayuda percibida.  ","NO SE REQUIERE"]
[null,null,null,null,"SI","Infraestructura - Locativo     \nInstalaciones  (Desgaste de cintas antideslizantes en las escaleras)","CONDICIONES DE SEGURIDAD","Caídas al mismo y distinto nivel, esguinces, golpes, contusiones ","Ninguno","Ninguno","Ninguno",2,2,4,"BAJO",25,100,"III","MEJORABLE","NO APLICA","NO APLICA","Instalar bandas antideslizantes en las escaleras del edificio. ","*Diseñar y socializar protocolo para control de ingreso de personas adultas y menores de edad. ","NO APLICA"]
[null,null,null,null,"SI","Infraestructura - Locativo\nAusencia de estructura que evite el ingreso de aguas lluvias en los pasillos del edificio principal ","CONDICIONES DE SEGURIDAD","Caídas por Ingreso de aguas lluvias en los pasillos","Ninguno","Ninguno","Ninguno",2,2,4,"BAJO",25,100,"III","MEJORABLE","Se recomienda instalar estructura  que evite el ingreso de aguas lluvias en los pasillos de la entidad. ","NO SE REQUIERE","NO SE REQUIERE","Continuar con el uso de señalización cada que llueve\n\nInstalar señalización en los pasillos sobre no apoyarse de las barandas de los pasillos ( PGR-SIG-203-programa protección contra caídas. )          .","NO APLICA"]
[null,null,null,null,"SI","Inundación \nPor daño estructural \"Hay tanque subterráneo en el área y se inunda el área en ocasiones\"","CONDICIONES DE SEGURIDAD","*Inundaciones \n*Daños materiales (Pérdida total)\n","Ninguna","ninguna","Capacitación  en actuación ante emergencias ",2,2,4,"BAJO",25,100,"III","MEJORABLE","NO SE REQUIERE","NO SE REQUIERE","NO SE REQUIERE","*Se sugiere realizar mantenimiento preventivo y correctivo a las instalaciones de tal manera que el agua del tanque subterráneo no se rebose","NO APLICA"]
[null,null,null,null,"SI","Locativo\nSistema de almacenamiento  (Almacenamiento inadecuado de sustancias químicos)","CONDICIONES DE SEGURIDAD","*Explosión ","Ninguno","Ninguno","Ninguno",2,2,4,"BAJO",25,100,"III","MEJORABLE","NO APLICA","NO APLICA","NO APLICA","*Se recomienda realizar jornada de orden y aseo para almacenar de forma adecuada los productos químicos (PGR-SIG-204 orden y aseo.  )\n*Se debe capacitar al personal en almacenamiento adecuado de sustancias químicas, así mismo en la matriz de compatibilidad de sustancias. "]
[null,null,null,null,"SI","Público\n(Robos - Atracos - Asaltos)","CONDICIONES DE SEGURIDAD","*Golpes\n*Agresiones verbales y físicas \n*Atentados violentos\n*Heridas\n*Muerte","Cámaras de seguridad","Ninguno","capacitación en emergencias ",2,2,4,"BAJO",100,400,"II","ACEPTABLE CON CONTROL ESPECIFICO","NO APLICA","NO APLICA","Mantenimiento a cámaras de vigilancia en la sede. ","*Socializar los planes contingencia para diferentes situaciones  de emergencia específicamente riesgo público (PLA-SIG-204 plan de prevención, preparación y respuesta ante emergencias) (EST-SIG-01/03 ESTANDAR DE SEGURIDAD PARA ACTIVIDADES FUERA DE LA SEDE)","NO APLICA"]
[null,null,null,null,"SI","Público\n(Agresiones verbales - Actos Violentos)","CONDICIONES DE SEGURIDAD","*Golpes\n*Agresiones verbales y físicas \n*Atentados violentos\n*Heridas\n*Muerte","Cámaras de seguridad","Ninguno","capacitación en emergencias ",2,2,4,"BAJO",100,400,"II","ACEPTABLE CON CONTROL ESPECIFICO","NO APLICA","NO APLICA","Mantenimiento a cámaras de vigilancia en la sede. ","*Socializar los planes contingencia para diferentes situaciones  de emergencia específicamente riesgo público (PLA-SIG-204 plan de prevención, preparación y respuesta ante emergencias) (EST-SIG-01/03 ESTANDAR DE SEGURIDAD PARA ACTIVIDADES FUERA DE LA SEDE","NO APLICA"]
[null,null,null,null,"SI","Público\n(Manifestaciones públicas)","CONDICIONES DE SEGURIDAD","*Golpes\n*Agresiones verbales y físicas \n*Heridas\n*Muerte","Cámaras de seguridad","vigilancia permanente en la puerta de acceso del edificio. ","Ninguno",2,2,4,"BAJO",100,400,"II","ACEPTABLE CON CONTROL ESPECIFICO","NO APLICA","NO APLICA","Mato a cámaras ","*Socializar plan de emergencias, incluyendo los planes operativos normalizados en caso de situaciones de emergencia en riesgo público especifico para cada sede y socializarlo a todo el personal.     \n*Capacitar al personal en actuación ante emergencias en riesgo público (PLA-SIG-204 plan de prevención, preparación y respuesta ante emergencias) (EST-SIG-01/03 ESTANDAR DE SEGURIDAD PARA ACTIVIDADES FUERA DE LA SEDE)","NO APLICA"]
[null,null,null,null,"SI","Público\n(Inseguridad por actos delictivos en los alrededores de la sede)","CONDICIONES DE SEGURIDAD","*Golpes\n*Agresiones verbales y físicas \n*Atentados violentos\n*Heridas\n*Muerte","Cámaras de seguridad","vigilancia permanente en la puerta de acceso del edificio. ","Ninguno",2,2,4,"BAJO",100,400,"II","ACEPTABLE CON CONTROL ESPECIFICO","NO APLICA","NO APLICA","Mato a cámaras ","*Socializar los planes contingencia para diferentes situaciones  de emergencia específicamente riesgo público (PLA-SIG-204 plan de prevención, preparación y respuesta ante emergencias)(EST-SIG-01/03 ESTANDAR DE SEGURIDAD PARA ACTIVIDADES FUERA DE LA SEDE)","NO APLICA"]
[null,null,null,null,"SI","Radiaciones no ionizantes                       (Exposición a luz solar que ingresa por ventanales a la mayoría de los puestos de trabajo)","FÍSICO ","*Cáncer de piel\n*Quemadura solar\n*Insolación \n*Foto envejecimiento cutáneo \n *Foto carcinogénesis\n*Alteraciones oculares","Ninguno","Ninguno","Ninguno",2,2,4,"BAJO",25,100,"III","MEJORABLE","N.A","N.A","*Se recomienda instalar película de seguridad en los ventanales ","NO APLICA","NO APLICA"]
[null,null,null,null,"NO","Sismo - Temblores                  ","FENÓMENOS NATURALES","*Daños materiales (Pérdida total)\n*Heridas y lesiones graves\n*Accidentes de trabajo \n*Muerte","Ninguno","señalización de evacuación y elementos de emergencia ","Capacitación  en actuación ante emergencias ",2,2,4,"BAJO",100,400,"II","ACEPTABLE CON CONTROL ESPECIFICO","NO SE REQUIERE","NO SE REQUIERE","NO SE REQUIERE","*Se recomienda realizar estudio de vulnerabilidad y sismo resistencia de las instalaciones. \n*Capacitar al personal en actuación ante emergencias (PLA-SIG-204 plan de prevención, preparación y respuesta ante emergencias). "]
[null,null,null,null,"NO","Erupción volcán machín           ","FENÓMENOS NATURALES","*Daños materiales (Pérdida total)\n*Heridas y lesiones graves\n*Accidentes de trabajo \n*Muerte","Ninguno","señalización de evacuación y elementos de emergencia ","Capacitación  en actuación ante emergencias ",2,2,4,"BAJO",100,400,"II","ACEPTABLE CON CONTROL ESPECIFICO","NO SE REQUIERE","NO SE REQUIERE","NO SE REQUIERE","*Seguir las instrucciones que el departamento suministra para  casos de emergencia por posible erupción del Volcán (PLA-SIG-204 plan de prevención, preparación y respuesta ante emergencias).                                                                                             \n*Solicitar capacitación al ente respectivo sobre actuación en caso de erupción del volcán machín. \n*Capacitar en actuación ante emergencias en caso de erupción del volcán machín a todo el personal.  \n*Actualizar plan de emergencias incluyendo el PON por posible erupción del volcán machín y socializar a los trabajadores (PLA-SIG-204 plan de prevención, preparación y respuesta ante emergencias)."]
[null,null,null,null,"SI","Tecnológico\n(Incendios - Explosiones)\nGenerado dentro de las instalaciones del edificio","CONDICIONES DE SEGURIDAD","Incendios \nQuemaduras de grado 2 y 3\nMuerte","Ninguno","equipo para el control de incendios ","Capacitación en atención de emergencias ",2,2,4,"BAJO",100,400,"II","ACEPTABLE CON CONTROL ESPECIFICO","NO APLICA","NO APLICA","*Realizar mantenimiento preventivo y correctivo de los equipos eléctricos e instalaciones eléctricas en la sede","*Capacitación en prevención de accidentes de trabajo por riesgo eléctrico.                                                          \n\n*Continuar con las inspecciones de seguridad enfocado a riesgo eléctrico. ","NO APLICA"]
[null,null,null,null,"SI","Tecnológico\n\"Riesgo de la vecindad\"\n(Incendios - Explosiones)\nGenerados en el restaurante de Mercacentro\n","CONDICIONES DE SEGURIDAD","Incendios \nQuemaduras de grado 2 y 3\nMuerte","Ninguno","equipo para el control de incendios ","Capacitación en atención de emergencias ",2,2,4,"BAJO",100,400,"II","ACEPTABLE CON CONTROL ESPECIFICO","NO APLICA","NO APLICA","*Realizar mantenimiento preventivo y correctivo de los equipos eléctricos e instalaciones eléctricas en las diferentes sedes. ","*Diseñar y socializar PON en caso de explosiones externas a la empresa (PLA-SIG-204 plan de prevención, preparación y respuesta ante emergencias)","Calzado de seguridad"]
[null,null,null,null,"SI","Fugas de gas \n\"Riesgos de la vecindad\"\n(Generado por la presencia de restaurante en Mercacentro y por tuberías externas a la entidad) ","QUÍMICOS","Incendios \nQuemaduras de grado 2 y 3\nMuerte","Ninguno","equipo para el control de incendios ","Capacitación en atención de emergencias ",2,2,4,"BAJO",100,400,"II","ACEPTABLE CON CONTROL ESPECIFICO","NO APLICA","NO APLICA","*Solicitar a Mercacentro que se de cumplimiento a las recomendaciones generales para prevención de accidentes de trabajo por fugas de gas en el restaurante. ","*Diseñar y socializar PON en caso de fuga de gas (PLA-SIG-204 plan de prevención, preparación y respuesta ante emergencias)","NO APLICA"]
[null,null,null,null,"SI","Locativo\nSistema de almacenamiento\n(Atrapamiento por mal funcionamiento de los ascensores)\n \n","CONDICIONES DE SEGURIDAD","Atrapamiento ","Se realiza mantenimiento periódico a los ascensores","Elementos de emergencias ","Ninguno",2,2,4,"BAJO",25,100,"III","MEJORABLE","NO APLICA","NO APLICA","*Continuar con el mantenimiento preventivo y correctivo de los ascensores","*Diseñar y socializar PON en caso de atrapamiento por mal funcionamiento del ascensor (PLA-SIG-204 plan de prevención, preparación y respuesta ante emergencias).","Calzado de seguridad"]
[null,null,null,null,"SI","Postura mantenida                          (Bípeda)","BIOMECÁNICO","*Cansancio\n*Fatiga en miembros inferiores y en las articulaciones\n*Aparición de vena varice\n*Edema en los pies \n*Dolor lumbar ","No aplica","No aplica","Realiza varias tareas, lo que permite cambios de posición\n\nExámenes ocupacionales periódicos",2,2,4,"BAJO",25,100,"III","MEJORABLE","NO APLICA","NO APLICA","NO APLICA","*Solicitar a la empresa contratista realizar re inducción en higiene postural, gimnasia laboral y pausas activas.                                                                 \n*Continuar con las actividades del sistema de vigilancia epidemiológico  para prevención de desordenes musculo esqueléticas asociadas al peligro biomecánico (PGR-SIG-205 vigilancia epidemiológica para la prevención de desórdenes musculo-esqueléticos.)    .                                                                                ","No aplica"]
[null,null,null,null,"SI","Infraestructura - Locativo     \nInstalaciones  (Ausencia de citas antideslizantes en las escaleras)","CONDICIONES DE SEGURIDAD","Atención tardía ante emergencias","Ninguno","Ninguno","Ninguno",2,2,4,"BAJO",25,100,"III","MEJORABLE","NO APLICA","NO APLICA","Instalar bandas antideslizantes en las escaleras del edificio. ","*Instalar señalización dando cumplimiento a la PGR-SIG-203-programa protección contra caídas.","NO APLICA"]
[null,null,null,null,"SI","Público\n(Robos - Atracos - Asaltos - Agresiones verbales - Actos Violentos)","CONDICIONES DE SEGURIDAD","*Golpes\n*Agresiones verbales y físicas \n*Atentados violentos\n*Heridas\n*Muerte","Ninguno","Cámaras de seguridad en el primer piso","Ninguno",2,2,4,"BAJO",100,400,"II","ACEPTABLE CON CONTROL ESPECIFICO","NO APLICA","NO APLICA","Instalar cámaras de vigilancia en todos los pisos de la sede. ","*Socializar los planes contingencia para diferentes situaciones  de emergencia específicamente riesgo público (PLA-SIG-204 plan de prevención, preparación y respuesta ante emergencias) (EST-SIG-01/03 ESTANDAR DE SEGURIDAD PARA ACTIVIDADES FUERA DE LA SEDE","NO APLICA"]
[null,null,null,null,"SI","Accidentes de tránsito                      \n     \n(En los desplazamientos hacia otros centros de trabajo, en caso de que el funcionario haga uso de las bicicletas)","CONDICIONES DE SEGURIDAD","*Muerte \n*Lesiones graves en el cuerpo entero\n*Atrapamiento vehicular","Ninguno","Ninguno","Capacitación en prevención de Accidentes de transito",2,2,4,"BAJO",100,400,"II","ACEPTABLE CON CONTROL ESPECIFICO","NO APLICA","NO APLICA","NO APLICA","*Dar cumplimiento al plan de capacitación del PESV según el rol (Pasajero - Conductor - Peatón)\n*Realizar sensibilización en seguridad vial (PLA-SIG-202 pese plan estratégico de seguridad vial.)","NO APLICA"]
[null,null,null,null,"SI","Virus (cambio climático)\n ","BIOLÓGICO","Malestar general","Ninguno","Limpieza y desinfección de áreas de trabajo   y en casa,  Control de aforo, señalización de advertencia.","Distanciamiento    físico, uso de mascarilla, lavado de manos constante.",2,2,4,"BAJO",25,100,"III","MEJORABLE","NO APLICA","NO APLICA","NO APLICA","  *Promover frecuentemente el lavado de manos en personal de planta, contratistas y visitantes. En caso de no contar con agua y jabón, se debe proveer con desinfectantes para manos (gel antimaterial a base de alcohol).  *Disminución de la densidad laboral en áreas de trabajo o de ocupación de la entidad promoviendo el teletrabajo. *Mantener un stop de EPP  (mascarillas ) para dotación y recambio. *Establecer canales de comunicación individualizados y/o de grupo: correo electrónico, redes sociales, videoconferencia, teléfono para reuniones evitando la presencialidad. *Revisión y análisis de los perfiles epidemiológicos por cargo, estrategias motivación para que los funcionarios se  vacunen.   (PRO-SIG-202 Procedimiento administrativo de elementos EPP)","Uso permanente de mascarilla respiratoria. Uso periódico de productos para limpieza (agua y jabón) y  alcohol al 70%, mono gafas o careta."]
[null,null,null,null,"NO","Largas Jornadas Laborales y ausencia de descanso con altas temperaturas y radiaciones altas por factor del CAMBIO CLIMATICO.","PSICOSOCIAL","Estrés, agotamiento por trabajo continuo, cansancio, fatiga, angustia, ansiedad, poca concentración y atención, somnolencia.","Ninguno","Ninguno","PVE- Riesgo psicosocial",2,2,4,"BAJO",25,100,"III","MEJORABLE","NO APLICA","NO APLICA","NO APLICA","Introducir una rutina de tiempos de trabajo y de descanso para aquellos\ntrabajadores/as que estén expuestos a ambientes calurosos, Formación en primeros auxilios, para que puedan\nreconocer y tratar los primeros síntomas de desórdenes de salud ocasionados por una\nexposición a temperaturas extremadamente cálidas., Seguir a diario los boletines\nmeteorológicos y cambiar el horario de trabajo de gran exposición al calor\na horas más frescas del día., En trabajos a campo abierto, crear zonas descanso con carpas, Disponer de agua potable fría en lugares estratégicos y visibles, cercanos al área de trabajo.","NO SE REQUIERE"]
[null,null,null,null,"NO"," Temperaturas\nextremas (calor) por factor de CAMBIO CLIMATICO","FISICO","Stress térmico Agotamiento Mareos  Deshidratación Golpes de calor, lesiones en la piel, insolación, ","No aplica","Ninguno","Ninguno",2,2,4,"BAJO",25,100,"III","MEJORABLE","NO APLICA","NO APLICA","NO APLICA","Todos los funcionarios que realicen desplazamientos fuera de la sede deben aplicar el Estándar de Seguridad \"EST-204\"., se recomienda hidratación continua, alimentación adecuada, Organización de los puestos de trabajo, implementación de un programa de climatización. Sistemas de ventilación","Ropa de trabajo y equipos de\nprotección adecuados(camisa,\nmanga larga, pantalón largo,\ngorra o sombrero de ala ancha).\nSaber que la ropa protectora o el\nequipo de protección personal\npuede aumentar el riesgo del\nestrés por calor."]
[null,null,null,null,"NO"," Temperaturas\nextremas (calor Radiaciones No ionizantes) por factor de CAMBIO CLIMATICO","FISICO","Stress térmico Agotamiento Mareos  Deshidratación Golpes de calor, lesiones en la piel, dolor de cabeza.","No aplica","Ninguno","Protector Solar",2,2,4,"BAJO",25,100,"III","MEJORABLE","NO APLICA","NO APLICA","NO APLICA","Todos los funcionarios que realicen desplazamientos fuera de la sede deben aplicar el Estándar de Seguridad \"EST-204\"., se recomienda hidratación continua, alimentación adecuada, Organización de los puestos de trabajo, implementación de un programa de climatización. Sistemas de ventilación","Ropa de trabajo y equipos de\nprotección adecuados(camisa,\nmanga larga, pantalón largo,\ngorra o sombrero de ala ancha).\nSaber que la ropa protectora o el\nequipo de protección personal\npuede aumentar el riesgo del\nestrés por calor."]
[null,null,null,null,"NO","Inhalación de Humos y Vapores\n (Incendios Forestales )por factor CAMBIO CLIMATICO","QUÍMICO","Asfixia, Dificultad para respirar, Ardor en los ojos, conjuntivitis, Alergias, Tos, irritación de la garganta, dolor de cabeza.","No aplica","Ninguno","Ninguno",2,2,4,"BAJO",25,100,"III","MEJORABLE","NO APLICA","NO APLICA","NO APLICA","Aplicación PON para el manejo de incendios forestales, ver PLAN DE MERGENCIA PLA-SIG 204.","NO SE REQUIERE"]
[null,null,"PELIGROS QUE APLICAN A TRABAJO EN CASA",null,"SI","Postura Prolongada \n(Postura sedente más del 75% de la jornada laboral en trabajo con video terminales)","BIOMECÁNICO","*Dolor lumbar inespecífico\n*Espasmos musculares","Ninguno","Ninguno","Emisión de recomendaciones a funcionarios a través de video llamadas por parte de grupo interdisciplinario de la oficina  SST ( psicólogo, fisioterapeuta, profesional SST)",2,2,4,"BAJO",25,100,"III","MEJORABLE","NO APLICA","NO SE REQUIERE","NO SE REQUIERE","*Realizar visitas virtuales por parte del Grupo de SST para capacitar en higiene postural en casa.\n\n*Realizar pausas activas en el área (INS-SIG-202 instructivo de pausas activas saludables )      .                                                               \n\n*Continuar con las actividades del programa de vigilancia epidemiológico  para prevención de desordenes musculo esqueléticas asociadas al peligro biomecánico, para trabajo en casa (PGR-SIG-205 vigilancia epidemiológica para la prevención de desórdenes musculo-esqueléticos.)    .  Continuar con las recomendaciones a funcionarios a través de video llamadas por parte de grupo interdisciplinario de la oficina  SST ( psicólogo, fisioterapeuta, profesional SST)                                                                              ","NO APLICA"]
[null,null,null,null,"SI","Movimientos repetitivos  \n(Digitación - Escanear)","BIOMECÁNICO","Lesiones por trauma acumulativo en miembro superiores ( STC).\nSíndrome de Quervain","Ninguno","Ninguno","Emisión de recomendaciones a funcionarios a través de video llamadas por parte de grupo interdisciplinario de la oficina  SST ( psicólogo, fisioterapeuta, profesional SST)",2,2,{"$f":"+L74*M74","v":4},{"$f":"IF(N74>=24,\"MUY ALTO\",IF(N74>=10,\"ALTO\",IF(N74>=6,\"MEDIO\",\"BAJO\")))","v":"BAJO"},25,{"$f":"+N74*P74","v":100},{"$f":"IF(Q74>=600,\"I\",IF(Q74>=150,\"II\",IF(Q74>=40,\"III\",IF(Q74>=20,\"IV\"))))","v":"III"},{"$f":"IF(Q74>=600,\"NO ACEPTABLE\",IF(Q74>=150,\"ACEPTABLE CON CONTROL ESPECIFICO\",IF(Q74>=40,\"MEJORABLE\",IF(Q74>=20,\"ACEPTABLE\"))))","v":"MEJORABLE"},"NO SE REQUIERE","NO SE REQUIERE","NO SE REQUIERE","*Se recomienda la implementación permanente de pausas activas durante la jornada laboral (INS-SIG-202 instructivo de pausas activas saludables )      . Continuar con las recomendaciones a funcionarios a través de video llamadas por parte de grupo interdisciplinario de la oficina  SST ( psicólogo, fisioterapeuta, profesional SST).                                                                                                                                                  ","NO APLICA"]
[null,null,null,null,"SI","Radiaciones No ionizantes                                   (Exposición permanente a pantallas del computador)","FÍSICO ","*Fatiga visual","Ninguno","Ninguno","Emisión de recomendaciones a funcionarios a través de video llamadas por parte de grupo interdisciplinario de la oficina  SST ( psicólogo, fisioterapeuta, profesional SST)",2,2,4,"BAJO",25,100,"III","MEJORABLE","NO APLICA","NO SE REQUIERE","NO SE REQUIERE","*Se recomienda la implementación permanente de pausas activas durante la jornada laboral (INS-SIG-202 instructivo de pausas activas saludables )      .  Continuar con las recomendaciones a funcionarios a través de video llamadas por parte de grupo interdisciplinario de la oficina  SST ( psicólogo, fisioterapeuta, profesional SST).                                                                                                                                                ","NO APLICA"]
[null,null,null,null,"NO","Locativo                                                                              (Cableado eléctrico desordenado en la zona adecuada para puesto de trabajo)","CONDICIONES DE SEGURIDAD","*Se potencializa el riesgo de accidentes por caídas. ","Ninguno","Ninguno","Emisión de recomendaciones a funcionarios a través de video llamadas por parte de grupo interdisciplinario de la oficina  SST ( psicólogo, fisioterapeuta, profesional SST)",2,2,4,"BAJO",25,100,"III","MEJORABLE","NO APLICA","NO SE REQUIERE","Se recomienda agrupar el cableado eléctrico faltante, utilizando espiral porta cable u otro mecanismo de canalización. ","Realizar inspecciones de seguridad para verificar estado de cableado del  área.. Continuar con las recomendaciones a funcionarios a través de video llamadas por parte de grupo interdisciplinario de la oficina  SST ( psicólogo, fisioterapeuta, profesional SST).","NO APLICA"]
[null,null,null,null,"NO","Picaduras - Mordeduras                             (Presencia de vectores e insectos dentro de la vivienda o zona destinada para laborar).","BIOLÓGICO","Infecciones","Ninguno","Ninguno","Emisión de recomendaciones a funcionarios a través de video llamadas por parte de grupo interdisciplinario de la oficina  SST ( psicólogo, fisioterapeuta, profesional SST)",2,2,4,"BAJO",25,100,"III","MEJORABLE","NO APLICA","NO APLICA","NO APLICA","* realizar una correcta inspección del área de trabajo para garantizar la NO presencia de vectores o insectos ponzoñoso. Evitar las zona con acumulación de aguas estancadas. Continuar con las recomendaciones a funcionarios a través de video llamadas por parte de grupo interdisciplinario de la oficina  SST ( psicólogo, fisioterapeuta, profesional SST)","NO APLICA"]
[null,null,null,null,"SI","Virus y Bacterias\n (Exposición a virus y bacterias debido al uso de superficies húmedas como baños, lavamanos y lavaplatos alberca)","BIOLÓGICO","*Dermatosis\n*Reacciones alérgicas\n*Enfermedades infecciosas\n*Infecciones respiratorias","Ninguno","Ninguno","Emisión de recomendaciones a funcionarios a través de video llamadas por parte de grupo interdisciplinario de la oficina  SST ( psicólogo, fisioterapeuta, profesional SST)",2,2,4,"BAJO",25,100,"III","MEJORABLE","NO APLICA","NO APLICA","NO APLICA","*Capacitar a los trabajadores en auto cuidado y la importancia del uso de los EPP. Continuar con las recomendaciones a funcionarios a través de video llamadas por parte de grupo interdisciplinario de la oficina  SST ( psicólogo, fisioterapeuta, profesional SST)","*Uso de EPP (Guantes - Tapa bocas)"]
[null,null,null,null,"NO","Material particulado \n(Polvo en los documentos)","QUÍMICOS","*Enfermedades respiratorias\n*Infecciones virales \n*Alergias ","Ninguno","Ninguno","Emisión de recomendaciones a funcionarios a través de video llamadas por parte de grupo interdisciplinario de la oficina  SST ( psicólogo, fisioterapeuta, profesional SST)",2,2,4,"BAJO",25,100,"III","MEJORABLE","NO APLICA","NO APLICA","NO APLICA","*Realizar seguimiento del uso de los elementos de protección personal (Tapa bocas), cuando manipule archivo con polvo (PRO-SIG-202 procedimiento administración de elementos de EPP.)       .   Continuar con las recomendaciones a funcionarios a través de video llamadas por parte de grupo interdisciplinario de la oficina  SST ( psicólogo, fisioterapeuta, profesional SST).                                                         ","Suministrar tapa bocas para el desarrollo de la labor. "]
[null,null,null,null,"NO","Uso de elementos de desinfección\n(alcohol, gel antimaterial)","QUÍMICOS","\n*Alergias en piel o vías respiratorias.\n* Quemaduras ","Ninguno","Ninguno","Emisión de recomendaciones a funcionarios a través de video llamadas por parte de grupo interdisciplinario de la oficina  SST ( psicólogo, fisioterapeuta, profesional SST)",2,2,4,"BAJO",25,100,"III","MEJORABLE","NO APLICA","NO APLICA","NO APLICA","*Realizar seguimiento del uso de los elementos de protección personal (Tapa bocas), cuando manipule archivo con polvo (PRO-SIG-202 procedimiento administración de elementos de EPP.)       .  Continuar con las recomendaciones a funcionarios a través de video llamadas por parte de grupo interdisciplinario de la oficina  SST ( psicólogo, fisioterapeuta, profesional SST).                                                         ","Suministrar tapa bocas para el desarrollo de la labor. "]
[null,null,null,null,"SI","Mecánico                                         (Manejo de Equipos y elementos de Oficina)","CONDICIONES DE SEGURIDAD","*Traumas de tejidos blandos (Laceración, contusión, heridas superficiales, etc.)       ","Ninguno","Ninguno","Emisión de recomendaciones a funcionarios a través de video llamadas por parte de grupo interdisciplinario de la oficina  SST ( psicólogo, fisioterapeuta, profesional SST)",2,2,4,"BAJO",25,100,"III","MEJORABLE","NO SE REQUIERE","NO SE REQUIERE","NO SE REQUIERE","*Continuar con el uso adecuado de los elementos de trabajo, realizar cambio de los elementos que se observen en mal estado. Continuar con las recomendaciones a funcionarios a través de video llamadas por parte de grupo interdisciplinario de la oficina  SST ( psicólogo, fisioterapeuta, profesional SST) (PLA-SIG-206 retorno seguro al trabajo.)(PGR-SIG-204 orden y aseo.  ).","NO APLICA"]
[null,null,null,null,"SI","Deficiente ventilación (Las ventanas y persianas deben permanecer cerradas para evitar el ingreso de rayos solares)","FÍSICO                              ","*Disconfort por calor ambiental permanente","Ninguno","Ninguno","Emisión de recomendaciones a funcionarios a través de video llamadas por parte de grupo interdisciplinario de la oficina  SST ( psicólogo, fisioterapeuta, profesional SST)",2,2,4,"BAJO",25,100,"III","MEJORABLE","NO APLICA","NO SE REQUIERE","NO SE REQUIERE","Se recomienda contar con un área de ventilación natural o con ventilación artificial como ventiladores. Continuar con las recomendaciones a funcionarios a través de video llamadas por parte de grupo interdisciplinario de la oficina  SST ( psicólogo, fisioterapeuta, profesional SST).","NO APLICA"]
[null,null,null,null,"SI","Manipulación y desplazamiento de cargas\n(Documentos y cajas)","BIOMECÁNICO","Lesiones en columna\nEnfermedad discal\nEnfermedad lumbar ","Ninguno","Ninguno","Emisión de recomendaciones a funcionarios a través de video llamadas por parte de grupo interdisciplinario de la oficina  SST ( psicólogo, fisioterapeuta, profesional SST)",2,2,4,"BAJO",25,100,"III","MEJORABLE","NO SE REQUIERE","NO SE REQUIERE","NO SE REQUIERE","* Practicar higiene postural para el manejo de cargas. Evitar levantar mas de 10 Kg mujeres y 20 Kg Hombres. Continuar con las recomendaciones a funcionarios a través de video llamadas por parte de grupo interdisciplinario de la oficina  SST ( psicólogo, fisioterapeuta, profesional SST).","NO APLICA"]
[null,null,null,null,"SI","Iluminación\n(Deficiente de iluminación natural o artificial en el sitio adecuado para laboral dentro de la vivienda)                                             ","FÍSICO ","*Fatiga visual","Ninguno","Ninguno","Emisión de recomendaciones a funcionarios a través de video llamadas por parte de grupo interdisciplinario de la oficina  SST ( psicólogo, fisioterapeuta, profesional SST)",2,2,4,"BAJO",25,100,"III","MEJORABLE","NO APLICA","Se recomienda adecuar zona de trabajo en lugar con iluminación adecuada (que no sea excesiva o deficiente). ","NO SE REQUIERE","Se recomienda adecuar el sitio de trabajo con iluminación adecuada. Continuar con las recomendaciones a funcionarios a través de video llamadas por parte de grupo interdisciplinario de la oficina  SST ( psicólogo, fisioterapeuta, profesional SST).","NO APLICA"]
[null,null,null,null,"NO","Locativo\nSuperficies de trabajo  irregulares y  desniveladas, escaleras                                 (Desplazamiento en la vivienda)","CONDICIONES DE SEGURIDAD","*Golpes \n*Caídas\n*Fracturas","Ninguno","Ninguno","Emisión de recomendaciones a funcionarios a través de video llamadas por parte de grupo interdisciplinario de la oficina  SST ( psicólogo, fisioterapeuta, profesional SST)",2,2,4,"BAJO",25,100,"III","MEJORABLE","NO APLICA","NO APLICA","NO APLICA","*Se recomienda uso de calzado adecuado y de tacón bajo según el área a visitar, con el fin de evitar caídas. Continuar con las recomendaciones a funcionarios a través de video llamadas por parte de grupo interdisciplinario de la oficina  SST ( psicólogo, fisioterapeuta, profesional SST) ( PGR-SIG-203-programa protección contra caídas. ).","Uso de calzado bajo "]
[null,null,null,null,"SI","Virus (exposición al agente biológico Virus SARS – Cov – 2,  por contacto directo con personas u objetos contaminados).  ","BIOLÓGICO","Enfermedad Covid–19 que puede producir: Malestar, fiebre, dolor de garganta, perdida del olfato y del gusto, dificultad respiratoria, neumonía, náuseas, vómitos o diarrea, órganos como el corazón, los riñones o el hígado pueden inflamarse y provocar que dejen de funcionar correctamente lo que conlleva el empeoramiento del paciente o incluso su muerte. ","Ninguno","Ninguno","Emisión de recomendaciones a funcionarios a través de video llamadas por parte de grupo interdisciplinario de la oficina  SST ( psicólogo, fisioterapeuta, profesional SST)",2,2,4,"BAJO",100,400,"II","ACEPTABLE CON CONTROL ESPECIFICO","N.A","N.A","Trabajo en Casa","*Garantizar el autocuidado en Casa.\n*Participar en las reuniones de bioseguridad realizadas por el grupo de SST.\n*Evitar las reuniones sociales y evitar visitar sitios concurridos o de alto riesgo\n*  Realizar constante desinfección y limpieza de los sitios de trabajo (PRO-SIG-202 procedimiento administración de elementos de EPP.)       .\n* Evitar tocar cara, boca y ojos con las manos.\n* Lavar las manos cada 3 horas. Continuar con las recomendaciones a funcionarios a través de video llamadas por parte de grupo interdisciplinario de la oficina  SST ( psicólogo, fisioterapeuta, profesional SST) (PGR-SIG-207 vigilancia epidemiológica para la prevención de covid-19.)","Uso permanente de respirador buco nasal, uso de guantes en látex C-35  ó neopreno manguilla larga en limpieza de superficies. Uso periódico de productos para limpieza (agua y jabón) y para  sonetizado de manos (geles a base de alcohol al 70%), mono gafas o careta"]
[null,null,null,null,"SI","Trabajo en Casa por Aislamiento por COVID 19\nSobrecarga laboral por la realización de trabajo en casa, atender requerimientos familiares, combinado con actividades caseras\nMiedo al contagio, aislamiento social y confinamiento, miedos e incertidumbres laborales y socioeconómicos, espacios y recursos compartidos por varias personas ante las mismas circunstancias en sus domicilios, convertir espacios de su hogar en despachos improvisados para poder seguir desempeñando su tarea diaria","PSICOSOCIAL","Alteraciones mentales","Ninguno","Ninguno","Emisión de recomendaciones a funcionarios a través de video llamadas por parte de grupo interdisciplinario de la oficina  SST ( psicólogo, fisioterapeuta, profesional SST)",2,2,4,"BAJO",25,100,"III","MEJORABLE","N.A","N.A","Trabajo en Casa","Dar cumplimiento a los Lineamientos para abordar problemas y trastornos mentales en trabajadores de la salud en el marco del afrontamiento del coronavirus (Covid – 19), mediante Guía GPSG03  Marzo 2020 del Ministerio de Salud y Protección Social Inciso 4 y siguientes “Mantener una comunicación actualizada, precisa, oportuna y de buena calidad para todo el personal sobre la información, recomendaciones y las herramientas comunicacionales emitidas por el Ministerio de Salud y Protección Social – MSPS-, como fuente oficial para el país, en relación con el comportamiento del brote de COVID-19, sus características, mitos y realidades, potenciales mecanismos de transmisión, identificación de personas con mayor riesgo, prácticas para la prevención del contagio a través del autocuidado individual y familiar, entre otras\". Continuar con las recomendaciones a funcionarios a través de video llamadas por parte de grupo interdisciplinario de la oficina  SST ( psicólogo, fisioterapeuta, profesional SST) (PGR-SIG-207 vigilancia epidemiológica para la prevención de covid-19.)","Planificar el trabajo. Mantener una actitud positiva. Mantenerse activo y ocupado.  Reconocer las emociones que se viven y afrontar las principales preocupaciones con información. Mantener el contacto social a través de las nuevas tecnologías. Hacer ejercicio o actividad física."]
[null,null,null,null,"SI","Público\n(Robos - Atracos - Asaltos - Agresiones verbales - Actos Violentos)","CONDICIONES DE SEGURIDAD","*Golpes\n*Agresiones verbales y físicas \n*Atentados violentos\n*Heridas\n*Muerte","Ninguno","Ninguno","Emisión de recomendaciones a funcionarios a través de video llamadas por parte de grupo interdisciplinario de la oficina  SST ( psicólogo, fisioterapeuta, profesional SST)",2,2,4,"BAJO",100,400,"II","ACEPTABLE CON CONTROL ESPECIFICO","NO APLICA","NO APLICA","NO APLICA","*Socializar los planes contingencia para diferentes situaciones  de emergencia específicamente riesgo público. Continuar con las recomendaciones a funcionarios a través de video llamadas por parte de grupo interdisciplinario de la oficina  SST ( psicólogo, fisioterapeuta, profesional SST) (PGR-SIG-207 vigilancia epidemiológica para la prevención de covid-19.)(PLA-SIG-204 plan de prevención, preparación y respuesta ante emergencias) (EST-SIG-01/03 ESTANDAR DE SEGURIDAD PARA ACTIVIDADES FUERA DE LA SEDE)","NO APLICA"]
[null,null,null,null,"NO","Erupción volcán Machín","FENÓMENOS NATURALES","Erupción del Volcán Machín","Ninguno","Ninguno","Emisión de recomendaciones a funcionarios a través de video llamadas por parte de grupo interdisciplinario de la oficina  SST ( psicólogo, fisioterapeuta, profesional SST)",2,2,4,"BAJO",25,100,"III","MEJORABLE","NO APLICA","NO APLICA","NO APLICA","Tener en cuenta las recomendaciones dadas en los medios de comunicación de la alcaldía y recomendaciones en el video del ejercicio de la simulación  el día nacional del simulacro. Continuar con las recomendaciones a funcionarios a través de video llamadas por parte de grupo interdisciplinario de la oficina  SST ( psicólogo, fisioterapeuta, profesional SST) (PLA-SIG-204 plan de prevención, preparación y respuesta ante emergencias). ","NO APLICA"]
[null,null,null,null,"NO","Sismo - Terremoto","FENÓMENOS NATURALES","Erupción del Volcán Machín","Ninguno","Ninguno","Emisión de recomendaciones a funcionarios a través de video llamadas por parte de grupo interdisciplinario de la oficina  SST ( psicólogo, fisioterapeuta, profesional SST)",2,2,4,"BAJO",25,100,"III","MEJORABLE","NO APLICA","NO APLICA","NO APLICA","Tener en cuenta las recomendaciones dadas en los medios de comunicación de la alcaldía y recomendaciones en el video del ejercicio de la simulación  el día nacional del simulacro. Continuar con las recomendaciones a funcionarios a través de video llamadas por parte de grupo interdisciplinario de la oficina  SST ( psicólogo, fisioterapeuta, profesional SST) (PLA-SIG-204 plan de prevención, preparación y respuesta ante emergencias).","NO APLICA"]

{"sheet":"VIVE DIGITAL PANÓCTICO","index":36,"n_rows":90,"n_cols":24,"rows_kept":90,"cut":false,"hidden":true,"merged":[[5,2,5,3],[5,4,5,23],[6,2,7,2],[6,3,7,3],[6,4,7,4],[6,5,6,6],[6,7,7,7],[6,8,6,10],[6,11,6,17],[6,19,6,23],[0,2,3,2],[0,3,1,21],[0,23,3,23],[2,3,3,21],[4,20,4,21],[4,22,4,23],[41,2,66,3],[72,2,89,3],[8,2,35,2],[8,3,15,3],[8,4,15,4],[16,3,35,3],[16,4,35,4],[36,2,40,2],[36,3,40,3],[36,4,40,4]]}
[null,null,null,"PROCESO: SISTEMA INTEGRADO DE GESTIÓN",null,null,null,null,null,null,null,null,null,null,null,null,null,null,null,null,null,null,"Código: FOR-221-PRO-SIG"]
[null,null,null,null,null,null,null,null,null,null,null,null,null,null,null,null,null,null,null,null,null,null,"Versión: 04"]
[null,null,null,"FORMATO: \nIDENTIFICACIÓN DE PELIGROS, EVALUACIÓN Y VALORACIÓN DE LOS RIESGOS \nALCALDÍA MUNICIPAL DE IBAGUÉ",null,null,null,null,null,null,null,null,null,null,null,null,null,null,null,null,null,null,"Fecha: 27/05/2022"]
[null,null,null,null,null,null,null,null,null,null,null,null,null,null,null,null,null,null,null,null,null,null,"Página: 1"]
[null,null,"FECHAS DE ACTUALIZACIÓN: ","2019-02-22","2019-03-09","2019-09-02","2019-09-11","2019-09-24","2019-10-30","2020-07-22","2021-04-09","2022-05-27","2024-07-18"]
[null,null,"PROCESO:",null,"11. GESTIÓN TIC - VIVE DIGITAL PANÓCTICO"]
[null,null,"1. PROCESO ADMINISTRATIVO / OPERATIVO","2. ACTIVIDADES","3. TAREA RUTINARIO (SI O NO)","PELIGRO",null,"6. EFECTOS POSIBLES\n(Salud - Seguridad)","CONTROLES EXISTENTES",null,null,"EVALUACIÓN DEL RIESGO",null,null,null,null,null,null,"VALORACIÓN DEL RIESGO","MEDIDAS DE INTERVENCIÓN"]
[null,null,null,null,null,"4. DESCRIPCIÓN","5. CLASIFICACIÓN",null,"7. FUENTE","8. MEDIO","9. INDIVIDUO","10. NIVEL DE DEFICIENCIA","11. NIVEL DE EXPOSICIÓN","12. NIVEL DE PROBABILIDAD ND X NE","13. INTERPRETACIÓN DEL NIVEL DE PROBABILIDAD","14. NIVEL DE CONSECUENCIA","15. NIVEL DE RIESGO NR E INTERVENCIÓN","16. INTERPRETACIÓN DEL NR","17. ACEPTABILIDAD DEL RIESGO","18 ELIMINACIÓN","19. SUSTITUCIÓN","20. CONTROLES DE INGENIERIA","21. CONTROLES ADMINISTRATIVOS, SEÑALIZACIÓN, ADVERTENCIA","22. ELEMENTOS DE PROTECCIÓN PERSONAL"]
[null,null,"ADMINISTRATIVO","ACTIVIDAD PLANEACIÓN, ELABORACIÓN Y EJECUCION DE DOCUMENTOS. USO DE HERRAMIENTAS TECNOLOGICAS Y VIDEO TERMINALES. INTERACCIONES LABORALES Y ADMINISTRATIVAS (ATENCIÓN AL CIUDADANO). DIGITACIÓN, ANÁLISIS DE INFORMACIÓN, EJECUCIÓN DE TRÁMITES DE LOS EQUIPOS DE INFORMÁTICA, DISEÑO DE SOFTWARE, PROGRAMACIÓN DE COMPUTADORES, DESARROLLAR PROGRAMAS, PROYECTOS INNOVACIÓN - TECNOLOGÍA DE LA INNOVACIÓN - ESTRATEGIAS PARA EL USO DE LAS TIC","SI","Postura Prolongada (Postura sedente más del 75% de la jornada laboral en trabajo con video terminales)","BIOMECÁNICO","*Dolor lumbar inespecífico\n*Espasmos musculares","No aplica","Ninguno","Ninguno",6,2,{"$f":"+L9*M9","v":12},{"$f":"IF(N9>=24,\"MUY ALTO\",IF(N9>=10,\"ALTO\",IF(N9>=6,\"MEDIO\",\"BAJO\")))","v":"ALTO"},25,{"$f":"+N9*P9","v":300},{"$f":"IF(Q9>=600,\"I\",IF(Q9>=150,\"II\",IF(Q9>=40,\"III\",IF(Q9>=20,\"IV\"))))","v":"II"},{"$f":"IF(Q9>=600,\"NO ACEPTABLE\",IF(Q9>=150,\"ACEPTABLE CON CONTROL ESPECIFICO\",IF(Q9>=40,\"MEJORABLE\",IF(Q9>=20,\"ACEPTABLE\"))))","v":"ACEPTABLE CON CONTROL ESPECIFICO"},"NO APLICA","NO SE REQUIERE","NO SE REQUIERE","*Realizar re inducción en higiene postural, ergonomía en oficina, gimnasia laboral y pausas activas.                                                                 \n\n*Continuar con las actividades del sistema de vigilancia epidemiológico  para prevención de desordenes musculo esqueléticas asociadas al peligro biomecánico (PGR-SIG-205 vigilancia epidemiológica para la prevención de desórdenes musculo-esqueléticos.)                                                                                   \n\n*Realizar pausas activas en el área (INS-SIG-202 instructivo de pausas activas saludables )                                                                                                                                       ","NO APLICA"]
[null,null,null,null,null,"Esfuerzo visual                                   (Por consulta y digitación de datos e información)                                     ","BIOMECÁNICO","Fatiga visual","Ninguno","Ninguno","Ninguno",6,2,{"$f":"+L10*M10","v":12},{"$f":"IF(N10>=24,\"MUY ALTO\",IF(N10>=10,\"ALTO\",IF(N10>=6,\"MEDIO\",\"BAJO\")))","v":"ALTO"},25,{"$f":"+N10*P10","v":300},{"$f":"IF(Q10>=600,\"I\",IF(Q10>=150,\"II\",IF(Q10>=40,\"III\",IF(Q10>=20,\"IV\"))))","v":"II"},{"$f":"IF(Q10>=600,\"NO ACEPTABLE\",IF(Q10>=150,\"ACEPTABLE CON CONTROL ESPECIFICO\",IF(Q10>=40,\"MEJORABLE\",IF(Q10>=20,\"ACEPTABLE\"))))","v":"ACEPTABLE CON CONTROL ESPECIFICO"},"NO APLICA","NO APLICA","NO APLICA","*Implementar el programa de pausas activas (INS-SIG-202 instructivo de pausas activas saludables )      ","NO APLICA"]
[null,null,null,null,null,"Movimientos repetitivos  \n(Digitación)","BIOMECÁNICO","Síndrome de Túnel del Carpo ( STC).\nSíndrome de Quervain","Ninguno","Ninguno","Ninguno",6,2,12,"ALTO",25,300,"II","ACEPTABLE CON CONTROL ESPECIFICO","NO SE REQUIERE","NO SE REQUIERE","NO SE REQUIERE","*Se recomienda la implementación permanente de pausas activas durante la jornada laboral (INS-SIG-202 instructivo de pausas activas saludables )                                                                                                                                                       ","NO APLICA"]
[null,null,null,null,null,"Radiaciones No ionizantes                                   (Exposición permanente  a pantallas del computador)","FÍSICO ","*Fatiga visual\n*Daños a la visión (Sequedad en los ojos - ojo enrojecido)\n*Tensión ocular ","Uso de pantalla antirreflejo","Ninguno","Ninguno",2,2,4,"BAJO",25,100,"III","MEJORABLE","NO APLICA","NO SE REQUIERE","NO SE REQUIERE","*Se recomienda la implementación permanente de pausas activas durante la jornada laboral.  Realizar reinducción (INS-SIG-202 instructivo de pausas activas saludables )                                                                                                                                             ","NO APLICA"]
[null,null,null,null,null,"Mecánico                                         (Manejo de Equipos y elementos de Oficina)","CONDICIONES DE SEGURIDAD","*Traumas de tejidos blandos (Laceración, contusión, etc.)       ","Elementos de trabajo en buen estado","Ninguno","Ninguno",2,2,4,"BAJO",25,100,"III","MEJORABLE","NO SE REQUIERE","NO SE REQUIERE","NO SE REQUIERE","*Continuar con el uso adecuado de los elementos de trabajo, realizar cambio de los elementos que se observen en mal estado. Realizar reinducción (PRO-SIG-202 procedimiento administración de elementos de EPP.)       ","NO APLICA"]
[null,null,null,null,null,"Eléctrico Baja tensión. (Cableado eléctrico de equipo de computo expuesto)","CONDICIONES DE SEGURIDAD","*En caso de cortos, puede generarse electrocución \n*Se potencializa el riesgo de incendio y accidentes por caídas. ","Ninguno","Realización de inspecciones","Ninguno",2,2,4,"BAJO",25,100,"III","MEJORABLE","NO APLICA","NO SE REQUIERE","NO SE REQUIERE","* Realizar inspecciones de seguridad para verificar estado de cableado del  área.  *Verificar carga, ubicación y señalización de extintor solkaflam (PGR-SIG-204 orden y aseo.  )","NO APLICA"]
[null,null,null,null,null,"Locativo\nInstalaciones en mal estado\n (Gotera en el techo - Humedad en la pared)","CONDICIONES DE SEGURIDAD","*Desplome de estructuras por la humedad presentada \n*Infecciones en vías respiratorias\n* Alergias","Ninguno","Ninguno","Ninguno",2,2,4,"BAJO",25,100,"III","MEJORABLE","NO SE REQUIERE","NO SE REQUIERE","*Realizar mantenimiento correctivo a las instalaciones, con el fin de eliminar la humedad y a gotera en el área. ","NO APLICA","NO APLICA"]
[null,null,null,null,null,"Locativo\nHacinamiento\n(El área es reducida para la cantidad de personas que laboran en ella)","CONDICIONES DE SEGURIDAD","*Atención tardía en caso de emergencias \n*Dificultad en la evacuación en caso de una emergencia. ","Ninguno","Control de aforo","Ninguno",2,2,4,"BAJO",25,100,"III","MEJORABLE","NO SE REQUIERE","NO SE REQUIERE","Se recomienda ampliar el área de la oficina y/o asignar otro espacio para reubicar personal del área, con el fin de mejorar las condiciones de trabajo. H","Hacer seguimiento al cumplimiento del aforo (PLA-SIG-206 retorno seguro al trabajo.)","NO APLICA"]
[null,null,null,"TRANSFERENCIAS DOCUMENTALES. MANEJO DE CORRESPONDENCIA. ACTIVIDAD MANEJO DE ARCHIVO. REGISTRO, INVENTARIO Y CONTROL DE PRÉSTAMO DE LOS LIBROS ","SI","Mecánico                                                     \nManejo de herramientas manuales \n(Grapadora, saca ganchos, perforadora, ganchos legadores)","CONDICIONES DE SEGURIDAD\n","Golpes, heridas, pinchazos, magulladuras de diferentes en los miembros superiores ","Ninguno","Ninguno ","Ninguno ",2,2,4,"BAJO",25,100,"III","MEJORABLE","NINGUNO ","NINGUNO ","NINGUNO ","*Capacitación sobre manejo seguro de herramientas.\n*Capacitación en prevención en lesiones de mano.\n*Inspeccionar las diferentes herramientas utilizados en la oficina para labores administrativas. (PGR-SIG-204 orden y aseo.  )","NO APLICA"]
[null,null,null,null,null,"Postura Forzada                            Miembros superiores en la gravedad por el espacio reducido del plano de trabajo\n","BIOMECÁNICO","Lumbalgias, Cervicalgias, Mialgias, lesiones y síndromes doloroso, tendinitis, espamos de manos ","Ninguno","Ninguno","Jornadas de pausas activas ",6,2,12,"ALTO",25,300,"II","ACEPTABLE CON CONTROL ESPECIFICO","NINGUNO ","NINGUNO ","NINGUNO ","* Pausas activas a lo largo de la jornada laboral y sensibilizar sobre su importancia (INS-SIG-202 instructivo de pausas activas saludables )       , * Realizar seguimiento para el S.V.E  para lesiones osteo musculares (PGR-SIG-205 vigilancia epidemiológica para la prevención de desórdenes musculo-esqueléticos.)    .\n* Se recomienda  revisar la posibilidad de contar con un plano de trabajo en \"L\" que garantice que la manos, brazo y muñeca permanezcan en línea recta en el momento de digitar. \n","NO APLICA "]
[null,null,null,null,null,"Postura Anti gravitacional                            Miembros superiores en la gravedad","BIOMECÁNICO"," Tendinitis Espamos de manos","Ninguno","Ninguno","Jornadas de pausas activas ",6,2,12,"ALTO",25,300,"II","ACEPTABLE CON CONTROL ESPECIFICO","NINGUNO ","NINGUNO ","NINGUNO ","* Pausas activas a lo largo de la jornada laboral y sensibilizar sobre su importancia (INS-SIG-202 instructivo de pausas activas saludables )       , * Realizar seguimiento para el S.V.E  para lesiones osteo musculares (PGR-SIG-205 vigilancia epidemiológica para la prevención de desórdenes musculo-esqueléticos.)    .\n* Se recomienda  revisar la posibilidad de contar con un plano de trabajo en \"L\" que garantice que la manos, brazo y muñeca permanezcan en línea recta en el momento de digitar. \n","NO APLICA "]
[null,null,null,null,null,"Locativo \nTechos en mal estado \nProblemas de humedad ","CONDICIONES DE SEGURIDAD","Colapso estructural - Hongos- bacterias","Ninguno","Ninguno ","Ninguno ",2,2,4,"BAJO",25,100,"III","MEJORABLE","NINGUNO ","NINGUNO ","NINGUNO ","*Realizar mantenimiento preventivo y correctivo de las instalaciones locativas, con el fin de mejorar las condiciones de trabajo y prevenir  enfermedades a los trabajadores.                                                                                                                    * Mantenimiento de los techos para  evitar  la proliferación de animales ( murciélagos- palomas) y control de humedad. \n*Se recomienda erradicar los palomas del área. (PGR-SIG-204 orden y aseo.  )","NO APLICA"]
[null,null,null,null,null,"Locativo - Infraestructura                           Sistemas de almacenamiento y condiciones técnico ambientales inadecuados del archivo                        ","CONDICIONES DE SEGURIDAD","Accidentes de trabajo -  Deterioro del archivo - Caídas de objetos (cajas) ","Ninguno","Ninguno","Ninguno",2,2,4,"BAJO",25,100,"III","MEJORABLE","NINGUNO ","NINGUNO ","NINGUNO "," *Ubicación del archivo debe ser un terreno sin riesgos de humedad subterránea o problemas de inundación y que ofrezca estabilidad.","NO APLICA"]
[null,null,null,null,null,"Locativo\nSistema de almacenamiento  \nUbicación inadecuada de los archivadores anclados a la pared","CONDICIONES DE SEGURIDAD\n","*Golpes\n*Contusión \n*Traumas superficiales\n*Heridas","NINGUNO","NINGUNO","NINGUNO",2,2,4,"BAJO",25,100,"III","MEJORABLE","NINGUNO ","NINGUNO ","NINGUNO ","*Se recomienda instalar protectores de seguridad en el soporte de agarre de los archivadores, con el fin de evitar heridas graves y disminuir los golpes. \n*Sensibilización a los trabajadores  en auto cuido. ","NO APLICA"]
[null,null,null,null,null,"Postura Forzada                            \nAltura inadecuada de la pantalla visual  por el portátil ","BIOMECÁNICO"," Tendinitis Espamos de manos","Ninguno","Ninguno","Jornadas de pausas activas ",6,2,12,"ALTO",25,300,"II","ACEPTABLE CON CONTROL ESPECIFICO","NINGUNO ","NINGUNO ","NINGUNO ","* Pausas activas a lo largo de la jornada laboral y sensibilizar sobre su importancia (INS-SIG-202 instructivo de pausas activas saludables )      , * Realizar seguimiento para el S.V.E  para lesiones osteo musculares. A. *Se recomienda graduar y elevar la altura de la pantalla visual para mejorar posturas de los puestos de trabajo con portátil. ","*Se recomienda elementos de confort: Base portátil, apoyapiés, teclado adicional "]
[null,null,null,null,null,"Movimientos repetitivos  Abrir y cerrar las estanterías móviles del archivo (rodantes) ","BIOMECÁNICO ","Síndrome del Túnel Carpiano, Manguito rotador ","Ninguno","Ninguno","Pausas Activas Implementación del SVE DMO ",6,2,12,"ALTO",25,300,"II","ACEPTABLE CON CONTROL ESPECIFICO","NINGUNO ","NINGUNO ","NINGUNO ","*Implementar el programa de pausas activas  (INS-SIG-202 instructivo de pausas activas saludables )                                                                   *Implementación del Sistema de vigilancia epidemiológico desordes musculo esqueléticos, con el fin de identificar las personas con sintomatología y hacer el respectivo seguimiento y control de los diagnósticos médicos que se presenten (PGR-SIG-205 vigilancia epidemiológica para la prevención de desórdenes musculo-esqueléticos.)   .","NO APLICA"]
[null,null,null,null,null,"Movimientos Repetitivos\n(Sólo las manos, digitación en teclado y uso de mouse)","BIOMECÁNICO","Síndromes túnel del carpo\n\nSíndrome de Quervain","Ninguno","SVE  Biomecánico ","Ninguno",6,2,12,"ALTO",25,300,"II","ACEPTABLE CON CONTROL ESPECIFICO","NINGUNO ","NINGUNO ","NINGUNO ","*Implementar el programa de pausas activas, específicamente  (INS-SIG-202 instructivo de pausas activas saludables )                                          *Continuar con la implementación del Sistema de vigilancia epidemiológico osteomuscular (PGR-SIG-205 vigilancia epidemiológica para la prevención de desórdenes musculo-esqueléticos.)    .","NO APLICA"]
[null,null,null,null,null,"Públicos                                                     Agresiones verbales con la atención de usuarios, estudiantes,  ","CONDICIONES DE SEGURIDAD","Heridas, Muerte, estrés laboral","Ninguno","Ninguno ","Ninguno ",2,2,4,"BAJO",100,400,"II","ACEPTABLE CON CONTROL ESPECIFICO","NINGUNO ","NINGUNO ","NINGUNO ","*Diseñar e implementar  planes contingencia para diferentes situaciones  de emergencia (PLA-SIG-204 plan de prevención, preparación y respuesta ante emergencias).       \n* Continuar con la vigilancia física del centro de trabajo. \n* Capacitaciones para intervenir el riesgo.(EST-SIG-01/03 ESTANDAR DE SEGURIDAD PARA ACTIVIDADES FUERA DE LA SEDE)","NO APLICA "]
[null,null,null,null,null,"Locativo \nLuminarias sin protectores (rejillas)","CONDICIONES DE SEGURIDAD","Caídas de los tubos fluorescentes, golpes, contusiones ","Ninguno","Ninguno ","Ninguno ",2,2,4,"BAJO",25,100,"III","MEJORABLE","NINGUNO ","NINGUNO ","NINGUNO ","*Se recomienda que las luminarias cuenten con protectores (rejillas), para dar cumplimiento a la Resolución 180540 de 2010.    ","NO APLICA"]
[null,null,null,null,null,"Material Particulado Acumulación de material particulado (polvo) de los libros  ","QUÍMICO","Irritaciones, alergias a nivel respiratorio","Limpieza periódica a los archivos ","Ninguno","Capacitación en manejo y seguridad de los archivos . Uso de mascarilla respiratoria y gafas ",2,2,4,"BAJO",25,100,"III","MEJORABLE","NINGUNO ","NINGUNO ","NINGUNO ","*Exámenes periódicos anualmente al personal  expuesto con espirómetros \n* Se recomienda que el personal de servicios generales realice limpieza completa del archivo durante la semana. Realizar reinducción (PGR-SIG-204 orden y aseo.  )","Uso de tapabocas obligatorio"]
[null,null,null,null,null,"Movimientos Repetitivos\nOrganizar los libros ","BIOMECÁNICO","Síndromes túnel del carpo\n\nSíndrome de Quervain","Ninguno","SVE  Biomecánico ","Ninguno",2,2,4,"BAJO",25,100,"III","MEJORABLE","NINGUNO ","NINGUNO ","NINGUNO ","*Implementar el programa de pausas activas (INS-SIG-202 instructivo de pausas activas saludables )      , específicamente                                                                                      *Continuar con la implementación del Sistema de vigilancia epidemiológico osteomuscular (PGR-SIG-205 vigilancia epidemiológica para la prevención de desórdenes musculo-esqueléticos.)    .","NO APLICA"]
[null,null,null,null,null,"Manipulación manual de cargas                                               \nLevantar cajas de archivo del piso","BIOMECÁNICO","Hernias Discales - Bursitis de hombro - Bursitis de rodilla ","Ninguno","Ninguno","Capacitación manejo adecuado de cargas ",2,2,4,"BAJO",25,100,"III","MEJORABLE","NINGUNO ","NINGUNO ","NINGUNO ","*Continuar con la implementación del sistema de vigilancia epidemiológico osteomuscular (PGR-SIG-205 vigilancia epidemiológica para la prevención de desórdenes musculo-esqueléticos.)    .                                                                             *Continuar con la capacitación y  permanente  en  higiene postural, ergonomía en oficina, gimnasia laboral y pausas activas (INS-SIG-202 instructivo de pausas activas saludables )         ","NO APLICA"]
[null,null,null,null,null,"Material Particulado Acumulación de material particulado (polvo) del archivo antiguo  y tipo de tipo. ","QUÍMICO","Irritaciones, alergias a nivel respiratorio","Limpieza periódica a los archivos ","Ninguno","Capacitación en manejo y seguridad de los archivos . Uso de mascarilla respiratoria y gafas ",2,2,4,"BAJO",25,100,"III","MEJORABLE","NINGUNO ","NINGUNO ","NINGUNO ","*Exámenes periódicos anualmente al personal  expuesto con espirómetros \n* Se recomienda que el personal de servicios generales realice limpieza completa del archivo durante la semana (PGR-SIG-204 orden y aseo.  ).","Uso de tapabocas obligatorio"]
[null,null,null,null,null,"Hongos- Bacterias       \nPresencia libros antiguos  ","BIOLÓGICO ","Afecciones respiratorias ","Fumigación ","Ninguno","Capacitación en manejo y seguridad de los archivos . Uso de mascarilla respiratoria y gafas ",2,2,4,"BAJO",25,100,"III","MEJORABLE","NINGUNO ","NINGUNO ","NINGUNO ","\n* Se recomienda continuar con el proceso de intervención (limpieza) de los libros antiguos (PGR-SIG-204 orden y aseo.  )","Uso de guantes de nitrilo y tapabocas "]
[null,null,null,null,null,"Hongos       \nMalos olores  en el área                      ","BIOLÓGICO ","Alergias,  Malos olores ","Ninguno","Ninguno","Ninguno",2,2,4,"BAJO",25,100,"III","MEJORABLE","NINGUNO ","NINGUNO ","NINGUNO ","*Se recomienda mantenimiento de las instalaciones para eliminar los malos olores (PGR-SIG-204 orden y aseo.  ).\n* Se recomienda  mantenimiento de  los techos para el control de goteras (humedad). ","NO APLICA"]
[null,null,null,null,null,"Locativo \nDesnivel en la superficie de trabajo  en la entrada ","CONDICIONES DE SEGURIDAD","Caídas, golpes, incidentes  y accidentes de y trabajo ","Ninguno ","Señalización de advertencia","Capacitación en prevención de caídas",2,2,4,"BAJO",25,100,"III","MEJORABLE","NINGUNO ","NINGUNO ","NINGUNO ","*Se recomienda demarcar con cinta de precaución el desnivel de la superficie de trabajo para mejor visibilidad del funcionario  y del visitante. \n* Instalar cinta de precaución en el desnivel de la superficie de trabajo. ","NO APLICA "]
[null,null,null,null,null,"Locativo \nLuminarias sin protectores (rejillas)","CONDICIONES DE SEGURIDAD","Caídas de los tubos fluorescentes, golpes, contusiones ","Ninguno","Ninguno ","Ninguno ",2,2,4,"BAJO",25,100,"III","MEJORABLE","NINGUNO ","NINGUNO ","NINGUNO ","*Se recomienda que las luminarias cuenten con protectores (rejillas), para dar cumplimiento a la Resolución 180540 de 2010.    ","NO APLICA"]
[null,null,null,null,null,"Locativo - Infraestructura\n\nTechos en mal estado \nProblemas de humedad ","CONDICIONES DE SEGURIDAD","Colapso estructural - Hongos- bacterias","Ninguno","Ninguno ","Ninguno ",2,2,4,"BAJO",25,100,"III","MEJORABLE","NINGUNO ","NINGUNO ","NINGUNO ","*Realizar mantenimiento preventivo y correctivo de las instalaciones locativas, con el fin de mejorar las condiciones de trabajo y prevenir  enfermedades a los trabajadores.                                                                                                                    * Mantenimiento de los techos para  evitar  la proliferación de animales ( roedores) y control de humedad. ","NO APLICA"]
[null,null,"OPERATIVO","ACTIVIDAD DESPLAZAMIENTO A EVENTOS Y REUNIONES INSTITUCIONALES, INSPECCIONES, ACTIVIDADES DE BIENESTAR DEPORTIVAS Y CULTURALES, ACTIVIDADES DE PROGRAMACIÓN PARA EQUIPOS FUERA DE LA SEDE","SI","Accidentes de tránsito                           (En los desplazamientos de la visitas a los centros de trabajo)\nVER MATRIZ RIESGO VIAL","CONDICIONES DE SEGURIDAD","*Muerte \n*Lesiones graves en el cuerpo entero\n*Atrapamiento vehicular","Ninguno","Ninguno","Ninguno",2,2,4,"BAJO",100,400,"II","ACEPTABLE CON CONTROL ESPECIFICO","NO APLICA","NO APLICA","*Se debe empezar a realizar la inspección pre operacional de vehículos de la empresa, para identificar condiciones del mismo. ","*Dar cumplimiento al plan de capacitación del PESV \n*Continuar sensibilización en seguridad vial, en lo referente a los roles de seguridad vial (Conductor - Pasajero - Peatón) (PLA-SIG-202 pesv plan estratégico de seguridad vial.)","NO APLICA"]
[null,null,null,null,null,"Locativo\nSuperficies de trabajo  irregulares y  desniveladas                                 (Desplazamiento en los diferentes áreas)","CONDICIONES DE SEGURIDAD","*Golpes \n*Caídas","Ninguno","Ninguno","Ninguno",2,2,4,"BAJO",25,100,"III","MEJORABLE","NO APLICA","NO APLICA","NO APLICA","*Se recomienda uso de calzado adecuado según el área a visitar, con el fin de evitar caídas ( PGR-SIG-203-programa protección contra caídas. )          ","Continuar con el uso de  EPP requeridos según el área a auditar: \n*Calzado de seguridad (Botas).\n*Casco\n*Protección respiratoria "]
[null,null,null,null,null,"Público\n(Robos - Atracos - Asaltos)","CONDICIONES DE SEGURIDAD","*Golpes\n*Agresiones verbales y físicas \n*Atentados violentos\n*Heridas\n*Muerte","Cámaras de seguridad","Ninguno","Capacitación en emergencias a brigadistas ",2,2,4,"BAJO",100,400,"II","ACEPTABLE CON CONTROL ESPECIFICO","NO APLICA","NO APLICA","NO APLICA","*Diseñar, implementar  y socializar los planes contingencia para diferentes situaciones  de emergencia   (PLA-SIG-204 plan de prevención, preparación y respuesta ante emergencias)(EST-SIG-01/03 ESTANDAR DE SEGURIDAD PARA ACTIVIDADES FUERA DE LA SEDE)","NO APLICA"]
[null,null,null,null,null,"Manipulación manual de cargas \"Empujar equipos\"                         ","BIOMECÁNICO","*Hombro doloroso\n*Epicondilitis\n*Tendinitis\n*Bursitis","No aplica","Ninguno","Ninguno",2,2,4,"BAJO",25,100,"III","MEJORABLE","NO APLICA","NO APLICA","NO APLICA","*Formación de líderes en pausas activas en la sede, con el fin de implementar las mismas (INS-SIG-202 instructivo de pausas activas saludables )      .\n*Continuar con las actividades del sistema de vigilancia epidemiológico  para prevención de desordenes musculo esqueléticas asociadas al peligro biomecánico (PGR-SIG-205 vigilancia epidemiológica para la prevención de desórdenes musculo-esqueléticos.)    .\n*Se recomienda hacer re inducción en manejo seguro de cargas ","No aplica"]
[null,null,null,null,null,"Mecánico                                         (Uso de herramientas manuales en la limpieza de equipos)","CONDICIONES DE SEGURIDAD","*Traumas de tejidos blandos (Laceración, contusión, etc.)       ","Ninguno","Ninguno","Ninguno",2,2,4,"BAJO",25,100,"III","MEJORABLE","NO SE REQUIERE","NO SE REQUIERE","*Realizar mantenimiento preventivo y correctivo de las herramientas de trabajo. ","*Continuar con el uso adecuado de los elementos de trabajo. \n*Se debe realizar seguimiento al uso adecuado de los EPP. (PRO-SIG-202 procedimiento administración de elementos de EPP.)       \n","NO APLICA"]
[null,null,"PELIGROS QUE APLICAN A TODAS LAS ACTIVIDADES",null,"SI","Ruido\n(Intermitente por el paso vehicular por la carrera 3da)","FÍSICO ","Alteraciones auditivas como hipoacusia","Ninguno","Realización de mediciones ambientales de ruido","Ninguno",2,2,4,"BAJO",25,100,"III","MEJORABLE","NO SE REQUIERE","NO SE REQUIERE","NO SE REQUIERE","*Se recomienda realizar mediciones ambientales de ruido, con el fin de identificar los niveles de exposición de ruido en el área. ","NO APLICA"]
[null,null,null,null,"SI","Virus \n(exposición al agente biológico Virus Sars – Cov – 2,  por contacto directo con personas u objetos contaminados).  ","BIOLÓGICO","Enfermedad Covid–19 que puede producir: Malestar, fiebre, dolor de garganta, perdida del olfato y del gusto, dificultad respiratoria, neumonía, náuseas, vómitos o diarrea, órganos como el corazón, los riñones o el hígado pueden inflamarse y provocar que dejen de funcionar correctamente lo que conlleva el empeoramiento del paciente o incluso su muerte. ","Ninguno","Limpieza y desinfección de áreas de trabajo   y en casa,  Control de aforo, señalización de advertencia.","Distanciamiento    físico, uso de mascarilla, lavado de manos constante.",2,2,4,"BAJO",100,400,"II","ACEPTABLE CON CONTROL ESPECIFICO","N.A","N.A","Trabajo en casa , diseño puestos de trabajo cumpliendo con el distanciamiento social, lavamanos y puntos de desinfección.","*Diseño e implementación del Protocolo de Bioseguridad para prevención de Covid-19.  *Implementar y promover en la planta de personal buenas prácticas de higiene y control de Covid-19 a través de actividades limpieza/desinfección de estaciones de trabajo, baños, vehículos, en casa, en desplazamiento, entre otros. \n(PGR-SIG-207 vigilancia epidemiológica para la prevención de covid-19.)  *Promover frecuentemente el lavado de manos en personal de planta, contratistas y visitantes. En caso de no contar con agua y jabón, se debe proveer con desinfectantes para manos (gel antibacterial a base de alcohol).  *Disminución de la densidad laboral en áreas de trabajo o de ocupación de la entidad promoviendo el teletrabajo. *Mantener un stop de EPP  (mascarillas ) para dotación y recambio (PRO-SIG-202 procedimiento administración de elementos de EPP.)       . *Establecer canales de comunicación individualizados y/o de grupo: correo electrónico, redes sociales, videoconferencia, teléfono para reuniones evitando la presencialidad. *Revisión y análisis de los perfiles epidemiológicos por cargo, estrategias motivación para que los funcionarios se  vacunen (PGR-SIG-207 vigilancia epidemiológica para la prevención de covid-19.) (PRO-SIG-202 procedimiento administración de elementos de EPP.)       .","Uso permanente de mascarilla respiratoria. Uso periódico de productos para limpieza (agua y jabón) y  alcohol al 70%, mono gafas o careta."]
[null,null,null,null,"SI"," Demandas Emocionales: Condiciones de la tarea                             \nLa novedad del entorno de trabajo, situación familiar:  hijos o personas mayores a cargo en el hogar en situación de riesgo, miedo al contagio, aislamiento social y confinamiento, miedos e incertidumbres laborales y socioeconómicos, espacios y recursos compartidos por varias personas ante las mismas circunstancias en sus domicilios, convertir espacios de su hogar en despachos improvisados para poder seguir desempeñando su tarea diaria, valoración subjetiva y objetiva por parte del experto mientras se aplica la batería de riesgo psicosocial.","PSICOSOCIAL","Alteraciones mentales, Ansiedad, depresión, estrés postraumático.","S.V.E. Psicosocial","S.V.E Psicosocial","Intervenciones individuales y grupales, capacitaciones, medidas de afrontamiento, manejo de habilidades sociales.",2,2,4,"BAJO",25,100,"III","MEJORABLE","N.A","N.A","Organización de los puestos de trabajo, lavamanos, dispensadores, cumpliendo con el distanciamiento."," “Mantener una comunicación actualizada, precisa, oportuna y de buena calidad para todo el personal sobre la información, recomendaciones y las herramientas comunicacionales, normas legales, emitidas por el Ministerio de Salud y Protección Social – MSPS-, como fuente oficial para el país, en relación con el comportamiento del brote de COVID-19, sus características, mitos y realidades, potenciales mecanismos de transmisión, identificación de personas con mayor riesgo, prácticas para la prevención del contagio a través del autocuidado individual y familiar, entre otras”capacitaciones del protocolo de bioseguridad, inspecciones, suministro de Elementos de bioseguridad. (PGR-SIG-207 vigilancia epidemiológica para la prevención de covid-19.) (PRO-SIG-202 procedimiento administración de elementos de EPP.)       . ","Uso de los elementos de bioseguridad, establecer el compromiso de autocuidado y trabajo seguro."]
[null,null,null,null,"SI","Características de la organización del trabajo\n(Valoración promedio mientras se realiza el proceso de aplicación de baterías de riesgo psicosocial)","PSICOSOCIAL","Alteraciones mentales, Ansiedad, depresión.","SVE. Riesgo Psicosocial","SVE. Riesgo Psicosocial","Intervenciones individuales y grupales, capacitaciones, medidas de afrontamiento, manejo de habilidades sociales.",2,2,4,"BAJO",25,100,"III",{"$f":"IF(Q45>=600,\"NO ACEPTABLE\",IF(Q45>=150,\"ACEPTABLE CON CONTROL ESPECIFICO\",IF(Q45>=40,\"MEJORABLE\",IF(Q45>=20,\"ACEPTABLE\"))))","v":"MEJORABLE"},"NO SE REQUIERE","NO SE REQUIERE","NO APLICA","*Aplicación de las baterías de riesgo  psicosocial, para verificar la exposición al peligro (PGR-SIG-206 vigilancia epidemiológico de riesgo psicosocial). . \nCapacitación en trabajo en equipo y competencias individuales y profesionales.\n\nAnálisis de carga laboral.                                                                                                                                     ","NO SE REQUIERE"]
[null,null,null,null,"SI","Características del grupo social y del trabajo.\n(Está en proceso la evaluación de los factores de riesgo psicosocial)","PSICOSOCIAL","Stress laboral\nAfecciones de salud                                                                                                                                                                                                                                                                                                                                                                                                            Ambientes de trabajo Hostil                                                                                                                                                                                                                                                                                                                                                                                                         Baja Productividad","Cumplimiento de la normatividad ley 1010, resolución 652 y 356, 2646.","Comité de Convivencia Laboral","Capacitaciones en habilidades sociales básicas, resolución de conflictos, liderazgo efectivo.",2,2,4,"BAJO",25,100,"III",{"$f":"IF(Q46>=600,\"NO ACEPTABLE\",IF(Q46>=150,\"ACEPTABLE CON CONTROL ESPECIFICO\",IF(Q46>=40,\"MEJORABLE\",IF(Q46>=20,\"ACEPTABLE\"))))","v":"MEJORABLE"},"NO SE REQUIERE","NO SE REQUIERE","NO SE REQUIERE","*Capacitación en habilidades sociales básicas y relaciones interpersonales y comunicación asertiva y efectiva. \n\n*Capacitación en liderazgo efectivo y generación de hábitos del líder. ","NO SE REQUIERE"]
[null,null,null,null,"SI","Gestión Organizacional\n(Está en proceso la evaluación de los factores de riesgo psicosocial aplicación batería de riesgo psicosocial)","PSICOSOCIAL","Stress laboral\nAfecciones de salud                                                                                                                                                                                                                                                                                                                                                                                                                     Productividad- Ausentismo","Plan de Intervención del SVE ","N/A","Intervenciones individuales y grupales, capacitaciones en liderazgo, fortalecimiento de las escuelas de liderazgo.",2,2,4,"BAJO",25,100,"III",{"$f":"IF(Q47>=600,\"NO ACEPTABLE\",IF(Q47>=150,\"ACEPTABLE CON CONTROL ESPECIFICO\",IF(Q47>=40,\"MEJORABLE\",IF(Q47>=20,\"ACEPTABLE\"))))","v":"MEJORABLE"},"NO SE REQUIERE","NO SE REQUIERE","NO SE REQUIERE","Fortalecimiento de las escuelas de liderazgo.","NO SE REQUIERE"]
[null,null,null,null,"SI","Contenido de la Tarea (Carga de Trabajo)\n(Está en proceso la evaluación de los factores de riesgo psicosocial aplicación batería de riesgo psicosocial)","PSICOSOCIAL","Stress laboral\nAfecciones de salud","S.V.E. Psicosocial","Distribución de la tarea por trabajo en equipo, gestión del tiempo.","Intervenciones individuales y grupales, capacitaciones, medidas de afrontamiento, manejo de habilidades sociales.",2,2,4,"BAJO",25,100,"III",{"$f":"IF(Q48>=600,\"NO ACEPTABLE\",IF(Q48>=150,\"ACEPTABLE CON CONTROL ESPECIFICO\",IF(Q48>=40,\"MEJORABLE\",IF(Q48>=20,\"ACEPTABLE\"))))","v":"MEJORABLE"},"NO SE REQUIERE","NO SE REQUIERE","NO SE REQUIERE","Capacitaciones, manejo del tiempo como recurso, trabajo colaborativo y ayuda percibida.  ","NO SE REQUIERE"]
[null,null,null,null,"SI","Infraestructura - Locativo     \nInstalaciones  (Desgaste de cintas antideslizantes en las escaleras)","CONDICIONES DE SEGURIDAD","Caídas al mismo y distinto nivel, esguinces, golpes, contusiones ","Ninguno","Ninguno","Ninguno",2,2,4,"BAJO",25,100,"III","MEJORABLE","NO APLICA","NO APLICA","Instalar bandas antideslizantes en las escaleras del edificio. ","*Diseñar y socializar protocolo para control de ingreso de personas adultas y menores de edad. ","NO APLICA"]
[null,null,null,null,"SI","Infraestructura - Locativo\nAusencia de estructura que evite el ingreso de aguas lluvias en los pasillos del edificio principal ","CONDICIONES DE SEGURIDAD","Caídas por Ingreso de aguas lluvias en los pasillos","Ninguno","Ninguno","Ninguno",2,2,4,"BAJO",25,100,"III","MEJORABLE","Se recomienda instalar estructura  que evite el ingreso de aguas lluvias en los pasillos de la entidad. ","NO SE REQUIERE","NO SE REQUIERE","Continuar con el uso de señalización cada que llueve\n\nInstalar señalización en los pasillos sobre no apoyarse de las barandas de los pasillos ( PGR-SIG-203-programa protección contra caídas. )          .","NO APLICA"]
[null,null,null,null,"SI","Inundación \nPor daño estructural \"Hay tanque subterráneo en el área y se inunda el área en ocasiones\"","CONDICIONES DE SEGURIDAD","*Inundaciones \n*Daños materiales (Pérdida total)\n","Ninguna","ninguna","Capacitación  en actuación ante emergencias ",2,2,4,"BAJO",25,100,"III","MEJORABLE","NO SE REQUIERE","NO SE REQUIERE","NO SE REQUIERE","*Se sugiere realizar mantenimiento preventivo y correctivo a las instalaciones de tal manera que el agua del tanque subterráneo no se rebose","NO APLICA"]
[null,null,null,null,"SI","Locativo\nSistema de almacenamiento  (Almacenamiento inadecuado de sustancias químicos)","CONDICIONES DE SEGURIDAD","*Explosión ","Ninguno","Ninguno","Ninguno",2,2,4,"BAJO",25,100,"III","MEJORABLE","NO APLICA","NO APLICA","NO APLICA","*Se recomienda realizar jornada de orden y aseo para almacenar de forma adecuada los productos químicos (PGR-SIG-204 orden y aseo.  )\n*Se debe capacitar al personal en almacenamiento adecuado de sustancias químicas, así mismo en la matriz de compatibilidad de sustancias. "]
[null,null,null,null,"SI","Público\n(Robos - Atracos - Asaltos)","CONDICIONES DE SEGURIDAD","*Golpes\n*Agresiones verbales y físicas \n*Atentados violentos\n*Heridas\n*Muerte","Cámaras de seguridad","Ninguno","capacitación en emergencias ",2,2,4,"BAJO",100,400,"II","ACEPTABLE CON CONTROL ESPECIFICO","NO APLICA","NO APLICA","Mantenimiento a cámaras de vigilancia en la sede. ","*Socializar los planes contingencia para diferentes situaciones  de emergencia específicamente riesgo público (PLA-SIG-204 plan de prevención, preparación y respuesta ante emergencias) (EST-SIG-01/03 ESTANDAR DE SEGURIDAD PARA ACTIVIDADES FUERA DE LA SEDE)","NO APLICA"]
[null,null,null,null,"SI","Público\n(Agresiones verbales - Actos Violentos)","CONDICIONES DE SEGURIDAD","*Golpes\n*Agresiones verbales y físicas \n*Atentados violentos\n*Heridas\n*Muerte","Cámaras de seguridad","Ninguno","capacitación en emergencias ",2,2,4,"BAJO",25,100,"III","MEJORABLE","NO APLICA","NO APLICA","Mantenimiento a cámaras de vigilancia en la sede. ","*Socializar los planes contingencia para diferentes situaciones  de emergencia específicamente riesgo público (PLA-SIG-204 plan de prevención, preparación y respuesta ante emergencias) (EST-SIG-01/03 ESTANDAR DE SEGURIDAD PARA ACTIVIDADES FUERA DE LA SEDE","NO APLICA"]
[null,null,null,null,"SI","Público\n(Manifestaciones públicas)","CONDICIONES DE SEGURIDAD","*Golpes\n*Agresiones verbales y físicas \n*Heridas\n*Muerte","Cámaras de seguridad","vigilancia permanente en la puerta de acceso del edificio. ","Ninguno",2,2,4,"BAJO",100,400,"II","ACEPTABLE CON CONTROL ESPECIFICO","NO APLICA","NO APLICA","Mato a cámaras ","*Socializar plan de emergencias, incluyendo los planes operativos normalizados en caso de situaciones de emergencia en riesgo público especifico para cada sede y socializarlo a todo el personal.     \n*Capacitar al personal en actuación ante emergencias en riesgo público (PLA-SIG-204 plan de prevención, preparación y respuesta ante emergencias) (EST-SIG-01/03 ESTANDAR DE SEGURIDAD PARA ACTIVIDADES FUERA DE LA SEDE)","NO APLICA"]
[null,null,null,null,"SI","Público\n(Inseguridad por actos delictivos en los alrededores de la sede)","CONDICIONES DE SEGURIDAD","*Golpes\n*Agresiones verbales y físicas \n*Atentados violentos\n*Heridas\n*Muerte","Cámaras de seguridad","vigilancia permanente en la puerta de acceso del edificio. ","Ninguno",2,2,4,"BAJO",25,100,"III","MEJORABLE","NO APLICA","NO APLICA","Mato a cámaras ","*Socializar los planes contingencia para diferentes situaciones  de emergencia específicamente riesgo público (PLA-SIG-204 plan de prevención, preparación y respuesta ante emergencias)(EST-SIG-01/03 ESTANDAR DE SEGURIDAD PARA ACTIVIDADES FUERA DE LA SEDE)","NO APLICA"]
[null,null,null,null,"SI","Radiaciones no ionizantes                       (Exposición a luz solar que ingresa por ventanales a la mayoría de los puestos de trabajo)","FÍSICO ","*Cáncer de piel\n*Quemadura solar\n*Insolación \n*Foto envejecimiento cutáneo \n *Foto carcinogénesis\n*Alteraciones oculares","Ninguno","Ninguno","Ninguno",2,2,4,"BAJO",25,100,"III","MEJORABLE","N.A","N.A","*Se recomienda instalar película de seguridad en los ventanales ","NO APLICA","NO APLICA"]
[null,null,null,null,"NO","Sismo - Temblores                  ","FENÓMENOS NATURALES","*Daños materiales (Pérdida total)\n*Heridas y lesiones graves\n*Accidentes de trabajo \n*Muerte","Ninguno","señalización de evacuación y elementos de emergencia ","Capacitación  en actuación ante emergencias ",2,2,4,"BAJO",100,400,"II","ACEPTABLE CON CONTROL ESPECIFICO","NO SE REQUIERE","NO SE REQUIERE","NO SE REQUIERE","*Se recomienda realizar estudio de vulnerabilidad y sismo resistencia de las instalaciones. \n*Capacitar al personal en actuación ante emergencias (PLA-SIG-204 plan de prevención, preparación y respuesta ante emergencias). "]
[null,null,null,null,"NO","Erupción volcán machín           ","FENÓMENOS NATURALES","*Daños materiales (Pérdida total)\n*Heridas y lesiones graves\n*Accidentes de trabajo \n*Muerte","Ninguno","señalización de evacuación y elementos de emergencia ","Capacitación  en actuación ante emergencias ",2,2,4,"BAJO",25,100,"III","MEJORABLE","NO SE REQUIERE","NO SE REQUIERE","NO SE REQUIERE","*Seguir las instrucciones que el departamento suministra para  casos de emergencia por posible erupción del Volcán (PLA-SIG-204 plan de prevención, preparación y respuesta ante emergencias).                                                                                             \n*Solicitar capacitación al ente respectivo sobre actuación en caso de erupción del volcán machín. \n*Capacitar en actuación ante emergencias en caso de erupción del volcán machín a todo el personal.  \n*Actualizar plan de emergencias incluyendo el PON por posible erupción del volcán machín y socializar a los trabajadores (PLA-SIG-204 plan de prevención, preparación y respuesta ante emergencias)."]
[null,null,null,null,"SI","Tecnológico\n(Incendios - Explosiones)\nGenerado dentro de las instalaciones del edificio","CONDICIONES DE SEGURIDAD","Incendios \nQuemaduras de grado 2 y 3\nMuerte","Ninguno","equipo para el control de incendios ","Capacitación en atención de emergencias ",2,2,4,"BAJO",100,400,"II","ACEPTABLE CON CONTROL ESPECIFICO","NO APLICA","NO APLICA","*Realizar mantenimiento preventivo y correctivo de los equipos eléctricos e instalaciones eléctricas en la sede","*Capacitación en prevención de accidentes de trabajo por riesgo eléctrico.                                                          \n\n*Continuar con las inspecciones de seguridad enfocado a riesgo eléctrico. ","NO APLICA"]
[null,null,null,null,"SI","Tecnológico\n\"Riesgo de la vecindad\"\n(Incendios - Explosiones)\nGenerados en el restaurante de Mercacentro\n","CONDICIONES DE SEGURIDAD","Incendios \nQuemaduras de grado 2 y 3\nMuerte","Ninguno","equipo para el control de incendios ","Capacitación en atención de emergencias ",2,2,4,"BAJO",25,100,"III","MEJORABLE","NO APLICA","NO APLICA","*Realizar mantenimiento preventivo y correctivo de los equipos eléctricos e instalaciones eléctricas en las diferentes sedes. ","*Diseñar y socializar PON en caso de explosiones externas a la empresa (PLA-SIG-204 plan de prevención, preparación y respuesta ante emergencias)","Calzado de seguridad"]
[null,null,null,null,"SI","Fugas de gas \n\"Riesgos de la vecindad\"\n(Generado por la presencia de restaurante en Mercacentro y por tuberías externas a la entidad) ","QUÍMICOS","Incendios \nQuemaduras de grado 2 y 3\nMuerte","Ninguno","equipo para el control de incendios ","Capacitación en atención de emergencias ",2,2,4,"BAJO",100,400,"II","ACEPTABLE CON CONTROL ESPECIFICO","NO APLICA","NO APLICA","*Solicitar a Mercacentro que se de cumplimiento a las recomendaciones generales para prevención de accidentes de trabajo por fugas de gas en el restaurante. ","*Diseñar y socializar PON en caso de fuga de gas (PLA-SIG-204 plan de prevención, preparación y respuesta ante emergencias)","NO APLICA"]
[null,null,null,null,"SI","Locativo\nSistema de almacenamiento\n(Atrapamiento por mal funcionamiento de los ascensores)\n \n","CONDICIONES DE SEGURIDAD","Atrapamiento ","Se realiza mantenimiento periódico a los ascensores","Elementos de emergencias ","Ninguno",2,2,4,"BAJO",25,100,"III","MEJORABLE","NO APLICA","NO APLICA","*Continuar con el mantenimiento preventivo y correctivo de los ascensores","*Diseñar y socializar PON en caso de atrapamiento por mal funcionamiento del ascensor (PLA-SIG-204 plan de prevención, preparación y respuesta ante emergencias).","Calzado de seguridad"]
[null,null,null,null,"SI","Postura mantenida                          (Bípeda)","BIOMECÁNICO","*Cansancio\n*Fatiga en miembros inferiores y en las articulaciones\n*Aparición de vena varice\n*Edema en los pies \n*Dolor lumbar ","No aplica","No aplica","Realiza varias tareas, lo que permite cambios de posición\n\nExámenes ocupacionales periódicos",2,2,4,"BAJO",25,100,"III","MEJORABLE","NO APLICA","NO APLICA","NO APLICA","*Solicitar a la empresa contratista realizar re inducción en higiene postural, gimnasia laboral y pausas activas.                                                                 \n*Continuar con las actividades del sistema de vigilancia epidemiológico  para prevención de desordenes musculo esqueléticas asociadas al peligro biomecánico (PGR-SIG-205 vigilancia epidemiológica para la prevención de desórdenes musculo-esqueléticos.)    .                                                                                ","No aplica"]
[null,null,null,null,"SI","Infraestructura - Locativo     \nInstalaciones  (Ausencia de citas antideslizantes en las escaleras)","CONDICIONES DE SEGURIDAD","Atención tardía ante emergencias","Ninguno","Ninguno","Ninguno",2,2,4,"BAJO",25,100,"III","MEJORABLE","NO APLICA","NO APLICA","Instalar bandas antideslizantes en las escaleras del edificio. ","*Instalar señalización dando cumplimiento a la PGR-SIG-203-programa protección contra caídas.","NO APLICA"]
[null,null,null,null,"SI","Público\n(Robos - Atracos - Asaltos - Agresiones verbales - Actos Violentos)","CONDICIONES DE SEGURIDAD","*Golpes\n*Agresiones verbales y físicas \n*Atentados violentos\n*Heridas\n*Muerte","Ninguno","Cámaras de seguridad en el primer piso","Ninguno",2,2,4,"BAJO",100,400,"II","ACEPTABLE CON CONTROL ESPECIFICO","NO APLICA","NO APLICA","Instalar cámaras de vigilancia en todos los pisos de la sede. ","*Socializar los planes contingencia para diferentes situaciones  de emergencia específicamente riesgo público (PLA-SIG-204 plan de prevención, preparación y respuesta ante emergencias) (EST-SIG-01/03 ESTANDAR DE SEGURIDAD PARA ACTIVIDADES FUERA DE LA SEDE","NO APLICA"]
[null,null,null,null,"SI","Accidentes de tránsito                      \n     \n(En los desplazamientos hacia otros centros de trabajo, en caso de que el funcionario haga uso de las bicicletas)","CONDICIONES DE SEGURIDAD","*Muerte \n*Lesiones graves en el cuerpo entero\n*Atrapamiento vehicular","Ninguno","Ninguno","Capacitación en prevención de Accidentes de transito",2,2,4,"BAJO",25,100,"III","MEJORABLE","NO APLICA","NO APLICA","NO APLICA","*Dar cumplimiento al plan de capacitación del PESV según el rol (Pasajero - Conductor - Peatón)\n*Realizar sensibilización en seguridad vial (PLA-SIG-202 pesv plan estratégico de seguridad vial.)","NO APLICA"]
[null,null,null,null,"SI","Virus (cambio climatico)\n ","BIOLÓGICO","Malestar general","Ninguno","Limpieza y desinfección de áreas de trabajo   y en casa,  Control de aforo, señalización de advertencia.","Distanciamiento    físico, uso de mascarilla, lavado de manos constante.",2,2,4,"BAJO",25,100,"III","ACEPTABLE CON CONTROL ESPECIFICO","NO APLICA","NO APLICA","NO APLICA","  *Promover frecuentemente el lavado de manos en personal de planta, contratistas y visitantes. En caso de no contar con agua y jabón, se debe proveer con desinfectantes para manos (gel antibacterial a base de alcohol).  *Disminución de la densidad laboral en áreas de trabajo o de ocupación de la entidad promoviendo el teletrabajo. *Mantener un stop de EPP  (mascarillas ) para dotación y recambio. *Establecer canales de comunicación individualizados y/o de grupo: correo electrónico, redes sociales, videoconferencia, teléfono para reuniones evitando la presencialidad. *Revisión y análisis de los perfiles epidemiológicos por cargo, estrategias motivación para que los funcionarios se  vacunen.   (PRO-SIG-202 Procedimiento administrativo de elementos EPP)","Uso permanente de mascarilla respiratoria. Uso periódico de productos para limpieza (agua y jabón) y  alcohol al 70%, mono gafas o careta."]
[null,null,null,null,"NO","Largas Jornadas Laborales y ausencia de descanso con altas temperaturas y radiciones altas por factor del CAMBIO CLIMATICO.","PSICOSOCIAL","Estrés, agotamiento por trabajo continuo, cansacio, fatiga, angustia, ansiedad, poca concentración y atención, somnolencia.","Ninguno","Ninguno","PVE- Riesgo psicosocial",2,2,4,"BAJO",25,100,"III","MEJORABLE","NO APLICA","NO APLICA","NO APLICA","Introducir una rutina de tiempos detrabajo y de descanso para aquellos\ntrabajadores/as que estén expuestos a ambientes calurosos, Formación en primeros auxilios, para que puedan\nreconocer y tratar los primeros síntomas de desórdenes de salud ocasionados por una\nexposición a temperaturas extremadamente cálidas., Seguir a diario los boletines\nmeteorológicos y cambiar el horario de trabajo de gran exposición al calor\na horas más frescas del día., En trabajos a campo abierto, crear zonas descanso con carpas, Disponer de agua potable fría en lugares estratégicos y visibles, cercanos al área de trabajo.","NO SE REQUIERE"]
[null,null,null,null,"NO"," Temperaturas\nextremas (calor) porfactor de CAMBIO CLIMATICO","FISICO","Stress termico Agotamiento Mareos  Deshidratación Golpes de calor, lesiones en la piel, insolación, ","No aplica","Ninguno","Ninguno",2,2,4,"BAJO",25,100,"III","MEJORABLE","NO APLICA","NO APLICA","NO APLICA","Todos los funcionarios que realicen desplazamientos fuera de la sede deben apalicar el Estándar de Seguridad \"EST-204\"., se recomienda hidratación continua, alimentación adecuada, Organización de los puestos de trabajo, limplementación de un programa de climatización.Sistemas de ventilación","Ropa de trabajo y equipos de\nprotección adecuados(camisa,\nmanga larga, pantalón largo,\ngorra o sombrero de ala ancha).\nSaber que la ropa protectora o el\nequipo de protección personal\npuede aumentar el riesgo del\nestrés por calor."]
[null,null,null,null,"NO"," Temperaturas\nextremas (calor Radiaciones No ionizantes) porfactor de CAMBIO CLIMATICO","FISICO","Stress termico Agotamiento Mareos  Deshidratación Golpes de calor, lesiones en la piel, dolor de cabeza.","No aplica","Ninguno","Protector Solar",2,2,4,"BAJO",25,100,"III","MEJORABLE","NO APLICA","NO APLICA","NO APLICA","Todos los funcionarios que realicen desplazamientos fuera de la sede deben apalicar el Estándar de Seguridad \"EST-204\"., se recomienda hidratación continua, alimentación adecuada, Organización de los puestos de trabajo, limplementación de un programa de climatización.Sistemas de ventilación","Ropa de trabajo y equipos de\nprotección adecuados(camisa,\nmanga larga, pantalón largo,\ngorra o sombrero de ala ancha).\nSaber que la ropa protectora o el\nequipo de protección personal\npuede aumentar el riesgo del\nestrés por calor."]
[null,null,null,null,"NO","Inalación de Humos y Vapores\n (Incendios Forestales )por factor CAMBIO CLIMATICO","QUÍMICO","Asfixia, Dificultad para respirar, Ardor en los ojos, conjuntivitis, Alergias, Tos, irritación de la garganta, dolor de cabeza.","No aplica","Ninguno","Ninguno",2,2,4,"BAJO",25,100,"III","MEJORABLE","NO APLICA","NO APLICA","NO APLICA","Aplicación PON para el manejo de incendios forestales, ver PLAN DE MERGENCIA PLA-SIG 204.","NO SE REQUIERE"]
[null,null,"PELIGROS QUE APLICAN A TRABAJO EN CASA",null,"SI","Postura Prolongada \n(Postura sedente más del 75% de la jornada laboral en trabajo con video terminales)","BIOMECÁNICO","*Dolor lumbar inespecífico\n*Espasmos musculares","Ninguno","Ninguno","Emisión de recomendaciones a funcionarios a través de video llamadas por parte de grupo interdisciplinario de la oficina  SST ( psicólogo, fisioterapeuta, profesional SST)",2,2,4,"BAJO",25,100,"III","MEJORABLE","NO APLICA","NO SE REQUIERE","NO SE REQUIERE","*Realizar visitas virtuales por parte del Grupo de SST para capacitar en higiene postural en casa.\n\n*Realizar pausas activas en el área (INS-SIG-202 instructivo de pausas activas saludables )      .                                                               \n\n*Continuar con las actividades del programa de vigilancia epidemiológico  para prevención de desordenes musculo esqueléticas asociadas al peligro biomecánico, para trabajo en casa (PGR-SIG-205 vigilancia epidemiológica para la prevención de desórdenes musculo-esqueléticos.)    .  Continuar con las recomendaciones a funcionarios a través de video llamadas por parte de grupo interdisciplinario de la oficina  SST ( psicólogo, fisioterapeuta, profesional SST)                                                                              ","NO APLICA"]
[null,null,null,null,"SI","Movimientos repetitivos  \n(Digitación - Escanear)","BIOMECÁNICO","Lesiones por trauma acumulativo en miembro superiores ( STC).\nSíndrome de Quervain","Ninguno","Ninguno","Emisión de recomendaciones a funcionarios a través de video llamadas por parte de grupo interdisciplinario de la oficina  SST ( psicólogo, fisioterapeuta, profesional SST)",2,2,{"$f":"+L74*M74","v":4},{"$f":"IF(N74>=24,\"MUY ALTO\",IF(N74>=10,\"ALTO\",IF(N74>=6,\"MEDIO\",\"BAJO\")))","v":"BAJO"},25,{"$f":"+N74*P74","v":100},{"$f":"IF(Q74>=600,\"I\",IF(Q74>=150,\"II\",IF(Q74>=40,\"III\",IF(Q74>=20,\"IV\"))))","v":"III"},"MEJORABLE","NO SE REQUIERE","NO SE REQUIERE","NO SE REQUIERE","*Se recomienda la implementación permanente de pausas activas durante la jornada laboral (INS-SIG-202 instructivo de pausas activas saludables )      . Continuar con las recomendaciones a funcionarios a través de video llamadas por parte de grupo interdisciplinario de la oficina  SST ( psicólogo, fisioterapeuta, profesional SST).                                                                                                                                                  ","NO APLICA"]
[null,null,null,null,"SI","Radiaciones No ionizantes                                   (Exposición permanente a pantallas del computador)","FÍSICO ","*Fatiga visual","Ninguno","Ninguno","Emisión de recomendaciones a funcionarios a través de video llamadas por parte de grupo interdisciplinario de la oficina  SST ( psicólogo, fisioterapeuta, profesional SST)",2,2,4,"BAJO",25,100,"III","MEJORABLE","NO APLICA","NO SE REQUIERE","NO SE REQUIERE","*Se recomienda la implementación permanente de pausas activas durante la jornada laboral (INS-SIG-202 instructivo de pausas activas saludables )      .  Continuar con las recomendaciones a funcionarios a través de video llamadas por parte de grupo interdisciplinario de la oficina  SST ( psicólogo, fisioterapeuta, profesional SST).                                                                                                                                                ","NO APLICA"]
[null,null,null,null,"NO","Locativo                                                                              (Cableado eléctrico desordenado en la zona adecuada para puesto de trabajo)","CONDICIONES DE SEGURIDAD","*Se potencializa el riesgo de accidentes por caídas. ","Ninguno","Ninguno","Emisión de recomendaciones a funcionarios a través de video llamadas por parte de grupo interdisciplinario de la oficina  SST ( psicólogo, fisioterapeuta, profesional SST)",2,2,4,"BAJO",25,100,"III","MEJORABLE","NO APLICA","NO SE REQUIERE","Se recomienda agrupar el cableado eléctrico faltante, utilizando espiral porta cable u otro mecanismo de canalización. ","Realizar inspecciones de seguridad para verificar estado de cableado del  área.. Continuar con las recomendaciones a funcionarios a través de video llamadas por parte de grupo interdisciplinario de la oficina  SST ( psicólogo, fisioterapeuta, profesional SST).","NO APLICA"]
[null,null,null,null,"NO","Picaduras - Mordeduras                             (Presencia de vectores e insectos dentro de la vivienda o zona destinada para laborar).","BIOLÓGICO","Infecciones","Ninguno","Ninguno","Emisión de recomendaciones a funcionarios a través de video llamadas por parte de grupo interdisciplinario de la oficina  SST ( psicólogo, fisioterapeuta, profesional SST)",2,2,4,"BAJO",25,100,"III","MEJORABLE","NO APLICA","NO APLICA","NO APLICA","* realizar una correcta inspección del área de trabajo para garantizar la NO presencia de vectores o insectos ponzoñoso. Evitar las zona con acumulación de aguas estancadas. Continuar con las recomendaciones a funcionarios a través de video llamadas por parte de grupo interdisciplinario de la oficina  SST ( psicólogo, fisioterapeuta, profesional SST)","NO APLICA"]
[null,null,null,null,"SI","Virus y Bacterias\n (Exposición a virus y bacterias debido al uso de superficies húmedas como baños, lavamanos y lavaplatos alberca)","BIOLÓGICO","*Dermatosis\n*Reacciones alérgicas\n*Enfermedades infecciosas\n*Infecciones respiratorias","Ninguno","Ninguno","Emisión de recomendaciones a funcionarios a través de video llamadas por parte de grupo interdisciplinario de la oficina  SST ( psicólogo, fisioterapeuta, profesional SST)",2,2,4,"BAJO",25,100,"III","MEJORABLE","NO APLICA","NO APLICA","NO APLICA","*Capacitar a los trabajadores en auto cuidado y la importancia del uso de los EPP. Continuar con las recomendaciones a funcionarios a través de video llamadas por parte de grupo interdisciplinario de la oficina  SST ( psicólogo, fisioterapeuta, profesional SST)","*Uso de EPP (Guantes - Tapa bocas)"]
[null,null,null,null,"NO","Material particulado \n(Polvo en los documentos)","QUÍMICOS","*Enfermedades respiratorias\n*Infecciones virales \n*Alergias ","Ninguno","Ninguno","Emisión de recomendaciones a funcionarios a través de video llamadas por parte de grupo interdisciplinario de la oficina  SST ( psicólogo, fisioterapeuta, profesional SST)",2,2,4,"BAJO",25,100,"III",{"$f":"IF(Q79>=600,\"NO ACEPTABLE\",IF(Q79>=150,\"ACEPTABLE CON CONTROL ESPECIFICO\",IF(Q79>=40,\"MEJORABLE\",IF(Q79>=20,\"ACEPTABLE\"))))","v":"MEJORABLE"},"NO APLICA","NO APLICA","NO APLICA","*Realizar seguimiento del uso de los elementos de protección personal (Tapa bocas), cuando manipule archivo con polvo (PRO-SIG-202 procedimiento administración de elementos de EPP.)       .   Continuar con las recomendaciones a funcionarios a través de video llamadas por parte de grupo interdisciplinario de la oficina  SST ( psicólogo, fisioterapeuta, profesional SST).                                                         ","Suministrar tapa bocas para el desarrollo de la labor. "]
[null,null,null,null,"NO","Uso de elementos de desinfección\n(alcohol, gel antibacterial)","QUÍMICOS","\n*Alergias en piel o vías respiratorias.\n* Quemaduras ","Ninguno","Ninguno","Emisión de recomendaciones a funcionarios a través de video llamadas por parte de grupo interdisciplinario de la oficina  SST ( psicólogo, fisioterapeuta, profesional SST)",2,2,4,"BAJO",25,100,"III","MEJORABLE","NO APLICA","NO APLICA","NO APLICA","*Realizar seguimiento del uso de los elementos de protección personal (Tapa bocas), cuando manipule archivo con polvo (PRO-SIG-202 procedimiento administración de elementos de EPP.)       .  Continuar con las recomendaciones a funcionarios a través de video llamadas por parte de grupo interdisciplinario de la oficina  SST ( psicólogo, fisioterapeuta, profesional SST).                                                         ","Suministrar tapa bocas para el desarrollo de la labor. "]
[null,null,null,null,"SI","Mecánico                                         (Manejo de Equipos y elementos de Oficina)","CONDICIONES DE SEGURIDAD","*Traumas de tejidos blandos (Laceración, contusión, heridas superficiales, etc.)       ","Ninguno","Ninguno","Emisión de recomendaciones a funcionarios a través de video llamadas por parte de grupo interdisciplinario de la oficina  SST ( psicólogo, fisioterapeuta, profesional SST)",2,2,4,"BAJO",25,100,"III","MEJORABLE","NO SE REQUIERE","NO SE REQUIERE","NO SE REQUIERE","*Continuar con el uso adecuado de los elementos de trabajo, realizar cambio de los elementos que se observen en mal estado. Continuar con las recomendaciones a funcionarios a través de video llamadas por parte de grupo interdisciplinario de la oficina  SST ( psicólogo, fisioterapeuta, profesional SST) (PLA-SIG-206 retorno seguro al trabajo.)(PGR-SIG-204 orden y aseo.  ).","NO APLICA"]
[null,null,null,null,"SI","Deficiente ventilación (Las ventanas y persianas deben permanecer cerradas para evitar el ingreso de rayos solares)","FÍSICO                              ","*Disconfort por calor ambiental permanente","Ninguno","Ninguno","Emisión de recomendaciones a funcionarios a través de video llamadas por parte de grupo interdisciplinario de la oficina  SST ( psicólogo, fisioterapeuta, profesional SST)",2,2,4,"BAJO",25,100,"III","MEJORABLE","NO APLICA","NO SE REQUIERE","NO SE REQUIERE","Se recomienda contar con un área de ventilación natural o con ventilación artificial como ventiladores. Continuar con las recomendaciones a funcionarios a través de video llamadas por parte de grupo interdisciplinario de la oficina  SST ( psicólogo, fisioterapeuta, profesional SST).","NO APLICA"]
[null,null,null,null,"SI","Manipulación y desplazamiento de cargas\n(Documentos y cajas)","BIOMECÁNICO","Lesiones en columna\nEnfermedad discal\nEnfermedad lumbar ","Ninguno","Ninguno","Emisión de recomendaciones a funcionarios a través de video llamadas por parte de grupo interdisciplinario de la oficina  SST ( psicólogo, fisioterapeuta, profesional SST)",2,2,4,"BAJO",25,100,"III","MEJORABLE","NO SE REQUIERE","NO SE REQUIERE","NO SE REQUIERE","* Practicar higiene postural para el manejo de cargas. Evitar levantar mas de 10 Kg mujeres y 20 Kg Hombres. Continuar con las recomendaciones a funcionarios a través de video llamadas por parte de grupo interdisciplinario de la oficina  SST ( psicólogo, fisioterapeuta, profesional SST).","NO APLICA"]
[null,null,null,null,"SI","Iluminación\n(Deficiente de iluminación natural o artificial en el sitio adecuado para laboral dentro de la vivienda)                                             ","FÍSICO ","*Fatiga visual","Ninguno","Ninguno","Emisión de recomendaciones a funcionarios a través de video llamadas por parte de grupo interdisciplinario de la oficina  SST ( psicólogo, fisioterapeuta, profesional SST)",2,2,4,"BAJO",25,100,"III","MEJORABLE","NO APLICA","Se recomienda adecuar zona de trabajo en lugar con iluminación adecuada (que no sea excesiva o deficiente). ","NO SE REQUIERE","Se recomienda adecuar el sitio de trabajo con iluminación adecuada. Continuar con las recomendaciones a funcionarios a través de video llamadas por parte de grupo interdisciplinario de la oficina  SST ( psicólogo, fisioterapeuta, profesional SST).","NO APLICA"]
[null,null,null,null,"NO","Locativo\nSuperficies de trabajo  irregulares y  desniveladas, escaleras                                 (Desplazamiento en la vivienda)","CONDICIONES DE SEGURIDAD","*Golpes \n*Caídas\n*Fracturas","Ninguno","Ninguno","Emisión de recomendaciones a funcionarios a través de video llamadas por parte de grupo interdisciplinario de la oficina  SST ( psicólogo, fisioterapeuta, profesional SST)",2,2,4,"BAJO",25,100,"III","MEJORABLE","NO APLICA","NO APLICA","NO APLICA","*Se recomienda uso de calzado adecuado y de tacón bajo según el área a visitar, con el fin de evitar caídas. Continuar con las recomendaciones a funcionarios a través de video llamadas por parte de grupo interdisciplinario de la oficina  SST ( psicólogo, fisioterapeuta, profesional SST) ( PGR-SIG-203-programa protección contra caídas. ).","Uso de calzado bajo "]
[null,null,null,null,"SI","Virus (exposición al agente biológico Virus Sars – Cov – 2,  por contacto directo con personas u objetos contaminados).  ","BIOLÓGICO","Enfermedad Covid–19 que puede producir: Malestar, fiebre, dolor de garganta, perdida del olfato y del gusto, dificultad respiratoria, neumonía, náuseas, vómitos o diarrea, órganos como el corazón, los riñones o el hígado pueden inflamarse y provocar que dejen de funcionar correctamente lo que conlleva el empeoramiento del paciente o incluso su muerte. ","Ninguno","Ninguno","Emisión de recomendaciones a funcionarios a través de video llamadas por parte de grupo interdisciplinario de la oficina  SST ( psicólogo, fisioterapeuta, profesional SST)",2,2,4,"BAJO",100,400,"II","ACEPTABLE CON CONTROL ESPECIFICO","N.A","N.A","Trabajo en Casa","*Garantizar el autocuidado en Casa.\n*Participar en las reuniones de bioseguridad realizadas por el grupo de SST.\n*Evitar las reuniones sociales y evitar visitar sitios concurridos o de alto riesgo\n*  Realizar constante desinfección y limpieza de los sitios de trabajo (PRO-SIG-202 procedimiento administración de elementos de EPP.)       .\n* Evitar tocar cara, boca y ojos con las manos.\n* Lavar las manos cada 3 horas. Continuar con las recomendaciones a funcionarios a través de video llamadas por parte de grupo interdisciplinario de la oficina  SST ( psicólogo, fisioterapeuta, profesional SST) (PGR-SIG-207 vigilancia epidemiológica para la prevención de covid-19.)","Uso permanente de respirador buco nasal, uso de guantes en látex C-35  ó neopreno manguilla larga en limpieza de superficies. Uso periódico de productos para limpieza (agua y jabón) y para  sonetizado de manos (geles a base de alcohol al 70%), mono gafas o careta"]
[null,null,null,null,"SI","Trabajo en Casa por Aislamiento por COVID 19\nSobrecarga laboral por la realización de trabajo en casa, atender requerimientos familiares, combinado con actividades caseras\nMiedo al contagio, aislamiento social y confinamiento, miedos e incertidumbres laborales y socioeconómicos, espacios y recursos compartidos por varias personas ante las mismas circunstancias en sus domicilios, convertir espacios de su hogar en despachos improvisados para poder seguir desempeñando su tarea diaria","PSICOSOCIAL","Alteraciones mentales","Ninguno","Ninguno","Emisión de recomendaciones a funcionarios a través de video llamadas por parte de grupo interdisciplinario de la oficina  SST ( psicólogo, fisioterapeuta, profesional SST)",2,2,4,"BAJO",25,100,"III","MEJORABLE","N.A","N.A","Trabajo en Casa","Dar cumplimiento a los Lineamientos para abordar problemas y trastornos mentales en trabajadores de la salud en el marco del afrontamiento del coronavirus (Covid – 19), mediante Guía GPSG03  Marzo 2020 del Ministerio de Salud y Protección Social Inciso 4 y siguientes “Mantener una comunicación actualizada, precisa, oportuna y de buena calidad para todo el personal sobre la información, recomendaciones y las herramientas comunicacionales emitidas por el Ministerio de Salud y Protección Social – MSPS-, como fuente oficial para el país, en relación con el comportamiento del brote de COVID-19, sus características, mitos y realidades, potenciales mecanismos de transmisión, identificación de personas con mayor riesgo, prácticas para la prevención del contagio a través del autocuidado individual y familiar, entre otras\". Continuar con las recomendaciones a funcionarios a través de video llamadas por parte de grupo interdisciplinario de la oficina  SST ( psicólogo, fisioterapeuta, profesional SST) (PGR-SIG-207 vigilancia epidemiológica para la prevención de covid-19.)","Planificar el trabajo. Mantener una actitud positiva. Mantenerse activo y ocupado.  Reconocer las emociones que se viven y afrontar las principales preocupaciones con información. Mantener el contacto social a través de las nuevas tecnologías. Hacer ejercicio o actividad física."]
[null,null,null,null,"SI","Público\n(Robos - Atracos - Asaltos - Agresiones verbales - Actos Violentos)","CONDICIONES DE SEGURIDAD","*Golpes\n*Agresiones verbales y físicas \n*Atentados violentos\n*Heridas\n*Muerte","Ninguno","Ninguno","Emisión de recomendaciones a funcionarios a través de video llamadas por parte de grupo interdisciplinario de la oficina  SST ( psicólogo, fisioterapeuta, profesional SST)",2,2,4,"BAJO",100,400,"II","ACEPTABLE CON CONTROL ESPECIFICO","NO APLICA","NO APLICA","NO APLICA","*Socializar los planes contingencia para diferentes situaciones  de emergencia específicamente riesgo público. Continuar con las recomendaciones a funcionarios a través de video llamadas por parte de grupo interdisciplinario de la oficina  SST ( psicólogo, fisioterapeuta, profesional SST) (PGR-SIG-207 vigilancia epidemiológica para la prevención de covid-19.)(PLA-SIG-204 plan de prevención, preparación y respuesta ante emergencias) (EST-SIG-01/03 ESTANDAR DE SEGURIDAD PARA ACTIVIDADES FUERA DE LA SEDE)","NO APLICA"]
[null,null,null,null,"NO","Erupción volcán Machín","FENÓMENOS NATURALES","Erupción del Volcán Machín","Ninguno","Ninguno","Emisión de recomendaciones a funcionarios a través de video llamadas por parte de grupo interdisciplinario de la oficina  SST ( psicólogo, fisioterapeuta, profesional SST)",2,2,4,"BAJO",25,100,"III","MEJORABLE","NO APLICA","NO APLICA","NO APLICA","Tener en cuenta las recomendaciones dadas en los medios de comunicación de la alcaldía y recomendaciones en el video del ejercicio de la simulación  el día nacional del simulacro. Continuar con las recomendaciones a funcionarios a través de video llamadas por parte de grupo interdisciplinario de la oficina  SST ( psicólogo, fisioterapeuta, profesional SST) (PLA-SIG-204 plan de prevención, preparación y respuesta ante emergencias). ","NO APLICA"]
[null,null,null,null,"NO","Sismo - Terremoto","FENÓMENOS NATURALES","Erupción del Volcán Machín","Ninguno","Ninguno","Emisión de recomendaciones a funcionarios a través de video llamadas por parte de grupo interdisciplinario de la oficina  SST ( psicólogo, fisioterapeuta, profesional SST)",2,2,4,"BAJO",25,100,"III","MEJORABLE","NO APLICA","NO APLICA","NO APLICA","Tener en cuenta las recomendaciones dadas en los medios de comunicación de la alcaldía y recomendaciones en el video del ejercicio de la simulación  el día nacional del simulacro. Continuar con las recomendaciones a funcionarios a través de video llamadas por parte de grupo interdisciplinario de la oficina  SST ( psicólogo, fisioterapeuta, profesional SST) (PLA-SIG-204 plan de prevención, preparación y respuesta ante emergencias).","NO APLICA"]

{"sheet":"BIBLIOTECA ALVARO MUTIS","index":37,"n_rows":118,"n_cols":24,"rows_kept":118,"cut":false,"hidden":true,"merged":[[101,2,117,3],[5,2,5,3],[5,4,5,23],[6,2,7,2],[6,3,7,3],[6,4,7,4],[6,5,6,6],[6,7,7,7],[6,8,6,10],[6,11,6,17],[6,19,6,23],[8,2,42,2],[8,3,22,3],[8,4,22,4],[23,3,42,3],[23,4,42,4],[0,2,3,2],[0,3,1,21],[0,23,3,23],[2,3,3,21],[4,20,4,21],[4,22,4,23],[43,4,71,4],[72,4,74,4],[43,3,71,3],[72,3,74,3],[75,2,100,3],[43,2,74,2]]}
[null,null,null,"PROCESO: SISTEMA INTEGRADO DE GESTIÓN",null,null,null,null,null,null,null,null,null,null,null,null,null,null,null,null,null,null,"Código: FOR-221-PRO-SIG"]
[null,null,null,null,null,null,null,null,null,null,null,null,null,null,null,null,null,null,null,null,null,null,"Versión: 04"]
[null,null,null,"FORMATO: \nIDENTIFICACIÓN DE PELIGROS, EVALUACIÓN Y VALORACIÓN DE LOS RIESGOS \nALCALDÍA MUNICIPAL DE IBAGUÉ",null,null,null,null,null,null,null,null,null,null,null,null,null,null,null,null,null,null,"Fecha: 27/05/2022"]
[null,null,null,null,null,null,null,null,null,null,null,null,null,null,null,null,null,null,null,null,null,null,"Página: 1 de 1 "]
[null,null,"FECHAS DE ACTUALIZACIÓN: ","2019-02-22","2019-03-09","2019-09-02","2019-09-11","2019-09-24","2019-10-30","2020-07-22","2021-04-09","2022-05-27","2023-07-07","2024-06-28"]
[null,null,"PROCESO:",null,"BIBLIOTECA PÚBLICA ALVARO MUTIS"]
[null,null,"1. PROCESO ADMINISTRATIVO / OPERATIVO","2. ACTIVIDADES","3. TAREA RUTINARIO (SI O NO)","PELIGRO",null,"6. EFECTOS POSIBLES\n(Salud - Seguridad)","CONTROLES EXISTENTES",null,null,"EVALUACIÓN DEL RIESGO",null,null,null,null,null,null,"VALORACIÓN DEL RIESGO","MEDIDAS DE INTERVENCIÓN"]
[null,null,null,null,null,"4. DESCRIPCIÓN","5. CLASIFICACIÓN",null,"7. FUENTE","8. MEDIO","9. INDIVIDUO","10. NIVEL DE DEFICIENCIA","11. NIVEL DE EXPOSICIÓN","12. NIVEL DE PROBABILIDAD ND X NE","13. INTERPRETACIÓN DEL NIVEL DE PROBABILIDAD","14. NIVEL DE CONSECUENCIA","15. NIVEL DE RIESGO NR E INTERVENCIÓN","16. INTERPRETACIÓN DEL NR","17. ACEPTABILIDAD DEL RIESGO","18 ELIMINACIÓN","19. SUSTITUCIÓN","20. CONTROLES DE INGENIERIA","21. CONTROLES ADMINISTRATIVOS, SEÑALIZACIÓN, ADVERTENCIA","22. ELEMENTOS DE PROTECCIÓN PERSONAL"]
[null,null,"ADMINISTRATIVO","ACTIVIDAD PLANEACIÓN, ELABORACIÓN Y EJECUCION DE DOCUMENTOS. USO DE HERRAMIENTAS TECNOLOGICAS Y VIDEO TERMINALES. INTERACCIONES LABORALES Y ADMINISTRATIVAS (ATENCIÓN AL CIUDADANO); APLICA PARA FUNCIONARIOS DE PLANTA Y DE CONTRATO","SI","Postura Forzada                            \nAltura inadecuada de la pantalla visual y posturas inadecuadas por  los apoyabrazos de la silla.","BIOMECÁNICO"," Tendinitis Espamos de manos","Ninguno","Ninguno","Jornadas de pausas activas ",2,2,{"$f":"+L9*M9","v":4},{"$f":"IF(N9>=24,\"MUY ALTO\",IF(N9>=10,\"ALTO\",IF(N9>=6,\"MEDIO\",\"BAJO\")))","v":"BAJO"},60,{"$f":"+N9*P9","v":240},{"$f":"IF(Q9>=600,\"I\",IF(Q9>=150,\"II\",IF(Q9>=40,\"III\",IF(Q9>=20,\"IV\"))))","v":"II"},{"$f":"IF(Q9>=600,\"NO ACEPTABLE\",IF(Q9>=150,\"ACEPTABLE CON CONTROL ESPECIFICO\",IF(Q9>=40,\"MEJORABLE\",IF(Q9>=20,\"ACEPTABLE\"))))","v":"ACEPTABLE CON CONTROL ESPECIFICO"},"NINGUNO ","NINGUNO ","NINGUNO ","* Pausas activas a lo largo de la jornada laboral y sensibilizar sobre su importancia , INS-SIG-202 INSTRUCTIVO DE PAUSAS ACTIVAS SALUDABLES.                                                                                                                             * Realizar seguimiento para el S.V.E  para lesiones osteo musculares.* Se recomienda  retitar los apoyabrazos de la silla ergonómica. *Se recomienda graduar y elevar la altura de la pantalla visual.  PGR-SIG-205 VIGILANCIA EPIDEMIOLÓGICA PARA LA PREVENCION DE DESÓRDENES MUSCULO-ESQUELÉTICOS.","NO APLICA "]
[null,null,null,null,null,"Postura Forzada                            \nMiembros superiores en la gravedad por el espacio reducido del plano de trabajo\nPortateclado del escritorio \nSilla en mal estado","BIOMECÁNICO","Lumbalgias, Cervicalgias, Mialgias, lesiones y síndromes doloroso, tendinitis, espamos de manos ","Ninguno","Ninguno","Jornadas de pausas activas ",2,4,{"$f":"+L10*M10","v":8},{"$f":"IF(N10>=24,\"MUY ALTO\",IF(N10>=10,\"ALTO\",IF(N10>=6,\"MEDIO\",\"BAJO\")))","v":"MEDIO"},25,{"$f":"+N10*P10","v":200},{"$f":"IF(Q10>=600,\"I\",IF(Q10>=150,\"II\",IF(Q10>=40,\"III\",IF(Q10>=20,\"IV\"))))","v":"II"},{"$f":"IF(Q10>=600,\"NO ACEPTABLE\",IF(Q10>=150,\"ACEPTABLE CON CONTROL ESPECIFICO\",IF(Q10>=40,\"MEJORABLE\",IF(Q10>=20,\"ACEPTABLE\"))))","v":"ACEPTABLE CON CONTROL ESPECIFICO"},"NINGUNO ","NINGUNO ","NINGUNO ","* Pausas activas a lo largo de la jornada laboral y sensibilizar sobre su importancia , INS-SIG-202 INSTRUCTIVO DE PAUSAS ACTIVAS SALUDABLES.                                  INS- SIG-202 INSTRUCTIVO DE PAUSAS ACTIVAS SALUDABLES.                                                                                             * Realizar seguimiento para el S.V.E  para lesiones osteo musculares. PGR-SIG-205 VIGILANCIA EPIDEMIOLÓGICA PARA LA PREVENCION DE DESÓRDENES MUSCULO-ESQUELÉTICOS.\n* Se recomienda  revisar la posibilidad de contar con un plano de trabajo en \"L\" que garantice que la manos, brazo y muñeca permanezcan en linea recta en el momento de digitar. PGR-SIG-205 VIGILANCIA EPIDEMIOLÓGICA PARA LA PREVENCION DE DESÓRDENES MUSCULO-ESQUELÉTICOS.   \n* Se recomienda  retirar el portateclado del escritorio para mejorar la postura del trabajador.\n* Se recomienda cambio de las sillas que se encuentra en mal estado. ","NO APLICA "]
[null,null,null,null,null,"Mecánico                                                     \nManejo de herramientas manuales \n(Grapadora, saca ganchos, perforadora, ganchos legadores)","CONDICIONES DE SEGURIDAD\n","Golpes, heridas, pinchazos, magulladuras de diferentes en los miembros superiores ","Cambio de elementos en mal estado ","Ninguno ","Recomendaciones en inducción",6,2,12,"ALTO",25,300,"II","ACEPTABLE CON CONTROL ESPECIFICO","NINGUNO ","NINGUNO ","NINGUNO ","*Capacitación sobre manejo seguro de herramientas. PLAN ANUAL DE TRABAJO Y PIC.\n*Capacitación en prevención en lesiones de mano PLAN ANUAL DE TRABAJO Y PIC.  PGR-SIG-205 VIGILANCIA EPIDEMIOLÓGICA PARA LA PREVENCION DE DESÓRDENES MUSCULO-ESQUELÉTICOS.   \n*Inspeccionar las diferentes herramientas utilizados en la oficina para labores administrativas. ","NO APLICA"]
[null,null,null,null,null,"Movimientos Repetitivos\n(Sólo las manos, digitación en teclado y uso de mouse)","BIOMECÁNICO","Síndromes túnel del carpo\n\nSíndrome de Quervain","Ninguno","SVE  Biomecánico ","Recomendaciones en inducción",2,4,8,"MEDIO",25,200,"II","ACEPTABLE CON CONTROL ESPECIFICO","NINGUNO ","NINGUNO ","NINGUNO ","*Implementar el programa de pausas activas, específicamente. INS-SIG-202 INSTRUCTIVO DE PAUSAS ACTIVAS SALUDABLES.                         *Continuar con la implementación del Sistema de vigilancia epidemiológico osteomuscular. PGR-SIG-205 VIGILANCIA EPIDEMIOLÓGICA PARA LA PREVENCION DE DESÓRDENES MUSCULO-ESQUELÉTICOS.   \n","NO APLICA"]
[null,null,null,null,null,"Posturas Prolongadas                    \nPosición sedente la mayor parte de la jornada laboral","BIOMECÁNICO","Lumbalgias, Cervicalgias, Mialgias, lesiones y síndromes dolorosos","Ninguno","Ninguno","Ninguno",2,4,8,"MEDIO",25,200,"II","ACEPTABLE CON CONTROL ESPECIFICO","NINGUNO ","NINGUNO ","NINGUNO ","*Acondicionar los puestos de trabajo dando cumplimiento a las recomendaciones ergonómicas  \"Biomecánicas\", para lo cual, se deben cumplir los requisitos ergonómicos para trabajos con video terminales, por lo tanto, se debe adecuar la altura y ubicación de las pantallas. PGR-SIG-205 VIGILANCIA EPIDEMIOLÓGICA PARA LA PREVENCION DE DESÓRDENES MUSCULO-ESQUELÉTICOS.  \n*Capacitación en  higiene postural, ergonomía en oficina, gimnasia laboral y pausas activas.           ","NO APLICA"]
[null,null,null,null,null,"Postura Forzada                            \nAltura inadecuada de la pantalla visual  por el portátil ","BIOMECÁNICO"," Tendinitis Espamos de manos","Ninguno","Ninguno","Jornadas de pausas activas ",2,4,8,"MEDIO",25,200,"II","ACEPTABLE CON CONTROL ESPECIFICO","NINGUNO ","NINGUNO ","NINGUNO ","* Pausas activas a lo largo de la jornada laboral y sensibilizar sobre su importancia , INS-SIG-202 INSTRUCTIVO DE PAUSAS ACTIVAS SALUDABLES.                                                                                                          * Realizar seguimiento para el S.V.E  para lesiones osteo musculares.a. *Se recomienda graduar y elevar la altura de la pantalla visual para mejorar posturas de los puestos de trabajo con portátil.  PGR-SIG-205 VIGILANCIA EPIDEMIOLÓGICA PARA LA PREVENCION DE DESÓRDENES MUSCULO-ESQUELÉTICOS.             ","*Se recomienda elementos de confort: Base portátil, apoyapiés, teclado adicional "]
[null,null,null,null,null,"Públicos                                                     \nAgresiones verbales con la atención de usuarios, estudiantes,  ","CONDICIONES DE SEGURIDAD","Heridas, Muerte, estrés laboral","Ninguno","Ninguno ","Recomendaciones en inducción",2,2,4,"BAJO",100,{"$f":"+N15*P15","v":400},{"$f":"IF(Q15>=600,\"I\",IF(Q15>=150,\"II\",IF(Q15>=40,\"III\",IF(Q15>=20,\"IV\"))))","v":"II"},"ACEPTABLE CON CONTROL ESPECIFICO","NINGUNO ","NINGUNO ","NINGUNO ","*Diseñar e implementar  planes contingencia para diferentes situaciones  de emergencia. PLA-SIG-204 PLAN DE PREVENCIÓN, PREPARACIÓN Y RESPUESTA ANTE EMERGENCIAS.            \n* Continuar con la vigilancia física del centro de trabajo. \n* Capacitaciones para intervenir el riesgo.  PLAN ANUAL DE TRABAJO Y PIC.","NO APLICA "]
[null,null,null,null,null,"Locativo \nPuerta dañada de la portería ","CONDICIONES DE SEGURIDAD","Colapso estructural - Hongos- bacterias- Ingreso de agua ","Ninguno","Ninguno ","Ninguno ",2,2,4,"BAJO",25,100,"III","MEJORABLE","NINGUNO ","NINGUNO ","NINGUNO ","*Realizar mantenimiento preventivo y correctivo de las instalaciones locativas, con el fin de mejorar las condiciones de trabajo y prevenir  enfermedades a los trabajadores. PLA-SIG-204 PLAN DE PREVENCIÓN, PREPARACIÓN Y RESPUESTA ANTE EMERGENCIAS.                                                                                                               * Mantenimiento y/o cambio de la puerta de portería. Continuar con inspecciones ","NO APLICA"]
[null,null,null,null,null,"Locativo                             \nCableado del computador expuesto debajo del escritorio","CONDICIONES DE SEGURIDAD","Se potencializa el riesgo de incendio y accidentes por caídas, chispas, conatos de incendios ","Ninguno","Ninguno","Recomendaciones en inducción",2,2,4,"BAJO",25,100,"III","MEJORABLE","NINGUNO ","NINGUNO ","NINGUNO ","*Agrupar el cableado eléctrico, utilizando espiral porta cable  y/o canaleta.         * Jornadas de orden y aseo.   PGR-SIG-204 ORDEN Y ASEO.                               * Capacitaciones en caídas al mismo nivel.  PGR-SIG-203-PROGRAMA PROTECCIÓN CONTRA CAÍDAS.    \n","NO APLICA"]
[null,null,null,null,null,"Locativo \nVentanas con vidrio vencido ","CONDICIONES DE SEGURIDAD","Heridas abiertas\nProblemas de ingreso de animales (gatos) \nBacterias - virus excrementos animales ","Ninguno","Ninguno ","Ninguno ",2,2,4,"BAJO",25,100,"III","MEJORABLE","NINGUNO ","NINGUNO ","NINGUNO ","* Se recomienda un programa de mantenimiento de instalaciones para el control de humedad. PRO-SIG-203 PROCEDIMIENTO INSPECCIONES DE SST.     \n* Se recomienda cambio de los vidrios de las ventanas del auditorio.\n* Se recomienda erradicación de los animales (gatos) en las instalaciones.","NO APLICA"]
[null,null,null,null,null,"Eléctrico                        \nToma eléctrica dañada  con potencial   de corto circuito ","CONDICIONES DE SEGURIDAD ","Potencializa el riesgo de incendio. Quemaduras, cortos circuitos ","Ninguno","Ninguno ","Recomendaciones en inducción",2,2,4,"BAJO",25,100,"III","MEJORABLE","NINGUNO ","NINGUNO ","Mantenimiento a instalaciones eléctricas "," * Jornadas de orden y aseo.  PGR-SIG-204 ORDEN Y ASEO.  \n * Mantenimiento de las tomas eléctricas  del área de portería.","NO APLICA"]
[null,null,null,null,null,"Inundación  \nProblemas de goteras y desnivel del piso que permite el ingreso de agua en condiciones lluviosas ","FENÓMENOS NATURALES ","Ingreso de agua en el área   ","Ninguno","Ninguno ","Plan de emergencia y brigadistas ",2,2,4,"BAJO",25,100,"III","MEJORABLE","NINGUNO ","NINGUNO ","NINGUNO ","* Se recomienda un programa de mantenimiento de instalaciones para el control de humedad. PRO-SIG-203 PROCEDIMIENTO INSPECCIONES DE SST.     \n* Mantenimiento y/o cambio de la puerta de portería. ","NO APLICA"]
[null,null,null,null,null,"Esfuerzo\nAbrir y cerrar la puerta de la entrada principal ","BIOMECÁNICO ","Síndrome del Túnel Carpiano, Manguito rotador ","Ninguno","Ninguno","Pausas Activas Implementación del SVE DMO ",2,4,8,"MEDIO",25,200,"II","ACEPTABLE CON CONTROL ESPECIFICO","NINGUNO ","NINGUNO ","NINGUNO ","*Implementar el programa de pausas activas. INS-SIG-202 INSTRUCTIVO DE PAUSAS ACTIVAS SALUDABLES.                                                           *Implementación del Sistema de vigilancia epidemiológico desorden musculo esqueléticos, con el fin de identificar las personas con sintomatología y hacer el respectivo seguimiento y control de los diagnósticos médicos que se presenten. PGR-SIG-205 VIGILANCIA EPIDEMIOLÓGICA PARA LA PREVENCION DE DESÓRDENES MUSCULO-ESQUELÉTICOS. ","NO APLICA"]
[null,null,null,null,null,"Disconfort Térmico - Exposición a temperaturas altas  extremas  por la inadecuada  concentración  de usuarios. ","FÍSICO","Disconfort térmico,   Alergias, afecciones respiratorias, cefaleas tensionales . ","Ninguno","Ninguno ","Ninguno ",2,2,4,"BAJO",25,100,"III","MEJORABLE","NINGUNO ","NINGUNO ","*Se recomienda  revisar la posibilidad de instalar en el área aire acondicionado. ","* Se recomienda   dotar de puntos de hidratación (Botellones de agua)  para los funcionarios. PRO-SIG-203 PROCEDIMIENTO INSPECCIONES DE SST.     \n* Se recomienda  ventiladores personales. ","NO APLICA "]
[null,null,null,null,null,"Ruido\n Ambiental producido por los usuarios ","FÍSICO","* Dolor  de cabeza,\n* poca concentración, \n*zumbidos  en los oídos   \n* Cefaleas tensionales ","Ninguno","Ninguno","Exámenes Médicos ocupacionales",2,2,4,"BAJO",25,100,"III","MEJORABLE","NINGUNO ","NINGUNO ","NINGUNO ","*Continuar con la realización de evaluaciones  medicas ocupacionales (ingreso, periódicos y egreso. PRO-SIG-201 PROCEDIMIENTO EXÁMENES OCUPACIONALES.    \n* Realizar pausa activa durante la jornada laboral una vez en la mañana y una vez en la tarde ( Si el  usuario l lo permite). INS-SIG-202 INSTRUCTIVO DE PAUSAS ACTIVAS SALUDABLES.\n*Campañas  educativas con estudiantes de la conservación de la voz . \n","NO APLICA"]
[null,null,null,"TRANSFERENCIAS DOCUMENTALES. MANEJO DE CORRESPONDENCIA. ACTIVIDAD MANEJO DE ARCHIVO. REGISTRO, INVENTARIO Y CONTROL DE PRÉSTAMO DE LOS LIBROS; APLICA PARA FUNCIONARIOS DE PLANTA Y DE CONTRATO ","SI","Mecánico                                                     \nManejo de herramientas manuales \n(Grapadora, saca ganchos, perforadora, ganchos legadores)","CONDICIONES DE SEGURIDAD\n","Golpes, heridas, pinchazos, magulladuras de diferentes en los miembros superiores ","Cambio de elementos en mal estado ","Ninguno ","Recomendaciones en inducción",2,2,4,"BAJO",25,100,"III","MEJORABLE","NINGUNO ","NINGUNO ","NINGUNO ","*Capacitación sobre manejo seguro de herramientas. \n*Capacitación en prevención en lesiones de mano. PRO-SIG-205 PROCEDIMIENTO DE INCIDENTES Y ACCIDENTES DE TRABAJO . \n*Inspeccionar las diferentes herramientas utilizados en la oficina para labores administrativas. ","NO APLICA"]
[null,null,null,null,null,"Postura Forzada                            Miembros superiores en la gravedad por el espacio reducido del plano de trabajo\n","BIOMECÁNICO","Lumbalgias, Cervicalgias, Mialgias, lesiones y síndromes doloroso, tendinitis, espamos de manos ","Ninguno","Ninguno","Jornadas de pausas activas ",2,4,8,"MEDIO",25,200,"II","ACEPTABLE CON CONTROL ESPECIFICO","NINGUNO ","NINGUNO ","NINGUNO ","* Pausas activas a lo largo de la jornada laboral y sensibilizar sobre su importancia , INS-SIG-202 INSTRUCTIVO DE PAUSAS ACTIVAS SALUDABLES.                                                                                                          * Realizar seguimiento para el S.V.E  para lesiones osteo musculares.\n* Se recomienda  revisar la posibilidad de contar con un plano de trabajo en \"L\" que garantice que la manos, brazo y muñeca permanezcan en linea recta en el momento de digitar. \n","NO APLICA "]
[null,null,null,null,null,"Locativo \nTechos en mal estado \nProblemas de humedad ","CONDICIONES DE SEGURIDAD","Colapso estructural - Hongos- bacterias","Ninguno","Ninguno ","Ninguno ",2,2,4,"BAJO",25,100,"III","MEJORABLE","NINGUNO ","NINGUNO ","NINGUNO ","*Realizar mantenimiento preventivo y correctivo de las instalaciones locativas, con el fin de mejorar las condiciones de trabajo y prevenir  enfermedades a los trabajadores. PRO-SIG-203 PROCEDIMIENTO INSPECCIONES DE SST.                                                                                                              * Mantenimiento de los techos para  evitar  la proliferación de animales ( murciélagos- palomas) y control de humedad. \n*Se recomienda erradicar los palomas del área. ","NO APLICA"]
[null,null,null,null,null,"Locativo - Infraestructura                           Sistemas de almacenamiento y condiciones técnico ambientales inadecuados del archivo                        ","CONDICIONES DE SEGURIDAD","Accidentes de trabajo -  Deterioro del archivo - Caídas de objetos (cajas) ","Ninguno","Ninguno","Ninguno",2,2,4,"BAJO",25,100,"III","MEJORABLE","NINGUNO ","NINGUNO ","NINGUNO ","  *Ubicación del archivo debe ser un terreno sin riesgos de humedad subterránea o problemas de inundación y que ofrezca estabilidad. PGR-SIG-204 ORDEN Y ASEO. ","NO APLICA"]
[null,null,null,null,null,"Locativo\nSistema de almacenamiento  \nUbicación inadecuada de los archivadores NO anclados a la pared","CONDICIONES DE SEGURIDAD\n","*Golpes\n*Contusión \n*Traumas superficiales\n*Heridas","NINGUNO","NINGUNO","NINGUNO",2,2,4,"BAJO",25,100,"III","MEJORABLE","NINGUNO ","NINGUNO ","NINGUNO ","*Se recomienda instalar protectores de seguridad en el soporte de agarre de los archivadores, con el fin de evitar heridas graves y disminuir los golpes. \n*Sensibilización a los trabajadores  en auto cuido. PGR-SIG-201 ESTILOS DE VIDA Y TRABAJO SALUDABLES.  ","NO APLICA"]
[null,null,null,null,null,"Postura Forzada                            \nAltura inadecuada de la pantalla visual  por el portátil ","BIOMECÁNICO"," Tendinitis Espamos de manos","Ninguno","Ninguno","Jornadas de pausas activas ",2,4,8,"MEDIO",25,200,"II","ACEPTABLE CON CONTROL ESPECIFICO","NINGUNO ","NINGUNO ","NINGUNO ","* Pausas activas a lo largo de la jornada laboral y sensibilizar sobre su importancia , INS-SIG-202 INSTRUCTIVO DE PAUSAS ACTIVAS SALUDABLES.                                                                                                           * Realizar seguimiento para el S.V.E  para lesiones osteo musculares.a. *Se recomienda graduar y elevar la altura de la pantalla visual para mejorar posturas de los puestos de trabajo con portátil.  PGR-SIG-205 VIGILANCIA EPIDEMIOLÓGICA PARA LA PREVENCION DE DESÓRDENES MUSCULO-ESQUELÉTICOS.","*Se recomienda elementos de confort: Base portátil, apoyapiés, teclado adicional "]
[null,null,null,null,null,"Movimientos repetitivos  Abrir y cerrar las estanterías móviles del archivo (rodantes) ","BIOMECÁNICO ","Síndrome del Túnel Carpiano, Manguito rotador ","Ninguno","Ninguno","Pausas Activas Implementación del SVE DMO ",2,4,8,"MEDIO",25,200,"II","ACEPTABLE CON CONTROL ESPECIFICO","NINGUNO ","NINGUNO ","NINGUNO ","*Implementar el programa de pausas activas.  INS-SIG-202 INSTRUCTIVO DE PAUSAS ACTIVAS SALUDABLES.                                                               *Implementación del Sistema de vigilancia epidemiológico desorden musculo esqueléticos, con el fin de identificar las personas con sintomatología y hacer el respectivo seguimiento y control de los diagnósticos médicos que se presenten. PGR-SIG-205 VIGILANCIA EPIDEMIOLÓGICA PARA LA PREVENCION DE DESÓRDENES MUSCULO-ESQUELÉTICOS.","NO APLICA"]
[null,null,null,null,null,"Movimientos Repetitivos\n(Sólo las manos, digitación en teclado y uso de mouse)","BIOMECÁNICO","Síndromes túnel del carpo\n\nSíndrome de Quervain","Ninguno","SVE  Biomecánico ","Ninguno",2,4,8,"MEDIO",25,200,"II","ACEPTABLE CON CONTROL ESPECIFICO","NINGUNO ","NINGUNO ","NINGUNO ","*Implementar el programa de pausas activas. INS-SIG-202 INSTRUCTIVO DE PAUSAS ACTIVAS SALUDABLES.                                                                   *Continuar con la implementación del Sistema de vigilancia epidemiológico osteomuscular.  PGR-SIG-205 VIGILANCIA EPIDEMIOLÓGICA PARA LA PREVENCION DE DESÓRDENES MUSCULO-ESQUELÉTICOS.\n","NO APLICA"]
[null,null,null,null,null,"Públicos                                                     Agresiones verbales con la atención de usuarios, estudiantes,  ","CONDICIONES DE SEGURIDAD","Heridas, Muerte, estrés laboral","Ninguno","Ninguno ","Recomendaciones en inducción",2,2,4,"BAJO",100,400,"II","ACEPTABLE CON CONTROL ESPECIFICO","NINGUNO ","NINGUNO ","NINGUNO ","*Diseñar e implementar  planes contingencia para diferentes situaciones  de emergencia. PLA-SIG-204 PLAN DE PREVENCIÓN, PREPARACIÓN Y RESPUESTA ANTE EMERGENCIAS.    \n* Continuar con la vigilancia física del centro de trabajo. \n* Capacitaciones para intervenir el riesgo.   PLAN ANUAL DE TRABAJO Y PIC","NO APLICA "]
[null,null,null,null,null,"Locativo \nLuminarias sin protectores (rejillas)","CONDICIONES DE SEGURIDAD","Caídas de los tubos fluorescentes, golpes, contusiones ","Ninguno","Ninguno ","Ninguno ",2,2,4,"BAJO",25,100,"III","MEJORABLE","NINGUNO ","NINGUNO ","Mantenimiento a luminarias","*Se recomienda que las luminarias cuenten con protectores (rejillas),  PGR-SIG-204 ORDEN Y ASEO.  ","NO APLICA"]
[null,null,null,null,null,"Material Particulado Acumulación de material particulado (polvo) de los libros  ","QUÍMICO","Irritaciones, alergias a nivel respiratorio","Limpieza periódica en bibliotecas","Ninguno","capacitación de seguridad en archivos ",2,2,4,"BAJO",25,100,"III","MEJORABLE","NINGUNO ","NINGUNO ",1,"*Exámenes periódicos anualmente al personal  expuesto con espirometrias. PRO-SIG-201 PROCEDIMIENTO EXÁMENES OCUPACIONALES.   PRO-SIG-201 PROCEDIMIENTO EXAMENES OCUPACIONALES. \n* Se recomienda que el personal de servicios generales realice limpieza completa del archivo durante la semana.","Uso de tapabocas obligatorio"]
[null,null,null,null,null,"Movimientos Repetitivos\nOrganizar los libros ","BIOMECÁNICO","Síndromes túnel del carpo\n\nSíndrome de Quervain","Ninguno","SVE  Biomecánico ","Ninguno",2,4,8,"MEDIO",25,200,"II","ACEPTABLE CON CONTROL ESPECIFICO","NINGUNO ","NINGUNO ","NINGUNO ","*Implementar el programa de pausas activas, específicamente. INS-SIG-202 INSTRUCTIVO DE PAUSAS ACTIVAS SALUDABLES.                                                                                      *Continuar con la implementación del Sistema de vigilancia epidemiológico osteomuscular.    ","NO APLICA"]
[null,null,null,null,null,"Manipulación manual de cargas                                               \nLevantar cajas de archivo del piso","BIOMECÁNICO","Hernias Discales - Bursitis de hombro - Bursitis de rodilla ","Ninguno","Ninguno","Capacitación manejo adecuado de cargas ",2,4,8,"MEDIO",25,200,"II","ACEPTABLE CON CONTROL ESPECIFICO","NINGUNO ","NINGUNO ","NINGUNO ","*Continuar con la implementación del sistema de vigilancia epidemiológico osteomuscular.                                                                                         *Continuar con la capacitación y  permanente  en  higiene postural, ergonomía en oficina, gimnasia laboral y pausas activas.  INS-SIG-202 INSTRUCTIVO DE PAUSAS ACTIVAS SALUDABLES.  ","NO APLICA"]
[null,null,null,null,null,"Material Particulado Acumulación de material particulado (polvo) del archivo antiguo  y tipo de tipo. ","QUÍMICO","Irritaciones, alergias a nivel respiratorio","Limpieza periódica en bibliotecas","Ninguno","capacitación de seguridad en archivos ",2,2,4,"BAJO",25,100,"III","MEJORABLE","NINGUNO ","NINGUNO ","NINGUNO ","*Exámenes periódicos anualmente al personal  expuesto con espirometrias. PRO-SIG-201 PROCEDIMIENTO EXÁMENES OCUPACIONALES.   \n* Se recomienda que el personal de servicios generales realice limpieza completa del archivo durante la semana.","Uso de tapabocas obligatorio"]
[null,null,null,null,null,"Ruido\n Ambiental producido por los niños","FÍSICO","* Dolor  de cabeza,\n* poca concentración, \n*zumbidos  en los oídos   \n* Cefaleas tensionales ","Ninguno","Ninguno","Exámenes Médicos ocupacionales",2,2,4,"BAJO",25,100,"III","MEJORABLE","NINGUNO ","NINGUNO ","NINGUNO ","*Continuar con la realización de evaluaciones  medicas ocupacionales (ingreso, periódicos y egreso \n* Realizar pausa activa durante la jornada laboral una vez en la mañana y una vez en la tarde ( Si el  usuario l lo permite). INS-SIG-202 INSTRUCTIVO DE PAUSAS ACTIVAS SALUDABLES. \n*Campañas  educativas con estudiantes de la conservación de la voz . \n","NO APLICA"]
[null,null,null,null,null,"Hongos- Bacterias       \nPresencia libros antiguos  ","BIOLÓGICO ","Afecciones respiratorias ","Limpieza periódica en bibliotecas","Ninguno","Uso de EPP (Guantes) ",2,2,4,"BAJO",25,100,"III","MEJORABLE","NINGUNO ","NINGUNO ","Instalación de extractores","\n* Se recomienda continuar con el proceso de intervención (limpieza) de los libros antiguos. PGR-SIG-204 ORDEN Y ASEO. ","Uso de guantes de nitrilo y tapabocas "]
[null,null,null,null,null,"Hongos       \nMalos olores  en el área                      ","BIOLÓGICO ","Alergias,  Malos olores ","Ninguno","Ninguno","Ninguno",2,2,4,"BAJO",25,100,"III","MEJORABLE","NINGUNO ","NINGUNO ","Instalación de extractores","*Se recomienda mantenimiento de las instalaciones para eliminar los malos olores. PGR-SIG-204 ORDEN Y ASEO. \n* Se recomienda  mantenimiento de  los techos para el control de goteras (humedad). ","NO APLICA"]
[null,null,null,null,null,"Locativo \nDesnivel en la superficie de trabajo  en la entrada ","CONDICIONES DE SEGURIDAD","Caídas, golpes, incidentes  y accidentes de y trabajo ","Ninguno ","Señalización de advertencia  ","Capacitación en prevención de caídas",2,2,4,"BAJO",25,100,"III","MEJORABLE","NINGUNO ","NINGUNO ","NINGUNO ","*Se recomienda demarcar con cinta de precaucion el desnivel de la superficie de trabajo para mejor visibilidad del funcionario  y del visitante. PRO-SIG-203 PROCEDIMIENTO INSPECCIONES DE SST.      \n* Instalar cinta de precaución en el desnivel de la superficie de trabajo. ","NO APLICA "]
[null,null,null,null,null,"Locativo \nLuminarias sin protectores (rejillas)","CONDICIONES DE SEGURIDAD","Caídas de los tubos fluorescentes, golpes, contusiones ","Ninguno","Ninguno ","Ninguno ",2,2,4,"BAJO",25,100,"III","MEJORABLE","NINGUNO ","NINGUNO ","Mantenimiento a luminarias ","*Se recomienda que las luminarias cuenten con protectores (rejillas), para dar cumplimiento a la Resolución 180540 de 2010.    PRO-SIG-203 PROCEDIMIENTO INSPECCIONES DE SST.      ","NO APLICA"]
[null,null,null,null,null,"Locativo - Infraestructura\n\nTechos en mal estado \nProblemas de humedad ","CONDICIONES DE SEGURIDAD","Colapso estructural - Hongos- bacterias","Ninguno","Ninguno ","Ninguno ",2,2,4,"BAJO",25,100,"III","MEJORABLE","NINGUNO ","NINGUNO ","Mantenimiento a infraestructura","*Realizar mantenimiento preventivo y correctivo de las instalaciones locativas, con el fin de mejorar las condiciones de trabajo y prevenir  enfermedades a los trabajadores. PRO-SIG-203 PROCEDIMIENTO INSPECCIONES DE SST.                                                                                                                          * Mantenimiento de los techos para  evitar  la proliferación de animales ( roedores) y control de humedad. ","NO APLICA"]
[null,null,"OPERATIVO","ACTIVIDAD DESPLAZAMIENTO A EVENTOS Y REUNIONES INSTITUCIONALES,  INSPECCIONES, ACTIVIDADES DE FORMACIÓN, CULTURALES Y RECREATIVAS, DE BIENESTAR,  FUERA DE LA SEDE. AUDICIONES DE RADIO EN LA EMISORA. ACTIVIDADES LÚDICAS CON NIÑOS (LECTURA, TÍTERES Y VIDEOS ACADÉMICOS); APLICA PARA FUNCIONARIOS DE PLANTA Y DE CONTRATO","SI","Accidentes de tránsito                      \n     \n(En los desplazamientos en las vías)\nVER MATRIZ DE RIESGO VIAL ","CONDICIONES DE SEGURIDAD","*Muerte \n*Lesiones graves en el cuerpo entero\n*Atrapamiento vehicular","Ninguno","Vehículos de la empresa con mantenimiento preventivo y correctivo. ","Ninguno",2,2,4,"BAJO",100,400,"II","ACEPTABLE CON CONTROL ESPECIFICO","NO APLICA","NO APLICA","*Se debe empezar a realizar la inspección pre operacional de vehículos de la empresa, para identificar condiciones del mismo \"Por parte de los conductores\". ","*Dar cumplimiento al plan de capacitación del PESV según el rol (Pasajero - Conductor - Peatón). PLA-SIG-202 PESV PLAN ESTRATEGICO DE SEGURIDAD VIAL.\n*Realizar sensibilización en seguridad vial ","NO APLICA"]
[null,null,null,null,null,"Eléctrico                        \nToma eléctrica dañada  con potencial   de corto circuito ","CONDICIONES DE SEGURIDAD ","Potencializa el riesgo de incendio. Quemaduras, cortos circuitos ","Ninguno","Ninguno ","Ninguno ",2,2,4,"BAJO",25,100,"III","MEJORABLE","NINGUNO ","NINGUNO ","Mantenimiento a instalaciones eléctricas "," * Jornadas de orden y aseo.  PGR-SIG-204 ORDEN Y ASEO.    \n * Mantenimiento de las tomas eléctricas de la ludoteca.","NO APLICA"]
[null,null,null,null,null,"Locativo - Infraestructura \n\nSuperficie de trabajo  con problemas de filtraciones agua en condiciones climáticas. ","CONDICIONES DE SEGURIDAD","Inundaciones\nDaño estructural  ","Ninguno","Ninguno ","Ninguno ",2,2,4,"BAJO",25,100,"III","MEJORABLE","NINGUNO ","NINGUNO ","mantenimiento a infraestructura","* Se recomienda  mantenimiento de la infraestructura  para el control de humedad y filtración de agua en los salones. PRO-SIG-203 PROCEDIMIENTO INSPECCIONES DE SST.      ","NO APLICA "]
[null,null,null,null,null,"Locativo\nLámparas en estado critico de limpieza, aseo y con riesgo potencial de caída (bomboneras)","CONDICIONES DE SEGURIDAD","Heridas abiertas\nCaída de objetos \nProliferación de material particulado ","Ninguno","Ninguno","Ninguno ",2,2,4,"BAJO",25,100,"III","MEJORABLE","NINGUNO ","NINGUNO ","Mantenimiento a luminarias ","*Se recomienda  mantenimiento de las lámparas (limpieza y aseo). PGR-SIG-204 ORDEN Y ASEO. \n* Se recomienda  revisar la posibilidad de cambiar  el sistema de iluminación (tipo de lámparas); para evitar la caída de objetos. ","NO APLICA"]
[null,null,null,null,null,"Locativo                                 \nSistemas de almacenamiento inadecuados (TV sin anclaje)","CONDICIONES DE SEGURIDAD ","Caídas de objetos,  golpes, accidentes e incidentes de trabajo ","Ninguno","Ninguno","Inducción y reinducción al personal ",2,2,4,"BAJO",25,100,"III","MEJORABLE","NO APLICA","NO APLICA","NO APLICA","*Se recomienda anclaje del televisor que se encuentra  la ludoteca y en la sala infantil para evitar accidentes  con los niños. PRO-SIG-203 PROCEDIMIENTO INSPECCIONES DE SST.      ","NO APLICA"]
[null,null,null,null,null,"Locativo \nLuminarias sin protectores (rejillas)","CONDICIONES DE SEGURIDAD","Caídas de los tubos fluorescentes, golpes, contusiones ","Ninguno","Ninguno ","Ninguno ",2,2,4,"BAJO",25,100,"III","MEJORABLE","NINGUNO ","NINGUNO ","Mantenimiento a luminarias ","*Se recomienda que las luminarias cuenten con protectores (rejillas). PGR-SIG-204 ORDEN Y ASEO.  ","NO APLICA"]
[null,null,null,null,null,"Disconfort Térmico \nExposición a temperaturas altas/ aire acondicionado   ","FÍSICO","Disconfort térmico,   Alergias, afecciones respiratorias, cefaleas tensionales . ","Ninguno","Ninguno ","Ninguno ",2,2,4,"BAJO",25,100,"III","MEJORABLE","NINGUNO ","NINGUNO ","NINGUNO ","* Se recomienda  mantenimiento del aire acondicionado. PRO-SIG-203 PROCEDIMIENTO INSPECCIONES DE SST.      \n* Se recomienda  apagar el aire acondicionado  1/2 antes de  las horas de salida. ","NO APLICA "]
[null,null,null,null,null,"Locativo                                      \nFalta de orden y aseo  por los elementos sin dar de baja \nCifón sin rejilla ","CONDICIONES DE SEGURIDAD ","Caídas al mismo nivel, proliferación de animales, ","Ninguno","Ninguno ","Recomendaciones en inducción",2,2,4,"BAJO",25,100,"III","MEJORABLE","NINGUNO ","NINGUNO ","NINGUNO ","*Capacitaciones en caídas al mismo nivel  al personal expuesto.PGR-SIG-203-PROGRAMA PROTECCIÓN CONTRA CAÍDAS.                                                * Se recomienda jornadas de orden y aseo en la cafetería-  PGR-SIG-204 ORDEN Y ASEO.           * Se recomienda dar de baja a los elementos sin utilizar en las áreas comunes y en la cafetería .\n*Se recomienda instalar  la rejilla en el cifón de la cafetería ara evitar la proliferación de animales (insectos - roedores).\n*Se recomienda fumigaciones periódicas. ","NO APLICA"]
[null,null,null,null,null,"Locativo                                                 \nFalta de orden y aseo  \nElementos dar de baja  ","CONDICIONES DE SEGURIDAD","Accidentes de trabajo, posturas inadecuadas,  golpes, caída de objetos ","Ninguno","Ninguno","Ninguno",2,2,4,"BAJO",25,100,"III","MEJORABLE","NINGUNO ","NINGUNO ","NINGUNO ","*Diseño e implementación del programa de orden y aseo de la empresa, para lo cual, se sugiere realizar jornada de orden y aseo. PGR-SIG-204 ORDEN Y ASEO.\n* Se recomienda  dar de baja a los elementos que no se estén utilizando.\n* Limpieza,  mantenimiento del tapete. ","NO APLICA"]
[null,null,null,null,null,"Locativo \nDesnivel en la superficie de trabajo  en la entrada ","CONDICIONES DE SEGURIDAD","Caídas, golpes, incidentes  y accidentes de y trabajo ","Ninguno ","Señalización de advertencia  ","Capacitación en prevención de caídas ",2,2,4,"BAJO",25,100,"III","MEJORABLE","NINGUNO ","NINGUNO ","NINGUNO ","*Se recomienda demarcar con cinta de precaucion el desnivel de la superficie de trabajo para mejor visibilidad del funcionario  y del visitante. PRO-SIG-203 PROCEDIMIENTO INSPECCIONES DE SST.  \n* Instalar cinta de precaución en el desnivel de la superficie de trabajo. ","NO APLICA "]
[null,null,null,null,null,"Locativo - Infraestructura\n\nInstalaciones en mal estado \n(Techos  con humedad)         ","CONDICIONES DE SEGURIDAD","Bacterias,  hongos, enfermedades respiratorias ","Ninguno","Ninguno ","Ninguno ",2,2,4,"BAJO",25,100,"III","MEJORABLE","NINGUNO ","NINGUNO ","Mantenimiento a infraestructura","* Se recomienda un programa de mantenimiento de instalaciones para el control de humedad. PRO-SIG-203 PROCEDIMIENTO INSPECCIONES DE SST.  \n* Mantenimiento de las paredes para el control de humedad  de las áreas comunes. ","NO APLICA"]
[null,null,null,null,null,"Locativo  \nSistemas de almacenamiento inadecuados: productos químicos al lado insumos de cafetería.  ","CONDICIONES DE SEGURIDAD","Irritaciones, tardía en los primeros auxilios en caso de  un accidente con los productos químicos. ","Ninguno","Ninguno","Inducción y reinducción al personal ",2,2,4,"BAJO",25,100,"III","MEJORABLE","NINGUNO ","NINGUNO ","NINGUNO ","* Se recomienda  que los productos químicos de aseo se conserven en los envases originales, debidamente rotulados. \n* Se recomienda  contar con las fichas de seguridad de cada producto de aseo. \n* Capacitaciones en el manejo, uso, almacenamiento adecuado de los productos químicos. \n* Se recomienda almacenar los productos de aseo aparte a los insumos de cafetería.  PGR-SIG-204 ORDEN Y ASEO.   ","Uso de tapabocas, guantes, "]
[null,null,null,null,null,"Manipulación manual de cargas                                                  (Transporte de algunos elementos pesados durante el proceso de limpieza)","BIOMECÁNICO","Lesiones Osteomusculares  a nivel de cervical y lumbar","Ninguno","Ninguno","Intervención del riesgo biomecánico ",2,4,8,"MEDIO",25,200,"II","ACEPTABLE CON CONTROL ESPECIFICO","NINGUNO ","NINGUNO ","NINGUNO ","*Realizar re-inducción  en manipulación manual de cargas\n*Capacitar al personal en higiene postural y pausas activas durante la jornada de trabajo. INS-SIG-202 INSTRUCTIVO DE PAUSAS ACTIVAS SALUDABLES.  ","NO APLICA"]
[null,null,null,null,null,"Material particulado \nPolvo acumulado en áreas  y superficies de trabajo . ","QUÍMICOS","Infecciones virales, alergias, intoxicaciones.","Limpieza periódica a superficies","Ninguno","Ninguno",2,2,4,"BAJO",25,100,"III","MEJORABLE","NINGUNO ","NINGUNO ","NINGUNO ","*Realizar seguimiento con la  toma de espirómetros. PRO-SIG-203 PROCEDIMIENTO INSPECCIONES DE SST.                                                                                                               ","*Continuar con el uso de tapa bocas."]
[null,null,null,null,null,"Virus - Bacterias\n(Exposición y contacto con  material infectado y contaminado","BIOLÓGICO","Dermatitis Infecciones virales, alergias, intoxicaciones.","Ninguno","Ninguno","Recomendaciones en inducción y uso de guantes, y tapabocas ",2,2,4,"BAJO",25,100,"III","MEJORABLE","NINGUNO ","NINGUNO ","NINGUNO ","*Diseñar e Implementar el protocolo de lavado de manos periódicamente.                                                                         \n*Realizar seguimiento al uso adecuado de los EPP. PRO-SIG-202 PROCEDIMIENTO ADMINISTRACIÓN DE ELEMENTOS DE EPP.                                          * Fumigaciones periódicas para el control de roedores e insectos ","*Continuar con el uso de EPP."]
[null,null,null,null,null,"Hongos                                \n(Exposición y contacto con  material infectado y contaminado)","BIOLÓGICO","Hongos en las manos","Ninguno","Ninguno","Recomendaciones en inducción y uso de guantes, y tapabocas ",2,2,4,"BAJO",25,100,"III","MEJORABLE","NINGUNO ","NINGUNO ","NINGUNO ","*Diseñar e Implementar el protocolo de lavado de manos periódicamente.                                                                         \n*Realizar seguimiento al uso adecuado de los EPP. PRO-SIG-202 PROCEDIMIENTO ADMINISTRACIÓN DE ELEMENTOS DE EPP.                                             * Fumigaciones periódicas para el control de roedores e insectos ","*Continuar con el uso de EPP."]
[null,null,null,null,null,"Movimientos repetitivos                     Labores de limpieza , baterías sanitarias ","BIOMECÁNICO ","Síndrome del manguito rotador- Epicondilitis ","Ninguno ","Ninguno","Rotación de tareas ",2,4,8,"MEDIO",25,200,"II","ACEPTABLE CON CONTROL ESPECIFICO","NINGUNO ","NINGUNO ","NINGUNO ","*Implementación del Sistema de vigilancia epidemiológico Desordes Musculo esqueléticos  DMO. PGR-SIG-205 VIGILANCIA EPIDEMIOLÓGICA PARA LA PREVENCION DE DESÓRDENES MUSCULO-ESQUELÉTICOS.                                                        \n*Capacitaciones a los trabajadores en la intervención de riesgo biomecánico.                                                                                   \n  * Alternar  labores diarias por parte del trabajador durante la jornada de trabajo.                                                             \n *Adoptar posturas adecuadas por parte del trabajador. ","NO APLICA "]
[null,null,null,null,null,"Postura bípeda prolongada                             Desplazamiento continuo  para las labores de limpieza ","BIOMECÁNICO","Lesiones Osteomusculares de los miembros inferiores como varices, enfermedades vasculares","Ninguno ","Ninguno","Ninguno",2,4,8,"MEDIO",25,200,"II","ACEPTABLE CON CONTROL ESPECIFICO","NINGUNO ","NINGUNO ","NINGUNO ","* Jornadas de pausas activas INS-SIG-202 INSTRUCTIVO DE PAUSAS ACTIVAS SALUDABLES.                                                                                                  *Cambio de posición de bípeda a sedente y viceversa. * Alternar las labores operativas. ","NO APLICA "]
[null,null,null,null,null,"Líquidos- Gases y Vapores                                            Uso de sustancias químicas para las labores de limpieza ","QUÍMICO  ","Inhalación de vapores, salpicaduras, irritación de mucosa respiratorias, piel, alergias","Ninguno ","Ninguno ","Recomendaciones en inducción y reinducción- uso de guantes y tapabocas",2,2,4,"BAJO",25,100,"III","MEJORABLE","NINGUNO ","NINGUNO ","NINGUNO "," *Capacitaciones en el maneja adecuado de productos químicos - elementos rotulados. Sistema globalmente armonizado. PRO-SIG-202 PROCEDIMIENTO ADMINISTRACIÓN DE ELEMENTOS DE EPP. ","Uso de elementos de protección personal (guantes, tapabocas) "]
[null,null,null,null,null,"Locativo \nTechos en mal estado \nProblemas de humedad ","CONDICIONES DE SEGURIDAD","Colapso estructural - Hongos- bacterias","Ninguno","Ninguno ","Ninguno ",2,2,4,"BAJO",25,100,"III","MEJORABLE","NINGUNO ","NINGUNO ","Mantenimiento a instalaciones ","*Realizar mantenimiento preventivo y correctivo de las instalaciones locativas, con el fin de mejorar las condiciones de trabajo y prevenir  enfermedades a los trabajadores.                                                                                                                    * Mantenimiento de los techos para  evitar  la proliferación de animales ( murciélagos- palomas) y control de humedad. \n*Se recomienda erradicar los palomas del área. ","NO APLICA"]
[null,null,null,null,null,"Locativo\nSuperficies de trabajo  irregulares y  desniveladas                                 (Desplazamiento en los diferentes áreas)","CONDICIONES DE SEGURIDAD","*Golpes \n*Caídas\n*Fracturas","Ninguno",null,"Recomendaciones en inducción ",2,2,4,"BAJO",25,100,"III","MEJORABLE","NO APLICA","NO APLICA","NO APLICA","*Se recomienda uso de calzado adecuado y de tacón bajo según el área a visitar, con el fin de evitar caídas. EST-SIG-01 ESTANDAR DE SEGURIDAD PARA ACTIVIDADES FUERA DE LA SEDE.","Uso de calzado bajo "]
[null,null,null,null,null,"Picaduras                      \n(Exposición con animales en las vías públicas)","BIOLÓGICO","Infecciones","No aplica","No aplica","Recomendaciones en inducción - protocolo de actuación en caso de AT",2,2,4,"BAJO",25,100,"III","MEJORABLE","NO APLICA","NO APLICA","NO APLICA","*Se recomienda capacitar en prevención por mordeduras o picaduras en vías públicas. EST-SIG-01 ESTANDAR DE SEGURIDAD PARA ACTIVIDADES FUERA DE LA SEDE.\n","NO APLICA"]
[null,null,null,null,null,"Mordeduras                             \n(Exposición con animales en las vías públicas)","BIOLÓGICO","Infecciones","No aplica","No aplica","Recomendaciones en inducción - protocolo de actuación en caso de AT",2,2,4,"BAJO",25,100,"III","MEJORABLE","NO APLICA","NO APLICA","NO APLICA","*Se recomienda capacitar en prevención por mordeduras o picaduras en vías públicas. EST-SIG-01 ESTANDAR DE SEGURIDAD PARA ACTIVIDADES FUERA DE LA SEDE.\n","NO APLICA"]
[null,null,null,null,null,"Radiaciones no ionizantes                                                 Exposición a luz solar en actividades externas ","FÍSICO","Incomodidad - Insolación ","Ninguno","Ninguno","Ninguno",2,2,4,"BAJO",25,100,"III","MEJORABLE","NINGUNO ","NINGUNO ","NINGUNO ","*Continuar el uso de camisa manga larga y cachucha en el desarrollo de la actividad. EST-SIG-01 ESTANDAR DE SEGURIDAD PARA ACTIVIDADES FUERA DE LA SEDE.","Ropa manga larga \nCachucha"]
[null,null,null,null,null,"Público\n(Robos - Atracos - Asaltos)","CONDICIONES DE SEGURIDAD","*Golpes\n*Agresiones verbales y físicas \n*Atentados violentos\n*Heridas\n*Muerte","Ninguno","Ninguno","Ninguno",2,2,4,"BAJO",100,400,"II","ACEPTABLE CON CONTROL ESPECIFICO","NO APLICA","NO APLICA","NO APLICA","*Socializar los planes contingencia para diferentes situaciones  de emergencia específicamente riesgo público. PLA-SIG-204 PLAN DE PREVENCIÓN, PREPARACIÓN Y RESPUESTA ANTE EMERGENCIAS.      ","NO APLICA"]
[null,null,null,null,null,"Ruido\n Ambiental producido por los niños - clases ","FÍSICO","* Dolor  de cabeza,\n* poca concentración, \n*zumbidos  en los oídos   \n* Cefaleas tensionales ","Ninguno","Ninguno","Exámenes Médicos ocupacionales",2,2,4,"BAJO",25,100,"III","MEJORABLE","NINGUNO ","NINGUNO ","NINGUNO ","*Continuar con la realización de evaluaciones  medicas ocupacionales (ingreso, periódicos y egreso \n* Realizar pausa activa durante la jornada laboral una vez en la mañana y una vez en la tarde ( Si el  usuario l lo permite). INS-SIG-202 INSTRUCTIVO DE PAUSAS ACTIVAS SALUDABLES.  \n*Campañas  educativas con estudiantes de la conservación de la voz . \n","NO APLICA"]
[null,null,null,null,null,"Público\n(Agresiones verbales - Actos Violentos)","CONDICIONES DE SEGURIDAD","*Golpes\n*Agresiones verbales y físicas \n*Atentados violentos\n*Heridas\n*Muerte","Ninguno","Ninguno","Ninguno",2,2,4,"BAJO",100,400,"II","ACEPTABLE CON CONTROL ESPECIFICO","NO APLICA","NO APLICA","NO APLICA","*Socializar los planes contingencia para diferentes situaciones  de emergencia específicamente riesgo público. PLA-SIG-204 PLAN DE PREVENCIÓN, PREPARACIÓN Y RESPUESTA ANTE EMERGENCIAS. ","NO APLICA"]
[null,null,null,null,null,"Locativo\nSuperficies de trabajo  irregulares en las vías, terrenos inestables y escarpados","CONDICIONES DE SEGURIDAD","*Golpes \n*Caídas\n*Fracturas","Ninguno","Ninguno","Ninguno",2,2,4,"BAJO",25,100,"III","MEJORABLE","NO APLICA","NO APLICA","NO APLICA","*Se recomienda uso de calzado adecuado y de tacón bajo según el área a visitar, con el fin de evitar caídas. EST-SIG-01 ESTANDAR DE SEGURIDAD PARA ACTIVIDADES FUERA DE LA SEDE.","Uso de calzado bajo "]
[null,null,null,null,null,"ELÉCTRICO Baja tensión ( cercas eléctricas) ","CONDICIONES DE SEGURIDAD","*Golpes \n*Caídas\n*Fracturas","Ninguno","Ninguno","Inducción y reinducción al personal ",2,2,4,"BAJO",25,100,"III","MEJORABLE","NO APLICA","NO APLICA","NO APLICA","Continuar con las socialización en inducción y reinducción de SST a funcionarios y contratistas. PLA-SIG-206 RETORNO SEGURO AL TRABAJO.","NO APLICA"]
[null,null,null,"MANTENIMIENTO, LIMPIEZA, CUSTODIA, RECEPCIÓN, INVENTARIO, CONTROL Y PRÉSTAMO DE INSTRUMENTOS MUSICALES, MASCARAS, ELEMENTOS CULTURALES; APLICA PARA FUNCIONARIOS DE PLANTA Y DE CONTRATO ","SI","Hongos       \nMalos olores  en el área                      ","BIOLÓGICO ","Alergias,  Malos olores ","Ninguno","Ninguno","Ninguno",2,2,{"$f":"+L73*M73","v":4},"BAJO",25,{"$f":"+N73*P73","v":100},{"$f":"IF(Q73>=600,\"I\",IF(Q73>=150,\"II\",IF(Q73>=40,\"III\",IF(Q73>=20,\"IV\"))))","v":"III"},{"$f":"IF(Q73>=600,\"NO ACEPTABLE\",IF(Q73>=150,\"ACEPTABLE CON CONTROL ESPECIFICO\",IF(Q73>=40,\"MEJORABLE\",IF(Q73>=20,\"ACEPTABLE\"))))","v":"MEJORABLE"},"NINGUNO ","NINGUNO ","NINGUNO ","*Se recomienda mantenimiento de las instalaciones para eliminar los malos olores.\n* Se recomienda  mantenimiento de  los techos para el control de goteras (humedad). PRO-SIG-203 PROCEDIMIENTO INSPECCIONES DE SST.     ","NO APLICA"]
[null,null,null,null,null,"Locativo - Infraestructura\n\nTechos en mal estado \nProblemas de humedad ","CONDICIONES DE SEGURIDAD","Colapso estructural - Hongos- bacterias","Ninguno","Ninguno ","Ninguno ",2,2,4,{"$f":"IF(N74>=24,\"MUY ALTO\",IF(N74>=10,\"ALTO\",IF(N74>=6,\"MEDIO\",\"BAJO\")))","v":"BAJO"},25,100,"III","MEJORABLE","NINGUNO ","NINGUNO ","NINGUNO ","*Realizar mantenimiento preventivo y correctivo de las instalaciones locativas, con el fin de mejorar las condiciones de trabajo y prevenir  enfermedades a los trabajadores.                                                                                                                    * Mantenimiento de los techos para  evitar  la proliferación de animales ( roedores) y control de humedad.  PGR-SIG-204 ORDEN Y ASEO. ","NO APLICA"]
[null,null,null,null,null,"Locativo \nLuminarias sin protectores (rejillas)","CONDICIONES DE SEGURIDAD","Caídas de los tubos fluorescentes, golpes, contusiones ","Ninguno","Ninguno ","Ninguno ",2,2,4,"BAJO",25,100,"III","MEJORABLE","NINGUNO ","NINGUNO ","NINGUNO ","*Se recomienda que las luminarias cuenten con protectores (rejillas).   PRO-SIG-203 PROCEDIMIENTO INSPECCIONES DE SST.  ","NO APLICA"]
[null,null,"PELIGROS QUE APLICAN A TODAS LAS ACTIVIDADES; APLICA PARA FUNCIONARIOS DE PLANTA Y DE CONTRATO",null,"SI","Locativo \nTechos en mal estado \n(Dryball) ","CONDICIONES DE SEGURIDAD","Colapso estructural - Hongos- bacterias","Ninguno","Ninguno ","Ninguno ",2,2,4,"BAJO",25,100,"III","MEJORABLE","NINGUNO ","NINGUNO ","Mantenimiento a infraestructura","*Realizar mantenimiento preventivo y correctivo de las instalaciones locativas, con el fin de mejorar las condiciones de trabajo y prevenir  enfermedades a los trabajadores. PRO-SIG-203 PROCEDIMIENTO INSPECCIONES DE SST.                                                                                                           * Mantenimiento de los techos para  evitar  la proliferación de animales ( murciélagos- palomas) y control de humedad. \n*Se recomienda erradicar los palomas de las áreas. ","NO APLICA"]
[null,null,null,null,"SI","Locativo - Infraestructura\nTechos en mal estado \nParedes con humedad\nFiltraciones de agua","CONDICIONES DE SEGURIDAD","Colapso estructural - Hongos- bacterias","Ninguno","Ninguno ","Ninguno ",2,2,4,"BAJO",25,100,"III","MEJORABLE","NINGUNO ","NINGUNO ","Mantenimiento a infraestructura","*Realizar mantenimiento preventivo y correctivo de las instalaciones locativas, con el fin de mejorar las condiciones de trabajo y prevenir  enfermedades a los trabajadores. PRO-SIG-203 PROCEDIMIENTO INSPECCIONES DE SST.                                                                                                               * Mantenimiento de los techos para  evitar  la proliferación de animales control de humedad. \n*Se recomienda erradicar los palomas de las áreas. ","NO APLICA"]
[null,null,null,null,"SI","Postura Forzada                            \nMiembros superiores en la gravedad por el espacio reducido del plano de trabajo\n","BIOMECÁNICO","Lumbalgias, Cervicalgias, Mialgias, lesiones y síndromes doloroso, tendinitis, espamos de manos ","Ninguno","Ninguno","Jornadas de pausas activas ",2,4,8,"MEDIO",25,200,"II","ACEPTABLE CON CONTROL ESPECIFICO","NINGUNO ","NINGUNO ","NINGUNO ","* Pausas activas a lo largo de la jornada laboral y sensibilizar sobre su importancia.  INS-SIG-202 INSTRUCTIVO DE PAUSAS ACTIVAS SALUDABLES.                                                                                                          * Realizar seguimiento para el S.V.E  para lesiones osteo musculares.\n* Se recomienda  revisar la posibilidad de contar con un plano de trabajo en \"L\" que garantice que la manos, brazo y muñeca permanezcan en linea recta en el momento de digitar. \n","NO APLICA "]
[null,null,null,null,"SI","Locativo \nPuerta dañada del baño","CONDICIONES DE SEGURIDAD","Colapso estructural \nEsfuerzos ","Ninguno","Ninguno ","Ninguno ",2,2,4,"BAJO",25,100,"III","MEJORABLE","NINGUNO ","NINGUNO ","Mto infraestructura","*Realizar mantenimiento preventivo y correctivo de las instalaciones locativas, con el fin de mejorar las condiciones de trabajo y prevenir  enfermedades a los trabajadores.  PRO-SIG-203 PROCEDIMIENTO INSPECCIONES DE SST.                                                                                                                * Mantenimiento y/o cambio de la puerta  del baño. PGR-SIG-204 ORDEN Y ASEO.  ","NO APLICA"]
[null,null,null,null,"SI","Locativo\nCondiciones de orden y aseo \nSillas del pasillo en  estado critico de limpieza ","CONDICIONES DE SEGURIDAD","Gérmenes, bacterias, Contaminación del área ","Ninguno","Ninguno","Ninguno",2,2,4,"BAJO",25,100,"III","MEJORABLE","NINGUNO ","NINGUNO ","NINGUNO ","*Se recomienda mantenimiento preventivo (lavado, limpieza y desinfección) de las sillas  para evitar contaminación en el área  y la proliferación de material particulado, bacterias. Jornada de orden y aseo.  PGR-SIG-204 ORDEN Y ASEO.    ","NO APLICA"]
[null,null,null,null,"SI","Público\n(Robos - Atracos - Asaltos)","CONDICIONES DE SEGURIDAD","*Golpes\n*Agresiones verbales y físicas \n*Atentados violentos\n*Heridas\n*Muerte","Ninguno","Ninguno","Recomendación en inducción y reinducción",2,2,4,"BAJO",100,400,"II","ACEPTABLE CON CONTROL ESPECIFICO","NO APLICA","NO APLICA","Instalar cámaras de vigilancia en la sede. ","*Socializar los planes contingencia para diferentes situaciones  de emergencia específicamente riesgo público. PLA-SIG-204 PLAN DE PREVENCIÓN, PREPARACIÓN Y RESPUESTA ANTE EMERGENCIAS.      ","NO APLICA"]
[null,null,null,null,"SI","Público\n(Agresiones verbales - Actos Violentos)","CONDICIONES DE SEGURIDAD","*Golpes\n*Agresiones verbales y físicas \n*Atentados violentos\n*Heridas\n*Muerte","Ninguno","Ninguno","Recomendación en inducción y reinducción",2,2,4,"BAJO",100,400,"II","ACEPTABLE CON CONTROL ESPECIFICO","NO APLICA","NO APLICA","Instalar cámaras de vigilancia en la sede. ","*Socializar los planes contingencia para diferentes situaciones  de emergencia específicamente riesgo público. PLA-SIG-204 PLAN DE PREVENCIÓN, PREPARACIÓN Y RESPUESTA ANTE EMERGENCIAS. ","NO APLICA"]
[null,null,null,null,"SI","Público\n(Inseguridad por actos delictivos en los alrededores de la sede)","CONDICIONES DE SEGURIDAD","*Golpes\n*Agresiones verbales y físicas \n*Atentados violentos\n*Heridas\n*Muerte","Ninguno","Hay vigilancia permanente en la puerta de acceso del edificio. \n\nHay cámara de vigilancia en el primer y segundo piso. ","Recomendación en inducción y reinducción",2,2,4,"BAJO",100,400,"II","ACEPTABLE CON CONTROL ESPECIFICO","NO APLICA","NO APLICA","Instalar cámaras de vigilancia en todos los pisos de la sede. ","*Socializar los planes contingencia para diferentes situaciones  de emergencia específicamente riesgo público. PLA-SIG-204 PLAN DE PREVENCIÓN, PREPARACIÓN Y RESPUESTA ANTE EMERGENCIAS. ","NO APLICA"]
[null,null,null,null,"SI","Radiaciones no ionizantes                       (Exposición a luz solar que ingresa por ventanales a la mayoría de los puestos de trabajo)","FÍSICO ","*Cáncer de piel\n*Quemadura solar\n*Insolación \n*Foto envejecimiento cutáneo \n *Foto carcinogénesis\n*Alteraciones oculares","No aplica","No hay","Uso de EPP\n(Camisa manga larga - Casco - Guantes - Jean)",2,2,4,"BAJO",25,100,"III","MEJORABLE","N.A","N.A","*Se recomienda instalar película de seguridad en los ventanales ","NO APLICA","NO APLICA"]
[null,null,null,null,"NO","Sismo - Temblores                  ","FENÓMENOS NATURALES","*Daños materiales (Pérdida total)\n*Heridas y lesiones graves\n*Accidentes de trabajo \n*Muerte","No hay","hay elementos para atención de emergencias en caso de requerirse","Capacitación  en actuación ante emergencias ",2,2,4,"BAJO",100,400,"II","ACEPTABLE CON CONTROL ESPECIFICO","NO SE REQUIERE","NO SE REQUIERE","NO SE REQUIERE","*Se recomienda realizar estudio de vulnerabilidad y sismo resistencia de las instalaciones. \n*Capacitar al personal en actuación ante emergencias. PLA-SIG-204 PLAN DE PREVENCION, PREPARACION Y RESPUESTA ANTE EMERGENCIAS."]
[null,null,null,null,"NO","Erupción volcán machín           ","FENÓMENOS NATURALES","*Daños materiales (Pérdida total)\n*Heridas y lesiones graves\n*Accidentes de trabajo \n*Muerte","No hay","Ninguno","Capacitación  en actuación ante emergencias ",2,2,4,"BAJO",100,400,"II","ACEPTABLE CON CONTROL ESPECIFICO","NO SE REQUIERE","NO SE REQUIERE","NO SE REQUIERE","*Seguir las instrucciones que el departamento suministra para  casos de emergencia por posible erupción del Volcán. PLA-SIG-204 PLAN DE PREVENCION, PREPARACION Y RESPUESTA ANTE EMERGENCIAS.                                                                                         \n*Solicitar capacitación al ente respectivo sobre actuación en caso de erupción del volcán machín. \n*Capacitar en actuación ante emergencias en caso de erupción del volcán machín a todo el personal.  \n*Actualizar plan de emergencias incluyendo el PON por posible erupción del volcán machín y socializar a los trabajadores. "]
[null,null,null,null,"SI","Tecnológico\n(Incendios - Explosiones)\nGenerado dentro de las instalaciones del edificio","CONDICIONES DE SEGURIDAD","Incendios \nQuemaduras de grado 2 y 3\nMuerte","Ninguno","Uso de equipos contra incendio","Personal capacitado en manejo de equipos contra incendios",2,2,4,"BAJO",100,400,"II","ACEPTABLE CON CONTROL ESPECIFICO","NO APLICA","NO APLICA","*Realizar mantenimiento preventivo y correctivo de los equipos eléctricos e instalaciones eléctricas en la sede","*Capacitación en prevención de accidentes de trabajo por riesgo eléctrico. PRO-SIG-205 PROCEDIMIENTO DE INCIDENTES Y ACCIDENTES DE TRABAJO .                                                             \n\n*Continuar con las inspecciones de seguridad enfocado a riesgo eléctrico. PRO-SIG-203 PROCEDIMIENTO INSPECCIONES DE SST.  ","NO APLICA"]
[null,null,null,null,"SI","Postura mantenida                          (Bípeda)","BIOMECÁNICO","*Cansancio\n*Fatiga en miembros inferiores y en las articulaciones\n*Aparición de vena varice\n*Edema en los pies \n*Dolor lumbar ","No aplica","No aplica","Realiza varias tareas, lo que permite cambios de posición\n\nExámenes ocupacionales periódicos",2,4,8,"MEDIO",25,200,"II","ACEPTABLE CON CONTROL ESPECIFICO","NO APLICA","NO APLICA","NO APLICA","*Solicitar a la empresa contratista realizar re inducción en higiene postural, gimnasia laboral y pausas activas. INS-SIG-202 INSTRUCTIVO DE PAUSAS ACTIVAS SALUDABLES                                                  \n*Continuar con las actividades del sistema de vigilancia epidemiológico  para prevención de desordenes musculo esqueléticas asociadas al peligro biomecánico .                                                                                  ","No aplica"]
[null,null,null,null,"SI","Público\n(Robos - Atracos - Asaltos - Agresiones verbales - Actos Violentos)","CONDICIONES DE SEGURIDAD","*Golpes\n*Agresiones verbales y físicas \n*Atentados violentos\n*Heridas\n*Muerte","Ninguno","Cámaras de seguridad en el primer piso","Recomendación en inducción y reinducción",2,2,4,"BAJO",100,400,"II","ACEPTABLE CON CONTROL ESPECIFICO","NO APLICA","NO APLICA","Instalar cámaras de vigilancia en todos los pisos de la sede. ","*Socializar los planes contingencia para diferentes situaciones  de emergencia específicamente riesgo público. PLA-SIG-204 PLAN DE PREVENCIÓN, PREPARACIÓN Y RESPUESTA ANTE EMERGENCIAS. ","NO APLICA"]
[null,null,null,null,"SI","Virus","BIOLÓGICO","Malestar general","Ninguno","Limpieza y desinfección de áreas de trabajo   y en casa,  Control de aforo, señalización de advertencia.","Distanciamiento    físico, uso de mascarilla, lavado de manos constante.",2,2,4,"BAJO",25,100,"III","MEJORABLE","N.A","N.A","Trabajo en casa , diseño puestos de trabajo cumpliendo con el distanciamiento social, lavamanos y puntos de desinfección."," *Promover frecuentemente el lavado de manos en personal de planta, contratistas y visitantes. En caso de no contar con agua y jabón, se debe proveer con desinfectantes para manos (gel antibacterial a base de alcohol).  *Disminución de la densidad laboral en áreas de trabajo o de ocupación de la entidad promoviendo el teletrabajo. *Mantener un stop de EPP  (mascarillas ) para dotación y recambio. *Establecer canales de comunicación individualizados y/o de grupo: correo electrónico, redes sociales, videoconferencia, teléfono para reuniones evitando la presencialidad. *Revisión y análisis de los perfiles epidemiológicos por cargo, estrategias motivación para que los funcionarios se  vacunen.","Uso permanente de mascarilla respiratoria. Uso periódico de productos para limpieza (agua y jabón) y  alcohol al 70%, mono gafas o careta."]
[null,null,null,null,"SI"," Demandas Emocionales: Condiciones de la tarea                             \nLa novedad del entorno de trabajo, situación familiar:  hijos o personas mayores a cargo en el hogar en situación de riesgo, miedos e incertidumbres laborales y socioeconómicos, espacios y recursos compartidos por varias personas ante las mismas circunstancias en sus domicilios, convertir espacios de su hogar en despachos improvisados para poder seguir desempeñando su tarea diaria, valoración subjetiva y objetiva por parte del experto mientras se aplica la batería de riesgo psicosocial.","PSICOSOCIAL","Alteraciones mentales, Ansiedad, depresión, estrés postraumático.","S.V.E. Psicosocial","S.V.E Psicosocial","Intervenciones individuales y grupales, capacitaciones, medidas de afrontamiento, manejo de habilidades sociales.",2,2,4,"BAJO",25,100,"III","MEJORABLE","N.A","N.A","Organización de los puestos de trabajo, lavamanos, dispensadores, cumpliendo con el distanciamiento.","*Aplicación de las baterías de riesgo  psicosocial, para verificar la exposición al peligro.  PGR-SIG-206 VIGILANCIA EPIDEMIOLÓGICO DE RIESGO PSICOSOCIAL.  ","Uso de los elementos de bioseguridad, establecer el compromiso de autocuidado y trabajo seguro."]
[null,null,null,null,"SI","Características de la organización del trabajo\n(Valoración promedio mientras se realiza el proceso de aplicación de baterías de riesgo psicosocial)","PSICOSOCIAL","Alteraciones mentales, Ansiedad, depresión.","SVE. Riesgo Psicosocial","SVE. Riesgo Psicosocial","Intervenciones individuales y grupales, capacitaciones, medidas de afrontamiento, manejo de habilidades sociales.",2,2,4,"BAJO",25,100,"III","MEJORABLE","NO SE REQUIERE","NO SE REQUIERE","NO APLICA","*Aplicación de las baterías de riesgo  psicosocial, para verificar la exposición al peligro.  PGR-SIG-206 VIGILANCIA EPIDEMIOLÓGICO DE RIESGO PSICOSOCIAL.  \nCapacitación en trabajo en equipo y competencias individuales y profesionales.  \n\nAnálisis de carga laboral. PGR-SIG-206 VIGILANCIA EPIDEMIOLÓGICO DE RIESGO PSICOSOCIAL.                                                                                                                                    ","NO SE REQUIERE"]
[null,null,null,null,"SI","Características del grupo social y del trabajo.\n(Está en proceso la evaluación de los factores de riesgo psicosocial)","PSICOSOCIAL","Stress laboral\nAfecciones de salud                                                                                                                                                                                                                                                                                                                                                                                                            Ambientes de trabajo Hostil                                                                                                                                                                                                                                                                                                                                                                                                         Baja Productividad","Cumplimiento de la normatividad ley 1010, resolución 652 y 356, 2646.","Comité de Convivencia Laboral","Capacitaciones en habilidades sociales básicas, resolución de conflictos, liderazgo efectivo.",2,2,4,"BAJO",25,100,"III","MEJORABLE","NO SE REQUIERE","NO SE REQUIERE","NO SE REQUIERE","*Capacitación en habilidades sociales básicas y relaciones interpersonales y comunicación asertiva y efectiva. PRO-SIG-207 MOTIVACIÓN, PARTICIPACIÓN Y CONSULTA.      \n\n*Capacitación en liderazgo efectivo y generación de hábitos del líder. ","NO SE REQUIERE"]
[null,null,null,null,"SI","Gestión Organizacional\n(Está en proceso la evaluación de los factores de riesgo psicosocial aplicación batería de riesgo psicosocial)","PSICOSOCIAL","Stress laboral\nAfecciones de salud                                                                                                                                                                                                                                                                                                                                                                                                                     Productividad- Ausentismo","Plan de Intervención del SVE ","N/A","Intervenciones individuales y grupales, capacitaciones en liderazgo, fortalecimiento de las escuelas de liderazgo.",2,2,{"$f":"+L94*M94","v":4},"BAJO",25,{"$f":"+N94*P94","v":100},{"$f":"IF(Q94>=600,\"I\",IF(Q94>=150,\"II\",IF(Q94>=40,\"III\",IF(Q94>=20,\"IV\"))))","v":"III"},{"$f":"IF(Q94>=600,\"NO ACEPTABLE\",IF(Q94>=150,\"ACEPTABLE CON CONTROL ESPECIFICO\",IF(Q94>=40,\"MEJORABLE\",IF(Q94>=20,\"ACEPTABLE\"))))","v":"MEJORABLE"},"NO SE REQUIERE","NO SE REQUIERE","NO SE REQUIERE","Fortalecimiento de las escuelas de liderazgo. PRO-SIG-207 MOTIVACIÓN, PARTICIPACIÓN Y CONSULTA.    ","NO SE REQUIERE"]
[null,null,null,null,"SI","Contenido de la Tarea (Carga de Trabajo)\n(Está en proceso la evaluación de los factores de riesgo psicosocial aplicación batería de riesgo psicosocial)","PSICOSOCIAL","Stress laboral\nAfecciones de salud","S.V.E. Psicosocial","Distribución de la tarea por trabajo en equipo, gestión del tiempo.","Intervenciones individuales y grupales, capacitaciones, medidas de afrontamiento, manejo de habilidades sociales.",2,2,{"$f":"+L95*M95","v":4},"BAJO",25,{"$f":"+N95*P95","v":100},{"$f":"IF(Q95>=600,\"I\",IF(Q95>=150,\"II\",IF(Q95>=40,\"III\",IF(Q95>=20,\"IV\"))))","v":"III"},{"$f":"IF(Q95>=600,\"NO ACEPTABLE\",IF(Q95>=150,\"ACEPTABLE CON CONTROL ESPECIFICO\",IF(Q95>=40,\"MEJORABLE\",IF(Q95>=20,\"ACEPTABLE\"))))","v":"MEJORABLE"},"NO SE REQUIERE","NO SE REQUIERE","NO SE REQUIERE","Capacitaciones, manejo del tiempo como recurso, trabajo colaborativo y ayuda percibida.  PRO-SIG-207 MOTIVACIÓN, PARTICIPACIÓN Y CONSULTA.    ","NO SE REQUIERE"]
[null,null,null,null,"SI","Accidentes aéreos                           (En los desplazamientos en avión a otras ciudades)\n","CONDICIONES DE SEGURIDAD","*Muerte \n*Lesiones graves en el cuerpo entero\n*Caída de avión","Ninguno","Ninguno","Ninguno",2,2,4,"BAJO",100,400,"II","ACEPTABLE CON CONTROL ESPECIFICO","NO APLICA","NO APLICA","NO APLICA","*Dar cumplimiento a las normas de seguridad para viajes aéreos. PRO-SIG-205 PROCEDIMIENTO DE INCIDENTES Y ACCIDENTES DE TRABAJO .","NO APLICA"]
[null,null,null,null,"NO","Virus (cambio climatico)\n ","BIOLÓGICO","Malestar general","Ninguno","Limpieza y desinfección de áreas de trabajo   y en casa,  Control de aforo, señalización de advertencia.","Distanciamiento    físico, uso de mascarilla, lavado de manos constante.",2,2,4,"BAJO",25,100,"III","MEJORABLE","NO APLICA","NO APLICA","NO APLICA","  *Promover frecuentemente el lavado de manos en personal de planta, contratistas y visitantes. En caso de no contar con agua y jabón, se debe proveer con desinfectantes para manos (gel antibacterial a base de alcohol).  *Disminución de la densidad laboral en áreas de trabajo o de ocupación de la entidad promoviendo el teletrabajo. *Mantener un stop de EPP  (mascarillas ) para dotación y recambio. *Establecer canales de comunicación individualizados y/o de grupo: correo electrónico, redes sociales, videoconferencia, teléfono para reuniones evitando la presencialidad. *Revisión y análisis de los perfiles epidemiológicos por cargo, estrategias motivación para que los funcionarios se  vacunen.   (PRO-SIG-202 Procedimiento administrativo de elementos EPP)","Uso permanente de mascarilla respiratoria. Uso periódico de productos para limpieza (agua y jabón) y  alcohol al 70%, mono gafas o careta."]
[null,null,null,null,"NO","Largas Jornadas Laborales y ausencia de descanso con altas temperaturas y radiciones altas por factor del CAMBIO CLIMATICO.","PSICOSOCIAL","Estrés, agotamiento por trabajo continuo, cansacio, fatiga, angustia, ansiedad, poca concentración y atención, somnolencia.","Ninguno","Ninguno","PVE- Riesgo psicosocial",2,2,4,"BAJO",25,100,"III","MEJORABLE","NO APLICA","NO APLICA","NO APLICA","Introducir una rutina de tiempos detrabajo y de descanso para aquellos\ntrabajadores/as que estén expuestos a ambientes calurosos, Formación en primeros auxilios, para que puedan\nreconocer y tratar los primeros síntomas de desórdenes de salud ocasionados por una\nexposición a temperaturas extremadamente cálidas., Seguir a diario los boletines\nmeteorológicos y cambiar el horario de trabajo de gran exposición al calor\na horas más frescas del día., En trabajos a campo abierto, crear zonas descanso con carpas, Disponer de agua potable fría en lugares estratégicos y visibles, cercanos al área de trabajo.","NO SE REQUIERE"]
[null,null,null,null,"NO"," Temperaturas\nextremas (calor) porfactor de CAMBIO CLIMATICO","FISICO","Stress termico Agotamiento Mareos  Deshidratación Golpes de calor, lesiones en la piel, insolación, ","No aplica","Ninguno","Ninguno",2,2,4,"BAJO",25,100,"III","MEJORABLE","NO APLICA","NO APLICA","NO APLICA","Todos los funcionarios que realicen desplazamientos fuera de la sede deben apalicar el Estándar de Seguridad \"EST-204\"., se recomienda hidratación continua, alimentación adecuada, Organización de los puestos de trabajo, limplementación de un programa de climatización.Sistemas de ventilación","Ropa de trabajo y equipos de\nprotección adecuados(camisa,\nmanga larga, pantalón largo,\ngorra o sombrero de ala ancha).\nSaber que la ropa protectora o el\nequipo de protección personal\npuede aumentar el riesgo del\nestrés por calor."]
[null,null,null,null,"NO"," Temperaturas\nextremas (calor Radiaciones No ionizantes) porfactor de CAMBIO CLIMATICO","FISICO","Stress termico Agotamiento Mareos  Deshidratación Golpes de calor, lesiones en la piel, dolor de cabeza.","No aplica","Ninguno","Protector Solar",2,2,4,"BAJO",25,100,"III","MEJORABLE","NO APLICA","NO APLICA","NO APLICA","Todos los funcionarios que realicen desplazamientos fuera de la sede deben apalicar el Estándar de Seguridad \"EST-204\"., se recomienda hidratación continua, alimentación adecuada, Organización de los puestos de trabajo, limplementación de un programa de climatización.Sistemas de ventilación","Ropa de trabajo y equipos de\nprotección adecuados(camisa,\nmanga larga, pantalón largo,\ngorra o sombrero de ala ancha).\nSaber que la ropa protectora o el\nequipo de protección personal\npuede aumentar el riesgo del\nestrés por calor."]
[null,null,null,null,"NO","Inalación de Humos y Vapores\n (Incendios Forestales )por factor CAMBIO CLIMATICO","QUÍMICO","Asfixia, Dificultad para respirar, Ardor en los ojos, conjuntivitis, Alergias, Tos, irritación de la garganta, dolor de cabeza.","No aplica","Ninguno","Ninguno",2,2,4,"BAJO",25,100,"III","MEJORABLE","NO APLICA","NO APLICA","NO APLICA","Aplicación PON para el manejo de incendios forestales, ver PLAN DE MERGENCIA PLA-SIG 204.","NO SE REQUIERE"]
[null,null,"PELIGROS QUE APLICAN A TRABAJO CON RESTRICCIONES MEDICAS O TELE TRABAJO",null,"SI","Postura Prolongada \n(Postura sedente más del 75% de la jornada laboral en trabajo con video terminales)","BIOMECÁNICO","*Dolor lumbar inespecífico\n*Espasmos musculares","Ninguno","Ninguno","Ninguno",2,4,8,"MEDIO",25,200,"II","ACEPTABLE CON CONTROL ESPECIFICO","NO APLICA","NO SE REQUIERE","NO SE REQUIERE","*Realizar visitas virtuales por parte del Grupo de SST para capacitar en higiene postural en casa.\n\n*Realizar pausas activas en el área. INS-SIG-202 INSTRUCTIVO DE PAUSAS ACTIVAS SALUDABLES                                                            \n\n*Continuar con las actividades del programa de vigilancia epidemiológico  para prevención de desordenes musculo esqueléticas asociadas al peligro biomecánico, para trabajo en casa.                                                                               ","NO APLICA"]
[null,null,null,null,"SI","Movimientos repetitivos  \n(Digitación - Escanear)","BIOMECÁNICO","Lesiones por trauma acumulativo en miembro superiores ( STC).\nSíndrome de Quervain","Ninguno","Ninguno","Ninguno",2,4,8,"MEDIO",25,200,"II","ACEPTABLE CON CONTROL ESPECIFICO","NO SE REQUIERE","NO SE REQUIERE","NO SE REQUIERE","*Se recomienda la implementación permanente de pausas activas durante la jornada laboral.  INS-SIG-202 INSTRUCTIVO DE PAUSAS ACTIVAS SALUDABLES                                                                                                                                                ","NO APLICA"]
[null,null,null,null,"SI","Radiaciones No ionizantes                                   (Exposición permanente a pantallas del computador)","FÍSICO ","*Fatiga visual","Ninguno","Ninguno","Ninguno",2,2,4,"BAJO",25,100,"III","MEJORABLE","NO APLICA","NO SE REQUIERE","NO SE REQUIERE","*Se recomienda la implementación permanente de pausas activas durante la jornada laboral. INS-SIG-202 INSTRUCTIVO DE PAUSAS ACTIVAS SALUDABLES                                                                                                                                             ","NO APLICA"]
[null,null,null,null,"NO","Locativo                                                                              (Cableado eléctrico desordenado en la zona adecuada para puesto de trabajo)","CONDICIONES DE SEGURIDAD","*Se potencializa el riesgo de accidentes por caídas. ","Ninguno","Ninguno","Ninguno",2,2,4,"BAJO",25,100,"III","MEJORABLE","NO APLICA","NO SE REQUIERE","Se recomienda agrupar el cableado eléctrico faltante, utilizando espiral porta cable u otro mecanismo de canalización. ","Realizar inspecciones de seguridad para verificar estado de cableado del  área. PRO-SIG-203 PROCEDIMIENTO INSPECCIONES DE SST.       ","NO APLICA"]
[null,null,null,null,"NO","Picaduras - Mordeduras                             (Presencia de vectores e insectos dentro de la vivienda o zona destinada para laborar).","BIOLÓGICO","Infecciones","Ninguno","Ninguno","Ninguno",2,2,4,"BAJO",25,100,"III","MEJORABLE","NO APLICA","NO APLICA","NO APLICA","* realizar una correcta inspección del área de trabajo para garantizar la NO presencia de vectores o insectos ponzoñoso. PRO-SIG-203 PROCEDIMIENTO INSPECCIONES DE SST.                                                                                       Evitar las zona con acumulación de aguas estancadas","NO APLICA"]
[null,null,null,null,"SI","Virus y Bacterias\n (Exposición a virus y bacterias debido al uso de superficies húmedas como baños, lavamanos y lavaplatos alberca)","BIOLÓGICO","*Dermatosis\n*Reacciones alérgicas\n*Enfermedades infecciosas\n*Infecciones respiratorias","Ninguno","Ninguno","Ninguno",2,2,4,"BAJO",25,100,"III","MEJORABLE","NO APLICA","NO APLICA","NO APLICA","*Capacitar a los trabajadores en auto cuidado y la importancia del uso de los EPP. PRO-SIG-202 PROCEDIMIENTO ADMINISTRACIÓN DE ELEMENTOS DE EPP.   ","*Uso de EPP (Guantes - Tapa bocas)"]
[null,null,null,null,"NO","Material particulado \n(Polvo en los documentos)","QUÍMICOS","*Enfermedades respiratorias\n*Infecciones virales \n*Alergias ","Ninguno","Ninguno","Ninguno",2,2,4,"BAJO",25,100,"III","MEJORABLE","NO APLICA","NO APLICA","NO APLICA","*Realizar seguimiento del uso de los elementos de protección personal (Tapa bocas), cuando manipule archivo con polvo. PRO-SIG-202 PROCEDIMIENTO ADMINISTRACIÓN DE ELEMENTOS DE EPP.                                                             ","Suministrar tapa bocas para el desarrollo de la labor. "]
[null,null,null,null,"NO","Uso de elementos de desinfección\n(alcohol, gel antibactarial)","QUÍMICOS","\n*Alergias en piel o vías respiratorias.\n* Quemaduras ","Ninguno","Ninguno","Ninguno",2,2,4,"BAJO",25,100,"III","MEJORABLE","NO APLICA","NO APLICA","NO APLICA","*Realizar seguimiento del uso de los elementos de protección personal (Tapa bocas), cuando manipule archivo con polvo. PRO-SIG-202 PROCEDIMIENTO ADMINISTRACIÓN DE ELEMENTOS DE EPP.                                                              ","Suministrar tapa bocas para el desarrollo de la labor. "]
[null,null,null,null,"SI","Mecánico                                         (Manejo de Equipos y elementos de Oficina)","CONDICIONES DE SEGURIDAD","*Traumas de tejidos blandos (Laceración, contusión, heridas superficiales, etc.)       ","Ninguno","Ninguno","Ninguno",2,2,4,"BAJO",25,100,"III","MEJORABLE","NO SE REQUIERE","NO SE REQUIERE","NO SE REQUIERE","*Continuar con el uso adecuado de los elementos de trabajo, realizar cambio de los elementos que se observen en mal estado. PRO-SIG-203 PROCEDIMIENTO INSPECCIONES DE SST.      ","NO APLICA"]
[null,null,null,null,"SI","Deficiente ventilación (Las ventanas y persianas deben permanecer cerradas para evitar el ingreso de rayos solares)","FÍSICO                              ","*Disconfort por calor ambiental permanente","Ninguno","Ninguno","Ninguno",2,2,4,"BAJO",25,100,"III","MEJORABLE","NO APLICA","NO SE REQUIERE","NO SE REQUIERE","Se recomienda contar con un área de ventilación natural o con ventilación artificial como ventiladores. PRO-SIG-203 PROCEDIMIENTO INSPECCIONES DE SST.    ","NO APLICA"]
[null,null,null,null,"SI","Manipulación y desplazamiento de cargas\n(Documentos y cajas)","BIOMECÁNICO","Lesiones en columna\nEnfermedad discal\nEnfermedad lumbar ","Ninguno","Ninguno","Ninguno",2,4,8,"MEDIO",25,200,"II","ACEPTABLE CON CONTROL ESPECIFICO","NO SE REQUIERE","NO SE REQUIERE","NO SE REQUIERE","* Practicar higiene postural para el manejo de cargas. Evitar levantar mas de 10 Kg mujeres y 20 Kg Hombres. VIGILANCIA EPIDEMIOLÓGICA PARA LA PREVENCION DE DESÓRDENES MUSCULO-ESQUELÉTICOS.      ","NO APLICA"]
[null,null,null,null,"SI","Iluminación\n(Deficiente de iluminación natural o artificial en el sitio adecuado para laboral dentro de la vivienda)                                             ","FÍSICO ","*Fatiga visual","Ninguno","Ninguno","Ninguno",2,2,4,"BAJO",25,100,"III","MEJORABLE","NO APLICA","Se recomienda adecuar zona de trabajo en lugar con iluminación adecuada (que no sea excesiva o deficiente). ","NO SE REQUIERE","Se recomienda adecuar el sitio de trabajo con iluminación adecuada.PRO-SIG-203 PROCEDIMIENTO INSPECCIONES DE SST.    ","NO APLICA"]
[null,null,null,null,"NO","Locativo\nSuperficies de trabajo  irregulares y  desniveladas, escaleras                                 (Desplazamiento en la vivienda)","CONDICIONES DE SEGURIDAD","*Golpes \n*Caídas\n*Fracturas","Ninguno","Ninguno","Ninguno",2,2,4,"BAJO",25,100,"III","MEJORABLE","NO APLICA","NO APLICA","NO APLICA","*Se recomienda uso de calzado adecuado y de tacón bajo según el área a visitar, con el fin de evitar caídas. PGR-SIG-201 ESTILOS DE VIDA Y TRABAJO SALUDABLES.             ","Uso de calzado bajo "]
[null,null,null,null,"SI","Virus","BIOLÓGICO","Malestra general","Ninguno","Ninguno","Ninguno",2,2,4,"BAJO",25,100,"III","MEJORABLE","N.A","N.A","Trabajo en casa "," *Promover frecuentemente el lavado de manos en personal de planta, contratistas y visitantes. En caso de no contar con agua y jabón, se debe proveer con desinfectantes para manos (gel antibacterial a base de alcohol).  *Disminución de la densidad laboral en áreas de trabajo o de ocupación de la entidad promoviendo el teletrabajo. *Mantener un stop de EPP  (mascarillas ) para dotación y recambio. *Establecer canales de comunicación individualizados y/o de grupo: correo electrónico, redes sociales, videoconferencia, teléfono para reuniones evitando la presencialidad. *Revisión y análisis de los perfiles epidemiológicos por cargo.","Uso permanente de mascarilla respiratoria. Uso periódico de productos para limpieza (agua y jabón) y  alcohol al 70%, mono gafas o careta."]
[null,null,null,null,"SI","Público\n(Robos - Atracos - Asaltos - Agresiones verbales - Actos Violentos)","CONDICIONES DE SEGURIDAD","*Golpes\n*Agresiones verbales y físicas \n*Atentados violentos\n*Heridas\n*Muerte","Ninguno","Ninguno","Ninguno",2,2,4,"BAJO",100,400,"II","ACEPTABLE CON CONTROL ESPECIFICO","NO APLICA","NO APLICA","NO APLICA","*Socializar los planes contingencia para diferentes situaciones  de emergencia específicamente riesgo público. PLA-SIG-204 PLAN DE PREVENCIÓN, PREPARACIÓN Y RESPUESTA ANTE EMERGENCIAS.      ","NO APLICA"]
[null,null,null,null,"NO","Erupción volcán Machín","FENÓMENOS NATURALES","Erupción del Volcán Machín","Ninguno","Ninguno","Ninguno",2,2,4,"BAJO",25,100,"III","MEJORABLE","NO APLICA","NO APLICA","NO APLICA","Tener en cuenta las recomendaciones dadas en los medios de comunicación de la alcaldía y recomendaciones en el video del ejercicio de la simulación  el día nacional del simulacro. PLA-SIG-204 PLAN DE PREVENCIÓN, PREPARACIÓN Y RESPUESTA ANTE EMERGENCIAS.  ","NO APLICA"]
[null,null,null,null,"NO","Sismo - Terremoto","FENÓMENOS NATURALES","Erupción del Volcán Machín","Ninguno","Ninguno","Ninguno",2,2,4,"BAJO",25,100,"III","MEJORABLE","NO APLICA","NO APLICA","NO APLICA","Tener en cuenta las recomendaciones dadas en los medios de comunicación de la alcaldía y recomendaciones en el video del ejercicio de la simulación  el día nacional del simulacro. PLA-SIG-204 PLAN DE PREVENCIÓN, PREPARACIÓN Y RESPUESTA ANTE EMERGENCIAS.      ","NO APLICA"]

{"sheet":"BIBLIOTECA PUBLICA ESTELLA ROA","index":38,"n_rows":112,"n_cols":24,"rows_kept":112,"cut":false,"hidden":true,"merged":[[5,2,5,3],[5,4,5,23],[6,2,7,2],[6,3,7,3],[6,4,7,4],[6,5,6,6],[6,7,7,7],[6,8,6,10],[6,11,6,17],[6,19,6,23],[2,3,3,21],[0,2,3,2],[0,3,1,21],[0,23,3,23],[4,20,4,21],[4,22,4,23],[69,2,94,3],[95,2,111,3],[23,4,39,4],[40,2,68,2],[40,3,65,3],[40,4,65,4],[66,3,68,3],[66,4,68,4],[8,2,39,2],[8,3,22,3],[8,4,22,4],[23,3,39,3]]}
[null,null,null,"PROCESO: SISTEMA INTEGRADO DE GESTIÓN",null,null,null,null,null,null,null,null,null,null,null,null,null,null,null,null,null,null,"Código: FOR-221-PRO-SIG"]
[null,null,null,null,null,null,null,null,null,null,null,null,null,null,null,null,null,null,null,null,null,null,"Versión: 04"]
[null,null,null,"FORMATO: \nIDENTIFICACIÓN DE PELIGROS, EVALUACIÓN Y VALORACIÓN DE LOS RIESGOS \nALCALDÍA MUNICIPAL DE IBAGUÉ",null,null,null,null,null,null,null,null,null,null,null,null,null,null,null,null,null,null,"Fecha: 27/05/2022"]
[null,null,null,null,null,null,null,null,null,null,null,null,null,null,null,null,null,null,null,null,null,null,"Página: 1 de 1 "]
[null,null,"FECHAS DE ACTUALIZACIÓN: ","2019-02-22","2019-03-09","2019-09-02","2019-09-11","2019-09-24","2019-10-30","2020-07-22","2021-04-09","2022-05-27","2023-07-07","2024-06-28"]
[null,null,"PROCESO:",null,"BIBLIOTECA PUBLICA ESTELLA ROA"]
[null,null,"1. PROCESO ADMINISTRATIVO / OPERATIVO","2. ACTIVIDADES","3. TAREA RUTINARIO (SI O NO)","PELIGRO",null,"6. EFECTOS POSIBLES\n(Salud - Seguridad)","CONTROLES EXISTENTES",null,null,"EVALUACIÓN DEL RIESGO",null,null,null,null,null,null,"VALORACIÓN DEL RIESGO","MEDIDAS DE INTERVENCIÓN"]
[null,null,null,null,null,"4. DESCRIPCIÓN","5. CLASIFICACIÓN",null,"7. FUENTE","8. MEDIO","9. INDIVIDUO","10. NIVEL DE DEFICIENCIA","11. NIVEL DE EXPOSICIÓN","12. NIVEL DE PROBABILIDAD ND X NE","13. INTERPRETACIÓN DEL NIVEL DE PROBABILIDAD","14. NIVEL DE CONSECUENCIA","15. NIVEL DE RIESGO NR E INTERVENCIÓN","16. INTERPRETACIÓN DEL NR","17. ACEPTABILIDAD DEL RIESGO","18 ELIMINACIÓN","19. SUSTITUCIÓN","20. CONTROLES DE INGENIERIA","21. CONTROLES ADMINISTRATIVOS, SEÑALIZACIÓN, ADVERTENCIA","22. ELEMENTOS DE PROTECCIÓN PERSONAL"]
[null,null,"ADMINISTRATIVO","ACTIVIDAD PLANEACIÓN, ELABORACIÓN Y EJECUCION DE DOCUMENTOS. USO DE HERRAMIENTAS TECNOLOGICAS Y VIDEO TERMINALES. INTERACCIONES LABORALES Y ADMINISTRATIVAS (ATENCIÓN AL CIUDADANO; APLICA PARA FUNCIONARIOS DE PLANTA Y/O CONTRATO.)","SI","Postura Forzada                            \nAltura inadecuada de la pantalla visual y posturas inadecuadas por  los apoyabrazos de la silla.","BIOMECÁNICO"," Tendinitis Espamos de manos","Ninguno","Ninguno","Jornadas de pausas activas ",2,4,{"$f":"+L9*M9","v":8},{"$f":"IF(N9>=24,\"MUY ALTO\",IF(N9>=10,\"ALTO\",IF(N9>=6,\"MEDIO\",\"BAJO\")))","v":"MEDIO"},25,{"$f":"+N9*P9","v":200},{"$f":"IF(Q9>=600,\"I\",IF(Q9>=150,\"II\",IF(Q9>=40,\"III\",IF(Q9>=20,\"IV\"))))","v":"II"},{"$f":"IF(Q9>=600,\"NO ACEPTABLE\",IF(Q9>=150,\"ACEPTABLE CON CONTROL ESPECIFICO\",IF(Q9>=40,\"MEJORABLE\",IF(Q9>=20,\"ACEPTABLE\"))))","v":"ACEPTABLE CON CONTROL ESPECIFICO"},"NINGUNO ","NINGUNO ","NINGUNO ","* Pausas activas a lo largo de la jornada laboral y sensibilizar sobre su importancia , INS-SIG-202 INSTRUCTIVO DE PAUSAS ACTIVAS SALUDABLES.                                                                                                                             * Realizar seguimiento para el S.V.E  para lesiones osteo musculares.* Se recomienda  retitar los apoyabrazos de la silla ergonómica. *Se recomienda graduar y elevar la altura de la pantalla visual.  PGR-SIG-205 VIGILANCIA EPIDEMIOLÓGICA PARA LA PREVENCION DE DESÓRDENES MUSCULO-ESQUELÉTICOS.","NO APLICA "]
[null,null,null,null,null,"Postura Forzada                            \nMiembros superiores en la gravedad por el espacio reducido del plano de trabajo\nPortateclado del escritorio \nSilla en mal estado","BIOMECÁNICO","Lumbalgias, Cervicalgias, Mialgias, lesiones y síndromes doloroso, tendinitis, espamos de manos ","Ninguno","Ninguno","Jornadas de pausas activas ",2,4,{"$f":"+L10*M10","v":8},{"$f":"IF(N10>=24,\"MUY ALTO\",IF(N10>=10,\"ALTO\",IF(N10>=6,\"MEDIO\",\"BAJO\")))","v":"MEDIO"},25,{"$f":"+N10*P10","v":200},{"$f":"IF(Q10>=600,\"I\",IF(Q10>=150,\"II\",IF(Q10>=40,\"III\",IF(Q10>=20,\"IV\"))))","v":"II"},{"$f":"IF(Q10>=600,\"NO ACEPTABLE\",IF(Q10>=150,\"ACEPTABLE CON CONTROL ESPECIFICO\",IF(Q10>=40,\"MEJORABLE\",IF(Q10>=20,\"ACEPTABLE\"))))","v":"ACEPTABLE CON CONTROL ESPECIFICO"},"NINGUNO ","NINGUNO ","NINGUNO ","* Pausas activas a lo largo de la jornada laboral y sensibilizar sobre su importancia , INS-SIG-202 INSTRUCTIVO DE PAUSAS ACTIVAS SALUDABLES.                                  INS- SIG-202 INSTRUCTIVO DE PAUSAS ACTIVAS SALUDABLES.                                                                                             * Realizar seguimiento para el S.V.E  para lesiones osteo musculares. PGR-SIG-205 VIGILANCIA EPIDEMIOLÓGICA PARA LA PREVENCION DE DESÓRDENES MUSCULO-ESQUELÉTICOS.\n* Se recomienda  revisar la posibilidad de contar con un plano de trabajo en \"L\" que garantice que la manos, brazo y muñeca permanezcan en linea recta en el momento de digitar. PGR-SIG-205 VIGILANCIA EPIDEMIOLÓGICA PARA LA PREVENCION DE DESÓRDENES MUSCULO-ESQUELÉTICOS.   \n* Se recomienda  retirar el portateclado del escritorio para mejorar la postura del trabajador.\n* Se recomienda cambio de las sillas que se encuentra en mal estado. ","NO APLICA "]
[null,null,null,null,null,"Mecánico                                                     \nManejo de herramientas manuales \n(Grapadora, saca ganchos, perforadora, ganchos legadores)","CONDICIONES DE SEGURIDAD\n","Golpes, heridas, pinchazos, magulladuras de diferentes en los miembros superiores ","Cambio de elementos en mal estado ","Ninguno ","Recomendaciones en inducción",6,2,12,"ALTO",25,300,"II","ACEPTABLE CON CONTROL ESPECIFICO","NINGUNO ","NINGUNO ","NINGUNO ","*Capacitación sobre manejo seguro de herramientas. PLAN ANUAL DE TRABAJO Y PIC.\n*Capacitación en prevención en lesiones de mano PLAN ANUAL DE TRABAJO Y PIC.  PGR-SIG-205 VIGILANCIA EPIDEMIOLÓGICA PARA LA PREVENCION DE DESÓRDENES MUSCULO-ESQUELÉTICOS.   \n*Inspeccionar las diferentes herramientas utilizados en la oficina para labores administrativas. ","NO APLICA"]
[null,null,null,null,null,"Movimientos Repetitivos\n(Sólo las manos, digitación en teclado y uso de mouse)","BIOMECÁNICO","Síndromes túnel del carpo\n\nSíndrome de Quervain","Ninguno","SVE  Biomecánico ","Recomendaciones en inducción",2,4,8,"MEDIO",25,200,"II","ACEPTABLE CON CONTROL ESPECIFICO","NINGUNO ","NINGUNO ","NINGUNO ","*Implementar el programa de pausas activas, específicamente. INS-SIG-202 INSTRUCTIVO DE PAUSAS ACTIVAS SALUDABLES.                         *Continuar con la implementación del Sistema de vigilancia epidemiológico osteomuscular. PGR-SIG-205 VIGILANCIA EPIDEMIOLÓGICA PARA LA PREVENCION DE DESÓRDENES MUSCULO-ESQUELÉTICOS.   \n","NO APLICA"]
[null,null,null,null,null,"Posturas Prolongadas                    \nPosición sedente la mayor parte de la jornada laboral","BIOMECÁNICO","Lumbalgias, Cervicalgias, Mialgias, lesiones y síndromes dolorosos","Ninguno","Ninguno","Ninguno",2,4,8,"MEDIO",25,200,"II","ACEPTABLE CON CONTROL ESPECIFICO","NINGUNO ","NINGUNO ","NINGUNO ","*Acondicionar los puestos de trabajo dando cumplimiento a las recomendaciones ergonómicas  \"Biomecánicas\", para lo cual, se deben cumplir los requisitos ergonómicos para trabajos con video terminales, por lo tanto, se debe adecuar la altura y ubicación de las pantallas. PGR-SIG-205 VIGILANCIA EPIDEMIOLÓGICA PARA LA PREVENCION DE DESÓRDENES MUSCULO-ESQUELÉTICOS.  \n*Capacitación en  higiene postural, ergonomía en oficina, gimnasia laboral y pausas activas.           ","NO APLICA"]
[null,null,null,null,null,"Postura Forzada                            \nAltura inadecuada de la pantalla visual  por el portátil ","BIOMECÁNICO"," Tendinitis Espamos de manos","Ninguno","Ninguno","Jornadas de pausas activas ",2,4,8,"MEDIO",25,200,"II","ACEPTABLE CON CONTROL ESPECIFICO","NINGUNO ","NINGUNO ","NINGUNO ","* Pausas activas a lo largo de la jornada laboral y sensibilizar sobre su importancia , INS-SIG-202 INSTRUCTIVO DE PAUSAS ACTIVAS SALUDABLES.                                                                                                          * Realizar seguimiento para el S.V.E  para lesiones osteo musculares.a. *Se recomienda graduar y elevar la altura de la pantalla visual para mejorar posturas de los puestos de trabajo con portátil.  PGR-SIG-205 VIGILANCIA EPIDEMIOLÓGICA PARA LA PREVENCION DE DESÓRDENES MUSCULO-ESQUELÉTICOS.             ","*Se recomienda elementos de confort: Base portátil, apoyapiés, teclado adicional "]
[null,null,null,null,null,"Públicos                                                     \nAgresiones verbales con la atención de usuarios, estudiantes,  ","CONDICIONES DE SEGURIDAD","Heridas, Muerte, estrés laboral","Ninguno","Ninguno ","Recomendaciones en inducción",2,2,4,"BAJO",100,400,"II","ACEPTABLE CON CONTROL ESPECIFICO","NINGUNO ","NINGUNO ","NINGUNO ","*Diseñar e implementar  planes contingencia para diferentes situaciones  de emergencia. PLA-SIG-204 PLAN DE PREVENCIÓN, PREPARACIÓN Y RESPUESTA ANTE EMERGENCIAS.            \n* Continuar con la vigilancia física del centro de trabajo. \n* Capacitaciones para intervenir el riesgo.  PLAN ANUAL DE TRABAJO Y PIC.","NO APLICA "]
[null,null,null,null,null,"Locativo                             \nCableado del internet y de tomas electricas expuestos","CONDICIONES DE SEGURIDAD","Se potencializa el riesgo de incendio y accidentes por caídas, chispas, conatos de incendios ","Ninguno","Ninguno","Recomendaciones en inducción",2,2,4,"BAJO",25,100,"III","MEJORABLE","NINGUNO ","NINGUNO ","NINGUNO ","*Agrupar el cableado eléctrico, utilizando espiral porta cable  y/o canaleta. * Jornadas de orden y aseo. PGR-SIG-204 orden y aseo.  * Capacitaciones en caídas al mismo nivel. PGR-SIG-203-programa protección contra caídas. \n","NO APLICA"]
[null,null,null,null,null,"Locativo                             \nCableado del computador expuesto debajo del escritorio","CONDICIONES DE SEGURIDAD","Se potencializa el riesgo de incendio y accidentes por caídas, chispas, conatos de incendios ","Ninguno","Ninguno","Recomendaciones en inducción",2,2,4,"BAJO",25,100,"III","MEJORABLE","NINGUNO ","NINGUNO ","NINGUNO ","*Agrupar el cableado eléctrico, utilizando espiral porta cable  y/o canaleta.         * Jornadas de orden y aseo.   PGR-SIG-204 ORDEN Y ASEO.                               * Capacitaciones en caídas al mismo nivel.  PGR-SIG-203-PROGRAMA PROTECCIÓN CONTRA CAÍDAS.    \n","NO APLICA"]
[null,null,null,null,null,"Locativo\nEstanteria sin anclar a la pared","CONDICIONES DE SEGURIDAD","*Golpes\n*Contusión \n*Traumas \n*Heridas                                                                                                                                                                                                                                                                                                                                        Caídas de objetos                                                                                                                                                                                                                                                                                                                           accidentes e incidentes de trabajo","Ninguno","Ninguno","Ninguno",2,2,4,"BAJO",25,100,"III","MEJORABLE","NO APLICA","NO APLICA","NO APLICA","Se recomienda anclaje de toda la estanteria que se encuentra  en la biblioteca,  para evitar accidentes  con los niños, usuarios y la bibliotecaria","NO APLICA"]
[null,null,null,null,null,"Eléctrico                        \nToma eléctrica dañada  con potencial   de corto circuito ","CONDICIONES DE SEGURIDAD ","Potencializa el riesgo de incendio. Quemaduras, cortos circuitos ","Ninguno","Ninguno ","Recomendaciones en inducción",2,2,4,"BAJO",25,100,"III","MEJORABLE","NINGUNO ","NINGUNO ","Mantenimiento a instalaciones eléctricas "," * Jornadas de orden y aseo.  PGR-SIG-204 ORDEN Y ASEO.  \n * Mantenimiento de las tomas eléctricas  del área de portería.","NO APLICA"]
[null,null,null,null,null,"Inundación  \nProblemas de goteras y desnivel del piso que permite el ingreso de agua en condiciones lluviosas ","FENÓMENOS NATURALES ","Ingreso de agua en el área   ","Ninguno","Ninguno ","Plan de emergencia y brigadistas ",2,2,4,"BAJO",25,100,"III","MEJORABLE","NINGUNO ","NINGUNO ","NINGUNO ","* Se recomienda un programa de mantenimiento de instalaciones para el control de humedad. PRO-SIG-203 PROCEDIMIENTO INSPECCIONES DE SST.     \n* Mantenimiento y/o cambio de la puerta de portería. ","NO APLICA"]
[null,null,null,null,null,"Disconfort Térmico - Exposición a temperaturas altas   por  concentración  de usuarios. ","FÍSICO","Disconfort térmico,   Alergias, afecciones respiratorias, cefaleas tensionales . ","Ninguno","Ninguno ","Ninguno ",2,2,4,"BAJO",25,100,"III","MEJORABLE","NINGUNO ","NINGUNO ","*Se recomienda  revisar la posibilidad de instalar en el área aire acondicionado. ","* Se recomienda   dotar de puntos de hidratación (Botellones de agua)  para los funcionarios. \n* Se recomienda  ventiladores personales. ","NO APLICA "]
[null,null,null,null,null,"Disconfort Térmico - Exposición a temperaturas altas  extremas  por la inadecuada  concentración  de usuarios. ","FÍSICO","Disconfort térmico,   Alergias, afecciones respiratorias, cefaleas tensionales . ","Ninguno","Ninguno ","Ninguno ",2,2,4,"BAJO",25,100,"III","MEJORABLE","NINGUNO ","NINGUNO ","*Se recomienda  revisar la posibilidad de instalar en el área aire acondicionado. ","* Se recomienda   dotar de puntos de hidratación (Botellones de agua)  para los funcionarios. PRO-SIG-203 PROCEDIMIENTO INSPECCIONES DE SST.     \n* Se recomienda  ventiladores personales. ","NO APLICA "]
[null,null,null,null,null,"Ruido\n Ambiental producido por los usuarios ","FÍSICO","* Dolor  de cabeza,\n* poca concentración, \n*zumbidos  en los oídos   \n* Cefaleas tensionales ","Ninguno","Ninguno","Exámenes Médicos ocupacionales",2,2,4,"BAJO",25,100,"III","MEJORABLE","NINGUNO ","NINGUNO ","NINGUNO ","*Continuar con la realización de evaluaciones  medicas ocupacionales (ingreso, periódicos y egreso. PRO-SIG-201 PROCEDIMIENTO EXÁMENES OCUPACIONALES.    \n* Realizar pausa activa durante la jornada laboral una vez en la mañana y una vez en la tarde ( Si el  usuario l lo permite). INS-SIG-202 INSTRUCTIVO DE PAUSAS ACTIVAS SALUDABLES.\n*Campañas  educativas con estudiantes de la conservación de la voz . \n","NO APLICA"]
[null,null,null,"TRANSFERENCIAS DOCUMENTALES. MANEJO DE CORRESPONDENCIA. ACTIVIDAD MANEJO DE ARCHIVO. REGISTRO, INVENTARIO Y CONTROL DE PRÉSTAMO DE LOS LIBROS; APLICA PARA FUNCIONARIOS DE PLANTA Y/O CONTRATO. ","SI","Mecánico                                                     \nManejo de herramientas manuales \n(Grapadora, saca ganchos, perforadora, ganchos legadores)","CONDICIONES DE SEGURIDAD\n","Golpes, heridas, pinchazos, magulladuras de diferentes en los miembros superiores ","Cambio de elementos en mal estado ","Ninguno ","Recomendaciones en inducción",2,2,4,"BAJO",25,100,"III","MEJORABLE","NINGUNO ","NINGUNO ","NINGUNO ","*Capacitación sobre manejo seguro de herramientas. \n*Capacitación en prevención en lesiones de mano. PRO-SIG-205 PROCEDIMIENTO DE INCIDENTES Y ACCIDENTES DE TRABAJO . \n*Inspeccionar las diferentes herramientas utilizados en la oficina para labores administrativas. ","NO APLICA"]
[null,null,null,null,null,"Postura Forzada                            Miembros superiores en la gravedad por el espacio reducido del plano de trabajo\n","BIOMECÁNICO","Lumbalgias, Cervicalgias, Mialgias, lesiones y síndromes doloroso, tendinitis, espamos de manos ","Ninguno","Ninguno","Jornadas de pausas activas ",2,4,8,"MEDIO",25,200,"II","ACEPTABLE CON CONTROL ESPECIFICO","NINGUNO ","NINGUNO ","NINGUNO ","* Pausas activas a lo largo de la jornada laboral y sensibilizar sobre su importancia , INS-SIG-202 INSTRUCTIVO DE PAUSAS ACTIVAS SALUDABLES.                                                                                                          * Realizar seguimiento para el S.V.E  para lesiones osteo musculares.\n* Se recomienda  revisar la posibilidad de contar con un plano de trabajo en \"L\" que garantice que la manos, brazo y muñeca permanezcan en linea recta en el momento de digitar. \n","NO APLICA "]
[null,null,null,null,null,"Locativo \nTechos en mal estado \nProblemas de humedad ","CONDICIONES DE SEGURIDAD","Colapso estructural - Hongos- bacterias","Ninguno","Ninguno ","Ninguno ",2,2,4,"BAJO",25,100,"III","MEJORABLE","NINGUNO ","NINGUNO ","NINGUNO ","*Realizar mantenimiento preventivo y correctivo de las instalaciones locativas, con el fin de mejorar las condiciones de trabajo y prevenir  enfermedades a los trabajadores. PRO-SIG-203 PROCEDIMIENTO INSPECCIONES DE SST.                                                                                                              * Mantenimiento de los techos para  evitar  la proliferación de animales ( murciélagos- palomas) y control de humedad. \n*Se recomienda erradicar los palomas del área. ","NO APLICA"]
[null,null,null,null,null,"Locativo - Infraestructura                           Sistemas de almacenamiento y condiciones técnico ambientales inadecuados del archivo                        ","CONDICIONES DE SEGURIDAD","Accidentes de trabajo -  Deterioro del archivo - Caídas de objetos (cajas) ","Ninguno","Ninguno","Ninguno",2,2,4,"BAJO",25,100,"III","MEJORABLE","NINGUNO ","NINGUNO ","NINGUNO ","  *Ubicación del archivo debe ser un terreno sin riesgos de humedad subterránea o problemas de inundación y que ofrezca estabilidad. PGR-SIG-204 ORDEN Y ASEO. ","NO APLICA"]
[null,null,null,null,null,"Locativo\nSistema de almacenamiento  \nUbicación inadecuada de los archivadores NO anclados a la pared","CONDICIONES DE SEGURIDAD\n","*Golpes\n*Contusión \n*Traumas superficiales\n*Heridas","NINGUNO","NINGUNO","NINGUNO",2,2,4,"BAJO",25,100,"III","MEJORABLE","NINGUNO ","NINGUNO ","NINGUNO ","*Se recomienda instalar protectores de seguridad en el soporte de agarre de los archivadores, con el fin de evitar heridas graves y disminuir los golpes. \n*Sensibilización a los trabajadores  en auto cuido. PGR-SIG-201 ESTILOS DE VIDA Y TRABAJO SALUDABLES.  ","NO APLICA"]
[null,null,null,null,null,"Postura Forzada                            \nAltura inadecuada de la pantalla visual  por el portátil ","BIOMECÁNICO"," Tendinitis Espamos de manos","Ninguno","Ninguno","Jornadas de pausas activas ",2,4,8,"MEDIO",25,200,"II","ACEPTABLE CON CONTROL ESPECIFICO","NINGUNO ","NINGUNO ","NINGUNO ","* Pausas activas a lo largo de la jornada laboral y sensibilizar sobre su importancia , INS-SIG-202 INSTRUCTIVO DE PAUSAS ACTIVAS SALUDABLES.                                                                                                           * Realizar seguimiento para el S.V.E  para lesiones osteo musculares.a. *Se recomienda graduar y elevar la altura de la pantalla visual para mejorar posturas de los puestos de trabajo con portátil.  PGR-SIG-205 VIGILANCIA EPIDEMIOLÓGICA PARA LA PREVENCION DE DESÓRDENES MUSCULO-ESQUELÉTICOS.","*Se recomienda elementos de confort: Base portátil, apoyapiés, teclado adicional "]
[null,null,null,null,null,"Movimientos repetitivos  Abrir y cerrar las estanterías móviles del archivo (rodantes) ","BIOMECÁNICO ","Síndrome del Túnel Carpiano, Manguito rotador ","Ninguno","Ninguno","Pausas Activas Implementación del SVE DMO ",2,4,8,"MEDIO",25,200,"II","ACEPTABLE CON CONTROL ESPECIFICO","NINGUNO ","NINGUNO ","NINGUNO ","*Implementar el programa de pausas activas.  INS-SIG-202 INSTRUCTIVO DE PAUSAS ACTIVAS SALUDABLES.                                                               *Implementación del Sistema de vigilancia epidemiológico desorden musculo esqueléticos, con el fin de identificar las personas con sintomatología y hacer el respectivo seguimiento y control de los diagnósticos médicos que se presenten. PGR-SIG-205 VIGILANCIA EPIDEMIOLÓGICA PARA LA PREVENCION DE DESÓRDENES MUSCULO-ESQUELÉTICOS.","NO APLICA"]
[null,null,null,null,null,"Movimientos Repetitivos\n(Sólo las manos, digitación en teclado y uso de mouse, organizar libros)","BIOMECÁNICO","Síndromes túnel del carpo\n\nSíndrome de Quervain","Ninguno","SVE  Biomecánico ","Ninguno",2,4,8,"MEDIO",25,200,"II","ACEPTABLE CON CONTROL ESPECIFICO","NINGUNO ","NINGUNO ","NINGUNO ","*Implementar el programa de pausas activas. INS-SIG-202 INSTRUCTIVO DE PAUSAS ACTIVAS SALUDABLES.                                                                   *Continuar con la implementación del Sistema de vigilancia epidemiológico osteomuscular.  PGR-SIG-205 VIGILANCIA EPIDEMIOLÓGICA PARA LA PREVENCION DE DESÓRDENES MUSCULO-ESQUELÉTICOS.\n","NO APLICA"]
[null,null,null,null,null,"Públicos                                                     Agresiones verbales con la atención de usuarios, estudiantes,  ","CONDICIONES DE SEGURIDAD","Heridas, Muerte, estrés laboral","Ninguno","Ninguno ","Recomendaciones en inducción",2,2,4,"BAJO",100,400,"II","ACEPTABLE CON CONTROL ESPECIFICO","NINGUNO ","NINGUNO ","NINGUNO ","*Diseñar e implementar  planes contingencia para diferentes situaciones  de emergencia. PLA-SIG-204 PLAN DE PREVENCIÓN, PREPARACIÓN Y RESPUESTA ANTE EMERGENCIAS.    \n* Continuar con la vigilancia física del centro de trabajo. \n* Capacitaciones para intervenir el riesgo.   PLAN ANUAL DE TRABAJO Y PIC","NO APLICA "]
[null,null,null,null,null,"Locativo \nLuminarias sin protectores (rejillas)","CONDICIONES DE SEGURIDAD","Caídas de los tubos fluorescentes, golpes, contusiones ","Ninguno","Ninguno ","Ninguno ",2,2,4,"BAJO",25,100,"III","MEJORABLE","NINGUNO ","NINGUNO ","Mantenimiento a luminarias","*Se recomienda que las luminarias cuenten con protectores (rejillas),  PGR-SIG-204 ORDEN Y ASEO.  ","NO APLICA"]
[null,null,null,null,null,"Material Particulado Acumulación de material particulado (polvo) de los libros  ","QUÍMICO","Irritaciones, alergias a nivel respiratorio","Limpieza periódica en bibliotecas","Ninguno","capacitación de seguridad en archivos ",2,2,4,"BAJO",25,100,"III","MEJORABLE","NINGUNO ","NINGUNO ",1,"*Exámenes periódicos anualmente al personal  expuesto con espirometrias. PRO-SIG-201 PROCEDIMIENTO EXÁMENES OCUPACIONALES.   PRO-SIG-201 PROCEDIMIENTO EXAMENES OCUPACIONALES. \n* Se recomienda que el personal de servicios generales realice limpieza completa del archivo durante la semana.","Uso de tapabocas obligatorio"]
[null,null,null,null,null,"Movimientos Repetitivos\nOrganizar los libros ","BIOMECÁNICO","Síndromes túnel del carpo\n\nSíndrome de Quervain","Ninguno","SVE  Biomecánico ","Ninguno",2,4,8,"MEDIO",25,200,"II","ACEPTABLE CON CONTROL ESPECIFICO","NINGUNO ","NINGUNO ","NINGUNO ","*Implementar el programa de pausas activas, específicamente. INS-SIG-202 INSTRUCTIVO DE PAUSAS ACTIVAS SALUDABLES.                                                                                      *Continuar con la implementación del Sistema de vigilancia epidemiológico osteomuscular.    ","NO APLICA"]
[null,null,null,null,null,"Manipulación manual de cargas                                               \nLevantar cajas de archivo del piso","BIOMECÁNICO","Hernias Discales - Bursitis de hombro - Bursitis de rodilla ","Ninguno","Ninguno","Capacitación manejo adecuado de cargas ",2,4,8,"MEDIO",25,200,"II","ACEPTABLE CON CONTROL ESPECIFICO","NINGUNO ","NINGUNO ","NINGUNO ","*Continuar con la implementación del sistema de vigilancia epidemiológico osteomuscular.                                                                                         *Continuar con la capacitación y  permanente  en  higiene postural, ergonomía en oficina, gimnasia laboral y pausas activas.  INS-SIG-202 INSTRUCTIVO DE PAUSAS ACTIVAS SALUDABLES.  ","NO APLICA"]
[null,null,null,null,null,"Material Particulado Acumulación de material particulado (polvo) del archivo antiguo  y tipo de tipo. ","QUÍMICO","Irritaciones, alergias a nivel respiratorio","Limpieza periódica en bibliotecas","Ninguno","capacitación de seguridad en archivos ",2,2,4,"BAJO",25,100,"III","MEJORABLE","NINGUNO ","NINGUNO ","NINGUNO ","*Exámenes periódicos anualmente al personal  expuesto con espirometrias. PRO-SIG-201 PROCEDIMIENTO EXÁMENES OCUPACIONALES.   \n* Se recomienda que el personal de servicios generales realice limpieza completa del archivo durante la semana.","Uso de tapabocas obligatorio"]
[null,null,null,null,null,"Ruido\n Ambiental producido por los niños","FÍSICO","* Dolor  de cabeza,\n* poca concentración, \n*zumbidos  en los oídos   \n* Cefaleas tensionales ","Ninguno","Ninguno","Exámenes Médicos ocupacionales",2,2,4,"BAJO",25,100,"III","MEJORABLE","NINGUNO ","NINGUNO ","NINGUNO ","*Continuar con la realización de evaluaciones  medicas ocupacionales (ingreso, periódicos y egreso \n* Realizar pausa activa durante la jornada laboral una vez en la mañana y una vez en la tarde ( Si el  usuario l lo permite). INS-SIG-202 INSTRUCTIVO DE PAUSAS ACTIVAS SALUDABLES. \n*Campañas  educativas con estudiantes de la conservación de la voz . \n","NO APLICA"]
[null,null,null,null,null,"Hongos- Bacterias       \nPresencia libros antiguos  ","BIOLÓGICO ","Afecciones respiratorias ","Limpieza periódica en bibliotecas","Ninguno","Uso de EPP (Guantes) ",2,2,4,"BAJO",25,100,"III","MEJORABLE","NINGUNO ","NINGUNO ","Instalación de extractores","\n* Se recomienda continuar con el proceso de intervención (limpieza) de los libros antiguos. PGR-SIG-204 ORDEN Y ASEO. ","Uso de guantes de nitrilo y tapabocas "]
[null,null,null,null,null,"Locativo \nLuminarias sin protectores (rejillas)","CONDICIONES DE SEGURIDAD","Caídas de los tubos fluorescentes, golpes, contusiones ","Ninguno","Ninguno ","Ninguno ",2,2,4,"BAJO",25,100,"III","MEJORABLE","NINGUNO ","NINGUNO ","Mantenimiento a luminarias ","*Se recomienda que las luminarias cuenten con protectores (rejillas), para dar cumplimiento a la Resolución 180540 de 2010.    PRO-SIG-203 PROCEDIMIENTO INSPECCIONES DE SST.      ","NO APLICA"]
[null,null,"OPERATIVO","ACTIVIDAD DESPLAZAMIENTO A EVENTOS Y REUNIONES INSTITUCIONALES,  INSPECCIONES, ACTIVIDADES DE FORMACIÓN, CULTURALES Y RECREATIVAS, DE BIENESTAR,  FUERA DE LA SEDE. AUDICIONES DE RADIO EN LA EMISORA. ACTIVIDADES LÚDICAS CON NIÑOS (LECTURA, TÍTERES Y VIDEOS ACADÉMICOS); APLICA PARA FUNCIONARIOS DE PLANTA Y/O CONTRATO. ","SI","Accidentes de tránsito                      \n     \n(En los desplazamientos en las vías)\nVER MATRIZ DE RIESGO VIAL ","CONDICIONES DE SEGURIDAD","*Muerte \n*Lesiones graves en el cuerpo entero\n*Atrapamiento vehicular","Ninguno","Vehículos de la empresa con mantenimiento preventivo y correctivo. ","Ninguno",2,2,4,"BAJO",100,400,"II","ACEPTABLE CON CONTROL ESPECIFICO","NO APLICA","NO APLICA","*Se debe empezar a realizar la inspección pre operacional de vehículos de la empresa, para identificar condiciones del mismo \"Por parte de los conductores\". ","*Dar cumplimiento al plan de capacitación del PESV según el rol (Pasajero - Conductor - Peatón). PLA-SIG-202 PESV PLAN ESTRATEGICO DE SEGURIDAD VIAL.\n*Realizar sensibilización en seguridad vial ","NO APLICA"]
[null,null,null,null,null,"Eléctrico                        \nToma eléctrica dañada  con potencial   de corto circuito ","CONDICIONES DE SEGURIDAD ","Potencializa el riesgo de incendio. Quemaduras, cortos circuitos ","Ninguno","Ninguno ","Ninguno ",2,2,4,"BAJO",25,100,"III","MEJORABLE","NINGUNO ","NINGUNO ","Mantenimiento a instalaciones eléctricas "," * Jornadas de orden y aseo.  PGR-SIG-204 ORDEN Y ASEO.    \n * Mantenimiento de las tomas eléctricas de la ludoteca.","NO APLICA"]
[null,null,null,null,null,"Locativo - Infraestructura \n\nSuperficie de trabajo  con problemas de filtraciones agua en condiciones climáticas. ","CONDICIONES DE SEGURIDAD","Inundaciones\nDaño estructural  ","Ninguno","Ninguno ","Ninguno ",2,2,4,"BAJO",25,100,"III","MEJORABLE","NINGUNO ","NINGUNO ","mantenimiento a infraestructura","* Se recomienda  mantenimiento de la infraestructura  para el control de humedad y filtración de agua en los salones. PRO-SIG-203 PROCEDIMIENTO INSPECCIONES DE SST.      ","NO APLICA "]
[null,null,null,null,null,"Locativo\nLámparas en estado critico de limpieza, aseo y con riesgo potencial de caída (bomboneras)","CONDICIONES DE SEGURIDAD","Heridas abiertas\nCaída de objetos \nProliferación de material particulado ","Ninguno","Ninguno","Ninguno ",2,2,4,"BAJO",25,100,"III","MEJORABLE","NINGUNO ","NINGUNO ","Mantenimiento a luminarias ","*Se recomienda  mantenimiento de las lámparas (limpieza y aseo). PGR-SIG-204 ORDEN Y ASEO. \n* Se recomienda  revisar la posibilidad de cambiar  el sistema de iluminación (tipo de lámparas); para evitar la caída de objetos. ","NO APLICA"]
[null,null,null,null,null,"Líquidos- Gases y Vapores                                            Uso de sustancias químicas para las labores de limpieza ","QUÍMICO  ","Inhalación de vapores, salpicaduras, irritación de mucosa respiratorias, piel, alergias","Ninguno ","Ninguno ","Recomendaciones en inducción y reinducción- uso de guantes y tapabocas",2,2,4,"BAJO",25,100,"III","MEJORABLE","NINGUNO ","NINGUNO ","NINGUNO "," *Capacitaciones en el maneja adecuado de productos químicos - elementos rotulados- Sistema Globalmente Armonizado","Suministrar tapa bocas para el desarrollo de la labor. "]
[null,null,null,null,null,"Locativo \nLuminarias sin protectores (rejillas)","CONDICIONES DE SEGURIDAD","Caídas de los tubos fluorescentes, golpes, contusiones ","Ninguno","Ninguno ","Ninguno ",2,2,4,"BAJO",25,100,"III","MEJORABLE","NINGUNO ","NINGUNO ","Mantenimiento a luminarias ","*Se recomienda que las luminarias cuenten con protectores (rejillas). PGR-SIG-204 ORDEN Y ASEO.  ","NO APLICA"]
[null,null,null,null,null,"Disconfort Térmico \nExposición a temperaturas altas/ aire acondicionado   ","FÍSICO","Disconfort térmico,   Alergias, afecciones respiratorias, cefaleas tensionales . ","Ninguno","Ninguno ","Ninguno ",2,2,4,"BAJO",25,100,"III","MEJORABLE","NINGUNO ","NINGUNO ","NINGUNO ","* Se recomienda  mantenimiento del aire acondicionado. PRO-SIG-203 PROCEDIMIENTO INSPECCIONES DE SST.      \n* Se recomienda  apagar el aire acondicionado  1/2 antes de  las horas de salida. ","NO APLICA "]
[null,null,null,null,null,"Locativo                                      \nFalta de orden y aseo  por los elementos sin dar de baja \nCifón sin rejilla ","CONDICIONES DE SEGURIDAD ","Caídas al mismo nivel, proliferación de animales, ","Ninguno","Ninguno ","Recomendaciones en inducción",2,2,4,"BAJO",25,100,"III","MEJORABLE","NINGUNO ","NINGUNO ","NINGUNO ","*Capacitaciones en caídas al mismo nivel  al personal expuesto.PGR-SIG-203-PROGRAMA PROTECCIÓN CONTRA CAÍDAS.                                                * Se recomienda jornadas de orden y aseo en la cafetería-  PGR-SIG-204 ORDEN Y ASEO.           * Se recomienda dar de baja a los elementos sin utilizar en las áreas comunes y en la cafetería .\n*Se recomienda instalar  la rejilla en el cifón de la cafetería ara evitar la proliferación de animales (insectos - roedores).\n*Se recomienda fumigaciones periódicas. ","NO APLICA"]
[null,null,null,null,null,"Locativo                                                 \nFalta de orden y aseo  \nElementos dar de baja  ","CONDICIONES DE SEGURIDAD","Accidentes de trabajo, posturas inadecuadas,  golpes, caída de objetos ","Ninguno","Ninguno","Ninguno",2,2,4,"BAJO",25,100,"III","MEJORABLE","NINGUNO ","NINGUNO ","NINGUNO ","*Diseño e implementación del programa de orden y aseo de la empresa, para lo cual, se sugiere realizar jornada de orden y aseo. PGR-SIG-204 ORDEN Y ASEO.\n* Se recomienda  dar de baja a los elementos que no se estén utilizando.\n* Limpieza,  mantenimiento del tapete. ","NO APLICA"]
[null,null,null,null,null,"Locativo \nDesnivel en la superficie de trabajo  en la entrada ","CONDICIONES DE SEGURIDAD","Caídas, golpes, incidentes  y accidentes de y trabajo ","Ninguno ","Señalización de advertencia  ","Capacitación en prevención de caídas ",2,2,4,"BAJO",25,100,"III","MEJORABLE","NINGUNO ","NINGUNO ","NINGUNO ","*Se recomienda demarcar con cinta de precaucion el desnivel de la superficie de trabajo para mejor visibilidad del funcionario  y del visitante. PRO-SIG-203 PROCEDIMIENTO INSPECCIONES DE SST.  \n* Instalar cinta de precaución en el desnivel de la superficie de trabajo. ","NO APLICA "]
[null,null,null,null,null,"Locativo - Infraestructura\n\nInstalaciones en mal estado \n(Techos  con humedad)         ","CONDICIONES DE SEGURIDAD","Bacterias,  hongos, enfermedades respiratorias ","Ninguno","Ninguno ","Ninguno ",2,2,4,"BAJO",25,100,"III","MEJORABLE","NINGUNO ","NINGUNO ","Mantenimiento a infraestructura","* Se recomienda un programa de mantenimiento de instalaciones para el control de humedad. PRO-SIG-203 PROCEDIMIENTO INSPECCIONES DE SST.  \n* Mantenimiento de las paredes para el control de humedad  de las áreas comunes. ","NO APLICA"]
[null,null,null,null,null,"Locativo\nSuperficies de trabajo  irregulares en las vías, terrenos inestables y escarpados","CONDICIONES DE SEGURIDAD","*Golpes \n*Caídas\n*Fracturas","Ninguno","Ninguno","Ninguno",2,2,4,"BAJO",25,100,"III","MEJORABLE","NO APLICA","NO APLICA","NO APLICA","*Se recomienda uso de calzado adecuado  según el área a visitar, con el fin de evitar caídas. PGR-SIG-203-programa protección contra caídas","Uso de calzado bajo "]
[null,null,null,null,null,"Manipulación manual de cargas                                                  (Transporte de algunos elementos pesados durante el proceso de limpieza)","BIOMECÁNICO","Lesiones Osteomusculares  a nivel de cervical y lumbar","Ninguno","Ninguno","Intervención del riesgo biomecánico ",2,4,8,"MEDIO",25,200,"II","ACEPTABLE CON CONTROL ESPECIFICO","NINGUNO ","NINGUNO ","NINGUNO ","*Realizar re-inducción  en manipulación manual de cargas\n*Capacitar al personal en higiene postural y pausas activas durante la jornada de trabajo. INS-SIG-202 INSTRUCTIVO DE PAUSAS ACTIVAS SALUDABLES.  ","NO APLICA"]
[null,null,null,null,null,"Material particulado \nPolvo acumulado en áreas  y superficies de trabajo . ","QUÍMICOS","Infecciones virales, alergias, intoxicaciones.","Limpieza periódica a superficies","Ninguno","Ninguno",2,2,4,"BAJO",25,100,"III","MEJORABLE","NINGUNO ","NINGUNO ","NINGUNO ","*Realizar seguimiento con la  toma de espirómetros. PRO-SIG-203 PROCEDIMIENTO INSPECCIONES DE SST.                                                                                                               ","*Continuar con el uso de tapa bocas."]
[null,null,null,null,null,"Virus - Bacterias\n(Exposición y contacto con  material infectado y contaminado","BIOLÓGICO","Dermatitis Infecciones virales, alergias, intoxicaciones.","Ninguno","Ninguno","Recomendaciones en inducción y uso de guantes, y tapabocas ",2,2,4,"BAJO",25,100,"III","MEJORABLE","NINGUNO ","NINGUNO ","NINGUNO ","*Diseñar e Implementar el protocolo de lavado de manos periódicamente.                                                                         \n*Realizar seguimiento al uso adecuado de los EPP. PRO-SIG-202 PROCEDIMIENTO ADMINISTRACIÓN DE ELEMENTOS DE EPP.                                          * Fumigaciones periódicas para el control de roedores e insectos ","*Continuar con el uso de EPP."]
[null,null,null,null,null,"Hongos                                \n(Exposición y contacto con  material infectado y contaminado)","BIOLÓGICO","Hongos en las manos","Ninguno","Ninguno","Recomendaciones en inducción y uso de guantes, y tapabocas ",2,2,4,"BAJO",25,100,"III","MEJORABLE","NINGUNO ","NINGUNO ","NINGUNO ","*Diseñar e Implementar el protocolo de lavado de manos periódicamente.                                                                         \n*Realizar seguimiento al uso adecuado de los EPP. PRO-SIG-202 PROCEDIMIENTO ADMINISTRACIÓN DE ELEMENTOS DE EPP.                                             * Fumigaciones periódicas para el control de roedores e insectos ","*Continuar con el uso de EPP."]
[null,null,null,null,null,"Movimientos repetitivos                     Labores de limpieza , baterías sanitarias ","BIOMECÁNICO ","Síndrome del manguito rotador- Epicondilitis ","Ninguno ","Ninguno","Rotación de tareas ",2,4,8,"MEDIO",25,200,"II","ACEPTABLE CON CONTROL ESPECIFICO","NINGUNO ","NINGUNO ","NINGUNO ","*Implementación del Sistema de vigilancia epidemiológico Desordes Musculo esqueléticos  DMO. PGR-SIG-205 VIGILANCIA EPIDEMIOLÓGICA PARA LA PREVENCION DE DESÓRDENES MUSCULO-ESQUELÉTICOS.                                                        \n*Capacitaciones a los trabajadores en la intervención de riesgo biomecánico.                                                                                   \n  * Alternar  labores diarias por parte del trabajador durante la jornada de trabajo.                                                             \n *Adoptar posturas adecuadas por parte del trabajador. ","NO APLICA "]
[null,null,null,null,null,"Postura bípeda prolongada                             Desplazamiento continuo  para las labores de la entidad","BIOMECÁNICO","Lesiones Osteomusculares de los miembros inferiores como varices, enfermedades vasculares","Ninguno ","Ninguno","Ninguno",2,4,8,"MEDIO",25,200,"II","ACEPTABLE CON CONTROL ESPECIFICO","NINGUNO ","NINGUNO ","NINGUNO ","* Jornadas de pausas activas INS-SIG-202 INSTRUCTIVO DE PAUSAS ACTIVAS SALUDABLES.                                                                                                  *Cambio de posición de bípeda a sedente y viceversa. * Alternar las labores operativas. ","NO APLICA "]
[null,null,null,null,null,"Locativo\nSuperficies de trabajo  irregulares y  desniveladas                                 (Desplazamiento en los diferentes áreas)","CONDICIONES DE SEGURIDAD","*Golpes \n*Caídas\n*Fracturas","Ninguno",null,"Recomendaciones en inducción ",2,2,4,"BAJO",25,100,"III","MEJORABLE","NO APLICA","NO APLICA","NO APLICA","*Se recomienda uso de calzado adecuado y de tacón bajo según el área a visitar, con el fin de evitar caídas. EST-SIG-01 ESTANDAR DE SEGURIDAD PARA ACTIVIDADES FUERA DE LA SEDE.","Uso de calzado bajo "]
[null,null,null,null,null,"Picaduras                      \n(Exposición con animales en las vías públicas)","BIOLÓGICO","Infecciones","No aplica","No aplica","Recomendaciones en inducción - protocolo de actuación en caso de AT",2,3,6,"MEDIO",25,150,"II","ACEPTABLE CON CONTROL ESPECIFICO","NO APLICA","NO APLICA","NO APLICA","*Se recomienda capacitar en prevención por mordeduras o picaduras en vías públicas. EST-SIG-01 ESTANDAR DE SEGURIDAD PARA ACTIVIDADES FUERA DE LA SEDE.\n","NO APLICA"]
[null,null,null,null,null,"Mordeduras                             \n(Exposición con animales en las vías públicas)","BIOLÓGICO","Infecciones","No aplica","No aplica","Recomendaciones en inducción - protocolo de actuación en caso de AT",2,2,4,"BAJO",25,100,"III","MEJORABLE","NO APLICA","NO APLICA","NO APLICA","*Se recomienda capacitar en prevención por mordeduras o picaduras en vías públicas. EST-SIG-01 ESTANDAR DE SEGURIDAD PARA ACTIVIDADES FUERA DE LA SEDE.\n","NO APLICA"]
[null,null,null,null,null,"Radiaciones no ionizantes                                                 Exposición a luz solar en actividades externas ","FÍSICO","Incomodidad - Insolación ","Ninguno","Ninguno","Ninguno",2,2,4,"BAJO",25,100,"III","MEJORABLE","NINGUNO ","NINGUNO ","NINGUNO ","*Continuar el uso de camisa manga larga y cachucha en el desarrollo de la actividad. EST-SIG-01 ESTANDAR DE SEGURIDAD PARA ACTIVIDADES FUERA DE LA SEDE.","Ropa manga larga \nCachucha"]
[null,null,null,null,null,"Público\n(Robos - Atracos - Asaltos)","CONDICIONES DE SEGURIDAD","*Golpes\n*Agresiones verbales y físicas \n*Atentados violentos\n*Heridas\n*Muerte","Ninguno","Ninguno","Ninguno",2,2,4,"BAJO",100,400,"II","ACEPTABLE CON CONTROL ESPECIFICO","NO APLICA","NO APLICA","NO APLICA","*Socializar los planes contingencia para diferentes situaciones  de emergencia específicamente riesgo público. PLA-SIG-204 PLAN DE PREVENCIÓN, PREPARACIÓN Y RESPUESTA ANTE EMERGENCIAS.      ","NO APLICA"]
[null,null,null,null,null,"Público\n(Agresiones verbales - Actos Violentos)","CONDICIONES DE SEGURIDAD","*Golpes\n*Agresiones verbales y físicas \n*Atentados violentos\n*Heridas\n*Muerte","Ninguno","Ninguno","Ninguno",2,2,4,"BAJO",100,400,"II","ACEPTABLE CON CONTROL ESPECIFICO","NO APLICA","NO APLICA","NO APLICA","*Socializar los planes contingencia para diferentes situaciones  de emergencia específicamente riesgo público. PLA-SIG-204 PLAN DE PREVENCIÓN, PREPARACIÓN Y RESPUESTA ANTE EMERGENCIAS. ","NO APLICA"]
[null,null,null,null,null,"Locativo\nSuperficies de trabajo  irregulares en las vías, terrenos inestables y escarpados","CONDICIONES DE SEGURIDAD","*Golpes \n*Caídas\n*Fracturas","Ninguno","Ninguno","Ninguno",2,2,4,"BAJO",25,100,"III","MEJORABLE","NO APLICA","NO APLICA","NO APLICA","*Se recomienda uso de calzado adecuado y de tacón bajo según el área a visitar, con el fin de evitar caídas. EST-SIG-01 ESTANDAR DE SEGURIDAD PARA ACTIVIDADES FUERA DE LA SEDE.","Uso de calzado bajo "]
[null,null,null,null,null,"ELÉCTRICO Baja tensión ( cercas eléctricas) ","CONDICIONES DE SEGURIDAD","*Golpes \n*Caídas\n*Fracturas","Ninguno","Ninguno","Inducción y reinducción al personal ",2,2,4,"BAJO",25,100,"III","MEJORABLE","NO APLICA","NO APLICA","NO APLICA","Continuar con las socialización en inducción y reinducción de SST a funcionarios y contratistas. PLA-SIG-206 RETORNO SEGURO AL TRABAJO.","NO APLICA"]
[null,null,null,"MANTENIMIENTO, LIMPIEZA, CUSTODIA, RECEPCIÓN, INVENTARIO, CONTROL Y PRÉSTAMO DE INSTRUMENTOS MUSICALES, MASCARAS, ELEMENTOS CULTURALES ","SI","Hongos       \nMalos olores  en el área                      ","BIOLÓGICO ","Alergias,  Malos olores ","Ninguno","Ninguno","Ninguno",2,2,4,"BAJO",25,100,"III","MEJORABLE","NINGUNO ","NINGUNO ","NINGUNO ","*Se recomienda mantenimiento de las instalaciones para eliminar los malos olores.\n* Se recomienda  mantenimiento de  los techos para el control de goteras (humedad). PRO-SIG-203 PROCEDIMIENTO INSPECCIONES DE SST.     ","NO APLICA"]
[null,null,null,null,null,"Locativo - Infraestructura\n\nTechos en mal estado \nProblemas de humedad ","CONDICIONES DE SEGURIDAD","Colapso estructural - Hongos- bacterias","Ninguno","Ninguno ","Ninguno ",2,2,4,"BAJO",25,100,"III","MEJORABLE","NINGUNO ","NINGUNO ","NINGUNO ","*Realizar mantenimiento preventivo y correctivo de las instalaciones locativas, con el fin de mejorar las condiciones de trabajo y prevenir  enfermedades a los trabajadores.                                                                                                                    * Mantenimiento de los techos para  evitar  la proliferación de animales ( roedores) y control de humedad.  PGR-SIG-204 ORDEN Y ASEO. ","NO APLICA"]
[null,null,null,null,null,"Locativo \nLuminarias sin protectores (rejillas)","CONDICIONES DE SEGURIDAD","Caídas de los tubos fluorescentes, golpes, contusiones ","Ninguno","Ninguno ","Ninguno ",2,2,4,"BAJO",25,100,"III","MEJORABLE","NINGUNO ","NINGUNO ","NINGUNO ","*Se recomienda que las luminarias cuenten con protectores (rejillas).   PRO-SIG-203 PROCEDIMIENTO INSPECCIONES DE SST.  ","NO APLICA"]
[null,null,"PELIGROS QUE APLICAN A TODAS LAS ACTIVIDADES; APLICA PARA FUNCIONARIOS DE PLANTA Y/O CONTRATO.",null,"SI","Postura Forzada                            \nMiembros superiores en la gravedad por el espacio reducido del plano de trabajo\n","BIOMECÁNICO","Lumbalgias, Cervicalgias, Mialgias, lesiones y síndromes doloroso, tendinitis, espamos de manos ","Ninguno","Ninguno","Jornadas de pausas activas ",2,4,8,"MEDIO",25,200,"II","ACEPTABLE CON CONTROL ESPECIFICO","NINGUNO ","NINGUNO ","NINGUNO ","* Pausas activas a lo largo de la jornada laboral y sensibilizar sobre su importancia, INS-SIG-202- Instructivo de pausas activas saludables * Realizar seguimiento para el S.V.E  para lesiones osteo musculares. PGR-SIG-205 vigilancia epidemiológica para la prevención de desórdenes musculo-esqueléticos.   \n \n","NO APLICA "]
[null,null,null,null,"SI","Locativo - Infraestructura\nPiso en mal estado gietas \nParedes con humedad\nFiltraciones de agua","CONDICIONES DE SEGURIDAD","Colapso estructural - Hongos- bacterias","Ninguno","Ninguno ","Ninguno ",2,2,4,"BAJO",25,100,"III","MEJORABLE","NINGUNO ","NINGUNO ","Mantenimiento a infraestructura","*Realizar mantenimiento preventivo y correctivo de las instalaciones locativas, con el fin de mejorar las condiciones de trabajo y prevenir  enfermedades a los trabajadores. PRO-SIG-203 PROCEDIMIENTO INSPECCIONES DE SST.                                                                                                               * Mantenimiento de los techos para  evitar  la proliferación de animales control de humedad. \n*Se recomienda erradicar los palomas de las áreas. ","NO APLICA"]
[null,null,null,null,"SI","Postura Forzada                            \nMiembros superiores en la gravedad por el espacio reducido del plano de trabajo\n","BIOMECÁNICO","Lumbalgias, Cervicalgias, Mialgias, lesiones y síndromes doloroso, tendinitis, espamos de manos ","Ninguno","Ninguno","Jornadas de pausas activas ",2,4,8,"MEDIO",25,200,"II","ACEPTABLE CON CONTROL ESPECIFICO","NINGUNO ","NINGUNO ","NINGUNO ","* Pausas activas a lo largo de la jornada laboral y sensibilizar sobre su importancia.  INS-SIG-202 INSTRUCTIVO DE PAUSAS ACTIVAS SALUDABLES.                                                                                                          * Realizar seguimiento para el S.V.E  para lesiones osteo musculares.\n* Se recomienda  revisar la posibilidad de contar con un plano de trabajo en \"L\" que garantice que la manos, brazo y muñeca permanezcan en linea recta en el momento de digitar. \n","NO APLICA "]
[null,null,null,null,"SI","Locativo - Infraestructura\n\nInstalaciones en mal estado \n(paredes  con humedad)         ","CONDICIONES DE SEGURIDAD","Bacterias,  hongos, enfermedades respiratorias ","Ninguno","Ninguno ","Ninguno ",2,2,4,"BAJO",25,100,"III","MEJORABLE","NINGUNO ","NINGUNO ","Mantenimiento a infraestructura","* Se recomienda un programa de mantenimiento de instalaciones para el control de humedad. \n* Mantenimiento de las paredes para el control de humedad  de las áreas comunes. ","NO APLICA"]
[null,null,null,null,"SI","Locativo\nCondiciones de orden y aseo \nSillas del pasillo en  estado critico de limpieza ","CONDICIONES DE SEGURIDAD","Gérmenes, bacterias, Contaminación del área ","Ninguno","Ninguno","Ninguno",2,2,{"$f":"+L74*M74","v":4},{"$f":"IF(N74>=24,\"MUY ALTO\",IF(N74>=10,\"ALTO\",IF(N74>=6,\"MEDIO\",\"BAJO\")))","v":"BAJO"},25,{"$f":"+N74*P74","v":100},{"$f":"IF(Q74>=600,\"I\",IF(Q74>=150,\"II\",IF(Q74>=40,\"III\",IF(Q74>=20,\"IV\"))))","v":"III"},{"$f":"IF(Q74>=600,\"NO ACEPTABLE\",IF(Q74>=150,\"ACEPTABLE CON CONTROL ESPECIFICO\",IF(Q74>=40,\"MEJORABLE\",IF(Q74>=20,\"ACEPTABLE\"))))","v":"MEJORABLE"},"NINGUNO ","NINGUNO ","NINGUNO ","*Se recomienda mantenimiento preventivo (lavado, limpieza y desinfección) de las sillas  para evitar contaminación en el área  y la proliferación de material particulado, bacterias. Jornada de orden y aseo.  PGR-SIG-204 ORDEN Y ASEO.    ","NO APLICA"]
[null,null,null,null,"SI","Público\n(Robos - Atracos - Asaltos)","CONDICIONES DE SEGURIDAD","*Golpes\n*Agresiones verbales y físicas \n*Atentados violentos\n*Heridas\n*Muerte","Ninguno","Ninguno","Recomendación en inducción y reinducción",2,2,4,"BAJO",100,400,"II","ACEPTABLE CON CONTROL ESPECIFICO","NO APLICA","NO APLICA","Instalar cámaras de vigilancia en la sede. ","*Socializar los planes contingencia para diferentes situaciones  de emergencia específicamente riesgo público. PLA-SIG-204 PLAN DE PREVENCIÓN, PREPARACIÓN Y RESPUESTA ANTE EMERGENCIAS.      ","NO APLICA"]
[null,null,null,null,"SI","Público\n(Agresiones verbales - Actos Violentos)","CONDICIONES DE SEGURIDAD","*Golpes\n*Agresiones verbales y físicas \n*Atentados violentos\n*Heridas\n*Muerte","Ninguno","Ninguno","Recomendación en inducción y reinducción",2,2,4,"BAJO",100,400,"II","ACEPTABLE CON CONTROL ESPECIFICO","NO APLICA","NO APLICA","Instalar cámaras de vigilancia en la sede. ","*Socializar los planes contingencia para diferentes situaciones  de emergencia específicamente riesgo público. PLA-SIG-204 PLAN DE PREVENCIÓN, PREPARACIÓN Y RESPUESTA ANTE EMERGENCIAS. ","NO APLICA"]
[null,null,null,null,"SI","Público\n(Inseguridad por actos delictivos en los alrededores de la sede)","CONDICIONES DE SEGURIDAD","*Golpes\n*Agresiones verbales y físicas \n*Atentados violentos\n*Heridas\n*Muerte","Ninguno","Hay vigilancia permanente en la puerta de acceso del edificio. \n\nHay cámara de vigilancia en el primer y segundo piso. ","Recomendación en inducción y reinducción",2,2,4,"BAJO",100,400,"II","ACEPTABLE CON CONTROL ESPECIFICO","NO APLICA","NO APLICA","Instalar cámaras de vigilancia en todos los pisos de la sede. ","*Socializar los planes contingencia para diferentes situaciones  de emergencia específicamente riesgo público. PLA-SIG-204 PLAN DE PREVENCIÓN, PREPARACIÓN Y RESPUESTA ANTE EMERGENCIAS. ","NO APLICA"]
[null,null,null,null,"SI","Radiaciones no ionizantes                       (Exposición a luz solar que ingresa por ventanales a la mayoría de los puestos de trabajo)","FÍSICO ","*Cáncer de piel\n*Quemadura solar\n*Insolación \n*Foto envejecimiento cutáneo \n *Foto carcinogénesis\n*Alteraciones oculares","No aplica","No hay","Uso de EPP\n(Camisa manga larga - Casco - Guantes - Jean)",2,2,4,"BAJO",25,100,"III","MEJORABLE","N.A","N.A","*Se recomienda instalar película de seguridad en los ventanales ","NO APLICA","NO APLICA"]
[null,null,null,null,"NO","Sismo - Temblores                  ","FENÓMENOS NATURALES","*Daños materiales (Pérdida total)\n*Heridas y lesiones graves\n*Accidentes de trabajo \n*Muerte","No hay","hay elementos para atención de emergencias en caso de requerirse","Capacitación  en actuación ante emergencias ",2,2,4,"BAJO",100,400,"II","ACEPTABLE CON CONTROL ESPECIFICO","NO SE REQUIERE","NO SE REQUIERE","NO SE REQUIERE","*Se recomienda realizar estudio de vulnerabilidad y sismo resistencia de las instalaciones. \n*Capacitar al personal en actuación ante emergencias. PLA-SIG-204 PLAN DE PREVENCION, PREPARACION Y RESPUESTA ANTE EMERGENCIAS."]
[null,null,null,null,"NO","Erupción volcán machín           ","FENÓMENOS NATURALES","*Daños materiales (Pérdida total)\n*Heridas y lesiones graves\n*Accidentes de trabajo \n*Muerte","No hay","Ninguno","Capacitación  en actuación ante emergencias ",2,2,4,"BAJO",100,400,"II","ACEPTABLE CON CONTROL ESPECIFICO","NO SE REQUIERE","NO SE REQUIERE","NO SE REQUIERE","*Seguir las instrucciones que el departamento suministra para  casos de emergencia por posible erupción del Volcán. PLA-SIG-204 PLAN DE PREVENCION, PREPARACION Y RESPUESTA ANTE EMERGENCIAS.                                                                                         \n*Solicitar capacitación al ente respectivo sobre actuación en caso de erupción del volcán machín. \n*Capacitar en actuación ante emergencias en caso de erupción del volcán machín a todo el personal.  \n*Actualizar plan de emergencias incluyendo el PON por posible erupción del volcán machín y socializar a los trabajadores. "]
[null,null,null,null,"SI","Tecnológico\n(Incendios - Explosiones)\nGenerado dentro de las instalaciones del edificio","CONDICIONES DE SEGURIDAD","Incendios \nQuemaduras de grado 2 y 3\nMuerte","Ninguno","Uso de equipos contra incendio","Personal capacitado en manejo de equipos contra incendios",2,2,4,"BAJO",100,400,"II","ACEPTABLE CON CONTROL ESPECIFICO","NO APLICA","NO APLICA","*Realizar mantenimiento preventivo y correctivo de los equipos eléctricos e instalaciones eléctricas en la sede","*Capacitación en prevención de accidentes de trabajo por riesgo eléctrico. PRO-SIG-205 PROCEDIMIENTO DE INCIDENTES Y ACCIDENTES DE TRABAJO .                                                             \n\n*Continuar con las inspecciones de seguridad enfocado a riesgo eléctrico. PRO-SIG-203 PROCEDIMIENTO INSPECCIONES DE SST.  ","NO APLICA"]
[null,null,null,null,"SI","Postura mantenida                          (Bípeda)","BIOMECÁNICO","*Cansancio\n*Fatiga en miembros inferiores y en las articulaciones\n*Aparición de vena varice\n*Edema en los pies \n*Dolor lumbar ","No aplica","No aplica","Realiza varias tareas, lo que permite cambios de posición\n\nExámenes ocupacionales periódicos",2,4,8,"MEDIO",25,200,"II","ACEPTABLE CON CONTROL ESPECIFICO","NO APLICA","NO APLICA","NO APLICA","*Solicitar a la empresa contratista realizar re inducción en higiene postural, gimnasia laboral y pausas activas. INS-SIG-202 INSTRUCTIVO DE PAUSAS ACTIVAS SALUDABLES                                                  \n*Continuar con las actividades del sistema de vigilancia epidemiológico  para prevención de desordenes musculo esqueléticas asociadas al peligro biomecánico .                                                                                  ","No aplica"]
[null,null,null,null,"SI","Público\n(Robos - Atracos - Asaltos - Agresiones verbales - Actos Violentos)","CONDICIONES DE SEGURIDAD","*Golpes\n*Agresiones verbales y físicas \n*Atentados violentos\n*Heridas\n*Muerte","Ninguno","Cámaras de seguridad en el primer piso","Recomendación en inducción y reinducción",2,2,4,"BAJO",100,400,"II","ACEPTABLE CON CONTROL ESPECIFICO","NO APLICA","NO APLICA","Instalar cámaras de vigilancia en todos los pisos de la sede. ","*Socializar los planes contingencia para diferentes situaciones  de emergencia específicamente riesgo público. PLA-SIG-204 PLAN DE PREVENCIÓN, PREPARACIÓN Y RESPUESTA ANTE EMERGENCIAS. ","NO APLICA"]
[null,null,null,null,"SI","Virus \n","BIOLÓGICO","Malestar general","Ninguno","Limpieza y desinfección de áreas de trabajo   y en casa,  Control de aforo, señalización de advertencia.","Distanciamiento    físico, uso de mascarilla, lavado de manos constante.",2,2,4,"BAJO",25,100,"III","MEJORABLE","N.A","N.A","Trabajo en casa , diseño puestos de trabajo cumpliendo con el distanciamiento social, lavamanos y puntos de desinfección.","*Promover frecuentemente el lavado de manos en personal de planta, contratistas y visitantes. En caso de no contar con agua y jabón, se debe proveer con desinfectantes para manos (gel antibacterial a base de alcohol).  *Disminución de la densidad laboral en áreas de trabajo o de ocupación de la entidad promoviendo el teletrabajo. *Mantener un stop de EPP  (mascarillas ) para dotación y recambio. *Establecer canales de comunicación individualizados y/o de grupo: correo electrónico, redes sociales, videoconferencia, teléfono para reuniones evitando la presencialidad. *Revisión y análisis de los perfiles epidemiológicos por cargo, estrategias motivación para que los funcionarios se  vacunen.","Uso permanente de mascarilla respiratoria. Uso periódico de productos para limpieza (agua y jabón) y  alcohol al 70%, mono gafas o careta."]
[null,null,null,null,"SI"," Demandas Emocionales: Condiciones de la tarea                             \nLa novedad del entorno de trabajo, situación familiar:  hijos o personas mayores a cargo en el hogar en situación de riesgo, miedo al contagio, aislamiento social y confinamiento, miedos e incertidumbres laborales y socioeconómicos, espacios y recursos compartidos por varias personas ante las mismas circunstancias en sus domicilios, convertir espacios de su hogar en despachos improvisados para poder seguir desempeñando su tarea diaria, valoración subjetiva y objetiva por parte del experto mientras se aplica la batería de riesgo psicosocial.","PSICOSOCIAL","Alteraciones mentales, Ansiedad, depresión, estrés postraumático.","S.V.E. Psicosocial","S.V.E Psicosocial","Intervenciones individuales y grupales, capacitaciones, medidas de afrontamiento, manejo de habilidades sociales.",2,2,4,"BAJO",25,100,"III","MEJORABLE","N.A","N.A","Organización de los puestos de trabajo, lavamanos, dispensadores, cumpliendo con el distanciamiento.","  PROT-SIG-01 PROTOCOLO DE BIOSEGURIDAD","Uso de los elementos de bioseguridad, establecer el compromiso de autocuidado y trabajo seguro."]
[null,null,null,null,"SI","Características de la organización del trabajo\n(Valoración promedio mientras se realiza el proceso de aplicación de baterías de riesgo psicosocial)","PSICOSOCIAL","Alteraciones mentales, Ansiedad, depresión.","SVE. Riesgo Psicosocial","SVE. Riesgo Psicosocial","Intervenciones individuales y grupales, capacitaciones, medidas de afrontamiento, manejo de habilidades sociales.",2,2,4,"BAJO",25,100,"III","MEJORABLE","NO SE REQUIERE","NO SE REQUIERE","NO APLICA","*Aplicación de las baterías de riesgo  psicosocial, para verificar la exposición al peligro.  PGR-SIG-206 VIGILANCIA EPIDEMIOLÓGICO DE RIESGO PSICOSOCIAL.  \nCapacitación en trabajo en equipo y competencias individuales y profesionales.  \n\nAnálisis de carga laboral. PGR-SIG-206 VIGILANCIA EPIDEMIOLÓGICO DE RIESGO PSICOSOCIAL.                                                                                                                                    ","NO SE REQUIERE"]
[null,null,null,null,"SI","Características del grupo social y del trabajo.\n(Está en proceso la evaluación de los factores de riesgo psicosocial)","PSICOSOCIAL","Stress laboral\nAfecciones de salud                                                                                                                                                                                                                                                                                                                                                                                                            Ambientes de trabajo Hostil                                                                                                                                                                                                                                                                                                                                                                                                         Baja Productividad","Cumplimiento de la normatividad ley 1010, resolución 652 y 356, 2646.","Comité de Convivencia Laboral","Capacitaciones en habilidades sociales básicas, resolución de conflictos, liderazgo efectivo.",2,2,4,"BAJO",25,100,"III","MEJORABLE","NO SE REQUIERE","NO SE REQUIERE","NO SE REQUIERE","*Capacitación en habilidades sociales básicas y relaciones interpersonales y comunicación asertiva y efectiva. PRO-SIG-207 MOTIVACIÓN, PARTICIPACIÓN Y CONSULTA.      \n\n*Capacitación en liderazgo efectivo y generación de hábitos del líder. ","NO SE REQUIERE"]
[null,null,null,null,"SI","Gestión Organizacional\n(Está en proceso la evaluación de los factores de riesgo psicosocial aplicación batería de riesgo psicosocial)","PSICOSOCIAL","Stress laboral\nAfecciones de salud                                                                                                                                                                                                                                                                                                                                                                                                                     Productividad- Ausentismo","Plan de Intervención del SVE ","N/A","Intervenciones individuales y grupales, capacitaciones en liderazgo, fortalecimiento de las escuelas de liderazgo.",2,2,4,"BAJO",25,100,"III",{"$f":"IF(Q88>=600,\"NO ACEPTABLE\",IF(Q88>=150,\"ACEPTABLE CON CONTROL ESPECIFICO\",IF(Q88>=40,\"MEJORABLE\",IF(Q88>=20,\"ACEPTABLE\"))))","v":"MEJORABLE"},"NO SE REQUIERE","NO SE REQUIERE","NO SE REQUIERE","Fortalecimiento de las escuelas de liderazgo. PRO-SIG-207 MOTIVACIÓN, PARTICIPACIÓN Y CONSULTA.    ","NO SE REQUIERE"]
[null,null,null,null,"SI","Contenido de la Tarea (Carga de Trabajo)\n(Está en proceso la evaluación de los factores de riesgo psicosocial aplicación batería de riesgo psicosocial)","PSICOSOCIAL","Stress laboral\nAfecciones de salud","S.V.E. Psicosocial","Distribución de la tarea por trabajo en equipo, gestión del tiempo.","Intervenciones individuales y grupales, capacitaciones, medidas de afrontamiento, manejo de habilidades sociales.",2,2,4,"BAJO",25,100,"III",{"$f":"IF(Q89>=600,\"NO ACEPTABLE\",IF(Q89>=150,\"ACEPTABLE CON CONTROL ESPECIFICO\",IF(Q89>=40,\"MEJORABLE\",IF(Q89>=20,\"ACEPTABLE\"))))","v":"MEJORABLE"},"NO SE REQUIERE","NO SE REQUIERE","NO SE REQUIERE","Capacitaciones, manejo del tiempo como recurso, trabajo colaborativo y ayuda percibida.  PRO-SIG-207 MOTIVACIÓN, PARTICIPACIÓN Y CONSULTA.    ","NO SE REQUIERE"]
[null,null,null,null,"SI","Accidentes aéreos                           (En los desplazamientos en avión a otras ciudades)\n","CONDICIONES DE SEGURIDAD","*Muerte \n*Lesiones graves en el cuerpo entero\n*Caída de avión","Ninguno","Ninguno","Ninguno",2,2,4,"BAJO",100,400,"II","ACEPTABLE CON CONTROL ESPECIFICO","NO APLICA","NO APLICA","NO APLICA","*Dar cumplimiento a las normas de seguridad para viajes aéreos. PRO-SIG-205 PROCEDIMIENTO DE INCIDENTES Y ACCIDENTES DE TRABAJO .","NO APLICA"]
[null,null,null,null,"SI","Virus (cambio climatico)\n ","BIOLÓGICO","Malestar general","Ninguno","Limpieza y desinfección de áreas de trabajo   y en casa,  Control de aforo, señalización de advertencia.","Distanciamiento    físico, uso de mascarilla, lavado de manos constante.",2,2,4,"BAJO",25,100,"III","MEJORABLE","NO APLICA","NO APLICA","NO APLICA","  *Promover frecuentemente el lavado de manos en personal de planta, contratistas y visitantes. En caso de no contar con agua y jabón, se debe proveer con desinfectantes para manos (gel antibacterial a base de alcohol).  *Disminución de la densidad laboral en áreas de trabajo o de ocupación de la entidad promoviendo el teletrabajo. *Mantener un stop de EPP  (mascarillas ) para dotación y recambio. *Establecer canales de comunicación individualizados y/o de grupo: correo electrónico, redes sociales, videoconferencia, teléfono para reuniones evitando la presencialidad. *Revisión y análisis de los perfiles epidemiológicos por cargo, estrategias motivación para que los funcionarios se  vacunen.   (PRO-SIG-202 Procedimiento administrativo de elementos EPP)","Uso permanente de mascarilla respiratoria. Uso periódico de productos para limpieza (agua y jabón) y  alcohol al 70%, mono gafas o careta."]
[null,null,null,null,"NO","Largas Jornadas Laborales y ausencia de descanso con altas temperaturas y radiciones altas por factor del CAMBIO CLIMATICO.","PSICOSOCIAL","Estrés, agotamiento por trabajo continuo, cansacio, fatiga, angustia, ansiedad, poca concentración y atención, somnolencia.","Ninguno","Ninguno","PVE- Riesgo psicosocial",2,2,4,"BAJO",25,100,"III","MEJORABLE","NO APLICA","NO APLICA","NO APLICA","Introducir una rutina de tiempos detrabajo y de descanso para aquellos\ntrabajadores/as que estén expuestos a ambientes calurosos, Formación en primeros auxilios, para que puedan\nreconocer y tratar los primeros síntomas de desórdenes de salud ocasionados por una\nexposición a temperaturas extremadamente cálidas., Seguir a diario los boletines\nmeteorológicos y cambiar el horario de trabajo de gran exposición al calor\na horas más frescas del día., En trabajos a campo abierto, crear zonas descanso con carpas, Disponer de agua potable fría en lugares estratégicos y visibles, cercanos al área de trabajo.","NO SE REQUIERE"]
[null,null,null,null,"NO"," Temperaturas\nextremas (calor) porfactor de CAMBIO CLIMATICO","FISICO","Stress termico Agotamiento Mareos  Deshidratación Golpes de calor, lesiones en la piel, insolación, ","No aplica","Ninguno","Ninguno",2,2,4,"BAJO",25,100,"III","MEJORABLE","NO APLICA","NO APLICA","NO APLICA","Todos los funcionarios que realicen desplazamientos fuera de la sede deben apalicar el Estándar de Seguridad \"EST-204\"., se recomienda hidratación continua, alimentación adecuada, Organización de los puestos de trabajo, limplementación de un programa de climatización.Sistemas de ventilación","Ropa de trabajo y equipos de\nprotección adecuados(camisa,\nmanga larga, pantalón largo,\ngorra o sombrero de ala ancha).\nSaber que la ropa protectora o el\nequipo de protección personal\npuede aumentar el riesgo del\nestrés por calor."]
[null,null,null,null,"NO"," Temperaturas\nextremas (calor Radiaciones No ionizantes) porfactor de CAMBIO CLIMATICO","FISICO","Stress termico Agotamiento Mareos  Deshidratación Golpes de calor, lesiones en la piel, dolor de cabeza.","No aplica","Ninguno","Protector Solar",2,2,4,"BAJO",25,100,"III","MEJORABLE","NO APLICA","NO APLICA","NO APLICA","Todos los funcionarios que realicen desplazamientos fuera de la sede deben apalicar el Estándar de Seguridad \"EST-204\"., se recomienda hidratación continua, alimentación adecuada, Organización de los puestos de trabajo, limplementación de un programa de climatización.Sistemas de ventilación","Ropa de trabajo y equipos de\nprotección adecuados(camisa,\nmanga larga, pantalón largo,\ngorra o sombrero de ala ancha).\nSaber que la ropa protectora o el\nequipo de protección personal\npuede aumentar el riesgo del\nestrés por calor."]
[null,null,null,null,"NO","Inalación de Humos y Vapores\n (Incendios Forestales )por factor CAMBIO CLIMATICO","QUÍMICO","Asfixia, Dificultad para respirar, Ardor en los ojos, conjuntivitis, Alergias, Tos, irritación de la garganta, dolor de cabeza.","No aplica","Ninguno","Ninguno",2,2,4,"BAJO",25,100,"III","MEJORABLE","NO APLICA","NO APLICA","NO APLICA","Aplicación PON para el manejo de incendios forestales, ver PLAN DE MERGENCIA PLA-SIG 204.","NO SE REQUIERE"]
[null,null,"PELIGROS QUE APLICAN A TRABAJO EN CASA",null,"SI","Postura Prolongada \n(Postura sedente más del 75% de la jornada laboral en trabajo con video terminales)","BIOMECÁNICO","*Dolor lumbar inespecífico\n*Espasmos musculares","Ninguno","Ninguno","Ninguno",2,4,8,"MEDIO",25,200,"II","ACEPTABLE CON CONTROL ESPECIFICO","NO APLICA","NO SE REQUIERE","NO SE REQUIERE","*Realizar visitas virtuales por parte del Grupo de SST para capacitar en higiene postural en casa.\n\n*Realizar pausas activas en el área. INS-SIG-202 INSTRUCTIVO DE PAUSAS ACTIVAS SALUDABLES                                                            \n\n*Continuar con las actividades del programa de vigilancia epidemiológico  para prevención de desordenes musculo esqueléticas asociadas al peligro biomecánico, para trabajo en casa.                                                                               ","NO APLICA"]
[null,null,null,null,"SI","Movimientos repetitivos  \n(Digitación - Escanear)","BIOMECÁNICO","Lesiones por trauma acumulativo en miembro superiores ( STC).\nSíndrome de Quervain","Ninguno","Ninguno","Ninguno",2,4,8,"MEDIO",25,200,"II","ACEPTABLE CON CONTROL ESPECIFICO","NO SE REQUIERE","NO SE REQUIERE","NO SE REQUIERE","*Se recomienda la implementación permanente de pausas activas durante la jornada laboral.  INS-SIG-202 INSTRUCTIVO DE PAUSAS ACTIVAS SALUDABLES                                                                                                                                                ","NO APLICA"]
[null,null,null,null,"SI","Radiaciones No ionizantes                                   (Exposición permanente a pantallas del computador)","FÍSICO ","*Fatiga visual","Ninguno","Ninguno","Ninguno",2,2,4,"BAJO",25,100,"III","MEJORABLE","NO APLICA","NO SE REQUIERE","NO SE REQUIERE","*Se recomienda la implementación permanente de pausas activas durante la jornada laboral. INS-SIG-202 INSTRUCTIVO DE PAUSAS ACTIVAS SALUDABLES                                                                                                                                             ","NO APLICA"]
[null,null,null,null,"NO","Locativo                                                                              (Cableado eléctrico desordenado en la zona adecuada para puesto de trabajo)","CONDICIONES DE SEGURIDAD","*Se potencializa el riesgo de accidentes por caídas. ","Ninguno","Ninguno","Ninguno",2,2,4,"BAJO",25,100,"III","MEJORABLE","NO APLICA","NO SE REQUIERE","Se recomienda agrupar el cableado eléctrico faltante, utilizando espiral porta cable u otro mecanismo de canalización. ","Realizar inspecciones de seguridad para verificar estado de cableado del  área. PRO-SIG-203 PROCEDIMIENTO INSPECCIONES DE SST.       ","NO APLICA"]
[null,null,null,null,"NO","Picaduras - Mordeduras                             (Presencia de vectores e insectos dentro de la vivienda o zona destinada para laborar).","BIOLÓGICO","Infecciones","Ninguno","Ninguno","Ninguno",2,2,4,"BAJO",25,100,"III","MEJORABLE","NO APLICA","NO APLICA","NO APLICA","* realizar una correcta inspección del área de trabajo para garantizar la NO presencia de vectores o insectos ponzoñoso. PRO-SIG-203 PROCEDIMIENTO INSPECCIONES DE SST.                                                                                       Evitar las zona con acumulación de aguas estancadas","NO APLICA"]
[null,null,null,null,"SI","Virus y Bacterias\n (Exposición a virus y bacterias debido al uso de superficies húmedas como baños, lavamanos y lavaplatos alberca)","BIOLÓGICO","*Dermatosis\n*Reacciones alérgicas\n*Enfermedades infecciosas\n*Infecciones respiratorias","Ninguno","Ninguno","Ninguno",2,2,4,"BAJO",25,100,"III","MEJORABLE","NO APLICA","NO APLICA","NO APLICA","*Capacitar a los trabajadores en auto cuidado y la importancia del uso de los EPP. PRO-SIG-202 PROCEDIMIENTO ADMINISTRACIÓN DE ELEMENTOS DE EPP.   ","*Uso de EPP (Guantes - Tapa bocas)"]
[null,null,null,null,"NO","Material particulado \n(Polvo en los documentos)","QUÍMICOS","*Enfermedades respiratorias\n*Infecciones virales \n*Alergias ","Ninguno","Ninguno","Ninguno",2,2,4,"BAJO",25,100,"III","MEJORABLE","NO APLICA","NO APLICA","NO APLICA","*Realizar seguimiento del uso de los elementos de protección personal (Tapa bocas), cuando manipule archivo con polvo. PRO-SIG-202 PROCEDIMIENTO ADMINISTRACIÓN DE ELEMENTOS DE EPP.                                                             ","Suministrar tapa bocas para el desarrollo de la labor. "]
[null,null,null,null,"NO","Uso de elementos de desinfección\n(alcohol, gel antibactarial)","QUÍMICOS","\n*Alergias en piel o vías respiratorias.\n* Quemaduras ","Ninguno","Ninguno","Ninguno",2,2,4,"BAJO",25,100,"III","MEJORABLE","NO APLICA","NO APLICA","NO APLICA","*Realizar seguimiento del uso de los elementos de protección personal (Tapa bocas), cuando manipule archivo con polvo. PRO-SIG-202 PROCEDIMIENTO ADMINISTRACIÓN DE ELEMENTOS DE EPP.                                                              ","Suministrar tapa bocas para el desarrollo de la labor. "]
[null,null,null,null,"SI","Mecánico                                         (Manejo de Equipos y elementos de Oficina)","CONDICIONES DE SEGURIDAD","*Traumas de tejidos blandos (Laceración, contusión, heridas superficiales, etc.)       ","Ninguno","Ninguno","Ninguno",2,2,4,"BAJO",25,100,"III","MEJORABLE","NO SE REQUIERE","NO SE REQUIERE","NO SE REQUIERE","*Continuar con el uso adecuado de los elementos de trabajo, realizar cambio de los elementos que se observen en mal estado. PRO-SIG-203 PROCEDIMIENTO INSPECCIONES DE SST.      ","NO APLICA"]
[null,null,null,null,"SI","Deficiente ventilación (Las ventanas y persianas deben permanecer cerradas para evitar el ingreso de rayos solares)","FÍSICO                              ","*Disconfort por calor ambiental permanente","Ninguno","Ninguno","Ninguno",2,2,4,"BAJO",25,100,"III","MEJORABLE","NO APLICA","NO SE REQUIERE","NO SE REQUIERE","Se recomienda contar con un área de ventilación natural o con ventilación artificial como ventiladores. PRO-SIG-203 PROCEDIMIENTO INSPECCIONES DE SST.    ","NO APLICA"]
[null,null,null,null,"SI","Manipulación y desplazamiento de cargas\n(Documentos y cajas)","BIOMECÁNICO","Lesiones en columna\nEnfermedad discal\nEnfermedad lumbar ","Ninguno","Ninguno","Ninguno",2,4,8,"MEDIO",25,200,"II","ACEPTABLE CON CONTROL ESPECIFICO","NO SE REQUIERE","NO SE REQUIERE","NO SE REQUIERE","* Practicar higiene postural para el manejo de cargas. Evitar levantar mas de 10 Kg mujeres y 20 Kg Hombres. VIGILANCIA EPIDEMIOLÓGICA PARA LA PREVENCION DE DESÓRDENES MUSCULO-ESQUELÉTICOS.      ","NO APLICA"]
[null,null,null,null,"SI","Iluminación\n(Deficiente de iluminación natural o artificial en el sitio adecuado para laboral dentro de la vivienda)                                             ","FÍSICO ","*Fatiga visual","Ninguno","Ninguno","Ninguno",2,2,4,"BAJO",25,100,"III","MEJORABLE","NO APLICA","Se recomienda adecuar zona de trabajo en lugar con iluminación adecuada (que no sea excesiva o deficiente). ","NO SE REQUIERE","Se recomienda adecuar el sitio de trabajo con iluminación adecuada.PRO-SIG-203 PROCEDIMIENTO INSPECCIONES DE SST.    ","NO APLICA"]
[null,null,null,null,"NO","Locativo\nSuperficies de trabajo  irregulares y  desniveladas, escaleras                                 (Desplazamiento en la vivienda)","CONDICIONES DE SEGURIDAD","*Golpes \n*Caídas\n*Fracturas","Ninguno","Ninguno","Ninguno",2,2,4,"BAJO",25,100,"III","MEJORABLE","NO APLICA","NO APLICA","NO APLICA","*Se recomienda uso de calzado adecuado y de tacón bajo según el área a visitar, con el fin de evitar caídas. PGR-SIG-201 ESTILOS DE VIDA Y TRABAJO SALUDABLES.             ","Uso de calzado bajo "]
[null,null,null,null,"SI","Virus ","BIOLÓGICO","Malestar general","Ninguno","Ninguno","Ninguno",2,2,4,"BAJO",25,100,"III","MEJORABLE","N.A","N.A","Trabajo en casa ","   *Promover frecuentemente el lavado de manos en personal de planta, contratistas y visitantes. En caso de no contar con agua y jabón, se debe proveer con desinfectantes para manos (gel antibacterial a base de alcohol).  *Disminución de la densidad laboral en áreas de trabajo o de ocupación de la entidad promoviendo el teletrabajo. *Mantener un stop de EPP  (mascarillas ) para dotación y recambio. *Establecer canales de comunicación individualizados y/o de grupo: correo electrónico, redes sociales, videoconferencia, teléfono para reuniones evitando la presencialidad. *Revisión y análisis de los perfiles epidemiológicos por cargo.","Uso permanente de mascarilla respiratoria. Uso periódico de productos para limpieza (agua y jabón) y  alcohol al 70%, mono gafas o careta."]
[null,null,null,null,"SI","Público\n(Robos - Atracos - Asaltos - Agresiones verbales - Actos Violentos)","CONDICIONES DE SEGURIDAD","*Golpes\n*Agresiones verbales y físicas \n*Atentados violentos\n*Heridas\n*Muerte","Ninguno","Ninguno","Ninguno",2,2,4,"BAJO",100,400,"II","ACEPTABLE CON CONTROL ESPECIFICO","NO APLICA","NO APLICA","NO APLICA","*Socializar los planes contingencia para diferentes situaciones  de emergencia específicamente riesgo público. PLA-SIG-204 PLAN DE PREVENCIÓN, PREPARACIÓN Y RESPUESTA ANTE EMERGENCIAS.      ","NO APLICA"]
[null,null,null,null,"NO","Erupción volcán Machín","FENÓMENOS NATURALES","Erupción del Volcán Machín","Ninguno","Ninguno","Ninguno",2,2,4,"BAJO",25,100,"III","MEJORABLE","NO APLICA","NO APLICA","NO APLICA","Tener en cuenta las recomendaciones dadas en los medios de comunicación de la alcaldía y recomendaciones en el video del ejercicio de la simulación  el día nacional del simulacro. PLA-SIG-204 PLAN DE PREVENCIÓN, PREPARACIÓN Y RESPUESTA ANTE EMERGENCIAS.  ","NO APLICA"]
[null,null,null,null,"NO","Sismo - Terremoto","FENÓMENOS NATURALES","Erupción del Volcán Machín","Ninguno","Ninguno","Ninguno",2,2,4,"BAJO",25,100,"III","MEJORABLE","NO APLICA","NO APLICA","NO APLICA","Tener en cuenta las recomendaciones dadas en los medios de comunicación de la alcaldía y recomendaciones en el video del ejercicio de la simulación  el día nacional del simulacro. PLA-SIG-204 PLAN DE PREVENCIÓN, PREPARACIÓN Y RESPUESTA ANTE EMERGENCIAS.      ","NO APLICA"]

{"sheet":"BIBLIOTECA INES ROJAS LUNA","index":39,"n_rows":112,"n_cols":24,"rows_kept":112,"cut":false,"hidden":true,"merged":[[69,2,94,3],[95,2,111,3],[40,2,68,2],[40,3,65,3],[40,4,65,4],[66,3,68,3],[66,4,68,4],[8,2,39,2],[8,3,22,3],[8,4,22,4],[23,3,39,3],[23,4,39,4],[5,2,5,3],[5,4,5,23],[6,2,7,2],[6,3,7,3],[6,4,7,4],[6,5,6,6],[6,7,7,7],[6,8,6,10],[6,11,6,17],[6,19,6,23],[0,2,3,2],[0,3,1,21],[0,23,3,23],[2,3,3,21],[4,20,4,21],[4,22,4,23]]}
[null,null,null,"PROCESO: SISTEMA INTEGRADO DE GESTIÓN",null,null,null,null,null,null,null,null,null,null,null,null,null,null,null,null,null,null,"Código: FOR-221-PRO-SIG"]
[null,null,null,null,null,null,null,null,null,null,null,null,null,null,null,null,null,null,null,null,null,null,"Versión: 04"]
[null,null,null,"FORMATO: \nIDENTIFICACIÓN DE PELIGROS, EVALUACIÓN Y VALORACIÓN DE LOS RIESGOS \nALCALDÍA MUNICIPAL DE IBAGUÉ",null,null,null,null,null,null,null,null,null,null,null,null,null,null,null,null,null,null,"Fecha: 27/05/2022"]
[null,null,null,null,null,null,null,null,null,null,null,null,null,null,null,null,null,null,null,null,null,null,"Página: 1 de 1 "]
[null,null,"FECHAS DE ACTUALIZACIÓN: ","2019-02-22","2019-03-09","2019-09-02","2019-09-11","2019-09-24","2019-10-30","2020-07-22","2021-04-09","2022-05-27","2023-07-07","2024-06-28"]
[null,null,"PROCESO:",null,"BIBLIOTECA INES ROJAS LUNA"]
[null,null,"1. PROCESO ADMINISTRATIVO / OPERATIVO","2. ACTIVIDADES","3. TAREA RUTINARIO (SI O NO)","PELIGRO",null,"6. EFECTOS POSIBLES\n(Salud - Seguridad)","CONTROLES EXISTENTES",null,null,"EVALUACIÓN DEL RIESGO",null,null,null,null,null,null,"VALORACIÓN DEL RIESGO","MEDIDAS DE INTERVENCIÓN"]
[null,null,null,null,null,"4. DESCRIPCIÓN","5. CLASIFICACIÓN",null,"7. FUENTE","8. MEDIO","9. INDIVIDUO","10. NIVEL DE DEFICIENCIA","11. NIVEL DE EXPOSICIÓN","12. NIVEL DE PROBABILIDAD ND X NE","13. INTERPRETACIÓN DEL NIVEL DE PROBABILIDAD","14. NIVEL DE CONSECUENCIA","15. NIVEL DE RIESGO NR E INTERVENCIÓN","16. INTERPRETACIÓN DEL NR","17. ACEPTABILIDAD DEL RIESGO","18 ELIMINACIÓN","19. SUSTITUCIÓN","20. CONTROLES DE INGENIERIA","21. CONTROLES ADMINISTRATIVOS, SEÑALIZACIÓN, ADVERTENCIA","22. ELEMENTOS DE PROTECCIÓN PERSONAL"]
[null,null,"ADMINISTRATIVO","ACTIVIDAD PLANEACIÓN, ELABORACIÓN Y EJECUCION DE DOCUMENTOS. USO DE HERRAMIENTAS TECNOLOGICAS Y VIDEO TERMINALES. INTERACCIONES LABORALES Y ADMINISTRATIVAS (ATENCIÓN AL CIUDADANO; APLICA PARA FUNCIONARIOS DE PLANTA Y/O CONTRATO.)","SI","Postura Forzada                            \nAltura inadecuada de la pantalla visual y posturas inadecuadas por  los apoyabrazos de la silla.","BIOMECÁNICO"," Tendinitis Espamos de manos","Ninguno","Ninguno","Jornadas de pausas activas ",2,4,{"$f":"+L9*M9","v":8},{"$f":"IF(N9>=24,\"MUY ALTO\",IF(N9>=10,\"ALTO\",IF(N9>=6,\"MEDIO\",\"BAJO\")))","v":"MEDIO"},25,{"$f":"+N9*P9","v":200},{"$f":"IF(Q9>=600,\"I\",IF(Q9>=150,\"II\",IF(Q9>=40,\"III\",IF(Q9>=20,\"IV\"))))","v":"II"},{"$f":"IF(Q9>=600,\"NO ACEPTABLE\",IF(Q9>=150,\"ACEPTABLE CON CONTROL ESPECIFICO\",IF(Q9>=40,\"MEJORABLE\",IF(Q9>=20,\"ACEPTABLE\"))))","v":"ACEPTABLE CON CONTROL ESPECIFICO"},"NINGUNO ","NINGUNO ","NINGUNO ","* Pausas activas a lo largo de la jornada laboral y sensibilizar sobre su importancia , INS-SIG-202 INSTRUCTIVO DE PAUSAS ACTIVAS SALUDABLES.                                                                                                                             * Realizar seguimiento para el S.V.E  para lesiones osteo musculares.* Se recomienda  retitar los apoyabrazos de la silla ergonómica. *Se recomienda graduar y elevar la altura de la pantalla visual.  PGR-SIG-205 VIGILANCIA EPIDEMIOLÓGICA PARA LA PREVENCION DE DESÓRDENES MUSCULO-ESQUELÉTICOS.","NO APLICA "]
[null,null,null,null,null,"Postura Forzada                            \nMiembros superiores en la gravedad por el espacio reducido del plano de trabajo\nPortateclado del escritorio \nSilla en mal estado","BIOMECÁNICO","Lumbalgias, Cervicalgias, Mialgias, lesiones y síndromes doloroso, tendinitis, espamos de manos ","Ninguno","Ninguno","Jornadas de pausas activas ",2,4,{"$f":"+L10*M10","v":8},{"$f":"IF(N10>=24,\"MUY ALTO\",IF(N10>=10,\"ALTO\",IF(N10>=6,\"MEDIO\",\"BAJO\")))","v":"MEDIO"},25,{"$f":"+N10*P10","v":200},{"$f":"IF(Q10>=600,\"I\",IF(Q10>=150,\"II\",IF(Q10>=40,\"III\",IF(Q10>=20,\"IV\"))))","v":"II"},{"$f":"IF(Q10>=600,\"NO ACEPTABLE\",IF(Q10>=150,\"ACEPTABLE CON CONTROL ESPECIFICO\",IF(Q10>=40,\"MEJORABLE\",IF(Q10>=20,\"ACEPTABLE\"))))","v":"ACEPTABLE CON CONTROL ESPECIFICO"},"NINGUNO ","NINGUNO ","NINGUNO ","* Pausas activas a lo largo de la jornada laboral y sensibilizar sobre su importancia , INS-SIG-202 INSTRUCTIVO DE PAUSAS ACTIVAS SALUDABLES.                                  INS- SIG-202 INSTRUCTIVO DE PAUSAS ACTIVAS SALUDABLES.                                                                                             * Realizar seguimiento para el S.V.E  para lesiones osteo musculares. PGR-SIG-205 VIGILANCIA EPIDEMIOLÓGICA PARA LA PREVENCION DE DESÓRDENES MUSCULO-ESQUELÉTICOS.\n* Se recomienda  revisar la posibilidad de contar con un plano de trabajo en \"L\" que garantice que la manos, brazo y muñeca permanezcan en linea recta en el momento de digitar. PGR-SIG-205 VIGILANCIA EPIDEMIOLÓGICA PARA LA PREVENCION DE DESÓRDENES MUSCULO-ESQUELÉTICOS.   \n* Se recomienda  retirar el portateclado del escritorio para mejorar la postura del trabajador.\n* Se recomienda cambio de las sillas que se encuentra en mal estado. ","NO APLICA "]
[null,null,null,null,null,"Mecánico                                                     \nManejo de herramientas manuales \n(Grapadora, saca ganchos, perforadora, ganchos legadores)","CONDICIONES DE SEGURIDAD\n","Golpes, heridas, pinchazos, magulladuras de diferentes en los miembros superiores ","Cambio de elementos en mal estado ","Ninguno ","Recomendaciones en inducción",6,2,12,"ALTO",25,300,"II","ACEPTABLE CON CONTROL ESPECIFICO","NINGUNO ","NINGUNO ","NINGUNO ","*Capacitación sobre manejo seguro de herramientas. PLAN ANUAL DE TRABAJO Y PIC.\n*Capacitación en prevención en lesiones de mano PLAN ANUAL DE TRABAJO Y PIC.  PGR-SIG-205 VIGILANCIA EPIDEMIOLÓGICA PARA LA PREVENCION DE DESÓRDENES MUSCULO-ESQUELÉTICOS.   \n*Inspeccionar las diferentes herramientas utilizados en la oficina para labores administrativas. ","NO APLICA"]
[null,null,null,null,null,"Movimientos Repetitivos\n(Sólo las manos, digitación en teclado y uso de mouse)","BIOMECÁNICO","Síndromes túnel del carpo\n\nSíndrome de Quervain","Ninguno","SVE  Biomecánico ","Recomendaciones en inducción",2,4,8,"MEDIO",25,200,"II","ACEPTABLE CON CONTROL ESPECIFICO","NINGUNO ","NINGUNO ","NINGUNO ","*Implementar el programa de pausas activas, específicamente. INS-SIG-202 INSTRUCTIVO DE PAUSAS ACTIVAS SALUDABLES.                         *Continuar con la implementación del Sistema de vigilancia epidemiológico osteomuscular. PGR-SIG-205 VIGILANCIA EPIDEMIOLÓGICA PARA LA PREVENCION DE DESÓRDENES MUSCULO-ESQUELÉTICOS.   \n","NO APLICA"]
[null,null,null,null,null,"Posturas Prolongadas                    \nPosición sedente la mayor parte de la jornada laboral","BIOMECÁNICO","Lumbalgias, Cervicalgias, Mialgias, lesiones y síndromes dolorosos","Ninguno","Ninguno","Ninguno",2,4,8,"MEDIO",25,200,"II","ACEPTABLE CON CONTROL ESPECIFICO","NINGUNO ","NINGUNO ","NINGUNO ","*Acondicionar los puestos de trabajo dando cumplimiento a las recomendaciones ergonómicas  \"Biomecánicas\", para lo cual, se deben cumplir los requisitos ergonómicos para trabajos con video terminales, por lo tanto, se debe adecuar la altura y ubicación de las pantallas. PGR-SIG-205 VIGILANCIA EPIDEMIOLÓGICA PARA LA PREVENCION DE DESÓRDENES MUSCULO-ESQUELÉTICOS.  \n*Capacitación en  higiene postural, ergonomía en oficina, gimnasia laboral y pausas activas.           ","NO APLICA"]
[null,null,null,null,null,"Postura Forzada                            \nAltura inadecuada de la pantalla visual  por el portátil ","BIOMECÁNICO"," Tendinitis Espamos de manos","Ninguno","Ninguno","Jornadas de pausas activas ",2,4,8,"MEDIO",25,200,"II","ACEPTABLE CON CONTROL ESPECIFICO","NINGUNO ","NINGUNO ","NINGUNO ","* Pausas activas a lo largo de la jornada laboral y sensibilizar sobre su importancia , INS-SIG-202 INSTRUCTIVO DE PAUSAS ACTIVAS SALUDABLES.                                                                                                          * Realizar seguimiento para el S.V.E  para lesiones osteo musculares.a. *Se recomienda graduar y elevar la altura de la pantalla visual para mejorar posturas de los puestos de trabajo con portátil.  PGR-SIG-205 VIGILANCIA EPIDEMIOLÓGICA PARA LA PREVENCION DE DESÓRDENES MUSCULO-ESQUELÉTICOS.             ","*Se recomienda elementos de confort: Base portátil, apoyapiés, teclado adicional "]
[null,null,null,null,null,"Públicos                                                     \nAgresiones verbales con la atención de usuarios, estudiantes,  ","CONDICIONES DE SEGURIDAD","Heridas, Muerte, estrés laboral","Ninguno","Ninguno ","Recomendaciones en inducción",2,2,4,"BAJO",100,400,"II","ACEPTABLE CON CONTROL ESPECIFICO","NINGUNO ","NINGUNO ","NINGUNO ","*Diseñar e implementar  planes contingencia para diferentes situaciones  de emergencia. PLA-SIG-204 PLAN DE PREVENCIÓN, PREPARACIÓN Y RESPUESTA ANTE EMERGENCIAS.            \n* Continuar con la vigilancia física del centro de trabajo. \n* Capacitaciones para intervenir el riesgo.  PLAN ANUAL DE TRABAJO Y PIC.","NO APLICA "]
[null,null,null,null,null,"Locativo                             \nCableado del internet y de tomas electricas expuestos","CONDICIONES DE SEGURIDAD","Se potencializa el riesgo de incendio y accidentes por caídas, chispas, conatos de incendios ","Ninguno","Ninguno","Recomendaciones en inducción",2,2,4,"BAJO",25,100,"III","MEJORABLE","NINGUNO ","NINGUNO ","NINGUNO ","*Agrupar el cableado eléctrico, utilizando espiral porta cable  y/o canaleta. * Jornadas de orden y aseo. PGR-SIG-204 orden y aseo.  * Capacitaciones en caídas al mismo nivel. PGR-SIG-203-programa protección contra caídas. \n","NO APLICA"]
[null,null,null,null,null,"Locativo                             \nCableado del computador expuesto debajo del escritorio","CONDICIONES DE SEGURIDAD","Se potencializa el riesgo de incendio y accidentes por caídas, chispas, conatos de incendios ","Ninguno","Ninguno","Recomendaciones en inducción",2,2,4,"BAJO",25,100,"III","MEJORABLE","NINGUNO ","NINGUNO ","NINGUNO ","*Agrupar el cableado eléctrico, utilizando espiral porta cable  y/o canaleta.         * Jornadas de orden y aseo.   PGR-SIG-204 ORDEN Y ASEO.                               * Capacitaciones en caídas al mismo nivel.  PGR-SIG-203-PROGRAMA PROTECCIÓN CONTRA CAÍDAS.    \n","NO APLICA"]
[null,null,null,null,null,"Locativo\nEstanteria sin anclar a la pared","CONDICIONES DE SEGURIDAD","*Golpes\n*Contusión \n*Traumas \n*Heridas                                                                                                                                                                                                                                                                                                                                        Caídas de objetos                                                                                                                                                                                                                                                                                                                           accidentes e incidentes de trabajo","Ninguno","Ninguno","Ninguno",2,2,4,"BAJO",25,100,"III","MEJORABLE","NO APLICA","NO APLICA","NO APLICA","Se recomienda anclaje de toda la estanteria que se encuentra  en la biblioteca,  para evitar accidentes  con los niños, usuarios y la bibliotecaria","NO APLICA"]
[null,null,null,null,null,"Eléctrico                        \nToma eléctrica dañada  con potencial   de corto circuito ","CONDICIONES DE SEGURIDAD ","Potencializa el riesgo de incendio. Quemaduras, cortos circuitos ","Ninguno","Ninguno ","Recomendaciones en inducción",2,2,4,"BAJO",25,100,"III","MEJORABLE","NINGUNO ","NINGUNO ","Mantenimiento a instalaciones eléctricas "," * Jornadas de orden y aseo.  PGR-SIG-204 ORDEN Y ASEO.  \n * Mantenimiento de las tomas eléctricas  del área de portería.","NO APLICA"]
[null,null,null,null,null,"Inundación  \nProblemas de goteras y desnivel del piso que permite el ingreso de agua en condiciones lluviosas ","FENÓMENOS NATURALES ","Ingreso de agua en el área   ","Ninguno","Ninguno ","Plan de emergencia y brigadistas ",2,2,4,"BAJO",25,100,"III","MEJORABLE","NINGUNO ","NINGUNO ","NINGUNO ","* Se recomienda un programa de mantenimiento de instalaciones para el control de humedad. PRO-SIG-203 PROCEDIMIENTO INSPECCIONES DE SST.     \n* Mantenimiento y/o cambio de la puerta de portería. ","NO APLICA"]
[null,null,null,null,null,"Disconfort Térmico - Exposición a temperaturas altas   por  concentración  de usuarios. ","FÍSICO","Disconfort térmico,   Alergias, afecciones respiratorias, cefaleas tensionales . ","Ninguno","Ninguno ","Ninguno ",2,2,4,"BAJO",25,100,"III","MEJORABLE","NINGUNO ","NINGUNO ","*Se recomienda  revisar la posibilidad de instalar en el área aire acondicionado. ","* Se recomienda   dotar de puntos de hidratación (Botellones de agua)  para los funcionarios. \n* Se recomienda  ventiladores personales. ","NO APLICA "]
[null,null,null,null,null,"Disconfort Térmico - Exposición a temperaturas altas  extremas  por la inadecuada  concentración  de usuarios. ","FÍSICO","Disconfort térmico,   Alergias, afecciones respiratorias, cefaleas tensionales . ","Ninguno","Ninguno ","Ninguno ",2,2,4,"BAJO",25,100,"III","MEJORABLE","NINGUNO ","NINGUNO ","*Se recomienda  revisar la posibilidad de instalar en el área aire acondicionado. ","* Se recomienda   dotar de puntos de hidratación (Botellones de agua)  para los funcionarios. PRO-SIG-203 PROCEDIMIENTO INSPECCIONES DE SST.     \n* Se recomienda  ventiladores personales. ","NO APLICA "]
[null,null,null,null,null,"Ruido\n Ambiental producido por los usuarios ","FÍSICO","* Dolor  de cabeza,\n* poca concentración, \n*zumbidos  en los oídos   \n* Cefaleas tensionales ","Ninguno","Ninguno","Exámenes Médicos ocupacionales",2,2,4,"BAJO",25,100,"III","MEJORABLE","NINGUNO ","NINGUNO ","NINGUNO ","*Continuar con la realización de evaluaciones  medicas ocupacionales (ingreso, periódicos y egreso. PRO-SIG-201 PROCEDIMIENTO EXÁMENES OCUPACIONALES.    \n* Realizar pausa activa durante la jornada laboral una vez en la mañana y una vez en la tarde ( Si el  usuario l lo permite). INS-SIG-202 INSTRUCTIVO DE PAUSAS ACTIVAS SALUDABLES.\n*Campañas  educativas con estudiantes de la conservación de la voz . \n","NO APLICA"]
[null,null,null,"TRANSFERENCIAS DOCUMENTALES. MANEJO DE CORRESPONDENCIA. ACTIVIDAD MANEJO DE ARCHIVO. REGISTRO, INVENTARIO Y CONTROL DE PRÉSTAMO DE LOS LIBROS; APLICA PARA FUNCIONARIOS DE PLANTA Y/O CONTRATO. ","SI","Mecánico                                                     \nManejo de herramientas manuales \n(Grapadora, saca ganchos, perforadora, ganchos legadores)","CONDICIONES DE SEGURIDAD\n","Golpes, heridas, pinchazos, magulladuras de diferentes en los miembros superiores ","Cambio de elementos en mal estado ","Ninguno ","Recomendaciones en inducción",2,2,4,"BAJO",25,100,"III","MEJORABLE","NINGUNO ","NINGUNO ","NINGUNO ","*Capacitación sobre manejo seguro de herramientas. \n*Capacitación en prevención en lesiones de mano. PRO-SIG-205 PROCEDIMIENTO DE INCIDENTES Y ACCIDENTES DE TRABAJO . \n*Inspeccionar las diferentes herramientas utilizados en la oficina para labores administrativas. ","NO APLICA"]
[null,null,null,null,null,"Postura Forzada                            Miembros superiores en la gravedad por el espacio reducido del plano de trabajo\n","BIOMECÁNICO","Lumbalgias, Cervicalgias, Mialgias, lesiones y síndromes doloroso, tendinitis, espamos de manos ","Ninguno","Ninguno","Jornadas de pausas activas ",2,4,8,"MEDIO",25,200,"II","ACEPTABLE CON CONTROL ESPECIFICO","NINGUNO ","NINGUNO ","NINGUNO ","* Pausas activas a lo largo de la jornada laboral y sensibilizar sobre su importancia , INS-SIG-202 INSTRUCTIVO DE PAUSAS ACTIVAS SALUDABLES.                                                                                                          * Realizar seguimiento para el S.V.E  para lesiones osteo musculares.\n* Se recomienda  revisar la posibilidad de contar con un plano de trabajo en \"L\" que garantice que la manos, brazo y muñeca permanezcan en linea recta en el momento de digitar. \n","NO APLICA "]
[null,null,null,null,null,"Locativo \nTechos en mal estado \nProblemas de humedad ","CONDICIONES DE SEGURIDAD","Colapso estructural - Hongos- bacterias","Ninguno","Ninguno ","Ninguno ",2,2,4,"BAJO",25,100,"III","MEJORABLE","NINGUNO ","NINGUNO ","NINGUNO ","*Realizar mantenimiento preventivo y correctivo de las instalaciones locativas, con el fin de mejorar las condiciones de trabajo y prevenir  enfermedades a los trabajadores. PRO-SIG-203 PROCEDIMIENTO INSPECCIONES DE SST.                                                                                                              * Mantenimiento de los techos para  evitar  la proliferación de animales ( murciélagos- palomas) y control de humedad. \n*Se recomienda erradicar los palomas del área. ","NO APLICA"]
[null,null,null,null,null,"Locativo - Infraestructura                           Sistemas de almacenamiento y condiciones técnico ambientales inadecuados del archivo                        ","CONDICIONES DE SEGURIDAD","Accidentes de trabajo -  Deterioro del archivo - Caídas de objetos (cajas) ","Ninguno","Ninguno","Ninguno",2,2,4,"BAJO",25,100,"III","MEJORABLE","NINGUNO ","NINGUNO ","NINGUNO ","  *Ubicación del archivo debe ser un terreno sin riesgos de humedad subterránea o problemas de inundación y que ofrezca estabilidad. PGR-SIG-204 ORDEN Y ASEO. ","NO APLICA"]
[null,null,null,null,null,"Locativo\nSistema de almacenamiento  \nUbicación inadecuada de los archivadores NO anclados a la pared","CONDICIONES DE SEGURIDAD\n","*Golpes\n*Contusión \n*Traumas superficiales\n*Heridas","NINGUNO","NINGUNO","NINGUNO",2,2,4,"BAJO",25,100,"III","MEJORABLE","NINGUNO ","NINGUNO ","NINGUNO ","*Se recomienda instalar protectores de seguridad en el soporte de agarre de los archivadores, con el fin de evitar heridas graves y disminuir los golpes. \n*Sensibilización a los trabajadores  en auto cuido. PGR-SIG-201 ESTILOS DE VIDA Y TRABAJO SALUDABLES.  ","NO APLICA"]
[null,null,null,null,null,"Postura Forzada                            \nAltura inadecuada de la pantalla visual  por el portátil ","BIOMECÁNICO"," Tendinitis Espamos de manos","Ninguno","Ninguno","Jornadas de pausas activas ",2,4,8,"MEDIO",25,200,"II","ACEPTABLE CON CONTROL ESPECIFICO","NINGUNO ","NINGUNO ","NINGUNO ","* Pausas activas a lo largo de la jornada laboral y sensibilizar sobre su importancia , INS-SIG-202 INSTRUCTIVO DE PAUSAS ACTIVAS SALUDABLES.                                                                                                           * Realizar seguimiento para el S.V.E  para lesiones osteo musculares.a. *Se recomienda graduar y elevar la altura de la pantalla visual para mejorar posturas de los puestos de trabajo con portátil.  PGR-SIG-205 VIGILANCIA EPIDEMIOLÓGICA PARA LA PREVENCION DE DESÓRDENES MUSCULO-ESQUELÉTICOS.","*Se recomienda elementos de confort: Base portátil, apoyapiés, teclado adicional "]
[null,null,null,null,null,"Movimientos repetitivos  Abrir y cerrar las estanterías móviles del archivo (rodantes) ","BIOMECÁNICO ","Síndrome del Túnel Carpiano, Manguito rotador ","Ninguno","Ninguno","Pausas Activas Implementación del SVE DMO ",2,4,8,"MEDIO",25,200,"II","ACEPTABLE CON CONTROL ESPECIFICO","NINGUNO ","NINGUNO ","NINGUNO ","*Implementar el programa de pausas activas.  INS-SIG-202 INSTRUCTIVO DE PAUSAS ACTIVAS SALUDABLES.                                                               *Implementación del Sistema de vigilancia epidemiológico desorden musculo esqueléticos, con el fin de identificar las personas con sintomatología y hacer el respectivo seguimiento y control de los diagnósticos médicos que se presenten. PGR-SIG-205 VIGILANCIA EPIDEMIOLÓGICA PARA LA PREVENCION DE DESÓRDENES MUSCULO-ESQUELÉTICOS.","NO APLICA"]
[null,null,null,null,null,"Movimientos Repetitivos\n(Sólo las manos, digitación en teclado y uso de mouse, organizar libros)","BIOMECÁNICO","Síndromes túnel del carpo\n\nSíndrome de Quervain","Ninguno","SVE  Biomecánico ","Ninguno",2,4,8,"MEDIO",25,200,"II","ACEPTABLE CON CONTROL ESPECIFICO","NINGUNO ","NINGUNO ","NINGUNO ","*Implementar el programa de pausas activas. INS-SIG-202 INSTRUCTIVO DE PAUSAS ACTIVAS SALUDABLES.                                                                   *Continuar con la implementación del Sistema de vigilancia epidemiológico osteomuscular.  PGR-SIG-205 VIGILANCIA EPIDEMIOLÓGICA PARA LA PREVENCION DE DESÓRDENES MUSCULO-ESQUELÉTICOS.\n","NO APLICA"]
[null,null,null,null,null,"Públicos                                                     Agresiones verbales con la atención de usuarios, estudiantes,  ","CONDICIONES DE SEGURIDAD","Heridas, Muerte, estrés laboral","Ninguno","Ninguno ","Recomendaciones en inducción",2,2,4,"BAJO",100,400,"II","ACEPTABLE CON CONTROL ESPECIFICO","NINGUNO ","NINGUNO ","NINGUNO ","*Diseñar e implementar  planes contingencia para diferentes situaciones  de emergencia. PLA-SIG-204 PLAN DE PREVENCIÓN, PREPARACIÓN Y RESPUESTA ANTE EMERGENCIAS.    \n* Continuar con la vigilancia física del centro de trabajo. \n* Capacitaciones para intervenir el riesgo.   PLAN ANUAL DE TRABAJO Y PIC","NO APLICA "]
[null,null,null,null,null,"Locativo \nLuminarias sin protectores (rejillas)","CONDICIONES DE SEGURIDAD","Caídas de los tubos fluorescentes, golpes, contusiones ","Ninguno","Ninguno ","Ninguno ",2,2,4,"BAJO",25,100,"III","MEJORABLE","NINGUNO ","NINGUNO ","Mantenimiento a luminarias","*Se recomienda que las luminarias cuenten con protectores (rejillas),  PGR-SIG-204 ORDEN Y ASEO.  ","NO APLICA"]
[null,null,null,null,null,"Material Particulado Acumulación de material particulado (polvo) de los libros  ","QUÍMICO","Irritaciones, alergias a nivel respiratorio","Limpieza periódica en bibliotecas","Ninguno","capacitación de seguridad en archivos ",2,2,4,"BAJO",25,100,"III","MEJORABLE","NINGUNO ","NINGUNO ",1,"*Exámenes periódicos anualmente al personal  expuesto con espirometrias. PRO-SIG-201 PROCEDIMIENTO EXÁMENES OCUPACIONALES.   PRO-SIG-201 PROCEDIMIENTO EXAMENES OCUPACIONALES. \n* Se recomienda que el personal de servicios generales realice limpieza completa del archivo durante la semana.","Uso de tapabocas obligatorio"]
[null,null,null,null,null,"Movimientos Repetitivos\nOrganizar los libros ","BIOMECÁNICO","Síndromes túnel del carpo\n\nSíndrome de Quervain","Ninguno","SVE  Biomecánico ","Ninguno",2,4,8,"MEDIO",25,200,"II","ACEPTABLE CON CONTROL ESPECIFICO","NINGUNO ","NINGUNO ","NINGUNO ","*Implementar el programa de pausas activas, específicamente. INS-SIG-202 INSTRUCTIVO DE PAUSAS ACTIVAS SALUDABLES.                                                                                      *Continuar con la implementación del Sistema de vigilancia epidemiológico osteomuscular.    ","NO APLICA"]
[null,null,null,null,null,"Manipulación manual de cargas                                               \nLevantar cajas de archivo del piso","BIOMECÁNICO","Hernias Discales - Bursitis de hombro - Bursitis de rodilla ","Ninguno","Ninguno","Capacitación manejo adecuado de cargas ",2,4,8,"MEDIO",25,200,"II","ACEPTABLE CON CONTROL ESPECIFICO","NINGUNO ","NINGUNO ","NINGUNO ","*Continuar con la implementación del sistema de vigilancia epidemiológico osteomuscular.                                                                                         *Continuar con la capacitación y  permanente  en  higiene postural, ergonomía en oficina, gimnasia laboral y pausas activas.  INS-SIG-202 INSTRUCTIVO DE PAUSAS ACTIVAS SALUDABLES.  ","NO APLICA"]
[null,null,null,null,null,"Material Particulado Acumulación de material particulado (polvo) del archivo antiguo  y tipo de tipo. ","QUÍMICO","Irritaciones, alergias a nivel respiratorio","Limpieza periódica en bibliotecas","Ninguno","capacitación de seguridad en archivos ",2,2,4,"BAJO",25,100,"III","MEJORABLE","NINGUNO ","NINGUNO ","NINGUNO ","*Exámenes periódicos anualmente al personal  expuesto con espirometrias. PRO-SIG-201 PROCEDIMIENTO EXÁMENES OCUPACIONALES.   \n* Se recomienda que el personal de servicios generales realice limpieza completa del archivo durante la semana.","Uso de tapabocas obligatorio"]
[null,null,null,null,null,"Ruido\n Ambiental producido por los niños","FÍSICO","* Dolor  de cabeza,\n* poca concentración, \n*zumbidos  en los oídos   \n* Cefaleas tensionales ","Ninguno","Ninguno","Exámenes Médicos ocupacionales",2,2,4,"BAJO",25,100,"III","MEJORABLE","NINGUNO ","NINGUNO ","NINGUNO ","*Continuar con la realización de evaluaciones  medicas ocupacionales (ingreso, periódicos y egreso \n* Realizar pausa activa durante la jornada laboral una vez en la mañana y una vez en la tarde ( Si el  usuario l lo permite). INS-SIG-202 INSTRUCTIVO DE PAUSAS ACTIVAS SALUDABLES. \n*Campañas  educativas con estudiantes de la conservación de la voz . \n","NO APLICA"]
[null,null,null,null,null,"Hongos- Bacterias       \nPresencia libros antiguos  ","BIOLÓGICO ","Afecciones respiratorias ","Limpieza periódica en bibliotecas","Ninguno","Uso de EPP (Guantes) ",2,2,4,"BAJO",25,100,"III","MEJORABLE","NINGUNO ","NINGUNO ","Instalación de extractores","\n* Se recomienda continuar con el proceso de intervención (limpieza) de los libros antiguos. PGR-SIG-204 ORDEN Y ASEO. ","Uso de guantes de nitrilo y tapabocas "]
[null,null,null,null,null,"Locativo \nLuminarias sin protectores (rejillas)","CONDICIONES DE SEGURIDAD","Caídas de los tubos fluorescentes, golpes, contusiones ","Ninguno","Ninguno ","Ninguno ",2,2,4,"BAJO",25,100,"III","MEJORABLE","NINGUNO ","NINGUNO ","Mantenimiento a luminarias ","*Se recomienda que las luminarias cuenten con protectores (rejillas), para dar cumplimiento a la Resolución 180540 de 2010.    PRO-SIG-203 PROCEDIMIENTO INSPECCIONES DE SST.      ","NO APLICA"]
[null,null,"OPERATIVO","ACTIVIDAD DESPLAZAMIENTO A EVENTOS Y REUNIONES INSTITUCIONALES,  INSPECCIONES, ACTIVIDADES DE FORMACIÓN, CULTURALES Y RECREATIVAS, DE BIENESTAR,  FUERA DE LA SEDE. AUDICIONES DE RADIO EN LA EMISORA. ACTIVIDADES LÚDICAS CON NIÑOS (LECTURA, TÍTERES Y VIDEOS ACADÉMICOS); APLICA PARA FUNCIONARIOS DE PLANTA Y/O CONTRATO. ","SI","Accidentes de tránsito                      \n     \n(En los desplazamientos en las vías)\nVER MATRIZ DE RIESGO VIAL ","CONDICIONES DE SEGURIDAD","*Muerte \n*Lesiones graves en el cuerpo entero\n*Atrapamiento vehicular","Ninguno","Vehículos de la empresa con mantenimiento preventivo y correctivo. ","Ninguno",2,2,4,"BAJO",100,400,"II","ACEPTABLE CON CONTROL ESPECIFICO","NO APLICA","NO APLICA","*Se debe empezar a realizar la inspección pre operacional de vehículos de la empresa, para identificar condiciones del mismo \"Por parte de los conductores\". ","*Dar cumplimiento al plan de capacitación del PESV según el rol (Pasajero - Conductor - Peatón). PLA-SIG-202 PESV PLAN ESTRATEGICO DE SEGURIDAD VIAL.\n*Realizar sensibilización en seguridad vial ","NO APLICA"]
[null,null,null,null,null,"Eléctrico                        \nToma eléctrica dañada  con potencial   de corto circuito ","CONDICIONES DE SEGURIDAD ","Potencializa el riesgo de incendio. Quemaduras, cortos circuitos ","Ninguno","Ninguno ","Ninguno ",2,2,4,"BAJO",25,100,"III","MEJORABLE","NINGUNO ","NINGUNO ","Mantenimiento a instalaciones eléctricas "," * Jornadas de orden y aseo.  PGR-SIG-204 ORDEN Y ASEO.    \n * Mantenimiento de las tomas eléctricas de la ludoteca.","NO APLICA"]
[null,null,null,null,null,"Locativo - Infraestructura \n\nSuperficie de trabajo  con problemas de filtraciones agua en condiciones climáticas. ","CONDICIONES DE SEGURIDAD","Inundaciones\nDaño estructural  ","Ninguno","Ninguno ","Ninguno ",2,2,4,"BAJO",25,100,"III","MEJORABLE","NINGUNO ","NINGUNO ","mantenimiento a infraestructura","* Se recomienda  mantenimiento de la infraestructura  para el control de humedad y filtración de agua en los salones. PRO-SIG-203 PROCEDIMIENTO INSPECCIONES DE SST.      ","NO APLICA "]
[null,null,null,null,null,"Locativo\nLámparas en estado critico de limpieza, aseo y con riesgo potencial de caída (bomboneras)","CONDICIONES DE SEGURIDAD","Heridas abiertas\nCaída de objetos \nProliferación de material particulado ","Ninguno","Ninguno","Ninguno ",2,2,4,"BAJO",25,100,"III","MEJORABLE","NINGUNO ","NINGUNO ","Mantenimiento a luminarias ","*Se recomienda  mantenimiento de las lámparas (limpieza y aseo). PGR-SIG-204 ORDEN Y ASEO. \n* Se recomienda  revisar la posibilidad de cambiar  el sistema de iluminación (tipo de lámparas); para evitar la caída de objetos. ","NO APLICA"]
[null,null,null,null,null,"Líquidos- Gases y Vapores                                            Uso de sustancias químicas para las labores de limpieza ","QUÍMICO  ","Inhalación de vapores, salpicaduras, irritación de mucosa respiratorias, piel, alergias","Ninguno ","Ninguno ","Recomendaciones en inducción y reinducción- uso de guantes y tapabocas",2,2,4,"BAJO",25,100,"III","MEJORABLE","NINGUNO ","NINGUNO ","NINGUNO "," *Capacitaciones en el maneja adecuado de productos químicos - elementos rotulados- Sistema Globalmente Armonizado","Suministrar tapa bocas para el desarrollo de la labor. "]
[null,null,null,null,null,"Locativo \nLuminarias sin protectores (rejillas)","CONDICIONES DE SEGURIDAD","Caídas de los tubos fluorescentes, golpes, contusiones ","Ninguno","Ninguno ","Ninguno ",2,2,4,"BAJO",25,100,"III","MEJORABLE","NINGUNO ","NINGUNO ","Mantenimiento a luminarias ","*Se recomienda que las luminarias cuenten con protectores (rejillas). PGR-SIG-204 ORDEN Y ASEO.  ","NO APLICA"]
[null,null,null,null,null,"Disconfort Térmico \nExposición a temperaturas altas/ aire acondicionado   ","FÍSICO","Disconfort térmico,   Alergias, afecciones respiratorias, cefaleas tensionales . ","Ninguno","Ninguno ","Ninguno ",2,2,4,"BAJO",25,100,"III","MEJORABLE","NINGUNO ","NINGUNO ","NINGUNO ","* Se recomienda  mantenimiento del aire acondicionado. PRO-SIG-203 PROCEDIMIENTO INSPECCIONES DE SST.      \n* Se recomienda  apagar el aire acondicionado  1/2 antes de  las horas de salida. ","NO APLICA "]
[null,null,null,null,null,"Locativo                                      \nFalta de orden y aseo  por los elementos sin dar de baja \nCifón sin rejilla ","CONDICIONES DE SEGURIDAD ","Caídas al mismo nivel, proliferación de animales, ","Ninguno","Ninguno ","Recomendaciones en inducción",2,2,4,"BAJO",25,100,"III","MEJORABLE","NINGUNO ","NINGUNO ","NINGUNO ","*Capacitaciones en caídas al mismo nivel  al personal expuesto.PGR-SIG-203-PROGRAMA PROTECCIÓN CONTRA CAÍDAS.                                                * Se recomienda jornadas de orden y aseo en la cafetería-  PGR-SIG-204 ORDEN Y ASEO.           * Se recomienda dar de baja a los elementos sin utilizar en las áreas comunes y en la cafetería .\n*Se recomienda instalar  la rejilla en el cifón de la cafetería ara evitar la proliferación de animales (insectos - roedores).\n*Se recomienda fumigaciones periódicas. ","NO APLICA"]
[null,null,null,null,null,"Locativo                                                 \nFalta de orden y aseo  \nElementos dar de baja  ","CONDICIONES DE SEGURIDAD","Accidentes de trabajo, posturas inadecuadas,  golpes, caída de objetos ","Ninguno","Ninguno","Ninguno",2,2,4,"BAJO",25,100,"III","MEJORABLE","NINGUNO ","NINGUNO ","NINGUNO ","*Diseño e implementación del programa de orden y aseo de la empresa, para lo cual, se sugiere realizar jornada de orden y aseo. PGR-SIG-204 ORDEN Y ASEO.\n* Se recomienda  dar de baja a los elementos que no se estén utilizando.\n* Limpieza,  mantenimiento del tapete. ","NO APLICA"]
[null,null,null,null,null,"Locativo \nDesnivel en la superficie de trabajo  en la entrada ","CONDICIONES DE SEGURIDAD","Caídas, golpes, incidentes  y accidentes de y trabajo ","Ninguno ","Señalización de advertencia  ","Capacitación en prevención de caídas ",2,2,4,"BAJO",25,100,"III","MEJORABLE","NINGUNO ","NINGUNO ","NINGUNO ","*Se recomienda demarcar con cinta de precaucion el desnivel de la superficie de trabajo para mejor visibilidad del funcionario  y del visitante. PRO-SIG-203 PROCEDIMIENTO INSPECCIONES DE SST.  \n* Instalar cinta de precaución en el desnivel de la superficie de trabajo. ","NO APLICA "]
[null,null,null,null,null,"Locativo - Infraestructura\n\nInstalaciones en mal estado \n(Techos  con humedad)         ","CONDICIONES DE SEGURIDAD","Bacterias,  hongos, enfermedades respiratorias ","Ninguno","Ninguno ","Ninguno ",2,2,4,"BAJO",25,100,"III","MEJORABLE","NINGUNO ","NINGUNO ","Mantenimiento a infraestructura","* Se recomienda un programa de mantenimiento de instalaciones para el control de humedad. PRO-SIG-203 PROCEDIMIENTO INSPECCIONES DE SST.  \n* Mantenimiento de las paredes para el control de humedad  de las áreas comunes. ","NO APLICA"]
[null,null,null,null,null,"Locativo\nSuperficies de trabajo  irregulares en las vías, terrenos inestables y escarpados","CONDICIONES DE SEGURIDAD","*Golpes \n*Caídas\n*Fracturas","Ninguno","Ninguno","Ninguno",2,2,4,"BAJO",25,100,"III","MEJORABLE","NO APLICA","NO APLICA","NO APLICA","*Se recomienda uso de calzado adecuado  según el área a visitar, con el fin de evitar caídas. PGR-SIG-203-programa protección contra caídas","Uso de calzado bajo "]
[null,null,null,null,null,"Manipulación manual de cargas                                                  (Transporte de algunos elementos pesados durante el proceso de limpieza)","BIOMECÁNICO","Lesiones Osteomusculares  a nivel de cervical y lumbar","Ninguno","Ninguno","Intervención del riesgo biomecánico ",2,4,8,"MEDIO",25,200,"II","ACEPTABLE CON CONTROL ESPECIFICO","NINGUNO ","NINGUNO ","NINGUNO ","*Realizar re-inducción  en manipulación manual de cargas\n*Capacitar al personal en higiene postural y pausas activas durante la jornada de trabajo. INS-SIG-202 INSTRUCTIVO DE PAUSAS ACTIVAS SALUDABLES.  ","NO APLICA"]
[null,null,null,null,null,"Material particulado \nPolvo acumulado en áreas  y superficies de trabajo . ","QUÍMICOS","Infecciones virales, alergias, intoxicaciones.","Limpieza periódica a superficies","Ninguno","Ninguno",2,2,4,"BAJO",25,100,"III","MEJORABLE","NINGUNO ","NINGUNO ","NINGUNO ","*Realizar seguimiento con la  toma de espirómetros. PRO-SIG-203 PROCEDIMIENTO INSPECCIONES DE SST.                                                                                                               ","*Continuar con el uso de tapa bocas."]
[null,null,null,null,null,"Virus - Bacterias\n(Exposición y contacto con  material infectado y contaminado","BIOLÓGICO","Dermatitis Infecciones virales, alergias, intoxicaciones.","Ninguno","Ninguno","Recomendaciones en inducción y uso de guantes, y tapabocas ",2,2,4,"BAJO",25,100,"III","MEJORABLE","NINGUNO ","NINGUNO ","NINGUNO ","*Diseñar e Implementar el protocolo de lavado de manos periódicamente.                                                                         \n*Realizar seguimiento al uso adecuado de los EPP. PRO-SIG-202 PROCEDIMIENTO ADMINISTRACIÓN DE ELEMENTOS DE EPP.                                          * Fumigaciones periódicas para el control de roedores e insectos ","*Continuar con el uso de EPP."]
[null,null,null,null,null,"Hongos                                \n(Exposición y contacto con  material infectado y contaminado)","BIOLÓGICO","Hongos en las manos","Ninguno","Ninguno","Recomendaciones en inducción y uso de guantes, y tapabocas ",2,2,4,"BAJO",25,100,"III","MEJORABLE","NINGUNO ","NINGUNO ","NINGUNO ","*Diseñar e Implementar el protocolo de lavado de manos periódicamente.                                                                         \n*Realizar seguimiento al uso adecuado de los EPP. PRO-SIG-202 PROCEDIMIENTO ADMINISTRACIÓN DE ELEMENTOS DE EPP.                                             * Fumigaciones periódicas para el control de roedores e insectos ","*Continuar con el uso de EPP."]
[null,null,null,null,null,"Movimientos repetitivos                     Labores de limpieza , baterías sanitarias ","BIOMECÁNICO ","Síndrome del manguito rotador- Epicondilitis ","Ninguno ","Ninguno","Rotación de tareas ",2,4,8,"MEDIO",25,200,"II","ACEPTABLE CON CONTROL ESPECIFICO","NINGUNO ","NINGUNO ","NINGUNO ","*Implementación del Sistema de vigilancia epidemiológico Desordes Musculo esqueléticos  DMO. PGR-SIG-205 VIGILANCIA EPIDEMIOLÓGICA PARA LA PREVENCION DE DESÓRDENES MUSCULO-ESQUELÉTICOS.                                                        \n*Capacitaciones a los trabajadores en la intervención de riesgo biomecánico.                                                                                   \n  * Alternar  labores diarias por parte del trabajador durante la jornada de trabajo.                                                             \n *Adoptar posturas adecuadas por parte del trabajador. ","NO APLICA "]
[null,null,null,null,null,"Postura bípeda prolongada                             Desplazamiento continuo  para las labores de la entidad","BIOMECÁNICO","Lesiones Osteomusculares de los miembros inferiores como varices, enfermedades vasculares","Ninguno ","Ninguno","Ninguno",2,4,8,"MEDIO",25,200,"II","ACEPTABLE CON CONTROL ESPECIFICO","NINGUNO ","NINGUNO ","NINGUNO ","* Jornadas de pausas activas INS-SIG-202 INSTRUCTIVO DE PAUSAS ACTIVAS SALUDABLES.                                                                                                  *Cambio de posición de bípeda a sedente y viceversa. * Alternar las labores operativas. ","NO APLICA "]
[null,null,null,null,null,"Locativo\nSuperficies de trabajo  irregulares y  desniveladas                                 (Desplazamiento en los diferentes áreas)","CONDICIONES DE SEGURIDAD","*Golpes \n*Caídas\n*Fracturas","Ninguno",null,"Recomendaciones en inducción ",2,2,4,"BAJO",25,100,"III","MEJORABLE","NO APLICA","NO APLICA","NO APLICA","*Se recomienda uso de calzado adecuado y de tacón bajo según el área a visitar, con el fin de evitar caídas. EST-SIG-01 ESTANDAR DE SEGURIDAD PARA ACTIVIDADES FUERA DE LA SEDE.","Uso de calzado bajo "]
[null,null,null,null,null,"Picaduras                      \n(Exposición con animales en las vías públicas)","BIOLÓGICO","Infecciones","No aplica","No aplica","Recomendaciones en inducción - protocolo de actuación en caso de AT",2,3,6,"MEDIO",25,150,"II","ACEPTABLE CON CONTROL ESPECIFICO","NO APLICA","NO APLICA","NO APLICA","*Se recomienda capacitar en prevención por mordeduras o picaduras en vías públicas. EST-SIG-01 ESTANDAR DE SEGURIDAD PARA ACTIVIDADES FUERA DE LA SEDE.\n","NO APLICA"]
[null,null,null,null,null,"Mordeduras                             \n(Exposición con animales en las vías públicas)","BIOLÓGICO","Infecciones","No aplica","No aplica","Recomendaciones en inducción - protocolo de actuación en caso de AT",2,2,4,"BAJO",25,100,"III","MEJORABLE","NO APLICA","NO APLICA","NO APLICA","*Se recomienda capacitar en prevención por mordeduras o picaduras en vías públicas. EST-SIG-01 ESTANDAR DE SEGURIDAD PARA ACTIVIDADES FUERA DE LA SEDE.\n","NO APLICA"]
[null,null,null,null,null,"Radiaciones no ionizantes                                                 Exposición a luz solar en actividades externas ","FÍSICO","Incomodidad - Insolación ","Ninguno","Ninguno","Ninguno",2,2,4,"BAJO",25,100,"III","MEJORABLE","NINGUNO ","NINGUNO ","NINGUNO ","*Continuar el uso de camisa manga larga y cachucha en el desarrollo de la actividad. EST-SIG-01 ESTANDAR DE SEGURIDAD PARA ACTIVIDADES FUERA DE LA SEDE.","Ropa manga larga \nCachucha"]
[null,null,null,null,null,"Público\n(Robos - Atracos - Asaltos)","CONDICIONES DE SEGURIDAD","*Golpes\n*Agresiones verbales y físicas \n*Atentados violentos\n*Heridas\n*Muerte","Ninguno","Ninguno","Ninguno",2,2,4,"BAJO",100,400,"II","ACEPTABLE CON CONTROL ESPECIFICO","NO APLICA","NO APLICA","NO APLICA","*Socializar los planes contingencia para diferentes situaciones  de emergencia específicamente riesgo público. PLA-SIG-204 PLAN DE PREVENCIÓN, PREPARACIÓN Y RESPUESTA ANTE EMERGENCIAS.      ","NO APLICA"]
[null,null,null,null,null,"Público\n(Agresiones verbales - Actos Violentos)","CONDICIONES DE SEGURIDAD","*Golpes\n*Agresiones verbales y físicas \n*Atentados violentos\n*Heridas\n*Muerte","Ninguno","Ninguno","Ninguno",2,2,4,"BAJO",100,400,"II","ACEPTABLE CON CONTROL ESPECIFICO","NO APLICA","NO APLICA","NO APLICA","*Socializar los planes contingencia para diferentes situaciones  de emergencia específicamente riesgo público. PLA-SIG-204 PLAN DE PREVENCIÓN, PREPARACIÓN Y RESPUESTA ANTE EMERGENCIAS. ","NO APLICA"]
[null,null,null,null,null,"Locativo\nSuperficies de trabajo  irregulares en las vías, terrenos inestables y escarpados","CONDICIONES DE SEGURIDAD","*Golpes \n*Caídas\n*Fracturas","Ninguno","Ninguno","Ninguno",2,2,4,"BAJO",25,100,"III","MEJORABLE","NO APLICA","NO APLICA","NO APLICA","*Se recomienda uso de calzado adecuado y de tacón bajo según el área a visitar, con el fin de evitar caídas. EST-SIG-01 ESTANDAR DE SEGURIDAD PARA ACTIVIDADES FUERA DE LA SEDE.","Uso de calzado bajo "]
[null,null,null,null,null,"ELÉCTRICO Baja tensión ( cercas eléctricas) ","CONDICIONES DE SEGURIDAD","*Golpes \n*Caídas\n*Fracturas","Ninguno","Ninguno","Inducción y reinducción al personal ",2,2,4,"BAJO",25,100,"III","MEJORABLE","NO APLICA","NO APLICA","NO APLICA","Continuar con las socialización en inducción y reinducción de SST a funcionarios y contratistas. PLA-SIG-206 RETORNO SEGURO AL TRABAJO.","NO APLICA"]
[null,null,null,"MANTENIMIENTO, LIMPIEZA, CUSTODIA, RECEPCIÓN, INVENTARIO, CONTROL Y PRÉSTAMO DE INSTRUMENTOS MUSICALES, MASCARAS, ELEMENTOS CULTURALES ","SI","Hongos       \nMalos olores  en el área                      ","BIOLÓGICO ","Alergias,  Malos olores ","Ninguno","Ninguno","Ninguno",2,2,4,"BAJO",25,100,"III","MEJORABLE","NINGUNO ","NINGUNO ","NINGUNO ","*Se recomienda mantenimiento de las instalaciones para eliminar los malos olores.\n* Se recomienda  mantenimiento de  los techos para el control de goteras (humedad). PRO-SIG-203 PROCEDIMIENTO INSPECCIONES DE SST.     ","NO APLICA"]
[null,null,null,null,null,"Locativo - Infraestructura\n\nTechos en mal estado \nProblemas de humedad ","CONDICIONES DE SEGURIDAD","Colapso estructural - Hongos- bacterias","Ninguno","Ninguno ","Ninguno ",2,2,4,"BAJO",25,100,"III","MEJORABLE","NINGUNO ","NINGUNO ","NINGUNO ","*Realizar mantenimiento preventivo y correctivo de las instalaciones locativas, con el fin de mejorar las condiciones de trabajo y prevenir  enfermedades a los trabajadores.                                                                                                                    * Mantenimiento de los techos para  evitar  la proliferación de animales ( roedores) y control de humedad.  PGR-SIG-204 ORDEN Y ASEO. ","NO APLICA"]
[null,null,null,null,null,"Locativo \nLuminarias sin protectores (rejillas)","CONDICIONES DE SEGURIDAD","Caídas de los tubos fluorescentes, golpes, contusiones ","Ninguno","Ninguno ","Ninguno ",2,2,4,"BAJO",25,100,"III","MEJORABLE","NINGUNO ","NINGUNO ","NINGUNO ","*Se recomienda que las luminarias cuenten con protectores (rejillas).   PRO-SIG-203 PROCEDIMIENTO INSPECCIONES DE SST.  ","NO APLICA"]
[null,null,"PELIGROS QUE APLICAN A TODAS LAS ACTIVIDADES; APLICA PARA FUNCIONARIOS DE PLANTA Y/O CONTRATO.",null,"SI","Postura Forzada                            \nMiembros superiores en la gravedad por el espacio reducido del plano de trabajo\n","BIOMECÁNICO","Lumbalgias, Cervicalgias, Mialgias, lesiones y síndromes doloroso, tendinitis, espamos de manos ","Ninguno","Ninguno","Jornadas de pausas activas ",2,4,8,"MEDIO",25,200,"II","ACEPTABLE CON CONTROL ESPECIFICO","NINGUNO ","NINGUNO ","NINGUNO ","* Pausas activas a lo largo de la jornada laboral y sensibilizar sobre su importancia, INS-SIG-202- Instructivo de pausas activas saludables * Realizar seguimiento para el S.V.E  para lesiones osteo musculares. PGR-SIG-205 vigilancia epidemiológica para la prevención de desórdenes musculo-esqueléticos.   \n \n","NO APLICA "]
[null,null,null,null,"SI","Locativo - Infraestructura\nPiso en mal estado gietas \nParedes con humedad\nFiltraciones de agua","CONDICIONES DE SEGURIDAD","Colapso estructural - Hongos- bacterias","Ninguno","Ninguno ","Ninguno ",2,2,4,"BAJO",25,100,"III","MEJORABLE","NINGUNO ","NINGUNO ","Mantenimiento a infraestructura","*Realizar mantenimiento preventivo y correctivo de las instalaciones locativas, con el fin de mejorar las condiciones de trabajo y prevenir  enfermedades a los trabajadores. PRO-SIG-203 PROCEDIMIENTO INSPECCIONES DE SST.                                                                                                               * Mantenimiento de los techos para  evitar  la proliferación de animales control de humedad. \n*Se recomienda erradicar los palomas de las áreas. ","NO APLICA"]
[null,null,null,null,"SI","Postura Forzada                            \nMiembros superiores en la gravedad por el espacio reducido del plano de trabajo\n","BIOMECÁNICO","Lumbalgias, Cervicalgias, Mialgias, lesiones y síndromes doloroso, tendinitis, espamos de manos ","Ninguno","Ninguno","Jornadas de pausas activas ",2,4,8,"MEDIO",25,200,"II","ACEPTABLE CON CONTROL ESPECIFICO","NINGUNO ","NINGUNO ","NINGUNO ","* Pausas activas a lo largo de la jornada laboral y sensibilizar sobre su importancia.  INS-SIG-202 INSTRUCTIVO DE PAUSAS ACTIVAS SALUDABLES.                                                                                                          * Realizar seguimiento para el S.V.E  para lesiones osteo musculares.\n* Se recomienda  revisar la posibilidad de contar con un plano de trabajo en \"L\" que garantice que la manos, brazo y muñeca permanezcan en linea recta en el momento de digitar. \n","NO APLICA "]
[null,null,null,null,"SI","Locativo - Infraestructura\n\nInstalaciones en mal estado \n(paredes  con humedad)         ","CONDICIONES DE SEGURIDAD","Bacterias,  hongos, enfermedades respiratorias ","Ninguno","Ninguno ","Ninguno ",2,2,4,"BAJO",25,100,"III","MEJORABLE","NINGUNO ","NINGUNO ","Mantenimiento a infraestructura","* Se recomienda un programa de mantenimiento de instalaciones para el control de humedad. \n* Mantenimiento de las paredes para el control de humedad  de las áreas comunes. ","NO APLICA"]
[null,null,null,null,"SI","Locativo\nCondiciones de orden y aseo \nSillas del pasillo en  estado critico de limpieza ","CONDICIONES DE SEGURIDAD","Gérmenes, bacterias, Contaminación del área ","Ninguno","Ninguno","Ninguno",2,2,{"$f":"+L74*M74","v":4},{"$f":"IF(N74>=24,\"MUY ALTO\",IF(N74>=10,\"ALTO\",IF(N74>=6,\"MEDIO\",\"BAJO\")))","v":"BAJO"},25,{"$f":"+N74*P74","v":100},{"$f":"IF(Q74>=600,\"I\",IF(Q74>=150,\"II\",IF(Q74>=40,\"III\",IF(Q74>=20,\"IV\"))))","v":"III"},{"$f":"IF(Q74>=600,\"NO ACEPTABLE\",IF(Q74>=150,\"ACEPTABLE CON CONTROL ESPECIFICO\",IF(Q74>=40,\"MEJORABLE\",IF(Q74>=20,\"ACEPTABLE\"))))","v":"MEJORABLE"},"NINGUNO ","NINGUNO ","NINGUNO ","*Se recomienda mantenimiento preventivo (lavado, limpieza y desinfección) de las sillas  para evitar contaminación en el área  y la proliferación de material particulado, bacterias. Jornada de orden y aseo.  PGR-SIG-204 ORDEN Y ASEO.    ","NO APLICA"]
[null,null,null,null,"SI","Público\n(Robos - Atracos - Asaltos)","CONDICIONES DE SEGURIDAD","*Golpes\n*Agresiones verbales y físicas \n*Atentados violentos\n*Heridas\n*Muerte","Ninguno","Ninguno","Recomendación en inducción y reinducción",2,2,4,"BAJO",100,400,"II","ACEPTABLE CON CONTROL ESPECIFICO","NO APLICA","NO APLICA","Instalar cámaras de vigilancia en la sede. ","*Socializar los planes contingencia para diferentes situaciones  de emergencia específicamente riesgo público. PLA-SIG-204 PLAN DE PREVENCIÓN, PREPARACIÓN Y RESPUESTA ANTE EMERGENCIAS.      ","NO APLICA"]
[null,null,null,null,"SI","Público\n(Agresiones verbales - Actos Violentos)","CONDICIONES DE SEGURIDAD","*Golpes\n*Agresiones verbales y físicas \n*Atentados violentos\n*Heridas\n*Muerte","Ninguno","Ninguno","Recomendación en inducción y reinducción",2,2,4,"BAJO",100,400,"II","ACEPTABLE CON CONTROL ESPECIFICO","NO APLICA","NO APLICA","Instalar cámaras de vigilancia en la sede. ","*Socializar los planes contingencia para diferentes situaciones  de emergencia específicamente riesgo público. PLA-SIG-204 PLAN DE PREVENCIÓN, PREPARACIÓN Y RESPUESTA ANTE EMERGENCIAS. ","NO APLICA"]
[null,null,null,null,"SI","Público\n(Inseguridad por actos delictivos en los alrededores de la sede)","CONDICIONES DE SEGURIDAD","*Golpes\n*Agresiones verbales y físicas \n*Atentados violentos\n*Heridas\n*Muerte","Ninguno","Hay vigilancia permanente en la puerta de acceso del edificio. \n\nHay cámara de vigilancia en el primer y segundo piso. ","Recomendación en inducción y reinducción",2,2,4,"BAJO",100,400,"II","ACEPTABLE CON CONTROL ESPECIFICO","NO APLICA","NO APLICA","Instalar cámaras de vigilancia en todos los pisos de la sede. ","*Socializar los planes contingencia para diferentes situaciones  de emergencia específicamente riesgo público. PLA-SIG-204 PLAN DE PREVENCIÓN, PREPARACIÓN Y RESPUESTA ANTE EMERGENCIAS. ","NO APLICA"]
[null,null,null,null,"SI","Radiaciones no ionizantes                       (Exposición a luz solar que ingresa por ventanales a la mayoría de los puestos de trabajo)","FÍSICO ","*Cáncer de piel\n*Quemadura solar\n*Insolación \n*Foto envejecimiento cutáneo \n *Foto carcinogénesis\n*Alteraciones oculares","No aplica","No hay","Uso de EPP\n(Camisa manga larga - Casco - Guantes - Jean)",2,2,4,"BAJO",25,100,"III","MEJORABLE","N.A","N.A","*Se recomienda instalar película de seguridad en los ventanales ","NO APLICA","NO APLICA"]
[null,null,null,null,"NO","Sismo - Temblores                  ","FENÓMENOS NATURALES","*Daños materiales (Pérdida total)\n*Heridas y lesiones graves\n*Accidentes de trabajo \n*Muerte","No hay","hay elementos para atención de emergencias en caso de requerirse","Capacitación  en actuación ante emergencias ",2,2,4,"BAJO",100,400,"II","ACEPTABLE CON CONTROL ESPECIFICO","NO SE REQUIERE","NO SE REQUIERE","NO SE REQUIERE","*Se recomienda realizar estudio de vulnerabilidad y sismo resistencia de las instalaciones. \n*Capacitar al personal en actuación ante emergencias. PLA-SIG-204 PLAN DE PREVENCION, PREPARACION Y RESPUESTA ANTE EMERGENCIAS."]
[null,null,null,null,"NO","Erupción volcán machín           ","FENÓMENOS NATURALES","*Daños materiales (Pérdida total)\n*Heridas y lesiones graves\n*Accidentes de trabajo \n*Muerte","No hay","Ninguno","Capacitación  en actuación ante emergencias ",2,2,4,"BAJO",100,400,"II","ACEPTABLE CON CONTROL ESPECIFICO","NO SE REQUIERE","NO SE REQUIERE","NO SE REQUIERE","*Seguir las instrucciones que el departamento suministra para  casos de emergencia por posible erupción del Volcán. PLA-SIG-204 PLAN DE PREVENCION, PREPARACION Y RESPUESTA ANTE EMERGENCIAS.                                                                                         \n*Solicitar capacitación al ente respectivo sobre actuación en caso de erupción del volcán machín. \n*Capacitar en actuación ante emergencias en caso de erupción del volcán machín a todo el personal.  \n*Actualizar plan de emergencias incluyendo el PON por posible erupción del volcán machín y socializar a los trabajadores. "]
[null,null,null,null,"SI","Tecnológico\n(Incendios - Explosiones)\nGenerado dentro de las instalaciones del edificio","CONDICIONES DE SEGURIDAD","Incendios \nQuemaduras de grado 2 y 3\nMuerte","Ninguno","Uso de equipos contra incendio","Personal capacitado en manejo de equipos contra incendios",2,2,4,"BAJO",100,400,"II","ACEPTABLE CON CONTROL ESPECIFICO","NO APLICA","NO APLICA","*Realizar mantenimiento preventivo y correctivo de los equipos eléctricos e instalaciones eléctricas en la sede","*Capacitación en prevención de accidentes de trabajo por riesgo eléctrico. PRO-SIG-205 PROCEDIMIENTO DE INCIDENTES Y ACCIDENTES DE TRABAJO .                                                             \n\n*Continuar con las inspecciones de seguridad enfocado a riesgo eléctrico. PRO-SIG-203 PROCEDIMIENTO INSPECCIONES DE SST.  ","NO APLICA"]
[null,null,null,null,"SI","Postura mantenida                          (Bípeda)","BIOMECÁNICO","*Cansancio\n*Fatiga en miembros inferiores y en las articulaciones\n*Aparición de vena varice\n*Edema en los pies \n*Dolor lumbar ","No aplica","No aplica","Realiza varias tareas, lo que permite cambios de posición\n\nExámenes ocupacionales periódicos",2,4,8,"MEDIO",25,200,"II","ACEPTABLE CON CONTROL ESPECIFICO","NO APLICA","NO APLICA","NO APLICA","*Solicitar a la empresa contratista realizar re inducción en higiene postural, gimnasia laboral y pausas activas. INS-SIG-202 INSTRUCTIVO DE PAUSAS ACTIVAS SALUDABLES                                                  \n*Continuar con las actividades del sistema de vigilancia epidemiológico  para prevención de desordenes musculo esqueléticas asociadas al peligro biomecánico .                                                                                  ","No aplica"]
[null,null,null,null,"SI","Público\n(Robos - Atracos - Asaltos - Agresiones verbales - Actos Violentos)","CONDICIONES DE SEGURIDAD","*Golpes\n*Agresiones verbales y físicas \n*Atentados violentos\n*Heridas\n*Muerte","Ninguno","Cámaras de seguridad en el primer piso","Recomendación en inducción y reinducción",2,2,4,"BAJO",100,400,"II","ACEPTABLE CON CONTROL ESPECIFICO","NO APLICA","NO APLICA","Instalar cámaras de vigilancia en todos los pisos de la sede. ","*Socializar los planes contingencia para diferentes situaciones  de emergencia específicamente riesgo público. PLA-SIG-204 PLAN DE PREVENCIÓN, PREPARACIÓN Y RESPUESTA ANTE EMERGENCIAS. ","NO APLICA"]
[null,null,null,null,"SI","Virus \n","BIOLÓGICO","Malestar general","Ninguno","Limpieza y desinfección de áreas de trabajo   y en casa,  Control de aforo, señalización de advertencia.","Distanciamiento    físico, uso de mascarilla, lavado de manos constante.",2,2,4,"BAJO",25,100,"III","MEJORABLE","N.A","N.A","Trabajo en casa , diseño puestos de trabajo cumpliendo con el distanciamiento social, lavamanos y puntos de desinfección.","*Promover frecuentemente el lavado de manos en personal de planta, contratistas y visitantes. En caso de no contar con agua y jabón, se debe proveer con desinfectantes para manos (gel antibacterial a base de alcohol).  *Disminución de la densidad laboral en áreas de trabajo o de ocupación de la entidad promoviendo el teletrabajo. *Mantener un stop de EPP  (mascarillas ) para dotación y recambio. *Establecer canales de comunicación individualizados y/o de grupo: correo electrónico, redes sociales, videoconferencia, teléfono para reuniones evitando la presencialidad. *Revisión y análisis de los perfiles epidemiológicos por cargo, estrategias motivación para que los funcionarios se  vacunen.","Uso permanente de mascarilla respiratoria. Uso periódico de productos para limpieza (agua y jabón) y  alcohol al 70%, mono gafas o careta."]
[null,null,null,null,"SI"," Demandas Emocionales: Condiciones de la tarea                             \nLa novedad del entorno de trabajo, situación familiar:  hijos o personas mayores a cargo en el hogar en situación de riesgo, miedo al contagio, aislamiento social y confinamiento, miedos e incertidumbres laborales y socioeconómicos, espacios y recursos compartidos por varias personas ante las mismas circunstancias en sus domicilios, convertir espacios de su hogar en despachos improvisados para poder seguir desempeñando su tarea diaria, valoración subjetiva y objetiva por parte del experto mientras se aplica la batería de riesgo psicosocial.","PSICOSOCIAL","Alteraciones mentales, Ansiedad, depresión, estrés postraumático.","S.V.E. Psicosocial","S.V.E Psicosocial","Intervenciones individuales y grupales, capacitaciones, medidas de afrontamiento, manejo de habilidades sociales.",2,2,4,"BAJO",25,100,"III","MEJORABLE","N.A","N.A","Organización de los puestos de trabajo, lavamanos, dispensadores, cumpliendo con el distanciamiento.","  PROT-SIG-01 PROTOCOLO DE BIOSEGURIDAD","Uso de los elementos de bioseguridad, establecer el compromiso de autocuidado y trabajo seguro."]
[null,null,null,null,"SI","Características de la organización del trabajo\n(Valoración promedio mientras se realiza el proceso de aplicación de baterías de riesgo psicosocial)","PSICOSOCIAL","Alteraciones mentales, Ansiedad, depresión.","SVE. Riesgo Psicosocial","SVE. Riesgo Psicosocial","Intervenciones individuales y grupales, capacitaciones, medidas de afrontamiento, manejo de habilidades sociales.",2,2,4,"BAJO",25,100,"III","MEJORABLE","NO SE REQUIERE","NO SE REQUIERE","NO APLICA","*Aplicación de las baterías de riesgo  psicosocial, para verificar la exposición al peligro.  PGR-SIG-206 VIGILANCIA EPIDEMIOLÓGICO DE RIESGO PSICOSOCIAL.  \nCapacitación en trabajo en equipo y competencias individuales y profesionales.  \n\nAnálisis de carga laboral. PGR-SIG-206 VIGILANCIA EPIDEMIOLÓGICO DE RIESGO PSICOSOCIAL.                                                                                                                                    ","NO SE REQUIERE"]
[null,null,null,null,"SI","Características del grupo social y del trabajo.\n(Está en proceso la evaluación de los factores de riesgo psicosocial)","PSICOSOCIAL","Stress laboral\nAfecciones de salud                                                                                                                                                                                                                                                                                                                                                                                                            Ambientes de trabajo Hostil                                                                                                                                                                                                                                                                                                                                                                                                         Baja Productividad","Cumplimiento de la normatividad ley 1010, resolución 652 y 356, 2646.","Comité de Convivencia Laboral","Capacitaciones en habilidades sociales básicas, resolución de conflictos, liderazgo efectivo.",2,2,4,"BAJO",25,100,"III","MEJORABLE","NO SE REQUIERE","NO SE REQUIERE","NO SE REQUIERE","*Capacitación en habilidades sociales básicas y relaciones interpersonales y comunicación asertiva y efectiva. PRO-SIG-207 MOTIVACIÓN, PARTICIPACIÓN Y CONSULTA.      \n\n*Capacitación en liderazgo efectivo y generación de hábitos del líder. ","NO SE REQUIERE"]
[null,null,null,null,"SI","Gestión Organizacional\n(Está en proceso la evaluación de los factores de riesgo psicosocial aplicación batería de riesgo psicosocial)","PSICOSOCIAL","Stress laboral\nAfecciones de salud                                                                                                                                                                                                                                                                                                                                                                                                                     Productividad- Ausentismo","Plan de Intervención del SVE ","N/A","Intervenciones individuales y grupales, capacitaciones en liderazgo, fortalecimiento de las escuelas de liderazgo.",2,2,4,"BAJO",25,100,"III",{"$f":"IF(Q88>=600,\"NO ACEPTABLE\",IF(Q88>=150,\"ACEPTABLE CON CONTROL ESPECIFICO\",IF(Q88>=40,\"MEJORABLE\",IF(Q88>=20,\"ACEPTABLE\"))))","v":"MEJORABLE"},"NO SE REQUIERE","NO SE REQUIERE","NO SE REQUIERE","Fortalecimiento de las escuelas de liderazgo. PRO-SIG-207 MOTIVACIÓN, PARTICIPACIÓN Y CONSULTA.    ","NO SE REQUIERE"]
[null,null,null,null,"SI","Contenido de la Tarea (Carga de Trabajo)\n(Está en proceso la evaluación de los factores de riesgo psicosocial aplicación batería de riesgo psicosocial)","PSICOSOCIAL","Stress laboral\nAfecciones de salud","S.V.E. Psicosocial","Distribución de la tarea por trabajo en equipo, gestión del tiempo.","Intervenciones individuales y grupales, capacitaciones, medidas de afrontamiento, manejo de habilidades sociales.",2,2,4,"BAJO",25,100,"III",{"$f":"IF(Q89>=600,\"NO ACEPTABLE\",IF(Q89>=150,\"ACEPTABLE CON CONTROL ESPECIFICO\",IF(Q89>=40,\"MEJORABLE\",IF(Q89>=20,\"ACEPTABLE\"))))","v":"MEJORABLE"},"NO SE REQUIERE","NO SE REQUIERE","NO SE REQUIERE","Capacitaciones, manejo del tiempo como recurso, trabajo colaborativo y ayuda percibida.  PRO-SIG-207 MOTIVACIÓN, PARTICIPACIÓN Y CONSULTA.    ","NO SE REQUIERE"]
[null,null,null,null,"SI","Accidentes aéreos                           (En los desplazamientos en avión a otras ciudades)\n","CONDICIONES DE SEGURIDAD","*Muerte \n*Lesiones graves en el cuerpo entero\n*Caída de avión","Ninguno","Ninguno","Ninguno",2,2,4,"BAJO",100,400,"II","ACEPTABLE CON CONTROL ESPECIFICO","NO APLICA","NO APLICA","NO APLICA","*Dar cumplimiento a las normas de seguridad para viajes aéreos. PRO-SIG-205 PROCEDIMIENTO DE INCIDENTES Y ACCIDENTES DE TRABAJO .","NO APLICA"]
[null,null,null,null,"SI","Virus (cambio climatico)\n ","BIOLÓGICO","Malestar general","Ninguno","Limpieza y desinfección de áreas de trabajo   y en casa,  Control de aforo, señalización de advertencia.","Distanciamiento    físico, uso de mascarilla, lavado de manos constante.",2,2,4,"BAJO",25,100,"III","MEJORABLE","NO APLICA","NO APLICA","NO APLICA","  *Promover frecuentemente el lavado de manos en personal de planta, contratistas y visitantes. En caso de no contar con agua y jabón, se debe proveer con desinfectantes para manos (gel antibacterial a base de alcohol).  *Disminución de la densidad laboral en áreas de trabajo o de ocupación de la entidad promoviendo el teletrabajo. *Mantener un stop de EPP  (mascarillas ) para dotación y recambio. *Establecer canales de comunicación individualizados y/o de grupo: correo electrónico, redes sociales, videoconferencia, teléfono para reuniones evitando la presencialidad. *Revisión y análisis de los perfiles epidemiológicos por cargo, estrategias motivación para que los funcionarios se  vacunen.   (PRO-SIG-202 Procedimiento administrativo de elementos EPP)","Uso permanente de mascarilla respiratoria. Uso periódico de productos para limpieza (agua y jabón) y  alcohol al 70%, mono gafas o careta."]
[null,null,null,null,"NO","Largas Jornadas Laborales y ausencia de descanso con altas temperaturas y radiciones altas por factor del CAMBIO CLIMATICO.","PSICOSOCIAL","Estrés, agotamiento por trabajo continuo, cansacio, fatiga, angustia, ansiedad, poca concentración y atención, somnolencia.","Ninguno","Ninguno","PVE- Riesgo psicosocial",2,2,4,"BAJO",25,100,"III","MEJORABLE","NO APLICA","NO APLICA","NO APLICA","Introducir una rutina de tiempos detrabajo y de descanso para aquellos\ntrabajadores/as que estén expuestos a ambientes calurosos, Formación en primeros auxilios, para que puedan\nreconocer y tratar los primeros síntomas de desórdenes de salud ocasionados por una\nexposición a temperaturas extremadamente cálidas., Seguir a diario los boletines\nmeteorológicos y cambiar el horario de trabajo de gran exposición al calor\na horas más frescas del día., En trabajos a campo abierto, crear zonas descanso con carpas, Disponer de agua potable fría en lugares estratégicos y visibles, cercanos al área de trabajo.","NO SE REQUIERE"]
[null,null,null,null,"NO"," Temperaturas\nextremas (calor) porfactor de CAMBIO CLIMATICO","FISICO","Stress termico Agotamiento Mareos  Deshidratación Golpes de calor, lesiones en la piel, insolación, ","No aplica","Ninguno","Ninguno",2,2,4,"BAJO",25,100,"III","MEJORABLE","NO APLICA","NO APLICA","NO APLICA","Todos los funcionarios que realicen desplazamientos fuera de la sede deben apalicar el Estándar de Seguridad \"EST-204\"., se recomienda hidratación continua, alimentación adecuada, Organización de los puestos de trabajo, limplementación de un programa de climatización.Sistemas de ventilación","Ropa de trabajo y equipos de\nprotección adecuados(camisa,\nmanga larga, pantalón largo,\ngorra o sombrero de ala ancha).\nSaber que la ropa protectora o el\nequipo de protección personal\npuede aumentar el riesgo del\nestrés por calor."]
[null,null,null,null,"NO"," Temperaturas\nextremas (calor Radiaciones No ionizantes) porfactor de CAMBIO CLIMATICO","FISICO","Stress termico Agotamiento Mareos  Deshidratación Golpes de calor, lesiones en la piel, dolor de cabeza.","No aplica","Ninguno","Protector Solar",2,2,4,"BAJO",25,100,"III","MEJORABLE","NO APLICA","NO APLICA","NO APLICA","Todos los funcionarios que realicen desplazamientos fuera de la sede deben apalicar el Estándar de Seguridad \"EST-204\"., se recomienda hidratación continua, alimentación adecuada, Organización de los puestos de trabajo, limplementación de un programa de climatización.Sistemas de ventilación","Ropa de trabajo y equipos de\nprotección adecuados(camisa,\nmanga larga, pantalón largo,\ngorra o sombrero de ala ancha).\nSaber que la ropa protectora o el\nequipo de protección personal\npuede aumentar el riesgo del\nestrés por calor."]
[null,null,null,null,"NO","Inalación de Humos y Vapores\n (Incendios Forestales )por factor CAMBIO CLIMATICO","QUÍMICO","Asfixia, Dificultad para respirar, Ardor en los ojos, conjuntivitis, Alergias, Tos, irritación de la garganta, dolor de cabeza.","No aplica","Ninguno","Ninguno",2,2,4,"BAJO",25,100,"III","MEJORABLE","NO APLICA","NO APLICA","NO APLICA","Aplicación PON para el manejo de incendios forestales, ver PLAN DE MERGENCIA PLA-SIG 204.","NO SE REQUIERE"]
[null,null,"PELIGROS QUE APLICAN A TRABAJO EN CASA",null,"SI","Postura Prolongada \n(Postura sedente más del 75% de la jornada laboral en trabajo con video terminales)","BIOMECÁNICO","*Dolor lumbar inespecífico\n*Espasmos musculares","Ninguno","Ninguno","Ninguno",2,4,8,"MEDIO",25,200,"II","ACEPTABLE CON CONTROL ESPECIFICO","NO APLICA","NO SE REQUIERE","NO SE REQUIERE","*Realizar visitas virtuales por parte del Grupo de SST para capacitar en higiene postural en casa.\n\n*Realizar pausas activas en el área. INS-SIG-202 INSTRUCTIVO DE PAUSAS ACTIVAS SALUDABLES                                                            \n\n*Continuar con las actividades del programa de vigilancia epidemiológico  para prevención de desordenes musculo esqueléticas asociadas al peligro biomecánico, para trabajo en casa.                                                                               ","NO APLICA"]
[null,null,null,null,"SI","Movimientos repetitivos  \n(Digitación - Escanear)","BIOMECÁNICO","Lesiones por trauma acumulativo en miembro superiores ( STC).\nSíndrome de Quervain","Ninguno","Ninguno","Ninguno",2,4,8,"MEDIO",25,200,"II","ACEPTABLE CON CONTROL ESPECIFICO","NO SE REQUIERE","NO SE REQUIERE","NO SE REQUIERE","*Se recomienda la implementación permanente de pausas activas durante la jornada laboral.  INS-SIG-202 INSTRUCTIVO DE PAUSAS ACTIVAS SALUDABLES                                                                                                                                                ","NO APLICA"]
[null,null,null,null,"SI","Radiaciones No ionizantes                                   (Exposición permanente a pantallas del computador)","FÍSICO ","*Fatiga visual","Ninguno","Ninguno","Ninguno",2,2,4,"BAJO",25,100,"III","MEJORABLE","NO APLICA","NO SE REQUIERE","NO SE REQUIERE","*Se recomienda la implementación permanente de pausas activas durante la jornada laboral. INS-SIG-202 INSTRUCTIVO DE PAUSAS ACTIVAS SALUDABLES                                                                                                                                             ","NO APLICA"]
[null,null,null,null,"NO","Locativo                                                                              (Cableado eléctrico desordenado en la zona adecuada para puesto de trabajo)","CONDICIONES DE SEGURIDAD","*Se potencializa el riesgo de accidentes por caídas. ","Ninguno","Ninguno","Ninguno",2,2,4,"BAJO",25,100,"III","MEJORABLE","NO APLICA","NO SE REQUIERE","Se recomienda agrupar el cableado eléctrico faltante, utilizando espiral porta cable u otro mecanismo de canalización. ","Realizar inspecciones de seguridad para verificar estado de cableado del  área. PRO-SIG-203 PROCEDIMIENTO INSPECCIONES DE SST.       ","NO APLICA"]
[null,null,null,null,"NO","Picaduras - Mordeduras                             (Presencia de vectores e insectos dentro de la vivienda o zona destinada para laborar).","BIOLÓGICO","Infecciones","Ninguno","Ninguno","Ninguno",2,2,4,"BAJO",25,100,"III","MEJORABLE","NO APLICA","NO APLICA","NO APLICA","* realizar una correcta inspección del área de trabajo para garantizar la NO presencia de vectores o insectos ponzoñoso. PRO-SIG-203 PROCEDIMIENTO INSPECCIONES DE SST.                                                                                       Evitar las zona con acumulación de aguas estancadas","NO APLICA"]
[null,null,null,null,"SI","Virus y Bacterias\n (Exposición a virus y bacterias debido al uso de superficies húmedas como baños, lavamanos y lavaplatos alberca)","BIOLÓGICO","*Dermatosis\n*Reacciones alérgicas\n*Enfermedades infecciosas\n*Infecciones respiratorias","Ninguno","Ninguno","Ninguno",2,2,4,"BAJO",25,100,"III","MEJORABLE","NO APLICA","NO APLICA","NO APLICA","*Capacitar a los trabajadores en auto cuidado y la importancia del uso de los EPP. PRO-SIG-202 PROCEDIMIENTO ADMINISTRACIÓN DE ELEMENTOS DE EPP.   ","*Uso de EPP (Guantes - Tapa bocas)"]
[null,null,null,null,"NO","Material particulado \n(Polvo en los documentos)","QUÍMICOS","*Enfermedades respiratorias\n*Infecciones virales \n*Alergias ","Ninguno","Ninguno","Ninguno",2,2,4,"BAJO",25,100,"III","MEJORABLE","NO APLICA","NO APLICA","NO APLICA","*Realizar seguimiento del uso de los elementos de protección personal (Tapa bocas), cuando manipule archivo con polvo. PRO-SIG-202 PROCEDIMIENTO ADMINISTRACIÓN DE ELEMENTOS DE EPP.                                                             ","Suministrar tapa bocas para el desarrollo de la labor. "]
[null,null,null,null,"NO","Uso de elementos de desinfección\n(alcohol, gel antibactarial)","QUÍMICOS","\n*Alergias en piel o vías respiratorias.\n* Quemaduras ","Ninguno","Ninguno","Ninguno",2,2,4,"BAJO",25,100,"III","MEJORABLE","NO APLICA","NO APLICA","NO APLICA","*Realizar seguimiento del uso de los elementos de protección personal (Tapa bocas), cuando manipule archivo con polvo. PRO-SIG-202 PROCEDIMIENTO ADMINISTRACIÓN DE ELEMENTOS DE EPP.                                                              ","Suministrar tapa bocas para el desarrollo de la labor. "]
[null,null,null,null,"SI","Mecánico                                         (Manejo de Equipos y elementos de Oficina)","CONDICIONES DE SEGURIDAD","*Traumas de tejidos blandos (Laceración, contusión, heridas superficiales, etc.)       ","Ninguno","Ninguno","Ninguno",2,2,4,"BAJO",25,100,"III","MEJORABLE","NO SE REQUIERE","NO SE REQUIERE","NO SE REQUIERE","*Continuar con el uso adecuado de los elementos de trabajo, realizar cambio de los elementos que se observen en mal estado. PRO-SIG-203 PROCEDIMIENTO INSPECCIONES DE SST.      ","NO APLICA"]
[null,null,null,null,"SI","Deficiente ventilación (Las ventanas y persianas deben permanecer cerradas para evitar el ingreso de rayos solares)","FÍSICO                              ","*Disconfort por calor ambiental permanente","Ninguno","Ninguno","Ninguno",2,2,4,"BAJO",25,100,"III","MEJORABLE","NO APLICA","NO SE REQUIERE","NO SE REQUIERE","Se recomienda contar con un área de ventilación natural o con ventilación artificial como ventiladores. PRO-SIG-203 PROCEDIMIENTO INSPECCIONES DE SST.    ","NO APLICA"]
[null,null,null,null,"SI","Manipulación y desplazamiento de cargas\n(Documentos y cajas)","BIOMECÁNICO","Lesiones en columna\nEnfermedad discal\nEnfermedad lumbar ","Ninguno","Ninguno","Ninguno",2,4,8,"MEDIO",25,200,"II","ACEPTABLE CON CONTROL ESPECIFICO","NO SE REQUIERE","NO SE REQUIERE","NO SE REQUIERE","* Practicar higiene postural para el manejo de cargas. Evitar levantar mas de 10 Kg mujeres y 20 Kg Hombres. VIGILANCIA EPIDEMIOLÓGICA PARA LA PREVENCION DE DESÓRDENES MUSCULO-ESQUELÉTICOS.      ","NO APLICA"]
[null,null,null,null,"SI","Iluminación\n(Deficiente de iluminación natural o artificial en el sitio adecuado para laboral dentro de la vivienda)                                             ","FÍSICO ","*Fatiga visual","Ninguno","Ninguno","Ninguno",2,2,4,"BAJO",25,100,"III","MEJORABLE","NO APLICA","Se recomienda adecuar zona de trabajo en lugar con iluminación adecuada (que no sea excesiva o deficiente). ","NO SE REQUIERE","Se recomienda adecuar el sitio de trabajo con iluminación adecuada.PRO-SIG-203 PROCEDIMIENTO INSPECCIONES DE SST.    ","NO APLICA"]
[null,null,null,null,"NO","Locativo\nSuperficies de trabajo  irregulares y  desniveladas, escaleras                                 (Desplazamiento en la vivienda)","CONDICIONES DE SEGURIDAD","*Golpes \n*Caídas\n*Fracturas","Ninguno","Ninguno","Ninguno",2,2,4,"BAJO",25,100,"III","MEJORABLE","NO APLICA","NO APLICA","NO APLICA","*Se recomienda uso de calzado adecuado y de tacón bajo según el área a visitar, con el fin de evitar caídas. PGR-SIG-201 ESTILOS DE VIDA Y TRABAJO SALUDABLES.             ","Uso de calzado bajo "]
[null,null,null,null,"SI","Virus ","BIOLÓGICO","Malestar general","Ninguno","Ninguno","Ninguno",2,2,4,"BAJO",25,100,"III","MEJORABLE","N.A","N.A","Trabajo en casa ","   *Promover frecuentemente el lavado de manos en personal de planta, contratistas y visitantes. En caso de no contar con agua y jabón, se debe proveer con desinfectantes para manos (gel antibacterial a base de alcohol).  *Disminución de la densidad laboral en áreas de trabajo o de ocupación de la entidad promoviendo el teletrabajo. *Mantener un stop de EPP  (mascarillas ) para dotación y recambio. *Establecer canales de comunicación individualizados y/o de grupo: correo electrónico, redes sociales, videoconferencia, teléfono para reuniones evitando la presencialidad. *Revisión y análisis de los perfiles epidemiológicos por cargo.","Uso permanente de mascarilla respiratoria. Uso periódico de productos para limpieza (agua y jabón) y  alcohol al 70%, mono gafas o careta."]
[null,null,null,null,"SI","Público\n(Robos - Atracos - Asaltos - Agresiones verbales - Actos Violentos)","CONDICIONES DE SEGURIDAD","*Golpes\n*Agresiones verbales y físicas \n*Atentados violentos\n*Heridas\n*Muerte","Ninguno","Ninguno","Ninguno",2,2,4,"BAJO",100,400,"II","ACEPTABLE CON CONTROL ESPECIFICO","NO APLICA","NO APLICA","NO APLICA","*Socializar los planes contingencia para diferentes situaciones  de emergencia específicamente riesgo público. PLA-SIG-204 PLAN DE PREVENCIÓN, PREPARACIÓN Y RESPUESTA ANTE EMERGENCIAS.      ","NO APLICA"]
[null,null,null,null,"NO","Erupción volcán Machín","FENÓMENOS NATURALES","Erupción del Volcán Machín","Ninguno","Ninguno","Ninguno",2,2,4,"BAJO",25,100,"III","MEJORABLE","NO APLICA","NO APLICA","NO APLICA","Tener en cuenta las recomendaciones dadas en los medios de comunicación de la alcaldía y recomendaciones en el video del ejercicio de la simulación  el día nacional del simulacro. PLA-SIG-204 PLAN DE PREVENCIÓN, PREPARACIÓN Y RESPUESTA ANTE EMERGENCIAS.  ","NO APLICA"]
[null,null,null,null,"NO","Sismo - Terremoto","FENÓMENOS NATURALES","Erupción del Volcán Machín","Ninguno","Ninguno","Ninguno",2,2,4,"BAJO",25,100,"III","MEJORABLE","NO APLICA","NO APLICA","NO APLICA","Tener en cuenta las recomendaciones dadas en los medios de comunicación de la alcaldía y recomendaciones en el video del ejercicio de la simulación  el día nacional del simulacro. PLA-SIG-204 PLAN DE PREVENCIÓN, PREPARACIÓN Y RESPUESTA ANTE EMERGENCIAS.      ","NO APLICA"]

{"sheet":"BIBLIOTECA OVIEDO","index":40,"n_rows":112,"n_cols":24,"rows_kept":112,"cut":false,"hidden":true,"merged":[[95,2,111,3],[69,2,94,3],[8,2,39,2],[8,3,22,3],[8,4,22,4],[23,3,39,3],[23,4,39,4],[40,2,68,2],[40,3,65,3],[40,4,65,4],[66,3,68,3],[66,4,68,4],[5,2,5,3],[5,4,5,23],[6,2,7,2],[6,3,7,3],[6,4,7,4],[6,5,6,6],[6,7,7,7],[6,8,6,10],[6,11,6,17],[6,19,6,23],[0,2,3,2],[0,3,1,21],[0,23,3,23],[2,3,3,21],[4,20,4,21],[4,22,4,23]]}
[null,null,null,"PROCESO: SISTEMA INTEGRADO DE GESTIÓN",null,null,null,null,null,null,null,null,null,null,null,null,null,null,null,null,null,null,"Código: FOR-221-PRO-SIG"]
[null,null,null,null,null,null,null,null,null,null,null,null,null,null,null,null,null,null,null,null,null,null,"Versión: 04"]
[null,null,null,"FORMATO: \nIDENTIFICACIÓN DE PELIGROS, EVALUACIÓN Y VALORACIÓN DE LOS RIESGOS \nALCALDÍA MUNICIPAL DE IBAGUÉ",null,null,null,null,null,null,null,null,null,null,null,null,null,null,null,null,null,null,"Fecha: 27/05/2022"]
[null,null,null,null,null,null,null,null,null,null,null,null,null,null,null,null,null,null,null,null,null,null,"Página: 1 de 1 "]
[null,null,"FECHAS DE ACTUALIZACIÓN: ","2019-02-22","2019-03-09","2019-09-02","2019-09-11","2019-09-24","2019-10-30","2020-07-22","2021-04-09","2022-05-27","2023-07-07","2024-06-28"]
[null,null,"PROCESO:",null,"BIBLIOTECA OVIEDO"]
[null,null,"1. PROCESO ADMINISTRATIVO / OPERATIVO","2. ACTIVIDADES","3. TAREA RUTINARIO (SI O NO)","PELIGRO",null,"6. EFECTOS POSIBLES\n(Salud - Seguridad)","CONTROLES EXISTENTES",null,null,"EVALUACIÓN DEL RIESGO",null,null,null,null,null,null,"VALORACIÓN DEL RIESGO","MEDIDAS DE INTERVENCIÓN"]
[null,null,null,null,null,"4. DESCRIPCIÓN","5. CLASIFICACIÓN",null,"7. FUENTE","8. MEDIO","9. INDIVIDUO","10. NIVEL DE DEFICIENCIA","11. NIVEL DE EXPOSICIÓN","12. NIVEL DE PROBABILIDAD ND X NE","13. INTERPRETACIÓN DEL NIVEL DE PROBABILIDAD","14. NIVEL DE CONSECUENCIA","15. NIVEL DE RIESGO NR E INTERVENCIÓN","16. INTERPRETACIÓN DEL NR","17. ACEPTABILIDAD DEL RIESGO","18 ELIMINACIÓN","19. SUSTITUCIÓN","20. CONTROLES DE INGENIERIA","21. CONTROLES ADMINISTRATIVOS, SEÑALIZACIÓN, ADVERTENCIA","22. ELEMENTOS DE PROTECCIÓN PERSONAL"]
[null,null,"ADMINISTRATIVO","ACTIVIDAD PLANEACIÓN, ELABORACIÓN Y EJECUCION DE DOCUMENTOS. USO DE HERRAMIENTAS TECNOLOGICAS Y VIDEO TERMINALES. INTERACCIONES LABORALES Y ADMINISTRATIVAS (ATENCIÓN AL CIUDADANO; APLICA PARA FUNCIONARIOS DE PLANTA Y/O CONTRATO.)","SI","Postura Forzada                            \nAltura inadecuada de la pantalla visual y posturas inadecuadas por  los apoyabrazos de la silla.","BIOMECÁNICO"," Tendinitis Espamos de manos","Ninguno","Ninguno","Jornadas de pausas activas ",2,4,{"$f":"+L9*M9","v":8},{"$f":"IF(N9>=24,\"MUY ALTO\",IF(N9>=10,\"ALTO\",IF(N9>=6,\"MEDIO\",\"BAJO\")))","v":"MEDIO"},25,{"$f":"+N9*P9","v":200},{"$f":"IF(Q9>=600,\"I\",IF(Q9>=150,\"II\",IF(Q9>=40,\"III\",IF(Q9>=20,\"IV\"))))","v":"II"},{"$f":"IF(Q9>=600,\"NO ACEPTABLE\",IF(Q9>=150,\"ACEPTABLE CON CONTROL ESPECIFICO\",IF(Q9>=40,\"MEJORABLE\",IF(Q9>=20,\"ACEPTABLE\"))))","v":"ACEPTABLE CON CONTROL ESPECIFICO"},"NINGUNO ","NINGUNO ","NINGUNO ","* Pausas activas a lo largo de la jornada laboral y sensibilizar sobre su importancia , INS-SIG-202 INSTRUCTIVO DE PAUSAS ACTIVAS SALUDABLES.                                                                                                                             * Realizar seguimiento para el S.V.E  para lesiones osteo musculares.* Se recomienda  retitar los apoyabrazos de la silla ergonómica. *Se recomienda graduar y elevar la altura de la pantalla visual.  PGR-SIG-205 VIGILANCIA EPIDEMIOLÓGICA PARA LA PREVENCION DE DESÓRDENES MUSCULO-ESQUELÉTICOS.","NO APLICA "]
[null,null,null,null,null,"Postura Forzada                            \nMiembros superiores en la gravedad por el espacio reducido del plano de trabajo\nPortateclado del escritorio \nSilla en mal estado","BIOMECÁNICO","Lumbalgias, Cervicalgias, Mialgias, lesiones y síndromes doloroso, tendinitis, espamos de manos ","Ninguno","Ninguno","Jornadas de pausas activas ",2,4,{"$f":"+L10*M10","v":8},{"$f":"IF(N10>=24,\"MUY ALTO\",IF(N10>=10,\"ALTO\",IF(N10>=6,\"MEDIO\",\"BAJO\")))","v":"MEDIO"},25,{"$f":"+N10*P10","v":200},{"$f":"IF(Q10>=600,\"I\",IF(Q10>=150,\"II\",IF(Q10>=40,\"III\",IF(Q10>=20,\"IV\"))))","v":"II"},{"$f":"IF(Q10>=600,\"NO ACEPTABLE\",IF(Q10>=150,\"ACEPTABLE CON CONTROL ESPECIFICO\",IF(Q10>=40,\"MEJORABLE\",IF(Q10>=20,\"ACEPTABLE\"))))","v":"ACEPTABLE CON CONTROL ESPECIFICO"},"NINGUNO ","NINGUNO ","NINGUNO ","* Pausas activas a lo largo de la jornada laboral y sensibilizar sobre su importancia , INS-SIG-202 INSTRUCTIVO DE PAUSAS ACTIVAS SALUDABLES.                                  INS- SIG-202 INSTRUCTIVO DE PAUSAS ACTIVAS SALUDABLES.                                                                                             * Realizar seguimiento para el S.V.E  para lesiones osteo musculares. PGR-SIG-205 VIGILANCIA EPIDEMIOLÓGICA PARA LA PREVENCION DE DESÓRDENES MUSCULO-ESQUELÉTICOS.\n* Se recomienda  revisar la posibilidad de contar con un plano de trabajo en \"L\" que garantice que la manos, brazo y muñeca permanezcan en linea recta en el momento de digitar. PGR-SIG-205 VIGILANCIA EPIDEMIOLÓGICA PARA LA PREVENCION DE DESÓRDENES MUSCULO-ESQUELÉTICOS.   \n* Se recomienda  retirar el portateclado del escritorio para mejorar la postura del trabajador.\n* Se recomienda cambio de las sillas que se encuentra en mal estado. ","NO APLICA "]
[null,null,null,null,null,"Mecánico                                                     \nManejo de herramientas manuales \n(Grapadora, saca ganchos, perforadora, ganchos legadores)","CONDICIONES DE SEGURIDAD\n","Golpes, heridas, pinchazos, magulladuras de diferentes en los miembros superiores ","Cambio de elementos en mal estado ","Ninguno ","Recomendaciones en inducción",6,2,12,"ALTO",25,300,"II","ACEPTABLE CON CONTROL ESPECIFICO","NINGUNO ","NINGUNO ","NINGUNO ","*Capacitación sobre manejo seguro de herramientas. PLAN ANUAL DE TRABAJO Y PIC.\n*Capacitación en prevención en lesiones de mano PLAN ANUAL DE TRABAJO Y PIC.  PGR-SIG-205 VIGILANCIA EPIDEMIOLÓGICA PARA LA PREVENCION DE DESÓRDENES MUSCULO-ESQUELÉTICOS.   \n*Inspeccionar las diferentes herramientas utilizados en la oficina para labores administrativas. ","NO APLICA"]
[null,null,null,null,null,"Movimientos Repetitivos\n(Sólo las manos, digitación en teclado y uso de mouse)","BIOMECÁNICO","Síndromes túnel del carpo\n\nSíndrome de Quervain","Ninguno","SVE  Biomecánico ","Recomendaciones en inducción",2,4,8,"MEDIO",25,200,"II","ACEPTABLE CON CONTROL ESPECIFICO","NINGUNO ","NINGUNO ","NINGUNO ","*Implementar el programa de pausas activas, específicamente. INS-SIG-202 INSTRUCTIVO DE PAUSAS ACTIVAS SALUDABLES.                         *Continuar con la implementación del Sistema de vigilancia epidemiológico osteomuscular. PGR-SIG-205 VIGILANCIA EPIDEMIOLÓGICA PARA LA PREVENCION DE DESÓRDENES MUSCULO-ESQUELÉTICOS.   \n","NO APLICA"]
[null,null,null,null,null,"Posturas Prolongadas                    \nPosición sedente la mayor parte de la jornada laboral","BIOMECÁNICO","Lumbalgias, Cervicalgias, Mialgias, lesiones y síndromes dolorosos","Ninguno","Ninguno","Ninguno",2,4,8,"MEDIO",25,200,"II","ACEPTABLE CON CONTROL ESPECIFICO","NINGUNO ","NINGUNO ","NINGUNO ","*Acondicionar los puestos de trabajo dando cumplimiento a las recomendaciones ergonómicas  \"Biomecánicas\", para lo cual, se deben cumplir los requisitos ergonómicos para trabajos con video terminales, por lo tanto, se debe adecuar la altura y ubicación de las pantallas. PGR-SIG-205 VIGILANCIA EPIDEMIOLÓGICA PARA LA PREVENCION DE DESÓRDENES MUSCULO-ESQUELÉTICOS.  \n*Capacitación en  higiene postural, ergonomía en oficina, gimnasia laboral y pausas activas.           ","NO APLICA"]
[null,null,null,null,null,"Postura Forzada                            \nAltura inadecuada de la pantalla visual  por el portátil ","BIOMECÁNICO"," Tendinitis Espamos de manos","Ninguno","Ninguno","Jornadas de pausas activas ",2,4,8,"MEDIO",25,200,"II","ACEPTABLE CON CONTROL ESPECIFICO","NINGUNO ","NINGUNO ","NINGUNO ","* Pausas activas a lo largo de la jornada laboral y sensibilizar sobre su importancia , INS-SIG-202 INSTRUCTIVO DE PAUSAS ACTIVAS SALUDABLES.                                                                                                          * Realizar seguimiento para el S.V.E  para lesiones osteo musculares.a. *Se recomienda graduar y elevar la altura de la pantalla visual para mejorar posturas de los puestos de trabajo con portátil.  PGR-SIG-205 VIGILANCIA EPIDEMIOLÓGICA PARA LA PREVENCION DE DESÓRDENES MUSCULO-ESQUELÉTICOS.             ","*Se recomienda elementos de confort: Base portátil, apoyapiés, teclado adicional "]
[null,null,null,null,null,"Públicos                                                     \nAgresiones verbales con la atención de usuarios, estudiantes,  ","CONDICIONES DE SEGURIDAD","Heridas, Muerte, estrés laboral","Ninguno","Ninguno ","Recomendaciones en inducción",2,2,4,"BAJO",100,400,"II","ACEPTABLE CON CONTROL ESPECIFICO","NINGUNO ","NINGUNO ","NINGUNO ","*Diseñar e implementar  planes contingencia para diferentes situaciones  de emergencia. PLA-SIG-204 PLAN DE PREVENCIÓN, PREPARACIÓN Y RESPUESTA ANTE EMERGENCIAS.            \n* Continuar con la vigilancia física del centro de trabajo. \n* Capacitaciones para intervenir el riesgo.  PLAN ANUAL DE TRABAJO Y PIC.","NO APLICA "]
[null,null,null,null,null,"Locativo                             \nCableado del internet y de tomas electricas expuestos","CONDICIONES DE SEGURIDAD","Se potencializa el riesgo de incendio y accidentes por caídas, chispas, conatos de incendios ","Ninguno","Ninguno","Recomendaciones en inducción",2,2,4,"BAJO",25,100,"III","MEJORABLE","NINGUNO ","NINGUNO ","NINGUNO ","*Agrupar el cableado eléctrico, utilizando espiral porta cable  y/o canaleta. * Jornadas de orden y aseo. PGR-SIG-204 orden y aseo.  * Capacitaciones en caídas al mismo nivel. PGR-SIG-203-programa protección contra caídas. \n","NO APLICA"]
[null,null,null,null,null,"Locativo                             \nCableado del computador expuesto debajo del escritorio","CONDICIONES DE SEGURIDAD","Se potencializa el riesgo de incendio y accidentes por caídas, chispas, conatos de incendios ","Ninguno","Ninguno","Recomendaciones en inducción",2,2,4,"BAJO",25,100,"III","MEJORABLE","NINGUNO ","NINGUNO ","NINGUNO ","*Agrupar el cableado eléctrico, utilizando espiral porta cable  y/o canaleta.         * Jornadas de orden y aseo.   PGR-SIG-204 ORDEN Y ASEO.                               * Capacitaciones en caídas al mismo nivel.  PGR-SIG-203-PROGRAMA PROTECCIÓN CONTRA CAÍDAS.    \n","NO APLICA"]
[null,null,null,null,null,"Locativo\nEstanteria sin anclar a la pared","CONDICIONES DE SEGURIDAD","*Golpes\n*Contusión \n*Traumas \n*Heridas                                                                                                                                                                                                                                                                                                                                        Caídas de objetos                                                                                                                                                                                                                                                                                                                           accidentes e incidentes de trabajo","Ninguno","Ninguno","Ninguno",2,2,4,"BAJO",25,100,"III","MEJORABLE","NO APLICA","NO APLICA","NO APLICA","Se recomienda anclaje de toda la estanteria que se encuentra  en la biblioteca,  para evitar accidentes  con los niños, usuarios y la bibliotecaria","NO APLICA"]
[null,null,null,null,null,"Eléctrico                        \nToma eléctrica dañada  con potencial   de corto circuito ","CONDICIONES DE SEGURIDAD ","Potencializa el riesgo de incendio. Quemaduras, cortos circuitos ","Ninguno","Ninguno ","Recomendaciones en inducción",2,2,4,"BAJO",25,100,"III","MEJORABLE","NINGUNO ","NINGUNO ","Mantenimiento a instalaciones eléctricas "," * Jornadas de orden y aseo.  PGR-SIG-204 ORDEN Y ASEO.  \n * Mantenimiento de las tomas eléctricas  del área de portería.","NO APLICA"]
[null,null,null,null,null,"Inundación  \nProblemas de goteras y desnivel del piso que permite el ingreso de agua en condiciones lluviosas ","FENÓMENOS NATURALES ","Ingreso de agua en el área   ","Ninguno","Ninguno ","Plan de emergencia y brigadistas ",2,2,4,"BAJO",25,100,"III","MEJORABLE","NINGUNO ","NINGUNO ","NINGUNO ","* Se recomienda un programa de mantenimiento de instalaciones para el control de humedad. PRO-SIG-203 PROCEDIMIENTO INSPECCIONES DE SST.     \n* Mantenimiento y/o cambio de la puerta de portería. ","NO APLICA"]
[null,null,null,null,null,"Disconfort Térmico - Exposición a temperaturas altas   por  concentración  de usuarios. ","FÍSICO","Disconfort térmico,   Alergias, afecciones respiratorias, cefaleas tensionales . ","Ninguno","Ninguno ","Ninguno ",2,2,4,"BAJO",25,100,"III","MEJORABLE","NINGUNO ","NINGUNO ","*Se recomienda  revisar la posibilidad de instalar en el área aire acondicionado. ","* Se recomienda   dotar de puntos de hidratación (Botellones de agua)  para los funcionarios. \n* Se recomienda  ventiladores personales. ","NO APLICA "]
[null,null,null,null,null,"Disconfort Térmico - Exposición a temperaturas altas  extremas  por la inadecuada  concentración  de usuarios. ","FÍSICO","Disconfort térmico,   Alergias, afecciones respiratorias, cefaleas tensionales . ","Ninguno","Ninguno ","Ninguno ",2,2,4,"BAJO",25,100,"III","MEJORABLE","NINGUNO ","NINGUNO ","*Se recomienda  revisar la posibilidad de instalar en el área aire acondicionado. ","* Se recomienda   dotar de puntos de hidratación (Botellones de agua)  para los funcionarios. PRO-SIG-203 PROCEDIMIENTO INSPECCIONES DE SST.     \n* Se recomienda  ventiladores personales. ","NO APLICA "]
[null,null,null,null,null,"Ruido\n Ambiental producido por los usuarios ","FÍSICO","* Dolor  de cabeza,\n* poca concentración, \n*zumbidos  en los oídos   \n* Cefaleas tensionales ","Ninguno","Ninguno","Exámenes Médicos ocupacionales",2,2,4,"BAJO",25,100,"III","MEJORABLE","NINGUNO ","NINGUNO ","NINGUNO ","*Continuar con la realización de evaluaciones  medicas ocupacionales (ingreso, periódicos y egreso. PRO-SIG-201 PROCEDIMIENTO EXÁMENES OCUPACIONALES.    \n* Realizar pausa activa durante la jornada laboral una vez en la mañana y una vez en la tarde ( Si el  usuario l lo permite). INS-SIG-202 INSTRUCTIVO DE PAUSAS ACTIVAS SALUDABLES.\n*Campañas  educativas con estudiantes de la conservación de la voz . \n","NO APLICA"]
[null,null,null,"TRANSFERENCIAS DOCUMENTALES. MANEJO DE CORRESPONDENCIA. ACTIVIDAD MANEJO DE ARCHIVO. REGISTRO, INVENTARIO Y CONTROL DE PRÉSTAMO DE LOS LIBROS; APLICA PARA FUNCIONARIOS DE PLANTA Y/O CONTRATO. ","SI","Mecánico                                                     \nManejo de herramientas manuales \n(Grapadora, saca ganchos, perforadora, ganchos legadores)","CONDICIONES DE SEGURIDAD\n","Golpes, heridas, pinchazos, magulladuras de diferentes en los miembros superiores ","Cambio de elementos en mal estado ","Ninguno ","Recomendaciones en inducción",2,2,4,"BAJO",25,100,"III","MEJORABLE","NINGUNO ","NINGUNO ","NINGUNO ","*Capacitación sobre manejo seguro de herramientas. \n*Capacitación en prevención en lesiones de mano. PRO-SIG-205 PROCEDIMIENTO DE INCIDENTES Y ACCIDENTES DE TRABAJO . \n*Inspeccionar las diferentes herramientas utilizados en la oficina para labores administrativas. ","NO APLICA"]
[null,null,null,null,null,"Postura Forzada                            Miembros superiores en la gravedad por el espacio reducido del plano de trabajo\n","BIOMECÁNICO","Lumbalgias, Cervicalgias, Mialgias, lesiones y síndromes doloroso, tendinitis, espamos de manos ","Ninguno","Ninguno","Jornadas de pausas activas ",2,4,8,"MEDIO",25,200,"II","ACEPTABLE CON CONTROL ESPECIFICO","NINGUNO ","NINGUNO ","NINGUNO ","* Pausas activas a lo largo de la jornada laboral y sensibilizar sobre su importancia , INS-SIG-202 INSTRUCTIVO DE PAUSAS ACTIVAS SALUDABLES.                                                                                                          * Realizar seguimiento para el S.V.E  para lesiones osteo musculares.\n* Se recomienda  revisar la posibilidad de contar con un plano de trabajo en \"L\" que garantice que la manos, brazo y muñeca permanezcan en linea recta en el momento de digitar. \n","NO APLICA "]
[null,null,null,null,null,"Locativo \nTechos en mal estado \nProblemas de humedad ","CONDICIONES DE SEGURIDAD","Colapso estructural - Hongos- bacterias","Ninguno","Ninguno ","Ninguno ",2,2,4,"BAJO",25,100,"III","MEJORABLE","NINGUNO ","NINGUNO ","NINGUNO ","*Realizar mantenimiento preventivo y correctivo de las instalaciones locativas, con el fin de mejorar las condiciones de trabajo y prevenir  enfermedades a los trabajadores. PRO-SIG-203 PROCEDIMIENTO INSPECCIONES DE SST.                                                                                                              * Mantenimiento de los techos para  evitar  la proliferación de animales ( murciélagos- palomas) y control de humedad. \n*Se recomienda erradicar los palomas del área. ","NO APLICA"]
[null,null,null,null,null,"Locativo - Infraestructura                           Sistemas de almacenamiento y condiciones técnico ambientales inadecuados del archivo                        ","CONDICIONES DE SEGURIDAD","Accidentes de trabajo -  Deterioro del archivo - Caídas de objetos (cajas) ","Ninguno","Ninguno","Ninguno",2,2,4,"BAJO",25,100,"III","MEJORABLE","NINGUNO ","NINGUNO ","NINGUNO ","  *Ubicación del archivo debe ser un terreno sin riesgos de humedad subterránea o problemas de inundación y que ofrezca estabilidad. PGR-SIG-204 ORDEN Y ASEO. ","NO APLICA"]
[null,null,null,null,null,"Locativo\nSistema de almacenamiento  \nUbicación inadecuada de los archivadores NO anclados a la pared","CONDICIONES DE SEGURIDAD\n","*Golpes\n*Contusión \n*Traumas superficiales\n*Heridas","NINGUNO","NINGUNO","NINGUNO",2,2,4,"BAJO",25,100,"III","MEJORABLE","NINGUNO ","NINGUNO ","NINGUNO ","*Se recomienda instalar protectores de seguridad en el soporte de agarre de los archivadores, con el fin de evitar heridas graves y disminuir los golpes. \n*Sensibilización a los trabajadores  en auto cuido. PGR-SIG-201 ESTILOS DE VIDA Y TRABAJO SALUDABLES.  ","NO APLICA"]
[null,null,null,null,null,"Postura Forzada                            \nAltura inadecuada de la pantalla visual  por el portátil ","BIOMECÁNICO"," Tendinitis Espamos de manos","Ninguno","Ninguno","Jornadas de pausas activas ",2,4,8,"MEDIO",25,200,"II","ACEPTABLE CON CONTROL ESPECIFICO","NINGUNO ","NINGUNO ","NINGUNO ","* Pausas activas a lo largo de la jornada laboral y sensibilizar sobre su importancia , INS-SIG-202 INSTRUCTIVO DE PAUSAS ACTIVAS SALUDABLES.                                                                                                           * Realizar seguimiento para el S.V.E  para lesiones osteo musculares.a. *Se recomienda graduar y elevar la altura de la pantalla visual para mejorar posturas de los puestos de trabajo con portátil.  PGR-SIG-205 VIGILANCIA EPIDEMIOLÓGICA PARA LA PREVENCION DE DESÓRDENES MUSCULO-ESQUELÉTICOS.","*Se recomienda elementos de confort: Base portátil, apoyapiés, teclado adicional "]
[null,null,null,null,null,"Movimientos repetitivos  Abrir y cerrar las estanterías móviles del archivo (rodantes) ","BIOMECÁNICO ","Síndrome del Túnel Carpiano, Manguito rotador ","Ninguno","Ninguno","Pausas Activas Implementación del SVE DMO ",2,4,8,"MEDIO",25,200,"II","ACEPTABLE CON CONTROL ESPECIFICO","NINGUNO ","NINGUNO ","NINGUNO ","*Implementar el programa de pausas activas.  INS-SIG-202 INSTRUCTIVO DE PAUSAS ACTIVAS SALUDABLES.                                                               *Implementación del Sistema de vigilancia epidemiológico desorden musculo esqueléticos, con el fin de identificar las personas con sintomatología y hacer el respectivo seguimiento y control de los diagnósticos médicos que se presenten. PGR-SIG-205 VIGILANCIA EPIDEMIOLÓGICA PARA LA PREVENCION DE DESÓRDENES MUSCULO-ESQUELÉTICOS.","NO APLICA"]
[null,null,null,null,null,"Movimientos Repetitivos\n(Sólo las manos, digitación en teclado y uso de mouse, organizar libros)","BIOMECÁNICO","Síndromes túnel del carpo\n\nSíndrome de Quervain","Ninguno","SVE  Biomecánico ","Ninguno",2,4,8,"MEDIO",25,200,"II","ACEPTABLE CON CONTROL ESPECIFICO","NINGUNO ","NINGUNO ","NINGUNO ","*Implementar el programa de pausas activas. INS-SIG-202 INSTRUCTIVO DE PAUSAS ACTIVAS SALUDABLES.                                                                   *Continuar con la implementación del Sistema de vigilancia epidemiológico osteomuscular.  PGR-SIG-205 VIGILANCIA EPIDEMIOLÓGICA PARA LA PREVENCION DE DESÓRDENES MUSCULO-ESQUELÉTICOS.\n","NO APLICA"]
[null,null,null,null,null,"Públicos                                                     Agresiones verbales con la atención de usuarios, estudiantes,  ","CONDICIONES DE SEGURIDAD","Heridas, Muerte, estrés laboral","Ninguno","Ninguno ","Recomendaciones en inducción",2,2,4,"BAJO",100,400,"II","ACEPTABLE CON CONTROL ESPECIFICO","NINGUNO ","NINGUNO ","NINGUNO ","*Diseñar e implementar  planes contingencia para diferentes situaciones  de emergencia. PLA-SIG-204 PLAN DE PREVENCIÓN, PREPARACIÓN Y RESPUESTA ANTE EMERGENCIAS.    \n* Continuar con la vigilancia física del centro de trabajo. \n* Capacitaciones para intervenir el riesgo.   PLAN ANUAL DE TRABAJO Y PIC","NO APLICA "]
[null,null,null,null,null,"Locativo \nLuminarias sin protectores (rejillas)","CONDICIONES DE SEGURIDAD","Caídas de los tubos fluorescentes, golpes, contusiones ","Ninguno","Ninguno ","Ninguno ",2,2,4,"BAJO",25,100,"III","MEJORABLE","NINGUNO ","NINGUNO ","Mantenimiento a luminarias","*Se recomienda que las luminarias cuenten con protectores (rejillas),  PGR-SIG-204 ORDEN Y ASEO.  ","NO APLICA"]
[null,null,null,null,null,"Material Particulado Acumulación de material particulado (polvo) de los libros  ","QUÍMICO","Irritaciones, alergias a nivel respiratorio","Limpieza periódica en bibliotecas","Ninguno","capacitación de seguridad en archivos ",2,2,4,"BAJO",25,100,"III","MEJORABLE","NINGUNO ","NINGUNO ",1,"*Exámenes periódicos anualmente al personal  expuesto con espirometrias. PRO-SIG-201 PROCEDIMIENTO EXÁMENES OCUPACIONALES.   PRO-SIG-201 PROCEDIMIENTO EXAMENES OCUPACIONALES. \n* Se recomienda que el personal de servicios generales realice limpieza completa del archivo durante la semana.","Uso de tapabocas obligatorio"]
[null,null,null,null,null,"Movimientos Repetitivos\nOrganizar los libros ","BIOMECÁNICO","Síndromes túnel del carpo\n\nSíndrome de Quervain","Ninguno","SVE  Biomecánico ","Ninguno",2,4,8,"MEDIO",25,200,"II","ACEPTABLE CON CONTROL ESPECIFICO","NINGUNO ","NINGUNO ","NINGUNO ","*Implementar el programa de pausas activas, específicamente. INS-SIG-202 INSTRUCTIVO DE PAUSAS ACTIVAS SALUDABLES.                                                                                      *Continuar con la implementación del Sistema de vigilancia epidemiológico osteomuscular.    ","NO APLICA"]
[null,null,null,null,null,"Manipulación manual de cargas                                               \nLevantar cajas de archivo del piso","BIOMECÁNICO","Hernias Discales - Bursitis de hombro - Bursitis de rodilla ","Ninguno","Ninguno","Capacitación manejo adecuado de cargas ",2,4,8,"MEDIO",25,200,"II","ACEPTABLE CON CONTROL ESPECIFICO","NINGUNO ","NINGUNO ","NINGUNO ","*Continuar con la implementación del sistema de vigilancia epidemiológico osteomuscular.                                                                                         *Continuar con la capacitación y  permanente  en  higiene postural, ergonomía en oficina, gimnasia laboral y pausas activas.  INS-SIG-202 INSTRUCTIVO DE PAUSAS ACTIVAS SALUDABLES.  ","NO APLICA"]
[null,null,null,null,null,"Material Particulado Acumulación de material particulado (polvo) del archivo antiguo  y tipo de tipo. ","QUÍMICO","Irritaciones, alergias a nivel respiratorio","Limpieza periódica en bibliotecas","Ninguno","capacitación de seguridad en archivos ",2,2,4,"BAJO",25,100,"III","MEJORABLE","NINGUNO ","NINGUNO ","NINGUNO ","*Exámenes periódicos anualmente al personal  expuesto con espirometrias. PRO-SIG-201 PROCEDIMIENTO EXÁMENES OCUPACIONALES.   \n* Se recomienda que el personal de servicios generales realice limpieza completa del archivo durante la semana.","Uso de tapabocas obligatorio"]
[null,null,null,null,null,"Ruido\n Ambiental producido por los niños","FÍSICO","* Dolor  de cabeza,\n* poca concentración, \n*zumbidos  en los oídos   \n* Cefaleas tensionales ","Ninguno","Ninguno","Exámenes Médicos ocupacionales",2,2,4,"BAJO",25,100,"III","MEJORABLE","NINGUNO ","NINGUNO ","NINGUNO ","*Continuar con la realización de evaluaciones  medicas ocupacionales (ingreso, periódicos y egreso \n* Realizar pausa activa durante la jornada laboral una vez en la mañana y una vez en la tarde ( Si el  usuario l lo permite). INS-SIG-202 INSTRUCTIVO DE PAUSAS ACTIVAS SALUDABLES. \n*Campañas  educativas con estudiantes de la conservación de la voz . \n","NO APLICA"]
[null,null,null,null,null,"Hongos- Bacterias       \nPresencia libros antiguos  ","BIOLÓGICO ","Afecciones respiratorias ","Limpieza periódica en bibliotecas","Ninguno","Uso de EPP (Guantes) ",2,2,4,"BAJO",25,100,"III","MEJORABLE","NINGUNO ","NINGUNO ","Instalación de extractores","\n* Se recomienda continuar con el proceso de intervención (limpieza) de los libros antiguos. PGR-SIG-204 ORDEN Y ASEO. ","Uso de guantes de nitrilo y tapabocas "]
[null,null,null,null,null,"Locativo \nLuminarias sin protectores (rejillas)","CONDICIONES DE SEGURIDAD","Caídas de los tubos fluorescentes, golpes, contusiones ","Ninguno","Ninguno ","Ninguno ",2,2,4,"BAJO",25,100,"III","MEJORABLE","NINGUNO ","NINGUNO ","Mantenimiento a luminarias ","*Se recomienda que las luminarias cuenten con protectores (rejillas), para dar cumplimiento a la Resolución 180540 de 2010.    PRO-SIG-203 PROCEDIMIENTO INSPECCIONES DE SST.      ","NO APLICA"]
[null,null,"OPERATIVO","ACTIVIDAD DESPLAZAMIENTO A EVENTOS Y REUNIONES INSTITUCIONALES,  INSPECCIONES, ACTIVIDADES DE FORMACIÓN, CULTURALES Y RECREATIVAS, DE BIENESTAR,  FUERA DE LA SEDE. AUDICIONES DE RADIO EN LA EMISORA. ACTIVIDADES LÚDICAS CON NIÑOS (LECTURA, TÍTERES Y VIDEOS ACADÉMICOS); APLICA PARA FUNCIONARIOS DE PLANTA Y/O CONTRATO. ","SI","Accidentes de tránsito                      \n     \n(En los desplazamientos en las vías)\nVER MATRIZ DE RIESGO VIAL ","CONDICIONES DE SEGURIDAD","*Muerte \n*Lesiones graves en el cuerpo entero\n*Atrapamiento vehicular","Ninguno","Vehículos de la empresa con mantenimiento preventivo y correctivo. ","Ninguno",2,2,4,"BAJO",100,400,"II","ACEPTABLE CON CONTROL ESPECIFICO","NO APLICA","NO APLICA","*Se debe empezar a realizar la inspección pre operacional de vehículos de la empresa, para identificar condiciones del mismo \"Por parte de los conductores\". ","*Dar cumplimiento al plan de capacitación del PESV según el rol (Pasajero - Conductor - Peatón). PLA-SIG-202 PESV PLAN ESTRATEGICO DE SEGURIDAD VIAL.\n*Realizar sensibilización en seguridad vial ","NO APLICA"]
[null,null,null,null,null,"Eléctrico                        \nToma eléctrica dañada  con potencial   de corto circuito ","CONDICIONES DE SEGURIDAD ","Potencializa el riesgo de incendio. Quemaduras, cortos circuitos ","Ninguno","Ninguno ","Ninguno ",2,2,4,"BAJO",25,100,"III","MEJORABLE","NINGUNO ","NINGUNO ","Mantenimiento a instalaciones eléctricas "," * Jornadas de orden y aseo.  PGR-SIG-204 ORDEN Y ASEO.    \n * Mantenimiento de las tomas eléctricas de la ludoteca.","NO APLICA"]
[null,null,null,null,null,"Locativo - Infraestructura \n\nSuperficie de trabajo  con problemas de filtraciones agua en condiciones climáticas. ","CONDICIONES DE SEGURIDAD","Inundaciones\nDaño estructural  ","Ninguno","Ninguno ","Ninguno ",2,2,4,"BAJO",25,100,"III","MEJORABLE","NINGUNO ","NINGUNO ","mantenimiento a infraestructura","* Se recomienda  mantenimiento de la infraestructura  para el control de humedad y filtración de agua en los salones. PRO-SIG-203 PROCEDIMIENTO INSPECCIONES DE SST.      ","NO APLICA "]
[null,null,null,null,null,"Locativo\nLámparas en estado critico de limpieza, aseo y con riesgo potencial de caída (bomboneras)","CONDICIONES DE SEGURIDAD","Heridas abiertas\nCaída de objetos \nProliferación de material particulado ","Ninguno","Ninguno","Ninguno ",2,2,4,"BAJO",25,100,"III","MEJORABLE","NINGUNO ","NINGUNO ","Mantenimiento a luminarias ","*Se recomienda  mantenimiento de las lámparas (limpieza y aseo). PGR-SIG-204 ORDEN Y ASEO. \n* Se recomienda  revisar la posibilidad de cambiar  el sistema de iluminación (tipo de lámparas); para evitar la caída de objetos. ","NO APLICA"]
[null,null,null,null,null,"Líquidos- Gases y Vapores                                            Uso de sustancias químicas para las labores de limpieza ","QUÍMICO  ","Inhalación de vapores, salpicaduras, irritación de mucosa respiratorias, piel, alergias","Ninguno ","Ninguno ","Recomendaciones en inducción y reinducción- uso de guantes y tapabocas",2,2,4,"BAJO",25,100,"III","MEJORABLE","NINGUNO ","NINGUNO ","NINGUNO "," *Capacitaciones en el maneja adecuado de productos químicos - elementos rotulados- Sistema Globalmente Armonizado","Suministrar tapa bocas para el desarrollo de la labor. "]
[null,null,null,null,null,"Locativo \nLuminarias sin protectores (rejillas)","CONDICIONES DE SEGURIDAD","Caídas de los tubos fluorescentes, golpes, contusiones ","Ninguno","Ninguno ","Ninguno ",2,2,4,"BAJO",25,100,"III","MEJORABLE","NINGUNO ","NINGUNO ","Mantenimiento a luminarias ","*Se recomienda que las luminarias cuenten con protectores (rejillas). PGR-SIG-204 ORDEN Y ASEO.  ","NO APLICA"]
[null,null,null,null,null,"Disconfort Térmico \nExposición a temperaturas altas/ aire acondicionado   ","FÍSICO","Disconfort térmico,   Alergias, afecciones respiratorias, cefaleas tensionales . ","Ninguno","Ninguno ","Ninguno ",2,2,4,"BAJO",25,100,"III","MEJORABLE","NINGUNO ","NINGUNO ","NINGUNO ","* Se recomienda  mantenimiento del aire acondicionado. PRO-SIG-203 PROCEDIMIENTO INSPECCIONES DE SST.      \n* Se recomienda  apagar el aire acondicionado  1/2 antes de  las horas de salida. ","NO APLICA "]
[null,null,null,null,null,"Locativo                                      \nFalta de orden y aseo  por los elementos sin dar de baja \nCifón sin rejilla ","CONDICIONES DE SEGURIDAD ","Caídas al mismo nivel, proliferación de animales, ","Ninguno","Ninguno ","Recomendaciones en inducción",2,2,4,"BAJO",25,100,"III","MEJORABLE","NINGUNO ","NINGUNO ","NINGUNO ","*Capacitaciones en caídas al mismo nivel  al personal expuesto.PGR-SIG-203-PROGRAMA PROTECCIÓN CONTRA CAÍDAS.                                                * Se recomienda jornadas de orden y aseo en la cafetería-  PGR-SIG-204 ORDEN Y ASEO.           * Se recomienda dar de baja a los elementos sin utilizar en las áreas comunes y en la cafetería .\n*Se recomienda instalar  la rejilla en el cifón de la cafetería ara evitar la proliferación de animales (insectos - roedores).\n*Se recomienda fumigaciones periódicas. ","NO APLICA"]
[null,null,null,null,null,"Locativo                                                 \nFalta de orden y aseo  \nElementos dar de baja  ","CONDICIONES DE SEGURIDAD","Accidentes de trabajo, posturas inadecuadas,  golpes, caída de objetos ","Ninguno","Ninguno","Ninguno",2,2,4,"BAJO",25,100,"III","MEJORABLE","NINGUNO ","NINGUNO ","NINGUNO ","*Diseño e implementación del programa de orden y aseo de la empresa, para lo cual, se sugiere realizar jornada de orden y aseo. PGR-SIG-204 ORDEN Y ASEO.\n* Se recomienda  dar de baja a los elementos que no se estén utilizando.\n* Limpieza,  mantenimiento del tapete. ","NO APLICA"]
[null,null,null,null,null,"Locativo \nDesnivel en la superficie de trabajo  en la entrada ","CONDICIONES DE SEGURIDAD","Caídas, golpes, incidentes  y accidentes de y trabajo ","Ninguno ","Señalización de advertencia  ","Capacitación en prevención de caídas ",2,2,4,"BAJO",25,100,"III","MEJORABLE","NINGUNO ","NINGUNO ","NINGUNO ","*Se recomienda demarcar con cinta de precaucion el desnivel de la superficie de trabajo para mejor visibilidad del funcionario  y del visitante. PRO-SIG-203 PROCEDIMIENTO INSPECCIONES DE SST.  \n* Instalar cinta de precaución en el desnivel de la superficie de trabajo. ","NO APLICA "]
[null,null,null,null,null,"Locativo - Infraestructura\n\nInstalaciones en mal estado \n(Techos  con humedad)         ","CONDICIONES DE SEGURIDAD","Bacterias,  hongos, enfermedades respiratorias ","Ninguno","Ninguno ","Ninguno ",2,2,4,"BAJO",25,100,"III","MEJORABLE","NINGUNO ","NINGUNO ","Mantenimiento a infraestructura","* Se recomienda un programa de mantenimiento de instalaciones para el control de humedad. PRO-SIG-203 PROCEDIMIENTO INSPECCIONES DE SST.  \n* Mantenimiento de las paredes para el control de humedad  de las áreas comunes. ","NO APLICA"]
[null,null,null,null,null,"Locativo\nSuperficies de trabajo  irregulares en las vías, terrenos inestables y escarpados","CONDICIONES DE SEGURIDAD","*Golpes \n*Caídas\n*Fracturas","Ninguno","Ninguno","Ninguno",2,2,4,"BAJO",25,100,"III","MEJORABLE","NO APLICA","NO APLICA","NO APLICA","*Se recomienda uso de calzado adecuado  según el área a visitar, con el fin de evitar caídas. PGR-SIG-203-programa protección contra caídas","Uso de calzado bajo "]
[null,null,null,null,null,"Manipulación manual de cargas                                                  (Transporte de algunos elementos pesados durante el proceso de limpieza)","BIOMECÁNICO","Lesiones Osteomusculares  a nivel de cervical y lumbar","Ninguno","Ninguno","Intervención del riesgo biomecánico ",2,4,8,"MEDIO",25,200,"II","ACEPTABLE CON CONTROL ESPECIFICO","NINGUNO ","NINGUNO ","NINGUNO ","*Realizar re-inducción  en manipulación manual de cargas\n*Capacitar al personal en higiene postural y pausas activas durante la jornada de trabajo. INS-SIG-202 INSTRUCTIVO DE PAUSAS ACTIVAS SALUDABLES.  ","NO APLICA"]
[null,null,null,null,null,"Material particulado \nPolvo acumulado en áreas  y superficies de trabajo . ","QUÍMICOS","Infecciones virales, alergias, intoxicaciones.","Limpieza periódica a superficies","Ninguno","Ninguno",2,2,4,"BAJO",25,100,"III","MEJORABLE","NINGUNO ","NINGUNO ","NINGUNO ","*Realizar seguimiento con la  toma de espirómetros. PRO-SIG-203 PROCEDIMIENTO INSPECCIONES DE SST.                                                                                                               ","*Continuar con el uso de tapa bocas."]
[null,null,null,null,null,"Virus - Bacterias\n(Exposición y contacto con  material infectado y contaminado","BIOLÓGICO","Dermatitis Infecciones virales, alergias, intoxicaciones.","Ninguno","Ninguno","Recomendaciones en inducción y uso de guantes, y tapabocas ",2,2,4,"BAJO",25,100,"III","MEJORABLE","NINGUNO ","NINGUNO ","NINGUNO ","*Diseñar e Implementar el protocolo de lavado de manos periódicamente.                                                                         \n*Realizar seguimiento al uso adecuado de los EPP. PRO-SIG-202 PROCEDIMIENTO ADMINISTRACIÓN DE ELEMENTOS DE EPP.                                          * Fumigaciones periódicas para el control de roedores e insectos ","*Continuar con el uso de EPP."]
[null,null,null,null,null,"Hongos                                \n(Exposición y contacto con  material infectado y contaminado)","BIOLÓGICO","Hongos en las manos","Ninguno","Ninguno","Recomendaciones en inducción y uso de guantes, y tapabocas ",2,2,4,"BAJO",25,100,"III","MEJORABLE","NINGUNO ","NINGUNO ","NINGUNO ","*Diseñar e Implementar el protocolo de lavado de manos periódicamente.                                                                         \n*Realizar seguimiento al uso adecuado de los EPP. PRO-SIG-202 PROCEDIMIENTO ADMINISTRACIÓN DE ELEMENTOS DE EPP.                                             * Fumigaciones periódicas para el control de roedores e insectos ","*Continuar con el uso de EPP."]
[null,null,null,null,null,"Movimientos repetitivos                     Labores de limpieza , baterías sanitarias ","BIOMECÁNICO ","Síndrome del manguito rotador- Epicondilitis ","Ninguno ","Ninguno","Rotación de tareas ",2,4,8,"MEDIO",25,200,"II","ACEPTABLE CON CONTROL ESPECIFICO","NINGUNO ","NINGUNO ","NINGUNO ","*Implementación del Sistema de vigilancia epidemiológico Desordes Musculo esqueléticos  DMO. PGR-SIG-205 VIGILANCIA EPIDEMIOLÓGICA PARA LA PREVENCION DE DESÓRDENES MUSCULO-ESQUELÉTICOS.                                                        \n*Capacitaciones a los trabajadores en la intervención de riesgo biomecánico.                                                                                   \n  * Alternar  labores diarias por parte del trabajador durante la jornada de trabajo.                                                             \n *Adoptar posturas adecuadas por parte del trabajador. ","NO APLICA "]
[null,null,null,null,null,"Postura bípeda prolongada                             Desplazamiento continuo  para las labores de la entidad","BIOMECÁNICO","Lesiones Osteomusculares de los miembros inferiores como varices, enfermedades vasculares","Ninguno ","Ninguno","Ninguno",2,4,8,"MEDIO",25,200,"II","ACEPTABLE CON CONTROL ESPECIFICO","NINGUNO ","NINGUNO ","NINGUNO ","* Jornadas de pausas activas INS-SIG-202 INSTRUCTIVO DE PAUSAS ACTIVAS SALUDABLES.                                                                                                  *Cambio de posición de bípeda a sedente y viceversa. * Alternar las labores operativas. ","NO APLICA "]
[null,null,null,null,null,"Locativo\nSuperficies de trabajo  irregulares y  desniveladas                                 (Desplazamiento en los diferentes áreas)","CONDICIONES DE SEGURIDAD","*Golpes \n*Caídas\n*Fracturas","Ninguno",null,"Recomendaciones en inducción ",2,2,4,"BAJO",25,100,"III","MEJORABLE","NO APLICA","NO APLICA","NO APLICA","*Se recomienda uso de calzado adecuado y de tacón bajo según el área a visitar, con el fin de evitar caídas. EST-SIG-01 ESTANDAR DE SEGURIDAD PARA ACTIVIDADES FUERA DE LA SEDE.","Uso de calzado bajo "]
[null,null,null,null,null,"Picaduras                      \n(Exposición con animales en las vías públicas)","BIOLÓGICO","Infecciones","No aplica","No aplica","Recomendaciones en inducción - protocolo de actuación en caso de AT",2,3,6,"MEDIO",25,150,"II","ACEPTABLE CON CONTROL ESPECIFICO","NO APLICA","NO APLICA","NO APLICA","*Se recomienda capacitar en prevención por mordeduras o picaduras en vías públicas. EST-SIG-01 ESTANDAR DE SEGURIDAD PARA ACTIVIDADES FUERA DE LA SEDE.\n","NO APLICA"]
[null,null,null,null,null,"Mordeduras                             \n(Exposición con animales en las vías públicas)","BIOLÓGICO","Infecciones","No aplica","No aplica","Recomendaciones en inducción - protocolo de actuación en caso de AT",2,2,4,"BAJO",25,100,"III","MEJORABLE","NO APLICA","NO APLICA","NO APLICA","*Se recomienda capacitar en prevención por mordeduras o picaduras en vías públicas. EST-SIG-01 ESTANDAR DE SEGURIDAD PARA ACTIVIDADES FUERA DE LA SEDE.\n","NO APLICA"]
[null,null,null,null,null,"Radiaciones no ionizantes                                                 Exposición a luz solar en actividades externas ","FÍSICO","Incomodidad - Insolación ","Ninguno","Ninguno","Ninguno",2,2,4,"BAJO",25,100,"III","MEJORABLE","NINGUNO ","NINGUNO ","NINGUNO ","*Continuar el uso de camisa manga larga y cachucha en el desarrollo de la actividad. EST-SIG-01 ESTANDAR DE SEGURIDAD PARA ACTIVIDADES FUERA DE LA SEDE.","Ropa manga larga \nCachucha"]
[null,null,null,null,null,"Público\n(Robos - Atracos - Asaltos)","CONDICIONES DE SEGURIDAD","*Golpes\n*Agresiones verbales y físicas \n*Atentados violentos\n*Heridas\n*Muerte","Ninguno","Ninguno","Ninguno",2,2,4,"BAJO",100,400,"II","ACEPTABLE CON CONTROL ESPECIFICO","NO APLICA","NO APLICA","NO APLICA","*Socializar los planes contingencia para diferentes situaciones  de emergencia específicamente riesgo público. PLA-SIG-204 PLAN DE PREVENCIÓN, PREPARACIÓN Y RESPUESTA ANTE EMERGENCIAS.      ","NO APLICA"]
[null,null,null,null,null,"Público\n(Agresiones verbales - Actos Violentos)","CONDICIONES DE SEGURIDAD","*Golpes\n*Agresiones verbales y físicas \n*Atentados violentos\n*Heridas\n*Muerte","Ninguno","Ninguno","Ninguno",2,2,4,"BAJO",100,400,"II","ACEPTABLE CON CONTROL ESPECIFICO","NO APLICA","NO APLICA","NO APLICA","*Socializar los planes contingencia para diferentes situaciones  de emergencia específicamente riesgo público. PLA-SIG-204 PLAN DE PREVENCIÓN, PREPARACIÓN Y RESPUESTA ANTE EMERGENCIAS. ","NO APLICA"]
[null,null,null,null,null,"Locativo\nSuperficies de trabajo  irregulares en las vías, terrenos inestables y escarpados","CONDICIONES DE SEGURIDAD","*Golpes \n*Caídas\n*Fracturas","Ninguno","Ninguno","Ninguno",2,2,4,"BAJO",25,100,"III","MEJORABLE","NO APLICA","NO APLICA","NO APLICA","*Se recomienda uso de calzado adecuado y de tacón bajo según el área a visitar, con el fin de evitar caídas. EST-SIG-01 ESTANDAR DE SEGURIDAD PARA ACTIVIDADES FUERA DE LA SEDE.","Uso de calzado bajo "]
[null,null,null,null,null,"ELÉCTRICO Baja tensión ( cercas eléctricas) ","CONDICIONES DE SEGURIDAD","*Golpes \n*Caídas\n*Fracturas","Ninguno","Ninguno","Inducción y reinducción al personal ",2,2,4,"BAJO",25,100,"III","MEJORABLE","NO APLICA","NO APLICA","NO APLICA","Continuar con las socialización en inducción y reinducción de SST a funcionarios y contratistas. PLA-SIG-206 RETORNO SEGURO AL TRABAJO.","NO APLICA"]
[null,null,null,"MANTENIMIENTO, LIMPIEZA, CUSTODIA, RECEPCIÓN, INVENTARIO, CONTROL Y PRÉSTAMO DE INSTRUMENTOS MUSICALES, MASCARAS, ELEMENTOS CULTURALES ","SI","Hongos       \nMalos olores  en el área                      ","BIOLÓGICO ","Alergias,  Malos olores ","Ninguno","Ninguno","Ninguno",2,2,4,"BAJO",25,100,"III","MEJORABLE","NINGUNO ","NINGUNO ","NINGUNO ","*Se recomienda mantenimiento de las instalaciones para eliminar los malos olores.\n* Se recomienda  mantenimiento de  los techos para el control de goteras (humedad). PRO-SIG-203 PROCEDIMIENTO INSPECCIONES DE SST.     ","NO APLICA"]
[null,null,null,null,null,"Locativo - Infraestructura\n\nTechos en mal estado \nProblemas de humedad ","CONDICIONES DE SEGURIDAD","Colapso estructural - Hongos- bacterias","Ninguno","Ninguno ","Ninguno ",2,2,4,"BAJO",25,100,"III","MEJORABLE","NINGUNO ","NINGUNO ","NINGUNO ","*Realizar mantenimiento preventivo y correctivo de las instalaciones locativas, con el fin de mejorar las condiciones de trabajo y prevenir  enfermedades a los trabajadores.                                                                                                                    * Mantenimiento de los techos para  evitar  la proliferación de animales ( roedores) y control de humedad.  PGR-SIG-204 ORDEN Y ASEO. ","NO APLICA"]
[null,null,null,null,null,"Locativo \nLuminarias sin protectores (rejillas)","CONDICIONES DE SEGURIDAD","Caídas de los tubos fluorescentes, golpes, contusiones ","Ninguno","Ninguno ","Ninguno ",2,2,4,"BAJO",25,100,"III","MEJORABLE","NINGUNO ","NINGUNO ","NINGUNO ","*Se recomienda que las luminarias cuenten con protectores (rejillas).   PRO-SIG-203 PROCEDIMIENTO INSPECCIONES DE SST.  ","NO APLICA"]
[null,null,"PELIGROS QUE APLICAN A TODAS LAS ACTIVIDADES; APLICA PARA FUNCIONARIOS DE PLANTA Y/O CONTRATO.",null,"SI","Postura Forzada                            \nMiembros superiores en la gravedad por el espacio reducido del plano de trabajo\n","BIOMECÁNICO","Lumbalgias, Cervicalgias, Mialgias, lesiones y síndromes doloroso, tendinitis, espamos de manos ","Ninguno","Ninguno","Jornadas de pausas activas ",2,4,8,"MEDIO",25,200,"II","ACEPTABLE CON CONTROL ESPECIFICO","NINGUNO ","NINGUNO ","NINGUNO ","* Pausas activas a lo largo de la jornada laboral y sensibilizar sobre su importancia, INS-SIG-202- Instructivo de pausas activas saludables * Realizar seguimiento para el S.V.E  para lesiones osteo musculares. PGR-SIG-205 vigilancia epidemiológica para la prevención de desórdenes musculo-esqueléticos.   \n \n","NO APLICA "]
[null,null,null,null,"SI","Locativo - Infraestructura\nPiso en mal estado gietas \nParedes con humedad\nFiltraciones de agua","CONDICIONES DE SEGURIDAD","Colapso estructural - Hongos- bacterias","Ninguno","Ninguno ","Ninguno ",2,2,4,"BAJO",25,100,"III","MEJORABLE","NINGUNO ","NINGUNO ","Mantenimiento a infraestructura","*Realizar mantenimiento preventivo y correctivo de las instalaciones locativas, con el fin de mejorar las condiciones de trabajo y prevenir  enfermedades a los trabajadores. PRO-SIG-203 PROCEDIMIENTO INSPECCIONES DE SST.                                                                                                               * Mantenimiento de los techos para  evitar  la proliferación de animales control de humedad. \n*Se recomienda erradicar los palomas de las áreas. ","NO APLICA"]
[null,null,null,null,"SI","Postura Forzada                            \nMiembros superiores en la gravedad por el espacio reducido del plano de trabajo\n","BIOMECÁNICO","Lumbalgias, Cervicalgias, Mialgias, lesiones y síndromes doloroso, tendinitis, espamos de manos ","Ninguno","Ninguno","Jornadas de pausas activas ",2,4,8,"MEDIO",25,200,"II","ACEPTABLE CON CONTROL ESPECIFICO","NINGUNO ","NINGUNO ","NINGUNO ","* Pausas activas a lo largo de la jornada laboral y sensibilizar sobre su importancia.  INS-SIG-202 INSTRUCTIVO DE PAUSAS ACTIVAS SALUDABLES.                                                                                                          * Realizar seguimiento para el S.V.E  para lesiones osteo musculares.\n* Se recomienda  revisar la posibilidad de contar con un plano de trabajo en \"L\" que garantice que la manos, brazo y muñeca permanezcan en linea recta en el momento de digitar. \n","NO APLICA "]
[null,null,null,null,"SI","Locativo - Infraestructura\n\nInstalaciones en mal estado \n(paredes  con humedad)         ","CONDICIONES DE SEGURIDAD","Bacterias,  hongos, enfermedades respiratorias ","Ninguno","Ninguno ","Ninguno ",2,2,4,"BAJO",25,100,"III","MEJORABLE","NINGUNO ","NINGUNO ","Mantenimiento a infraestructura","* Se recomienda un programa de mantenimiento de instalaciones para el control de humedad. \n* Mantenimiento de las paredes para el control de humedad  de las áreas comunes. ","NO APLICA"]
[null,null,null,null,"SI","Locativo\nCondiciones de orden y aseo \nSillas del pasillo en  estado critico de limpieza ","CONDICIONES DE SEGURIDAD","Gérmenes, bacterias, Contaminación del área ","Ninguno","Ninguno","Ninguno",2,2,{"$f":"+L74*M74","v":4},{"$f":"IF(N74>=24,\"MUY ALTO\",IF(N74>=10,\"ALTO\",IF(N74>=6,\"MEDIO\",\"BAJO\")))","v":"BAJO"},25,{"$f":"+N74*P74","v":100},{"$f":"IF(Q74>=600,\"I\",IF(Q74>=150,\"II\",IF(Q74>=40,\"III\",IF(Q74>=20,\"IV\"))))","v":"III"},{"$f":"IF(Q74>=600,\"NO ACEPTABLE\",IF(Q74>=150,\"ACEPTABLE CON CONTROL ESPECIFICO\",IF(Q74>=40,\"MEJORABLE\",IF(Q74>=20,\"ACEPTABLE\"))))","v":"MEJORABLE"},"NINGUNO ","NINGUNO ","NINGUNO ","*Se recomienda mantenimiento preventivo (lavado, limpieza y desinfección) de las sillas  para evitar contaminación en el área  y la proliferación de material particulado, bacterias. Jornada de orden y aseo.  PGR-SIG-204 ORDEN Y ASEO.    ","NO APLICA"]
[null,null,null,null,"SI","Público\n(Robos - Atracos - Asaltos)","CONDICIONES DE SEGURIDAD","*Golpes\n*Agresiones verbales y físicas \n*Atentados violentos\n*Heridas\n*Muerte","Ninguno","Ninguno","Recomendación en inducción y reinducción",2,2,4,"BAJO",100,400,"II","ACEPTABLE CON CONTROL ESPECIFICO","NO APLICA","NO APLICA","Instalar cámaras de vigilancia en la sede. ","*Socializar los planes contingencia para diferentes situaciones  de emergencia específicamente riesgo público. PLA-SIG-204 PLAN DE PREVENCIÓN, PREPARACIÓN Y RESPUESTA ANTE EMERGENCIAS.      ","NO APLICA"]
[null,null,null,null,"SI","Público\n(Agresiones verbales - Actos Violentos)","CONDICIONES DE SEGURIDAD","*Golpes\n*Agresiones verbales y físicas \n*Atentados violentos\n*Heridas\n*Muerte","Ninguno","Ninguno","Recomendación en inducción y reinducción",2,2,4,"BAJO",100,400,"II","ACEPTABLE CON CONTROL ESPECIFICO","NO APLICA","NO APLICA","Instalar cámaras de vigilancia en la sede. ","*Socializar los planes contingencia para diferentes situaciones  de emergencia específicamente riesgo público. PLA-SIG-204 PLAN DE PREVENCIÓN, PREPARACIÓN Y RESPUESTA ANTE EMERGENCIAS. ","NO APLICA"]
[null,null,null,null,"SI","Público\n(Inseguridad por actos delictivos en los alrededores de la sede)","CONDICIONES DE SEGURIDAD","*Golpes\n*Agresiones verbales y físicas \n*Atentados violentos\n*Heridas\n*Muerte","Ninguno","Hay vigilancia permanente en la puerta de acceso del edificio. \n\nHay cámara de vigilancia en el primer y segundo piso. ","Recomendación en inducción y reinducción",2,2,4,"BAJO",100,400,"II","ACEPTABLE CON CONTROL ESPECIFICO","NO APLICA","NO APLICA","Instalar cámaras de vigilancia en todos los pisos de la sede. ","*Socializar los planes contingencia para diferentes situaciones  de emergencia específicamente riesgo público. PLA-SIG-204 PLAN DE PREVENCIÓN, PREPARACIÓN Y RESPUESTA ANTE EMERGENCIAS. ","NO APLICA"]
[null,null,null,null,"SI","Radiaciones no ionizantes                       (Exposición a luz solar que ingresa por ventanales a la mayoría de los puestos de trabajo)","FÍSICO ","*Cáncer de piel\n*Quemadura solar\n*Insolación \n*Foto envejecimiento cutáneo \n *Foto carcinogénesis\n*Alteraciones oculares","No aplica","No hay","Uso de EPP\n(Camisa manga larga - Casco - Guantes - Jean)",2,2,4,"BAJO",25,100,"III","MEJORABLE","N.A","N.A","*Se recomienda instalar película de seguridad en los ventanales ","NO APLICA","NO APLICA"]
[null,null,null,null,"NO","Sismo - Temblores                  ","FENÓMENOS NATURALES","*Daños materiales (Pérdida total)\n*Heridas y lesiones graves\n*Accidentes de trabajo \n*Muerte","No hay","hay elementos para atención de emergencias en caso de requerirse","Capacitación  en actuación ante emergencias ",2,2,4,"BAJO",100,400,"II","ACEPTABLE CON CONTROL ESPECIFICO","NO SE REQUIERE","NO SE REQUIERE","NO SE REQUIERE","*Se recomienda realizar estudio de vulnerabilidad y sismo resistencia de las instalaciones. \n*Capacitar al personal en actuación ante emergencias. PLA-SIG-204 PLAN DE PREVENCION, PREPARACION Y RESPUESTA ANTE EMERGENCIAS."]
[null,null,null,null,"NO","Erupción volcán machín           ","FENÓMENOS NATURALES","*Daños materiales (Pérdida total)\n*Heridas y lesiones graves\n*Accidentes de trabajo \n*Muerte","No hay","Ninguno","Capacitación  en actuación ante emergencias ",2,2,4,"BAJO",100,400,"II","ACEPTABLE CON CONTROL ESPECIFICO","NO SE REQUIERE","NO SE REQUIERE","NO SE REQUIERE","*Seguir las instrucciones que el departamento suministra para  casos de emergencia por posible erupción del Volcán. PLA-SIG-204 PLAN DE PREVENCION, PREPARACION Y RESPUESTA ANTE EMERGENCIAS.                                                                                         \n*Solicitar capacitación al ente respectivo sobre actuación en caso de erupción del volcán machín. \n*Capacitar en actuación ante emergencias en caso de erupción del volcán machín a todo el personal.  \n*Actualizar plan de emergencias incluyendo el PON por posible erupción del volcán machín y socializar a los trabajadores. "]
[null,null,null,null,"SI","Tecnológico\n(Incendios - Explosiones)\nGenerado dentro de las instalaciones del edificio","CONDICIONES DE SEGURIDAD","Incendios \nQuemaduras de grado 2 y 3\nMuerte","Ninguno","Uso de equipos contra incendio","Personal capacitado en manejo de equipos contra incendios",2,2,4,"BAJO",100,400,"II","ACEPTABLE CON CONTROL ESPECIFICO","NO APLICA","NO APLICA","*Realizar mantenimiento preventivo y correctivo de los equipos eléctricos e instalaciones eléctricas en la sede","*Capacitación en prevención de accidentes de trabajo por riesgo eléctrico. PRO-SIG-205 PROCEDIMIENTO DE INCIDENTES Y ACCIDENTES DE TRABAJO .                                                             \n\n*Continuar con las inspecciones de seguridad enfocado a riesgo eléctrico. PRO-SIG-203 PROCEDIMIENTO INSPECCIONES DE SST.  ","NO APLICA"]
[null,null,null,null,"SI","Postura mantenida                          (Bípeda)","BIOMECÁNICO","*Cansancio\n*Fatiga en miembros inferiores y en las articulaciones\n*Aparición de vena varice\n*Edema en los pies \n*Dolor lumbar ","No aplica","No aplica","Realiza varias tareas, lo que permite cambios de posición\n\nExámenes ocupacionales periódicos",2,4,8,"MEDIO",25,200,"II","ACEPTABLE CON CONTROL ESPECIFICO","NO APLICA","NO APLICA","NO APLICA","*Solicitar a la empresa contratista realizar re inducción en higiene postural, gimnasia laboral y pausas activas. INS-SIG-202 INSTRUCTIVO DE PAUSAS ACTIVAS SALUDABLES                                                  \n*Continuar con las actividades del sistema de vigilancia epidemiológico  para prevención de desordenes musculo esqueléticas asociadas al peligro biomecánico .                                                                                  ","No aplica"]
[null,null,null,null,"SI","Público\n(Robos - Atracos - Asaltos - Agresiones verbales - Actos Violentos)","CONDICIONES DE SEGURIDAD","*Golpes\n*Agresiones verbales y físicas \n*Atentados violentos\n*Heridas\n*Muerte","Ninguno","Cámaras de seguridad en el primer piso","Recomendación en inducción y reinducción",2,2,4,"BAJO",100,400,"II","ACEPTABLE CON CONTROL ESPECIFICO","NO APLICA","NO APLICA","Instalar cámaras de vigilancia en todos los pisos de la sede. ","*Socializar los planes contingencia para diferentes situaciones  de emergencia específicamente riesgo público. PLA-SIG-204 PLAN DE PREVENCIÓN, PREPARACIÓN Y RESPUESTA ANTE EMERGENCIAS. ","NO APLICA"]
[null,null,null,null,"SI","Virus \n","BIOLÓGICO","Malestar general","Ninguno","Limpieza y desinfección de áreas de trabajo   y en casa,  Control de aforo, señalización de advertencia.","Distanciamiento    físico, uso de mascarilla, lavado de manos constante.",2,2,4,"BAJO",25,100,"III","MEJORABLE","N.A","N.A","Trabajo en casa , diseño puestos de trabajo cumpliendo con el distanciamiento social, lavamanos y puntos de desinfección.","*Promover frecuentemente el lavado de manos en personal de planta, contratistas y visitantes. En caso de no contar con agua y jabón, se debe proveer con desinfectantes para manos (gel antibacterial a base de alcohol).  *Disminución de la densidad laboral en áreas de trabajo o de ocupación de la entidad promoviendo el teletrabajo. *Mantener un stop de EPP  (mascarillas ) para dotación y recambio. *Establecer canales de comunicación individualizados y/o de grupo: correo electrónico, redes sociales, videoconferencia, teléfono para reuniones evitando la presencialidad. *Revisión y análisis de los perfiles epidemiológicos por cargo, estrategias motivación para que los funcionarios se  vacunen.","Uso permanente de mascarilla respiratoria. Uso periódico de productos para limpieza (agua y jabón) y  alcohol al 70%, mono gafas o careta."]
[null,null,null,null,"SI"," Demandas Emocionales: Condiciones de la tarea                             \nLa novedad del entorno de trabajo, situación familiar:  hijos o personas mayores a cargo en el hogar en situación de riesgo, miedo al contagio, aislamiento social y confinamiento, miedos e incertidumbres laborales y socioeconómicos, espacios y recursos compartidos por varias personas ante las mismas circunstancias en sus domicilios, convertir espacios de su hogar en despachos improvisados para poder seguir desempeñando su tarea diaria, valoración subjetiva y objetiva por parte del experto mientras se aplica la batería de riesgo psicosocial.","PSICOSOCIAL","Alteraciones mentales, Ansiedad, depresión, estrés postraumático.","S.V.E. Psicosocial","S.V.E Psicosocial","Intervenciones individuales y grupales, capacitaciones, medidas de afrontamiento, manejo de habilidades sociales.",2,2,4,"BAJO",25,100,"III","MEJORABLE","N.A","N.A","Organización de los puestos de trabajo, lavamanos, dispensadores, cumpliendo con el distanciamiento.","  PROT-SIG-01 PROTOCOLO DE BIOSEGURIDAD","Uso de los elementos de bioseguridad, establecer el compromiso de autocuidado y trabajo seguro."]
[null,null,null,null,"SI","Características de la organización del trabajo\n(Valoración promedio mientras se realiza el proceso de aplicación de baterías de riesgo psicosocial)","PSICOSOCIAL","Alteraciones mentales, Ansiedad, depresión.","SVE. Riesgo Psicosocial","SVE. Riesgo Psicosocial","Intervenciones individuales y grupales, capacitaciones, medidas de afrontamiento, manejo de habilidades sociales.",2,2,4,"BAJO",25,100,"III","MEJORABLE","NO SE REQUIERE","NO SE REQUIERE","NO APLICA","*Aplicación de las baterías de riesgo  psicosocial, para verificar la exposición al peligro.  PGR-SIG-206 VIGILANCIA EPIDEMIOLÓGICO DE RIESGO PSICOSOCIAL.  \nCapacitación en trabajo en equipo y competencias individuales y profesionales.  \n\nAnálisis de carga laboral. PGR-SIG-206 VIGILANCIA EPIDEMIOLÓGICO DE RIESGO PSICOSOCIAL.                                                                                                                                    ","NO SE REQUIERE"]
[null,null,null,null,"SI","Características del grupo social y del trabajo.\n(Está en proceso la evaluación de los factores de riesgo psicosocial)","PSICOSOCIAL","Stress laboral\nAfecciones de salud                                                                                                                                                                                                                                                                                                                                                                                                            Ambientes de trabajo Hostil                                                                                                                                                                                                                                                                                                                                                                                                         Baja Productividad","Cumplimiento de la normatividad ley 1010, resolución 652 y 356, 2646.","Comité de Convivencia Laboral","Capacitaciones en habilidades sociales básicas, resolución de conflictos, liderazgo efectivo.",2,2,4,"BAJO",25,100,"III","MEJORABLE","NO SE REQUIERE","NO SE REQUIERE","NO SE REQUIERE","*Capacitación en habilidades sociales básicas y relaciones interpersonales y comunicación asertiva y efectiva. PRO-SIG-207 MOTIVACIÓN, PARTICIPACIÓN Y CONSULTA.      \n\n*Capacitación en liderazgo efectivo y generación de hábitos del líder. ","NO SE REQUIERE"]
[null,null,null,null,"SI","Gestión Organizacional\n(Está en proceso la evaluación de los factores de riesgo psicosocial aplicación batería de riesgo psicosocial)","PSICOSOCIAL","Stress laboral\nAfecciones de salud                                                                                                                                                                                                                                                                                                                                                                                                                     Productividad- Ausentismo","Plan de Intervención del SVE ","N/A","Intervenciones individuales y grupales, capacitaciones en liderazgo, fortalecimiento de las escuelas de liderazgo.",2,2,4,"BAJO",25,100,"III",{"$f":"IF(Q88>=600,\"NO ACEPTABLE\",IF(Q88>=150,\"ACEPTABLE CON CONTROL ESPECIFICO\",IF(Q88>=40,\"MEJORABLE\",IF(Q88>=20,\"ACEPTABLE\"))))","v":"MEJORABLE"},"NO SE REQUIERE","NO SE REQUIERE","NO SE REQUIERE","Fortalecimiento de las escuelas de liderazgo. PRO-SIG-207 MOTIVACIÓN, PARTICIPACIÓN Y CONSULTA.    ","NO SE REQUIERE"]
[null,null,null,null,"SI","Contenido de la Tarea (Carga de Trabajo)\n(Está en proceso la evaluación de los factores de riesgo psicosocial aplicación batería de riesgo psicosocial)","PSICOSOCIAL","Stress laboral\nAfecciones de salud","S.V.E. Psicosocial","Distribución de la tarea por trabajo en equipo, gestión del tiempo.","Intervenciones individuales y grupales, capacitaciones, medidas de afrontamiento, manejo de habilidades sociales.",2,2,4,"BAJO",25,100,"III",{"$f":"IF(Q89>=600,\"NO ACEPTABLE\",IF(Q89>=150,\"ACEPTABLE CON CONTROL ESPECIFICO\",IF(Q89>=40,\"MEJORABLE\",IF(Q89>=20,\"ACEPTABLE\"))))","v":"MEJORABLE"},"NO SE REQUIERE","NO SE REQUIERE","NO SE REQUIERE","Capacitaciones, manejo del tiempo como recurso, trabajo colaborativo y ayuda percibida.  PRO-SIG-207 MOTIVACIÓN, PARTICIPACIÓN Y CONSULTA.    ","NO SE REQUIERE"]
[null,null,null,null,"SI","Accidentes aéreos                           (En los desplazamientos en avión a otras ciudades)\n","CONDICIONES DE SEGURIDAD","*Muerte \n*Lesiones graves en el cuerpo entero\n*Caída de avión","Ninguno","Ninguno","Ninguno",2,2,4,"BAJO",100,400,"II","ACEPTABLE CON CONTROL ESPECIFICO","NO APLICA","NO APLICA","NO APLICA","*Dar cumplimiento a las normas de seguridad para viajes aéreos. PRO-SIG-205 PROCEDIMIENTO DE INCIDENTES Y ACCIDENTES DE TRABAJO .","NO APLICA"]
[null,null,null,null,"SI","Virus (cambio climatico)\n ","BIOLÓGICO","Malestar general","Ninguno","Limpieza y desinfección de áreas de trabajo   y en casa,  Control de aforo, señalización de advertencia.","Distanciamiento    físico, uso de mascarilla, lavado de manos constante.",2,2,4,"BAJO",25,100,"III","MEJORABLE","NO APLICA","NO APLICA","NO APLICA","  *Promover frecuentemente el lavado de manos en personal de planta, contratistas y visitantes. En caso de no contar con agua y jabón, se debe proveer con desinfectantes para manos (gel antibacterial a base de alcohol).  *Disminución de la densidad laboral en áreas de trabajo o de ocupación de la entidad promoviendo el teletrabajo. *Mantener un stop de EPP  (mascarillas ) para dotación y recambio. *Establecer canales de comunicación individualizados y/o de grupo: correo electrónico, redes sociales, videoconferencia, teléfono para reuniones evitando la presencialidad. *Revisión y análisis de los perfiles epidemiológicos por cargo, estrategias motivación para que los funcionarios se  vacunen.   (PRO-SIG-202 Procedimiento administrativo de elementos EPP)","Uso permanente de mascarilla respiratoria. Uso periódico de productos para limpieza (agua y jabón) y  alcohol al 70%, mono gafas o careta."]
[null,null,null,null,"NO","Largas Jornadas Laborales y ausencia de descanso con altas temperaturas y radiciones altas por factor del CAMBIO CLIMATICO.","PSICOSOCIAL","Estrés, agotamiento por trabajo continuo, cansacio, fatiga, angustia, ansiedad, poca concentración y atención, somnolencia.","Ninguno","Ninguno","PVE- Riesgo psicosocial",2,2,4,"BAJO",25,100,"III","MEJORABLE","NO APLICA","NO APLICA","NO APLICA","Introducir una rutina de tiempos detrabajo y de descanso para aquellos\ntrabajadores/as que estén expuestos a ambientes calurosos, Formación en primeros auxilios, para que puedan\nreconocer y tratar los primeros síntomas de desórdenes de salud ocasionados por una\nexposición a temperaturas extremadamente cálidas., Seguir a diario los boletines\nmeteorológicos y cambiar el horario de trabajo de gran exposición al calor\na horas más frescas del día., En trabajos a campo abierto, crear zonas descanso con carpas, Disponer de agua potable fría en lugares estratégicos y visibles, cercanos al área de trabajo.","NO SE REQUIERE"]
[null,null,null,null,"NO"," Temperaturas\nextremas (calor) porfactor de CAMBIO CLIMATICO","FISICO","Stress termico Agotamiento Mareos  Deshidratación Golpes de calor, lesiones en la piel, insolación, ","No aplica","Ninguno","Ninguno",2,2,4,"BAJO",25,100,"III","MEJORABLE","NO APLICA","NO APLICA","NO APLICA","Todos los funcionarios que realicen desplazamientos fuera de la sede deben apalicar el Estándar de Seguridad \"EST-204\"., se recomienda hidratación continua, alimentación adecuada, Organización de los puestos de trabajo, limplementación de un programa de climatización.Sistemas de ventilación","Ropa de trabajo y equipos de\nprotección adecuados(camisa,\nmanga larga, pantalón largo,\ngorra o sombrero de ala ancha).\nSaber que la ropa protectora o el\nequipo de protección personal\npuede aumentar el riesgo del\nestrés por calor."]
[null,null,null,null,"NO"," Temperaturas\nextremas (calor Radiaciones No ionizantes) porfactor de CAMBIO CLIMATICO","FISICO","Stress termico Agotamiento Mareos  Deshidratación Golpes de calor, lesiones en la piel, dolor de cabeza.","No aplica","Ninguno","Protector Solar",2,2,4,"BAJO",25,100,"III","MEJORABLE","NO APLICA","NO APLICA","NO APLICA","Todos los funcionarios que realicen desplazamientos fuera de la sede deben apalicar el Estándar de Seguridad \"EST-204\"., se recomienda hidratación continua, alimentación adecuada, Organización de los puestos de trabajo, limplementación de un programa de climatización.Sistemas de ventilación","Ropa de trabajo y equipos de\nprotección adecuados(camisa,\nmanga larga, pantalón largo,\ngorra o sombrero de ala ancha).\nSaber que la ropa protectora o el\nequipo de protección personal\npuede aumentar el riesgo del\nestrés por calor."]
[null,null,null,null,"NO","Inalación de Humos y Vapores\n (Incendios Forestales )por factor CAMBIO CLIMATICO","QUÍMICO","Asfixia, Dificultad para respirar, Ardor en los ojos, conjuntivitis, Alergias, Tos, irritación de la garganta, dolor de cabeza.","No aplica","Ninguno","Ninguno",2,2,4,"BAJO",25,100,"III","MEJORABLE","NO APLICA","NO APLICA","NO APLICA","Aplicación PON para el manejo de incendios forestales, ver PLAN DE MERGENCIA PLA-SIG 204.","NO SE REQUIERE"]
[null,null,"PELIGROS QUE APLICAN A TRABAJO EN CASA",null,"SI","Postura Prolongada \n(Postura sedente más del 75% de la jornada laboral en trabajo con video terminales)","BIOMECÁNICO","*Dolor lumbar inespecífico\n*Espasmos musculares","Ninguno","Ninguno","Ninguno",2,4,8,"MEDIO",25,200,"II","ACEPTABLE CON CONTROL ESPECIFICO","NO APLICA","NO SE REQUIERE","NO SE REQUIERE","*Realizar visitas virtuales por parte del Grupo de SST para capacitar en higiene postural en casa.\n\n*Realizar pausas activas en el área. INS-SIG-202 INSTRUCTIVO DE PAUSAS ACTIVAS SALUDABLES                                                            \n\n*Continuar con las actividades del programa de vigilancia epidemiológico  para prevención de desordenes musculo esqueléticas asociadas al peligro biomecánico, para trabajo en casa.                                                                               ","NO APLICA"]
[null,null,null,null,"SI","Movimientos repetitivos  \n(Digitación - Escanear)","BIOMECÁNICO","Lesiones por trauma acumulativo en miembro superiores ( STC).\nSíndrome de Quervain","Ninguno","Ninguno","Ninguno",2,4,8,"MEDIO",25,200,"II","ACEPTABLE CON CONTROL ESPECIFICO","NO SE REQUIERE","NO SE REQUIERE","NO SE REQUIERE","*Se recomienda la implementación permanente de pausas activas durante la jornada laboral.  INS-SIG-202 INSTRUCTIVO DE PAUSAS ACTIVAS SALUDABLES                                                                                                                                                ","NO APLICA"]
[null,null,null,null,"SI","Radiaciones No ionizantes                                   (Exposición permanente a pantallas del computador)","FÍSICO ","*Fatiga visual","Ninguno","Ninguno","Ninguno",2,2,4,"BAJO",25,100,"III","MEJORABLE","NO APLICA","NO SE REQUIERE","NO SE REQUIERE","*Se recomienda la implementación permanente de pausas activas durante la jornada laboral. INS-SIG-202 INSTRUCTIVO DE PAUSAS ACTIVAS SALUDABLES                                                                                                                                             ","NO APLICA"]
[null,null,null,null,"NO","Locativo                                                                              (Cableado eléctrico desordenado en la zona adecuada para puesto de trabajo)","CONDICIONES DE SEGURIDAD","*Se potencializa el riesgo de accidentes por caídas. ","Ninguno","Ninguno","Ninguno",2,2,4,"BAJO",25,100,"III","MEJORABLE","NO APLICA","NO SE REQUIERE","Se recomienda agrupar el cableado eléctrico faltante, utilizando espiral porta cable u otro mecanismo de canalización. ","Realizar inspecciones de seguridad para verificar estado de cableado del  área. PRO-SIG-203 PROCEDIMIENTO INSPECCIONES DE SST.       ","NO APLICA"]
[null,null,null,null,"NO","Picaduras - Mordeduras                             (Presencia de vectores e insectos dentro de la vivienda o zona destinada para laborar).","BIOLÓGICO","Infecciones","Ninguno","Ninguno","Ninguno",2,2,4,"BAJO",25,100,"III","MEJORABLE","NO APLICA","NO APLICA","NO APLICA","* realizar una correcta inspección del área de trabajo para garantizar la NO presencia de vectores o insectos ponzoñoso. PRO-SIG-203 PROCEDIMIENTO INSPECCIONES DE SST.                                                                                       Evitar las zona con acumulación de aguas estancadas","NO APLICA"]
[null,null,null,null,"SI","Virus y Bacterias\n (Exposición a virus y bacterias debido al uso de superficies húmedas como baños, lavamanos y lavaplatos alberca)","BIOLÓGICO","*Dermatosis\n*Reacciones alérgicas\n*Enfermedades infecciosas\n*Infecciones respiratorias","Ninguno","Ninguno","Ninguno",2,2,4,"BAJO",25,100,"III","MEJORABLE","NO APLICA","NO APLICA","NO APLICA","*Capacitar a los trabajadores en auto cuidado y la importancia del uso de los EPP. PRO-SIG-202 PROCEDIMIENTO ADMINISTRACIÓN DE ELEMENTOS DE EPP.   ","*Uso de EPP (Guantes - Tapa bocas)"]
[null,null,null,null,"NO","Material particulado \n(Polvo en los documentos)","QUÍMICOS","*Enfermedades respiratorias\n*Infecciones virales \n*Alergias ","Ninguno","Ninguno","Ninguno",2,2,4,"BAJO",25,100,"III","MEJORABLE","NO APLICA","NO APLICA","NO APLICA","*Realizar seguimiento del uso de los elementos de protección personal (Tapa bocas), cuando manipule archivo con polvo. PRO-SIG-202 PROCEDIMIENTO ADMINISTRACIÓN DE ELEMENTOS DE EPP.                                                             ","Suministrar tapa bocas para el desarrollo de la labor. "]
[null,null,null,null,"NO","Uso de elementos de desinfección\n(alcohol, gel antibactarial)","QUÍMICOS","\n*Alergias en piel o vías respiratorias.\n* Quemaduras ","Ninguno","Ninguno","Ninguno",2,2,4,"BAJO",25,100,"III","MEJORABLE","NO APLICA","NO APLICA","NO APLICA","*Realizar seguimiento del uso de los elementos de protección personal (Tapa bocas), cuando manipule archivo con polvo. PRO-SIG-202 PROCEDIMIENTO ADMINISTRACIÓN DE ELEMENTOS DE EPP.                                                              ","Suministrar tapa bocas para el desarrollo de la labor. "]
[null,null,null,null,"SI","Mecánico                                         (Manejo de Equipos y elementos de Oficina)","CONDICIONES DE SEGURIDAD","*Traumas de tejidos blandos (Laceración, contusión, heridas superficiales, etc.)       ","Ninguno","Ninguno","Ninguno",2,2,4,"BAJO",25,100,"III","MEJORABLE","NO SE REQUIERE","NO SE REQUIERE","NO SE REQUIERE","*Continuar con el uso adecuado de los elementos de trabajo, realizar cambio de los elementos que se observen en mal estado. PRO-SIG-203 PROCEDIMIENTO INSPECCIONES DE SST.      ","NO APLICA"]
[null,null,null,null,"SI","Deficiente ventilación (Las ventanas y persianas deben permanecer cerradas para evitar el ingreso de rayos solares)","FÍSICO                              ","*Disconfort por calor ambiental permanente","Ninguno","Ninguno","Ninguno",2,2,4,"BAJO",25,100,"III","MEJORABLE","NO APLICA","NO SE REQUIERE","NO SE REQUIERE","Se recomienda contar con un área de ventilación natural o con ventilación artificial como ventiladores. PRO-SIG-203 PROCEDIMIENTO INSPECCIONES DE SST.    ","NO APLICA"]
[null,null,null,null,"SI","Manipulación y desplazamiento de cargas\n(Documentos y cajas)","BIOMECÁNICO","Lesiones en columna\nEnfermedad discal\nEnfermedad lumbar ","Ninguno","Ninguno","Ninguno",2,4,8,"MEDIO",25,200,"II","ACEPTABLE CON CONTROL ESPECIFICO","NO SE REQUIERE","NO SE REQUIERE","NO SE REQUIERE","* Practicar higiene postural para el manejo de cargas. Evitar levantar mas de 10 Kg mujeres y 20 Kg Hombres. VIGILANCIA EPIDEMIOLÓGICA PARA LA PREVENCION DE DESÓRDENES MUSCULO-ESQUELÉTICOS.      ","NO APLICA"]
[null,null,null,null,"SI","Iluminación\n(Deficiente de iluminación natural o artificial en el sitio adecuado para laboral dentro de la vivienda)                                             ","FÍSICO ","*Fatiga visual","Ninguno","Ninguno","Ninguno",2,2,4,"BAJO",25,100,"III","MEJORABLE","NO APLICA","Se recomienda adecuar zona de trabajo en lugar con iluminación adecuada (que no sea excesiva o deficiente). ","NO SE REQUIERE","Se recomienda adecuar el sitio de trabajo con iluminación adecuada.PRO-SIG-203 PROCEDIMIENTO INSPECCIONES DE SST.    ","NO APLICA"]
[null,null,null,null,"NO","Locativo\nSuperficies de trabajo  irregulares y  desniveladas, escaleras                                 (Desplazamiento en la vivienda)","CONDICIONES DE SEGURIDAD","*Golpes \n*Caídas\n*Fracturas","Ninguno","Ninguno","Ninguno",2,2,4,"BAJO",25,100,"III","MEJORABLE","NO APLICA","NO APLICA","NO APLICA","*Se recomienda uso de calzado adecuado y de tacón bajo según el área a visitar, con el fin de evitar caídas. PGR-SIG-201 ESTILOS DE VIDA Y TRABAJO SALUDABLES.             ","Uso de calzado bajo "]
[null,null,null,null,"SI","Virus ","BIOLÓGICO","Malestar general","Ninguno","Ninguno","Ninguno",2,2,4,"BAJO",25,100,"III","MEJORABLE","N.A","N.A","Trabajo en casa ","   *Promover frecuentemente el lavado de manos en personal de planta, contratistas y visitantes. En caso de no contar con agua y jabón, se debe proveer con desinfectantes para manos (gel antibacterial a base de alcohol).  *Disminución de la densidad laboral en áreas de trabajo o de ocupación de la entidad promoviendo el teletrabajo. *Mantener un stop de EPP  (mascarillas ) para dotación y recambio. *Establecer canales de comunicación individualizados y/o de grupo: correo electrónico, redes sociales, videoconferencia, teléfono para reuniones evitando la presencialidad. *Revisión y análisis de los perfiles epidemiológicos por cargo.","Uso permanente de mascarilla respiratoria. Uso periódico de productos para limpieza (agua y jabón) y  alcohol al 70%, mono gafas o careta."]
[null,null,null,null,"SI","Público\n(Robos - Atracos - Asaltos - Agresiones verbales - Actos Violentos)","CONDICIONES DE SEGURIDAD","*Golpes\n*Agresiones verbales y físicas \n*Atentados violentos\n*Heridas\n*Muerte","Ninguno","Ninguno","Ninguno",2,2,4,"BAJO",100,400,"II","ACEPTABLE CON CONTROL ESPECIFICO","NO APLICA","NO APLICA","NO APLICA","*Socializar los planes contingencia para diferentes situaciones  de emergencia específicamente riesgo público. PLA-SIG-204 PLAN DE PREVENCIÓN, PREPARACIÓN Y RESPUESTA ANTE EMERGENCIAS.      ","NO APLICA"]
[null,null,null,null,"NO","Erupción volcán Machín","FENÓMENOS NATURALES","Erupción del Volcán Machín","Ninguno","Ninguno","Ninguno",2,2,4,"BAJO",25,100,"III","MEJORABLE","NO APLICA","NO APLICA","NO APLICA","Tener en cuenta las recomendaciones dadas en los medios de comunicación de la alcaldía y recomendaciones en el video del ejercicio de la simulación  el día nacional del simulacro. PLA-SIG-204 PLAN DE PREVENCIÓN, PREPARACIÓN Y RESPUESTA ANTE EMERGENCIAS.  ","NO APLICA"]
[null,null,null,null,"NO","Sismo - Terremoto","FENÓMENOS NATURALES","Erupción del Volcán Machín","Ninguno","Ninguno","Ninguno",2,2,4,"BAJO",25,100,"III","MEJORABLE","NO APLICA","NO APLICA","NO APLICA","Tener en cuenta las recomendaciones dadas en los medios de comunicación de la alcaldía y recomendaciones en el video del ejercicio de la simulación  el día nacional del simulacro. PLA-SIG-204 PLAN DE PREVENCIÓN, PREPARACIÓN Y RESPUESTA ANTE EMERGENCIAS.      ","NO APLICA"]

{"sheet":"BIBLIOTECA COMBEIMA","index":41,"n_rows":112,"n_cols":24,"rows_kept":112,"cut":false,"hidden":true,"merged":[[5,2,5,3],[5,4,5,23],[6,2,7,2],[6,3,7,3],[6,4,7,4],[6,5,6,6],[6,7,7,7],[6,8,6,10],[6,11,6,17],[6,19,6,23],[0,2,3,2],[0,3,1,21],[0,23,3,23],[2,3,3,21],[4,20,4,21],[4,22,4,23],[69,2,94,3],[95,2,111,3],[8,2,39,2],[8,3,22,3],[8,4,22,4],[23,3,39,3],[23,4,39,4],[40,2,68,2],[40,3,65,3],[40,4,65,4],[66,3,68,3],[66,4,68,4]]}
[null,null,null,"PROCESO: SISTEMA INTEGRADO DE GESTIÓN",null,null,null,null,null,null,null,null,null,null,null,null,null,null,null,null,null,null,"Código: FOR-221-PRO-SIG"]
[null,null,null,null,null,null,null,null,null,null,null,null,null,null,null,null,null,null,null,null,null,null,"Versión: 04"]
[null,null,null,"FORMATO: \nIDENTIFICACIÓN DE PELIGROS, EVALUACIÓN Y VALORACIÓN DE LOS RIESGOS \nALCALDÍA MUNICIPAL DE IBAGUÉ",null,null,null,null,null,null,null,null,null,null,null,null,null,null,null,null,null,null,"Fecha: 27/05/2022"]
[null,null,null,null,null,null,null,null,null,null,null,null,null,null,null,null,null,null,null,null,null,null,"Página: 1 de 1 "]
[null,null,"FECHAS DE ACTUALIZACIÓN: ","2019-02-22","2019-03-09","2019-09-02","2019-09-11","2019-09-24","2019-10-30","2020-07-22","2021-04-09","2022-05-27","2023-07-07","2024-06-28"]
[null,null,"PROCESO:",null,"BIBLIOTECA CAÑON DEL COMBEIMA"]
[null,null,"1. PROCESO ADMINISTRATIVO / OPERATIVO","2. ACTIVIDADES","3. TAREA RUTINARIO (SI O NO)","PELIGRO",null,"6. EFECTOS POSIBLES\n(Salud - Seguridad)","CONTROLES EXISTENTES",null,null,"EVALUACIÓN DEL RIESGO",null,null,null,null,null,null,"VALORACIÓN DEL RIESGO","MEDIDAS DE INTERVENCIÓN"]
[null,null,null,null,null,"4. DESCRIPCIÓN","5. CLASIFICACIÓN",null,"7. FUENTE","8. MEDIO","9. INDIVIDUO","10. NIVEL DE DEFICIENCIA","11. NIVEL DE EXPOSICIÓN","12. NIVEL DE PROBABILIDAD ND X NE","13. INTERPRETACIÓN DEL NIVEL DE PROBABILIDAD","14. NIVEL DE CONSECUENCIA","15. NIVEL DE RIESGO NR E INTERVENCIÓN","16. INTERPRETACIÓN DEL NR","17. ACEPTABILIDAD DEL RIESGO","18 ELIMINACIÓN","19. SUSTITUCIÓN","20. CONTROLES DE INGENIERIA","21. CONTROLES ADMINISTRATIVOS, SEÑALIZACIÓN, ADVERTENCIA","22. ELEMENTOS DE PROTECCIÓN PERSONAL"]
[null,null,"ADMINISTRATIVO","ACTIVIDAD PLANEACIÓN, ELABORACIÓN Y EJECUCION DE DOCUMENTOS. USO DE HERRAMIENTAS TECNOLOGICAS Y VIDEO TERMINALES. INTERACCIONES LABORALES Y ADMINISTRATIVAS (ATENCIÓN AL CIUDADANO; APLICA PARA FUNCIONARIOS DE PLANTA Y/O CONTRATO.)","SI","Postura Forzada                            \nAltura inadecuada de la pantalla visual y posturas inadecuadas por  los apoyabrazos de la silla.","BIOMECÁNICO"," Tendinitis Espamos de manos","Ninguno","Ninguno","Jornadas de pausas activas ",2,4,{"$f":"+L9*M9","v":8},{"$f":"IF(N9>=24,\"MUY ALTO\",IF(N9>=10,\"ALTO\",IF(N9>=6,\"MEDIO\",\"BAJO\")))","v":"MEDIO"},25,{"$f":"+N9*P9","v":200},{"$f":"IF(Q9>=600,\"I\",IF(Q9>=150,\"II\",IF(Q9>=40,\"III\",IF(Q9>=20,\"IV\"))))","v":"II"},{"$f":"IF(Q9>=600,\"NO ACEPTABLE\",IF(Q9>=150,\"ACEPTABLE CON CONTROL ESPECIFICO\",IF(Q9>=40,\"MEJORABLE\",IF(Q9>=20,\"ACEPTABLE\"))))","v":"ACEPTABLE CON CONTROL ESPECIFICO"},"NINGUNO ","NINGUNO ","NINGUNO ","* Pausas activas a lo largo de la jornada laboral y sensibilizar sobre su importancia , INS-SIG-202 INSTRUCTIVO DE PAUSAS ACTIVAS SALUDABLES.                                                                                                                             * Realizar seguimiento para el S.V.E  para lesiones osteo musculares.* Se recomienda  retitar los apoyabrazos de la silla ergonómica. *Se recomienda graduar y elevar la altura de la pantalla visual.  PGR-SIG-205 VIGILANCIA EPIDEMIOLÓGICA PARA LA PREVENCION DE DESÓRDENES MUSCULO-ESQUELÉTICOS.","NO APLICA "]
[null,null,null,null,null,"Postura Forzada                            \nMiembros superiores en la gravedad por el espacio reducido del plano de trabajo\nPortateclado del escritorio \nSilla en mal estado","BIOMECÁNICO","Lumbalgias, Cervicalgias, Mialgias, lesiones y síndromes doloroso, tendinitis, espamos de manos ","Ninguno","Ninguno","Jornadas de pausas activas ",2,4,{"$f":"+L10*M10","v":8},{"$f":"IF(N10>=24,\"MUY ALTO\",IF(N10>=10,\"ALTO\",IF(N10>=6,\"MEDIO\",\"BAJO\")))","v":"MEDIO"},25,{"$f":"+N10*P10","v":200},{"$f":"IF(Q10>=600,\"I\",IF(Q10>=150,\"II\",IF(Q10>=40,\"III\",IF(Q10>=20,\"IV\"))))","v":"II"},{"$f":"IF(Q10>=600,\"NO ACEPTABLE\",IF(Q10>=150,\"ACEPTABLE CON CONTROL ESPECIFICO\",IF(Q10>=40,\"MEJORABLE\",IF(Q10>=20,\"ACEPTABLE\"))))","v":"ACEPTABLE CON CONTROL ESPECIFICO"},"NINGUNO ","NINGUNO ","NINGUNO ","* Pausas activas a lo largo de la jornada laboral y sensibilizar sobre su importancia , INS-SIG-202 INSTRUCTIVO DE PAUSAS ACTIVAS SALUDABLES.                                  INS- SIG-202 INSTRUCTIVO DE PAUSAS ACTIVAS SALUDABLES.                                                                                             * Realizar seguimiento para el S.V.E  para lesiones osteo musculares. PGR-SIG-205 VIGILANCIA EPIDEMIOLÓGICA PARA LA PREVENCION DE DESÓRDENES MUSCULO-ESQUELÉTICOS.\n* Se recomienda  revisar la posibilidad de contar con un plano de trabajo en \"L\" que garantice que la manos, brazo y muñeca permanezcan en linea recta en el momento de digitar. PGR-SIG-205 VIGILANCIA EPIDEMIOLÓGICA PARA LA PREVENCION DE DESÓRDENES MUSCULO-ESQUELÉTICOS.   \n* Se recomienda  retirar el portateclado del escritorio para mejorar la postura del trabajador.\n* Se recomienda cambio de las sillas que se encuentra en mal estado. ","NO APLICA "]
[null,null,null,null,null,"Mecánico                                                     \nManejo de herramientas manuales \n(Grapadora, saca ganchos, perforadora, ganchos legadores)","CONDICIONES DE SEGURIDAD\n","Golpes, heridas, pinchazos, magulladuras de diferentes en los miembros superiores ","Cambio de elementos en mal estado ","Ninguno ","Recomendaciones en inducción",6,2,12,"ALTO",25,300,"II","ACEPTABLE CON CONTROL ESPECIFICO","NINGUNO ","NINGUNO ","NINGUNO ","*Capacitación sobre manejo seguro de herramientas. PLAN ANUAL DE TRABAJO Y PIC.\n*Capacitación en prevención en lesiones de mano PLAN ANUAL DE TRABAJO Y PIC.  PGR-SIG-205 VIGILANCIA EPIDEMIOLÓGICA PARA LA PREVENCION DE DESÓRDENES MUSCULO-ESQUELÉTICOS.   \n*Inspeccionar las diferentes herramientas utilizados en la oficina para labores administrativas. ","NO APLICA"]
[null,null,null,null,null,"Movimientos Repetitivos\n(Sólo las manos, digitación en teclado y uso de mouse)","BIOMECÁNICO","Síndromes túnel del carpo\n\nSíndrome de Quervain","Ninguno","SVE  Biomecánico ","Recomendaciones en inducción",2,4,8,"MEDIO",25,200,"II","ACEPTABLE CON CONTROL ESPECIFICO","NINGUNO ","NINGUNO ","NINGUNO ","*Implementar el programa de pausas activas, específicamente. INS-SIG-202 INSTRUCTIVO DE PAUSAS ACTIVAS SALUDABLES.                         *Continuar con la implementación del Sistema de vigilancia epidemiológico osteomuscular. PGR-SIG-205 VIGILANCIA EPIDEMIOLÓGICA PARA LA PREVENCION DE DESÓRDENES MUSCULO-ESQUELÉTICOS.   \n","NO APLICA"]
[null,null,null,null,null,"Posturas Prolongadas                    \nPosición sedente la mayor parte de la jornada laboral","BIOMECÁNICO","Lumbalgias, Cervicalgias, Mialgias, lesiones y síndromes dolorosos","Ninguno","Ninguno","Ninguno",2,4,8,"MEDIO",25,200,"II","ACEPTABLE CON CONTROL ESPECIFICO","NINGUNO ","NINGUNO ","NINGUNO ","*Acondicionar los puestos de trabajo dando cumplimiento a las recomendaciones ergonómicas  \"Biomecánicas\", para lo cual, se deben cumplir los requisitos ergonómicos para trabajos con video terminales, por lo tanto, se debe adecuar la altura y ubicación de las pantallas. PGR-SIG-205 VIGILANCIA EPIDEMIOLÓGICA PARA LA PREVENCION DE DESÓRDENES MUSCULO-ESQUELÉTICOS.  \n*Capacitación en  higiene postural, ergonomía en oficina, gimnasia laboral y pausas activas.           ","NO APLICA"]
[null,null,null,null,null,"Postura Forzada                            \nAltura inadecuada de la pantalla visual  por el portátil ","BIOMECÁNICO"," Tendinitis Espamos de manos","Ninguno","Ninguno","Jornadas de pausas activas ",2,4,8,"MEDIO",25,200,"II","ACEPTABLE CON CONTROL ESPECIFICO","NINGUNO ","NINGUNO ","NINGUNO ","* Pausas activas a lo largo de la jornada laboral y sensibilizar sobre su importancia , INS-SIG-202 INSTRUCTIVO DE PAUSAS ACTIVAS SALUDABLES.                                                                                                          * Realizar seguimiento para el S.V.E  para lesiones osteo musculares.a. *Se recomienda graduar y elevar la altura de la pantalla visual para mejorar posturas de los puestos de trabajo con portátil.  PGR-SIG-205 VIGILANCIA EPIDEMIOLÓGICA PARA LA PREVENCION DE DESÓRDENES MUSCULO-ESQUELÉTICOS.             ","*Se recomienda elementos de confort: Base portátil, apoyapiés, teclado adicional "]
[null,null,null,null,null,"Públicos                                                     \nAgresiones verbales con la atención de usuarios, estudiantes,  ","CONDICIONES DE SEGURIDAD","Heridas, Muerte, estrés laboral","Ninguno","Ninguno ","Recomendaciones en inducción",2,2,4,"BAJO",100,400,"II","ACEPTABLE CON CONTROL ESPECIFICO","NINGUNO ","NINGUNO ","NINGUNO ","*Diseñar e implementar  planes contingencia para diferentes situaciones  de emergencia. PLA-SIG-204 PLAN DE PREVENCIÓN, PREPARACIÓN Y RESPUESTA ANTE EMERGENCIAS.            \n* Continuar con la vigilancia física del centro de trabajo. \n* Capacitaciones para intervenir el riesgo.  PLAN ANUAL DE TRABAJO Y PIC.","NO APLICA "]
[null,null,null,null,null,"Locativo                             \nCableado del internet y de tomas electricas expuestos","CONDICIONES DE SEGURIDAD","Se potencializa el riesgo de incendio y accidentes por caídas, chispas, conatos de incendios ","Ninguno","Ninguno","Recomendaciones en inducción",2,2,4,"BAJO",25,100,"III","MEJORABLE","NINGUNO ","NINGUNO ","NINGUNO ","*Agrupar el cableado eléctrico, utilizando espiral porta cable  y/o canaleta. * Jornadas de orden y aseo. PGR-SIG-204 orden y aseo.  * Capacitaciones en caídas al mismo nivel. PGR-SIG-203-programa protección contra caídas. \n","NO APLICA"]
[null,null,null,null,null,"Locativo                             \nCableado del computador expuesto debajo del escritorio","CONDICIONES DE SEGURIDAD","Se potencializa el riesgo de incendio y accidentes por caídas, chispas, conatos de incendios ","Ninguno","Ninguno","Recomendaciones en inducción",2,2,4,"BAJO",25,100,"III","MEJORABLE","NINGUNO ","NINGUNO ","NINGUNO ","*Agrupar el cableado eléctrico, utilizando espiral porta cable  y/o canaleta.         * Jornadas de orden y aseo.   PGR-SIG-204 ORDEN Y ASEO.                               * Capacitaciones en caídas al mismo nivel.  PGR-SIG-203-PROGRAMA PROTECCIÓN CONTRA CAÍDAS.    \n","NO APLICA"]
[null,null,null,null,null,"Locativo\nEstanteria sin anclar a la pared","CONDICIONES DE SEGURIDAD","*Golpes\n*Contusión \n*Traumas \n*Heridas                                                                                                                                                                                                                                                                                                                                        Caídas de objetos                                                                                                                                                                                                                                                                                                                           accidentes e incidentes de trabajo","Ninguno","Ninguno","Ninguno",2,2,4,"BAJO",25,100,"III","MEJORABLE","NO APLICA","NO APLICA","NO APLICA","Se recomienda anclaje de toda la estanteria que se encuentra  en la biblioteca,  para evitar accidentes  con los niños, usuarios y la bibliotecaria","NO APLICA"]
[null,null,null,null,null,"Eléctrico                        \nToma eléctrica dañada  con potencial   de corto circuito ","CONDICIONES DE SEGURIDAD ","Potencializa el riesgo de incendio. Quemaduras, cortos circuitos ","Ninguno","Ninguno ","Recomendaciones en inducción",2,2,4,"BAJO",25,100,"III","MEJORABLE","NINGUNO ","NINGUNO ","Mantenimiento a instalaciones eléctricas "," * Jornadas de orden y aseo.  PGR-SIG-204 ORDEN Y ASEO.  \n * Mantenimiento de las tomas eléctricas  del área de portería.","NO APLICA"]
[null,null,null,null,null,"Inundación  \nProblemas de goteras y desnivel del piso que permite el ingreso de agua en condiciones lluviosas ","FENÓMENOS NATURALES ","Ingreso de agua en el área   ","Ninguno","Ninguno ","Plan de emergencia y brigadistas ",2,2,4,"BAJO",25,100,"III","MEJORABLE","NINGUNO ","NINGUNO ","NINGUNO ","* Se recomienda un programa de mantenimiento de instalaciones para el control de humedad. PRO-SIG-203 PROCEDIMIENTO INSPECCIONES DE SST.     \n* Mantenimiento y/o cambio de la puerta de portería. ","NO APLICA"]
[null,null,null,null,null,"Disconfort Térmico - Exposición a temperaturas altas   por  concentración  de usuarios. ","FÍSICO","Disconfort térmico,   Alergias, afecciones respiratorias, cefaleas tensionales . ","Ninguno","Ninguno ","Ninguno ",2,2,4,"BAJO",25,100,"III","MEJORABLE","NINGUNO ","NINGUNO ","*Se recomienda  revisar la posibilidad de instalar en el área aire acondicionado. ","* Se recomienda   dotar de puntos de hidratación (Botellones de agua)  para los funcionarios. \n* Se recomienda  ventiladores personales. ","NO APLICA "]
[null,null,null,null,null,"Disconfort Térmico - Exposición a temperaturas altas  extremas  por la inadecuada  concentración  de usuarios. ","FÍSICO","Disconfort térmico,   Alergias, afecciones respiratorias, cefaleas tensionales . ","Ninguno","Ninguno ","Ninguno ",2,2,4,"BAJO",25,100,"III","MEJORABLE","NINGUNO ","NINGUNO ","*Se recomienda  revisar la posibilidad de instalar en el área aire acondicionado. ","* Se recomienda   dotar de puntos de hidratación (Botellones de agua)  para los funcionarios. PRO-SIG-203 PROCEDIMIENTO INSPECCIONES DE SST.     \n* Se recomienda  ventiladores personales. ","NO APLICA "]
[null,null,null,null,null,"Ruido\n Ambiental producido por los usuarios ","FÍSICO","* Dolor  de cabeza,\n* poca concentración, \n*zumbidos  en los oídos   \n* Cefaleas tensionales ","Ninguno","Ninguno","Exámenes Médicos ocupacionales",2,2,4,"BAJO",25,100,"III","MEJORABLE","NINGUNO ","NINGUNO ","NINGUNO ","*Continuar con la realización de evaluaciones  medicas ocupacionales (ingreso, periódicos y egreso. PRO-SIG-201 PROCEDIMIENTO EXÁMENES OCUPACIONALES.    \n* Realizar pausa activa durante la jornada laboral una vez en la mañana y una vez en la tarde ( Si el  usuario l lo permite). INS-SIG-202 INSTRUCTIVO DE PAUSAS ACTIVAS SALUDABLES.\n*Campañas  educativas con estudiantes de la conservación de la voz . \n","NO APLICA"]
[null,null,null,"TRANSFERENCIAS DOCUMENTALES. MANEJO DE CORRESPONDENCIA. ACTIVIDAD MANEJO DE ARCHIVO. REGISTRO, INVENTARIO Y CONTROL DE PRÉSTAMO DE LOS LIBROS; APLICA PARA FUNCIONARIOS DE PLANTA Y/O CONTRATO. ","SI","Mecánico                                                     \nManejo de herramientas manuales \n(Grapadora, saca ganchos, perforadora, ganchos legadores)","CONDICIONES DE SEGURIDAD\n","Golpes, heridas, pinchazos, magulladuras de diferentes en los miembros superiores ","Cambio de elementos en mal estado ","Ninguno ","Recomendaciones en inducción",2,2,4,"BAJO",25,100,"III","MEJORABLE","NINGUNO ","NINGUNO ","NINGUNO ","*Capacitación sobre manejo seguro de herramientas. \n*Capacitación en prevención en lesiones de mano. PRO-SIG-205 PROCEDIMIENTO DE INCIDENTES Y ACCIDENTES DE TRABAJO . \n*Inspeccionar las diferentes herramientas utilizados en la oficina para labores administrativas. ","NO APLICA"]
[null,null,null,null,null,"Postura Forzada                            Miembros superiores en la gravedad por el espacio reducido del plano de trabajo\n","BIOMECÁNICO","Lumbalgias, Cervicalgias, Mialgias, lesiones y síndromes doloroso, tendinitis, espamos de manos ","Ninguno","Ninguno","Jornadas de pausas activas ",2,4,8,"MEDIO",25,200,"II","ACEPTABLE CON CONTROL ESPECIFICO","NINGUNO ","NINGUNO ","NINGUNO ","* Pausas activas a lo largo de la jornada laboral y sensibilizar sobre su importancia , INS-SIG-202 INSTRUCTIVO DE PAUSAS ACTIVAS SALUDABLES.                                                                                                          * Realizar seguimiento para el S.V.E  para lesiones osteo musculares.\n* Se recomienda  revisar la posibilidad de contar con un plano de trabajo en \"L\" que garantice que la manos, brazo y muñeca permanezcan en linea recta en el momento de digitar. \n","NO APLICA "]
[null,null,null,null,null,"Locativo \nTechos en mal estado \nProblemas de humedad ","CONDICIONES DE SEGURIDAD","Colapso estructural - Hongos- bacterias","Ninguno","Ninguno ","Ninguno ",2,2,4,"BAJO",25,100,"III","MEJORABLE","NINGUNO ","NINGUNO ","NINGUNO ","*Realizar mantenimiento preventivo y correctivo de las instalaciones locativas, con el fin de mejorar las condiciones de trabajo y prevenir  enfermedades a los trabajadores. PRO-SIG-203 PROCEDIMIENTO INSPECCIONES DE SST.                                                                                                              * Mantenimiento de los techos para  evitar  la proliferación de animales ( murciélagos- palomas) y control de humedad. \n*Se recomienda erradicar los palomas del área. ","NO APLICA"]
[null,null,null,null,null,"Locativo - Infraestructura                           Sistemas de almacenamiento y condiciones técnico ambientales inadecuados del archivo                        ","CONDICIONES DE SEGURIDAD","Accidentes de trabajo -  Deterioro del archivo - Caídas de objetos (cajas) ","Ninguno","Ninguno","Ninguno",2,2,4,"BAJO",25,100,"III","MEJORABLE","NINGUNO ","NINGUNO ","NINGUNO ","  *Ubicación del archivo debe ser un terreno sin riesgos de humedad subterránea o problemas de inundación y que ofrezca estabilidad. PGR-SIG-204 ORDEN Y ASEO. ","NO APLICA"]
[null,null,null,null,null,"Locativo\nSistema de almacenamiento  \nUbicación inadecuada de los archivadores NO anclados a la pared","CONDICIONES DE SEGURIDAD\n","*Golpes\n*Contusión \n*Traumas superficiales\n*Heridas","NINGUNO","NINGUNO","NINGUNO",2,2,4,"BAJO",25,100,"III","MEJORABLE","NINGUNO ","NINGUNO ","NINGUNO ","*Se recomienda instalar protectores de seguridad en el soporte de agarre de los archivadores, con el fin de evitar heridas graves y disminuir los golpes. \n*Sensibilización a los trabajadores  en auto cuido. PGR-SIG-201 ESTILOS DE VIDA Y TRABAJO SALUDABLES.  ","NO APLICA"]
[null,null,null,null,null,"Postura Forzada                            \nAltura inadecuada de la pantalla visual  por el portátil ","BIOMECÁNICO"," Tendinitis Espamos de manos","Ninguno","Ninguno","Jornadas de pausas activas ",2,4,8,"MEDIO",25,200,"II","ACEPTABLE CON CONTROL ESPECIFICO","NINGUNO ","NINGUNO ","NINGUNO ","* Pausas activas a lo largo de la jornada laboral y sensibilizar sobre su importancia , INS-SIG-202 INSTRUCTIVO DE PAUSAS ACTIVAS SALUDABLES.                                                                                                           * Realizar seguimiento para el S.V.E  para lesiones osteo musculares.a. *Se recomienda graduar y elevar la altura de la pantalla visual para mejorar posturas de los puestos de trabajo con portátil.  PGR-SIG-205 VIGILANCIA EPIDEMIOLÓGICA PARA LA PREVENCION DE DESÓRDENES MUSCULO-ESQUELÉTICOS.","*Se recomienda elementos de confort: Base portátil, apoyapiés, teclado adicional "]
[null,null,null,null,null,"Movimientos repetitivos  Abrir y cerrar las estanterías móviles del archivo (rodantes) ","BIOMECÁNICO ","Síndrome del Túnel Carpiano, Manguito rotador ","Ninguno","Ninguno","Pausas Activas Implementación del SVE DMO ",2,4,8,"MEDIO",25,200,"II","ACEPTABLE CON CONTROL ESPECIFICO","NINGUNO ","NINGUNO ","NINGUNO ","*Implementar el programa de pausas activas.  INS-SIG-202 INSTRUCTIVO DE PAUSAS ACTIVAS SALUDABLES.                                                               *Implementación del Sistema de vigilancia epidemiológico desorden musculo esqueléticos, con el fin de identificar las personas con sintomatología y hacer el respectivo seguimiento y control de los diagnósticos médicos que se presenten. PGR-SIG-205 VIGILANCIA EPIDEMIOLÓGICA PARA LA PREVENCION DE DESÓRDENES MUSCULO-ESQUELÉTICOS.","NO APLICA"]
[null,null,null,null,null,"Movimientos Repetitivos\n(Sólo las manos, digitación en teclado y uso de mouse, organizar libros)","BIOMECÁNICO","Síndromes túnel del carpo\n\nSíndrome de Quervain","Ninguno","SVE  Biomecánico ","Ninguno",2,4,8,"MEDIO",25,200,"II","ACEPTABLE CON CONTROL ESPECIFICO","NINGUNO ","NINGUNO ","NINGUNO ","*Implementar el programa de pausas activas. INS-SIG-202 INSTRUCTIVO DE PAUSAS ACTIVAS SALUDABLES.                                                                   *Continuar con la implementación del Sistema de vigilancia epidemiológico osteomuscular.  PGR-SIG-205 VIGILANCIA EPIDEMIOLÓGICA PARA LA PREVENCION DE DESÓRDENES MUSCULO-ESQUELÉTICOS.\n","NO APLICA"]
[null,null,null,null,null,"Públicos                                                     Agresiones verbales con la atención de usuarios, estudiantes,  ","CONDICIONES DE SEGURIDAD","Heridas, Muerte, estrés laboral","Ninguno","Ninguno ","Recomendaciones en inducción",2,2,4,"BAJO",100,400,"II","ACEPTABLE CON CONTROL ESPECIFICO","NINGUNO ","NINGUNO ","NINGUNO ","*Diseñar e implementar  planes contingencia para diferentes situaciones  de emergencia. PLA-SIG-204 PLAN DE PREVENCIÓN, PREPARACIÓN Y RESPUESTA ANTE EMERGENCIAS.    \n* Continuar con la vigilancia física del centro de trabajo. \n* Capacitaciones para intervenir el riesgo.   PLAN ANUAL DE TRABAJO Y PIC","NO APLICA "]
[null,null,null,null,null,"Locativo \nLuminarias sin protectores (rejillas)","CONDICIONES DE SEGURIDAD","Caídas de los tubos fluorescentes, golpes, contusiones ","Ninguno","Ninguno ","Ninguno ",2,2,4,"BAJO",25,100,"III","MEJORABLE","NINGUNO ","NINGUNO ","Mantenimiento a luminarias","*Se recomienda que las luminarias cuenten con protectores (rejillas),  PGR-SIG-204 ORDEN Y ASEO.  ","NO APLICA"]
[null,null,null,null,null,"Material Particulado Acumulación de material particulado (polvo) de los libros  ","QUÍMICO","Irritaciones, alergias a nivel respiratorio","Limpieza periódica en bibliotecas","Ninguno","capacitación de seguridad en archivos ",2,2,4,"BAJO",25,100,"III","MEJORABLE","NINGUNO ","NINGUNO ",1,"*Exámenes periódicos anualmente al personal  expuesto con espirometrias. PRO-SIG-201 PROCEDIMIENTO EXÁMENES OCUPACIONALES.   PRO-SIG-201 PROCEDIMIENTO EXAMENES OCUPACIONALES. \n* Se recomienda que el personal de servicios generales realice limpieza completa del archivo durante la semana.","Uso de tapabocas obligatorio"]
[null,null,null,null,null,"Movimientos Repetitivos\nOrganizar los libros ","BIOMECÁNICO","Síndromes túnel del carpo\n\nSíndrome de Quervain","Ninguno","SVE  Biomecánico ","Ninguno",2,4,8,"MEDIO",25,200,"II","ACEPTABLE CON CONTROL ESPECIFICO","NINGUNO ","NINGUNO ","NINGUNO ","*Implementar el programa de pausas activas, específicamente. INS-SIG-202 INSTRUCTIVO DE PAUSAS ACTIVAS SALUDABLES.                                                                                      *Continuar con la implementación del Sistema de vigilancia epidemiológico osteomuscular.    ","NO APLICA"]
[null,null,null,null,null,"Manipulación manual de cargas                                               \nLevantar cajas de archivo del piso","BIOMECÁNICO","Hernias Discales - Bursitis de hombro - Bursitis de rodilla ","Ninguno","Ninguno","Capacitación manejo adecuado de cargas ",2,4,8,"MEDIO",25,200,"II","ACEPTABLE CON CONTROL ESPECIFICO","NINGUNO ","NINGUNO ","NINGUNO ","*Continuar con la implementación del sistema de vigilancia epidemiológico osteomuscular.                                                                                         *Continuar con la capacitación y  permanente  en  higiene postural, ergonomía en oficina, gimnasia laboral y pausas activas.  INS-SIG-202 INSTRUCTIVO DE PAUSAS ACTIVAS SALUDABLES.  ","NO APLICA"]
[null,null,null,null,null,"Material Particulado Acumulación de material particulado (polvo) del archivo antiguo  y tipo de tipo. ","QUÍMICO","Irritaciones, alergias a nivel respiratorio","Limpieza periódica en bibliotecas","Ninguno","capacitación de seguridad en archivos ",2,2,4,"BAJO",25,100,"III","MEJORABLE","NINGUNO ","NINGUNO ","NINGUNO ","*Exámenes periódicos anualmente al personal  expuesto con espirometrias. PRO-SIG-201 PROCEDIMIENTO EXÁMENES OCUPACIONALES.   \n* Se recomienda que el personal de servicios generales realice limpieza completa del archivo durante la semana.","Uso de tapabocas obligatorio"]
[null,null,null,null,null,"Ruido\n Ambiental producido por los niños","FÍSICO","* Dolor  de cabeza,\n* poca concentración, \n*zumbidos  en los oídos   \n* Cefaleas tensionales ","Ninguno","Ninguno","Exámenes Médicos ocupacionales",2,2,4,"BAJO",25,100,"III","MEJORABLE","NINGUNO ","NINGUNO ","NINGUNO ","*Continuar con la realización de evaluaciones  medicas ocupacionales (ingreso, periódicos y egreso \n* Realizar pausa activa durante la jornada laboral una vez en la mañana y una vez en la tarde ( Si el  usuario l lo permite). INS-SIG-202 INSTRUCTIVO DE PAUSAS ACTIVAS SALUDABLES. \n*Campañas  educativas con estudiantes de la conservación de la voz . \n","NO APLICA"]
[null,null,null,null,null,"Hongos- Bacterias       \nPresencia libros antiguos  ","BIOLÓGICO ","Afecciones respiratorias ","Limpieza periódica en bibliotecas","Ninguno","Uso de EPP (Guantes) ",2,2,4,"BAJO",25,100,"III","MEJORABLE","NINGUNO ","NINGUNO ","Instalación de extractores","\n* Se recomienda continuar con el proceso de intervención (limpieza) de los libros antiguos. PGR-SIG-204 ORDEN Y ASEO. ","Uso de guantes de nitrilo y tapabocas "]
[null,null,null,null,null,"Locativo \nLuminarias sin protectores (rejillas)","CONDICIONES DE SEGURIDAD","Caídas de los tubos fluorescentes, golpes, contusiones ","Ninguno","Ninguno ","Ninguno ",2,2,4,"BAJO",25,100,"III","MEJORABLE","NINGUNO ","NINGUNO ","Mantenimiento a luminarias ","*Se recomienda que las luminarias cuenten con protectores (rejillas), para dar cumplimiento a la Resolución 180540 de 2010.    PRO-SIG-203 PROCEDIMIENTO INSPECCIONES DE SST.      ","NO APLICA"]
[null,null,"OPERATIVO","ACTIVIDAD DESPLAZAMIENTO A EVENTOS Y REUNIONES INSTITUCIONALES,  INSPECCIONES, ACTIVIDADES DE FORMACIÓN, CULTURALES Y RECREATIVAS, DE BIENESTAR,  FUERA DE LA SEDE. AUDICIONES DE RADIO EN LA EMISORA. ACTIVIDADES LÚDICAS CON NIÑOS (LECTURA, TÍTERES Y VIDEOS ACADÉMICOS); APLICA PARA FUNCIONARIOS DE PLANTA Y/O CONTRATO. ","SI","Accidentes de tránsito                      \n     \n(En los desplazamientos en las vías)\nVER MATRIZ DE RIESGO VIAL ","CONDICIONES DE SEGURIDAD","*Muerte \n*Lesiones graves en el cuerpo entero\n*Atrapamiento vehicular","Ninguno","Vehículos de la empresa con mantenimiento preventivo y correctivo. ","Ninguno",2,2,4,"BAJO",100,400,"II","ACEPTABLE CON CONTROL ESPECIFICO","NO APLICA","NO APLICA","*Se debe empezar a realizar la inspección pre operacional de vehículos de la empresa, para identificar condiciones del mismo \"Por parte de los conductores\". ","*Dar cumplimiento al plan de capacitación del PESV según el rol (Pasajero - Conductor - Peatón). PLA-SIG-202 PESV PLAN ESTRATEGICO DE SEGURIDAD VIAL.\n*Realizar sensibilización en seguridad vial ","NO APLICA"]
[null,null,null,null,null,"Eléctrico                        \nToma eléctrica dañada  con potencial   de corto circuito ","CONDICIONES DE SEGURIDAD ","Potencializa el riesgo de incendio. Quemaduras, cortos circuitos ","Ninguno","Ninguno ","Ninguno ",2,2,4,"BAJO",25,100,"III","MEJORABLE","NINGUNO ","NINGUNO ","Mantenimiento a instalaciones eléctricas "," * Jornadas de orden y aseo.  PGR-SIG-204 ORDEN Y ASEO.    \n * Mantenimiento de las tomas eléctricas de la ludoteca.","NO APLICA"]
[null,null,null,null,null,"Locativo - Infraestructura \n\nSuperficie de trabajo  con problemas de filtraciones agua en condiciones climáticas. ","CONDICIONES DE SEGURIDAD","Inundaciones\nDaño estructural  ","Ninguno","Ninguno ","Ninguno ",2,2,4,"BAJO",25,100,"III","MEJORABLE","NINGUNO ","NINGUNO ","mantenimiento a infraestructura","* Se recomienda  mantenimiento de la infraestructura  para el control de humedad y filtración de agua en los salones. PRO-SIG-203 PROCEDIMIENTO INSPECCIONES DE SST.      ","NO APLICA "]
[null,null,null,null,null,"Locativo\nLámparas en estado critico de limpieza, aseo y con riesgo potencial de caída (bomboneras)","CONDICIONES DE SEGURIDAD","Heridas abiertas\nCaída de objetos \nProliferación de material particulado ","Ninguno","Ninguno","Ninguno ",2,2,4,"BAJO",25,100,"III","MEJORABLE","NINGUNO ","NINGUNO ","Mantenimiento a luminarias ","*Se recomienda  mantenimiento de las lámparas (limpieza y aseo). PGR-SIG-204 ORDEN Y ASEO. \n* Se recomienda  revisar la posibilidad de cambiar  el sistema de iluminación (tipo de lámparas); para evitar la caída de objetos. ","NO APLICA"]
[null,null,null,null,null,"Líquidos- Gases y Vapores                                            Uso de sustancias químicas para las labores de limpieza ","QUÍMICO  ","Inhalación de vapores, salpicaduras, irritación de mucosa respiratorias, piel, alergias","Ninguno ","Ninguno ","Recomendaciones en inducción y reinducción- uso de guantes y tapabocas",2,2,4,"BAJO",25,100,"III","MEJORABLE","NINGUNO ","NINGUNO ","NINGUNO "," *Capacitaciones en el maneja adecuado de productos químicos - elementos rotulados- Sistema Globalmente Armonizado","Suministrar tapa bocas para el desarrollo de la labor. "]
[null,null,null,null,null,"Locativo \nLuminarias sin protectores (rejillas)","CONDICIONES DE SEGURIDAD","Caídas de los tubos fluorescentes, golpes, contusiones ","Ninguno","Ninguno ","Ninguno ",2,2,4,"BAJO",25,100,"III","MEJORABLE","NINGUNO ","NINGUNO ","Mantenimiento a luminarias ","*Se recomienda que las luminarias cuenten con protectores (rejillas). PGR-SIG-204 ORDEN Y ASEO.  ","NO APLICA"]
[null,null,null,null,null,"Disconfort Térmico \nExposición a temperaturas altas/ aire acondicionado   ","FÍSICO","Disconfort térmico,   Alergias, afecciones respiratorias, cefaleas tensionales . ","Ninguno","Ninguno ","Ninguno ",2,2,4,"BAJO",25,100,"III","MEJORABLE","NINGUNO ","NINGUNO ","NINGUNO ","* Se recomienda  mantenimiento del aire acondicionado. PRO-SIG-203 PROCEDIMIENTO INSPECCIONES DE SST.      \n* Se recomienda  apagar el aire acondicionado  1/2 antes de  las horas de salida. ","NO APLICA "]
[null,null,null,null,null,"Locativo                                      \nFalta de orden y aseo  por los elementos sin dar de baja \nCifón sin rejilla ","CONDICIONES DE SEGURIDAD ","Caídas al mismo nivel, proliferación de animales, ","Ninguno","Ninguno ","Recomendaciones en inducción",2,2,4,"BAJO",25,100,"III","MEJORABLE","NINGUNO ","NINGUNO ","NINGUNO ","*Capacitaciones en caídas al mismo nivel  al personal expuesto.PGR-SIG-203-PROGRAMA PROTECCIÓN CONTRA CAÍDAS.                                                * Se recomienda jornadas de orden y aseo en la cafetería-  PGR-SIG-204 ORDEN Y ASEO.           * Se recomienda dar de baja a los elementos sin utilizar en las áreas comunes y en la cafetería .\n*Se recomienda instalar  la rejilla en el cifón de la cafetería ara evitar la proliferación de animales (insectos - roedores).\n*Se recomienda fumigaciones periódicas. ","NO APLICA"]
[null,null,null,null,null,"Locativo                                                 \nFalta de orden y aseo  \nElementos dar de baja  ","CONDICIONES DE SEGURIDAD","Accidentes de trabajo, posturas inadecuadas,  golpes, caída de objetos ","Ninguno","Ninguno","Ninguno",2,2,4,"BAJO",25,100,"III","MEJORABLE","NINGUNO ","NINGUNO ","NINGUNO ","*Diseño e implementación del programa de orden y aseo de la empresa, para lo cual, se sugiere realizar jornada de orden y aseo. PGR-SIG-204 ORDEN Y ASEO.\n* Se recomienda  dar de baja a los elementos que no se estén utilizando.\n* Limpieza,  mantenimiento del tapete. ","NO APLICA"]
[null,null,null,null,null,"Locativo \nDesnivel en la superficie de trabajo  en la entrada ","CONDICIONES DE SEGURIDAD","Caídas, golpes, incidentes  y accidentes de y trabajo ","Ninguno ","Señalización de advertencia  ","Capacitación en prevención de caídas ",2,2,4,"BAJO",25,100,"III","MEJORABLE","NINGUNO ","NINGUNO ","NINGUNO ","*Se recomienda demarcar con cinta de precaucion el desnivel de la superficie de trabajo para mejor visibilidad del funcionario  y del visitante. PRO-SIG-203 PROCEDIMIENTO INSPECCIONES DE SST.  \n* Instalar cinta de precaución en el desnivel de la superficie de trabajo. ","NO APLICA "]
[null,null,null,null,null,"Locativo - Infraestructura\n\nInstalaciones en mal estado \n(Techos  con humedad)         ","CONDICIONES DE SEGURIDAD","Bacterias,  hongos, enfermedades respiratorias ","Ninguno","Ninguno ","Ninguno ",2,2,4,"BAJO",25,100,"III","MEJORABLE","NINGUNO ","NINGUNO ","Mantenimiento a infraestructura","* Se recomienda un programa de mantenimiento de instalaciones para el control de humedad. PRO-SIG-203 PROCEDIMIENTO INSPECCIONES DE SST.  \n* Mantenimiento de las paredes para el control de humedad  de las áreas comunes. ","NO APLICA"]
[null,null,null,null,null,"Locativo\nSuperficies de trabajo  irregulares en las vías, terrenos inestables y escarpados","CONDICIONES DE SEGURIDAD","*Golpes \n*Caídas\n*Fracturas","Ninguno","Ninguno","Ninguno",2,2,4,"BAJO",25,100,"III","MEJORABLE","NO APLICA","NO APLICA","NO APLICA","*Se recomienda uso de calzado adecuado  según el área a visitar, con el fin de evitar caídas. PGR-SIG-203-programa protección contra caídas","Uso de calzado bajo "]
[null,null,null,null,null,"Manipulación manual de cargas                                                  (Transporte de algunos elementos pesados durante el proceso de limpieza)","BIOMECÁNICO","Lesiones Osteomusculares  a nivel de cervical y lumbar","Ninguno","Ninguno","Intervención del riesgo biomecánico ",2,4,8,"MEDIO",25,200,"II","ACEPTABLE CON CONTROL ESPECIFICO","NINGUNO ","NINGUNO ","NINGUNO ","*Realizar re-inducción  en manipulación manual de cargas\n*Capacitar al personal en higiene postural y pausas activas durante la jornada de trabajo. INS-SIG-202 INSTRUCTIVO DE PAUSAS ACTIVAS SALUDABLES.  ","NO APLICA"]
[null,null,null,null,null,"Material particulado \nPolvo acumulado en áreas  y superficies de trabajo . ","QUÍMICOS","Infecciones virales, alergias, intoxicaciones.","Limpieza periódica a superficies","Ninguno","Ninguno",2,2,4,"BAJO",25,100,"III","MEJORABLE","NINGUNO ","NINGUNO ","NINGUNO ","*Realizar seguimiento con la  toma de espirómetros. PRO-SIG-203 PROCEDIMIENTO INSPECCIONES DE SST.                                                                                                               ","*Continuar con el uso de tapa bocas."]
[null,null,null,null,null,"Virus - Bacterias\n(Exposición y contacto con  material infectado y contaminado","BIOLÓGICO","Dermatitis Infecciones virales, alergias, intoxicaciones.","Ninguno","Ninguno","Recomendaciones en inducción y uso de guantes, y tapabocas ",2,2,4,"BAJO",25,100,"III","MEJORABLE","NINGUNO ","NINGUNO ","NINGUNO ","*Diseñar e Implementar el protocolo de lavado de manos periódicamente.                                                                         \n*Realizar seguimiento al uso adecuado de los EPP. PRO-SIG-202 PROCEDIMIENTO ADMINISTRACIÓN DE ELEMENTOS DE EPP.                                          * Fumigaciones periódicas para el control de roedores e insectos ","*Continuar con el uso de EPP."]
[null,null,null,null,null,"Hongos                                \n(Exposición y contacto con  material infectado y contaminado)","BIOLÓGICO","Hongos en las manos","Ninguno","Ninguno","Recomendaciones en inducción y uso de guantes, y tapabocas ",2,2,4,"BAJO",25,100,"III","MEJORABLE","NINGUNO ","NINGUNO ","NINGUNO ","*Diseñar e Implementar el protocolo de lavado de manos periódicamente.                                                                         \n*Realizar seguimiento al uso adecuado de los EPP. PRO-SIG-202 PROCEDIMIENTO ADMINISTRACIÓN DE ELEMENTOS DE EPP.                                             * Fumigaciones periódicas para el control de roedores e insectos ","*Continuar con el uso de EPP."]
[null,null,null,null,null,"Movimientos repetitivos                     Labores de limpieza , baterías sanitarias ","BIOMECÁNICO ","Síndrome del manguito rotador- Epicondilitis ","Ninguno ","Ninguno","Rotación de tareas ",2,4,8,"MEDIO",25,200,"II","ACEPTABLE CON CONTROL ESPECIFICO","NINGUNO ","NINGUNO ","NINGUNO ","*Implementación del Sistema de vigilancia epidemiológico Desordes Musculo esqueléticos  DMO. PGR-SIG-205 VIGILANCIA EPIDEMIOLÓGICA PARA LA PREVENCION DE DESÓRDENES MUSCULO-ESQUELÉTICOS.                                                        \n*Capacitaciones a los trabajadores en la intervención de riesgo biomecánico.                                                                                   \n  * Alternar  labores diarias por parte del trabajador durante la jornada de trabajo.                                                             \n *Adoptar posturas adecuadas por parte del trabajador. ","NO APLICA "]
[null,null,null,null,null,"Postura bípeda prolongada                             Desplazamiento continuo  para las labores de la entidad","BIOMECÁNICO","Lesiones Osteomusculares de los miembros inferiores como varices, enfermedades vasculares","Ninguno ","Ninguno","Ninguno",2,4,8,"MEDIO",25,200,"II","ACEPTABLE CON CONTROL ESPECIFICO","NINGUNO ","NINGUNO ","NINGUNO ","* Jornadas de pausas activas INS-SIG-202 INSTRUCTIVO DE PAUSAS ACTIVAS SALUDABLES.                                                                                                  *Cambio de posición de bípeda a sedente y viceversa. * Alternar las labores operativas. ","NO APLICA "]
[null,null,null,null,null,"Locativo\nSuperficies de trabajo  irregulares y  desniveladas                                 (Desplazamiento en los diferentes áreas)","CONDICIONES DE SEGURIDAD","*Golpes \n*Caídas\n*Fracturas","Ninguno",null,"Recomendaciones en inducción ",2,2,4,"BAJO",25,100,"III","MEJORABLE","NO APLICA","NO APLICA","NO APLICA","*Se recomienda uso de calzado adecuado y de tacón bajo según el área a visitar, con el fin de evitar caídas. EST-SIG-01 ESTANDAR DE SEGURIDAD PARA ACTIVIDADES FUERA DE LA SEDE.","Uso de calzado bajo "]
[null,null,null,null,null,"Picaduras                      \n(Exposición con animales en las vías públicas)","BIOLÓGICO","Infecciones","No aplica","No aplica","Recomendaciones en inducción - protocolo de actuación en caso de AT",2,3,6,"MEDIO",25,150,"II","ACEPTABLE CON CONTROL ESPECIFICO","NO APLICA","NO APLICA","NO APLICA","*Se recomienda capacitar en prevención por mordeduras o picaduras en vías públicas. EST-SIG-01 ESTANDAR DE SEGURIDAD PARA ACTIVIDADES FUERA DE LA SEDE.\n","NO APLICA"]
[null,null,null,null,null,"Mordeduras                             \n(Exposición con animales en las vías públicas)","BIOLÓGICO","Infecciones","No aplica","No aplica","Recomendaciones en inducción - protocolo de actuación en caso de AT",2,2,4,"BAJO",25,100,"III","MEJORABLE","NO APLICA","NO APLICA","NO APLICA","*Se recomienda capacitar en prevención por mordeduras o picaduras en vías públicas. EST-SIG-01 ESTANDAR DE SEGURIDAD PARA ACTIVIDADES FUERA DE LA SEDE.\n","NO APLICA"]
[null,null,null,null,null,"Radiaciones no ionizantes                                                 Exposición a luz solar en actividades externas ","FÍSICO","Incomodidad - Insolación ","Ninguno","Ninguno","Ninguno",2,2,4,"BAJO",25,100,"III","MEJORABLE","NINGUNO ","NINGUNO ","NINGUNO ","*Continuar el uso de camisa manga larga y cachucha en el desarrollo de la actividad. EST-SIG-01 ESTANDAR DE SEGURIDAD PARA ACTIVIDADES FUERA DE LA SEDE.","Ropa manga larga \nCachucha"]
[null,null,null,null,null,"Público\n(Robos - Atracos - Asaltos)","CONDICIONES DE SEGURIDAD","*Golpes\n*Agresiones verbales y físicas \n*Atentados violentos\n*Heridas\n*Muerte","Ninguno","Ninguno","Ninguno",2,2,4,"BAJO",100,400,"II","ACEPTABLE CON CONTROL ESPECIFICO","NO APLICA","NO APLICA","NO APLICA","*Socializar los planes contingencia para diferentes situaciones  de emergencia específicamente riesgo público. PLA-SIG-204 PLAN DE PREVENCIÓN, PREPARACIÓN Y RESPUESTA ANTE EMERGENCIAS.      ","NO APLICA"]
[null,null,null,null,null,"Público\n(Agresiones verbales - Actos Violentos)","CONDICIONES DE SEGURIDAD","*Golpes\n*Agresiones verbales y físicas \n*Atentados violentos\n*Heridas\n*Muerte","Ninguno","Ninguno","Ninguno",2,2,4,"BAJO",100,400,"II","ACEPTABLE CON CONTROL ESPECIFICO","NO APLICA","NO APLICA","NO APLICA","*Socializar los planes contingencia para diferentes situaciones  de emergencia específicamente riesgo público. PLA-SIG-204 PLAN DE PREVENCIÓN, PREPARACIÓN Y RESPUESTA ANTE EMERGENCIAS. ","NO APLICA"]
[null,null,null,null,null,"Locativo\nSuperficies de trabajo  irregulares en las vías, terrenos inestables y escarpados","CONDICIONES DE SEGURIDAD","*Golpes \n*Caídas\n*Fracturas","Ninguno","Ninguno","Ninguno",2,2,4,"BAJO",25,100,"III","MEJORABLE","NO APLICA","NO APLICA","NO APLICA","*Se recomienda uso de calzado adecuado y de tacón bajo según el área a visitar, con el fin de evitar caídas. EST-SIG-01 ESTANDAR DE SEGURIDAD PARA ACTIVIDADES FUERA DE LA SEDE.","Uso de calzado bajo "]
[null,null,null,null,null,"ELÉCTRICO Baja tensión ( cercas eléctricas) ","CONDICIONES DE SEGURIDAD","*Golpes \n*Caídas\n*Fracturas","Ninguno","Ninguno","Inducción y reinducción al personal ",2,2,4,"BAJO",25,100,"III","MEJORABLE","NO APLICA","NO APLICA","NO APLICA","Continuar con las socialización en inducción y reinducción de SST a funcionarios y contratistas. PLA-SIG-206 RETORNO SEGURO AL TRABAJO.","NO APLICA"]
[null,null,null,"MANTENIMIENTO, LIMPIEZA, CUSTODIA, RECEPCIÓN, INVENTARIO, CONTROL Y PRÉSTAMO DE INSTRUMENTOS MUSICALES, MASCARAS, ELEMENTOS CULTURALES ","SI","Hongos       \nMalos olores  en el área                      ","BIOLÓGICO ","Alergias,  Malos olores ","Ninguno","Ninguno","Ninguno",2,2,4,"BAJO",25,100,"III","MEJORABLE","NINGUNO ","NINGUNO ","NINGUNO ","*Se recomienda mantenimiento de las instalaciones para eliminar los malos olores.\n* Se recomienda  mantenimiento de  los techos para el control de goteras (humedad). PRO-SIG-203 PROCEDIMIENTO INSPECCIONES DE SST.     ","NO APLICA"]
[null,null,null,null,null,"Locativo - Infraestructura\n\nTechos en mal estado \nProblemas de humedad ","CONDICIONES DE SEGURIDAD","Colapso estructural - Hongos- bacterias","Ninguno","Ninguno ","Ninguno ",2,2,4,"BAJO",25,100,"III","MEJORABLE","NINGUNO ","NINGUNO ","NINGUNO ","*Realizar mantenimiento preventivo y correctivo de las instalaciones locativas, con el fin de mejorar las condiciones de trabajo y prevenir  enfermedades a los trabajadores.                                                                                                                    * Mantenimiento de los techos para  evitar  la proliferación de animales ( roedores) y control de humedad.  PGR-SIG-204 ORDEN Y ASEO. ","NO APLICA"]
[null,null,null,null,null,"Locativo \nLuminarias sin protectores (rejillas)","CONDICIONES DE SEGURIDAD","Caídas de los tubos fluorescentes, golpes, contusiones ","Ninguno","Ninguno ","Ninguno ",2,2,4,"BAJO",25,100,"III","MEJORABLE","NINGUNO ","NINGUNO ","NINGUNO ","*Se recomienda que las luminarias cuenten con protectores (rejillas).   PRO-SIG-203 PROCEDIMIENTO INSPECCIONES DE SST.  ","NO APLICA"]
[null,null,"PELIGROS QUE APLICAN A TODAS LAS ACTIVIDADES; APLICA PARA FUNCIONARIOS DE PLANTA Y/O CONTRATO.",null,"SI","Postura Forzada                            \nMiembros superiores en la gravedad por el espacio reducido del plano de trabajo\n","BIOMECÁNICO","Lumbalgias, Cervicalgias, Mialgias, lesiones y síndromes doloroso, tendinitis, espamos de manos ","Ninguno","Ninguno","Jornadas de pausas activas ",2,4,8,"MEDIO",25,200,"II","ACEPTABLE CON CONTROL ESPECIFICO","NINGUNO ","NINGUNO ","NINGUNO ","* Pausas activas a lo largo de la jornada laboral y sensibilizar sobre su importancia, INS-SIG-202- Instructivo de pausas activas saludables * Realizar seguimiento para el S.V.E  para lesiones osteo musculares. PGR-SIG-205 vigilancia epidemiológica para la prevención de desórdenes musculo-esqueléticos.   \n \n","NO APLICA "]
[null,null,null,null,"SI","Locativo - Infraestructura\nPiso en mal estado gietas \nParedes con humedad\nFiltraciones de agua","CONDICIONES DE SEGURIDAD","Colapso estructural - Hongos- bacterias","Ninguno","Ninguno ","Ninguno ",2,2,4,"BAJO",25,100,"III","MEJORABLE","NINGUNO ","NINGUNO ","Mantenimiento a infraestructura","*Realizar mantenimiento preventivo y correctivo de las instalaciones locativas, con el fin de mejorar las condiciones de trabajo y prevenir  enfermedades a los trabajadores. PRO-SIG-203 PROCEDIMIENTO INSPECCIONES DE SST.                                                                                                               * Mantenimiento de los techos para  evitar  la proliferación de animales control de humedad. \n*Se recomienda erradicar los palomas de las áreas. ","NO APLICA"]
[null,null,null,null,"SI","Postura Forzada                            \nMiembros superiores en la gravedad por el espacio reducido del plano de trabajo\n","BIOMECÁNICO","Lumbalgias, Cervicalgias, Mialgias, lesiones y síndromes doloroso, tendinitis, espamos de manos ","Ninguno","Ninguno","Jornadas de pausas activas ",2,4,8,"MEDIO",25,200,"II","ACEPTABLE CON CONTROL ESPECIFICO","NINGUNO ","NINGUNO ","NINGUNO ","* Pausas activas a lo largo de la jornada laboral y sensibilizar sobre su importancia.  INS-SIG-202 INSTRUCTIVO DE PAUSAS ACTIVAS SALUDABLES.                                                                                                          * Realizar seguimiento para el S.V.E  para lesiones osteo musculares.\n* Se recomienda  revisar la posibilidad de contar con un plano de trabajo en \"L\" que garantice que la manos, brazo y muñeca permanezcan en linea recta en el momento de digitar. \n","NO APLICA "]
[null,null,null,null,"SI","Locativo - Infraestructura\n\nInstalaciones en mal estado \n(paredes  con humedad)         ","CONDICIONES DE SEGURIDAD","Bacterias,  hongos, enfermedades respiratorias ","Ninguno","Ninguno ","Ninguno ",2,2,4,"BAJO",25,100,"III","MEJORABLE","NINGUNO ","NINGUNO ","Mantenimiento a infraestructura","* Se recomienda un programa de mantenimiento de instalaciones para el control de humedad. \n* Mantenimiento de las paredes para el control de humedad  de las áreas comunes. ","NO APLICA"]
[null,null,null,null,"SI","Locativo\nCondiciones de orden y aseo \nSillas del pasillo en  estado critico de limpieza ","CONDICIONES DE SEGURIDAD","Gérmenes, bacterias, Contaminación del área ","Ninguno","Ninguno","Ninguno",2,2,{"$f":"+L74*M74","v":4},{"$f":"IF(N74>=24,\"MUY ALTO\",IF(N74>=10,\"ALTO\",IF(N74>=6,\"MEDIO\",\"BAJO\")))","v":"BAJO"},25,{"$f":"+N74*P74","v":100},{"$f":"IF(Q74>=600,\"I\",IF(Q74>=150,\"II\",IF(Q74>=40,\"III\",IF(Q74>=20,\"IV\"))))","v":"III"},{"$f":"IF(Q74>=600,\"NO ACEPTABLE\",IF(Q74>=150,\"ACEPTABLE CON CONTROL ESPECIFICO\",IF(Q74>=40,\"MEJORABLE\",IF(Q74>=20,\"ACEPTABLE\"))))","v":"MEJORABLE"},"NINGUNO ","NINGUNO ","NINGUNO ","*Se recomienda mantenimiento preventivo (lavado, limpieza y desinfección) de las sillas  para evitar contaminación en el área  y la proliferación de material particulado, bacterias. Jornada de orden y aseo.  PGR-SIG-204 ORDEN Y ASEO.    ","NO APLICA"]
[null,null,null,null,"SI","Público\n(Robos - Atracos - Asaltos)","CONDICIONES DE SEGURIDAD","*Golpes\n*Agresiones verbales y físicas \n*Atentados violentos\n*Heridas\n*Muerte","Ninguno","Ninguno","Recomendación en inducción y reinducción",2,2,4,"BAJO",100,400,"II","ACEPTABLE CON CONTROL ESPECIFICO","NO APLICA","NO APLICA","Instalar cámaras de vigilancia en la sede. ","*Socializar los planes contingencia para diferentes situaciones  de emergencia específicamente riesgo público. PLA-SIG-204 PLAN DE PREVENCIÓN, PREPARACIÓN Y RESPUESTA ANTE EMERGENCIAS.      ","NO APLICA"]
[null,null,null,null,"SI","Público\n(Agresiones verbales - Actos Violentos)","CONDICIONES DE SEGURIDAD","*Golpes\n*Agresiones verbales y físicas \n*Atentados violentos\n*Heridas\n*Muerte","Ninguno","Ninguno","Recomendación en inducción y reinducción",2,2,4,"BAJO",100,400,"II","ACEPTABLE CON CONTROL ESPECIFICO","NO APLICA","NO APLICA","Instalar cámaras de vigilancia en la sede. ","*Socializar los planes contingencia para diferentes situaciones  de emergencia específicamente riesgo público. PLA-SIG-204 PLAN DE PREVENCIÓN, PREPARACIÓN Y RESPUESTA ANTE EMERGENCIAS. ","NO APLICA"]
[null,null,null,null,"SI","Público\n(Inseguridad por actos delictivos en los alrededores de la sede)","CONDICIONES DE SEGURIDAD","*Golpes\n*Agresiones verbales y físicas \n*Atentados violentos\n*Heridas\n*Muerte","Ninguno","Hay vigilancia permanente en la puerta de acceso del edificio. \n\nHay cámara de vigilancia en el primer y segundo piso. ","Recomendación en inducción y reinducción",2,2,4,"BAJO",100,400,"II","ACEPTABLE CON CONTROL ESPECIFICO","NO APLICA","NO APLICA","Instalar cámaras de vigilancia en todos los pisos de la sede. ","*Socializar los planes contingencia para diferentes situaciones  de emergencia específicamente riesgo público. PLA-SIG-204 PLAN DE PREVENCIÓN, PREPARACIÓN Y RESPUESTA ANTE EMERGENCIAS. ","NO APLICA"]
[null,null,null,null,"SI","Radiaciones no ionizantes                       (Exposición a luz solar que ingresa por ventanales a la mayoría de los puestos de trabajo)","FÍSICO ","*Cáncer de piel\n*Quemadura solar\n*Insolación \n*Foto envejecimiento cutáneo \n *Foto carcinogénesis\n*Alteraciones oculares","No aplica","No hay","Uso de EPP\n(Camisa manga larga - Casco - Guantes - Jean)",2,2,4,"BAJO",25,100,"III","MEJORABLE","N.A","N.A","*Se recomienda instalar película de seguridad en los ventanales ","NO APLICA","NO APLICA"]
[null,null,null,null,"NO","Sismo - Temblores                  ","FENÓMENOS NATURALES","*Daños materiales (Pérdida total)\n*Heridas y lesiones graves\n*Accidentes de trabajo \n*Muerte","No hay","hay elementos para atención de emergencias en caso de requerirse","Capacitación  en actuación ante emergencias ",2,2,4,"BAJO",100,400,"II","ACEPTABLE CON CONTROL ESPECIFICO","NO SE REQUIERE","NO SE REQUIERE","NO SE REQUIERE","*Se recomienda realizar estudio de vulnerabilidad y sismo resistencia de las instalaciones. \n*Capacitar al personal en actuación ante emergencias. PLA-SIG-204 PLAN DE PREVENCION, PREPARACION Y RESPUESTA ANTE EMERGENCIAS."]
[null,null,null,null,"NO","Erupción volcán machín           ","FENÓMENOS NATURALES","*Daños materiales (Pérdida total)\n*Heridas y lesiones graves\n*Accidentes de trabajo \n*Muerte","No hay","Ninguno","Capacitación  en actuación ante emergencias ",2,2,4,"BAJO",100,400,"II","ACEPTABLE CON CONTROL ESPECIFICO","NO SE REQUIERE","NO SE REQUIERE","NO SE REQUIERE","*Seguir las instrucciones que el departamento suministra para  casos de emergencia por posible erupción del Volcán. PLA-SIG-204 PLAN DE PREVENCION, PREPARACION Y RESPUESTA ANTE EMERGENCIAS.                                                                                         \n*Solicitar capacitación al ente respectivo sobre actuación en caso de erupción del volcán machín. \n*Capacitar en actuación ante emergencias en caso de erupción del volcán machín a todo el personal.  \n*Actualizar plan de emergencias incluyendo el PON por posible erupción del volcán machín y socializar a los trabajadores. "]
[null,null,null,null,"SI","Tecnológico\n(Incendios - Explosiones)\nGenerado dentro de las instalaciones del edificio","CONDICIONES DE SEGURIDAD","Incendios \nQuemaduras de grado 2 y 3\nMuerte","Ninguno","Uso de equipos contra incendio","Personal capacitado en manejo de equipos contra incendios",2,2,4,"BAJO",100,400,"II","ACEPTABLE CON CONTROL ESPECIFICO","NO APLICA","NO APLICA","*Realizar mantenimiento preventivo y correctivo de los equipos eléctricos e instalaciones eléctricas en la sede","*Capacitación en prevención de accidentes de trabajo por riesgo eléctrico. PRO-SIG-205 PROCEDIMIENTO DE INCIDENTES Y ACCIDENTES DE TRABAJO .                                                             \n\n*Continuar con las inspecciones de seguridad enfocado a riesgo eléctrico. PRO-SIG-203 PROCEDIMIENTO INSPECCIONES DE SST.  ","NO APLICA"]
[null,null,null,null,"SI","Postura mantenida                          (Bípeda)","BIOMECÁNICO","*Cansancio\n*Fatiga en miembros inferiores y en las articulaciones\n*Aparición de vena varice\n*Edema en los pies \n*Dolor lumbar ","No aplica","No aplica","Realiza varias tareas, lo que permite cambios de posición\n\nExámenes ocupacionales periódicos",2,4,8,"MEDIO",25,200,"II","ACEPTABLE CON CONTROL ESPECIFICO","NO APLICA","NO APLICA","NO APLICA","*Solicitar a la empresa contratista realizar re inducción en higiene postural, gimnasia laboral y pausas activas. INS-SIG-202 INSTRUCTIVO DE PAUSAS ACTIVAS SALUDABLES                                                  \n*Continuar con las actividades del sistema de vigilancia epidemiológico  para prevención de desordenes musculo esqueléticas asociadas al peligro biomecánico .                                                                                  ","No aplica"]
[null,null,null,null,"SI","Público\n(Robos - Atracos - Asaltos - Agresiones verbales - Actos Violentos)","CONDICIONES DE SEGURIDAD","*Golpes\n*Agresiones verbales y físicas \n*Atentados violentos\n*Heridas\n*Muerte","Ninguno","Cámaras de seguridad en el primer piso","Recomendación en inducción y reinducción",2,2,4,"BAJO",100,400,"II","ACEPTABLE CON CONTROL ESPECIFICO","NO APLICA","NO APLICA","Instalar cámaras de vigilancia en todos los pisos de la sede. ","*Socializar los planes contingencia para diferentes situaciones  de emergencia específicamente riesgo público. PLA-SIG-204 PLAN DE PREVENCIÓN, PREPARACIÓN Y RESPUESTA ANTE EMERGENCIAS. ","NO APLICA"]
[null,null,null,null,"SI","Virus \n","BIOLÓGICO","Malestar general","Ninguno","Limpieza y desinfección de áreas de trabajo   y en casa,  Control de aforo, señalización de advertencia.","Distanciamiento    físico, uso de mascarilla, lavado de manos constante.",2,2,4,"BAJO",25,100,"III","MEJORABLE","N.A","N.A","Trabajo en casa , diseño puestos de trabajo cumpliendo con el distanciamiento social, lavamanos y puntos de desinfección.","*Promover frecuentemente el lavado de manos en personal de planta, contratistas y visitantes. En caso de no contar con agua y jabón, se debe proveer con desinfectantes para manos (gel antibacterial a base de alcohol).  *Disminución de la densidad laboral en áreas de trabajo o de ocupación de la entidad promoviendo el teletrabajo. *Mantener un stop de EPP  (mascarillas ) para dotación y recambio. *Establecer canales de comunicación individualizados y/o de grupo: correo electrónico, redes sociales, videoconferencia, teléfono para reuniones evitando la presencialidad. *Revisión y análisis de los perfiles epidemiológicos por cargo, estrategias motivación para que los funcionarios se  vacunen.","Uso permanente de mascarilla respiratoria. Uso periódico de productos para limpieza (agua y jabón) y  alcohol al 70%, mono gafas o careta."]
[null,null,null,null,"SI"," Demandas Emocionales: Condiciones de la tarea                             \nLa novedad del entorno de trabajo, situación familiar:  hijos o personas mayores a cargo en el hogar en situación de riesgo, miedo al contagio, aislamiento social y confinamiento, miedos e incertidumbres laborales y socioeconómicos, espacios y recursos compartidos por varias personas ante las mismas circunstancias en sus domicilios, convertir espacios de su hogar en despachos improvisados para poder seguir desempeñando su tarea diaria, valoración subjetiva y objetiva por parte del experto mientras se aplica la batería de riesgo psicosocial.","PSICOSOCIAL","Alteraciones mentales, Ansiedad, depresión, estrés postraumático.","S.V.E. Psicosocial","S.V.E Psicosocial","Intervenciones individuales y grupales, capacitaciones, medidas de afrontamiento, manejo de habilidades sociales.",2,2,4,"BAJO",25,100,"III","MEJORABLE","N.A","N.A","Organización de los puestos de trabajo, lavamanos, dispensadores, cumpliendo con el distanciamiento.","  PROT-SIG-01 PROTOCOLO DE BIOSEGURIDAD","Uso de los elementos de bioseguridad, establecer el compromiso de autocuidado y trabajo seguro."]
[null,null,null,null,"SI","Características de la organización del trabajo\n(Valoración promedio mientras se realiza el proceso de aplicación de baterías de riesgo psicosocial)","PSICOSOCIAL","Alteraciones mentales, Ansiedad, depresión.","SVE. Riesgo Psicosocial","SVE. Riesgo Psicosocial","Intervenciones individuales y grupales, capacitaciones, medidas de afrontamiento, manejo de habilidades sociales.",2,2,4,"BAJO",25,100,"III","MEJORABLE","NO SE REQUIERE","NO SE REQUIERE","NO APLICA","*Aplicación de las baterías de riesgo  psicosocial, para verificar la exposición al peligro.  PGR-SIG-206 VIGILANCIA EPIDEMIOLÓGICO DE RIESGO PSICOSOCIAL.  \nCapacitación en trabajo en equipo y competencias individuales y profesionales.  \n\nAnálisis de carga laboral. PGR-SIG-206 VIGILANCIA EPIDEMIOLÓGICO DE RIESGO PSICOSOCIAL.                                                                                                                                    ","NO SE REQUIERE"]
[null,null,null,null,"SI","Características del grupo social y del trabajo.\n(Está en proceso la evaluación de los factores de riesgo psicosocial)","PSICOSOCIAL","Stress laboral\nAfecciones de salud                                                                                                                                                                                                                                                                                                                                                                                                            Ambientes de trabajo Hostil                                                                                                                                                                                                    